{"text_format":"2","workbook":"xlsx","n_sheets":23,"sheets":["RESUMO MODULO TOTAL","MC MODULO","CPU CODEVASF","CRONOGRAMA TOTAL"," CONSUMO DE MAT. B TOTAL","Mob e Desmob","BDI","Transporte Cap 50-70","Transporte CM-30","Transporte RR-1C","RESUMO_Transp","MOMENTO DE TRANSPORTE - PRINC","MOMENTO DE TRANSPORTE - AUX","ANP ESTADO","ANP REGIÃO","SINTÉTICO SICRO","MO Sicro","Consult SICRO","INSUMOS SINAPI","COMP Sint. Sinapi","ENC. SOCIAIS SINAPI","ENC. SOCIAIS SICRO","Ind Reaj Rodo"],"not_rendered":{"charts":0,"images":9,"macros":0,"external_links":0,"defined_names":22,"comments":3,"pivot_tables":0},"unopened":[],"bounds":{"document_bytes":16777216,"sheet_cells":100000,"run_cost":"one","rows_first":2000,"rows_last":500,"rows_between":2000,"halvings":0,"cell_chars":16384,"cell_head_chars":4096},"cells_cut":0,"cells_raw":0,"read":"whole","date_system":"1900"}

{"sheet":"RESUMO MODULO TOTAL","index":0,"n_rows":56,"n_cols":19,"rows_kept":56,"cut":false,"hidden":false,"merged":[[4,0,4,12],[9,3,9,6],[10,3,10,6],[11,3,11,6],[12,3,12,6],[13,3,13,6],[14,3,14,6],[15,3,15,6],[16,3,16,6],[17,3,17,6],[18,3,18,6],[19,3,19,6],[20,3,20,6],[21,3,21,6],[22,3,22,6],[23,3,23,6],[24,3,24,6],[25,3,25,6],[26,3,26,6],[27,3,27,6],[28,3,28,6],[29,3,29,6],[30,3,30,6],[31,3,31,6],[32,3,32,6],[33,3,33,6],[34,3,34,6],[35,3,35,6],[37,3,37,6],[39,3,39,6],[41,3,41,6],[43,3,43,6],[45,3,45,6],[46,3,46,6],[47,3,47,6],[48,3,48,6],[49,3,49,6],[50,3,50,6],[51,3,51,6],[52,3,52,6],[53,3,53,6],[54,0,54,11],[5,0,8,0],[5,1,8,1],[5,2,8,2],[6,8,7,8],[6,11,8,11],[6,12,8,12],[1,0,3,10],[5,3,8,6]]}
[" CONTRATAÇÃO DE EXECUÇÃO DE PAVIMENTO ASFÁLTICO COM CBUQ, EM VIAS DE DIVERSOS MUNICÍPIOS DA MESORREGIÃO DO AGRESTE PERNAMBUCANO, ÁREA DE ATUAÇÃO DA 15ª SUPERINTENDÊNCIA REGIONAL DA CODEVASF."]
[{"$nulls":11},"SICRO:",{"$f":"'SINTÉTICO SICRO'!B2","v":"Pernambuco - Julho/2023"}]
[{"$nulls":11},"SINAPI:",{"$f":"RIGHT('INSUMOS SINAPI'!A3,7)","v":"09/2023"}]
[{"$nulls":11},"Data Base do Orçamento","2023-09-01"]
[{"$f":"A1","v":" CONTRATAÇÃO DE EXECUÇÃO DE PAVIMENTO ASFÁLTICO COM CBUQ, EM VIAS DE DIVERSOS MUNICÍPIOS DA MESORREGIÃO DO AGRESTE PERNAMBUCANO, ÁREA DE ATUAÇÃO DA 15ª SUPERINTENDÊNCIA REGIONAL DA CODEVASF."}]
["ITEM","ORIGEM\nCOMPOSIÇÃO","CÓDIGO\nCOMPOSIÇÃO","DISCRIMINAÇÃO DOS SERVIÇOS",null,null,null,"BDI % = ",{"$f":"BDI!C17","v":0.2339},"BDI  DIFERENCIADO% =",{"$f":"BDI!C65","v":0.15},"R$/m²",{"$f":"TRUNC(M55/H8,2)","v":191.82}]
[{"$nulls":7},"Total de m²","Encargos Sociais:","Horista","Mensalista","PREÇO UNITÁRIO COM BDI","PREÇO TOTAL COM BDI "]
[{"$nulls":7},{"$f":"'MC MODULO'!N34","v":98000},null,1.1455,0.7011]
[{"$nulls":7},"UND","QTDE.","BDI","PREÇO UNITÁRIO "]
[null,null,null,"SERVIÇOS PRELIMINARES"]
[1,"Codevasf","CPU-02","Mobilizações e Desmobilizações",null,null,null,"m²",{"$f":"'MC MODULO'!N10","v":98000},{"$f":"$I$6","v":0.2339},{"$f":"ROUND(IF(B11=\"CODEVASF\",VLOOKUP(C11,'CPU CODEVASF'!E:I,5,FALSE),VLOOKUP(C11,'SINTÉTICO SICRO'!A:D,4,FALSE)),6)","v":0.3},{"$f":"ROUND(IF(B11=\"CODEVASF\",VLOOKUP(C11,'CPU CODEVASF'!E:H,4,FALSE),VLOOKUP(C11,'SINTÉTICO SICRO'!A:D,4,FALSE)*(1+$I$6)),6)","v":0.37},{"$f":"TRUNC(I11*L11,2)","v":36260},null,{"$f":"M11/$M$55","v":0.0019}]
[2,"Codevasf","CPU-03","Administração da Obra",null,null,null,"m²",{"$f":"'MC MODULO'!N11","v":98000},{"$f":"$I$6","v":0.2339},{"$f":"ROUND(IF(B12=\"CODEVASF\",VLOOKUP(C12,'CPU CODEVASF'!E:I,5,FALSE),VLOOKUP(C12,'SINTÉTICO SICRO'!A:D,4,FALSE)),6)","v":0.54},{"$f":"ROUND(IF(B12=\"CODEVASF\",VLOOKUP(C12,'CPU CODEVASF'!E:H,4,FALSE),VLOOKUP(C12,'SINTÉTICO SICRO'!A:D,4,FALSE)*(1+$I$6)),6)","v":0.66},{"$f":"TRUNC(I12*L12,2)","v":64680},null,{"$f":"M12/$M$55","v":0.0034}]
[3,"Codevasf","CPU-04","Canteiro de Obras e Almoxarifado",null,null,null,"und",{"$f":"'MC MODULO'!N12","v":7},0.2339,{"$f":"ROUND(IF(B13=\"CODEVASF\",VLOOKUP(C13,'CPU CODEVASF'!E:I,5,FALSE),VLOOKUP(C13,'SINTÉTICO SICRO'!A:D,4,FALSE)),6)","v":1585.31},{"$f":"ROUND(IF(B13=\"CODEVASF\",VLOOKUP(C13,'CPU CODEVASF'!E:H,4,FALSE),VLOOKUP(C13,'SINTÉTICO SICRO'!A:D,4,FALSE)*(1+$I$6)),6)","v":1956.11},{"$f":"TRUNC(I13*L13,2)","v":13692.77},null,0.0007]
[4,"Codevasf","CPU-01","Placa de Obra em Chapa de Aço Galvanizado",null,null,null,"und",{"$f":"'MC MODULO'!N13","v":7},0.2339,{"$f":"ROUND(IF(B14=\"CODEVASF\",VLOOKUP(C14,'CPU CODEVASF'!E:I,5,FALSE),VLOOKUP(C14,'SINTÉTICO SICRO'!A:D,4,FALSE)),6)","v":1125.45},{"$f":"ROUND(IF(B14=\"CODEVASF\",VLOOKUP(C14,'CPU CODEVASF'!E:H,4,FALSE),VLOOKUP(C14,'SINTÉTICO SICRO'!A:D,4,FALSE)*(1+$I$6)),6)","v":1388.69},{"$f":"TRUNC(I14*L14,2)","v":9720.83},null,0.0005]
[null,null,null,"TERRAPLANAGEM",{"$nulls":10},0,null,null,{"$f":"SUM(M16:M18)/M55","v":0.02}]
[5,"Codevasf","CPU-16","Serviços topográficos para pavimentação, inclusive notas de serviços, acompanhamento e greide",null,null,null,"m²",{"$f":"'MC MODULO'!N17","v":98000},0.2339,{"$f":"ROUND(IF(B16=\"CODEVASF\",VLOOKUP(C16,'CPU CODEVASF'!E:I,5,FALSE),VLOOKUP(C16,'SINTÉTICO SICRO'!A:D,4,FALSE)),6)","v":0.45},{"$f":"ROUND(IF(B16=\"CODEVASF\",VLOOKUP(C16,'CPU CODEVASF'!E:H,4,FALSE),VLOOKUP(C16,'SINTÉTICO SICRO'!A:D,4,FALSE)*(1+$I$6)),6)","v":0.55},{"$f":"TRUNC(I16*L16,2)","v":53900},null,0.0029]
[6,"SICRO",5502114,"Escavação, carga e transporte de material de 1ª categoria - DMT de 1.000 a 1.200 m - caminho de serviço em leito natural - com escavadeira e caminhão basculante de 14 m³",null,null,null,"m³",{"$f":"'MC MODULO'!N21","v":34300},0.2339,{"$f":"ROUND(IF(B17=\"CODEVASF\",VLOOKUP(C17,'CPU CODEVASF'!E:I,5,FALSE),VLOOKUP(C17,'SINTÉTICO SICRO'!A:D,4,FALSE)),6)","v":7.24},{"$f":"ROUND(IF(B17=\"CODEVASF\",VLOOKUP(C17,'CPU CODEVASF'!E:H,4,FALSE),VLOOKUP(C17,'SINTÉTICO SICRO'!A:D,4,FALSE)*(1+$I$6)),6)","v":8.93},{"$f":"TRUNC(I17*L17,2)","v":306299},null,0.0163]
[7,"SICRO",4413942,"Espalhamento de material em bota-fora",null,null,null,"m³",{"$f":"'MC MODULO'!N25","v":41160},0.2339,{"$f":"ROUND(IF(B18=\"CODEVASF\",VLOOKUP(C18,'CPU CODEVASF'!E:I,5,FALSE),VLOOKUP(C18,'SINTÉTICO SICRO'!A:D,4,FALSE)),6)","v":1.57},{"$f":"ROUND(IF(B18=\"CODEVASF\",VLOOKUP(C18,'CPU CODEVASF'!E:H,4,FALSE),VLOOKUP(C18,'SINTÉTICO SICRO'!A:D,4,FALSE)*(1+$I$6)),6)","v":1.94},79850.4,null,0.0042]
[null,null,null,"PAVIMENTAÇÃO",{"$nulls":10},0,null,null,{"$f":"SUM(M20:M25)/M55","v":0.27}]
[8,"SICRO",4011463,"Concreto asfáltico - faixa C - areia e brita comerciais",null,null,null,"t",{"$f":"'MC MODULO'!N30","v":11760},0.2339,{"$f":"ROUND(IF(B20=\"CODEVASF\",VLOOKUP(C20,'CPU CODEVASF'!E:I,5,FALSE),VLOOKUP(C20,'SINTÉTICO SICRO'!A:D,4,FALSE)),6)","v":181.47},{"$f":"ROUND(IF(B20=\"CODEVASF\",VLOOKUP(C20,'CPU CODEVASF'!E:H,4,FALSE),VLOOKUP(C20,'SINTÉTICO SICRO'!A:D,4,FALSE)*(1+$I$6)),6)","v":223.92},2633299.2,null,0.1401]
[9,"SICRO",4011351,"Imprimação com asfalto diluído",null,null,null,"m²",{"$f":"'MC MODULO'!N34","v":98000},0.2339,{"$f":"ROUND(IF(B21=\"CODEVASF\",VLOOKUP(C21,'CPU CODEVASF'!E:I,5,FALSE),VLOOKUP(C21,'SINTÉTICO SICRO'!A:D,4,FALSE)),6)","v":0.35},{"$f":"ROUND(IF(B21=\"CODEVASF\",VLOOKUP(C21,'CPU CODEVASF'!E:H,4,FALSE),VLOOKUP(C21,'SINTÉTICO SICRO'!A:D,4,FALSE)*(1+$I$6)),6)","v":0.43},42140,null,0.0022]
[10,"SICRO",4011353,"Pintura de ligação",null,null,null,"m²",{"$f":"'MC MODULO'!N38","v":98000},0.2339,{"$f":"ROUND(IF(B22=\"CODEVASF\",VLOOKUP(C22,'CPU CODEVASF'!E:I,5,FALSE),VLOOKUP(C22,'SINTÉTICO SICRO'!A:D,4,FALSE)),6)","v":0.27},{"$f":"ROUND(IF(B22=\"CODEVASF\",VLOOKUP(C22,'CPU CODEVASF'!E:H,4,FALSE),VLOOKUP(C22,'SINTÉTICO SICRO'!A:D,4,FALSE)*(1+$I$6)),6)","v":0.33},32340,null,0.0017]
[11,"SICRO",4011256,"Base estabilizada granulometricamente com mistura solo brita (70% - 30%) em usina com material de jazida e brita comercial",null,null,null,"m³",{"$f":"'MC MODULO'!N42","v":14700},0.2339,{"$f":"ROUND(IF(B23=\"CODEVASF\",VLOOKUP(C23,'CPU CODEVASF'!E:I,5,FALSE),VLOOKUP(C23,'SINTÉTICO SICRO'!A:D,4,FALSE)),6)","v":62.96},{"$f":"ROUND(IF(B23=\"CODEVASF\",VLOOKUP(C23,'CPU CODEVASF'!E:H,4,FALSE),VLOOKUP(C23,'SINTÉTICO SICRO'!A:D,4,FALSE)*(1+$I$6)),6)","v":77.69},1142043,null,0.0608]
[12,"SICRO",4011233,"Sub-base estabilizada granulometricamente com mistura solo brita (70% - 30%) em usina com material de jazida e brita comercial",null,null,null,"m³",{"$f":"'MC MODULO'!N46","v":14700},0.2339,{"$f":"ROUND(IF(B24=\"CODEVASF\",VLOOKUP(C24,'CPU CODEVASF'!E:I,5,FALSE),VLOOKUP(C24,'SINTÉTICO SICRO'!A:D,4,FALSE)),6)","v":62.63},{"$f":"ROUND(IF(B24=\"CODEVASF\",VLOOKUP(C24,'CPU CODEVASF'!E:H,4,FALSE),VLOOKUP(C24,'SINTÉTICO SICRO'!A:D,4,FALSE)*(1+$I$6)),6)","v":77.28},1136016,null,0.0604]
[13,"SICRO",4011209,"Regularização do subleito",null,null,null,"m²",{"$f":"'MC MODULO'!N50","v":98000},0.2339,{"$f":"ROUND(IF(B25=\"CODEVASF\",VLOOKUP(C25,'CPU CODEVASF'!E:I,5,FALSE),VLOOKUP(C25,'SINTÉTICO SICRO'!A:D,4,FALSE)),6)","v":1.06},{"$f":"ROUND(IF(B25=\"CODEVASF\",VLOOKUP(C25,'CPU CODEVASF'!E:H,4,FALSE),VLOOKUP(C25,'SINTÉTICO SICRO'!A:D,4,FALSE)*(1+$I$6)),6)","v":1.31},128380,null,0.0068]
[null,null,null,"AQUISIÇÃO E TRANSPORTE DO MATERIAL BETUMINOSO",{"$nulls":10},0,null,null,{"$f":"SUM(M27:M32)/M55","v":0.26}]
[14,"CODEVASF","CPU-13","AQUISIÇÃO DE CIMENTO ASFALTICO CAP 50/70",null,null,null,"t",{"$f":"' CONSUMO DE MAT. B TOTAL'!P12","v":743.59},{"$f":"L27/K27-1","v":0.15},{"$f":"ROUND(IF(B27=\"CODEVASF\",VLOOKUP(C27,'CPU CODEVASF'!E:I,5,FALSE),VLOOKUP(C27,'SINTÉTICO SICRO'!A:D,4,FALSE)),6)","v":4236.83},{"$f":"ROUND(IF(B27=\"CODEVASF\",VLOOKUP(C27,'CPU CODEVASF'!E:H,4,FALSE),VLOOKUP(C27,'SINTÉTICO SICRO'!A:D,4,FALSE)*(1+$I$6)),6)","v":4872.35},3623030.73,null,0.1927]
[15,"CODEVASF","CPU-17","TRANSPORTE CAP 50/70",null,null,null,"t",{"$f":"' CONSUMO DE MAT. B TOTAL'!P12","v":743.59},0.15,{"$f":"ROUND(IF(B28=\"CODEVASF\",VLOOKUP(C28,'CPU CODEVASF'!E:I,5,FALSE),VLOOKUP(C28,'SINTÉTICO SICRO'!A:D,4,FALSE)),6)","v":459.74},{"$f":"ROUND(IF(B28=\"CODEVASF\",VLOOKUP(C28,'CPU CODEVASF'!E:H,4,FALSE),VLOOKUP(C28,'SINTÉTICO SICRO'!A:D,4,FALSE)*(1+$I$6)),6)","v":528.7},393136.03,null,0.0209]
[16,"CODEVASF","CPU-14","AQUISIÇÃO DE CM-30",null,null,null,"t",{"$f":"' CONSUMO DE MAT. B TOTAL'!P8","v":108.19},0.15,{"$f":"ROUND(IF(B29=\"CODEVASF\",VLOOKUP(C29,'CPU CODEVASF'!E:I,5,FALSE),VLOOKUP(C29,'SINTÉTICO SICRO'!A:D,4,FALSE)),6)","v":5234.08},{"$f":"ROUND(IF(B29=\"CODEVASF\",VLOOKUP(C29,'CPU CODEVASF'!E:H,4,FALSE),VLOOKUP(C29,'SINTÉTICO SICRO'!A:D,4,FALSE)*(1+$I$6)),6)","v":6019.19},651216.16,null,0.0346]
[17,"CODEVASF","CPU-18","TRANSPORTE DE CM-30",null,null,null,"t",{"$f":"' CONSUMO DE MAT. B TOTAL'!P8","v":108.19},0.15,{"$f":"ROUND(IF(B30=\"CODEVASF\",VLOOKUP(C30,'CPU CODEVASF'!E:I,5,FALSE),VLOOKUP(C30,'SINTÉTICO SICRO'!A:D,4,FALSE)),6)","v":459.83},{"$f":"ROUND(IF(B30=\"CODEVASF\",VLOOKUP(C30,'CPU CODEVASF'!E:H,4,FALSE),VLOOKUP(C30,'SINTÉTICO SICRO'!A:D,4,FALSE)*(1+$I$6)),6)","v":528.8},57210.87,null,0.003]
[18,"CODEVASF","CPU-15","AQUISIÇÃO DE EMULSÃO ASFÁLTICA RR-1C",null,null,null,"t",{"$f":"' CONSUMO DE MAT. B TOTAL'!P10","v":39.2},0.15,{"$f":"ROUND(IF(B31=\"CODEVASF\",VLOOKUP(C31,'CPU CODEVASF'!E:I,5,FALSE),VLOOKUP(C31,'SINTÉTICO SICRO'!A:D,4,FALSE)),6)","v":3059.97},{"$f":"ROUND(IF(B31=\"CODEVASF\",VLOOKUP(C31,'CPU CODEVASF'!E:H,4,FALSE),VLOOKUP(C31,'SINTÉTICO SICRO'!A:D,4,FALSE)*(1+$I$6)),6)","v":3518.96},137943.23,null,0.0073]
[19,"CODEVASF","CPU-19","TRANSPORTE RR-1C",null,null,null,"t",{"$f":"' CONSUMO DE MAT. B TOTAL'!P10","v":39.2},0.15,{"$f":"ROUND(IF(B32=\"CODEVASF\",VLOOKUP(C32,'CPU CODEVASF'!E:I,5,FALSE),VLOOKUP(C32,'SINTÉTICO SICRO'!A:D,4,FALSE)),6)","v":567.64},{"$f":"ROUND(IF(B32=\"CODEVASF\",VLOOKUP(C32,'CPU CODEVASF'!E:H,4,FALSE),VLOOKUP(C32,'SINTÉTICO SICRO'!A:D,4,FALSE)*(1+$I$6)),6)","v":652.78},25588.97,null,0.0014]
[null,null,null,"SINALIZAÇÃO",{"$nulls":10},0]
[20,"SICRO",5213440,"Fornecimento e implantação de placa de regulamentação em aço D = 0,60 m - película retrorrefletiva tipo I + SI",null,null,null,"und",{"$f":"'MC MODULO'!N54","v":112},{"$f":"$I$6","v":0.2339},{"$f":"ROUND(IF(B34=\"CODEVASF\",VLOOKUP(C34,'CPU CODEVASF'!E:I,5,FALSE),VLOOKUP(C34,'SINTÉTICO SICRO'!A:D,4,FALSE)),6)","v":255.08},{"$f":"ROUND(IF(B34=\"CODEVASF\",VLOOKUP(C34,'CPU CODEVASF'!E:H,4,FALSE),VLOOKUP(C34,'SINTÉTICO SICRO'!A:D,4,FALSE)*(1+$I$6)),6)","v":314.74},35250.88,null,0.0019]
[21,"SICRO",5213863,"Suporte metálico galvanizado para placa de advertência ou regulamentação - lado ou diâmetro de 0,60 m - fornecimento e implantação",null,null,null,"und",{"$f":"'MC MODULO'!N58","v":112},0.2339,{"$f":"ROUND(IF(B35=\"CODEVASF\",VLOOKUP(C35,'CPU CODEVASF'!E:I,5,FALSE),VLOOKUP(C35,'SINTÉTICO SICRO'!A:D,4,FALSE)),6)","v":451.59},{"$f":"ROUND(IF(B35=\"CODEVASF\",VLOOKUP(C35,'CPU CODEVASF'!E:H,4,FALSE),VLOOKUP(C35,'SINTÉTICO SICRO'!A:D,4,FALSE)*(1+$I$6)),6)","v":557.22},62408.64,null,0.0033]
[22,"SICRO",5213400,"Pintura de faixa com tinta acrílica - espessura de 0,4 mm",null,null,null,"m²",{"$f":"'MC MODULO'!N62","v":4200},0.2339,{"$f":"ROUND(IF(B36=\"CODEVASF\",VLOOKUP(C36,'CPU CODEVASF'!E:I,5,FALSE),VLOOKUP(C36,'SINTÉTICO SICRO'!A:D,4,FALSE)),6)","v":30.79},{"$f":"ROUND(IF(B36=\"CODEVASF\",VLOOKUP(C36,'CPU CODEVASF'!E:H,4,FALSE),VLOOKUP(C36,'SINTÉTICO SICRO'!A:D,4,FALSE)*(1+$I$6)),6)","v":37.99},159558,null,0.0085]
[null,null,null,"DRENAGEM",{"$nulls":10},0,null,null,null,{"$f":"(M38)/M55","v":0.1}]
[23,"SICRO",2003377,"Meio-fio de concreto - MFC 05 - areia e brita comerciais - fôrma de madeira",null,null,null,"m",{"$f":"'MC MODULO'!N67","v":28000},0.2339,{"$f":"ROUND(IF(B38=\"CODEVASF\",VLOOKUP(C38,'CPU CODEVASF'!E:I,5,FALSE),VLOOKUP(C38,'SINTÉTICO SICRO'!A:D,4,FALSE)),6)","v":57.05},{"$f":"ROUND(IF(B38=\"CODEVASF\",VLOOKUP(C38,'CPU CODEVASF'!E:H,4,FALSE),VLOOKUP(C38,'SINTÉTICO SICRO'!A:D,4,FALSE)*(1+$I$6)),6)","v":70.39},1970920,null,0.1048]
[null,null,null,"SERVIÇOS COMPLEMENTARES",{"$nulls":10},0]
[24,"Codevasf","CPU-12","Conserto de quebra no ramal na rua sem pavimento com fornecimento de material hidráulico",null,null,null,"m",{"$f":"'MC MODULO'!N72","v":343},0.2339,{"$f":"ROUND(IF(B40=\"CODEVASF\",VLOOKUP(C40,'CPU CODEVASF'!E:I,5,FALSE),VLOOKUP(C40,'SINTÉTICO SICRO'!A:D,4,FALSE)),6)","v":16.04},{"$f":"ROUND(IF(B40=\"CODEVASF\",VLOOKUP(C40,'CPU CODEVASF'!E:H,4,FALSE),VLOOKUP(C40,'SINTÉTICO SICRO'!A:D,4,FALSE)*(1+$I$6)),6)","v":19.79},6787.97,null,0.0004]
[null,null,null,"PROJETO EXECUTIVO",{"$nulls":10},0]
[25,"Codevasf","CPU-20","Projeto Executivo",null,null,null,"m²",{"$f":"'MC MODULO'!N77","v":98000},0.2339,{"$f":"ROUND(IF(B42=\"CODEVASF\",VLOOKUP(C42,'CPU CODEVASF'!E:I,5,FALSE),VLOOKUP(C42,'SINTÉTICO SICRO'!A:D,4,FALSE)),6)","v":0.65},{"$f":"ROUND(IF(B42=\"CODEVASF\",VLOOKUP(C42,'CPU CODEVASF'!E:H,4,FALSE),VLOOKUP(C42,'SINTÉTICO SICRO'!A:D,4,FALSE)*(1+$I$6)),6)","v":0.8},78400,null,0.0042]
[null,null,null,"CONTROLE TECNOLÓGICO - OBRA",{"$nulls":10},0]
[26,"Codevasf","CPU-21","Controle tecnológico - Obra",null,null,null,"m²",{"$f":"'MC MODULO'!N82","v":98000},0.2339,{"$f":"ROUND(IF(B44=\"CODEVASF\",VLOOKUP(C44,'CPU CODEVASF'!E:I,5,FALSE),VLOOKUP(C44,'SINTÉTICO SICRO'!A:D,4,FALSE)),6)","v":1.09},{"$f":"ROUND(IF(B44=\"CODEVASF\",VLOOKUP(C44,'CPU CODEVASF'!E:H,4,FALSE),VLOOKUP(C44,'SINTÉTICO SICRO'!A:D,4,FALSE)*(1+$I$6)),6)","v":1.35},132300,null,0.007]
[null,null,null,"MOMENTO DE TRANSPORTE",{"$nulls":10},0]
[27,"SICRO",5914359,{"$f":"IF(B46=\"CODEVASF\",VLOOKUP(C46,'CPU CODEVASF'!E:H,2,FALSE),VLOOKUP(C46,'SINTÉTICO SICRO'!A:D,2,FALSE))","v":"Transporte com caminhão basculante de 10 m³ - rodovia em leito natural"},null,null,null,"tkm",{"$f":"ROUND(SUMIF('MOMENTO DE TRANSPORTE - PRINC'!A:A,'RESUMO MODULO TOTAL'!C46,'MOMENTO DE TRANSPORTE - PRINC'!K:K)+SUMIF('MOMENTO DE TRANSPORTE - AUX'!A:A,'RESUMO MODULO TOTAL'!C46,'MOMENTO DE TRANSPORTE - AUX'!K:K),2)","v":0},0.2339,{"$f":"ROUND(IF(B46=\"CODEVASF\",VLOOKUP(C46,'CPU CODEVASF'!E:I,5,FALSE),VLOOKUP(C46,'SINTÉTICO SICRO'!A:D,4,FALSE)),6)","v":1.1},{"$f":"TRUNC(IF(B46=\"CODEVASF\",VLOOKUP(C46,'CPU CODEVASF'!E:H,4,FALSE),VLOOKUP(C46,'SINTÉTICO SICRO'!A:D,4,FALSE)*(1+$I$6)),6)","v":1.36},0,null,0]
[28,"SICRO",5914374,{"$f":"IF(B47=\"CODEVASF\",VLOOKUP(C47,'CPU CODEVASF'!E:H,2,FALSE),VLOOKUP(C47,'SINTÉTICO SICRO'!A:D,2,FALSE))","v":"Transporte com caminhão basculante de 10 m³ - rodovia em revestimento primário"},null,null,null,"tkm",{"$f":"ROUND(SUMIF('MOMENTO DE TRANSPORTE - PRINC'!A:A,'RESUMO MODULO TOTAL'!C47,'MOMENTO DE TRANSPORTE - PRINC'!K:K)+SUMIF('MOMENTO DE TRANSPORTE - AUX'!A:A,'RESUMO MODULO TOTAL'!C47,'MOMENTO DE TRANSPORTE - AUX'!K:K),2)","v":0},0.2339,{"$f":"ROUND(IF(B47=\"CODEVASF\",VLOOKUP(C47,'CPU CODEVASF'!E:I,5,FALSE),VLOOKUP(C47,'SINTÉTICO SICRO'!A:D,4,FALSE)),6)","v":0.88},{"$f":"TRUNC(IF(B47=\"CODEVASF\",VLOOKUP(C47,'CPU CODEVASF'!E:H,4,FALSE),VLOOKUP(C47,'SINTÉTICO SICRO'!A:D,4,FALSE)*(1+$I$6)),6)","v":1.09},0,null,0]
[29,"SICRO",5914389,{"$f":"IF(B48=\"CODEVASF\",VLOOKUP(C48,'CPU CODEVASF'!E:H,2,FALSE),VLOOKUP(C48,'SINTÉTICO SICRO'!A:D,2,FALSE))","v":"Transporte com caminhão basculante de 10 m³ - rodovia pavimentada"},null,null,null,"tkm",{"$f":"ROUND(SUMIF('MOMENTO DE TRANSPORTE - PRINC'!A:A,'RESUMO MODULO TOTAL'!C48,'MOMENTO DE TRANSPORTE - PRINC'!K:K)+SUMIF('MOMENTO DE TRANSPORTE - AUX'!A:A,'RESUMO MODULO TOTAL'!C48,'MOMENTO DE TRANSPORTE - AUX'!K:K),2)-756.18","v":6458387.3},0.2339,{"$f":"ROUND(IF(B48=\"CODEVASF\",VLOOKUP(C48,'CPU CODEVASF'!E:I,5,FALSE),VLOOKUP(C48,'SINTÉTICO SICRO'!A:D,4,FALSE)),6)","v":0.72},{"$f":"TRUNC(IF(B48=\"CODEVASF\",VLOOKUP(C48,'CPU CODEVASF'!E:H,4,FALSE),VLOOKUP(C48,'SINTÉTICO SICRO'!A:D,4,FALSE)*(1+$I$6)),6)","v":0.89},5747964.69,null,0.3058]
[30,"SICRO",5914449,{"$f":"IF(B49=\"CODEVASF\",VLOOKUP(C49,'CPU CODEVASF'!E:H,2,FALSE),VLOOKUP(C49,'SINTÉTICO SICRO'!A:D,2,FALSE))","v":"Transporte com caminhão carroceria de 15 t - rodovia em leito natural"},null,null,null,"tkm",{"$f":"ROUND(SUMIF('MOMENTO DE TRANSPORTE - PRINC'!A:A,'RESUMO MODULO TOTAL'!C49,'MOMENTO DE TRANSPORTE - PRINC'!K:K)+SUMIF('MOMENTO DE TRANSPORTE - AUX'!A:A,'RESUMO MODULO TOTAL'!C49,'MOMENTO DE TRANSPORTE - AUX'!K:K),2)","v":0},0.2339,{"$f":"ROUND(IF(B49=\"CODEVASF\",VLOOKUP(C49,'CPU CODEVASF'!E:I,5,FALSE),VLOOKUP(C49,'SINTÉTICO SICRO'!A:D,4,FALSE)),6)","v":1.01},{"$f":"TRUNC(IF(B49=\"CODEVASF\",VLOOKUP(C49,'CPU CODEVASF'!E:H,4,FALSE),VLOOKUP(C49,'SINTÉTICO SICRO'!A:D,4,FALSE)*(1+$I$6)),6)","v":1.25},0,null,0]
[31,"SICRO",5914464,{"$f":"IF(B50=\"CODEVASF\",VLOOKUP(C50,'CPU CODEVASF'!E:H,2,FALSE),VLOOKUP(C50,'SINTÉTICO SICRO'!A:D,2,FALSE))","v":"Transporte com caminhão carroceria de 15 t - rodovia em revestimento primário"},null,null,null,"tkm",{"$f":"ROUND(SUMIF('MOMENTO DE TRANSPORTE - PRINC'!A:A,'RESUMO MODULO TOTAL'!C50,'MOMENTO DE TRANSPORTE - PRINC'!K:K)+SUMIF('MOMENTO DE TRANSPORTE - AUX'!A:A,'RESUMO MODULO TOTAL'!C50,'MOMENTO DE TRANSPORTE - AUX'!K:K),2)","v":0},0.2339,{"$f":"ROUND(IF(B50=\"CODEVASF\",VLOOKUP(C50,'CPU CODEVASF'!E:I,5,FALSE),VLOOKUP(C50,'SINTÉTICO SICRO'!A:D,4,FALSE)),6)","v":0.81},{"$f":"TRUNC(IF(B50=\"CODEVASF\",VLOOKUP(C50,'CPU CODEVASF'!E:H,4,FALSE),VLOOKUP(C50,'SINTÉTICO SICRO'!A:D,4,FALSE)*(1+$I$6)),6)","v":1},0,null,0]
[32,"SICRO",5914479,{"$f":"IF(B51=\"CODEVASF\",VLOOKUP(C51,'CPU CODEVASF'!E:H,2,FALSE),VLOOKUP(C51,'SINTÉTICO SICRO'!A:D,2,FALSE))","v":"Transporte com caminhão carroceria de 15 t - rodovia pavimentada"},null,null,null,"tkm",{"$f":"ROUND(SUMIF('MOMENTO DE TRANSPORTE - PRINC'!A:A,'RESUMO MODULO TOTAL'!C51,'MOMENTO DE TRANSPORTE - PRINC'!K:K)+SUMIF('MOMENTO DE TRANSPORTE - AUX'!A:A,'RESUMO MODULO TOTAL'!C51,'MOMENTO DE TRANSPORTE - AUX'!K:K),2)","v":3665.18},0.2339,{"$f":"ROUND(IF(B51=\"CODEVASF\",VLOOKUP(C51,'CPU CODEVASF'!E:I,5,FALSE),VLOOKUP(C51,'SINTÉTICO SICRO'!A:D,4,FALSE)),6)","v":0.66},{"$f":"TRUNC(IF(B51=\"CODEVASF\",VLOOKUP(C51,'CPU CODEVASF'!E:H,4,FALSE),VLOOKUP(C51,'SINTÉTICO SICRO'!A:D,4,FALSE)*(1+$I$6)),6)","v":0.81},2968.79,null,0.0002]
[33,"SICRO",5914364,{"$f":"IF(B52=\"CODEVASF\",VLOOKUP(C52,'CPU CODEVASF'!E:H,2,FALSE),VLOOKUP(C52,'SINTÉTICO SICRO'!A:D,2,FALSE))","v":"Transporte de cimento ou cal hidratada a granel com caminhão silo de 30 m³ - rodovia em leito natural"},null,null,null,"tkm",{"$f":"ROUND(SUMIF('MOMENTO DE TRANSPORTE - PRINC'!A:A,'RESUMO MODULO TOTAL'!C52,'MOMENTO DE TRANSPORTE - PRINC'!K:K)+SUMIF('MOMENTO DE TRANSPORTE - AUX'!A:A,'RESUMO MODULO TOTAL'!C52,'MOMENTO DE TRANSPORTE - AUX'!K:K),2)","v":0},0.2339,{"$f":"ROUND(IF(B52=\"CODEVASF\",VLOOKUP(C52,'CPU CODEVASF'!E:I,5,FALSE),VLOOKUP(C52,'SINTÉTICO SICRO'!A:D,4,FALSE)),6)","v":0.81},{"$f":"TRUNC(IF(B52=\"CODEVASF\",VLOOKUP(C52,'CPU CODEVASF'!E:H,4,FALSE),VLOOKUP(C52,'SINTÉTICO SICRO'!A:D,4,FALSE)*(1+$I$6)),6)","v":1},0,null,0]
[34,"SICRO",5914365,{"$f":"IF(B53=\"CODEVASF\",VLOOKUP(C53,'CPU CODEVASF'!E:H,2,FALSE),VLOOKUP(C53,'SINTÉTICO SICRO'!A:D,2,FALSE))","v":"Transporte de cimento ou cal hidratada a granel com caminhão silo de 30 m³ - rodovia em revestimento primário"},null,null,null,"tkm",{"$f":"ROUND(SUMIF('MOMENTO DE TRANSPORTE - PRINC'!A:A,'RESUMO MODULO TOTAL'!C53,'MOMENTO DE TRANSPORTE - PRINC'!K:K)+SUMIF('MOMENTO DE TRANSPORTE - AUX'!A:A,'RESUMO MODULO TOTAL'!C53,'MOMENTO DE TRANSPORTE - AUX'!K:K),2)","v":0},0.2339,{"$f":"ROUND(IF(B53=\"CODEVASF\",VLOOKUP(C53,'CPU CODEVASF'!E:I,5,FALSE),VLOOKUP(C53,'SINTÉTICO SICRO'!A:D,4,FALSE)),6)","v":0.64},{"$f":"TRUNC(IF(B53=\"CODEVASF\",VLOOKUP(C53,'CPU CODEVASF'!E:H,4,FALSE),VLOOKUP(C53,'SINTÉTICO SICRO'!A:D,4,FALSE)*(1+$I$6)),6)","v":0.79},0,null,0]
[35,"SICRO",5914366,{"$f":"IF(B54=\"CODEVASF\",VLOOKUP(C54,'CPU CODEVASF'!E:H,2,FALSE),VLOOKUP(C54,'SINTÉTICO SICRO'!A:D,2,FALSE))","v":"Transporte de cimento ou cal hidratada a granel com caminhão silo de 30 m³ - rodovia pavimentada"},null,null,null,"tkm",{"$f":"ROUND(SUMIF('MOMENTO DE TRANSPORTE - PRINC'!A:A,'RESUMO MODULO TOTAL'!C54,'MOMENTO DE TRANSPORTE - PRINC'!K:K)+SUMIF('MOMENTO DE TRANSPORTE - AUX'!A:A,'RESUMO MODULO TOTAL'!C54,'MOMENTO DE TRANSPORTE - AUX'!K:K),2)","v":53930.42},0.2339,{"$f":"ROUND(IF(B54=\"CODEVASF\",VLOOKUP(C54,'CPU CODEVASF'!E:I,5,FALSE),VLOOKUP(C54,'SINTÉTICO SICRO'!A:D,4,FALSE)),6)","v":0.53},{"$f":"TRUNC(IF(B54=\"CODEVASF\",VLOOKUP(C54,'CPU CODEVASF'!E:H,4,FALSE),VLOOKUP(C54,'SINTÉTICO SICRO'!A:D,4,FALSE)*(1+$I$6)),6)","v":0.65},35054.77,null,0.0019]
["VALOR TOTAL DO SRP",{"$nulls":11},{"$f":"INT(SUM(M11:M54))","v":18798360}]
["Obs.: Os valores estão apresentados com apenas 2 casas decimais, mas os valores da presente planilha foram calculados utilizando a precisão de 6 casas decimais. "]

{"sheet":"MC MODULO","index":1,"n_rows":82,"n_cols":14,"rows_kept":82,"cut":false,"hidden":false,"merged":[[3,1,3,13],[4,1,4,6],[4,8,4,13],[5,4,5,5],[6,4,6,5],[39,2,39,6],[39,9,39,13],[43,2,43,6],[43,9,43,13],[0,1,2,11]]}
[{"$nulls":12},"SICRO:",{"$f":"'RESUMO MODULO TOTAL'!M2","v":"Pernambuco - Julho/2023"}]
[{"$nulls":12},"SINAPI:",{"$f":"'RESUMO MODULO TOTAL'!M3","v":"09/2023"}]
[{"$nulls":12},"Data base do orçamento: ","2023-10-01"]
[null,{"$f":"'RESUMO MODULO TOTAL'!A1","v":" CONTRATAÇÃO DE EXECUÇÃO DE PAVIMENTO ASFÁLTICO COM CBUQ, EM VIAS DE DIVERSOS MUNICÍPIOS DA MESORREGIÃO DO AGRESTE PERNAMBUCANO, ÁREA DE ATUAÇÃO DA 15ª SUPERINTENDÊNCIA REGIONAL DA CODEVASF."}]
[null,"Memória de Cálculo - MÓDULO MÍNIMO",{"$nulls":6},{"$f":"CONCATENATE(B5,\"  x\",N7)","v":"Memória de Cálculo - MÓDULO MÍNIMO  x7"}]
[null,"Extensão:",2000,"metros","Nº DE MESES:",null,{"$f":"(N6/N7)*1","v":1},null,"Extensão:",{"$f":"C6*N7","v":14000},"m",null,"Nº DE MESES:",7]
[null,"Largura:",7,"metros","Nº DE MODULOS:",null,1,null,"Largura:",7,"m",null,"Nº DE MODULOS:",7]
[null,"ITEM","DISCRIMINAÇÃO DOS CÁLCULOS",null,null,null,"Qtd total",null,"ITEM","DESCRIÇÃO",null,null,null,"Qtd total"]
[null,null,"MOBILIZAÇÃO",{"$nulls":6},"MOBILIZAÇÃO"]
[null,1,"Mobilizações e Desmobilizações (m²)",null,null,null,{"$f":"C6*C7","v":14000},null,1,"Mobilizações e Desmobilizações (m²)",null,null,null,{"$f":"N7*G10","v":98000}]
[null,2,"Administração da obra (m²)",null,null,null,{"$f":"C7*C6","v":14000},null,2,"Administração da obra",null,null,null,{"$f":"N7*G11","v":98000}]
[null,3,"Canteiro de Obras e Almoxarifado (mês)",null,null,null,{"$f":"N6/N7","v":1},null,3,"Canteiro de Obras e Almoxarifado",null,null,null,{"$f":"G12*N7","v":7}]
[null,4,"Placa de Obra em Chapa de Aço Galvanizado (und)",null,null,null,1,null,4,"Placa de Obra em Chapa de Aço Galvanizado",null,null,null,{"$f":"G13*N7","v":7}]
[null,null,{"$f":"'RESUMO MODULO TOTAL'!D15","v":"TERRAPLANAGEM"},{"$nulls":6},{"$f":"C14","v":"TERRAPLANAGEM"}]
[null,5,{"$f":"'RESUMO MODULO TOTAL'!D16","v":"Serviços topográficos para pavimentação, inclusive notas de serviços, acompanhamento e greide"},{"$nulls":5},{"$f":"B15","v":5},{"$f":"C15","v":"Serviços topográficos para pavimentação, inclusive notas de serviços, acompanhamento e greide"}]
[null,null,"Extensão (m)","Largura (m)",null,null,"Area (m²)",null,null,"Extensão (m)","Largura (m)",null,null,"Area (m²)"]
[null,null,{"$f":"C6","v":2000},{"$f":"C7","v":7},null,null,{"$f":"C17*D17","v":14000},null,null,{"$f":"C17*N7","v":14000},{"$f":"D17","v":7},null,null,{"$f":"J17*K17","v":98000}]
[]
[null,6,{"$f":"'RESUMO MODULO TOTAL'!D17","v":"Escavação, carga e transporte de material de 1ª categoria - DMT de 1.000 a 1.200 m - caminho de serviço em leito natural - com escavadeira e caminhão basculante de 14 m³"},{"$nulls":4}," ",{"$f":"B19","v":6},{"$f":"C19","v":"Escavação, carga e transporte de material de 1ª categoria - DMT de 1.000 a 1.200 m - caminho de serviço em leito natural - com escavadeira e caminhão basculante de 14 m³"}]
[null,null,"Extensão (m)","Largura (m)","Espessura (m)",null,"Volume (m3)",null,null,"Extensão (m)","Largura (m)","Espessura (m)",null,"Volume (m3)"]
[null,null,{"$f":"C6","v":2000},{"$f":"C7","v":7},0.35,null,{"$f":"C21*D21*E21","v":4900},null,null,{"$f":"C21*N7","v":14000},{"$f":"D21","v":7},{"$f":"E21","v":0.35},null,{"$f":"J21*K21*L21","v":34300}]
[]
[null,7,{"$f":"'RESUMO MODULO TOTAL'!D18","v":"Espalhamento de material em bota-fora"},{"$nulls":5},{"$f":"B23","v":7},{"$f":"C23","v":"Espalhamento de material em bota-fora"}]
[null,null,"Extensão (m)","Largura (m)","Espessura (m)","Empolamento","Volume (m3)",null,null,"Extensão (m)","Largura (m)","Espessura (m)","Empolamento","Volume (m3)"]
[null,null,{"$f":"C6","v":2000},{"$f":"C7","v":7},0.35,1.2,{"$f":"C25*D25*E25*F25","v":5880},null,null,{"$f":"J6","v":14000},{"$f":"J7","v":7},0.35,1.2,{"$f":"J25*K25*L25*M25","v":41160}]
[]
[null,null,"PAVIMENTAÇÃO",{"$nulls":6},"PAVIMENTAÇÃO"]
[null,8,{"$f":"'RESUMO MODULO TOTAL'!D20","v":"Concreto asfáltico - faixa C - areia e brita comerciais"},{"$nulls":5},8,"Concreto asfáltico - faixa C - areia e brita comerciais"]
[null,null,"Extensão (m)","Largura (m)","Espessura (m)","Densidade (t/m³)","Massa(t)",null,null,"Extensão (m)","Largura (m)","Espessura (m)","Densidade (t/m³)","Massa (t)"]
[null,null,{"$f":"C6","v":2000},{"$f":"C7","v":7},0.05,2.4,{"$f":"C30*D30*E30*F30","v":1680},null,null,{"$f":"C30*N7","v":14000},{"$f":"D30","v":7},0.05,2.4,{"$f":"J30*K30*L30*M30","v":11760}]
[]
[null,9,{"$f":"'RESUMO MODULO TOTAL'!D21","v":"Imprimação com asfalto diluído"},{"$nulls":5},9,{"$f":"C32","v":"Imprimação com asfalto diluído"}]
[null,null,"Extensão (m)",null,"Largura (m)",null,"Área (m2)",null,null,"Extensão (m)",null,"Largura (m)",null,"area (m2)"]
[null,null,{"$f":"C6","v":2000},null,{"$f":"C7","v":7},null,{"$f":"C34*E34","v":14000},null,null,{"$f":"C34*N7","v":14000},null,{"$f":"E34","v":7},null,{"$f":"J34*L34","v":98000}]
[]
[null,10,{"$f":"'RESUMO MODULO TOTAL'!D22","v":"Pintura de ligação"},{"$nulls":5},10,{"$f":"C36","v":"Pintura de ligação"}]
[null,null,"Extensão (m)",null,"Largura (m)",null,"Área (m2)",null,null,"Extensão (m)",null,"Largura (m)",null,"area (m2)"]
[null,null,{"$f":"C6","v":2000},null,7,null,{"$f":"C38*E38","v":14000},null,null,{"$f":"C38*N7","v":14000},null,{"$f":"E38","v":7},null,{"$f":"J38*L38","v":98000}]
[]
[null,11,{"$f":"'RESUMO MODULO TOTAL'!D23","v":"Base estabilizada granulometricamente com mistura solo brita (70% - 30%) em usina com material de jazida e brita comercial"},{"$nulls":5},11,{"$f":"C40","v":"Base estabilizada granulometricamente com mistura solo brita (70% - 30%) em usina com material de jazida e brita comercial"}]
[null,null,"Comprimento (m)","Largura (m)","profundidade (m)",null,"Vol.(m3)",null,null,"Comprimento (m)","Largura (m)","profundidade (m)",null,"Volume (m3)"]
[null,null,{"$f":"C6","v":2000},{"$f":"C7","v":7},0.15,null,{"$f":"C42*D42*E42","v":2100},null,null,{"$f":"C42*N7","v":14000},{"$f":"D42","v":7},{"$f":"E42","v":0.15},null,{"$f":"J42*K42*L42","v":14700}]
[]
[null,12,{"$f":"'RESUMO MODULO TOTAL'!D24","v":"Sub-base estabilizada granulometricamente com mistura solo brita (70% - 30%) em usina com material de jazida e brita comercial"},{"$nulls":5},12,{"$f":"C44","v":"Sub-base estabilizada granulometricamente com mistura solo brita (70% - 30%) em usina com material de jazida e brita comercial"}]
[null,null,"Comprimento (m)","Largura (m)","profundidade (m)",null,"Vol.(m3)",null,null,"Comprimento (m)","Largura (m)","profundidade (m)",null,"Volume (m3)"]
[null,null,{"$f":"C6","v":2000},{"$f":"C7","v":7},0.15,null,{"$f":"C46*D46*E46","v":2100},null,null,{"$f":"C46*N7","v":14000},{"$f":"D46","v":7},0.15,null,{"$f":"J46*K46*L46","v":14700}]
[]
[null,13,{"$f":"'RESUMO MODULO TOTAL'!D25","v":"Regularização do subleito"},{"$nulls":5},{"$f":"B48","v":13},{"$f":"C48","v":"Regularização do subleito"}]
[null,null,"Comprimento (m)","Largura (m)",null,null,"Área (m2)",null,null,"Comprimento (m)","Largura (m)",null,null,"area (m2)"]
[null,null,{"$f":"C6","v":2000},{"$f":"C7","v":7},null,null,{"$f":"C50*D50","v":14000},null,null,{"$f":"C50*N7","v":14000},{"$f":"D50","v":7},null,null,{"$f":"J50*K50","v":98000}]
[null,null,"SINALIZAÇÃO",{"$nulls":6},"SINALIZAÇÃO"]
[null,20,"Placa de regulamentação em aço D = 0,60 m - película retrorrefletiva tipo I + SI",{"$nulls":5},20,{"$f":"C52","v":"Placa de regulamentação em aço D = 0,60 m - película retrorrefletiva tipo I + SI"}]
[null,null,"Extensão (km)",null,"Quant. (un) por mão",null,"Quant. (un)",null,null,"Extensão (km)",null,"Quant. (un)",null,"Quant. (un)"]
[null,null,{"$f":"C6/1000","v":2},null,8,null,{"$f":"C54*E54","v":16},null,null,{"$f":"C54*N7","v":14},null,{"$f":"E54","v":8},null,{"$f":"J54*L54","v":112}]
[]
[null,21,"Suporte metálico galvanizado para placa de regulamentação - D = 0,60 m",{"$nulls":5},21,{"$f":"C56","v":"Suporte metálico galvanizado para placa de regulamentação - D = 0,60 m"}]
[null,null,"Extensão (km)",null,"Quant. (un) por mão",null,"Quant. (un)",null,null,"Extensão (km)",null,"Quant. (un)",null,"Quant. (un)"]
[null,null,{"$f":"C6/1000","v":2},null,8,null,{"$f":"C58*E58","v":16},null,null,{"$f":"C58*N7","v":14},null,{"$f":"E58","v":8},null,{"$f":"J58*L58","v":112}]
[]
[null,22,"Pintura de faixa com tinta acrílica - espessura de 0,4 mm (bordos)",{"$nulls":5},22,"Pintura de faixa com tinta acrílica - espessura de 0,4 mm (bordos)"]
[null,null,"Extensão (m)","Espessura (m)","nº de linhas faixas",null,"Quant. (m²)",null,null,"Extensão (m)",null,"Espessura (m)","nº de linhas faixas","Quant. (m²)"]
[null,null,{"$f":"C6","v":2000},0.1,3,null,{"$f":"C62*D62*E62","v":600},null,null,{"$f":"C6*N7","v":14000},null,0.1,3,{"$f":"J62*L62*M62","v":4200}]
[]
[null,null,"DRENAGEM",{"$nulls":6},"DRENAGEM"]
[null,23,{"$f":"'RESUMO MODULO TOTAL'!D38","v":"Meio-fio de concreto - MFC 05 - areia e brita comerciais - fôrma de madeira"},{"$nulls":5},23,"Limpeza de sarjeta e meio-fio"]
[null,null,"Extensão (m)",null,"Quant. (un)",null,"Extensão(m)",null,null,"Extensão (m)",null,"Quant. (un)",null,"Extensão(m)"]
[null,null,{"$f":"C6","v":2000},null,2,null,{"$f":"C67*E67","v":4000},null,null,{"$f":"C67*N7","v":14000},null,2,"=",{"$f":"J67*L67","v":28000}]
[]
[null,null,"SERVIÇOS COMPLEMENTARES",{"$nulls":6},"SERVIÇOS COMPLEMENTARES"]
[null,24,"Conserto de ramal rompido",{"$nulls":5},24,{"$f":"C70","v":"Conserto de ramal rompido"}]
[null,null,"extensão de tubulação rompida","qtd",null,null,"extensão (m)",null,null,"extensão de tubulação rompida","qtd",null,null,"extensão (m)"]
[null,null,7,{"$f":"N7","v":7},null,null,{"$f":"C72*D72","v":49},null,null,7,{"$f":"D72*N7","v":49},null,null,{"$f":"J72*K72","v":343}]
[]
[null,null,"PROJETO EXECUTIVO",{"$nulls":6},"PROJETO EXECUTIVO"]
[null,25,"Projeto Executivo",{"$nulls":5},25,"Projeto Executivo"]
[null,null,"Meses","área (m2)",null,null,"Área (m2)",null,null,"Meses","área (m2)",null,null,"área (m2)"]
[null,null,{"$f":"G6*(1/3)","v":0.33},{"$f":"C6*C7","v":14000},null,null,{"$f":"D77","v":14000},null,null,{"$f":"C77*N7","v":2.31},{"$f":"D77*N7","v":98000},null,null,{"$f":"G77*N7","v":98000}]
[]
[null,null,"CONTROLE TECNOLOGICO - OBRA",{"$nulls":6},"CONTROLE TECNOLOGICO - OBRA"]
[null,26,"Projeto Executivo",{"$nulls":5},26,"Projeto Executivo"]
[null,null,"Meses","área (m2)",null,"Quant. (un)","Área (m2)",null,null,"Meses","área (m2)",null,null,"área (m2)"]
[null,null,{"$f":"G6*(2/3)","v":0.67},{"$f":"C6*C7","v":14000},null,null,{"$f":"D82","v":14000},null,null,{"$f":"C82*N7","v":4.69},{"$f":"D82*N7","v":98000},null,null,{"$f":"G82*N7","v":98000}]

{"sheet":"CPU CODEVASF","index":2,"n_rows":173,"n_cols":9,"rows_kept":173,"cut":false,"hidden":false,"merged":[[3,0,3,7],[4,6,4,7],[7,0,7,7],[20,4,20,6],[23,5,23,6],[32,4,32,6],[35,5,35,6],[46,4,46,6],[47,4,47,6],[49,5,49,6],[55,4,55,6],[58,5,58,6],[63,4,63,6],[66,5,66,6],[75,4,75,6],[78,5,78,6],[83,4,83,6],[86,5,86,6],[91,4,91,6],[94,5,94,6],[99,4,99,6],[102,5,102,6],[113,4,113,6],[116,5,116,6],[121,4,121,6],[124,5,124,6],[129,4,129,6],[132,5,132,6],[137,4,137,6],[140,5,140,6],[156,4,156,6],[158,5,158,6],[170,4,170,6],[172,5,172,6],[8,0,9,0],[25,0,26,0],[37,0,38,0],[51,0,52,0],[60,0,61,0],[68,0,69,0],[80,0,81,0],[88,0,89,0],[96,0,97,0],[104,0,105,0],[118,0,119,0],[126,0,127,0],[134,0,135,0],[142,0,143,0],[160,0,161,0],[8,1,9,1],[25,1,26,1],[37,1,38,1],[51,1,52,1],[60,1,61,1],[68,1,69,1],[80,1,81,1],[88,1,89,1],[96,1,97,1],[104,1,105,1],[118,1,119,1],[126,1,127,1],[134,1,135,1],[142,1,143,1],[160,1,161,1],[8,2,9,2],[25,2,26,2],[37,2,38,2],[51,2,52,2],[60,2,61,2],[68,2,69,2],[80,2,81,2],[88,2,89,2],[96,2,97,2],[104,2,105,2],[118,2,119,2],[126,2,127,2],[134,2,135,2],[142,2,143,2],[160,2,161,2],[8,3,9,3],[25,3,26,3],[37,3,38,3],[51,3,52,3],[60,3,61,3],[68,3,69,3],[80,3,81,3],[88,3,89,3],[96,3,97,3],[104,3,105,3],[118,3,119,3],[126,3,127,3],[134,3,135,3],[142,3,143,3],[160,3,161,3],[8,4,9,4],[25,4,26,4],[37,4,38,4],[51,4,52,4],[60,4,61,4],[68,4,69,4],[80,4,81,4],[88,4,89,4],[96,4,97,4],[104,4,105,4],[118,4,119,4],[126,4,127,4],[134,4,135,4],[142,4,143,4],[160,4,161,4],[8,5,9,5],[25,5,26,5],[37,5,38,5],[51,5,52,5],[60,5,61,5],[68,5,69,5],[80,5,81,5],[88,5,89,5],[96,5,97,5],[104,5,105,5],[118,5,119,5],[126,5,127,5],[134,5,135,5],[142,5,143,5],[160,5,161,5],[8,6,9,6],[25,6,26,6],[37,6,38,6],[51,6,52,6],[60,6,61,6],[68,6,69,6],[80,6,81,6],[88,6,89,6],[96,6,97,6],[104,6,105,6],[118,6,119,6],[126,6,127,6],[134,6,135,6],[142,6,143,6],[160,6,161,6],[8,7,9,7],[25,7,26,7],[37,7,38,7],[51,7,52,7],[60,7,61,7],[68,7,69,7],[80,7,81,7],[88,7,89,7],[96,7,97,7],[104,7,105,7],[118,7,119,7],[126,7,127,7],[134,7,135,7],[142,7,143,7],[160,7,161,7],[0,0,2,7],[4,0,6,3],[5,4,6,5]]}
[]
[]
[]
[{"$f":"'RESUMO MODULO TOTAL'!A1","v":" CONTRATAÇÃO DE EXECUÇÃO DE PAVIMENTO ASFÁLTICO COM CBUQ, EM VIAS DE DIVERSOS MUNICÍPIOS DA MESORREGIÃO DO AGRESTE PERNAMBUCANO, ÁREA DE ATUAÇÃO DA 15ª SUPERINTENDÊNCIA REGIONAL DA CODEVASF."}]
[{"$nulls":5},"BDI %:",{"$f":"BDI!$C$17","v":0.2339}]
[{"$nulls":4},"Encargos Sociais:",null,"Horista","Mensalista"]
[{"$nulls":6},{"$f":"'RESUMO MODULO TOTAL'!J8","v":1.1455},{"$f":"'RESUMO MODULO TOTAL'!K8","v":0.7011}]
["COMPOSIÇÕES DE CUSTO UNITARIO"]
["CPU-01","CODEVASF","74209/1","PLACA DE OBRA EM CHAPA DE ACO GALVANIZADO","und","COEF.","PRECO UNITÁRIO (R$)","TOTAL (R$)"]
[]
["INS. SINAPI","SINAPI",5075,"PREGO 18X30.","kg",0.11,{"$f":"IFERROR(VLOOKUP(C11,'INSUMOS SINAPI'!A:E,5,FALSE),VLOOKUP(C11,'COMP Sint. Sinapi'!G:K,5,FALSE))","v":"18,31"},{"$f":"TRUNC(F11*G11,2)","v":2.01}]
["INS. SINAPI","SINAPI",4491,"PECA DE MADEIRA NATIVA / REGIONAL 7,5 X 7,5CM (3X3) NAO APARELHADA (P/FORMA)","m",4,{"$f":"IFERROR(VLOOKUP(C12,'INSUMOS SINAPI'!A:E,5,FALSE),VLOOKUP(C12,'COMP Sint. Sinapi'!G:K,5,FALSE))","v":"10,58"},{"$f":"TRUNC(F12*G12,2)","v":42.32}]
["INS. SINAPI","SINAPI",4417,"PECA DE MADEIRA DE LEI *2,5 X 7,5* CM (1\" X 3\"), NÃO APARELHADA, (P/TELHADO)","m",1,{"$f":"IFERROR(VLOOKUP(C13,'INSUMOS SINAPI'!A:E,5,FALSE),VLOOKUP(C13,'COMP Sint. Sinapi'!G:K,5,FALSE))","v":"8,43"},{"$f":"TRUNC(F13*G13,2)","v":8.43}]
["INS. SINAPI","SINAPI",4813,"PLACA DE OBRA (PARA CONSTRUCAO CIVIL) EM CHAPA GALVANIZADA *Nº 22*, DE *2,0 X 1,125* M","m²",4,{"$f":"IFERROR(VLOOKUP(C14,'INSUMOS SINAPI'!A:E,5,FALSE),VLOOKUP(C14,'COMP Sint. Sinapi'!G:K,5,FALSE))","v":"250,00"},1000]
["INS. SINAPI","SINAPI",370,"AREIA MÉDIA","m³",0.0049,{"$f":"IFERROR(VLOOKUP(C15,'INSUMOS SINAPI'!A:E,5,FALSE),VLOOKUP(C15,'COMP Sint. Sinapi'!G:K,5,FALSE))","v":"130,00"},0.63]
["INS. SINAPI","SINAPI",1379,"CIMENTO PORTLAND COMPOSTO CP II-32      ","kg",1.5,{"$f":"IFERROR(VLOOKUP(C16,'INSUMOS SINAPI'!A:E,5,FALSE),VLOOKUP(C16,'COMP Sint. Sinapi'!G:K,5,FALSE))","v":"0,70"},1.05]
["INS. SINAPI","SINAPI",4718,"PEDRA BRITADA Nº 2","m³",0.0098,{"$f":"IFERROR(VLOOKUP(C17,'INSUMOS SINAPI'!A:E,5,FALSE),VLOOKUP(C17,'COMP Sint. Sinapi'!G:K,5,FALSE))","v":"105,03"},1.02]
["COMP. SINAPI","SINAPI",{"$f":"\"87445\"","v":"87445"},"BETONEIRA CAPACIDADE NOMINAL 400 L, CAPACIDADE DE MISTURA 310 L, MOTOR A DIESEL POTÊNCIA 5,0 HP, SEM CARREGADOR MECANICO (LOCACAO)","h",0.0065,{"$f":"IFERROR(VLOOKUP(C18,'INSUMOS SINAPI'!A:E,5,FALSE),VLOOKUP(C18,'COMP Sint. Sinapi'!G:K,5,FALSE))","v":"5,64"},0.03]
["COMP. SINAPI","SINAPI",{"$f":"\"88262\"","v":"88262"},"CARPINTEIRO DE FORMAS COM ENCARGOS COMPLEMENTARES","h",1,{"$f":"IFERROR(VLOOKUP(C19,'INSUMOS SINAPI'!A:E,5,FALSE),VLOOKUP(C19,'COMP Sint. Sinapi'!G:K,5,FALSE))","v":"26,13"},26.13]
["COMP. SINAPI","SINAPI",{"$f":"\"88316\"","v":"88316"},"SERVENTE COM ENCARGOS COMPLEMENTARES","h",2.06,{"$f":"IFERROR(VLOOKUP(C20,'INSUMOS SINAPI'!A:E,5,FALSE),VLOOKUP(C20,'COMP Sint. Sinapi'!G:K,5,FALSE))","v":"21,28"},43.83]
[{"$nulls":4},"Sub total:",null,null,{"$f":"SUM(H11:H20)","v":1125.45}]
[{"$nulls":5},"BDI ",{"$f":"BDI!$C$17","v":0.2339},{"$f":"TRUNC(H21*G22,2)","v":263.24}]
[{"$nulls":6},"Total Serviços:",{"$f":"H21+H22","v":1388.69}]
[{"$nulls":4},{"$f":"A9","v":"CPU-01"},"PREÇO UNITÁRIO TOTAL:",null,{"$f":"H23","v":1388.69},{"$f":"H21","v":1125.45}]
[]
["CPU-02","CODEVASF","Propria","MOBILIZAÇÃO E DESMOBILIZAÇÃO","m2","COEF.","PRECO UNITÁRIO (R$)","TOTAL (R$)"]
[]
["COMP. SINAPI","SINAPI",{"$f":"\"73340\"","v":"73340"},"CAMINHÃO TOCO, PBT 14.300 KG, CARGA ÚTIL MÁX. 9.710 KG, DIST. ENTRE EIXOS 3,56 M, POTÊNCIA 185 CV, INCLUSIVE CARROCERIA FIXA ABERTA DE MADEIRA P/ TR ANSPORTE GERAL DE CARGA SECA, DIMEN. APROX. 2,50 X 6,50 X 0,50 M - MATERIA IS NA OPERAÇÃO. AF_06/2014","H",3,{"$f":"IFERROR(VLOOKUP(C28,'INSUMOS SINAPI'!A:E,5,FALSE),VLOOKUP(C28,'COMP Sint. Sinapi'!G:K,5,FALSE))","v":"162,72"},{"$f":"TRUNC(F28*G28,2)","v":488.16}]
["COMP. SINAPI","SINAPI",{"$f":"\"67826\"","v":"67826"},"CAMINHÃO BASCULANTE 6 M3 TOCO, PESO BRUTO TOTAL 16.000 KG, CARGA ÚTIL MÁXI CHP MA 11.130 KG, DISTÂNCIA ENTRE EIXOS 5,36 M, POTÊNCIA 185 CV, INCLUSIVE CAÇAMBA METÁLICA - CHP DIURNO. AF_06/2014","CHP",3,{"$f":"IFERROR(VLOOKUP(C29,'INSUMOS SINAPI'!A:E,5,FALSE),VLOOKUP(C29,'COMP Sint. Sinapi'!G:K,5,FALSE))","v":"191,75"},{"$f":"TRUNC(F29*G29,2)","v":575.25}]
["COMP. SINAPI","SINAPI",{"$f":"\"6259\"","v":"6259"},"CAMINHÃO PIPA 6.000 L, PESO BRUTO TOTAL 13.000 KG, DISTÂNCIA ENTRE EIXOS 4 CHP ,80 M, POTÊNCIA 189 CV INCLUSIVE TANQUE DE AÇO PARA TRANSPORTE DE ÁGUA, CAPACIDADE 6 M3 - CHP DIURNO. AF_06/2014","CHP",3,{"$f":"IFERROR(VLOOKUP(C30,'INSUMOS SINAPI'!A:E,5,FALSE),VLOOKUP(C30,'COMP Sint. Sinapi'!G:K,5,FALSE))","v":"264,10"},{"$f":"TRUNC(F30*G30,2)","v":792.3}]
["COMP. SICRO","SICRO",5914640,"TRANSPORTE COM CAVALO MECÂNICO COM SEMIRREBOQUE COM CAPACIDADE DE 30 T - RODOVIA PAVIMENTADA","T x km",{"$f":"'Mob e Desmob'!E39+'Mob e Desmob'!E40","v":46264.14},0.6,27758.48]
["INSUMO","ORSE",5896,"VEÍCULO TIPO SEDAN OU PICK-UP CAPACIDADE 0,6 TON","h",6,8.33,49.98]
[{"$nulls":4},"Sub total:",null,null,{"$f":"SUM(H28:H32)","v":29664.17}]
[{"$nulls":5},"BDI ",{"$f":"BDI!$C$17","v":0.2339},{"$f":"TRUNC(H33*G34,2)","v":6938.44}]
[{"$nulls":6},"Total Serviços:",{"$f":"H33+H34","v":36602.61}]
[{"$nulls":5},"PREÇO UNITÁRIO TOTAL:",null,{"$f":"H35","v":36602.61}]
[{"$nulls":4},{"$f":"A26","v":"CPU-02"},null,"PREÇO POR M²:",{"$f":"TRUNC(H36/('MC MODULO'!$J$7*'MC MODULO'!$J$6),2)","v":0.37},{"$f":"H33/('MC MODULO'!J7*'MC MODULO'!J6)","v":0.3}]
["CPU-03","CODEVASF",null,"ADMINISTRAÇÃO LOCAL","m2","COEF.","PRECO UNITÁRIO (R$)","TOTAL (R$)"]
[]
["COMP. SINAPI","SINAPI",{"$f":"\"90777\"","v":"90777"},"ENGENHEIRO CIVIL DE OBRA JUNIOR COM ENCARGOS COMPLEMENTARES","H",20,{"$f":"IFERROR(VLOOKUP(C40,'INSUMOS SINAPI'!A:E,5,FALSE),VLOOKUP(C40,'COMP Sint. Sinapi'!G:K,5,FALSE))","v":"113,54"},{"$f":"TRUNC(F40*G40,2)","v":2270.8}]
["COMP. SINAPI","SINAPI",{"$f":"\"90780\"","v":"90780"},"MESTRE DE OBRAS COM ENCARGOS COMPLEMENTARES","H",40,{"$f":"IFERROR(VLOOKUP(C41,'INSUMOS SINAPI'!A:E,5,FALSE),VLOOKUP(C41,'COMP Sint. Sinapi'!G:K,5,FALSE))","v":"59,31"},{"$f":"TRUNC(F41*G41,2)","v":2372.4}]
["COMP. SINAPI","SINAPI",{"$f":"\"90772\"","v":"90772"},"AUXILIAR DE ESCRITORIO COM ENCARGOS COMPLEMENTARES","H",40,{"$f":"IFERROR(VLOOKUP(C42,'INSUMOS SINAPI'!A:E,5,FALSE),VLOOKUP(C42,'COMP Sint. Sinapi'!G:K,5,FALSE))","v":"17,95"},{"$f":"TRUNC(F42*G42,2)","v":718}]
["COMP. SINAPI","SINAPI",{"$f":"\"100309\"","v":"100309"},"TÉCNICO EM SEGURANÇA DO TRABALHO COM ENCARGOS COMPLEMENTARES","H",40,{"$f":"IFERROR(VLOOKUP(C43,'INSUMOS SINAPI'!A:E,5,FALSE),VLOOKUP(C43,'COMP Sint. Sinapi'!G:K,5,FALSE))","v":"27,61"},1104.4]
["INS. SINAPI","SINAPI",14250,"ENERGIA","KW/H",100,{"$f":"IFERROR(VLOOKUP(C44,'INSUMOS SINAPI'!A:E,5,FALSE),VLOOKUP(C44,'COMP Sint. Sinapi'!G:K,5,FALSE))","v":"0,97"},97]
["INS. SINAPI","SINAPI",44480,"ÁGUA TARIFA \"A\" ENTRE 0 E 20M3 FORNECIMENTO D'AGUA","M3",8.311876,{"$f":"IFERROR(VLOOKUP(C45,'INSUMOS SINAPI'!A:E,5,FALSE),VLOOKUP(C45,'COMP Sint. Sinapi'!G:K,5,FALSE))","v":"18,35"},152.52]
["INSUMO","ORSE",4415,"VEÍCULO LEVE - VOLKSWAGEN:GOL 1000 - AUTOMÓVEL ATÉ 100 HP","h",{"$f":"F40+F41","v":60},13.18,790.8]
[{"$nulls":4},"ADM. LOCAL :",null,null,{"$f":"SUM(H40:H46)","v":7505.92}]
[]
[{"$nulls":6},{"$f":"BDI!$C$17","v":0.2339},{"$f":"TRUNC(G49*H47,2)","v":1755.63}]
[{"$nulls":5},"PREÇO TOTAL:",null,{"$f":"H47+H49","v":9261.55},{"$f":"H47","v":7505.92}]
[{"$nulls":4},{"$f":"A38","v":"CPU-03"},null,"PREÇO POR M²:",{"$f":"TRUNC(H50/('MC MODULO'!$C$7*'MC MODULO'!$C$6),2)","v":0.66},{"$f":"H47/(('MC MODULO'!$C$7*'MC MODULO'!$C$6))","v":0.54}]
["CPU-04","CODEVASF",null,"CANTEIRO DE OBRAS E ALMOXARIFADO","und","COEF.","PRECO UNITÁRIO (R$)","TOTAL (R$)"]
[]
["INS. SINAPI","SINAPI",10775,"LOCACAO DE CONTAINER 2,30 X 6,00 M, ALT. 2,50 M, COM 1 SANITARIO, PARA ESCRITORIO, COMPLETO, SEM DIVISORIAS INTERNAS (NAO INCLUI MOBILIZACAO/DESMOBILIZACAO)","mês",1,{"$f":"IFERROR(VLOOKUP(C54,'INSUMOS SINAPI'!A:E,5,FALSE),VLOOKUP(C54,'COMP Sint. Sinapi'!G:K,5,FALSE))","v":"890,00"},{"$f":"TRUNC(F54*G54,2)","v":890}]
["INS. SINAPI","SINAPI",10776,"LOCACAO DE CONTAINER 2,30 X 6,00 M, ALT. 2,50 M, PARA ESCRITORIO, SEM DIVISORIAS INTERNAS E SEM SANITARIO (NAO INCLUI MOBILIZACAO/DESMOBILIZACAO)","mês",1,{"$f":"IFERROR(VLOOKUP(C55,'INSUMOS SINAPI'!A:E,5,FALSE),VLOOKUP(C55,'COMP Sint. Sinapi'!G:K,5,FALSE))","v":"695,31"},{"$f":"TRUNC(F55*G55,2)","v":695.31}]
[{"$nulls":4},"Sub total:",null,null,{"$f":"SUM(H54:H55)","v":1585.31}]
[{"$nulls":5},"BDI ",{"$f":"BDI!$C$17","v":0.2339},{"$f":"TRUNC(H56*G57,2)","v":370.8}]
[{"$nulls":6},"Total Serviços:",{"$f":"H56+H57","v":1956.11}]
[{"$nulls":4},{"$f":"A52","v":"CPU-04"},"PREÇO UNITÁRIO TOTAL:",null,{"$f":"H58","v":1956.11},{"$f":"H56","v":1585.31}]
[]
["CPU-11","CODEVASF",null,"LIMPEZA GERAL","UNID","COEF.","PRECO UNITÁRIO (R$)","TOTAL (R$)"]
[]
["COMP. SINAPI","SINAPI",{"$f":"\"88316\"","v":"88316"},"SERVENTE COM ENCARGOS COMPLEMENTARES","H",0.05,{"$f":"IFERROR(VLOOKUP(C63,'INSUMOS SINAPI'!A:E,5,FALSE),VLOOKUP(C63,'COMP Sint. Sinapi'!G:K,5,FALSE))","v":"21,28"},{"$f":"TRUNC(F63*G63,2)","v":1.06}]
[{"$nulls":4},"Sub total:",null,null,{"$f":"SUM(H63:H63)","v":1.06}]
[{"$nulls":5},"BDI",{"$f":"BDI!$C$17","v":0.2339},{"$f":"TRUNC(H64*G65,2)","v":0.24}]
[{"$nulls":6},"Total Serviços:",{"$f":"H64+H65","v":1.3}]
[{"$nulls":4},{"$f":"A61","v":"CPU-11"},"PREÇO UNITÁRIO TOTAL:",null,{"$f":"H66","v":1.3},{"$f":"H64","v":1.06}]
[]
["CPU-12","CODEVASF",null,"Correção de vazamentos no ramal na rua sem pavimento com fornecimento do material hidráulico","M","COEF.","PRECO UNITÁRIO (R$)","TOTAL (R$)"]
[]
["COMP. SINAPI","SINAPI",{"$f":"\"88316\"","v":"88316"},"SERVENTE COM ENCARGOS COMPLEMENTARES","H",0.2,{"$f":"IFERROR(VLOOKUP(C71,'INSUMOS SINAPI'!A:E,5,FALSE),VLOOKUP(C71,'COMP Sint. Sinapi'!G:K,5,FALSE))","v":"21,28"},{"$f":"TRUNC(F71*G71,2)","v":4.25}]
["COMP. SINAPI","SINAPI",{"$f":"\"88267\"","v":"88267"},"ENCANADOR OU BOMBEIRO HIDRÁULICO COM ENCARGOS COMPLEMENTARES","H",0.1,{"$f":"IFERROR(VLOOKUP(C72,'INSUMOS SINAPI'!A:E,5,FALSE),VLOOKUP(C72,'COMP Sint. Sinapi'!G:K,5,FALSE))","v":"25,76"},{"$f":"TRUNC(F72*G72,2)","v":2.57}]
["INS. SINAPI","SINAPI",9867,"TUBO PVC, SOLDAVEL, DN 20 MM, AGUA FRIA (NBR-5648)","m",1,{"$f":"IFERROR(VLOOKUP(C73,'INSUMOS SINAPI'!A:E,5,FALSE),VLOOKUP(C73,'COMP Sint. Sinapi'!G:K,5,FALSE))","v":"4,06"},4.06]
["INSUMO","ORSE",10585,"Arco de serra","un",0.1,22.49,2.24]
["INS. SINAPI","SINAPI",3859,"LUVA SOLDAVEL COM ROSCA, PVC, 20 MM X 1/2\", PARA AGUA FRIA PREDIAL","un",2,{"$f":"IFERROR(VLOOKUP(C75,'INSUMOS SINAPI'!A:E,5,FALSE),VLOOKUP(C75,'COMP Sint. Sinapi'!G:K,5,FALSE))","v":"1,46"},2.92]
[{"$nulls":4},"Sub total:",null,null,{"$f":"SUM(H71:H75)","v":16.04}]
[{"$nulls":5},"BDI",{"$f":"BDI!$C$17","v":0.2339},{"$f":"TRUNC(H76*G77,2)","v":3.75}]
[{"$nulls":6},"Total Serviços:",{"$f":"H76+H77","v":19.79}]
[{"$nulls":4},{"$f":"A69","v":"CPU-12"},"PREÇO UNITÁRIO TOTAL:",null,{"$f":"H78","v":19.79},{"$f":"H76","v":16.04}]
[]
["CPU-13","CODEVASF",null,"AQUISIÇÃO DE CIMENTO ASFALTICO CAP 50/70","t","COEF.","PRECO UNITÁRIO (R$)","TOTAL (R$)"]
[]
["COMPOSIÇÃO",null,null,"CIMENTO ASFALTICO 50/70","t",1,{"$f":"RESUMO_Transp!V17","v":4236.83},{"$f":"TRUNC(F83*G83,2)","v":4236.83}]
[{"$nulls":4},"Sub total:",null,null,{"$f":"SUM(H83)","v":4236.83}]
[{"$nulls":5},"BDI",0.15,{"$f":"TRUNC(H84*G85,2)","v":635.52}]
[{"$nulls":6},"Total Serviços:",{"$f":"H84+H85","v":4872.35}]
[{"$nulls":4},{"$f":"A81","v":"CPU-13"},"PREÇO UNITÁRIO TOTAL:",null,{"$f":"H86","v":4872.35},{"$f":"H84","v":4236.83}]
[]
["CPU-14","CODEVASF",null,"AQUISIÇÃO DE CM-30","t","COEF.","PRECO UNITÁRIO (R$)","TOTAL (R$)"]
[]
["COMPOSIÇÃO",null,null,"CM-30","t",1,{"$f":"RESUMO_Transp!V22","v":5234.08},{"$f":"TRUNC(F91*G91,2)","v":5234.08}]
[{"$nulls":4},"Sub total:",null,null,{"$f":"SUM(H91)","v":5234.08}]
[{"$nulls":5},"BDI",0.15,{"$f":"TRUNC(H92*G93,2)","v":785.11}]
[{"$nulls":6},"Total Serviços:",{"$f":"H92+H93","v":6019.19}]
[{"$nulls":4},{"$f":"A89","v":"CPU-14"},"PREÇO UNITÁRIO TOTAL:",null,{"$f":"H94","v":6019.19},{"$f":"H92","v":5234.08}]
[]
["CPU-15","CODEVASF",null,"AQUISIÇÃO DE EMULSÃO ASFÁLTICA RR-1C","t","COEF.","PRECO UNITÁRIO (R$)","TOTAL (R$)"]
[]
["COMPOSIÇÃO",null,null,"EMULSÃO ASFÁLTICA RR-1C","t",1,{"$f":"RESUMO_Transp!V27","v":3059.97},{"$f":"TRUNC(F99*G99,2)","v":3059.97}]
[{"$nulls":4},"Sub total:",null,null,{"$f":"SUM(H99)","v":3059.97}]
[{"$nulls":5},"BDI",0.15,{"$f":"TRUNC(H100*G101,2)","v":458.99}]
[{"$nulls":6},"Total Serviços:",{"$f":"H100+H101","v":3518.96}]
[{"$nulls":4},{"$f":"A97","v":"CPU-15"},"PREÇO UNITÁRIO TOTAL:",null,{"$f":"H102","v":3518.96},{"$f":"H100","v":3059.97}]
[]
["CPU-16","CODEVASF",null,"SERVIÇOS TOPOGRÁFICOS PARA PAVIMENTAÇÃO, INCLUSIVE NOTAS DE SERVIÇOS, ACOMPANHAMENTO E GREIDE","M²","COEF.","PRECO UNITÁRIO (R$)","TOTAL (R$)"]
[]
["Composição","SINAPI",{"$f":"\"90781\"","v":"90781"},{"$f":"VLOOKUP(C107,'COMP Sint. Sinapi'!G:K,2,0)","v":"TOPOGRAFO COM ENCARGOS COMPLEMENTARES"},"h",0.0025,{"$f":"IFERROR(VLOOKUP(C107,'INSUMOS SINAPI'!A:E,5,FALSE),VLOOKUP(C107,'COMP Sint. Sinapi'!G:K,5,FALSE))","v":"29,90"},{"$f":"TRUNC(F107*G107,2)","v":0.07}]
["Insumo","SINAPI",20206,{"$f":"VLOOKUP(C108,'INSUMOS SINAPI'!A:E,2,0)","v":"SARRAFO APARELHADO *2 X 10* CM, EM MACARANDUBA/MASSARANDUBA, ANGELIM OU EQUIVALENTE DA REGIAO"},"m",0.002886,{"$f":"IFERROR(VLOOKUP(C108,'INSUMOS SINAPI'!A:E,5,FALSE),VLOOKUP(C108,'COMP Sint. Sinapi'!G:K,5,FALSE))","v":"10,65"},{"$f":"TRUNC(F108*G108,2)","v":0.03}]
["Composição","SINAPI",{"$f":"\"88253\"","v":"88253"},{"$f":"VLOOKUP(C109,'COMP Sint. Sinapi'!G:K,2,0)","v":"AUXILIAR DE TOPÓGRAFO COM ENCARGOS COMPLEMENTARES"},"h",0.0025,{"$f":"IFERROR(VLOOKUP(C109,'INSUMOS SINAPI'!A:E,5,FALSE),VLOOKUP(C109,'COMP Sint. Sinapi'!G:K,5,FALSE))","v":"14,48"},0.03]
["Composição","SINAPI",{"$f":"\"88288\"","v":"88288"},{"$f":"VLOOKUP(C110,'COMP Sint. Sinapi'!G:K,2,0)","v":"NIVELADOR COM ENCARGOS COMPLEMENTARES"},"h",0.0025,{"$f":"IFERROR(VLOOKUP(C110,'INSUMOS SINAPI'!A:E,5,FALSE),VLOOKUP(C110,'COMP Sint. Sinapi'!G:K,5,FALSE))","v":"17,97"},0.04]
["Composição","SINAPI",{"$f":"\"88316\"","v":"88316"},{"$f":"VLOOKUP(C111,'COMP Sint. Sinapi'!G:K,2,0)","v":"SERVENTE COM ENCARGOS COMPLEMENTARES"},"h",0.0075,{"$f":"IFERROR(VLOOKUP(C111,'INSUMOS SINAPI'!A:E,5,FALSE),VLOOKUP(C111,'COMP Sint. Sinapi'!G:K,5,FALSE))","v":"21,28"},0.15]
["Composição","SINAPI",{"$f":"\"88597\"","v":"88597"},{"$f":"VLOOKUP(C112,'COMP Sint. Sinapi'!G:K,2,0)","v":"DESENHISTA DETALHISTA COM ENCARGOS COMPLEMENTARES"},"h",0.002,{"$f":"IFERROR(VLOOKUP(C112,'INSUMOS SINAPI'!A:E,5,FALSE),VLOOKUP(C112,'COMP Sint. Sinapi'!G:K,5,FALSE))","v":"31,40"},0.06]
["Composição","SINAPI",{"$f":"\"92145\"","v":"92145"},{"$f":"VLOOKUP(C113,'COMP Sint. Sinapi'!G:K,2,0)","v":"CAMINHONETE CABINE SIMPLES COM MOTOR 1.6 FLEX, CÂMBIO MANUAL, POTÊNCIA 101/104 CV, 2 PORTAS - CHP DIURNO. AF_11/2015"},"chp",0.001,{"$f":"IFERROR(VLOOKUP(C113,'INSUMOS SINAPI'!A:E,5,FALSE),VLOOKUP(C113,'COMP Sint. Sinapi'!G:K,5,FALSE))","v":"74,50"},0.07]
[{"$nulls":4},"Sub total:",null,null,{"$f":"SUM(H107:H113)","v":0.45}]
[{"$nulls":5},"BDI",{"$f":"BDI!$C$17","v":0.2339},{"$f":"TRUNC(H114*G115,2)","v":0.1}]
[{"$nulls":6},"Total Serviços:",{"$f":"H114+H115","v":0.55}]
[{"$nulls":4},{"$f":"A105","v":"CPU-16"},"PREÇO UNITÁRIO TOTAL:",null,{"$f":"H116","v":0.55},{"$f":"H114","v":0.45}]
[]
["CPU-17","CODEVASF",null,"TRANSPORTE DE CIMENTO ASFALTICO CAP 50/70","t","COEF.","PRECO UNITÁRIO (R$)","TOTAL (R$)"]
[]
[null,null,null,"TRANSPORTE DE CIMENTO ASFALTICO 50/70","t",1,{"$f":"RESUMO_Transp!U17","v":459.74},{"$f":"TRUNC(F121*G121,2)","v":459.74}]
[{"$nulls":4},"Sub total:",null,null,{"$f":"SUM(H121)","v":459.74}]
[{"$nulls":5},"BDI",0.15,{"$f":"TRUNC(H122*G123,2)","v":68.96}]
[{"$nulls":6},"Total Serviços:",{"$f":"H122+H123","v":528.7}]
[{"$nulls":4},{"$f":"A119","v":"CPU-17"},"PREÇO UNITÁRIO TOTAL:",null,{"$f":"H124","v":528.7},{"$f":"H122","v":459.74}]
[]
["CPU-18","CODEVASF",null,"TRANSPORTE DE CM-30","t","COEF.","PRECO UNITÁRIO (R$)","TOTAL (R$)"]
[]
[null,null,null,"TRANSPORTE DE CM-30","t",1,{"$f":"RESUMO_Transp!U22","v":459.83},{"$f":"TRUNC(F129*G129,2)","v":459.83}]
[{"$nulls":4},"Sub total:",null,null,{"$f":"SUM(H129)","v":459.83}]
[{"$nulls":5},"BDI",0.15,{"$f":"TRUNC(H130*G131,2)","v":68.97}]
[{"$nulls":6},"Total Serviços:",{"$f":"H130+H131","v":528.8}]
[{"$nulls":4},{"$f":"A127","v":"CPU-18"},"PREÇO UNITÁRIO TOTAL:",null,{"$f":"H132","v":528.8},{"$f":"H130","v":459.83}]
[]
["CPU-19","CODEVASF",null,"TRANSPORTE DE EMULSÃO ASFÁLTICA RR-1C","t","COEF.","PRECO UNITÁRIO (R$)","TOTAL (R$)"]
[]
[null,null,null,"TRANSPORTE DE EMULSÃO ASFÁLTICA RR-1C","t",1,{"$f":"RESUMO_Transp!U27","v":567.64},{"$f":"TRUNC(F137*G137,2)","v":567.64}]
[{"$nulls":4},"Sub total:",null,null,{"$f":"SUM(H137)","v":567.64}]
[{"$nulls":5},"BDI",0.15,{"$f":"TRUNC(H138*G139,2)","v":85.14}]
[{"$nulls":6},"Total Serviços:",{"$f":"H138+H139","v":652.78}]
[{"$nulls":4},{"$f":"A135","v":"CPU-19"},"PREÇO UNITÁRIO TOTAL:",null,{"$f":"H140","v":652.78},{"$f":"H138","v":567.64}]
[]
["CPU-20","CODEVASF",null,"PROJETO EXECUTIVO","m²","COEF.","PRECO UNITÁRIO (R$)","TOTAL (R$)"]
[]
["Composição","SINAPI",100306,"Engenheiro","h",{"$f":"20*'MC MODULO'!C77/'MC MODULO'!$G$77","v":0.0004714},129.2,{"$f":"TRUNC(F145*G145,4)","v":0.0609}]
["Composição","SINAPI",90781,"Topógrafo","h",{"$f":"10*'MC MODULO'!$C$77/'MC MODULO'!$G$77","v":0.0002357},41.89,{"$f":"TRUNC(F146*G146,4)","v":0.0098}]
["Composição","SINAPI",88253,"Auxiliar de topógrafo","h",{"$f":"10*'MC MODULO'!$C$77/'MC MODULO'!$G$77","v":0.0002357},19.92,{"$f":"TRUNC(F147*G147,4)","v":0.0046}]
["Composição","SINAPI",90775,"Cadista/calculista","h",{"$f":"20*'MC MODULO'!$C$77/'MC MODULO'!$G$77","v":0.0004714},29.46,0.0138]
["Mao de Obra","SICRO","P9858","Laboratorista","mês",{"$f":"('MC MODULO'!$C$77/'MC MODULO'!$G$77)","v":2.36e-5},{"$f":"'MO Sicro'!F49","v":6939.06},0.1637]
["Mao de Obra","SICRO","P9833","Auxiliar de Laboratório","mês",{"$f":"('MC MODULO'!$C$77/'MC MODULO'!$G$77)","v":2.36e-5},{"$f":"'MO Sicro'!F29","v":5376.08},0.1268]
["Insumo","Taxa 3% Eq. Técnica","-","MATERIAIS DE CONSUMO","%",1,0.03,0.03]
["Insumo","SINAPI",92144,"VEÍCULOS","h",{"$f":"8*'MC MODULO'!$C$77/'MC MODULO'!$G$77","v":0.0001886},"38,33",0.0072]
["Insumo","SINAPI",4221,"COMBUSTÍVEL","L",{"$f":"5*'MC MODULO'!$C$77/'MC MODULO'!$G$77","v":0.0001179},"6,18",0.0007]
["Composição","SINAPI",7247,"EQUIPAMENTOS, INSTALAÇÕES E MOBILIÁRIO","h",{"$f":"16*'MC MODULO'!$C$77/'MC MODULO'!$G$77","v":0.0003771},"2,25",0.0008]
["Eng. Consultiva","SICRO","*B8957","Laboratório de Solos","mês",{"$f":"'MC MODULO'!$C$77/'MC MODULO'!$G$77","v":2.36e-5},{"$f":"'Consult SICRO'!G20","v":4311.34},0.1017]
["Eng. Consultiva","SICRO","*B8955","Laboratório de Asfalto","mês",{"$f":"('MC MODULO'!$C$77/'MC MODULO'!$G$77)","v":2.36e-5},{"$f":"'Consult SICRO'!G18","v":5400.53},0.1274]
[null,"*Relatório de Custos Gerais do DNIT, página 1",null,null,"Sub total:",null,null,{"$f":"SUM(H145:H156)","v":0.6474}]
[{"$nulls":5},"BDI",{"$f":"BDI!$C$17","v":0.2339},{"$f":"TRUNC(H157*G158,4)","v":0.1514}]
[{"$nulls":4},"CPU-20","PREÇO UNITÁRIO TOTAL:",null,{"$f":"H157+H158","v":0.8},{"$f":"H157","v":0.65}]
[]
["CPU-21","CODEVASF",null,"CONTROLE TECNOLÓGICO - OBRA","m²","COEF.","PRECO UNITÁRIO (R$)","TOTAL (R$)"]
[]
["Mao de Obra","SICRO","P9858","Laboratorista","mês",{"$f":"('MC MODULO'!$C$82/'MC MODULO'!$G$82)","v":4.79e-5},{"$f":"'MO Sicro'!F49","v":6939.06},{"$f":"TRUNC(F163*G163,4)","v":0.3323}]
["Mao de Obra","SICRO","P9833","Auxiliar de Laboratório","mês",{"$f":"('MC MODULO'!$C$82/'MC MODULO'!$G$82)","v":4.79e-5},{"$f":"'MO Sicro'!F29","v":5376.08},0.2575]
["Insumo","Taxa 3% Eq. Técnica","-","MATERIAIS DE CONSUMO","%",1,0.03,{"$f":"TRUNC(SUM(H163:H164)*G165,4)","v":0.0176}]
["Insumo","SINAPI",92144,"VEÍCULOS","h",{"$f":"8*('MC MODULO'!$C$82/'MC MODULO'!$G$82)","v":0.0003829},"38,33",0.0146]
["Insumo","SINAPI",4221,"COMBUSTÍVEL","L",{"$f":"5*('MC MODULO'!$C$82/'MC MODULO'!$G$82)","v":0.0002393},"6,18",0.0014]
["Composição","SINAPI",7247,"EQUIPAMENTOS, INSTALAÇÕES E MOBILIÁRIO","h",{"$f":"16*('MC MODULO'!$C$82/'MC MODULO'!$G$82)","v":0.0007657},"2,25",0.0017]
["Eng. Consultiva","SICRO","*B8957","Laboratório de Solos","mês",{"$f":"('MC MODULO'!$C$82/'MC MODULO'!$G$82)","v":4.79e-5},{"$f":"'Consult SICRO'!G20","v":4311.34},0.2065]
["Eng. Consultiva","SICRO","*B8955","Laboratório de Asfalto","mês",{"$f":"('MC MODULO'!$C$82/'MC MODULO'!$G$82)","v":4.79e-5},5400.53,0.2586]
[null,"*Relatório de Custos Gerais do DNIT, página 1",null,null,"Sub total:",null,null,{"$f":"SUM(H163:H170)","v":1.0902}]
[{"$nulls":5},"BDI",{"$f":"BDI!$C$17","v":0.2339},{"$f":"TRUNC(H171*G172,4)","v":0.2549}]
[{"$nulls":4},"CPU-21","PREÇO UNITÁRIO TOTAL:",null,{"$f":"H171+H172","v":1.35},{"$f":"H171","v":1.09}]

{"sheet":"CRONOGRAMA TOTAL","index":3,"n_rows":35,"n_cols":19,"rows_kept":35,"cut":false,"hidden":false,"merged":[[1,0,1,14],[2,0,2,14]]}
[]
[{"$f":"'RESUMO MODULO TOTAL'!A1","v":" CONTRATAÇÃO DE EXECUÇÃO DE PAVIMENTO ASFÁLTICO COM CBUQ, EM VIAS DE DIVERSOS MUNICÍPIOS DA MESORREGIÃO DO AGRESTE PERNAMBUCANO, ÁREA DE ATUAÇÃO DA 15ª SUPERINTENDÊNCIA REGIONAL DA CODEVASF."}]
["Cronograma Físico e Financeiro "]
["Item","Descrição","Total Por Etapa","15 DIAS","30 DIAS","45 DIAS","60 DIAS","75 DIAS","90 DIAS","105 DIAS","120 DIAS","135 DIAS","150 DIAS","165 DIAS","180 DIAS"]
[null,{"$f":"'RESUMO MODULO TOTAL'!D10","v":"SERVIÇOS PRELIMINARES"},1,null,null,{"$f":"$C$5/10","v":0.1},{"$f":"$C$5/10","v":0.1},0.1,0.1,0.1,0.1,0.1,0.1,0.1,0.1,null,{"$f":"SUM(D5:O5)","v":1}]
[null,null,{"$f":"SUM('RESUMO MODULO TOTAL'!M11:M14)","v":124353.6},null,null,{"$f":"$C$6*F5","v":12435.36},12435.36,12435.36,12435.36,12435.36,12435.36,12435.36,12435.36,12435.36,12435.36,null,{"$f":"SUM(D6:O6)","v":124353.6},{"$f":"C6","v":124353.6},{"$f":"Q6-R6","v":0}]
[null,{"$f":"'RESUMO MODULO TOTAL'!D15","v":"TERRAPLANAGEM"},1,null,null,0.1667,0.1667,0.1667,0.1667,0.1667,{"$f":"16.67%-0.0002","v":0.1665},{"$nulls":5},{"$f":"SUM(F7:O7)","v":1}]
[null,null,{"$f":"SUM('RESUMO MODULO TOTAL'!M16:M18)","v":440049.4},null,null,{"$f":"$C$8*F7","v":73356.23},{"$f":"$C$8*G7","v":73356.23},73356.23,73356.23,73356.23,73268.23,{"$nulls":5},440049.38,{"$f":"C8","v":440049.4},{"$f":"Q8-R8","v":-0.02}]
[null,{"$f":"'RESUMO MODULO TOTAL'!D19","v":"PAVIMENTAÇÃO"},1,{"$nulls":5},0.1429,0.1429,0.1429,0.1429,0.1429,0.1429,{"$f":"14.29%-0.0003","v":0.1426},null,{"$f":"SUM(F9:O9)","v":1}]
[null,null,{"$f":"SUM('RESUMO MODULO TOTAL'!M20:M25)","v":5114218.2},{"$nulls":5},{"$f":"$C$10*I9","v":730821.78},730821.78,730821.78,730821.78,730821.78,730821.78,729287.52,null,5114218.2,{"$f":"C10","v":5114218.2},{"$f":"Q10-R10","v":0}]
[null,{"$f":"'RESUMO MODULO TOTAL'!D33","v":"SINALIZAÇÃO"},1,{"$nulls":10},0.5,0.5,null,1]
[null,null,{"$f":"SUM('RESUMO MODULO TOTAL'!M34:M36)","v":257217.52},{"$nulls":10},{"$f":"$C$12*N11","v":128608.76},128608.76,null,257217.52,{"$f":"C12","v":257217.52},0]
[null,{"$f":"'RESUMO MODULO TOTAL'!D37","v":"DRENAGEM"},1,{"$nulls":10},0.5,0.5,null,{"$f":"SUM(D13:O13)","v":1}]
[null,null,{"$f":"'RESUMO MODULO TOTAL'!M38","v":1970920},{"$nulls":10},{"$f":"$C$14*N13","v":985460},985460,null,1970920,{"$f":"C14","v":1970920},0]
[null,"AQUISIÇÃO E TRANSPORTE DE MATERIAL BETUMINOSO",1,{"$nulls":5},0.1429,0.1429,0.1429,0.1429,0.1429,0.1429,0.1426]
[null,null,{"$f":"SUM('RESUMO MODULO TOTAL'!M27:M32)","v":4888125.99},{"$nulls":5},{"$f":"$C$16*I15","v":698513.2},698513.2,698513.2,698513.2,698513.2,698513.2,697046.77]
[null,{"$f":"'RESUMO MODULO TOTAL'!D39","v":"SERVIÇOS COMPLEMENTARES"},1,null,null,0.1,0.1,0.1,0.1,0.1,0.1,0.1,0.1,0.1,0.1,null,{"$f":"SUM(D17:O17)","v":1}]
[null,null,{"$f":"SUM('RESUMO MODULO TOTAL'!M40)","v":6787.97},null,null,{"$f":"$C$18*F17","v":678.8},{"$f":"$C$18*G17","v":678.8},678.8,678.8,678.8,678.8,678.8,678.8,678.8,678.8,null,6788,{"$f":"C18","v":6787.97},{"$f":"Q18-R18","v":0.03}]
[null,{"$f":"'RESUMO MODULO TOTAL'!D41","v":"PROJETO EXECUTIVO"},1,0.5,0.5,{"$nulls":11},1]
[null,null,{"$f":"SUM('RESUMO MODULO TOTAL'!M42)","v":78400},{"$f":"$C$20*D19","v":39200},{"$f":"$C$20*E19","v":39200},{"$nulls":11},78400,{"$f":"C20","v":78400},{"$f":"Q20-R20","v":0}]
[null,{"$f":"'RESUMO MODULO TOTAL'!D43","v":"CONTROLE TECNOLÓGICO - OBRA"},1,0.0834,0.0834,0.0834,0.0834,0.0834,0.0834,0.0834,0.0834,0.0834,0.0834,0.0834,{"$f":"8.34%-0.0008","v":0.0826},null,{"$f":"SUM(D21:O21)","v":1}]
[null,null,{"$f":"SUM('RESUMO MODULO TOTAL'!M44)","v":132300},{"$f":"$C$22*D21","v":11033.82},11033.82,11033.82,11033.82,11033.82,11033.82,11033.82,11033.82,11033.82,11033.82,11033.82,10927.98,null,132300,{"$f":"C22","v":132300},{"$f":"Q22-R22","v":0}]
[null,{"$f":"'RESUMO MODULO TOTAL'!D45","v":"MOMENTO DE TRANSPORTE"},1,null,null,0.1,0.1,0.1,0.1,0.1,0.1,0.1,0.1,0.1,0.1,null,{"$f":"SUM(D23:O23)","v":1}]
[null,null,{"$f":"SUM('RESUMO MODULO TOTAL'!M46:M54)","v":5785988.25},null,null,{"$f":"$C$24*F23","v":578598.83},{"$f":"$C$24*G23","v":578598.83},578598.83,578598.83,578598.83,578598.83,578598.83,578598.83,578598.83,578598.83,null,5785988.3,{"$f":"C24","v":5785988.25},{"$f":"Q24-R24","v":0.05}]
[]
["Porcentagem",null,null,{"$f":"SUM(D6+D10+D12+D14+D16+D8+D18+D20+D22)/$O$31","v":0.0027},{"$f":"SUM(E6+E10+E12+E14+E16+E8+E18+E20+E22)/$O$31","v":0.0027},{"$f":"SUM(F6+F10+F12+F14+F16+F18+F20+F22+F8+F24)/$O$31","v":0.036},{"$f":"SUM(G6+G10+G12+G14+G16+G18+G20+G22+G8+G24)/$O$31","v":0.036},0.036,0.112,0.112,0.112,0.1081,0.1081,0.1674,0.1672]
["Custo",null,null,{"$f":"$O$31*D26","v":50755.57},{"$f":"$O$31*E26","v":50755.57},{"$f":"$O$31*F26","v":676740.96},676740.96,676740.96,2105416.32,2105416.32,2105416.32,2032102.72,2032102.72,3146845.46,3143085.79]
["Porcentagem Acumulado",null,null,{"$f":"D26","v":0.0027},{"$f":"D28+E26","v":0.0054},{"$f":"E28+F26","v":0.0414},0.0774,0.1134,0.2254,0.3374,0.4494,0.5575,0.6656,0.833,1.0002]
["Custo Acumulado",null,null,{"$f":"D27","v":50755.57},{"$f":"D29+E27","v":101511.14},778252.1,1454993.06,2131734.02,4237150.34,6342566.66,8447982.98,10480085.7,12512188.42,15659033.88,18802119.67]
[]
[null,null,null,"Total Geral",{"$nulls":9},"R$",{"$f":"'RESUMO MODULO TOTAL'!$M$55","v":18798360}]
[]
[]
[{"$nulls":5},"Execução de serviços de pavimentação com concreto betuminoso usinado a quente (CBUQ), em vias urbanas e rurais inseridas na área de atuação da Codevasf, no Estado do Pará"]
[{"$nulls":5},"EXECUÇÃO DE SERVIÇOS DE PAVIMENTAÇÃO COM CONCRETO BETUMINOSO USINADO A QUENTE (CBUQ), EM VIAS URBANAS E RURAIS INSERIDAS NA ÁREA DE ATUAÇÃO DA CODEVASF, NO ESTADO DO PARÁ"]

{"sheet":" CONSUMO DE MAT. B TOTAL","index":4,"n_rows":29,"n_cols":16,"rows_kept":29,"cut":false,"hidden":false,"merged":[[4,1,4,2],[4,3,4,11],[4,12,4,15],[6,1,6,15],[8,1,8,15],[10,1,10,15],[12,1,12,15],[28,2,28,11],[0,1,1,15],[2,1,3,15]]}
[]
[]
[null,"CONSUMO DO MATERIAL BETUMINOSO TOTAL"]
[]
[null,"TRECHO",null,"QUANTIDADES",{"$nulls":8},"MAT. BETUMINOSO"]
[null,"Inicio           (km)","Fim              (km)","Extensão     (m)","Largura       (m)","Espess.       (m)","Área            (m2)","Volume              (m3)","Densidade (t/m3)","Massa            (t)","Unid","Quant.","Tipo","Consumo Taxa de Aplicação","Unid. ","Quant."]
[null,"IMPRIMAÇÃO"]
[{"$nulls":5},1,{"$f":"'MC MODULO'!N38","v":98000},null,0.92,null,null,null,"CM-30","1,2 l/m2","t",{"$f":"ROUND(I8*(G8*LEFT(N8,3))/1000,2)","v":108.19}]
[null,"PINTURA DE LIGAÇÃO"]
[{"$nulls":5},1,{"$f":"'MC MODULO'!N34","v":98000},null,1,null,null,null,"RR-1C","0,40 l/m2","t",{"$f":"ROUND((G10*LEFT(N10,4))/1000,2)","v":39.2}]
[null,"CBUQ FAIXA \"C\""]
[{"$nulls":5},{"$f":"'MC MODULO'!L30","v":0.05},{"$f":"'MC MODULO'!J30*'MC MODULO'!K30","v":98000},{"$f":"G12*F12","v":4900},{"$f":"'MC MODULO'!M30","v":2.4},{"$f":"H12*I12","v":11760},null,null,"CAP-50/70","0,06323 t/m3","t",{"$f":"J12*0.06323","v":743.585}]
{"$rows_empty":16}
[null,null,"Caderno Técnico - Usinagem (Out/2022)"]

{"sheet":"Mob e Desmob","index":5,"n_rows":74,"n_cols":9,"rows_kept":74,"cut":false,"hidden":false,"merged":[[1,0,1,13],[2,0,2,13],[3,0,3,13],[4,0,4,13],[8,0,8,1],[10,0,10,1],[11,0,11,1],[12,0,12,1],[13,0,13,1],[14,0,14,1],[15,0,15,3],[16,0,16,3],[18,0,18,1],[19,4,19,8],[24,4,24,8],[37,0,37,1],[38,0,38,3],[39,0,39,3],[43,1,43,7],[44,1,44,7],[45,1,45,7],[46,1,46,7],[47,1,47,7],[48,1,48,7],[49,1,49,7],[50,1,50,7],[51,1,51,7],[52,1,52,7],[53,1,53,7],[54,1,54,7],[57,1,57,7],[58,1,58,7],[59,1,59,7],[60,1,60,7],[61,1,61,7],[62,1,62,7],[63,1,63,7],[64,1,64,7],[66,1,66,7],[67,1,67,7],[68,1,68,7],[69,1,69,7],[70,1,70,7],[71,1,71,7],[72,1,72,7],[73,1,73,7],[6,0,7,13]]}
[]
[]
[]
[]
[{"$f":"'RESUMO MODULO TOTAL'!A1","v":" CONTRATAÇÃO DE EXECUÇÃO DE PAVIMENTO ASFÁLTICO COM CBUQ, EM VIAS DE DIVERSOS MUNICÍPIOS DA MESORREGIÃO DO AGRESTE PERNAMBUCANO, ÁREA DE ATUAÇÃO DA 15ª SUPERINTENDÊNCIA REGIONAL DA CODEVASF."}]
[]
["MEMÓRIA DE CÁLCULO DOS MOMENTOS DE TRANSPORTE PARA MOBILIZAÇÕES E DESMOBILIZAÇÕES"]
[]
["Deslocamento Patrulha de Serviço:"]
[null,null,"Distancia méd. (Km)","Qtde. ","Subtotal (Km)"]
["Mobilização da Usina:",null,80,1,{"$f":"C11*D11","v":80}]
["Desmobilização da Usina:",null,{"$f":"C11","v":80},1,{"$f":"C12*D12","v":80}]
["Mobilização (entre os trechos de serviço):",null,3,{"$f":"ROUND(D14*2,)","v":14},{"$f":"C13*D13","v":42},null," - Considerado quantidade média de 2 mobin p/ cada 2 Módulos mínimos"]
["Mobilização inter-municipal (entre as localidades):",null,60,{"$f":"'MC MODULO'!N7","v":7},{"$f":"C14*D14","v":420},null," - Considerado quantidade média de  1 mob/desmob a cada 2 módulos mínimos"]
["Desmobilização   inter-municipal (entre as localidades):",null,60,1,{"$f":"C15*D15","v":60}]
["Mobilização da Patrulha de Serviço (km)",null,null,null,{"$f":"E13+E14","v":462}]
["Desmobilização da Patrulha de Serviço (km)",null,null,null,{"$f":"E15","v":60}]
[]
["Peso das máquinas:"]
[{"$nulls":4},"USINA FIXA"]
[{"$nulls":4},"Pá carregadeira ",null,null,10.1," ton"]
[{"$nulls":4},"Usina misturadora",null,null,20," ton"]
[{"$nulls":4},"Tanque de Armazenamento 30 ton",null,null,5," ton"]
[{"$nulls":4},"Total",null,null,{"$f":"ROUND(SUM(H21:H23),2)","v":35.1}," ton"]
[{"$nulls":4},"PATRULHA DE SERVIÇO"]
[{"$nulls":4},"Motoniveladora ",null,null,12.47," ton"]
[{"$nulls":4},"Trator de pneus",null,null,2.8," ton"]
[{"$nulls":4},"Grade de disco",null,null,1," ton"]
[{"$nulls":4},"Acabadora",null,null,12.6," ton"]
[{"$nulls":4},"Rolo Vibratório de Pneus",null,null,27," ton"]
[{"$nulls":4},"Rolo Liso Tandem grande",null,null,10.4," ton"]
[{"$nulls":4},"Rolo compactador pé de carneiro vibratório",null,null,11.6]
[{"$nulls":4},"Caminhão Basculannte",null,null,null," ton"]
[{"$nulls":4},"Caminhão Espagidor",null,null,null," ton"]
[{"$nulls":4},"Caminhão de Apoio ",null,null,null," ton"]
[{"$nulls":4},"Total",null,null,{"$f":"ROUND(SUM(H26:H35),2)","v":77.87}," ton"]
[]
["Portanto:","Portanto"]
["Mobilizações - Total",null,null,null,{"$f":"E16*H36+H24*E11","v":38783.94}," t x km"]
["Desmobilizações - Total",null,null,null,{"$f":"E17*H36+H24*E12","v":7480.2}," t x km"]
[]
[]
[]
["E9010","Balança plataforma digital com mesa de 75 x 75 cm com capacidade de 500 kg",{"$nulls":6},"Caminhão carroceria"]
["E9064","Transportador manual gerica com capacidade de 180 l",{"$nulls":6},"Caminhão carroceria"]
["E9066","Grupo gerador - 13/14 kVA",{"$nulls":6},"Caminhão carroceria"]
["E9071","Transportador manual carrinho de mão com capacidade de 80 l",{"$nulls":6},"Caminhão carroceria"]
["E9076","Equipamento de pintura com cabine de 7,00 kW e estufa de 80.000 kCal para pintura eletrostática",{"$nulls":6},"Caminhão carroceria"]
["E9519","Betoneira com motor a gasolina com capacidade de 600 l - 10 kW",{"$nulls":6},"Caminhão carroceria"]
["E9521","Grupo gerador - 2,5/3 kVA",{"$nulls":6},"Caminhão carroceria"]
["E9568","Furadeira de impacto de 12,5 mm - 0,8 kW",{"$nulls":6},"Caminhão carroceria"]
["E9622","Máquina de bancada universal para corte de chapa - 1,5 kW",{"$nulls":6},"Caminhão carroceria"]
["E9623","Máquina de bancada guilhotina - 4 kW",{"$nulls":6},"Caminhão carroceria"]
["E9675","Martelete perfurador/rompedor elétrico - 1,5 kW",{"$nulls":6},"Caminhão carroceria"]
["E9779","Grupo gerador - 100/110 kVA",{"$nulls":6},"Caminhão carroceria"]
[]
[]
["E9506","Caminhão basculante com capacidade de 6 m³ - 136 kW",{"$nulls":6},"Rodoviario"]
["E9571","Caminhão tanque com capacidade de 10.000 l - 188 kW",{"$nulls":6},"Rodoviario"]
["E9579","Caminhão basculante com capacidade de 10 m³ - 188 kW",{"$nulls":6},"Rodoviario"]
["E9592","Caminhão carroceria com capacidade de 15 t - 188 kW",{"$nulls":6},"Rodoviario"]
["E9644","Caminhão demarcador de faixas com sistema de pintura a frio - 28 kW/115 kW",{"$nulls":6},"Rodoviario"]
["E9686","Caminhão carroceria com guindauto com capacidade de 20 t.m - 136 kW",{"$nulls":6},"Rodoviario"]
["E9687","Caminhão carroceria com capacidade de 5 t - 115 kW",{"$nulls":6},"Rodoviario"]
["E9514","Distribuidor de agregados autopropelido - 130 kW",{"$nulls":6},"Rodoviario"]
[]
["E9511","Carregadeira de pneus com capacidade de 3,40 m³ - 195 kW",{"$nulls":6},"TRANSPORTE COM CAVALO MECÂNICO COM SEMIRREBOQUE COM CAPACIDADE DE 30 T - RODOVIA PAVIMENTADA"]
["E9524","Motoniveladora - 93 kW",{"$nulls":6},"TRANSPORTE COM CAVALO MECÂNICO COM SEMIRREBOQUE COM CAPACIDADE DE 30 T - RODOVIA PAVIMENTADA"]
["E9530","Rolo compactador liso autopropelido vibratório de 11 t - 97 kW",{"$nulls":6},"TRANSPORTE COM CAVALO MECÂNICO COM SEMIRREBOQUE COM CAPACIDADE DE 30 T - RODOVIA PAVIMENTADA"]
["E9577","Trator agrícola - 77 kW",{"$nulls":6},"TRANSPORTE COM CAVALO MECÂNICO COM SEMIRREBOQUE COM CAPACIDADE DE 30 T - RODOVIA PAVIMENTADA"]
["E9685","Rolo compactador pé de carneiro vibratório autopropelido de 11,6 t - 82 kW",{"$nulls":6},"TRANSPORTE COM CAVALO MECÂNICO COM SEMIRREBOQUE COM CAPACIDADE DE 30 T - RODOVIA PAVIMENTADA"]
["E9762","Rolo compactador de pneus autopropelido de 27 t - 85 kW",{"$nulls":6},"TRANSPORTE COM CAVALO MECÂNICO COM SEMIRREBOQUE COM CAPACIDADE DE 30 T - RODOVIA PAVIMENTADA"]
["E9518","Grade de 24 discos rebocável de 24\"",{"$nulls":6},"TRANSPORTE COM CAVALO MECÂNICO COM SEMIRREBOQUE COM CAPACIDADE DE 30 T - RODOVIA PAVIMENTADA"]
["E9615","Usina misturadora de solos com capacidade de 300 t/h",{"$nulls":6},"TRANSPORTE COM CAVALO MECÂNICO COM SEMIRREBOQUE COM CAPACIDADE DE 30 T - RODOVIA PAVIMENTADA"]

{"sheet":"BDI","index":6,"n_rows":66,"n_cols":3,"rows_kept":66,"cut":false,"hidden":false,"merged":[[4,0,4,2],[5,0,5,2],[51,0,51,2],[52,0,52,2],[53,1,53,2]]}
[]
["OBRA:"]
["LOCAL: "]
["DATA BASE: "]
["DETALHAMENTO DO BDI  - SEM DESONERAÇÃO"]
[{"$f":"'RESUMO MODULO TOTAL'!A1","v":" CONTRATAÇÃO DE EXECUÇÃO DE PAVIMENTO ASFÁLTICO COM CBUQ, EM VIAS DE DIVERSOS MUNICÍPIOS DA MESORREGIÃO DO AGRESTE PERNAMBUCANO, ÁREA DE ATUAÇÃO DA 15ª SUPERINTENDÊNCIA REGIONAL DA CODEVASF."}]
["DESCRIÇÃO DOS SERVIÇOS","PREÇO DE VENDA (%)","CUSTO DIRETO (%)"]
["ADMINISTRAÇÃO CENTRAL",null,0.06]
["DESPESA FINANCEIRAS",0.0102]
["SEGUROS E GARANTIAS CONTRATUAIS",0.0025]
["RISCOS",0.005]
["LUCRO OPERACIONAL",null,0.07]
["PIS",0.0065]
["COFINS",0.03]
["ISSQN",0.03]
["Contribuição Previdenciaria",0]
[null,"BDI",{"$f":"ROUND((1+(C8+C12))/(1-(B9+B10+B11+B13+B14+B15+B16))-1,4)","v":0.2339}]
["Observação: O percentual de ISSQN aqui utilizado consiste apenas em um referencial médio."]
[" O valor real do ISSQN a ser adotado deve ser aquele proveniente das alíquotas dos municípios situados na área de "]
["influência das obras."]
{"$rows_empty":31}
["DETALHAMENTO DO BDI DIFERENCIADO  - SEM DESONERAÇÃO"]
[{"$f":"'RESUMO MODULO TOTAL'!A1","v":" CONTRATAÇÃO DE EXECUÇÃO DE PAVIMENTO ASFÁLTICO COM CBUQ, EM VIAS DE DIVERSOS MUNICÍPIOS DA MESORREGIÃO DO AGRESTE PERNAMBUCANO, ÁREA DE ATUAÇÃO DA 15ª SUPERINTENDÊNCIA REGIONAL DA CODEVASF."}]
[]
["DESCRIÇÃO DOS SERVIÇOS","PREÇO DE VENDA (%)","CUSTO DIRETO (%)"]
["ADMINISTRAÇÃO CENTRAL",null,0.0377]
["DESPESA FINANCEIRAS",0.0102]
["SEGUROS E GARANTIAS CONTRATUAIS",0.0025]
["RISCOS",0.005]
["LUCRO OPERACIONAL",null,0.05]
["PIS",0.0065]
["COFINS",0.03]
["ISSQN",0]
["Contribuição Previdenciaria",0]
[null,"BDI",{"$f":"ROUND((1+(C56+C60))/(1-(B57+B58+B59+B61+B62+B63+B64))-1,4)","v":0.15}]
["Fonte da composição, valores de referência e fórmula do BDI:  Instrução Normativa N° 62/DNIT SEDE"]

{"sheet":"Transporte Cap 50-70","index":7,"n_rows":82,"n_cols":34,"rows_kept":82,"cut":false,"hidden":false,"merged":[[12,3,15,3],[1,2,3,26]]}
[]
[null,null,"MEMÓRIA DE CÁLCULO"]
[]
[]
[]
[]
[null,null,"REAJUSTE",null,null,"TIPOLOGIA DO MATERIAL",null,null,"CIMENTOS ASFÁLTICOS CAP-50-70",null,null,null,"IMPOSTOS","COFINS (BDI DIF)",0.0065,0.0065]
[{"$nulls":6},"ÍNDICE DE PAVIMENTAÇÃO DNIT","2014-07-01","ÍNDICE INICIAL",270.237,null,null,null,"PIS",0.03,0.03,null,null,null,"LEGENDA",{"$nulls":8},"As empresas tributadas pelo Lucro Presumido pagam 0,65% de PIS e 3% de COFINS"]
[{"$nulls":7},"2023-08-01","ÍNDICE FINAL",549.538,null,null,null," ICMS",0.18,0.18,{"$f":"1-(O9/1)","v":0.82},{"$f":"1-(P9/1)","v":0.82},{"$f":"1-(Q9/1)","v":0.18},"ENTRADA DE DADOS",{"$nulls":8},"As empresas tributadas pelo Lucro Real pagam 1,65% de PIS e 7,60% de COFINS"]
[{"$nulls":5},"CAP50/70","Data ANP","2023-08-01"]
[null,null,"DATA-BASE","PRODUTOS","LOCALIDADES",{"$nulls":4},"CUSTO ANP (R$/Kg)",null,"CUSTO ANP","IMPOSTOS DO PRODUTO","CUSTO DO PRODUTO COM IMPOSTOS","DMT's","DMT's FLUVIAL","CUSTO DO TRANSPORTE RODOVIA PAVIMENTADA","CUSTO DO TRANSPORTE FLUVIAL","CUSTO DO TRANSPORTE TOTAL","ICMS","ATUALIZAÇÃO DO CUSTO DE TRANSPORTE","CUSTO DO TRANSPORTE RODOVIA PAVIMENTADA COM IMPOSTOS E ATUALIZAÇÃO MONETÁRIA","PEDÁGIO ",null,"TOTAL TRANSPORTE","AQUISIÇÃO DO PRODUTO","TOTAL GERAL ( TRANSP + AQUISIÇÃO)",null,1,2,3]
[null,null,{"$f":"H9","v":"2023-08-01"},null,"REFINARIAS","ENDEREÇO","ESTADO","CIDADE","DESTINO","ESTADO","REGIÃO","R$/t","R$/t","R$/t","KM","KM","R$/t","R$/t","R$/t","R$/t","R$/t","R$/t","CUSTO ","R$/t","R$/t","R$/t","R$/t",null,"TOTAL GERAL ( TRANSP + AQUISIÇÃO)","TOTAL TRANSPORTE","AQUISIÇÃO DO PRODUTO"]
[null,{"$f":"AA13","v":4696.57},1,{"$f":"I7","v":"CIMENTOS ASFÁLTICOS CAP-50-70"},"ASFALTOS NORDESTE LTDA.","Avenida Parque Sul, 1998 - Maracanau - CE CEP:61939-000","Ceará","Maracanau /CE","Recife - PE",{"$f":"VLOOKUP('Transporte Cap 50-70'!G13,OFFSET('ANP ESTADO'!$A$1,MATCH('Transporte Cap 50-70'!$I$7,'ANP ESTADO'!B:B,0)+MATCH('Transporte Cap 50-70'!$H$10,OFFSET('ANP ESTADO'!$A$1,MATCH('Transporte Cap 50-70'!$I$7,'ANP ESTADO'!B:B,0),0,100000,1),0),2,100000,2),2,FALSE)","v":3.31956},{"$f":"VLOOKUP($H$10,OFFSET('ANP REGIÃO'!$A$9,MATCH('Transporte Cap 50-70'!$I$7,'ANP REGIÃO'!A:A,0),1,10000,10000),MATCH('Transporte Cap 50-70'!AH13,'ANP REGIÃO'!$B$8:$G$8,0),FALSE)","v":3.36285},{"$f":"IF(AND(J13=\"-\",K13=\"-\"),\"\",IF(AND(J13<>0,K13=\"-\"),J13*1000,IF(AND(J13=\"-\",K13<>0),K13*1000,IF(AND(J13<>0,K13<>0),J13*1000,\"\"))))","v":3319.56},{"$f":"ROUND(((L13/(1-$O$7-$O$8-$O$9))-L13),2)","v":917.27},{"$f":"L13+M13","v":4236.83},778.5,null,{"$f":"ROUND((26.939+0.253*O13),2)","v":223.9},null,{"$f":"Q13+R13","v":223.9},0,{"$f":"TRUNC(IF($J$8=\"\",\"\",(($J$9-$J$8)/$J$8)*(S13+T13)),2)","v":231.4},{"$f":"S13+T13+U13","v":455.3},61.2,{"$f":"EVEN(' CONSUMO DE MAT. B TOTAL'!$P$12*2/28)*W13/' CONSUMO DE MAT. B TOTAL'!$P$12","v":4.44},{"$f":"IF(AND(Q13=\"\",T13=\"\"),\"\",V13+X13)","v":459.74},{"$f":"IF(OR(L13=\"\",M13=\"\"),\"\",L13+M13)","v":4236.83},{"$f":"IF(OR(Y13=\"\",Z13=\"\"),\"\",Y13+Z13)","v":4696.57},null,{"$f":"AA13","v":4696.57},{"$f":"Y13","v":459.74},4236.83,null,null,{"$f":"IF(OR(G13=$D$42,G13=$D$43,G13=$D$45,G13=$D$51,G13=$D$35,G13=$D$31,G13=$D$27,G13=$D$40,G13=$D$30),\"NORDESTE\",IF(OR(G13=$D$26,G13=$D$28,G13=$D$29,G13=$D$39,G13=$D$47,G13=$D$48,G13=$D$52),\"NORTE\",IF(OR(G13=$D$32,G13=$D$34,G13=$D$36,G13=$D$37),\"CENTRO-OESTE\",IF(OR(G13=$D$50,G13=$D$44,G13=$D$38,G13=$D$33),\"SUDESTE\",IF(OR(G13=$D$49,G13=$D$41,G13=$D$46),\"SUL\",\"\")))))","v":"NORDESTE"}]
[null,{"$f":"AA14","v":4805.87},2,null,"EMAM - EMULSÕES E TRANSPORTES LTDA.","RODOVIA CE 060, KM 11,5 - Pacatuba - CE CEP:61800-000","Ceará","Pacatuba/CE","Recife - PE",{"$f":"VLOOKUP('Transporte Cap 50-70'!G14,OFFSET('ANP ESTADO'!$A$1,MATCH('Transporte Cap 50-70'!$I$7,'ANP ESTADO'!B:B,0)+MATCH('Transporte Cap 50-70'!$H$10,OFFSET('ANP ESTADO'!$A$1,MATCH('Transporte Cap 50-70'!$I$7,'ANP ESTADO'!B:B,0),0,100000,1),0),2,100000,2),2,FALSE)","v":3.31956},{"$f":"VLOOKUP($H$10,OFFSET('ANP REGIÃO'!$A$9,MATCH('Transporte Cap 50-70'!$I$7,'ANP REGIÃO'!A:A,0),1,10000,10000),MATCH('Transporte Cap 50-70'!AH14,'ANP REGIÃO'!$B$8:$G$8,0),FALSE)","v":3.36285},{"$f":"IF(AND(J14=\"-\",K14=\"\"),\"\",IF(AND(J14<>0,K14=\"\"),J14*1000,IF(AND(J14=\"-\",K14<>0),K14*1000,IF(AND(J14<>0,K14<>0),J14*1000,\"\"))))","v":3319.56},{"$f":"ROUND(((L14/(1-$O$7-$O$8-$O$9))-L14),2)","v":917.27},{"$f":"L14+M14","v":4236.83},780,null,{"$f":"ROUND((26.939+0.253*O14),2)","v":224.28},null,{"$f":"Q14+R14","v":224.28},{"$f":"TRUNC(S14*($O$9/(1-$O$9)),2)","v":49.23},{"$f":"TRUNC(IF($J$8=\"\",\"\",(($J$9-$J$8)/$J$8)*(S14+T14)),2)","v":282.68},{"$f":"S14+T14+U14","v":556.19},177,{"$f":"EVEN(' CONSUMO DE MAT. B TOTAL'!$P$12*2/28)*W14/' CONSUMO DE MAT. B TOTAL'!$P$12","v":12.85},{"$f":"IF(AND(Q14=\"\",T14=\"\"),\"\",V14+X14)","v":569.04},{"$f":"IF(OR(L14=\"\",M14=\"\"),\"\",L14+M14)","v":4236.83},{"$f":"IF(OR(Y14=\"\",Z14=\"\"),\"\",Y14+Z14)","v":4805.87},null,{"$f":"AA14","v":4805.87},569.04,4236.83,null,null,{"$f":"IF(OR(G14=$D$42,G14=$D$43,G14=$D$45,G14=$D$51,G14=$D$35,G14=$D$31,G14=$D$27,G14=$D$40,G14=$D$30),\"NORDESTE\",IF(OR(G14=$D$26,G14=$D$28,G14=$D$29,G14=$D$39,G14=$D$47,G14=$D$48,G14=$D$52),\"NORTE\",IF(OR(G14=$D$32,G14=$D$34,G14=$D$36,G14=$D$37),\"CENTRO-OESTE\",IF(OR(G14=$D$50,G14=$D$44,G14=$D$38,G14=$D$33),\"SUDESTE\",IF(OR(G14=$D$49,G14=$D$41,G14=$D$46),\"SUL\",\"\")))))","v":"NORDESTE"}]
[null,{"$f":"AA15","v":5046.13},3,null,"CBAA - ASFALTOS LTDA","Avenida Banco do Nordeste, S/N – Feira de Santana - BA CEP:44063-640","Bahia","Feira de Santana - BA","Recife - PE",{"$f":"VLOOKUP('Transporte Cap 50-70'!G15,OFFSET('ANP ESTADO'!$A$1,MATCH('Transporte Cap 50-70'!$I$7,'ANP ESTADO'!B:B,0)+MATCH('Transporte Cap 50-70'!$H$10,OFFSET('ANP ESTADO'!$A$1,MATCH('Transporte Cap 50-70'!$I$7,'ANP ESTADO'!B:B,0),0,100000,1),0),2,100000,2),2,FALSE)","v":3.50275},{"$f":"VLOOKUP($H$10,OFFSET('ANP REGIÃO'!$A$9,MATCH('Transporte Cap 50-70'!$I$7,'ANP REGIÃO'!A:A,0),1,10000,10000),MATCH('Transporte Cap 50-70'!AH15,'ANP REGIÃO'!$B$8:$G$8,0),FALSE)","v":3.36285},{"$f":"IF(AND(J15=\"-\",K15=\"\"),\"\",IF(AND(J15<>0,K15=\"\"),J15*1000,IF(AND(J15=\"-\",K15<>0),K15*1000,IF(AND(J15<>0,K15<>0),J15*1000,\"\"))))","v":3502.75},{"$f":"ROUND(((L15/(1-$O$7-$O$8-$O$9))-L15),2)","v":967.89},{"$f":"L15+M15","v":4470.64},803.7,null,{"$f":"ROUND((26.939+0.253*O15),2)","v":230.28},null,{"$f":"Q15+R15","v":230.28},{"$f":"TRUNC(S15*($O$9/(1-$O$9)),2)","v":50.54},{"$f":"TRUNC(IF($J$8=\"\",\"\",(($J$9-$J$8)/$J$8)*(S15+T15)),2)","v":290.23},{"$f":"S15+T15+U15","v":571.05},61.2,{"$f":"EVEN(' CONSUMO DE MAT. B TOTAL'!$P$12*2/28)*W15/' CONSUMO DE MAT. B TOTAL'!$P$12","v":4.44},{"$f":"IF(AND(Q15=\"\",T15=\"\"),\"\",V15+X15)","v":575.49},{"$f":"IF(OR(L15=\"\",M15=\"\"),\"\",L15+M15)","v":4470.64},{"$f":"IF(OR(Y15=\"\",Z15=\"\"),\"\",Y15+Z15)","v":5046.13},null,{"$f":"AA15","v":5046.13},575.49,4470.64,null,null,{"$f":"IF(OR(G15=$D$42,G15=$D$43,G15=$D$45,G15=$D$51,G15=$D$35,G15=$D$31,G15=$D$27,G15=$D$40,G15=$D$30),\"NORDESTE\",IF(OR(G15=$D$26,G15=$D$28,G15=$D$29,G15=$D$39,G15=$D$47,G15=$D$48,G15=$D$52),\"NORTE\",IF(OR(G15=$D$32,G15=$D$34,G15=$D$36,G15=$D$37),\"CENTRO-OESTE\",IF(OR(G15=$D$50,G15=$D$44,G15=$D$38,G15=$D$33),\"SUDESTE\",IF(OR(G15=$D$49,G15=$D$41,G15=$D$46),\"SUL\",\"\")))))","v":"NORDESTE"}]
[2403,{"$f":"AA16","v":5068.17},4,null,"Brasil Asfaltos Ltda","Rodovia BA 522, s/nº, KM 01, Distrito Industrial - Candeias - BA CEP:43813-300","Bahia","Candeias/BA","Recife - PE",{"$f":"VLOOKUP('Transporte Cap 50-70'!G16,OFFSET('ANP ESTADO'!$A$1,MATCH('Transporte Cap 50-70'!$I$7,'ANP ESTADO'!B:B,0)+MATCH('Transporte Cap 50-70'!$H$10,OFFSET('ANP ESTADO'!$A$1,MATCH('Transporte Cap 50-70'!$I$7,'ANP ESTADO'!B:B,0),0,100000,1),0),2,100000,2),2,FALSE)","v":3.50275},{"$f":"VLOOKUP($H$10,OFFSET('ANP REGIÃO'!$A$9,MATCH('Transporte Cap 50-70'!$I$7,'ANP REGIÃO'!A:A,0),1,10000,10000),MATCH('Transporte Cap 50-70'!AH16,'ANP REGIÃO'!$B$8:$G$8,0),FALSE)","v":3.36285},{"$f":"IF(AND(J16=\"-\",K16=\"\"),\"\",IF(AND(J16<>0,K16=\"\"),J16*1000,IF(AND(J16=\"-\",K16<>0),K16*1000,IF(AND(J16<>0,K16<>0),J16*1000,\"\"))))","v":3502.75},{"$f":"ROUND(((L16/(1-$O$7-$O$8-$O$9))-L16),2)","v":967.89},{"$f":"L16+M16","v":4470.64},845.9,null,{"$f":"ROUND((26.939+0.253*O16),2)","v":240.95},null,{"$f":"Q16+R16","v":240.95},{"$f":"TRUNC(S16*($O$9/(1-$O$9)),2)","v":52.89},{"$f":"TRUNC(IF($J$8=\"\",\"\",(($J$9-$J$8)/$J$8)*(S16+T16)),2)","v":303.69},{"$f":"S16+T16+U16","v":597.53},0,{"$f":"EVEN(' CONSUMO DE MAT. B TOTAL'!$P$12*2/28)*W16/' CONSUMO DE MAT. B TOTAL'!$P$12","v":0},{"$f":"IF(AND(Q16=\"\",T16=\"\"),\"\",V16+X16)","v":597.53},{"$f":"IF(OR(L16=\"\",M16=\"\"),\"\",L16+M16)","v":4470.64},{"$f":"IF(OR(Y16=\"\",Z16=\"\"),\"\",Y16+Z16)","v":5068.17},null,{"$f":"AA16","v":5068.17},597.53,4470.64,null,null,{"$f":"IF(OR(G16=$D$42,G16=$D$43,G16=$D$45,G16=$D$51,G16=$D$35,G16=$D$31,G16=$D$27,G16=$D$40,G16=$D$30),\"NORDESTE\",IF(OR(G16=$D$26,G16=$D$28,G16=$D$29,G16=$D$39,G16=$D$47,G16=$D$48,G16=$D$52),\"NORTE\",IF(OR(G16=$D$32,G16=$D$34,G16=$D$36,G16=$D$37),\"CENTRO-OESTE\",IF(OR(G16=$D$50,G16=$D$44,G16=$D$38,G16=$D$33),\"SUDESTE\",IF(OR(G16=$D$49,G16=$D$41,G16=$D$46),\"SUL\",\"\")))))","v":"NORDESTE"}]
{"$rows_empty":9}
[null,null,null,"Acre"]
[null,null,null,"Alagoas"]
[null,null,null,"Amapá"]
[null,null,null,"Amazonas"]
[null,null,null,"Bahia"]
[null,null,null,"Ceará"]
[null,null,null,"Distrito Federal"]
[null,null,null,"Espírito Santo"]
[null,null,null,"Goiás"]
[null,null,null,"Maranhão"]
[null,null,null,"Mato Grosso"]
[null,null,null,"Mato Grosso do Sul"]
[null,null,null,"Minas Gerais"]
[null,null,null,"Pará"]
[null,null,null,"Paraíba"]
[null,null,null,"Paraná"]
[null,null,null,"Pernambuco"]
[null,null,null,"Piauí"]
[null,null,null,"Rio de Janeiro"]
[null,null,null,"Rio Grande do Norte"]
[null,null,null,"Rio Grande do Sul"]
[null,null,null,"Rondônia"]
[null,null,null,"Roraima"]
[null,null,null,"Santa Catarina"]
[null,null,null,"São Paulo"]
[null,null,null,"Sergipe"]
[null,null,null,"Tocantins"]
[]
[]
[]
[null,null,null,"ASFALTOS DILUÍDOS CM-30"]
[null,null,null,"ASFALTOS DILUÍDOS CM-70"]
[null,null,null,"ASFALTOS DILUÍDOS CR-250"]
[null,null,null,"ASFALTOS DILUÍDOS CR-70"]
[null,null,null,"CAP MODIFICADO POR BORRACHA DE PNEU AB22"]
[null,null,null,"CAP MODIFICADO POR BORRACHA DE PNEU AB8"]
[null,null,null,"CAP MODIFICADO POR POLÍMERO 55-75-E"]
[null,null,null,"CAP MODIFICADO POR POLÍMERO 60-85-E"]
[null,null,null,"CAP MODIFICADO POR POLÍMERO 65-90-E"]
[null,null,null,"CIMENTOS ASFÁLTICOS CAP-150-200"]
[null,null,null,"CIMENTOS ASFÁLTICOS CAP-30-45"]
[null,null,null,"CIMENTOS ASFÁLTICOS CAP-50-70"]
[null,null,null,"CIMENTOS ASFÁLTICOS CAP-85-100"]
[null,null,null,"EMULSÃO ASFÁLTICA CATIÔNICA DE RUPTURA CONTROLADA PARA SERVIÇO DE LAMA ASFÁLTICA"]
[null,null,null,"EMULSÃO ASFÁLTICA DE RUPTURA LENTA CATIÔNICA PARA SERVIÇO DE LAMA ASFÁLTICA"]
[null,null,null,"EMULSÃO ASFÁLTICA DE RUPTURA LENTA DE CARGA NEUTRA PARA SERVIÇO DE LAMA ASFÁLTICA"]
[null,null,null,"EMULSÃO ASFÁLTICA PARA SERVIÇO DE IMPRIMAÇÃO"]
[null,null,null,"EMULSÕES ASF. MOD. POR POLÍMEROS RC1C-E"]
[null,null,null,"EMULSÕES ASF. MOD. POR POLÍMEROS RL1C-E"]
[null,null,null,"EMULSÕES ASF. MOD. POR POLÍMEROS RM1C-E"]
[null,null,null,"EMULSÕES ASF. MOD. POR POLÍMEROS RR1C-E"]
[null,null,null,"EMULSÕES ASF. MOD. POR POLÍMEROS RR2C-E"]
[null,null,null,"EMULSÕES ASFÁLTICAS RL-1C"]
[null,null,null,"EMULSÕES ASFÁLTICAS RM-1C"]
[null,null,null,"EMULSÕES ASFÁLTICAS RM-2C"]
[null,null,null,"EMULSÕES ASFÁLTICAS RR-1C"]
[null,null,null,"EMULSÕES ASFÁLTICAS RR-2C"]

{"sheet":"Transporte CM-30","index":8,"n_rows":82,"n_cols":34,"rows_kept":82,"cut":false,"hidden":false,"merged":[[6,5,6,7],[7,4,7,5],[7,19,7,20],[10,4,10,8],[10,9,10,10],[10,22,10,23],[6,2,8,2],[12,3,15,3],[7,6,8,6],[6,12,8,12],[1,2,3,26]]}
[]
[null,null,"MEMÓRIA DE CÁLCULO"]
[]
[]
[]
[]
[null,null,"REAJUSTE",null,null,"TIPOLOGIA DO MATERIAL",null,null,"ASFALTOS DILUÍDOS CM-30",null,null,null,"IMPOSTOS","COFINS (BDI DIF)",0.0065,0.0065]
[{"$nulls":6},"ÍNDICE DE PAVIMENTAÇÃO DNIT","2014-07-01","ÍNDICE INICIAL",270.237,null,null,null,"PIS (BDI DIF)",0.03,0.03,null,null,null,"LEGENDA",{"$nulls":8},"As empresas tributadas pelo Lucro Presumido pagam 0,65% de PIS e 3% de COFINS"]
[{"$nulls":7},"2023-08-01","ÍNDICE FINAL",549.538,null,null,null," ICMS",0.18,0.18,{"$f":"1-(O9/1)","v":0.82},{"$f":"1-(P9/1)","v":0.82},{"$f":"1-(Q9/1)","v":0.18},"ENTRADA DE DADOS",{"$nulls":8},"As empresas tributadas pelo Lucro Real pagam 1,65% de PIS e 7,60% de COFINS"]
[{"$nulls":5},"Asfalto diluído CM-30","Data ANP","2023-08-01"]
[null,null,"DATA-BASE","PRODUTOS","LOCALIDADES",{"$nulls":4},"CUSTO ANP (R$/Kg)",null,"CUSTO ANP","IMPOSTOS DO PRODUTO","CUSTO DO PRODUTO COM IMPOSTOS","DMT's","DMT's FLUVIAL","CUSTO DO TRANSPORTE RODOVIA PAVIMENTADA","CUSTO DO TRANSPORTE FLUVIAL","CUSTO DO TRANSPORTE TOTAL","ICMS","ATUALIZAÇÃO DO CUSTO DE TRANSPORTE","CUSTO DO TRANSPORTE RODOVIA PAVIMENTADA COM IMPOSTOS E ATUALIZAÇÃO MONETÁRIA","PEDÁGIO ",null,"TOTAL TRANSPORTE","AQUISIÇÃO DO PRODUTO","TOTAL GERAL ( TRANSP + AQUISIÇÃO)",null,1,2,3]
[null,null,{"$f":"H9","v":"2023-08-01"},null,"REFINARIAS","ENDEREÇO","ESTADO","CIDADE","DESTINO","ESTADO","REGIÃO","R$/t","R$/t","R$/t","KM","KM","R$/t","R$/t","R$/t","R$/t","R$/t","R$/t","CUSTO ","R$/t","R$/t","R$/t","R$/t",null,"TOTAL GERAL ( TRANSP + AQUISIÇÃO)","TOTAL TRANSPORTE","AQUISIÇÃO DO PRODUTO"]
[null,{"$f":"AA13","v":5693.91},1,{"$f":"I7","v":"ASFALTOS DILUÍDOS CM-30"},"ASFALTOS NORDESTE LTDA.","Avenida Parque Sul, 1998 - Maracanau - CE CEP:61939-000","Ceará","Maracanau /CE","Recife - PE",{"$f":"VLOOKUP('Transporte CM-30'!G13,OFFSET('ANP ESTADO'!$A$1,MATCH('Transporte CM-30'!$I$7,'ANP ESTADO'!B:B,0)+MATCH('Transporte CM-30'!$H$10,OFFSET('ANP ESTADO'!$A$1,MATCH('Transporte CM-30'!$I$7,'ANP ESTADO'!B:B,0),0,100000,1),0),2,100000,2),2,FALSE)","v":4.1009},{"$f":"VLOOKUP($H$10,OFFSET('ANP REGIÃO'!$A$9,MATCH('Transporte CM-30'!$I$7,'ANP REGIÃO'!A:A,0),1,10000,10000),MATCH('Transporte CM-30'!AH13,'ANP REGIÃO'!$B$8:$G$8,0),FALSE)","v":4.1009},{"$f":"IF(AND(J13=\"-\",K13=\"-\"),\"\",IF(AND(J13<>0,K13=\"-\"),J13*1000,IF(AND(J13=\"-\",K13<>0),K13*1000,IF(AND(J13<>0,K13<>0),J13*1000,\"\"))))","v":4100.9},{"$f":"ROUND(((L13/(1-$O$7-$O$8-$O$9))-L13),2)","v":1133.18},{"$f":"L13+M13","v":5234.08},{"$f":"'Transporte Cap 50-70'!O13","v":778.5},null,{"$f":"ROUND((26.939+0.253*O13),2)","v":223.9},null,{"$f":"Q13+R13","v":223.9},0,{"$f":"TRUNC(IF($J$8=\"\",\"\",(($J$9-$J$8)/$J$8)*(S13+T13)),2)","v":231.4},{"$f":"S13+T13+U13","v":455.3},61.2,{"$f":"EVEN(' CONSUMO DE MAT. B TOTAL'!$P$8*2/28)*W13/' CONSUMO DE MAT. B TOTAL'!$P$8","v":4.53},{"$f":"IF(AND(S13=\"\",T13=\"\"),\"\",V13+X13)","v":459.83},{"$f":"IF(OR(L13=\"\",M13=\"\"),\"\",L13+M13)","v":5234.08},{"$f":"IF(OR(Y13=\"\",Z13=\"\"),\"\",Y13+Z13)","v":5693.91},null,{"$f":"AA13","v":5693.91},{"$f":"Y13","v":459.83},{"$f":"Z13","v":5234.08},null,null,{"$f":"IF(OR(G13=$D$42,G13=$D$43,G13=$D$45,G13=$D$51,G13=$D$35,G13=$D$31,G13=$D$27,G13=$D$40,G13=$D$30),\"NORDESTE\",IF(OR(G13=$D$26,G13=$D$28,G13=$D$29,G13=$D$39,G13=$D$47,G13=$D$48,G13=$D$52),\"NORTE\",IF(OR(G13=$D$32,G13=$D$34,G13=$D$36,G13=$D$37),\"CENTRO-OESTE\",IF(OR(G13=$D$50,G13=$D$44,G13=$D$38,G13=$D$33),\"SUDESTE\",IF(OR(G13=$D$49,G13=$D$41,G13=$D$46),\"SUL\",\"\")))))","v":"NORDESTE"}]
[null,{"$f":"AA14","v":5803.36},2,null,"EMAM - EMULSÕES E TRANSPORTES LTDA.","RODOVIA CE 060, KM 11,5 - Pacatuba - CE CEP:61800-000","Ceará","Pacatuba/CE","Recife -PE",{"$f":"VLOOKUP('Transporte CM-30'!G14,OFFSET('ANP ESTADO'!$A$1,MATCH('Transporte CM-30'!$I$7,'ANP ESTADO'!B:B,0)+MATCH('Transporte CM-30'!$H$10,OFFSET('ANP ESTADO'!$A$1,MATCH('Transporte CM-30'!$I$7,'ANP ESTADO'!B:B,0),0,100000,1),0),2,100000,2),2,FALSE)","v":4.1009},{"$f":"VLOOKUP($H$10,OFFSET('ANP REGIÃO'!$A$9,MATCH('Transporte CM-30'!$I$7,'ANP REGIÃO'!A:A,0),1,10000,10000),MATCH('Transporte CM-30'!AH14,'ANP REGIÃO'!$B$8:$G$8,0),FALSE)","v":4.1009},{"$f":"IF(AND(J14=\"-\",K14=\"\"),\"\",IF(AND(J14<>0,K14=\"\"),J14*1000,IF(AND(J14=\"-\",K14<>0),K14*1000,IF(AND(J14<>0,K14<>0),J14*1000,\"\"))))","v":4100.9},{"$f":"ROUND(((L14/(1-$O$7-$O$8-$O$9))-L14),2)","v":1133.18},{"$f":"L14+M14","v":5234.08},{"$f":"'Transporte Cap 50-70'!O14","v":780},null,{"$f":"ROUND((26.939+0.253*O14),2)","v":224.28},null,{"$f":"Q14+R14","v":224.28},{"$f":"TRUNC(S14*($O$9/(1-$O$9)),2)","v":49.23},{"$f":"TRUNC(IF($J$8=\"\",\"\",(($J$9-$J$8)/$J$8)*(S14+T14)),2)","v":282.68},{"$f":"S14+T14+U14","v":556.19},177,{"$f":"EVEN(' CONSUMO DE MAT. B TOTAL'!$P$8*2/28)*W14/' CONSUMO DE MAT. B TOTAL'!$P$8","v":13.09},{"$f":"IF(AND(S14=\"\",T14=\"\"),\"\",V14+X14)","v":569.28},{"$f":"IF(OR(L14=\"\",M14=\"\"),\"\",L14+M14)","v":5234.08},{"$f":"IF(OR(Y14=\"\",Z14=\"\"),\"\",Y14+Z14)","v":5803.36},null,{"$f":"AA14","v":5803.36},{"$f":"Y14","v":569.28},5234.08,null,null,{"$f":"IF(OR(G14=$D$42,G14=$D$43,G14=$D$45,G14=$D$51,G14=$D$35,G14=$D$31,G14=$D$27,G14=$D$40,G14=$D$30),\"NORDESTE\",IF(OR(G14=$D$26,G14=$D$28,G14=$D$29,G14=$D$39,G14=$D$47,G14=$D$48,G14=$D$52),\"NORTE\",IF(OR(G14=$D$32,G14=$D$34,G14=$D$36,G14=$D$37),\"CENTRO-OESTE\",IF(OR(G14=$D$50,G14=$D$44,G14=$D$38,G14=$D$33),\"SUDESTE\",IF(OR(G14=$D$49,G14=$D$41,G14=$D$46),\"SUL\",\"\")))))","v":"NORDESTE"}]
[null,{"$f":"AA15","v":5809.66},3,null,"CBAA - ASFALTOS LTDA","Avenida Banco do Nordeste, S/N – Feira de Santana - BA CEP:44063-640","Bahia","Feira de Santana - BA","Recife -PE",{"$f":"VLOOKUP('Transporte CM-30'!G15,OFFSET('ANP ESTADO'!$A$1,MATCH('Transporte CM-30'!$I$7,'ANP ESTADO'!B:B,0)+MATCH('Transporte CM-30'!$H$10,OFFSET('ANP ESTADO'!$A$1,MATCH('Transporte CM-30'!$I$7,'ANP ESTADO'!B:B,0),0,100000,1),0),2,100000,2),2,FALSE)","v":"-"},{"$f":"VLOOKUP($H$10,OFFSET('ANP REGIÃO'!$A$9,MATCH('Transporte CM-30'!$I$7,'ANP REGIÃO'!A:A,0),1,10000,10000),MATCH('Transporte CM-30'!AH15,'ANP REGIÃO'!$B$8:$G$8,0),FALSE)","v":4.1009},{"$f":"IF(AND(J15=\"-\",K15=\"\"),\"\",IF(AND(J15<>0,K15=\"\"),J15*1000,IF(AND(J15=\"-\",K15<>0),K15*1000,IF(AND(J15<>0,K15<>0),J15*1000,\"\"))))","v":4100.9},{"$f":"ROUND(((L15/(1-$O$7-$O$8-$O$9))-L15),2)","v":1133.18},{"$f":"L15+M15","v":5234.08},{"$f":"'Transporte Cap 50-70'!O15","v":803.7},null,{"$f":"ROUND((26.939+0.253*O15),2)","v":230.28},null,{"$f":"Q15+R15","v":230.28},{"$f":"TRUNC(S15*($O$9/(1-$O$9)),2)","v":50.54},{"$f":"TRUNC(IF($J$8=\"\",\"\",(($J$9-$J$8)/$J$8)*(S15+T15)),2)","v":290.23},{"$f":"S15+T15+U15","v":571.05},61.2,{"$f":"EVEN(' CONSUMO DE MAT. B TOTAL'!$P$8*2/28)*W15/' CONSUMO DE MAT. B TOTAL'!$P$8","v":4.53},{"$f":"IF(AND(S15=\"\",T15=\"\"),\"\",V15+X15)","v":575.58},{"$f":"IF(OR(L15=\"\",M15=\"\"),\"\",L15+M15)","v":5234.08},{"$f":"IF(OR(Y15=\"\",Z15=\"\"),\"\",Y15+Z15)","v":5809.66},null,{"$f":"AA15","v":5809.66},575.58,5234.08,null,null,{"$f":"IF(OR(G15=$D$42,G15=$D$43,G15=$D$45,G15=$D$51,G15=$D$35,G15=$D$31,G15=$D$27,G15=$D$40,G15=$D$30),\"NORDESTE\",IF(OR(G15=$D$26,G15=$D$28,G15=$D$29,G15=$D$39,G15=$D$47,G15=$D$48,G15=$D$52),\"NORTE\",IF(OR(G15=$D$32,G15=$D$34,G15=$D$36,G15=$D$37),\"CENTRO-OESTE\",IF(OR(G15=$D$50,G15=$D$44,G15=$D$38,G15=$D$33),\"SUDESTE\",IF(OR(G15=$D$49,G15=$D$41,G15=$D$46),\"SUL\",\"\")))))","v":"NORDESTE"}]
[2403,{"$f":"AA16","v":5831.61},4,null,"Brasil Asfaltos Ltda","Rodovia BA 522, s/nº, KM 01, Distrito Industrial - Candeias - BA CEP:43813-300","Bahia","Candeias/BA","Recife -PE",{"$f":"VLOOKUP('Transporte CM-30'!G16,OFFSET('ANP ESTADO'!$A$1,MATCH('Transporte CM-30'!$I$7,'ANP ESTADO'!B:B,0)+MATCH('Transporte CM-30'!$H$10,OFFSET('ANP ESTADO'!$A$1,MATCH('Transporte CM-30'!$I$7,'ANP ESTADO'!B:B,0),0,100000,1),0),2,100000,2),2,FALSE)","v":"-"},{"$f":"VLOOKUP($H$10,OFFSET('ANP REGIÃO'!$A$9,MATCH('Transporte CM-30'!$I$7,'ANP REGIÃO'!A:A,0),1,10000,10000),MATCH('Transporte CM-30'!AH16,'ANP REGIÃO'!$B$8:$G$8,0),FALSE)","v":4.1009},{"$f":"IF(AND(J16=\"-\",K16=\"\"),\"\",IF(AND(J16<>0,K16=\"\"),J16*1000,IF(AND(J16=\"-\",K16<>0),K16*1000,IF(AND(J16<>0,K16<>0),J16*1000,\"\"))))","v":4100.9},{"$f":"ROUND(((L16/(1-$O$7-$O$8-$O$9))-L16),2)","v":1133.18},{"$f":"L16+M16","v":5234.08},{"$f":"'Transporte Cap 50-70'!O16","v":845.9},null,{"$f":"ROUND((26.939+0.253*O16),2)","v":240.95},null,{"$f":"Q16+R16","v":240.95},{"$f":"TRUNC(S16*($O$9/(1-$O$9)),2)","v":52.89},{"$f":"TRUNC(IF($J$8=\"\",\"\",(($J$9-$J$8)/$J$8)*(S16+T16)),2)","v":303.69},{"$f":"S16+T16+U16","v":597.53},0,{"$f":"EVEN(' CONSUMO DE MAT. B TOTAL'!$P$8*2/28)*W16/' CONSUMO DE MAT. B TOTAL'!$P$8","v":0},{"$f":"IF(AND(S16=\"\",T16=\"\"),\"\",V16+X16)","v":597.53},{"$f":"IF(OR(L16=\"\",M16=\"\"),\"\",L16+M16)","v":5234.08},{"$f":"IF(OR(Y16=\"\",Z16=\"\"),\"\",Y16+Z16)","v":5831.61},null,{"$f":"AA16","v":5831.61},597.53,5234.08,null,null,{"$f":"IF(OR(G16=$D$42,G16=$D$43,G16=$D$45,G16=$D$51,G16=$D$35,G16=$D$31,G16=$D$27,G16=$D$40,G16=$D$30),\"NORDESTE\",IF(OR(G16=$D$26,G16=$D$28,G16=$D$29,G16=$D$39,G16=$D$47,G16=$D$48,G16=$D$52),\"NORTE\",IF(OR(G16=$D$32,G16=$D$34,G16=$D$36,G16=$D$37),\"CENTRO-OESTE\",IF(OR(G16=$D$50,G16=$D$44,G16=$D$38,G16=$D$33),\"SUDESTE\",IF(OR(G16=$D$49,G16=$D$41,G16=$D$46),\"SUL\",\"\")))))","v":"NORDESTE"}]
{"$rows_empty":9}
[null,null,null,"Acre"]
[null,null,null,"Alagoas"]
[null,null,null,"Amapá"]
[null,null,null,"Amazonas"]
[null,null,null,"Bahia"]
[null,null,null,"Ceará"]
[null,null,null,"Distrito Federal"]
[null,null,null,"Espírito Santo"]
[null,null,null,"Goiás"]
[null,null,null,"Maranhão"]
[null,null,null,"Mato Grosso"]
[null,null,null,"Mato Grosso do Sul"]
[null,null,null,"Minas Gerais"]
[null,null,null,"Pará"]
[null,null,null,"Paraíba"]
[null,null,null,"Paraná"]
[null,null,null,"Pernambuco"]
[null,null,null,"Piauí"]
[null,null,null,"Rio de Janeiro"]
[null,null,null,"Rio Grande do Norte"]
[null,null,null,"Rio Grande do Sul"]
[null,null,null,"Rondônia"]
[null,null,null,"Roraima"]
[null,null,null,"Santa Catarina"]
[null,null,null,"São Paulo"]
[null,null,null,"Sergipe"]
[null,null,null,"Tocantins"]
[]
[]
[]
[null,null,null,"ASFALTOS DILUÍDOS CM-30"]
[null,null,null,"ASFALTOS DILUÍDOS CM-70"]
[null,null,null,"ASFALTOS DILUÍDOS CR-250"]
[null,null,null,"ASFALTOS DILUÍDOS CR-70"]
[null,null,null,"CAP MODIFICADO POR BORRACHA DE PNEU AB22"]
[null,null,null,"CAP MODIFICADO POR BORRACHA DE PNEU AB8"]
[null,null,null,"CAP MODIFICADO POR POLÍMERO 55-75-E"]
[null,null,null,"CAP MODIFICADO POR POLÍMERO 60-85-E"]
[null,null,null,"CAP MODIFICADO POR POLÍMERO 65-90-E"]
[null,null,null,"CIMENTOS ASFÁLTICOS CAP-150-200"]
[null,null,null,"CIMENTOS ASFÁLTICOS CAP-30-45"]
[null,null,null,"CIMENTOS ASFÁLTICOS CAP-50-70"]
[null,null,null,"CIMENTOS ASFÁLTICOS CAP-85-100"]
[null,null,null,"EMULSÃO ASFÁLTICA CATIÔNICA DE RUPTURA CONTROLADA PARA SERVIÇO DE LAMA ASFÁLTICA"]
[null,null,null,"EMULSÃO ASFÁLTICA DE RUPTURA LENTA CATIÔNICA PARA SERVIÇO DE LAMA ASFÁLTICA"]
[null,null,null,"EMULSÃO ASFÁLTICA DE RUPTURA LENTA DE CARGA NEUTRA PARA SERVIÇO DE LAMA ASFÁLTICA"]
[null,null,null,"EMULSÃO ASFÁLTICA PARA SERVIÇO DE IMPRIMAÇÃO"]
[null,null,null,"EMULSÕES ASF. MOD. POR POLÍMEROS RC1C-E"]
[null,null,null,"EMULSÕES ASF. MOD. POR POLÍMEROS RL1C-E"]
[null,null,null,"EMULSÕES ASF. MOD. POR POLÍMEROS RM1C-E"]
[null,null,null,"EMULSÕES ASF. MOD. POR POLÍMEROS RR1C-E"]
[null,null,null,"EMULSÕES ASF. MOD. POR POLÍMEROS RR2C-E"]
[null,null,null,"EMULSÕES ASFÁLTICAS RL-1C"]
[null,null,null,"EMULSÕES ASFÁLTICAS RM-1C"]
[null,null,null,"EMULSÕES ASFÁLTICAS RM-2C"]
[null,null,null,"EMULSÕES ASFÁLTICAS RR-1C"]
[null,null,null,"EMULSÕES ASFÁLTICAS RR-2C"]

{"sheet":"Transporte RR-1C","index":9,"n_rows":82,"n_cols":34,"rows_kept":82,"cut":false,"hidden":false,"merged":[[6,5,6,7],[7,4,7,5],[7,19,7,20],[10,4,10,8],[10,9,10,10],[10,22,10,23],[6,2,8,2],[12,3,15,3],[7,6,8,6],[6,12,8,12],[1,2,3,26]]}
[]
[null,null,"MEMÓRIA DE CÁLCULO"]
[]
[]
[]
[]
[null,null,"REAJUSTE",null,null,"TIPOLOGIA DO MATERIAL",null,null,"EMULSÕES ASFÁLTICAS RR-1C",null,null,null,"IMPOSTOS","COFINS",0.0065,0.0065]
[{"$nulls":6},"ÍNDICE DE PAVIMENTAÇÃO DNIT","2014-07-01","ÍNDICE INICIAL",270.237,null,null,null,"PIS",0.03,0.03,null,null,null,"LEGENDA",{"$nulls":8},"As empresas tributadas pelo Lucro Presumido pagam 0,65% de PIS e 3% de COFINS"]
[{"$nulls":7},"2023-08-01","ÍNDICE FINAL",549.538,null,null,null," ICMS",0.18,0.18,{"$f":"1-(O9/1)","v":0.82},{"$f":"1-(P9/1)","v":0.82},{"$f":"1-(Q9/1)","v":0.18},"ENTRADA DE DADOS",{"$nulls":8},"As empresas tributadas pelo Lucro Real pagam 1,65% de PIS e 7,60% de COFINS"]
[{"$nulls":6},"Data ANP","2023-08-01"]
[null,null,"DATA-BASE","PRODUTOS","LOCALIDADES",{"$nulls":4},"CUSTO ANP (R$/Kg)",null,"CUSTO ANP","IMPOSTOS DO PRODUTO","CUSTO DO PRODUTO COM IMPOSTOS","DMT's","DMT'S FLUVIAL","CUSTO DO TRANSPORTE RODOVIA PAVIMENTADA","CUSTO DO TRANSPORTE FLUVIAL","CUSTO DO TRANSPORTE TOTAL","ICMS","ATUALIZAÇÃO DO CUSTO DE TRANSPORTE","CUSTO DO TRANSPORTE RODOVIA PAVIMENTADA COM IMPOSTOS E ATUALIZAÇÃO MONETÁRIA","PEDÁGIO ",null,"TOTAL TRANSPORTE","AQUISIÇÃO DO PRODUTO","TOTAL GERAL ( TRANSP + AQUISIÇÃO)",null,1,2,3]
[null,null,{"$f":"H9","v":"2023-08-01"},null,"REFINARIAS","ENDEREÇO","ESTADO","CIDADE","DESTINO","ESTADO","REGIÃO","R$/t","R$/t","R$/t","KM","KM","R$/t","R$/t","R$/t","R$/t","R$/t","R$/t","CUSTO ","R$/t","R$/t","R$/t","R$/t",null,"TOTAL GERAL ( TRANSP + AQUISIÇÃO)","TOTAL TRANSPORTE","AQUISIÇÃO DO PRODUTO"]
[null,{"$f":"AA13","v":3655.98},1,{"$f":"I7","v":"EMULSÕES ASFÁLTICAS RR-1C"},"ASFALTOS NORDESTE LTDA.","Avenida Parque Sul, 1998 - Maracanau - CE CEP:61939-000","Ceará","Maracanau /CE","Recife - PE",{"$f":"VLOOKUP(G13,OFFSET('ANP ESTADO'!$A$1,MATCH($I$7,'ANP ESTADO'!B:B,0)+MATCH($H$10,OFFSET('ANP ESTADO'!$A$1,MATCH($I$7,'ANP ESTADO'!B:B,0),0,100000,1),0),2,100000,2),2,FALSE)","v":2.39749},{"$f":"VLOOKUP($H$10,OFFSET('ANP REGIÃO'!$A$9,MATCH('Transporte RR-1C'!$I$7,'ANP REGIÃO'!A:A,0),1,10000,10000),MATCH('Transporte RR-1C'!AH13,'ANP REGIÃO'!$B$8:$G$8,0),FALSE)","v":3.18957},{"$f":"IF(AND(J13=\"-\",K13=\"-\"),\"\",IF(AND(J13<>0,K13=\"-\"),J13*1000,IF(AND(J13=\"-\",K13<>0),K13*1000,IF(AND(J13<>0,K13<>0),J13*1000,\"\"))))","v":2397.49},{"$f":"ROUND(((L13/(1-$O$7-$O$8-$O$9))-L13),2)","v":662.48},{"$f":"L13+M13","v":3059.97},{"$f":"'Transporte CM-30'!O13","v":778.5},null,{"$f":"ROUND((26.939+0.253*O13),2)","v":223.9},null,{"$f":"Q13+R13","v":223.9},{"$f":"TRUNC(S13*($O$9/(1-$O$9)),2)","v":49.14},{"$f":"TRUNC(IF($J$8=\"\",\"\",(($J$9-$J$8)/$J$8)*(S13+T13)),2)","v":282.19},{"$f":"S13+T13+U13","v":555.23},399.6,{"$f":"EVEN(' CONSUMO DE MAT. B TOTAL'!$P$10*2/28)*W13/' CONSUMO DE MAT. B TOTAL'!$P$10","v":40.78},{"$f":"IF(AND(Q13=\"\",T13=\"\"),\"\",V13+X13)","v":596.01},{"$f":"IF(OR(L13=\"\",M13=\"\"),\"\",L13+M13)","v":3059.97},{"$f":"IF(OR(Y13=\"\",Z13=\"\"),\"\",Y13+Z13)","v":3655.98},null,{"$f":"AA13","v":3655.98},{"$f":"Y13","v":596.01},{"$f":"Z13","v":3059.97},null,null,{"$f":"IF(OR(G13=$D$42,G13=$D$43,G13=$D$45,G13=$D$51,G13=$D$35,G13=$D$31,G13=$D$27,G13=$D$40,G13=$D$30),\"NORDESTE\",IF(OR(G13=$D$26,G13=$D$28,G13=$D$29,G13=$D$39,G13=$D$47,G13=$D$48,G13=$D$52),\"NORTE\",IF(OR(G13=$D$32,G13=$D$34,G13=$D$36,G13=$D$37),\"CENTRO-OESTE\",IF(OR(G13=$D$50,G13=$D$44,G13=$D$38,G13=$D$33),\"SUDESTE\",IF(OR(G13=$D$49,G13=$D$41,G13=$D$46),\"SUL\",\"\")))))","v":"NORDESTE"}]
[null,{"$f":"AA14","v":3627.61},2,null,"EMAM - EMULSÕES E TRANSPORTES LTDA.","RODOVIA CE 060, KM 11,5 - Pacatuba - CE CEP:61800-000","Ceará","Pacatuba/CE","Recife - PE",{"$f":"VLOOKUP(G14,OFFSET('ANP ESTADO'!$A$1,MATCH($I$7,'ANP ESTADO'!B:B,0)+MATCH($H$10,OFFSET('ANP ESTADO'!$A$1,MATCH($I$7,'ANP ESTADO'!B:B,0),0,100000,1),0),2,100000,2),2,FALSE)","v":2.39749},{"$f":"VLOOKUP($H$10,OFFSET('ANP REGIÃO'!$A$9,MATCH('Transporte RR-1C'!$I$7,'ANP REGIÃO'!A:A,0),1,10000,10000),MATCH('Transporte RR-1C'!AH14,'ANP REGIÃO'!$B$8:$G$8,0),FALSE)","v":3.18957},{"$f":"IF(AND(J14=\"-\",K14=\"-\"),\"\",IF(AND(J14<>0,K14=\"-\"),J14*1000,IF(AND(J14=\"-\",K14<>0),K14*1000,IF(AND(J14<>0,K14<>0),J14*1000,\"\"))))","v":2397.49},{"$f":"ROUND(((L14/(1-$O$7-$O$8-$O$9))-L14),2)","v":662.48},{"$f":"L14+M14","v":3059.97},{"$f":"'Transporte CM-30'!O14","v":780},null,{"$f":"ROUND((26.939+0.253*O14),2)","v":224.28},null,{"$f":"Q14+R14","v":224.28},{"$f":"TRUNC(S14*($O$9/(1-$O$9)),2)","v":49.23},{"$f":"TRUNC(IF($J$8=\"\",\"\",(($J$9-$J$8)/$J$8)*(S14+T14)),2)","v":282.68},{"$f":"S14+T14+U14","v":556.19},112.2,{"$f":"EVEN(' CONSUMO DE MAT. B TOTAL'!$P$10*2/28)*W14/' CONSUMO DE MAT. B TOTAL'!$P$10","v":11.45},567.64,3059.97,{"$f":"IF(OR(Y14=\"\",Z14=\"\"),\"\",Y14+Z14)","v":3627.61},null,{"$f":"AA14","v":3627.61},{"$f":"Y14","v":567.64},3059.97,null,null,{"$f":"IF(OR(G14=$D$42,G14=$D$43,G14=$D$45,G14=$D$51,G14=$D$35,G14=$D$31,G14=$D$27,G14=$D$40,G14=$D$30),\"NORDESTE\",IF(OR(G14=$D$26,G14=$D$28,G14=$D$29,G14=$D$39,G14=$D$47,G14=$D$48,G14=$D$52),\"NORTE\",IF(OR(G14=$D$32,G14=$D$34,G14=$D$36,G14=$D$37),\"CENTRO-OESTE\",IF(OR(G14=$D$50,G14=$D$44,G14=$D$38,G14=$D$33),\"SUDESTE\",IF(OR(G14=$D$49,G14=$D$41,G14=$D$46),\"SUL\",\"\")))))","v":"NORDESTE"}]
[null,4656.55,3,null,"CBAA - ASFALTOS LTDA","Avenida Banco do Nordeste, S/N – Feira de Santana - BA CEP:44063-640","Bahia","Feira de Santana - BA","Recife - PE",{"$f":"VLOOKUP(G15,OFFSET('ANP ESTADO'!$A$1,MATCH($I$7,'ANP ESTADO'!B:B,0)+MATCH($H$10,OFFSET('ANP ESTADO'!$A$1,MATCH($I$7,'ANP ESTADO'!B:B,0),0,100000,1),0),2,100000,2),2,FALSE)","v":"-"},{"$f":"VLOOKUP($H$10,OFFSET('ANP REGIÃO'!$A$9,MATCH('Transporte RR-1C'!$I$7,'ANP REGIÃO'!A:A,0),1,10000,10000),MATCH('Transporte RR-1C'!AH15,'ANP REGIÃO'!$B$8:$G$8,0),FALSE)","v":3.18957},3189.57,881.36,4070.93,{"$f":"'Transporte CM-30'!O15","v":803.7},null,230.28,null,230.28,50.54,290.23,571.05,142.8,{"$f":"EVEN(' CONSUMO DE MAT. B TOTAL'!$P$10*2/28)*W15/' CONSUMO DE MAT. B TOTAL'!$P$10","v":14.57},585.62,4070.93,4656.55,null,4656.55,585.62,4070.93,null,null,{"$f":"IF(OR(G15=$D$42,G15=$D$43,G15=$D$45,G15=$D$51,G15=$D$35,G15=$D$31,G15=$D$27,G15=$D$40,G15=$D$30),\"NORDESTE\",IF(OR(G15=$D$26,G15=$D$28,G15=$D$29,G15=$D$39,G15=$D$47,G15=$D$48,G15=$D$52),\"NORTE\",IF(OR(G15=$D$32,G15=$D$34,G15=$D$36,G15=$D$37),\"CENTRO-OESTE\",IF(OR(G15=$D$50,G15=$D$44,G15=$D$38,G15=$D$33),\"SUDESTE\",IF(OR(G15=$D$49,G15=$D$41,G15=$D$46),\"SUL\",\"\")))))","v":"NORDESTE"}]
[2403,4679.91,4,null,"Brasil Asfaltos Ltda","Rodovia BA 522, s/nº, KM 01, Distrito Industrial - Candeias - BA CEP:43813-300","Bahia","Candeias/BA","Recife - PE",{"$f":"VLOOKUP(G16,OFFSET('ANP ESTADO'!$A$1,MATCH($I$7,'ANP ESTADO'!B:B,0)+MATCH($H$10,OFFSET('ANP ESTADO'!$A$1,MATCH($I$7,'ANP ESTADO'!B:B,0),0,100000,1),0),2,100000,2),2,FALSE)","v":"-"},{"$f":"VLOOKUP($H$10,OFFSET('ANP REGIÃO'!$A$9,MATCH('Transporte RR-1C'!$I$7,'ANP REGIÃO'!A:A,0),1,10000,10000),MATCH('Transporte RR-1C'!AH16,'ANP REGIÃO'!$B$8:$G$8,0),FALSE)","v":3.18957},3189.57,881.36,4070.93,{"$f":"'Transporte CM-30'!O16","v":845.9},null,240.95,null,240.95,52.89,303.69,597.53,112.2,{"$f":"EVEN(' CONSUMO DE MAT. B TOTAL'!$P$10*2/28)*W16/' CONSUMO DE MAT. B TOTAL'!$P$10","v":11.45},608.98,4070.93,4679.91,null,4679.91,608.98,4070.93,null,null,{"$f":"IF(OR(G16=$D$42,G16=$D$43,G16=$D$45,G16=$D$51,G16=$D$35,G16=$D$31,G16=$D$27,G16=$D$40,G16=$D$30),\"NORDESTE\",IF(OR(G16=$D$26,G16=$D$28,G16=$D$29,G16=$D$39,G16=$D$47,G16=$D$48,G16=$D$52),\"NORTE\",IF(OR(G16=$D$32,G16=$D$34,G16=$D$36,G16=$D$37),\"CENTRO-OESTE\",IF(OR(G16=$D$50,G16=$D$44,G16=$D$38,G16=$D$33),\"SUDESTE\",IF(OR(G16=$D$49,G16=$D$41,G16=$D$46),\"SUL\",\"\")))))","v":"NORDESTE"}]
[{"$nulls":14},3155]
{"$rows_empty":8}
[null,null,null,"Acre"]
[null,null,null,"Alagoas"]
[null,null,null,"Amapá"]
[null,null,null,"Amazonas"]
[null,null,null,"Bahia"]
[null,null,null,"Ceará"]
[null,null,null,"Distrito Federal"]
[null,null,null,"Espírito Santo"]
[null,null,null,"Goiás"]
[null,null,null,"Maranhão"]
[null,null,null,"Mato Grosso"]
[null,null,null,"Mato Grosso do Sul"]
[null,null,null,"Minas Gerais"]
[null,null,null,"Pará"]
[null,null,null,"Paraíba"]
[null,null,null,"Paraná"]
[null,null,null,"Pernambuco"]
[null,null,null,"Piauí"]
[null,null,null,"Rio de Janeiro"]
[null,null,null,"Rio Grande do Norte"]
[null,null,null,"Rio Grande do Sul"]
[null,null,null,"Rondônia"]
[null,null,null,"Roraima"]
[null,null,null,"Santa Catarina"]
[null,null,null,"São Paulo"]
[null,null,null,"Sergipe"]
[null,null,null,"Tocantins"]
[]
[]
[]
[null,null,null,"ASFALTOS DILUÍDOS CM-30"]
[null,null,null,"ASFALTOS DILUÍDOS CM-70"]
[null,null,null,"ASFALTOS DILUÍDOS CR-250"]
[null,null,null,"ASFALTOS DILUÍDOS CR-70"]
[null,null,null,"CAP MODIFICADO POR BORRACHA DE PNEU AB22"]
[null,null,null,"CAP MODIFICADO POR BORRACHA DE PNEU AB8"]
[null,null,null,"CAP MODIFICADO POR POLÍMERO 55-75-E"]
[null,null,null,"CAP MODIFICADO POR POLÍMERO 60-85-E"]
[null,null,null,"CAP MODIFICADO POR POLÍMERO 65-90-E"]
[null,null,null,"CIMENTOS ASFÁLTICOS CAP-150-200"]
[null,null,null,"CIMENTOS ASFÁLTICOS CAP-30-45"]
[null,null,null,"CIMENTOS ASFÁLTICOS CAP-50-70"]
[null,null,null,"CIMENTOS ASFÁLTICOS CAP-85-100"]
[null,null,null,"EMULSÃO ASFÁLTICA CATIÔNICA DE RUPTURA CONTROLADA PARA SERVIÇO DE LAMA ASFÁLTICA"]
[null,null,null,"EMULSÃO ASFÁLTICA DE RUPTURA LENTA CATIÔNICA PARA SERVIÇO DE LAMA ASFÁLTICA"]
[null,null,null,"EMULSÃO ASFÁLTICA DE RUPTURA LENTA DE CARGA NEUTRA PARA SERVIÇO DE LAMA ASFÁLTICA"]
[null,null,null,"EMULSÃO ASFÁLTICA PARA SERVIÇO DE IMPRIMAÇÃO"]
[null,null,null,"EMULSÕES ASF. MOD. POR POLÍMEROS RC1C-E"]
[null,null,null,"EMULSÕES ASF. MOD. POR POLÍMEROS RL1C-E"]
[null,null,null,"EMULSÕES ASF. MOD. POR POLÍMEROS RM1C-E"]
[null,null,null,"EMULSÕES ASF. MOD. POR POLÍMEROS RR1C-E"]
[null,null,null,"EMULSÕES ASF. MOD. POR POLÍMEROS RR2C-E"]
[null,null,null,"EMULSÕES ASFÁLTICAS RL-1C"]
[null,null,null,"EMULSÕES ASFÁLTICAS RM-1C"]
[null,null,null,"EMULSÕES ASFÁLTICAS RM-2C"]
[null,null,null,"EMULSÕES ASFÁLTICAS RR-1C"]
[null,null,null,"EMULSÕES ASFÁLTICAS RR-2C"]

{"sheet":"RESUMO_Transp","index":10,"n_rows":30,"n_cols":23,"rows_kept":30,"cut":false,"hidden":false,"merged":[[2,1,2,8],[3,1,3,8],[4,1,4,8],[5,1,5,8],[6,1,6,22],[7,1,7,19],[10,4,10,5],[10,6,10,7],[11,15,11,16],[14,3,14,6],[14,7,14,8],[14,18,14,19],[10,1,12,1],[16,2,19,2],[21,2,24,2],[26,2,29,2],[10,10,12,10]]}
{"$rows_empty":10}
[null,"ÍNDICE DE PAVIMENTAÇÃO DNIT",null,null,"TIPOLOGIA DO MATERIAL",null,"LIGANTE BETUMINOSO",null,null,null,"IMPOSTOS","COFINS (BDI DIF)",0.0065,{"$f":"'Transporte Cap 50-70'!P7","v":0.0065}]
[null,null,"DATA INICIAL",null,null,"2014-07-01","ÍNDICE INICIAL",{"$f":"'Transporte Cap 50-70'!J8","v":270.237},null,null,null,"PIS",0.03,{"$f":"'Transporte Cap 50-70'!P8","v":0.03},null,"LEGENDA"]
[null,null,"DATA FINAL",null,null,"2023-01-01","ÍNDICE FINAL",{"$f":"'Transporte Cap 50-70'!J9","v":549.538},null,null,null," ICMS",{"$f":"'Transporte Cap 50-70'!O9","v":0.18},{"$f":"'Transporte Cap 50-70'!P9","v":0.18},null,"ENTRADA DE DADOS"]
[]
[null,"DATA-BASE","PRODUTOS","LOCALIDADES",null,null,null,"CUSTO ANP (R$/Kg)",null,"CUSTO ANP","IMPOSTOS DO PRODUTO","CUSTO DO PRODUTO COM IMPOSTOS","DMT's","DMT's","CUSTO DO TRANSPORTE TOTAL","ICMS","ATUALIZAÇÃO DO CUSTO DE TRANSPORTE","CUSTO DO TRANSPORTE RODOVIA PAVIMENTADA COM IMPOSTOS E ATUALIZAÇÃO MONETÁRIA","PEDÁGIO ",null,"TOTAL TRANSPORTE","TOTAL PRODUTO","TOTAL GERAL"]
[null,{"$f":"F13","v":"2023-01-01"},null,"REFINARIAS","ENDEREÇO","ORIGEM\nREFINARIAS / DISTRIBUIDORAS","DESTINO","ESTADO","REGIÃO","R$/t","R$/t","R$/t","KM","KM","R$/t","R$/t","R$/t","R$/t","CUSTO POR EIXO","R$/t","R$/t","R$/t","R$/t"]
[null,1,"CAP 50/70","Refinaria Abreu e Lima","Rodovia PE 60, Km 10 - Ipojuca - PE CEP:55590-000",{"$f":"VLOOKUP($W17,'Transporte Cap 50-70'!$B:$AA,7,FALSE)","v":"Maracanau /CE"},{"$f":"VLOOKUP($W17,'Transporte Cap 50-70'!$B:$AA,8,FALSE)","v":"Recife - PE"},{"$f":"VLOOKUP($W17,'Transporte Cap 50-70'!$B:$AA,9,FALSE)","v":3.31956},3.36285,{"$f":"VLOOKUP($W17,'Transporte Cap 50-70'!$B:$AA,11,FALSE)","v":3319.56},{"$f":"VLOOKUP($W17,'Transporte Cap 50-70'!$B:$AA,12,FALSE)","v":917.27},{"$f":"VLOOKUP($W17,'Transporte Cap 50-70'!$B:$AA,13,FALSE)","v":4236.83},{"$f":"VLOOKUP($W17,'Transporte Cap 50-70'!$B$13:$AA$16,14,FALSE)","v":778.5},{"$f":"VLOOKUP($W17,'Transporte Cap 50-70'!$B:$AA,15,FALSE)","v":0},{"$f":"VLOOKUP($W17,'Transporte Cap 50-70'!$B:$AA,18,FALSE)","v":223.9},{"$f":"VLOOKUP($W17,'Transporte Cap 50-70'!$B:$AA,19,FALSE)","v":0},231.4,{"$f":"VLOOKUP($W17,'Transporte Cap 50-70'!$B:$AA,21,FALSE)","v":455.3},{"$f":"VLOOKUP($W17,'Transporte Cap 50-70'!$B:$AA,22,FALSE)","v":61.2},{"$f":"VLOOKUP($W17,'Transporte Cap 50-70'!$B:$AA,23,FALSE)","v":4.44},{"$f":"VLOOKUP($W17,'Transporte Cap 50-70'!$B:$AA,24,FALSE)","v":459.74},{"$f":"VLOOKUP($W17,'Transporte Cap 50-70'!$B:$AA,25,FALSE)","v":4236.83},{"$f":"SMALL('Transporte Cap 50-70'!$AA:$AA,1)","v":4696.57}]
[null,2,null,"Refinaria Potiguar Clara Camarão","Rodovia RN 221, KM 25 - Guamaré - RN CEP:59598-000",{"$f":"VLOOKUP($W18,'Transporte Cap 50-70'!$B:$AA,7,FALSE)","v":"Pacatuba/CE"},{"$f":"VLOOKUP($W18,'Transporte Cap 50-70'!$B:$AA,8,FALSE)","v":"Recife - PE"},{"$f":"VLOOKUP($W18,'Transporte Cap 50-70'!$B:$AA,9,FALSE)","v":3.31956},{"$f":"VLOOKUP($W18,'Transporte Cap 50-70'!$B:$AA,10,FALSE)","v":3.36285},{"$f":"VLOOKUP($W18,'Transporte Cap 50-70'!$B:$AA,11,FALSE)","v":3319.56},{"$f":"VLOOKUP($W18,'Transporte Cap 50-70'!$B:$AA,12,FALSE)","v":917.27},{"$f":"VLOOKUP($W18,'Transporte Cap 50-70'!$B:$AA,13,FALSE)","v":4236.83},{"$f":"VLOOKUP($W18,'Transporte Cap 50-70'!$B$13:$AA$16,14,FALSE)","v":780},{"$f":"VLOOKUP($W18,'Transporte Cap 50-70'!$B:$AA,15,FALSE)","v":0},{"$f":"VLOOKUP($W18,'Transporte Cap 50-70'!$B:$AA,18,FALSE)","v":224.28},{"$f":"VLOOKUP($W18,'Transporte Cap 50-70'!$B:$AA,19,FALSE)","v":49.23},{"$f":"VLOOKUP($W18,'Transporte Cap 50-70'!$B:$AA,20,FALSE)","v":282.68},{"$f":"VLOOKUP($W18,'Transporte Cap 50-70'!$B:$AA,21,FALSE)","v":556.19},{"$f":"VLOOKUP($W18,'Transporte Cap 50-70'!$B:$AA,22,FALSE)","v":177},{"$f":"VLOOKUP($W18,'Transporte Cap 50-70'!$B:$AA,23,FALSE)","v":12.85},{"$f":"VLOOKUP($W18,'Transporte Cap 50-70'!$B:$AA,24,FALSE)","v":569.04},{"$f":"VLOOKUP($W18,'Transporte Cap 50-70'!$B:$AA,25,FALSE)","v":4236.83},{"$f":"SMALL('Transporte Cap 50-70'!$AA:$AA,2)","v":4805.87}]
[null,3,null,"Complexo Petroquímico do Rio de Janeiro (Comperj)","Rodovia Estadual RJ-116 - Km 5,2 - Acesso A-1, s/n, Complemento Sambaetiba - Zona Urbana do 4º Distrito de Itaboraí - RJ CEP:24841-203",{"$f":"VLOOKUP($W19,'Transporte Cap 50-70'!$B:$AA,7,FALSE)","v":"Feira de Santana - BA"},{"$f":"VLOOKUP($W19,'Transporte Cap 50-70'!$B:$AA,8,FALSE)","v":"Recife - PE"},{"$f":"VLOOKUP($W19,'Transporte Cap 50-70'!$B:$AA,9,FALSE)","v":3.50275},{"$f":"VLOOKUP($W19,'Transporte Cap 50-70'!$B:$AA,10,FALSE)","v":3.36285},{"$f":"VLOOKUP($W19,'Transporte Cap 50-70'!$B:$AA,11,FALSE)","v":3502.75},{"$f":"VLOOKUP($W19,'Transporte Cap 50-70'!$B:$AA,12,FALSE)","v":967.89},{"$f":"VLOOKUP($W19,'Transporte Cap 50-70'!$B:$AA,13,FALSE)","v":4470.64},{"$f":"VLOOKUP($W19,'Transporte Cap 50-70'!$B$13:$AA$16,14,FALSE)","v":803.7},{"$f":"VLOOKUP($W19,'Transporte Cap 50-70'!$B:$AA,15,FALSE)","v":0},{"$f":"VLOOKUP($W19,'Transporte Cap 50-70'!$B:$AA,18,FALSE)","v":230.28},{"$f":"VLOOKUP($W19,'Transporte Cap 50-70'!$B:$AA,19,FALSE)","v":50.54},{"$f":"VLOOKUP($W19,'Transporte Cap 50-70'!$B:$AA,20,FALSE)","v":290.23},571.05,{"$f":"VLOOKUP($W19,'Transporte Cap 50-70'!$B:$AA,22,FALSE)","v":61.2},{"$f":"VLOOKUP($W19,'Transporte Cap 50-70'!$B:$AA,23,FALSE)","v":4.44},{"$f":"VLOOKUP($W19,'Transporte Cap 50-70'!$B:$AA,24,FALSE)","v":575.49},{"$f":"VLOOKUP($W19,'Transporte Cap 50-70'!$B:$AA,25,FALSE)","v":4470.64},{"$f":"SMALL('Transporte Cap 50-70'!$AA:$AA,3)","v":5046.13}]
[null,4,null,null,null,{"$f":"VLOOKUP($W20,'Transporte Cap 50-70'!$B:$AA,7,FALSE)","v":"Candeias/BA"},{"$f":"VLOOKUP($W20,'Transporte Cap 50-70'!$B:$AA,8,FALSE)","v":"Recife - PE"},{"$f":"VLOOKUP($W20,'Transporte Cap 50-70'!$B:$AA,9,FALSE)","v":3.50275},{"$f":"VLOOKUP($W20,'Transporte Cap 50-70'!$B:$AA,10,FALSE)","v":3.36285},{"$f":"VLOOKUP($W20,'Transporte Cap 50-70'!$B:$AA,11,FALSE)","v":3502.75},{"$f":"VLOOKUP($W20,'Transporte Cap 50-70'!$B:$AA,12,FALSE)","v":967.89},{"$f":"VLOOKUP($W20,'Transporte Cap 50-70'!$B:$AA,13,FALSE)","v":4470.64},{"$f":"VLOOKUP($W20,'Transporte Cap 50-70'!$B$13:$AA$16,14,FALSE)","v":845.9},{"$f":"VLOOKUP($W20,'Transporte Cap 50-70'!$B:$AA,15,FALSE)","v":0},{"$f":"VLOOKUP($W20,'Transporte Cap 50-70'!$B:$AA,18,FALSE)","v":240.95},{"$f":"VLOOKUP($W20,'Transporte Cap 50-70'!$B:$AA,19,FALSE)","v":52.89},{"$f":"VLOOKUP($W20,'Transporte Cap 50-70'!$B:$AA,20,FALSE)","v":303.69},{"$f":"VLOOKUP($W20,'Transporte Cap 50-70'!$B:$AA,21,FALSE)","v":597.53},{"$f":"VLOOKUP($W20,'Transporte Cap 50-70'!$B:$AA,22,FALSE)","v":0},{"$f":"VLOOKUP($W20,'Transporte Cap 50-70'!$B:$AA,23,FALSE)","v":0},{"$f":"VLOOKUP($W20,'Transporte Cap 50-70'!$B:$AA,24,FALSE)","v":597.53},{"$f":"VLOOKUP($W20,'Transporte Cap 50-70'!$B:$AA,25,FALSE)","v":4470.64},{"$f":"SMALL('Transporte Cap 50-70'!$AA:$AA,4)","v":5068.17}]
[]
[null,1,"CM-30","Refinaria Abreu e Lima","Rodovia PE 60, Km 10 - Ipojuca - PE CEP:55590-000",{"$f":"VLOOKUP($W22,'Transporte CM-30'!$B$13:$AA$16,7,FALSE)","v":"Maracanau /CE"},{"$f":"VLOOKUP($W22,'Transporte CM-30'!$B$13:$AA$16,8,FALSE)","v":"Recife - PE"},{"$f":"VLOOKUP($W22,'Transporte CM-30'!$B$13:$AA$16,9,FALSE)","v":4.1009},{"$f":"VLOOKUP($W22,'Transporte CM-30'!$B$13:$AA$16,10,FALSE)","v":4.1009},{"$f":"VLOOKUP($W22,'Transporte CM-30'!$B$13:$AA$16,11,FALSE)","v":4100.9},{"$f":"VLOOKUP($W22,'Transporte CM-30'!$B$13:$AA$16,12,FALSE)","v":1133.18},{"$f":"VLOOKUP($W22,'Transporte CM-30'!$B$13:$AA$16,13,FALSE)","v":5234.08},{"$f":"VLOOKUP($W22,'Transporte CM-30'!$B$13:$AA$16,14,FALSE)","v":778.5},{"$f":"VLOOKUP($W22,'Transporte CM-30'!$B$13:$AA$16,15,FALSE)","v":0},{"$f":"VLOOKUP($W22,'Transporte CM-30'!$B$13:$AA$16,18,FALSE)","v":223.9},{"$f":"VLOOKUP($W22,'Transporte CM-30'!$B$13:$AA$16,19,FALSE)","v":0},{"$f":"VLOOKUP($W22,'Transporte CM-30'!$B$13:$AA$16,20,FALSE)","v":231.4},{"$f":"VLOOKUP($W22,'Transporte CM-30'!$B$13:$AA$16,21,FALSE)","v":455.3},{"$f":"VLOOKUP($W22,'Transporte CM-30'!$B$13:$AA$16,22,FALSE)","v":61.2},{"$f":"VLOOKUP($W22,'Transporte CM-30'!$B$13:$AA$16,23,FALSE)","v":4.53},{"$f":"VLOOKUP($W22,'Transporte CM-30'!$B$13:$AA$16,24,FALSE)","v":459.83},{"$f":"VLOOKUP($W22,'Transporte CM-30'!$B:$AA,25,FALSE)","v":5234.08},{"$f":"SMALL('Transporte CM-30'!$AA:$AA,1)","v":5693.91}]
[null,2,null,"Refinaria Potiguar Clara Camarão","Rodovia RN 221, KM 25 - Guamaré - RN CEP:59598-000",{"$f":"VLOOKUP($W23,'Transporte CM-30'!$B$13:$AA$16,7,FALSE)","v":"Pacatuba/CE"},{"$f":"VLOOKUP($W23,'Transporte CM-30'!$B$13:$AA$16,8,FALSE)","v":"Recife -PE"},{"$f":"VLOOKUP($W23,'Transporte CM-30'!$B$13:$AA$16,9,FALSE)","v":4.1009},{"$f":"VLOOKUP($W23,'Transporte CM-30'!$B$13:$AA$16,10,FALSE)","v":4.1009},{"$f":"VLOOKUP($W23,'Transporte CM-30'!$B$13:$AA$16,11,FALSE)","v":4100.9},{"$f":"VLOOKUP($W23,'Transporte CM-30'!$B$13:$AA$16,12,FALSE)","v":1133.18},{"$f":"VLOOKUP($W23,'Transporte CM-30'!$B$13:$AA$16,13,FALSE)","v":5234.08},{"$f":"VLOOKUP($W23,'Transporte CM-30'!$B$13:$AA$16,14,FALSE)","v":780},{"$f":"VLOOKUP($W23,'Transporte CM-30'!$B$13:$AA$16,15,FALSE)","v":0},{"$f":"VLOOKUP($W23,'Transporte CM-30'!$B$13:$AA$16,18,FALSE)","v":224.28},{"$f":"VLOOKUP($W23,'Transporte CM-30'!$B$13:$AA$16,19,FALSE)","v":49.23},{"$f":"VLOOKUP($W23,'Transporte CM-30'!$B$13:$AA$16,20,FALSE)","v":282.68},{"$f":"VLOOKUP($W23,'Transporte CM-30'!$B$13:$AA$16,21,FALSE)","v":556.19},{"$f":"VLOOKUP($W23,'Transporte CM-30'!$B$13:$AA$16,22,FALSE)","v":177},{"$f":"VLOOKUP($W23,'Transporte CM-30'!$B$13:$AA$16,23,FALSE)","v":13.09},{"$f":"VLOOKUP($W23,'Transporte CM-30'!$B$13:$AA$16,24,FALSE)","v":569.28},{"$f":"VLOOKUP($W23,'Transporte CM-30'!$B:$AA,25,FALSE)","v":5234.08},{"$f":"SMALL('Transporte CM-30'!$AA:$AA,2)","v":5803.36}]
[null,3,null,"Complexo Petroquímico do Rio de Janeiro (Comperj)","Rodovia Estadual RJ-116 - Km 5,2 - Acesso A-1, s/n, Complemento Sambaetiba - Zona Urbana do 4º Distrito de Itaboraí - RJ CEP:24841-203",{"$f":"VLOOKUP($W24,'Transporte CM-30'!$B$13:$AA$16,7,FALSE)","v":"Feira de Santana - BA"},{"$f":"VLOOKUP($W24,'Transporte CM-30'!$B$13:$AA$16,8,FALSE)","v":"Recife -PE"},{"$f":"VLOOKUP($W24,'Transporte CM-30'!$B$13:$AA$16,9,FALSE)","v":"-"},{"$f":"VLOOKUP($W24,'Transporte CM-30'!$B$13:$AA$16,10,FALSE)","v":4.1009},{"$f":"VLOOKUP($W24,'Transporte CM-30'!$B$13:$AA$16,11,FALSE)","v":4100.9},{"$f":"VLOOKUP($W24,'Transporte CM-30'!$B$13:$AA$16,12,FALSE)","v":1133.18},{"$f":"VLOOKUP($W24,'Transporte CM-30'!$B$13:$AA$16,13,FALSE)","v":5234.08},{"$f":"VLOOKUP($W24,'Transporte CM-30'!$B$13:$AA$16,14,FALSE)","v":803.7},{"$f":"VLOOKUP($W24,'Transporte CM-30'!$B$13:$AA$16,15,FALSE)","v":0},{"$f":"VLOOKUP($W24,'Transporte CM-30'!$B$13:$AA$16,18,FALSE)","v":230.28},{"$f":"VLOOKUP($W24,'Transporte CM-30'!$B$13:$AA$16,19,FALSE)","v":50.54},{"$f":"VLOOKUP($W24,'Transporte CM-30'!$B$13:$AA$16,20,FALSE)","v":290.23},{"$f":"VLOOKUP($W24,'Transporte CM-30'!$B$13:$AA$16,21,FALSE)","v":571.05},{"$f":"VLOOKUP($W24,'Transporte CM-30'!$B$13:$AA$16,22,FALSE)","v":61.2},{"$f":"VLOOKUP($W24,'Transporte CM-30'!$B$13:$AA$16,23,FALSE)","v":4.53},{"$f":"VLOOKUP($W24,'Transporte CM-30'!$B$13:$AA$16,24,FALSE)","v":575.58},{"$f":"VLOOKUP($W24,'Transporte CM-30'!$B:$AA,25,FALSE)","v":5234.08},{"$f":"SMALL('Transporte CM-30'!$AA:$AA,3)","v":5809.66}]
[null,4,null,null,null,{"$f":"VLOOKUP($W25,'Transporte CM-30'!$B$13:$AA$16,7,FALSE)","v":"Candeias/BA"},{"$f":"VLOOKUP($W25,'Transporte CM-30'!$B$13:$AA$16,8,FALSE)","v":"Recife -PE"},{"$f":"VLOOKUP($W25,'Transporte CM-30'!$B$13:$AA$16,9,FALSE)","v":"-"},{"$f":"VLOOKUP($W25,'Transporte CM-30'!$B$13:$AA$16,10,FALSE)","v":4.1009},{"$f":"VLOOKUP($W25,'Transporte CM-30'!$B$13:$AA$16,11,FALSE)","v":4100.9},{"$f":"VLOOKUP($W25,'Transporte CM-30'!$B$13:$AA$16,12,FALSE)","v":1133.18},{"$f":"VLOOKUP($W25,'Transporte CM-30'!$B$13:$AA$16,13,FALSE)","v":5234.08},{"$f":"VLOOKUP($W25,'Transporte CM-30'!$B$13:$AA$16,14,FALSE)","v":845.9},{"$f":"VLOOKUP($W25,'Transporte CM-30'!$B$13:$AA$16,15,FALSE)","v":0},{"$f":"VLOOKUP($W25,'Transporte CM-30'!$B$13:$AA$16,18,FALSE)","v":240.95},{"$f":"VLOOKUP($W25,'Transporte CM-30'!$B$13:$AA$16,19,FALSE)","v":52.89},{"$f":"VLOOKUP($W25,'Transporte CM-30'!$B$13:$AA$16,20,FALSE)","v":303.69},{"$f":"VLOOKUP($W25,'Transporte CM-30'!$B$13:$AA$16,21,FALSE)","v":597.53},{"$f":"VLOOKUP($W25,'Transporte CM-30'!$B$13:$AA$16,22,FALSE)","v":0},{"$f":"VLOOKUP($W25,'Transporte CM-30'!$B$13:$AA$16,23,FALSE)","v":0},{"$f":"VLOOKUP($W25,'Transporte CM-30'!$B$13:$AA$16,24,FALSE)","v":597.53},{"$f":"VLOOKUP($W25,'Transporte CM-30'!$B:$AA,25,FALSE)","v":5234.08},{"$f":"SMALL('Transporte CM-30'!$AA:$AA,4)","v":5831.61}]
[]
[null,1,"RR1-C","Refinaria Abreu e Lima","Rodovia PE 60, Km 10 - Ipojuca - PE CEP:55590-000",{"$f":"VLOOKUP($W27,'Transporte RR-1C'!$B:$AA,7,FALSE)","v":"Pacatuba/CE"},{"$f":"VLOOKUP($W27,'Transporte RR-1C'!$B:$AA,8,FALSE)","v":"Recife - PE"},{"$f":"VLOOKUP($W27,'Transporte RR-1C'!$B:$AA,9,FALSE)","v":2.39749},{"$f":"VLOOKUP($W27,'Transporte RR-1C'!$B:$AA,10,FALSE)","v":3.18957},{"$f":"VLOOKUP($W27,'Transporte RR-1C'!$B:$AA,11,FALSE)","v":2397.49},{"$f":"VLOOKUP($W27,'Transporte RR-1C'!$B:$AA,12,FALSE)","v":662.48},{"$f":"VLOOKUP($W27,'Transporte RR-1C'!$B:$AA,13,FALSE)","v":3059.97},{"$f":"VLOOKUP($W27,'Transporte RR-1C'!$B:$AA,14,FALSE)","v":780},{"$f":"VLOOKUP($W27,'Transporte RR-1C'!$B:$AA,15,FALSE)","v":0},{"$f":"VLOOKUP($W27,'Transporte RR-1C'!$B:$AA,18,FALSE)","v":224.28},{"$f":"VLOOKUP($W27,'Transporte RR-1C'!$B:$AA,19,FALSE)","v":49.23},{"$f":"VLOOKUP($W27,'Transporte RR-1C'!$B:$AA,20,FALSE)","v":282.68},{"$f":"VLOOKUP($W27,'Transporte RR-1C'!$B:$AA,21,FALSE)","v":556.19},{"$f":"VLOOKUP($W27,'Transporte RR-1C'!$B:$AA,22,FALSE)","v":112.2},{"$f":"VLOOKUP($W27,'Transporte RR-1C'!$B:$AA,23,FALSE)","v":11.45},{"$f":"VLOOKUP($W27,'Transporte RR-1C'!$B:$AA,24,FALSE)","v":567.64},{"$f":"VLOOKUP($W27,'Transporte RR-1C'!$B:$AA,25,FALSE)","v":3059.97},{"$f":"SMALL('Transporte RR-1C'!$AA:$AA,1)","v":3627.61}]
[null,2,null,"Refinaria Potiguar Clara Camarão","Rodovia RN 221, KM 25 - Guamaré - RN CEP:59598-000",{"$f":"VLOOKUP($W28,'Transporte RR-1C'!$B:$AA,7,FALSE)","v":"Maracanau /CE"},{"$f":"VLOOKUP($W28,'Transporte RR-1C'!$B:$AA,8,FALSE)","v":"Recife - PE"},{"$f":"VLOOKUP($W28,'Transporte RR-1C'!$B:$AA,9,FALSE)","v":2.39749},{"$f":"VLOOKUP($W28,'Transporte RR-1C'!$B:$AA,10,FALSE)","v":3.18957},{"$f":"VLOOKUP($W28,'Transporte RR-1C'!$B:$AA,11,FALSE)","v":2397.49},{"$f":"VLOOKUP($W28,'Transporte RR-1C'!$B:$AA,12,FALSE)","v":662.48},{"$f":"VLOOKUP($W28,'Transporte RR-1C'!$B:$AA,13,FALSE)","v":3059.97},{"$f":"VLOOKUP($W28,'Transporte RR-1C'!$B:$AA,14,FALSE)","v":778.5},{"$f":"VLOOKUP($W28,'Transporte RR-1C'!$B:$AA,15,FALSE)","v":0},{"$f":"VLOOKUP($W28,'Transporte RR-1C'!$B:$AA,18,FALSE)","v":223.9},{"$f":"VLOOKUP($W28,'Transporte RR-1C'!$B:$AA,19,FALSE)","v":49.14},{"$f":"VLOOKUP($W28,'Transporte RR-1C'!$B:$AA,20,FALSE)","v":282.19},{"$f":"VLOOKUP($W28,'Transporte RR-1C'!$B:$AA,21,FALSE)","v":555.23},{"$f":"VLOOKUP($W28,'Transporte RR-1C'!$B:$AA,22,FALSE)","v":399.6},{"$f":"VLOOKUP($W28,'Transporte RR-1C'!$B:$AA,23,FALSE)","v":40.78},{"$f":"VLOOKUP($W28,'Transporte RR-1C'!$B:$AA,24,FALSE)","v":596.01},{"$f":"VLOOKUP($W28,'Transporte RR-1C'!$B:$AA,25,FALSE)","v":3059.97},{"$f":"SMALL('Transporte RR-1C'!$AA:$AA,2)","v":3655.98}]
[null,3,null,"Complexo Petroquímico do Rio de Janeiro (Comperj)","Rodovia Estadual RJ-116 - Km 5,2 - Acesso A-1, s/n, Complemento Sambaetiba - Zona Urbana do 4º Distrito de Itaboraí - RJ CEP:24841-203",{"$f":"VLOOKUP($W29,'Transporte RR-1C'!$B:$AA,7,FALSE)","v":"Feira de Santana - BA"},{"$f":"VLOOKUP($W29,'Transporte RR-1C'!$B:$AA,8,FALSE)","v":"Recife - PE"},{"$f":"VLOOKUP($W29,'Transporte RR-1C'!$B:$AA,9,FALSE)","v":"-"},{"$f":"VLOOKUP($W29,'Transporte RR-1C'!$B:$AA,10,FALSE)","v":3.18957},{"$f":"VLOOKUP($W29,'Transporte RR-1C'!$B:$AA,11,FALSE)","v":3189.57},{"$f":"VLOOKUP($W29,'Transporte RR-1C'!$B:$AA,12,FALSE)","v":881.36},{"$f":"VLOOKUP($W29,'Transporte RR-1C'!$B:$AA,13,FALSE)","v":4070.93},{"$f":"VLOOKUP($W29,'Transporte RR-1C'!$B:$AA,14,FALSE)","v":803.7},{"$f":"VLOOKUP($W29,'Transporte RR-1C'!$B:$AA,15,FALSE)","v":0},{"$f":"VLOOKUP($W29,'Transporte RR-1C'!$B:$AA,18,FALSE)","v":230.28},{"$f":"VLOOKUP($W29,'Transporte RR-1C'!$B:$AA,19,FALSE)","v":50.54},{"$f":"VLOOKUP($W29,'Transporte RR-1C'!$B:$AA,20,FALSE)","v":290.23},{"$f":"VLOOKUP($W29,'Transporte RR-1C'!$B:$AA,21,FALSE)","v":571.05},{"$f":"VLOOKUP($W29,'Transporte RR-1C'!$B:$AA,22,FALSE)","v":142.8},{"$f":"VLOOKUP($W29,'Transporte RR-1C'!$B:$AA,23,FALSE)","v":14.57},{"$f":"VLOOKUP($W29,'Transporte RR-1C'!$B:$AA,24,FALSE)","v":585.62},{"$f":"VLOOKUP($W29,'Transporte RR-1C'!$B:$AA,25,FALSE)","v":4070.93},{"$f":"SMALL('Transporte RR-1C'!$AA:$AA,3)","v":4656.55}]
[null,4,null,"Refinaria Abreu e Lima","Rodovia PE 60, Km 10 - Ipojuca - PE CEP:55590-000",{"$f":"VLOOKUP($W30,'Transporte RR-1C'!$B:$AA,7,FALSE)","v":"Candeias/BA"},{"$f":"VLOOKUP($W30,'Transporte RR-1C'!$B:$AA,8,FALSE)","v":"Recife - PE"},{"$f":"VLOOKUP($W30,'Transporte RR-1C'!$B:$AA,9,FALSE)","v":"-"},{"$f":"VLOOKUP($W30,'Transporte RR-1C'!$B:$AA,10,FALSE)","v":3.18957},{"$f":"VLOOKUP($W30,'Transporte RR-1C'!$B:$AA,11,FALSE)","v":3189.57},{"$f":"VLOOKUP($W30,'Transporte RR-1C'!$B:$AA,12,FALSE)","v":881.36},{"$f":"VLOOKUP($W30,'Transporte RR-1C'!$B:$AA,13,FALSE)","v":4070.93},{"$f":"VLOOKUP($W30,'Transporte RR-1C'!$B:$AA,14,FALSE)","v":845.9},{"$f":"VLOOKUP($W30,'Transporte RR-1C'!$B:$AA,15,FALSE)","v":0},{"$f":"VLOOKUP($W30,'Transporte RR-1C'!$B:$AA,18,FALSE)","v":240.95},{"$f":"VLOOKUP($W30,'Transporte RR-1C'!$B:$AA,19,FALSE)","v":52.89},{"$f":"VLOOKUP($W30,'Transporte RR-1C'!$B:$AA,20,FALSE)","v":303.69},{"$f":"VLOOKUP($W30,'Transporte RR-1C'!$B:$AA,21,FALSE)","v":597.53},{"$f":"VLOOKUP($W30,'Transporte RR-1C'!$B:$AA,22,FALSE)","v":112.2},{"$f":"VLOOKUP($W30,'Transporte RR-1C'!$B:$AA,23,FALSE)","v":11.45},{"$f":"VLOOKUP($W30,'Transporte RR-1C'!$B:$AA,24,FALSE)","v":608.98},{"$f":"VLOOKUP($W30,'Transporte RR-1C'!$B:$AA,25,FALSE)","v":4070.93},{"$f":"SMALL('Transporte RR-1C'!$AA:$AA,4)","v":4679.91}]

{"sheet":"MOMENTO DE TRANSPORTE - PRINC","index":11,"n_rows":67,"n_cols":11,"rows_kept":67,"cut":false,"hidden":false,"merged":[[20,2,20,7],[20,9,20,10],[21,7,21,10],[23,3,23,7],[24,5,24,7],[27,5,27,7],[33,9,33,10],[34,7,34,10],[36,3,36,7],[37,5,37,7],[45,2,45,7],[45,9,45,10],[46,7,46,10],[48,3,48,7],[49,5,49,7],[57,2,57,7],[57,9,57,10],[58,7,58,10],[63,3,63,7],[64,5,64,7],[66,5,66,7],[24,3,25,3],[37,3,38,3],[49,3,50,3],[64,3,65,3],[24,4,25,4],[37,4,38,4],[49,4,50,4],[64,4,65,4],[49,1,50,2],[64,1,65,2],[37,1,38,2],[24,1,25,2]]}
[null,"ESTADO:","Pernambuco","DATA BASE:","2023-11-01"]
[]
[null,null,null,"TIPO (P, RP ou LN)","DMT ESTIMADA"]
[null,null,null,"P",80]
[null,null,"RESUMO DO TRANSPORTE PRINCIPAL"]
[null,"CODIGO ","DESCRIÇÃO","TKM"]
[null,5914359,"Transporte com caminhão basculante de 10 m³ - rodovia em leito natural",{"$f":"ROUND(SUMIF('MOMENTO DE TRANSPORTE - PRINC'!A:A,B7,'MOMENTO DE TRANSPORTE - PRINC'!K:K),2)","v":0}]
[null,5914374,"Transporte com caminhão basculante de 10 m³ - rodovia em revestimento primário",{"$f":"ROUND(SUMIF('MOMENTO DE TRANSPORTE - PRINC'!A:A,B8,'MOMENTO DE TRANSPORTE - PRINC'!K:K),2)","v":0}]
[null,5914389,"Transporte com caminhão basculante de 10 m³ - rodovia pavimentada",{"$f":"ROUND(SUMIF('MOMENTO DE TRANSPORTE - PRINC'!A:A,B9,'MOMENTO DE TRANSPORTE - PRINC'!K:K),2)","v":5842146.87}]
[null,5914449,"Transporte com caminhão carroceria de 15 t - rodovia em leito natural",{"$f":"ROUND(SUMIF('MOMENTO DE TRANSPORTE - PRINC'!A:A,B10,'MOMENTO DE TRANSPORTE - PRINC'!K:K),2)","v":0}]
[null,5914464,"Transporte com caminhão carroceria de 15 t - rodovia em revestimento primário",{"$f":"ROUND(SUMIF('MOMENTO DE TRANSPORTE - PRINC'!A:A,B11,'MOMENTO DE TRANSPORTE - PRINC'!K:K),2)","v":0}]
[null,5914479,"Transporte com caminhão carroceria de 15 t - rodovia pavimentada",{"$f":"ROUND(SUMIF('MOMENTO DE TRANSPORTE - PRINC'!A:A,B12,'MOMENTO DE TRANSPORTE - PRINC'!K:K),2)","v":0}]
[null,5914364,"Transporte de cimento ou cal hidratada a granel com caminhão silo de 30 m³ - rodovia em leito natural",{"$f":"ROUND(SUMIF('MOMENTO DE TRANSPORTE - PRINC'!A:A,B13,'MOMENTO DE TRANSPORTE - PRINC'!K:K),2)","v":0}]
[null,5914365,"Transporte de cimento ou cal hidratada a granel com caminhão silo de 30 m³ - rodovia em revestimento primário",{"$f":"ROUND(SUMIF('MOMENTO DE TRANSPORTE - PRINC'!A:A,B14,'MOMENTO DE TRANSPORTE - PRINC'!K:K),2)","v":0}]
[null,5914366,"Transporte de cimento ou cal hidratada a granel com caminhão silo de 30 m³ - rodovia pavimentada",{"$f":"ROUND(SUMIF('MOMENTO DE TRANSPORTE - PRINC'!A:A,B15,'MOMENTO DE TRANSPORTE - PRINC'!K:K),2)","v":0}]
[]
[null,"PRINCIPAL"]
[]
[null,"SISTEMA DE CUSTOS REFERENCIAIS DE OBRAS - SICRO",null,null,{"$f":"$C$1","v":"Pernambuco"}]
[null,"Custo Unitário de Referência",null,null,{"$f":"$E$1","v":"2023-11-01"},null,null,null,"Quantitativo",null,"t"]
[null,4011463,"Concreto asfáltico - faixa C - areia e brita comerciais",{"$nulls":5},{"$f":"SUMIF('RESUMO MODULO TOTAL'!C:C,B21,'RESUMO MODULO TOTAL'!I:I)","v":11760}]
[null,"D - ATIVIDADES AUXILIARES",null,"Quantidade","Unidade"]
[null,6416078,"Usinagem de concreto asfáltico - faixa C - areia e brita comerciais",1.02,"t"]
[]
[null,"F - MOMENTO DE TRANSPORTE",null,"Quantidade","Unidade","CÓDIGO TRANSPORTE"]
[{"$nulls":5},"LN","RP","P","TIPO (P, RP ou LN)","DMT ESTIMADA (km)","QUANTITATIVO TOTAL DE TRANSPORTE (tkm)"]
[{"$f":"IF(I27=\"P\",H27,IF(I27=\"RP\",G27,IF(I27=\"LN\",F27,\"\")))","v":5914389},"6416078","Usinagem de concreto asfáltico - faixa C - areia e brita comerciais - Caminhão basculante 10 m³",1.02,"tkm",5914359,5914374,5914389,"P",{"$f":"E4","v":80},{"$f":"IF(ISBLANK(J27),\"\",J27*D27)*I21","v":959616}]
[""]
["","Obs."]
[]
[""]
["","SISTEMA DE CUSTOS REFERENCIAIS DE OBRAS - SICRO",null,null,{"$f":"$C$1","v":"Pernambuco"}]
["","Custo Unitário de Referência",null,null,{"$f":"$E$1","v":"2023-11-01"},null,null,null,"Quantitativo",null,"m³"]
["",4011256,"Base estabilizada granulometricamente com mistura solo brita (70% - 30%) na pista com material de jazida e brita comercial",{"$nulls":5},{"$f":"SUMIF('RESUMO MODULO TOTAL'!C:C,B34,'RESUMO MODULO TOTAL'!I:I)","v":14700}]
["","D - ATIVIDADES AUXILIARES",null,"Quantidade","Unidade"]
["","4016096","Escavação e carga de material de jazida com escavadeira hidráulica de 1,56 m³",0.77019,"m³"]
[""]
["","F - MOMENTO DE TRANSPORTE",null,"Quantidade","Unidade","CÓDIGO TRANSPORTE"]
["",{"$nulls":4},"LN","RP","P","TIPO (P, RP ou LN)","DMT ESTIMADA (km)","QUANTITATIVO TOTAL DE TRANSPORTE (tkm)"]
[{"$f":"IF(I40=\"P\",H40,IF(I40=\"RP\",G40,IF(I40=\"LN\",F40,\"\")))","v":5914389},"4016096","Escavação e carga de material de jazida com escavadeira hidráulica de 1,56 m³ - Caminhão basculante 10 m³",1.44411,"tkm",5914359,5914374,5914389,"P",{"$f":"E4","v":80},{"$f":"IF(ISBLANK(J40),\"\",J40*D40)*$I$34","v":1698273.36}]
[{"$f":"IF(I41=\"P\",H41,IF(I41=\"RP\",G41,IF(I41=\"LN\",F41,\"\")))","v":5914389},"M0191","Brita 1 - Caminhão basculante 10 m³",0.6189,"tkm",5914359,5914374,5914389,"P",{"$f":"E4","v":80},{"$f":"IF(ISBLANK(J41),\"\",J41*D41)*$I$34","v":727826.4}]
["","Obs."]
[""]
["","SISTEMA DE CUSTOS REFERENCIAIS DE OBRAS - SICRO",null,null,{"$f":"$C$1","v":"Pernambuco"}]
["","Custo Unitário de Referência",null,null,{"$f":"$E$1","v":"2023-11-01"},null,null,null,"Quantitativo",null,"m³"]
["",4011233,"Sub-base estabilizada granulometricamente com mistura solo brita (70% - 30%) na pista com material de jazida e brita comercial",{"$nulls":5},{"$f":"SUMIF('RESUMO MODULO TOTAL'!C:C,B46,'RESUMO MODULO TOTAL'!I:I)","v":14700}]
["","D - ATIVIDADES AUXILIARES",null,"Quantidade","Unidade"]
["","4016096","Escavação e carga de material de jazida com escavadeira hidráulica de 1,56 m³",0.77019,"m³"]
[""]
["","F - MOMENTO DE TRANSPORTE",null,"Quantidade","Unidade","CÓDIGO TRANSPORTE"]
["",{"$nulls":4},"LN","RP","P","TIPO (P, RP ou LN)","DMT ESTIMADA (km)","QUANTITATIVO TOTAL DE TRANSPORTE (tkm)"]
[{"$f":"IF(I52=\"P\",H52,IF(I52=\"RP\",G52,IF(I52=\"LN\",F52,\"\")))","v":5914389},"4016096","Escavação e carga de material de jazida com escavadeira hidráulica de 1,56 m³ - Caminhão basculante 10 m³",1.44411,"tkm",5914359,5914374,5914389,"P",{"$f":"E4","v":80},{"$f":"IF(ISBLANK(J52),\"\",J52*D52)*I46","v":1698273.36}]
[{"$f":"IF(I53=\"P\",H53,IF(I53=\"RP\",G53,IF(I53=\"LN\",F53,\"\")))","v":5914389},"M0191","Brita 1 - Caminhão basculante 10 m³",0.6189,"tkm",5914359,5914374,5914389,"P",{"$f":"E4","v":80},758157.75]
[null,"Obs."]
[]
["","SISTEMA DE CUSTOS REFERENCIAIS DE OBRAS - SICRO",null,null,{"$f":"$C$1","v":"Pernambuco"}]
["","Custo Unitário de Referência",null,null,{"$f":"$E$1","v":"2023-11-01"},null,null,null,"Quantitativo",null,"m"]
["",2003373,"Meio-fio de concreto - MFC 03 - areia e brita comerciais - fôrma de madeira",{"$nulls":5},{"$f":"SUMIF('RESUMO MODULO TOTAL'!C:C,B58,'RESUMO MODULO TOTAL'!I:I)","v":0}]
["","D - ATIVIDADES AUXILIARES",null,"Quantidade","Unidade"]
[null,1107892," Concreto fck = 20 MPa - confecção em betoneira e lançamento manual - areia e brita comerciais",0.042,"m³"]
[null,2003842,"Enchimento de junta de concreto com argamassa asfáltica de densidade 1.700 kg/m³ - espessura de 1 cm",0.0595,"kg"]
[null,4805750,"Escavação manual em material de 1ª categoria na profundidade de até 1 m",0.03,"m³"]
[null,3103302," Fôrmas de tábuas de pinho para dispositivos de drenagem - utilização de 3 vezes - confecção, instalação e retirada",0.0867,"m²"]
[""]
["","F - MOMENTO DE TRANSPORTE",null,"Quantidade","Unidade","CÓDIGO TRANSPORTE"]
["",{"$nulls":4},"LN","RP","P","TIPO (P, RP ou LN)","DMT ESTIMADA (km)","QUANTITATIVO TOTAL DE TRANSPORTE (tkm)"]
[""]

{"sheet":"MOMENTO DE TRANSPORTE - AUX","index":12,"n_rows":63,"n_cols":11,"rows_kept":63,"cut":false,"hidden":false,"merged":[[2,1,2,3],[16,2,16,7],[16,9,16,10],[17,5,17,7],[24,5,24,7],[30,2,30,7],[30,9,30,10],[31,5,31,7],[38,5,38,7],[43,2,43,7],[43,9,43,10],[44,5,44,7],[47,5,47,7],[52,2,52,7],[52,9,52,10],[53,5,53,7],[59,5,59,7],[17,3,18,3],[31,3,32,3],[44,3,45,3],[53,3,54,3],[17,4,18,4],[31,4,32,4],[44,4,45,4],[53,4,54,4],[53,1,54,2],[44,1,45,2],[31,1,32,2],[17,1,18,2]]}
[]
[null,"AUXILIAR",null,10]
[null,"RESUMO DO TRANSPORTE AUXILIAR"]
[null,"CODIGO ","DESCRIÇÃO","TKM"]
[null,5914359,"Transporte com caminhão basculante de 10 m³ - rodovia em leito natural",{"$f":"ROUND(SUMIF(A:A,B5,K:K),2)","v":0}]
[null,5914374,"Transporte com caminhão basculante de 10 m³ - rodovia em revestimento primário",{"$f":"ROUND(SUMIF(A:A,B6,K:K),2)","v":0}]
[null,5914389,"Transporte com caminhão basculante de 10 m³ - rodovia pavimentada",616996.61]
[null,5914449,"Transporte com caminhão carroceria de 15 t - rodovia em leito natural",0]
[null,5914464,"Transporte com caminhão carroceria de 15 t - rodovia em revestimento primário",0]
[null,5914479,"Transporte com caminhão carroceria de 15 t - rodovia pavimentada",3665.18]
[null,5914364,"Transporte de cimento ou cal hidratada a granel com caminhão silo de 30 m³ - rodovia em leito natural",0]
[null,5914365,"Transporte de cimento ou cal hidratada a granel com caminhão silo de 30 m³ - rodovia em revestimento primário",0]
[null,5914366,"Transporte de cimento ou cal hidratada a granel com caminhão silo de 30 m³ - rodovia pavimentada",53930.42]
[]
[null,"SISTEMA DE CUSTOS REFERENCIAIS DE OBRAS - SICRO",null,null,{"$f":"'MOMENTO DE TRANSPORTE - PRINC'!$C$1","v":"Pernambuco"},null,null,null,"Quantitivo"]
[null,"Custo Unitário de Referência",null,null,{"$f":"'MOMENTO DE TRANSPORTE - PRINC'!$E$1","v":"2023-11-01"},null,null,null,"(Coeficiente na composição principal) x (quantidade da principal no orçamento)",null,"t"]
[null,6416078,"Usinagem de concreto asfáltico - faixa C - areia e brita comerciais",{"$nulls":5},11995.2]
[null,"F - MOMENTO DE TRANSPORTE",null,"Quantidade","Unidade","DMT"]
[{"$nulls":5},"LN","RP","P","TIPO (P, RP ou LN)","DMT ESTIMADA (km)","QUANTITATIVO TOTAL DE TRANSPORTE DE MATERIAL (tkm)"]
[{"$f":"IF(I20=\"P\",H20,IF(I20=\"RP\",G20,IF(I20=\"LN\",F20,\"\")))","v":5914389},"M0028","Areia média - Caminhão basculante 10 m³",0.48713,"tkm",5914359,5914374,5914389,"P",{"$f":"'MOMENTO DE TRANSPORTE - PRINC'!E4","v":80},{"$f":"IF(ISBLANK(J20),\"\",J20*(D20*$I$17))","v":467457.7421}]
[{"$f":"IF(I21=\"P\",H21,IF(I21=\"RP\",G21,IF(I21=\"LN\",F21,\"\")))","v":5914389},"M0005","Brita 0 - Caminhão basculante 10 m³",0.09368,"tkm",5914359,5914374,5914389,"P",{"$f":"$D$2","v":10},{"$f":"IF(ISBLANK(J21),\"\",J21*(D21*$I$17))","v":11237.1034}]
[5914389,"M0191","Brita 1 - Caminhão basculante 10 m³",0.09368,"tkm",5914359,5914374,5914389,"P",{"$f":"$D$2","v":10},11237.1034]
[5914366,"M0344","Cal hidratada - a granel - Caminhão silo 30 m³",0.0562,"tkm",5914364,5914365,5914366,"P",{"$f":"'MOMENTO DE TRANSPORTE - PRINC'!E4","v":80},53930.4192]
[5914389,"M1103","Pedrisco - Caminhão basculante 10 m³",0.20609,"tkm",5914359,5914374,5914389,"P",10,24720.9077]
[""]
[null,"PRINCIPAL:",4011463]
[]
[]
["","SISTEMA DE CUSTOS REFERENCIAIS DE OBRAS - SICRO",null,null,{"$f":"'MOMENTO DE TRANSPORTE - PRINC'!$C$1","v":"Pernambuco"},null,null,null,"Quantitivo"]
["","Custo Unitário de Referência",null,null,{"$f":"'MOMENTO DE TRANSPORTE - PRINC'!$E$1","v":"2023-11-01"},null,null,null,"(Coeficiente na composição principal) x (quantidade da principal no orçamento)",null,"m³"]
["",1107892,"Concreto fck = 20 MPa - confecção em betoneira e lançamento manual - areia e brita comerciais",{"$nulls":5},{"$f":"'MOMENTO DE TRANSPORTE - PRINC'!D60*VLOOKUP(C40,'RESUMO MODULO TOTAL'!C:M,7,FALSE)","v":1176}]
["","F - MOMENTO DE TRANSPORTE",null,"Quantidade","Unidade","DMT"]
["",{"$nulls":4},"LN","RP","P","TIPO (P, RP ou LN)","DMT ESTIMADA (km)","QUANTITATIVO TOTAL DE TRANSPORTE DE MATERIAL (tkm)"]
[{"$f":"IF(I34=\"P\",H34,IF(I34=\"RP\",G34,IF(I34=\"LN\",F34,\"\")))","v":5914479},"M0030","Aditivo plastificante e retardador de pega para concreto e argamassa - Caminhão carroceria 15 t",0.00085,"tkm",5914449,5914464,5914479,"P",{"$f":"$D$2","v":10},{"$f":"IF(ISBLANK(J34),\"\",J34*(D34*$I$31))","v":9.996}]
[{"$f":"IF(I35=\"P\",H35,IF(I35=\"RP\",G35,IF(I35=\"LN\",F35,\"\")))","v":5914389},"M0082","Areia média lavada - Caminhão basculante 10 m³",0.95001,"tkm",5914359,5914374,5914389,"P",{"$f":"J20","v":80},{"$f":"IF(ISBLANK(J35),\"\",J35*(D35*$I$31))","v":89376.9408}]
[5914389,"M0191","Brita 1 - Caminhão basculante 10 m³",0.55131,"tkm",5914359,5914374,5914389,"P",{"$f":"$D$2","v":10},{"$f":"IF(ISBLANK(J36),\"\",J36*(D36*$I$31))","v":6483.4056}]
[5914389,"M0192","Brita 2 - Caminhão basculante 10 m³",0.55131,"tkm",5914359,5914374,5914389,"P",10,{"$f":"IF(ISBLANK(J37),\"\",J37*(D37*$I$31))","v":6483.4056}]
[5914479,"M0424","Cimento Portland CP II - 32 - saco - Caminhão carroceria 15 t",0.28215,"tkm",5914449,5914464,5914479,"P",10,{"$f":"IF(ISBLANK(J38),\"\",J38*(D38*$I$31))","v":3318.084}]
[""]
[null,"PRINCIPAL:",2003377]
[]
["","SISTEMA DE CUSTOS REFERENCIAIS DE OBRAS - SICRO",null,null,{"$f":"'MOMENTO DE TRANSPORTE - PRINC'!$C$1","v":"Pernambuco"},null,null,null,"Quantitivo"]
["","Custo Unitário de Referência",null,null,{"$f":"'MOMENTO DE TRANSPORTE - PRINC'!$E$1","v":"2023-11-01"},null,null,null,"(Coeficiente na composição principal) x (quantidade da principal no orçamento)",null,"kg"]
["",2003842,"Enchimento de junta de concreto com argamassa asfáltica de densidade 1.700 kg/m³ - espessura de 1 cm",{"$nulls":5},{"$f":"'MOMENTO DE TRANSPORTE - PRINC'!D61*VLOOKUP(C49,'RESUMO MODULO TOTAL'!C:M,7,FALSE)","v":1666}]
["","F - MOMENTO DE TRANSPORTE",null,"Quantidade","Unidade","DMT"]
["",{"$nulls":4},"LN","RP","P","TIPO (P, RP ou LN)","DMT ESTIMADA (km)","QUANTITATIVO TOTAL DE TRANSPORTE DE MATERIAL (tkm)"]
[{"$f":"IF(I47=\"P\",H47,IF(I47=\"RP\",G47,IF(I47=\"LN\",F47,\"\")))","v":5914479},"M2158","Argamassa asfáltica - Caminhão carroceria com capacidade de 15 t - 188 Kw",0.001,"tkm",5914449,5914464,5914479,"P",{"$f":"$D$2","v":10},{"$f":"IF(ISBLANK(J47),\"\",J47*(D47*$I$44))","v":16.66}]
[]
[null,"PRINCIPAL:",2003377]
[]
["","SISTEMA DE CUSTOS REFERENCIAIS DE OBRAS - SICRO",null,null,{"$f":"'MOMENTO DE TRANSPORTE - PRINC'!$C$1","v":"Pernambuco"},null,null,null,"Quantitivo"]
["","Custo Unitário de Referência",null,null,{"$f":"'MOMENTO DE TRANSPORTE - PRINC'!$E$1","v":"2023-11-01"},null,null,null,"(Coeficiente na composição principal) x (quantidade da principal no orçamento)",null,"m²"]
["",3103302,"Fôrmas de tábuas de pinho para dispositivos de drenagem - utilização de 3 vezes - confecção, instalação e retirada",{"$nulls":5},{"$f":"'MOMENTO DE TRANSPORTE - PRINC'!D63*VLOOKUP(C61,'RESUMO MODULO TOTAL'!C:M,7,FALSE)","v":2427.6}]
["","F - MOMENTO DE TRANSPORTE",null,"Quantidade","Unidade","DMT"]
["",{"$nulls":4},"LN","RP","P","TIPO (P, RP ou LN)","DMT ESTIMADA (km)","QUANTITATIVO TOTAL DE TRANSPORTE DE MATERIAL (tkm)"]
[{"$f":"IF(I56=\"P\",H56,IF(I56=\"RP\",G56,IF(I56=\"LN\",F56,\"\")))","v":"5914479"},"M0560","Desmoldante para fôrmas de madeira - Caminhão carroceria com capacidade de 15 t - 188 Kw",2e-5,"tkm","5914449","5914464","5914479","P",{"$f":"$D$2","v":10},{"$f":"IF(ISBLANK(J56),\"\",J56*(D56*$I$53))","v":0.4855}]
[{"$f":"IF(I57=\"P\",H57,IF(I57=\"RP\",G57,IF(I57=\"LN\",F57,\"\")))","v":"5914479"},"M1205"," Prego de ferro - Caminhão carroceria com capacidade de 15 t - 188 kW",3e-5,"tkm","5914449","5914464","5914479","P",{"$f":"$D$2","v":10},{"$f":"IF(ISBLANK(J57),\"\",J57*(D57*$I$53))","v":0.7283}]
["5914479","M0290","Tábua - E = 2,5 cm e L = 10 cm - Caminhão carroceria com capacidade de 15 t - 188 kW",0.00304,"tkm","5914449","5914464","5914479","P",{"$f":"$D$2","v":10},73.799]
["5914479","M1429"," Tábua de pinho de terceira - E = 2,5 cm - Caminhão carroceria com capacidade de 15 t - 188 kW",0.01011,"tkm","5914449","5914464","5914479","P",10,245.4304]
[""]
[null,"PRINCIPAL:",2003377]
[]
[{"$f":"IF(I63=\"P\",H63,IF(I63=\"RP\",G63,IF(I63=\"LN\",F63,\"\")))","v":""}]

{"sheet":"ANP ESTADO","index":13,"n_rows":91595,"n_cols":4,"rows_kept":4500,"cut":true,"hidden":false,"merged":[[4,0,4,3],[4,7,4,13]],"bounds":{"rows_first":2000,"rows_last":500,"rows_between":2000,"halvings":0}}
["                       Agência Nacional do Petróleo, Gás Natural e Biocombustíveis"]
["                       Superintendência de Defesa da Concorrência"]
[]
[]
["PREÇO MÉDIO MENSAL PONDERADO PRATICADO PELOS DISTRIBUIDORES DE PRODUTOS ASFÁLTICOS (R$/KG)"]
[]
["Importante:","Quando não houver declaração de venda do produto selecionado, ou quando a declaração de venda do produto ocorrer por menos de 03 (três) distribuidoras, a tabela indicará campo vazio."]
["Mês","Produto","Estado","Preço"]
["2013-01-01","ASFALTOS DILUÍDOS CM-30","Acre","-"]
["2013-01-01","ASFALTOS DILUÍDOS CM-30","Alagoas","-"]
["2013-01-01","ASFALTOS DILUÍDOS CM-30","Amapá","-"]
["2013-01-01","ASFALTOS DILUÍDOS CM-30","Amazonas",1.45353]
["2013-01-01","ASFALTOS DILUÍDOS CM-30","Bahia",1.46404]
["2013-01-01","ASFALTOS DILUÍDOS CM-30","Ceará",1.448]
["2013-01-01","ASFALTOS DILUÍDOS CM-30","Distrito Federal","-"]
["2013-01-01","ASFALTOS DILUÍDOS CM-30","Espírito Santo","-"]
["2013-01-01","ASFALTOS DILUÍDOS CM-30","Goiás",1.68638]
["2013-01-01","ASFALTOS DILUÍDOS CM-30","Maranhão","-"]
["2013-01-01","ASFALTOS DILUÍDOS CM-30","Mato Grosso","-"]
["2013-01-01","ASFALTOS DILUÍDOS CM-30","Mato Grosso do Sul","-"]
["2013-01-01","ASFALTOS DILUÍDOS CM-30","Minas Gerais",1.45111]
["2013-01-01","ASFALTOS DILUÍDOS CM-30","Pará","-"]
["2013-01-01","ASFALTOS DILUÍDOS CM-30","Paraíba","-"]
["2013-01-01","ASFALTOS DILUÍDOS CM-30","Paraná",1.52013]
["2013-01-01","ASFALTOS DILUÍDOS CM-30","Pernambuco","-"]
["2013-01-01","ASFALTOS DILUÍDOS CM-30","Piauí","-"]
["2013-01-01","ASFALTOS DILUÍDOS CM-30","Rio de Janeiro",1.33048]
["2013-01-01","ASFALTOS DILUÍDOS CM-30","Rio Grande do Norte","-"]
["2013-01-01","ASFALTOS DILUÍDOS CM-30","Rio Grande do Sul",1.59861]
["2013-01-01","ASFALTOS DILUÍDOS CM-30","Rondônia","-"]
["2013-01-01","ASFALTOS DILUÍDOS CM-30","Roraima","-"]
["2013-01-01","ASFALTOS DILUÍDOS CM-30","Santa Catarina","-"]
["2013-01-01","ASFALTOS DILUÍDOS CM-30","São Paulo",1.47101]
["2013-01-01","ASFALTOS DILUÍDOS CM-30","Sergipe","-"]
["2013-01-01","ASFALTOS DILUÍDOS CM-30","Tocantins","-"]
["2013-02-01","ASFALTOS DILUÍDOS CM-30","Acre","-"]
["2013-02-01","ASFALTOS DILUÍDOS CM-30","Alagoas","-"]
["2013-02-01","ASFALTOS DILUÍDOS CM-30","Amapá","-"]
["2013-02-01","ASFALTOS DILUÍDOS CM-30","Amazonas",1.48558]
["2013-02-01","ASFALTOS DILUÍDOS CM-30","Bahia",1.45701]
["2013-02-01","ASFALTOS DILUÍDOS CM-30","Ceará",1.41319]
["2013-02-01","ASFALTOS DILUÍDOS CM-30","Distrito Federal","-"]
["2013-02-01","ASFALTOS DILUÍDOS CM-30","Espírito Santo","-"]
["2013-02-01","ASFALTOS DILUÍDOS CM-30","Goiás",1.66746]
["2013-02-01","ASFALTOS DILUÍDOS CM-30","Maranhão","-"]
["2013-02-01","ASFALTOS DILUÍDOS CM-30","Mato Grosso","-"]
["2013-02-01","ASFALTOS DILUÍDOS CM-30","Mato Grosso do Sul","-"]
["2013-02-01","ASFALTOS DILUÍDOS CM-30","Minas Gerais",1.45212]
["2013-02-01","ASFALTOS DILUÍDOS CM-30","Pará","-"]
["2013-02-01","ASFALTOS DILUÍDOS CM-30","Paraíba","-"]
["2013-02-01","ASFALTOS DILUÍDOS CM-30","Paraná",1.49378]
["2013-02-01","ASFALTOS DILUÍDOS CM-30","Pernambuco","-"]
["2013-02-01","ASFALTOS DILUÍDOS CM-30","Piauí","-"]
["2013-02-01","ASFALTOS DILUÍDOS CM-30","Rio de Janeiro",1.41823]
["2013-02-01","ASFALTOS DILUÍDOS CM-30","Rio Grande do Norte","-"]
["2013-02-01","ASFALTOS DILUÍDOS CM-30","Rio Grande do Sul",1.43586]
["2013-02-01","ASFALTOS DILUÍDOS CM-30","Rondônia","-"]
["2013-02-01","ASFALTOS DILUÍDOS CM-30","Roraima","-"]
["2013-02-01","ASFALTOS DILUÍDOS CM-30","Santa Catarina","-"]
["2013-02-01","ASFALTOS DILUÍDOS CM-30","São Paulo",1.43419]
["2013-02-01","ASFALTOS DILUÍDOS CM-30","Sergipe","-"]
["2013-02-01","ASFALTOS DILUÍDOS CM-30","Tocantins","-"]
["2013-03-01","ASFALTOS DILUÍDOS CM-30","Acre","-"]
["2013-03-01","ASFALTOS DILUÍDOS CM-30","Alagoas","-"]
["2013-03-01","ASFALTOS DILUÍDOS CM-30","Amapá","-"]
["2013-03-01","ASFALTOS DILUÍDOS CM-30","Amazonas",1.50792]
["2013-03-01","ASFALTOS DILUÍDOS CM-30","Bahia",1.44944]
["2013-03-01","ASFALTOS DILUÍDOS CM-30","Ceará",1.40161]
["2013-03-01","ASFALTOS DILUÍDOS CM-30","Distrito Federal","-"]
["2013-03-01","ASFALTOS DILUÍDOS CM-30","Espírito Santo","-"]
["2013-03-01","ASFALTOS DILUÍDOS CM-30","Goiás",1.66176]
["2013-03-01","ASFALTOS DILUÍDOS CM-30","Maranhão","-"]
["2013-03-01","ASFALTOS DILUÍDOS CM-30","Mato Grosso","-"]
["2013-03-01","ASFALTOS DILUÍDOS CM-30","Mato Grosso do Sul","-"]
["2013-03-01","ASFALTOS DILUÍDOS CM-30","Minas Gerais",1.44324]
["2013-03-01","ASFALTOS DILUÍDOS CM-30","Pará","-"]
["2013-03-01","ASFALTOS DILUÍDOS CM-30","Paraíba","-"]
["2013-03-01","ASFALTOS DILUÍDOS CM-30","Paraná",1.469]
["2013-03-01","ASFALTOS DILUÍDOS CM-30","Pernambuco","-"]
["2013-03-01","ASFALTOS DILUÍDOS CM-30","Piauí","-"]
["2013-03-01","ASFALTOS DILUÍDOS CM-30","Rio de Janeiro",1.43806]
["2013-03-01","ASFALTOS DILUÍDOS CM-30","Rio Grande do Norte","-"]
["2013-03-01","ASFALTOS DILUÍDOS CM-30","Rio Grande do Sul",1.58143]
["2013-03-01","ASFALTOS DILUÍDOS CM-30","Rondônia","-"]
["2013-03-01","ASFALTOS DILUÍDOS CM-30","Roraima","-"]
["2013-03-01","ASFALTOS DILUÍDOS CM-30","Santa Catarina","-"]
["2013-03-01","ASFALTOS DILUÍDOS CM-30","São Paulo",1.46606]
["2013-03-01","ASFALTOS DILUÍDOS CM-30","Sergipe","-"]
["2013-03-01","ASFALTOS DILUÍDOS CM-30","Tocantins","-"]
["2013-04-01","ASFALTOS DILUÍDOS CM-30","Acre","-"]
["2013-04-01","ASFALTOS DILUÍDOS CM-30","Alagoas","-"]
["2013-04-01","ASFALTOS DILUÍDOS CM-30","Amapá","-"]
["2013-04-01","ASFALTOS DILUÍDOS CM-30","Amazonas",1.4848]
["2013-04-01","ASFALTOS DILUÍDOS CM-30","Bahia",1.45484]
["2013-04-01","ASFALTOS DILUÍDOS CM-30","Ceará",1.38707]
["2013-04-01","ASFALTOS DILUÍDOS CM-30","Distrito Federal","-"]
["2013-04-01","ASFALTOS DILUÍDOS CM-30","Espírito Santo","-"]
["2013-04-01","ASFALTOS DILUÍDOS CM-30","Goiás",1.67348]
["2013-04-01","ASFALTOS DILUÍDOS CM-30","Maranhão","-"]
["2013-04-01","ASFALTOS DILUÍDOS CM-30","Mato Grosso",1.92194]
["2013-04-01","ASFALTOS DILUÍDOS CM-30","Mato Grosso do Sul","-"]
["2013-04-01","ASFALTOS DILUÍDOS CM-30","Minas Gerais",1.45656]
["2013-04-01","ASFALTOS DILUÍDOS CM-30","Pará","-"]
["2013-04-01","ASFALTOS DILUÍDOS CM-30","Paraíba","-"]
["2013-04-01","ASFALTOS DILUÍDOS CM-30","Paraná",1.53442]
["2013-04-01","ASFALTOS DILUÍDOS CM-30","Pernambuco","-"]
["2013-04-01","ASFALTOS DILUÍDOS CM-30","Piauí","-"]
["2013-04-01","ASFALTOS DILUÍDOS CM-30","Rio de Janeiro",1.41842]
["2013-04-01","ASFALTOS DILUÍDOS CM-30","Rio Grande do Norte","-"]
["2013-04-01","ASFALTOS DILUÍDOS CM-30","Rio Grande do Sul",1.57258]
["2013-04-01","ASFALTOS DILUÍDOS CM-30","Rondônia","-"]
["2013-04-01","ASFALTOS DILUÍDOS CM-30","Roraima","-"]
["2013-04-01","ASFALTOS DILUÍDOS CM-30","Santa Catarina","-"]
["2013-04-01","ASFALTOS DILUÍDOS CM-30","São Paulo",1.47576]
["2013-04-01","ASFALTOS DILUÍDOS CM-30","Sergipe","-"]
["2013-04-01","ASFALTOS DILUÍDOS CM-30","Tocantins","-"]
["2013-05-01","ASFALTOS DILUÍDOS CM-30","Acre","-"]
["2013-05-01","ASFALTOS DILUÍDOS CM-30","Alagoas","-"]
["2013-05-01","ASFALTOS DILUÍDOS CM-30","Amapá","-"]
["2013-05-01","ASFALTOS DILUÍDOS CM-30","Amazonas","-"]
["2013-05-01","ASFALTOS DILUÍDOS CM-30","Bahia",1.49259]
["2013-05-01","ASFALTOS DILUÍDOS CM-30","Ceará",1.37626]
["2013-05-01","ASFALTOS DILUÍDOS CM-30","Distrito Federal","-"]
["2013-05-01","ASFALTOS DILUÍDOS CM-30","Espírito Santo","-"]
["2013-05-01","ASFALTOS DILUÍDOS CM-30","Goiás",1.66821]
["2013-05-01","ASFALTOS DILUÍDOS CM-30","Maranhão","-"]
["2013-05-01","ASFALTOS DILUÍDOS CM-30","Mato Grosso",1.9031]
["2013-05-01","ASFALTOS DILUÍDOS CM-30","Mato Grosso do Sul","-"]
["2013-05-01","ASFALTOS DILUÍDOS CM-30","Minas Gerais",1.46471]
["2013-05-01","ASFALTOS DILUÍDOS CM-30","Pará","-"]
["2013-05-01","ASFALTOS DILUÍDOS CM-30","Paraíba","-"]
["2013-05-01","ASFALTOS DILUÍDOS CM-30","Paraná",1.48903]
["2013-05-01","ASFALTOS DILUÍDOS CM-30","Pernambuco","-"]
["2013-05-01","ASFALTOS DILUÍDOS CM-30","Piauí","-"]
["2013-05-01","ASFALTOS DILUÍDOS CM-30","Rio de Janeiro",1.39926]
["2013-05-01","ASFALTOS DILUÍDOS CM-30","Rio Grande do Norte","-"]
["2013-05-01","ASFALTOS DILUÍDOS CM-30","Rio Grande do Sul",1.53964]
["2013-05-01","ASFALTOS DILUÍDOS CM-30","Rondônia","-"]
["2013-05-01","ASFALTOS DILUÍDOS CM-30","Roraima","-"]
["2013-05-01","ASFALTOS DILUÍDOS CM-30","Santa Catarina","-"]
["2013-05-01","ASFALTOS DILUÍDOS CM-30","São Paulo",1.45122]
["2013-05-01","ASFALTOS DILUÍDOS CM-30","Sergipe","-"]
["2013-05-01","ASFALTOS DILUÍDOS CM-30","Tocantins","-"]
["2013-06-01","ASFALTOS DILUÍDOS CM-30","Acre","-"]
["2013-06-01","ASFALTOS DILUÍDOS CM-30","Alagoas","-"]
["2013-06-01","ASFALTOS DILUÍDOS CM-30","Amapá","-"]
["2013-06-01","ASFALTOS DILUÍDOS CM-30","Amazonas",1.58633]
["2013-06-01","ASFALTOS DILUÍDOS CM-30","Bahia",1.44813]
["2013-06-01","ASFALTOS DILUÍDOS CM-30","Ceará",1.3827]
["2013-06-01","ASFALTOS DILUÍDOS CM-30","Distrito Federal","-"]
["2013-06-01","ASFALTOS DILUÍDOS CM-30","Espírito Santo","-"]
["2013-06-01","ASFALTOS DILUÍDOS CM-30","Goiás",1.69961]
["2013-06-01","ASFALTOS DILUÍDOS CM-30","Maranhão","-"]
["2013-06-01","ASFALTOS DILUÍDOS CM-30","Mato Grosso",1.91598]
["2013-06-01","ASFALTOS DILUÍDOS CM-30","Mato Grosso do Sul","-"]
["2013-06-01","ASFALTOS DILUÍDOS CM-30","Minas Gerais",1.47537]
["2013-06-01","ASFALTOS DILUÍDOS CM-30","Pará","-"]
["2013-06-01","ASFALTOS DILUÍDOS CM-30","Paraíba","-"]
["2013-06-01","ASFALTOS DILUÍDOS CM-30","Paraná",1.43217]
["2013-06-01","ASFALTOS DILUÍDOS CM-30","Pernambuco","-"]
["2013-06-01","ASFALTOS DILUÍDOS CM-30","Piauí","-"]
["2013-06-01","ASFALTOS DILUÍDOS CM-30","Rio de Janeiro",1.52742]
["2013-06-01","ASFALTOS DILUÍDOS CM-30","Rio Grande do Norte","-"]
["2013-06-01","ASFALTOS DILUÍDOS CM-30","Rio Grande do Sul",1.59868]
["2013-06-01","ASFALTOS DILUÍDOS CM-30","Rondônia","-"]
["2013-06-01","ASFALTOS DILUÍDOS CM-30","Roraima","-"]
["2013-06-01","ASFALTOS DILUÍDOS CM-30","Santa Catarina","-"]
["2013-06-01","ASFALTOS DILUÍDOS CM-30","São Paulo",1.43275]
["2013-06-01","ASFALTOS DILUÍDOS CM-30","Sergipe","-"]
["2013-06-01","ASFALTOS DILUÍDOS CM-30","Tocantins","-"]
["2013-07-01","ASFALTOS DILUÍDOS CM-30","Acre","-"]
["2013-07-01","ASFALTOS DILUÍDOS CM-30","Alagoas","-"]
["2013-07-01","ASFALTOS DILUÍDOS CM-30","Amapá","-"]
["2013-07-01","ASFALTOS DILUÍDOS CM-30","Amazonas",1.50989]
["2013-07-01","ASFALTOS DILUÍDOS CM-30","Bahia",1.43615]
["2013-07-01","ASFALTOS DILUÍDOS CM-30","Ceará",1.42484]
["2013-07-01","ASFALTOS DILUÍDOS CM-30","Distrito Federal","-"]
["2013-07-01","ASFALTOS DILUÍDOS CM-30","Espírito Santo","-"]
["2013-07-01","ASFALTOS DILUÍDOS CM-30","Goiás",1.66378]
["2013-07-01","ASFALTOS DILUÍDOS CM-30","Maranhão","-"]
["2013-07-01","ASFALTOS DILUÍDOS CM-30","Mato Grosso",1.93059]
["2013-07-01","ASFALTOS DILUÍDOS CM-30","Mato Grosso do Sul","-"]
["2013-07-01","ASFALTOS DILUÍDOS CM-30","Minas Gerais",1.47657]
["2013-07-01","ASFALTOS DILUÍDOS CM-30","Pará","-"]
["2013-07-01","ASFALTOS DILUÍDOS CM-30","Paraíba","-"]
["2013-07-01","ASFALTOS DILUÍDOS CM-30","Paraná",1.47717]
["2013-07-01","ASFALTOS DILUÍDOS CM-30","Pernambuco","-"]
["2013-07-01","ASFALTOS DILUÍDOS CM-30","Piauí","-"]
["2013-07-01","ASFALTOS DILUÍDOS CM-30","Rio de Janeiro",1.58446]
["2013-07-01","ASFALTOS DILUÍDOS CM-30","Rio Grande do Norte","-"]
["2013-07-01","ASFALTOS DILUÍDOS CM-30","Rio Grande do Sul",1.61249]
["2013-07-01","ASFALTOS DILUÍDOS CM-30","Rondônia","-"]
["2013-07-01","ASFALTOS DILUÍDOS CM-30","Roraima","-"]
["2013-07-01","ASFALTOS DILUÍDOS CM-30","Santa Catarina","-"]
["2013-07-01","ASFALTOS DILUÍDOS CM-30","São Paulo",1.50784]
["2013-07-01","ASFALTOS DILUÍDOS CM-30","Sergipe","-"]
["2013-07-01","ASFALTOS DILUÍDOS CM-30","Tocantins","-"]
["2013-08-01","ASFALTOS DILUÍDOS CM-30","Acre","-"]
["2013-08-01","ASFALTOS DILUÍDOS CM-30","Alagoas","-"]
["2013-08-01","ASFALTOS DILUÍDOS CM-30","Amapá","-"]
["2013-08-01","ASFALTOS DILUÍDOS CM-30","Amazonas",1.50928]
["2013-08-01","ASFALTOS DILUÍDOS CM-30","Bahia",1.4167]
["2013-08-01","ASFALTOS DILUÍDOS CM-30","Ceará",1.4474]
["2013-08-01","ASFALTOS DILUÍDOS CM-30","Distrito Federal","-"]
["2013-08-01","ASFALTOS DILUÍDOS CM-30","Espírito Santo","-"]
["2013-08-01","ASFALTOS DILUÍDOS CM-30","Goiás",1.73341]
["2013-08-01","ASFALTOS DILUÍDOS CM-30","Maranhão","-"]
["2013-08-01","ASFALTOS DILUÍDOS CM-30","Mato Grosso",1.93687]
["2013-08-01","ASFALTOS DILUÍDOS CM-30","Mato Grosso do Sul","-"]
["2013-08-01","ASFALTOS DILUÍDOS CM-30","Minas Gerais",1.49714]
["2013-08-01","ASFALTOS DILUÍDOS CM-30","Pará","-"]
["2013-08-01","ASFALTOS DILUÍDOS CM-30","Paraíba","-"]
["2013-08-01","ASFALTOS DILUÍDOS CM-30","Paraná",1.55496]
["2013-08-01","ASFALTOS DILUÍDOS CM-30","Pernambuco","-"]
["2013-08-01","ASFALTOS DILUÍDOS CM-30","Piauí","-"]
["2013-08-01","ASFALTOS DILUÍDOS CM-30","Rio de Janeiro",1.61007]
["2013-08-01","ASFALTOS DILUÍDOS CM-30","Rio Grande do Norte","-"]
["2013-08-01","ASFALTOS DILUÍDOS CM-30","Rio Grande do Sul",1.48575]
["2013-08-01","ASFALTOS DILUÍDOS CM-30","Rondônia","-"]
["2013-08-01","ASFALTOS DILUÍDOS CM-30","Roraima","-"]
["2013-08-01","ASFALTOS DILUÍDOS CM-30","Santa Catarina","-"]
["2013-08-01","ASFALTOS DILUÍDOS CM-30","São Paulo",1.49337]
["2013-08-01","ASFALTOS DILUÍDOS CM-30","Sergipe","-"]
["2013-08-01","ASFALTOS DILUÍDOS CM-30","Tocantins","-"]
["2013-09-01","ASFALTOS DILUÍDOS CM-30","Acre","-"]
["2013-09-01","ASFALTOS DILUÍDOS CM-30","Alagoas","-"]
["2013-09-01","ASFALTOS DILUÍDOS CM-30","Amapá","-"]
["2013-09-01","ASFALTOS DILUÍDOS CM-30","Amazonas",1.4609]
["2013-09-01","ASFALTOS DILUÍDOS CM-30","Bahia",1.45523]
["2013-09-01","ASFALTOS DILUÍDOS CM-30","Ceará",1.48326]
["2013-09-01","ASFALTOS DILUÍDOS CM-30","Distrito Federal","-"]
["2013-09-01","ASFALTOS DILUÍDOS CM-30","Espírito Santo","-"]
["2013-09-01","ASFALTOS DILUÍDOS CM-30","Goiás",1.76954]
["2013-09-01","ASFALTOS DILUÍDOS CM-30","Maranhão","-"]
["2013-09-01","ASFALTOS DILUÍDOS CM-30","Mato Grosso",1.99445]
["2013-09-01","ASFALTOS DILUÍDOS CM-30","Mato Grosso do Sul","-"]
["2013-09-01","ASFALTOS DILUÍDOS CM-30","Minas Gerais",1.55204]
["2013-09-01","ASFALTOS DILUÍDOS CM-30","Pará","-"]
["2013-09-01","ASFALTOS DILUÍDOS CM-30","Paraíba","-"]
["2013-09-01","ASFALTOS DILUÍDOS CM-30","Paraná",1.49883]
["2013-09-01","ASFALTOS DILUÍDOS CM-30","Pernambuco","-"]
["2013-09-01","ASFALTOS DILUÍDOS CM-30","Piauí","-"]
["2013-09-01","ASFALTOS DILUÍDOS CM-30","Rio de Janeiro",1.54852]
["2013-09-01","ASFALTOS DILUÍDOS CM-30","Rio Grande do Norte","-"]
["2013-09-01","ASFALTOS DILUÍDOS CM-30","Rio Grande do Sul",1.46623]
["2013-09-01","ASFALTOS DILUÍDOS CM-30","Rondônia","-"]
["2013-09-01","ASFALTOS DILUÍDOS CM-30","Roraima","-"]
["2013-09-01","ASFALTOS DILUÍDOS CM-30","Santa Catarina","-"]
["2013-09-01","ASFALTOS DILUÍDOS CM-30","São Paulo",1.51833]
["2013-09-01","ASFALTOS DILUÍDOS CM-30","Sergipe","-"]
["2013-09-01","ASFALTOS DILUÍDOS CM-30","Tocantins","-"]
["2013-10-01","ASFALTOS DILUÍDOS CM-30","Acre","-"]
["2013-10-01","ASFALTOS DILUÍDOS CM-30","Alagoas","-"]
["2013-10-01","ASFALTOS DILUÍDOS CM-30","Amapá","-"]
["2013-10-01","ASFALTOS DILUÍDOS CM-30","Amazonas",1.52433]
["2013-10-01","ASFALTOS DILUÍDOS CM-30","Bahia",1.47278]
["2013-10-01","ASFALTOS DILUÍDOS CM-30","Ceará",1.48034]
["2013-10-01","ASFALTOS DILUÍDOS CM-30","Distrito Federal","-"]
["2013-10-01","ASFALTOS DILUÍDOS CM-30","Espírito Santo","-"]
["2013-10-01","ASFALTOS DILUÍDOS CM-30","Goiás",1.70027]
["2013-10-01","ASFALTOS DILUÍDOS CM-30","Maranhão","-"]
["2013-10-01","ASFALTOS DILUÍDOS CM-30","Mato Grosso",1.95605]
["2013-10-01","ASFALTOS DILUÍDOS CM-30","Mato Grosso do Sul","-"]
["2013-10-01","ASFALTOS DILUÍDOS CM-30","Minas Gerais",1.50613]
["2013-10-01","ASFALTOS DILUÍDOS CM-30","Pará",1.7431]
["2013-10-01","ASFALTOS DILUÍDOS CM-30","Paraíba","-"]
["2013-10-01","ASFALTOS DILUÍDOS CM-30","Paraná",1.51234]
["2013-10-01","ASFALTOS DILUÍDOS CM-30","Pernambuco","-"]
["2013-10-01","ASFALTOS DILUÍDOS CM-30","Piauí","-"]
["2013-10-01","ASFALTOS DILUÍDOS CM-30","Rio de Janeiro",1.51048]
["2013-10-01","ASFALTOS DILUÍDOS CM-30","Rio Grande do Norte","-"]
["2013-10-01","ASFALTOS DILUÍDOS CM-30","Rio Grande do Sul",1.43667]
["2013-10-01","ASFALTOS DILUÍDOS CM-30","Rondônia","-"]
["2013-10-01","ASFALTOS DILUÍDOS CM-30","Roraima","-"]
["2013-10-01","ASFALTOS DILUÍDOS CM-30","Santa Catarina","-"]
["2013-10-01","ASFALTOS DILUÍDOS CM-30","São Paulo",1.47935]
["2013-10-01","ASFALTOS DILUÍDOS CM-30","Sergipe","-"]
["2013-10-01","ASFALTOS DILUÍDOS CM-30","Tocantins","-"]
["2013-11-01","ASFALTOS DILUÍDOS CM-30","Acre","-"]
["2013-11-01","ASFALTOS DILUÍDOS CM-30","Alagoas","-"]
["2013-11-01","ASFALTOS DILUÍDOS CM-30","Amapá","-"]
["2013-11-01","ASFALTOS DILUÍDOS CM-30","Amazonas",1.49955]
["2013-11-01","ASFALTOS DILUÍDOS CM-30","Bahia",1.50088]
["2013-11-01","ASFALTOS DILUÍDOS CM-30","Ceará",1.48756]
["2013-11-01","ASFALTOS DILUÍDOS CM-30","Distrito Federal","-"]
["2013-11-01","ASFALTOS DILUÍDOS CM-30","Espírito Santo","-"]
["2013-11-01","ASFALTOS DILUÍDOS CM-30","Goiás",1.79294]
["2013-11-01","ASFALTOS DILUÍDOS CM-30","Maranhão","-"]
["2013-11-01","ASFALTOS DILUÍDOS CM-30","Mato Grosso",1.94348]
["2013-11-01","ASFALTOS DILUÍDOS CM-30","Mato Grosso do Sul","-"]
["2013-11-01","ASFALTOS DILUÍDOS CM-30","Minas Gerais",1.48515]
["2013-11-01","ASFALTOS DILUÍDOS CM-30","Pará",1.72409]
["2013-11-01","ASFALTOS DILUÍDOS CM-30","Paraíba","-"]
["2013-11-01","ASFALTOS DILUÍDOS CM-30","Paraná",1.5581]
["2013-11-01","ASFALTOS DILUÍDOS CM-30","Pernambuco","-"]
["2013-11-01","ASFALTOS DILUÍDOS CM-30","Piauí","-"]
["2013-11-01","ASFALTOS DILUÍDOS CM-30","Rio de Janeiro",1.56734]
["2013-11-01","ASFALTOS DILUÍDOS CM-30","Rio Grande do Norte","-"]
["2013-11-01","ASFALTOS DILUÍDOS CM-30","Rio Grande do Sul",1.42577]
["2013-11-01","ASFALTOS DILUÍDOS CM-30","Rondônia","-"]
["2013-11-01","ASFALTOS DILUÍDOS CM-30","Roraima","-"]
["2013-11-01","ASFALTOS DILUÍDOS CM-30","Santa Catarina","-"]
["2013-11-01","ASFALTOS DILUÍDOS CM-30","São Paulo",1.48851]
["2013-11-01","ASFALTOS DILUÍDOS CM-30","Sergipe","-"]
["2013-11-01","ASFALTOS DILUÍDOS CM-30","Tocantins","-"]
["2013-12-01","ASFALTOS DILUÍDOS CM-30","Acre","-"]
["2013-12-01","ASFALTOS DILUÍDOS CM-30","Alagoas","-"]
["2013-12-01","ASFALTOS DILUÍDOS CM-30","Amapá","-"]
["2013-12-01","ASFALTOS DILUÍDOS CM-30","Amazonas",1.52603]
["2013-12-01","ASFALTOS DILUÍDOS CM-30","Bahia",1.47671]
["2013-12-01","ASFALTOS DILUÍDOS CM-30","Ceará",1.5036]
["2013-12-01","ASFALTOS DILUÍDOS CM-30","Distrito Federal","-"]
["2013-12-01","ASFALTOS DILUÍDOS CM-30","Espírito Santo","-"]
["2013-12-01","ASFALTOS DILUÍDOS CM-30","Goiás",1.81174]
["2013-12-01","ASFALTOS DILUÍDOS CM-30","Maranhão","-"]
["2013-12-01","ASFALTOS DILUÍDOS CM-30","Mato Grosso",1.93392]
["2013-12-01","ASFALTOS DILUÍDOS CM-30","Mato Grosso do Sul","-"]
["2013-12-01","ASFALTOS DILUÍDOS CM-30","Minas Gerais",1.46745]
["2013-12-01","ASFALTOS DILUÍDOS CM-30","Pará",1.7439]
["2013-12-01","ASFALTOS DILUÍDOS CM-30","Paraíba","-"]
["2013-12-01","ASFALTOS DILUÍDOS CM-30","Paraná",1.65687]
["2013-12-01","ASFALTOS DILUÍDOS CM-30","Pernambuco","-"]
["2013-12-01","ASFALTOS DILUÍDOS CM-30","Piauí","-"]
["2013-12-01","ASFALTOS DILUÍDOS CM-30","Rio de Janeiro",1.555]
["2013-12-01","ASFALTOS DILUÍDOS CM-30","Rio Grande do Norte","-"]
["2013-12-01","ASFALTOS DILUÍDOS CM-30","Rio Grande do Sul",1.4463]
["2013-12-01","ASFALTOS DILUÍDOS CM-30","Rondônia","-"]
["2013-12-01","ASFALTOS DILUÍDOS CM-30","Roraima","-"]
["2013-12-01","ASFALTOS DILUÍDOS CM-30","Santa Catarina","-"]
["2013-12-01","ASFALTOS DILUÍDOS CM-30","São Paulo",1.51309]
["2013-12-01","ASFALTOS DILUÍDOS CM-30","Sergipe","-"]
["2013-12-01","ASFALTOS DILUÍDOS CM-30","Tocantins","-"]
["2014-01-01","ASFALTOS DILUÍDOS CM-30","Acre","-"]
["2014-01-01","ASFALTOS DILUÍDOS CM-30","Alagoas","-"]
["2014-01-01","ASFALTOS DILUÍDOS CM-30","Amapá","-"]
["2014-01-01","ASFALTOS DILUÍDOS CM-30","Amazonas",1.54704]
["2014-01-01","ASFALTOS DILUÍDOS CM-30","Bahia",1.49203]
["2014-01-01","ASFALTOS DILUÍDOS CM-30","Ceará",1.50065]
["2014-01-01","ASFALTOS DILUÍDOS CM-30","Distrito Federal","-"]
["2014-01-01","ASFALTOS DILUÍDOS CM-30","Espírito Santo","-"]
["2014-01-01","ASFALTOS DILUÍDOS CM-30","Goiás",1.77386]
["2014-01-01","ASFALTOS DILUÍDOS CM-30","Maranhão","-"]
["2014-01-01","ASFALTOS DILUÍDOS CM-30","Mato Grosso",1.95806]
["2014-01-01","ASFALTOS DILUÍDOS CM-30","Mato Grosso do Sul","-"]
["2014-01-01","ASFALTOS DILUÍDOS CM-30","Minas Gerais",1.43792]
["2014-01-01","ASFALTOS DILUÍDOS CM-30","Pará","-"]
["2014-01-01","ASFALTOS DILUÍDOS CM-30","Paraíba","-"]
["2014-01-01","ASFALTOS DILUÍDOS CM-30","Paraná",1.59316]
["2014-01-01","ASFALTOS DILUÍDOS CM-30","Pernambuco","-"]
["2014-01-01","ASFALTOS DILUÍDOS CM-30","Piauí","-"]
["2014-01-01","ASFALTOS DILUÍDOS CM-30","Rio de Janeiro",1.5297]
["2014-01-01","ASFALTOS DILUÍDOS CM-30","Rio Grande do Norte","-"]
["2014-01-01","ASFALTOS DILUÍDOS CM-30","Rio Grande do Sul",1.43836]
["2014-01-01","ASFALTOS DILUÍDOS CM-30","Rondônia","-"]
["2014-01-01","ASFALTOS DILUÍDOS CM-30","Roraima","-"]
["2014-01-01","ASFALTOS DILUÍDOS CM-30","Santa Catarina","-"]
["2014-01-01","ASFALTOS DILUÍDOS CM-30","São Paulo",1.50951]
["2014-01-01","ASFALTOS DILUÍDOS CM-30","Sergipe","-"]
["2014-01-01","ASFALTOS DILUÍDOS CM-30","Tocantins","-"]
["2014-02-01","ASFALTOS DILUÍDOS CM-30","Acre","-"]
["2014-02-01","ASFALTOS DILUÍDOS CM-30","Alagoas","-"]
["2014-02-01","ASFALTOS DILUÍDOS CM-30","Amapá","-"]
["2014-02-01","ASFALTOS DILUÍDOS CM-30","Amazonas",1.54211]
["2014-02-01","ASFALTOS DILUÍDOS CM-30","Bahia",1.47569]
["2014-02-01","ASFALTOS DILUÍDOS CM-30","Ceará",1.4904]
["2014-02-01","ASFALTOS DILUÍDOS CM-30","Distrito Federal","-"]
["2014-02-01","ASFALTOS DILUÍDOS CM-30","Espírito Santo","-"]
["2014-02-01","ASFALTOS DILUÍDOS CM-30","Goiás",1.74973]
["2014-02-01","ASFALTOS DILUÍDOS CM-30","Maranhão","-"]
["2014-02-01","ASFALTOS DILUÍDOS CM-30","Mato Grosso",1.94526]
["2014-02-01","ASFALTOS DILUÍDOS CM-30","Mato Grosso do Sul","-"]
["2014-02-01","ASFALTOS DILUÍDOS CM-30","Minas Gerais",1.50172]
["2014-02-01","ASFALTOS DILUÍDOS CM-30","Pará","-"]
["2014-02-01","ASFALTOS DILUÍDOS CM-30","Paraíba","-"]
["2014-02-01","ASFALTOS DILUÍDOS CM-30","Paraná",1.56237]
["2014-02-01","ASFALTOS DILUÍDOS CM-30","Pernambuco","-"]
["2014-02-01","ASFALTOS DILUÍDOS CM-30","Piauí","-"]
["2014-02-01","ASFALTOS DILUÍDOS CM-30","Rio de Janeiro",1.57043]
["2014-02-01","ASFALTOS DILUÍDOS CM-30","Rio Grande do Norte","-"]
["2014-02-01","ASFALTOS DILUÍDOS CM-30","Rio Grande do Sul",1.44712]
["2014-02-01","ASFALTOS DILUÍDOS CM-30","Rondônia","-"]
["2014-02-01","ASFALTOS DILUÍDOS CM-30","Roraima","-"]
["2014-02-01","ASFALTOS DILUÍDOS CM-30","Santa Catarina","-"]
["2014-02-01","ASFALTOS DILUÍDOS CM-30","São Paulo",1.49405]
["2014-02-01","ASFALTOS DILUÍDOS CM-30","Sergipe","-"]
["2014-02-01","ASFALTOS DILUÍDOS CM-30","Tocantins","-"]
["2014-03-01","ASFALTOS DILUÍDOS CM-30","Acre","-"]
["2014-03-01","ASFALTOS DILUÍDOS CM-30","Alagoas","-"]
["2014-03-01","ASFALTOS DILUÍDOS CM-30","Amapá","-"]
["2014-03-01","ASFALTOS DILUÍDOS CM-30","Amazonas",1.60424]
["2014-03-01","ASFALTOS DILUÍDOS CM-30","Bahia",1.49235]
["2014-03-01","ASFALTOS DILUÍDOS CM-30","Ceará",1.48239]
["2014-03-01","ASFALTOS DILUÍDOS CM-30","Distrito Federal","-"]
["2014-03-01","ASFALTOS DILUÍDOS CM-30","Espírito Santo","-"]
["2014-03-01","ASFALTOS DILUÍDOS CM-30","Goiás","-"]
["2014-03-01","ASFALTOS DILUÍDOS CM-30","Maranhão","-"]
["2014-03-01","ASFALTOS DILUÍDOS CM-30","Mato Grosso",2.01484]
["2014-03-01","ASFALTOS DILUÍDOS CM-30","Mato Grosso do Sul","-"]
["2014-03-01","ASFALTOS DILUÍDOS CM-30","Minas Gerais",1.48089]
["2014-03-01","ASFALTOS DILUÍDOS CM-30","Pará",1.78978]
["2014-03-01","ASFALTOS DILUÍDOS CM-30","Paraíba","-"]
["2014-03-01","ASFALTOS DILUÍDOS CM-30","Paraná",1.55333]
["2014-03-01","ASFALTOS DILUÍDOS CM-30","Pernambuco","-"]
["2014-03-01","ASFALTOS DILUÍDOS CM-30","Piauí","-"]
["2014-03-01","ASFALTOS DILUÍDOS CM-30","Rio de Janeiro",1.55254]
["2014-03-01","ASFALTOS DILUÍDOS CM-30","Rio Grande do Norte","-"]
["2014-03-01","ASFALTOS DILUÍDOS CM-30","Rio Grande do Sul",1.4386]
["2014-03-01","ASFALTOS DILUÍDOS CM-30","Rondônia","-"]
["2014-03-01","ASFALTOS DILUÍDOS CM-30","Roraima","-"]
["2014-03-01","ASFALTOS DILUÍDOS CM-30","Santa Catarina","-"]
["2014-03-01","ASFALTOS DILUÍDOS CM-30","São Paulo",1.5332]
["2014-03-01","ASFALTOS DILUÍDOS CM-30","Sergipe","-"]
["2014-03-01","ASFALTOS DILUÍDOS CM-30","Tocantins","-"]
["2014-04-01","ASFALTOS DILUÍDOS CM-30","Acre","-"]
["2014-04-01","ASFALTOS DILUÍDOS CM-30","Alagoas","-"]
["2014-04-01","ASFALTOS DILUÍDOS CM-30","Amapá","-"]
["2014-04-01","ASFALTOS DILUÍDOS CM-30","Amazonas","-"]
["2014-04-01","ASFALTOS DILUÍDOS CM-30","Bahia",1.49343]
["2014-04-01","ASFALTOS DILUÍDOS CM-30","Ceará",1.51009]
["2014-04-01","ASFALTOS DILUÍDOS CM-30","Distrito Federal","-"]
["2014-04-01","ASFALTOS DILUÍDOS CM-30","Espírito Santo","-"]
["2014-04-01","ASFALTOS DILUÍDOS CM-30","Goiás",1.71632]
["2014-04-01","ASFALTOS DILUÍDOS CM-30","Maranhão","-"]
["2014-04-01","ASFALTOS DILUÍDOS CM-30","Mato Grosso",1.87507]
["2014-04-01","ASFALTOS DILUÍDOS CM-30","Mato Grosso do Sul","-"]
["2014-04-01","ASFALTOS DILUÍDOS CM-30","Minas Gerais",1.50673]
["2014-04-01","ASFALTOS DILUÍDOS CM-30","Pará","-"]
["2014-04-01","ASFALTOS DILUÍDOS CM-30","Paraíba","-"]
["2014-04-01","ASFALTOS DILUÍDOS CM-30","Paraná",1.56529]
["2014-04-01","ASFALTOS DILUÍDOS CM-30","Pernambuco","-"]
["2014-04-01","ASFALTOS DILUÍDOS CM-30","Piauí","-"]
["2014-04-01","ASFALTOS DILUÍDOS CM-30","Rio de Janeiro",1.5716]
["2014-04-01","ASFALTOS DILUÍDOS CM-30","Rio Grande do Norte","-"]
["2014-04-01","ASFALTOS DILUÍDOS CM-30","Rio Grande do Sul",1.47461]
["2014-04-01","ASFALTOS DILUÍDOS CM-30","Rondônia","-"]
["2014-04-01","ASFALTOS DILUÍDOS CM-30","Roraima","-"]
["2014-04-01","ASFALTOS DILUÍDOS CM-30","Santa Catarina","-"]
["2014-04-01","ASFALTOS DILUÍDOS CM-30","São Paulo",1.55357]
["2014-04-01","ASFALTOS DILUÍDOS CM-30","Sergipe","-"]
["2014-04-01","ASFALTOS DILUÍDOS CM-30","Tocantins","-"]
["2014-05-01","ASFALTOS DILUÍDOS CM-30","Acre","-"]
["2014-05-01","ASFALTOS DILUÍDOS CM-30","Alagoas","-"]
["2014-05-01","ASFALTOS DILUÍDOS CM-30","Amapá","-"]
["2014-05-01","ASFALTOS DILUÍDOS CM-30","Amazonas",1.49124]
["2014-05-01","ASFALTOS DILUÍDOS CM-30","Bahia",1.49103]
["2014-05-01","ASFALTOS DILUÍDOS CM-30","Ceará",1.50016]
["2014-05-01","ASFALTOS DILUÍDOS CM-30","Distrito Federal","-"]
["2014-05-01","ASFALTOS DILUÍDOS CM-30","Espírito Santo","-"]
["2014-05-01","ASFALTOS DILUÍDOS CM-30","Goiás",1.73088]
["2014-05-01","ASFALTOS DILUÍDOS CM-30","Maranhão","-"]
["2014-05-01","ASFALTOS DILUÍDOS CM-30","Mato Grosso",2.0018]
["2014-05-01","ASFALTOS DILUÍDOS CM-30","Mato Grosso do Sul","-"]
["2014-05-01","ASFALTOS DILUÍDOS CM-30","Minas Gerais",1.49509]
["2014-05-01","ASFALTOS DILUÍDOS CM-30","Pará",1.91226]
["2014-05-01","ASFALTOS DILUÍDOS CM-30","Paraíba","-"]
["2014-05-01","ASFALTOS DILUÍDOS CM-30","Paraná",1.60335]
["2014-05-01","ASFALTOS DILUÍDOS CM-30","Pernambuco","-"]
["2014-05-01","ASFALTOS DILUÍDOS CM-30","Piauí","-"]
["2014-05-01","ASFALTOS DILUÍDOS CM-30","Rio de Janeiro",1.51786]
["2014-05-01","ASFALTOS DILUÍDOS CM-30","Rio Grande do Norte","-"]
["2014-05-01","ASFALTOS DILUÍDOS CM-30","Rio Grande do Sul",1.5079]
["2014-05-01","ASFALTOS DILUÍDOS CM-30","Rondônia","-"]
["2014-05-01","ASFALTOS DILUÍDOS CM-30","Roraima","-"]
["2014-05-01","ASFALTOS DILUÍDOS CM-30","Santa Catarina","-"]
["2014-05-01","ASFALTOS DILUÍDOS CM-30","São Paulo",1.50431]
["2014-05-01","ASFALTOS DILUÍDOS CM-30","Sergipe","-"]
["2014-05-01","ASFALTOS DILUÍDOS CM-30","Tocantins","-"]
["2014-06-01","ASFALTOS DILUÍDOS CM-30","Acre","-"]
["2014-06-01","ASFALTOS DILUÍDOS CM-30","Alagoas","-"]
["2014-06-01","ASFALTOS DILUÍDOS CM-30","Amapá","-"]
["2014-06-01","ASFALTOS DILUÍDOS CM-30","Amazonas","-"]
["2014-06-01","ASFALTOS DILUÍDOS CM-30","Bahia",1.49214]
["2014-06-01","ASFALTOS DILUÍDOS CM-30","Ceará",1.51404]
["2014-06-01","ASFALTOS DILUÍDOS CM-30","Distrito Federal","-"]
["2014-06-01","ASFALTOS DILUÍDOS CM-30","Espírito Santo","-"]
["2014-06-01","ASFALTOS DILUÍDOS CM-30","Goiás",1.7754]
["2014-06-01","ASFALTOS DILUÍDOS CM-30","Maranhão","-"]
["2014-06-01","ASFALTOS DILUÍDOS CM-30","Mato Grosso",1.9738]
["2014-06-01","ASFALTOS DILUÍDOS CM-30","Mato Grosso do Sul","-"]
["2014-06-01","ASFALTOS DILUÍDOS CM-30","Minas Gerais",1.49294]
["2014-06-01","ASFALTOS DILUÍDOS CM-30","Pará",1.82152]
["2014-06-01","ASFALTOS DILUÍDOS CM-30","Paraíba","-"]
["2014-06-01","ASFALTOS DILUÍDOS CM-30","Paraná",1.53215]
["2014-06-01","ASFALTOS DILUÍDOS CM-30","Pernambuco","-"]
["2014-06-01","ASFALTOS DILUÍDOS CM-30","Piauí","-"]
["2014-06-01","ASFALTOS DILUÍDOS CM-30","Rio de Janeiro",1.56389]
["2014-06-01","ASFALTOS DILUÍDOS CM-30","Rio Grande do Norte","-"]
["2014-06-01","ASFALTOS DILUÍDOS CM-30","Rio Grande do Sul",1.501]
["2014-06-01","ASFALTOS DILUÍDOS CM-30","Rondônia","-"]
["2014-06-01","ASFALTOS DILUÍDOS CM-30","Roraima","-"]
["2014-06-01","ASFALTOS DILUÍDOS CM-30","Santa Catarina","-"]
["2014-06-01","ASFALTOS DILUÍDOS CM-30","São Paulo",1.50579]
["2014-06-01","ASFALTOS DILUÍDOS CM-30","Sergipe","-"]
["2014-06-01","ASFALTOS DILUÍDOS CM-30","Tocantins","-"]
["2014-07-01","ASFALTOS DILUÍDOS CM-30","Acre","-"]
["2014-07-01","ASFALTOS DILUÍDOS CM-30","Alagoas","-"]
["2014-07-01","ASFALTOS DILUÍDOS CM-30","Amapá","-"]
["2014-07-01","ASFALTOS DILUÍDOS CM-30","Amazonas",1.51263]
["2014-07-01","ASFALTOS DILUÍDOS CM-30","Bahia",1.48656]
["2014-07-01","ASFALTOS DILUÍDOS CM-30","Ceará",1.5093]
["2014-07-01","ASFALTOS DILUÍDOS CM-30","Distrito Federal","-"]
["2014-07-01","ASFALTOS DILUÍDOS CM-30","Espírito Santo","-"]
["2014-07-01","ASFALTOS DILUÍDOS CM-30","Goiás",1.52043]
["2014-07-01","ASFALTOS DILUÍDOS CM-30","Maranhão","-"]
["2014-07-01","ASFALTOS DILUÍDOS CM-30","Mato Grosso",1.891]
["2014-07-01","ASFALTOS DILUÍDOS CM-30","Mato Grosso do Sul","-"]
["2014-07-01","ASFALTOS DILUÍDOS CM-30","Minas Gerais",1.4542]
["2014-07-01","ASFALTOS DILUÍDOS CM-30","Pará",1.82776]
["2014-07-01","ASFALTOS DILUÍDOS CM-30","Paraíba","-"]
["2014-07-01","ASFALTOS DILUÍDOS CM-30","Paraná",1.51018]
["2014-07-01","ASFALTOS DILUÍDOS CM-30","Pernambuco","-"]
["2014-07-01","ASFALTOS DILUÍDOS CM-30","Piauí","-"]
["2014-07-01","ASFALTOS DILUÍDOS CM-30","Rio de Janeiro",1.43983]
["2014-07-01","ASFALTOS DILUÍDOS CM-30","Rio Grande do Norte","-"]
["2014-07-01","ASFALTOS DILUÍDOS CM-30","Rio Grande do Sul",1.49528]
["2014-07-01","ASFALTOS DILUÍDOS CM-30","Rondônia","-"]
["2014-07-01","ASFALTOS DILUÍDOS CM-30","Roraima","-"]
["2014-07-01","ASFALTOS DILUÍDOS CM-30","Santa Catarina","-"]
["2014-07-01","ASFALTOS DILUÍDOS CM-30","São Paulo",1.56923]
["2014-07-01","ASFALTOS DILUÍDOS CM-30","Sergipe","-"]
["2014-07-01","ASFALTOS DILUÍDOS CM-30","Tocantins","-"]
["2014-08-01","ASFALTOS DILUÍDOS CM-30","Acre","-"]
["2014-08-01","ASFALTOS DILUÍDOS CM-30","Alagoas","-"]
["2014-08-01","ASFALTOS DILUÍDOS CM-30","Amapá","-"]
["2014-08-01","ASFALTOS DILUÍDOS CM-30","Amazonas",1.52081]
["2014-08-01","ASFALTOS DILUÍDOS CM-30","Bahia",1.4785]
["2014-08-01","ASFALTOS DILUÍDOS CM-30","Ceará",1.51552]
["2014-08-01","ASFALTOS DILUÍDOS CM-30","Distrito Federal","-"]
["2014-08-01","ASFALTOS DILUÍDOS CM-30","Espírito Santo","-"]
["2014-08-01","ASFALTOS DILUÍDOS CM-30","Goiás",1.46317]
["2014-08-01","ASFALTOS DILUÍDOS CM-30","Maranhão","-"]
["2014-08-01","ASFALTOS DILUÍDOS CM-30","Mato Grosso",1.93046]
["2014-08-01","ASFALTOS DILUÍDOS CM-30","Mato Grosso do Sul","-"]
["2014-08-01","ASFALTOS DILUÍDOS CM-30","Minas Gerais",1.49924]
["2014-08-01","ASFALTOS DILUÍDOS CM-30","Pará","-"]
["2014-08-01","ASFALTOS DILUÍDOS CM-30","Paraíba","-"]
["2014-08-01","ASFALTOS DILUÍDOS CM-30","Paraná",1.52403]
["2014-08-01","ASFALTOS DILUÍDOS CM-30","Pernambuco","-"]
["2014-08-01","ASFALTOS DILUÍDOS CM-30","Piauí","-"]
["2014-08-01","ASFALTOS DILUÍDOS CM-30","Rio de Janeiro",1.40579]
["2014-08-01","ASFALTOS DILUÍDOS CM-30","Rio Grande do Norte","-"]
["2014-08-01","ASFALTOS DILUÍDOS CM-30","Rio Grande do Sul",1.47021]
["2014-08-01","ASFALTOS DILUÍDOS CM-30","Rondônia","-"]
["2014-08-01","ASFALTOS DILUÍDOS CM-30","Roraima","-"]
["2014-08-01","ASFALTOS DILUÍDOS CM-30","Santa Catarina","-"]
["2014-08-01","ASFALTOS DILUÍDOS CM-30","São Paulo",1.47097]
["2014-08-01","ASFALTOS DILUÍDOS CM-30","Sergipe","-"]
["2014-08-01","ASFALTOS DILUÍDOS CM-30","Tocantins","-"]
["2014-09-01","ASFALTOS DILUÍDOS CM-30","Acre","-"]
["2014-09-01","ASFALTOS DILUÍDOS CM-30","Alagoas","-"]
["2014-09-01","ASFALTOS DILUÍDOS CM-30","Amapá","-"]
["2014-09-01","ASFALTOS DILUÍDOS CM-30","Amazonas",1.51352]
["2014-09-01","ASFALTOS DILUÍDOS CM-30","Bahia",1.51066]
["2014-09-01","ASFALTOS DILUÍDOS CM-30","Ceará",1.56733]
["2014-09-01","ASFALTOS DILUÍDOS CM-30","Distrito Federal","-"]
["2014-09-01","ASFALTOS DILUÍDOS CM-30","Espírito Santo","-"]
["2014-09-01","ASFALTOS DILUÍDOS CM-30","Goiás",1.77758]
["2014-09-01","ASFALTOS DILUÍDOS CM-30","Maranhão","-"]
["2014-09-01","ASFALTOS DILUÍDOS CM-30","Mato Grosso",2.03817]
["2014-09-01","ASFALTOS DILUÍDOS CM-30","Mato Grosso do Sul","-"]
["2014-09-01","ASFALTOS DILUÍDOS CM-30","Minas Gerais",1.48379]
["2014-09-01","ASFALTOS DILUÍDOS CM-30","Pará",1.85924]
["2014-09-01","ASFALTOS DILUÍDOS CM-30","Paraíba","-"]
["2014-09-01","ASFALTOS DILUÍDOS CM-30","Paraná",1.57601]
["2014-09-01","ASFALTOS DILUÍDOS CM-30","Pernambuco","-"]
["2014-09-01","ASFALTOS DILUÍDOS CM-30","Piauí","-"]
["2014-09-01","ASFALTOS DILUÍDOS CM-30","Rio de Janeiro",1.47837]
["2014-09-01","ASFALTOS DILUÍDOS CM-30","Rio Grande do Norte","-"]
["2014-09-01","ASFALTOS DILUÍDOS CM-30","Rio Grande do Sul",1.5572]
["2014-09-01","ASFALTOS DILUÍDOS CM-30","Rondônia","-"]
["2014-09-01","ASFALTOS DILUÍDOS CM-30","Roraima","-"]
["2014-09-01","ASFALTOS DILUÍDOS CM-30","Santa Catarina","-"]
["2014-09-01","ASFALTOS DILUÍDOS CM-30","São Paulo",1.53471]
["2014-09-01","ASFALTOS DILUÍDOS CM-30","Sergipe","-"]
["2014-09-01","ASFALTOS DILUÍDOS CM-30","Tocantins","-"]
["2014-10-01","ASFALTOS DILUÍDOS CM-30","Acre","-"]
["2014-10-01","ASFALTOS DILUÍDOS CM-30","Alagoas","-"]
["2014-10-01","ASFALTOS DILUÍDOS CM-30","Amapá","-"]
["2014-10-01","ASFALTOS DILUÍDOS CM-30","Amazonas",1.5696]
["2014-10-01","ASFALTOS DILUÍDOS CM-30","Bahia",1.50924]
["2014-10-01","ASFALTOS DILUÍDOS CM-30","Ceará",1.51109]
["2014-10-01","ASFALTOS DILUÍDOS CM-30","Distrito Federal","-"]
["2014-10-01","ASFALTOS DILUÍDOS CM-30","Espírito Santo","-"]
["2014-10-01","ASFALTOS DILUÍDOS CM-30","Goiás",1.62461]
["2014-10-01","ASFALTOS DILUÍDOS CM-30","Maranhão","-"]
["2014-10-01","ASFALTOS DILUÍDOS CM-30","Mato Grosso",1.93811]
["2014-10-01","ASFALTOS DILUÍDOS CM-30","Mato Grosso do Sul","-"]
["2014-10-01","ASFALTOS DILUÍDOS CM-30","Minas Gerais",1.47692]
["2014-10-01","ASFALTOS DILUÍDOS CM-30","Pará",1.91477]
["2014-10-01","ASFALTOS DILUÍDOS CM-30","Paraíba","-"]
["2014-10-01","ASFALTOS DILUÍDOS CM-30","Paraná",1.43657]
["2014-10-01","ASFALTOS DILUÍDOS CM-30","Pernambuco","-"]
["2014-10-01","ASFALTOS DILUÍDOS CM-30","Piauí","-"]
["2014-10-01","ASFALTOS DILUÍDOS CM-30","Rio de Janeiro",1.43911]
["2014-10-01","ASFALTOS DILUÍDOS CM-30","Rio Grande do Norte","-"]
["2014-10-01","ASFALTOS DILUÍDOS CM-30","Rio Grande do Sul",1.48983]
["2014-10-01","ASFALTOS DILUÍDOS CM-30","Rondônia","-"]
["2014-10-01","ASFALTOS DILUÍDOS CM-30","Roraima","-"]
["2014-10-01","ASFALTOS DILUÍDOS CM-30","Santa Catarina","-"]
["2014-10-01","ASFALTOS DILUÍDOS CM-30","São Paulo",1.47017]
["2014-10-01","ASFALTOS DILUÍDOS CM-30","Sergipe","-"]
["2014-10-01","ASFALTOS DILUÍDOS CM-30","Tocantins","-"]
["2014-11-01","ASFALTOS DILUÍDOS CM-30","Acre","-"]
["2014-11-01","ASFALTOS DILUÍDOS CM-30","Alagoas","-"]
["2014-11-01","ASFALTOS DILUÍDOS CM-30","Amapá","-"]
["2014-11-01","ASFALTOS DILUÍDOS CM-30","Amazonas",1.47876]
["2014-11-01","ASFALTOS DILUÍDOS CM-30","Bahia",1.55279]
["2014-11-01","ASFALTOS DILUÍDOS CM-30","Ceará",1.59267]
["2014-11-01","ASFALTOS DILUÍDOS CM-30","Distrito Federal","-"]
["2014-11-01","ASFALTOS DILUÍDOS CM-30","Espírito Santo","-"]
["2014-11-01","ASFALTOS DILUÍDOS CM-30","Goiás",1.57568]
["2014-11-01","ASFALTOS DILUÍDOS CM-30","Maranhão","-"]
["2014-11-01","ASFALTOS DILUÍDOS CM-30","Mato Grosso",1.99297]
["2014-11-01","ASFALTOS DILUÍDOS CM-30","Mato Grosso do Sul","-"]
["2014-11-01","ASFALTOS DILUÍDOS CM-30","Minas Gerais",1.43903]
["2014-11-01","ASFALTOS DILUÍDOS CM-30","Pará","-"]
["2014-11-01","ASFALTOS DILUÍDOS CM-30","Paraíba","-"]
["2014-11-01","ASFALTOS DILUÍDOS CM-30","Paraná",1.55367]
["2014-11-01","ASFALTOS DILUÍDOS CM-30","Pernambuco","-"]
["2014-11-01","ASFALTOS DILUÍDOS CM-30","Piauí","-"]
["2014-11-01","ASFALTOS DILUÍDOS CM-30","Rio de Janeiro",1.48005]
["2014-11-01","ASFALTOS DILUÍDOS CM-30","Rio Grande do Norte","-"]
["2014-11-01","ASFALTOS DILUÍDOS CM-30","Rio Grande do Sul",1.49257]
["2014-11-01","ASFALTOS DILUÍDOS CM-30","Rondônia","-"]
["2014-11-01","ASFALTOS DILUÍDOS CM-30","Roraima","-"]
["2014-11-01","ASFALTOS DILUÍDOS CM-30","Santa Catarina","-"]
["2014-11-01","ASFALTOS DILUÍDOS CM-30","São Paulo",1.51227]
["2014-11-01","ASFALTOS DILUÍDOS CM-30","Sergipe","-"]
["2014-11-01","ASFALTOS DILUÍDOS CM-30","Tocantins","-"]
["2014-12-01","ASFALTOS DILUÍDOS CM-30","Acre","-"]
["2014-12-01","ASFALTOS DILUÍDOS CM-30","Alagoas","-"]
["2014-12-01","ASFALTOS DILUÍDOS CM-30","Amapá","-"]
["2014-12-01","ASFALTOS DILUÍDOS CM-30","Amazonas",1.58223]
["2014-12-01","ASFALTOS DILUÍDOS CM-30","Bahia",1.67872]
["2014-12-01","ASFALTOS DILUÍDOS CM-30","Ceará",1.71663]
["2014-12-01","ASFALTOS DILUÍDOS CM-30","Distrito Federal","-"]
["2014-12-01","ASFALTOS DILUÍDOS CM-30","Espírito Santo","-"]
["2014-12-01","ASFALTOS DILUÍDOS CM-30","Goiás",1.93562]
["2014-12-01","ASFALTOS DILUÍDOS CM-30","Maranhão","-"]
["2014-12-01","ASFALTOS DILUÍDOS CM-30","Mato Grosso",2.01118]
["2014-12-01","ASFALTOS DILUÍDOS CM-30","Mato Grosso do Sul","-"]
["2014-12-01","ASFALTOS DILUÍDOS CM-30","Minas Gerais",1.67015]
["2014-12-01","ASFALTOS DILUÍDOS CM-30","Pará",1.96671]
["2014-12-01","ASFALTOS DILUÍDOS CM-30","Paraíba","-"]
["2014-12-01","ASFALTOS DILUÍDOS CM-30","Paraná",1.68869]
["2014-12-01","ASFALTOS DILUÍDOS CM-30","Pernambuco","-"]
["2014-12-01","ASFALTOS DILUÍDOS CM-30","Piauí","-"]
["2014-12-01","ASFALTOS DILUÍDOS CM-30","Rio de Janeiro",1.58838]
["2014-12-01","ASFALTOS DILUÍDOS CM-30","Rio Grande do Norte","-"]
["2014-12-01","ASFALTOS DILUÍDOS CM-30","Rio Grande do Sul",1.60997]
["2014-12-01","ASFALTOS DILUÍDOS CM-30","Rondônia","-"]
["2014-12-01","ASFALTOS DILUÍDOS CM-30","Roraima","-"]
["2014-12-01","ASFALTOS DILUÍDOS CM-30","Santa Catarina","-"]
["2014-12-01","ASFALTOS DILUÍDOS CM-30","São Paulo",1.59553]
["2014-12-01","ASFALTOS DILUÍDOS CM-30","Sergipe","-"]
["2014-12-01","ASFALTOS DILUÍDOS CM-30","Tocantins","-"]
["2015-01-01","ASFALTOS DILUÍDOS CM-30","Acre","-"]
["2015-01-01","ASFALTOS DILUÍDOS CM-30","Alagoas","-"]
["2015-01-01","ASFALTOS DILUÍDOS CM-30","Amapá","-"]
["2015-01-01","ASFALTOS DILUÍDOS CM-30","Amazonas",1.84368]
["2015-01-01","ASFALTOS DILUÍDOS CM-30","Bahia",2.03807]
["2015-01-01","ASFALTOS DILUÍDOS CM-30","Ceará",2.02634]
["2015-01-01","ASFALTOS DILUÍDOS CM-30","Distrito Federal","-"]
["2015-01-01","ASFALTOS DILUÍDOS CM-30","Espírito Santo","-"]
["2015-01-01","ASFALTOS DILUÍDOS CM-30","Goiás",2.22538]
["2015-01-01","ASFALTOS DILUÍDOS CM-30","Maranhão","-"]
["2015-01-01","ASFALTOS DILUÍDOS CM-30","Mato Grosso",2.48578]
["2015-01-01","ASFALTOS DILUÍDOS CM-30","Mato Grosso do Sul","-"]
["2015-01-01","ASFALTOS DILUÍDOS CM-30","Minas Gerais",1.81086]
["2015-01-01","ASFALTOS DILUÍDOS CM-30","Pará","-"]
["2015-01-01","ASFALTOS DILUÍDOS CM-30","Paraíba","-"]
["2015-01-01","ASFALTOS DILUÍDOS CM-30","Paraná",1.8471]
["2015-01-01","ASFALTOS DILUÍDOS CM-30","Pernambuco","-"]
["2015-01-01","ASFALTOS DILUÍDOS CM-30","Piauí","-"]
["2015-01-01","ASFALTOS DILUÍDOS CM-30","Rio de Janeiro",1.90442]
["2015-01-01","ASFALTOS DILUÍDOS CM-30","Rio Grande do Norte","-"]
["2015-01-01","ASFALTOS DILUÍDOS CM-30","Rio Grande do Sul",1.98504]
["2015-01-01","ASFALTOS DILUÍDOS CM-30","Rondônia","-"]
["2015-01-01","ASFALTOS DILUÍDOS CM-30","Roraima","-"]
["2015-01-01","ASFALTOS DILUÍDOS CM-30","Santa Catarina","-"]
["2015-01-01","ASFALTOS DILUÍDOS CM-30","São Paulo",1.98063]
["2015-01-01","ASFALTOS DILUÍDOS CM-30","Sergipe","-"]
["2015-01-01","ASFALTOS DILUÍDOS CM-30","Tocantins","-"]
["2015-02-01","ASFALTOS DILUÍDOS CM-30","Acre","-"]
["2015-02-01","ASFALTOS DILUÍDOS CM-30","Alagoas","-"]
["2015-02-01","ASFALTOS DILUÍDOS CM-30","Amapá","-"]
["2015-02-01","ASFALTOS DILUÍDOS CM-30","Amazonas",1.90574]
["2015-02-01","ASFALTOS DILUÍDOS CM-30","Bahia",1.95904]
["2015-02-01","ASFALTOS DILUÍDOS CM-30","Ceará",2.01167]
["2015-02-01","ASFALTOS DILUÍDOS CM-30","Distrito Federal","-"]
["2015-02-01","ASFALTOS DILUÍDOS CM-30","Espírito Santo","-"]
["2015-02-01","ASFALTOS DILUÍDOS CM-30","Goiás","-"]
["2015-02-01","ASFALTOS DILUÍDOS CM-30","Maranhão","-"]
["2015-02-01","ASFALTOS DILUÍDOS CM-30","Mato Grosso",2.4282]
["2015-02-01","ASFALTOS DILUÍDOS CM-30","Mato Grosso do Sul","-"]
["2015-02-01","ASFALTOS DILUÍDOS CM-30","Minas Gerais",1.79165]
["2015-02-01","ASFALTOS DILUÍDOS CM-30","Pará","-"]
["2015-02-01","ASFALTOS DILUÍDOS CM-30","Paraíba","-"]
["2015-02-01","ASFALTOS DILUÍDOS CM-30","Paraná",1.91952]
["2015-02-01","ASFALTOS DILUÍDOS CM-30","Pernambuco","-"]
["2015-02-01","ASFALTOS DILUÍDOS CM-30","Piauí","-"]
["2015-02-01","ASFALTOS DILUÍDOS CM-30","Rio de Janeiro",1.84877]
["2015-02-01","ASFALTOS DILUÍDOS CM-30","Rio Grande do Norte","-"]
["2015-02-01","ASFALTOS DILUÍDOS CM-30","Rio Grande do Sul",1.93648]
["2015-02-01","ASFALTOS DILUÍDOS CM-30","Rondônia","-"]
["2015-02-01","ASFALTOS DILUÍDOS CM-30","Roraima","-"]
["2015-02-01","ASFALTOS DILUÍDOS CM-30","Santa Catarina","-"]
["2015-02-01","ASFALTOS DILUÍDOS CM-30","São Paulo",2.07793]
["2015-02-01","ASFALTOS DILUÍDOS CM-30","Sergipe","-"]
["2015-02-01","ASFALTOS DILUÍDOS CM-30","Tocantins","-"]
["2015-03-01","ASFALTOS DILUÍDOS CM-30","Acre","-"]
["2015-03-01","ASFALTOS DILUÍDOS CM-30","Alagoas","-"]
["2015-03-01","ASFALTOS DILUÍDOS CM-30","Amapá","-"]
["2015-03-01","ASFALTOS DILUÍDOS CM-30","Amazonas",1.80358]
["2015-03-01","ASFALTOS DILUÍDOS CM-30","Bahia",1.97971]
["2015-03-01","ASFALTOS DILUÍDOS CM-30","Ceará",1.95145]
["2015-03-01","ASFALTOS DILUÍDOS CM-30","Distrito Federal","-"]
["2015-03-01","ASFALTOS DILUÍDOS CM-30","Espírito Santo","-"]
["2015-03-01","ASFALTOS DILUÍDOS CM-30","Goiás",2.19273]
["2015-03-01","ASFALTOS DILUÍDOS CM-30","Maranhão","-"]
["2015-03-01","ASFALTOS DILUÍDOS CM-30","Mato Grosso","-"]
["2015-03-01","ASFALTOS DILUÍDOS CM-30","Mato Grosso do Sul","-"]
["2015-03-01","ASFALTOS DILUÍDOS CM-30","Minas Gerais",1.85925]
["2015-03-01","ASFALTOS DILUÍDOS CM-30","Pará","-"]
["2015-03-01","ASFALTOS DILUÍDOS CM-30","Paraíba","-"]
["2015-03-01","ASFALTOS DILUÍDOS CM-30","Paraná",1.9391]
["2015-03-01","ASFALTOS DILUÍDOS CM-30","Pernambuco","-"]
["2015-03-01","ASFALTOS DILUÍDOS CM-30","Piauí","-"]
["2015-03-01","ASFALTOS DILUÍDOS CM-30","Rio de Janeiro",1.86562]
["2015-03-01","ASFALTOS DILUÍDOS CM-30","Rio Grande do Norte","-"]
["2015-03-01","ASFALTOS DILUÍDOS CM-30","Rio Grande do Sul",1.92211]
["2015-03-01","ASFALTOS DILUÍDOS CM-30","Rondônia","-"]
["2015-03-01","ASFALTOS DILUÍDOS CM-30","Roraima","-"]
["2015-03-01","ASFALTOS DILUÍDOS CM-30","Santa Catarina","-"]
["2015-03-01","ASFALTOS DILUÍDOS CM-30","São Paulo",1.98261]
["2015-03-01","ASFALTOS DILUÍDOS CM-30","Sergipe","-"]
["2015-03-01","ASFALTOS DILUÍDOS CM-30","Tocantins","-"]
["2015-04-01","ASFALTOS DILUÍDOS CM-30","Acre","-"]
["2015-04-01","ASFALTOS DILUÍDOS CM-30","Alagoas","-"]
["2015-04-01","ASFALTOS DILUÍDOS CM-30","Amapá","-"]
["2015-04-01","ASFALTOS DILUÍDOS CM-30","Amazonas","-"]
["2015-04-01","ASFALTOS DILUÍDOS CM-30","Bahia",2.01822]
["2015-04-01","ASFALTOS DILUÍDOS CM-30","Ceará",1.9781]
["2015-04-01","ASFALTOS DILUÍDOS CM-30","Distrito Federal","-"]
["2015-04-01","ASFALTOS DILUÍDOS CM-30","Espírito Santo","-"]
["2015-04-01","ASFALTOS DILUÍDOS CM-30","Goiás",2.2521]
["2015-04-01","ASFALTOS DILUÍDOS CM-30","Maranhão","-"]
["2015-04-01","ASFALTOS DILUÍDOS CM-30","Mato Grosso",2.47064]
["2015-04-01","ASFALTOS DILUÍDOS CM-30","Mato Grosso do Sul","-"]
["2015-04-01","ASFALTOS DILUÍDOS CM-30","Minas Gerais",1.82132]
["2015-04-01","ASFALTOS DILUÍDOS CM-30","Pará","-"]
["2015-04-01","ASFALTOS DILUÍDOS CM-30","Paraíba","-"]
["2015-04-01","ASFALTOS DILUÍDOS CM-30","Paraná",1.9699]
["2015-04-01","ASFALTOS DILUÍDOS CM-30","Pernambuco","-"]
["2015-04-01","ASFALTOS DILUÍDOS CM-30","Piauí","-"]
["2015-04-01","ASFALTOS DILUÍDOS CM-30","Rio de Janeiro",1.84082]
["2015-04-01","ASFALTOS DILUÍDOS CM-30","Rio Grande do Norte","-"]
["2015-04-01","ASFALTOS DILUÍDOS CM-30","Rio Grande do Sul",1.9063]
["2015-04-01","ASFALTOS DILUÍDOS CM-30","Rondônia","-"]
["2015-04-01","ASFALTOS DILUÍDOS CM-30","Roraima","-"]
["2015-04-01","ASFALTOS DILUÍDOS CM-30","Santa Catarina","-"]
["2015-04-01","ASFALTOS DILUÍDOS CM-30","São Paulo",1.90373]
["2015-04-01","ASFALTOS DILUÍDOS CM-30","Sergipe","-"]
["2015-04-01","ASFALTOS DILUÍDOS CM-30","Tocantins","-"]
["2015-05-01","ASFALTOS DILUÍDOS CM-30","Acre","-"]
["2015-05-01","ASFALTOS DILUÍDOS CM-30","Alagoas","-"]
["2015-05-01","ASFALTOS DILUÍDOS CM-30","Amapá","-"]
["2015-05-01","ASFALTOS DILUÍDOS CM-30","Amazonas",1.91135]
["2015-05-01","ASFALTOS DILUÍDOS CM-30","Bahia",1.96436]
["2015-05-01","ASFALTOS DILUÍDOS CM-30","Ceará",1.93855]
["2015-05-01","ASFALTOS DILUÍDOS CM-30","Distrito Federal","-"]
["2015-05-01","ASFALTOS DILUÍDOS CM-30","Espírito Santo","-"]
["2015-05-01","ASFALTOS DILUÍDOS CM-30","Goiás",2.20602]
["2015-05-01","ASFALTOS DILUÍDOS CM-30","Maranhão","-"]
["2015-05-01","ASFALTOS DILUÍDOS CM-30","Mato Grosso",2.40855]
["2015-05-01","ASFALTOS DILUÍDOS CM-30","Mato Grosso do Sul","-"]
["2015-05-01","ASFALTOS DILUÍDOS CM-30","Minas Gerais",1.76469]
["2015-05-01","ASFALTOS DILUÍDOS CM-30","Pará","-"]
["2015-05-01","ASFALTOS DILUÍDOS CM-30","Paraíba","-"]
["2015-05-01","ASFALTOS DILUÍDOS CM-30","Paraná",2.07626]
["2015-05-01","ASFALTOS DILUÍDOS CM-30","Pernambuco","-"]
["2015-05-01","ASFALTOS DILUÍDOS CM-30","Piauí","-"]
["2015-05-01","ASFALTOS DILUÍDOS CM-30","Rio de Janeiro",1.85131]
["2015-05-01","ASFALTOS DILUÍDOS CM-30","Rio Grande do Norte","-"]
["2015-05-01","ASFALTOS DILUÍDOS CM-30","Rio Grande do Sul",1.94672]
["2015-05-01","ASFALTOS DILUÍDOS CM-30","Rondônia","-"]
["2015-05-01","ASFALTOS DILUÍDOS CM-30","Roraima","-"]
["2015-05-01","ASFALTOS DILUÍDOS CM-30","Santa Catarina","-"]
["2015-05-01","ASFALTOS DILUÍDOS CM-30","São Paulo",1.88187]
["2015-05-01","ASFALTOS DILUÍDOS CM-30","Sergipe","-"]
["2015-05-01","ASFALTOS DILUÍDOS CM-30","Tocantins","-"]
["2015-06-01","ASFALTOS DILUÍDOS CM-30","Acre","-"]
["2015-06-01","ASFALTOS DILUÍDOS CM-30","Alagoas","-"]
["2015-06-01","ASFALTOS DILUÍDOS CM-30","Amapá","-"]
["2015-06-01","ASFALTOS DILUÍDOS CM-30","Amazonas","-"]
["2015-06-01","ASFALTOS DILUÍDOS CM-30","Bahia",2.06497]
["2015-06-01","ASFALTOS DILUÍDOS CM-30","Ceará",1.92201]
["2015-06-01","ASFALTOS DILUÍDOS CM-30","Distrito Federal","-"]
["2015-06-01","ASFALTOS DILUÍDOS CM-30","Espírito Santo","-"]
["2015-06-01","ASFALTOS DILUÍDOS CM-30","Goiás",2.25062]
["2015-06-01","ASFALTOS DILUÍDOS CM-30","Maranhão","-"]
["2015-06-01","ASFALTOS DILUÍDOS CM-30","Mato Grosso",2.4282]
["2015-06-01","ASFALTOS DILUÍDOS CM-30","Mato Grosso do Sul","-"]
["2015-06-01","ASFALTOS DILUÍDOS CM-30","Minas Gerais",1.81234]
["2015-06-01","ASFALTOS DILUÍDOS CM-30","Pará","-"]
["2015-06-01","ASFALTOS DILUÍDOS CM-30","Paraíba","-"]
["2015-06-01","ASFALTOS DILUÍDOS CM-30","Paraná",2.00037]
["2015-06-01","ASFALTOS DILUÍDOS CM-30","Pernambuco","-"]
["2015-06-01","ASFALTOS DILUÍDOS CM-30","Piauí","-"]
["2015-06-01","ASFALTOS DILUÍDOS CM-30","Rio de Janeiro",1.75764]
["2015-06-01","ASFALTOS DILUÍDOS CM-30","Rio Grande do Norte","-"]
["2015-06-01","ASFALTOS DILUÍDOS CM-30","Rio Grande do Sul",1.91478]
["2015-06-01","ASFALTOS DILUÍDOS CM-30","Rondônia","-"]
["2015-06-01","ASFALTOS DILUÍDOS CM-30","Roraima","-"]
["2015-06-01","ASFALTOS DILUÍDOS CM-30","Santa Catarina","-"]
["2015-06-01","ASFALTOS DILUÍDOS CM-30","São Paulo",1.92057]
["2015-06-01","ASFALTOS DILUÍDOS CM-30","Sergipe","-"]
["2015-06-01","ASFALTOS DILUÍDOS CM-30","Tocantins","-"]
["2015-07-01","ASFALTOS DILUÍDOS CM-30","Acre","-"]
["2015-07-01","ASFALTOS DILUÍDOS CM-30","Alagoas","-"]
["2015-07-01","ASFALTOS DILUÍDOS CM-30","Amapá","-"]
["2015-07-01","ASFALTOS DILUÍDOS CM-30","Amazonas","-"]
["2015-07-01","ASFALTOS DILUÍDOS CM-30","Bahia",1.95257]
["2015-07-01","ASFALTOS DILUÍDOS CM-30","Ceará",2.0101]
["2015-07-01","ASFALTOS DILUÍDOS CM-30","Distrito Federal","-"]
["2015-07-01","ASFALTOS DILUÍDOS CM-30","Espírito Santo","-"]
["2015-07-01","ASFALTOS DILUÍDOS CM-30","Goiás",1.98931]
["2015-07-01","ASFALTOS DILUÍDOS CM-30","Maranhão","-"]
["2015-07-01","ASFALTOS DILUÍDOS CM-30","Mato Grosso",2.24065]
["2015-07-01","ASFALTOS DILUÍDOS CM-30","Mato Grosso do Sul","-"]
["2015-07-01","ASFALTOS DILUÍDOS CM-30","Minas Gerais",1.72248]
["2015-07-01","ASFALTOS DILUÍDOS CM-30","Pará","-"]
["2015-07-01","ASFALTOS DILUÍDOS CM-30","Paraíba","-"]
["2015-07-01","ASFALTOS DILUÍDOS CM-30","Paraná",1.93093]
["2015-07-01","ASFALTOS DILUÍDOS CM-30","Pernambuco","-"]
["2015-07-01","ASFALTOS DILUÍDOS CM-30","Piauí","-"]
["2015-07-01","ASFALTOS DILUÍDOS CM-30","Rio de Janeiro",1.83066]
["2015-07-01","ASFALTOS DILUÍDOS CM-30","Rio Grande do Norte","-"]
["2015-07-01","ASFALTOS DILUÍDOS CM-30","Rio Grande do Sul",1.93322]
["2015-07-01","ASFALTOS DILUÍDOS CM-30","Rondônia","-"]
["2015-07-01","ASFALTOS DILUÍDOS CM-30","Roraima","-"]
["2015-07-01","ASFALTOS DILUÍDOS CM-30","Santa Catarina","-"]
["2015-07-01","ASFALTOS DILUÍDOS CM-30","São Paulo",1.88092]
["2015-07-01","ASFALTOS DILUÍDOS CM-30","Sergipe","-"]
["2015-07-01","ASFALTOS DILUÍDOS CM-30","Tocantins","-"]
["2015-08-01","ASFALTOS DILUÍDOS CM-30","Acre","-"]
["2015-08-01","ASFALTOS DILUÍDOS CM-30","Alagoas","-"]
["2015-08-01","ASFALTOS DILUÍDOS CM-30","Amapá","-"]
["2015-08-01","ASFALTOS DILUÍDOS CM-30","Amazonas","-"]
["2015-08-01","ASFALTOS DILUÍDOS CM-30","Bahia",1.99435]
["2015-08-01","ASFALTOS DILUÍDOS CM-30","Ceará",2.04611]
["2015-08-01","ASFALTOS DILUÍDOS CM-30","Distrito Federal","-"]
["2015-08-01","ASFALTOS DILUÍDOS CM-30","Espírito Santo","-"]
["2015-08-01","ASFALTOS DILUÍDOS CM-30","Goiás",2.22956]
["2015-08-01","ASFALTOS DILUÍDOS CM-30","Maranhão","-"]
["2015-08-01","ASFALTOS DILUÍDOS CM-30","Mato Grosso",2.39195]
["2015-08-01","ASFALTOS DILUÍDOS CM-30","Mato Grosso do Sul","-"]
["2015-08-01","ASFALTOS DILUÍDOS CM-30","Minas Gerais",1.82519]
["2015-08-01","ASFALTOS DILUÍDOS CM-30","Pará","-"]
["2015-08-01","ASFALTOS DILUÍDOS CM-30","Paraíba","-"]
["2015-08-01","ASFALTOS DILUÍDOS CM-30","Paraná",1.97798]
["2015-08-01","ASFALTOS DILUÍDOS CM-30","Pernambuco","-"]
["2015-08-01","ASFALTOS DILUÍDOS CM-30","Piauí","-"]
["2015-08-01","ASFALTOS DILUÍDOS CM-30","Rio de Janeiro",1.76384]
["2015-08-01","ASFALTOS DILUÍDOS CM-30","Rio Grande do Norte","-"]
["2015-08-01","ASFALTOS DILUÍDOS CM-30","Rio Grande do Sul",1.8719]
["2015-08-01","ASFALTOS DILUÍDOS CM-30","Rondônia","-"]
["2015-08-01","ASFALTOS DILUÍDOS CM-30","Roraima","-"]
["2015-08-01","ASFALTOS DILUÍDOS CM-30","Santa Catarina","-"]
["2015-08-01","ASFALTOS DILUÍDOS CM-30","São Paulo",1.856]
["2015-08-01","ASFALTOS DILUÍDOS CM-30","Sergipe","-"]
["2015-08-01","ASFALTOS DILUÍDOS CM-30","Tocantins","-"]
["2015-09-01","ASFALTOS DILUÍDOS CM-30","Acre","-"]
["2015-09-01","ASFALTOS DILUÍDOS CM-30","Alagoas","-"]
["2015-09-01","ASFALTOS DILUÍDOS CM-30","Amapá","-"]
["2015-09-01","ASFALTOS DILUÍDOS CM-30","Amazonas","-"]
["2015-09-01","ASFALTOS DILUÍDOS CM-30","Bahia",2.07775]
["2015-09-01","ASFALTOS DILUÍDOS CM-30","Ceará",2.09316]
["2015-09-01","ASFALTOS DILUÍDOS CM-30","Distrito Federal","-"]
["2015-09-01","ASFALTOS DILUÍDOS CM-30","Espírito Santo","-"]
["2015-09-01","ASFALTOS DILUÍDOS CM-30","Goiás",2.26314]
["2015-09-01","ASFALTOS DILUÍDOS CM-30","Maranhão","-"]
["2015-09-01","ASFALTOS DILUÍDOS CM-30","Mato Grosso",2.43184]
["2015-09-01","ASFALTOS DILUÍDOS CM-30","Mato Grosso do Sul","-"]
["2015-09-01","ASFALTOS DILUÍDOS CM-30","Minas Gerais",1.91862]
["2015-09-01","ASFALTOS DILUÍDOS CM-30","Pará","-"]
["2015-09-01","ASFALTOS DILUÍDOS CM-30","Paraíba","-"]
["2015-09-01","ASFALTOS DILUÍDOS CM-30","Paraná",2.05153]
["2015-09-01","ASFALTOS DILUÍDOS CM-30","Pernambuco","-"]
["2015-09-01","ASFALTOS DILUÍDOS CM-30","Piauí","-"]
["2015-09-01","ASFALTOS DILUÍDOS CM-30","Rio de Janeiro",1.91604]
["2015-09-01","ASFALTOS DILUÍDOS CM-30","Rio Grande do Norte","-"]
["2015-09-01","ASFALTOS DILUÍDOS CM-30","Rio Grande do Sul",1.93404]
["2015-09-01","ASFALTOS DILUÍDOS CM-30","Rondônia","-"]
["2015-09-01","ASFALTOS DILUÍDOS CM-30","Roraima","-"]
["2015-09-01","ASFALTOS DILUÍDOS CM-30","Santa Catarina","-"]
["2015-09-01","ASFALTOS DILUÍDOS CM-30","São Paulo",1.98984]
["2015-09-01","ASFALTOS DILUÍDOS CM-30","Sergipe","-"]
["2015-09-01","ASFALTOS DILUÍDOS CM-30","Tocantins","-"]
["2015-10-01","ASFALTOS DILUÍDOS CM-30","Acre","-"]
["2015-10-01","ASFALTOS DILUÍDOS CM-30","Alagoas","-"]
["2015-10-01","ASFALTOS DILUÍDOS CM-30","Amapá","-"]
["2015-10-01","ASFALTOS DILUÍDOS CM-30","Amazonas",2.08223]
["2015-10-01","ASFALTOS DILUÍDOS CM-30","Bahia",2.20508]
["2015-10-01","ASFALTOS DILUÍDOS CM-30","Ceará",2.14763]
["2015-10-01","ASFALTOS DILUÍDOS CM-30","Distrito Federal","-"]
["2015-10-01","ASFALTOS DILUÍDOS CM-30","Espírito Santo","-"]
["2015-10-01","ASFALTOS DILUÍDOS CM-30","Goiás",2.35256]
["2015-10-01","ASFALTOS DILUÍDOS CM-30","Maranhão","-"]
["2015-10-01","ASFALTOS DILUÍDOS CM-30","Mato Grosso",2.53287]
["2015-10-01","ASFALTOS DILUÍDOS CM-30","Mato Grosso do Sul","-"]
["2015-10-01","ASFALTOS DILUÍDOS CM-30","Minas Gerais",1.99202]
["2015-10-01","ASFALTOS DILUÍDOS CM-30","Pará","-"]
["2015-10-01","ASFALTOS DILUÍDOS CM-30","Paraíba","-"]
["2015-10-01","ASFALTOS DILUÍDOS CM-30","Paraná",2.17132]
["2015-10-01","ASFALTOS DILUÍDOS CM-30","Pernambuco","-"]
["2015-10-01","ASFALTOS DILUÍDOS CM-30","Piauí","-"]
["2015-10-01","ASFALTOS DILUÍDOS CM-30","Rio de Janeiro",1.99959]
["2015-10-01","ASFALTOS DILUÍDOS CM-30","Rio Grande do Norte","-"]
["2015-10-01","ASFALTOS DILUÍDOS CM-30","Rio Grande do Sul",2.0477]
["2015-10-01","ASFALTOS DILUÍDOS CM-30","Rondônia","-"]
["2015-10-01","ASFALTOS DILUÍDOS CM-30","Roraima","-"]
["2015-10-01","ASFALTOS DILUÍDOS CM-30","Santa Catarina","-"]
["2015-10-01","ASFALTOS DILUÍDOS CM-30","São Paulo",2.13789]
["2015-10-01","ASFALTOS DILUÍDOS CM-30","Sergipe","-"]
["2015-10-01","ASFALTOS DILUÍDOS CM-30","Tocantins","-"]
["2015-11-01","ASFALTOS DILUÍDOS CM-30","Acre","-"]
["2015-11-01","ASFALTOS DILUÍDOS CM-30","Alagoas","-"]
["2015-11-01","ASFALTOS DILUÍDOS CM-30","Amapá","-"]
["2015-11-01","ASFALTOS DILUÍDOS CM-30","Amazonas","-"]
["2015-11-01","ASFALTOS DILUÍDOS CM-30","Bahia",2.49116]
["2015-11-01","ASFALTOS DILUÍDOS CM-30","Ceará",2.40762]
["2015-11-01","ASFALTOS DILUÍDOS CM-30","Distrito Federal","-"]
["2015-11-01","ASFALTOS DILUÍDOS CM-30","Espírito Santo","-"]
["2015-11-01","ASFALTOS DILUÍDOS CM-30","Goiás",2.65198]
["2015-11-01","ASFALTOS DILUÍDOS CM-30","Maranhão","-"]
["2015-11-01","ASFALTOS DILUÍDOS CM-30","Mato Grosso",2.77635]
["2015-11-01","ASFALTOS DILUÍDOS CM-30","Mato Grosso do Sul","-"]
["2015-11-01","ASFALTOS DILUÍDOS CM-30","Minas Gerais",2.24766]
["2015-11-01","ASFALTOS DILUÍDOS CM-30","Pará","-"]
["2015-11-01","ASFALTOS DILUÍDOS CM-30","Paraíba","-"]
["2015-11-01","ASFALTOS DILUÍDOS CM-30","Paraná",2.38981]
["2015-11-01","ASFALTOS DILUÍDOS CM-30","Pernambuco","-"]
["2015-11-01","ASFALTOS DILUÍDOS CM-30","Piauí","-"]
["2015-11-01","ASFALTOS DILUÍDOS CM-30","Rio de Janeiro",2.29044]
["2015-11-01","ASFALTOS DILUÍDOS CM-30","Rio Grande do Norte","-"]
["2015-11-01","ASFALTOS DILUÍDOS CM-30","Rio Grande do Sul",2.24187]
["2015-11-01","ASFALTOS DILUÍDOS CM-30","Rondônia","-"]
["2015-11-01","ASFALTOS DILUÍDOS CM-30","Roraima","-"]
["2015-11-01","ASFALTOS DILUÍDOS CM-30","Santa Catarina","-"]
["2015-11-01","ASFALTOS DILUÍDOS CM-30","São Paulo",2.35261]
["2015-11-01","ASFALTOS DILUÍDOS CM-30","Sergipe","-"]
["2015-11-01","ASFALTOS DILUÍDOS CM-30","Tocantins","-"]
["2015-12-01","ASFALTOS DILUÍDOS CM-30","Acre","-"]
["2015-12-01","ASFALTOS DILUÍDOS CM-30","Alagoas","-"]
["2015-12-01","ASFALTOS DILUÍDOS CM-30","Amapá","-"]
["2015-12-01","ASFALTOS DILUÍDOS CM-30","Amazonas",2.65657]
["2015-12-01","ASFALTOS DILUÍDOS CM-30","Bahia",2.46793]
["2015-12-01","ASFALTOS DILUÍDOS CM-30","Ceará",2.36172]
["2015-12-01","ASFALTOS DILUÍDOS CM-30","Distrito Federal","-"]
["2015-12-01","ASFALTOS DILUÍDOS CM-30","Espírito Santo","-"]
["2015-12-01","ASFALTOS DILUÍDOS CM-30","Goiás","-"]
["2015-12-01","ASFALTOS DILUÍDOS CM-30","Maranhão","-"]
["2015-12-01","ASFALTOS DILUÍDOS CM-30","Mato Grosso",2.78089]
["2015-12-01","ASFALTOS DILUÍDOS CM-30","Mato Grosso do Sul","-"]
["2015-12-01","ASFALTOS DILUÍDOS CM-30","Minas Gerais",2.21621]
["2015-12-01","ASFALTOS DILUÍDOS CM-30","Pará","-"]
["2015-12-01","ASFALTOS DILUÍDOS CM-30","Paraíba","-"]
["2015-12-01","ASFALTOS DILUÍDOS CM-30","Paraná",2.51782]
["2015-12-01","ASFALTOS DILUÍDOS CM-30","Pernambuco","-"]
["2015-12-01","ASFALTOS DILUÍDOS CM-30","Piauí","-"]
["2015-12-01","ASFALTOS DILUÍDOS CM-30","Rio de Janeiro",2.29198]
["2015-12-01","ASFALTOS DILUÍDOS CM-30","Rio Grande do Norte","-"]
["2015-12-01","ASFALTOS DILUÍDOS CM-30","Rio Grande do Sul",2.24989]
["2015-12-01","ASFALTOS DILUÍDOS CM-30","Rondônia","-"]
["2015-12-01","ASFALTOS DILUÍDOS CM-30","Roraima","-"]
["2015-12-01","ASFALTOS DILUÍDOS CM-30","Santa Catarina","-"]
["2015-12-01","ASFALTOS DILUÍDOS CM-30","São Paulo",2.42762]
["2015-12-01","ASFALTOS DILUÍDOS CM-30","Sergipe","-"]
["2015-12-01","ASFALTOS DILUÍDOS CM-30","Tocantins","-"]
["2016-01-01","ASFALTOS DILUÍDOS CM-30","Acre","-"]
["2016-01-01","ASFALTOS DILUÍDOS CM-30","Alagoas","-"]
["2016-01-01","ASFALTOS DILUÍDOS CM-30","Amapá","-"]
["2016-01-01","ASFALTOS DILUÍDOS CM-30","Amazonas",2.69188]
["2016-01-01","ASFALTOS DILUÍDOS CM-30","Bahia",2.44715]
["2016-01-01","ASFALTOS DILUÍDOS CM-30","Ceará",2.31212]
["2016-01-01","ASFALTOS DILUÍDOS CM-30","Distrito Federal","-"]
["2016-01-01","ASFALTOS DILUÍDOS CM-30","Espírito Santo","-"]
["2016-01-01","ASFALTOS DILUÍDOS CM-30","Goiás","-"]
["2016-01-01","ASFALTOS DILUÍDOS CM-30","Maranhão","-"]
["2016-01-01","ASFALTOS DILUÍDOS CM-30","Mato Grosso",3.10737]
["2016-01-01","ASFALTOS DILUÍDOS CM-30","Mato Grosso do Sul","-"]
["2016-01-01","ASFALTOS DILUÍDOS CM-30","Minas Gerais",2.24237]
["2016-01-01","ASFALTOS DILUÍDOS CM-30","Pará","-"]
["2016-01-01","ASFALTOS DILUÍDOS CM-30","Paraíba","-"]
["2016-01-01","ASFALTOS DILUÍDOS CM-30","Paraná",2.21943]
["2016-01-01","ASFALTOS DILUÍDOS CM-30","Pernambuco","-"]
["2016-01-01","ASFALTOS DILUÍDOS CM-30","Piauí","-"]
["2016-01-01","ASFALTOS DILUÍDOS CM-30","Rio de Janeiro",2.29771]
["2016-01-01","ASFALTOS DILUÍDOS CM-30","Rio Grande do Norte","-"]
["2016-01-01","ASFALTOS DILUÍDOS CM-30","Rio Grande do Sul",2.2462]
["2016-01-01","ASFALTOS DILUÍDOS CM-30","Rondônia","-"]
["2016-01-01","ASFALTOS DILUÍDOS CM-30","Roraima","-"]
["2016-01-01","ASFALTOS DILUÍDOS CM-30","Santa Catarina","-"]
["2016-01-01","ASFALTOS DILUÍDOS CM-30","São Paulo",2.25606]
["2016-01-01","ASFALTOS DILUÍDOS CM-30","Sergipe","-"]
["2016-01-01","ASFALTOS DILUÍDOS CM-30","Tocantins","-"]
["2016-02-01","ASFALTOS DILUÍDOS CM-30","Acre","-"]
["2016-02-01","ASFALTOS DILUÍDOS CM-30","Alagoas","-"]
["2016-02-01","ASFALTOS DILUÍDOS CM-30","Amapá","-"]
["2016-02-01","ASFALTOS DILUÍDOS CM-30","Amazonas",2.44558]
["2016-02-01","ASFALTOS DILUÍDOS CM-30","Bahia",2.58775]
["2016-02-01","ASFALTOS DILUÍDOS CM-30","Ceará",2.41434]
["2016-02-01","ASFALTOS DILUÍDOS CM-30","Distrito Federal","-"]
["2016-02-01","ASFALTOS DILUÍDOS CM-30","Espírito Santo","-"]
["2016-02-01","ASFALTOS DILUÍDOS CM-30","Goiás","-"]
["2016-02-01","ASFALTOS DILUÍDOS CM-30","Maranhão","-"]
["2016-02-01","ASFALTOS DILUÍDOS CM-30","Mato Grosso",2.98049]
["2016-02-01","ASFALTOS DILUÍDOS CM-30","Mato Grosso do Sul","-"]
["2016-02-01","ASFALTOS DILUÍDOS CM-30","Minas Gerais",2.24827]
["2016-02-01","ASFALTOS DILUÍDOS CM-30","Pará","-"]
["2016-02-01","ASFALTOS DILUÍDOS CM-30","Paraíba","-"]
["2016-02-01","ASFALTOS DILUÍDOS CM-30","Paraná",2.38184]
["2016-02-01","ASFALTOS DILUÍDOS CM-30","Pernambuco","-"]
["2016-02-01","ASFALTOS DILUÍDOS CM-30","Piauí","-"]
["2016-02-01","ASFALTOS DILUÍDOS CM-30","Rio de Janeiro","-"]
["2016-02-01","ASFALTOS DILUÍDOS CM-30","Rio Grande do Norte","-"]
["2016-02-01","ASFALTOS DILUÍDOS CM-30","Rio Grande do Sul",2.32111]
["2016-02-01","ASFALTOS DILUÍDOS CM-30","Rondônia","-"]
["2016-02-01","ASFALTOS DILUÍDOS CM-30","Roraima","-"]
["2016-02-01","ASFALTOS DILUÍDOS CM-30","Santa Catarina","-"]
["2016-02-01","ASFALTOS DILUÍDOS CM-30","São Paulo",2.42291]
["2016-02-01","ASFALTOS DILUÍDOS CM-30","Sergipe","-"]
["2016-02-01","ASFALTOS DILUÍDOS CM-30","Tocantins","-"]
["2016-03-01","ASFALTOS DILUÍDOS CM-30","Acre","-"]
["2016-03-01","ASFALTOS DILUÍDOS CM-30","Alagoas","-"]
["2016-03-01","ASFALTOS DILUÍDOS CM-30","Amapá","-"]
["2016-03-01","ASFALTOS DILUÍDOS CM-30","Amazonas",2.30185]
["2016-03-01","ASFALTOS DILUÍDOS CM-30","Bahia",2.60296]
["2016-03-01","ASFALTOS DILUÍDOS CM-30","Ceará",2.41116]
["2016-03-01","ASFALTOS DILUÍDOS CM-30","Distrito Federal","-"]
["2016-03-01","ASFALTOS DILUÍDOS CM-30","Espírito Santo","-"]
["2016-03-01","ASFALTOS DILUÍDOS CM-30","Goiás",2.71194]
["2016-03-01","ASFALTOS DILUÍDOS CM-30","Maranhão","-"]
["2016-03-01","ASFALTOS DILUÍDOS CM-30","Mato Grosso",2.98659]
["2016-03-01","ASFALTOS DILUÍDOS CM-30","Mato Grosso do Sul","-"]
["2016-03-01","ASFALTOS DILUÍDOS CM-30","Minas Gerais",2.21013]
["2016-03-01","ASFALTOS DILUÍDOS CM-30","Pará","-"]
["2016-03-01","ASFALTOS DILUÍDOS CM-30","Paraíba","-"]
["2016-03-01","ASFALTOS DILUÍDOS CM-30","Paraná",2.57176]
["2016-03-01","ASFALTOS DILUÍDOS CM-30","Pernambuco","-"]
["2016-03-01","ASFALTOS DILUÍDOS CM-30","Piauí","-"]
["2016-03-01","ASFALTOS DILUÍDOS CM-30","Rio de Janeiro",2.10245]
["2016-03-01","ASFALTOS DILUÍDOS CM-30","Rio Grande do Norte","-"]
["2016-03-01","ASFALTOS DILUÍDOS CM-30","Rio Grande do Sul",2.23809]
["2016-03-01","ASFALTOS DILUÍDOS CM-30","Rondônia","-"]
["2016-03-01","ASFALTOS DILUÍDOS CM-30","Roraima","-"]
["2016-03-01","ASFALTOS DILUÍDOS CM-30","Santa Catarina","-"]
["2016-03-01","ASFALTOS DILUÍDOS CM-30","São Paulo",2.35784]
["2016-03-01","ASFALTOS DILUÍDOS CM-30","Sergipe","-"]
["2016-03-01","ASFALTOS DILUÍDOS CM-30","Tocantins","-"]
["2016-04-01","ASFALTOS DILUÍDOS CM-30","Acre","-"]
["2016-04-01","ASFALTOS DILUÍDOS CM-30","Alagoas","-"]
["2016-04-01","ASFALTOS DILUÍDOS CM-30","Amapá","-"]
["2016-04-01","ASFALTOS DILUÍDOS CM-30","Amazonas","-"]
["2016-04-01","ASFALTOS DILUÍDOS CM-30","Bahia",2.73122]
["2016-04-01","ASFALTOS DILUÍDOS CM-30","Ceará",2.74674]
["2016-04-01","ASFALTOS DILUÍDOS CM-30","Distrito Federal","-"]
["2016-04-01","ASFALTOS DILUÍDOS CM-30","Espírito Santo","-"]
["2016-04-01","ASFALTOS DILUÍDOS CM-30","Goiás",2.67702]
["2016-04-01","ASFALTOS DILUÍDOS CM-30","Maranhão","-"]
["2016-04-01","ASFALTOS DILUÍDOS CM-30","Mato Grosso",3.02603]
["2016-04-01","ASFALTOS DILUÍDOS CM-30","Mato Grosso do Sul","-"]
["2016-04-01","ASFALTOS DILUÍDOS CM-30","Minas Gerais",2.50617]
["2016-04-01","ASFALTOS DILUÍDOS CM-30","Pará","-"]
["2016-04-01","ASFALTOS DILUÍDOS CM-30","Paraíba","-"]
["2016-04-01","ASFALTOS DILUÍDOS CM-30","Paraná",2.85123]
["2016-04-01","ASFALTOS DILUÍDOS CM-30","Pernambuco","-"]
["2016-04-01","ASFALTOS DILUÍDOS CM-30","Piauí","-"]
["2016-04-01","ASFALTOS DILUÍDOS CM-30","Rio de Janeiro",2.61287]
["2016-04-01","ASFALTOS DILUÍDOS CM-30","Rio Grande do Norte","-"]
["2016-04-01","ASFALTOS DILUÍDOS CM-30","Rio Grande do Sul",2.58963]
["2016-04-01","ASFALTOS DILUÍDOS CM-30","Rondônia","-"]
["2016-04-01","ASFALTOS DILUÍDOS CM-30","Roraima","-"]
["2016-04-01","ASFALTOS DILUÍDOS CM-30","Santa Catarina","-"]
["2016-04-01","ASFALTOS DILUÍDOS CM-30","São Paulo",2.5814]
["2016-04-01","ASFALTOS DILUÍDOS CM-30","Sergipe","-"]
["2016-04-01","ASFALTOS DILUÍDOS CM-30","Tocantins","-"]
["2016-05-01","ASFALTOS DILUÍDOS CM-30","Acre","-"]
["2016-05-01","ASFALTOS DILUÍDOS CM-30","Alagoas","-"]
["2016-05-01","ASFALTOS DILUÍDOS CM-30","Amapá","-"]
["2016-05-01","ASFALTOS DILUÍDOS CM-30","Amazonas","-"]
["2016-05-01","ASFALTOS DILUÍDOS CM-30","Bahia",2.74697]
["2016-05-01","ASFALTOS DILUÍDOS CM-30","Ceará",2.62361]
["2016-05-01","ASFALTOS DILUÍDOS CM-30","Distrito Federal","-"]
["2016-05-01","ASFALTOS DILUÍDOS CM-30","Espírito Santo","-"]
["2016-05-01","ASFALTOS DILUÍDOS CM-30","Goiás",2.68805]
["2016-05-01","ASFALTOS DILUÍDOS CM-30","Maranhão","-"]
["2016-05-01","ASFALTOS DILUÍDOS CM-30","Mato Grosso",3.15697]
["2016-05-01","ASFALTOS DILUÍDOS CM-30","Mato Grosso do Sul","-"]
["2016-05-01","ASFALTOS DILUÍDOS CM-30","Minas Gerais",2.5838]
["2016-05-01","ASFALTOS DILUÍDOS CM-30","Pará","-"]
["2016-05-01","ASFALTOS DILUÍDOS CM-30","Paraíba","-"]
["2016-05-01","ASFALTOS DILUÍDOS CM-30","Paraná",2.93918]
["2016-05-01","ASFALTOS DILUÍDOS CM-30","Pernambuco","-"]
["2016-05-01","ASFALTOS DILUÍDOS CM-30","Piauí","-"]
["2016-05-01","ASFALTOS DILUÍDOS CM-30","Rio de Janeiro",2.56685]
["2016-05-01","ASFALTOS DILUÍDOS CM-30","Rio Grande do Norte","-"]
["2016-05-01","ASFALTOS DILUÍDOS CM-30","Rio Grande do Sul",2.64765]
["2016-05-01","ASFALTOS DILUÍDOS CM-30","Rondônia","-"]
["2016-05-01","ASFALTOS DILUÍDOS CM-30","Roraima","-"]
["2016-05-01","ASFALTOS DILUÍDOS CM-30","Santa Catarina","-"]
["2016-05-01","ASFALTOS DILUÍDOS CM-30","São Paulo",2.56284]
["2016-05-01","ASFALTOS DILUÍDOS CM-30","Sergipe","-"]
["2016-05-01","ASFALTOS DILUÍDOS CM-30","Tocantins","-"]
["2016-06-01","ASFALTOS DILUÍDOS CM-30","Acre","-"]
["2016-06-01","ASFALTOS DILUÍDOS CM-30","Alagoas","-"]
["2016-06-01","ASFALTOS DILUÍDOS CM-30","Amapá","-"]
["2016-06-01","ASFALTOS DILUÍDOS CM-30","Amazonas",2.45213]
["2016-06-01","ASFALTOS DILUÍDOS CM-30","Bahia",2.6918]
["2016-06-01","ASFALTOS DILUÍDOS CM-30","Ceará",2.59806]
["2016-06-01","ASFALTOS DILUÍDOS CM-30","Distrito Federal","-"]
["2016-06-01","ASFALTOS DILUÍDOS CM-30","Espírito Santo","-"]
["2016-06-01","ASFALTOS DILUÍDOS CM-30","Goiás",2.80167]
["2016-06-01","ASFALTOS DILUÍDOS CM-30","Maranhão","-"]
["2016-06-01","ASFALTOS DILUÍDOS CM-30","Mato Grosso",3.19308]
["2016-06-01","ASFALTOS DILUÍDOS CM-30","Mato Grosso do Sul","-"]
["2016-06-01","ASFALTOS DILUÍDOS CM-30","Minas Gerais",2.69126]
["2016-06-01","ASFALTOS DILUÍDOS CM-30","Pará","-"]
["2016-06-01","ASFALTOS DILUÍDOS CM-30","Paraíba","-"]
["2016-06-01","ASFALTOS DILUÍDOS CM-30","Paraná",2.78051]
["2016-06-01","ASFALTOS DILUÍDOS CM-30","Pernambuco","-"]
["2016-06-01","ASFALTOS DILUÍDOS CM-30","Piauí","-"]
["2016-06-01","ASFALTOS DILUÍDOS CM-30","Rio de Janeiro",2.69517]
["2016-06-01","ASFALTOS DILUÍDOS CM-30","Rio Grande do Norte","-"]
["2016-06-01","ASFALTOS DILUÍDOS CM-30","Rio Grande do Sul",2.59203]
["2016-06-01","ASFALTOS DILUÍDOS CM-30","Rondônia","-"]
["2016-06-01","ASFALTOS DILUÍDOS CM-30","Roraima","-"]
["2016-06-01","ASFALTOS DILUÍDOS CM-30","Santa Catarina","-"]
["2016-06-01","ASFALTOS DILUÍDOS CM-30","São Paulo",2.5595]
["2016-06-01","ASFALTOS DILUÍDOS CM-30","Sergipe","-"]
["2016-06-01","ASFALTOS DILUÍDOS CM-30","Tocantins","-"]
["2016-07-01","ASFALTOS DILUÍDOS CM-30","Acre","-"]
["2016-07-01","ASFALTOS DILUÍDOS CM-30","Alagoas","-"]
["2016-07-01","ASFALTOS DILUÍDOS CM-30","Amapá","-"]
["2016-07-01","ASFALTOS DILUÍDOS CM-30","Amazonas","-"]
["2016-07-01","ASFALTOS DILUÍDOS CM-30","Bahia",2.71139]
["2016-07-01","ASFALTOS DILUÍDOS CM-30","Ceará",2.53567]
["2016-07-01","ASFALTOS DILUÍDOS CM-30","Distrito Federal","-"]
["2016-07-01","ASFALTOS DILUÍDOS CM-30","Espírito Santo","-"]
["2016-07-01","ASFALTOS DILUÍDOS CM-30","Goiás",2.88655]
["2016-07-01","ASFALTOS DILUÍDOS CM-30","Maranhão","-"]
["2016-07-01","ASFALTOS DILUÍDOS CM-30","Mato Grosso",3.21695]
["2016-07-01","ASFALTOS DILUÍDOS CM-30","Mato Grosso do Sul","-"]
["2016-07-01","ASFALTOS DILUÍDOS CM-30","Minas Gerais",2.58831]
["2016-07-01","ASFALTOS DILUÍDOS CM-30","Pará","-"]
["2016-07-01","ASFALTOS DILUÍDOS CM-30","Paraíba","-"]
["2016-07-01","ASFALTOS DILUÍDOS CM-30","Paraná",2.74956]
["2016-07-01","ASFALTOS DILUÍDOS CM-30","Pernambuco","-"]
["2016-07-01","ASFALTOS DILUÍDOS CM-30","Piauí","-"]
["2016-07-01","ASFALTOS DILUÍDOS CM-30","Rio de Janeiro",2.61868]
["2016-07-01","ASFALTOS DILUÍDOS CM-30","Rio Grande do Norte","-"]
["2016-07-01","ASFALTOS DILUÍDOS CM-30","Rio Grande do Sul",2.58129]
["2016-07-01","ASFALTOS DILUÍDOS CM-30","Rondônia","-"]
["2016-07-01","ASFALTOS DILUÍDOS CM-30","Roraima","-"]
["2016-07-01","ASFALTOS DILUÍDOS CM-30","Santa Catarina","-"]
["2016-07-01","ASFALTOS DILUÍDOS CM-30","São Paulo",2.62583]
["2016-07-01","ASFALTOS DILUÍDOS CM-30","Sergipe","-"]
["2016-07-01","ASFALTOS DILUÍDOS CM-30","Tocantins","-"]
["2016-08-01","ASFALTOS DILUÍDOS CM-30","Acre","-"]
["2016-08-01","ASFALTOS DILUÍDOS CM-30","Alagoas","-"]
["2016-08-01","ASFALTOS DILUÍDOS CM-30","Amapá","-"]
["2016-08-01","ASFALTOS DILUÍDOS CM-30","Amazonas",2.62993]
["2016-08-01","ASFALTOS DILUÍDOS CM-30","Bahia",2.69867]
["2016-08-01","ASFALTOS DILUÍDOS CM-30","Ceará",2.59967]
["2016-08-01","ASFALTOS DILUÍDOS CM-30","Distrito Federal","-"]
["2016-08-01","ASFALTOS DILUÍDOS CM-30","Espírito Santo","-"]
["2016-08-01","ASFALTOS DILUÍDOS CM-30","Goiás",2.86707]
["2016-08-01","ASFALTOS DILUÍDOS CM-30","Maranhão","-"]
["2016-08-01","ASFALTOS DILUÍDOS CM-30","Mato Grosso",3.12685]
["2016-08-01","ASFALTOS DILUÍDOS CM-30","Mato Grosso do Sul","-"]
["2016-08-01","ASFALTOS DILUÍDOS CM-30","Minas Gerais",2.71475]
["2016-08-01","ASFALTOS DILUÍDOS CM-30","Pará","-"]
["2016-08-01","ASFALTOS DILUÍDOS CM-30","Paraíba","-"]
["2016-08-01","ASFALTOS DILUÍDOS CM-30","Paraná",2.85361]
["2016-08-01","ASFALTOS DILUÍDOS CM-30","Pernambuco","-"]
["2016-08-01","ASFALTOS DILUÍDOS CM-30","Piauí","-"]
["2016-08-01","ASFALTOS DILUÍDOS CM-30","Rio de Janeiro",2.56753]
["2016-08-01","ASFALTOS DILUÍDOS CM-30","Rio Grande do Norte","-"]
["2016-08-01","ASFALTOS DILUÍDOS CM-30","Rio Grande do Sul",2.64494]
["2016-08-01","ASFALTOS DILUÍDOS CM-30","Rondônia","-"]
["2016-08-01","ASFALTOS DILUÍDOS CM-30","Roraima","-"]
["2016-08-01","ASFALTOS DILUÍDOS CM-30","Santa Catarina","-"]
["2016-08-01","ASFALTOS DILUÍDOS CM-30","São Paulo",2.64658]
["2016-08-01","ASFALTOS DILUÍDOS CM-30","Sergipe","-"]
["2016-08-01","ASFALTOS DILUÍDOS CM-30","Tocantins","-"]
["2016-09-01","ASFALTOS DILUÍDOS CM-30","Acre","-"]
["2016-09-01","ASFALTOS DILUÍDOS CM-30","Alagoas","-"]
["2016-09-01","ASFALTOS DILUÍDOS CM-30","Amapá","-"]
["2016-09-01","ASFALTOS DILUÍDOS CM-30","Amazonas","-"]
["2016-09-01","ASFALTOS DILUÍDOS CM-30","Bahia",2.63728]
["2016-09-01","ASFALTOS DILUÍDOS CM-30","Ceará",2.44889]
["2016-09-01","ASFALTOS DILUÍDOS CM-30","Distrito Federal","-"]
["2016-09-01","ASFALTOS DILUÍDOS CM-30","Espírito Santo","-"]
["2016-09-01","ASFALTOS DILUÍDOS CM-30","Goiás",2.78307]
["2016-09-01","ASFALTOS DILUÍDOS CM-30","Maranhão","-"]
["2016-09-01","ASFALTOS DILUÍDOS CM-30","Mato Grosso",2.86437]
["2016-09-01","ASFALTOS DILUÍDOS CM-30","Mato Grosso do Sul","-"]
["2016-09-01","ASFALTOS DILUÍDOS CM-30","Minas Gerais",2.49187]
["2016-09-01","ASFALTOS DILUÍDOS CM-30","Pará","-"]
["2016-09-01","ASFALTOS DILUÍDOS CM-30","Paraíba","-"]
["2016-09-01","ASFALTOS DILUÍDOS CM-30","Paraná",2.44212]
["2016-09-01","ASFALTOS DILUÍDOS CM-30","Pernambuco","-"]
["2016-09-01","ASFALTOS DILUÍDOS CM-30","Piauí","-"]
["2016-09-01","ASFALTOS DILUÍDOS CM-30","Rio de Janeiro",2.44856]
["2016-09-01","ASFALTOS DILUÍDOS CM-30","Rio Grande do Norte","-"]
["2016-09-01","ASFALTOS DILUÍDOS CM-30","Rio Grande do Sul",2.33306]
["2016-09-01","ASFALTOS DILUÍDOS CM-30","Rondônia","-"]
["2016-09-01","ASFALTOS DILUÍDOS CM-30","Roraima","-"]
["2016-09-01","ASFALTOS DILUÍDOS CM-30","Santa Catarina","-"]
["2016-09-01","ASFALTOS DILUÍDOS CM-30","São Paulo",2.61075]
["2016-09-01","ASFALTOS DILUÍDOS CM-30","Sergipe","-"]
["2016-09-01","ASFALTOS DILUÍDOS CM-30","Tocantins","-"]
["2016-10-01","ASFALTOS DILUÍDOS CM-30","Acre","-"]
["2016-10-01","ASFALTOS DILUÍDOS CM-30","Alagoas","-"]
["2016-10-01","ASFALTOS DILUÍDOS CM-30","Amapá","-"]
["2016-10-01","ASFALTOS DILUÍDOS CM-30","Amazonas","-"]
["2016-10-01","ASFALTOS DILUÍDOS CM-30","Bahia",2.50174]
["2016-10-01","ASFALTOS DILUÍDOS CM-30","Ceará",2.39407]
["2016-10-01","ASFALTOS DILUÍDOS CM-30","Distrito Federal","-"]
["2016-10-01","ASFALTOS DILUÍDOS CM-30","Espírito Santo","-"]
["2016-10-01","ASFALTOS DILUÍDOS CM-30","Goiás",2.76758]
["2016-10-01","ASFALTOS DILUÍDOS CM-30","Maranhão","-"]
["2016-10-01","ASFALTOS DILUÍDOS CM-30","Mato Grosso",2.88032]
["2016-10-01","ASFALTOS DILUÍDOS CM-30","Mato Grosso do Sul","-"]
["2016-10-01","ASFALTOS DILUÍDOS CM-30","Minas Gerais",2.51628]
["2016-10-01","ASFALTOS DILUÍDOS CM-30","Pará",2.66643]
["2016-10-01","ASFALTOS DILUÍDOS CM-30","Paraíba","-"]
["2016-10-01","ASFALTOS DILUÍDOS CM-30","Paraná",2.42968]
["2016-10-01","ASFALTOS DILUÍDOS CM-30","Pernambuco","-"]
["2016-10-01","ASFALTOS DILUÍDOS CM-30","Piauí","-"]
["2016-10-01","ASFALTOS DILUÍDOS CM-30","Rio de Janeiro",2.30202]
["2016-10-01","ASFALTOS DILUÍDOS CM-30","Rio Grande do Norte","-"]
["2016-10-01","ASFALTOS DILUÍDOS CM-30","Rio Grande do Sul",2.36393]
["2016-10-01","ASFALTOS DILUÍDOS CM-30","Rondônia","-"]
["2016-10-01","ASFALTOS DILUÍDOS CM-30","Roraima","-"]
["2016-10-01","ASFALTOS DILUÍDOS CM-30","Santa Catarina","-"]
["2016-10-01","ASFALTOS DILUÍDOS CM-30","São Paulo",2.54413]
["2016-10-01","ASFALTOS DILUÍDOS CM-30","Sergipe","-"]
["2016-10-01","ASFALTOS DILUÍDOS CM-30","Tocantins","-"]
["2016-11-01","ASFALTOS DILUÍDOS CM-30","Acre","-"]
["2016-11-01","ASFALTOS DILUÍDOS CM-30","Alagoas","-"]
["2016-11-01","ASFALTOS DILUÍDOS CM-30","Amapá","-"]
["2016-11-01","ASFALTOS DILUÍDOS CM-30","Amazonas",2.28437]
["2016-11-01","ASFALTOS DILUÍDOS CM-30","Bahia","-"]
["2016-11-01","ASFALTOS DILUÍDOS CM-30","Ceará",2.33286]
["2016-11-01","ASFALTOS DILUÍDOS CM-30","Distrito Federal","-"]
["2016-11-01","ASFALTOS DILUÍDOS CM-30","Espírito Santo","-"]
["2016-11-01","ASFALTOS DILUÍDOS CM-30","Goiás",3.2334]
["2016-11-01","ASFALTOS DILUÍDOS CM-30","Maranhão","-"]
["2016-11-01","ASFALTOS DILUÍDOS CM-30","Mato Grosso",2.74931]
["2016-11-01","ASFALTOS DILUÍDOS CM-30","Mato Grosso do Sul","-"]
["2016-11-01","ASFALTOS DILUÍDOS CM-30","Minas Gerais",2.41731]
["2016-11-01","ASFALTOS DILUÍDOS CM-30","Pará","-"]
["2016-11-01","ASFALTOS DILUÍDOS CM-30","Paraíba","-"]
["2016-11-01","ASFALTOS DILUÍDOS CM-30","Paraná",2.46863]
["2016-11-01","ASFALTOS DILUÍDOS CM-30","Pernambuco","-"]
["2016-11-01","ASFALTOS DILUÍDOS CM-30","Piauí","-"]
["2016-11-01","ASFALTOS DILUÍDOS CM-30","Rio de Janeiro","-"]
["2016-11-01","ASFALTOS DILUÍDOS CM-30","Rio Grande do Norte","-"]
["2016-11-01","ASFALTOS DILUÍDOS CM-30","Rio Grande do Sul",2.30848]
["2016-11-01","ASFALTOS DILUÍDOS CM-30","Rondônia","-"]
["2016-11-01","ASFALTOS DILUÍDOS CM-30","Roraima","-"]
["2016-11-01","ASFALTOS DILUÍDOS CM-30","Santa Catarina","-"]
["2016-11-01","ASFALTOS DILUÍDOS CM-30","São Paulo",2.60434]
["2016-11-01","ASFALTOS DILUÍDOS CM-30","Sergipe","-"]
["2016-11-01","ASFALTOS DILUÍDOS CM-30","Tocantins","-"]
["2016-12-01","ASFALTOS DILUÍDOS CM-30","Acre","-"]
["2016-12-01","ASFALTOS DILUÍDOS CM-30","Alagoas","-"]
["2016-12-01","ASFALTOS DILUÍDOS CM-30","Amapá","-"]
["2016-12-01","ASFALTOS DILUÍDOS CM-30","Amazonas",2.28305]
["2016-12-01","ASFALTOS DILUÍDOS CM-30","Bahia",3.00307]
["2016-12-01","ASFALTOS DILUÍDOS CM-30","Ceará",2.21892]
["2016-12-01","ASFALTOS DILUÍDOS CM-30","Distrito Federal","-"]
["2016-12-01","ASFALTOS DILUÍDOS CM-30","Espírito Santo","-"]
["2016-12-01","ASFALTOS DILUÍDOS CM-30","Goiás","-"]
["2016-12-01","ASFALTOS DILUÍDOS CM-30","Maranhão","-"]
["2016-12-01","ASFALTOS DILUÍDOS CM-30","Mato Grosso",2.86553]
["2016-12-01","ASFALTOS DILUÍDOS CM-30","Mato Grosso do Sul","-"]
["2016-12-01","ASFALTOS DILUÍDOS CM-30","Minas Gerais",2.62742]
["2016-12-01","ASFALTOS DILUÍDOS CM-30","Pará","-"]
["2016-12-01","ASFALTOS DILUÍDOS CM-30","Paraíba","-"]
["2016-12-01","ASFALTOS DILUÍDOS CM-30","Paraná",2.51079]
["2016-12-01","ASFALTOS DILUÍDOS CM-30","Pernambuco","-"]
["2016-12-01","ASFALTOS DILUÍDOS CM-30","Piauí","-"]
["2016-12-01","ASFALTOS DILUÍDOS CM-30","Rio de Janeiro","-"]
["2016-12-01","ASFALTOS DILUÍDOS CM-30","Rio Grande do Norte","-"]
["2016-12-01","ASFALTOS DILUÍDOS CM-30","Rio Grande do Sul",2.28105]
["2016-12-01","ASFALTOS DILUÍDOS CM-30","Rondônia","-"]
["2016-12-01","ASFALTOS DILUÍDOS CM-30","Roraima","-"]
["2016-12-01","ASFALTOS DILUÍDOS CM-30","Santa Catarina","-"]
["2016-12-01","ASFALTOS DILUÍDOS CM-30","São Paulo",2.5582]
["2016-12-01","ASFALTOS DILUÍDOS CM-30","Sergipe","-"]
["2016-12-01","ASFALTOS DILUÍDOS CM-30","Tocantins","-"]
["2017-01-01","ASFALTOS DILUÍDOS CM-30","Acre","-"]
["2017-01-01","ASFALTOS DILUÍDOS CM-30","Alagoas","-"]
["2017-01-01","ASFALTOS DILUÍDOS CM-30","Amapá","-"]
["2017-01-01","ASFALTOS DILUÍDOS CM-30","Amazonas","-"]
["2017-01-01","ASFALTOS DILUÍDOS CM-30","Bahia","-"]
["2017-01-01","ASFALTOS DILUÍDOS CM-30","Ceará",2.18981]
["2017-01-01","ASFALTOS DILUÍDOS CM-30","Distrito Federal","-"]
["2017-01-01","ASFALTOS DILUÍDOS CM-30","Espírito Santo","-"]
["2017-01-01","ASFALTOS DILUÍDOS CM-30","Goiás","-"]
["2017-01-01","ASFALTOS DILUÍDOS CM-30","Maranhão","-"]
["2017-01-01","ASFALTOS DILUÍDOS CM-30","Mato Grosso",2.83953]
["2017-01-01","ASFALTOS DILUÍDOS CM-30","Mato Grosso do Sul","-"]
["2017-01-01","ASFALTOS DILUÍDOS CM-30","Minas Gerais",2.51923]
["2017-01-01","ASFALTOS DILUÍDOS CM-30","Pará","-"]
["2017-01-01","ASFALTOS DILUÍDOS CM-30","Paraíba","-"]
["2017-01-01","ASFALTOS DILUÍDOS CM-30","Paraná",2.43428]
["2017-01-01","ASFALTOS DILUÍDOS CM-30","Pernambuco","-"]
["2017-01-01","ASFALTOS DILUÍDOS CM-30","Piauí","-"]
["2017-01-01","ASFALTOS DILUÍDOS CM-30","Rio de Janeiro","-"]
["2017-01-01","ASFALTOS DILUÍDOS CM-30","Rio Grande do Norte","-"]
["2017-01-01","ASFALTOS DILUÍDOS CM-30","Rio Grande do Sul",2.34387]
["2017-01-01","ASFALTOS DILUÍDOS CM-30","Rondônia","-"]
["2017-01-01","ASFALTOS DILUÍDOS CM-30","Roraima","-"]
["2017-01-01","ASFALTOS DILUÍDOS CM-30","Santa Catarina","-"]
["2017-01-01","ASFALTOS DILUÍDOS CM-30","São Paulo",2.61077]
["2017-01-01","ASFALTOS DILUÍDOS CM-30","Sergipe","-"]
["2017-01-01","ASFALTOS DILUÍDOS CM-30","Tocantins","-"]
["2017-02-01","ASFALTOS DILUÍDOS CM-30","Acre","-"]
["2017-02-01","ASFALTOS DILUÍDOS CM-30","Alagoas","-"]
["2017-02-01","ASFALTOS DILUÍDOS CM-30","Amapá","-"]
["2017-02-01","ASFALTOS DILUÍDOS CM-30","Amazonas","-"]
["2017-02-01","ASFALTOS DILUÍDOS CM-30","Bahia","-"]
["2017-02-01","ASFALTOS DILUÍDOS CM-30","Ceará",2.23394]
["2017-02-01","ASFALTOS DILUÍDOS CM-30","Distrito Federal","-"]
["2017-02-01","ASFALTOS DILUÍDOS CM-30","Espírito Santo","-"]
["2017-02-01","ASFALTOS DILUÍDOS CM-30","Goiás","-"]
["2017-02-01","ASFALTOS DILUÍDOS CM-30","Maranhão","-"]
["2017-02-01","ASFALTOS DILUÍDOS CM-30","Mato Grosso",2.77311]
["2017-02-01","ASFALTOS DILUÍDOS CM-30","Mato Grosso do Sul","-"]
["2017-02-01","ASFALTOS DILUÍDOS CM-30","Minas Gerais",2.58193]
["2017-02-01","ASFALTOS DILUÍDOS CM-30","Pará","-"]
["2017-02-01","ASFALTOS DILUÍDOS CM-30","Paraíba","-"]
["2017-02-01","ASFALTOS DILUÍDOS CM-30","Paraná",2.542]
["2017-02-01","ASFALTOS DILUÍDOS CM-30","Pernambuco","-"]
["2017-02-01","ASFALTOS DILUÍDOS CM-30","Piauí","-"]
["2017-02-01","ASFALTOS DILUÍDOS CM-30","Rio de Janeiro","-"]
["2017-02-01","ASFALTOS DILUÍDOS CM-30","Rio Grande do Norte","-"]
["2017-02-01","ASFALTOS DILUÍDOS CM-30","Rio Grande do Sul",2.26069]
["2017-02-01","ASFALTOS DILUÍDOS CM-30","Rondônia","-"]
["2017-02-01","ASFALTOS DILUÍDOS CM-30","Roraima","-"]
["2017-02-01","ASFALTOS DILUÍDOS CM-30","Santa Catarina","-"]
["2017-02-01","ASFALTOS DILUÍDOS CM-30","São Paulo",2.55419]
["2017-02-01","ASFALTOS DILUÍDOS CM-30","Sergipe","-"]
["2017-02-01","ASFALTOS DILUÍDOS CM-30","Tocantins","-"]
["2017-03-01","ASFALTOS DILUÍDOS CM-30","Acre","-"]
["2017-03-01","ASFALTOS DILUÍDOS CM-30","Alagoas","-"]
["2017-03-01","ASFALTOS DILUÍDOS CM-30","Amapá","-"]
["2017-03-01","ASFALTOS DILUÍDOS CM-30","Amazonas","-"]
["2017-03-01","ASFALTOS DILUÍDOS CM-30","Bahia",2.80708]
["2017-03-01","ASFALTOS DILUÍDOS CM-30","Ceará",2.30732]
["2017-03-01","ASFALTOS DILUÍDOS CM-30","Distrito Federal","-"]
["2017-03-01","ASFALTOS DILUÍDOS CM-30","Espírito Santo","-"]
["2017-03-01","ASFALTOS DILUÍDOS CM-30","Goiás","-"]
["2017-03-01","ASFALTOS DILUÍDOS CM-30","Maranhão","-"]
["2017-03-01","ASFALTOS DILUÍDOS CM-30","Mato Grosso",2.78804]
["2017-03-01","ASFALTOS DILUÍDOS CM-30","Mato Grosso do Sul","-"]
["2017-03-01","ASFALTOS DILUÍDOS CM-30","Minas Gerais",2.3507]
["2017-03-01","ASFALTOS DILUÍDOS CM-30","Pará","-"]
["2017-03-01","ASFALTOS DILUÍDOS CM-30","Paraíba","-"]
["2017-03-01","ASFALTOS DILUÍDOS CM-30","Paraná",2.39121]
["2017-03-01","ASFALTOS DILUÍDOS CM-30","Pernambuco","-"]
["2017-03-01","ASFALTOS DILUÍDOS CM-30","Piauí","-"]
["2017-03-01","ASFALTOS DILUÍDOS CM-30","Rio de Janeiro",2.28055]
["2017-03-01","ASFALTOS DILUÍDOS CM-30","Rio Grande do Norte","-"]
["2017-03-01","ASFALTOS DILUÍDOS CM-30","Rio Grande do Sul",2.23865]
["2017-03-01","ASFALTOS DILUÍDOS CM-30","Rondônia","-"]
["2017-03-01","ASFALTOS DILUÍDOS CM-30","Roraima","-"]
["2017-03-01","ASFALTOS DILUÍDOS CM-30","Santa Catarina","-"]
["2017-03-01","ASFALTOS DILUÍDOS CM-30","São Paulo",2.50843]
["2017-03-01","ASFALTOS DILUÍDOS CM-30","Sergipe","-"]
["2017-03-01","ASFALTOS DILUÍDOS CM-30","Tocantins","-"]
["2017-04-01","ASFALTOS DILUÍDOS CM-30","Acre","-"]
["2017-04-01","ASFALTOS DILUÍDOS CM-30","Alagoas","-"]
["2017-04-01","ASFALTOS DILUÍDOS CM-30","Amapá","-"]
["2017-04-01","ASFALTOS DILUÍDOS CM-30","Amazonas",2.43791]
["2017-04-01","ASFALTOS DILUÍDOS CM-30","Bahia","-"]
["2017-04-01","ASFALTOS DILUÍDOS CM-30","Ceará",2.21281]
["2017-04-01","ASFALTOS DILUÍDOS CM-30","Distrito Federal","-"]
["2017-04-01","ASFALTOS DILUÍDOS CM-30","Espírito Santo","-"]
["2017-04-01","ASFALTOS DILUÍDOS CM-30","Goiás",2.93291]
["2017-04-01","ASFALTOS DILUÍDOS CM-30","Maranhão","-"]
["2017-04-01","ASFALTOS DILUÍDOS CM-30","Mato Grosso",2.6034]
["2017-04-01","ASFALTOS DILUÍDOS CM-30","Mato Grosso do Sul","-"]
["2017-04-01","ASFALTOS DILUÍDOS CM-30","Minas Gerais",2.2279]
["2017-04-01","ASFALTOS DILUÍDOS CM-30","Pará","-"]
["2017-04-01","ASFALTOS DILUÍDOS CM-30","Paraíba","-"]
["2017-04-01","ASFALTOS DILUÍDOS CM-30","Paraná",2.25549]
["2017-04-01","ASFALTOS DILUÍDOS CM-30","Pernambuco","-"]
["2017-04-01","ASFALTOS DILUÍDOS CM-30","Piauí","-"]
["2017-04-01","ASFALTOS DILUÍDOS CM-30","Rio de Janeiro","-"]
["2017-04-01","ASFALTOS DILUÍDOS CM-30","Rio Grande do Norte","-"]
["2017-04-01","ASFALTOS DILUÍDOS CM-30","Rio Grande do Sul",2.25722]
["2017-04-01","ASFALTOS DILUÍDOS CM-30","Rondônia","-"]
["2017-04-01","ASFALTOS DILUÍDOS CM-30","Roraima","-"]
["2017-04-01","ASFALTOS DILUÍDOS CM-30","Santa Catarina","-"]
["2017-04-01","ASFALTOS DILUÍDOS CM-30","São Paulo",2.54603]
["2017-04-01","ASFALTOS DILUÍDOS CM-30","Sergipe","-"]
["2017-04-01","ASFALTOS DILUÍDOS CM-30","Tocantins","-"]
["2017-05-01","ASFALTOS DILUÍDOS CM-30","Acre","-"]
["2017-05-01","ASFALTOS DILUÍDOS CM-30","Alagoas","-"]
["2017-05-01","ASFALTOS DILUÍDOS CM-30","Amapá","-"]
["2017-05-01","ASFALTOS DILUÍDOS CM-30","Amazonas",2.10724]
["2017-05-01","ASFALTOS DILUÍDOS CM-30","Bahia",2.82551]
["2017-05-01","ASFALTOS DILUÍDOS CM-30","Ceará",2.12321]
["2017-05-01","ASFALTOS DILUÍDOS CM-30","Distrito Federal","-"]
["2017-05-01","ASFALTOS DILUÍDOS CM-30","Espírito Santo","-"]
["2017-05-01","ASFALTOS DILUÍDOS CM-30","Goiás","-"]
["2017-05-01","ASFALTOS DILUÍDOS CM-30","Maranhão","-"]
["2017-05-01","ASFALTOS DILUÍDOS CM-30","Mato Grosso",2.65092]
["2017-05-01","ASFALTOS DILUÍDOS CM-30","Mato Grosso do Sul","-"]
["2017-05-01","ASFALTOS DILUÍDOS CM-30","Minas Gerais",2.21155]
["2017-05-01","ASFALTOS DILUÍDOS CM-30","Pará","-"]
["2017-05-01","ASFALTOS DILUÍDOS CM-30","Paraíba","-"]
["2017-05-01","ASFALTOS DILUÍDOS CM-30","Paraná",2.24825]
["2017-05-01","ASFALTOS DILUÍDOS CM-30","Pernambuco","-"]
["2017-05-01","ASFALTOS DILUÍDOS CM-30","Piauí","-"]
["2017-05-01","ASFALTOS DILUÍDOS CM-30","Rio de Janeiro",2.0498]
["2017-05-01","ASFALTOS DILUÍDOS CM-30","Rio Grande do Norte","-"]
["2017-05-01","ASFALTOS DILUÍDOS CM-30","Rio Grande do Sul",2.16733]
["2017-05-01","ASFALTOS DILUÍDOS CM-30","Rondônia","-"]
["2017-05-01","ASFALTOS DILUÍDOS CM-30","Roraima","-"]
["2017-05-01","ASFALTOS DILUÍDOS CM-30","Santa Catarina","-"]
["2017-05-01","ASFALTOS DILUÍDOS CM-30","São Paulo",2.43105]
["2017-05-01","ASFALTOS DILUÍDOS CM-30","Sergipe","-"]
["2017-05-01","ASFALTOS DILUÍDOS CM-30","Tocantins","-"]
["2017-06-01","ASFALTOS DILUÍDOS CM-30","Acre","-"]
["2017-06-01","ASFALTOS DILUÍDOS CM-30","Alagoas","-"]
["2017-06-01","ASFALTOS DILUÍDOS CM-30","Amapá","-"]
["2017-06-01","ASFALTOS DILUÍDOS CM-30","Amazonas",2.19145]
["2017-06-01","ASFALTOS DILUÍDOS CM-30","Bahia",2.66916]
["2017-06-01","ASFALTOS DILUÍDOS CM-30","Ceará",2.14969]
["2017-06-01","ASFALTOS DILUÍDOS CM-30","Distrito Federal","-"]
["2017-06-01","ASFALTOS DILUÍDOS CM-30","Espírito Santo","-"]
["2017-06-01","ASFALTOS DILUÍDOS CM-30","Goiás",2.86527]
["2017-06-01","ASFALTOS DILUÍDOS CM-30","Maranhão","-"]
["2017-06-01","ASFALTOS DILUÍDOS CM-30","Mato Grosso",2.6906]
["2017-06-01","ASFALTOS DILUÍDOS CM-30","Mato Grosso do Sul","-"]
["2017-06-01","ASFALTOS DILUÍDOS CM-30","Minas Gerais",2.19956]
["2017-06-01","ASFALTOS DILUÍDOS CM-30","Pará","-"]
["2017-06-01","ASFALTOS DILUÍDOS CM-30","Paraíba","-"]
["2017-06-01","ASFALTOS DILUÍDOS CM-30","Paraná",2.36628]
["2017-06-01","ASFALTOS DILUÍDOS CM-30","Pernambuco","-"]
["2017-06-01","ASFALTOS DILUÍDOS CM-30","Piauí","-"]
["2017-06-01","ASFALTOS DILUÍDOS CM-30","Rio de Janeiro",2.12219]
["2017-06-01","ASFALTOS DILUÍDOS CM-30","Rio Grande do Norte","-"]
["2017-06-01","ASFALTOS DILUÍDOS CM-30","Rio Grande do Sul",2.2666]
["2017-06-01","ASFALTOS DILUÍDOS CM-30","Rondônia","-"]
["2017-06-01","ASFALTOS DILUÍDOS CM-30","Roraima","-"]
["2017-06-01","ASFALTOS DILUÍDOS CM-30","Santa Catarina","-"]
["2017-06-01","ASFALTOS DILUÍDOS CM-30","São Paulo",2.34298]
["2017-06-01","ASFALTOS DILUÍDOS CM-30","Sergipe","-"]
["2017-06-01","ASFALTOS DILUÍDOS CM-30","Tocantins","-"]
["2017-07-01","ASFALTOS DILUÍDOS CM-30","Acre","-"]
["2017-07-01","ASFALTOS DILUÍDOS CM-30","Alagoas","-"]
["2017-07-01","ASFALTOS DILUÍDOS CM-30","Amapá","-"]
["2017-07-01","ASFALTOS DILUÍDOS CM-30","Amazonas",2.34307]
["2017-07-01","ASFALTOS DILUÍDOS CM-30","Bahia","-"]
["2017-07-01","ASFALTOS DILUÍDOS CM-30","Ceará",2.20497]
["2017-07-01","ASFALTOS DILUÍDOS CM-30","Distrito Federal","-"]
["2017-07-01","ASFALTOS DILUÍDOS CM-30","Espírito Santo","-"]
["2017-07-01","ASFALTOS DILUÍDOS CM-30","Goiás","-"]
["2017-07-01","ASFALTOS DILUÍDOS CM-30","Maranhão","-"]
["2017-07-01","ASFALTOS DILUÍDOS CM-30","Mato Grosso",2.66213]
["2017-07-01","ASFALTOS DILUÍDOS CM-30","Mato Grosso do Sul","-"]
["2017-07-01","ASFALTOS DILUÍDOS CM-30","Minas Gerais",2.45341]
["2017-07-01","ASFALTOS DILUÍDOS CM-30","Pará","-"]
["2017-07-01","ASFALTOS DILUÍDOS CM-30","Paraíba","-"]
["2017-07-01","ASFALTOS DILUÍDOS CM-30","Paraná",2.35142]
["2017-07-01","ASFALTOS DILUÍDOS CM-30","Pernambuco","-"]
["2017-07-01","ASFALTOS DILUÍDOS CM-30","Piauí","-"]
["2017-07-01","ASFALTOS DILUÍDOS CM-30","Rio de Janeiro","-"]
["2017-07-01","ASFALTOS DILUÍDOS CM-30","Rio Grande do Norte","-"]
["2017-07-01","ASFALTOS DILUÍDOS CM-30","Rio Grande do Sul",2.21223]
["2017-07-01","ASFALTOS DILUÍDOS CM-30","Rondônia","-"]
["2017-07-01","ASFALTOS DILUÍDOS CM-30","Roraima","-"]
["2017-07-01","ASFALTOS DILUÍDOS CM-30","Santa Catarina","-"]
["2017-07-01","ASFALTOS DILUÍDOS CM-30","São Paulo",2.33473]
["2017-07-01","ASFALTOS DILUÍDOS CM-30","Sergipe","-"]
["2017-07-01","ASFALTOS DILUÍDOS CM-30","Tocantins","-"]
["2017-08-01","ASFALTOS DILUÍDOS CM-30","Acre","-"]
["2017-08-01","ASFALTOS DILUÍDOS CM-30","Alagoas","-"]
["2017-08-01","ASFALTOS DILUÍDOS CM-30","Amapá","-"]
["2017-08-01","ASFALTOS DILUÍDOS CM-30","Amazonas",2.20356]
["2017-08-01","ASFALTOS DILUÍDOS CM-30","Bahia","-"]
["2017-08-01","ASFALTOS DILUÍDOS CM-30","Ceará",2.13515]
["2017-08-01","ASFALTOS DILUÍDOS CM-30","Distrito Federal","-"]
["2017-08-01","ASFALTOS DILUÍDOS CM-30","Espírito Santo","-"]
["2017-08-01","ASFALTOS DILUÍDOS CM-30","Goiás",2.64086]
["2017-08-01","ASFALTOS DILUÍDOS CM-30","Maranhão","-"]
["2017-08-01","ASFALTOS DILUÍDOS CM-30","Mato Grosso",2.62105]
["2017-08-01","ASFALTOS DILUÍDOS CM-30","Mato Grosso do Sul","-"]
["2017-08-01","ASFALTOS DILUÍDOS CM-30","Minas Gerais",2.3779]
["2017-08-01","ASFALTOS DILUÍDOS CM-30","Pará",2.70058]
["2017-08-01","ASFALTOS DILUÍDOS CM-30","Paraíba","-"]
["2017-08-01","ASFALTOS DILUÍDOS CM-30","Paraná",2.10182]
["2017-08-01","ASFALTOS DILUÍDOS CM-30","Pernambuco","-"]
["2017-08-01","ASFALTOS DILUÍDOS CM-30","Piauí","-"]
["2017-08-01","ASFALTOS DILUÍDOS CM-30","Rio de Janeiro","-"]
["2017-08-01","ASFALTOS DILUÍDOS CM-30","Rio Grande do Norte","-"]
["2017-08-01","ASFALTOS DILUÍDOS CM-30","Rio Grande do Sul",2.22454]
["2017-08-01","ASFALTOS DILUÍDOS CM-30","Rondônia","-"]
["2017-08-01","ASFALTOS DILUÍDOS CM-30","Roraima","-"]
["2017-08-01","ASFALTOS DILUÍDOS CM-30","Santa Catarina","-"]
["2017-08-01","ASFALTOS DILUÍDOS CM-30","São Paulo",2.21256]
["2017-08-01","ASFALTOS DILUÍDOS CM-30","Sergipe","-"]
["2017-08-01","ASFALTOS DILUÍDOS CM-30","Tocantins","-"]
["2017-09-01","ASFALTOS DILUÍDOS CM-30","Acre","-"]
["2017-09-01","ASFALTOS DILUÍDOS CM-30","Alagoas","-"]
["2017-09-01","ASFALTOS DILUÍDOS CM-30","Amapá","-"]
["2017-09-01","ASFALTOS DILUÍDOS CM-30","Amazonas",2.33138]
["2017-09-01","ASFALTOS DILUÍDOS CM-30","Bahia","-"]
["2017-09-01","ASFALTOS DILUÍDOS CM-30","Ceará",2.12132]
["2017-09-01","ASFALTOS DILUÍDOS CM-30","Distrito Federal","-"]
["2017-09-01","ASFALTOS DILUÍDOS CM-30","Espírito Santo","-"]
["2017-09-01","ASFALTOS DILUÍDOS CM-30","Goiás",2.63678]
["2017-09-01","ASFALTOS DILUÍDOS CM-30","Maranhão","-"]
["2017-09-01","ASFALTOS DILUÍDOS CM-30","Mato Grosso",2.69731]
["2017-09-01","ASFALTOS DILUÍDOS CM-30","Mato Grosso do Sul","-"]
["2017-09-01","ASFALTOS DILUÍDOS CM-30","Minas Gerais",2.51089]
["2017-09-01","ASFALTOS DILUÍDOS CM-30","Pará",2.70904]
["2017-09-01","ASFALTOS DILUÍDOS CM-30","Paraíba","-"]
["2017-09-01","ASFALTOS DILUÍDOS CM-30","Paraná",2.39666]
["2017-09-01","ASFALTOS DILUÍDOS CM-30","Pernambuco","-"]
["2017-09-01","ASFALTOS DILUÍDOS CM-30","Piauí","-"]
["2017-09-01","ASFALTOS DILUÍDOS CM-30","Rio de Janeiro","-"]
["2017-09-01","ASFALTOS DILUÍDOS CM-30","Rio Grande do Norte","-"]
["2017-09-01","ASFALTOS DILUÍDOS CM-30","Rio Grande do Sul",2.19121]
["2017-09-01","ASFALTOS DILUÍDOS CM-30","Rondônia","-"]
["2017-09-01","ASFALTOS DILUÍDOS CM-30","Roraima","-"]
["2017-09-01","ASFALTOS DILUÍDOS CM-30","Santa Catarina","-"]
["2017-09-01","ASFALTOS DILUÍDOS CM-30","São Paulo",2.30974]
["2017-09-01","ASFALTOS DILUÍDOS CM-30","Sergipe","-"]
["2017-09-01","ASFALTOS DILUÍDOS CM-30","Tocantins","-"]
["2017-10-01","ASFALTOS DILUÍDOS CM-30","Acre","-"]
["2017-10-01","ASFALTOS DILUÍDOS CM-30","Alagoas","-"]
["2017-10-01","ASFALTOS DILUÍDOS CM-30","Amapá","-"]
["2017-10-01","ASFALTOS DILUÍDOS CM-30","Amazonas",2.20918]
["2017-10-01","ASFALTOS DILUÍDOS CM-30","Bahia","-"]
["2017-10-01","ASFALTOS DILUÍDOS CM-30","Ceará",2.16024]
["2017-10-01","ASFALTOS DILUÍDOS CM-30","Distrito Federal","-"]
["2017-10-01","ASFALTOS DILUÍDOS CM-30","Espírito Santo","-"]
["2017-10-01","ASFALTOS DILUÍDOS CM-30","Goiás",2.54822]
["2017-10-01","ASFALTOS DILUÍDOS CM-30","Maranhão","-"]
["2017-10-01","ASFALTOS DILUÍDOS CM-30","Mato Grosso",2.78486]
["2017-10-01","ASFALTOS DILUÍDOS CM-30","Mato Grosso do Sul","-"]
["2017-10-01","ASFALTOS DILUÍDOS CM-30","Minas Gerais",2.63784]
["2017-10-01","ASFALTOS DILUÍDOS CM-30","Pará","-"]
["2017-10-01","ASFALTOS DILUÍDOS CM-30","Paraíba","-"]
["2017-10-01","ASFALTOS DILUÍDOS CM-30","Paraná",2.21648]
["2017-10-01","ASFALTOS DILUÍDOS CM-30","Pernambuco","-"]
["2017-10-01","ASFALTOS DILUÍDOS CM-30","Piauí","-"]
["2017-10-01","ASFALTOS DILUÍDOS CM-30","Rio de Janeiro","-"]
["2017-10-01","ASFALTOS DILUÍDOS CM-30","Rio Grande do Norte","-"]
["2017-10-01","ASFALTOS DILUÍDOS CM-30","Rio Grande do Sul",2.1731]
["2017-10-01","ASFALTOS DILUÍDOS CM-30","Rondônia","-"]
["2017-10-01","ASFALTOS DILUÍDOS CM-30","Roraima","-"]
["2017-10-01","ASFALTOS DILUÍDOS CM-30","Santa Catarina","-"]
["2017-10-01","ASFALTOS DILUÍDOS CM-30","São Paulo",2.20409]
["2017-10-01","ASFALTOS DILUÍDOS CM-30","Sergipe","-"]
["2017-10-01","ASFALTOS DILUÍDOS CM-30","Tocantins","-"]
["2017-11-01","ASFALTOS DILUÍDOS CM-30","Acre","-"]
["2017-11-01","ASFALTOS DILUÍDOS CM-30","Alagoas","-"]
["2017-11-01","ASFALTOS DILUÍDOS CM-30","Amapá","-"]
["2017-11-01","ASFALTOS DILUÍDOS CM-30","Amazonas",2.38457]
["2017-11-01","ASFALTOS DILUÍDOS CM-30","Bahia","-"]
["2017-11-01","ASFALTOS DILUÍDOS CM-30","Ceará",2.38833]
["2017-11-01","ASFALTOS DILUÍDOS CM-30","Distrito Federal","-"]
["2017-11-01","ASFALTOS DILUÍDOS CM-30","Espírito Santo","-"]
["2017-11-01","ASFALTOS DILUÍDOS CM-30","Goiás",2.99423]
["2017-11-01","ASFALTOS DILUÍDOS CM-30","Maranhão","-"]
["2017-11-01","ASFALTOS DILUÍDOS CM-30","Mato Grosso",2.88902]
["2017-11-01","ASFALTOS DILUÍDOS CM-30","Mato Grosso do Sul","-"]
["2017-11-01","ASFALTOS DILUÍDOS CM-30","Minas Gerais",2.57271]
["2017-11-01","ASFALTOS DILUÍDOS CM-30","Pará",2.73058]
["2017-11-01","ASFALTOS DILUÍDOS CM-30","Paraíba","-"]
["2017-11-01","ASFALTOS DILUÍDOS CM-30","Paraná",2.48177]
["2017-11-01","ASFALTOS DILUÍDOS CM-30","Pernambuco","-"]
["2017-11-01","ASFALTOS DILUÍDOS CM-30","Piauí","-"]
["2017-11-01","ASFALTOS DILUÍDOS CM-30","Rio de Janeiro","-"]
["2017-11-01","ASFALTOS DILUÍDOS CM-30","Rio Grande do Norte","-"]
["2017-11-01","ASFALTOS DILUÍDOS CM-30","Rio Grande do Sul",2.32959]
["2017-11-01","ASFALTOS DILUÍDOS CM-30","Rondônia","-"]
["2017-11-01","ASFALTOS DILUÍDOS CM-30","Roraima","-"]
["2017-11-01","ASFALTOS DILUÍDOS CM-30","Santa Catarina","-"]
["2017-11-01","ASFALTOS DILUÍDOS CM-30","São Paulo",2.61403]
["2017-11-01","ASFALTOS DILUÍDOS CM-30","Sergipe","-"]
["2017-11-01","ASFALTOS DILUÍDOS CM-30","Tocantins","-"]
["2017-12-01","ASFALTOS DILUÍDOS CM-30","Acre","-"]
["2017-12-01","ASFALTOS DILUÍDOS CM-30","Alagoas","-"]
["2017-12-01","ASFALTOS DILUÍDOS CM-30","Amapá","-"]
["2017-12-01","ASFALTOS DILUÍDOS CM-30","Amazonas",2.33432]
["2017-12-01","ASFALTOS DILUÍDOS CM-30","Bahia","-"]
["2017-12-01","ASFALTOS DILUÍDOS CM-30","Ceará",2.40481]
["2017-12-01","ASFALTOS DILUÍDOS CM-30","Distrito Federal","-"]
["2017-12-01","ASFALTOS DILUÍDOS CM-30","Espírito Santo","-"]
["2017-12-01","ASFALTOS DILUÍDOS CM-30","Goiás","-"]
["2017-12-01","ASFALTOS DILUÍDOS CM-30","Maranhão","-"]
["2017-12-01","ASFALTOS DILUÍDOS CM-30","Mato Grosso",3.04007]
["2017-12-01","ASFALTOS DILUÍDOS CM-30","Mato Grosso do Sul","-"]
["2017-12-01","ASFALTOS DILUÍDOS CM-30","Minas Gerais",2.72401]
["2017-12-01","ASFALTOS DILUÍDOS CM-30","Pará","-"]
["2017-12-01","ASFALTOS DILUÍDOS CM-30","Paraíba","-"]
["2017-12-01","ASFALTOS DILUÍDOS CM-30","Paraná",2.43978]
["2017-12-01","ASFALTOS DILUÍDOS CM-30","Pernambuco","-"]
["2017-12-01","ASFALTOS DILUÍDOS CM-30","Piauí","-"]
["2017-12-01","ASFALTOS DILUÍDOS CM-30","Rio de Janeiro","-"]
["2017-12-01","ASFALTOS DILUÍDOS CM-30","Rio Grande do Norte","-"]
["2017-12-01","ASFALTOS DILUÍDOS CM-30","Rio Grande do Sul",2.39571]
["2017-12-01","ASFALTOS DILUÍDOS CM-30","Rondônia","-"]
["2017-12-01","ASFALTOS DILUÍDOS CM-30","Roraima","-"]
["2017-12-01","ASFALTOS DILUÍDOS CM-30","Santa Catarina","-"]
["2017-12-01","ASFALTOS DILUÍDOS CM-30","São Paulo",2.56884]
["2017-12-01","ASFALTOS DILUÍDOS CM-30","Sergipe","-"]
["2017-12-01","ASFALTOS DILUÍDOS CM-30","Tocantins","-"]
["2018-01-01","ASFALTOS DILUÍDOS CM-30","Acre","-"]
["2018-01-01","ASFALTOS DILUÍDOS CM-30","Alagoas","-"]
["2018-01-01","ASFALTOS DILUÍDOS CM-30","Amapá","-"]
["2018-01-01","ASFALTOS DILUÍDOS CM-30","Amazonas",2.82961]
["2018-01-01","ASFALTOS DILUÍDOS CM-30","Bahia",2.63908]
["2018-01-01","ASFALTOS DILUÍDOS CM-30","Ceará",2.65947]
["2018-01-01","ASFALTOS DILUÍDOS CM-30","Distrito Federal","-"]
["2018-01-01","ASFALTOS DILUÍDOS CM-30","Espírito Santo","-"]
["2018-01-01","ASFALTOS DILUÍDOS CM-30","Goiás","-"]
["2018-01-01","ASFALTOS DILUÍDOS CM-30","Maranhão","-"]
["2018-01-01","ASFALTOS DILUÍDOS CM-30","Mato Grosso",2.93538]
["2018-01-01","ASFALTOS DILUÍDOS CM-30","Mato Grosso do Sul","-"]
["2018-01-01","ASFALTOS DILUÍDOS CM-30","Minas Gerais",2.70774]
["2018-01-01","ASFALTOS DILUÍDOS CM-30","Pará","-"]
["2018-01-01","ASFALTOS DILUÍDOS CM-30","Paraíba","-"]
["2018-01-01","ASFALTOS DILUÍDOS CM-30","Paraná",2.71484]
["2018-01-01","ASFALTOS DILUÍDOS CM-30","Pernambuco","-"]
["2018-01-01","ASFALTOS DILUÍDOS CM-30","Piauí","-"]
["2018-01-01","ASFALTOS DILUÍDOS CM-30","Rio de Janeiro","-"]
["2018-01-01","ASFALTOS DILUÍDOS CM-30","Rio Grande do Norte","-"]
["2018-01-01","ASFALTOS DILUÍDOS CM-30","Rio Grande do Sul",2.49582]
["2018-01-01","ASFALTOS DILUÍDOS CM-30","Rondônia","-"]
["2018-01-01","ASFALTOS DILUÍDOS CM-30","Roraima","-"]
["2018-01-01","ASFALTOS DILUÍDOS CM-30","Santa Catarina","-"]
["2018-01-01","ASFALTOS DILUÍDOS CM-30","São Paulo",2.57343]
["2018-01-01","ASFALTOS DILUÍDOS CM-30","Sergipe","-"]
["2018-01-01","ASFALTOS DILUÍDOS CM-30","Tocantins","-"]
["2018-02-01","ASFALTOS DILUÍDOS CM-30","Acre","-"]
["2018-02-01","ASFALTOS DILUÍDOS CM-30","Alagoas","-"]
["2018-02-01","ASFALTOS DILUÍDOS CM-30","Amapá","-"]
["2018-02-01","ASFALTOS DILUÍDOS CM-30","Amazonas",2.76772]
["2018-02-01","ASFALTOS DILUÍDOS CM-30","Bahia","-"]
["2018-02-01","ASFALTOS DILUÍDOS CM-30","Ceará",2.6714]
["2018-02-01","ASFALTOS DILUÍDOS CM-30","Distrito Federal","-"]
["2018-02-01","ASFALTOS DILUÍDOS CM-30","Espírito Santo","-"]
["2018-02-01","ASFALTOS DILUÍDOS CM-30","Goiás","-"]
["2018-02-01","ASFALTOS DILUÍDOS CM-30","Maranhão","-"]
["2018-02-01","ASFALTOS DILUÍDOS CM-30","Mato Grosso",3.41552]
["2018-02-01","ASFALTOS DILUÍDOS CM-30","Mato Grosso do Sul","-"]
["2018-02-01","ASFALTOS DILUÍDOS CM-30","Minas Gerais",2.59149]
["2018-02-01","ASFALTOS DILUÍDOS CM-30","Pará","-"]
["2018-02-01","ASFALTOS DILUÍDOS CM-30","Paraíba","-"]
["2018-02-01","ASFALTOS DILUÍDOS CM-30","Paraná",2.60212]
["2018-02-01","ASFALTOS DILUÍDOS CM-30","Pernambuco","-"]
["2018-02-01","ASFALTOS DILUÍDOS CM-30","Piauí","-"]
["2018-02-01","ASFALTOS DILUÍDOS CM-30","Rio de Janeiro","-"]
["2018-02-01","ASFALTOS DILUÍDOS CM-30","Rio Grande do Norte","-"]
["2018-02-01","ASFALTOS DILUÍDOS CM-30","Rio Grande do Sul",2.52002]
["2018-02-01","ASFALTOS DILUÍDOS CM-30","Rondônia","-"]
["2018-02-01","ASFALTOS DILUÍDOS CM-30","Roraima","-"]
["2018-02-01","ASFALTOS DILUÍDOS CM-30","Santa Catarina","-"]
["2018-02-01","ASFALTOS DILUÍDOS CM-30","São Paulo",2.64923]
["2018-02-01","ASFALTOS DILUÍDOS CM-30","Sergipe","-"]
["2018-02-01","ASFALTOS DILUÍDOS CM-30","Tocantins","-"]
["2018-03-01","ASFALTOS DILUÍDOS CM-30","Acre","-"]
["2018-03-01","ASFALTOS DILUÍDOS CM-30","Alagoas","-"]
["2018-03-01","ASFALTOS DILUÍDOS CM-30","Amapá","-"]
["2018-03-01","ASFALTOS DILUÍDOS CM-30","Amazonas","-"]
["2018-03-01","ASFALTOS DILUÍDOS CM-30","Bahia","-"]
["2018-03-01","ASFALTOS DILUÍDOS CM-30","Ceará",2.53054]
["2018-03-01","ASFALTOS DILUÍDOS CM-30","Distrito Federal","-"]
["2018-03-01","ASFALTOS DILUÍDOS CM-30","Espírito Santo","-"]
["2018-03-01","ASFALTOS DILUÍDOS CM-30","Goiás",2.57231]
["2018-03-01","ASFALTOS DILUÍDOS CM-30","Maranhão","-"]
["2018-03-01","ASFALTOS DILUÍDOS CM-30","Mato Grosso","-"]
["2018-03-01","ASFALTOS DILUÍDOS CM-30","Mato Grosso do Sul","-"]
["2018-03-01","ASFALTOS DILUÍDOS CM-30","Minas Gerais",2.58032]
["2018-03-01","ASFALTOS DILUÍDOS CM-30","Pará","-"]
["2018-03-01","ASFALTOS DILUÍDOS CM-30","Paraíba","-"]
["2018-03-01","ASFALTOS DILUÍDOS CM-30","Paraná",2.6389]
["2018-03-01","ASFALTOS DILUÍDOS CM-30","Pernambuco","-"]
["2018-03-01","ASFALTOS DILUÍDOS CM-30","Piauí","-"]
["2018-03-01","ASFALTOS DILUÍDOS CM-30","Rio de Janeiro","-"]
["2018-03-01","ASFALTOS DILUÍDOS CM-30","Rio Grande do Norte","-"]
["2018-03-01","ASFALTOS DILUÍDOS CM-30","Rio Grande do Sul",2.53921]
["2018-03-01","ASFALTOS DILUÍDOS CM-30","Rondônia","-"]
["2018-03-01","ASFALTOS DILUÍDOS CM-30","Roraima","-"]
["2018-03-01","ASFALTOS DILUÍDOS CM-30","Santa Catarina","-"]
["2018-03-01","ASFALTOS DILUÍDOS CM-30","São Paulo",2.56545]
["2018-03-01","ASFALTOS DILUÍDOS CM-30","Sergipe","-"]
["2018-03-01","ASFALTOS DILUÍDOS CM-30","Tocantins","-"]
["2018-04-01","ASFALTOS DILUÍDOS CM-30","Acre","-"]
["2018-04-01","ASFALTOS DILUÍDOS CM-30","Alagoas","-"]
["2018-04-01","ASFALTOS DILUÍDOS CM-30","Amapá","-"]
["2018-04-01","ASFALTOS DILUÍDOS CM-30","Amazonas","-"]
["2018-04-01","ASFALTOS DILUÍDOS CM-30","Bahia","-"]
["2018-04-01","ASFALTOS DILUÍDOS CM-30","Ceará",2.56906]
["2018-04-01","ASFALTOS DILUÍDOS CM-30","Distrito Federal","-"]
["2018-04-01","ASFALTOS DILUÍDOS CM-30","Espírito Santo","-"]
["2018-04-01","ASFALTOS DILUÍDOS CM-30","Goiás","-"]
["2018-04-01","ASFALTOS DILUÍDOS CM-30","Maranhão","-"]
["2018-04-01","ASFALTOS DILUÍDOS CM-30","Mato Grosso",3.01501]
["2018-04-01","ASFALTOS DILUÍDOS CM-30","Mato Grosso do Sul","-"]
["2018-04-01","ASFALTOS DILUÍDOS CM-30","Minas Gerais",2.60389]
["2018-04-01","ASFALTOS DILUÍDOS CM-30","Pará","-"]
["2018-04-01","ASFALTOS DILUÍDOS CM-30","Paraíba","-"]
["2018-04-01","ASFALTOS DILUÍDOS CM-30","Paraná",2.56654]
["2018-04-01","ASFALTOS DILUÍDOS CM-30","Pernambuco","-"]
["2018-04-01","ASFALTOS DILUÍDOS CM-30","Piauí","-"]
["2018-04-01","ASFALTOS DILUÍDOS CM-30","Rio de Janeiro","-"]
["2018-04-01","ASFALTOS DILUÍDOS CM-30","Rio Grande do Norte","-"]
["2018-04-01","ASFALTOS DILUÍDOS CM-30","Rio Grande do Sul",2.52273]
["2018-04-01","ASFALTOS DILUÍDOS CM-30","Rondônia","-"]
["2018-04-01","ASFALTOS DILUÍDOS CM-30","Roraima","-"]
["2018-04-01","ASFALTOS DILUÍDOS CM-30","Santa Catarina","-"]
["2018-04-01","ASFALTOS DILUÍDOS CM-30","São Paulo",2.62671]
["2018-04-01","ASFALTOS DILUÍDOS CM-30","Sergipe","-"]
["2018-04-01","ASFALTOS DILUÍDOS CM-30","Tocantins","-"]
["2018-05-01","ASFALTOS DILUÍDOS CM-30","Acre","-"]
["2018-05-01","ASFALTOS DILUÍDOS CM-30","Alagoas","-"]
["2018-05-01","ASFALTOS DILUÍDOS CM-30","Amapá","-"]
["2018-05-01","ASFALTOS DILUÍDOS CM-30","Amazonas","-"]
["2018-05-01","ASFALTOS DILUÍDOS CM-30","Bahia","-"]
["2018-05-01","ASFALTOS DILUÍDOS CM-30","Ceará",2.67038]
["2018-05-01","ASFALTOS DILUÍDOS CM-30","Distrito Federal","-"]
["2018-05-01","ASFALTOS DILUÍDOS CM-30","Espírito Santo","-"]
["2018-05-01","ASFALTOS DILUÍDOS CM-30","Goiás",2.68502]
["2018-05-01","ASFALTOS DILUÍDOS CM-30","Maranhão","-"]
["2018-05-01","ASFALTOS DILUÍDOS CM-30","Mato Grosso",3.29478]
["2018-05-01","ASFALTOS DILUÍDOS CM-30","Mato Grosso do Sul","-"]
["2018-05-01","ASFALTOS DILUÍDOS CM-30","Minas Gerais",2.69306]
["2018-05-01","ASFALTOS DILUÍDOS CM-30","Pará","-"]
["2018-05-01","ASFALTOS DILUÍDOS CM-30","Paraíba","-"]
["2018-05-01","ASFALTOS DILUÍDOS CM-30","Paraná",2.72202]
["2018-05-01","ASFALTOS DILUÍDOS CM-30","Pernambuco","-"]
["2018-05-01","ASFALTOS DILUÍDOS CM-30","Piauí","-"]
["2018-05-01","ASFALTOS DILUÍDOS CM-30","Rio de Janeiro","-"]
["2018-05-01","ASFALTOS DILUÍDOS CM-30","Rio Grande do Norte","-"]
["2018-05-01","ASFALTOS DILUÍDOS CM-30","Rio Grande do Sul",2.76922]
["2018-05-01","ASFALTOS DILUÍDOS CM-30","Rondônia","-"]
["2018-05-01","ASFALTOS DILUÍDOS CM-30","Roraima","-"]
["2018-05-01","ASFALTOS DILUÍDOS CM-30","Santa Catarina","-"]
["2018-05-01","ASFALTOS DILUÍDOS CM-30","São Paulo",2.68734]
["2018-05-01","ASFALTOS DILUÍDOS CM-30","Sergipe","-"]
["2018-05-01","ASFALTOS DILUÍDOS CM-30","Tocantins","-"]
["2018-06-01","ASFALTOS DILUÍDOS CM-30","Acre","-"]
["2018-06-01","ASFALTOS DILUÍDOS CM-30","Alagoas","-"]
["2018-06-01","ASFALTOS DILUÍDOS CM-30","Amapá","-"]
["2018-06-01","ASFALTOS DILUÍDOS CM-30","Amazonas","-"]
["2018-06-01","ASFALTOS DILUÍDOS CM-30","Bahia",3.98296]
["2018-06-01","ASFALTOS DILUÍDOS CM-30","Ceará",2.82207]
["2018-06-01","ASFALTOS DILUÍDOS CM-30","Distrito Federal","-"]
["2018-06-01","ASFALTOS DILUÍDOS CM-30","Espírito Santo","-"]
["2018-06-01","ASFALTOS DILUÍDOS CM-30","Goiás",3.04092]
["2018-06-01","ASFALTOS DILUÍDOS CM-30","Maranhão","-"]
["2018-06-01","ASFALTOS DILUÍDOS CM-30","Mato Grosso",3.38744]
["2018-06-01","ASFALTOS DILUÍDOS CM-30","Mato Grosso do Sul","-"]
["2018-06-01","ASFALTOS DILUÍDOS CM-30","Minas Gerais",2.81935]
["2018-06-01","ASFALTOS DILUÍDOS CM-30","Pará","-"]
["2018-06-01","ASFALTOS DILUÍDOS CM-30","Paraíba","-"]
["2018-06-01","ASFALTOS DILUÍDOS CM-30","Paraná",3]
["2018-06-01","ASFALTOS DILUÍDOS CM-30","Pernambuco","-"]
["2018-06-01","ASFALTOS DILUÍDOS CM-30","Piauí","-"]
["2018-06-01","ASFALTOS DILUÍDOS CM-30","Rio de Janeiro","-"]
["2018-06-01","ASFALTOS DILUÍDOS CM-30","Rio Grande do Norte","-"]
["2018-06-01","ASFALTOS DILUÍDOS CM-30","Rio Grande do Sul",2.87669]
["2018-06-01","ASFALTOS DILUÍDOS CM-30","Rondônia","-"]
["2018-06-01","ASFALTOS DILUÍDOS CM-30","Roraima","-"]
["2018-06-01","ASFALTOS DILUÍDOS CM-30","Santa Catarina","-"]
["2018-06-01","ASFALTOS DILUÍDOS CM-30","São Paulo",2.89702]
["2018-06-01","ASFALTOS DILUÍDOS CM-30","Sergipe","-"]
["2018-06-01","ASFALTOS DILUÍDOS CM-30","Tocantins","-"]
["2018-07-01","ASFALTOS DILUÍDOS CM-30","Acre","-"]
["2018-07-01","ASFALTOS DILUÍDOS CM-30","Alagoas","-"]
["2018-07-01","ASFALTOS DILUÍDOS CM-30","Amapá","-"]
["2018-07-01","ASFALTOS DILUÍDOS CM-30","Amazonas",3.24984]
["2018-07-01","ASFALTOS DILUÍDOS CM-30","Bahia","-"]
["2018-07-01","ASFALTOS DILUÍDOS CM-30","Ceará",3.00548]
["2018-07-01","ASFALTOS DILUÍDOS CM-30","Distrito Federal","-"]
["2018-07-01","ASFALTOS DILUÍDOS CM-30","Espírito Santo","-"]
["2018-07-01","ASFALTOS DILUÍDOS CM-30","Goiás",3.11599]
["2018-07-01","ASFALTOS DILUÍDOS CM-30","Maranhão","-"]
["2018-07-01","ASFALTOS DILUÍDOS CM-30","Mato Grosso",3.73252]
["2018-07-01","ASFALTOS DILUÍDOS CM-30","Mato Grosso do Sul","-"]
["2018-07-01","ASFALTOS DILUÍDOS CM-30","Minas Gerais",3.01201]
["2018-07-01","ASFALTOS DILUÍDOS CM-30","Pará","-"]
["2018-07-01","ASFALTOS DILUÍDOS CM-30","Paraíba","-"]
["2018-07-01","ASFALTOS DILUÍDOS CM-30","Paraná",3.27955]
["2018-07-01","ASFALTOS DILUÍDOS CM-30","Pernambuco","-"]
["2018-07-01","ASFALTOS DILUÍDOS CM-30","Piauí","-"]
["2018-07-01","ASFALTOS DILUÍDOS CM-30","Rio de Janeiro","-"]
["2018-07-01","ASFALTOS DILUÍDOS CM-30","Rio Grande do Norte","-"]
["2018-07-01","ASFALTOS DILUÍDOS CM-30","Rio Grande do Sul",2.96443]
["2018-07-01","ASFALTOS DILUÍDOS CM-30","Rondônia","-"]
["2018-07-01","ASFALTOS DILUÍDOS CM-30","Roraima","-"]
["2018-07-01","ASFALTOS DILUÍDOS CM-30","Santa Catarina","-"]
["2018-07-01","ASFALTOS DILUÍDOS CM-30","São Paulo",3.11229]
["2018-07-01","ASFALTOS DILUÍDOS CM-30","Sergipe","-"]
["2018-07-01","ASFALTOS DILUÍDOS CM-30","Tocantins","-"]
["2018-08-01","ASFALTOS DILUÍDOS CM-30","Acre","-"]
["2018-08-01","ASFALTOS DILUÍDOS CM-30","Alagoas","-"]
["2018-08-01","ASFALTOS DILUÍDOS CM-30","Amapá","-"]
["2018-08-01","ASFALTOS DILUÍDOS CM-30","Amazonas",3.42974]
["2018-08-01","ASFALTOS DILUÍDOS CM-30","Bahia",5.21193]
["2018-08-01","ASFALTOS DILUÍDOS CM-30","Ceará",3.30828]
["2018-08-01","ASFALTOS DILUÍDOS CM-30","Distrito Federal","-"]
["2018-08-01","ASFALTOS DILUÍDOS CM-30","Espírito Santo","-"]
["2018-08-01","ASFALTOS DILUÍDOS CM-30","Goiás",3.56045]
["2018-08-01","ASFALTOS DILUÍDOS CM-30","Maranhão","-"]
["2018-08-01","ASFALTOS DILUÍDOS CM-30","Mato Grosso",3.8921]
["2018-08-01","ASFALTOS DILUÍDOS CM-30","Mato Grosso do Sul","-"]
["2018-08-01","ASFALTOS DILUÍDOS CM-30","Minas Gerais",3.49575]
["2018-08-01","ASFALTOS DILUÍDOS CM-30","Pará","-"]
["2018-08-01","ASFALTOS DILUÍDOS CM-30","Paraíba","-"]
["2018-08-01","ASFALTOS DILUÍDOS CM-30","Paraná",3.35269]
["2018-08-01","ASFALTOS DILUÍDOS CM-30","Pernambuco","-"]
["2018-08-01","ASFALTOS DILUÍDOS CM-30","Piauí","-"]
["2018-08-01","ASFALTOS DILUÍDOS CM-30","Rio de Janeiro","-"]
["2018-08-01","ASFALTOS DILUÍDOS CM-30","Rio Grande do Norte","-"]
["2018-08-01","ASFALTOS DILUÍDOS CM-30","Rio Grande do Sul",3.3614]
["2018-08-01","ASFALTOS DILUÍDOS CM-30","Rondônia","-"]
["2018-08-01","ASFALTOS DILUÍDOS CM-30","Roraima","-"]
["2018-08-01","ASFALTOS DILUÍDOS CM-30","Santa Catarina","-"]
["2018-08-01","ASFALTOS DILUÍDOS CM-30","São Paulo",3.33349]
["2018-08-01","ASFALTOS DILUÍDOS CM-30","Sergipe","-"]
["2018-08-01","ASFALTOS DILUÍDOS CM-30","Tocantins","-"]
["2018-09-01","ASFALTOS DILUÍDOS CM-30","Acre","-"]
["2018-09-01","ASFALTOS DILUÍDOS CM-30","Alagoas","-"]
["2018-09-01","ASFALTOS DILUÍDOS CM-30","Amapá","-"]
["2018-09-01","ASFALTOS DILUÍDOS CM-30","Amazonas","-"]
["2018-09-01","ASFALTOS DILUÍDOS CM-30","Bahia",4.70189]
["2018-09-01","ASFALTOS DILUÍDOS CM-30","Ceará",3.35274]
["2018-09-01","ASFALTOS DILUÍDOS CM-30","Distrito Federal","-"]
["2018-09-01","ASFALTOS DILUÍDOS CM-30","Espírito Santo","-"]
["2018-09-01","ASFALTOS DILUÍDOS CM-30","Goiás","-"]
["2018-09-01","ASFALTOS DILUÍDOS CM-30","Maranhão","-"]
["2018-09-01","ASFALTOS DILUÍDOS CM-30","Mato Grosso",3.95868]
["2018-09-01","ASFALTOS DILUÍDOS CM-30","Mato Grosso do Sul","-"]
["2018-09-01","ASFALTOS DILUÍDOS CM-30","Minas Gerais",3.33666]
["2018-09-01","ASFALTOS DILUÍDOS CM-30","Pará",2.96654]
["2018-09-01","ASFALTOS DILUÍDOS CM-30","Paraíba","-"]
["2018-09-01","ASFALTOS DILUÍDOS CM-30","Paraná",3.70119]
["2018-09-01","ASFALTOS DILUÍDOS CM-30","Pernambuco","-"]
["2018-09-01","ASFALTOS DILUÍDOS CM-30","Piauí","-"]
["2018-09-01","ASFALTOS DILUÍDOS CM-30","Rio de Janeiro","-"]
["2018-09-01","ASFALTOS DILUÍDOS CM-30","Rio Grande do Norte","-"]
["2018-09-01","ASFALTOS DILUÍDOS CM-30","Rio Grande do Sul",3.42242]
["2018-09-01","ASFALTOS DILUÍDOS CM-30","Rondônia","-"]
["2018-09-01","ASFALTOS DILUÍDOS CM-30","Roraima","-"]
["2018-09-01","ASFALTOS DILUÍDOS CM-30","Santa Catarina","-"]
["2018-09-01","ASFALTOS DILUÍDOS CM-30","São Paulo",3.45259]
["2018-09-01","ASFALTOS DILUÍDOS CM-30","Sergipe","-"]
["2018-09-01","ASFALTOS DILUÍDOS CM-30","Tocantins","-"]
["2018-10-01","ASFALTOS DILUÍDOS CM-30","Acre","-"]
["2018-10-01","ASFALTOS DILUÍDOS CM-30","Alagoas","-"]
["2018-10-01","ASFALTOS DILUÍDOS CM-30","Amapá","-"]
["2018-10-01","ASFALTOS DILUÍDOS CM-30","Amazonas","-"]
["2018-10-01","ASFALTOS DILUÍDOS CM-30","Bahia",3.64428]
["2018-10-01","ASFALTOS DILUÍDOS CM-30","Ceará",3.4328]
["2018-10-01","ASFALTOS DILUÍDOS CM-30","Distrito Federal","-"]
["2018-10-01","ASFALTOS DILUÍDOS CM-30","Espírito Santo","-"]
["2018-10-01","ASFALTOS DILUÍDOS CM-30","Goiás","-"]
["2018-10-01","ASFALTOS DILUÍDOS CM-30","Maranhão","-"]
["2018-10-01","ASFALTOS DILUÍDOS CM-30","Mato Grosso",3.99259]
["2018-10-01","ASFALTOS DILUÍDOS CM-30","Mato Grosso do Sul","-"]
["2018-10-01","ASFALTOS DILUÍDOS CM-30","Minas Gerais",3.50046]
["2018-10-01","ASFALTOS DILUÍDOS CM-30","Pará","-"]
["2018-10-01","ASFALTOS DILUÍDOS CM-30","Paraíba","-"]
["2018-10-01","ASFALTOS DILUÍDOS CM-30","Paraná",3.765]
["2018-10-01","ASFALTOS DILUÍDOS CM-30","Pernambuco","-"]
["2018-10-01","ASFALTOS DILUÍDOS CM-30","Piauí","-"]
["2018-10-01","ASFALTOS DILUÍDOS CM-30","Rio de Janeiro","-"]
["2018-10-01","ASFALTOS DILUÍDOS CM-30","Rio Grande do Norte","-"]
["2018-10-01","ASFALTOS DILUÍDOS CM-30","Rio Grande do Sul",3.37436]
["2018-10-01","ASFALTOS DILUÍDOS CM-30","Rondônia","-"]
["2018-10-01","ASFALTOS DILUÍDOS CM-30","Roraima","-"]
["2018-10-01","ASFALTOS DILUÍDOS CM-30","Santa Catarina","-"]
["2018-10-01","ASFALTOS DILUÍDOS CM-30","São Paulo",3.35924]
["2018-10-01","ASFALTOS DILUÍDOS CM-30","Sergipe","-"]
["2018-10-01","ASFALTOS DILUÍDOS CM-30","Tocantins","-"]
["2018-11-01","ASFALTOS DILUÍDOS CM-30","Acre","-"]
["2018-11-01","ASFALTOS DILUÍDOS CM-30","Alagoas","-"]
["2018-11-01","ASFALTOS DILUÍDOS CM-30","Amapá","-"]
["2018-11-01","ASFALTOS DILUÍDOS CM-30","Amazonas","-"]
["2018-11-01","ASFALTOS DILUÍDOS CM-30","Bahia","-"]
["2018-11-01","ASFALTOS DILUÍDOS CM-30","Ceará",3.78559]
["2018-11-01","ASFALTOS DILUÍDOS CM-30","Distrito Federal","-"]
["2018-11-01","ASFALTOS DILUÍDOS CM-30","Espírito Santo","-"]
["2018-11-01","ASFALTOS DILUÍDOS CM-30","Goiás","-"]
["2018-11-01","ASFALTOS DILUÍDOS CM-30","Maranhão","-"]
["2018-11-01","ASFALTOS DILUÍDOS CM-30","Mato Grosso",4.4419]
["2018-11-01","ASFALTOS DILUÍDOS CM-30","Mato Grosso do Sul","-"]
["2018-11-01","ASFALTOS DILUÍDOS CM-30","Minas Gerais",4.46444]
["2018-11-01","ASFALTOS DILUÍDOS CM-30","Pará","-"]
["2018-11-01","ASFALTOS DILUÍDOS CM-30","Paraíba","-"]
["2018-11-01","ASFALTOS DILUÍDOS CM-30","Paraná",4.17216]
["2018-11-01","ASFALTOS DILUÍDOS CM-30","Pernambuco","-"]
["2018-11-01","ASFALTOS DILUÍDOS CM-30","Piauí","-"]
["2018-11-01","ASFALTOS DILUÍDOS CM-30","Rio de Janeiro","-"]
["2018-11-01","ASFALTOS DILUÍDOS CM-30","Rio Grande do Norte","-"]
["2018-11-01","ASFALTOS DILUÍDOS CM-30","Rio Grande do Sul",3.68047]
["2018-11-01","ASFALTOS DILUÍDOS CM-30","Rondônia","-"]
["2018-11-01","ASFALTOS DILUÍDOS CM-30","Roraima","-"]
["2018-11-01","ASFALTOS DILUÍDOS CM-30","Santa Catarina","-"]
["2018-11-01","ASFALTOS DILUÍDOS CM-30","São Paulo",3.92157]
["2018-11-01","ASFALTOS DILUÍDOS CM-30","Sergipe","-"]
["2018-11-01","ASFALTOS DILUÍDOS CM-30","Tocantins","-"]
["2018-12-01","ASFALTOS DILUÍDOS CM-30","Acre","-"]
["2018-12-01","ASFALTOS DILUÍDOS CM-30","Alagoas","-"]
["2018-12-01","ASFALTOS DILUÍDOS CM-30","Amapá","-"]
["2018-12-01","ASFALTOS DILUÍDOS CM-30","Amazonas","-"]
["2018-12-01","ASFALTOS DILUÍDOS CM-30","Bahia","-"]
["2018-12-01","ASFALTOS DILUÍDOS CM-30","Ceará",3.87559]
["2018-12-01","ASFALTOS DILUÍDOS CM-30","Distrito Federal","-"]
["2018-12-01","ASFALTOS DILUÍDOS CM-30","Espírito Santo","-"]
["2018-12-01","ASFALTOS DILUÍDOS CM-30","Goiás","-"]
["2018-12-01","ASFALTOS DILUÍDOS CM-30","Maranhão","-"]
["2018-12-01","ASFALTOS DILUÍDOS CM-30","Mato Grosso",4.63299]
["2018-12-01","ASFALTOS DILUÍDOS CM-30","Mato Grosso do Sul","-"]
["2018-12-01","ASFALTOS DILUÍDOS CM-30","Minas Gerais",3.81181]
["2018-12-01","ASFALTOS DILUÍDOS CM-30","Pará","-"]
["2018-12-01","ASFALTOS DILUÍDOS CM-30","Paraíba","-"]
["2018-12-01","ASFALTOS DILUÍDOS CM-30","Paraná",4.01692]
["2018-12-01","ASFALTOS DILUÍDOS CM-30","Pernambuco","-"]
["2018-12-01","ASFALTOS DILUÍDOS CM-30","Piauí","-"]
["2018-12-01","ASFALTOS DILUÍDOS CM-30","Rio de Janeiro","-"]
["2018-12-01","ASFALTOS DILUÍDOS CM-30","Rio Grande do Norte","-"]
["2018-12-01","ASFALTOS DILUÍDOS CM-30","Rio Grande do Sul",3.82299]
["2018-12-01","ASFALTOS DILUÍDOS CM-30","Rondônia","-"]
["2018-12-01","ASFALTOS DILUÍDOS CM-30","Roraima","-"]
["2018-12-01","ASFALTOS DILUÍDOS CM-30","Santa Catarina","-"]
["2018-12-01","ASFALTOS DILUÍDOS CM-30","São Paulo",4.05617]
["2018-12-01","ASFALTOS DILUÍDOS CM-30","Sergipe","-"]
["2018-12-01","ASFALTOS DILUÍDOS CM-30","Tocantins","-"]
["2019-01-01","ASFALTOS DILUÍDOS CM-30","Acre","-"]
["2019-01-01","ASFALTOS DILUÍDOS CM-30","Alagoas","-"]
["2019-01-01","ASFALTOS DILUÍDOS CM-30","Amapá","-"]
["2019-01-01","ASFALTOS DILUÍDOS CM-30","Amazonas","-"]
["2019-01-01","ASFALTOS DILUÍDOS CM-30","Bahia","-"]
["2019-01-01","ASFALTOS DILUÍDOS CM-30","Ceará",3.80493]
["2019-01-01","ASFALTOS DILUÍDOS CM-30","Distrito Federal","-"]
["2019-01-01","ASFALTOS DILUÍDOS CM-30","Espírito Santo","-"]
["2019-01-01","ASFALTOS DILUÍDOS CM-30","Goiás","-"]
["2019-01-01","ASFALTOS DILUÍDOS CM-30","Maranhão","-"]
["2019-01-01","ASFALTOS DILUÍDOS CM-30","Mato Grosso","-"]
["2019-01-01","ASFALTOS DILUÍDOS CM-30","Mato Grosso do Sul","-"]
["2019-01-01","ASFALTOS DILUÍDOS CM-30","Minas Gerais",3.91117]
["2019-01-01","ASFALTOS DILUÍDOS CM-30","Pará","-"]
["2019-01-01","ASFALTOS DILUÍDOS CM-30","Paraíba","-"]
["2019-01-01","ASFALTOS DILUÍDOS CM-30","Paraná",4.37461]
["2019-01-01","ASFALTOS DILUÍDOS CM-30","Pernambuco","-"]
["2019-01-01","ASFALTOS DILUÍDOS CM-30","Piauí","-"]
["2019-01-01","ASFALTOS DILUÍDOS CM-30","Rio de Janeiro","-"]
["2019-01-01","ASFALTOS DILUÍDOS CM-30","Rio Grande do Norte","-"]
["2019-01-01","ASFALTOS DILUÍDOS CM-30","Rio Grande do Sul",3.82133]
["2019-01-01","ASFALTOS DILUÍDOS CM-30","Rondônia","-"]
["2019-01-01","ASFALTOS DILUÍDOS CM-30","Roraima","-"]
["2019-01-01","ASFALTOS DILUÍDOS CM-30","Santa Catarina","-"]
["2019-01-01","ASFALTOS DILUÍDOS CM-30","São Paulo",4.01455]
["2019-01-01","ASFALTOS DILUÍDOS CM-30","Sergipe","-"]
["2019-01-01","ASFALTOS DILUÍDOS CM-30","Tocantins","-"]
["2019-02-01","ASFALTOS DILUÍDOS CM-30","Acre","-"]
["2019-02-01","ASFALTOS DILUÍDOS CM-30","Alagoas","-"]
["2019-02-01","ASFALTOS DILUÍDOS CM-30","Amapá","-"]
["2019-02-01","ASFALTOS DILUÍDOS CM-30","Amazonas","-"]
["2019-02-01","ASFALTOS DILUÍDOS CM-30","Bahia","-"]
["2019-02-01","ASFALTOS DILUÍDOS CM-30","Ceará",4.00573]
["2019-02-01","ASFALTOS DILUÍDOS CM-30","Distrito Federal","-"]
["2019-02-01","ASFALTOS DILUÍDOS CM-30","Espírito Santo","-"]
["2019-02-01","ASFALTOS DILUÍDOS CM-30","Goiás","-"]
["2019-02-01","ASFALTOS DILUÍDOS CM-30","Maranhão","-"]
["2019-02-01","ASFALTOS DILUÍDOS CM-30","Mato Grosso","-"]
["2019-02-01","ASFALTOS DILUÍDOS CM-30","Mato Grosso do Sul","-"]
["2019-02-01","ASFALTOS DILUÍDOS CM-30","Minas Gerais",4.61189]
["2019-02-01","ASFALTOS DILUÍDOS CM-30","Pará","-"]
["2019-02-01","ASFALTOS DILUÍDOS CM-30","Paraíba","-"]
["2019-02-01","ASFALTOS DILUÍDOS CM-30","Paraná",4.42036]
["2019-02-01","ASFALTOS DILUÍDOS CM-30","Pernambuco","-"]
["2019-02-01","ASFALTOS DILUÍDOS CM-30","Piauí","-"]
["2019-02-01","ASFALTOS DILUÍDOS CM-30","Rio de Janeiro","-"]
["2019-02-01","ASFALTOS DILUÍDOS CM-30","Rio Grande do Norte","-"]
["2019-02-01","ASFALTOS DILUÍDOS CM-30","Rio Grande do Sul",4.18434]
["2019-03-01","ASFALTOS DILUÍDOS CM-30","Rio Grande do Norte","-"]
["2019-05-01","ASFALTOS DILUÍDOS CM-30","Paraná",4.85254]
["2019-06-01","ASFALTOS DILUÍDOS CM-30","Rondônia","-"]
["2019-08-01","ASFALTOS DILUÍDOS CM-30","São Paulo",4.24302]
["2019-09-01","ASFALTOS DILUÍDOS CM-30","Santa Catarina","-"]
["2019-11-01","ASFALTOS DILUÍDOS CM-30","Amapá","-"]
["2019-12-01","ASFALTOS DILUÍDOS CM-30","Sergipe","-"]
["2020-02-01","ASFALTOS DILUÍDOS CM-30","Mato Grosso do Sul","-"]
["2020-04-01","ASFALTOS DILUÍDOS CM-30","Acre","-"]
["2020-05-01","ASFALTOS DILUÍDOS CM-30","Rio Grande do Sul",3.62587]
["2020-08-01","ASFALTOS DILUÍDOS CM-30","Paraíba","-"]
["2020-09-01","ASFALTOS DILUÍDOS CM-30","Mato Grosso",4.42341]
["2020-11-01","ASFALTOS DILUÍDOS CM-30","Santa Catarina","-"]
["2020-12-01","ASFALTOS DILUÍDOS CM-30","Goiás","-"]
["2021-03-01","ASFALTOS DILUÍDOS CM-30","Ceará",3.95821]
["2021-05-01","ASFALTOS DILUÍDOS CM-30","Acre","-"]
["2021-06-01","ASFALTOS DILUÍDOS CM-30","Paraíba","-"]
["2021-08-01","ASFALTOS DILUÍDOS CM-30","Amapá","-"]
["2021-08-01","ASFALTOS DILUÍDOS CM-30","Rio Grande do Norte","-"]
["2021-11-01","ASFALTOS DILUÍDOS CM-30","Bahia","-"]
["2021-12-01","ASFALTOS DILUÍDOS CM-30","Alagoas","-"]
["2022-02-01","ASFALTOS DILUÍDOS CM-30","Goiás","-"]
["2022-04-01","ASFALTOS DILUÍDOS CM-30","Paraíba","-"]
["2022-06-01","ASFALTOS DILUÍDOS CM-30","Bahia","-"]
["2022-07-01","ASFALTOS DILUÍDOS CM-30","Pernambuco","-"]
["2022-09-01","ASFALTOS DILUÍDOS CM-30","Pará","-"]
["2022-10-01","ASFALTOS DILUÍDOS CM-30","Paraíba","-"]
["2022-12-01","ASFALTOS DILUÍDOS CM-30","Roraima","-"]
["2023-01-01","ASFALTOS DILUÍDOS CM-30","Pernambuco","-"]
["2023-04-01","ASFALTOS DILUÍDOS CM-30","Bahia","-"]
["2023-04-01","ASFALTOS DILUÍDOS CM-30","Rio de Janeiro","-"]
["2023-06-01","ASFALTOS DILUÍDOS CM-30","Maranhão","-"]
["2023-08-01","ASFALTOS DILUÍDOS CM-30","Pernambuco","-"]
["2013-02-01","ASFALTOS DILUÍDOS CM-70","Alagoas","-"]
["2013-04-01","ASFALTOS DILUÍDOS CM-70","Minas Gerais","-"]
["2013-05-01","ASFALTOS DILUÍDOS CM-70","Amazonas","-"]
["2013-07-01","ASFALTOS DILUÍDOS CM-70","Rondônia","-"]
["2013-08-01","ASFALTOS DILUÍDOS CM-70","Ceará","-"]
["2013-09-01","ASFALTOS DILUÍDOS CM-70","Minas Gerais","-"]
["2013-11-01","ASFALTOS DILUÍDOS CM-70","Amazonas","-"]
["2013-12-01","ASFALTOS DILUÍDOS CM-70","Rondônia","-"]
["2014-03-01","ASFALTOS DILUÍDOS CM-70","Roraima","-"]
["2014-04-01","ASFALTOS DILUÍDOS CM-70","Amazonas","-"]
["2014-06-01","ASFALTOS DILUÍDOS CM-70","São Paulo","-"]
["2014-07-01","ASFALTOS DILUÍDOS CM-70","Paraná","-"]
["2014-10-01","ASFALTOS DILUÍDOS CM-70","Distrito Federal","-"]
["2014-12-01","ASFALTOS DILUÍDOS CM-70","Espírito Santo","-"]
["2014-12-01","ASFALTOS DILUÍDOS CM-70","Mato Grosso do Sul","-"]
["2015-03-01","ASFALTOS DILUÍDOS CM-70","Maranhão","-"]
["2015-03-01","ASFALTOS DILUÍDOS CM-70","Rio Grande do Sul","-"]
["2015-06-01","ASFALTOS DILUÍDOS CM-70","Mato Grosso do Sul","-"]
["2015-07-01","ASFALTOS DILUÍDOS CM-70","Amapá","-"]
["2015-09-01","ASFALTOS DILUÍDOS CM-70","Santa Catarina","-"]
["2015-11-01","ASFALTOS DILUÍDOS CM-70","Rondônia","-"]
["2016-01-01","ASFALTOS DILUÍDOS CM-70","Ceará","-"]
["2016-02-01","ASFALTOS DILUÍDOS CM-70","Santa Catarina","-"]
["2016-04-01","ASFALTOS DILUÍDOS CM-70","Paraíba","-"]
["2016-05-01","ASFALTOS DILUÍDOS CM-70","Rondônia","-"]
["2016-07-01","ASFALTOS DILUÍDOS CM-70","Santa Catarina","-"]
["2016-08-01","ASFALTOS DILUÍDOS CM-70","Santa Catarina","-"]
["2016-10-01","ASFALTOS DILUÍDOS CM-70","Alagoas","-"]
["2016-11-01","ASFALTOS DILUÍDOS CM-70","Sergipe","-"]
["2017-01-01","ASFALTOS DILUÍDOS CM-70","Mato Grosso","-"]
["2017-03-01","ASFALTOS DILUÍDOS CM-70","Piauí","-"]
["2017-05-01","ASFALTOS DILUÍDOS CM-70","Goiás","-"]
["2017-07-01","ASFALTOS DILUÍDOS CM-70","Pará","-"]
["2017-08-01","ASFALTOS DILUÍDOS CM-70","Mato Grosso","-"]
["2017-10-01","ASFALTOS DILUÍDOS CM-70","Roraima","-"]
["2017-11-01","ASFALTOS DILUÍDOS CM-70","Goiás","-"]
["2018-02-01","ASFALTOS DILUÍDOS CM-70","Bahia","-"]
["2018-02-01","ASFALTOS DILUÍDOS CM-70","Mato Grosso","-"]
["2018-05-01","ASFALTOS DILUÍDOS CM-70","Pará","-"]
["2018-07-01","ASFALTOS DILUÍDOS CM-70","Amapá","-"]
["2018-07-01","ASFALTOS DILUÍDOS CM-70","Rio de Janeiro","-"]
["2018-09-01","ASFALTOS DILUÍDOS CM-70","Sergipe","-"]
["2018-10-01","ASFALTOS DILUÍDOS CM-70","Roraima","-"]
["2019-01-01","ASFALTOS DILUÍDOS CM-70","Espírito Santo","-"]
["2019-01-01","ASFALTOS DILUÍDOS CM-70","São Paulo","-"]
["2019-03-01","ASFALTOS DILUÍDOS CM-70","Minas Gerais","-"]
["2019-06-01","ASFALTOS DILUÍDOS CM-70","Pernambuco","-"]
["2019-06-01","ASFALTOS DILUÍDOS CM-70","Rondônia","-"]
["2019-09-01","ASFALTOS DILUÍDOS CM-70","Paraíba","-"]
["2019-10-01","ASFALTOS DILUÍDOS CM-70","Amazonas","-"]
["2019-12-01","ASFALTOS DILUÍDOS CM-70","Pernambuco","-"]
["2020-01-01","ASFALTOS DILUÍDOS CM-70","Minas Gerais","-"]
["2020-04-01","ASFALTOS DILUÍDOS CM-70","Distrito Federal","-"]
["2020-05-01","ASFALTOS DILUÍDOS CM-70","Tocantins","-"]
["2020-07-01","ASFALTOS DILUÍDOS CM-70","Paraná","-"]
["2020-09-01","ASFALTOS DILUÍDOS CM-70","Alagoas","-"]
["2020-09-01","ASFALTOS DILUÍDOS CM-70","Rio Grande do Sul","-"]
["2020-12-01","ASFALTOS DILUÍDOS CM-70","Amazonas","-"]
["2021-01-01","ASFALTOS DILUÍDOS CM-70","Amapá","-"]
["2021-03-01","ASFALTOS DILUÍDOS CM-70","Ceará","-"]
["2021-04-01","ASFALTOS DILUÍDOS CM-70","Mato Grosso do Sul","-"]
["2021-07-01","ASFALTOS DILUÍDOS CM-70","Ceará","-"]
["2021-08-01","ASFALTOS DILUÍDOS CM-70","Paraná","-"]
["2021-10-01","ASFALTOS DILUÍDOS CM-70","Paraíba","-"]
["2021-11-01","ASFALTOS DILUÍDOS CM-70","Piauí","-"]
["2022-01-01","ASFALTOS DILUÍDOS CM-70","Santa Catarina","-"]
["2022-02-01","ASFALTOS DILUÍDOS CM-70","Paraná","-"]
["2022-05-01","ASFALTOS DILUÍDOS CM-70","Ceará","-"]
["2022-05-01","ASFALTOS DILUÍDOS CM-70","Piauí","-"]
["2022-07-01","ASFALTOS DILUÍDOS CM-70","Mato Grosso","-"]
["2022-08-01","ASFALTOS DILUÍDOS CM-70","Rio Grande do Norte","-"]
["2022-10-01","ASFALTOS DILUÍDOS CM-70","Rio Grande do Norte","-"]
["2022-12-01","ASFALTOS DILUÍDOS CM-70","Tocantins","-"]
["2023-02-01","ASFALTOS DILUÍDOS CM-70","Amapá","-"]
["2023-04-01","ASFALTOS DILUÍDOS CM-70","Roraima","-"]
["2023-05-01","ASFALTOS DILUÍDOS CM-70","Bahia","-"]
["2023-08-01","ASFALTOS DILUÍDOS CM-70","Bahia","-"]
["2013-01-01","ASFALTOS DILUÍDOS CR-250","Santa Catarina","-"]
["2013-03-01","ASFALTOS DILUÍDOS CR-250","Pará","-"]
["2013-04-01","ASFALTOS DILUÍDOS CR-250","Rondônia","-"]
["2013-06-01","ASFALTOS DILUÍDOS CR-250","Roraima","-"]
["2013-07-01","ASFALTOS DILUÍDOS CR-250","Santa Catarina","-"]
["2013-09-01","ASFALTOS DILUÍDOS CR-250","Acre","-"]
["2013-11-01","ASFALTOS DILUÍDOS CR-250","Espírito Santo","-"]
["2014-01-01","ASFALTOS DILUÍDOS CR-250","Distrito Federal","-"]
["2014-02-01","ASFALTOS DILUÍDOS CR-250","Pernambuco","-"]
["2014-04-01","ASFALTOS DILUÍDOS CR-250","Goiás","-"]
["2014-04-01","ASFALTOS DILUÍDOS CR-250","Rondônia","-"]
["2014-07-01","ASFALTOS DILUÍDOS CR-250","Mato Grosso","-"]
["2014-08-01","ASFALTOS DILUÍDOS CR-250","Amazonas","-"]
["2014-10-01","ASFALTOS DILUÍDOS CR-250","Goiás","-"]
["2014-11-01","ASFALTOS DILUÍDOS CR-250","Minas Gerais","-"]
["2015-01-01","ASFALTOS DILUÍDOS CR-250","Mato Grosso","-"]
["2015-02-01","ASFALTOS DILUÍDOS CR-250","Rondônia","-"]
["2015-05-01","ASFALTOS DILUÍDOS CR-250","Paraná","-"]
["2015-06-01","ASFALTOS DILUÍDOS CR-250","Rio Grande do Sul","-"]
["2015-08-01","ASFALTOS DILUÍDOS CR-250","São Paulo","-"]
["2015-09-01","ASFALTOS DILUÍDOS CR-250","Roraima","-"]
["2015-12-01","ASFALTOS DILUÍDOS CR-250","Distrito Federal","-"]
["2015-12-01","ASFALTOS DILUÍDOS CR-250","São Paulo","-"]
["2016-02-01","ASFALTOS DILUÍDOS CR-250","Mato Grosso do Sul","-"]
["2016-03-01","ASFALTOS DILUÍDOS CR-250","Tocantins","-"]
["2016-05-01","ASFALTOS DILUÍDOS CR-250","Rio Grande do Sul","-"]
["2016-08-01","ASFALTOS DILUÍDOS CR-250","Paraíba","-"]
["2016-09-01","ASFALTOS DILUÍDOS CR-250","Maranhão","-"]
["2016-11-01","ASFALTOS DILUÍDOS CR-250","Santa Catarina","-"]
["2016-12-01","ASFALTOS DILUÍDOS CR-250","Mato Grosso do Sul","-"]
["2017-03-01","ASFALTOS DILUÍDOS CR-250","Ceará","-"]
["2017-04-01","ASFALTOS DILUÍDOS CR-250","Tocantins","-"]
["2017-06-01","ASFALTOS DILUÍDOS CR-250","Paraíba","-"]
["2017-08-01","ASFALTOS DILUÍDOS CR-250","Alagoas","-"]
["2017-09-01","ASFALTOS DILUÍDOS CR-250","Santa Catarina","-"]
["2017-11-01","ASFALTOS DILUÍDOS CR-250","Amazonas","-"]
["2017-12-01","ASFALTOS DILUÍDOS CR-250","Alagoas","-"]
["2018-02-01","ASFALTOS DILUÍDOS CR-250","Goiás","-"]
["2018-04-01","ASFALTOS DILUÍDOS CR-250","Pará","-"]
["2018-06-01","ASFALTOS DILUÍDOS CR-250","Bahia","-"]
["2018-07-01","ASFALTOS DILUÍDOS CR-250","Paraná","-"]
["2018-09-01","ASFALTOS DILUÍDOS CR-250","Pará","-"]
["2018-10-01","ASFALTOS DILUÍDOS CR-250","Piauí","-"]
["2018-12-01","ASFALTOS DILUÍDOS CR-250","Roraima","-"]
["2019-01-01","ASFALTOS DILUÍDOS CR-250","Paraná","-"]
["2019-02-01","ASFALTOS DILUÍDOS CR-250","Pará","-"]
["2019-04-01","ASFALTOS DILUÍDOS CR-250","Piauí","-"]
["2019-06-01","ASFALTOS DILUÍDOS CR-250","Maranhão","-"]
["2019-08-01","ASFALTOS DILUÍDOS CR-250","Pernambuco","-"]
["2019-10-01","ASFALTOS DILUÍDOS CR-250","Acre","-"]
["2019-11-01","ASFALTOS DILUÍDOS CR-250","Sergipe","-"]
["2020-01-01","ASFALTOS DILUÍDOS CR-250","Amapá","-"]
["2020-02-01","ASFALTOS DILUÍDOS CR-250","Amazonas","-"]
["2020-04-01","ASFALTOS DILUÍDOS CR-250","Bahia","-"]
["2020-05-01","ASFALTOS DILUÍDOS CR-250","Minas Gerais","-"]
["2020-07-01","ASFALTOS DILUÍDOS CR-250","Distrito Federal","-"]
["2020-08-01","ASFALTOS DILUÍDOS CR-250","Rondônia","-"]
["2020-11-01","ASFALTOS DILUÍDOS CR-250","Rondônia","-"]
["2020-12-01","ASFALTOS DILUÍDOS CR-250","Amazonas","-"]
["2021-02-01","ASFALTOS DILUÍDOS CR-250","São Paulo","-"]
["2021-03-01","ASFALTOS DILUÍDOS CR-250","Paraíba","-"]
["2021-06-01","ASFALTOS DILUÍDOS CR-250","Distrito Federal","-"]
["2021-06-01","ASFALTOS DILUÍDOS CR-250","Pernambuco","-"]
["2021-09-01","ASFALTOS DILUÍDOS CR-250","Paraná","-"]
["2021-11-01","ASFALTOS DILUÍDOS CR-250","Goiás","-"]
["2021-11-01","ASFALTOS DILUÍDOS CR-250","Rio Grande do Sul","-"]
["2022-02-01","ASFALTOS DILUÍDOS CR-250","Mato Grosso","-"]
["2022-03-01","ASFALTOS DILUÍDOS CR-250","Amapá","-"]
["2022-05-01","ASFALTOS DILUÍDOS CR-250","Santa Catarina","-"]
["2022-06-01","ASFALTOS DILUÍDOS CR-250","Amazonas","-"]
["2022-09-01","ASFALTOS DILUÍDOS CR-250","Ceará","-"]
["2022-10-01","ASFALTOS DILUÍDOS CR-250","Roraima","-"]
["2022-12-01","ASFALTOS DILUÍDOS CR-250","Paraíba","-"]
["2023-01-01","ASFALTOS DILUÍDOS CR-250","Rio Grande do Sul","-"]
["2023-03-01","ASFALTOS DILUÍDOS CR-250","Santa Catarina","-"]
["2023-04-01","ASFALTOS DILUÍDOS CR-250","Roraima","-"]
["2023-07-01","ASFALTOS DILUÍDOS CR-250","Ceará","-"]
["2023-07-01","ASFALTOS DILUÍDOS CR-250","São Paulo","-"]
["2013-01-01","ASFALTOS DILUÍDOS CR-70","Mato Grosso","-"]
["2013-03-01","ASFALTOS DILUÍDOS CR-70","Piauí","-"]
["2013-05-01","ASFALTOS DILUÍDOS CR-70","Espírito Santo","-"]
["2013-07-01","ASFALTOS DILUÍDOS CR-70","Pará","-"]
["2013-08-01","ASFALTOS DILUÍDOS CR-70","Maranhão","-"]
["2013-10-01","ASFALTOS DILUÍDOS CR-70","Roraima","-"]
["2013-11-01","ASFALTOS DILUÍDOS CR-70","Mato Grosso do Sul","-"]
["2013-12-01","ASFALTOS DILUÍDOS CR-70","Pará","-"]
["2014-02-01","ASFALTOS DILUÍDOS CR-70","Maranhão","-"]
["2014-03-01","ASFALTOS DILUÍDOS CR-70","Roraima","-"]
["2014-07-01","ASFALTOS DILUÍDOS CR-70","Alagoas","-"]
["2014-07-01","ASFALTOS DILUÍDOS CR-70","Bahia","-"]
["2014-09-01","ASFALTOS DILUÍDOS CR-70","Sergipe","-"]
["2014-10-01","ASFALTOS DILUÍDOS CR-70","Rondônia","-"]
["2015-01-01","ASFALTOS DILUÍDOS CR-70","Espírito Santo","-"]
["2015-01-01","ASFALTOS DILUÍDOS CR-70","Santa Catarina","-"]
["2015-03-01","ASFALTOS DILUÍDOS CR-70","Minas Gerais","-"]
["2015-06-01","ASFALTOS DILUÍDOS CR-70","Paraná","-"]
["2015-06-01","ASFALTOS DILUÍDOS CR-70","Rondônia","-"]
["2015-09-01","ASFALTOS DILUÍDOS CR-70","Piauí","-"]
["2015-10-01","ASFALTOS DILUÍDOS CR-70","Amazonas","-"]
["2015-12-01","ASFALTOS DILUÍDOS CR-70","Paraná","-"]
["2016-01-01","ASFALTOS DILUÍDOS CR-70","Minas Gerais","-"]
["2016-04-01","ASFALTOS DILUÍDOS CR-70","Distrito Federal","-"]
["2016-05-01","ASFALTOS DILUÍDOS CR-70","Sergipe","-"]
["2016-07-01","ASFALTOS DILUÍDOS CR-70","Paraná","-"]
["2016-09-01","ASFALTOS DILUÍDOS CR-70","Acre","-"]
["2016-10-01","ASFALTOS DILUÍDOS CR-70","São Paulo","-"]
["2016-12-01","ASFALTOS DILUÍDOS CR-70","Amapá","-"]
["2017-01-01","ASFALTOS DILUÍDOS CR-70","Amapá","-"]
["2017-03-01","ASFALTOS DILUÍDOS CR-70","Bahia","-"]
["2017-04-01","ASFALTOS DILUÍDOS CR-70","Mato Grosso do Sul","-"]
["2017-06-01","ASFALTOS DILUÍDOS CR-70","Distrito Federal","-"]
["2017-07-01","ASFALTOS DILUÍDOS CR-70","Rio Grande do Sul","-"]
["2017-10-01","ASFALTOS DILUÍDOS CR-70","Paraíba","-"]
["2017-11-01","ASFALTOS DILUÍDOS CR-70","Pernambuco","-"]
["2018-01-01","ASFALTOS DILUÍDOS CR-70","Santa Catarina","-"]
["2018-02-01","ASFALTOS DILUÍDOS CR-70","Paraíba","-"]
["2018-05-01","ASFALTOS DILUÍDOS CR-70","Ceará","-"]
["2018-05-01","ASFALTOS DILUÍDOS CR-70","Pernambuco","-"]
["2018-08-01","ASFALTOS DILUÍDOS CR-70","Paraíba","-"]
["2018-08-01","ASFALTOS DILUÍDOS CR-70","Rio de Janeiro","-"]
["2018-10-01","ASFALTOS DILUÍDOS CR-70","Rio Grande do Norte","-"]
["2018-12-01","ASFALTOS DILUÍDOS CR-70","Tocantins","-"]
["2019-02-01","ASFALTOS DILUÍDOS CR-70","Alagoas","-"]
["2019-04-01","ASFALTOS DILUÍDOS CR-70","Roraima","-"]
["2019-05-01","ASFALTOS DILUÍDOS CR-70","Amazonas","-"]
["2019-06-01","ASFALTOS DILUÍDOS CR-70","Pará","-"]
["2019-08-01","ASFALTOS DILUÍDOS CR-70","Ceará","-"]
["2019-09-01","ASFALTOS DILUÍDOS CR-70","Roraima","-"]
["2019-12-01","ASFALTOS DILUÍDOS CR-70","Rio Grande do Sul","-"]
["2020-01-01","ASFALTOS DILUÍDOS CR-70","Bahia","-"]
["2020-03-01","ASFALTOS DILUÍDOS CR-70","Roraima","-"]
["2020-04-01","ASFALTOS DILUÍDOS CR-70","Pará","-"]
["2020-07-01","ASFALTOS DILUÍDOS CR-70","Espírito Santo","-"]
["2020-09-01","ASFALTOS DILUÍDOS CR-70","Ceará","-"]
["2020-10-01","ASFALTOS DILUÍDOS CR-70","Pernambuco","-"]
["2020-12-01","ASFALTOS DILUÍDOS CR-70","Espírito Santo","-"]
["2020-12-01","ASFALTOS DILUÍDOS CR-70","Rondônia","-"]
["2021-03-01","ASFALTOS DILUÍDOS CR-70","Maranhão","-"]
["2021-04-01","ASFALTOS DILUÍDOS CR-70","Amazonas","-"]
["2021-06-01","ASFALTOS DILUÍDOS CR-70","Mato Grosso do Sul","-"]
["2021-07-01","ASFALTOS DILUÍDOS CR-70","Minas Gerais","-"]
["2021-09-01","ASFALTOS DILUÍDOS CR-70","Maranhão","-"]
["2021-10-01","ASFALTOS DILUÍDOS CR-70","Rondônia","-"]
["2022-01-01","ASFALTOS DILUÍDOS CR-70","Paraná","-"]
["2022-02-01","ASFALTOS DILUÍDOS CR-70","Santa Catarina","-"]
["2022-04-01","ASFALTOS DILUÍDOS CR-70","São Paulo","-"]
["2022-05-01","ASFALTOS DILUÍDOS CR-70","Rondônia","-"]
["2022-08-01","ASFALTOS DILUÍDOS CR-70","Distrito Federal","-"]
["2022-08-01","ASFALTOS DILUÍDOS CR-70","Santa Catarina","-"]
["2022-10-01","ASFALTOS DILUÍDOS CR-70","Mato Grosso do Sul","-"]
["2022-11-01","ASFALTOS DILUÍDOS CR-70","Sergipe","-"]
["2023-01-01","ASFALTOS DILUÍDOS CR-70","Rio Grande do Sul","-"]
["2023-04-01","ASFALTOS DILUÍDOS CR-70","Piauí","-"]
["2023-05-01","ASFALTOS DILUÍDOS CR-70","Amapá","-"]
["2023-07-01","ASFALTOS DILUÍDOS CR-70","Santa Catarina","-"]
["2023-08-01","ASFALTOS DILUÍDOS CR-70","Mato Grosso","-"]
["2013-03-01","CAP MODIFICADO POR BORRACHA DE PNEU AB22","Ceará","-"]
["2013-03-01","CAP MODIFICADO POR BORRACHA DE PNEU AB22","Goiás","-"]
["2013-06-01","CAP MODIFICADO POR BORRACHA DE PNEU AB22","Paraíba","-"]
["2013-08-01","CAP MODIFICADO POR BORRACHA DE PNEU AB22","Acre","-"]
["2013-09-01","CAP MODIFICADO POR BORRACHA DE PNEU AB22","Santa Catarina","-"]
["2013-11-01","CAP MODIFICADO POR BORRACHA DE PNEU AB22","Amapá","-"]
["2013-12-01","CAP MODIFICADO POR BORRACHA DE PNEU AB22","Alagoas","-"]
["2014-02-01","CAP MODIFICADO POR BORRACHA DE PNEU AB22","Goiás","-"]
["2014-04-01","CAP MODIFICADO POR BORRACHA DE PNEU AB22","Minas Gerais","-"]
["2014-05-01","CAP MODIFICADO POR BORRACHA DE PNEU AB22","Piauí","-"]
["2014-07-01","CAP MODIFICADO POR BORRACHA DE PNEU AB22","Paraíba","-"]
["2014-07-01","CAP MODIFICADO POR BORRACHA DE PNEU AB22","Roraima","-"]
["2014-10-01","CAP MODIFICADO POR BORRACHA DE PNEU AB22","Pernambuco","-"]
["2014-11-01","CAP MODIFICADO POR BORRACHA DE PNEU AB22","Bahia","-"]
["2015-01-01","CAP MODIFICADO POR BORRACHA DE PNEU AB22","Paraíba","-"]
["2015-02-01","CAP MODIFICADO POR BORRACHA DE PNEU AB22","Pará","-"]
["2015-04-01","CAP MODIFICADO POR BORRACHA DE PNEU AB22","Pernambuco","-"]
["2015-05-01","CAP MODIFICADO POR BORRACHA DE PNEU AB22","Roraima","-"]
["2015-08-01","CAP MODIFICADO POR BORRACHA DE PNEU AB22","Pernambuco","-"]
["2015-09-01","CAP MODIFICADO POR BORRACHA DE PNEU AB22","Tocantins","-"]
["2015-11-01","CAP MODIFICADO POR BORRACHA DE PNEU AB22","Sergipe","-"]
["2016-01-01","CAP MODIFICADO POR BORRACHA DE PNEU AB22","Alagoas","-"]
["2016-03-01","CAP MODIFICADO POR BORRACHA DE PNEU AB22","Espírito Santo","-"]
["2016-04-01","CAP MODIFICADO POR BORRACHA DE PNEU AB22","Amazonas","-"]
["2016-05-01","CAP MODIFICADO POR BORRACHA DE PNEU AB22","Minas Gerais","-"]
["2016-07-01","CAP MODIFICADO POR BORRACHA DE PNEU AB22","Ceará","-"]
["2016-08-01","CAP MODIFICADO POR BORRACHA DE PNEU AB22","Rondônia","-"]
["2016-11-01","CAP MODIFICADO POR BORRACHA DE PNEU AB22","Rio Grande do Sul","-"]
["2016-12-01","CAP MODIFICADO POR BORRACHA DE PNEU AB22","Amazonas","-"]
["2017-02-01","CAP MODIFICADO POR BORRACHA DE PNEU AB22","São Paulo","-"]
["2017-03-01","CAP MODIFICADO POR BORRACHA DE PNEU AB22","Piauí","-"]
["2017-06-01","CAP MODIFICADO POR BORRACHA DE PNEU AB22","Distrito Federal","-"]
["2017-06-01","CAP MODIFICADO POR BORRACHA DE PNEU AB22","Paraná","-"]
["2017-09-01","CAP MODIFICADO POR BORRACHA DE PNEU AB22","Paraná","-"]
["2017-11-01","CAP MODIFICADO POR BORRACHA DE PNEU AB22","Espírito Santo","-"]
["2017-11-01","CAP MODIFICADO POR BORRACHA DE PNEU AB22","Rio Grande do Sul","-"]
["2018-02-01","CAP MODIFICADO POR BORRACHA DE PNEU AB22","Maranhão","-"]
["2018-03-01","CAP MODIFICADO POR BORRACHA DE PNEU AB22","Amapá","-"]
["2018-05-01","CAP MODIFICADO POR BORRACHA DE PNEU AB22","Mato Grosso do Sul","-"]
["2018-06-01","CAP MODIFICADO POR BORRACHA DE PNEU AB22","Mato Grosso do Sul","-"]
["2018-09-01","CAP MODIFICADO POR BORRACHA DE PNEU AB22","Ceará","-"]
["2018-10-01","CAP MODIFICADO POR BORRACHA DE PNEU AB22","Rondônia","-"]
["2018-12-01","CAP MODIFICADO POR BORRACHA DE PNEU AB22","Paraíba","-"]
["2019-01-01","CAP MODIFICADO POR BORRACHA DE PNEU AB22","Santa Catarina","-"]
["2019-03-01","CAP MODIFICADO POR BORRACHA DE PNEU AB22","Santa Catarina","-"]
["2019-04-01","CAP MODIFICADO POR BORRACHA DE PNEU AB22","Rondônia","-"]
["2019-05-01","CAP MODIFICADO POR BORRACHA DE PNEU AB22","Paraíba","-"]
["2019-07-01","CAP MODIFICADO POR BORRACHA DE PNEU AB22","Santa Catarina","-"]
["2019-09-01","CAP MODIFICADO POR BORRACHA DE PNEU AB22","Mato Grosso","-"]
["2019-11-01","CAP MODIFICADO POR BORRACHA DE PNEU AB22","Piauí","-"]
["2020-01-01","CAP MODIFICADO POR BORRACHA DE PNEU AB22","Distrito Federal","-"]
["2020-02-01","CAP MODIFICADO POR BORRACHA DE PNEU AB22","Tocantins","-"]
["2020-04-01","CAP MODIFICADO POR BORRACHA DE PNEU AB22","Goiás","-"]
["2020-05-01","CAP MODIFICADO POR BORRACHA DE PNEU AB22","Bahia","-"]
["2020-07-01","CAP MODIFICADO POR BORRACHA DE PNEU AB22","Mato Grosso","-"]
["2020-08-01","CAP MODIFICADO POR BORRACHA DE PNEU AB22","Pará","-"]
["2020-10-01","CAP MODIFICADO POR BORRACHA DE PNEU AB22","Goiás","-"]
["2020-11-01","CAP MODIFICADO POR BORRACHA DE PNEU AB22","Roraima","-"]
["2021-01-01","CAP MODIFICADO POR BORRACHA DE PNEU AB22","Mato Grosso","-"]
["2021-03-01","CAP MODIFICADO POR BORRACHA DE PNEU AB22","Bahia","-"]
["2021-05-01","CAP MODIFICADO POR BORRACHA DE PNEU AB22","Sergipe","-"]
["2021-06-01","CAP MODIFICADO POR BORRACHA DE PNEU AB22","Rio Grande do Sul","-"]
["2021-09-01","CAP MODIFICADO POR BORRACHA DE PNEU AB22","Espírito Santo","-"]
["2021-09-01","CAP MODIFICADO POR BORRACHA DE PNEU AB22","Roraima","-"]
["2021-12-01","CAP MODIFICADO POR BORRACHA DE PNEU AB22","Pernambuco","-"]
["2021-12-01","CAP MODIFICADO POR BORRACHA DE PNEU AB22","São Paulo","-"]
["2022-02-01","CAP MODIFICADO POR BORRACHA DE PNEU AB22","Rondônia","-"]
["2022-05-01","CAP MODIFICADO POR BORRACHA DE PNEU AB22","Pernambuco","-"]
["2022-06-01","CAP MODIFICADO POR BORRACHA DE PNEU AB22","Amazonas","-"]
["2022-08-01","CAP MODIFICADO POR BORRACHA DE PNEU AB22","Paraíba","-"]
["2022-09-01","CAP MODIFICADO POR BORRACHA DE PNEU AB22","Minas Gerais","-"]
["2022-12-01","CAP MODIFICADO POR BORRACHA DE PNEU AB22","Distrito Federal","-"]
["2023-02-01","CAP MODIFICADO POR BORRACHA DE PNEU AB22","Alagoas","-"]
["2023-03-01","CAP MODIFICADO POR BORRACHA DE PNEU AB22","Paraná","-"]
["2023-04-01","CAP MODIFICADO POR BORRACHA DE PNEU AB22","Tocantins","-"]
["2023-06-01","CAP MODIFICADO POR BORRACHA DE PNEU AB22","São Paulo","-"]
["2023-08-01","CAP MODIFICADO POR BORRACHA DE PNEU AB22","Alagoas","-"]
["2013-02-01","CAP MODIFICADO POR BORRACHA DE PNEU AB8","Distrito Federal","-"]
["2013-03-01","CAP MODIFICADO POR BORRACHA DE PNEU AB8","Amazonas","-"]
["2013-04-01","CAP MODIFICADO POR BORRACHA DE PNEU AB8","Mato Grosso do Sul","-"]
["2013-06-01","CAP MODIFICADO POR BORRACHA DE PNEU AB8","Ceará","-"]
["2013-07-01","CAP MODIFICADO POR BORRACHA DE PNEU AB8","Rio Grande do Sul","-"]
["2013-10-01","CAP MODIFICADO POR BORRACHA DE PNEU AB8","Paraíba","-"]
["2013-11-01","CAP MODIFICADO POR BORRACHA DE PNEU AB8","Paraná",1.27894]
["2014-01-01","CAP MODIFICADO POR BORRACHA DE PNEU AB8","Santa Catarina","-"]
["2014-02-01","CAP MODIFICADO POR BORRACHA DE PNEU AB8","Piauí","-"]
["2014-03-01","CAP MODIFICADO POR BORRACHA DE PNEU AB8","Paraíba","-"]
["2014-05-01","CAP MODIFICADO POR BORRACHA DE PNEU AB8","Paraná",1.28958]
["2014-06-01","CAP MODIFICADO POR BORRACHA DE PNEU AB8","Santa Catarina","-"]
["2014-08-01","CAP MODIFICADO POR BORRACHA DE PNEU AB8","Piauí","-"]
["2014-10-01","CAP MODIFICADO POR BORRACHA DE PNEU AB8","Rio Grande do Norte","-"]
["2014-12-01","CAP MODIFICADO POR BORRACHA DE PNEU AB8","Tocantins","-"]
["2015-02-01","CAP MODIFICADO POR BORRACHA DE PNEU AB8","Acre","-"]
["2015-04-01","CAP MODIFICADO POR BORRACHA DE PNEU AB8","Goiás","-"]
["2015-05-01","CAP MODIFICADO POR BORRACHA DE PNEU AB8","Amapá","-"]
["2015-06-01","CAP MODIFICADO POR BORRACHA DE PNEU AB8","Pará","-"]
["2015-08-01","CAP MODIFICADO POR BORRACHA DE PNEU AB8","Bahia","-"]
["2015-09-01","CAP MODIFICADO POR BORRACHA DE PNEU AB8","Roraima","-"]
["2015-12-01","CAP MODIFICADO POR BORRACHA DE PNEU AB8","Santa Catarina","-"]
["2016-01-01","CAP MODIFICADO POR BORRACHA DE PNEU AB8","Bahia","-"]
["2016-03-01","CAP MODIFICADO POR BORRACHA DE PNEU AB8","Rondônia","-"]
["2016-04-01","CAP MODIFICADO POR BORRACHA DE PNEU AB8","Pará","-"]
["2016-07-01","CAP MODIFICADO POR BORRACHA DE PNEU AB8","Espírito Santo","-"]
["2016-09-01","CAP MODIFICADO POR BORRACHA DE PNEU AB8","Bahia","-"]
["2016-10-01","CAP MODIFICADO POR BORRACHA DE PNEU AB8","Pernambuco","-"]
["2016-12-01","CAP MODIFICADO POR BORRACHA DE PNEU AB8","Distrito Federal","-"]
["2017-01-01","CAP MODIFICADO POR BORRACHA DE PNEU AB8","Sergipe","-"]
["2017-03-01","CAP MODIFICADO POR BORRACHA DE PNEU AB8","Goiás","-"]
["2017-04-01","CAP MODIFICADO POR BORRACHA DE PNEU AB8","Amazonas","-"]
["2017-06-01","CAP MODIFICADO POR BORRACHA DE PNEU AB8","Mato Grosso","-"]
["2017-07-01","CAP MODIFICADO POR BORRACHA DE PNEU AB8","Minas Gerais","-"]
["2017-09-01","CAP MODIFICADO POR BORRACHA DE PNEU AB8","Minas Gerais","-"]
["2017-10-01","CAP MODIFICADO POR BORRACHA DE PNEU AB8","Rondônia","-"]
["2018-01-01","CAP MODIFICADO POR BORRACHA DE PNEU AB8","Paraná",2.06399]
["2018-02-01","CAP MODIFICADO POR BORRACHA DE PNEU AB8","Roraima","-"]
["2018-04-01","CAP MODIFICADO POR BORRACHA DE PNEU AB8","São Paulo","-"]
["2018-05-01","CAP MODIFICADO POR BORRACHA DE PNEU AB8","Rio Grande do Sul","-"]
["2018-08-01","CAP MODIFICADO POR BORRACHA DE PNEU AB8","Distrito Federal","-"]
["2018-08-01","CAP MODIFICADO POR BORRACHA DE PNEU AB8","Roraima","-"]
["2018-11-01","CAP MODIFICADO POR BORRACHA DE PNEU AB8","Paraná",2.75367]
["2018-11-01","CAP MODIFICADO POR BORRACHA DE PNEU AB8","São Paulo","-"]
["2019-01-01","CAP MODIFICADO POR BORRACHA DE PNEU AB8","Rio Grande do Sul","-"]
["2019-02-01","CAP MODIFICADO POR BORRACHA DE PNEU AB8","Tocantins","-"]
["2019-05-01","CAP MODIFICADO POR BORRACHA DE PNEU AB8","Amapá","-"]
["2019-07-01","CAP MODIFICADO POR BORRACHA DE PNEU AB8","Santa Catarina","-"]
["2019-08-01","CAP MODIFICADO POR BORRACHA DE PNEU AB8","Maranhão","-"]
["2019-09-01","CAP MODIFICADO POR BORRACHA DE PNEU AB8","Paraíba","-"]
["2019-11-01","CAP MODIFICADO POR BORRACHA DE PNEU AB8","Mato Grosso do Sul","-"]
["2019-12-01","CAP MODIFICADO POR BORRACHA DE PNEU AB8","Santa Catarina","-"]
["2020-03-01","CAP MODIFICADO POR BORRACHA DE PNEU AB8","Tocantins","-"]
["2020-04-01","CAP MODIFICADO POR BORRACHA DE PNEU AB8","Ceará","-"]
["2020-07-01","CAP MODIFICADO POR BORRACHA DE PNEU AB8","Alagoas","-"]
["2020-07-01","CAP MODIFICADO POR BORRACHA DE PNEU AB8","Paraíba","-"]
["2020-10-01","CAP MODIFICADO POR BORRACHA DE PNEU AB8","Goiás","-"]
["2020-10-01","CAP MODIFICADO POR BORRACHA DE PNEU AB8","Rondônia","-"]
["2021-01-01","CAP MODIFICADO POR BORRACHA DE PNEU AB8","Piauí","-"]
["2021-03-01","CAP MODIFICADO POR BORRACHA DE PNEU AB8","Pará","-"]
["2021-03-01","CAP MODIFICADO POR BORRACHA DE PNEU AB8","Roraima","-"]
["2021-06-01","CAP MODIFICADO POR BORRACHA DE PNEU AB8","Paraná",3.96687]
["2021-07-01","CAP MODIFICADO POR BORRACHA DE PNEU AB8","Bahia","-"]
["2021-09-01","CAP MODIFICADO POR BORRACHA DE PNEU AB8","Piauí","-"]
["2021-10-01","CAP MODIFICADO POR BORRACHA DE PNEU AB8","Pará","-"]
["2021-12-01","CAP MODIFICADO POR BORRACHA DE PNEU AB8","Paraná",4.68068]
["2022-01-01","CAP MODIFICADO POR BORRACHA DE PNEU AB8","Roraima","-"]
["2022-04-01","CAP MODIFICADO POR BORRACHA DE PNEU AB8","Pernambuco","-"]
["2022-05-01","CAP MODIFICADO POR BORRACHA DE PNEU AB8","Sergipe","-"]
["2022-07-01","CAP MODIFICADO POR BORRACHA DE PNEU AB8","Sergipe","-"]
["2022-09-01","CAP MODIFICADO POR BORRACHA DE PNEU AB8","Acre","-"]
["2022-11-01","CAP MODIFICADO POR BORRACHA DE PNEU AB8","Espírito Santo","-"]
["2022-12-01","CAP MODIFICADO POR BORRACHA DE PNEU AB8","Amapá","-"]
["2023-01-01","CAP MODIFICADO POR BORRACHA DE PNEU AB8","Minas Gerais","-"]
["2023-03-01","CAP MODIFICADO POR BORRACHA DE PNEU AB8","Bahia","-"]
["2023-04-01","CAP MODIFICADO POR BORRACHA DE PNEU AB8","Rondônia","-"]
["2023-06-01","CAP MODIFICADO POR BORRACHA DE PNEU AB8","Distrito Federal","-"]
["2023-08-01","CAP MODIFICADO POR BORRACHA DE PNEU AB8","Amazonas","-"]
["2015-10-01","CAP MODIFICADO POR POLÍMERO 55-75-E","São Paulo","-"]
["2015-11-01","CAP MODIFICADO POR POLÍMERO 55-75-E","Pernambuco","-"]
["2016-02-01","CAP MODIFICADO POR POLÍMERO 55-75-E","Distrito Federal","-"]
["2016-02-01","CAP MODIFICADO POR POLÍMERO 55-75-E","Paraíba","-"]
["2016-05-01","CAP MODIFICADO POR POLÍMERO 55-75-E","Paraná","-"]
["2016-07-01","CAP MODIFICADO POR POLÍMERO 55-75-E","Distrito Federal","-"]
["2016-08-01","CAP MODIFICADO POR POLÍMERO 55-75-E","São Paulo","-"]
["2016-10-01","CAP MODIFICADO POR POLÍMERO 55-75-E","Goiás","-"]
["2016-11-01","CAP MODIFICADO POR POLÍMERO 55-75-E","Amapá","-"]
["2017-01-01","CAP MODIFICADO POR POLÍMERO 55-75-E","Mato Grosso","-"]
["2017-02-01","CAP MODIFICADO POR POLÍMERO 55-75-E","Mato Grosso do Sul","-"]
["2017-04-01","CAP MODIFICADO POR POLÍMERO 55-75-E","Rio de Janeiro","-"]
["2017-06-01","CAP MODIFICADO POR POLÍMERO 55-75-E","Rio Grande do Sul","-"]
["2017-06-01","CAP MODIFICADO POR POLÍMERO 55-75-E","Santa Catarina","-"]
["2017-09-01","CAP MODIFICADO POR POLÍMERO 55-75-E","Roraima","-"]
["2017-10-01","CAP MODIFICADO POR POLÍMERO 55-75-E","Ceará","-"]
["2017-12-01","CAP MODIFICADO POR POLÍMERO 55-75-E","Rio Grande do Sul","-"]
["2018-01-01","CAP MODIFICADO POR POLÍMERO 55-75-E","Paraíba","-"]
["2018-03-01","CAP MODIFICADO POR POLÍMERO 55-75-E","Roraima","-"]
["2018-04-01","CAP MODIFICADO POR POLÍMERO 55-75-E","Santa Catarina","-"]
["2018-06-01","CAP MODIFICADO POR POLÍMERO 55-75-E","São Paulo","-"]
["2018-08-01","CAP MODIFICADO POR POLÍMERO 55-75-E","Rio Grande do Norte","-"]
["2018-10-01","CAP MODIFICADO POR POLÍMERO 55-75-E","Tocantins","-"]
["2018-12-01","CAP MODIFICADO POR POLÍMERO 55-75-E","Espírito Santo","-"]
["2019-01-01","CAP MODIFICADO POR POLÍMERO 55-75-E","Bahia","-"]
["2019-03-01","CAP MODIFICADO POR POLÍMERO 55-75-E","Maranhão","-"]
["2019-04-01","CAP MODIFICADO POR POLÍMERO 55-75-E","Pará","-"]
["2019-06-01","CAP MODIFICADO POR POLÍMERO 55-75-E","Mato Grosso do Sul","-"]
["2019-07-01","CAP MODIFICADO POR POLÍMERO 55-75-E","Roraima","-"]
["2019-09-01","CAP MODIFICADO POR POLÍMERO 55-75-E","Maranhão","-"]
["2019-11-01","CAP MODIFICADO POR POLÍMERO 55-75-E","Bahia","-"]
["2020-01-01","CAP MODIFICADO POR POLÍMERO 55-75-E","Sergipe","-"]
["2020-02-01","CAP MODIFICADO POR POLÍMERO 55-75-E","Santa Catarina","-"]
["2020-05-01","CAP MODIFICADO POR POLÍMERO 55-75-E","Espírito Santo","-"]
["2020-05-01","CAP MODIFICADO POR POLÍMERO 55-75-E","Rondônia","-"]
["2020-08-01","CAP MODIFICADO POR POLÍMERO 55-75-E","Pernambuco","-"]
["2020-08-01","CAP MODIFICADO POR POLÍMERO 55-75-E","Santa Catarina","-"]
["2020-10-01","CAP MODIFICADO POR POLÍMERO 55-75-E","Rondônia","-"]
["2021-01-01","CAP MODIFICADO POR POLÍMERO 55-75-E","Paraná",3.08095]
["2021-02-01","CAP MODIFICADO POR POLÍMERO 55-75-E","Amazonas","-"]
["2021-04-01","CAP MODIFICADO POR POLÍMERO 55-75-E","Piauí","-"]
["2021-05-01","CAP MODIFICADO POR POLÍMERO 55-75-E","Minas Gerais","-"]
["2021-08-01","CAP MODIFICADO POR POLÍMERO 55-75-E","Distrito Federal","-"]
["2021-08-01","CAP MODIFICADO POR POLÍMERO 55-75-E","Mato Grosso","-"]
["2021-11-01","CAP MODIFICADO POR POLÍMERO 55-75-E","Paraná","-"]
["2021-12-01","CAP MODIFICADO POR POLÍMERO 55-75-E","Sergipe","-"]
["2022-02-01","CAP MODIFICADO POR POLÍMERO 55-75-E","São Paulo","-"]
["2022-04-01","CAP MODIFICADO POR POLÍMERO 55-75-E","Acre","-"]
["2022-04-01","CAP MODIFICADO POR POLÍMERO 55-75-E","Paraná","-"]
["2022-07-01","CAP MODIFICADO POR POLÍMERO 55-75-E","Amapá","-"]
["2022-08-01","CAP MODIFICADO POR POLÍMERO 55-75-E","Mato Grosso do Sul","-"]
["2022-10-01","CAP MODIFICADO POR POLÍMERO 55-75-E","Bahia","-"]
["2022-11-01","CAP MODIFICADO POR POLÍMERO 55-75-E","Rio Grande do Sul","-"]
["2023-02-01","CAP MODIFICADO POR POLÍMERO 55-75-E","Acre","-"]
["2023-03-01","CAP MODIFICADO POR POLÍMERO 55-75-E","Paraíba","-"]
["2023-04-01","CAP MODIFICADO POR POLÍMERO 55-75-E","Ceará","-"]
["2023-06-01","CAP MODIFICADO POR POLÍMERO 55-75-E","Pernambuco","-"]
["2023-07-01","CAP MODIFICADO POR POLÍMERO 55-75-E","Paraíba","-"]
["2015-09-01","CAP MODIFICADO POR POLÍMERO 60-85-E","Paraíba","-"]
["2015-10-01","CAP MODIFICADO POR POLÍMERO 60-85-E","Santa Catarina","-"]
["2015-12-01","CAP MODIFICADO POR POLÍMERO 60-85-E","Pernambuco","-"]
["2016-02-01","CAP MODIFICADO POR POLÍMERO 60-85-E","Ceará","-"]
["2016-03-01","CAP MODIFICADO POR POLÍMERO 60-85-E","Rio de Janeiro","-"]
["2016-06-01","CAP MODIFICADO POR POLÍMERO 60-85-E","Alagoas","-"]
["2016-08-01","CAP MODIFICADO POR POLÍMERO 60-85-E","Goiás","-"]
["2016-09-01","CAP MODIFICADO POR POLÍMERO 60-85-E","Alagoas","-"]
["2016-11-01","CAP MODIFICADO POR POLÍMERO 60-85-E","Piauí","-"]
["2016-12-01","CAP MODIFICADO POR POLÍMERO 60-85-E","Amazonas","-"]
["2017-01-01","CAP MODIFICADO POR POLÍMERO 60-85-E","Roraima","-"]
["2017-04-01","CAP MODIFICADO POR POLÍMERO 60-85-E","Roraima","-"]
["2017-05-01","CAP MODIFICADO POR POLÍMERO 60-85-E","Bahia","-"]
["2017-07-01","CAP MODIFICADO POR POLÍMERO 60-85-E","Rio Grande do Sul",1.99142]
["2017-08-01","CAP MODIFICADO POR POLÍMERO 60-85-E","Pará","-"]
["2017-11-01","CAP MODIFICADO POR POLÍMERO 60-85-E","Espírito Santo","-"]
["2017-11-01","CAP MODIFICADO POR POLÍMERO 60-85-E","Piauí","-"]
["2018-02-01","CAP MODIFICADO POR POLÍMERO 60-85-E","Pernambuco","-"]
["2018-04-01","CAP MODIFICADO POR POLÍMERO 60-85-E","Ceará","-"]
["2018-05-01","CAP MODIFICADO POR POLÍMERO 60-85-E","Sergipe","-"]
["2018-07-01","CAP MODIFICADO POR POLÍMERO 60-85-E","Espírito Santo","-"]
["2018-08-01","CAP MODIFICADO POR POLÍMERO 60-85-E","Amazonas","-"]
["2018-10-01","CAP MODIFICADO POR POLÍMERO 60-85-E","Maranhão","-"]
["2018-11-01","CAP MODIFICADO POR POLÍMERO 60-85-E","Minas Gerais","-"]
["2019-01-01","CAP MODIFICADO POR POLÍMERO 60-85-E","Mato Grosso do Sul","-"]
["2019-02-01","CAP MODIFICADO POR POLÍMERO 60-85-E","Rondônia","-"]
["2019-05-01","CAP MODIFICADO POR POLÍMERO 60-85-E","Paraná",3.18068]
["2019-06-01","CAP MODIFICADO POR POLÍMERO 60-85-E","Rondônia","-"]
["2019-08-01","CAP MODIFICADO POR POLÍMERO 60-85-E","São Paulo",3.05158]
["2019-09-01","CAP MODIFICADO POR POLÍMERO 60-85-E","Santa Catarina","-"]
["2019-10-01","CAP MODIFICADO POR POLÍMERO 60-85-E","Paraná",3.01051]
["2019-12-01","CAP MODIFICADO POR POLÍMERO 60-85-E","Rondônia","-"]
["2020-01-01","CAP MODIFICADO POR POLÍMERO 60-85-E","São Paulo",3.21688]
["2020-03-01","CAP MODIFICADO POR POLÍMERO 60-85-E","Santa Catarina","-"]
["2020-05-01","CAP MODIFICADO POR POLÍMERO 60-85-E","Rio Grande do Sul","-"]
["2020-06-01","CAP MODIFICADO POR POLÍMERO 60-85-E","Sergipe","-"]
["2020-09-01","CAP MODIFICADO POR POLÍMERO 60-85-E","Amapá","-"]
["2020-11-01","CAP MODIFICADO POR POLÍMERO 60-85-E","Maranhão","-"]
["2020-12-01","CAP MODIFICADO POR POLÍMERO 60-85-E","Goiás","-"]
["2021-01-01","CAP MODIFICADO POR POLÍMERO 60-85-E","Paraíba","-"]
["2021-03-01","CAP MODIFICADO POR POLÍMERO 60-85-E","Mato Grosso","-"]
["2021-04-01","CAP MODIFICADO POR POLÍMERO 60-85-E","Santa Catarina","-"]
["2021-06-01","CAP MODIFICADO POR POLÍMERO 60-85-E","Minas Gerais",3.9252]
["2021-08-01","CAP MODIFICADO POR POLÍMERO 60-85-E","Ceará","-"]
["2021-11-01","CAP MODIFICADO POR POLÍMERO 60-85-E","Acre","-"]
["2021-11-01","CAP MODIFICADO POR POLÍMERO 60-85-E","Paraíba","-"]
["2022-02-01","CAP MODIFICADO POR POLÍMERO 60-85-E","Amapá","-"]
["2022-03-01","CAP MODIFICADO POR POLÍMERO 60-85-E","Mato Grosso","-"]
["2022-05-01","CAP MODIFICADO POR POLÍMERO 60-85-E","Piauí","-"]
["2022-07-01","CAP MODIFICADO POR POLÍMERO 60-85-E","Minas Gerais",5.46179]
["2022-08-01","CAP MODIFICADO POR POLÍMERO 60-85-E","Tocantins","-"]
["2022-10-01","CAP MODIFICADO POR POLÍMERO 60-85-E","Paraíba","-"]
["2022-11-01","CAP MODIFICADO POR POLÍMERO 60-85-E","Bahia","-"]
["2023-01-01","CAP MODIFICADO POR POLÍMERO 60-85-E","Pernambuco","-"]
["2023-02-01","CAP MODIFICADO POR POLÍMERO 60-85-E","Pará","-"]
["2023-04-01","CAP MODIFICADO POR POLÍMERO 60-85-E","Paraíba","-"]
["2023-05-01","CAP MODIFICADO POR POLÍMERO 60-85-E","Roraima","-"]
["2023-08-01","CAP MODIFICADO POR POLÍMERO 60-85-E","Pernambuco","-"]
["2015-10-01","CAP MODIFICADO POR POLÍMERO 65-90-E","Alagoas","-"]
["2015-11-01","CAP MODIFICADO POR POLÍMERO 65-90-E","Sergipe","-"]
["2015-12-01","CAP MODIFICADO POR POLÍMERO 65-90-E","Tocantins","-"]
["2016-03-01","CAP MODIFICADO POR POLÍMERO 65-90-E","Espírito Santo","-"]
["2016-04-01","CAP MODIFICADO POR POLÍMERO 65-90-E","Alagoas","-"]
["2016-06-01","CAP MODIFICADO POR POLÍMERO 65-90-E","Pernambuco","-"]
["2016-07-01","CAP MODIFICADO POR POLÍMERO 65-90-E","Amazonas","-"]
["2016-08-01","CAP MODIFICADO POR POLÍMERO 65-90-E","Rondônia","-"]
["2016-10-01","CAP MODIFICADO POR POLÍMERO 65-90-E","Ceará","-"]
["2016-12-01","CAP MODIFICADO POR POLÍMERO 65-90-E","Amazonas","-"]
["2017-02-01","CAP MODIFICADO POR POLÍMERO 65-90-E","São Paulo","-"]
["2017-03-01","CAP MODIFICADO POR POLÍMERO 65-90-E","Paraná",1.83099]
["2017-04-01","CAP MODIFICADO POR POLÍMERO 65-90-E","Paraná",1.65795]
["2017-06-01","CAP MODIFICADO POR POLÍMERO 65-90-E","Piauí","-"]
["2017-07-01","CAP MODIFICADO POR POLÍMERO 65-90-E","São Paulo","-"]
["2017-09-01","CAP MODIFICADO POR POLÍMERO 65-90-E","Paraná","-"]
["2017-11-01","CAP MODIFICADO POR POLÍMERO 65-90-E","Distrito Federal","-"]
["2018-02-01","CAP MODIFICADO POR POLÍMERO 65-90-E","Espírito Santo","-"]
["2018-03-01","CAP MODIFICADO POR POLÍMERO 65-90-E","Amapá","-"]
["2018-05-01","CAP MODIFICADO POR POLÍMERO 65-90-E","Maranhão","-"]
["2018-06-01","CAP MODIFICADO POR POLÍMERO 65-90-E","Mato Grosso do Sul","-"]
["2018-08-01","CAP MODIFICADO POR POLÍMERO 65-90-E","Rio de Janeiro","-"]
["2018-09-01","CAP MODIFICADO POR POLÍMERO 65-90-E","Amapá","-"]
["2018-10-01","CAP MODIFICADO POR POLÍMERO 65-90-E","Santa Catarina","-"]
["2019-01-01","CAP MODIFICADO POR POLÍMERO 65-90-E","Rondônia","-"]
["2019-02-01","CAP MODIFICADO POR POLÍMERO 65-90-E","Ceará","-"]
["2019-04-01","CAP MODIFICADO POR POLÍMERO 65-90-E","Santa Catarina","-"]
["2019-05-01","CAP MODIFICADO POR POLÍMERO 65-90-E","Paraíba","-"]
["2019-07-01","CAP MODIFICADO POR POLÍMERO 65-90-E","Rondônia","-"]
["2019-08-01","CAP MODIFICADO POR POLÍMERO 65-90-E","Santa Catarina","-"]
["2019-10-01","CAP MODIFICADO POR POLÍMERO 65-90-E","Santa Catarina","-"]
["2019-12-01","CAP MODIFICADO POR POLÍMERO 65-90-E","Rio Grande do Norte","-"]
["2020-02-01","CAP MODIFICADO POR POLÍMERO 65-90-E","Tocantins","-"]
["2020-04-01","CAP MODIFICADO POR POLÍMERO 65-90-E","Distrito Federal","-"]
["2020-06-01","CAP MODIFICADO POR POLÍMERO 65-90-E","Goiás","-"]
["2020-07-01","CAP MODIFICADO POR POLÍMERO 65-90-E","Goiás","-"]
["2020-08-01","CAP MODIFICADO POR POLÍMERO 65-90-E","Pará","-"]
["2020-10-01","CAP MODIFICADO POR POLÍMERO 65-90-E","Mato Grosso","-"]
["2020-11-01","CAP MODIFICADO POR POLÍMERO 65-90-E","Roraima","-"]
["2021-01-01","CAP MODIFICADO POR POLÍMERO 65-90-E","Minas Gerais","-"]
["2021-03-01","CAP MODIFICADO POR POLÍMERO 65-90-E","Bahia","-"]
["2021-05-01","CAP MODIFICADO POR POLÍMERO 65-90-E","Sergipe","-"]
["2021-06-01","CAP MODIFICADO POR POLÍMERO 65-90-E","Roraima","-"]
["2021-09-01","CAP MODIFICADO POR POLÍMERO 65-90-E","Espírito Santo","-"]
["2021-09-01","CAP MODIFICADO POR POLÍMERO 65-90-E","Rio Grande do Sul","-"]
["2021-12-01","CAP MODIFICADO POR POLÍMERO 65-90-E","Pernambuco","-"]
["2021-12-01","CAP MODIFICADO POR POLÍMERO 65-90-E","Roraima","-"]
["2022-03-01","CAP MODIFICADO POR POLÍMERO 65-90-E","Sergipe","-"]
["2022-05-01","CAP MODIFICADO POR POLÍMERO 65-90-E","Paraíba","-"]
["2022-06-01","CAP MODIFICADO POR POLÍMERO 65-90-E","Amazonas","-"]
["2022-08-01","CAP MODIFICADO POR POLÍMERO 65-90-E","Pernambuco","-"]
["2022-09-01","CAP MODIFICADO POR POLÍMERO 65-90-E","Minas Gerais","-"]
["2022-10-01","CAP MODIFICADO POR POLÍMERO 65-90-E","Paraná","-"]
["2022-12-01","CAP MODIFICADO POR POLÍMERO 65-90-E","Maranhão","-"]
["2023-01-01","CAP MODIFICADO POR POLÍMERO 65-90-E","São Paulo","-"]
["2023-05-01","CAP MODIFICADO POR POLÍMERO 65-90-E","Alagoas","-"]
["2023-05-01","CAP MODIFICADO POR POLÍMERO 65-90-E","Distrito Federal","-"]
["2023-07-01","CAP MODIFICADO POR POLÍMERO 65-90-E","Tocantins","-"]
["2023-08-01","CAP MODIFICADO POR POLÍMERO 65-90-E","Paraná","-"]
["2013-03-01","CIMENTO ASFÁLTICO MODIFICADO POR POLÍMERO SBS 50-65","Alagoas","-"]
["2013-03-01","CIMENTO ASFÁLTICO MODIFICADO POR POLÍMERO SBS 50-65","São Paulo","-"]
["2013-06-01","CIMENTO ASFÁLTICO MODIFICADO POR POLÍMERO SBS 50-65","Amazonas","-"]
["2013-07-01","CIMENTO ASFÁLTICO MODIFICADO POR POLÍMERO SBS 50-65","Rio Grande do Sul","-"]
["2013-10-01","CIMENTO ASFÁLTICO MODIFICADO POR POLÍMERO SBS 50-65","Acre","-"]
["2013-11-01","CIMENTO ASFÁLTICO MODIFICADO POR POLÍMERO SBS 50-65","Pará","-"]
["2013-12-01","CIMENTO ASFÁLTICO MODIFICADO POR POLÍMERO SBS 50-65","Ceará","-"]
["2014-02-01","CIMENTO ASFÁLTICO MODIFICADO POR POLÍMERO SBS 50-65","Paraná","-"]
["2014-03-01","CIMENTO ASFÁLTICO MODIFICADO POR POLÍMERO SBS 50-65","Paraíba","-"]
["2014-05-01","CIMENTO ASFÁLTICO MODIFICADO POR POLÍMERO SBS 50-65","Piauí","-"]
["2014-06-01","CIMENTO ASFÁLTICO MODIFICADO POR POLÍMERO SBS 50-65","Santa Catarina","-"]
["2014-08-01","CIMENTO ASFÁLTICO MODIFICADO POR POLÍMERO SBS 50-65","Paraná","-"]
["2014-10-01","CIMENTO ASFÁLTICO MODIFICADO POR POLÍMERO SBS 50-65","Ceará","-"]
["2014-11-01","CIMENTO ASFÁLTICO MODIFICADO POR POLÍMERO SBS 50-65","Piauí","-"]
["2015-02-01","CIMENTO ASFÁLTICO MODIFICADO POR POLÍMERO SBS 50-65","Alagoas","-"]
["2015-04-01","CIMENTO ASFÁLTICO MODIFICADO POR POLÍMERO SBS 50-65","Goiás","-"]
["2015-05-01","CIMENTO ASFÁLTICO MODIFICADO POR POLÍMERO SBS 50-65","Acre","-"]
["2015-07-01","CIMENTO ASFÁLTICO MODIFICADO POR POLÍMERO SBS 50-65","Piauí","-"]
["2015-08-01","CIMENTO ASFÁLTICO MODIFICADO POR POLÍMERO SBS 50-65","Amapá","-"]
["2013-01-01","CIMENTO ASFÁLTICO MODIFICADO POR POLÍMERO SBS 55-75","Roraima","-"]
["2013-03-01","CIMENTO ASFÁLTICO MODIFICADO POR POLÍMERO SBS 55-75","Bahia","-"]
["2013-05-01","CIMENTO ASFÁLTICO MODIFICADO POR POLÍMERO SBS 55-75","Bahia","-"]
["2013-07-01","CIMENTO ASFÁLTICO MODIFICADO POR POLÍMERO SBS 55-75","Santa Catarina","-"]
["2013-08-01","CIMENTO ASFÁLTICO MODIFICADO POR POLÍMERO SBS 55-75","Pará","-"]
["2013-10-01","CIMENTO ASFÁLTICO MODIFICADO POR POLÍMERO SBS 55-75","Rondônia","-"]
["2013-11-01","CIMENTO ASFÁLTICO MODIFICADO POR POLÍMERO SBS 55-75","Roraima","-"]
["2014-02-01","CIMENTO ASFÁLTICO MODIFICADO POR POLÍMERO SBS 55-75","Pernambuco","-"]
["2014-04-01","CIMENTO ASFÁLTICO MODIFICADO POR POLÍMERO SBS 55-75","Bahia","-"]
["2014-05-01","CIMENTO ASFÁLTICO MODIFICADO POR POLÍMERO SBS 55-75","Sergipe","-"]
["2014-07-01","CIMENTO ASFÁLTICO MODIFICADO POR POLÍMERO SBS 55-75","Distrito Federal","-"]
["2014-07-01","CIMENTO ASFÁLTICO MODIFICADO POR POLÍMERO SBS 55-75","Pernambuco","-"]
["2014-10-01","CIMENTO ASFÁLTICO MODIFICADO POR POLÍMERO SBS 55-75","Goiás","-"]
["2014-11-01","CIMENTO ASFÁLTICO MODIFICADO POR POLÍMERO SBS 55-75","Minas Gerais","-"]
["2015-01-01","CIMENTO ASFÁLTICO MODIFICADO POR POLÍMERO SBS 55-75","Mato Grosso","-"]
["2015-02-01","CIMENTO ASFÁLTICO MODIFICADO POR POLÍMERO SBS 55-75","Rondônia","-"]
["2015-05-01","CIMENTO ASFÁLTICO MODIFICADO POR POLÍMERO SBS 55-75","Alagoas","-"]
["2015-06-01","CIMENTO ASFÁLTICO MODIFICADO POR POLÍMERO SBS 55-75","Rio Grande do Sul","-"]
["2015-07-01","CIMENTO ASFÁLTICO MODIFICADO POR POLÍMERO SBS 55-75","Distrito Federal","-"]
["2013-01-01","CIMENTO ASFÁLTICO MODIFICADO POR POLÍMERO SBS 60-85","Roraima","-"]
["2013-02-01","CIMENTO ASFÁLTICO MODIFICADO POR POLÍMERO SBS 60-85","Paraná",1.3572]
["2013-04-01","CIMENTO ASFÁLTICO MODIFICADO POR POLÍMERO SBS 60-85","Rio Grande do Sul","-"]
["2013-05-01","CIMENTO ASFÁLTICO MODIFICADO POR POLÍMERO SBS 60-85","São Paulo",1.37933]
["2013-07-01","CIMENTO ASFÁLTICO MODIFICADO POR POLÍMERO SBS 60-85","Roraima","-"]
["2013-09-01","CIMENTO ASFÁLTICO MODIFICADO POR POLÍMERO SBS 60-85","Distrito Federal","-"]
["2013-10-01","CIMENTO ASFÁLTICO MODIFICADO POR POLÍMERO SBS 60-85","São Paulo",1.43609]
["2014-01-01","CIMENTO ASFÁLTICO MODIFICADO POR POLÍMERO SBS 60-85","Amapá","-"]
["2014-03-01","CIMENTO ASFÁLTICO MODIFICADO POR POLÍMERO SBS 60-85","Maranhão","-"]
["2014-04-01","CIMENTO ASFÁLTICO MODIFICADO POR POLÍMERO SBS 60-85","Espírito Santo","-"]
["2014-05-01","CIMENTO ASFÁLTICO MODIFICADO POR POLÍMERO SBS 60-85","Paraíba","-"]
["2014-07-01","CIMENTO ASFÁLTICO MODIFICADO POR POLÍMERO SBS 60-85","Maranhão","-"]
["2014-08-01","CIMENTO ASFÁLTICO MODIFICADO POR POLÍMERO SBS 60-85","Santa Catarina","-"]
["2014-10-01","CIMENTO ASFÁLTICO MODIFICADO POR POLÍMERO SBS 60-85","Mato Grosso do Sul","-"]
["2014-12-01","CIMENTO ASFÁLTICO MODIFICADO POR POLÍMERO SBS 60-85","Ceará","-"]
["2015-02-01","CIMENTO ASFÁLTICO MODIFICADO POR POLÍMERO SBS 60-85","Tocantins","-"]
["2015-03-01","CIMENTO ASFÁLTICO MODIFICADO POR POLÍMERO SBS 60-85","Paraíba","-"]
["2015-06-01","CIMENTO ASFÁLTICO MODIFICADO POR POLÍMERO SBS 60-85","Alagoas","-"]
["2015-06-01","CIMENTO ASFÁLTICO MODIFICADO POR POLÍMERO SBS 60-85","Santa Catarina","-"]
["2013-01-01","CIMENTO ASFÁLTICO MODIFICADO POR POLÍMERO SBS 65-90","Piauí","-"]
["2013-03-01","CIMENTO ASFÁLTICO MODIFICADO POR POLÍMERO SBS 65-90","Mato Grosso do Sul","-"]
["2013-04-01","CIMENTO ASFÁLTICO MODIFICADO POR POLÍMERO SBS 65-90","Tocantins","-"]
["2013-06-01","CIMENTO ASFÁLTICO MODIFICADO POR POLÍMERO SBS 65-90","Pará","-"]
["2013-07-01","CIMENTO ASFÁLTICO MODIFICADO POR POLÍMERO SBS 65-90","Bahia","-"]
["2013-09-01","CIMENTO ASFÁLTICO MODIFICADO POR POLÍMERO SBS 65-90","Paraná","-"]
["2013-10-01","CIMENTO ASFÁLTICO MODIFICADO POR POLÍMERO SBS 65-90","Pará","-"]
["2013-12-01","CIMENTO ASFÁLTICO MODIFICADO POR POLÍMERO SBS 65-90","Piauí","-"]
["2014-01-01","CIMENTO ASFÁLTICO MODIFICADO POR POLÍMERO SBS 65-90","Roraima","-"]
["2014-03-01","CIMENTO ASFÁLTICO MODIFICADO POR POLÍMERO SBS 65-90","Paraná","-"]
["2014-05-01","CIMENTO ASFÁLTICO MODIFICADO POR POLÍMERO SBS 65-90","Bahia","-"]
["2014-07-01","CIMENTO ASFÁLTICO MODIFICADO POR POLÍMERO SBS 65-90","Sergipe","-"]
["2014-09-01","CIMENTO ASFÁLTICO MODIFICADO POR POLÍMERO SBS 65-90","Amapá","-"]
["2014-09-01","CIMENTO ASFÁLTICO MODIFICADO POR POLÍMERO SBS 65-90","Pernambuco","-"]
["2014-12-01","CIMENTO ASFÁLTICO MODIFICADO POR POLÍMERO SBS 65-90","Acre","-"]
["2014-12-01","CIMENTO ASFÁLTICO MODIFICADO POR POLÍMERO SBS 65-90","Sergipe","-"]
["2015-03-01","CIMENTO ASFÁLTICO MODIFICADO POR POLÍMERO SBS 65-90","Amapá","-"]
["2015-04-01","CIMENTO ASFÁLTICO MODIFICADO POR POLÍMERO SBS 65-90","Rondônia","-"]
["2015-06-01","CIMENTO ASFÁLTICO MODIFICADO POR POLÍMERO SBS 65-90","Bahia","-"]
["2015-08-01","CIMENTO ASFÁLTICO MODIFICADO POR POLÍMERO SBS 65-90","Amazonas","-"]
["2013-02-01","CIMENTOS ASFÁLTICOS CAP-150-200","Mato Grosso","-"]
["2013-03-01","CIMENTOS ASFÁLTICOS CAP-150-200","Paraíba","-"]
["2013-04-01","CIMENTOS ASFÁLTICOS CAP-150-200","Paraná","-"]
["2013-06-01","CIMENTOS ASFÁLTICOS CAP-150-200","Pernambuco","-"]
["2013-07-01","CIMENTOS ASFÁLTICOS CAP-150-200","São Paulo","-"]
["2013-09-01","CIMENTOS ASFÁLTICOS CAP-150-200","Paraíba","-"]
["2013-11-01","CIMENTOS ASFÁLTICOS CAP-150-200","Distrito Federal","-"]
["2014-02-01","CIMENTOS ASFÁLTICOS CAP-150-200","Distrito Federal","-"]
["2014-02-01","CIMENTOS ASFÁLTICOS CAP-150-200","Paraná","-"]
["2014-05-01","CIMENTOS ASFÁLTICOS CAP-150-200","Goiás","-"]
["2014-06-01","CIMENTOS ASFÁLTICOS CAP-150-200","Mato Grosso do Sul","-"]
["2014-08-01","CIMENTOS ASFÁLTICOS CAP-150-200","Rio de Janeiro","-"]
["2014-09-01","CIMENTOS ASFÁLTICOS CAP-150-200","Alagoas","-"]
["2014-12-01","CIMENTOS ASFÁLTICOS CAP-150-200","Acre","-"]
["2015-01-01","CIMENTOS ASFÁLTICOS CAP-150-200","Rio Grande do Sul","-"]
["2015-02-01","CIMENTOS ASFÁLTICOS CAP-150-200","Ceará","-"]
["2015-04-01","CIMENTOS ASFÁLTICOS CAP-150-200","Roraima","-"]
["2015-05-01","CIMENTOS ASFÁLTICOS CAP-150-200","Paraíba","-"]
["2015-07-01","CIMENTOS ASFÁLTICOS CAP-150-200","Rio Grande do Sul","-"]
["2015-08-01","CIMENTOS ASFÁLTICOS CAP-150-200","Santa Catarina","-"]
["2015-10-01","CIMENTOS ASFÁLTICOS CAP-150-200","Roraima","-"]
["2015-12-01","CIMENTOS ASFÁLTICOS CAP-150-200","Ceará","-"]
["2016-02-01","CIMENTOS ASFÁLTICOS CAP-150-200","Tocantins","-"]
["2016-04-01","CIMENTOS ASFÁLTICOS CAP-150-200","Ceará","-"]
["2016-06-01","CIMENTOS ASFÁLTICOS CAP-150-200","Goiás","-"]
["2016-07-01","CIMENTOS ASFÁLTICOS CAP-150-200","Espírito Santo","-"]
["2016-08-01","CIMENTOS ASFÁLTICOS CAP-150-200","Pará","-"]
["2016-10-01","CIMENTOS ASFÁLTICOS CAP-150-200","Maranhão","-"]
["2016-11-01","CIMENTOS ASFÁLTICOS CAP-150-200","Roraima","-"]
["2017-01-01","CIMENTOS ASFÁLTICOS CAP-150-200","Mato Grosso do Sul","-"]
["2017-03-01","CIMENTOS ASFÁLTICOS CAP-150-200","Bahia","-"]
["2017-04-01","CIMENTOS ASFÁLTICOS CAP-150-200","Maranhão","-"]
["2017-06-01","CIMENTOS ASFÁLTICOS CAP-150-200","Pará","-"]
["2017-07-01","CIMENTOS ASFÁLTICOS CAP-150-200","Pernambuco","-"]
["2017-09-01","CIMENTOS ASFÁLTICOS CAP-150-200","Santa Catarina","-"]
["2017-10-01","CIMENTOS ASFÁLTICOS CAP-150-200","Sergipe","-"]
["2017-12-01","CIMENTOS ASFÁLTICOS CAP-150-200","Rondônia","-"]
["2018-02-01","CIMENTOS ASFÁLTICOS CAP-150-200","Espírito Santo","-"]
["2018-03-01","CIMENTOS ASFÁLTICOS CAP-150-200","Santa Catarina","-"]
["2018-06-01","CIMENTOS ASFÁLTICOS CAP-150-200","Amazonas","-"]
["2018-08-01","CIMENTOS ASFÁLTICOS CAP-150-200","Paraná","-"]
["2018-09-01","CIMENTOS ASFÁLTICOS CAP-150-200","Minas Gerais","-"]
["2018-11-01","CIMENTOS ASFÁLTICOS CAP-150-200","Rio Grande do Norte","-"]
["2018-12-01","CIMENTOS ASFÁLTICOS CAP-150-200","Goiás","-"]
["2019-01-01","CIMENTOS ASFÁLTICOS CAP-150-200","São Paulo","-"]
["2019-05-01","CIMENTOS ASFÁLTICOS CAP-150-200","Acre","-"]
["2019-05-01","CIMENTOS ASFÁLTICOS CAP-150-200","Distrito Federal","-"]
["2019-08-01","CIMENTOS ASFÁLTICOS CAP-150-200","Amapá","-"]
["2019-08-01","CIMENTOS ASFÁLTICOS CAP-150-200","Paraná","-"]
["2019-11-01","CIMENTOS ASFÁLTICOS CAP-150-200","Acre","-"]
["2019-11-01","CIMENTOS ASFÁLTICOS CAP-150-200","São Paulo","-"]
["2020-02-01","CIMENTOS ASFÁLTICOS CAP-150-200","Amapá","-"]
["2020-03-01","CIMENTOS ASFÁLTICOS CAP-150-200","Rio Grande do Sul","-"]
["2020-06-01","CIMENTOS ASFÁLTICOS CAP-150-200","Acre","-"]
["2020-07-01","CIMENTOS ASFÁLTICOS CAP-150-200","Minas Gerais","-"]
["2020-09-01","CIMENTOS ASFÁLTICOS CAP-150-200","Maranhão","-"]
["2020-10-01","CIMENTOS ASFÁLTICOS CAP-150-200","Paraíba","-"]
["2020-11-01","CIMENTOS ASFÁLTICOS CAP-150-200","Paraíba","-"]
["2021-01-01","CIMENTOS ASFÁLTICOS CAP-150-200","Pernambuco","-"]
["2021-02-01","CIMENTOS ASFÁLTICOS CAP-150-200","Santa Catarina","-"]
["2021-04-01","CIMENTOS ASFÁLTICOS CAP-150-200","Paraíba","-"]
["2021-06-01","CIMENTOS ASFÁLTICOS CAP-150-200","Ceará","-"]
["2021-07-01","CIMENTOS ASFÁLTICOS CAP-150-200","Pernambuco","-"]
["2021-09-01","CIMENTOS ASFÁLTICOS CAP-150-200","Paraíba","-"]
["2021-12-01","CIMENTOS ASFÁLTICOS CAP-150-200","Goiás","-"]
["2021-12-01","CIMENTOS ASFÁLTICOS CAP-150-200","Tocantins","-"]
["2022-03-01","CIMENTOS ASFÁLTICOS CAP-150-200","Piauí","-"]
["2022-04-01","CIMENTOS ASFÁLTICOS CAP-150-200","Alagoas","-"]
["2022-06-01","CIMENTOS ASFÁLTICOS CAP-150-200","Tocantins","-"]
["2022-07-01","CIMENTOS ASFÁLTICOS CAP-150-200","Amazonas","-"]
["2022-09-01","CIMENTOS ASFÁLTICOS CAP-150-200","Bahia","-"]
["2022-11-01","CIMENTOS ASFÁLTICOS CAP-150-200","Roraima","-"]
["2022-12-01","CIMENTOS ASFÁLTICOS CAP-150-200","Pará","-"]
["2023-02-01","CIMENTOS ASFÁLTICOS CAP-150-200","Rio Grande do Sul","-"]
["2023-03-01","CIMENTOS ASFÁLTICOS CAP-150-200","Roraima","-"]
["2023-04-01","CIMENTOS ASFÁLTICOS CAP-150-200","Sergipe","-"]
["2023-06-01","CIMENTOS ASFÁLTICOS CAP-150-200","Piauí","-"]
["2023-08-01","CIMENTOS ASFÁLTICOS CAP-150-200","Espírito Santo","-"]
["2013-03-01","CIMENTOS ASFÁLTICOS CAP-30-45","Ceará","-"]
["2013-03-01","CIMENTOS ASFÁLTICOS CAP-30-45","Pernambuco","-"]
["2013-06-01","CIMENTOS ASFÁLTICOS CAP-30-45","Espírito Santo","-"]
["2013-06-01","CIMENTOS ASFÁLTICOS CAP-30-45","Sergipe","-"]
["2013-09-01","CIMENTOS ASFÁLTICOS CAP-30-45","Maranhão","-"]
["2013-10-01","CIMENTOS ASFÁLTICOS CAP-30-45","Rondônia","-"]
["2014-01-01","CIMENTOS ASFÁLTICOS CAP-30-45","Alagoas","-"]
["2014-02-01","CIMENTOS ASFÁLTICOS CAP-30-45","Rio Grande do Norte","-"]
["2014-03-01","CIMENTOS ASFÁLTICOS CAP-30-45","Distrito Federal","-"]
["2014-05-01","CIMENTOS ASFÁLTICOS CAP-30-45","Rondônia","-"]
["2014-06-01","CIMENTOS ASFÁLTICOS CAP-30-45","Paraná","-"]
["2014-08-01","CIMENTOS ASFÁLTICOS CAP-30-45","Santa Catarina","-"]
["2014-09-01","CIMENTOS ASFÁLTICOS CAP-30-45","São Paulo",0.90955]
["2014-11-01","CIMENTOS ASFÁLTICOS CAP-30-45","Rondônia","-"]
["2015-01-01","CIMENTOS ASFÁLTICOS CAP-30-45","Distrito Federal","-"]
["2015-02-01","CIMENTOS ASFÁLTICOS CAP-30-45","Santa Catarina","-"]
["2015-05-01","CIMENTOS ASFÁLTICOS CAP-30-45","Amapá","-"]
["2015-07-01","CIMENTOS ASFÁLTICOS CAP-30-45","Maranhão","-"]
["2015-08-01","CIMENTOS ASFÁLTICOS CAP-30-45","Distrito Federal","-"]
["2015-10-01","CIMENTOS ASFÁLTICOS CAP-30-45","Rio de Janeiro",1.27068]
["2015-11-01","CIMENTOS ASFÁLTICOS CAP-30-45","Goiás","-"]
["2015-12-01","CIMENTOS ASFÁLTICOS CAP-30-45","Santa Catarina","-"]
["2016-02-01","CIMENTOS ASFÁLTICOS CAP-30-45","Mato Grosso","-"]
["2016-04-01","CIMENTOS ASFÁLTICOS CAP-30-45","Ceará","-"]
["2016-05-01","CIMENTOS ASFÁLTICOS CAP-30-45","Minas Gerais",1.52091]
["2016-07-01","CIMENTOS ASFÁLTICOS CAP-30-45","Paraíba","-"]
["2016-10-01","CIMENTOS ASFÁLTICOS CAP-30-45","Acre","-"]
["2016-10-01","CIMENTOS ASFÁLTICOS CAP-30-45","Santa Catarina","-"]
["2017-01-01","CIMENTOS ASFÁLTICOS CAP-30-45","Piauí","-"]
["2017-01-01","CIMENTOS ASFÁLTICOS CAP-30-45","Rio Grande do Sul","-"]
["2017-04-01","CIMENTOS ASFÁLTICOS CAP-30-45","Tocantins","-"]
["2017-06-01","CIMENTOS ASFÁLTICOS CAP-30-45","Minas Gerais",1.33506]
["2017-06-01","CIMENTOS ASFÁLTICOS CAP-30-45","Piauí","-"]
["2017-09-01","CIMENTOS ASFÁLTICOS CAP-30-45","Paraíba","-"]
["2017-10-01","CIMENTOS ASFÁLTICOS CAP-30-45","Pará","-"]
["2017-12-01","CIMENTOS ASFÁLTICOS CAP-30-45","Pernambuco","-"]
["2018-01-01","CIMENTOS ASFÁLTICOS CAP-30-45","Roraima","-"]
["2018-03-01","CIMENTOS ASFÁLTICOS CAP-30-45","Paraíba","-"]
["2018-05-01","CIMENTOS ASFÁLTICOS CAP-30-45","Bahia","-"]
["2018-06-01","CIMENTOS ASFÁLTICOS CAP-30-45","Espírito Santo","-"]
["2018-09-01","CIMENTOS ASFÁLTICOS CAP-30-45","Alagoas","-"]
["2018-09-01","CIMENTOS ASFÁLTICOS CAP-30-45","Pernambuco","-"]
["2018-11-01","CIMENTOS ASFÁLTICOS CAP-30-45","Tocantins","-"]
["2018-12-01","CIMENTOS ASFÁLTICOS CAP-30-45","Sergipe","-"]
["2019-03-01","CIMENTOS ASFÁLTICOS CAP-30-45","Alagoas","-"]
["2019-04-01","CIMENTOS ASFÁLTICOS CAP-30-45","Espírito Santo","-"]
["2019-06-01","CIMENTOS ASFÁLTICOS CAP-30-45","Amazonas","-"]
["2019-08-01","CIMENTOS ASFÁLTICOS CAP-30-45","Amazonas","-"]
["2019-10-01","CIMENTOS ASFÁLTICOS CAP-30-45","Mato Grosso",2.91677]
["2019-11-01","CIMENTOS ASFÁLTICOS CAP-30-45","Pará","-"]
["2019-12-01","CIMENTOS ASFÁLTICOS CAP-30-45","Paraná",2.47445]
["2020-02-01","CIMENTOS ASFÁLTICOS CAP-30-45","Paraná",2.36138]
["2020-03-01","CIMENTOS ASFÁLTICOS CAP-30-45","São Paulo",2.35467]
["2020-05-01","CIMENTOS ASFÁLTICOS CAP-30-45","Piauí","-"]
["2020-07-01","CIMENTOS ASFÁLTICOS CAP-30-45","Distrito Federal","-"]
["2020-10-01","CIMENTOS ASFÁLTICOS CAP-30-45","Ceará","-"]
["2020-10-01","CIMENTOS ASFÁLTICOS CAP-30-45","Paraná",2.46398]
["2021-01-01","CIMENTOS ASFÁLTICOS CAP-30-45","Espírito Santo",2.56761]
["2021-01-01","CIMENTOS ASFÁLTICOS CAP-30-45","São Paulo",2.63544]
["2021-04-01","CIMENTOS ASFÁLTICOS CAP-30-45","Rio de Janeiro",2.64576]
["2021-05-01","CIMENTOS ASFÁLTICOS CAP-30-45","Acre","-"]
["2021-08-01","CIMENTOS ASFÁLTICOS CAP-30-45","Acre","-"]
["2021-09-01","CIMENTOS ASFÁLTICOS CAP-30-45","Rio Grande do Norte","-"]
["2021-10-01","CIMENTOS ASFÁLTICOS CAP-30-45","Ceará","-"]
["2021-12-01","CIMENTOS ASFÁLTICOS CAP-30-45","Rondônia","-"]
["2022-01-01","CIMENTOS ASFÁLTICOS CAP-30-45","Paraíba","-"]
["2022-03-01","CIMENTOS ASFÁLTICOS CAP-30-45","Santa Catarina","-"]
["2022-04-01","CIMENTOS ASFÁLTICOS CAP-30-45","Santa Catarina","-"]
["2022-06-01","CIMENTOS ASFÁLTICOS CAP-30-45","Rondônia","-"]
["2022-08-01","CIMENTOS ASFÁLTICOS CAP-30-45","Ceará","-"]
["2022-10-01","CIMENTOS ASFÁLTICOS CAP-30-45","Tocantins","-"]
["2022-12-01","CIMENTOS ASFÁLTICOS CAP-30-45","Bahia","-"]
["2022-12-01","CIMENTOS ASFÁLTICOS CAP-30-45","Piauí","-"]
["2023-03-01","CIMENTOS ASFÁLTICOS CAP-30-45","Distrito Federal","-"]
["2023-03-01","CIMENTOS ASFÁLTICOS CAP-30-45","Tocantins","-"]
["2023-06-01","CIMENTOS ASFÁLTICOS CAP-30-45","Goiás",3.27961]
["2023-07-01","CIMENTOS ASFÁLTICOS CAP-30-45","Roraima","-"]
["2013-01-01","CIMENTOS ASFÁLTICOS CAP-50-70","Mato Grosso",1.36991]
["2013-03-01","CIMENTOS ASFÁLTICOS CAP-50-70","Bahia",0.88319]
["2013-04-01","CIMENTOS ASFÁLTICOS CAP-50-70","Minas Gerais",0.9238]
["2013-06-01","CIMENTOS ASFÁLTICOS CAP-50-70","Pará",1.15927]
["2013-07-01","CIMENTOS ASFÁLTICOS CAP-50-70","Pernambuco","-"]
["2013-09-01","CIMENTOS ASFÁLTICOS CAP-50-70","Roraima","-"]
["2013-10-01","CIMENTOS ASFÁLTICOS CAP-50-70","Sergipe","-"]
["2013-12-01","CIMENTOS ASFÁLTICOS CAP-50-70","Rio Grande do Sul",0.88168]
["2014-02-01","CIMENTOS ASFÁLTICOS CAP-50-70","Espírito Santo","-"]
["2014-03-01","CIMENTOS ASFÁLTICOS CAP-50-70","Roraima","-"]
["2014-05-01","CIMENTOS ASFÁLTICOS CAP-50-70","Pernambuco","-"]
["2014-08-01","CIMENTOS ASFÁLTICOS CAP-50-70","Paraíba","-"]
["2014-09-01","CIMENTOS ASFÁLTICOS CAP-50-70","Minas Gerais",0.9219]
["2014-11-01","CIMENTOS ASFÁLTICOS CAP-50-70","Pernambuco","-"]
["2014-12-01","CIMENTOS ASFÁLTICOS CAP-50-70","Rondônia","-"]
["2015-01-01","CIMENTOS ASFÁLTICOS CAP-50-70","São Paulo",1.14627]
["2015-03-01","CIMENTOS ASFÁLTICOS CAP-50-70","Maranhão","-"]
["2015-05-01","CIMENTOS ASFÁLTICOS CAP-50-70","Distrito Federal","-"]
["2015-08-01","CIMENTOS ASFÁLTICOS CAP-50-70","Alagoas","-"]
["2015-08-01","CIMENTOS ASFÁLTICOS CAP-50-70","Paraná",1.23158]
["2015-10-01","CIMENTOS ASFÁLTICOS CAP-50-70","Tocantins","-"]
["2015-11-01","CIMENTOS ASFÁLTICOS CAP-50-70","São Paulo",1.47188]
["2016-02-01","CIMENTOS ASFÁLTICOS CAP-50-70","Alagoas","-"]
["2016-03-01","CIMENTOS ASFÁLTICOS CAP-50-70","Distrito Federal","-"]
["2016-06-01","CIMENTOS ASFÁLTICOS CAP-50-70","Acre","-"]
["2016-07-01","CIMENTOS ASFÁLTICOS CAP-50-70","Mato Grosso do Sul","-"]
["2016-09-01","CIMENTOS ASFÁLTICOS CAP-50-70","Maranhão","-"]
["2016-10-01","CIMENTOS ASFÁLTICOS CAP-50-70","Pará","-"]
["2016-11-01","CIMENTOS ASFÁLTICOS CAP-50-70","Paraíba","-"]
["2017-01-01","CIMENTOS ASFÁLTICOS CAP-50-70","Paraná",1.5292]
["2017-02-01","CIMENTOS ASFÁLTICOS CAP-50-70","Santa Catarina","-"]
["2017-04-01","CIMENTOS ASFÁLTICOS CAP-50-70","Piauí","-"]
["2017-06-01","CIMENTOS ASFÁLTICOS CAP-50-70","Ceará",1.44116]
["2017-07-01","CIMENTOS ASFÁLTICOS CAP-50-70","Paraná",1.36692]
["2017-09-01","CIMENTOS ASFÁLTICOS CAP-50-70","Paraíba","-"]
["2017-10-01","CIMENTOS ASFÁLTICOS CAP-50-70","Piauí","-"]
["2018-01-01","CIMENTOS ASFÁLTICOS CAP-50-70","Amapá","-"]
["2018-01-01","CIMENTOS ASFÁLTICOS CAP-50-70","Tocantins","-"]
["2018-04-01","CIMENTOS ASFÁLTICOS CAP-50-70","Acre","-"]
["2018-05-01","CIMENTOS ASFÁLTICOS CAP-50-70","Goiás",1.83331]
["2018-07-01","CIMENTOS ASFÁLTICOS CAP-50-70","Amapá","-"]
["2018-09-01","CIMENTOS ASFÁLTICOS CAP-50-70","Bahia",2.0699]
["2018-11-01","CIMENTOS ASFÁLTICOS CAP-50-70","Rondônia","-"]
["2018-12-01","CIMENTOS ASFÁLTICOS CAP-50-70","Pará","-"]
["2019-02-01","CIMENTOS ASFÁLTICOS CAP-50-70","Santa Catarina","-"]
["2019-03-01","CIMENTOS ASFÁLTICOS CAP-50-70","Roraima","-"]
["2019-04-01","CIMENTOS ASFÁLTICOS CAP-50-70","Sergipe","-"]
["2019-06-01","CIMENTOS ASFÁLTICOS CAP-50-70","Pernambuco","-"]
["2019-08-01","CIMENTOS ASFÁLTICOS CAP-50-70","Espírito Santo","-"]
["2019-11-01","CIMENTOS ASFÁLTICOS CAP-50-70","Bahia",2.29324]
["2019-11-01","CIMENTOS ASFÁLTICOS CAP-50-70","Pernambuco","-"]
["2020-02-01","CIMENTOS ASFÁLTICOS CAP-50-70","Distrito Federal","-"]
["2020-02-01","CIMENTOS ASFÁLTICOS CAP-50-70","Sergipe","-"]
["2020-05-01","CIMENTOS ASFÁLTICOS CAP-50-70","Goiás",2.52972]
["2020-06-01","CIMENTOS ASFÁLTICOS CAP-50-70","Rondônia","-"]
["2020-08-01","CIMENTOS ASFÁLTICOS CAP-50-70","Mato Grosso",2.89861]
["2020-10-01","CIMENTOS ASFÁLTICOS CAP-50-70","Amazonas",2.24913]
["2020-12-01","CIMENTOS ASFÁLTICOS CAP-50-70","Mato Grosso",3.12725]
["2021-01-01","CIMENTOS ASFÁLTICOS CAP-50-70","Rio Grande do Sul",2.6357]
["2021-02-01","CIMENTOS ASFÁLTICOS CAP-50-70","Paraná",2.79869]
["2021-04-01","CIMENTOS ASFÁLTICOS CAP-50-70","Roraima","-"]
["2021-05-01","CIMENTOS ASFÁLTICOS CAP-50-70","São Paulo",3.54198]
["2021-07-01","CIMENTOS ASFÁLTICOS CAP-50-70","Rio Grande do Sul",3.46782]
["2021-09-01","CIMENTOS ASFÁLTICOS CAP-50-70","Distrito Federal","-"]
["2021-10-01","CIMENTOS ASFÁLTICOS CAP-50-70","Roraima","-"]
["2021-12-01","CIMENTOS ASFÁLTICOS CAP-50-70","Paraná",4.00256]
["2022-03-01","CIMENTOS ASFÁLTICOS CAP-50-70","Maranhão","-"]
["2022-04-01","CIMENTOS ASFÁLTICOS CAP-50-70","Ceará",4.33058]
["2022-06-01","CIMENTOS ASFÁLTICOS CAP-50-70","Rio de Janeiro",4.36692]
["2022-07-01","CIMENTOS ASFÁLTICOS CAP-50-70","Espírito Santo",4.15421]
["2022-10-01","CIMENTOS ASFÁLTICOS CAP-50-70","Acre","-"]
["2022-10-01","CIMENTOS ASFÁLTICOS CAP-50-70","Maranhão","-"]
["2022-12-01","CIMENTOS ASFÁLTICOS CAP-50-70","Ceará",3.7105]
["2023-01-01","CIMENTOS ASFÁLTICOS CAP-50-70","Mato Grosso do Sul",3.26058]
["2023-03-01","CIMENTOS ASFÁLTICOS CAP-50-70","Paraíba","-"]
["2023-05-01","CIMENTOS ASFÁLTICOS CAP-50-70","Tocantins",3.02456]
["2023-06-01","CIMENTOS ASFÁLTICOS CAP-50-70","Santa Catarina","-"]
["2023-07-01","CIMENTOS ASFÁLTICOS CAP-50-70","Tocantins",3.05169]
["2013-01-01","CIMENTOS ASFÁLTICOS CAP-85-100","Santa Catarina","-"]
["2013-03-01","CIMENTOS ASFÁLTICOS CAP-85-100","Goiás","-"]
["2013-06-01","CIMENTOS ASFÁLTICOS CAP-85-100","Mato Grosso do Sul","-"]
["2013-06-01","CIMENTOS ASFÁLTICOS CAP-85-100","Piauí","-"]
["2013-09-01","CIMENTOS ASFÁLTICOS CAP-85-100","Pará","-"]
["2013-10-01","CIMENTOS ASFÁLTICOS CAP-85-100","Pará","-"]
["2013-12-01","CIMENTOS ASFÁLTICOS CAP-85-100","Paraná","-"]
["2014-01-01","CIMENTOS ASFÁLTICOS CAP-85-100","Roraima","-"]
["2014-03-01","CIMENTOS ASFÁLTICOS CAP-85-100","Piauí","-"]
["2014-05-01","CIMENTOS ASFÁLTICOS CAP-85-100","Bahia","-"]
["2014-06-01","CIMENTOS ASFÁLTICOS CAP-85-100","Espírito Santo","-"]
["2014-09-01","CIMENTOS ASFÁLTICOS CAP-85-100","Acre","-"]
["2014-09-01","CIMENTOS ASFÁLTICOS CAP-85-100","Pernambuco","-"]
["2014-12-01","CIMENTOS ASFÁLTICOS CAP-85-100","Amapá","-"]
["2014-12-01","CIMENTOS ASFÁLTICOS CAP-85-100","Sergipe","-"]
["2015-03-01","CIMENTOS ASFÁLTICOS CAP-85-100","Acre","-"]
["2015-04-01","CIMENTOS ASFÁLTICOS CAP-85-100","Espírito Santo","-"]
["2015-06-01","CIMENTOS ASFÁLTICOS CAP-85-100","Amapá","-"]
["2015-08-01","CIMENTOS ASFÁLTICOS CAP-85-100","Amazonas","-"]
["2015-09-01","CIMENTOS ASFÁLTICOS CAP-85-100","Bahia","-"]
["2015-11-01","CIMENTOS ASFÁLTICOS CAP-85-100","Minas Gerais","-"]
["2016-01-01","CIMENTOS ASFÁLTICOS CAP-85-100","Rio Grande do Norte","-"]
["2016-02-01","CIMENTOS ASFÁLTICOS CAP-85-100","Paraíba","-"]
["2016-03-01","CIMENTOS ASFÁLTICOS CAP-85-100","São Paulo","-"]
["2016-05-01","CIMENTOS ASFÁLTICOS CAP-85-100","Pernambuco","-"]
["2016-07-01","CIMENTOS ASFÁLTICOS CAP-85-100","Distrito Federal","-"]
["2016-08-01","CIMENTOS ASFÁLTICOS CAP-85-100","Paraíba","-"]
["2016-10-01","CIMENTOS ASFÁLTICOS CAP-85-100","Paraná","-"]
["2017-01-01","CIMENTOS ASFÁLTICOS CAP-85-100","Distrito Federal","-"]
["2017-01-01","CIMENTOS ASFÁLTICOS CAP-85-100","São Paulo","-"]
["2017-04-01","CIMENTOS ASFÁLTICOS CAP-85-100","Rio de Janeiro","-"]
["2017-04-01","CIMENTOS ASFÁLTICOS CAP-85-100","Tocantins","-"]
["2017-08-01","CIMENTOS ASFÁLTICOS CAP-85-100","Acre","-"]
["2017-08-01","CIMENTOS ASFÁLTICOS CAP-85-100","Alagoas","-"]
["2017-09-01","CIMENTOS ASFÁLTICOS CAP-85-100","Rio de Janeiro","-"]
["2017-12-01","CIMENTOS ASFÁLTICOS CAP-85-100","Rio Grande do Sul","-"]
["2018-01-01","CIMENTOS ASFÁLTICOS CAP-85-100","Paraíba","-"]
["2018-03-01","CIMENTOS ASFÁLTICOS CAP-85-100","Roraima","-"]
["2018-04-01","CIMENTOS ASFÁLTICOS CAP-85-100","Santa Catarina","-"]
["2018-06-01","CIMENTOS ASFÁLTICOS CAP-85-100","Rio Grande do Sul","-"]
["2018-08-01","CIMENTOS ASFÁLTICOS CAP-85-100","Ceará","-"]
["2018-09-01","CIMENTOS ASFÁLTICOS CAP-85-100","Goiás","-"]
["2018-12-01","CIMENTOS ASFÁLTICOS CAP-85-100","Espírito Santo","-"]
["2018-12-01","CIMENTOS ASFÁLTICOS CAP-85-100","Piauí","-"]
["2019-03-01","CIMENTOS ASFÁLTICOS CAP-85-100","Ceará","-"]
["2019-03-01","CIMENTOS ASFÁLTICOS CAP-85-100","Tocantins","-"]
["2019-06-01","CIMENTOS ASFÁLTICOS CAP-85-100","Espírito Santo","-"]
["2019-07-01","CIMENTOS ASFÁLTICOS CAP-85-100","Goiás","-"]
["2019-09-01","CIMENTOS ASFÁLTICOS CAP-85-100","Maranhão","-"]
["2019-11-01","CIMENTOS ASFÁLTICOS CAP-85-100","Bahia","-"]
["2019-12-01","CIMENTOS ASFÁLTICOS CAP-85-100","Mato Grosso do Sul","-"]
["2020-02-01","CIMENTOS ASFÁLTICOS CAP-85-100","Pará","-"]
["2020-03-01","CIMENTOS ASFÁLTICOS CAP-85-100","Pernambuco","-"]
["2020-05-01","CIMENTOS ASFÁLTICOS CAP-85-100","Rondônia","-"]
["2020-06-01","CIMENTOS ASFÁLTICOS CAP-85-100","Sergipe","-"]
["2020-08-01","CIMENTOS ASFÁLTICOS CAP-85-100","Santa Catarina","-"]
["2020-10-01","CIMENTOS ASFÁLTICOS CAP-85-100","Espírito Santo","-"]
["2020-11-01","CIMENTOS ASFÁLTICOS CAP-85-100","Rondônia","-"]
["2021-01-01","CIMENTOS ASFÁLTICOS CAP-85-100","Pernambuco","-"]
["2021-04-01","CIMENTOS ASFÁLTICOS CAP-85-100","Pará","-"]
["2021-05-01","CIMENTOS ASFÁLTICOS CAP-85-100","Minas Gerais","-"]
["2021-07-01","CIMENTOS ASFÁLTICOS CAP-85-100","Paraná","-"]
["2021-08-01","CIMENTOS ASFÁLTICOS CAP-85-100","Rondônia","-"]
["2021-11-01","CIMENTOS ASFÁLTICOS CAP-85-100","Alagoas","-"]
["2021-11-01","CIMENTOS ASFÁLTICOS CAP-85-100","Goiás","-"]
["2022-01-01","CIMENTOS ASFÁLTICOS CAP-85-100","Distrito Federal","-"]
["2022-04-01","CIMENTOS ASFÁLTICOS CAP-85-100","Acre","-"]
["2022-04-01","CIMENTOS ASFÁLTICOS CAP-85-100","Paraná","-"]
["2022-07-01","CIMENTOS ASFÁLTICOS CAP-85-100","Amapá","-"]
["2022-07-01","CIMENTOS ASFÁLTICOS CAP-85-100","São Paulo","-"]
["2022-10-01","CIMENTOS ASFÁLTICOS CAP-85-100","Acre","-"]
["2022-11-01","CIMENTOS ASFÁLTICOS CAP-85-100","Distrito Federal","-"]
["2023-02-01","CIMENTOS ASFÁLTICOS CAP-85-100","Acre","-"]
["2023-03-01","CIMENTOS ASFÁLTICOS CAP-85-100","Mato Grosso","-"]
["2023-03-01","CIMENTOS ASFÁLTICOS CAP-85-100","Rio de Janeiro","-"]
["2023-06-01","CIMENTOS ASFÁLTICOS CAP-85-100","Minas Gerais","-"]
["2023-07-01","CIMENTOS ASFÁLTICOS CAP-85-100","Acre","-"]
["2015-09-01","EMULSÃO ASFÁLTICA CATIÔNICA DE RUPTURA CONTROLADA PARA SERVIÇO DE LAMA ASFÁLTICA","Paraíba","-"]
["2015-10-01","EMULSÃO ASFÁLTICA CATIÔNICA DE RUPTURA CONTROLADA PARA SERVIÇO DE LAMA ASFÁLTICA","Santa Catarina","-"]
["2015-12-01","EMULSÃO ASFÁLTICA CATIÔNICA DE RUPTURA CONTROLADA PARA SERVIÇO DE LAMA ASFÁLTICA","Pernambuco","-"]
["2016-02-01","EMULSÃO ASFÁLTICA CATIÔNICA DE RUPTURA CONTROLADA PARA SERVIÇO DE LAMA ASFÁLTICA","Ceará","-"]
["2016-03-01","EMULSÃO ASFÁLTICA CATIÔNICA DE RUPTURA CONTROLADA PARA SERVIÇO DE LAMA ASFÁLTICA","Rio de Janeiro","-"]
["2016-05-01","EMULSÃO ASFÁLTICA CATIÔNICA DE RUPTURA CONTROLADA PARA SERVIÇO DE LAMA ASFÁLTICA","Paraíba","-"]
["2016-06-01","EMULSÃO ASFÁLTICA CATIÔNICA DE RUPTURA CONTROLADA PARA SERVIÇO DE LAMA ASFÁLTICA","Piauí","-"]
["2016-09-01","EMULSÃO ASFÁLTICA CATIÔNICA DE RUPTURA CONTROLADA PARA SERVIÇO DE LAMA ASFÁLTICA","Alagoas","-"]
["2016-09-01","EMULSÃO ASFÁLTICA CATIÔNICA DE RUPTURA CONTROLADA PARA SERVIÇO DE LAMA ASFÁLTICA","Tocantins","-"]
["2016-11-01","EMULSÃO ASFÁLTICA CATIÔNICA DE RUPTURA CONTROLADA PARA SERVIÇO DE LAMA ASFÁLTICA","Tocantins","-"]
["2017-01-01","EMULSÃO ASFÁLTICA CATIÔNICA DE RUPTURA CONTROLADA PARA SERVIÇO DE LAMA ASFÁLTICA","Goiás","-"]
["2017-03-01","EMULSÃO ASFÁLTICA CATIÔNICA DE RUPTURA CONTROLADA PARA SERVIÇO DE LAMA ASFÁLTICA","Alagoas","-"]
["2017-04-01","EMULSÃO ASFÁLTICA CATIÔNICA DE RUPTURA CONTROLADA PARA SERVIÇO DE LAMA ASFÁLTICA","Piauí","-"]
["2017-06-01","EMULSÃO ASFÁLTICA CATIÔNICA DE RUPTURA CONTROLADA PARA SERVIÇO DE LAMA ASFÁLTICA","Amazonas","-"]
["2017-08-01","EMULSÃO ASFÁLTICA CATIÔNICA DE RUPTURA CONTROLADA PARA SERVIÇO DE LAMA ASFÁLTICA","Pará","-"]
["2017-10-01","EMULSÃO ASFÁLTICA CATIÔNICA DE RUPTURA CONTROLADA PARA SERVIÇO DE LAMA ASFÁLTICA","Roraima","-"]
["2017-11-01","EMULSÃO ASFÁLTICA CATIÔNICA DE RUPTURA CONTROLADA PARA SERVIÇO DE LAMA ASFÁLTICA","Roraima","-"]
["2017-12-01","EMULSÃO ASFÁLTICA CATIÔNICA DE RUPTURA CONTROLADA PARA SERVIÇO DE LAMA ASFÁLTICA","Sergipe","-"]
["2018-02-01","EMULSÃO ASFÁLTICA CATIÔNICA DE RUPTURA CONTROLADA PARA SERVIÇO DE LAMA ASFÁLTICA","Paraná","-"]
["2018-04-01","EMULSÃO ASFÁLTICA CATIÔNICA DE RUPTURA CONTROLADA PARA SERVIÇO DE LAMA ASFÁLTICA","Espírito Santo","-"]
["2018-05-01","EMULSÃO ASFÁLTICA CATIÔNICA DE RUPTURA CONTROLADA PARA SERVIÇO DE LAMA ASFÁLTICA","Piauí","-"]
["2018-07-01","EMULSÃO ASFÁLTICA CATIÔNICA DE RUPTURA CONTROLADA PARA SERVIÇO DE LAMA ASFÁLTICA","Pernambuco","-"]
["2018-10-01","EMULSÃO ASFÁLTICA CATIÔNICA DE RUPTURA CONTROLADA PARA SERVIÇO DE LAMA ASFÁLTICA","Ceará","-"]
["2018-10-01","EMULSÃO ASFÁLTICA CATIÔNICA DE RUPTURA CONTROLADA PARA SERVIÇO DE LAMA ASFÁLTICA","Sergipe","-"]
["2019-01-01","EMULSÃO ASFÁLTICA CATIÔNICA DE RUPTURA CONTROLADA PARA SERVIÇO DE LAMA ASFÁLTICA","Espírito Santo","-"]
["2019-02-01","EMULSÃO ASFÁLTICA CATIÔNICA DE RUPTURA CONTROLADA PARA SERVIÇO DE LAMA ASFÁLTICA","Espírito Santo","-"]
["2019-04-01","EMULSÃO ASFÁLTICA CATIÔNICA DE RUPTURA CONTROLADA PARA SERVIÇO DE LAMA ASFÁLTICA","Maranhão","-"]
["2019-06-01","EMULSÃO ASFÁLTICA CATIÔNICA DE RUPTURA CONTROLADA PARA SERVIÇO DE LAMA ASFÁLTICA","Amazonas","-"]
["2019-08-01","EMULSÃO ASFÁLTICA CATIÔNICA DE RUPTURA CONTROLADA PARA SERVIÇO DE LAMA ASFÁLTICA","Mato Grosso","-"]
["2019-09-01","EMULSÃO ASFÁLTICA CATIÔNICA DE RUPTURA CONTROLADA PARA SERVIÇO DE LAMA ASFÁLTICA","Rio Grande do Norte","-"]
["2019-10-01","EMULSÃO ASFÁLTICA CATIÔNICA DE RUPTURA CONTROLADA PARA SERVIÇO DE LAMA ASFÁLTICA","Paraná","-"]
["2019-12-01","EMULSÃO ASFÁLTICA CATIÔNICA DE RUPTURA CONTROLADA PARA SERVIÇO DE LAMA ASFÁLTICA","Rondônia","-"]
["2020-01-01","EMULSÃO ASFÁLTICA CATIÔNICA DE RUPTURA CONTROLADA PARA SERVIÇO DE LAMA ASFÁLTICA","São Paulo","-"]
["2020-03-01","EMULSÃO ASFÁLTICA CATIÔNICA DE RUPTURA CONTROLADA PARA SERVIÇO DE LAMA ASFÁLTICA","Santa Catarina","-"]
["2020-05-01","EMULSÃO ASFÁLTICA CATIÔNICA DE RUPTURA CONTROLADA PARA SERVIÇO DE LAMA ASFÁLTICA","Distrito Federal","-"]
["2020-06-01","EMULSÃO ASFÁLTICA CATIÔNICA DE RUPTURA CONTROLADA PARA SERVIÇO DE LAMA ASFÁLTICA","Rondônia","-"]
["2020-08-01","EMULSÃO ASFÁLTICA CATIÔNICA DE RUPTURA CONTROLADA PARA SERVIÇO DE LAMA ASFÁLTICA","Paraná","-"]
["2020-09-01","EMULSÃO ASFÁLTICA CATIÔNICA DE RUPTURA CONTROLADA PARA SERVIÇO DE LAMA ASFÁLTICA","Santa Catarina","-"]
["2020-12-01","EMULSÃO ASFÁLTICA CATIÔNICA DE RUPTURA CONTROLADA PARA SERVIÇO DE LAMA ASFÁLTICA","Mato Grosso do Sul","-"]
["2021-01-01","EMULSÃO ASFÁLTICA CATIÔNICA DE RUPTURA CONTROLADA PARA SERVIÇO DE LAMA ASFÁLTICA","Acre","-"]
["2021-03-01","EMULSÃO ASFÁLTICA CATIÔNICA DE RUPTURA CONTROLADA PARA SERVIÇO DE LAMA ASFÁLTICA","Distrito Federal","-"]
["2021-04-01","EMULSÃO ASFÁLTICA CATIÔNICA DE RUPTURA CONTROLADA PARA SERVIÇO DE LAMA ASFÁLTICA","Maranhão","-"]
["2021-06-01","EMULSÃO ASFÁLTICA CATIÔNICA DE RUPTURA CONTROLADA PARA SERVIÇO DE LAMA ASFÁLTICA","Goiás","-"]
["2021-08-01","EMULSÃO ASFÁLTICA CATIÔNICA DE RUPTURA CONTROLADA PARA SERVIÇO DE LAMA ASFÁLTICA","Ceará","-"]
["2021-09-01","EMULSÃO ASFÁLTICA CATIÔNICA DE RUPTURA CONTROLADA PARA SERVIÇO DE LAMA ASFÁLTICA","Mato Grosso","-"]
["2021-11-01","EMULSÃO ASFÁLTICA CATIÔNICA DE RUPTURA CONTROLADA PARA SERVIÇO DE LAMA ASFÁLTICA","Paraíba","-"]
["2022-02-01","EMULSÃO ASFÁLTICA CATIÔNICA DE RUPTURA CONTROLADA PARA SERVIÇO DE LAMA ASFÁLTICA","Amapá","-"]
["2022-02-01","EMULSÃO ASFÁLTICA CATIÔNICA DE RUPTURA CONTROLADA PARA SERVIÇO DE LAMA ASFÁLTICA","Santa Catarina","-"]
["2022-03-01","EMULSÃO ASFÁLTICA CATIÔNICA DE RUPTURA CONTROLADA PARA SERVIÇO DE LAMA ASFÁLTICA","Tocantins","-"]
["2022-05-01","EMULSÃO ASFÁLTICA CATIÔNICA DE RUPTURA CONTROLADA PARA SERVIÇO DE LAMA ASFÁLTICA","Roraima","-"]
["2022-07-01","EMULSÃO ASFÁLTICA CATIÔNICA DE RUPTURA CONTROLADA PARA SERVIÇO DE LAMA ASFÁLTICA","Goiás","-"]
["2022-10-01","EMULSÃO ASFÁLTICA CATIÔNICA DE RUPTURA CONTROLADA PARA SERVIÇO DE LAMA ASFÁLTICA","Mato Grosso","-"]
["2022-10-01","EMULSÃO ASFÁLTICA CATIÔNICA DE RUPTURA CONTROLADA PARA SERVIÇO DE LAMA ASFÁLTICA","Piauí","-"]
["2023-01-01","EMULSÃO ASFÁLTICA CATIÔNICA DE RUPTURA CONTROLADA PARA SERVIÇO DE LAMA ASFÁLTICA","Minas Gerais","-"]
["2023-01-01","EMULSÃO ASFÁLTICA CATIÔNICA DE RUPTURA CONTROLADA PARA SERVIÇO DE LAMA ASFÁLTICA","Tocantins","-"]
["2023-04-01","EMULSÃO ASFÁLTICA CATIÔNICA DE RUPTURA CONTROLADA PARA SERVIÇO DE LAMA ASFÁLTICA","Paraíba","-"]
["2023-05-01","EMULSÃO ASFÁLTICA CATIÔNICA DE RUPTURA CONTROLADA PARA SERVIÇO DE LAMA ASFÁLTICA","Roraima","-"]
["2023-07-01","EMULSÃO ASFÁLTICA CATIÔNICA DE RUPTURA CONTROLADA PARA SERVIÇO DE LAMA ASFÁLTICA","Pernambuco","-"]
["2015-09-01","EMULSÃO ASFÁLTICA DE RUPTURA LENTA CATIÔNICA PARA SERVIÇO DE LAMA ASFÁLTICA","Bahia","-"]
["2015-11-01","EMULSÃO ASFÁLTICA DE RUPTURA LENTA CATIÔNICA PARA SERVIÇO DE LAMA ASFÁLTICA","Mato Grosso do Sul","-"]
["2015-12-01","EMULSÃO ASFÁLTICA DE RUPTURA LENTA CATIÔNICA PARA SERVIÇO DE LAMA ASFÁLTICA","Tocantins","-"]
["2016-01-01","EMULSÃO ASFÁLTICA DE RUPTURA LENTA CATIÔNICA PARA SERVIÇO DE LAMA ASFÁLTICA","Pernambuco","-"]
["2016-04-01","EMULSÃO ASFÁLTICA DE RUPTURA LENTA CATIÔNICA PARA SERVIÇO DE LAMA ASFÁLTICA","Alagoas","-"]
["2016-04-01","EMULSÃO ASFÁLTICA DE RUPTURA LENTA CATIÔNICA PARA SERVIÇO DE LAMA ASFÁLTICA","Sergipe","-"]
["2016-06-01","EMULSÃO ASFÁLTICA DE RUPTURA LENTA CATIÔNICA PARA SERVIÇO DE LAMA ASFÁLTICA","Tocantins","-"]
["2016-08-01","EMULSÃO ASFÁLTICA DE RUPTURA LENTA CATIÔNICA PARA SERVIÇO DE LAMA ASFÁLTICA","Espírito Santo","-"]
["2016-10-01","EMULSÃO ASFÁLTICA DE RUPTURA LENTA CATIÔNICA PARA SERVIÇO DE LAMA ASFÁLTICA","Alagoas","-"]
["2016-11-01","EMULSÃO ASFÁLTICA DE RUPTURA LENTA CATIÔNICA PARA SERVIÇO DE LAMA ASFÁLTICA","Pernambuco","-"]
["2017-01-01","EMULSÃO ASFÁLTICA DE RUPTURA LENTA CATIÔNICA PARA SERVIÇO DE LAMA ASFÁLTICA","Amazonas","-"]
["2017-03-01","EMULSÃO ASFÁLTICA DE RUPTURA LENTA CATIÔNICA PARA SERVIÇO DE LAMA ASFÁLTICA","Minas Gerais","-"]
["2017-05-01","EMULSÃO ASFÁLTICA DE RUPTURA LENTA CATIÔNICA PARA SERVIÇO DE LAMA ASFÁLTICA","Rio Grande do Norte","-"]
["2017-06-01","EMULSÃO ASFÁLTICA DE RUPTURA LENTA CATIÔNICA PARA SERVIÇO DE LAMA ASFÁLTICA","Pará","-"]
["2017-07-01","EMULSÃO ASFÁLTICA DE RUPTURA LENTA CATIÔNICA PARA SERVIÇO DE LAMA ASFÁLTICA","São Paulo","-"]
["2017-09-01","EMULSÃO ASFÁLTICA DE RUPTURA LENTA CATIÔNICA PARA SERVIÇO DE LAMA ASFÁLTICA","Paraná","-"]
["2017-11-01","EMULSÃO ASFÁLTICA DE RUPTURA LENTA CATIÔNICA PARA SERVIÇO DE LAMA ASFÁLTICA","Distrito Federal","-"]
["2017-12-01","EMULSÃO ASFÁLTICA DE RUPTURA LENTA CATIÔNICA PARA SERVIÇO DE LAMA ASFÁLTICA","Piauí","-"]
["2018-02-01","EMULSÃO ASFÁLTICA DE RUPTURA LENTA CATIÔNICA PARA SERVIÇO DE LAMA ASFÁLTICA","Paraná","-"]
["2018-05-01","EMULSÃO ASFÁLTICA DE RUPTURA LENTA CATIÔNICA PARA SERVIÇO DE LAMA ASFÁLTICA","Ceará","-"]
["2018-05-01","EMULSÃO ASFÁLTICA DE RUPTURA LENTA CATIÔNICA PARA SERVIÇO DE LAMA ASFÁLTICA","São Paulo","-"]
["2018-08-01","EMULSÃO ASFÁLTICA DE RUPTURA LENTA CATIÔNICA PARA SERVIÇO DE LAMA ASFÁLTICA","Espírito Santo","-"]
["2018-09-01","EMULSÃO ASFÁLTICA DE RUPTURA LENTA CATIÔNICA PARA SERVIÇO DE LAMA ASFÁLTICA","Distrito Federal","-"]
["2018-10-01","EMULSÃO ASFÁLTICA DE RUPTURA LENTA CATIÔNICA PARA SERVIÇO DE LAMA ASFÁLTICA","Maranhão","-"]
["2018-12-01","EMULSÃO ASFÁLTICA DE RUPTURA LENTA CATIÔNICA PARA SERVIÇO DE LAMA ASFÁLTICA","Acre","-"]
["2019-01-01","EMULSÃO ASFÁLTICA DE RUPTURA LENTA CATIÔNICA PARA SERVIÇO DE LAMA ASFÁLTICA","Rio de Janeiro","-"]
["2019-04-01","EMULSÃO ASFÁLTICA DE RUPTURA LENTA CATIÔNICA PARA SERVIÇO DE LAMA ASFÁLTICA","Rio Grande do Norte","-"]
["2019-05-01","EMULSÃO ASFÁLTICA DE RUPTURA LENTA CATIÔNICA PARA SERVIÇO DE LAMA ASFÁLTICA","Paraíba","-"]
["2019-07-01","EMULSÃO ASFÁLTICA DE RUPTURA LENTA CATIÔNICA PARA SERVIÇO DE LAMA ASFÁLTICA","Rondônia","-"]
["2019-08-01","EMULSÃO ASFÁLTICA DE RUPTURA LENTA CATIÔNICA PARA SERVIÇO DE LAMA ASFÁLTICA","Santa Catarina","-"]
["2019-10-01","EMULSÃO ASFÁLTICA DE RUPTURA LENTA CATIÔNICA PARA SERVIÇO DE LAMA ASFÁLTICA","Santa Catarina","-"]
["2019-12-01","EMULSÃO ASFÁLTICA DE RUPTURA LENTA CATIÔNICA PARA SERVIÇO DE LAMA ASFÁLTICA","Ceará","-"]
["2020-01-01","EMULSÃO ASFÁLTICA DE RUPTURA LENTA CATIÔNICA PARA SERVIÇO DE LAMA ASFÁLTICA","Goiás","-"]
["2020-04-01","EMULSÃO ASFÁLTICA DE RUPTURA LENTA CATIÔNICA PARA SERVIÇO DE LAMA ASFÁLTICA","Distrito Federal","-"]
["2020-04-01","EMULSÃO ASFÁLTICA DE RUPTURA LENTA CATIÔNICA PARA SERVIÇO DE LAMA ASFÁLTICA","Piauí","-"]
["2020-07-01","EMULSÃO ASFÁLTICA DE RUPTURA LENTA CATIÔNICA PARA SERVIÇO DE LAMA ASFÁLTICA","Bahia","-"]
["2020-07-01","EMULSÃO ASFÁLTICA DE RUPTURA LENTA CATIÔNICA PARA SERVIÇO DE LAMA ASFÁLTICA","Tocantins","-"]
["2020-10-01","EMULSÃO ASFÁLTICA DE RUPTURA LENTA CATIÔNICA PARA SERVIÇO DE LAMA ASFÁLTICA","Distrito Federal","-"]
["2020-11-01","EMULSÃO ASFÁLTICA DE RUPTURA LENTA CATIÔNICA PARA SERVIÇO DE LAMA ASFÁLTICA","Goiás","-"]
["2021-01-01","EMULSÃO ASFÁLTICA DE RUPTURA LENTA CATIÔNICA PARA SERVIÇO DE LAMA ASFÁLTICA","Goiás","-"]
["2021-03-01","EMULSÃO ASFÁLTICA DE RUPTURA LENTA CATIÔNICA PARA SERVIÇO DE LAMA ASFÁLTICA","Bahia","-"]
["2021-04-01","EMULSÃO ASFÁLTICA DE RUPTURA LENTA CATIÔNICA PARA SERVIÇO DE LAMA ASFÁLTICA","Mato Grosso","-"]
["2021-06-01","EMULSÃO ASFÁLTICA DE RUPTURA LENTA CATIÔNICA PARA SERVIÇO DE LAMA ASFÁLTICA","Pará","-"]
["2021-08-01","EMULSÃO ASFÁLTICA DE RUPTURA LENTA CATIÔNICA PARA SERVIÇO DE LAMA ASFÁLTICA","Rio Grande do Sul","-"]
["2021-09-01","EMULSÃO ASFÁLTICA DE RUPTURA LENTA CATIÔNICA PARA SERVIÇO DE LAMA ASFÁLTICA","Rio Grande do Sul","-"]
["2021-10-01","EMULSÃO ASFÁLTICA DE RUPTURA LENTA CATIÔNICA PARA SERVIÇO DE LAMA ASFÁLTICA","Sergipe","-"]
["2021-12-01","EMULSÃO ASFÁLTICA DE RUPTURA LENTA CATIÔNICA PARA SERVIÇO DE LAMA ASFÁLTICA","Roraima","-"]
["2022-02-01","EMULSÃO ASFÁLTICA DE RUPTURA LENTA CATIÔNICA PARA SERVIÇO DE LAMA ASFÁLTICA","Espírito Santo","-"]
["2022-03-01","EMULSÃO ASFÁLTICA DE RUPTURA LENTA CATIÔNICA PARA SERVIÇO DE LAMA ASFÁLTICA","Rio Grande do Sul","-"]
["2022-05-01","EMULSÃO ASFÁLTICA DE RUPTURA LENTA CATIÔNICA PARA SERVIÇO DE LAMA ASFÁLTICA","Pernambuco","-"]
["2022-06-01","EMULSÃO ASFÁLTICA DE RUPTURA LENTA CATIÔNICA PARA SERVIÇO DE LAMA ASFÁLTICA","Roraima","-"]
["2022-08-01","EMULSÃO ASFÁLTICA DE RUPTURA LENTA CATIÔNICA PARA SERVIÇO DE LAMA ASFÁLTICA","Sergipe","-"]
["2022-11-01","EMULSÃO ASFÁLTICA DE RUPTURA LENTA CATIÔNICA PARA SERVIÇO DE LAMA ASFÁLTICA","Paraíba","-"]
["2022-12-01","EMULSÃO ASFÁLTICA DE RUPTURA LENTA CATIÔNICA PARA SERVIÇO DE LAMA ASFÁLTICA","Rondônia","-"]
["2023-03-01","EMULSÃO ASFÁLTICA DE RUPTURA LENTA CATIÔNICA PARA SERVIÇO DE LAMA ASFÁLTICA","Alagoas","-"]
["2023-03-01","EMULSÃO ASFÁLTICA DE RUPTURA LENTA CATIÔNICA PARA SERVIÇO DE LAMA ASFÁLTICA","Espírito Santo","-"]
["2023-04-01","EMULSÃO ASFÁLTICA DE RUPTURA LENTA CATIÔNICA PARA SERVIÇO DE LAMA ASFÁLTICA","Rio Grande do Norte","-"]
["2023-07-01","EMULSÃO ASFÁLTICA DE RUPTURA LENTA CATIÔNICA PARA SERVIÇO DE LAMA ASFÁLTICA","Tocantins","-"]
["2023-08-01","EMULSÃO ASFÁLTICA DE RUPTURA LENTA CATIÔNICA PARA SERVIÇO DE LAMA ASFÁLTICA","Paraná","-"]
["2015-11-01","EMULSÃO ASFÁLTICA DE RUPTURA LENTA DE CARGA NEUTRA PARA SERVIÇO DE LAMA ASFÁLTICA","Alagoas","-"]
["2015-11-01","EMULSÃO ASFÁLTICA DE RUPTURA LENTA DE CARGA NEUTRA PARA SERVIÇO DE LAMA ASFÁLTICA","São Paulo","-"]
["2016-01-01","EMULSÃO ASFÁLTICA DE RUPTURA LENTA DE CARGA NEUTRA PARA SERVIÇO DE LAMA ASFÁLTICA","Tocantins","-"]
["2016-03-01","EMULSÃO ASFÁLTICA DE RUPTURA LENTA DE CARGA NEUTRA PARA SERVIÇO DE LAMA ASFÁLTICA","Distrito Federal","-"]
["2016-05-01","EMULSÃO ASFÁLTICA DE RUPTURA LENTA DE CARGA NEUTRA PARA SERVIÇO DE LAMA ASFÁLTICA","Alagoas","-"]
["2016-06-01","EMULSÃO ASFÁLTICA DE RUPTURA LENTA DE CARGA NEUTRA PARA SERVIÇO DE LAMA ASFÁLTICA","Paraná","-"]
["2016-07-01","EMULSÃO ASFÁLTICA DE RUPTURA LENTA DE CARGA NEUTRA PARA SERVIÇO DE LAMA ASFÁLTICA","Rio de Janeiro","-"]
["2016-10-01","EMULSÃO ASFÁLTICA DE RUPTURA LENTA DE CARGA NEUTRA PARA SERVIÇO DE LAMA ASFÁLTICA","Mato Grosso do Sul","-"]
["2016-11-01","EMULSÃO ASFÁLTICA DE RUPTURA LENTA DE CARGA NEUTRA PARA SERVIÇO DE LAMA ASFÁLTICA","Acre","-"]
["2017-01-01","EMULSÃO ASFÁLTICA DE RUPTURA LENTA DE CARGA NEUTRA PARA SERVIÇO DE LAMA ASFÁLTICA","Pará","-"]
["2017-02-01","EMULSÃO ASFÁLTICA DE RUPTURA LENTA DE CARGA NEUTRA PARA SERVIÇO DE LAMA ASFÁLTICA","Santa Catarina","-"]
["2017-04-01","EMULSÃO ASFÁLTICA DE RUPTURA LENTA DE CARGA NEUTRA PARA SERVIÇO DE LAMA ASFÁLTICA","Paraná","-"]
["2017-06-01","EMULSÃO ASFÁLTICA DE RUPTURA LENTA DE CARGA NEUTRA PARA SERVIÇO DE LAMA ASFÁLTICA","Ceará","-"]
["2017-07-01","EMULSÃO ASFÁLTICA DE RUPTURA LENTA DE CARGA NEUTRA PARA SERVIÇO DE LAMA ASFÁLTICA","Piauí","-"]
["2017-09-01","EMULSÃO ASFÁLTICA DE RUPTURA LENTA DE CARGA NEUTRA PARA SERVIÇO DE LAMA ASFÁLTICA","Paraíba","-"]
["2017-10-01","EMULSÃO ASFÁLTICA DE RUPTURA LENTA DE CARGA NEUTRA PARA SERVIÇO DE LAMA ASFÁLTICA","Piauí","-"]
["2018-01-01","EMULSÃO ASFÁLTICA DE RUPTURA LENTA DE CARGA NEUTRA PARA SERVIÇO DE LAMA ASFÁLTICA","Acre","-"]
["2018-01-01","EMULSÃO ASFÁLTICA DE RUPTURA LENTA DE CARGA NEUTRA PARA SERVIÇO DE LAMA ASFÁLTICA","Tocantins","-"]
["2018-04-01","EMULSÃO ASFÁLTICA DE RUPTURA LENTA DE CARGA NEUTRA PARA SERVIÇO DE LAMA ASFÁLTICA","Amapá","-"]
["2018-05-01","EMULSÃO ASFÁLTICA DE RUPTURA LENTA DE CARGA NEUTRA PARA SERVIÇO DE LAMA ASFÁLTICA","Goiás","-"]
["2018-07-01","EMULSÃO ASFÁLTICA DE RUPTURA LENTA DE CARGA NEUTRA PARA SERVIÇO DE LAMA ASFÁLTICA","Acre","-"]
["2018-08-01","EMULSÃO ASFÁLTICA DE RUPTURA LENTA DE CARGA NEUTRA PARA SERVIÇO DE LAMA ASFÁLTICA","Piauí","-"]
["2018-10-01","EMULSÃO ASFÁLTICA DE RUPTURA LENTA DE CARGA NEUTRA PARA SERVIÇO DE LAMA ASFÁLTICA","Amapá","-"]
["2018-12-01","EMULSÃO ASFÁLTICA DE RUPTURA LENTA DE CARGA NEUTRA PARA SERVIÇO DE LAMA ASFÁLTICA","Pará","-"]
["2019-02-01","EMULSÃO ASFÁLTICA DE RUPTURA LENTA DE CARGA NEUTRA PARA SERVIÇO DE LAMA ASFÁLTICA","Rondônia","-"]
["2019-03-01","EMULSÃO ASFÁLTICA DE RUPTURA LENTA DE CARGA NEUTRA PARA SERVIÇO DE LAMA ASFÁLTICA","Roraima","-"]
["2019-06-01","EMULSÃO ASFÁLTICA DE RUPTURA LENTA DE CARGA NEUTRA PARA SERVIÇO DE LAMA ASFÁLTICA","Amapá","-"]
["2019-06-01","EMULSÃO ASFÁLTICA DE RUPTURA LENTA DE CARGA NEUTRA PARA SERVIÇO DE LAMA ASFÁLTICA","Paraíba","-"]
["2019-08-01","EMULSÃO ASFÁLTICA DE RUPTURA LENTA DE CARGA NEUTRA PARA SERVIÇO DE LAMA ASFÁLTICA","Espírito Santo","-"]
["2019-09-01","EMULSÃO ASFÁLTICA DE RUPTURA LENTA DE CARGA NEUTRA PARA SERVIÇO DE LAMA ASFÁLTICA","Pernambuco","-"]
["2019-11-01","EMULSÃO ASFÁLTICA DE RUPTURA LENTA DE CARGA NEUTRA PARA SERVIÇO DE LAMA ASFÁLTICA","Pernambuco","-"]
["2020-02-01","EMULSÃO ASFÁLTICA DE RUPTURA LENTA DE CARGA NEUTRA PARA SERVIÇO DE LAMA ASFÁLTICA","Goiás","-"]
["2020-02-01","EMULSÃO ASFÁLTICA DE RUPTURA LENTA DE CARGA NEUTRA PARA SERVIÇO DE LAMA ASFÁLTICA","Sergipe","-"]
["2020-05-01","EMULSÃO ASFÁLTICA DE RUPTURA LENTA DE CARGA NEUTRA PARA SERVIÇO DE LAMA ASFÁLTICA","Distrito Federal","-"]
["2020-06-01","EMULSÃO ASFÁLTICA DE RUPTURA LENTA DE CARGA NEUTRA PARA SERVIÇO DE LAMA ASFÁLTICA","Espírito Santo","-"]
["2020-08-01","EMULSÃO ASFÁLTICA DE RUPTURA LENTA DE CARGA NEUTRA PARA SERVIÇO DE LAMA ASFÁLTICA","Goiás","-"]
["2020-10-01","EMULSÃO ASFÁLTICA DE RUPTURA LENTA DE CARGA NEUTRA PARA SERVIÇO DE LAMA ASFÁLTICA","Amazonas","-"]
["2020-10-01","EMULSÃO ASFÁLTICA DE RUPTURA LENTA DE CARGA NEUTRA PARA SERVIÇO DE LAMA ASFÁLTICA","Rio Grande do Norte","-"]
["2021-01-01","EMULSÃO ASFÁLTICA DE RUPTURA LENTA DE CARGA NEUTRA PARA SERVIÇO DE LAMA ASFÁLTICA","Rio de Janeiro","-"]
["2021-02-01","EMULSÃO ASFÁLTICA DE RUPTURA LENTA DE CARGA NEUTRA PARA SERVIÇO DE LAMA ASFÁLTICA","Alagoas","-"]
["2021-04-01","EMULSÃO ASFÁLTICA DE RUPTURA LENTA DE CARGA NEUTRA PARA SERVIÇO DE LAMA ASFÁLTICA","Rio Grande do Sul","-"]
["2021-05-01","EMULSÃO ASFÁLTICA DE RUPTURA LENTA DE CARGA NEUTRA PARA SERVIÇO DE LAMA ASFÁLTICA","São Paulo","-"]
["2021-07-01","EMULSÃO ASFÁLTICA DE RUPTURA LENTA DE CARGA NEUTRA PARA SERVIÇO DE LAMA ASFÁLTICA","Roraima","-"]
["2021-09-01","EMULSÃO ASFÁLTICA DE RUPTURA LENTA DE CARGA NEUTRA PARA SERVIÇO DE LAMA ASFÁLTICA","Distrito Federal","-"]
["2021-10-01","EMULSÃO ASFÁLTICA DE RUPTURA LENTA DE CARGA NEUTRA PARA SERVIÇO DE LAMA ASFÁLTICA","Rio Grande do Sul","-"]
["2021-12-01","EMULSÃO ASFÁLTICA DE RUPTURA LENTA DE CARGA NEUTRA PARA SERVIÇO DE LAMA ASFÁLTICA","Paraná","-"]
["2022-01-01","EMULSÃO ASFÁLTICA DE RUPTURA LENTA DE CARGA NEUTRA PARA SERVIÇO DE LAMA ASFÁLTICA","Roraima","-"]
["2022-03-01","EMULSÃO ASFÁLTICA DE RUPTURA LENTA DE CARGA NEUTRA PARA SERVIÇO DE LAMA ASFÁLTICA","São Paulo","-"]
["2022-05-01","EMULSÃO ASFÁLTICA DE RUPTURA LENTA DE CARGA NEUTRA PARA SERVIÇO DE LAMA ASFÁLTICA","Acre","-"]
["2022-07-01","EMULSÃO ASFÁLTICA DE RUPTURA LENTA DE CARGA NEUTRA PARA SERVIÇO DE LAMA ASFÁLTICA","Ceará","-"]
["2022-08-01","EMULSÃO ASFÁLTICA DE RUPTURA LENTA DE CARGA NEUTRA PARA SERVIÇO DE LAMA ASFÁLTICA","Maranhão","-"]
["2022-10-01","EMULSÃO ASFÁLTICA DE RUPTURA LENTA DE CARGA NEUTRA PARA SERVIÇO DE LAMA ASFÁLTICA","Espírito Santo","-"]
["2022-11-01","EMULSÃO ASFÁLTICA DE RUPTURA LENTA DE CARGA NEUTRA PARA SERVIÇO DE LAMA ASFÁLTICA","Rio de Janeiro","-"]
["2023-01-01","EMULSÃO ASFÁLTICA DE RUPTURA LENTA DE CARGA NEUTRA PARA SERVIÇO DE LAMA ASFÁLTICA","Maranhão","-"]
["2023-03-01","EMULSÃO ASFÁLTICA DE RUPTURA LENTA DE CARGA NEUTRA PARA SERVIÇO DE LAMA ASFÁLTICA","Paraíba","-"]
["2023-04-01","EMULSÃO ASFÁLTICA DE RUPTURA LENTA DE CARGA NEUTRA PARA SERVIÇO DE LAMA ASFÁLTICA","Mato Grosso do Sul","-"]
["2023-06-01","EMULSÃO ASFÁLTICA DE RUPTURA LENTA DE CARGA NEUTRA PARA SERVIÇO DE LAMA ASFÁLTICA","Santa Catarina","-"]
["2023-07-01","EMULSÃO ASFÁLTICA DE RUPTURA LENTA DE CARGA NEUTRA PARA SERVIÇO DE LAMA ASFÁLTICA","Tocantins","-"]
["2015-09-01","EMULSÃO ASFÁLTICA PARA SERVIÇO DE IMPRIMAÇÃO","Rondônia","-"]
["2015-11-01","EMULSÃO ASFÁLTICA PARA SERVIÇO DE IMPRIMAÇÃO","Goiás","-"]
["2015-12-01","EMULSÃO ASFÁLTICA PARA SERVIÇO DE IMPRIMAÇÃO","Santa Catarina","-"]
["2016-02-01","EMULSÃO ASFÁLTICA PARA SERVIÇO DE IMPRIMAÇÃO","Piauí","-"]
["2016-05-01","EMULSÃO ASFÁLTICA PARA SERVIÇO DE IMPRIMAÇÃO","Mato Grosso do Sul","-"]
["2016-05-01","EMULSÃO ASFÁLTICA PARA SERVIÇO DE IMPRIMAÇÃO","Tocantins","-"]
["2016-08-01","EMULSÃO ASFÁLTICA PARA SERVIÇO DE IMPRIMAÇÃO","Pará","-"]
["2016-09-01","EMULSÃO ASFÁLTICA PARA SERVIÇO DE IMPRIMAÇÃO","Roraima","-"]
["2016-11-01","EMULSÃO ASFÁLTICA PARA SERVIÇO DE IMPRIMAÇÃO","Paraná",1.62619]
["2017-01-01","EMULSÃO ASFÁLTICA PARA SERVIÇO DE IMPRIMAÇÃO","Bahia","-"]
["2017-03-01","EMULSÃO ASFÁLTICA PARA SERVIÇO DE IMPRIMAÇÃO","Mato Grosso do Sul","-"]
["2017-04-01","EMULSÃO ASFÁLTICA PARA SERVIÇO DE IMPRIMAÇÃO","Sergipe","-"]
["2017-05-01","EMULSÃO ASFÁLTICA PARA SERVIÇO DE IMPRIMAÇÃO","Pernambuco","-"]
["2017-08-01","EMULSÃO ASFÁLTICA PARA SERVIÇO DE IMPRIMAÇÃO","Acre","-"]
["2017-08-01","EMULSÃO ASFÁLTICA PARA SERVIÇO DE IMPRIMAÇÃO","Sergipe","-"]
["2017-11-01","EMULSÃO ASFÁLTICA PARA SERVIÇO DE IMPRIMAÇÃO","Amapá","-"]
["2017-12-01","EMULSÃO ASFÁLTICA PARA SERVIÇO DE IMPRIMAÇÃO","Espírito Santo","-"]
["2018-02-01","EMULSÃO ASFÁLTICA PARA SERVIÇO DE IMPRIMAÇÃO","Acre","-"]
["2018-03-01","EMULSÃO ASFÁLTICA PARA SERVIÇO DE IMPRIMAÇÃO","Pernambuco","-"]
["2018-05-01","EMULSÃO ASFÁLTICA PARA SERVIÇO DE IMPRIMAÇÃO","Amapá","-"]
["2018-07-01","EMULSÃO ASFÁLTICA PARA SERVIÇO DE IMPRIMAÇÃO","Minas Gerais",1.81705]
["2018-08-01","EMULSÃO ASFÁLTICA PARA SERVIÇO DE IMPRIMAÇÃO","Alagoas","-"]
["2018-10-01","EMULSÃO ASFÁLTICA PARA SERVIÇO DE IMPRIMAÇÃO","Minas Gerais","-"]
["2018-11-01","EMULSÃO ASFÁLTICA PARA SERVIÇO DE IMPRIMAÇÃO","Mato Grosso","-"]
["2019-01-01","EMULSÃO ASFÁLTICA PARA SERVIÇO DE IMPRIMAÇÃO","Paraíba","-"]
["2019-03-01","EMULSÃO ASFÁLTICA PARA SERVIÇO DE IMPRIMAÇÃO","Distrito Federal","-"]
["2019-04-01","EMULSÃO ASFÁLTICA PARA SERVIÇO DE IMPRIMAÇÃO","Pernambuco","-"]
["2019-06-01","EMULSÃO ASFÁLTICA PARA SERVIÇO DE IMPRIMAÇÃO","Paraná",2.28255]
["2019-07-01","EMULSÃO ASFÁLTICA PARA SERVIÇO DE IMPRIMAÇÃO","Rio de Janeiro","-"]
["2019-09-01","EMULSÃO ASFÁLTICA PARA SERVIÇO DE IMPRIMAÇÃO","São Paulo","-"]
["2019-12-01","EMULSÃO ASFÁLTICA PARA SERVIÇO DE IMPRIMAÇÃO","Distrito Federal","-"]
["2020-01-01","EMULSÃO ASFÁLTICA PARA SERVIÇO DE IMPRIMAÇÃO","Distrito Federal","-"]
["2020-02-01","EMULSÃO ASFÁLTICA PARA SERVIÇO DE IMPRIMAÇÃO","Maranhão","-"]
["2020-03-01","EMULSÃO ASFÁLTICA PARA SERVIÇO DE IMPRIMAÇÃO","Tocantins","-"]
["2020-05-01","EMULSÃO ASFÁLTICA PARA SERVIÇO DE IMPRIMAÇÃO","Rio de Janeiro","-"]
["2020-08-01","EMULSÃO ASFÁLTICA PARA SERVIÇO DE IMPRIMAÇÃO","Rio de Janeiro","-"]
["2020-09-01","EMULSÃO ASFÁLTICA PARA SERVIÇO DE IMPRIMAÇÃO","Acre","-"]
["2020-11-01","EMULSÃO ASFÁLTICA PARA SERVIÇO DE IMPRIMAÇÃO","Rio Grande do Sul","-"]
["2020-12-01","EMULSÃO ASFÁLTICA PARA SERVIÇO DE IMPRIMAÇÃO","Santa Catarina","-"]
["2021-02-01","EMULSÃO ASFÁLTICA PARA SERVIÇO DE IMPRIMAÇÃO","Roraima","-"]
["2021-04-01","EMULSÃO ASFÁLTICA PARA SERVIÇO DE IMPRIMAÇÃO","Ceará",2.00947]
["2021-05-01","EMULSÃO ASFÁLTICA PARA SERVIÇO DE IMPRIMAÇÃO","Goiás","-"]
["2021-08-01","EMULSÃO ASFÁLTICA PARA SERVIÇO DE IMPRIMAÇÃO","Ceará",2.29215]
["2021-08-01","EMULSÃO ASFÁLTICA PARA SERVIÇO DE IMPRIMAÇÃO","Piauí","-"]
["2021-11-01","EMULSÃO ASFÁLTICA PARA SERVIÇO DE IMPRIMAÇÃO","Espírito Santo","-"]
["2021-11-01","EMULSÃO ASFÁLTICA PARA SERVIÇO DE IMPRIMAÇÃO","Tocantins","-"]
["2022-02-01","EMULSÃO ASFÁLTICA PARA SERVIÇO DE IMPRIMAÇÃO","Ceará",2.51155]
["2022-03-01","EMULSÃO ASFÁLTICA PARA SERVIÇO DE IMPRIMAÇÃO","Goiás","-"]
["2022-05-01","EMULSÃO ASFÁLTICA PARA SERVIÇO DE IMPRIMAÇÃO","Espírito Santo","-"]
["2022-06-01","EMULSÃO ASFÁLTICA PARA SERVIÇO DE IMPRIMAÇÃO","Piauí","-"]
["2022-08-01","EMULSÃO ASFÁLTICA PARA SERVIÇO DE IMPRIMAÇÃO","Maranhão","-"]
["2022-10-01","EMULSÃO ASFÁLTICA PARA SERVIÇO DE IMPRIMAÇÃO","Pará","-"]
["2022-12-01","EMULSÃO ASFÁLTICA PARA SERVIÇO DE IMPRIMAÇÃO","Rio Grande do Sul","-"]
["2023-01-01","EMULSÃO ASFÁLTICA PARA SERVIÇO DE IMPRIMAÇÃO","Rio Grande do Norte","-"]
["2023-02-01","EMULSÃO ASFÁLTICA PARA SERVIÇO DE IMPRIMAÇÃO","Sergipe","-"]
["2023-04-01","EMULSÃO ASFÁLTICA PARA SERVIÇO DE IMPRIMAÇÃO","Rondônia","-"]
["2023-06-01","EMULSÃO ASFÁLTICA PARA SERVIÇO DE IMPRIMAÇÃO","Espírito Santo","-"]
["2023-07-01","EMULSÃO ASFÁLTICA PARA SERVIÇO DE IMPRIMAÇÃO","Santa Catarina","-"]
["2013-01-01","EMULSÕES ASF. MOD. POR POLÍMEROS RC1C-E","Pernambuco","-"]
["2013-02-01","EMULSÕES ASF. MOD. POR POLÍMEROS RC1C-E","Rondônia","-"]
["2013-04-01","EMULSÕES ASF. MOD. POR POLÍMEROS RC1C-E","Sergipe","-"]
["2013-07-01","EMULSÕES ASF. MOD. POR POLÍMEROS RC1C-E","Pará","-"]
["2013-08-01","EMULSÕES ASF. MOD. POR POLÍMEROS RC1C-E","Rondônia","-"]
["2013-09-01","EMULSÕES ASF. MOD. POR POLÍMEROS RC1C-E","Mato Grosso","-"]
["2013-11-01","EMULSÕES ASF. MOD. POR POLÍMEROS RC1C-E","Distrito Federal","-"]
["2013-12-01","EMULSÕES ASF. MOD. POR POLÍMEROS RC1C-E","Rio Grande do Norte","-"]
["2014-02-01","EMULSÕES ASF. MOD. POR POLÍMEROS RC1C-E","Goiás","-"]
["2014-04-01","EMULSÕES ASF. MOD. POR POLÍMEROS RC1C-E","Paraná",1.27681]
["2014-07-01","EMULSÕES ASF. MOD. POR POLÍMEROS RC1C-E","Acre","-"]
["2014-07-01","EMULSÕES ASF. MOD. POR POLÍMEROS RC1C-E","São Paulo",1.27223]
["2014-10-01","EMULSÕES ASF. MOD. POR POLÍMEROS RC1C-E","Amapá","-"]
["2014-11-01","EMULSÕES ASF. MOD. POR POLÍMEROS RC1C-E","Distrito Federal","-"]
["2015-01-01","EMULSÕES ASF. MOD. POR POLÍMEROS RC1C-E","Acre","-"]
["2015-02-01","EMULSÕES ASF. MOD. POR POLÍMEROS RC1C-E","Paraná",1.6386]
["2015-03-01","EMULSÕES ASF. MOD. POR POLÍMEROS RC1C-E","Rio de Janeiro","-"]
["2015-06-01","EMULSÕES ASF. MOD. POR POLÍMEROS RC1C-E","Mato Grosso",1.71591]
["2015-07-01","EMULSÕES ASF. MOD. POR POLÍMEROS RC1C-E","Acre","-"]
["2015-09-01","EMULSÕES ASF. MOD. POR POLÍMEROS RC1C-E","Minas Gerais","-"]
["2015-10-01","EMULSÕES ASF. MOD. POR POLÍMEROS RC1C-E","Maranhão","-"]
["2015-12-01","EMULSÕES ASF. MOD. POR POLÍMEROS RC1C-E","Paraíba","-"]
["2016-02-01","EMULSÕES ASF. MOD. POR POLÍMEROS RC1C-E","Ceará",1.82937]
["2016-03-01","EMULSÕES ASF. MOD. POR POLÍMEROS RC1C-E","Pernambuco","-"]
["2016-05-01","EMULSÕES ASF. MOD. POR POLÍMEROS RC1C-E","Paraíba","-"]
["2016-06-01","EMULSÕES ASF. MOD. POR POLÍMEROS RC1C-E","Rio de Janeiro","-"]
["2016-08-01","EMULSÕES ASF. MOD. POR POLÍMEROS RC1C-E","Santa Catarina","-"]
["2016-09-01","EMULSÕES ASF. MOD. POR POLÍMEROS RC1C-E","Tocantins","-"]
["2016-12-01","EMULSÕES ASF. MOD. POR POLÍMEROS RC1C-E","Alagoas","-"]
["2017-01-01","EMULSÕES ASF. MOD. POR POLÍMEROS RC1C-E","Goiás","-"]
["2017-02-01","EMULSÕES ASF. MOD. POR POLÍMEROS RC1C-E","Tocantins","-"]
["2017-04-01","EMULSÕES ASF. MOD. POR POLÍMEROS RC1C-E","Piauí","-"]
["2017-06-01","EMULSÕES ASF. MOD. POR POLÍMEROS RC1C-E","Alagoas","-"]
["2017-07-01","EMULSÕES ASF. MOD. POR POLÍMEROS RC1C-E","Tocantins","-"]
["2017-10-01","EMULSÕES ASF. MOD. POR POLÍMEROS RC1C-E","Rio Grande do Sul","-"]
["2017-11-01","EMULSÕES ASF. MOD. POR POLÍMEROS RC1C-E","Roraima","-"]
["2018-02-01","EMULSÕES ASF. MOD. POR POLÍMEROS RC1C-E","Amapá","-"]
["2018-02-01","EMULSÕES ASF. MOD. POR POLÍMEROS RC1C-E","Pará","-"]
["2018-04-01","EMULSÕES ASF. MOD. POR POLÍMEROS RC1C-E","Espírito Santo","-"]
["2018-05-01","EMULSÕES ASF. MOD. POR POLÍMEROS RC1C-E","Paraná",1.94708]
["2018-07-01","EMULSÕES ASF. MOD. POR POLÍMEROS RC1C-E","Pernambuco","-"]
["2018-10-01","EMULSÕES ASF. MOD. POR POLÍMEROS RC1C-E","Espírito Santo","-"]
["2018-10-01","EMULSÕES ASF. MOD. POR POLÍMEROS RC1C-E","Sergipe","-"]
["2019-01-01","EMULSÕES ASF. MOD. POR POLÍMEROS RC1C-E","Ceará","-"]
["2019-02-01","EMULSÕES ASF. MOD. POR POLÍMEROS RC1C-E","Espírito Santo","-"]
["2019-04-01","EMULSÕES ASF. MOD. POR POLÍMEROS RC1C-E","Espírito Santo","-"]
["2019-05-01","EMULSÕES ASF. MOD. POR POLÍMEROS RC1C-E","Pernambuco","-"]
["2019-06-01","EMULSÕES ASF. MOD. POR POLÍMEROS RC1C-E","Rio Grande do Norte","-"]
["2019-09-01","EMULSÕES ASF. MOD. POR POLÍMEROS RC1C-E","Piauí","-"]
["2019-10-01","EMULSÕES ASF. MOD. POR POLÍMEROS RC1C-E","Alagoas","-"]
["2019-12-01","EMULSÕES ASF. MOD. POR POLÍMEROS RC1C-E","Rio Grande do Norte","-"]
["2020-01-01","EMULSÕES ASF. MOD. POR POLÍMEROS RC1C-E","São Paulo",2.16653]
["2020-03-01","EMULSÕES ASF. MOD. POR POLÍMEROS RC1C-E","Rondônia","-"]
["2020-05-01","EMULSÕES ASF. MOD. POR POLÍMEROS RC1C-E","Distrito Federal","-"]
["2020-06-01","EMULSÕES ASF. MOD. POR POLÍMEROS RC1C-E","Santa Catarina","-"]
["2020-08-01","EMULSÕES ASF. MOD. POR POLÍMEROS RC1C-E","Paraná",2.39387]
["2020-09-01","EMULSÕES ASF. MOD. POR POLÍMEROS RC1C-E","Rondônia","-"]
["2020-11-01","EMULSÕES ASF. MOD. POR POLÍMEROS RC1C-E","São Paulo",2.38293]
["2021-01-01","EMULSÕES ASF. MOD. POR POLÍMEROS RC1C-E","Acre","-"]
["2021-03-01","EMULSÕES ASF. MOD. POR POLÍMEROS RC1C-E","Goiás","-"]
["2021-04-01","EMULSÕES ASF. MOD. POR POLÍMEROS RC1C-E","Maranhão","-"]
["2021-06-01","EMULSÕES ASF. MOD. POR POLÍMEROS RC1C-E","Distrito Federal","-"]
["2021-07-01","EMULSÕES ASF. MOD. POR POLÍMEROS RC1C-E","Rio de Janeiro","-"]
["2021-09-01","EMULSÕES ASF. MOD. POR POLÍMEROS RC1C-E","Goiás","-"]
["2021-11-01","EMULSÕES ASF. MOD. POR POLÍMEROS RC1C-E","Paraíba","-"]
["2021-12-01","EMULSÕES ASF. MOD. POR POLÍMEROS RC1C-E","Mato Grosso","-"]
["2022-02-01","EMULSÕES ASF. MOD. POR POLÍMEROS RC1C-E","Santa Catarina","-"]
["2022-05-01","EMULSÕES ASF. MOD. POR POLÍMEROS RC1C-E","Amapá","-"]
["2022-06-01","EMULSÕES ASF. MOD. POR POLÍMEROS RC1C-E","Ceará",3.76412]
["2022-07-01","EMULSÕES ASF. MOD. POR POLÍMEROS RC1C-E","Goiás",3.95808]
["2022-08-01","EMULSÕES ASF. MOD. POR POLÍMEROS RC1C-E","Roraima","-"]
["2022-10-01","EMULSÕES ASF. MOD. POR POLÍMEROS RC1C-E","Piauí","-"]
["2023-01-01","EMULSÕES ASF. MOD. POR POLÍMEROS RC1C-E","Mato Grosso",3.90097]
["2023-01-01","EMULSÕES ASF. MOD. POR POLÍMEROS RC1C-E","Tocantins","-"]
["2023-04-01","EMULSÕES ASF. MOD. POR POLÍMEROS RC1C-E","Minas Gerais",3.25526]
["2023-05-01","EMULSÕES ASF. MOD. POR POLÍMEROS RC1C-E","Goiás",3.42709]
["2023-07-01","EMULSÕES ASF. MOD. POR POLÍMEROS RC1C-E","Paraíba","-"]
["2013-01-01","EMULSÕES ASF. MOD. POR POLÍMEROS RL1C-E","Bahia","-"]
["2013-01-01","EMULSÕES ASF. MOD. POR POLÍMEROS RL1C-E","Rio Grande do Sul","-"]
["2013-04-01","EMULSÕES ASF. MOD. POR POLÍMEROS RL1C-E","São Paulo","-"]
["2013-05-01","EMULSÕES ASF. MOD. POR POLÍMEROS RL1C-E","Amapá","-"]
["2013-07-01","EMULSÕES ASF. MOD. POR POLÍMEROS RL1C-E","Tocantins","-"]
["2013-08-01","EMULSÕES ASF. MOD. POR POLÍMEROS RL1C-E","Sergipe","-"]
["2013-11-01","EMULSÕES ASF. MOD. POR POLÍMEROS RL1C-E","Alagoas","-"]
["2013-12-01","EMULSÕES ASF. MOD. POR POLÍMEROS RL1C-E","Espírito Santo","-"]
["2014-01-01","EMULSÕES ASF. MOD. POR POLÍMEROS RL1C-E","Tocantins","-"]
["2014-03-01","EMULSÕES ASF. MOD. POR POLÍMEROS RL1C-E","Pernambuco","-"]
["2014-05-01","EMULSÕES ASF. MOD. POR POLÍMEROS RL1C-E","Alagoas","-"]
["2014-06-01","EMULSÕES ASF. MOD. POR POLÍMEROS RL1C-E","Sergipe","-"]
["2014-08-01","EMULSÕES ASF. MOD. POR POLÍMEROS RL1C-E","Alagoas","-"]
["2014-10-01","EMULSÕES ASF. MOD. POR POLÍMEROS RL1C-E","Mato Grosso do Sul","-"]
["2014-11-01","EMULSÕES ASF. MOD. POR POLÍMEROS RL1C-E","Mato Grosso","-"]
["2015-01-01","EMULSÕES ASF. MOD. POR POLÍMEROS RL1C-E","Pará","-"]
["2015-03-01","EMULSÕES ASF. MOD. POR POLÍMEROS RL1C-E","Distrito Federal","-"]
["2015-04-01","EMULSÕES ASF. MOD. POR POLÍMEROS RL1C-E","Paraná","-"]
["2015-06-01","EMULSÕES ASF. MOD. POR POLÍMEROS RL1C-E","Paraná","-"]
["2015-07-01","EMULSÕES ASF. MOD. POR POLÍMEROS RL1C-E","Piauí","-"]
["2015-09-01","EMULSÕES ASF. MOD. POR POLÍMEROS RL1C-E","São Paulo","-"]
["2015-12-01","EMULSÕES ASF. MOD. POR POLÍMEROS RL1C-E","Ceará","-"]
["2016-01-01","EMULSÕES ASF. MOD. POR POLÍMEROS RL1C-E","Distrito Federal","-"]
["2016-02-01","EMULSÕES ASF. MOD. POR POLÍMEROS RL1C-E","Maranhão","-"]
["2016-04-01","EMULSÕES ASF. MOD. POR POLÍMEROS RL1C-E","Amapá","-"]
["2016-05-01","EMULSÕES ASF. MOD. POR POLÍMEROS RL1C-E","Rio de Janeiro","-"]
["2016-07-01","EMULSÕES ASF. MOD. POR POLÍMEROS RL1C-E","Acre","-"]
["2016-09-01","EMULSÕES ASF. MOD. POR POLÍMEROS RL1C-E","Acre","-"]
["2016-11-01","EMULSÕES ASF. MOD. POR POLÍMEROS RL1C-E","Rio Grande do Norte","-"]
["2016-12-01","EMULSÕES ASF. MOD. POR POLÍMEROS RL1C-E","Santa Catarina","-"]
["2017-02-01","EMULSÕES ASF. MOD. POR POLÍMEROS RL1C-E","Rondônia","-"]
["2017-04-01","EMULSÕES ASF. MOD. POR POLÍMEROS RL1C-E","Ceará","-"]
["2017-05-01","EMULSÕES ASF. MOD. POR POLÍMEROS RL1C-E","Santa Catarina","-"]
["2017-07-01","EMULSÕES ASF. MOD. POR POLÍMEROS RL1C-E","Paraíba","-"]
["2017-08-01","EMULSÕES ASF. MOD. POR POLÍMEROS RL1C-E","Piauí","-"]
["2017-11-01","EMULSÕES ASF. MOD. POR POLÍMEROS RL1C-E","Distrito Federal","-"]
["2017-11-01","EMULSÕES ASF. MOD. POR POLÍMEROS RL1C-E","Tocantins","-"]
["2018-02-01","EMULSÕES ASF. MOD. POR POLÍMEROS RL1C-E","Goiás","-"]
["2018-03-01","EMULSÕES ASF. MOD. POR POLÍMEROS RL1C-E","Goiás","-"]
["2018-05-01","EMULSÕES ASF. MOD. POR POLÍMEROS RL1C-E","Distrito Federal","-"]
["2018-06-01","EMULSÕES ASF. MOD. POR POLÍMEROS RL1C-E","Piauí","-"]
["2018-08-01","EMULSÕES ASF. MOD. POR POLÍMEROS RL1C-E","Goiás","-"]
["2018-10-01","EMULSÕES ASF. MOD. POR POLÍMEROS RL1C-E","Pará","-"]
["2018-11-01","EMULSÕES ASF. MOD. POR POLÍMEROS RL1C-E","Amapá","-"]
["2019-01-01","EMULSÕES ASF. MOD. POR POLÍMEROS RL1C-E","Rio de Janeiro","-"]
["2019-02-01","EMULSÕES ASF. MOD. POR POLÍMEROS RL1C-E","Mato Grosso do Sul","-"]
["2019-04-01","EMULSÕES ASF. MOD. POR POLÍMEROS RL1C-E","Rio Grande do Sul","-"]
["2019-06-01","EMULSÕES ASF. MOD. POR POLÍMEROS RL1C-E","Espírito Santo","-"]
["2019-07-01","EMULSÕES ASF. MOD. POR POLÍMEROS RL1C-E","Roraima","-"]
["2019-09-01","EMULSÕES ASF. MOD. POR POLÍMEROS RL1C-E","Pernambuco","-"]
["2019-10-01","EMULSÕES ASF. MOD. POR POLÍMEROS RL1C-E","Rio Grande do Sul","-"]
["2019-12-01","EMULSÕES ASF. MOD. POR POLÍMEROS RL1C-E","Sergipe","-"]
["2020-03-01","EMULSÕES ASF. MOD. POR POLÍMEROS RL1C-E","Minas Gerais","-"]
["2020-04-01","EMULSÕES ASF. MOD. POR POLÍMEROS RL1C-E","Espírito Santo","-"]
["2020-05-01","EMULSÕES ASF. MOD. POR POLÍMEROS RL1C-E","Mato Grosso","-"]
["2020-07-01","EMULSÕES ASF. MOD. POR POLÍMEROS RL1C-E","Ceará","-"]
["2020-08-01","EMULSÕES ASF. MOD. POR POLÍMEROS RL1C-E","Rio Grande do Norte","-"]
["2020-10-01","EMULSÕES ASF. MOD. POR POLÍMEROS RL1C-E","Espírito Santo","-"]
["2020-12-01","EMULSÕES ASF. MOD. POR POLÍMEROS RL1C-E","Alagoas","-"]
["2021-02-01","EMULSÕES ASF. MOD. POR POLÍMEROS RL1C-E","Tocantins","-"]
["2021-03-01","EMULSÕES ASF. MOD. POR POLÍMEROS RL1C-E","São Paulo","-"]
["2021-06-01","EMULSÕES ASF. MOD. POR POLÍMEROS RL1C-E","Alagoas","-"]
["2021-07-01","EMULSÕES ASF. MOD. POR POLÍMEROS RL1C-E","Distrito Federal","-"]
["2021-08-01","EMULSÕES ASF. MOD. POR POLÍMEROS RL1C-E","Tocantins","-"]
["2021-10-01","EMULSÕES ASF. MOD. POR POLÍMEROS RL1C-E","Paraná","-"]
["2021-11-01","EMULSÕES ASF. MOD. POR POLÍMEROS RL1C-E","Rio de Janeiro","-"]
["2022-02-01","EMULSÕES ASF. MOD. POR POLÍMEROS RL1C-E","Pará","-"]
["2022-03-01","EMULSÕES ASF. MOD. POR POLÍMEROS RL1C-E","Acre","-"]
["2022-05-01","EMULSÕES ASF. MOD. POR POLÍMEROS RL1C-E","Mato Grosso do Sul","-"]
["2022-06-01","EMULSÕES ASF. MOD. POR POLÍMEROS RL1C-E","Maranhão","-"]
["2022-08-01","EMULSÕES ASF. MOD. POR POLÍMEROS RL1C-E","Pará","-"]
["2022-09-01","EMULSÕES ASF. MOD. POR POLÍMEROS RL1C-E","Rio de Janeiro","-"]
["2022-11-01","EMULSÕES ASF. MOD. POR POLÍMEROS RL1C-E","Paraná","-"]
["2023-01-01","EMULSÕES ASF. MOD. POR POLÍMEROS RL1C-E","Paraíba","-"]
["2023-02-01","EMULSÕES ASF. MOD. POR POLÍMEROS RL1C-E","Piauí","-"]
["2023-04-01","EMULSÕES ASF. MOD. POR POLÍMEROS RL1C-E","Santa Catarina","-"]
["2023-05-01","EMULSÕES ASF. MOD. POR POLÍMEROS RL1C-E","Tocantins","-"]
["2023-08-01","EMULSÕES ASF. MOD. POR POLÍMEROS RL1C-E","Acre","-"]
["2013-01-01","EMULSÕES ASF. MOD. POR POLÍMEROS RM1C-E","Goiás","-"]
["2013-03-01","EMULSÕES ASF. MOD. POR POLÍMEROS RM1C-E","Amapá","-"]
["2013-04-01","EMULSÕES ASF. MOD. POR POLÍMEROS RM1C-E","Piauí","-"]
["2013-06-01","EMULSÕES ASF. MOD. POR POLÍMEROS RM1C-E","Acre","-"]
["2013-07-01","EMULSÕES ASF. MOD. POR POLÍMEROS RM1C-E","Tocantins","-"]
["2013-09-01","EMULSÕES ASF. MOD. POR POLÍMEROS RM1C-E","Amapá","-"]
["2013-11-01","EMULSÕES ASF. MOD. POR POLÍMEROS RM1C-E","Roraima","-"]
["2013-12-01","EMULSÕES ASF. MOD. POR POLÍMEROS RM1C-E","Mato Grosso do Sul","-"]
["2014-02-01","EMULSÕES ASF. MOD. POR POLÍMEROS RM1C-E","Minas Gerais","-"]
["2014-03-01","EMULSÕES ASF. MOD. POR POLÍMEROS RM1C-E","Rio Grande do Sul","-"]
["2014-05-01","EMULSÕES ASF. MOD. POR POLÍMEROS RM1C-E","Paraíba","-"]
["2014-07-01","EMULSÕES ASF. MOD. POR POLÍMEROS RM1C-E","Pernambuco","-"]
["2014-08-01","EMULSÕES ASF. MOD. POR POLÍMEROS RM1C-E","Pernambuco","-"]
["2014-10-01","EMULSÕES ASF. MOD. POR POLÍMEROS RM1C-E","Sergipe","-"]
["2015-01-01","EMULSÕES ASF. MOD. POR POLÍMEROS RM1C-E","Goiás","-"]
["2015-02-01","EMULSÕES ASF. MOD. POR POLÍMEROS RM1C-E","Espírito Santo","-"]
["2015-04-01","EMULSÕES ASF. MOD. POR POLÍMEROS RM1C-E","Distrito Federal","-"]
["2015-05-01","EMULSÕES ASF. MOD. POR POLÍMEROS RM1C-E","Pernambuco","-"]
["2015-06-01","EMULSÕES ASF. MOD. POR POLÍMEROS RM1C-E","Rio Grande do Norte","-"]
["2015-09-01","EMULSÕES ASF. MOD. POR POLÍMEROS RM1C-E","Pernambuco","-"]
["2015-10-01","EMULSÕES ASF. MOD. POR POLÍMEROS RM1C-E","Alagoas","-"]
["2015-12-01","EMULSÕES ASF. MOD. POR POLÍMEROS RM1C-E","Rio de Janeiro","-"]
["2016-01-01","EMULSÕES ASF. MOD. POR POLÍMEROS RM1C-E","Mato Grosso","-"]
["2016-03-01","EMULSÕES ASF. MOD. POR POLÍMEROS RM1C-E","Rio Grande do Sul","-"]
["2016-05-01","EMULSÕES ASF. MOD. POR POLÍMEROS RM1C-E","Distrito Federal","-"]
["2016-06-01","EMULSÕES ASF. MOD. POR POLÍMEROS RM1C-E","Roraima","-"]
["2016-08-01","EMULSÕES ASF. MOD. POR POLÍMEROS RM1C-E","Paraná","-"]
["2016-09-01","EMULSÕES ASF. MOD. POR POLÍMEROS RM1C-E","Rio Grande do Sul","-"]
["2016-11-01","EMULSÕES ASF. MOD. POR POLÍMEROS RM1C-E","São Paulo","-"]
["2017-01-01","EMULSÕES ASF. MOD. POR POLÍMEROS RM1C-E","Acre","-"]
["2017-03-01","EMULSÕES ASF. MOD. POR POLÍMEROS RM1C-E","Espírito Santo","-"]
["2017-04-01","EMULSÕES ASF. MOD. POR POLÍMEROS RM1C-E","Maranhão","-"]
["2017-06-01","EMULSÕES ASF. MOD. POR POLÍMEROS RM1C-E","Ceará","-"]
["2017-07-01","EMULSÕES ASF. MOD. POR POLÍMEROS RM1C-E","Rio de Janeiro","-"]
["2017-09-01","EMULSÕES ASF. MOD. POR POLÍMEROS RM1C-E","Espírito Santo","-"]
["2017-11-01","EMULSÕES ASF. MOD. POR POLÍMEROS RM1C-E","Acre","-"]
["2017-12-01","EMULSÕES ASF. MOD. POR POLÍMEROS RM1C-E","Maranhão","-"]
["2018-02-01","EMULSÕES ASF. MOD. POR POLÍMEROS RM1C-E","Santa Catarina","-"]
["2018-05-01","EMULSÕES ASF. MOD. POR POLÍMEROS RM1C-E","Alagoas","-"]
["2018-06-01","EMULSÕES ASF. MOD. POR POLÍMEROS RM1C-E","Ceará","-"]
["2018-07-01","EMULSÕES ASF. MOD. POR POLÍMEROS RM1C-E","Goiás","-"]
["2018-08-01","EMULSÕES ASF. MOD. POR POLÍMEROS RM1C-E","Rondônia","-"]
["2018-10-01","EMULSÕES ASF. MOD. POR POLÍMEROS RM1C-E","Piauí","-"]
["2018-11-01","EMULSÕES ASF. MOD. POR POLÍMEROS RM1C-E","Santa Catarina","-"]
["2019-01-01","EMULSÕES ASF. MOD. POR POLÍMEROS RM1C-E","Tocantins","-"]
["2019-04-01","EMULSÕES ASF. MOD. POR POLÍMEROS RM1C-E","Mato Grosso do Sul","-"]
["2019-05-01","EMULSÕES ASF. MOD. POR POLÍMEROS RM1C-E","Goiás","-"]
["2019-07-01","EMULSÕES ASF. MOD. POR POLÍMEROS RM1C-E","Pará","-"]
["2019-08-01","EMULSÕES ASF. MOD. POR POLÍMEROS RM1C-E","Piauí","-"]
["2019-10-01","EMULSÕES ASF. MOD. POR POLÍMEROS RM1C-E","Paraná","-"]
["2019-12-01","EMULSÕES ASF. MOD. POR POLÍMEROS RM1C-E","Pará","-"]
["2020-01-01","EMULSÕES ASF. MOD. POR POLÍMEROS RM1C-E","Amapá","-"]
["2020-03-01","EMULSÕES ASF. MOD. POR POLÍMEROS RM1C-E","Sergipe","-"]
["2020-04-01","EMULSÕES ASF. MOD. POR POLÍMEROS RM1C-E","Sergipe","-"]
["2020-07-01","EMULSÕES ASF. MOD. POR POLÍMEROS RM1C-E","Acre","-"]
["2020-08-01","EMULSÕES ASF. MOD. POR POLÍMEROS RM1C-E","Espírito Santo","-"]
["2020-10-01","EMULSÕES ASF. MOD. POR POLÍMEROS RM1C-E","Amapá","-"]
["2020-11-01","EMULSÕES ASF. MOD. POR POLÍMEROS RM1C-E","Pernambuco","-"]
["2021-01-01","EMULSÕES ASF. MOD. POR POLÍMEROS RM1C-E","Acre","-"]
["2021-02-01","EMULSÕES ASF. MOD. POR POLÍMEROS RM1C-E","Sergipe","-"]
["2021-04-01","EMULSÕES ASF. MOD. POR POLÍMEROS RM1C-E","Alagoas","-"]
["2021-06-01","EMULSÕES ASF. MOD. POR POLÍMEROS RM1C-E","Mato Grosso","-"]
["2021-07-01","EMULSÕES ASF. MOD. POR POLÍMEROS RM1C-E","Mato Grosso","-"]
["2021-09-01","EMULSÕES ASF. MOD. POR POLÍMEROS RM1C-E","Minas Gerais","-"]
["2021-10-01","EMULSÕES ASF. MOD. POR POLÍMEROS RM1C-E","Rio Grande do Norte","-"]
["2021-12-01","EMULSÕES ASF. MOD. POR POLÍMEROS RM1C-E","Paraíba","-"]
["2022-02-01","EMULSÕES ASF. MOD. POR POLÍMEROS RM1C-E","Paraná","-"]
["2022-03-01","EMULSÕES ASF. MOD. POR POLÍMEROS RM1C-E","Pernambuco","-"]
["2022-05-01","EMULSÕES ASF. MOD. POR POLÍMEROS RM1C-E","São Paulo","-"]
["2022-06-01","EMULSÕES ASF. MOD. POR POLÍMEROS RM1C-E","Rio de Janeiro","-"]
["2022-09-01","EMULSÕES ASF. MOD. POR POLÍMEROS RM1C-E","Distrito Federal","-"]
["2022-10-01","EMULSÕES ASF. MOD. POR POLÍMEROS RM1C-E","Maranhão","-"]
["2022-12-01","EMULSÕES ASF. MOD. POR POLÍMEROS RM1C-E","Alagoas","-"]
["2023-01-01","EMULSÕES ASF. MOD. POR POLÍMEROS RM1C-E","Rio de Janeiro","-"]
["2023-02-01","EMULSÕES ASF. MOD. POR POLÍMEROS RM1C-E","Tocantins","-"]
["2023-05-01","EMULSÕES ASF. MOD. POR POLÍMEROS RM1C-E","Acre","-"]
["2023-07-01","EMULSÕES ASF. MOD. POR POLÍMEROS RM1C-E","Rio de Janeiro","-"]
["2023-08-01","EMULSÕES ASF. MOD. POR POLÍMEROS RM1C-E","Maranhão","-"]
["2013-02-01","EMULSÕES ASF. MOD. POR POLÍMEROS RR1C-E","Rio Grande do Sul","-"]
["2013-04-01","EMULSÕES ASF. MOD. POR POLÍMEROS RR1C-E","Ceará","-"]
["2013-05-01","EMULSÕES ASF. MOD. POR POLÍMEROS RR1C-E","Roraima","-"]
["2013-07-01","EMULSÕES ASF. MOD. POR POLÍMEROS RR1C-E","Paraíba","-"]
["2013-08-01","EMULSÕES ASF. MOD. POR POLÍMEROS RR1C-E","Piauí","-"]
["2013-11-01","EMULSÕES ASF. MOD. POR POLÍMEROS RR1C-E","Ceará","-"]
["2013-11-01","EMULSÕES ASF. MOD. POR POLÍMEROS RR1C-E","Tocantins","-"]
["2014-02-01","EMULSÕES ASF. MOD. POR POLÍMEROS RR1C-E","Espírito Santo","-"]
["2014-03-01","EMULSÕES ASF. MOD. POR POLÍMEROS RR1C-E","Goiás","-"]
["2014-05-01","EMULSÕES ASF. MOD. POR POLÍMEROS RR1C-E","Ceará","-"]
["2014-06-01","EMULSÕES ASF. MOD. POR POLÍMEROS RR1C-E","Piauí","-"]
["2014-08-01","EMULSÕES ASF. MOD. POR POLÍMEROS RR1C-E","Espírito Santo","-"]
["2014-09-01","EMULSÕES ASF. MOD. POR POLÍMEROS RR1C-E","Tocantins","-"]
["2014-11-01","EMULSÕES ASF. MOD. POR POLÍMEROS RR1C-E","Maranhão","-"]
["2015-01-01","EMULSÕES ASF. MOD. POR POLÍMEROS RR1C-E","Roraima","-"]
["2015-02-01","EMULSÕES ASF. MOD. POR POLÍMEROS RR1C-E","Mato Grosso do Sul","-"]
["2015-04-01","EMULSÕES ASF. MOD. POR POLÍMEROS RR1C-E","Rio Grande do Norte","-"]
["2015-06-01","EMULSÕES ASF. MOD. POR POLÍMEROS RR1C-E","Espírito Santo","-"]
["2015-07-01","EMULSÕES ASF. MOD. POR POLÍMEROS RR1C-E","Rondônia","-"]
["2015-09-01","EMULSÕES ASF. MOD. POR POLÍMEROS RR1C-E","Pernambuco","-"]
["2015-10-01","EMULSÕES ASF. MOD. POR POLÍMEROS RR1C-E","Santa Catarina","-"]
["2015-12-01","EMULSÕES ASF. MOD. POR POLÍMEROS RR1C-E","Sergipe","-"]
["2016-01-01","EMULSÕES ASF. MOD. POR POLÍMEROS RR1C-E","Rondônia","-"]
["2016-04-01","EMULSÕES ASF. MOD. POR POLÍMEROS RR1C-E","Espírito Santo","-"]
["2016-05-01","EMULSÕES ASF. MOD. POR POLÍMEROS RR1C-E","Mato Grosso","-"]
["2016-07-01","EMULSÕES ASF. MOD. POR POLÍMEROS RR1C-E","Goiás","-"]
["2016-08-01","EMULSÕES ASF. MOD. POR POLÍMEROS RR1C-E","Rio Grande do Norte","-"]
["2016-10-01","EMULSÕES ASF. MOD. POR POLÍMEROS RR1C-E","Distrito Federal","-"]
["2016-12-01","EMULSÕES ASF. MOD. POR POLÍMEROS RR1C-E","Alagoas","-"]
["2017-02-01","EMULSÕES ASF. MOD. POR POLÍMEROS RR1C-E","Sergipe","-"]
["2017-03-01","EMULSÕES ASF. MOD. POR POLÍMEROS RR1C-E","São Paulo","-"]
["2017-06-01","EMULSÕES ASF. MOD. POR POLÍMEROS RR1C-E","Acre","-"]
["2017-07-01","EMULSÕES ASF. MOD. POR POLÍMEROS RR1C-E","Distrito Federal","-"]
["2017-09-01","EMULSÕES ASF. MOD. POR POLÍMEROS RR1C-E","Amapá","-"]
["2017-10-01","EMULSÕES ASF. MOD. POR POLÍMEROS RR1C-E","Paraná","-"]
["2017-11-01","EMULSÕES ASF. MOD. POR POLÍMEROS RR1C-E","Rio de Janeiro","-"]
["2018-02-01","EMULSÕES ASF. MOD. POR POLÍMEROS RR1C-E","Minas Gerais","-"]
["2018-03-01","EMULSÕES ASF. MOD. POR POLÍMEROS RR1C-E","Acre","-"]
["2018-05-01","EMULSÕES ASF. MOD. POR POLÍMEROS RR1C-E","Mato Grosso","-"]
["2018-06-01","EMULSÕES ASF. MOD. POR POLÍMEROS RR1C-E","Maranhão","-"]
["2018-08-01","EMULSÕES ASF. MOD. POR POLÍMEROS RR1C-E","Minas Gerais","-"]
["2018-09-01","EMULSÕES ASF. MOD. POR POLÍMEROS RR1C-E","Rio de Janeiro","-"]
["2018-11-01","EMULSÕES ASF. MOD. POR POLÍMEROS RR1C-E","Paraíba","-"]
["2019-01-01","EMULSÕES ASF. MOD. POR POLÍMEROS RR1C-E","Paraíba","-"]
["2019-02-01","EMULSÕES ASF. MOD. POR POLÍMEROS RR1C-E","Pernambuco","-"]
["2019-04-01","EMULSÕES ASF. MOD. POR POLÍMEROS RR1C-E","Santa Catarina","-"]
["2019-05-01","EMULSÕES ASF. MOD. POR POLÍMEROS RR1C-E","Minas Gerais","-"]
["2019-07-01","EMULSÕES ASF. MOD. POR POLÍMEROS RR1C-E","Tocantins","-"]
["2019-09-01","EMULSÕES ASF. MOD. POR POLÍMEROS RR1C-E","Goiás","-"]
["2019-11-01","EMULSÕES ASF. MOD. POR POLÍMEROS RR1C-E","Alagoas","-"]
["2019-12-01","EMULSÕES ASF. MOD. POR POLÍMEROS RR1C-E","Piauí","-"]
["2020-01-01","EMULSÕES ASF. MOD. POR POLÍMEROS RR1C-E","Tocantins","-"]
["2020-03-01","EMULSÕES ASF. MOD. POR POLÍMEROS RR1C-E","Tocantins","-"]
["2020-05-01","EMULSÕES ASF. MOD. POR POLÍMEROS RR1C-E","Alagoas","-"]
["2020-07-01","EMULSÕES ASF. MOD. POR POLÍMEROS RR1C-E","Goiás","-"]
["2020-09-01","EMULSÕES ASF. MOD. POR POLÍMEROS RR1C-E","Rio Grande do Sul","-"]
["2020-11-01","EMULSÕES ASF. MOD. POR POLÍMEROS RR1C-E","Bahia","-"]
["2020-11-01","EMULSÕES ASF. MOD. POR POLÍMEROS RR1C-E","Rio Grande do Sul","-"]
["2021-01-01","EMULSÕES ASF. MOD. POR POLÍMEROS RR1C-E","Pará","-"]
["2021-03-01","EMULSÕES ASF. MOD. POR POLÍMEROS RR1C-E","Amapá","-"]
["2021-04-01","EMULSÕES ASF. MOD. POR POLÍMEROS RR1C-E","Paraná","-"]
["2021-06-01","EMULSÕES ASF. MOD. POR POLÍMEROS RR1C-E","Sergipe","-"]
["2021-09-01","EMULSÕES ASF. MOD. POR POLÍMEROS RR1C-E","Espírito Santo","-"]
["2021-10-01","EMULSÕES ASF. MOD. POR POLÍMEROS RR1C-E","Espírito Santo","-"]
["2021-12-01","EMULSÕES ASF. MOD. POR POLÍMEROS RR1C-E","Ceará","-"]
["2022-01-01","EMULSÕES ASF. MOD. POR POLÍMEROS RR1C-E","Pernambuco","-"]
["2022-02-01","EMULSÕES ASF. MOD. POR POLÍMEROS RR1C-E","Rio Grande do Norte","-"]
["2022-04-01","EMULSÕES ASF. MOD. POR POLÍMEROS RR1C-E","Amapá","-"]
["2022-06-01","EMULSÕES ASF. MOD. POR POLÍMEROS RR1C-E","Alagoas","-"]
["2022-08-01","EMULSÕES ASF. MOD. POR POLÍMEROS RR1C-E","Piauí","-"]
["2022-09-01","EMULSÕES ASF. MOD. POR POLÍMEROS RR1C-E","Mato Grosso","-"]
["2022-11-01","EMULSÕES ASF. MOD. POR POLÍMEROS RR1C-E","Rio Grande do Norte","-"]
["2023-01-01","EMULSÕES ASF. MOD. POR POLÍMEROS RR1C-E","Distrito Federal","-"]
["2023-02-01","EMULSÕES ASF. MOD. POR POLÍMEROS RR1C-E","Rondônia","-"]
["2023-04-01","EMULSÕES ASF. MOD. POR POLÍMEROS RR1C-E","Paraná","-"]
["2023-05-01","EMULSÕES ASF. MOD. POR POLÍMEROS RR1C-E","Santa Catarina","-"]
["2023-07-01","EMULSÕES ASF. MOD. POR POLÍMEROS RR1C-E","São Paulo","-"]
["2013-01-01","EMULSÕES ASF. MOD. POR POLÍMEROS RR2C-E","Acre","-"]
["2013-03-01","EMULSÕES ASF. MOD. POR POLÍMEROS RR2C-E","Distrito Federal","-"]
["2013-04-01","EMULSÕES ASF. MOD. POR POLÍMEROS RR2C-E","Maranhão","-"]
["2013-06-01","EMULSÕES ASF. MOD. POR POLÍMEROS RR2C-E","Goiás","-"]
["2013-07-01","EMULSÕES ASF. MOD. POR POLÍMEROS RR2C-E","Rio de Janeiro","-"]
["2013-09-01","EMULSÕES ASF. MOD. POR POLÍMEROS RR2C-E","Distrito Federal","-"]
["2013-11-01","EMULSÕES ASF. MOD. POR POLÍMEROS RR2C-E","Acre","-"]
["2013-12-01","EMULSÕES ASF. MOD. POR POLÍMEROS RR2C-E","Goiás","-"]
["2014-02-01","EMULSÕES ASF. MOD. POR POLÍMEROS RR2C-E","Santa Catarina","-"]
["2014-03-01","EMULSÕES ASF. MOD. POR POLÍMEROS RR2C-E","Mato Grosso","-"]
["2014-06-01","EMULSÕES ASF. MOD. POR POLÍMEROS RR2C-E","Ceará",1.01271]
["2014-06-01","EMULSÕES ASF. MOD. POR POLÍMEROS RR2C-E","Rondônia","-"]
["2014-08-01","EMULSÕES ASF. MOD. POR POLÍMEROS RR2C-E","Rio Grande do Sul","-"]
["2014-10-01","EMULSÕES ASF. MOD. POR POLÍMEROS RR2C-E","Piauí","-"]
["2014-11-01","EMULSÕES ASF. MOD. POR POLÍMEROS RR2C-E","Roraima","-"]
["2015-01-01","EMULSÕES ASF. MOD. POR POLÍMEROS RR2C-E","Tocantins","-"]
["2015-04-01","EMULSÕES ASF. MOD. POR POLÍMEROS RR2C-E","Mato Grosso","-"]
["2015-05-01","EMULSÕES ASF. MOD. POR POLÍMEROS RR2C-E","Goiás","-"]
["2015-07-01","EMULSÕES ASF. MOD. POR POLÍMEROS RR2C-E","Minas Gerais","-"]
["2015-08-01","EMULSÕES ASF. MOD. POR POLÍMEROS RR2C-E","Piauí","-"]
["2015-10-01","EMULSÕES ASF. MOD. POR POLÍMEROS RR2C-E","Paraíba","-"]
["2015-12-01","EMULSÕES ASF. MOD. POR POLÍMEROS RR2C-E","Pará","-"]
["2016-01-01","EMULSÕES ASF. MOD. POR POLÍMEROS RR2C-E","Amapá","-"]
["2016-03-01","EMULSÕES ASF. MOD. POR POLÍMEROS RR2C-E","São Paulo","-"]
["2016-04-01","EMULSÕES ASF. MOD. POR POLÍMEROS RR2C-E","Mato Grosso do Sul","-"]
["2016-06-01","EMULSÕES ASF. MOD. POR POLÍMEROS RR2C-E","Tocantins","-"]
["2016-08-01","EMULSÕES ASF. MOD. POR POLÍMEROS RR2C-E","Espírito Santo","-"]
["2016-10-01","EMULSÕES ASF. MOD. POR POLÍMEROS RR2C-E","Alagoas","-"]
["2016-11-01","EMULSÕES ASF. MOD. POR POLÍMEROS RR2C-E","Pernambuco","-"]
["2016-12-01","EMULSÕES ASF. MOD. POR POLÍMEROS RR2C-E","Tocantins","-"]
["2017-02-01","EMULSÕES ASF. MOD. POR POLÍMEROS RR2C-E","Sergipe","-"]
["2017-04-01","EMULSÕES ASF. MOD. POR POLÍMEROS RR2C-E","Alagoas","-"]
["2017-06-01","EMULSÕES ASF. MOD. POR POLÍMEROS RR2C-E","Pará","-"]
["2017-07-01","EMULSÕES ASF. MOD. POR POLÍMEROS RR2C-E","Mato Grosso","-"]
["2017-09-01","EMULSÕES ASF. MOD. POR POLÍMEROS RR2C-E","Mato Grosso do Sul","-"]
["2017-10-01","EMULSÕES ASF. MOD. POR POLÍMEROS RR2C-E","Rio Grande do Norte","-"]
["2017-12-01","EMULSÕES ASF. MOD. POR POLÍMEROS RR2C-E","Pará","-"]
["2018-02-01","EMULSÕES ASF. MOD. POR POLÍMEROS RR2C-E","Alagoas","-"]
["2018-03-01","EMULSÕES ASF. MOD. POR POLÍMEROS RR2C-E","Paraná","-"]
["2018-05-01","EMULSÕES ASF. MOD. POR POLÍMEROS RR2C-E","São Paulo","-"]
["2018-06-01","EMULSÕES ASF. MOD. POR POLÍMEROS RR2C-E","Piauí","-"]
["2018-09-01","EMULSÕES ASF. MOD. POR POLÍMEROS RR2C-E","Distrito Federal","-"]
["2018-10-01","EMULSÕES ASF. MOD. POR POLÍMEROS RR2C-E","Maranhão","-"]
["2018-12-01","EMULSÕES ASF. MOD. POR POLÍMEROS RR2C-E","Acre","-"]
["2019-01-01","EMULSÕES ASF. MOD. POR POLÍMEROS RR2C-E","Rio de Janeiro","-"]
["2019-03-01","EMULSÕES ASF. MOD. POR POLÍMEROS RR2C-E","Amapá","-"]
["2019-05-01","EMULSÕES ASF. MOD. POR POLÍMEROS RR2C-E","Acre","-"]
["2019-07-01","EMULSÕES ASF. MOD. POR POLÍMEROS RR2C-E","Piauí","-"]
["2019-08-01","EMULSÕES ASF. MOD. POR POLÍMEROS RR2C-E","Maranhão","-"]
["2019-10-01","EMULSÕES ASF. MOD. POR POLÍMEROS RR2C-E","Rio Grande do Norte","-"]
["2019-12-01","EMULSÕES ASF. MOD. POR POLÍMEROS RR2C-E","Ceará","-"]
["2020-01-01","EMULSÕES ASF. MOD. POR POLÍMEROS RR2C-E","Rondônia","-"]
["2020-03-01","EMULSÕES ASF. MOD. POR POLÍMEROS RR2C-E","Paraíba","-"]
["2020-04-01","EMULSÕES ASF. MOD. POR POLÍMEROS RR2C-E","Amazonas","-"]
["2020-07-01","EMULSÕES ASF. MOD. POR POLÍMEROS RR2C-E","Bahia","-"]
["2020-07-01","EMULSÕES ASF. MOD. POR POLÍMEROS RR2C-E","Tocantins","-"]
["2020-10-01","EMULSÕES ASF. MOD. POR POLÍMEROS RR2C-E","Distrito Federal","-"]
["2020-11-01","EMULSÕES ASF. MOD. POR POLÍMEROS RR2C-E","Goiás","-"]
["2021-01-01","EMULSÕES ASF. MOD. POR POLÍMEROS RR2C-E","Goiás","-"]
["2021-02-01","EMULSÕES ASF. MOD. POR POLÍMEROS RR2C-E","Piauí","-"]
["2021-04-01","EMULSÕES ASF. MOD. POR POLÍMEROS RR2C-E","Distrito Federal","-"]
["2021-05-01","EMULSÕES ASF. MOD. POR POLÍMEROS RR2C-E","Tocantins","-"]
["2021-07-01","EMULSÕES ASF. MOD. POR POLÍMEROS RR2C-E","Goiás","-"]
["2021-09-01","EMULSÕES ASF. MOD. POR POLÍMEROS RR2C-E","Roraima","-"]
["2021-10-01","EMULSÕES ASF. MOD. POR POLÍMEROS RR2C-E","Mato Grosso do Sul","-"]
["2021-12-01","EMULSÕES ASF. MOD. POR POLÍMEROS RR2C-E","Rio de Janeiro","-"]
["2022-01-01","EMULSÕES ASF. MOD. POR POLÍMEROS RR2C-E","Rio Grande do Sul","-"]
["2022-03-01","EMULSÕES ASF. MOD. POR POLÍMEROS RR2C-E","Rio Grande do Sul","-"]
["2022-05-01","EMULSÕES ASF. MOD. POR POLÍMEROS RR2C-E","Pernambuco","-"]
["2022-06-01","EMULSÕES ASF. MOD. POR POLÍMEROS RR2C-E","Roraima","-"]
["2022-08-01","EMULSÕES ASF. MOD. POR POLÍMEROS RR2C-E","Sergipe","-"]
["2022-09-01","EMULSÕES ASF. MOD. POR POLÍMEROS RR2C-E","Rio Grande do Sul","-"]
["2022-12-01","EMULSÕES ASF. MOD. POR POLÍMEROS RR2C-E","Espírito Santo","-"]
["2023-01-01","EMULSÕES ASF. MOD. POR POLÍMEROS RR2C-E","Mato Grosso","-"]
["2023-03-01","EMULSÕES ASF. MOD. POR POLÍMEROS RR2C-E","Espírito Santo","-"]
["2023-04-01","EMULSÕES ASF. MOD. POR POLÍMEROS RR2C-E","Rio Grande do Norte","-"]
["2023-06-01","EMULSÕES ASF. MOD. POR POLÍMEROS RR2C-E","Ceará","-"]
["2023-08-01","EMULSÕES ASF. MOD. POR POLÍMEROS RR2C-E","Alagoas","-"]
["2013-01-01","EMULSÕES ASFÁLTICAS LA-E","Espírito Santo","-"]
["2013-03-01","EMULSÕES ASFÁLTICAS LA-E","Mato Grosso","-"]
["2013-05-01","EMULSÕES ASFÁLTICAS LA-E","Tocantins","-"]
["2013-07-01","EMULSÕES ASFÁLTICAS LA-E","Distrito Federal","-"]
["2013-09-01","EMULSÕES ASFÁLTICAS LA-E","Alagoas","-"]
["2013-10-01","EMULSÕES ASFÁLTICAS LA-E","Paraná","-"]
["2013-11-01","EMULSÕES ASFÁLTICAS LA-E","Rio de Janeiro","-"]
["2013-12-01","EMULSÕES ASFÁLTICAS LA-E","Rondônia","-"]
["2014-03-01","EMULSÕES ASFÁLTICAS LA-E","Acre","-"]
["2014-05-01","EMULSÕES ASFÁLTICAS LA-E","Pará","-"]
["2014-06-01","EMULSÕES ASFÁLTICAS LA-E","Maranhão","-"]
["2014-08-01","EMULSÕES ASFÁLTICAS LA-E","Mato Grosso do Sul","-"]
["2014-09-01","EMULSÕES ASFÁLTICAS LA-E","Rio de Janeiro","-"]
["2014-11-01","EMULSÕES ASFÁLTICAS LA-E","Pará","-"]
["2015-01-01","EMULSÕES ASFÁLTICAS LA-E","Acre","-"]
["2015-02-01","EMULSÕES ASFÁLTICAS LA-E","Paraná","-"]
["2015-04-01","EMULSÕES ASFÁLTICAS LA-E","Santa Catarina","-"]
["2015-05-01","EMULSÕES ASFÁLTICAS LA-E","Minas Gerais","-"]
["2015-07-01","EMULSÕES ASFÁLTICAS LA-E","Sergipe","-"]
["2013-01-01","EMULSÕES ASFÁLTICAS RL-1C","Goiás","-"]
["2013-03-01","EMULSÕES ASFÁLTICAS RL-1C","Acre","-"]
["2013-04-01","EMULSÕES ASFÁLTICAS RL-1C","Piauí","-"]
["2013-06-01","EMULSÕES ASFÁLTICAS RL-1C","Amapá","-"]
["2013-07-01","EMULSÕES ASFÁLTICAS RL-1C","Tocantins","-"]
["2013-09-01","EMULSÕES ASFÁLTICAS RL-1C","Acre","-"]
["2013-11-01","EMULSÕES ASFÁLTICAS RL-1C","Goiás","-"]
["2014-01-01","EMULSÕES ASFÁLTICAS RL-1C","Rio Grande do Norte","-"]
["2014-03-01","EMULSÕES ASFÁLTICAS RL-1C","Bahia","-"]
["2014-03-01","EMULSÕES ASFÁLTICAS RL-1C","Rio Grande do Sul","-"]
["2014-05-01","EMULSÕES ASFÁLTICAS RL-1C","Minas Gerais",0.9118]
["2014-07-01","EMULSÕES ASFÁLTICAS RL-1C","Amapá","-"]
["2014-08-01","EMULSÕES ASFÁLTICAS RL-1C","Paraíba","-"]
["2014-10-01","EMULSÕES ASFÁLTICAS RL-1C","Sergipe","-"]
["2015-01-01","EMULSÕES ASFÁLTICAS RL-1C","Distrito Federal","-"]
["2015-02-01","EMULSÕES ASFÁLTICAS RL-1C","Espírito Santo","-"]
["2015-04-01","EMULSÕES ASFÁLTICAS RL-1C","Goiás",1.28337]
["2015-05-01","EMULSÕES ASFÁLTICAS RL-1C","Pernambuco","-"]
["2015-07-01","EMULSÕES ASFÁLTICAS RL-1C","Distrito Federal","-"]
["2015-08-01","EMULSÕES ASFÁLTICAS RL-1C","Sergipe","-"]
["2015-10-01","EMULSÕES ASFÁLTICAS RL-1C","Alagoas","-"]
["2015-12-01","EMULSÕES ASFÁLTICAS RL-1C","Pernambuco","-"]
["2016-01-01","EMULSÕES ASFÁLTICAS RL-1C","Mato Grosso",1.53443]
["2016-03-01","EMULSÕES ASFÁLTICAS RL-1C","Rio de Janeiro",1.3318]
["2016-04-01","EMULSÕES ASFÁLTICAS RL-1C","Rio Grande do Norte","-"]
["2016-06-01","EMULSÕES ASFÁLTICAS RL-1C","Rio Grande do Sul","-"]
["2016-08-01","EMULSÕES ASFÁLTICAS RL-1C","Paraná",1.53418]
["2016-09-01","EMULSÕES ASFÁLTICAS RL-1C","Roraima","-"]
["2016-11-01","EMULSÕES ASFÁLTICAS RL-1C","São Paulo",1.25217]
["2016-12-01","EMULSÕES ASFÁLTICAS RL-1C","Pará","-"]
["2017-03-01","EMULSÕES ASFÁLTICAS RL-1C","Ceará","-"]
["2017-04-01","EMULSÕES ASFÁLTICAS RL-1C","Maranhão","-"]
["2017-06-01","EMULSÕES ASFÁLTICAS RL-1C","Espírito Santo","-"]
["2017-07-01","EMULSÕES ASFÁLTICAS RL-1C","Rio de Janeiro","-"]
["2017-09-01","EMULSÕES ASFÁLTICAS RL-1C","Ceará",1.22517]
["2017-11-01","EMULSÕES ASFÁLTICAS RL-1C","Acre","-"]
["2017-12-01","EMULSÕES ASFÁLTICAS RL-1C","Espírito Santo","-"]
["2018-02-01","EMULSÕES ASFÁLTICAS RL-1C","Maranhão","-"]
["2018-03-01","EMULSÕES ASFÁLTICAS RL-1C","Maranhão","-"]
["2018-06-01","EMULSÕES ASFÁLTICAS RL-1C","Ceará","-"]
["2018-06-01","EMULSÕES ASFÁLTICAS RL-1C","Rondônia","-"]
["2018-08-01","EMULSÕES ASFÁLTICAS RL-1C","Rio Grande do Norte","-"]
["2018-10-01","EMULSÕES ASFÁLTICAS RL-1C","Piauí","-"]
["2018-11-01","EMULSÕES ASFÁLTICAS RL-1C","Rondônia","-"]
["2019-01-01","EMULSÕES ASFÁLTICAS RL-1C","Tocantins","-"]
["2019-02-01","EMULSÕES ASFÁLTICAS RL-1C","Santa Catarina","-"]
["2019-05-01","EMULSÕES ASFÁLTICAS RL-1C","Goiás",2.23528]
["2019-07-01","EMULSÕES ASFÁLTICAS RL-1C","Mato Grosso do Sul","-"]
["2019-08-01","EMULSÕES ASFÁLTICAS RL-1C","Piauí","-"]
["2019-10-01","EMULSÕES ASFÁLTICAS RL-1C","Pará","-"]
["2019-11-01","EMULSÕES ASFÁLTICAS RL-1C","Tocantins","-"]
["2020-01-01","EMULSÕES ASFÁLTICAS RL-1C","Amapá","-"]
["2020-03-01","EMULSÕES ASFÁLTICAS RL-1C","Santa Catarina","-"]
["2020-04-01","EMULSÕES ASFÁLTICAS RL-1C","Mato Grosso do Sul","-"]
["2020-06-01","EMULSÕES ASFÁLTICAS RL-1C","Sergipe","-"]
["2020-08-01","EMULSÕES ASFÁLTICAS RL-1C","Espírito Santo","-"]
["2020-10-01","EMULSÕES ASFÁLTICAS RL-1C","Acre","-"]
["2020-11-01","EMULSÕES ASFÁLTICAS RL-1C","Pernambuco","-"]
["2021-01-01","EMULSÕES ASFÁLTICAS RL-1C","Amapá","-"]
["2021-02-01","EMULSÕES ASFÁLTICAS RL-1C","Sergipe","-"]
["2021-04-01","EMULSÕES ASFÁLTICAS RL-1C","Acre","-"]
["2021-06-01","EMULSÕES ASFÁLTICAS RL-1C","Espírito Santo","-"]
["2021-07-01","EMULSÕES ASFÁLTICAS RL-1C","Mato Grosso",2.47962]
["2021-09-01","EMULSÕES ASFÁLTICAS RL-1C","Mato Grosso",2.61862]
["2021-10-01","EMULSÕES ASFÁLTICAS RL-1C","Rio Grande do Norte","-"]
["2021-12-01","EMULSÕES ASFÁLTICAS RL-1C","Minas Gerais",2.80013]
["2022-02-01","EMULSÕES ASFÁLTICAS RL-1C","Alagoas","-"]
["2022-03-01","EMULSÕES ASFÁLTICAS RL-1C","Paraíba","-"]
["2022-05-01","EMULSÕES ASFÁLTICAS RL-1C","São Paulo",3.07805]
["2022-06-01","EMULSÕES ASFÁLTICAS RL-1C","Pernambuco","-"]
["2022-09-01","EMULSÕES ASFÁLTICAS RL-1C","Distrito Federal","-"]
["2022-09-01","EMULSÕES ASFÁLTICAS RL-1C","Roraima","-"]
["2022-11-01","EMULSÕES ASFÁLTICAS RL-1C","Tocantins","-"]
["2023-01-01","EMULSÕES ASFÁLTICAS RL-1C","Rio de Janeiro","-"]
["2023-03-01","EMULSÕES ASFÁLTICAS RL-1C","Alagoas","-"]
["2023-05-01","EMULSÕES ASFÁLTICAS RL-1C","Acre","-"]
["2023-05-01","EMULSÕES ASFÁLTICAS RL-1C","Tocantins","-"]
["2023-08-01","EMULSÕES ASFÁLTICAS RL-1C","Maranhão","-"]
["2013-02-01","EMULSÕES ASFÁLTICAS RM-1C","Rio de Janeiro","-"]
["2013-03-01","EMULSÕES ASFÁLTICAS RM-1C","Rio de Janeiro","-"]
["2013-05-01","EMULSÕES ASFÁLTICAS RM-1C","Rio Grande do Sul",0.91602]
["2013-07-01","EMULSÕES ASFÁLTICAS RM-1C","Paraíba","-"]
["2013-08-01","EMULSÕES ASFÁLTICAS RM-1C","Amazonas","-"]
["2013-11-01","EMULSÕES ASFÁLTICAS RM-1C","Amazonas","-"]
["2013-11-01","EMULSÕES ASFÁLTICAS RM-1C","Minas Gerais",0.80477]
["2014-02-01","EMULSÕES ASFÁLTICAS RM-1C","Ceará",0.97475]
["2014-03-01","EMULSÕES ASFÁLTICAS RM-1C","Goiás","-"]
["2014-05-01","EMULSÕES ASFÁLTICAS RM-1C","Espírito Santo","-"]
["2014-06-01","EMULSÕES ASFÁLTICAS RM-1C","Piauí","-"]
["2014-08-01","EMULSÕES ASFÁLTICAS RM-1C","Ceará",0.94982]
["2014-09-01","EMULSÕES ASFÁLTICAS RM-1C","Tocantins","-"]
["2014-11-01","EMULSÕES ASFÁLTICAS RM-1C","Espírito Santo","-"]
["2015-01-01","EMULSÕES ASFÁLTICAS RM-1C","Goiás",1.41302]
["2015-02-01","EMULSÕES ASFÁLTICAS RM-1C","Mato Grosso do Sul","-"]
["2015-04-01","EMULSÕES ASFÁLTICAS RM-1C","Piauí","-"]
["2015-05-01","EMULSÕES ASFÁLTICAS RM-1C","Rio Grande do Sul",1.058]
["2015-07-01","EMULSÕES ASFÁLTICAS RM-1C","Rio Grande do Norte","-"]
["2015-09-01","EMULSÕES ASFÁLTICAS RM-1C","Pernambuco","-"]
["2015-10-01","EMULSÕES ASFÁLTICAS RM-1C","Rondônia","-"]
["2015-12-01","EMULSÕES ASFÁLTICAS RM-1C","Sergipe","-"]
["2016-01-01","EMULSÕES ASFÁLTICAS RM-1C","Santa Catarina","-"]
["2016-04-01","EMULSÕES ASFÁLTICAS RM-1C","Espírito Santo","-"]
["2016-06-01","EMULSÕES ASFÁLTICAS RM-1C","Mato Grosso do Sul","-"]
["2016-07-01","EMULSÕES ASFÁLTICAS RM-1C","Pernambuco","-"]
["2016-08-01","EMULSÕES ASFÁLTICAS RM-1C","Rio Grande do Norte","-"]
["2016-10-01","EMULSÕES ASFÁLTICAS RM-1C","Goiás","-"]
["2016-12-01","EMULSÕES ASFÁLTICAS RM-1C","Alagoas","-"]
["2017-01-01","EMULSÕES ASFÁLTICAS RM-1C","Distrito Federal","-"]
["2017-03-01","EMULSÕES ASFÁLTICAS RM-1C","Mato Grosso","-"]
["2017-05-01","EMULSÕES ASFÁLTICAS RM-1C","Sergipe","-"]
["2017-07-01","EMULSÕES ASFÁLTICAS RM-1C","Distrito Federal","-"]
["2017-09-01","EMULSÕES ASFÁLTICAS RM-1C","Acre","-"]
["2017-10-01","EMULSÕES ASFÁLTICAS RM-1C","Paraná",1.05589]
["2017-11-01","EMULSÕES ASFÁLTICAS RM-1C","Bahia","-"]
["2017-12-01","EMULSÕES ASFÁLTICAS RM-1C","Rio Grande do Sul",1.25091]
["2018-03-01","EMULSÕES ASFÁLTICAS RM-1C","Acre","-"]
["2018-05-01","EMULSÕES ASFÁLTICAS RM-1C","Minas Gerais",1.59643]
["2018-06-01","EMULSÕES ASFÁLTICAS RM-1C","Maranhão","-"]
["2018-08-01","EMULSÕES ASFÁLTICAS RM-1C","Paraíba","-"]
["2018-09-01","EMULSÕES ASFÁLTICAS RM-1C","Rio de Janeiro","-"]
["2018-11-01","EMULSÕES ASFÁLTICAS RM-1C","Minas Gerais","-"]
["2019-01-01","EMULSÕES ASFÁLTICAS RM-1C","Acre","-"]
["2019-02-01","EMULSÕES ASFÁLTICAS RM-1C","Paraíba","-"]
["2019-04-01","EMULSÕES ASFÁLTICAS RM-1C","Santa Catarina","-"]
["2019-05-01","EMULSÕES ASFÁLTICAS RM-1C","Minas Gerais","-"]
["2019-07-01","EMULSÕES ASFÁLTICAS RM-1C","São Paulo",2.34423]
["2019-08-01","EMULSÕES ASFÁLTICAS RM-1C","Rondônia","-"]
["2019-10-01","EMULSÕES ASFÁLTICAS RM-1C","Tocantins","-"]
["2019-12-01","EMULSÕES ASFÁLTICAS RM-1C","Piauí","-"]
["2020-02-01","EMULSÕES ASFÁLTICAS RM-1C","Alagoas","-"]
["2020-03-01","EMULSÕES ASFÁLTICAS RM-1C","Tocantins","-"]
["2020-04-01","EMULSÕES ASFÁLTICAS RM-1C","Tocantins","-"]
["2020-07-01","EMULSÕES ASFÁLTICAS RM-1C","Goiás","-"]
["2020-08-01","EMULSÕES ASFÁLTICAS RM-1C","Alagoas","-"]
["2020-10-01","EMULSÕES ASFÁLTICAS RM-1C","Piauí","-"]
["2020-11-01","EMULSÕES ASFÁLTICAS RM-1C","Rio Grande do Sul","-"]
["2021-01-01","EMULSÕES ASFÁLTICAS RM-1C","Mato Grosso do Sul","-"]
["2021-03-01","EMULSÕES ASFÁLTICAS RM-1C","Amapá","-"]
["2021-04-01","EMULSÕES ASFÁLTICAS RM-1C","Pará","-"]
["2021-06-01","EMULSÕES ASFÁLTICAS RM-1C","Mato Grosso do Sul","-"]
["2021-07-01","EMULSÕES ASFÁLTICAS RM-1C","Paraná",2.73983]
["2021-10-01","EMULSÕES ASFÁLTICAS RM-1C","Espírito Santo","-"]
["2021-12-01","EMULSÕES ASFÁLTICAS RM-1C","Espírito Santo","-"]
["2022-01-01","EMULSÕES ASFÁLTICAS RM-1C","Pernambuco","-"]
["2022-03-01","EMULSÕES ASFÁLTICAS RM-1C","Ceará",3.15958]
["2022-04-01","EMULSÕES ASFÁLTICAS RM-1C","Sergipe","-"]
["2022-06-01","EMULSÕES ASFÁLTICAS RM-1C","Alagoas","-"]
["2022-08-01","EMULSÕES ASFÁLTICAS RM-1C","Rio Grande do Norte","-"]
["2022-09-01","EMULSÕES ASFÁLTICAS RM-1C","Mato Grosso","-"]
["2022-11-01","EMULSÕES ASFÁLTICAS RM-1C","Piauí","-"]
["2022-12-01","EMULSÕES ASFÁLTICAS RM-1C","Rio Grande do Norte","-"]
["2023-02-01","EMULSÕES ASFÁLTICAS RM-1C","Rio Grande do Norte","-"]
["2023-04-01","EMULSÕES ASFÁLTICAS RM-1C","Paraná",2.52074]
["2023-05-01","EMULSÕES ASFÁLTICAS RM-1C","Rondônia","-"]
["2023-07-01","EMULSÕES ASFÁLTICAS RM-1C","São Paulo","-"]
["2023-08-01","EMULSÕES ASFÁLTICAS RM-1C","Pará","-"]
["2013-03-01","EMULSÕES ASFÁLTICAS RM-2C","Bahia","-"]
["2013-04-01","EMULSÕES ASFÁLTICAS RM-2C","Maranhão","-"]
["2013-06-01","EMULSÕES ASFÁLTICAS RM-2C","Distrito Federal","-"]
["2013-07-01","EMULSÕES ASFÁLTICAS RM-2C","Rio de Janeiro","-"]
["2013-09-01","EMULSÕES ASFÁLTICAS RM-2C","Goiás","-"]
["2013-11-01","EMULSÕES ASFÁLTICAS RM-2C","Acre","-"]
["2013-12-01","EMULSÕES ASFÁLTICAS RM-2C","Distrito Federal","-"]
["2014-02-01","EMULSÕES ASFÁLTICAS RM-2C","Maranhão","-"]
["2014-03-01","EMULSÕES ASFÁLTICAS RM-2C","Goiás","-"]
["2014-06-01","EMULSÕES ASFÁLTICAS RM-2C","Ceará","-"]
["2014-06-01","EMULSÕES ASFÁLTICAS RM-2C","Rondônia","-"]
["2014-08-01","EMULSÕES ASFÁLTICAS RM-2C","Rio de Janeiro","-"]
["2014-10-01","EMULSÕES ASFÁLTICAS RM-2C","Amazonas","-"]
["2014-11-01","EMULSÕES ASFÁLTICAS RM-2C","Rio Grande do Sul","-"]
["2015-01-01","EMULSÕES ASFÁLTICAS RM-2C","Tocantins","-"]
["2015-02-01","EMULSÕES ASFÁLTICAS RM-2C","Roraima","-"]
["2015-05-01","EMULSÕES ASFÁLTICAS RM-2C","Goiás","-"]
["2015-07-01","EMULSÕES ASFÁLTICAS RM-2C","Paraíba","-"]
["2015-08-01","EMULSÕES ASFÁLTICAS RM-2C","Piauí","-"]
["2015-10-01","EMULSÕES ASFÁLTICAS RM-2C","Minas Gerais","-"]
["2015-11-01","EMULSÕES ASFÁLTICAS RM-2C","Tocantins","-"]
["2016-01-01","EMULSÕES ASFÁLTICAS RM-2C","Amapá","-"]
["2016-03-01","EMULSÕES ASFÁLTICAS RM-2C","Roraima","-"]
["2016-04-01","EMULSÕES ASFÁLTICAS RM-2C","Mato Grosso do Sul","-"]
["2016-06-01","EMULSÕES ASFÁLTICAS RM-2C","São Paulo","-"]
["2016-07-01","EMULSÕES ASFÁLTICAS RM-2C","Rio Grande do Sul","-"]
["2016-09-01","EMULSÕES ASFÁLTICAS RM-2C","Tocantins","-"]
["2016-11-01","EMULSÕES ASFÁLTICAS RM-2C","Pernambuco","-"]
["2017-01-01","EMULSÕES ASFÁLTICAS RM-2C","Alagoas","-"]
["2017-02-01","EMULSÕES ASFÁLTICAS RM-2C","Sergipe","-"]
["2017-03-01","EMULSÕES ASFÁLTICAS RM-2C","Tocantins","-"]
["2017-06-01","EMULSÕES ASFÁLTICAS RM-2C","Espírito Santo","-"]
["2017-07-01","EMULSÕES ASFÁLTICAS RM-2C","Mato Grosso","-"]
["2017-09-01","EMULSÕES ASFÁLTICAS RM-2C","Pará","-"]
["2017-10-01","EMULSÕES ASFÁLTICAS RM-2C","Rio Grande do Norte","-"]
["2017-12-01","EMULSÕES ASFÁLTICAS RM-2C","Mato Grosso do Sul","-"]
["2018-02-01","EMULSÕES ASFÁLTICAS RM-2C","Alagoas","-"]
["2018-03-01","EMULSÕES ASFÁLTICAS RM-2C","Pará","-"]
["2018-05-01","EMULSÕES ASFÁLTICAS RM-2C","Mato Grosso","-"]
["2018-06-01","EMULSÕES ASFÁLTICAS RM-2C","Paraná","-"]
["2018-09-01","EMULSÕES ASFÁLTICAS RM-2C","Distrito Federal","-"]
["2018-09-01","EMULSÕES ASFÁLTICAS RM-2C","Piauí","-"]
["2018-12-01","EMULSÕES ASFÁLTICAS RM-2C","Paraná","-"]
["2019-01-01","EMULSÕES ASFÁLTICAS RM-2C","Rio de Janeiro","-"]
["2019-03-01","EMULSÕES ASFÁLTICAS RM-2C","Acre","-"]
["2019-05-01","EMULSÕES ASFÁLTICAS RM-2C","Acre","-"]
["2019-06-01","EMULSÕES ASFÁLTICAS RM-2C","Amapá","-"]
["2019-08-01","EMULSÕES ASFÁLTICAS RM-2C","Maranhão","-"]
["2019-10-01","EMULSÕES ASFÁLTICAS RM-2C","Piauí","-"]
["2019-11-01","EMULSÕES ASFÁLTICAS RM-2C","Rio de Janeiro","-"]
["2020-01-01","EMULSÕES ASFÁLTICAS RM-2C","Rio Grande do Norte","-"]
["2020-03-01","EMULSÕES ASFÁLTICAS RM-2C","Paraíba","-"]
["2020-04-01","EMULSÕES ASFÁLTICAS RM-2C","Amazonas","-"]
["2020-05-01","EMULSÕES ASFÁLTICAS RM-2C","Minas Gerais","-"]
["2020-07-01","EMULSÕES ASFÁLTICAS RM-2C","Minas Gerais","-"]
["2020-10-01","EMULSÕES ASFÁLTICAS RM-2C","Bahia","-"]
["2020-11-01","EMULSÕES ASFÁLTICAS RM-2C","Goiás","-"]
["2021-01-01","EMULSÕES ASFÁLTICAS RM-2C","Distrito Federal","-"]
["2021-02-01","EMULSÕES ASFÁLTICAS RM-2C","Piauí","-"]
["2021-04-01","EMULSÕES ASFÁLTICAS RM-2C","Goiás","-"]
["2021-05-01","EMULSÕES ASFÁLTICAS RM-2C","Tocantins","-"]
["2021-07-01","EMULSÕES ASFÁLTICAS RM-2C","Distrito Federal","-"]
["2021-09-01","EMULSÕES ASFÁLTICAS RM-2C","Goiás","-"]
["2021-10-01","EMULSÕES ASFÁLTICAS RM-2C","Mato Grosso do Sul","-"]
["2021-12-01","EMULSÕES ASFÁLTICAS RM-2C","Pernambuco","-"]
["2022-01-01","EMULSÕES ASFÁLTICAS RM-2C","Rio Grande do Sul","-"]
["2022-03-01","EMULSÕES ASFÁLTICAS RM-2C","Rio de Janeiro","-"]
["2022-05-01","EMULSÕES ASFÁLTICAS RM-2C","Amapá","-"]
["2022-06-01","EMULSÕES ASFÁLTICAS RM-2C","Rio Grande do Sul","-"]
["2022-08-01","EMULSÕES ASFÁLTICAS RM-2C","Sergipe","-"]
["2022-09-01","EMULSÕES ASFÁLTICAS RM-2C","Roraima","-"]
["2022-12-01","EMULSÕES ASFÁLTICAS RM-2C","Espírito Santo","-"]
["2022-12-01","EMULSÕES ASFÁLTICAS RM-2C","São Paulo","-"]
["2023-03-01","EMULSÕES ASFÁLTICAS RM-2C","Pernambuco","-"]
["2023-04-01","EMULSÕES ASFÁLTICAS RM-2C","Rio Grande do Norte","-"]
["2023-06-01","EMULSÕES ASFÁLTICAS RM-2C","Espírito Santo","-"]
["2023-08-01","EMULSÕES ASFÁLTICAS RM-2C","Alagoas","-"]
["2013-01-01","EMULSÕES ASFÁLTICAS RR-1C","Ceará",0.67672]
["2013-03-01","EMULSÕES ASFÁLTICAS RR-1C","Mato Grosso","-"]
["2013-05-01","EMULSÕES ASFÁLTICAS RR-1C","São Paulo",0.72422]
["2013-06-01","EMULSÕES ASFÁLTICAS RR-1C","Rio Grande do Norte","-"]
["2013-08-01","EMULSÕES ASFÁLTICAS RR-1C","Tocantins","-"]
["2013-10-01","EMULSÕES ASFÁLTICAS RR-1C","Paraná",0.8046]
["2013-12-01","EMULSÕES ASFÁLTICAS RR-1C","Alagoas","-"]
["2014-01-01","EMULSÕES ASFÁLTICAS RR-1C","São Paulo",0.79353]
["2014-03-01","EMULSÕES ASFÁLTICAS RR-1C","Acre","-"]
["2014-05-01","EMULSÕES ASFÁLTICAS RR-1C","Mato Grosso do Sul","-"]
["2014-06-01","EMULSÕES ASFÁLTICAS RR-1C","Maranhão","-"]
["2014-08-01","EMULSÕES ASFÁLTICAS RR-1C","Pará","-"]
["2014-09-01","EMULSÕES ASFÁLTICAS RR-1C","Rio de Janeiro","-"]
["2014-11-01","EMULSÕES ASFÁLTICAS RR-1C","Mato Grosso do Sul","-"]
["2015-01-01","EMULSÕES ASFÁLTICAS RR-1C","Acre","-"]
["2015-02-01","EMULSÕES ASFÁLTICAS RR-1C","Pará","-"]
["2015-04-01","EMULSÕES ASFÁLTICAS RR-1C","Maranhão","-"]
["2015-05-01","EMULSÕES ASFÁLTICAS RR-1C","Minas Gerais",0.87748]
["2015-07-01","EMULSÕES ASFÁLTICAS RR-1C","Santa Catarina","-"]
["2015-08-01","EMULSÕES ASFÁLTICAS RR-1C","Rondônia","-"]
["2015-10-01","EMULSÕES ASFÁLTICAS RR-1C","Sergipe","-"]
["2015-12-01","EMULSÕES ASFÁLTICAS RR-1C","Piauí","-"]
["2016-02-01","EMULSÕES ASFÁLTICAS RR-1C","Acre","-"]
["2016-03-01","EMULSÕES ASFÁLTICAS RR-1C","Tocantins","-"]
["2016-05-01","EMULSÕES ASFÁLTICAS RR-1C","Amapá","-"]
["2016-07-01","EMULSÕES ASFÁLTICAS RR-1C","Goiás",1.40937]
["2016-08-01","EMULSÕES ASFÁLTICAS RR-1C","Acre","-"]
["2016-10-01","EMULSÕES ASFÁLTICAS RR-1C","Piauí","-"]
["2016-11-01","EMULSÕES ASFÁLTICAS RR-1C","Rio Grande do Sul",1.07573]
["2017-01-01","EMULSÕES ASFÁLTICAS RR-1C","Paraíba","-"]
["2017-03-01","EMULSÕES ASFÁLTICAS RR-1C","Amapá","-"]
["2017-04-01","EMULSÕES ASFÁLTICAS RR-1C","Minas Gerais",1.13403]
["2017-06-01","EMULSÕES ASFÁLTICAS RR-1C","Mato Grosso do Sul","-"]
["2017-07-01","EMULSÕES ASFÁLTICAS RR-1C","Paraíba","-"]
["2017-10-01","EMULSÕES ASFÁLTICAS RR-1C","Espírito Santo","-"]
["2017-12-01","EMULSÕES ASFÁLTICAS RR-1C","Distrito Federal","-"]
["2018-01-01","EMULSÕES ASFÁLTICAS RR-1C","Pernambuco","-"]
["2018-03-01","EMULSÕES ASFÁLTICAS RR-1C","Goiás",1.47476]
["2018-04-01","EMULSÕES ASFÁLTICAS RR-1C","Sergipe","-"]
["2018-06-01","EMULSÕES ASFÁLTICAS RR-1C","Alagoas","-"]
["2018-07-01","EMULSÕES ASFÁLTICAS RR-1C","Alagoas","-"]
["2018-09-01","EMULSÕES ASFÁLTICAS RR-1C","Mato Grosso","-"]
["2018-11-01","EMULSÕES ASFÁLTICAS RR-1C","Pernambuco","-"]
["2018-12-01","EMULSÕES ASFÁLTICAS RR-1C","Rio Grande do Norte","-"]
["2019-02-01","EMULSÕES ASFÁLTICAS RR-1C","Rio de Janeiro","-"]
["2019-04-01","EMULSÕES ASFÁLTICAS RR-1C","Alagoas","-"]
["2019-05-01","EMULSÕES ASFÁLTICAS RR-1C","Rio Grande do Sul",1.92134]
["2019-07-01","EMULSÕES ASFÁLTICAS RR-1C","São Paulo",1.86865]
["2019-08-01","EMULSÕES ASFÁLTICAS RR-1C","Roraima","-"]
["2019-11-01","EMULSÕES ASFÁLTICAS RR-1C","Distrito Federal","-"]
["2019-11-01","EMULSÕES ASFÁLTICAS RR-1C","Roraima","-"]
["2020-02-01","EMULSÕES ASFÁLTICAS RR-1C","Ceará",1.73732]
["2020-03-01","EMULSÕES ASFÁLTICAS RR-1C","Rio de Janeiro","-"]
["2020-05-01","EMULSÕES ASFÁLTICAS RR-1C","Espírito Santo","-"]
["2020-07-01","EMULSÕES ASFÁLTICAS RR-1C","Acre","-"]
["2020-08-01","EMULSÕES ASFÁLTICAS RR-1C","Ceará",1.71089]
["2020-10-01","EMULSÕES ASFÁLTICAS RR-1C","Maranhão","-"]
["2020-11-01","EMULSÕES ASFÁLTICAS RR-1C","Espírito Santo","-"]
["2021-01-01","EMULSÕES ASFÁLTICAS RR-1C","Rio de Janeiro","-"]
["2021-02-01","EMULSÕES ASFÁLTICAS RR-1C","Rondônia","-"]
["2021-04-01","EMULSÕES ASFÁLTICAS RR-1C","Piauí","-"]
["2021-06-01","EMULSÕES ASFÁLTICAS RR-1C","Amazonas","-"]
["2021-07-01","EMULSÕES ASFÁLTICAS RR-1C","Rio Grande do Norte","-"]
["2021-09-01","EMULSÕES ASFÁLTICAS RR-1C","Tocantins","-"]
["2021-10-01","EMULSÕES ASFÁLTICAS RR-1C","Rondônia","-"]
["2022-01-01","EMULSÕES ASFÁLTICAS RR-1C","Goiás","-"]
["2022-03-01","EMULSÕES ASFÁLTICAS RR-1C","Pará","-"]
["2022-04-01","EMULSÕES ASFÁLTICAS RR-1C","Piauí","-"]
["2022-06-01","EMULSÕES ASFÁLTICAS RR-1C","Mato Grosso do Sul",3.25484]
["2022-07-01","EMULSÕES ASFÁLTICAS RR-1C","Tocantins",2.73001]
["2022-09-01","EMULSÕES ASFÁLTICAS RR-1C","Amapá","-"]
["2022-10-01","EMULSÕES ASFÁLTICAS RR-1C","Goiás","-"]
["2022-12-01","EMULSÕES ASFÁLTICAS RR-1C","Mato Grosso do Sul","-"]
["2023-02-01","EMULSÕES ASFÁLTICAS RR-1C","Santa Catarina","-"]
["2023-03-01","EMULSÕES ASFÁLTICAS RR-1C","Rio Grande do Sul","-"]
["2023-05-01","EMULSÕES ASFÁLTICAS RR-1C","Sergipe","-"]
["2023-07-01","EMULSÕES ASFÁLTICAS RR-1C","Pernambuco","-"]
["2013-01-01","EMULSÕES ASFÁLTICAS RR-2C","Acre","-"]
["2013-02-01","EMULSÕES ASFÁLTICAS RR-2C","Sergipe","-"]
["2013-04-01","EMULSÕES ASFÁLTICAS RR-2C","Amapá","-"]
["2013-06-01","EMULSÕES ASFÁLTICAS RR-2C","Espírito Santo","-"]
["2013-07-01","EMULSÕES ASFÁLTICAS RR-2C","Mato Grosso",1.02382]
["2013-09-01","EMULSÕES ASFÁLTICAS RR-2C","Minas Gerais",0.8032]
["2013-10-01","EMULSÕES ASFÁLTICAS RR-2C","Rio Grande do Norte","-"]
["2013-12-01","EMULSÕES ASFÁLTICAS RR-2C","Paraíba","-"]
["2014-02-01","EMULSÕES ASFÁLTICAS RR-2C","Alagoas","-"]
["2014-03-01","EMULSÕES ASFÁLTICAS RR-2C","Minas Gerais",0.78519]
["2014-05-01","EMULSÕES ASFÁLTICAS RR-2C","Mato Grosso",1.12454]
["2014-06-01","EMULSÕES ASFÁLTICAS RR-2C","Paraíba","-"]
["2014-09-01","EMULSÕES ASFÁLTICAS RR-2C","Distrito Federal","-"]
["2014-09-01","EMULSÕES ASFÁLTICAS RR-2C","Pernambuco","-"]
["2014-12-01","EMULSÕES ASFÁLTICAS RR-2C","Paraná",0.96961]
["2015-01-01","EMULSÕES ASFÁLTICAS RR-2C","Bahia","-"]
["2015-02-01","EMULSÕES ASFÁLTICAS RR-2C","Tocantins","-"]
["2015-05-01","EMULSÕES ASFÁLTICAS RR-2C","Acre","-"]
["2015-06-01","EMULSÕES ASFÁLTICAS RR-2C","Alagoas","-"]
["2015-08-01","EMULSÕES ASFÁLTICAS RR-2C","Maranhão","-"]
["2015-10-01","EMULSÕES ASFÁLTICAS RR-2C","Pernambuco","-"]
["2015-11-01","EMULSÕES ASFÁLTICAS RR-2C","Rio de Janeiro","-"]
["2016-01-01","EMULSÕES ASFÁLTICAS RR-2C","Rio de Janeiro","-"]
["2016-03-01","EMULSÕES ASFÁLTICAS RR-2C","Acre","-"]
["2016-04-01","EMULSÕES ASFÁLTICAS RR-2C","Amazonas","-"]
["2016-05-01","EMULSÕES ASFÁLTICAS RR-2C","Mato Grosso do Sul","-"]
["2016-07-01","EMULSÕES ASFÁLTICAS RR-2C","Minas Gerais",1.27301]
["2016-10-01","EMULSÕES ASFÁLTICAS RR-2C","Amazonas","-"]
["2016-10-01","EMULSÕES ASFÁLTICAS RR-2C","Rondônia","-"]
["2017-01-01","EMULSÕES ASFÁLTICAS RR-2C","Ceará",0.99233]
["2017-02-01","EMULSÕES ASFÁLTICAS RR-2C","Piauí","-"]
["2017-04-01","EMULSÕES ASFÁLTICAS RR-2C","Espírito Santo","-"]
["2017-05-01","EMULSÕES ASFÁLTICAS RR-2C","Tocantins","-"]
["2017-07-01","EMULSÕES ASFÁLTICAS RR-2C","Ceará",1.17687]
["2017-09-01","EMULSÕES ASFÁLTICAS RR-2C","Goiás",1.60036]
["2017-10-01","EMULSÕES ASFÁLTICAS RR-2C","Mato Grosso do Sul","-"]
["2017-12-01","EMULSÕES ASFÁLTICAS RR-2C","Rio Grande do Norte","-"]
["2018-01-01","EMULSÕES ASFÁLTICAS RR-2C","Rio Grande do Sul",1.27481]
["2018-03-01","EMULSÕES ASFÁLTICAS RR-2C","Piauí","-"]
["2018-05-01","EMULSÕES ASFÁLTICAS RR-2C","Amapá","-"]
["2018-06-01","EMULSÕES ASFÁLTICAS RR-2C","Rio Grande do Norte","-"]
["2018-08-01","EMULSÕES ASFÁLTICAS RR-2C","Mato Grosso do Sul","-"]
["2018-09-01","EMULSÕES ASFÁLTICAS RR-2C","Rondônia","-"]
["2018-12-01","EMULSÕES ASFÁLTICAS RR-2C","Espírito Santo","-"]
["2018-12-01","EMULSÕES ASFÁLTICAS RR-2C","Santa Catarina","-"]
["2019-03-01","EMULSÕES ASFÁLTICAS RR-2C","Pernambuco","-"]
["2019-04-01","EMULSÕES ASFÁLTICAS RR-2C","Rio Grande do Norte","-"]
["2019-06-01","EMULSÕES ASFÁLTICAS RR-2C","Distrito Federal","-"]
["2019-08-01","EMULSÕES ASFÁLTICAS RR-2C","Alagoas","-"]
["2019-09-01","EMULSÕES ASFÁLTICAS RR-2C","Goiás",2.13983]
["2019-11-01","EMULSÕES ASFÁLTICAS RR-2C","Mato Grosso",2.73191]
["2019-12-01","EMULSÕES ASFÁLTICAS RR-2C","Distrito Federal","-"]
["2020-02-01","EMULSÕES ASFÁLTICAS RR-2C","Rio Grande do Norte","-"]
["2020-04-01","EMULSÕES ASFÁLTICAS RR-2C","Sergipe","-"]
["2020-06-01","EMULSÕES ASFÁLTICAS RR-2C","Paraná",2.04634]
["2020-08-01","EMULSÕES ASFÁLTICAS RR-2C","Acre","-"]
["2020-09-01","EMULSÕES ASFÁLTICAS RR-2C","São Paulo",2.01594]
["2020-10-01","EMULSÕES ASFÁLTICAS RR-2C","Pará","-"]
["2020-11-01","EMULSÕES ASFÁLTICAS RR-2C","Rio Grande do Sul",2.05896]
["2021-02-01","EMULSÕES ASFÁLTICAS RR-2C","Maranhão","-"]
["2021-04-01","EMULSÕES ASFÁLTICAS RR-2C","Minas Gerais",2.10649]
["2021-05-01","EMULSÕES ASFÁLTICAS RR-2C","Rio de Janeiro","-"]
["2021-07-01","EMULSÕES ASFÁLTICAS RR-2C","Paraíba","-"]
["2021-09-01","EMULSÕES ASFÁLTICAS RR-2C","Acre","-"]
["2021-10-01","EMULSÕES ASFÁLTICAS RR-2C","Minas Gerais",2.9666]
["2021-12-01","EMULSÕES ASFÁLTICAS RR-2C","Maranhão","-"]
["2022-01-01","EMULSÕES ASFÁLTICAS RR-2C","Minas Gerais",3.36604]
["2022-02-01","EMULSÕES ASFÁLTICAS RR-2C","Pernambuco","-"]
["2022-02-01","EMULSÕES ASFÁLTICAS RR-2C","Piauí","-"]
["2022-02-01","EMULSÕES ASFÁLTICAS RR-2C","Rio de Janeiro","-"]
["2022-02-01","EMULSÕES ASFÁLTICAS RR-2C","Rio Grande do Norte","-"]
["2022-02-01","EMULSÕES ASFÁLTICAS RR-2C","Rio Grande do Sul","-"]
["2022-02-01","EMULSÕES ASFÁLTICAS RR-2C","Rondônia","-"]
["2022-02-01","EMULSÕES ASFÁLTICAS RR-2C","Roraima","-"]
["2022-02-01","EMULSÕES ASFÁLTICAS RR-2C","Santa Catarina","-"]
["2022-02-01","EMULSÕES ASFÁLTICAS RR-2C","São Paulo",3.40749]
["2022-02-01","EMULSÕES ASFÁLTICAS RR-2C","Sergipe","-"]
["2022-02-01","EMULSÕES ASFÁLTICAS RR-2C","Tocantins","-"]
["2022-03-01","EMULSÕES ASFÁLTICAS RR-2C","Acre","-"]
["2022-03-01","EMULSÕES ASFÁLTICAS RR-2C","Alagoas","-"]
["2022-03-01","EMULSÕES ASFÁLTICAS RR-2C","Amapá","-"]
["2022-03-01","EMULSÕES ASFÁLTICAS RR-2C","Amazonas","-"]
["2022-03-01","EMULSÕES ASFÁLTICAS RR-2C","Bahia","-"]
["2022-03-01","EMULSÕES ASFÁLTICAS RR-2C","Ceará",3.00326]
["2022-03-01","EMULSÕES ASFÁLTICAS RR-2C","Distrito Federal","-"]
["2022-03-01","EMULSÕES ASFÁLTICAS RR-2C","Espírito Santo","-"]
["2022-03-01","EMULSÕES ASFÁLTICAS RR-2C","Goiás",3.4523]
["2022-03-01","EMULSÕES ASFÁLTICAS RR-2C","Maranhão","-"]
["2022-03-01","EMULSÕES ASFÁLTICAS RR-2C","Mato Grosso",3.14866]
["2022-03-01","EMULSÕES ASFÁLTICAS RR-2C","Mato Grosso do Sul","-"]
["2022-03-01","EMULSÕES ASFÁLTICAS RR-2C","Minas Gerais",3.45219]
["2022-03-01","EMULSÕES ASFÁLTICAS RR-2C","Pará","-"]
["2022-03-01","EMULSÕES ASFÁLTICAS RR-2C","Paraíba","-"]
["2022-03-01","EMULSÕES ASFÁLTICAS RR-2C","Paraná",3.21394]
["2022-03-01","EMULSÕES ASFÁLTICAS RR-2C","Pernambuco","-"]
["2022-03-01","EMULSÕES ASFÁLTICAS RR-2C","Piauí","-"]
["2022-03-01","EMULSÕES ASFÁLTICAS RR-2C","Rio de Janeiro","-"]
["2022-03-01","EMULSÕES ASFÁLTICAS RR-2C","Rio Grande do Norte","-"]
["2022-03-01","EMULSÕES ASFÁLTICAS RR-2C","Rio Grande do Sul",3.31938]
["2022-03-01","EMULSÕES ASFÁLTICAS RR-2C","Rondônia","-"]
["2022-03-01","EMULSÕES ASFÁLTICAS RR-2C","Roraima","-"]
["2022-03-01","EMULSÕES ASFÁLTICAS RR-2C","Santa Catarina","-"]
["2022-03-01","EMULSÕES ASFÁLTICAS RR-2C","São Paulo",3.39465]
["2022-03-01","EMULSÕES ASFÁLTICAS RR-2C","Sergipe","-"]
["2022-03-01","EMULSÕES ASFÁLTICAS RR-2C","Tocantins","-"]
["2022-04-01","EMULSÕES ASFÁLTICAS RR-2C","Acre","-"]
["2022-04-01","EMULSÕES ASFÁLTICAS RR-2C","Alagoas","-"]
["2022-04-01","EMULSÕES ASFÁLTICAS RR-2C","Amapá","-"]
["2022-04-01","EMULSÕES ASFÁLTICAS RR-2C","Amazonas","-"]
["2022-04-01","EMULSÕES ASFÁLTICAS RR-2C","Bahia","-"]
["2022-04-01","EMULSÕES ASFÁLTICAS RR-2C","Ceará",3.20682]
["2022-04-01","EMULSÕES ASFÁLTICAS RR-2C","Distrito Federal","-"]
["2022-04-01","EMULSÕES ASFÁLTICAS RR-2C","Espírito Santo","-"]
["2022-04-01","EMULSÕES ASFÁLTICAS RR-2C","Goiás",3.6354]
["2022-04-01","EMULSÕES ASFÁLTICAS RR-2C","Maranhão","-"]
["2022-04-01","EMULSÕES ASFÁLTICAS RR-2C","Mato Grosso",3.38129]
["2022-04-01","EMULSÕES ASFÁLTICAS RR-2C","Mato Grosso do Sul",3.70896]
["2022-04-01","EMULSÕES ASFÁLTICAS RR-2C","Minas Gerais",3.54627]
["2022-04-01","EMULSÕES ASFÁLTICAS RR-2C","Pará",3.7467]
["2022-04-01","EMULSÕES ASFÁLTICAS RR-2C","Paraíba","-"]
["2022-04-01","EMULSÕES ASFÁLTICAS RR-2C","Paraná",2.90885]
["2022-04-01","EMULSÕES ASFÁLTICAS RR-2C","Pernambuco","-"]
["2022-04-01","EMULSÕES ASFÁLTICAS RR-2C","Piauí","-"]
["2022-04-01","EMULSÕES ASFÁLTICAS RR-2C","Rio de Janeiro","-"]
["2022-04-01","EMULSÕES ASFÁLTICAS RR-2C","Rio Grande do Norte","-"]
["2022-04-01","EMULSÕES ASFÁLTICAS RR-2C","Rio Grande do Sul","-"]
["2022-04-01","EMULSÕES ASFÁLTICAS RR-2C","Rondônia","-"]
["2022-04-01","EMULSÕES ASFÁLTICAS RR-2C","Roraima","-"]
["2022-04-01","EMULSÕES ASFÁLTICAS RR-2C","Santa Catarina","-"]
["2022-04-01","EMULSÕES ASFÁLTICAS RR-2C","São Paulo",3.51939]
["2022-04-01","EMULSÕES ASFÁLTICAS RR-2C","Sergipe","-"]
["2022-04-01","EMULSÕES ASFÁLTICAS RR-2C","Tocantins","-"]
["2022-05-01","EMULSÕES ASFÁLTICAS RR-2C","Acre","-"]
["2022-05-01","EMULSÕES ASFÁLTICAS RR-2C","Alagoas","-"]
["2022-05-01","EMULSÕES ASFÁLTICAS RR-2C","Amapá","-"]
["2022-05-01","EMULSÕES ASFÁLTICAS RR-2C","Amazonas","-"]
["2022-05-01","EMULSÕES ASFÁLTICAS RR-2C","Bahia","-"]
["2022-05-01","EMULSÕES ASFÁLTICAS RR-2C","Ceará",3.12432]
["2022-05-01","EMULSÕES ASFÁLTICAS RR-2C","Distrito Federal","-"]
["2022-05-01","EMULSÕES ASFÁLTICAS RR-2C","Espírito Santo","-"]
["2022-05-01","EMULSÕES ASFÁLTICAS RR-2C","Goiás",3.4521]
["2022-05-01","EMULSÕES ASFÁLTICAS RR-2C","Maranhão","-"]
["2022-05-01","EMULSÕES ASFÁLTICAS RR-2C","Mato Grosso",3.53921]
["2022-05-01","EMULSÕES ASFÁLTICAS RR-2C","Mato Grosso do Sul",3.4797]
["2022-05-01","EMULSÕES ASFÁLTICAS RR-2C","Minas Gerais",3.59138]
["2022-05-01","EMULSÕES ASFÁLTICAS RR-2C","Pará","-"]
["2022-05-01","EMULSÕES ASFÁLTICAS RR-2C","Paraíba","-"]
["2022-05-01","EMULSÕES ASFÁLTICAS RR-2C","Paraná",3.17824]
["2022-05-01","EMULSÕES ASFÁLTICAS RR-2C","Pernambuco","-"]
["2022-05-01","EMULSÕES ASFÁLTICAS RR-2C","Piauí","-"]
["2022-05-01","EMULSÕES ASFÁLTICAS RR-2C","Rio de Janeiro","-"]
["2022-05-01","EMULSÕES ASFÁLTICAS RR-2C","Rio Grande do Norte","-"]
["2022-05-01","EMULSÕES ASFÁLTICAS RR-2C","Rio Grande do Sul","-"]
["2022-05-01","EMULSÕES ASFÁLTICAS RR-2C","Rondônia","-"]
["2022-05-01","EMULSÕES ASFÁLTICAS RR-2C","Roraima","-"]
["2022-05-01","EMULSÕES ASFÁLTICAS RR-2C","Santa Catarina","-"]
["2022-05-01","EMULSÕES ASFÁLTICAS RR-2C","São Paulo",2.52597]
["2022-05-01","EMULSÕES ASFÁLTICAS RR-2C","Sergipe","-"]
["2022-05-01","EMULSÕES ASFÁLTICAS RR-2C","Tocantins",3.19492]
["2022-06-01","EMULSÕES ASFÁLTICAS RR-2C","Acre","-"]
["2022-06-01","EMULSÕES ASFÁLTICAS RR-2C","Alagoas","-"]
["2022-06-01","EMULSÕES ASFÁLTICAS RR-2C","Amapá","-"]
["2022-06-01","EMULSÕES ASFÁLTICAS RR-2C","Amazonas","-"]
["2022-06-01","EMULSÕES ASFÁLTICAS RR-2C","Bahia","-"]
["2022-06-01","EMULSÕES ASFÁLTICAS RR-2C","Ceará",3.09632]
["2022-06-01","EMULSÕES ASFÁLTICAS RR-2C","Distrito Federal","-"]
["2022-06-01","EMULSÕES ASFÁLTICAS RR-2C","Espírito Santo","-"]
["2022-06-01","EMULSÕES ASFÁLTICAS RR-2C","Goiás",3.48515]
["2022-06-01","EMULSÕES ASFÁLTICAS RR-2C","Maranhão","-"]
["2022-06-01","EMULSÕES ASFÁLTICAS RR-2C","Mato Grosso",3.43878]
["2022-06-01","EMULSÕES ASFÁLTICAS RR-2C","Mato Grosso do Sul","-"]
["2022-06-01","EMULSÕES ASFÁLTICAS RR-2C","Minas Gerais",3.46232]
["2022-06-01","EMULSÕES ASFÁLTICAS RR-2C","Pará",3.82397]
["2022-06-01","EMULSÕES ASFÁLTICAS RR-2C","Paraíba","-"]
["2022-06-01","EMULSÕES ASFÁLTICAS RR-2C","Paraná",3.14902]
["2022-06-01","EMULSÕES ASFÁLTICAS RR-2C","Pernambuco","-"]
["2022-06-01","EMULSÕES ASFÁLTICAS RR-2C","Piauí","-"]
["2022-06-01","EMULSÕES ASFÁLTICAS RR-2C","Rio de Janeiro","-"]
["2022-06-01","EMULSÕES ASFÁLTICAS RR-2C","Rio Grande do Norte","-"]
["2022-06-01","EMULSÕES ASFÁLTICAS RR-2C","Rio Grande do Sul","-"]
["2022-06-01","EMULSÕES ASFÁLTICAS RR-2C","Rondônia","-"]
["2022-06-01","EMULSÕES ASFÁLTICAS RR-2C","Roraima","-"]
["2022-06-01","EMULSÕES ASFÁLTICAS RR-2C","Santa Catarina","-"]
["2022-06-01","EMULSÕES ASFÁLTICAS RR-2C","São Paulo",3.41396]
["2022-06-01","EMULSÕES ASFÁLTICAS RR-2C","Sergipe","-"]
["2022-06-01","EMULSÕES ASFÁLTICAS RR-2C","Tocantins","-"]
["2022-07-01","EMULSÕES ASFÁLTICAS RR-2C","Acre","-"]
["2022-07-01","EMULSÕES ASFÁLTICAS RR-2C","Alagoas","-"]
["2022-07-01","EMULSÕES ASFÁLTICAS RR-2C","Amapá","-"]
["2022-07-01","EMULSÕES ASFÁLTICAS RR-2C","Amazonas","-"]
["2022-07-01","EMULSÕES ASFÁLTICAS RR-2C","Bahia","-"]
["2022-07-01","EMULSÕES ASFÁLTICAS RR-2C","Ceará",3.21832]
["2022-07-01","EMULSÕES ASFÁLTICAS RR-2C","Distrito Federal","-"]
["2022-07-01","EMULSÕES ASFÁLTICAS RR-2C","Espírito Santo","-"]
["2022-07-01","EMULSÕES ASFÁLTICAS RR-2C","Goiás",3.39121]
["2022-07-01","EMULSÕES ASFÁLTICAS RR-2C","Maranhão","-"]
["2022-07-01","EMULSÕES ASFÁLTICAS RR-2C","Mato Grosso",3.6456]
["2022-07-01","EMULSÕES ASFÁLTICAS RR-2C","Mato Grosso do Sul","-"]
["2022-07-01","EMULSÕES ASFÁLTICAS RR-2C","Minas Gerais",3.54421]
["2022-07-01","EMULSÕES ASFÁLTICAS RR-2C","Pará",3.4582]
["2022-07-01","EMULSÕES ASFÁLTICAS RR-2C","Paraíba","-"]
["2022-07-01","EMULSÕES ASFÁLTICAS RR-2C","Paraná",3.30686]
["2022-07-01","EMULSÕES ASFÁLTICAS RR-2C","Pernambuco","-"]
["2022-07-01","EMULSÕES ASFÁLTICAS RR-2C","Piauí","-"]
["2022-07-01","EMULSÕES ASFÁLTICAS RR-2C","Rio de Janeiro","-"]
["2022-07-01","EMULSÕES ASFÁLTICAS RR-2C","Rio Grande do Norte","-"]
["2022-07-01","EMULSÕES ASFÁLTICAS RR-2C","Rio Grande do Sul","-"]
["2022-07-01","EMULSÕES ASFÁLTICAS RR-2C","Rondônia","-"]
["2022-07-01","EMULSÕES ASFÁLTICAS RR-2C","Roraima","-"]
["2022-07-01","EMULSÕES ASFÁLTICAS RR-2C","Santa Catarina","-"]
["2022-07-01","EMULSÕES ASFÁLTICAS RR-2C","São Paulo",3.45775]
["2022-07-01","EMULSÕES ASFÁLTICAS RR-2C","Sergipe","-"]
["2022-07-01","EMULSÕES ASFÁLTICAS RR-2C","Tocantins",3.36606]
["2022-08-01","EMULSÕES ASFÁLTICAS RR-2C","Acre","-"]
["2022-08-01","EMULSÕES ASFÁLTICAS RR-2C","Alagoas","-"]
["2022-08-01","EMULSÕES ASFÁLTICAS RR-2C","Amapá","-"]
["2022-08-01","EMULSÕES ASFÁLTICAS RR-2C","Amazonas","-"]
["2022-08-01","EMULSÕES ASFÁLTICAS RR-2C","Bahia","-"]
["2022-08-01","EMULSÕES ASFÁLTICAS RR-2C","Ceará",3.17276]
["2022-08-01","EMULSÕES ASFÁLTICAS RR-2C","Distrito Federal","-"]
["2022-08-01","EMULSÕES ASFÁLTICAS RR-2C","Espírito Santo","-"]
["2022-08-01","EMULSÕES ASFÁLTICAS RR-2C","Goiás",3.55035]
["2022-08-01","EMULSÕES ASFÁLTICAS RR-2C","Maranhão","-"]
["2022-08-01","EMULSÕES ASFÁLTICAS RR-2C","Mato Grosso",3.54709]
["2022-08-01","EMULSÕES ASFÁLTICAS RR-2C","Mato Grosso do Sul","-"]
["2022-08-01","EMULSÕES ASFÁLTICAS RR-2C","Minas Gerais",3.38679]
["2022-08-01","EMULSÕES ASFÁLTICAS RR-2C","Pará",3.96572]
["2022-08-01","EMULSÕES ASFÁLTICAS RR-2C","Paraíba","-"]
["2022-08-01","EMULSÕES ASFÁLTICAS RR-2C","Paraná",3.15754]
["2022-08-01","EMULSÕES ASFÁLTICAS RR-2C","Pernambuco","-"]
["2022-08-01","EMULSÕES ASFÁLTICAS RR-2C","Piauí","-"]
["2022-08-01","EMULSÕES ASFÁLTICAS RR-2C","Rio de Janeiro","-"]
["2022-08-01","EMULSÕES ASFÁLTICAS RR-2C","Rio Grande do Norte","-"]
["2022-08-01","EMULSÕES ASFÁLTICAS RR-2C","Rio Grande do Sul","-"]
["2022-08-01","EMULSÕES ASFÁLTICAS RR-2C","Rondônia","-"]
["2022-08-01","EMULSÕES ASFÁLTICAS RR-2C","Roraima","-"]
["2022-08-01","EMULSÕES ASFÁLTICAS RR-2C","Santa Catarina","-"]
["2022-08-01","EMULSÕES ASFÁLTICAS RR-2C","São Paulo",3.36978]
["2022-08-01","EMULSÕES ASFÁLTICAS RR-2C","Sergipe","-"]
["2022-08-01","EMULSÕES ASFÁLTICAS RR-2C","Tocantins",3.33572]
["2022-09-01","EMULSÕES ASFÁLTICAS RR-2C","Acre","-"]
["2022-09-01","EMULSÕES ASFÁLTICAS RR-2C","Alagoas","-"]
["2022-09-01","EMULSÕES ASFÁLTICAS RR-2C","Amapá","-"]
["2022-09-01","EMULSÕES ASFÁLTICAS RR-2C","Amazonas","-"]
["2022-09-01","EMULSÕES ASFÁLTICAS RR-2C","Bahia","-"]
["2022-09-01","EMULSÕES ASFÁLTICAS RR-2C","Ceará",3.14665]
["2022-09-01","EMULSÕES ASFÁLTICAS RR-2C","Distrito Federal","-"]
["2022-09-01","EMULSÕES ASFÁLTICAS RR-2C","Espírito Santo","-"]
["2022-09-01","EMULSÕES ASFÁLTICAS RR-2C","Goiás",3.22621]
["2022-09-01","EMULSÕES ASFÁLTICAS RR-2C","Maranhão","-"]
["2022-09-01","EMULSÕES ASFÁLTICAS RR-2C","Mato Grosso",3.42031]
["2022-09-01","EMULSÕES ASFÁLTICAS RR-2C","Mato Grosso do Sul","-"]
["2022-09-01","EMULSÕES ASFÁLTICAS RR-2C","Minas Gerais",3.2887]
["2022-09-01","EMULSÕES ASFÁLTICAS RR-2C","Pará",3.98634]
["2022-09-01","EMULSÕES ASFÁLTICAS RR-2C","Paraíba","-"]
["2022-09-01","EMULSÕES ASFÁLTICAS RR-2C","Paraná",3.11011]
["2022-09-01","EMULSÕES ASFÁLTICAS RR-2C","Pernambuco","-"]
["2022-09-01","EMULSÕES ASFÁLTICAS RR-2C","Piauí","-"]
["2022-09-01","EMULSÕES ASFÁLTICAS RR-2C","Rio de Janeiro","-"]
["2022-09-01","EMULSÕES ASFÁLTICAS RR-2C","Rio Grande do Norte","-"]
["2022-09-01","EMULSÕES ASFÁLTICAS RR-2C","Rio Grande do Sul","-"]
["2022-09-01","EMULSÕES ASFÁLTICAS RR-2C","Rondônia","-"]
["2022-09-01","EMULSÕES ASFÁLTICAS RR-2C","Roraima","-"]
["2022-09-01","EMULSÕES ASFÁLTICAS RR-2C","Santa Catarina","-"]
["2022-09-01","EMULSÕES ASFÁLTICAS RR-2C","São Paulo",3.21282]
["2022-09-01","EMULSÕES ASFÁLTICAS RR-2C","Sergipe","-"]
["2022-09-01","EMULSÕES ASFÁLTICAS RR-2C","Tocantins",3.16393]
["2022-10-01","EMULSÕES ASFÁLTICAS RR-2C","Acre","-"]
["2022-10-01","EMULSÕES ASFÁLTICAS RR-2C","Alagoas","-"]
["2022-10-01","EMULSÕES ASFÁLTICAS RR-2C","Amapá","-"]
["2022-10-01","EMULSÕES ASFÁLTICAS RR-2C","Amazonas",3.80002]
["2022-10-01","EMULSÕES ASFÁLTICAS RR-2C","Bahia","-"]
["2022-10-01","EMULSÕES ASFÁLTICAS RR-2C","Ceará",2.98249]
["2022-10-01","EMULSÕES ASFÁLTICAS RR-2C","Distrito Federal","-"]
["2022-10-01","EMULSÕES ASFÁLTICAS RR-2C","Espírito Santo","-"]
["2022-10-01","EMULSÕES ASFÁLTICAS RR-2C","Goiás",2.69529]
["2022-10-01","EMULSÕES ASFÁLTICAS RR-2C","Maranhão","-"]
["2022-10-01","EMULSÕES ASFÁLTICAS RR-2C","Mato Grosso",3.18117]
["2022-10-01","EMULSÕES ASFÁLTICAS RR-2C","Mato Grosso do Sul","-"]
["2022-10-01","EMULSÕES ASFÁLTICAS RR-2C","Minas Gerais",3.11133]
["2022-10-01","EMULSÕES ASFÁLTICAS RR-2C","Pará","-"]
["2022-10-01","EMULSÕES ASFÁLTICAS RR-2C","Paraíba","-"]
["2022-10-01","EMULSÕES ASFÁLTICAS RR-2C","Paraná",3.0826]
["2022-10-01","EMULSÕES ASFÁLTICAS RR-2C","Pernambuco","-"]
["2022-10-01","EMULSÕES ASFÁLTICAS RR-2C","Piauí","-"]
["2022-10-01","EMULSÕES ASFÁLTICAS RR-2C","Rio de Janeiro","-"]
["2022-10-01","EMULSÕES ASFÁLTICAS RR-2C","Rio Grande do Norte","-"]
["2022-10-01","EMULSÕES ASFÁLTICAS RR-2C","Rio Grande do Sul","-"]
["2022-10-01","EMULSÕES ASFÁLTICAS RR-2C","Rondônia","-"]
["2022-10-01","EMULSÕES ASFÁLTICAS RR-2C","Roraima","-"]
["2022-10-01","EMULSÕES ASFÁLTICAS RR-2C","Santa Catarina","-"]
["2022-10-01","EMULSÕES ASFÁLTICAS RR-2C","São Paulo",3.07762]
["2022-10-01","EMULSÕES ASFÁLTICAS RR-2C","Sergipe","-"]
["2022-10-01","EMULSÕES ASFÁLTICAS RR-2C","Tocantins","-"]
["2022-11-01","EMULSÕES ASFÁLTICAS RR-2C","Acre","-"]
["2022-11-01","EMULSÕES ASFÁLTICAS RR-2C","Alagoas","-"]
["2022-11-01","EMULSÕES ASFÁLTICAS RR-2C","Amapá","-"]
["2022-11-01","EMULSÕES ASFÁLTICAS RR-2C","Amazonas",3.73125]
["2022-11-01","EMULSÕES ASFÁLTICAS RR-2C","Bahia","-"]
["2022-11-01","EMULSÕES ASFÁLTICAS RR-2C","Ceará",2.87635]
["2022-11-01","EMULSÕES ASFÁLTICAS RR-2C","Distrito Federal","-"]
["2022-11-01","EMULSÕES ASFÁLTICAS RR-2C","Espírito Santo","-"]
["2022-11-01","EMULSÕES ASFÁLTICAS RR-2C","Goiás",2.95677]
["2022-11-01","EMULSÕES ASFÁLTICAS RR-2C","Maranhão","-"]
["2022-11-01","EMULSÕES ASFÁLTICAS RR-2C","Mato Grosso",3.28765]
["2022-11-01","EMULSÕES ASFÁLTICAS RR-2C","Mato Grosso do Sul","-"]
["2022-11-01","EMULSÕES ASFÁLTICAS RR-2C","Minas Gerais",3.07722]
["2022-11-01","EMULSÕES ASFÁLTICAS RR-2C","Pará","-"]
["2022-11-01","EMULSÕES ASFÁLTICAS RR-2C","Paraíba","-"]
["2022-11-01","EMULSÕES ASFÁLTICAS RR-2C","Paraná",2.8756]
["2022-11-01","EMULSÕES ASFÁLTICAS RR-2C","Pernambuco","-"]
["2022-11-01","EMULSÕES ASFÁLTICAS RR-2C","Piauí","-"]
["2022-11-01","EMULSÕES ASFÁLTICAS RR-2C","Rio de Janeiro","-"]
["2022-11-01","EMULSÕES ASFÁLTICAS RR-2C","Rio Grande do Norte","-"]
["2022-11-01","EMULSÕES ASFÁLTICAS RR-2C","Rio Grande do Sul",2.62065]
["2022-11-01","EMULSÕES ASFÁLTICAS RR-2C","Rondônia","-"]
["2022-11-01","EMULSÕES ASFÁLTICAS RR-2C","Roraima","-"]
["2022-11-01","EMULSÕES ASFÁLTICAS RR-2C","Santa Catarina","-"]
["2022-11-01","EMULSÕES ASFÁLTICAS RR-2C","São Paulo",2.85562]
["2022-11-01","EMULSÕES ASFÁLTICAS RR-2C","Sergipe","-"]
["2022-11-01","EMULSÕES ASFÁLTICAS RR-2C","Tocantins",3.0292]
["2022-12-01","EMULSÕES ASFÁLTICAS RR-2C","Acre","-"]
["2022-12-01","EMULSÕES ASFÁLTICAS RR-2C","Alagoas","-"]
["2022-12-01","EMULSÕES ASFÁLTICAS RR-2C","Amapá","-"]
["2022-12-01","EMULSÕES ASFÁLTICAS RR-2C","Amazonas",3.45462]
["2022-12-01","EMULSÕES ASFÁLTICAS RR-2C","Bahia","-"]
["2022-12-01","EMULSÕES ASFÁLTICAS RR-2C","Ceará",2.90774]
["2022-12-01","EMULSÕES ASFÁLTICAS RR-2C","Distrito Federal","-"]
["2022-12-01","EMULSÕES ASFÁLTICAS RR-2C","Espírito Santo","-"]
["2022-12-01","EMULSÕES ASFÁLTICAS RR-2C","Goiás",2.45696]
["2022-12-01","EMULSÕES ASFÁLTICAS RR-2C","Maranhão","-"]
["2022-12-01","EMULSÕES ASFÁLTICAS RR-2C","Mato Grosso",3.22413]
["2022-12-01","EMULSÕES ASFÁLTICAS RR-2C","Mato Grosso do Sul",3.01408]
["2022-12-01","EMULSÕES ASFÁLTICAS RR-2C","Minas Gerais",3.02473]
["2022-12-01","EMULSÕES ASFÁLTICAS RR-2C","Pará",3.07538]
["2022-12-01","EMULSÕES ASFÁLTICAS RR-2C","Paraíba","-"]
["2022-12-01","EMULSÕES ASFÁLTICAS RR-2C","Paraná",2.80465]
["2022-12-01","EMULSÕES ASFÁLTICAS RR-2C","Pernambuco","-"]
["2022-12-01","EMULSÕES ASFÁLTICAS RR-2C","Piauí","-"]
["2022-12-01","EMULSÕES ASFÁLTICAS RR-2C","Rio de Janeiro","-"]
["2022-12-01","EMULSÕES ASFÁLTICAS RR-2C","Rio Grande do Norte","-"]
["2022-12-01","EMULSÕES ASFÁLTICAS RR-2C","Rio Grande do Sul",2.60988]
["2022-12-01","EMULSÕES ASFÁLTICAS RR-2C","Rondônia","-"]
["2022-12-01","EMULSÕES ASFÁLTICAS RR-2C","Roraima","-"]
["2022-12-01","EMULSÕES ASFÁLTICAS RR-2C","Santa Catarina","-"]
["2022-12-01","EMULSÕES ASFÁLTICAS RR-2C","São Paulo",2.93445]
["2022-12-01","EMULSÕES ASFÁLTICAS RR-2C","Sergipe","-"]
["2022-12-01","EMULSÕES ASFÁLTICAS RR-2C","Tocantins","-"]
["2023-01-01","EMULSÕES ASFÁLTICAS RR-2C","Acre","-"]
["2023-01-01","EMULSÕES ASFÁLTICAS RR-2C","Alagoas","-"]
["2023-01-01","EMULSÕES ASFÁLTICAS RR-2C","Amapá","-"]
["2023-01-01","EMULSÕES ASFÁLTICAS RR-2C","Amazonas",3.34226]
["2023-01-01","EMULSÕES ASFÁLTICAS RR-2C","Bahia","-"]
["2023-01-01","EMULSÕES ASFÁLTICAS RR-2C","Ceará",2.63477]
["2023-01-01","EMULSÕES ASFÁLTICAS RR-2C","Distrito Federal","-"]
["2023-01-01","EMULSÕES ASFÁLTICAS RR-2C","Espírito Santo","-"]
["2023-01-01","EMULSÕES ASFÁLTICAS RR-2C","Goiás",3.18182]
["2023-01-01","EMULSÕES ASFÁLTICAS RR-2C","Maranhão","-"]
["2023-01-01","EMULSÕES ASFÁLTICAS RR-2C","Mato Grosso",3.24228]
["2023-01-01","EMULSÕES ASFÁLTICAS RR-2C","Mato Grosso do Sul","-"]
["2023-01-01","EMULSÕES ASFÁLTICAS RR-2C","Minas Gerais",3.04377]
["2023-01-01","EMULSÕES ASFÁLTICAS RR-2C","Pará","-"]
["2023-01-01","EMULSÕES ASFÁLTICAS RR-2C","Paraíba","-"]
["2023-01-01","EMULSÕES ASFÁLTICAS RR-2C","Paraná",2.78144]
["2023-01-01","EMULSÕES ASFÁLTICAS RR-2C","Pernambuco","-"]
["2023-01-01","EMULSÕES ASFÁLTICAS RR-2C","Piauí","-"]
["2023-01-01","EMULSÕES ASFÁLTICAS RR-2C","Rio de Janeiro","-"]
["2023-01-01","EMULSÕES ASFÁLTICAS RR-2C","Rio Grande do Norte","-"]
["2023-01-01","EMULSÕES ASFÁLTICAS RR-2C","Rio Grande do Sul","-"]
["2023-01-01","EMULSÕES ASFÁLTICAS RR-2C","Rondônia","-"]
["2023-01-01","EMULSÕES ASFÁLTICAS RR-2C","Roraima","-"]
["2023-01-01","EMULSÕES ASFÁLTICAS RR-2C","Santa Catarina","-"]
["2023-01-01","EMULSÕES ASFÁLTICAS RR-2C","São Paulo",2.77458]
["2023-01-01","EMULSÕES ASFÁLTICAS RR-2C","Sergipe","-"]
["2023-01-01","EMULSÕES ASFÁLTICAS RR-2C","Tocantins",3.01466]
["2023-02-01","EMULSÕES ASFÁLTICAS RR-2C","Acre","-"]
["2023-02-01","EMULSÕES ASFÁLTICAS RR-2C","Alagoas","-"]
["2023-02-01","EMULSÕES ASFÁLTICAS RR-2C","Amapá","-"]
["2023-02-01","EMULSÕES ASFÁLTICAS RR-2C","Amazonas","-"]
["2023-02-01","EMULSÕES ASFÁLTICAS RR-2C","Bahia","-"]
["2023-02-01","EMULSÕES ASFÁLTICAS RR-2C","Ceará",2.50769]
["2023-02-01","EMULSÕES ASFÁLTICAS RR-2C","Distrito Federal","-"]
["2023-02-01","EMULSÕES ASFÁLTICAS RR-2C","Espírito Santo","-"]
["2023-02-01","EMULSÕES ASFÁLTICAS RR-2C","Goiás",2.59049]
["2023-02-01","EMULSÕES ASFÁLTICAS RR-2C","Maranhão","-"]
["2023-02-01","EMULSÕES ASFÁLTICAS RR-2C","Mato Grosso",3.47007]
["2023-02-01","EMULSÕES ASFÁLTICAS RR-2C","Mato Grosso do Sul","-"]
["2023-02-01","EMULSÕES ASFÁLTICAS RR-2C","Minas Gerais",3.07987]
["2023-02-01","EMULSÕES ASFÁLTICAS RR-2C","Pará","-"]
["2023-02-01","EMULSÕES ASFÁLTICAS RR-2C","Paraíba","-"]
["2023-02-01","EMULSÕES ASFÁLTICAS RR-2C","Paraná",2.75874]
["2023-02-01","EMULSÕES ASFÁLTICAS RR-2C","Pernambuco","-"]
["2023-02-01","EMULSÕES ASFÁLTICAS RR-2C","Piauí","-"]
["2023-02-01","EMULSÕES ASFÁLTICAS RR-2C","Rio de Janeiro","-"]
["2023-02-01","EMULSÕES ASFÁLTICAS RR-2C","Rio Grande do Norte","-"]
["2023-02-01","EMULSÕES ASFÁLTICAS RR-2C","Rio Grande do Sul",2.57708]
["2023-02-01","EMULSÕES ASFÁLTICAS RR-2C","Rondônia","-"]
["2023-02-01","EMULSÕES ASFÁLTICAS RR-2C","Roraima","-"]
["2023-02-01","EMULSÕES ASFÁLTICAS RR-2C","Santa Catarina","-"]
["2023-02-01","EMULSÕES ASFÁLTICAS RR-2C","São Paulo",2.6241]
["2023-02-01","EMULSÕES ASFÁLTICAS RR-2C","Sergipe","-"]
["2023-02-01","EMULSÕES ASFÁLTICAS RR-2C","Tocantins",2.92038]
["2023-03-01","EMULSÕES ASFÁLTICAS RR-2C","Acre","-"]
["2023-03-01","EMULSÕES ASFÁLTICAS RR-2C","Alagoas","-"]
["2023-03-01","EMULSÕES ASFÁLTICAS RR-2C","Amapá","-"]
["2023-03-01","EMULSÕES ASFÁLTICAS RR-2C","Amazonas",3.51924]
["2023-03-01","EMULSÕES ASFÁLTICAS RR-2C","Bahia","-"]
["2023-03-01","EMULSÕES ASFÁLTICAS RR-2C","Ceará",2.53256]
["2023-03-01","EMULSÕES ASFÁLTICAS RR-2C","Distrito Federal","-"]
["2023-03-01","EMULSÕES ASFÁLTICAS RR-2C","Espírito Santo","-"]
["2023-03-01","EMULSÕES ASFÁLTICAS RR-2C","Goiás",2.84952]
["2023-03-01","EMULSÕES ASFÁLTICAS RR-2C","Maranhão","-"]
["2023-03-01","EMULSÕES ASFÁLTICAS RR-2C","Mato Grosso",2.97063]
["2023-03-01","EMULSÕES ASFÁLTICAS RR-2C","Mato Grosso do Sul","-"]
["2023-03-01","EMULSÕES ASFÁLTICAS RR-2C","Minas Gerais",3.05765]
["2023-03-01","EMULSÕES ASFÁLTICAS RR-2C","Pará",3.10118]
["2023-03-01","EMULSÕES ASFÁLTICAS RR-2C","Paraíba","-"]
["2023-03-01","EMULSÕES ASFÁLTICAS RR-2C","Paraná",2.57267]
["2023-03-01","EMULSÕES ASFÁLTICAS RR-2C","Pernambuco","-"]
["2023-03-01","EMULSÕES ASFÁLTICAS RR-2C","Piauí","-"]
["2023-03-01","EMULSÕES ASFÁLTICAS RR-2C","Rio de Janeiro","-"]
["2023-03-01","EMULSÕES ASFÁLTICAS RR-2C","Rio Grande do Norte","-"]
["2023-03-01","EMULSÕES ASFÁLTICAS RR-2C","Rio Grande do Sul","-"]
["2023-03-01","EMULSÕES ASFÁLTICAS RR-2C","Rondônia","-"]
["2023-03-01","EMULSÕES ASFÁLTICAS RR-2C","Roraima","-"]
["2023-03-01","EMULSÕES ASFÁLTICAS RR-2C","Santa Catarina","-"]
["2023-03-01","EMULSÕES ASFÁLTICAS RR-2C","São Paulo",2.62906]
["2023-03-01","EMULSÕES ASFÁLTICAS RR-2C","Sergipe","-"]
["2023-03-01","EMULSÕES ASFÁLTICAS RR-2C","Tocantins",2.99697]
["2023-04-01","EMULSÕES ASFÁLTICAS RR-2C","Acre","-"]
["2023-04-01","EMULSÕES ASFÁLTICAS RR-2C","Alagoas","-"]
["2023-04-01","EMULSÕES ASFÁLTICAS RR-2C","Amapá","-"]
["2023-04-01","EMULSÕES ASFÁLTICAS RR-2C","Amazonas",3.88259]
["2023-04-01","EMULSÕES ASFÁLTICAS RR-2C","Bahia","-"]
["2023-04-01","EMULSÕES ASFÁLTICAS RR-2C","Ceará",2.51963]
["2023-04-01","EMULSÕES ASFÁLTICAS RR-2C","Distrito Federal","-"]
["2023-04-01","EMULSÕES ASFÁLTICAS RR-2C","Espírito Santo","-"]
["2023-04-01","EMULSÕES ASFÁLTICAS RR-2C","Goiás",2.82199]
["2023-04-01","EMULSÕES ASFÁLTICAS RR-2C","Maranhão","-"]
["2023-04-01","EMULSÕES ASFÁLTICAS RR-2C","Mato Grosso",3.008]
["2023-04-01","EMULSÕES ASFÁLTICAS RR-2C","Mato Grosso do Sul","-"]
["2023-04-01","EMULSÕES ASFÁLTICAS RR-2C","Minas Gerais",2.79038]
["2023-04-01","EMULSÕES ASFÁLTICAS RR-2C","Pará","-"]
["2023-04-01","EMULSÕES ASFÁLTICAS RR-2C","Paraíba","-"]
["2023-04-01","EMULSÕES ASFÁLTICAS RR-2C","Paraná",2.58066]
["2023-04-01","EMULSÕES ASFÁLTICAS RR-2C","Pernambuco","-"]
["2023-04-01","EMULSÕES ASFÁLTICAS RR-2C","Piauí","-"]
["2023-04-01","EMULSÕES ASFÁLTICAS RR-2C","Rio de Janeiro","-"]
["2023-04-01","EMULSÕES ASFÁLTICAS RR-2C","Rio Grande do Norte","-"]
["2023-04-01","EMULSÕES ASFÁLTICAS RR-2C","Rio Grande do Sul","-"]
["2023-04-01","EMULSÕES ASFÁLTICAS RR-2C","Rondônia","-"]
["2023-04-01","EMULSÕES ASFÁLTICAS RR-2C","Roraima","-"]
["2023-04-01","EMULSÕES ASFÁLTICAS RR-2C","Santa Catarina","-"]
["2023-04-01","EMULSÕES ASFÁLTICAS RR-2C","São Paulo",2.68784]
["2023-04-01","EMULSÕES ASFÁLTICAS RR-2C","Sergipe","-"]
["2023-04-01","EMULSÕES ASFÁLTICAS RR-2C","Tocantins",2.9387]
["2023-05-01","EMULSÕES ASFÁLTICAS RR-2C","Acre","-"]
["2023-05-01","EMULSÕES ASFÁLTICAS RR-2C","Alagoas","-"]
["2023-05-01","EMULSÕES ASFÁLTICAS RR-2C","Amapá","-"]
["2023-05-01","EMULSÕES ASFÁLTICAS RR-2C","Amazonas",3.68157]
["2023-05-01","EMULSÕES ASFÁLTICAS RR-2C","Bahia","-"]
["2023-05-01","EMULSÕES ASFÁLTICAS RR-2C","Ceará",2.57013]
["2023-05-01","EMULSÕES ASFÁLTICAS RR-2C","Distrito Federal","-"]
["2023-05-01","EMULSÕES ASFÁLTICAS RR-2C","Espírito Santo","-"]
["2023-05-01","EMULSÕES ASFÁLTICAS RR-2C","Goiás",2.79228]
["2023-05-01","EMULSÕES ASFÁLTICAS RR-2C","Maranhão","-"]
["2023-05-01","EMULSÕES ASFÁLTICAS RR-2C","Mato Grosso",3.00235]
["2023-05-01","EMULSÕES ASFÁLTICAS RR-2C","Mato Grosso do Sul","-"]
["2023-05-01","EMULSÕES ASFÁLTICAS RR-2C","Minas Gerais",2.77685]
["2023-05-01","EMULSÕES ASFÁLTICAS RR-2C","Pará",3.17122]
["2023-05-01","EMULSÕES ASFÁLTICAS RR-2C","Paraíba","-"]
["2023-05-01","EMULSÕES ASFÁLTICAS RR-2C","Paraná",2.38762]
["2023-05-01","EMULSÕES ASFÁLTICAS RR-2C","Pernambuco","-"]
["2023-05-01","EMULSÕES ASFÁLTICAS RR-2C","Piauí","-"]
["2023-05-01","EMULSÕES ASFÁLTICAS RR-2C","Rio de Janeiro","-"]
["2023-05-01","EMULSÕES ASFÁLTICAS RR-2C","Rio Grande do Norte","-"]
["2023-05-01","EMULSÕES ASFÁLTICAS RR-2C","Rio Grande do Sul","-"]
["2023-05-01","EMULSÕES ASFÁLTICAS RR-2C","Rondônia","-"]
["2023-05-01","EMULSÕES ASFÁLTICAS RR-2C","Roraima","-"]
["2023-05-01","EMULSÕES ASFÁLTICAS RR-2C","Santa Catarina","-"]
["2023-05-01","EMULSÕES ASFÁLTICAS RR-2C","São Paulo",2.49617]
["2023-05-01","EMULSÕES ASFÁLTICAS RR-2C","Sergipe","-"]
["2023-05-01","EMULSÕES ASFÁLTICAS RR-2C","Tocantins","-"]
["2023-06-01","EMULSÕES ASFÁLTICAS RR-2C","Acre","-"]
["2023-06-01","EMULSÕES ASFÁLTICAS RR-2C","Alagoas","-"]
["2023-06-01","EMULSÕES ASFÁLTICAS RR-2C","Amapá","-"]
["2023-06-01","EMULSÕES ASFÁLTICAS RR-2C","Amazonas",4.0093]
["2023-06-01","EMULSÕES ASFÁLTICAS RR-2C","Bahia","-"]
["2023-06-01","EMULSÕES ASFÁLTICAS RR-2C","Ceará",2.55248]
["2023-06-01","EMULSÕES ASFÁLTICAS RR-2C","Distrito Federal","-"]
["2023-06-01","EMULSÕES ASFÁLTICAS RR-2C","Espírito Santo","-"]
["2023-06-01","EMULSÕES ASFÁLTICAS RR-2C","Goiás",2.73155]
["2023-06-01","EMULSÕES ASFÁLTICAS RR-2C","Maranhão","-"]
["2023-06-01","EMULSÕES ASFÁLTICAS RR-2C","Mato Grosso",2.98143]
["2023-06-01","EMULSÕES ASFÁLTICAS RR-2C","Mato Grosso do Sul","-"]
["2023-06-01","EMULSÕES ASFÁLTICAS RR-2C","Minas Gerais",2.72461]
["2023-06-01","EMULSÕES ASFÁLTICAS RR-2C","Pará","-"]
["2023-06-01","EMULSÕES ASFÁLTICAS RR-2C","Paraíba","-"]
["2023-06-01","EMULSÕES ASFÁLTICAS RR-2C","Paraná",2.55974]
["2023-06-01","EMULSÕES ASFÁLTICAS RR-2C","Pernambuco","-"]
["2023-06-01","EMULSÕES ASFÁLTICAS RR-2C","Piauí","-"]
["2023-06-01","EMULSÕES ASFÁLTICAS RR-2C","Rio de Janeiro","-"]
["2023-06-01","EMULSÕES ASFÁLTICAS RR-2C","Rio Grande do Norte","-"]
["2023-06-01","EMULSÕES ASFÁLTICAS RR-2C","Rio Grande do Sul","-"]
["2023-06-01","EMULSÕES ASFÁLTICAS RR-2C","Rondônia","-"]
["2023-06-01","EMULSÕES ASFÁLTICAS RR-2C","Roraima","-"]
["2023-06-01","EMULSÕES ASFÁLTICAS RR-2C","Santa Catarina","-"]
["2023-06-01","EMULSÕES ASFÁLTICAS RR-2C","São Paulo",2.49245]
["2023-06-01","EMULSÕES ASFÁLTICAS RR-2C","Sergipe","-"]
["2023-06-01","EMULSÕES ASFÁLTICAS RR-2C","Tocantins",2.67529]
["2023-07-01","EMULSÕES ASFÁLTICAS RR-2C","Acre","-"]
["2023-07-01","EMULSÕES ASFÁLTICAS RR-2C","Alagoas","-"]
["2023-07-01","EMULSÕES ASFÁLTICAS RR-2C","Amapá","-"]
["2023-07-01","EMULSÕES ASFÁLTICAS RR-2C","Amazonas",3.60652]
["2023-07-01","EMULSÕES ASFÁLTICAS RR-2C","Bahia","-"]
["2023-07-01","EMULSÕES ASFÁLTICAS RR-2C","Ceará",2.56724]
["2023-07-01","EMULSÕES ASFÁLTICAS RR-2C","Distrito Federal","-"]
["2023-07-01","EMULSÕES ASFÁLTICAS RR-2C","Espírito Santo","-"]
["2023-07-01","EMULSÕES ASFÁLTICAS RR-2C","Goiás",2.67961]
["2023-07-01","EMULSÕES ASFÁLTICAS RR-2C","Maranhão","-"]
["2023-07-01","EMULSÕES ASFÁLTICAS RR-2C","Mato Grosso",2.97983]
["2023-07-01","EMULSÕES ASFÁLTICAS RR-2C","Mato Grosso do Sul",2.73784]
["2023-07-01","EMULSÕES ASFÁLTICAS RR-2C","Minas Gerais",2.64557]
["2023-07-01","EMULSÕES ASFÁLTICAS RR-2C","Pará","-"]
["2023-07-01","EMULSÕES ASFÁLTICAS RR-2C","Paraíba","-"]
["2023-07-01","EMULSÕES ASFÁLTICAS RR-2C","Paraná",2.56319]
["2023-07-01","EMULSÕES ASFÁLTICAS RR-2C","Pernambuco","-"]
["2023-07-01","EMULSÕES ASFÁLTICAS RR-2C","Piauí","-"]
["2023-07-01","EMULSÕES ASFÁLTICAS RR-2C","Rio de Janeiro","-"]
["2023-07-01","EMULSÕES ASFÁLTICAS RR-2C","Rio Grande do Norte","-"]
["2023-07-01","EMULSÕES ASFÁLTICAS RR-2C","Rio Grande do Sul","-"]
["2023-07-01","EMULSÕES ASFÁLTICAS RR-2C","Rondônia","-"]
["2023-07-01","EMULSÕES ASFÁLTICAS RR-2C","Roraima","-"]
["2023-07-01","EMULSÕES ASFÁLTICAS RR-2C","Santa Catarina","-"]
["2023-07-01","EMULSÕES ASFÁLTICAS RR-2C","São Paulo",2.52414]
["2023-07-01","EMULSÕES ASFÁLTICAS RR-2C","Sergipe","-"]
["2023-07-01","EMULSÕES ASFÁLTICAS RR-2C","Tocantins",2.7042]
["2023-08-01","EMULSÕES ASFÁLTICAS RR-2C","Acre","-"]
["2023-08-01","EMULSÕES ASFÁLTICAS RR-2C","Alagoas","-"]
["2023-08-01","EMULSÕES ASFÁLTICAS RR-2C","Amapá","-"]
["2023-08-01","EMULSÕES ASFÁLTICAS RR-2C","Amazonas",3.68479]
["2023-08-01","EMULSÕES ASFÁLTICAS RR-2C","Bahia","-"]
["2023-08-01","EMULSÕES ASFÁLTICAS RR-2C","Ceará",2.58327]
["2023-08-01","EMULSÕES ASFÁLTICAS RR-2C","Distrito Federal","-"]
["2023-08-01","EMULSÕES ASFÁLTICAS RR-2C","Espírito Santo","-"]
["2023-08-01","EMULSÕES ASFÁLTICAS RR-2C","Goiás",2.88032]
["2023-08-01","EMULSÕES ASFÁLTICAS RR-2C","Maranhão","-"]
["2023-08-01","EMULSÕES ASFÁLTICAS RR-2C","Mato Grosso",2.9733]
["2023-08-01","EMULSÕES ASFÁLTICAS RR-2C","Mato Grosso do Sul",2.77701]
["2023-08-01","EMULSÕES ASFÁLTICAS RR-2C","Minas Gerais",2.68167]
["2023-08-01","EMULSÕES ASFÁLTICAS RR-2C","Pará","-"]
["2023-08-01","EMULSÕES ASFÁLTICAS RR-2C","Paraíba","-"]
["2023-08-01","EMULSÕES ASFÁLTICAS RR-2C","Paraná",2.66219]
["2023-08-01","EMULSÕES ASFÁLTICAS RR-2C","Pernambuco","-"]
["2023-08-01","EMULSÕES ASFÁLTICAS RR-2C","Piauí","-"]
["2023-08-01","EMULSÕES ASFÁLTICAS RR-2C","Rio de Janeiro","-"]
["2023-08-01","EMULSÕES ASFÁLTICAS RR-2C","Rio Grande do Norte","-"]
["2023-08-01","EMULSÕES ASFÁLTICAS RR-2C","Rio Grande do Sul","-"]
["2023-08-01","EMULSÕES ASFÁLTICAS RR-2C","Rondônia","-"]
["2023-08-01","EMULSÕES ASFÁLTICAS RR-2C","Roraima","-"]
["2023-08-01","EMULSÕES ASFÁLTICAS RR-2C","Santa Catarina","-"]
["2023-08-01","EMULSÕES ASFÁLTICAS RR-2C","São Paulo",2.57381]
["2023-08-01","EMULSÕES ASFÁLTICAS RR-2C","Sergipe","-"]
["2023-08-01","EMULSÕES ASFÁLTICAS RR-2C","Tocantins",2.73181]
["Nota 1: Preços à vista, sem frete, com todos os impostos inclusos, à exceção do ICMS, do PIS/Pasep e da Cofins."]
["Nota 2: As informações são baseadas em dados preliminares, portanto sujeitos a reprocessamento por parte dos informantes nos moldes da Resolução ANP nº 729/2018."]
["Nota 3: Quando não houver declaração de venda do produto selecionado, ou quando a declaração de venda do produto ocorrer por menos de 03 (três) distribuidoras, a tabela indicará campo vazio."]

{"sheet":"ANP REGIÃO","index":14,"n_rows":4534,"n_cols":8,"rows_kept":4534,"cut":false,"hidden":false,"merged":[[4,11,4,17],[5,0,5,7]]}
["                       Agência Nacional do Petróleo, Gás Natural e Biocombustíveis"]
["                       Superintendência de Defesa da Concorrência"]
[]
[]
[]
["PREÇO MÉDIO MENSAL PONDERADO PRATICADO PELOS DISTRIBUIDORES DE PRODUTOS ASFÁLTICOS (R$/KG)"]
[]
["Produto","Mês","Norte","Nordeste","Centro-Oeste","Sudeste","Sul","Brasil"]
["ASFALTOS DILUÍDOS CM-30","2008-11-01",1.77547,1.55088,2.02214,1.55449,1.58453,1.64287]
["ASFALTOS DILUÍDOS CM-30","2008-12-01",1.80684,1.50912,2.01302,1.6109,1.60719,1.63758]
["ASFALTOS DILUÍDOS CM-30","2009-01-01",1.49705,1.5043,1.9631,1.52467,1.58514,1.56495]
["ASFALTOS DILUÍDOS CM-30","2009-02-01",1.42787,1.49769,1.98107,1.58349,1.59592,1.56545]
["ASFALTOS DILUÍDOS CM-30","2009-03-01",1.40494,1.49765,1.89343,1.52755,1.58872,1.53271]
["ASFALTOS DILUÍDOS CM-30","2009-04-01",1.41051,1.48483,1.90923,1.46415,1.55383,1.51672]
["ASFALTOS DILUÍDOS CM-30","2009-05-01",1.48036,1.4669,1.89159,1.43544,1.54161,1.53757]
["ASFALTOS DILUÍDOS CM-30","2009-06-01",1.58075,1.44489,1.84207,1.42426,1.50153,1.54132]
["ASFALTOS DILUÍDOS CM-30","2009-07-01",1.90543,1.48262,1.94905,1.58444,1.61031,1.65103]
["ASFALTOS DILUÍDOS CM-30","2009-08-01",1.717,1.42385,1.71239,1.418,1.52064,1.50491]
["ASFALTOS DILUÍDOS CM-30","2009-09-01",1.64329,1.44532,1.73152,1.41937,1.50074,1.50552]
["ASFALTOS DILUÍDOS CM-30","2009-10-01",1.58803,1.45893,1.76202,1.42902,1.51375,1.51168]
["ASFALTOS DILUÍDOS CM-30","2009-11-01",1.63935,1.44906,1.77265,1.43412,1.52604,1.49966]
["ASFALTOS DILUÍDOS CM-30","2009-12-01",1.66427,1.44197,1.89057,1.42908,1.52054,1.50886]
["ASFALTOS DILUÍDOS CM-30","2010-01-01",1.84251,1.45498,1.86502,1.41482,1.47445,1.49774]
["ASFALTOS DILUÍDOS CM-30","2010-02-01",1.70989,1.44296,1.91984,1.43315,1.50088,1.49654]
["ASFALTOS DILUÍDOS CM-30","2010-03-01",1.53574,1.44888,1.93506,1.43503,1.48062,1.48679]
["ASFALTOS DILUÍDOS CM-30","2010-04-01",1.71005,1.4403,1.91194,1.4211,1.48127,1.51109]
["ASFALTOS DILUÍDOS CM-30","2010-05-01",1.75561,1.43528,1.87329,1.40694,1.48178,1.53717]
["ASFALTOS DILUÍDOS CM-30","2010-06-01",1.60222,1.396,1.73173,1.4,1.49194,1.49807]
["ASFALTOS DILUÍDOS CM-30","2010-07-01",1.5599,1.38102,1.73269,1.4029,1.47385,1.49008]
["ASFALTOS DILUÍDOS CM-30","2010-08-01",1.52664,1.38818,1.73895,1.39875,1.45575,1.49583]
["ASFALTOS DILUÍDOS CM-30","2010-09-01",1.56538,1.4082,1.75703,1.41164,1.48726,1.51226]
["ASFALTOS DILUÍDOS CM-30","2010-10-01",1.48171,1.40436,1.75116,1.40349,1.46934,1.49989]
["ASFALTOS DILUÍDOS CM-30","2010-11-01",1.51927,1.41013,1.77941,1.42128,1.45856,1.48166]
["ASFALTOS DILUÍDOS CM-30","2010-12-01",1.55929,1.40982,1.82519,1.41767,1.47324,1.46911]
["ASFALTOS DILUÍDOS CM-30","2011-01-01",1.52592,1.44579,1.7746,1.40327,1.466,1.45726]
["ASFALTOS DILUÍDOS CM-30","2011-02-01",1.55283,1.39209,1.76384,1.38519,1.44956,1.42625]
["ASFALTOS DILUÍDOS CM-30","2011-03-01",1.46922,1.36944,1.69602,1.35381,1.43517,1.40013]
["ASFALTOS DILUÍDOS CM-30","2011-04-01",1.47057,1.37322,1.65083,1.34593,1.422,1.40049]
["ASFALTOS DILUÍDOS CM-30","2011-05-01",1.42853,1.32265,1.70038,1.34507,1.43936,1.42806]
["ASFALTOS DILUÍDOS CM-30","2011-06-01",1.40762,1.30571,1.74184,1.35462,1.3995,1.4403]
["ASFALTOS DILUÍDOS CM-30","2011-07-01",1.25923,1.31203,1.73749,1.33656,1.42247,1.42084]
["ASFALTOS DILUÍDOS CM-30","2011-08-01",1.47068,1.29978,1.72744,1.34148,1.35302,1.42568]
["ASFALTOS DILUÍDOS CM-30","2011-09-01",1.56133,1.3212,1.72982,1.35745,1.39568,1.4552]
["ASFALTOS DILUÍDOS CM-30","2011-10-01",1.52057,1.32622,1.71738,1.33269,1.35778,1.4423]
["ASFALTOS DILUÍDOS CM-30","2011-11-01",1.46589,1.33704,1.741,1.34549,1.44758,1.44535]
["ASFALTOS DILUÍDOS CM-30","2011-12-01",1.47088,1.33559,1.77872,1.40829,1.42811,1.42242]
["ASFALTOS DILUÍDOS CM-30","2012-01-01",1.38496,1.35013,1.78078,1.42135,1.43035,1.39466]
["ASFALTOS DILUÍDOS CM-30","2012-02-01",1.33218,1.36814,1.74102,1.4002,1.4254,1.41061]
["ASFALTOS DILUÍDOS CM-30","2012-03-01",1.41162,1.34912,1.6201,1.3933,1.40613,1.40977]
["ASFALTOS DILUÍDOS CM-30","2012-04-01",1.54901,1.38398,1.64071,1.40472,1.44062,1.45608]
["ASFALTOS DILUÍDOS CM-30","2012-05-01",1.59618,1.38636,1.71206,1.39924,1.44835,1.49846]
["ASFALTOS DILUÍDOS CM-30","2012-06-01",1.70143,1.38805,1.74035,1.42212,1.4492,1.52772]
["ASFALTOS DILUÍDOS CM-30","2012-07-01",1.65203,1.39437,1.71864,1.43967,1.46188,1.52307]
["ASFALTOS DILUÍDOS CM-30","2012-08-01",1.69,1.40334,1.7419,1.42172,1.44569,1.53653]
["ASFALTOS DILUÍDOS CM-30","2012-09-01",1.69018,1.4215,1.78092,1.44518,1.48365,1.54941]
["ASFALTOS DILUÍDOS CM-30","2012-10-01",1.57484,1.41707,1.79483,1.4513,1.48204,1.55063]
["ASFALTOS DILUÍDOS CM-30","2012-11-01",1.65516,1.45588,1.84013,1.4612,1.4835,1.5525]
["ASFALTOS DILUÍDOS CM-30","2012-12-01",1.71488,1.43585,1.80407,1.45223,1.50942,1.52341]
["ASFALTOS DILUÍDOS CM-30","2013-01-01",1.49578,1.44949,1.85405,1.44639,1.56375,1.50214]
["ASFALTOS DILUÍDOS CM-30","2013-02-01",1.63507,1.42061,1.73107,1.44275,1.46183,1.47396]
["ASFALTOS DILUÍDOS CM-30","2013-03-01",1.64623,1.4133,1.83828,1.45002,1.52576,1.50654]
["ASFALTOS DILUÍDOS CM-30","2013-04-01",1.58186,1.39919,1.79383,1.4587,1.55191,1.52362]
["ASFALTOS DILUÍDOS CM-30","2013-05-01",1.81565,1.39014,1.81278,1.44951,1.50423,1.54992]
["ASFALTOS DILUÍDOS CM-30","2013-06-01",1.6311,1.38319,1.81664,1.47423,1.50304,1.58105]
["ASFALTOS DILUÍDOS CM-30","2013-07-01",1.86597,1.42205,1.79307,1.49802,1.53339,1.59881]
["ASFALTOS DILUÍDOS CM-30","2013-08-01",1.70033,1.43509,1.82145,1.51172,1.53079,1.60618]
["ASFALTOS DILUÍDOS CM-30","2013-09-01",1.56287,1.4722,1.87984,1.54265,1.49067,1.62795]
["ASFALTOS DILUÍDOS CM-30","2013-10-01",1.6485,1.47215,1.82549,1.50118,1.48379,1.59754]
["ASFALTOS DILUÍDOS CM-30","2013-11-01",1.61918,1.48641,1.84401,1.49633,1.5061,1.58167]
["ASFALTOS DILUÍDOS CM-30","2013-12-01",1.63336,1.49482,1.8972,1.50286,1.51707,1.57248]
["ASFALTOS DILUÍDOS CM-30","2014-01-01",1.68831,1.49418,1.79836,1.4842,1.53335,1.54291]
["ASFALTOS DILUÍDOS CM-30","2014-02-01",1.5983,1.47971,1.81439,1.51483,1.5228,1.52897]
["ASFALTOS DILUÍDOS CM-30","2014-03-01",1.64829,1.47285,1.76657,1.51302,1.50619,1.53018]
["ASFALTOS DILUÍDOS CM-30","2014-04-01",1.53446,1.4939,1.75727,1.53302,1.52428,1.55057]
["ASFALTOS DILUÍDOS CM-30","2014-05-01",1.58658,1.49083,1.80434,1.50114,1.56704,1.58645]
["ASFALTOS DILUÍDOS CM-30","2014-06-01",1.65828,1.5058,1.83959,1.50686,1.52378,1.63607]
["ASFALTOS DILUÍDOS CM-30","2014-07-01",1.8903,1.50073,1.70828,1.48729,1.50596,1.58707]
["ASFALTOS DILUÍDOS CM-30","2014-08-01",1.63274,1.50195,1.6712,1.48236,1.50633,1.55791]
["ASFALTOS DILUÍDOS CM-30","2014-09-01",1.66957,1.54683,1.8648,1.49676,1.57053,1.63928]
["ASFALTOS DILUÍDOS CM-30","2014-10-01",1.74288,1.50898,1.74665,1.47077,1.45427,1.57912]
["ASFALTOS DILUÍDOS CM-30","2014-11-01",1.86472,1.57943,1.74916,1.46508,1.52915,1.60136]
["ASFALTOS DILUÍDOS CM-30","2014-12-01",1.81267,1.70484,1.96331,1.62368,1.64964,1.71883]
["ASFALTOS DILUÍDOS CM-30","2015-01-01",2.15481,2.02376,2.31886,1.86659,1.89838,2.00779]
["ASFALTOS DILUÍDOS CM-30","2015-02-01",2.26024,2.00567,2.39388,1.85452,1.9274,2.00765]
["ASFALTOS DILUÍDOS CM-30","2015-03-01",2.12418,1.96882,2.27964,1.88776,1.93022,1.98482]
["ASFALTOS DILUÍDOS CM-30","2015-04-01",2.03005,2.00151,2.37912,1.85245,1.94903,1.98064]
["ASFALTOS DILUÍDOS CM-30","2015-05-01",2.50727,1.94687,2.25476,1.80747,2.01693,2.00547]
["ASFALTOS DILUÍDOS CM-30","2015-06-01",2.24832,1.94426,2.31433,1.847,1.96857,2.04258]
["ASFALTOS DILUÍDOS CM-30","2015-07-01",1.99222,1.99279,2.04677,1.78265,1.93167,1.94263]
["ASFALTOS DILUÍDOS CM-30","2015-08-01",2.30761,2.03809,2.25275,1.8281,1.93982,2.08194]
["ASFALTOS DILUÍDOS CM-30","2015-09-01",2.31429,2.09531,2.34456,1.94255,2.00535,2.16818]
["ASFALTOS DILUÍDOS CM-30","2015-10-01",2.32946,2.17057,2.43273,2.03562,2.11026,2.23753]
["ASFALTOS DILUÍDOS CM-30","2015-11-01",2.60606,2.4371,2.71161,2.28011,2.32645,2.475]
["ASFALTOS DILUÍDOS CM-30","2015-12-01",2.63537,2.39592,2.69353,2.27253,2.33074,2.45285]
["ASFALTOS DILUÍDOS CM-30","2016-01-01",2.71586,2.37386,2.84467,2.26365,2.23263,2.40056]
["ASFALTOS DILUÍDOS CM-30","2016-02-01",2.80468,2.46685,2.79179,2.29564,2.34656,2.46435]
["ASFALTOS DILUÍDOS CM-30","2016-03-01",2.5805,2.47068,2.70769,2.2353,2.38312,2.42356]
["ASFALTOS DILUÍDOS CM-30","2016-04-01",2.94201,2.74074,2.75907,2.54444,2.71075,2.68027]
["ASFALTOS DILUÍDOS CM-30","2016-05-01",3.01058,2.65028,2.85712,2.57558,2.77041,2.70973]
["ASFALTOS DILUÍDOS CM-30","2016-06-01",2.90918,2.62139,2.94349,2.65911,2.68476,2.74362]
["ASFALTOS DILUÍDOS CM-30","2016-07-01",2.98574,2.59164,2.98928,2.6044,2.66088,2.74514]
["ASFALTOS DILUÍDOS CM-30","2016-08-01",2.93524,2.62392,2.97049,2.67949,2.72703,2.78139]
["ASFALTOS DILUÍDOS CM-30","2016-09-01",2.64914,2.52105,2.78158,2.51393,2.37127,2.59562]
["ASFALTOS DILUÍDOS CM-30","2016-10-01",2.62611,2.44447,2.78162,2.50738,2.38325,2.567]
["ASFALTOS DILUÍDOS CM-30","2016-11-01",2.53509,2.37415,2.95277,2.48126,2.38221,2.54284]
["ASFALTOS DILUÍDOS CM-30","2016-12-01",2.50039,2.25341,3.03852,2.58944,2.39559,2.47644]
["ASFALTOS DILUÍDOS CM-30","2017-01-01",2.39288,2.2327,3.08908,2.53574,2.37869,2.37422]
["ASFALTOS DILUÍDOS CM-30","2017-02-01",2.68039,2.2719,2.76441,2.57393,2.38464,2.47072]
["ASFALTOS DILUÍDOS CM-30","2017-03-01",2.23884,2.38696,2.66722,2.37217,2.30122,2.3788]
["ASFALTOS DILUÍDOS CM-30","2017-04-01",2.42019,2.30797,2.79409,2.25841,2.25643,2.38027]
["ASFALTOS DILUÍDOS CM-30","2017-05-01",2.43211,2.16792,2.69984,2.25539,2.20403,2.36152]
["ASFALTOS DILUÍDOS CM-30","2017-06-01",2.4283,2.18194,2.75667,2.23455,2.30578,2.44553]
["ASFALTOS DILUÍDOS CM-30","2017-07-01",2.45375,2.21808,2.69463,2.41433,2.2696,2.47344]
["ASFALTOS DILUÍDOS CM-30","2017-08-01",2.44793,2.15311,2.59535,2.30292,2.17015,2.38088]
["ASFALTOS DILUÍDOS CM-30","2017-09-01",2.49455,2.14244,2.62317,2.37131,2.3037,2.39354]
["ASFALTOS DILUÍDOS CM-30","2017-10-01",2.34995,2.18056,2.61416,2.41525,2.2008,2.36795]
["ASFALTOS DILUÍDOS CM-30","2017-11-01",2.67013,2.43317,2.90863,2.58469,2.41519,2.6021]
["ASFALTOS DILUÍDOS CM-30","2017-12-01",2.58735,2.42536,2.90663,2.60289,2.42289,2.53176]
["ASFALTOS DILUÍDOS CM-30","2018-01-01",2.95036,2.66286,2.87595,2.62074,2.64696,2.73596]
["ASFALTOS DILUÍDOS CM-30","2018-02-01",2.6779,2.6725,2.9426,2.62043,2.56789,2.66837]
["ASFALTOS DILUÍDOS CM-30","2018-03-01",2.73336,2.58905,2.80917,2.56193,2.57595,2.63488]
["ASFALTOS DILUÍDOS CM-30","2018-04-01",2.7578,2.66955,2.77391,2.59547,2.55604,2.66433]
["ASFALTOS DILUÍDOS CM-30","2018-05-01",2.84121,2.67203,2.8845,2.68672,2.73649,2.77738]
["ASFALTOS DILUÍDOS CM-30","2018-06-01",3.00844,2.91961,3.15845,2.84673,2.95352,2.98229]
["ASFALTOS DILUÍDOS CM-30","2018-07-01",3.26824,3.03652,3.39936,3.02647,3.1978,3.16413]
["ASFALTOS DILUÍDOS CM-30","2018-08-01",3.56441,3.41519,3.70771,3.42508,3.35672,3.51556]
["ASFALTOS DILUÍDOS CM-30","2018-09-01",3.17391,3.44506,3.73526,3.38582,3.60731,3.48324]
["ASFALTOS DILUÍDOS CM-30","2018-10-01",3.48778,3.46051,3.72144,3.43253,3.60602,3.54539]
["ASFALTOS DILUÍDOS CM-30","2018-11-01",4.04727,3.81489,4.28013,4.17813,3.96768,3.99015]
["ASFALTOS DILUÍDOS CM-30","2018-12-01",3.95149,3.96711,4.34114,3.91677,3.91199,3.99974]
["ASFALTOS DILUÍDOS CM-30","2019-01-01",3.79686,3.87002,4.2019,3.9542,3.97679,3.93395]
["ASFALTOS DILUÍDOS CM-30","2019-02-01",3.51658,4.09036,4.49842,4.46994,4.25459,4.18854]
["ASFALTOS DILUÍDOS CM-30","2019-03-01",4.21676,4.36191,4.90719,4.39872,4.29082,4.3603]
["ASFALTOS DILUÍDOS CM-30","2019-04-01",4.28165,4.23466,4.53163,4.43723,4.46688,4.38082]
["ASFALTOS DILUÍDOS CM-30","2019-05-01",4.28764,4.1907,4.85791,4.26746,4.63381,4.3664]
["ASFALTOS DILUÍDOS CM-30","2019-06-01",4.47561,3.96505,4.66273,4.3506,4.21123,4.31932]
["ASFALTOS DILUÍDOS CM-30","2019-07-01",4.3945,4.05804,4.83422,4.09466,4.233,4.34698]
["ASFALTOS DILUÍDOS CM-30","2019-08-01",4.48174,3.91066,4.57633,4.11162,4.25542,4.25835]
["ASFALTOS DILUÍDOS CM-30","2019-09-01",4.43958,3.8599,4.49526,4.11132,4.11736,4.25161]
["ASFALTOS DILUÍDOS CM-30","2019-10-01",4.33589,3.77232,4.45924,4.05608,3.94246,4.07741]
["ASFALTOS DILUÍDOS CM-30","2019-11-01",4.31624,3.91025,4.58184,4.07902,4.10662,4.09456]
["ASFALTOS DILUÍDOS CM-30","2019-12-01",4.19944,3.98012,4.67377,4.43427,3.98641,4.16469]
["ASFALTOS DILUÍDOS CM-30","2020-01-01",3.59298,3.89532,4.68542,4.38707,4.12447,4.05334]
["ASFALTOS DILUÍDOS CM-30","2020-02-01",3.64267,3.8774,4.43819,3.69994,3.77816,3.83901]
["ASFALTOS DILUÍDOS CM-30","2020-03-01",4.67667,3.79114,4.28922,3.7184,3.60909,3.93117]
["ASFALTOS DILUÍDOS CM-30","2020-04-01",4.31336,3.69577,4.2554,3.8659,3.73225,3.96413]
["ASFALTOS DILUÍDOS CM-30","2020-05-01",3.24913,3.63777,4.11354,3.76055,3.71062,3.65618]
["ASFALTOS DILUÍDOS CM-30","2020-06-01",4.0179,3.56703,4.27737,3.93789,3.62583,3.92452]
["ASFALTOS DILUÍDOS CM-30","2020-07-01",3.8405,3.51327,4.21549,3.95422,3.68884,3.84377]
["ASFALTOS DILUÍDOS CM-30","2020-08-01",4.17447,3.46539,4.27771,4.06746,3.62859,3.94717]
["ASFALTOS DILUÍDOS CM-30","2020-09-01",4.16737,3.74636,4.16742,3.79562,3.62773,3.97313]
["ASFALTOS DILUÍDOS CM-30","2020-10-01",4.4081,3.71899,4.27898,4.00875,3.59105,4.03964]
["ASFALTOS DILUÍDOS CM-30","2020-11-01",4.05631,3.96921,4.5479,4.27946,3.97335,4.17583]
["ASFALTOS DILUÍDOS CM-30","2020-12-01",4.13206,3.85163,4.4267,3.90624,3.87094,4.03535]
["ASFALTOS DILUÍDOS CM-30","2021-01-01",3.48984,3.95153,4.62827,4.01158,3.93514,3.91709]
["ASFALTOS DILUÍDOS CM-30","2021-02-01",4.09932,4.26711,4.83206,4.4142,4.14905,4.2682]
["ASFALTOS DILUÍDOS CM-30","2021-03-01",4.52836,4.23983,4.92631,4.2697,4.13066,4.37783]
["ASFALTOS DILUÍDOS CM-30","2021-04-01",4.34927,4.087,4.4776,4.15611,4.04419,4.25336]
["ASFALTOS DILUÍDOS CM-30","2021-05-01",4.48889,4.70795,5.10149,4.78403,4.52399,4.79055]
["ASFALTOS DILUÍDOS CM-30","2021-06-01",4.01047,4.47959,5.11304,4.77974,4.72121,4.76489]
["ASFALTOS DILUÍDOS CM-30","2021-07-01",4.75223,4.55935,5.00476,4.80273,4.74855,4.81759]
["ASFALTOS DILUÍDOS CM-30","2021-08-01",5.08528,4.7725,5.19854,5.24474,4.76131,5.09817]
["ASFALTOS DILUÍDOS CM-30","2021-09-01",5.1103,4.53807,5.24172,5.01714,4.86286,5.01696]
["ASFALTOS DILUÍDOS CM-30","2021-10-01",5.0807,4.66827,5.11954,5.38478,4.65852,5.02129]
["ASFALTOS DILUÍDOS CM-30","2021-11-01",5.43652,5.08777,5.15006,5.63426,5.17453,5.22814]
["ASFALTOS DILUÍDOS CM-30","2021-12-01",5.18429,4.97549,5.57212,6.13566,5.01181,5.33957]
["ASFALTOS DILUÍDOS CM-30","2022-01-01",4.92819,5.02356,6.01841,5.21477,5.48198,5.25079]
["ASFALTOS DILUÍDOS CM-30","2022-02-01",5.54568,5.70863,6.01107,4.8651,5.76337,5.73606]
["ASFALTOS DILUÍDOS CM-30","2022-03-01",6.32684,5.64469,5.93081,6.18114,5.49804,5.92278]
["ASFALTOS DILUÍDOS CM-30","2022-04-01",5.97422,5.83275,6.20669,5.72033,6.178,6.01235]
["ASFALTOS DILUÍDOS CM-30","2022-05-01",5.35402,5.46434,6.00761,5.9951,5.49095,5.67072]
["ASFALTOS DILUÍDOS CM-30","2022-06-01",5.80244,5.31696,5.25268,5.81393,5.645,5.4695]
["ASFALTOS DILUÍDOS CM-30","2022-07-01",5.96561,5.82931,5.9191,5.74248,5.67443,5.86202]
["ASFALTOS DILUÍDOS CM-30","2022-08-01",6.42423,5.75826,5.75235,5.79191,5.31272,5.82319]
["ASFALTOS DILUÍDOS CM-30","2022-09-01",5.5401,5.60992,5.96359,5.30218,4.97793,5.69943]
["ASFALTOS DILUÍDOS CM-30","2022-10-01",4.78567,4.72752,5.33911,4.85116,4.53258,5.04166]
["ASFALTOS DILUÍDOS CM-30","2022-11-01",7.76586,4.77565,5.23763,4.63638,4.46059,5.07499]
["ASFALTOS DILUÍDOS CM-30","2022-12-01",4.65725,4.96691,5.65516,4.84094,4.66101,5.11325]
["ASFALTOS DILUÍDOS CM-30","2023-01-01",4.94895,5.05626,5.3596,4.4265,4.10327,4.71561]
["ASFALTOS DILUÍDOS CM-30","2023-02-01",5.40749,4.33577,4.74665,4.67488,4.01455,4.4178]
["ASFALTOS DILUÍDOS CM-30","2023-03-01",4.99131,4.01355,4.74625,4.08072,4.08248,4.27035]
["ASFALTOS DILUÍDOS CM-30","2023-04-01",4.43848,4.0942,5.13582,4.36827,3.85931,4.15382]
["ASFALTOS DILUÍDOS CM-30","2023-05-01",5.01859,4.50628,5.61664,4.03476,4.0637,4.68649]
["ASFALTOS DILUÍDOS CM-30","2023-06-01",4.43964,4.49581,5.22817,3.77203,4.00904,4.58805]
["ASFALTOS DILUÍDOS CM-30","2023-07-01",4.3604,4.25019,6.18805,3.69922,4.31577,4.79072]
["ASFALTOS DILUÍDOS CM-30","2023-08-01",4.04322,4.1009,5.4142,3.9643,4.05599,4.60781]
["ASFALTOS DILUÍDOS CM-30","2023-09-01",5.69502,4.35859,5.18725,4.11251,4.21165,4.74864]
["ASFALTOS DILUÍDOS CM-70","2008-11-01","***","***","***","***","***","***"]
["ASFALTOS DILUÍDOS CM-70","2008-12-01","***","***","***","***","***","***"]
["ASFALTOS DILUÍDOS CM-70","2009-01-01","***","***","***","***","***","***"]
["ASFALTOS DILUÍDOS CM-70","2009-02-01","***","***","***","***","***","***"]
["ASFALTOS DILUÍDOS CM-70","2009-03-01","***","***","***","***","***","***"]
["ASFALTOS DILUÍDOS CM-70","2009-04-01","***","***","***","***","***","***"]
["ASFALTOS DILUÍDOS CM-70","2009-05-01","***","***","***","***","***","***"]
["ASFALTOS DILUÍDOS CM-70","2009-06-01","***","***","***","***","***","***"]
["ASFALTOS DILUÍDOS CM-70","2009-07-01","***","***","***","***","***","***"]
["ASFALTOS DILUÍDOS CM-70","2009-08-01","***","***","***","***","***","***"]
["ASFALTOS DILUÍDOS CM-70","2009-09-01","***","***","***","***","***","***"]
["ASFALTOS DILUÍDOS CM-70","2009-10-01","***","***","***","***","***","***"]
["ASFALTOS DILUÍDOS CM-70","2009-11-01","***","***","***","***","***","***"]
["ASFALTOS DILUÍDOS CM-70","2009-12-01","***","***","***","***","***","***"]
["ASFALTOS DILUÍDOS CM-70","2010-01-01","***","***","***","***","***","***"]
["ASFALTOS DILUÍDOS CM-70","2010-02-01","***","***","***","***","***","***"]
["ASFALTOS DILUÍDOS CM-70","2010-03-01","***","***","***","***","***","***"]
["ASFALTOS DILUÍDOS CM-70","2010-04-01","***","***","***","***","***","***"]
["ASFALTOS DILUÍDOS CM-70","2010-05-01","***","***","***","***","***","***"]
["ASFALTOS DILUÍDOS CM-70","2010-06-01","***","***","***","***","***","***"]
["ASFALTOS DILUÍDOS CM-70","2010-07-01","***","***","***","***","***","***"]
["ASFALTOS DILUÍDOS CM-70","2010-08-01","***","***","***","***","***","***"]
["ASFALTOS DILUÍDOS CM-70","2010-09-01","***","***","***","***","***","***"]
["ASFALTOS DILUÍDOS CM-70","2010-10-01","***","***","***","***","***","***"]
["ASFALTOS DILUÍDOS CM-70","2010-11-01","***","***","***","***","***","***"]
["ASFALTOS DILUÍDOS CM-70","2010-12-01","***","***","***","***","***","***"]
["ASFALTOS DILUÍDOS CM-70","2011-01-01","***","***","***","***","***","***"]
["ASFALTOS DILUÍDOS CM-70","2011-02-01","***","***","***","***","***","***"]
["ASFALTOS DILUÍDOS CM-70","2011-03-01","***","***","***","***","***","***"]
["ASFALTOS DILUÍDOS CM-70","2011-04-01","***","***","***","***","***","***"]
["ASFALTOS DILUÍDOS CM-70","2011-05-01","***","***","***","***","***","***"]
["ASFALTOS DILUÍDOS CM-70","2011-06-01","***","***","***","***","***","***"]
["ASFALTOS DILUÍDOS CM-70","2011-07-01","***","***","***","***","***","***"]
["ASFALTOS DILUÍDOS CM-70","2011-08-01","***","***","***","***","***","***"]
["ASFALTOS DILUÍDOS CM-70","2011-09-01","***","***","***","***","***","***"]
["ASFALTOS DILUÍDOS CM-70","2011-10-01","***","***","***","***","***","***"]
["ASFALTOS DILUÍDOS CM-70","2011-11-01","***","***","***","***","***","***"]
["ASFALTOS DILUÍDOS CM-70","2011-12-01","***","***","***","***","***","***"]
["ASFALTOS DILUÍDOS CM-70","2012-01-01","***","***","***","***","***","***"]
["ASFALTOS DILUÍDOS CM-70","2012-02-01","***","***","***","***","***","***"]
["ASFALTOS DILUÍDOS CM-70","2012-03-01","***","***","***","***","***","***"]
["ASFALTOS DILUÍDOS CM-70","2012-04-01","***","***","***","***","***","***"]
["ASFALTOS DILUÍDOS CM-70","2012-05-01","***","***","***","***","***","***"]
["ASFALTOS DILUÍDOS CM-70","2012-06-01","***","***","***","***","***","***"]
["ASFALTOS DILUÍDOS CM-70","2012-07-01","***","***","***","***","***","***"]
["ASFALTOS DILUÍDOS CM-70","2012-08-01","***","***","***","***","***","***"]
["ASFALTOS DILUÍDOS CM-70","2012-09-01","***","***","***","***","***","***"]
["ASFALTOS DILUÍDOS CM-70","2012-10-01","***","***","***","***","***","***"]
["ASFALTOS DILUÍDOS CM-70","2012-11-01","***","***","***","***","***","***"]
["ASFALTOS DILUÍDOS CM-70","2012-12-01","***","***","***","***","***","***"]
["ASFALTOS DILUÍDOS CM-70","2013-01-01","***","***","***","***","***","***"]
["ASFALTOS DILUÍDOS CM-70","2013-02-01","***","***","***","***","***","***"]
["ASFALTOS DILUÍDOS CM-70","2013-03-01","***","***","***","***","***","***"]
["ASFALTOS DILUÍDOS CM-70","2013-04-01","***","***","***","***","***","***"]
["ASFALTOS DILUÍDOS CM-70","2013-05-01","***","***","***","***","***","***"]
["ASFALTOS DILUÍDOS CM-70","2013-06-01","***","***","***","***","***","***"]
["ASFALTOS DILUÍDOS CM-70","2013-07-01","***","***","***","***","***","***"]
["ASFALTOS DILUÍDOS CM-70","2013-08-01","***","***","***","***","***","***"]
["ASFALTOS DILUÍDOS CM-70","2013-09-01","***","***","***","***","***","***"]
["ASFALTOS DILUÍDOS CM-70","2013-10-01","***","***","***","***","***","***"]
["ASFALTOS DILUÍDOS CM-70","2013-11-01","***","***","***","***","***","***"]
["ASFALTOS DILUÍDOS CM-70","2013-12-01","***","***","***","***","***","***"]
["ASFALTOS DILUÍDOS CM-70","2014-01-01","***","***","***","***","***","***"]
["ASFALTOS DILUÍDOS CM-70","2014-02-01","***","***","***","***","***","***"]
["ASFALTOS DILUÍDOS CM-70","2014-03-01","***","***","***","***","***","***"]
["ASFALTOS DILUÍDOS CM-70","2014-04-01","***","***","***","***","***","***"]
["ASFALTOS DILUÍDOS CM-70","2014-05-01","***","***","***","***","***","***"]
["ASFALTOS DILUÍDOS CM-70","2014-06-01","***","***","***","***","***","***"]
["ASFALTOS DILUÍDOS CM-70","2014-07-01","***","***","***","***","***","***"]
["ASFALTOS DILUÍDOS CM-70","2014-08-01","***","***","***","***","***","***"]
["ASFALTOS DILUÍDOS CM-70","2014-09-01","***","***","***","***","***","***"]
["ASFALTOS DILUÍDOS CM-70","2014-10-01","***","***","***","***","***","***"]
["ASFALTOS DILUÍDOS CM-70","2014-11-01","***","***","***","***","***","***"]
["ASFALTOS DILUÍDOS CM-70","2014-12-01","***","***","***","***","***","***"]
["ASFALTOS DILUÍDOS CM-70","2015-01-01","***","***","***","***","***","***"]
["ASFALTOS DILUÍDOS CM-70","2015-02-01","***","***","***","***","***","***"]
["ASFALTOS DILUÍDOS CM-70","2015-03-01","***","***","***","***","***","***"]
["ASFALTOS DILUÍDOS CM-70","2015-04-01","***","***","***","***","***","***"]
["ASFALTOS DILUÍDOS CM-70","2015-05-01","***","***","***","***","***","***"]
["ASFALTOS DILUÍDOS CM-70","2015-06-01","***","***","***","***","***","***"]
["ASFALTOS DILUÍDOS CM-70","2015-07-01","***","***","***","***","***","***"]
["ASFALTOS DILUÍDOS CM-70","2015-08-01","***","***","***","***","***","***"]
["ASFALTOS DILUÍDOS CM-70","2015-09-01","***","***","***","***","***","***"]
["ASFALTOS DILUÍDOS CM-70","2015-10-01","***","***","***","***","***","***"]
["ASFALTOS DILUÍDOS CM-70","2015-11-01","***","***","***","***","***","***"]
["ASFALTOS DILUÍDOS CM-70","2015-12-01","***","***","***","***","***","***"]
["ASFALTOS DILUÍDOS CM-70","2016-01-01","***","***","***","***","***","***"]
["ASFALTOS DILUÍDOS CM-70","2016-02-01","***","***","***","***","***","***"]
["ASFALTOS DILUÍDOS CM-70","2016-03-01","***","***","***","***","***","***"]
["ASFALTOS DILUÍDOS CM-70","2016-04-01","***","***","***","***","***","***"]
["ASFALTOS DILUÍDOS CM-70","2016-05-01","***","***","***","***","***","***"]
["ASFALTOS DILUÍDOS CM-70","2016-06-01","***","***","***","***","***","***"]
["ASFALTOS DILUÍDOS CM-70","2016-07-01","***","***","***","***","***","***"]
["ASFALTOS DILUÍDOS CM-70","2016-08-01","***","***","***","***","***","***"]
["ASFALTOS DILUÍDOS CM-70","2016-09-01","***","***","***","***","***","***"]
["ASFALTOS DILUÍDOS CM-70","2016-10-01","***","***","***","***","***","***"]
["ASFALTOS DILUÍDOS CM-70","2016-11-01","***","***","***","***","***","***"]
["ASFALTOS DILUÍDOS CM-70","2016-12-01","***","***","***","***","***","***"]
["ASFALTOS DILUÍDOS CM-70","2017-01-01","***","***","***","***","***","***"]
["ASFALTOS DILUÍDOS CM-70","2017-02-01","***","***","***","***","***","***"]
["ASFALTOS DILUÍDOS CM-70","2017-03-01","***","***","***","***","***","***"]
["ASFALTOS DILUÍDOS CM-70","2017-04-01","***","***","***","***","***","***"]
["ASFALTOS DILUÍDOS CM-70","2017-05-01","***","***","***","***","***","***"]
["ASFALTOS DILUÍDOS CM-70","2017-06-01","***","***","***","***","***","***"]
["ASFALTOS DILUÍDOS CM-70","2017-07-01","***","***","***","***","***","***"]
["ASFALTOS DILUÍDOS CM-70","2017-08-01","***","***","***","***","***","***"]
["ASFALTOS DILUÍDOS CM-70","2017-09-01","***","***","***","***","***","***"]
["ASFALTOS DILUÍDOS CM-70","2017-10-01","***","***","***","***","***","***"]
["ASFALTOS DILUÍDOS CM-70","2017-11-01","***","***","***","***","***","***"]
["ASFALTOS DILUÍDOS CM-70","2017-12-01","***","***","***","***","***","***"]
["ASFALTOS DILUÍDOS CM-70","2018-01-01","***","***","***","***","***","***"]
["ASFALTOS DILUÍDOS CM-70","2018-02-01","***","***","***","***","***","***"]
["ASFALTOS DILUÍDOS CM-70","2018-03-01","***","***","***","***","***","***"]
["ASFALTOS DILUÍDOS CM-70","2018-04-01","***","***","***","***","***","***"]
["ASFALTOS DILUÍDOS CM-70","2018-05-01","***","***","***","***","***","***"]
["ASFALTOS DILUÍDOS CM-70","2018-06-01","***","***","***","***","***","***"]
["ASFALTOS DILUÍDOS CM-70","2018-07-01","***","***","***","***","***","***"]
["ASFALTOS DILUÍDOS CM-70","2018-08-01","***","***","***","***","***","***"]
["ASFALTOS DILUÍDOS CM-70","2018-09-01","***","***","***","***","***","***"]
["ASFALTOS DILUÍDOS CM-70","2018-10-01","***","***","***","***","***","***"]
["ASFALTOS DILUÍDOS CM-70","2018-11-01","***","***","***","***","***","***"]
["ASFALTOS DILUÍDOS CM-70","2018-12-01","***","***","***","***","***","***"]
["ASFALTOS DILUÍDOS CM-70","2019-01-01","***","***","***","***","***","***"]
["ASFALTOS DILUÍDOS CM-70","2019-02-01","***","***","***","***","***","***"]
["ASFALTOS DILUÍDOS CM-70","2019-03-01","***","***","***","***","***","***"]
["ASFALTOS DILUÍDOS CM-70","2019-04-01","***","***","***","***","***","***"]
["ASFALTOS DILUÍDOS CM-70","2019-05-01","***","***","***","***","***","***"]
["ASFALTOS DILUÍDOS CM-70","2019-06-01","***","***","***","***","***","***"]
["ASFALTOS DILUÍDOS CM-70","2019-07-01","***","***","***","***","***","***"]
["ASFALTOS DILUÍDOS CM-70","2019-08-01","***","***","***","***","***","***"]
["ASFALTOS DILUÍDOS CM-70","2019-09-01","***","***","***","***","***","***"]
["ASFALTOS DILUÍDOS CM-70","2019-10-01","***","***","***","***","***","***"]
["ASFALTOS DILUÍDOS CM-70","2019-11-01","***","***","***","***","***","***"]
["ASFALTOS DILUÍDOS CM-70","2019-12-01","***","***","***","***","***","***"]
["ASFALTOS DILUÍDOS CM-70","2020-01-01","***","***","***","***","***","***"]
["ASFALTOS DILUÍDOS CM-70","2020-02-01","***","***","***","***","***","***"]
["ASFALTOS DILUÍDOS CM-70","2020-03-01","***","***","***","***","***","***"]
["ASFALTOS DILUÍDOS CM-70","2020-04-01","***","***","***","***","***","***"]
["ASFALTOS DILUÍDOS CM-70","2020-05-01","***","***","***","***","***","***"]
["ASFALTOS DILUÍDOS CM-70","2020-06-01","***","***","***","***","***","***"]
["ASFALTOS DILUÍDOS CM-70","2020-07-01","***","***","***","***","***","***"]
["ASFALTOS DILUÍDOS CM-70","2020-08-01","***","***","***","***","***","***"]
["ASFALTOS DILUÍDOS CM-70","2020-09-01","***","***","***","***","***","***"]
["ASFALTOS DILUÍDOS CM-70","2020-10-01","***","***","***","***","***","***"]
["ASFALTOS DILUÍDOS CM-70","2020-11-01","***","***","***","***","***","***"]
["ASFALTOS DILUÍDOS CM-70","2020-12-01","***","***","***","***","***","***"]
["ASFALTOS DILUÍDOS CM-70","2021-01-01","***","***","***","***","***","***"]
["ASFALTOS DILUÍDOS CM-70","2021-02-01","***","***","***","***","***","***"]
["ASFALTOS DILUÍDOS CM-70","2021-03-01","***","***","***","***","***","***"]
["ASFALTOS DILUÍDOS CM-70","2021-04-01","***","***","***","***","***","***"]
["ASFALTOS DILUÍDOS CM-70","2021-05-01","***","***","***","***","***","***"]
["ASFALTOS DILUÍDOS CM-70","2021-06-01","***","***","***","***","***","***"]
["ASFALTOS DILUÍDOS CM-70","2021-07-01","***","***","***","***","***","***"]
["ASFALTOS DILUÍDOS CM-70","2021-08-01","***","***","***","***","***","***"]
["ASFALTOS DILUÍDOS CM-70","2021-09-01","***","***","***","***","***","***"]
["ASFALTOS DILUÍDOS CM-70","2021-10-01","***","***","***","***","***","***"]
["ASFALTOS DILUÍDOS CM-70","2021-11-01","***","***","***","***","***","***"]
["ASFALTOS DILUÍDOS CM-70","2021-12-01","***","***","***","***","***","***"]
["ASFALTOS DILUÍDOS CM-70","2022-01-01","***","***","***","***","***","***"]
["ASFALTOS DILUÍDOS CM-70","2022-02-01","***","***","***","***","***","***"]
["ASFALTOS DILUÍDOS CM-70","2022-03-01","***","***","***","***","***","***"]
["ASFALTOS DILUÍDOS CM-70","2022-04-01","***","***","***","***","***","***"]
["ASFALTOS DILUÍDOS CM-70","2022-05-01","***","***","***","***","***","***"]
["ASFALTOS DILUÍDOS CM-70","2022-06-01","***","***","***","***","***","***"]
["ASFALTOS DILUÍDOS CM-70","2022-07-01","***","***","***","***","***","***"]
["ASFALTOS DILUÍDOS CM-70","2022-08-01","***","***","***","***","***","***"]
["ASFALTOS DILUÍDOS CM-70","2022-09-01","***","***","***","***","***","***"]
["ASFALTOS DILUÍDOS CM-70","2022-10-01","***","***","***","***","***","***"]
["ASFALTOS DILUÍDOS CM-70","2022-11-01","***","***","***","***","***","***"]
["ASFALTOS DILUÍDOS CM-70","2022-12-01","***","***","***","***","***","***"]
["ASFALTOS DILUÍDOS CM-70","2023-01-01","***","***","***","***","***","***"]
["ASFALTOS DILUÍDOS CM-70","2023-02-01","***","***","***","***","***","***"]
["ASFALTOS DILUÍDOS CM-70","2023-03-01","***","***","***","***","***","***"]
["ASFALTOS DILUÍDOS CM-70","2023-04-01","***","***","***","***","***","***"]
["ASFALTOS DILUÍDOS CM-70","2023-05-01","***","***","***","***","***","***"]
["ASFALTOS DILUÍDOS CM-70","2023-06-01","***","***","***","***","***","***"]
["ASFALTOS DILUÍDOS CM-70","2023-07-01","***","***","***","***","***","***"]
["ASFALTOS DILUÍDOS CM-70","2023-08-01","***","***","***","***","***","***"]
["ASFALTOS DILUÍDOS CM-70","2023-09-01","***","***","***","***","***","***"]
["ASFALTOS DILUÍDOS CR-250","2008-11-01",1.52933,1.38278,"***",1.64556,"***",1.52712]
["ASFALTOS DILUÍDOS CR-250","2008-12-01","***",1.3644,"***","***",1.97516,1.36806]
["ASFALTOS DILUÍDOS CR-250","2009-01-01",1.46539,1.31614,"***","***","***",1.34727]
["ASFALTOS DILUÍDOS CR-250","2009-02-01",1.46539,"***","***",1.68504,"***",1.49251]
["ASFALTOS DILUÍDOS CR-250","2009-03-01","***","***",2.08784,1.25746,1.97517,1.99386]
["ASFALTOS DILUÍDOS CR-250","2009-04-01","***",1.31658,2.10161,1.53739,1.376,2.02357]
["ASFALTOS DILUÍDOS CR-250","2009-05-01","***",1.2917,2.01124,"***",1.44496,1.96304]
["ASFALTOS DILUÍDOS CR-250","2009-06-01","***","***",2.04867,1.62178,1.77067,2.04316]
["ASFALTOS DILUÍDOS CR-250","2009-07-01","***",1.37853,2.04979,1.5477,2.223,1.98084]
["ASFALTOS DILUÍDOS CR-250","2009-08-01","***",1.26076,2.06877,1.58387,"***",1.98209]
["ASFALTOS DILUÍDOS CR-250","2009-09-01","***",1.3537,2.05406,1.5477,"***",1.99758]
["ASFALTOS DILUÍDOS CR-250","2009-10-01","***",1.34605,2.10488,"***","***",2.0575]
["ASFALTOS DILUÍDOS CR-250","2009-11-01","***",1.34677,2.04784,1.6655,"***",1.98236]
["ASFALTOS DILUÍDOS CR-250","2009-12-01",2.0884,"***","***",1.5476,"***",2.05192]
["ASFALTOS DILUÍDOS CR-250","2010-01-01",1.4896,1.35378,"***",1.5476,"***",1.41233]
["ASFALTOS DILUÍDOS CR-250","2010-02-01","***","***","***","***","***","***"]
["ASFALTOS DILUÍDOS CR-250","2010-03-01","***","***","***",1.54768,1.533,1.53618]
["ASFALTOS DILUÍDOS CR-250","2010-04-01","***",1.37868,"***",1.54768,"***",1.39734]
["ASFALTOS DILUÍDOS CR-250","2010-05-01","***",1.46934,"***",1.54768,"***",1.48714]
["ASFALTOS DILUÍDOS CR-250","2010-06-01","***",1.2052,"***","***",1.54275,1.3357]
["ASFALTOS DILUÍDOS CR-250","2010-07-01","***","***","***",1.54768,"***",1.54768]
["ASFALTOS DILUÍDOS CR-250","2010-08-01","***","***","***","***","***","***"]
["ASFALTOS DILUÍDOS CR-250","2010-09-01","***","***","***",1.54768,1.72225,1.59902]
["ASFALTOS DILUÍDOS CR-250","2010-10-01",1.6425,1.34763,"***","***","***",1.47194]
["ASFALTOS DILUÍDOS CR-250","2010-11-01",1.59692,"***","***","***","***",1.59692]
["ASFALTOS DILUÍDOS CR-250","2010-12-01",1.59692,"***","***",1.54768,"***",1.59118]
["ASFALTOS DILUÍDOS CR-250","2011-01-01",1.4896,"***","***",1.54768,"***",1.49209]
["ASFALTOS DILUÍDOS CR-250","2011-02-01",1.4896,"***","***","***","***",1.4896]
["ASFALTOS DILUÍDOS CR-250","2011-03-01","***","***","***","***","***","***"]
["ASFALTOS DILUÍDOS CR-250","2011-04-01","***","***","***",1.6362,1.4339,1.52176]
["ASFALTOS DILUÍDOS CR-250","2011-05-01","***","***","***","***","***","***"]
["ASFALTOS DILUÍDOS CR-250","2011-06-01","***","***","***",1.54767,"***",1.54767]
["ASFALTOS DILUÍDOS CR-250","2011-07-01",1.4896,"***","***","***",1.826,1.52805]
["ASFALTOS DILUÍDOS CR-250","2011-08-01","***","***","***","***","***","***"]
["ASFALTOS DILUÍDOS CR-250","2011-09-01","***","***","***","***","***","***"]
["ASFALTOS DILUÍDOS CR-250","2011-10-01","***","***","***","***","***","***"]
["ASFALTOS DILUÍDOS CR-250","2011-11-01","***","***","***","***","***","***"]
["ASFALTOS DILUÍDOS CR-250","2011-12-01","***","***","***","***","***","***"]
["ASFALTOS DILUÍDOS CR-250","2012-01-01","***","***","***","***","***","***"]
["ASFALTOS DILUÍDOS CR-250","2012-02-01",1.4896,"***","***",1.57168,"***",1.51007]
["ASFALTOS DILUÍDOS CR-250","2012-03-01","***","***","***","***","***","***"]
["ASFALTOS DILUÍDOS CR-250","2012-04-01","***","***","***","***","***","***"]
["ASFALTOS DILUÍDOS CR-250","2012-05-01","***","***","***","***",1.4344,1.4344]
["ASFALTOS DILUÍDOS CR-250","2012-06-01",1.4896,"***","***","***","***",1.4896]
["ASFALTOS DILUÍDOS CR-250","2012-07-01","***","***","***","***","***","***"]
["ASFALTOS DILUÍDOS CR-250","2012-08-01","***","***","***",1.6972,"***",1.6972]
["ASFALTOS DILUÍDOS CR-250","2012-09-01","***","***","***","***","***","***"]
["ASFALTOS DILUÍDOS CR-250","2012-10-01","***","***","***","***","***","***"]
["ASFALTOS DILUÍDOS CR-250","2012-11-01","***","***","***","***","***","***"]
["ASFALTOS DILUÍDOS CR-250","2012-12-01","***","***","***","***","***","***"]
["ASFALTOS DILUÍDOS CR-250","2013-01-01",1.95122,"***","***",1.39585,"***",1.46176]
["ASFALTOS DILUÍDOS CR-250","2013-02-01",1.95122,"***","***","***","***",1.95122]
["ASFALTOS DILUÍDOS CR-250","2013-03-01",1.95122,"***","***","***","***",1.95122]
["ASFALTOS DILUÍDOS CR-250","2013-04-01","***","***","***",1.7105,"***",1.7105]
["ASFALTOS DILUÍDOS CR-250","2013-05-01","***","***","***","***","***","***"]
["ASFALTOS DILUÍDOS CR-250","2013-06-01","***","***","***","***",1.3348,1.3348]
["ASFALTOS DILUÍDOS CR-250","2013-07-01","***","***","***","***","***","***"]
["ASFALTOS DILUÍDOS CR-250","2013-08-01","***","***","***",1.7069,"***",1.7069]
["ASFALTOS DILUÍDOS CR-250","2013-09-01","***","***","***","***","***","***"]
["ASFALTOS DILUÍDOS CR-250","2013-10-01","***","***","***",1.7071,"***",1.7071]
["ASFALTOS DILUÍDOS CR-250","2013-11-01","***","***","***","***","***","***"]
["ASFALTOS DILUÍDOS CR-250","2013-12-01","***","***","***","***","***","***"]
["ASFALTOS DILUÍDOS CR-250","2014-01-01","***","***","***",1.7055,"***",1.7055]
["ASFALTOS DILUÍDOS CR-250","2014-02-01","***","***","***","***","***","***"]
["ASFALTOS DILUÍDOS CR-250","2014-03-01","***","***","***","***","***","***"]
["ASFALTOS DILUÍDOS CR-250","2014-04-01","***","***","***","***","***","***"]
["ASFALTOS DILUÍDOS CR-250","2014-05-01","***","***","***","***",1.334,1.334]
["ASFALTOS DILUÍDOS CR-250","2014-06-01","***","***","***","***",1.7875,1.7875]
["ASFALTOS DILUÍDOS CR-250","2014-07-01","***","***","***","***","***","***"]
["ASFALTOS DILUÍDOS CR-250","2014-08-01","***","***","***",1.7022,"***",1.7022]
["ASFALTOS DILUÍDOS CR-250","2014-09-01","***","***","***",1.7039,"***",1.7039]
["ASFALTOS DILUÍDOS CR-250","2014-10-01","***","***","***",1.703,"***",1.703]
["ASFALTOS DILUÍDOS CR-250","2014-11-01","***","***","***","***","***","***"]
["ASFALTOS DILUÍDOS CR-250","2014-12-01","***","***","***","***","***","***"]
["ASFALTOS DILUÍDOS CR-250","2015-01-01","***","***","***","***","***","***"]
["ASFALTOS DILUÍDOS CR-250","2015-02-01","***","***","***","***",1.5871,1.5871]
["ASFALTOS DILUÍDOS CR-250","2015-03-01","***","***","***","***","***","***"]
["ASFALTOS DILUÍDOS CR-250","2015-04-01","***","***","***","***","***","***"]
["ASFALTOS DILUÍDOS CR-250","2015-05-01","***","***","***","***","***","***"]
["ASFALTOS DILUÍDOS CR-250","2015-06-01","***","***","***",2.3921,"***",2.3921]
["ASFALTOS DILUÍDOS CR-250","2015-07-01","***","***","***","***","***","***"]
["ASFALTOS DILUÍDOS CR-250","2015-08-01","***","***","***","***","***","***"]
["ASFALTOS DILUÍDOS CR-250","2015-09-01","***","***","***",2.3886,"***",2.3886]
["ASFALTOS DILUÍDOS CR-250","2015-10-01","***","***","***","***","***","***"]
["ASFALTOS DILUÍDOS CR-250","2015-11-01","***","***","***","***",1.2641,1.2641]
["ASFALTOS DILUÍDOS CR-250","2015-12-01","***","***","***","***","***","***"]
["ASFALTOS DILUÍDOS CR-250","2016-01-01","***","***","***","***","***","***"]
["ASFALTOS DILUÍDOS CR-250","2016-02-01","***","***","***","***","***","***"]
["ASFALTOS DILUÍDOS CR-250","2016-03-01","***","***","***","***","***","***"]
["ASFALTOS DILUÍDOS CR-250","2016-04-01","***","***","***","***","***","***"]
["ASFALTOS DILUÍDOS CR-250","2016-05-01","***","***","***","***","***","***"]
["ASFALTOS DILUÍDOS CR-250","2016-06-01","***","***","***","***","***","***"]
["ASFALTOS DILUÍDOS CR-250","2016-07-01","***","***","***","***","***","***"]
["ASFALTOS DILUÍDOS CR-250","2016-08-01","***","***","***","***","***","***"]
["ASFALTOS DILUÍDOS CR-250","2016-09-01","***","***","***","***","***","***"]
["ASFALTOS DILUÍDOS CR-250","2016-10-01","***","***","***","***","***","***"]
["ASFALTOS DILUÍDOS CR-250","2016-11-01","***","***","***","***","***","***"]
["ASFALTOS DILUÍDOS CR-250","2016-12-01","***","***","***","***","***","***"]
["ASFALTOS DILUÍDOS CR-250","2017-01-01","***","***","***","***","***","***"]
["ASFALTOS DILUÍDOS CR-250","2017-02-01","***","***","***","***","***","***"]
["ASFALTOS DILUÍDOS CR-250","2017-03-01","***","***","***","***","***","***"]
["ASFALTOS DILUÍDOS CR-250","2017-04-01","***","***","***","***","***","***"]
["ASFALTOS DILUÍDOS CR-250","2017-05-01","***","***","***","***","***","***"]
["ASFALTOS DILUÍDOS CR-250","2017-06-01","***","***","***","***","***","***"]
["ASFALTOS DILUÍDOS CR-250","2017-07-01","***","***","***","***","***","***"]
["ASFALTOS DILUÍDOS CR-250","2017-08-01","***","***","***","***","***","***"]
["ASFALTOS DILUÍDOS CR-250","2017-09-01","***","***","***","***","***","***"]
["ASFALTOS DILUÍDOS CR-250","2017-10-01","***","***","***","***","***","***"]
["ASFALTOS DILUÍDOS CR-250","2017-11-01","***","***","***","***","***","***"]
["ASFALTOS DILUÍDOS CR-250","2017-12-01","***","***","***","***","***","***"]
["ASFALTOS DILUÍDOS CR-250","2018-01-01","***","***","***","***","***","***"]
["ASFALTOS DILUÍDOS CR-250","2018-02-01","***","***","***","***","***","***"]
["ASFALTOS DILUÍDOS CR-250","2018-03-01","***","***","***","***","***","***"]
["ASFALTOS DILUÍDOS CR-250","2018-04-01","***","***","***","***","***","***"]
["ASFALTOS DILUÍDOS CR-250","2018-05-01","***","***","***","***","***","***"]
["ASFALTOS DILUÍDOS CR-250","2018-06-01","***","***","***","***","***","***"]
["ASFALTOS DILUÍDOS CR-250","2018-07-01","***","***","***","***","***","***"]
["ASFALTOS DILUÍDOS CR-250","2018-08-01","***","***","***","***","***","***"]
["ASFALTOS DILUÍDOS CR-250","2018-09-01","***","***","***","***","***","***"]
["ASFALTOS DILUÍDOS CR-250","2018-10-01","***","***","***","***","***","***"]
["ASFALTOS DILUÍDOS CR-250","2018-11-01","***","***","***","***","***","***"]
["ASFALTOS DILUÍDOS CR-250","2018-12-01","***","***","***","***","***","***"]
["ASFALTOS DILUÍDOS CR-250","2019-01-01","***","***","***","***","***","***"]
["ASFALTOS DILUÍDOS CR-250","2019-02-01","***","***","***","***","***","***"]
["ASFALTOS DILUÍDOS CR-250","2019-03-01","***","***","***","***","***","***"]
["ASFALTOS DILUÍDOS CR-250","2019-04-01","***","***","***","***","***","***"]
["ASFALTOS DILUÍDOS CR-250","2019-05-01","***","***","***","***","***","***"]
["ASFALTOS DILUÍDOS CR-250","2019-06-01","***","***","***","***","***","***"]
["ASFALTOS DILUÍDOS CR-250","2019-07-01","***","***","***","***","***","***"]
["ASFALTOS DILUÍDOS CR-250","2019-08-01","***","***","***","***","***","***"]
["ASFALTOS DILUÍDOS CR-250","2019-09-01","***","***","***","***","***","***"]
["ASFALTOS DILUÍDOS CR-250","2019-10-01","***","***","***","***","***","***"]
["ASFALTOS DILUÍDOS CR-250","2019-11-01","***","***","***","***","***","***"]
["ASFALTOS DILUÍDOS CR-250","2019-12-01","***","***","***","***","***","***"]
["ASFALTOS DILUÍDOS CR-250","2020-01-01","***","***","***","***","***","***"]
["ASFALTOS DILUÍDOS CR-250","2020-02-01","***","***","***","***","***","***"]
["ASFALTOS DILUÍDOS CR-250","2020-03-01","***","***","***","***","***","***"]
["ASFALTOS DILUÍDOS CR-250","2020-04-01","***","***","***","***","***","***"]
["ASFALTOS DILUÍDOS CR-250","2020-05-01","***","***","***","***","***","***"]
["ASFALTOS DILUÍDOS CR-250","2020-06-01","***","***","***","***","***","***"]
["ASFALTOS DILUÍDOS CR-250","2020-07-01","***","***","***","***","***","***"]
["ASFALTOS DILUÍDOS CR-250","2020-08-01","***","***","***","***","***","***"]
["ASFALTOS DILUÍDOS CR-250","2020-09-01","***","***","***","***","***","***"]
["ASFALTOS DILUÍDOS CR-250","2020-10-01","***","***","***","***","***","***"]
["ASFALTOS DILUÍDOS CR-250","2020-11-01","***","***","***","***","***","***"]
["ASFALTOS DILUÍDOS CR-250","2020-12-01","***","***","***","***","***","***"]
["ASFALTOS DILUÍDOS CR-250","2021-01-01","***","***","***","***","***","***"]
["ASFALTOS DILUÍDOS CR-250","2021-02-01","***","***","***","***","***","***"]
["ASFALTOS DILUÍDOS CR-250","2021-03-01","***","***","***","***","***","***"]
["ASFALTOS DILUÍDOS CR-250","2021-04-01","***","***","***","***","***","***"]
["ASFALTOS DILUÍDOS CR-250","2021-05-01","***","***","***","***","***","***"]
["ASFALTOS DILUÍDOS CR-250","2021-06-01","***","***","***","***","***","***"]
["ASFALTOS DILUÍDOS CR-250","2021-07-01","***","***","***","***","***","***"]
["ASFALTOS DILUÍDOS CR-250","2021-08-01","***","***","***","***","***","***"]
["ASFALTOS DILUÍDOS CR-250","2021-09-01","***","***","***","***","***","***"]
["ASFALTOS DILUÍDOS CR-250","2021-10-01","***","***","***","***","***","***"]
["ASFALTOS DILUÍDOS CR-250","2021-11-01","***","***","***","***","***","***"]
["ASFALTOS DILUÍDOS CR-250","2021-12-01","***","***","***","***","***","***"]
["ASFALTOS DILUÍDOS CR-250","2022-01-01","***","***","***","***","***","***"]
["ASFALTOS DILUÍDOS CR-250","2022-02-01","***","***","***","***","***","***"]
["ASFALTOS DILUÍDOS CR-250","2022-03-01","***","***","***","***","***","***"]
["ASFALTOS DILUÍDOS CR-250","2022-04-01","***","***","***","***","***","***"]
["ASFALTOS DILUÍDOS CR-250","2022-05-01","***","***","***","***","***","***"]
["ASFALTOS DILUÍDOS CR-250","2022-06-01","***","***","***","***","***","***"]
["ASFALTOS DILUÍDOS CR-250","2022-07-01","***","***","***","***","***","***"]
["ASFALTOS DILUÍDOS CR-250","2022-08-01","***","***","***","***","***","***"]
["ASFALTOS DILUÍDOS CR-250","2022-09-01","***","***","***","***","***","***"]
["ASFALTOS DILUÍDOS CR-250","2022-10-01","***","***","***","***","***","***"]
["ASFALTOS DILUÍDOS CR-250","2022-11-01","***","***","***","***","***","***"]
["ASFALTOS DILUÍDOS CR-250","2022-12-01","***","***","***","***","***","***"]
["ASFALTOS DILUÍDOS CR-250","2023-01-01","***","***","***","***","***","***"]
["ASFALTOS DILUÍDOS CR-250","2023-02-01","***","***","***","***","***","***"]
["ASFALTOS DILUÍDOS CR-250","2023-03-01","***","***","***","***","***","***"]
["ASFALTOS DILUÍDOS CR-250","2023-04-01","***","***","***","***","***","***"]
["ASFALTOS DILUÍDOS CR-250","2023-05-01","***","***","***","***","***","***"]
["ASFALTOS DILUÍDOS CR-250","2023-06-01","***","***","***","***","***","***"]
["ASFALTOS DILUÍDOS CR-250","2023-07-01","***","***","***","***","***","***"]
["ASFALTOS DILUÍDOS CR-250","2023-08-01","***","***","***","***","***","***"]
["ASFALTOS DILUÍDOS CR-250","2023-09-01","***","***","***","***","***","***"]
["ASFALTOS DILUÍDOS CR-70","2008-11-01","***","***","***","***","***","***"]
["ASFALTOS DILUÍDOS CR-70","2008-12-01","***","***","***",1.92362,"***",1.92362]
["ASFALTOS DILUÍDOS CR-70","2009-01-01","***","***","***","***","***","***"]
["ASFALTOS DILUÍDOS CR-70","2009-02-01","***","***","***","***","***","***"]
["ASFALTOS DILUÍDOS CR-70","2009-03-01","***","***","***","***","***","***"]
["ASFALTOS DILUÍDOS CR-70","2009-04-01","***","***","***","***","***","***"]
["ASFALTOS DILUÍDOS CR-70","2009-05-01","***","***","***","***","***","***"]
["ASFALTOS DILUÍDOS CR-70","2009-06-01","***","***","***","***","***","***"]
["ASFALTOS DILUÍDOS CR-70","2009-07-01","***","***","***","***","***","***"]
["ASFALTOS DILUÍDOS CR-70","2009-08-01","***","***","***","***","***","***"]
["ASFALTOS DILUÍDOS CR-70","2009-09-01","***","***","***","***","***","***"]
["ASFALTOS DILUÍDOS CR-70","2009-10-01","***","***","***","***","***","***"]
["ASFALTOS DILUÍDOS CR-70","2009-11-01","***","***","***","***","***","***"]
["ASFALTOS DILUÍDOS CR-70","2009-12-01","***","***","***","***","***","***"]
["ASFALTOS DILUÍDOS CR-70","2010-01-01","***","***","***","***","***","***"]
["ASFALTOS DILUÍDOS CR-70","2010-02-01","***","***","***","***","***","***"]
["ASFALTOS DILUÍDOS CR-70","2010-03-01","***","***","***","***","***","***"]
["ASFALTOS DILUÍDOS CR-70","2010-04-01","***","***","***","***","***","***"]
["ASFALTOS DILUÍDOS CR-70","2010-05-01","***","***","***","***","***","***"]
["ASFALTOS DILUÍDOS CR-70","2010-06-01","***","***","***","***","***","***"]
["ASFALTOS DILUÍDOS CR-70","2010-07-01","***","***","***","***","***","***"]
["ASFALTOS DILUÍDOS CR-70","2010-08-01","***","***","***","***","***","***"]
["ASFALTOS DILUÍDOS CR-70","2010-09-01","***","***","***","***","***","***"]
["ASFALTOS DILUÍDOS CR-70","2010-10-01","***","***","***","***","***","***"]
["ASFALTOS DILUÍDOS CR-70","2010-11-01","***","***","***","***","***","***"]
["ASFALTOS DILUÍDOS CR-70","2010-12-01","***","***","***","***","***","***"]
["ASFALTOS DILUÍDOS CR-70","2011-01-01","***","***","***","***","***","***"]
["ASFALTOS DILUÍDOS CR-70","2011-02-01","***","***","***","***","***","***"]
["ASFALTOS DILUÍDOS CR-70","2011-03-01","***","***","***","***","***","***"]
["ASFALTOS DILUÍDOS CR-70","2011-04-01","***","***","***","***","***","***"]
["ASFALTOS DILUÍDOS CR-70","2011-05-01","***","***","***","***","***","***"]
["ASFALTOS DILUÍDOS CR-70","2011-06-01","***","***","***","***","***","***"]
["ASFALTOS DILUÍDOS CR-70","2011-07-01","***","***","***","***","***","***"]
["ASFALTOS DILUÍDOS CR-70","2011-08-01","***","***","***","***","***","***"]
["ASFALTOS DILUÍDOS CR-70","2011-09-01","***","***","***","***","***","***"]
["ASFALTOS DILUÍDOS CR-70","2011-10-01","***","***","***","***","***","***"]
["ASFALTOS DILUÍDOS CR-70","2011-11-01","***","***","***","***","***","***"]
["ASFALTOS DILUÍDOS CR-70","2011-12-01","***","***","***","***","***","***"]
["ASFALTOS DILUÍDOS CR-70","2012-01-01","***","***","***","***","***","***"]
["ASFALTOS DILUÍDOS CR-70","2012-02-01","***","***","***","***","***","***"]
["ASFALTOS DILUÍDOS CR-70","2012-03-01","***","***","***","***","***","***"]
["ASFALTOS DILUÍDOS CR-70","2012-04-01","***","***","***","***","***","***"]
["ASFALTOS DILUÍDOS CR-70","2012-05-01","***","***","***","***","***","***"]
["ASFALTOS DILUÍDOS CR-70","2012-06-01","***","***","***","***","***","***"]
["ASFALTOS DILUÍDOS CR-70","2012-07-01","***","***","***","***","***","***"]
["ASFALTOS DILUÍDOS CR-70","2012-08-01","***","***","***","***","***","***"]
["ASFALTOS DILUÍDOS CR-70","2012-09-01","***","***","***","***","***","***"]
["ASFALTOS DILUÍDOS CR-70","2012-10-01","***","***","***","***","***","***"]
["ASFALTOS DILUÍDOS CR-70","2012-11-01","***","***","***","***","***","***"]
["ASFALTOS DILUÍDOS CR-70","2012-12-01","***","***","***","***","***","***"]
["ASFALTOS DILUÍDOS CR-70","2013-01-01","***","***","***","***","***","***"]
["ASFALTOS DILUÍDOS CR-70","2013-02-01","***","***","***","***","***","***"]
["ASFALTOS DILUÍDOS CR-70","2013-03-01","***","***","***","***","***","***"]
["ASFALTOS DILUÍDOS CR-70","2013-04-01","***","***","***","***","***","***"]
["ASFALTOS DILUÍDOS CR-70","2013-05-01","***","***","***","***","***","***"]
["ASFALTOS DILUÍDOS CR-70","2013-06-01","***","***","***","***","***","***"]
["ASFALTOS DILUÍDOS CR-70","2013-07-01","***","***","***","***","***","***"]
["ASFALTOS DILUÍDOS CR-70","2013-08-01","***","***","***","***","***","***"]
["ASFALTOS DILUÍDOS CR-70","2013-09-01","***","***","***","***","***","***"]
["ASFALTOS DILUÍDOS CR-70","2013-10-01","***","***","***","***","***","***"]
["ASFALTOS DILUÍDOS CR-70","2013-11-01","***","***","***","***","***","***"]
["ASFALTOS DILUÍDOS CR-70","2013-12-01","***","***","***","***","***","***"]
["ASFALTOS DILUÍDOS CR-70","2014-01-01","***","***","***","***","***","***"]
["ASFALTOS DILUÍDOS CR-70","2014-02-01","***","***","***","***","***","***"]
["ASFALTOS DILUÍDOS CR-70","2014-03-01","***","***","***","***","***","***"]
["ASFALTOS DILUÍDOS CR-70","2014-04-01","***","***","***","***","***","***"]
["ASFALTOS DILUÍDOS CR-70","2014-05-01","***","***","***","***","***","***"]
["ASFALTOS DILUÍDOS CR-70","2014-06-01","***","***","***","***","***","***"]
["ASFALTOS DILUÍDOS CR-70","2014-07-01","***","***","***","***","***","***"]
["ASFALTOS DILUÍDOS CR-70","2014-08-01","***","***","***","***","***","***"]
["ASFALTOS DILUÍDOS CR-70","2014-09-01","***","***","***","***","***","***"]
["ASFALTOS DILUÍDOS CR-70","2014-10-01","***","***","***","***","***","***"]
["ASFALTOS DILUÍDOS CR-70","2014-11-01","***","***","***","***","***","***"]
["ASFALTOS DILUÍDOS CR-70","2014-12-01","***","***","***","***","***","***"]
["ASFALTOS DILUÍDOS CR-70","2015-01-01","***","***","***","***","***","***"]
["ASFALTOS DILUÍDOS CR-70","2015-02-01","***","***","***","***","***","***"]
["ASFALTOS DILUÍDOS CR-70","2015-03-01","***","***","***","***","***","***"]
["ASFALTOS DILUÍDOS CR-70","2015-04-01","***","***","***","***","***","***"]
["ASFALTOS DILUÍDOS CR-70","2015-05-01","***","***","***","***","***","***"]
["ASFALTOS DILUÍDOS CR-70","2015-06-01","***","***","***","***","***","***"]
["ASFALTOS DILUÍDOS CR-70","2015-07-01","***","***","***","***","***","***"]
["ASFALTOS DILUÍDOS CR-70","2015-08-01","***","***","***","***","***","***"]
["ASFALTOS DILUÍDOS CR-70","2015-09-01","***","***","***","***","***","***"]
["ASFALTOS DILUÍDOS CR-70","2015-10-01","***","***","***","***","***","***"]
["ASFALTOS DILUÍDOS CR-70","2015-11-01","***","***","***","***","***","***"]
["ASFALTOS DILUÍDOS CR-70","2015-12-01","***","***","***","***","***","***"]
["ASFALTOS DILUÍDOS CR-70","2016-01-01","***","***","***","***","***","***"]
["ASFALTOS DILUÍDOS CR-70","2016-02-01","***","***","***","***","***","***"]
["ASFALTOS DILUÍDOS CR-70","2016-03-01","***","***","***","***","***","***"]
["ASFALTOS DILUÍDOS CR-70","2016-04-01","***","***","***","***","***","***"]
["ASFALTOS DILUÍDOS CR-70","2016-05-01","***","***","***","***","***","***"]
["ASFALTOS DILUÍDOS CR-70","2016-06-01","***","***","***","***","***","***"]
["ASFALTOS DILUÍDOS CR-70","2016-07-01","***","***","***","***","***","***"]
["ASFALTOS DILUÍDOS CR-70","2016-08-01","***","***","***","***","***","***"]
["ASFALTOS DILUÍDOS CR-70","2016-09-01","***","***","***","***","***","***"]
["ASFALTOS DILUÍDOS CR-70","2016-10-01","***","***","***","***","***","***"]
["ASFALTOS DILUÍDOS CR-70","2016-11-01","***","***","***","***","***","***"]
["ASFALTOS DILUÍDOS CR-70","2016-12-01","***","***","***","***","***","***"]
["ASFALTOS DILUÍDOS CR-70","2017-01-01","***","***","***","***","***","***"]
["ASFALTOS DILUÍDOS CR-70","2017-02-01","***","***","***","***","***","***"]
["ASFALTOS DILUÍDOS CR-70","2017-03-01","***","***","***","***","***","***"]
["ASFALTOS DILUÍDOS CR-70","2017-04-01","***","***","***","***","***","***"]
["ASFALTOS DILUÍDOS CR-70","2017-05-01","***","***","***","***","***","***"]
["ASFALTOS DILUÍDOS CR-70","2017-06-01","***","***","***","***","***","***"]
["ASFALTOS DILUÍDOS CR-70","2017-07-01","***","***","***","***","***","***"]
["ASFALTOS DILUÍDOS CR-70","2017-08-01","***","***","***","***","***","***"]
["ASFALTOS DILUÍDOS CR-70","2017-09-01","***","***","***","***","***","***"]
["ASFALTOS DILUÍDOS CR-70","2017-10-01","***","***","***","***","***","***"]
["ASFALTOS DILUÍDOS CR-70","2017-11-01","***","***","***","***","***","***"]
["ASFALTOS DILUÍDOS CR-70","2017-12-01","***","***","***","***","***","***"]
["ASFALTOS DILUÍDOS CR-70","2018-01-01","***","***","***","***","***","***"]
["ASFALTOS DILUÍDOS CR-70","2018-02-01","***","***","***","***","***","***"]
["ASFALTOS DILUÍDOS CR-70","2018-03-01","***","***","***","***","***","***"]
["ASFALTOS DILUÍDOS CR-70","2018-04-01","***","***","***","***","***","***"]
["ASFALTOS DILUÍDOS CR-70","2018-05-01","***","***","***","***","***","***"]
["ASFALTOS DILUÍDOS CR-70","2018-06-01","***","***","***","***","***","***"]
["ASFALTOS DILUÍDOS CR-70","2018-07-01","***","***","***","***","***","***"]
["ASFALTOS DILUÍDOS CR-70","2018-08-01","***","***","***","***","***","***"]
["ASFALTOS DILUÍDOS CR-70","2018-09-01","***","***","***","***","***","***"]
["ASFALTOS DILUÍDOS CR-70","2018-10-01","***","***","***","***","***","***"]
["ASFALTOS DILUÍDOS CR-70","2018-11-01","***","***","***","***","***","***"]
["ASFALTOS DILUÍDOS CR-70","2018-12-01","***","***","***","***","***","***"]
["ASFALTOS DILUÍDOS CR-70","2019-01-01","***","***","***","***","***","***"]
["ASFALTOS DILUÍDOS CR-70","2019-02-01","***","***","***","***","***","***"]
["ASFALTOS DILUÍDOS CR-70","2019-03-01","***","***","***","***","***","***"]
["ASFALTOS DILUÍDOS CR-70","2019-04-01","***","***","***","***","***","***"]
["ASFALTOS DILUÍDOS CR-70","2019-05-01","***","***","***","***","***","***"]
["ASFALTOS DILUÍDOS CR-70","2019-06-01","***","***","***","***","***","***"]
["ASFALTOS DILUÍDOS CR-70","2019-07-01","***","***","***","***","***","***"]
["ASFALTOS DILUÍDOS CR-70","2019-08-01","***","***","***","***","***","***"]
["ASFALTOS DILUÍDOS CR-70","2019-09-01","***","***","***","***","***","***"]
["ASFALTOS DILUÍDOS CR-70","2019-10-01","***","***","***","***","***","***"]
["ASFALTOS DILUÍDOS CR-70","2019-11-01","***","***","***","***","***","***"]
["ASFALTOS DILUÍDOS CR-70","2019-12-01","***","***","***","***","***","***"]
["ASFALTOS DILUÍDOS CR-70","2020-01-01","***","***","***","***","***","***"]
["ASFALTOS DILUÍDOS CR-70","2020-02-01","***","***","***","***","***","***"]
["ASFALTOS DILUÍDOS CR-70","2020-03-01","***","***","***","***","***","***"]
["ASFALTOS DILUÍDOS CR-70","2020-04-01","***","***","***","***","***","***"]
["ASFALTOS DILUÍDOS CR-70","2020-05-01","***","***","***","***","***","***"]
["ASFALTOS DILUÍDOS CR-70","2020-06-01","***","***","***","***","***","***"]
["ASFALTOS DILUÍDOS CR-70","2020-07-01","***","***","***","***","***","***"]
["ASFALTOS DILUÍDOS CR-70","2020-08-01","***","***","***","***","***","***"]
["ASFALTOS DILUÍDOS CR-70","2020-09-01","***","***","***","***","***","***"]
["ASFALTOS DILUÍDOS CR-70","2020-10-01","***","***","***","***","***","***"]
["ASFALTOS DILUÍDOS CR-70","2020-11-01","***","***","***","***","***","***"]
["ASFALTOS DILUÍDOS CR-70","2020-12-01","***","***","***","***","***","***"]
["ASFALTOS DILUÍDOS CR-70","2021-01-01","***","***","***","***","***","***"]
["ASFALTOS DILUÍDOS CR-70","2021-02-01","***","***","***","***","***","***"]
["ASFALTOS DILUÍDOS CR-70","2021-03-01","***","***","***","***","***","***"]
["ASFALTOS DILUÍDOS CR-70","2021-04-01","***","***","***","***","***","***"]
["ASFALTOS DILUÍDOS CR-70","2021-05-01","***","***","***","***","***","***"]
["ASFALTOS DILUÍDOS CR-70","2021-06-01","***","***","***","***","***","***"]
["ASFALTOS DILUÍDOS CR-70","2021-07-01","***","***","***","***","***","***"]
["ASFALTOS DILUÍDOS CR-70","2021-08-01","***","***","***","***","***","***"]
["ASFALTOS DILUÍDOS CR-70","2021-09-01","***","***","***","***","***","***"]
["ASFALTOS DILUÍDOS CR-70","2021-10-01","***","***","***","***","***","***"]
["ASFALTOS DILUÍDOS CR-70","2021-11-01","***","***","***","***","***","***"]
["ASFALTOS DILUÍDOS CR-70","2021-12-01","***","***","***","***","***","***"]
["ASFALTOS DILUÍDOS CR-70","2022-01-01","***","***","***","***","***","***"]
["ASFALTOS DILUÍDOS CR-70","2022-02-01","***","***","***","***","***","***"]
["ASFALTOS DILUÍDOS CR-70","2022-03-01","***","***","***","***","***","***"]
["ASFALTOS DILUÍDOS CR-70","2022-04-01","***","***","***","***","***","***"]
["ASFALTOS DILUÍDOS CR-70","2022-05-01","***","***","***","***","***","***"]
["ASFALTOS DILUÍDOS CR-70","2022-06-01","***","***","***","***","***","***"]
["ASFALTOS DILUÍDOS CR-70","2022-07-01","***","***","***","***","***","***"]
["ASFALTOS DILUÍDOS CR-70","2022-08-01","***","***","***","***","***","***"]
["ASFALTOS DILUÍDOS CR-70","2022-09-01","***","***","***","***","***","***"]
["ASFALTOS DILUÍDOS CR-70","2022-10-01","***","***","***","***","***","***"]
["ASFALTOS DILUÍDOS CR-70","2022-11-01","***","***","***","***","***","***"]
["ASFALTOS DILUÍDOS CR-70","2022-12-01","***","***","***","***","***","***"]
["ASFALTOS DILUÍDOS CR-70","2023-01-01","***","***","***","***","***","***"]
["ASFALTOS DILUÍDOS CR-70","2023-02-01","***","***","***","***","***","***"]
["ASFALTOS DILUÍDOS CR-70","2023-03-01","***","***","***","***","***","***"]
["ASFALTOS DILUÍDOS CR-70","2023-04-01","***","***","***","***","***","***"]
["ASFALTOS DILUÍDOS CR-70","2023-05-01","***","***","***","***","***","***"]
["ASFALTOS DILUÍDOS CR-70","2023-06-01","***","***","***","***","***","***"]
["ASFALTOS DILUÍDOS CR-70","2023-07-01","***","***","***","***","***","***"]
["ASFALTOS DILUÍDOS CR-70","2023-08-01","***","***","***","***","***","***"]
["ASFALTOS DILUÍDOS CR-70","2023-09-01","***","***","***","***","***","***"]
["CAP MODIFICADO POR BORRACHA DE PNEU AB22","2009-12-01","***","***","***",1.12347,1.14842,1.14353]
["CAP MODIFICADO POR BORRACHA DE PNEU AB22","2010-01-01","***","***","***",1.15307,1.11356,1.11727]
["CAP MODIFICADO POR BORRACHA DE PNEU AB22","2010-02-01","***","***","***",1.15263,1.04785,1.05584]
["CAP MODIFICADO POR BORRACHA DE PNEU AB22","2010-03-01","***","***","***",1.15307,1.31,1.23788]
["CAP MODIFICADO POR BORRACHA DE PNEU AB22","2010-04-01","***","***","***",1.15307,1.23837,1.2235]
["CAP MODIFICADO POR BORRACHA DE PNEU AB22","2010-05-01","***","***","***",1.15307,1.33599,1.27649]
["CAP MODIFICADO POR BORRACHA DE PNEU AB22","2010-06-01","***","***","***",1.15307,1.23805,1.23292]
["CAP MODIFICADO POR BORRACHA DE PNEU AB22","2010-07-01","***","***","***",1.22255,1.19692,1.19872]
["CAP MODIFICADO POR BORRACHA DE PNEU AB22","2010-08-01","***","***","***",1.15198,1.10952,1.11016]
["CAP MODIFICADO POR BORRACHA DE PNEU AB22","2010-09-01","***","***","***",1.14992,1.10836,1.11018]
["CAP MODIFICADO POR BORRACHA DE PNEU AB22","2010-10-01","***","***","***",1.1834,1.11934,1.12605]
["CAP MODIFICADO POR BORRACHA DE PNEU AB22","2010-11-01","***","***","***",1.22886,1.06414,1.08885]
["CAP MODIFICADO POR BORRACHA DE PNEU AB22","2010-12-01","***","***","***",1.24628,1.07198,1.07893]
["CAP MODIFICADO POR BORRACHA DE PNEU AB22","2011-01-01","***","***","***",1.24628,0.9869,1.035]
["CAP MODIFICADO POR BORRACHA DE PNEU AB22","2011-02-01","***","***","***",1.22263,1.09275,1.11806]
["CAP MODIFICADO POR BORRACHA DE PNEU AB22","2011-03-01","***","***","***",1.23556,1.09456,1.14617]
["CAP MODIFICADO POR BORRACHA DE PNEU AB22","2011-04-01","***","***","***",1.10592,1.08143,1.09981]
["CAP MODIFICADO POR BORRACHA DE PNEU AB22","2011-05-01","***","***","***",1.12768,1.17281,1.13455]
["CAP MODIFICADO POR BORRACHA DE PNEU AB22","2011-06-01","***","***","***",1.10882,1.04174,1.09883]
["CAP MODIFICADO POR BORRACHA DE PNEU AB22","2011-07-01","***","***","***",1.16905,1.19844,1.17702]
["CAP MODIFICADO POR BORRACHA DE PNEU AB22","2011-08-01","***","***","***",1.17399,1.19788,1.17702]
["CAP MODIFICADO POR BORRACHA DE PNEU AB22","2011-09-01","***","***","***",1.21206,1.19755,1.20946]
["CAP MODIFICADO POR BORRACHA DE PNEU AB22","2011-10-01","***","***","***",1.28062,1.05205,1.19023]
["CAP MODIFICADO POR BORRACHA DE PNEU AB22","2011-11-01","***","***","***",1.23827,1.05597,1.16512]
["CAP MODIFICADO POR BORRACHA DE PNEU AB22","2011-12-01","***","***","***",1.2793,1.13102,1.23204]
["CAP MODIFICADO POR BORRACHA DE PNEU AB22","2012-01-01","***","***","***",1.2823,1.17347,1.2535]
["CAP MODIFICADO POR BORRACHA DE PNEU AB22","2012-02-01","***","***","***",1.2966,1.07841,1.2235]
["CAP MODIFICADO POR BORRACHA DE PNEU AB22","2012-03-01","***","***","***",1.29782,1.1458,1.23043]
["CAP MODIFICADO POR BORRACHA DE PNEU AB22","2012-04-01","***","***","***",1.29489,1.04997,1.15353]
["CAP MODIFICADO POR BORRACHA DE PNEU AB22","2012-05-01","***","***","***",1.33,1.14881,1.16607]
["CAP MODIFICADO POR BORRACHA DE PNEU AB22","2012-06-01","***","***","***","***",1.10931,1.10931]
["CAP MODIFICADO POR BORRACHA DE PNEU AB22","2012-07-01","***","***","***","***",1.16359,1.16359]
["CAP MODIFICADO POR BORRACHA DE PNEU AB22","2012-08-01","***","***","***",1.06374,1.14141,1.13631]
["CAP MODIFICADO POR BORRACHA DE PNEU AB22","2012-09-01","***","***","***",1.06374,1.27978,1.20692]
["CAP MODIFICADO POR BORRACHA DE PNEU AB22","2012-10-01","***","***","***",1.06867,1.23791,1.21589]
["CAP MODIFICADO POR BORRACHA DE PNEU AB22","2012-11-01","***","***","***","***",1.26175,1.26175]
["CAP MODIFICADO POR BORRACHA DE PNEU AB22","2012-12-01","***","***","***","***",1.31181,1.31181]
["CAP MODIFICADO POR BORRACHA DE PNEU AB22","2013-01-01","***","***","***","***",1.2906,1.2906]
["CAP MODIFICADO POR BORRACHA DE PNEU AB22","2013-02-01","***","***","***","***",1.1557,1.1557]
["CAP MODIFICADO POR BORRACHA DE PNEU AB22","2013-03-01","***","***","***","***",1.3072,1.3072]
["CAP MODIFICADO POR BORRACHA DE PNEU AB22","2013-04-01","***","***","***","***",1.19643,1.19643]
["CAP MODIFICADO POR BORRACHA DE PNEU AB22","2013-05-01","***","***","***","***",1.26855,1.26855]
["CAP MODIFICADO POR BORRACHA DE PNEU AB22","2013-06-01","***","***","***","***",1.15636,1.15636]
["CAP MODIFICADO POR BORRACHA DE PNEU AB22","2013-07-01","***","***","***","***",1.28726,1.28726]
["CAP MODIFICADO POR BORRACHA DE PNEU AB22","2013-08-01","***","***","***","***",1.32931,1.32931]
["CAP MODIFICADO POR BORRACHA DE PNEU AB22","2013-09-01","***","***","***","***","***","***"]
["CAP MODIFICADO POR BORRACHA DE PNEU AB22","2013-10-01","***","***","***","***","***","***"]
["CAP MODIFICADO POR BORRACHA DE PNEU AB22","2013-11-01","***","***","***",1.2402,"***",1.2402]
["CAP MODIFICADO POR BORRACHA DE PNEU AB22","2013-12-01","***","***","***",1.2402,"***",1.2402]
["CAP MODIFICADO POR BORRACHA DE PNEU AB22","2014-01-01","***","***","***",1.2376,"***",1.2376]
["CAP MODIFICADO POR BORRACHA DE PNEU AB22","2014-02-01","***","***","***",1.2376,"***",1.2376]
["CAP MODIFICADO POR BORRACHA DE PNEU AB22","2014-03-01","***","***","***",1.258,1.5686,1.28525]
["CAP MODIFICADO POR BORRACHA DE PNEU AB22","2014-04-01","***","***","***",1.2567,"***",1.2567]
["CAP MODIFICADO POR BORRACHA DE PNEU AB22","2014-05-01","***","***","***",1.26485,"***",1.26485]
["CAP MODIFICADO POR BORRACHA DE PNEU AB22","2014-06-01","***","***","***",1.26966,"***",1.26966]
["CAP MODIFICADO POR BORRACHA DE PNEU AB22","2014-07-01","***","***","***",1.2954,"***",1.2954]
["CAP MODIFICADO POR BORRACHA DE PNEU AB22","2014-08-01","***","***","***",1.31185,"***",1.31185]
["CAP MODIFICADO POR BORRACHA DE PNEU AB22","2014-09-01","***","***","***","***","***","***"]
["CAP MODIFICADO POR BORRACHA DE PNEU AB22","2014-10-01","***","***","***","***",1.24964,1.24964]
["CAP MODIFICADO POR BORRACHA DE PNEU AB22","2014-11-01","***","***","***","***","***","***"]
["CAP MODIFICADO POR BORRACHA DE PNEU AB22","2014-12-01","***","***","***","***","***","***"]
["CAP MODIFICADO POR BORRACHA DE PNEU AB22","2015-01-01","***","***","***","***","***","***"]
["CAP MODIFICADO POR BORRACHA DE PNEU AB22","2015-02-01","***","***","***","***","***","***"]
["CAP MODIFICADO POR BORRACHA DE PNEU AB22","2015-03-01","***","***","***","***","***","***"]
["CAP MODIFICADO POR BORRACHA DE PNEU AB22","2015-04-01","***","***","***","***","***","***"]
["CAP MODIFICADO POR BORRACHA DE PNEU AB22","2015-05-01","***","***","***","***","***","***"]
["CAP MODIFICADO POR BORRACHA DE PNEU AB22","2015-06-01","***","***","***","***","***","***"]
["CAP MODIFICADO POR BORRACHA DE PNEU AB22","2015-07-01","***","***","***","***","***","***"]
["CAP MODIFICADO POR BORRACHA DE PNEU AB22","2015-08-01","***","***","***",1.2886,1.575,1.43169]
["CAP MODIFICADO POR BORRACHA DE PNEU AB22","2015-09-01","***","***","***",1.3494,1.63025,1.46059]
["CAP MODIFICADO POR BORRACHA DE PNEU AB22","2015-10-01","***","***","***",1.38312,1.67199,1.46172]
["CAP MODIFICADO POR BORRACHA DE PNEU AB22","2015-11-01","***","***","***",1.47755,"***",1.47755]
["CAP MODIFICADO POR BORRACHA DE PNEU AB22","2015-12-01","***","***","***","***","***","***"]
["CAP MODIFICADO POR BORRACHA DE PNEU AB22","2016-01-01","***","***","***","***","***","***"]
["CAP MODIFICADO POR BORRACHA DE PNEU AB22","2016-02-01","***","***","***","***","***","***"]
["CAP MODIFICADO POR BORRACHA DE PNEU AB22","2016-03-01","***","***","***","***",1.6474,1.6474]
["CAP MODIFICADO POR BORRACHA DE PNEU AB22","2016-04-01","***","***","***","***",1.9315,1.9315]
["CAP MODIFICADO POR BORRACHA DE PNEU AB22","2016-05-01","***","***","***","***",1.9306,1.9306]
["CAP MODIFICADO POR BORRACHA DE PNEU AB22","2016-06-01","***","***","***","***",1.9298,1.9298]
["CAP MODIFICADO POR BORRACHA DE PNEU AB22","2016-07-01","***","***","***","***",1.9291,1.9291]
["CAP MODIFICADO POR BORRACHA DE PNEU AB22","2016-08-01","***","***","***","***",1.75627,1.75627]
["CAP MODIFICADO POR BORRACHA DE PNEU AB22","2016-09-01","***","***",1.9316,1.70238,1.63228,1.68372]
["CAP MODIFICADO POR BORRACHA DE PNEU AB22","2016-10-01","***","***",1.9358,1.70302,1.6143,1.72007]
["CAP MODIFICADO POR BORRACHA DE PNEU AB22","2016-11-01","***","***",1.9358,"***",1.62578,1.68766]
["CAP MODIFICADO POR BORRACHA DE PNEU AB22","2016-12-01","***","***","***","***",1.68726,1.68726]
["CAP MODIFICADO POR BORRACHA DE PNEU AB22","2017-01-01","***","***","***","***",1.67341,1.67341]
["CAP MODIFICADO POR BORRACHA DE PNEU AB22","2017-02-01","***","***","***","***",1.64194,1.64194]
["CAP MODIFICADO POR BORRACHA DE PNEU AB22","2017-03-01","***","***","***","***",1.63011,1.63011]
["CAP MODIFICADO POR BORRACHA DE PNEU AB22","2017-04-01","***","***","***","***","***","***"]
["CAP MODIFICADO POR BORRACHA DE PNEU AB22","2017-05-01","***","***","***",1.7444,1.61608,1.65072]
["CAP MODIFICADO POR BORRACHA DE PNEU AB22","2017-06-01","***","***","***",1.73418,1.61373,1.67266]
["CAP MODIFICADO POR BORRACHA DE PNEU AB22","2017-07-01","***","***","***","***",1.52187,1.52187]
["CAP MODIFICADO POR BORRACHA DE PNEU AB22","2017-08-01","***","***","***","***",1.51543,1.51543]
["CAP MODIFICADO POR BORRACHA DE PNEU AB22","2017-09-01","***","***","***","***",1.43008,1.43008]
["CAP MODIFICADO POR BORRACHA DE PNEU AB22","2017-10-01","***","***","***","***",1.65001,1.65001]
["CAP MODIFICADO POR BORRACHA DE PNEU AB22","2017-11-01","***","***","***","***",1.60113,1.60113]
["CAP MODIFICADO POR BORRACHA DE PNEU AB22","2017-12-01","***","***","***",1.67927,1.58672,1.59023]
["CAP MODIFICADO POR BORRACHA DE PNEU AB22","2018-01-01","***","***","***","***",1.90395,1.90395]
["CAP MODIFICADO POR BORRACHA DE PNEU AB22","2018-02-01","***","***","***","***",1.79222,1.79222]
["CAP MODIFICADO POR BORRACHA DE PNEU AB22","2018-03-01","***","***",2.0982,"***",2.02367,2.03428]
["CAP MODIFICADO POR BORRACHA DE PNEU AB22","2018-04-01","***","***",2.1002,"***",2.06749,2.07406]
["CAP MODIFICADO POR BORRACHA DE PNEU AB22","2018-05-01","***","***","***",1.8197,2.18753,2.16138]
["CAP MODIFICADO POR BORRACHA DE PNEU AB22","2018-06-01","***","***","***",1.9635,2.21243,2.12023]
["CAP MODIFICADO POR BORRACHA DE PNEU AB22","2018-07-01","***","***","***",2.1217,2.27665,2.24296]
["CAP MODIFICADO POR BORRACHA DE PNEU AB22","2018-08-01","***","***","***",2.29724,2.39635,2.37202]
["CAP MODIFICADO POR BORRACHA DE PNEU AB22","2018-09-01","***","***","***",2.2942,2.26474,2.27077]
["CAP MODIFICADO POR BORRACHA DE PNEU AB22","2018-10-01","***","***","***",2.29883,2.33568,2.32478]
["CAP MODIFICADO POR BORRACHA DE PNEU AB22","2018-11-01","***","***","***","***",2.42983,2.42983]
["CAP MODIFICADO POR BORRACHA DE PNEU AB22","2018-12-01","***","***","***","***",2.71396,2.71396]
["CAP MODIFICADO POR BORRACHA DE PNEU AB22","2019-01-01","***","***","***","***",2.5396,2.5396]
["CAP MODIFICADO POR BORRACHA DE PNEU AB22","2019-02-01","***","***","***","***",2.88936,2.88936]
["CAP MODIFICADO POR BORRACHA DE PNEU AB22","2019-03-01","***","***","***","***",2.91028,2.91028]
["CAP MODIFICADO POR BORRACHA DE PNEU AB22","2019-04-01","***","***","***","***",3.00293,3.00293]
["CAP MODIFICADO POR BORRACHA DE PNEU AB22","2019-05-01","***","***","***","***",2.98352,2.98352]
["CAP MODIFICADO POR BORRACHA DE PNEU AB22","2019-06-01","***","***","***","***",3.00218,3.00218]
["CAP MODIFICADO POR BORRACHA DE PNEU AB22","2019-07-01","***","***","***","***",2.96313,2.96313]
["CAP MODIFICADO POR BORRACHA DE PNEU AB22","2019-08-01","***","***","***","***",2.91222,2.91222]
["CAP MODIFICADO POR BORRACHA DE PNEU AB22","2019-09-01","***","***","***","***",2.99734,2.99734]
["CAP MODIFICADO POR BORRACHA DE PNEU AB22","2019-10-01","***","***","***","***",2.97282,2.97282]
["CAP MODIFICADO POR BORRACHA DE PNEU AB22","2019-11-01","***","***","***","***",2.92579,2.92579]
["CAP MODIFICADO POR BORRACHA DE PNEU AB22","2019-12-01","***","***","***","***",2.92629,2.92629]
["CAP MODIFICADO POR BORRACHA DE PNEU AB22","2020-01-01","***","***","***","***",3.06149,3.06149]
["CAP MODIFICADO POR BORRACHA DE PNEU AB22","2020-02-01","***","***","***","***",2.94412,2.94412]
["CAP MODIFICADO POR BORRACHA DE PNEU AB22","2020-03-01","***","***","***",2.33381,2.87018,2.60264]
["CAP MODIFICADO POR BORRACHA DE PNEU AB22","2020-04-01","***","***","***","***",2.66653,2.66653]
["CAP MODIFICADO POR BORRACHA DE PNEU AB22","2020-05-01","***","***","***","***",2.54515,2.54515]
["CAP MODIFICADO POR BORRACHA DE PNEU AB22","2020-06-01","***","***","***","***",2.50926,2.50926]
["CAP MODIFICADO POR BORRACHA DE PNEU AB22","2020-07-01","***","***","***","***",2.59246,2.59246]
["CAP MODIFICADO POR BORRACHA DE PNEU AB22","2020-08-01","***","***","***","***",2.72462,2.72462]
["CAP MODIFICADO POR BORRACHA DE PNEU AB22","2020-09-01","***","***","***","***",2.83533,2.83533]
["CAP MODIFICADO POR BORRACHA DE PNEU AB22","2020-10-01","***","***","***","***",2.92237,2.92237]
["CAP MODIFICADO POR BORRACHA DE PNEU AB22","2020-11-01","***","***","***","***",3.02337,3.02337]
["CAP MODIFICADO POR BORRACHA DE PNEU AB22","2020-12-01","***","***","***","***",2.75972,2.75972]
["CAP MODIFICADO POR BORRACHA DE PNEU AB22","2021-01-01","***","***","***","***",2.68983,2.68983]
["CAP MODIFICADO POR BORRACHA DE PNEU AB22","2021-02-01","***","***","***","***",2.90533,2.90533]
["CAP MODIFICADO POR BORRACHA DE PNEU AB22","2021-03-01","***","***","***","***",2.98232,2.98232]
["CAP MODIFICADO POR BORRACHA DE PNEU AB22","2021-04-01","***","***","***","***",2.98876,2.98876]
["CAP MODIFICADO POR BORRACHA DE PNEU AB22","2021-05-01","***","***","***",3.18985,"***",3.18985]
["CAP MODIFICADO POR BORRACHA DE PNEU AB22","2021-06-01","***","***","***",3.18985,3.43068,3.35922]
["CAP MODIFICADO POR BORRACHA DE PNEU AB22","2021-07-01","***","***",3.33216,3.18985,3.59975,3.55079]
["CAP MODIFICADO POR BORRACHA DE PNEU AB22","2021-08-01","***","***",3.48042,3.41946,3.76509,3.62504]
["CAP MODIFICADO POR BORRACHA DE PNEU AB22","2021-09-01","***","***",3.4877,3.41946,3.70678,3.5711]
["CAP MODIFICADO POR BORRACHA DE PNEU AB22","2021-10-01","***","***",3.4891,"***",3.84273,3.72672]
["CAP MODIFICADO POR BORRACHA DE PNEU AB22","2021-11-01","***","***",3.83361,"***",3.69442,3.76007]
["CAP MODIFICADO POR BORRACHA DE PNEU AB22","2021-12-01","***","***",3.8337,"***",4.02191,3.97132]
["CAP MODIFICADO POR BORRACHA DE PNEU AB22","2022-01-01","***","***","***","***",4.32824,4.32824]
["CAP MODIFICADO POR BORRACHA DE PNEU AB22","2022-02-01","***","***","***","***","***","***"]
["CAP MODIFICADO POR BORRACHA DE PNEU AB22","2022-03-01","***","***","***","***",4.10556,4.10556]
["CAP MODIFICADO POR BORRACHA DE PNEU AB22","2022-04-01","***","***","***","***",4.80645,4.80645]
["CAP MODIFICADO POR BORRACHA DE PNEU AB22","2022-05-01","***","***","***","***",4.34262,4.34262]
["CAP MODIFICADO POR BORRACHA DE PNEU AB22","2022-06-01","***","***","***",4.73407,4.36033,4.54335]
["CAP MODIFICADO POR BORRACHA DE PNEU AB22","2022-07-01","***","***","***",4.82506,4.4706,4.66809]
["CAP MODIFICADO POR BORRACHA DE PNEU AB22","2022-08-01","***","***",4.36579,4.71021,4.26372,4.45023]
["CAP MODIFICADO POR BORRACHA DE PNEU AB22","2022-09-01","***","***","***",4.46249,4.35532,4.42908]
["CAP MODIFICADO POR BORRACHA DE PNEU AB22","2022-10-01","***","***","***",4.11826,3.92351,4.03912]
["CAP MODIFICADO POR BORRACHA DE PNEU AB22","2022-11-01","***","***","***",4.18084,3.73968,4.0042]
["CAP MODIFICADO POR BORRACHA DE PNEU AB22","2022-12-01","***","***","***",4.09506,3.83713,4.01703]
["CAP MODIFICADO POR BORRACHA DE PNEU AB22","2023-01-01","***","***","***","***",3.57403,3.57403]
["CAP MODIFICADO POR BORRACHA DE PNEU AB22","2023-02-01","***","***","***","***",3.62518,3.62518]
["CAP MODIFICADO POR BORRACHA DE PNEU AB22","2023-03-01","***","***","***","***",3.41898,3.41898]
["CAP MODIFICADO POR BORRACHA DE PNEU AB22","2023-04-01","***","***","***","***",3.64976,3.64976]
["CAP MODIFICADO POR BORRACHA DE PNEU AB22","2023-05-01","***","***","***",3.82083,3.51504,3.69329]
["CAP MODIFICADO POR BORRACHA DE PNEU AB22","2023-06-01","***","***","***",3.5966,"***",3.5966]
["CAP MODIFICADO POR BORRACHA DE PNEU AB22","2023-07-01","***","***","***",3.38004,"***",3.38004]
["CAP MODIFICADO POR BORRACHA DE PNEU AB22","2023-08-01","***","***","***",3.38003,"***",3.38003]
["CAP MODIFICADO POR BORRACHA DE PNEU AB22","2023-09-01","***","***","***","***","***","***"]
["CAP MODIFICADO POR BORRACHA DE PNEU AB8","2009-12-01","***",1.61917,"***",1.06095,1.30988,1.29646]
["CAP MODIFICADO POR BORRACHA DE PNEU AB8","2010-01-01","***",1.52874,"***",1.04371,1.23313,1.24926]
["CAP MODIFICADO POR BORRACHA DE PNEU AB8","2010-02-01","***",1.6189,"***",1.13433,1.25945,1.2953]
["CAP MODIFICADO POR BORRACHA DE PNEU AB8","2010-03-01","***",1.53377,"***",1.12033,1.25874,1.25448]
["CAP MODIFICADO POR BORRACHA DE PNEU AB8","2010-04-01","***","***",1.5584,1.13202,1.23349,1.19587]
["CAP MODIFICADO POR BORRACHA DE PNEU AB8","2010-05-01","***","***",1.5571,1.12687,1.13586,1.14482]
["CAP MODIFICADO POR BORRACHA DE PNEU AB8","2010-06-01","***","***","***","***",1.10099,1.10099]
["CAP MODIFICADO POR BORRACHA DE PNEU AB8","2010-07-01","***","***","***","***",1.15759,1.15759]
["CAP MODIFICADO POR BORRACHA DE PNEU AB8","2010-08-01","***","***","***",1.14678,1.13696,1.13939]
["CAP MODIFICADO POR BORRACHA DE PNEU AB8","2010-09-01","***","***","***",1.00593,1.10571,1.09128]
["CAP MODIFICADO POR BORRACHA DE PNEU AB8","2010-10-01","***",1.5018,"***",1.0477,1.09834,1.1035]
["CAP MODIFICADO POR BORRACHA DE PNEU AB8","2010-11-01","***",1.46329,"***",1.17658,1.20322,1.20739]
["CAP MODIFICADO POR BORRACHA DE PNEU AB8","2010-12-01","***",1.4987,"***",1.16087,1.21406,1.21039]
["CAP MODIFICADO POR BORRACHA DE PNEU AB8","2011-01-01","***",1.4987,"***",1.2286,1.07744,1.09585]
["CAP MODIFICADO POR BORRACHA DE PNEU AB8","2011-02-01","***","***","***","***",1.15317,1.15317]
["CAP MODIFICADO POR BORRACHA DE PNEU AB8","2011-03-01","***",1.499,"***",1.16898,1.19813,1.19683]
["CAP MODIFICADO POR BORRACHA DE PNEU AB8","2011-04-01","***","***","***",1.00361,1.11136,1.10859]
["CAP MODIFICADO POR BORRACHA DE PNEU AB8","2011-05-01","***",1.6555,"***",1.0112,1.08754,1.09307]
["CAP MODIFICADO POR BORRACHA DE PNEU AB8","2011-06-01","***",1.4972,"***",1.0695,1.07943,1.11464]
["CAP MODIFICADO POR BORRACHA DE PNEU AB8","2011-07-01","***",1.6524,"***","***",1.06167,1.1323]
["CAP MODIFICADO POR BORRACHA DE PNEU AB8","2011-08-01","***","***","***",0.9768,1.05879,1.05574]
["CAP MODIFICADO POR BORRACHA DE PNEU AB8","2011-09-01","***","***","***",1.1866,1.12613,1.12752]
["CAP MODIFICADO POR BORRACHA DE PNEU AB8","2011-10-01","***","***","***",0.9804,1.0812,1.08005]
["CAP MODIFICADO POR BORRACHA DE PNEU AB8","2011-11-01","***",1.6526,"***",1.1782,1.16904,1.17877]
["CAP MODIFICADO POR BORRACHA DE PNEU AB8","2011-12-01","***","***","***",1.10218,1.262,1.18922]
["CAP MODIFICADO POR BORRACHA DE PNEU AB8","2012-01-01","***","***","***",1.06617,1.14282,1.10218]
["CAP MODIFICADO POR BORRACHA DE PNEU AB8","2012-02-01","***","***","***",1.10225,1.25727,1.16607]
["CAP MODIFICADO POR BORRACHA DE PNEU AB8","2012-03-01","***","***","***",1.05493,1.08845,1.06798]
["CAP MODIFICADO POR BORRACHA DE PNEU AB8","2012-04-01","***",1.6051,"***",1.07771,1.07383,1.08021]
["CAP MODIFICADO POR BORRACHA DE PNEU AB8","2012-05-01","***","***","***",1.0919,1.11614,1.10268]
["CAP MODIFICADO POR BORRACHA DE PNEU AB8","2012-06-01","***","***","***",1.1527,1.1715,1.16474]
["CAP MODIFICADO POR BORRACHA DE PNEU AB8","2012-07-01","***","***","***",1.15704,1.34227,1.2741]
["CAP MODIFICADO POR BORRACHA DE PNEU AB8","2012-08-01","***","***","***",1.16195,1.21643,1.1896]
["CAP MODIFICADO POR BORRACHA DE PNEU AB8","2012-09-01","***","***","***",1.1731,1.37047,1.28859]
["CAP MODIFICADO POR BORRACHA DE PNEU AB8","2012-10-01","***","***","***",1.1673,1.18751,1.17884]
["CAP MODIFICADO POR BORRACHA DE PNEU AB8","2012-11-01","***","***","***",1.19815,1.35675,1.27116]
["CAP MODIFICADO POR BORRACHA DE PNEU AB8","2012-12-01","***","***","***",1.187,1.3408,1.231]
["CAP MODIFICADO POR BORRACHA DE PNEU AB8","2013-01-01","***","***","***",1.15664,1.35906,1.25925]
["CAP MODIFICADO POR BORRACHA DE PNEU AB8","2013-02-01","***","***","***",1.17066,1.23268,1.19833]
["CAP MODIFICADO POR BORRACHA DE PNEU AB8","2013-03-01","***","***","***",1.17811,1.38739,1.25352]
["CAP MODIFICADO POR BORRACHA DE PNEU AB8","2013-04-01","***","***",1.65,1.17548,1.29653,1.23829]
["CAP MODIFICADO POR BORRACHA DE PNEU AB8","2013-05-01","***","***",1.65,1.21877,1.20147,1.23343]
["CAP MODIFICADO POR BORRACHA DE PNEU AB8","2013-06-01","***","***","***",1.23367,1.20652,1.22254]
["CAP MODIFICADO POR BORRACHA DE PNEU AB8","2013-07-01","***","***","***",1.23304,1.39895,1.34416]
["CAP MODIFICADO POR BORRACHA DE PNEU AB8","2013-08-01","***","***","***",1.24524,1.3717,1.3445]
["CAP MODIFICADO POR BORRACHA DE PNEU AB8","2013-09-01","***","***","***",1.24846,1.27571,1.26694]
["CAP MODIFICADO POR BORRACHA DE PNEU AB8","2013-10-01","***","***","***",1.25744,1.25131,1.25321]
["CAP MODIFICADO POR BORRACHA DE PNEU AB8","2013-11-01","***","***","***",1.25614,1.27492,1.26805]
["CAP MODIFICADO POR BORRACHA DE PNEU AB8","2013-12-01","***","***","***",1.24779,1.27205,1.2619]
["CAP MODIFICADO POR BORRACHA DE PNEU AB8","2014-01-01","***","***","***",1.29328,1.31618,1.3066]
["CAP MODIFICADO POR BORRACHA DE PNEU AB8","2014-02-01","***","***","***",1.21931,1.25944,1.2487]
["CAP MODIFICADO POR BORRACHA DE PNEU AB8","2014-03-01","***","***","***",1.31258,1.32014,1.31868]
["CAP MODIFICADO POR BORRACHA DE PNEU AB8","2014-04-01","***","***",1.2972,1.2298,1.29078,1.26756]
["CAP MODIFICADO POR BORRACHA DE PNEU AB8","2014-05-01","***","***",1.2981,1.23123,1.29512,1.26872]
["CAP MODIFICADO POR BORRACHA DE PNEU AB8","2014-06-01","***","***",1.29377,1.14983,1.27052,1.2293]
["CAP MODIFICADO POR BORRACHA DE PNEU AB8","2014-07-01","***","***",1.297,1.08297,1.32177,1.23076]
["CAP MODIFICADO POR BORRACHA DE PNEU AB8","2014-08-01","***","***",1.3862,1.22337,1.36457,1.31292]
["CAP MODIFICADO POR BORRACHA DE PNEU AB8","2014-09-01","***","***",1.3862,1.22184,1.31203,1.29565]
["CAP MODIFICADO POR BORRACHA DE PNEU AB8","2014-10-01","***","***",1.26138,1.062,1.26191,1.21504]
["CAP MODIFICADO POR BORRACHA DE PNEU AB8","2014-11-01","***","***",1.44534,1.067,1.40663,1.32206]
["CAP MODIFICADO POR BORRACHA DE PNEU AB8","2014-12-01","***","***","***","***","***","***"]
["CAP MODIFICADO POR BORRACHA DE PNEU AB8","2015-01-01","***","***",1.5612,1.48008,1.81749,1.658]
["CAP MODIFICADO POR BORRACHA DE PNEU AB8","2015-02-01","***","***",1.4702,1.42102,1.7601,1.66421]
["CAP MODIFICADO POR BORRACHA DE PNEU AB8","2015-03-01","***","***",1.5612,1.41046,1.72169,1.67582]
["CAP MODIFICADO POR BORRACHA DE PNEU AB8","2015-04-01","***","***","***",1.60887,1.58609,1.59098]
["CAP MODIFICADO POR BORRACHA DE PNEU AB8","2015-05-01","***","***",1.4702,1.69121,1.6208,1.62391]
["CAP MODIFICADO POR BORRACHA DE PNEU AB8","2015-06-01","***","***",1.5179,1.61452,1.60175,1.59356]
["CAP MODIFICADO POR BORRACHA DE PNEU AB8","2015-07-01","***","***",1.59779,1.71664,1.60462,1.62291]
["CAP MODIFICADO POR BORRACHA DE PNEU AB8","2015-08-01","***","***",1.59434,1.55019,1.72209,1.65439]
["CAP MODIFICADO POR BORRACHA DE PNEU AB8","2015-09-01","***","***",1.69266,1.57384,1.65532,1.66479]
["CAP MODIFICADO POR BORRACHA DE PNEU AB8","2015-10-01","***","***",1.81829,1.75061,1.78625,1.78457]
["CAP MODIFICADO POR BORRACHA DE PNEU AB8","2015-11-01","***","***",1.7654,1.69742,1.89799,1.85654]
["CAP MODIFICADO POR BORRACHA DE PNEU AB8","2015-12-01","***","***","***",1.61076,1.85392,1.79548]
["CAP MODIFICADO POR BORRACHA DE PNEU AB8","2016-01-01","***","***","***",1.43576,1.88491,1.81371]
["CAP MODIFICADO POR BORRACHA DE PNEU AB8","2016-02-01","***","***","***",1.44527,1.81618,1.67999]
["CAP MODIFICADO POR BORRACHA DE PNEU AB8","2016-03-01","***","***",1.7392,1.71919,1.83937,1.81082]
["CAP MODIFICADO POR BORRACHA DE PNEU AB8","2016-04-01","***","***","***",1.98441,2.07589,2.06045]
["CAP MODIFICADO POR BORRACHA DE PNEU AB8","2016-05-01","***","***","***",1.87469,1.97881,1.96139]
["CAP MODIFICADO POR BORRACHA DE PNEU AB8","2016-06-01","***","***","***",2.0889,2.07065,2.07316]
["CAP MODIFICADO POR BORRACHA DE PNEU AB8","2016-07-01","***","***","***",1.87773,2.0655,2.05112]
["CAP MODIFICADO POR BORRACHA DE PNEU AB8","2016-08-01","***","***","***",1.57255,2.0025,1.88976]
["CAP MODIFICADO POR BORRACHA DE PNEU AB8","2016-09-01","***","***","***",1.67882,1.91169,1.87286]
["CAP MODIFICADO POR BORRACHA DE PNEU AB8","2016-10-01","***","***","***",1.72552,1.89191,1.83041]
["CAP MODIFICADO POR BORRACHA DE PNEU AB8","2016-11-01","***","***",1.74605,1.71104,1.87795,1.85007]
["CAP MODIFICADO POR BORRACHA DE PNEU AB8","2016-12-01","***","***",1.74638,1.67692,1.90513,1.87185]
["CAP MODIFICADO POR BORRACHA DE PNEU AB8","2017-01-01","***","***",1.74645,"***",1.89422,1.87544]
["CAP MODIFICADO POR BORRACHA DE PNEU AB8","2017-02-01","***","***",1.84454,1.6539,1.89344,1.88879]
["CAP MODIFICADO POR BORRACHA DE PNEU AB8","2017-03-01","***","***",1.85351,1.89603,1.88858,1.88722]
["CAP MODIFICADO POR BORRACHA DE PNEU AB8","2017-04-01","***","***","***","***","***","***"]
["CAP MODIFICADO POR BORRACHA DE PNEU AB8","2017-05-01","***","***",1.80659,1.69541,1.88041,1.82764]
["CAP MODIFICADO POR BORRACHA DE PNEU AB8","2017-06-01","***","***",1.82475,1.58508,1.88243,1.80609]
["CAP MODIFICADO POR BORRACHA DE PNEU AB8","2017-07-01","***","***",1.81839,1.47955,1.888,1.81232]
["CAP MODIFICADO POR BORRACHA DE PNEU AB8","2017-08-01","***","***",1.78725,1.5738,1.87916,1.83615]
["CAP MODIFICADO POR BORRACHA DE PNEU AB8","2017-09-01","***","***",1.79025,1.53349,1.82324,1.80841]
["CAP MODIFICADO POR BORRACHA DE PNEU AB8","2017-10-01","***","***",1.93433,1.6279,1.84148,1.82524]
["CAP MODIFICADO POR BORRACHA DE PNEU AB8","2017-11-01","***","***",1.95631,1.79101,1.91404,1.9042]
["CAP MODIFICADO POR BORRACHA DE PNEU AB8","2017-12-01","***","***",2.06705,1.92874,1.91719,1.9387]
["CAP MODIFICADO POR BORRACHA DE PNEU AB8","2018-01-01","***","***",2.44362,1.87121,2.08751,2.11168]
["CAP MODIFICADO POR BORRACHA DE PNEU AB8","2018-02-01","***","***",2.4573,2.12597,2.13208,2.1527]
["CAP MODIFICADO POR BORRACHA DE PNEU AB8","2018-03-01","***","***",2.35127,1.90817,2.11978,2.10669]
["CAP MODIFICADO POR BORRACHA DE PNEU AB8","2018-04-01","***","***",2.17937,1.92603,2.05947,2.02851]
["CAP MODIFICADO POR BORRACHA DE PNEU AB8","2018-05-01","***","***",2.27684,1.96582,2.12889,2.08987]
["CAP MODIFICADO POR BORRACHA DE PNEU AB8","2018-06-01","***","***",2.37696,1.97307,2.25082,2.22306]
["CAP MODIFICADO POR BORRACHA DE PNEU AB8","2018-07-01","***","***",2.47706,2.1014,2.37306,2.33983]
["CAP MODIFICADO POR BORRACHA DE PNEU AB8","2018-08-01","***","***",2.69963,2.34625,2.49774,2.47863]
["CAP MODIFICADO POR BORRACHA DE PNEU AB8","2018-09-01","***","***",2.66479,2.43298,2.58218,2.53622]
["CAP MODIFICADO POR BORRACHA DE PNEU AB8","2018-10-01","***","***",2.67013,2.39001,2.71085,2.58766]
["CAP MODIFICADO POR BORRACHA DE PNEU AB8","2018-11-01","***","***",2.87512,2.48212,2.88746,2.77974]
["CAP MODIFICADO POR BORRACHA DE PNEU AB8","2018-12-01","***","***",2.9101,2.48102,3.15773,2.92276]
["CAP MODIFICADO POR BORRACHA DE PNEU AB8","2019-01-01","***","***","***",2.47979,2.94471,2.71762]
["CAP MODIFICADO POR BORRACHA DE PNEU AB8","2019-02-01","***","***","***",2.57744,3.07671,2.92995]
["CAP MODIFICADO POR BORRACHA DE PNEU AB8","2019-03-01","***","***","***",2.67941,3.11259,2.96759]
["CAP MODIFICADO POR BORRACHA DE PNEU AB8","2019-04-01","***","***","***",2.70282,3.15384,2.99665]
["CAP MODIFICADO POR BORRACHA DE PNEU AB8","2019-05-01","***","***","***",2.66862,3.03767,2.87024]
["CAP MODIFICADO POR BORRACHA DE PNEU AB8","2019-06-01","***","***","***",2.7316,3.64814,3.3805]
["CAP MODIFICADO POR BORRACHA DE PNEU AB8","2019-07-01",2.77362,"***",3.02282,2.99238,3.439,3.22371]
["CAP MODIFICADO POR BORRACHA DE PNEU AB8","2019-08-01","***","***",2.84231,2.55357,3.01396,2.86227]
["CAP MODIFICADO POR BORRACHA DE PNEU AB8","2019-09-01","***","***",2.72825,2.76038,2.97546,2.89147]
["CAP MODIFICADO POR BORRACHA DE PNEU AB8","2019-10-01","***","***",2.68104,2.54491,2.95888,2.85634]
["CAP MODIFICADO POR BORRACHA DE PNEU AB8","2019-11-01","***","***",2.70824,2.57587,3.00631,2.83703]
["CAP MODIFICADO POR BORRACHA DE PNEU AB8","2019-12-01","***","***","***",2.6215,3.04158,2.88955]
["CAP MODIFICADO POR BORRACHA DE PNEU AB8","2020-01-01","***",2.9614,2.82854,2.64205,3.06422,2.87521]
["CAP MODIFICADO POR BORRACHA DE PNEU AB8","2020-02-01","***","***","***",2.45902,2.89027,2.7253]
["CAP MODIFICADO POR BORRACHA DE PNEU AB8","2020-03-01","***","***","***",2.3604,2.83135,2.65591]
["CAP MODIFICADO POR BORRACHA DE PNEU AB8","2020-04-01","***","***","***",2.33961,2.82444,2.6731]
["CAP MODIFICADO POR BORRACHA DE PNEU AB8","2020-05-01","***","***","***",2.38509,2.79575,2.74173]
["CAP MODIFICADO POR BORRACHA DE PNEU AB8","2020-06-01","***","***",2.57717,2.37674,2.82185,2.74191]
["CAP MODIFICADO POR BORRACHA DE PNEU AB8","2020-07-01","***","***",2.57717,2.31299,2.8328,2.74726]
["CAP MODIFICADO POR BORRACHA DE PNEU AB8","2020-08-01","***","***",2.65701,2.36216,2.97305,2.87763]
["CAP MODIFICADO POR BORRACHA DE PNEU AB8","2020-09-01","***","***",2.68574,2.39202,2.89959,2.80482]
["CAP MODIFICADO POR BORRACHA DE PNEU AB8","2020-10-01","***","***",2.71153,2.59889,2.94566,2.86013]
["CAP MODIFICADO POR BORRACHA DE PNEU AB8","2020-11-01","***","***",2.93558,2.67573,3.10364,2.98212]
["CAP MODIFICADO POR BORRACHA DE PNEU AB8","2020-12-01","***","***","***",2.8104,3.156,3.01983]
["CAP MODIFICADO POR BORRACHA DE PNEU AB8","2021-01-01","***","***","***",2.60676,3.02355,2.91695]
["CAP MODIFICADO POR BORRACHA DE PNEU AB8","2021-02-01","***","***","***",2.75393,3.23783,3.2143]
["CAP MODIFICADO POR BORRACHA DE PNEU AB8","2021-03-01","***","***","***",2.86675,3.26645,3.24443]
["CAP MODIFICADO POR BORRACHA DE PNEU AB8","2021-04-01","***","***","***",3.24128,3.24035,3.24048]
["CAP MODIFICADO POR BORRACHA DE PNEU AB8","2021-05-01","***","***","***",3.45803,3.96057,3.89898]
["CAP MODIFICADO POR BORRACHA DE PNEU AB8","2021-06-01","***","***","***",3.38951,3.99602,3.79014]
["CAP MODIFICADO POR BORRACHA DE PNEU AB8","2021-07-01","***","***","***",3.36345,4.0446,3.75938]
["CAP MODIFICADO POR BORRACHA DE PNEU AB8","2021-08-01","***","***","***",3.52979,4.22211,3.89425]
["CAP MODIFICADO POR BORRACHA DE PNEU AB8","2021-09-01",3.1512,"***","***",3.60116,4.24373,3.9835]
["CAP MODIFICADO POR BORRACHA DE PNEU AB8","2021-10-01",3.1512,"***","***",3.52458,4.27459,3.93257]
["CAP MODIFICADO POR BORRACHA DE PNEU AB8","2021-11-01",3.52045,"***","***",3.80066,4.62125,4.24022]
["CAP MODIFICADO POR BORRACHA DE PNEU AB8","2021-12-01",3.58335,"***","***",3.80338,4.68545,4.265]
["CAP MODIFICADO POR BORRACHA DE PNEU AB8","2022-01-01",3.49706,"***","***",4.01444,4.71956,4.38159]
["CAP MODIFICADO POR BORRACHA DE PNEU AB8","2022-02-01",3.91371,"***","***",4.16542,4.92386,4.57165]
["CAP MODIFICADO POR BORRACHA DE PNEU AB8","2022-03-01",3.93048,"***","***",4.61312,4.97703,4.69894]
["CAP MODIFICADO POR BORRACHA DE PNEU AB8","2022-04-01",3.87744,"***","***",4.82428,5.19658,4.78743]
["CAP MODIFICADO POR BORRACHA DE PNEU AB8","2022-05-01",3.66083,"***","***",4.8244,5.04642,4.6549]
["CAP MODIFICADO POR BORRACHA DE PNEU AB8","2022-06-01",3.67191,"***","***",4.7438,5.02903,4.68663]
["CAP MODIFICADO POR BORRACHA DE PNEU AB8","2022-07-01",3.73435,"***","***",4.66063,5.08251,4.66181]
["CAP MODIFICADO POR BORRACHA DE PNEU AB8","2022-08-01",3.57503,"***",4.03127,4.44896,4.87685,4.43615]
["CAP MODIFICADO POR BORRACHA DE PNEU AB8","2022-09-01",3.33659,"***",3.82406,4.61976,4.62171,4.5503]
["CAP MODIFICADO POR BORRACHA DE PNEU AB8","2022-10-01","***","***",3.47411,4.30217,4.45115,4.34053]
["CAP MODIFICADO POR BORRACHA DE PNEU AB8","2022-11-01","***","***",3.47411,4.07083,4.43459,4.1907]
["CAP MODIFICADO POR BORRACHA DE PNEU AB8","2022-12-01","***","***",3.47411,4.09764,4.34632,4.19221]
["CAP MODIFICADO POR BORRACHA DE PNEU AB8","2023-01-01","***","***",3.28768,3.94313,4.09414,3.97029]
["CAP MODIFICADO POR BORRACHA DE PNEU AB8","2023-02-01","***","***",3.16482,3.84715,3.94889,3.82644]
["CAP MODIFICADO POR BORRACHA DE PNEU AB8","2023-03-01","***","***",3.11102,3.75121,3.73772,3.74055]
["CAP MODIFICADO POR BORRACHA DE PNEU AB8","2023-04-01","***","***",3.42144,3.75767,3.80938,3.76896]
["CAP MODIFICADO POR BORRACHA DE PNEU AB8","2023-05-01","***","***",3.03627,3.66467,3.73948,3.67505]
["CAP MODIFICADO POR BORRACHA DE PNEU AB8","2023-06-01","***","***",3.06854,3.58024,3.66927,3.60106]
["CAP MODIFICADO POR BORRACHA DE PNEU AB8","2023-07-01","***","***",3.07276,3.60198,3.71606,3.62781]
["CAP MODIFICADO POR BORRACHA DE PNEU AB8","2023-08-01","***","***",3.14725,3.51259,3.77388,3.57879]
["CAP MODIFICADO POR BORRACHA DE PNEU AB8","2023-09-01","***","***",3.35037,3.68433,3.88359,3.72659]
["CAP MODIFICADO POR POLÍMERO 55-75-E","2015-09-01","***",1.6954,"***",1.71718,1.84277,1.79309]
["CAP MODIFICADO POR POLÍMERO 55-75-E","2015-10-01","***",1.79193,"***",1.8217,1.94314,1.83271]
["CAP MODIFICADO POR POLÍMERO 55-75-E","2015-11-01","***",2.08994,"***",2.06106,2.09809,2.08217]
["CAP MODIFICADO POR POLÍMERO 55-75-E","2015-12-01","***",2.08994,"***",2.1194,1.91024,2.04058]
["CAP MODIFICADO POR POLÍMERO 55-75-E","2016-01-01","***",2.0092,"***",2.07851,1.72019,1.89579]
["CAP MODIFICADO POR POLÍMERO 55-75-E","2016-02-01","***",2.00633,2.31091,2.07918,1.80231,1.98415]
["CAP MODIFICADO POR POLÍMERO 55-75-E","2016-03-01","***",2.02147,"***",2.06726,2.03478,2.02769]
["CAP MODIFICADO POR POLÍMERO 55-75-E","2016-04-01","***",2.25454,"***","***",2.18242,2.21687]
["CAP MODIFICADO POR POLÍMERO 55-75-E","2016-05-01","***",2.17411,"***",2.19832,2.12023,2.17615]
["CAP MODIFICADO POR POLÍMERO 55-75-E","2016-06-01","***",2.20137,2.72265,2.33719,1.8951,2.2386]
["CAP MODIFICADO POR POLÍMERO 55-75-E","2016-07-01","***",2.00942,2.74449,2.15134,1.90307,2.12099]
["CAP MODIFICADO POR POLÍMERO 55-75-E","2016-08-01","***",2.34559,2.78788,2.2006,1.95219,2.26667]
["CAP MODIFICADO POR POLÍMERO 55-75-E","2016-09-01","***",1.91696,2.68762,2.19864,1.84824,2.00904]
["CAP MODIFICADO POR POLÍMERO 55-75-E","2016-10-01","***",1.65096,2.64695,2.22376,1.92993,1.93009]
["CAP MODIFICADO POR POLÍMERO 55-75-E","2016-11-01","***",1.66942,3.0738,"***",1.98796,2.03933]
["CAP MODIFICADO POR POLÍMERO 55-75-E","2016-12-01","***",2.0149,3.06496,1.84661,1.87984,1.93597]
["CAP MODIFICADO POR POLÍMERO 55-75-E","2017-01-01","***",1.75029,3.07675,1.84661,1.86664,1.84446]
["CAP MODIFICADO POR POLÍMERO 55-75-E","2017-02-01","***",1.93854,"***",1.76774,1.85379,1.87517]
["CAP MODIFICADO POR POLÍMERO 55-75-E","2017-03-01","***",1.93537,2.26619,1.7348,1.85796,1.91585]
["CAP MODIFICADO POR POLÍMERO 55-75-E","2017-04-01","***",1.94643,3.099,1.85508,1.84277,1.9251]
["CAP MODIFICADO POR POLÍMERO 55-75-E","2017-05-01","***",1.90396,2.52691,1.90441,1.89283,1.94139]
["CAP MODIFICADO POR POLÍMERO 55-75-E","2017-06-01","***",2.11721,2.66938,2.02728,1.8706,2.01037]
["CAP MODIFICADO POR POLÍMERO 55-75-E","2017-07-01","***",2.15249,2.3494,2.19911,1.81214,2.08373]
["CAP MODIFICADO POR POLÍMERO 55-75-E","2017-08-01","***",1.76926,2.39603,2.24346,1.79692,1.90725]
["CAP MODIFICADO POR POLÍMERO 55-75-E","2017-09-01","***",2.04814,2.51923,2.02755,1.94373,2.02747]
["CAP MODIFICADO POR POLÍMERO 55-75-E","2017-10-01","***",1.96447,2.3753,1.85731,1.95137,1.94615]
["CAP MODIFICADO POR POLÍMERO 55-75-E","2017-11-01","***",2.13348,2.3496,2.14986,2.00258,2.11665]
["CAP MODIFICADO POR POLÍMERO 55-75-E","2017-12-01","***",2.27162,"***",1.86374,1.92683,2.09395]
["CAP MODIFICADO POR POLÍMERO 55-75-E","2018-01-01","***",2.37644,"***",2.09604,2.09507,2.34068]
["CAP MODIFICADO POR POLÍMERO 55-75-E","2018-02-01","***",2.36124,"***",2.00261,2.13709,2.28908]
["CAP MODIFICADO POR POLÍMERO 55-75-E","2018-03-01","***",2.26275,"***",2.14418,2.10949,2.20982]
["CAP MODIFICADO POR POLÍMERO 55-75-E","2018-04-01","***",2.26556,"***",2.10739,2.21548,2.23375]
["CAP MODIFICADO POR POLÍMERO 55-75-E","2018-05-01","***",2.47865,2.72545,2.06666,2.26051,2.35046]
["CAP MODIFICADO POR POLÍMERO 55-75-E","2018-06-01","***",2.54318,2.99715,2.55166,2.38134,2.51869]
["CAP MODIFICADO POR POLÍMERO 55-75-E","2018-07-01","***",2.53981,3.08349,2.46444,2.55362,2.60501]
["CAP MODIFICADO POR POLÍMERO 55-75-E","2018-08-01",3.59696,2.80709,3.26619,2.56131,2.65979,2.83469]
["CAP MODIFICADO POR POLÍMERO 55-75-E","2018-09-01",2.95706,2.75897,3.31119,2.70676,2.84811,2.79582]
["CAP MODIFICADO POR POLÍMERO 55-75-E","2018-10-01","***",2.7354,2.75389,2.63972,2.80056,2.72466]
["CAP MODIFICADO POR POLÍMERO 55-75-E","2018-11-01","***",3.05898,3.31925,3.01765,3.10713,3.07913]
["CAP MODIFICADO POR POLÍMERO 55-75-E","2018-12-01","***",2.99363,"***",3.01054,3.12363,3.05836]
["CAP MODIFICADO POR POLÍMERO 55-75-E","2019-01-01","***",3.11858,3.94463,2.89125,3.07406,3.0536]
["CAP MODIFICADO POR POLÍMERO 55-75-E","2019-02-01","***",3.29605,4.33036,3.14592,3.38616,3.34588]
["CAP MODIFICADO POR POLÍMERO 55-75-E","2019-03-01","***",3.29721,"***",3.14592,3.27807,3.28541]
["CAP MODIFICADO POR POLÍMERO 55-75-E","2019-04-01","***",3.33196,"***",2.99595,3.33962,3.28045]
["CAP MODIFICADO POR POLÍMERO 55-75-E","2019-05-01","***",3.18235,"***",3.29689,3.30797,3.24966]
["CAP MODIFICADO POR POLÍMERO 55-75-E","2019-06-01","***",3.96362,"***",3.41292,3.3004,3.58827]
["CAP MODIFICADO POR POLÍMERO 55-75-E","2019-07-01","***",3.66976,"***",3.28541,2.96358,3.39254]
["CAP MODIFICADO POR POLÍMERO 55-75-E","2019-08-01","***",3.30632,"***",3.11393,3.11234,3.19023]
["CAP MODIFICADO POR POLÍMERO 55-75-E","2019-09-01","***",3.10198,"***",3.09222,3.11851,3.108]
["CAP MODIFICADO POR POLÍMERO 55-75-E","2019-10-01","***",3.05076,"***",3.20939,3.11851,3.12793]
["CAP MODIFICADO POR POLÍMERO 55-75-E","2019-11-01","***",3.06668,"***",3.23383,3.11742,3.11882]
["CAP MODIFICADO POR POLÍMERO 55-75-E","2019-12-01","***",2.92954,3.8813,3.30937,3.22279,3.0999]
["CAP MODIFICADO POR POLÍMERO 55-75-E","2020-01-01","***",2.80315,"***",3.302,3.11881,3.13836]
["CAP MODIFICADO POR POLÍMERO 55-75-E","2020-02-01","***",2.68279,"***",3.15671,3.00958,2.96495]
["CAP MODIFICADO POR POLÍMERO 55-75-E","2020-03-01","***",3.06487,3.92503,3.03583,3.00897,3.05331]
["CAP MODIFICADO POR POLÍMERO 55-75-E","2020-04-01","***",3.04052,"***",3.1726,2.93484,3.00103]
["CAP MODIFICADO POR POLÍMERO 55-75-E","2020-05-01","***",2.87021,"***",3.06719,3.07463,3.0235]
["CAP MODIFICADO POR POLÍMERO 55-75-E","2020-06-01","***",3.1016,3.33189,2.98889,2.99252,3.07607]
["CAP MODIFICADO POR POLÍMERO 55-75-E","2020-07-01","***",3.05933,3.33255,3.03003,2.82266,2.95102]
["CAP MODIFICADO POR POLÍMERO 55-75-E","2020-08-01","***",3.22887,"***",3.34536,3.00061,3.10018]
["CAP MODIFICADO POR POLÍMERO 55-75-E","2020-09-01","***",3.1571,"***",3.48471,2.92749,3.05785]
["CAP MODIFICADO POR POLÍMERO 55-75-E","2020-10-01","***",3.16686,"***",3.26939,2.95315,3.06132]
["CAP MODIFICADO POR POLÍMERO 55-75-E","2020-11-01","***",3.25849,"***",3.52421,3.09567,3.18357]
["CAP MODIFICADO POR POLÍMERO 55-75-E","2020-12-01","***",3.35741,3.60977,"***",3.05027,3.12059]
["CAP MODIFICADO POR POLÍMERO 55-75-E","2021-01-01","***",3.33689,"***",3.50262,3.12597,3.25387]
["CAP MODIFICADO POR POLÍMERO 55-75-E","2021-02-01","***",3.46082,"***",3.73208,3.25037,3.2991]
["CAP MODIFICADO POR POLÍMERO 55-75-E","2021-03-01","***",3.3307,"***",3.66293,3.34441,3.36299]
["CAP MODIFICADO POR POLÍMERO 55-75-E","2021-04-01","***",3.50728,"***",3.1572,3.19856,3.22813]
["CAP MODIFICADO POR POLÍMERO 55-75-E","2021-05-01","***",4.18162,"***",3.93315,3.37784,3.53479]
["CAP MODIFICADO POR POLÍMERO 55-75-E","2021-06-01","***",3.73429,"***",4.10639,2.96209,3.30029]
["CAP MODIFICADO POR POLÍMERO 55-75-E","2021-07-01","***",3.82711,"***",4.10639,3.74438,3.77035]
["CAP MODIFICADO POR POLÍMERO 55-75-E","2021-08-01","***",3.86073,4.39299,"***",4.53445,4.38542]
["CAP MODIFICADO POR POLÍMERO 55-75-E","2021-09-01","***",4.02176,"***","***",4.65689,4.45411]
["CAP MODIFICADO POR POLÍMERO 55-75-E","2021-10-01","***",4.04204,"***","***",4.59168,4.28867]
["CAP MODIFICADO POR POLÍMERO 55-75-E","2021-11-01","***",4.08315,"***","***",4.97037,4.3903]
["CAP MODIFICADO POR POLÍMERO 55-75-E","2021-12-01","***",4.35459,"***","***",4.94704,4.5688]
["CAP MODIFICADO POR POLÍMERO 55-75-E","2022-01-01","***",4.63462,"***","***",4.98807,4.74358]
["CAP MODIFICADO POR POLÍMERO 55-75-E","2022-02-01","***",5.29453,"***","***",4.88737,5.03545]
["CAP MODIFICADO POR POLÍMERO 55-75-E","2022-03-01","***",5.36617,"***",6.42,4.77833,5.09987]
["CAP MODIFICADO POR POLÍMERO 55-75-E","2022-04-01","***",5.65944,"***",5.5513,5.42038,5.4776]
["CAP MODIFICADO POR POLÍMERO 55-75-E","2022-05-01",5.27157,5.47973,"***",4.85124,5.20783,5.18575]
["CAP MODIFICADO POR POLÍMERO 55-75-E","2022-06-01","***",5.54873,5.09088,5.16397,5.18676,5.22667]
["CAP MODIFICADO POR POLÍMERO 55-75-E","2022-07-01","***",5.41552,5.61808,5.14123,5.2508,5.26985]
["CAP MODIFICADO POR POLÍMERO 55-75-E","2022-08-01","***",5.46441,5.64951,4.93781,5.05381,5.1659]
["CAP MODIFICADO POR POLÍMERO 55-75-E","2022-09-01","***",5.13443,5.34125,4.75939,5.00932,5.08587]
["CAP MODIFICADO POR POLÍMERO 55-75-E","2022-10-01","***",5.35346,"***",4.35572,4.50032,4.63181]
["CAP MODIFICADO POR POLÍMERO 55-75-E","2022-11-01","***",4.5991,"***",4.23618,4.46725,4.35225]
["CAP MODIFICADO POR POLÍMERO 55-75-E","2022-12-01","***",4.82773,"***",4.10384,4.46229,4.44686]
["CAP MODIFICADO POR POLÍMERO 55-75-E","2023-01-01","***",4.69719,"***",4.94214,4.22349,4.50945]
["CAP MODIFICADO POR POLÍMERO 55-75-E","2023-02-01","***",4.6169,4.25309,4.18874,4.13263,4.2798]
["CAP MODIFICADO POR POLÍMERO 55-75-E","2023-03-01","***",4.68767,4.21659,4.11287,3.81426,3.93903]
["CAP MODIFICADO POR POLÍMERO 55-75-E","2023-04-01","***",4.65341,"***",4.78178,3.68775,3.77408]
["CAP MODIFICADO POR POLÍMERO 55-75-E","2023-05-01","***",4.90231,"***",4.78178,3.79897,4.00871]
["CAP MODIFICADO POR POLÍMERO 55-75-E","2023-06-01","***",4.26849,"***",4.46671,3.79818,3.84204]
["CAP MODIFICADO POR POLÍMERO 55-75-E","2023-07-01","***",4.25373,"***",5.12624,3.65742,3.71106]
["CAP MODIFICADO POR POLÍMERO 55-75-E","2023-08-01","***",3.98856,3.84602,4.90146,3.7147,3.81174]
["CAP MODIFICADO POR POLÍMERO 55-75-E","2023-09-01","***",4.51884,"***",4.4313,3.86005,3.91797]
["CAP MODIFICADO POR POLÍMERO 60-85-E","2015-09-01","***",1.25317,1.89266,1.91144,1.92412,1.89304]
["CAP MODIFICADO POR POLÍMERO 60-85-E","2015-10-01","***",0.60527,1.93557,1.91582,2.05098,1.94528]
["CAP MODIFICADO POR POLÍMERO 60-85-E","2015-11-01","***",2.0164,2.11002,2.1082,2.19859,2.13442]
["CAP MODIFICADO POR POLÍMERO 60-85-E","2015-12-01","***",1.41113,2.12394,2.1856,2.12206,2.15296]
["CAP MODIFICADO POR POLÍMERO 60-85-E","2016-01-01","***",0.60105,"***",2.13137,2.29083,2.19361]
["CAP MODIFICADO POR POLÍMERO 60-85-E","2016-02-01","***",2.22216,2.14,2.12681,2.31903,2.22225]
["CAP MODIFICADO POR POLÍMERO 60-85-E","2016-03-01","***","***",2.39817,2.04575,2.28307,2.15059]
["CAP MODIFICADO POR POLÍMERO 60-85-E","2016-04-01","***","***",2.5879,2.27581,2.3371,2.30893]
["CAP MODIFICADO POR POLÍMERO 60-85-E","2016-05-01","***",2.55309,2.35838,2.33589,2.3672,2.3506]
["CAP MODIFICADO POR POLÍMERO 60-85-E","2016-06-01","***",1.75821,2.48761,2.29658,2.35859,2.32163]
["CAP MODIFICADO POR POLÍMERO 60-85-E","2016-07-01","***",1.78162,2.39456,2.33018,2.45642,2.35374]
["CAP MODIFICADO POR POLÍMERO 60-85-E","2016-08-01","***",2.51309,2.44304,2.35673,2.43402,2.40479]
["CAP MODIFICADO POR POLÍMERO 60-85-E","2016-09-01",2.2291,"***",1.98645,2.06602,2.30496,2.16565]
["CAP MODIFICADO POR POLÍMERO 60-85-E","2016-10-01","***","***",2.25032,2.03038,2.33698,2.22318]
["CAP MODIFICADO POR POLÍMERO 60-85-E","2016-11-01","***","***",2.27457,2.01962,2.30003,2.18568]
["CAP MODIFICADO POR POLÍMERO 60-85-E","2016-12-01","***","***",2.17926,1.98246,2.16529,2.06701]
["CAP MODIFICADO POR POLÍMERO 60-85-E","2017-01-01",1.81125,"***",1.91453,1.94516,2.05367,1.98515]
["CAP MODIFICADO POR POLÍMERO 60-85-E","2017-02-01","***","***",2.40488,2.00474,2.02151,2.01538]
["CAP MODIFICADO POR POLÍMERO 60-85-E","2017-03-01","***","***",1.97181,2.04314,1.93301,1.99165]
["CAP MODIFICADO POR POLÍMERO 60-85-E","2017-04-01","***","***",1.94174,1.92746,1.97011,1.95342]
["CAP MODIFICADO POR POLÍMERO 60-85-E","2017-05-01","***","***",1.83982,1.92369,1.92524,1.92124]
["CAP MODIFICADO POR POLÍMERO 60-85-E","2017-06-01","***","***",1.95904,2.02346,1.95469,1.98741]
["CAP MODIFICADO POR POLÍMERO 60-85-E","2017-07-01","***","***",1.95991,1.91231,1.92857,1.92579]
["CAP MODIFICADO POR POLÍMERO 60-85-E","2017-08-01","***",1.91,2.1789,1.87544,1.90526,1.93971]
["CAP MODIFICADO POR POLÍMERO 60-85-E","2017-09-01","***",2.02173,2.01315,1.8755,1.92856,1.91744]
["CAP MODIFICADO POR POLÍMERO 60-85-E","2017-10-01","***",2.23521,1.89191,1.87508,1.93186,1.90841]
["CAP MODIFICADO POR POLÍMERO 60-85-E","2017-11-01","***",2.46645,2.1127,2.10185,2.04341,2.11525]
["CAP MODIFICADO POR POLÍMERO 60-85-E","2017-12-01","***",2.46647,2.02557,2.10739,2.0163,2.09844]
["CAP MODIFICADO POR POLÍMERO 60-85-E","2018-01-01","***",2.54699,2.43844,2.23586,2.21712,2.26291]
["CAP MODIFICADO POR POLÍMERO 60-85-E","2018-02-01","***",2.56129,2.23607,2.23157,2.1763,2.21496]
["CAP MODIFICADO POR POLÍMERO 60-85-E","2018-03-01","***","***",2.2646,2.20705,2.12648,2.17959]
["CAP MODIFICADO POR POLÍMERO 60-85-E","2018-04-01","***","***",2.25301,2.23753,2.19212,2.22447]
["CAP MODIFICADO POR POLÍMERO 60-85-E","2018-05-01","***",2.62237,2.41596,2.4135,2.25482,2.37657]
["CAP MODIFICADO POR POLÍMERO 60-85-E","2018-06-01","***",2.70726,2.63667,2.49611,2.41971,2.4864]
["CAP MODIFICADO POR POLÍMERO 60-85-E","2018-07-01","***","***",2.98565,2.7688,2.59752,2.71838]
["CAP MODIFICADO POR POLÍMERO 60-85-E","2018-08-01","***",2.97858,3.43775,2.80995,2.83774,2.85953]
["CAP MODIFICADO POR POLÍMERO 60-85-E","2018-09-01","***",3.02883,3.15266,2.82299,2.83192,2.86612]
["CAP MODIFICADO POR POLÍMERO 60-85-E","2018-10-01","***",2.97547,2.69781,2.83996,2.90876,2.83053]
["CAP MODIFICADO POR POLÍMERO 60-85-E","2018-11-01","***",3.49604,3.50656,3.24796,3.21541,3.26535]
["CAP MODIFICADO POR POLÍMERO 60-85-E","2018-12-01","***",3.47626,"***",3.06242,3.2761,3.185]
["CAP MODIFICADO POR POLÍMERO 60-85-E","2019-01-01","***","***",3.29849,3.15379,3.31049,3.20909]
["CAP MODIFICADO POR POLÍMERO 60-85-E","2019-02-01","***",3.8243,3.43709,3.24457,3.50673,3.39283]
["CAP MODIFICADO POR POLÍMERO 60-85-E","2019-03-01","***","***",3.43881,3.58171,3.49574,3.53141]
["CAP MODIFICADO POR POLÍMERO 60-85-E","2019-04-01","***","***",3.60301,3.62307,3.40864,3.50138]
["CAP MODIFICADO POR POLÍMERO 60-85-E","2019-05-01","***",2.92,3.40845,3.37717,3.33697,3.3513]
["CAP MODIFICADO POR POLÍMERO 60-85-E","2019-06-01","***",2.83,3.49565,3.29591,3.31727,3.31984]
["CAP MODIFICADO POR POLÍMERO 60-85-E","2019-07-01","***",2.88061,3.37146,3.25059,3.29931,3.27505]
["CAP MODIFICADO POR POLÍMERO 60-85-E","2019-08-01","***",2.89017,3.5205,3.04001,3.02174,3.0432]
["CAP MODIFICADO POR POLÍMERO 60-85-E","2019-09-01","***",2.93093,3.34546,3.09246,2.9448,3.0129]
["CAP MODIFICADO POR POLÍMERO 60-85-E","2019-10-01",5.11573,2.95216,3.48352,3.20677,3.02237,3.17162]
["CAP MODIFICADO POR POLÍMERO 60-85-E","2019-11-01",5.05234,3.00476,3.22704,3.13962,3.06441,3.19223]
["CAP MODIFICADO POR POLÍMERO 60-85-E","2019-12-01",2.96563,2.96656,3.33731,3.12918,3.10059,3.11897]
["CAP MODIFICADO POR POLÍMERO 60-85-E","2020-01-01","***","***",3.30635,3.20191,3.1704,3.19963]
["CAP MODIFICADO POR POLÍMERO 60-85-E","2020-02-01","***",3.09,3.36667,3.02847,3.02715,3.03506]
["CAP MODIFICADO POR POLÍMERO 60-85-E","2020-03-01",3.16199,"***",3.02094,3.01051,2.99414,3.00731]
["CAP MODIFICADO POR POLÍMERO 60-85-E","2020-04-01","***","***",2.85107,3.03952,3.0676,3.03704]
["CAP MODIFICADO POR POLÍMERO 60-85-E","2020-05-01",3.1062,"***",2.91282,2.86637,2.94755,2.89633]
["CAP MODIFICADO POR POLÍMERO 60-85-E","2020-06-01",3.36092,"***",2.97734,2.88571,3.00328,2.93283]
["CAP MODIFICADO POR POLÍMERO 60-85-E","2020-07-01","***",2.72475,3.05557,2.83745,2.91693,2.89758]
["CAP MODIFICADO POR POLÍMERO 60-85-E","2020-08-01","***",3.1704,3.20928,3.0019,3.03863,3.07489]
["CAP MODIFICADO POR POLÍMERO 60-85-E","2020-09-01","***",3.08783,3.2174,2.99787,3.06799,3.06996]
["CAP MODIFICADO POR POLÍMERO 60-85-E","2020-10-01","***",2.77987,3.0723,2.97208,3.08581,3.02621]
["CAP MODIFICADO POR POLÍMERO 60-85-E","2020-11-01","***",3.67614,3.26755,3.27092,3.32095,3.2906]
["CAP MODIFICADO POR POLÍMERO 60-85-E","2020-12-01","***",3.39607,3.30948,3.2038,3.38323,3.27864]
["CAP MODIFICADO POR POLÍMERO 60-85-E","2021-01-01","***",3.17658,3.58698,3.25395,3.34933,3.31078]
["CAP MODIFICADO POR POLÍMERO 60-85-E","2021-02-01","***",3.31777,3.77007,3.60722,3.54501,3.57828]
["CAP MODIFICADO POR POLÍMERO 60-85-E","2021-03-01","***",3.35875,3.27355,3.35928,3.51509,3.413]
["CAP MODIFICADO POR POLÍMERO 60-85-E","2021-04-01",3.32939,3.32864,3.5622,3.38892,3.47561,3.42538]
["CAP MODIFICADO POR POLÍMERO 60-85-E","2021-05-01","***",3.47236,3.95151,4.16158,4.09451,4.1002]
["CAP MODIFICADO POR POLÍMERO 60-85-E","2021-06-01","***",3.48198,4.17616,4.082,4.13849,4.05488]
["CAP MODIFICADO POR POLÍMERO 60-85-E","2021-07-01","***",3.66656,4.9452,4.1727,4.09259,4.19615]
["CAP MODIFICADO POR POLÍMERO 60-85-E","2021-08-01","***",3.8082,5.24573,4.25548,4.18908,4.32441]
["CAP MODIFICADO POR POLÍMERO 60-85-E","2021-09-01","***",4.28905,5.2728,4.46508,4.32448,4.52485]
["CAP MODIFICADO POR POLÍMERO 60-85-E","2021-10-01","***",4.44068,4.86865,4.37979,4.39806,4.44965]
["CAP MODIFICADO POR POLÍMERO 60-85-E","2021-11-01","***",4.70708,5.28633,4.84401,4.88749,4.88691]
["CAP MODIFICADO POR POLÍMERO 60-85-E","2021-12-01","***",4.95473,5.20709,4.87092,4.99471,4.94461]
["CAP MODIFICADO POR POLÍMERO 60-85-E","2022-01-01","***",4.80811,5.2639,4.87846,5.00111,4.91867]
["CAP MODIFICADO POR POLÍMERO 60-85-E","2022-02-01","***",4.65295,5.5707,5.20451,5.31457,5.22284]
["CAP MODIFICADO POR POLÍMERO 60-85-E","2022-03-01","***",5.1595,5.05339,5.21739,5.36962,5.23855]
["CAP MODIFICADO POR POLÍMERO 60-85-E","2022-04-01","***",5.62255,5.61891,5.6965,5.25294,5.56249]
["CAP MODIFICADO POR POLÍMERO 60-85-E","2022-05-01","***",5.40804,5.61602,5.62954,5.12519,5.48504]
["CAP MODIFICADO POR POLÍMERO 60-85-E","2022-06-01","***",5.31969,5.62023,5.52156,5.09011,5.41824]
["CAP MODIFICADO POR POLÍMERO 60-85-E","2022-07-01","***",6.24059,5.70308,5.49338,5.23679,5.51668]
["CAP MODIFICADO POR POLÍMERO 60-85-E","2022-08-01","***",5.68408,5.58532,5.36712,5.01369,5.40484]
["CAP MODIFICADO POR POLÍMERO 60-85-E","2022-09-01","***",5.41072,5.65916,5.11545,4.80875,5.18213]
["CAP MODIFICADO POR POLÍMERO 60-85-E","2022-10-01","***",5.04637,4.90836,4.73233,4.75121,4.78765]
["CAP MODIFICADO POR POLÍMERO 60-85-E","2022-11-01","***",5.03022,5.23202,4.67093,4.81356,4.8309]
["CAP MODIFICADO POR POLÍMERO 60-85-E","2022-12-01",4.9545,4.81255,6.08464,4.50584,4.7857,4.82649]
["CAP MODIFICADO POR POLÍMERO 60-85-E","2023-01-01","***",4.66647,5.54068,4.29458,4.38953,4.45778]
["CAP MODIFICADO POR POLÍMERO 60-85-E","2023-02-01","***",4.85321,4.66982,4.30893,4.22179,4.35425]
["CAP MODIFICADO POR POLÍMERO 60-85-E","2023-03-01","***",5.42515,4.55025,4.24046,3.9899,4.22006]
["CAP MODIFICADO POR POLÍMERO 60-85-E","2023-04-01","***",4.7344,4.49031,4.35761,3.90087,4.24688]
["CAP MODIFICADO POR POLÍMERO 60-85-E","2023-05-01",4.80712,4.44992,5.18928,4.33404,3.88085,4.4983]
["CAP MODIFICADO POR POLÍMERO 60-85-E","2023-06-01",4.58753,4.25946,5.09412,4.23214,3.74544,4.46745]
["CAP MODIFICADO POR POLÍMERO 60-85-E","2023-07-01",4.9155,4.60694,4.77889,4.03582,3.86358,4.25003]
["CAP MODIFICADO POR POLÍMERO 60-85-E","2023-08-01",4.85674,4.52336,4.83707,3.92704,3.85122,4.12822]
["CAP MODIFICADO POR POLÍMERO 60-85-E","2023-09-01",5.26537,5.47421,5.09568,4.22669,4.06608,4.43716]
["CAP MODIFICADO POR POLÍMERO 65-90-E","2015-09-01","***","***","***","***","***","***"]
["CAP MODIFICADO POR POLÍMERO 65-90-E","2015-10-01","***","***",1.82155,1.55888,1.9466,1.87006]
["CAP MODIFICADO POR POLÍMERO 65-90-E","2015-11-01","***",2.2247,"***",1.69004,2.13552,1.87452]
["CAP MODIFICADO POR POLÍMERO 65-90-E","2015-12-01","***","***","***",1.69448,2.0959,1.71322]
["CAP MODIFICADO POR POLÍMERO 65-90-E","2016-01-01","***",2.3607,"***",2.32109,"***",2.32573]
["CAP MODIFICADO POR POLÍMERO 65-90-E","2016-02-01","***",2.1938,"***",2.62922,2.14709,2.29156]
["CAP MODIFICADO POR POLÍMERO 65-90-E","2016-03-01","***","***","***",1.92364,2.0959,1.95494]
["CAP MODIFICADO POR POLÍMERO 65-90-E","2016-04-01","***","***","***","***",2.43821,2.43821]
["CAP MODIFICADO POR POLÍMERO 65-90-E","2016-05-01","***","***","***",2.40266,2.34225,2.38047]
["CAP MODIFICADO POR POLÍMERO 65-90-E","2016-06-01","***","***",2.28052,2.37799,2.25995,2.32987]
["CAP MODIFICADO POR POLÍMERO 65-90-E","2016-07-01","***","***",2.28052,2.41986,2.2952,2.30593]
["CAP MODIFICADO POR POLÍMERO 65-90-E","2016-08-01","***","***",2.28052,"***",2.31703,2.31614]
["CAP MODIFICADO POR POLÍMERO 65-90-E","2016-09-01","***","***",2.4327,2.20523,2.06118,2.0837]
["CAP MODIFICADO POR POLÍMERO 65-90-E","2016-10-01","***","***",2.08188,1.91479,2.04597,2.02258]
["CAP MODIFICADO POR POLÍMERO 65-90-E","2016-11-01","***","***","***",1.82867,2.00898,1.96569]
["CAP MODIFICADO POR POLÍMERO 65-90-E","2016-12-01","***","***","***","***",1.89701,1.89701]
["CAP MODIFICADO POR POLÍMERO 65-90-E","2017-01-01","***","***","***","***",1.62312,1.62312]
["CAP MODIFICADO POR POLÍMERO 65-90-E","2017-02-01","***","***","***","***",1.6082,1.6082]
["CAP MODIFICADO POR POLÍMERO 65-90-E","2017-03-01","***","***","***","***",1.83099,1.83099]
["CAP MODIFICADO POR POLÍMERO 65-90-E","2017-04-01","***","***","***",2.02953,1.68996,1.72185]
["CAP MODIFICADO POR POLÍMERO 65-90-E","2017-05-01","***","***",1.82642,1.7751,1.85138,1.85038]
["CAP MODIFICADO POR POLÍMERO 65-90-E","2017-06-01","***","***",2.47996,2.01504,1.96893,2.03888]
["CAP MODIFICADO POR POLÍMERO 65-90-E","2017-07-01","***","***",2.21445,2.00352,1.9569,2.02766]
["CAP MODIFICADO POR POLÍMERO 65-90-E","2017-08-01","***","***",2.41271,1.97143,1.9569,2.03588]
["CAP MODIFICADO POR POLÍMERO 65-90-E","2017-09-01","***","***",2.53166,1.99401,1.96376,2.04643]
["CAP MODIFICADO POR POLÍMERO 65-90-E","2017-10-01","***","***",2.62838,2.01892,1.83664,2.14819]
["CAP MODIFICADO POR POLÍMERO 65-90-E","2017-11-01","***","***",2.56867,2.36905,2.06311,2.31698]
["CAP MODIFICADO POR POLÍMERO 65-90-E","2017-12-01","***",2.37503,2.64356,2.2241,2.1192,2.24476]
["CAP MODIFICADO POR POLÍMERO 65-90-E","2018-01-01","***",2.53211,2.40827,2.44707,"***",2.45836]
["CAP MODIFICADO POR POLÍMERO 65-90-E","2018-02-01","***",2.52744,"***","***",2.2188,2.27463]
["CAP MODIFICADO POR POLÍMERO 65-90-E","2018-03-01","***",2.52744,2.40827,"***",1.99714,2.1833]
["CAP MODIFICADO POR POLÍMERO 65-90-E","2018-04-01","***",2.47174,2.36936,"***",2.0879,2.31563]
["CAP MODIFICADO POR POLÍMERO 65-90-E","2018-05-01","***",2.50923,"***",2.12654,2.25039,2.31279]
["CAP MODIFICADO POR POLÍMERO 65-90-E","2018-06-01","***",2.71205,2.80463,2.25601,2.33635,2.49522]
["CAP MODIFICADO POR POLÍMERO 65-90-E","2018-07-01","***",2.87047,2.69098,2.65511,2.57384,2.66091]
["CAP MODIFICADO POR POLÍMERO 65-90-E","2018-08-01","***","***",2.8451,2.75009,2.6786,2.78192]
["CAP MODIFICADO POR POLÍMERO 65-90-E","2018-09-01","***","***",2.95826,2.58823,2.69452,2.71948]
["CAP MODIFICADO POR POLÍMERO 65-90-E","2018-10-01","***","***",2.48638,2.58235,2.68558,2.64611]
["CAP MODIFICADO POR POLÍMERO 65-90-E","2018-11-01","***","***",3.37103,2.88112,2.99511,3.00076]
["CAP MODIFICADO POR POLÍMERO 65-90-E","2018-12-01","***","***",2.89386,3.0403,2.98639,3.00728]
["CAP MODIFICADO POR POLÍMERO 65-90-E","2019-01-01","***","***",3.36681,3.08153,2.97027,3.04775]
["CAP MODIFICADO POR POLÍMERO 65-90-E","2019-02-01","***","***","***",3.24355,3.48473,3.25085]
["CAP MODIFICADO POR POLÍMERO 65-90-E","2019-03-01","***","***","***",3.24141,3.2869,3.24975]
["CAP MODIFICADO POR POLÍMERO 65-90-E","2019-04-01","***","***","***",2.98721,3.39739,3.04131]
["CAP MODIFICADO POR POLÍMERO 65-90-E","2019-05-01","***","***","***",3.58081,3.2869,3.49869]
["CAP MODIFICADO POR POLÍMERO 65-90-E","2019-06-01","***","***","***",3.48174,3.32532,3.41086]
["CAP MODIFICADO POR POLÍMERO 65-90-E","2019-07-01","***","***","***","***",3.1891,3.1891]
["CAP MODIFICADO POR POLÍMERO 65-90-E","2019-08-01","***","***","***",3.32954,3.16063,3.21403]
["CAP MODIFICADO POR POLÍMERO 65-90-E","2019-09-01","***","***","***",3.88859,3.15641,3.6911]
["CAP MODIFICADO POR POLÍMERO 65-90-E","2019-10-01","***","***","***",3.70848,"***",3.70848]
["CAP MODIFICADO POR POLÍMERO 65-90-E","2019-11-01","***","***","***",3.31659,"***",3.31659]
["CAP MODIFICADO POR POLÍMERO 65-90-E","2019-12-01","***","***","***",3.41658,3.465,3.44418]
["CAP MODIFICADO POR POLÍMERO 65-90-E","2020-01-01","***","***","***",4.07025,"***",4.07025]
["CAP MODIFICADO POR POLÍMERO 65-90-E","2020-02-01","***","***","***","***","***","***"]
["CAP MODIFICADO POR POLÍMERO 65-90-E","2020-03-01","***","***","***",3.8525,"***",3.8525]
["CAP MODIFICADO POR POLÍMERO 65-90-E","2020-04-01","***","***","***","***",3.36836,3.36836]
["CAP MODIFICADO POR POLÍMERO 65-90-E","2020-05-01","***","***","***",3.15953,"***",3.15953]
["CAP MODIFICADO POR POLÍMERO 65-90-E","2020-06-01","***","***","***",3.02877,3.37113,3.07058]
["CAP MODIFICADO POR POLÍMERO 65-90-E","2020-07-01","***","***","***",2.91801,3.02879,2.93687]
["CAP MODIFICADO POR POLÍMERO 65-90-E","2020-08-01","***","***","***",3.2083,3.60359,3.33002]
["CAP MODIFICADO POR POLÍMERO 65-90-E","2020-09-01","***",3.6784,"***",2.95723,1.46941,2.04036]
["CAP MODIFICADO POR POLÍMERO 65-90-E","2020-10-01","***",3.6784,"***",3.07491,2.94207,3.08381]
["CAP MODIFICADO POR POLÍMERO 65-90-E","2020-11-01","***",3.28358,"***",3.1592,3.30776,3.26443]
["CAP MODIFICADO POR POLÍMERO 65-90-E","2020-12-01","***",3.28358,"***",3.15909,3.12595,3.14331]
["CAP MODIFICADO POR POLÍMERO 65-90-E","2021-01-01","***","***","***",3.15976,"***",3.15976]
["CAP MODIFICADO POR POLÍMERO 65-90-E","2021-02-01","***","***","***",3.42,"***",3.42]
["CAP MODIFICADO POR POLÍMERO 65-90-E","2021-03-01","***",4.2064,"***",3.41728,3.35377,3.47319]
["CAP MODIFICADO POR POLÍMERO 65-90-E","2021-04-01","***",4.2064,"***",3.46655,3.50647,3.53085]
["CAP MODIFICADO POR POLÍMERO 65-90-E","2021-05-01","***",5.214,"***",4.2984,"***",4.47026]
["CAP MODIFICADO POR POLÍMERO 65-90-E","2021-06-01","***",5.214,"***",4.15067,4.30755,4.30069]
["CAP MODIFICADO POR POLÍMERO 65-90-E","2021-07-01","***",4.48745,"***",4.28803,"***",4.29667]
["CAP MODIFICADO POR POLÍMERO 65-90-E","2021-08-01","***",4.73083,"***",4.38113,"***",4.41506]
["CAP MODIFICADO POR POLÍMERO 65-90-E","2021-09-01","***",4.50639,"***",4.30847,4.93594,4.37702]
["CAP MODIFICADO POR POLÍMERO 65-90-E","2021-10-01","***","***","***",4.63861,4.93594,4.64134]
["CAP MODIFICADO POR POLÍMERO 65-90-E","2021-11-01","***","***","***",4.82263,"***",4.82263]
["CAP MODIFICADO POR POLÍMERO 65-90-E","2021-12-01","***",5.55153,"***",5.02714,"***",5.05951]
["CAP MODIFICADO POR POLÍMERO 65-90-E","2022-01-01","***","***","***",5.11089,"***",5.11089]
["CAP MODIFICADO POR POLÍMERO 65-90-E","2022-02-01","***","***","***",5.55001,5.93087,5.59105]
["CAP MODIFICADO POR POLÍMERO 65-90-E","2022-03-01","***","***","***",5.64238,"***",5.64238]
["CAP MODIFICADO POR POLÍMERO 65-90-E","2022-04-01","***",6.34477,"***",6.00043,"***",6.13048]
["CAP MODIFICADO POR POLÍMERO 65-90-E","2022-05-01","***",6.17497,5.58739,6.1204,5.96951,6.08459]
["CAP MODIFICADO POR POLÍMERO 65-90-E","2022-06-01","***",6.16201,5.58739,5.98551,"***",5.86085]
["CAP MODIFICADO POR POLÍMERO 65-90-E","2022-07-01","***",6.14865,5.68799,"***",6.0167,6.08229]
["CAP MODIFICADO POR POLÍMERO 65-90-E","2022-08-01","***",6.22279,"***","***",5.36518,5.91603]
["CAP MODIFICADO POR POLÍMERO 65-90-E","2022-09-01","***",6.01234,"***","***",5.58736,5.91974]
["CAP MODIFICADO POR POLÍMERO 65-90-E","2022-10-01","***",5.59587,"***",5.10384,"***",5.16482]
["CAP MODIFICADO POR POLÍMERO 65-90-E","2022-11-01","***",5.10533,"***",5.15784,"***",5.15026]
["CAP MODIFICADO POR POLÍMERO 65-90-E","2022-12-01","***",5.06208,"***",4.67406,4.71814,4.72662]
["CAP MODIFICADO POR POLÍMERO 65-90-E","2023-01-01","***",5.12447,"***",4.71055,"***",4.78277]
["CAP MODIFICADO POR POLÍMERO 65-90-E","2023-02-01","***",5.06386,"***",4.68398,4.74104,4.76434]
["CAP MODIFICADO POR POLÍMERO 65-90-E","2023-03-01","***",5.20049,"***",4.42608,4.41095,4.48448]
["CAP MODIFICADO POR POLÍMERO 65-90-E","2023-04-01","***",5.18342,3.57426,4.57641,"***",4.4275]
["CAP MODIFICADO POR POLÍMERO 65-90-E","2023-05-01","***","***",3.78379,4.58134,4.44583,4.35924]
["CAP MODIFICADO POR POLÍMERO 65-90-E","2023-06-01","***","***","***",4.52285,4.3865,4.4753]
["CAP MODIFICADO POR POLÍMERO 65-90-E","2023-07-01","***","***","***",4.53221,4.48285,4.51976]
["CAP MODIFICADO POR POLÍMERO 65-90-E","2023-08-01","***","***","***",4.45109,4.41148,4.44422]
["CAP MODIFICADO POR POLÍMERO 65-90-E","2023-09-01","***","***","***",4.68598,4.46758,4.56379]
["CIMENTO ASFÁLTICO MODIFICADO POR POLÍMERO SBS 50-65","2009-12-01","***","***","***",1.58537,1.41758,1.4291]
["CIMENTO ASFÁLTICO MODIFICADO POR POLÍMERO SBS 50-65","2010-01-01","***","***","***","***",1.52271,1.52271]
["CIMENTO ASFÁLTICO MODIFICADO POR POLÍMERO SBS 50-65","2010-02-01","***","***","***","***",1.70893,1.70893]
["CIMENTO ASFÁLTICO MODIFICADO POR POLÍMERO SBS 50-65","2010-03-01","***","***",1.67397,"***",1.63601,1.63717]
["CIMENTO ASFÁLTICO MODIFICADO POR POLÍMERO SBS 50-65","2010-04-01","***","***",1.67271,"***",1.60928,1.62686]
["CIMENTO ASFÁLTICO MODIFICADO POR POLÍMERO SBS 50-65","2010-05-01","***","***",1.67411,1.70661,1.71584,1.70441]
["CIMENTO ASFÁLTICO MODIFICADO POR POLÍMERO SBS 50-65","2010-06-01","***","***","***",1.19161,1.56069,1.52221]
["CIMENTO ASFÁLTICO MODIFICADO POR POLÍMERO SBS 50-65","2010-07-01","***","***","***",1.19161,1.59823,1.50817]
["CIMENTO ASFÁLTICO MODIFICADO POR POLÍMERO SBS 50-65","2010-08-01","***","***","***",1.44105,1.63643,1.59339]
["CIMENTO ASFÁLTICO MODIFICADO POR POLÍMERO SBS 50-65","2010-09-01","***","***","***",1.78783,1.53953,1.58145]
["CIMENTO ASFÁLTICO MODIFICADO POR POLÍMERO SBS 50-65","2010-10-01","***","***","***",1.78783,1.42551,1.45322]
["CIMENTO ASFÁLTICO MODIFICADO POR POLÍMERO SBS 50-65","2010-11-01","***","***","***",1.19161,1.29477,1.27266]
["CIMENTO ASFÁLTICO MODIFICADO POR POLÍMERO SBS 50-65","2010-12-01","***","***","***","***","***","***"]
["CIMENTO ASFÁLTICO MODIFICADO POR POLÍMERO SBS 50-65","2011-01-01","***","***","***","***",1.29478,1.29478]
["CIMENTO ASFÁLTICO MODIFICADO POR POLÍMERO SBS 50-65","2011-02-01","***","***","***","***","***","***"]
["CIMENTO ASFÁLTICO MODIFICADO POR POLÍMERO SBS 50-65","2011-03-01","***","***","***","***","***","***"]
["CIMENTO ASFÁLTICO MODIFICADO POR POLÍMERO SBS 50-65","2011-04-01","***","***","***",1.2592,"***",1.2592]
["CIMENTO ASFÁLTICO MODIFICADO POR POLÍMERO SBS 50-65","2011-05-01","***","***",1.64399,1.17416,"***",1.32467]
["CIMENTO ASFÁLTICO MODIFICADO POR POLÍMERO SBS 50-65","2011-06-01","***","***",1.63832,1.17467,"***",1.6014]
["CIMENTO ASFÁLTICO MODIFICADO POR POLÍMERO SBS 50-65","2011-07-01","***","***",1.49254,1.17304,"***",1.47237]
["CIMENTO ASFÁLTICO MODIFICADO POR POLÍMERO SBS 50-65","2011-08-01","***","***",1.37517,1.17293,"***",1.36044]
["CIMENTO ASFÁLTICO MODIFICADO POR POLÍMERO SBS 50-65","2011-09-01","***","***",1.37509,1.173,1.55753,1.33114]
["CIMENTO ASFÁLTICO MODIFICADO POR POLÍMERO SBS 50-65","2011-10-01","***","***","***",1.17047,"***",1.17047]
["CIMENTO ASFÁLTICO MODIFICADO POR POLÍMERO SBS 50-65","2011-11-01","***","***","***","***","***","***"]
["CIMENTO ASFÁLTICO MODIFICADO POR POLÍMERO SBS 50-65","2011-12-01","***","***","***",1.10371,"***",1.10371]
["CIMENTO ASFÁLTICO MODIFICADO POR POLÍMERO SBS 50-65","2012-01-01","***","***","***",1.10371,"***",1.10371]
["CIMENTO ASFÁLTICO MODIFICADO POR POLÍMERO SBS 50-65","2012-02-01","***","***","***",1.10371,"***",1.10371]
["CIMENTO ASFÁLTICO MODIFICADO POR POLÍMERO SBS 50-65","2012-03-01","***","***","***",1.10371,"***",1.10371]
["CIMENTO ASFÁLTICO MODIFICADO POR POLÍMERO SBS 50-65","2012-04-01","***","***","***",1.10372,"***",1.10372]
["CIMENTO ASFÁLTICO MODIFICADO POR POLÍMERO SBS 50-65","2012-05-01","***","***",1.56877,1.12521,"***",1.34749]
["CIMENTO ASFÁLTICO MODIFICADO POR POLÍMERO SBS 50-65","2012-06-01","***","***",1.56877,1.14682,"***",1.43211]
["CIMENTO ASFÁLTICO MODIFICADO POR POLÍMERO SBS 50-65","2012-07-01","***","***",1.56877,1.17455,1.36588,1.37214]
["CIMENTO ASFÁLTICO MODIFICADO POR POLÍMERO SBS 50-65","2012-08-01","***","***",1.56877,1.17455,"***",1.42981]
["CIMENTO ASFÁLTICO MODIFICADO POR POLÍMERO SBS 50-65","2012-09-01","***","***",1.61871,"***","***",1.61871]
["CIMENTO ASFÁLTICO MODIFICADO POR POLÍMERO SBS 50-65","2012-10-01","***","***",1.63875,"***","***",1.63875]
["CIMENTO ASFÁLTICO MODIFICADO POR POLÍMERO SBS 50-65","2012-11-01","***","***","***","***","***","***"]
["CIMENTO ASFÁLTICO MODIFICADO POR POLÍMERO SBS 50-65","2012-12-01","***","***","***","***","***","***"]
["CIMENTO ASFÁLTICO MODIFICADO POR POLÍMERO SBS 50-65","2013-01-01","***","***","***","***","***","***"]
["CIMENTO ASFÁLTICO MODIFICADO POR POLÍMERO SBS 50-65","2013-02-01","***","***","***","***","***","***"]
["CIMENTO ASFÁLTICO MODIFICADO POR POLÍMERO SBS 50-65","2013-03-01","***","***","***","***","***","***"]
["CIMENTO ASFÁLTICO MODIFICADO POR POLÍMERO SBS 50-65","2013-04-01","***","***","***",1.312,"***",1.312]
["CIMENTO ASFÁLTICO MODIFICADO POR POLÍMERO SBS 50-65","2013-05-01","***","***","***",1.312,1.32252,1.31354]
["CIMENTO ASFÁLTICO MODIFICADO POR POLÍMERO SBS 50-65","2013-06-01","***","***","***",1.312,"***",1.312]
["CIMENTO ASFÁLTICO MODIFICADO POR POLÍMERO SBS 50-65","2013-07-01","***","***","***",1.312,"***",1.312]
["CIMENTO ASFÁLTICO MODIFICADO POR POLÍMERO SBS 50-65","2013-08-01","***","***","***","***",1.56972,1.56972]
["CIMENTO ASFÁLTICO MODIFICADO POR POLÍMERO SBS 50-65","2013-09-01","***","***","***",1.312,"***",1.312]
["CIMENTO ASFÁLTICO MODIFICADO POR POLÍMERO SBS 50-65","2013-10-01","***","***","***","***",1.36149,1.36149]
["CIMENTO ASFÁLTICO MODIFICADO POR POLÍMERO SBS 50-65","2013-11-01","***","***","***",1.44751,"***",1.44751]
["CIMENTO ASFÁLTICO MODIFICADO POR POLÍMERO SBS 50-65","2013-12-01","***","***","***","***","***","***"]
["CIMENTO ASFÁLTICO MODIFICADO POR POLÍMERO SBS 50-65","2014-01-01","***","***","***",1.42351,"***",1.42351]
["CIMENTO ASFÁLTICO MODIFICADO POR POLÍMERO SBS 50-65","2014-02-01","***","***","***","***","***","***"]
["CIMENTO ASFÁLTICO MODIFICADO POR POLÍMERO SBS 50-65","2014-03-01","***","***",1.42697,"***","***",1.42697]
["CIMENTO ASFÁLTICO MODIFICADO POR POLÍMERO SBS 50-65","2014-04-01","***","***",1.30339,"***","***",1.30339]
["CIMENTO ASFÁLTICO MODIFICADO POR POLÍMERO SBS 50-65","2014-05-01","***","***","***","***","***","***"]
["CIMENTO ASFÁLTICO MODIFICADO POR POLÍMERO SBS 50-65","2014-06-01","***","***","***","***","***","***"]
["CIMENTO ASFÁLTICO MODIFICADO POR POLÍMERO SBS 50-65","2014-07-01","***","***","***","***","***","***"]
["CIMENTO ASFÁLTICO MODIFICADO POR POLÍMERO SBS 50-65","2014-08-01","***","***","***","***","***","***"]
["CIMENTO ASFÁLTICO MODIFICADO POR POLÍMERO SBS 50-65","2014-09-01","***","***","***","***","***","***"]
["CIMENTO ASFÁLTICO MODIFICADO POR POLÍMERO SBS 50-65","2014-10-01","***","***","***","***","***","***"]
["CIMENTO ASFÁLTICO MODIFICADO POR POLÍMERO SBS 50-65","2014-11-01","***","***","***","***","***","***"]
["CIMENTO ASFÁLTICO MODIFICADO POR POLÍMERO SBS 50-65","2014-12-01","***","***","***","***","***","***"]
["CIMENTO ASFÁLTICO MODIFICADO POR POLÍMERO SBS 50-65","2015-01-01","***","***","***","***","***","***"]
["CIMENTO ASFÁLTICO MODIFICADO POR POLÍMERO SBS 50-65","2015-02-01","***","***","***","***","***","***"]
["CIMENTO ASFÁLTICO MODIFICADO POR POLÍMERO SBS 50-65","2015-03-01","***","***","***","***","***","***"]
["CIMENTO ASFÁLTICO MODIFICADO POR POLÍMERO SBS 50-65","2015-04-01","***","***","***","***","***","***"]
["CIMENTO ASFÁLTICO MODIFICADO POR POLÍMERO SBS 50-65","2015-05-01","***","***","***","***","***","***"]
["CIMENTO ASFÁLTICO MODIFICADO POR POLÍMERO SBS 50-65","2015-06-01","***","***","***","***","***","***"]
["CIMENTO ASFÁLTICO MODIFICADO POR POLÍMERO SBS 50-65","2015-07-01","***","***","***","***","***","***"]
["CIMENTO ASFÁLTICO MODIFICADO POR POLÍMERO SBS 50-65","2015-08-01","***","***","***","***","***","***"]
["CIMENTO ASFÁLTICO MODIFICADO POR POLÍMERO SBS 55-75","2009-12-01","***","***","***","***",1.40852,1.40852]
["CIMENTO ASFÁLTICO MODIFICADO POR POLÍMERO SBS 55-75","2010-01-01","***",1.47911,"***","***",1.412,1.45017]
["CIMENTO ASFÁLTICO MODIFICADO POR POLÍMERO SBS 55-75","2010-02-01","***","***","***","***",1.3579,1.3579]
["CIMENTO ASFÁLTICO MODIFICADO POR POLÍMERO SBS 55-75","2010-03-01","***","***","***","***",1.3579,1.3579]
["CIMENTO ASFÁLTICO MODIFICADO POR POLÍMERO SBS 55-75","2010-04-01","***","***","***","***",1.3579,1.3579]
["CIMENTO ASFÁLTICO MODIFICADO POR POLÍMERO SBS 55-75","2010-05-01","***","***","***",1.33582,1.33714,1.33653]
["CIMENTO ASFÁLTICO MODIFICADO POR POLÍMERO SBS 55-75","2010-06-01","***","***","***","***",1.34925,1.34925]
["CIMENTO ASFÁLTICO MODIFICADO POR POLÍMERO SBS 55-75","2010-07-01","***",1.44868,"***","***",1.35573,1.36333]
["CIMENTO ASFÁLTICO MODIFICADO POR POLÍMERO SBS 55-75","2010-08-01","***","***","***",1.62704,1.33961,1.35495]
["CIMENTO ASFÁLTICO MODIFICADO POR POLÍMERO SBS 55-75","2010-09-01","***",1.48319,"***",1.3705,1.33284,1.38662]
["CIMENTO ASFÁLTICO MODIFICADO POR POLÍMERO SBS 55-75","2010-10-01","***",1.48319,"***",1.37926,1.30944,1.34603]
["CIMENTO ASFÁLTICO MODIFICADO POR POLÍMERO SBS 55-75","2010-11-01","***",1.4832,"***",1.30825,1.32965,1.35157]
["CIMENTO ASFÁLTICO MODIFICADO POR POLÍMERO SBS 55-75","2010-12-01","***","***","***",1.30873,1.32008,1.31115]
["CIMENTO ASFÁLTICO MODIFICADO POR POLÍMERO SBS 55-75","2011-01-01","***","***","***",1.28265,1.24743,1.27951]
["CIMENTO ASFÁLTICO MODIFICADO POR POLÍMERO SBS 55-75","2011-02-01","***",0.78463,"***",1.26176,1.23996,1.12999]
["CIMENTO ASFÁLTICO MODIFICADO POR POLÍMERO SBS 55-75","2011-03-01","***",1.29963,"***",1.28085,1.2338,1.25669]
["CIMENTO ASFÁLTICO MODIFICADO POR POLÍMERO SBS 55-75","2011-04-01","***",1.00474,"***",1.32068,1.24285,1.20176]
["CIMENTO ASFÁLTICO MODIFICADO POR POLÍMERO SBS 55-75","2011-05-01","***",0.64171,1.6392,1.11873,1.24084,1.06829]
["CIMENTO ASFÁLTICO MODIFICADO POR POLÍMERO SBS 55-75","2011-06-01","***",0.96346,1.6392,1.15532,1.22114,1.16206]
["CIMENTO ASFÁLTICO MODIFICADO POR POLÍMERO SBS 55-75","2011-07-01","***",1.24418,1.64903,1.26274,1.23024,1.34807]
["CIMENTO ASFÁLTICO MODIFICADO POR POLÍMERO SBS 55-75","2011-08-01","***",1.23614,1.6641,"***",1.21723,1.25659]
["CIMENTO ASFÁLTICO MODIFICADO POR POLÍMERO SBS 55-75","2011-09-01","***",1.4429,"***",1.36294,1.2035,1.24344]
["CIMENTO ASFÁLTICO MODIFICADO POR POLÍMERO SBS 55-75","2011-10-01","***",1.39886,1.37394,1.4555,1.17378,1.31005]
["CIMENTO ASFÁLTICO MODIFICADO POR POLÍMERO SBS 55-75","2011-11-01","***",1.35042,"***",1.43827,1.2702,1.32816]
["CIMENTO ASFÁLTICO MODIFICADO POR POLÍMERO SBS 55-75","2011-12-01","***",1.31169,"***",1.34221,1.1461,1.29787]
["CIMENTO ASFÁLTICO MODIFICADO POR POLÍMERO SBS 55-75","2012-01-01","***",1.32091,"***",1.35804,1.23418,1.29569]
["CIMENTO ASFÁLTICO MODIFICADO POR POLÍMERO SBS 55-75","2012-02-01","***",1.29069,"***",1.36152,1.29024,1.29633]
["CIMENTO ASFÁLTICO MODIFICADO POR POLÍMERO SBS 55-75","2012-03-01","***",1.31156,"***",1.41406,1.29899,1.3129]
["CIMENTO ASFÁLTICO MODIFICADO POR POLÍMERO SBS 55-75","2012-04-01","***",1.30766,"***",1.45722,1.29026,1.31]
["CIMENTO ASFÁLTICO MODIFICADO POR POLÍMERO SBS 55-75","2012-05-01","***",0.96959,"***",1.38703,1.29123,1.13267]
["CIMENTO ASFÁLTICO MODIFICADO POR POLÍMERO SBS 55-75","2012-06-01","***",1.17014,"***",1.27664,1.31031,1.24456]
["CIMENTO ASFÁLTICO MODIFICADO POR POLÍMERO SBS 55-75","2012-07-01","***",1.43488,"***",1.3394,1.41787,1.40875]
["CIMENTO ASFÁLTICO MODIFICADO POR POLÍMERO SBS 55-75","2012-08-01","***",1.3961,1.7139,1.3468,1.36155,1.44713]
["CIMENTO ASFÁLTICO MODIFICADO POR POLÍMERO SBS 55-75","2012-09-01","***",1.35666,1.7139,1.4555,1.40154,1.41701]
["CIMENTO ASFÁLTICO MODIFICADO POR POLÍMERO SBS 55-75","2012-10-01","***",1.36912,1.8284,1.31639,1.25942,1.37671]
["CIMENTO ASFÁLTICO MODIFICADO POR POLÍMERO SBS 55-75","2012-11-01","***",1.36362,1.8284,1.3735,1.34579,1.48256]
["CIMENTO ASFÁLTICO MODIFICADO POR POLÍMERO SBS 55-75","2012-12-01","***",1.3433,1.8284,1.20565,1.38666,1.38802]
["CIMENTO ASFÁLTICO MODIFICADO POR POLÍMERO SBS 55-75","2013-01-01","***",1.37121,1.8284,1.34958,1.38708,1.3915]
["CIMENTO ASFÁLTICO MODIFICADO POR POLÍMERO SBS 55-75","2013-02-01","***",1.38099,1.8284,1.37447,1.3846,1.41281]
["CIMENTO ASFÁLTICO MODIFICADO POR POLÍMERO SBS 55-75","2013-03-01","***",1.37831,"***",1.30983,1.37936,1.37298]
["CIMENTO ASFÁLTICO MODIFICADO POR POLÍMERO SBS 55-75","2013-04-01","***",1.36699,1.8284,1.3284,1.40313,1.40703]
["CIMENTO ASFÁLTICO MODIFICADO POR POLÍMERO SBS 55-75","2013-05-01","***",1.38801,1.78043,1.29638,1.42904,1.43627]
["CIMENTO ASFÁLTICO MODIFICADO POR POLÍMERO SBS 55-75","2013-06-01","***",1.40216,1.8239,1.29849,1.55501,1.50044]
["CIMENTO ASFÁLTICO MODIFICADO POR POLÍMERO SBS 55-75","2013-07-01","***",1.38717,1.80527,1.33403,1.44763,1.46756]
["CIMENTO ASFÁLTICO MODIFICADO POR POLÍMERO SBS 55-75","2013-08-01","***",1.37282,1.82493,1.34887,1.4925,1.43919]
["CIMENTO ASFÁLTICO MODIFICADO POR POLÍMERO SBS 55-75","2013-09-01","***",1.37657,1.81676,1.31377,1.45967,1.44374]
["CIMENTO ASFÁLTICO MODIFICADO POR POLÍMERO SBS 55-75","2013-10-01","***",1.31681,1.83787,"***",1.48898,1.47482]
["CIMENTO ASFÁLTICO MODIFICADO POR POLÍMERO SBS 55-75","2013-11-01","***",1.32167,1.82838,"***",1.41289,1.42913]
["CIMENTO ASFÁLTICO MODIFICADO POR POLÍMERO SBS 55-75","2013-12-01","***",1.44253,"***",1.34465,1.38392,1.40937]
["CIMENTO ASFÁLTICO MODIFICADO POR POLÍMERO SBS 55-75","2014-01-01","***",1.3379,1.8284,1.38392,1.45863,1.41624]
["CIMENTO ASFÁLTICO MODIFICADO POR POLÍMERO SBS 55-75","2014-02-01","***",1.37168,"***",1.4903,1.40239,1.39556]
["CIMENTO ASFÁLTICO MODIFICADO POR POLÍMERO SBS 55-75","2014-03-01","***",1.33609,1.8592,1.48956,1.4185,1.38628]
["CIMENTO ASFÁLTICO MODIFICADO POR POLÍMERO SBS 55-75","2014-04-01","***",1.0858,1.74945,1.4888,1.45181,1.25831]
["CIMENTO ASFÁLTICO MODIFICADO POR POLÍMERO SBS 55-75","2014-05-01","***",1.33663,1.76725,1.34725,1.47519,1.41811]
["CIMENTO ASFÁLTICO MODIFICADO POR POLÍMERO SBS 55-75","2014-06-01","***",1.3528,"***",1.34933,1.43816,1.39528]
["CIMENTO ASFÁLTICO MODIFICADO POR POLÍMERO SBS 55-75","2014-07-01","***",1.34275,"***","***",1.42537,1.38905]
["CIMENTO ASFÁLTICO MODIFICADO POR POLÍMERO SBS 55-75","2014-08-01","***",1.4112,"***","***",1.47528,1.44952]
["CIMENTO ASFÁLTICO MODIFICADO POR POLÍMERO SBS 55-75","2014-09-01","***",1.39581,"***","***",1.58951,1.50402]
["CIMENTO ASFÁLTICO MODIFICADO POR POLÍMERO SBS 55-75","2014-10-01","***",1.37906,1.8783,1.49459,1.43571,1.43626]
["CIMENTO ASFÁLTICO MODIFICADO POR POLÍMERO SBS 55-75","2014-11-01","***",1.42979,1.83898,1.49406,1.55143,1.51082]
["CIMENTO ASFÁLTICO MODIFICADO POR POLÍMERO SBS 55-75","2014-12-01","***",1.52943,2.13866,1.72073,1.69827,1.62135]
["CIMENTO ASFÁLTICO MODIFICADO POR POLÍMERO SBS 55-75","2015-01-01","***",1.71018,"***","***",1.9805,1.80546]
["CIMENTO ASFÁLTICO MODIFICADO POR POLÍMERO SBS 55-75","2015-02-01","***",1.68387,"***","***",1.81211,1.74855]
["CIMENTO ASFÁLTICO MODIFICADO POR POLÍMERO SBS 55-75","2015-03-01","***",1.80451,"***",1.68685,1.81777,1.76961]
["CIMENTO ASFÁLTICO MODIFICADO POR POLÍMERO SBS 55-75","2015-04-01","***",1.80775,"***",1.73136,1.81112,1.78255]
["CIMENTO ASFÁLTICO MODIFICADO POR POLÍMERO SBS 55-75","2015-05-01","***",1.89642,"***",1.65154,1.7812,1.77715]
["CIMENTO ASFÁLTICO MODIFICADO POR POLÍMERO SBS 55-75","2015-06-01","***",2.0392,"***",1.71329,1.69309,1.74543]
["CIMENTO ASFÁLTICO MODIFICADO POR POLÍMERO SBS 55-75","2015-07-01","***",1.87908,"***",2.00111,1.86523,1.90634]
["CIMENTO ASFÁLTICO MODIFICADO POR POLÍMERO SBS 55-75","2015-08-01","***",1.61873,"***",1.80214,1.70622,1.73953]
["CIMENTO ASFÁLTICO MODIFICADO POR POLÍMERO SBS 60-85","2009-12-01","***","***",1.79731,1.34168,1.32998,1.45977]
["CIMENTO ASFÁLTICO MODIFICADO POR POLÍMERO SBS 60-85","2010-01-01","***","***",1.75981,1.36536,1.3749,1.48479]
["CIMENTO ASFÁLTICO MODIFICADO POR POLÍMERO SBS 60-85","2010-02-01","***","***",1.79179,1.34705,1.38958,1.46639]
["CIMENTO ASFÁLTICO MODIFICADO POR POLÍMERO SBS 60-85","2010-03-01","***","***",1.83064,1.35655,1.38286,1.46108]
["CIMENTO ASFÁLTICO MODIFICADO POR POLÍMERO SBS 60-85","2010-04-01","***","***",1.78706,1.36016,1.28973,1.56507]
["CIMENTO ASFÁLTICO MODIFICADO POR POLÍMERO SBS 60-85","2010-05-01","***",1.40834,1.82608,1.34802,1.34006,1.52177]
["CIMENTO ASFÁLTICO MODIFICADO POR POLÍMERO SBS 60-85","2010-06-01","***",1.40834,1.84462,1.28086,1.33899,1.38928]
["CIMENTO ASFÁLTICO MODIFICADO POR POLÍMERO SBS 60-85","2010-07-01","***",1.40834,1.83348,1.28557,1.33384,1.43245]
["CIMENTO ASFÁLTICO MODIFICADO POR POLÍMERO SBS 60-85","2010-08-01","***",1.40834,1.82005,1.25991,1.34886,1.39188]
["CIMENTO ASFÁLTICO MODIFICADO POR POLÍMERO SBS 60-85","2010-09-01","***","***",1.77738,1.29401,1.36868,1.41089]
["CIMENTO ASFÁLTICO MODIFICADO POR POLÍMERO SBS 60-85","2010-10-01","***","***",1.78554,1.28243,1.34813,1.42778]
["CIMENTO ASFÁLTICO MODIFICADO POR POLÍMERO SBS 60-85","2010-11-01","***","***",1.77133,1.2977,1.34875,1.45651]
["CIMENTO ASFÁLTICO MODIFICADO POR POLÍMERO SBS 60-85","2010-12-01","***",1.56869,1.86762,1.2801,1.33671,1.40333]
["CIMENTO ASFÁLTICO MODIFICADO POR POLÍMERO SBS 60-85","2011-01-01","***","***",1.78161,1.26663,1.36776,1.40081]
["CIMENTO ASFÁLTICO MODIFICADO POR POLÍMERO SBS 60-85","2011-02-01","***",1.64589,1.95419,1.32877,1.37428,1.40339]
["CIMENTO ASFÁLTICO MODIFICADO POR POLÍMERO SBS 60-85","2011-03-01","***",1.47681,1.84887,1.23391,1.3669,1.3465]
["CIMENTO ASFÁLTICO MODIFICADO POR POLÍMERO SBS 60-85","2011-04-01","***","***",1.83945,1.30749,1.36025,1.39115]
["CIMENTO ASFÁLTICO MODIFICADO POR POLÍMERO SBS 60-85","2011-05-01","***",1.35648,1.72916,1.27127,1.35761,1.37779]
["CIMENTO ASFÁLTICO MODIFICADO POR POLÍMERO SBS 60-85","2011-06-01","***",1.35687,1.69818,1.29925,1.32568,1.37693]
["CIMENTO ASFÁLTICO MODIFICADO POR POLÍMERO SBS 60-85","2011-07-01","***",1.35674,1.68007,1.30869,1.2673,1.4104]
["CIMENTO ASFÁLTICO MODIFICADO POR POLÍMERO SBS 60-85","2011-08-01","***",1.35544,1.71264,1.3169,1.29819,1.43011]
["CIMENTO ASFÁLTICO MODIFICADO POR POLÍMERO SBS 60-85","2011-09-01","***","***",1.73634,1.28078,1.27152,1.37115]
["CIMENTO ASFÁLTICO MODIFICADO POR POLÍMERO SBS 60-85","2011-10-01","***",1.43249,1.56292,1.28831,1.28208,1.37661]
["CIMENTO ASFÁLTICO MODIFICADO POR POLÍMERO SBS 60-85","2011-11-01","***","***",1.44802,1.29613,1.24448,1.33297]
["CIMENTO ASFÁLTICO MODIFICADO POR POLÍMERO SBS 60-85","2011-12-01","***",1.41819,1.33288,1.31806,1.2728,1.31856]
["CIMENTO ASFÁLTICO MODIFICADO POR POLÍMERO SBS 60-85","2012-01-01","***",1.41818,1.39262,1.30305,1.27481,1.31327]
["CIMENTO ASFÁLTICO MODIFICADO POR POLÍMERO SBS 60-85","2012-02-01","***",1.41818,1.34115,1.32358,1.27742,1.31839]
["CIMENTO ASFÁLTICO MODIFICADO POR POLÍMERO SBS 60-85","2012-03-01","***",1.4182,1.31773,1.34148,1.23913,1.3242]
["CIMENTO ASFÁLTICO MODIFICADO POR POLÍMERO SBS 60-85","2012-04-01","***",1.41819,1.42439,1.34873,1.24418,1.33459]
["CIMENTO ASFÁLTICO MODIFICADO POR POLÍMERO SBS 60-85","2012-05-01","***",1.4182,1.44162,1.38005,1.2616,1.3548]
["CIMENTO ASFÁLTICO MODIFICADO POR POLÍMERO SBS 60-85","2012-06-01","***","***",1.47339,1.41556,1.32315,1.41867]
["CIMENTO ASFÁLTICO MODIFICADO POR POLÍMERO SBS 60-85","2012-07-01","***","***",1.58298,1.44641,1.36579,1.48347]
["CIMENTO ASFÁLTICO MODIFICADO POR POLÍMERO SBS 60-85","2012-08-01","***","***",1.54092,1.39317,1.37242,1.46429]
["CIMENTO ASFÁLTICO MODIFICADO POR POLÍMERO SBS 60-85","2012-09-01","***","***",1.59432,1.40457,1.34605,1.50898]
["CIMENTO ASFÁLTICO MODIFICADO POR POLÍMERO SBS 60-85","2012-10-01",1.55,1.41822,1.58595,1.42881,1.3621,1.51067]
["CIMENTO ASFÁLTICO MODIFICADO POR POLÍMERO SBS 60-85","2012-11-01","***",1.43249,1.61961,1.41268,1.32696,1.48718]
["CIMENTO ASFÁLTICO MODIFICADO POR POLÍMERO SBS 60-85","2012-12-01","***",1.41829,1.56546,1.40579,1.34142,1.43546]
["CIMENTO ASFÁLTICO MODIFICADO POR POLÍMERO SBS 60-85","2013-01-01","***","***",1.49919,1.43483,1.34859,1.42891]
["CIMENTO ASFÁLTICO MODIFICADO POR POLÍMERO SBS 60-85","2013-02-01","***","***",1.4541,1.44617,1.3572,1.41387]
["CIMENTO ASFÁLTICO MODIFICADO POR POLÍMERO SBS 60-85","2013-03-01","***",1.41824,1.46161,1.33633,1.39693,1.38468]
["CIMENTO ASFÁLTICO MODIFICADO POR POLÍMERO SBS 60-85","2013-04-01","***",1.41823,1.49118,1.30393,1.3628,1.35853]
["CIMENTO ASFÁLTICO MODIFICADO POR POLÍMERO SBS 60-85","2013-05-01","***","***",1.50938,1.29158,1.34744,1.37112]
["CIMENTO ASFÁLTICO MODIFICADO POR POLÍMERO SBS 60-85","2013-06-01","***","***",1.64165,1.42614,1.36431,1.48793]
["CIMENTO ASFÁLTICO MODIFICADO POR POLÍMERO SBS 60-85","2013-07-01","***",1.41821,1.6992,1.47911,1.37121,1.50948]
["CIMENTO ASFÁLTICO MODIFICADO POR POLÍMERO SBS 60-85","2013-08-01","***",1.41821,1.84543,1.49101,1.35457,1.51829]
["CIMENTO ASFÁLTICO MODIFICADO POR POLÍMERO SBS 60-85","2013-09-01","***","***",1.72018,1.4576,1.3658,1.49067]
["CIMENTO ASFÁLTICO MODIFICADO POR POLÍMERO SBS 60-85","2013-10-01","***","***",1.64693,1.47735,1.38679,1.48451]
["CIMENTO ASFÁLTICO MODIFICADO POR POLÍMERO SBS 60-85","2013-11-01","***","***",1.66566,1.45899,1.41172,1.47658]
["CIMENTO ASFÁLTICO MODIFICADO POR POLÍMERO SBS 60-85","2013-12-01","***",2.21984,1.66744,1.44767,1.43344,1.46371]
["CIMENTO ASFÁLTICO MODIFICADO POR POLÍMERO SBS 60-85","2014-01-01","***","***",1.59315,1.46364,1.36492,1.46213]
["CIMENTO ASFÁLTICO MODIFICADO POR POLÍMERO SBS 60-85","2014-02-01","***",2.21984,1.65636,1.48624,1.41586,1.50723]
["CIMENTO ASFÁLTICO MODIFICADO POR POLÍMERO SBS 60-85","2014-03-01","***",2.21984,1.63758,1.50015,1.64999,1.55084]
["CIMENTO ASFÁLTICO MODIFICADO POR POLÍMERO SBS 60-85","2014-04-01","***",1.63164,1.57742,1.47357,1.55538,1.50756]
["CIMENTO ASFÁLTICO MODIFICADO POR POLÍMERO SBS 60-85","2014-05-01","***",1.33643,1.67356,1.54191,1.52835,1.55817]
["CIMENTO ASFÁLTICO MODIFICADO POR POLÍMERO SBS 60-85","2014-06-01","***","***",1.68574,1.50751,1.42658,1.52807]
["CIMENTO ASFÁLTICO MODIFICADO POR POLÍMERO SBS 60-85","2014-07-01","***","***",1.69598,1.45431,1.42035,1.53468]
["CIMENTO ASFÁLTICO MODIFICADO POR POLÍMERO SBS 60-85","2014-08-01","***","***",1.66015,1.44554,1.41608,1.48943]
["CIMENTO ASFÁLTICO MODIFICADO POR POLÍMERO SBS 60-85","2014-09-01","***",2.21983,1.84241,1.57846,1.44968,1.63141]
["CIMENTO ASFÁLTICO MODIFICADO POR POLÍMERO SBS 60-85","2014-10-01","***",2.21984,1.69264,1.50512,1.44125,1.54585]
["CIMENTO ASFÁLTICO MODIFICADO POR POLÍMERO SBS 60-85","2014-11-01","***",2.21984,1.78367,1.5214,1.47353,1.58196]
["CIMENTO ASFÁLTICO MODIFICADO POR POLÍMERO SBS 60-85","2014-12-01","***",2.21983,1.81573,1.65716,1.55844,1.67412]
["CIMENTO ASFÁLTICO MODIFICADO POR POLÍMERO SBS 60-85","2015-01-01","***","***",1.63449,1.75256,1.71008,1.72191]
["CIMENTO ASFÁLTICO MODIFICADO POR POLÍMERO SBS 60-85","2015-02-01","***",1.42256,1.74413,1.76555,1.68433,1.71313]
["CIMENTO ASFÁLTICO MODIFICADO POR POLÍMERO SBS 60-85","2015-03-01","***",2.23008,1.68173,1.73366,1.76172,1.73936]
["CIMENTO ASFÁLTICO MODIFICADO POR POLÍMERO SBS 60-85","2015-04-01","***",2.14889,1.75842,1.71424,1.78458,1.75472]
["CIMENTO ASFÁLTICO MODIFICADO POR POLÍMERO SBS 60-85","2015-05-01","***",2.11503,1.63132,1.68376,1.77665,1.70399]
["CIMENTO ASFÁLTICO MODIFICADO POR POLÍMERO SBS 60-85","2015-06-01","***","***",1.72739,1.61237,1.87772,1.7592]
["CIMENTO ASFÁLTICO MODIFICADO POR POLÍMERO SBS 60-85","2015-07-01","***",1.07024,1.7951,1.66768,1.87871,1.80406]
["CIMENTO ASFÁLTICO MODIFICADO POR POLÍMERO SBS 60-85","2015-08-01","***",1.08002,2.00485,1.66222,1.87203,1.8551]
["CIMENTO ASFÁLTICO MODIFICADO POR POLÍMERO SBS 65-90","2009-12-01","***","***","***","***",1.3856,1.3856]
["CIMENTO ASFÁLTICO MODIFICADO POR POLÍMERO SBS 65-90","2010-01-01","***","***","***","***",1.5106,1.5106]
["CIMENTO ASFÁLTICO MODIFICADO POR POLÍMERO SBS 65-90","2010-02-01","***","***","***",1.4158,1.50278,1.4372]
["CIMENTO ASFÁLTICO MODIFICADO POR POLÍMERO SBS 65-90","2010-03-01","***","***","***",1.70213,1.48072,1.58468]
["CIMENTO ASFÁLTICO MODIFICADO POR POLÍMERO SBS 65-90","2010-04-01","***","***","***","***","***","***"]
["CIMENTO ASFÁLTICO MODIFICADO POR POLÍMERO SBS 65-90","2010-05-01","***","***","***","***",1.3461,1.3461]
["CIMENTO ASFÁLTICO MODIFICADO POR POLÍMERO SBS 65-90","2010-06-01","***","***","***","***",1.3457,1.3457]
["CIMENTO ASFÁLTICO MODIFICADO POR POLÍMERO SBS 65-90","2010-07-01","***","***","***","***",1.43089,1.43089]
["CIMENTO ASFÁLTICO MODIFICADO POR POLÍMERO SBS 65-90","2010-08-01","***","***","***","***",1.34376,1.34376]
["CIMENTO ASFÁLTICO MODIFICADO POR POLÍMERO SBS 65-90","2010-09-01","***","***","***","***",1.3453,1.3453]
["CIMENTO ASFÁLTICO MODIFICADO POR POLÍMERO SBS 65-90","2010-10-01","***","***","***","***","***","***"]
["CIMENTO ASFÁLTICO MODIFICADO POR POLÍMERO SBS 65-90","2010-11-01","***","***","***","***",1.3456,1.3456]
["CIMENTO ASFÁLTICO MODIFICADO POR POLÍMERO SBS 65-90","2010-12-01","***","***","***",1.49577,"***",1.49577]
["CIMENTO ASFÁLTICO MODIFICADO POR POLÍMERO SBS 65-90","2011-01-01","***","***","***","***",1.47147,1.47147]
["CIMENTO ASFÁLTICO MODIFICADO POR POLÍMERO SBS 65-90","2011-02-01","***","***","***",1.46564,1.52056,1.47693]
["CIMENTO ASFÁLTICO MODIFICADO POR POLÍMERO SBS 65-90","2011-03-01","***","***","***",1.45316,1.52056,1.49151]
["CIMENTO ASFÁLTICO MODIFICADO POR POLÍMERO SBS 65-90","2011-04-01","***","***","***",1.46489,1.40984,1.43315]
["CIMENTO ASFÁLTICO MODIFICADO POR POLÍMERO SBS 65-90","2011-05-01","***","***","***",1.45053,1.283,1.36352]
["CIMENTO ASFÁLTICO MODIFICADO POR POLÍMERO SBS 65-90","2011-06-01","***","***","***",1.44814,1.25423,1.33123]
["CIMENTO ASFÁLTICO MODIFICADO POR POLÍMERO SBS 65-90","2011-07-01","***","***","***",1.44778,1.34642,1.39963]
["CIMENTO ASFÁLTICO MODIFICADO POR POLÍMERO SBS 65-90","2011-08-01","***","***","***",1.48177,1.41755,1.45523]
["CIMENTO ASFÁLTICO MODIFICADO POR POLÍMERO SBS 65-90","2011-09-01","***","***","***",1.4739,1.34831,1.3953]
["CIMENTO ASFÁLTICO MODIFICADO POR POLÍMERO SBS 65-90","2011-10-01","***","***","***",3.81454,1.35,1.63633]
["CIMENTO ASFÁLTICO MODIFICADO POR POLÍMERO SBS 65-90","2011-11-01","***","***","***",1.47581,1.39922,1.45124]
["CIMENTO ASFÁLTICO MODIFICADO POR POLÍMERO SBS 65-90","2011-12-01","***","***","***",1.41912,1.27919,1.3707]
["CIMENTO ASFÁLTICO MODIFICADO POR POLÍMERO SBS 65-90","2012-01-01","***","***","***",1.45836,"***",1.45836]
["CIMENTO ASFÁLTICO MODIFICADO POR POLÍMERO SBS 65-90","2012-02-01","***","***","***",1.4324,1.40657,1.42797]
["CIMENTO ASFÁLTICO MODIFICADO POR POLÍMERO SBS 65-90","2012-03-01","***","***","***",1.48214,1.03999,1.36955]
["CIMENTO ASFÁLTICO MODIFICADO POR POLÍMERO SBS 65-90","2012-04-01","***","***","***",1.54863,"***",1.54863]
["CIMENTO ASFÁLTICO MODIFICADO POR POLÍMERO SBS 65-90","2012-05-01","***","***","***",1.56049,1.1077,1.53547]
["CIMENTO ASFÁLTICO MODIFICADO POR POLÍMERO SBS 65-90","2012-06-01","***","***","***",1.5808,"***",1.5808]
["CIMENTO ASFÁLTICO MODIFICADO POR POLÍMERO SBS 65-90","2012-07-01","***","***","***",1.70543,"***",1.70543]
["CIMENTO ASFÁLTICO MODIFICADO POR POLÍMERO SBS 65-90","2012-08-01","***","***","***",1.72914,"***",1.72914]
["CIMENTO ASFÁLTICO MODIFICADO POR POLÍMERO SBS 65-90","2012-09-01","***","***","***",1.61503,1.353,1.59834]
["CIMENTO ASFÁLTICO MODIFICADO POR POLÍMERO SBS 65-90","2012-10-01","***","***","***",1.6526,"***",1.6526]
["CIMENTO ASFÁLTICO MODIFICADO POR POLÍMERO SBS 65-90","2012-11-01","***","***","***",1.67978,1.5986,1.66643]
["CIMENTO ASFÁLTICO MODIFICADO POR POLÍMERO SBS 65-90","2012-12-01","***","***","***","***","***","***"]
["CIMENTO ASFÁLTICO MODIFICADO POR POLÍMERO SBS 65-90","2013-01-01","***","***","***",1.55231,"***",1.55231]
["CIMENTO ASFÁLTICO MODIFICADO POR POLÍMERO SBS 65-90","2013-02-01","***","***","***",1.56943,"***",1.56943]
["CIMENTO ASFÁLTICO MODIFICADO POR POLÍMERO SBS 65-90","2013-03-01","***","***","***","***","***","***"]
["CIMENTO ASFÁLTICO MODIFICADO POR POLÍMERO SBS 65-90","2013-04-01","***","***","***",1.2172,1.36038,1.3039]
["CIMENTO ASFÁLTICO MODIFICADO POR POLÍMERO SBS 65-90","2013-05-01","***","***",2.032,1.55075,1.36038,1.86715]
["CIMENTO ASFÁLTICO MODIFICADO POR POLÍMERO SBS 65-90","2013-06-01","***","***",2.032,"***","***",2.032]
["CIMENTO ASFÁLTICO MODIFICADO POR POLÍMERO SBS 65-90","2013-07-01","***","***",1.9375,"***",1.43022,1.79202]
["CIMENTO ASFÁLTICO MODIFICADO POR POLÍMERO SBS 65-90","2013-08-01","***","***",1.99734,"***",0.86666,1.8358]
["CIMENTO ASFÁLTICO MODIFICADO POR POLÍMERO SBS 65-90","2013-09-01","***","***",2.10698,1.70267,"***",1.97646]
["CIMENTO ASFÁLTICO MODIFICADO POR POLÍMERO SBS 65-90","2013-10-01","***","***",2.07458,1.80919,"***",2.0059]
["CIMENTO ASFÁLTICO MODIFICADO POR POLÍMERO SBS 65-90","2013-11-01","***","***",2.04161,1.61031,1.5908,1.83646]
["CIMENTO ASFÁLTICO MODIFICADO POR POLÍMERO SBS 65-90","2013-12-01","***","***",2.0897,1.69908,1.5908,1.68973]
["CIMENTO ASFÁLTICO MODIFICADO POR POLÍMERO SBS 65-90","2014-01-01","***","***","***",1.6241,1.5908,1.61423]
["CIMENTO ASFÁLTICO MODIFICADO POR POLÍMERO SBS 65-90","2014-02-01","***","***",2.21,1.61958,1.5908,1.69402]
["CIMENTO ASFÁLTICO MODIFICADO POR POLÍMERO SBS 65-90","2014-03-01","***","***",2.05637,1.7114,1.5908,1.82023]
["CIMENTO ASFÁLTICO MODIFICADO POR POLÍMERO SBS 65-90","2014-04-01","***","***","***","***","***","***"]
["CIMENTO ASFÁLTICO MODIFICADO POR POLÍMERO SBS 65-90","2014-05-01","***","***","***","***",1.52392,1.52392]
["CIMENTO ASFÁLTICO MODIFICADO POR POLÍMERO SBS 65-90","2014-06-01","***","***",2.1922,"***",1.49758,1.74755]
["CIMENTO ASFÁLTICO MODIFICADO POR POLÍMERO SBS 65-90","2014-07-01","***","***","***","***",1.36674,1.36674]
["CIMENTO ASFÁLTICO MODIFICADO POR POLÍMERO SBS 65-90","2014-08-01","***","***","***","***",1.44505,1.44505]
["CIMENTO ASFÁLTICO MODIFICADO POR POLÍMERO SBS 65-90","2014-09-01","***","***","***","***",1.25114,1.25114]
["CIMENTO ASFÁLTICO MODIFICADO POR POLÍMERO SBS 65-90","2014-10-01","***","***","***",1.12947,1.36988,1.28237]
["CIMENTO ASFÁLTICO MODIFICADO POR POLÍMERO SBS 65-90","2014-11-01","***","***","***",1.14048,1.48359,1.33692]
["CIMENTO ASFÁLTICO MODIFICADO POR POLÍMERO SBS 65-90","2014-12-01","***","***","***",1.24918,1.64556,1.56005]
["CIMENTO ASFÁLTICO MODIFICADO POR POLÍMERO SBS 65-90","2015-01-01","***","***","***",1.42148,1.84859,1.55115]
["CIMENTO ASFÁLTICO MODIFICADO POR POLÍMERO SBS 65-90","2015-02-01","***","***","***",1.44724,1.83323,1.4752]
["CIMENTO ASFÁLTICO MODIFICADO POR POLÍMERO SBS 65-90","2015-03-01","***","***",1.95696,1.58648,1.81875,1.68155]
["CIMENTO ASFÁLTICO MODIFICADO POR POLÍMERO SBS 65-90","2015-04-01","***","***","***",1.4081,1.82661,1.5415]
["CIMENTO ASFÁLTICO MODIFICADO POR POLÍMERO SBS 65-90","2015-05-01","***","***","***","***",1.77545,1.77545]
["CIMENTO ASFÁLTICO MODIFICADO POR POLÍMERO SBS 65-90","2015-06-01","***","***","***",1.71996,2.1329,1.92435]
["CIMENTO ASFÁLTICO MODIFICADO POR POLÍMERO SBS 65-90","2015-07-01","***","***","***",1.763,"***",1.763]
["CIMENTO ASFÁLTICO MODIFICADO POR POLÍMERO SBS 65-90","2015-08-01","***","***","***",1.77429,"***",1.77429]
["CIMENTOS ASFÁLTICOS CAP-150-200","2008-11-01","***","***","***","***","***","***"]
["CIMENTOS ASFÁLTICOS CAP-150-200","2008-12-01","***","***","***","***","***","***"]
["CIMENTOS ASFÁLTICOS CAP-150-200","2009-01-01","***","***","***","***","***","***"]
["CIMENTOS ASFÁLTICOS CAP-150-200","2009-02-01","***","***","***","***","***","***"]
["CIMENTOS ASFÁLTICOS CAP-150-200","2009-03-01","***","***","***","***","***","***"]
["CIMENTOS ASFÁLTICOS CAP-150-200","2009-04-01","***","***","***","***","***","***"]
["CIMENTOS ASFÁLTICOS CAP-150-200","2009-05-01","***","***","***","***","***","***"]
["CIMENTOS ASFÁLTICOS CAP-150-200","2009-06-01","***","***","***","***","***","***"]
["CIMENTOS ASFÁLTICOS CAP-150-200","2009-07-01","***","***","***","***","***","***"]
["CIMENTOS ASFÁLTICOS CAP-150-200","2009-08-01","***","***","***","***","***","***"]
["CIMENTOS ASFÁLTICOS CAP-150-200","2009-09-01","***","***","***","***","***","***"]
["CIMENTOS ASFÁLTICOS CAP-150-200","2009-10-01","***","***","***","***","***","***"]
["CIMENTOS ASFÁLTICOS CAP-150-200","2009-11-01","***","***","***","***","***","***"]
["CIMENTOS ASFÁLTICOS CAP-150-200","2009-12-01","***","***","***","***","***","***"]
["CIMENTOS ASFÁLTICOS CAP-150-200","2010-01-01","***","***","***","***","***","***"]
["CIMENTOS ASFÁLTICOS CAP-150-200","2010-02-01","***","***","***","***","***","***"]
["CIMENTOS ASFÁLTICOS CAP-150-200","2010-03-01","***","***","***","***","***","***"]
["CIMENTOS ASFÁLTICOS CAP-150-200","2010-04-01","***","***","***","***","***","***"]
["CIMENTOS ASFÁLTICOS CAP-150-200","2010-05-01","***","***","***","***","***","***"]
["CIMENTOS ASFÁLTICOS CAP-150-200","2010-06-01","***","***","***","***","***","***"]
["CIMENTOS ASFÁLTICOS CAP-150-200","2010-07-01","***","***","***","***","***","***"]
["CIMENTOS ASFÁLTICOS CAP-150-200","2010-08-01","***","***","***","***","***","***"]
["CIMENTOS ASFÁLTICOS CAP-150-200","2010-09-01","***","***","***","***","***","***"]
["CIMENTOS ASFÁLTICOS CAP-150-200","2010-10-01","***","***","***","***","***","***"]
["CIMENTOS ASFÁLTICOS CAP-150-200","2010-11-01","***","***","***","***","***","***"]
["CIMENTOS ASFÁLTICOS CAP-150-200","2010-12-01","***","***","***","***","***","***"]
["CIMENTOS ASFÁLTICOS CAP-150-200","2011-01-01","***","***","***","***","***","***"]
["CIMENTOS ASFÁLTICOS CAP-150-200","2011-02-01","***","***","***","***","***","***"]
["CIMENTOS ASFÁLTICOS CAP-150-200","2011-03-01","***","***","***","***","***","***"]
["CIMENTOS ASFÁLTICOS CAP-150-200","2011-04-01","***","***","***","***","***","***"]
["CIMENTOS ASFÁLTICOS CAP-150-200","2011-05-01","***","***","***","***","***","***"]
["CIMENTOS ASFÁLTICOS CAP-150-200","2011-06-01","***","***","***","***","***","***"]
["CIMENTOS ASFÁLTICOS CAP-150-200","2011-07-01","***","***","***","***","***","***"]
["CIMENTOS ASFÁLTICOS CAP-150-200","2011-08-01","***","***","***","***","***","***"]
["CIMENTOS ASFÁLTICOS CAP-150-200","2011-09-01","***","***","***","***","***","***"]
["CIMENTOS ASFÁLTICOS CAP-150-200","2011-10-01","***","***","***","***","***","***"]
["CIMENTOS ASFÁLTICOS CAP-150-200","2011-11-01","***","***","***","***","***","***"]
["CIMENTOS ASFÁLTICOS CAP-150-200","2011-12-01","***","***","***","***","***","***"]
["CIMENTOS ASFÁLTICOS CAP-150-200","2012-01-01","***","***","***","***","***","***"]
["CIMENTOS ASFÁLTICOS CAP-150-200","2012-02-01","***","***","***","***","***","***"]
["CIMENTOS ASFÁLTICOS CAP-150-200","2012-03-01","***","***","***","***","***","***"]
["CIMENTOS ASFÁLTICOS CAP-150-200","2012-04-01","***","***","***","***","***","***"]
["CIMENTOS ASFÁLTICOS CAP-150-200","2012-05-01","***","***","***","***","***","***"]
["CIMENTOS ASFÁLTICOS CAP-150-200","2012-06-01","***","***","***","***","***","***"]
["CIMENTOS ASFÁLTICOS CAP-150-200","2012-07-01","***","***","***","***","***","***"]
["CIMENTOS ASFÁLTICOS CAP-150-200","2012-08-01","***","***","***","***","***","***"]
["CIMENTOS ASFÁLTICOS CAP-150-200","2012-09-01","***","***","***","***","***","***"]
["CIMENTOS ASFÁLTICOS CAP-150-200","2012-10-01","***","***","***","***","***","***"]
["CIMENTOS ASFÁLTICOS CAP-150-200","2012-11-01","***","***","***","***","***","***"]
["CIMENTOS ASFÁLTICOS CAP-150-200","2012-12-01","***","***","***","***","***","***"]
["CIMENTOS ASFÁLTICOS CAP-150-200","2013-01-01","***","***","***","***","***","***"]
["CIMENTOS ASFÁLTICOS CAP-150-200","2013-02-01","***","***","***","***","***","***"]
["CIMENTOS ASFÁLTICOS CAP-150-200","2013-03-01","***","***","***","***","***","***"]
["CIMENTOS ASFÁLTICOS CAP-150-200","2013-04-01","***","***","***","***","***","***"]
["CIMENTOS ASFÁLTICOS CAP-150-200","2013-05-01","***","***","***","***","***","***"]
["CIMENTOS ASFÁLTICOS CAP-150-200","2013-06-01","***","***","***","***","***","***"]
["CIMENTOS ASFÁLTICOS CAP-150-200","2013-07-01","***","***","***","***","***","***"]
["CIMENTOS ASFÁLTICOS CAP-150-200","2013-08-01","***","***","***","***","***","***"]
["CIMENTOS ASFÁLTICOS CAP-150-200","2013-09-01","***","***","***","***","***","***"]
["CIMENTOS ASFÁLTICOS CAP-150-200","2013-10-01","***","***","***","***","***","***"]
["CIMENTOS ASFÁLTICOS CAP-150-200","2013-11-01","***","***","***","***","***","***"]
["CIMENTOS ASFÁLTICOS CAP-150-200","2013-12-01","***","***","***","***","***","***"]
["CIMENTOS ASFÁLTICOS CAP-150-200","2014-01-01","***","***","***","***","***","***"]
["CIMENTOS ASFÁLTICOS CAP-150-200","2014-02-01","***","***","***","***","***","***"]
["CIMENTOS ASFÁLTICOS CAP-150-200","2014-03-01","***","***","***","***","***","***"]
["CIMENTOS ASFÁLTICOS CAP-150-200","2014-04-01","***","***","***","***","***","***"]
["CIMENTOS ASFÁLTICOS CAP-150-200","2014-05-01","***","***","***","***","***","***"]
["CIMENTOS ASFÁLTICOS CAP-150-200","2014-06-01","***","***","***","***","***","***"]
["CIMENTOS ASFÁLTICOS CAP-150-200","2014-07-01","***","***","***","***","***","***"]
["CIMENTOS ASFÁLTICOS CAP-150-200","2014-08-01","***","***","***","***","***","***"]
["CIMENTOS ASFÁLTICOS CAP-150-200","2014-09-01","***","***","***","***","***","***"]
["CIMENTOS ASFÁLTICOS CAP-150-200","2014-10-01","***","***","***","***","***","***"]
["CIMENTOS ASFÁLTICOS CAP-150-200","2014-11-01","***","***","***","***","***","***"]
["CIMENTOS ASFÁLTICOS CAP-150-200","2014-12-01","***","***","***","***","***","***"]
["CIMENTOS ASFÁLTICOS CAP-150-200","2015-01-01","***","***","***","***","***","***"]
["CIMENTOS ASFÁLTICOS CAP-150-200","2015-02-01","***","***","***","***","***","***"]
["CIMENTOS ASFÁLTICOS CAP-150-200","2015-03-01","***","***","***","***","***","***"]
["CIMENTOS ASFÁLTICOS CAP-150-200","2015-04-01","***","***","***","***","***","***"]
["CIMENTOS ASFÁLTICOS CAP-150-200","2015-05-01","***","***","***","***","***","***"]
["CIMENTOS ASFÁLTICOS CAP-150-200","2015-06-01","***","***","***","***","***","***"]
["CIMENTOS ASFÁLTICOS CAP-150-200","2015-07-01","***","***","***","***","***","***"]
["CIMENTOS ASFÁLTICOS CAP-150-200","2015-08-01","***","***","***","***","***","***"]
["CIMENTOS ASFÁLTICOS CAP-150-200","2015-09-01","***","***","***","***","***","***"]
["CIMENTOS ASFÁLTICOS CAP-150-200","2015-10-01","***","***","***","***","***","***"]
["CIMENTOS ASFÁLTICOS CAP-150-200","2015-11-01","***","***","***","***","***","***"]
["CIMENTOS ASFÁLTICOS CAP-150-200","2015-12-01","***","***","***","***","***","***"]
["CIMENTOS ASFÁLTICOS CAP-150-200","2016-01-01","***","***","***","***","***","***"]
["CIMENTOS ASFÁLTICOS CAP-150-200","2016-02-01","***","***","***","***","***","***"]
["CIMENTOS ASFÁLTICOS CAP-150-200","2016-03-01","***","***","***","***","***","***"]
["CIMENTOS ASFÁLTICOS CAP-150-200","2016-04-01","***","***","***","***","***","***"]
["CIMENTOS ASFÁLTICOS CAP-150-200","2016-05-01","***","***","***","***","***","***"]
["CIMENTOS ASFÁLTICOS CAP-150-200","2016-06-01","***","***","***","***","***","***"]
["CIMENTOS ASFÁLTICOS CAP-150-200","2016-07-01","***","***","***","***","***","***"]
["CIMENTOS ASFÁLTICOS CAP-150-200","2016-08-01","***","***","***","***","***","***"]
["CIMENTOS ASFÁLTICOS CAP-150-200","2016-09-01","***","***","***","***","***","***"]
["CIMENTOS ASFÁLTICOS CAP-150-200","2016-10-01","***","***","***","***","***","***"]
["CIMENTOS ASFÁLTICOS CAP-150-200","2016-11-01","***","***","***","***","***","***"]
["CIMENTOS ASFÁLTICOS CAP-150-200","2016-12-01","***","***","***","***","***","***"]
["CIMENTOS ASFÁLTICOS CAP-150-200","2017-01-01","***","***","***","***","***","***"]
["CIMENTOS ASFÁLTICOS CAP-150-200","2017-02-01","***","***","***","***","***","***"]
["CIMENTOS ASFÁLTICOS CAP-150-200","2017-03-01","***","***","***","***","***","***"]
["CIMENTOS ASFÁLTICOS CAP-150-200","2017-04-01","***","***","***","***","***","***"]
["CIMENTOS ASFÁLTICOS CAP-150-200","2017-05-01","***","***","***","***","***","***"]
["CIMENTOS ASFÁLTICOS CAP-150-200","2017-06-01","***","***","***","***","***","***"]
["CIMENTOS ASFÁLTICOS CAP-150-200","2017-07-01","***","***","***","***","***","***"]
["CIMENTOS ASFÁLTICOS CAP-150-200","2017-08-01","***","***","***","***","***","***"]
["CIMENTOS ASFÁLTICOS CAP-150-200","2017-09-01","***","***","***","***","***","***"]
["CIMENTOS ASFÁLTICOS CAP-150-200","2017-10-01","***","***","***","***","***","***"]
["CIMENTOS ASFÁLTICOS CAP-150-200","2017-11-01","***","***","***","***","***","***"]
["CIMENTOS ASFÁLTICOS CAP-150-200","2017-12-01","***","***","***","***","***","***"]
["CIMENTOS ASFÁLTICOS CAP-150-200","2018-01-01","***","***","***","***","***","***"]
["CIMENTOS ASFÁLTICOS CAP-150-200","2018-02-01","***","***","***","***","***","***"]
["CIMENTOS ASFÁLTICOS CAP-150-200","2018-03-01","***","***","***","***","***","***"]
["CIMENTOS ASFÁLTICOS CAP-150-200","2018-04-01","***","***","***","***","***","***"]
["CIMENTOS ASFÁLTICOS CAP-150-200","2018-05-01","***","***","***","***","***","***"]
["CIMENTOS ASFÁLTICOS CAP-150-200","2018-06-01","***","***","***","***","***","***"]
["CIMENTOS ASFÁLTICOS CAP-150-200","2018-07-01","***","***","***","***","***","***"]
["CIMENTOS ASFÁLTICOS CAP-150-200","2018-08-01","***","***","***","***","***","***"]
["CIMENTOS ASFÁLTICOS CAP-150-200","2018-09-01","***","***","***","***","***","***"]
["CIMENTOS ASFÁLTICOS CAP-150-200","2018-10-01","***","***","***","***","***","***"]
["CIMENTOS ASFÁLTICOS CAP-150-200","2018-11-01","***","***","***","***","***","***"]
["CIMENTOS ASFÁLTICOS CAP-150-200","2018-12-01","***","***","***","***","***","***"]
["CIMENTOS ASFÁLTICOS CAP-150-200","2019-01-01","***","***","***","***","***","***"]
["CIMENTOS ASFÁLTICOS CAP-150-200","2019-02-01","***","***","***","***","***","***"]
["CIMENTOS ASFÁLTICOS CAP-150-200","2019-03-01","***","***","***","***","***","***"]
["CIMENTOS ASFÁLTICOS CAP-150-200","2019-04-01","***","***","***","***","***","***"]
["CIMENTOS ASFÁLTICOS CAP-150-200","2019-05-01","***","***","***","***","***","***"]
["CIMENTOS ASFÁLTICOS CAP-150-200","2019-06-01","***","***","***","***","***","***"]
["CIMENTOS ASFÁLTICOS CAP-150-200","2019-07-01","***","***","***","***","***","***"]
["CIMENTOS ASFÁLTICOS CAP-150-200","2019-08-01","***","***","***","***","***","***"]
["CIMENTOS ASFÁLTICOS CAP-150-200","2019-09-01","***","***","***","***","***","***"]
["CIMENTOS ASFÁLTICOS CAP-150-200","2019-10-01","***","***","***","***","***","***"]
["CIMENTOS ASFÁLTICOS CAP-150-200","2019-11-01","***","***","***","***","***","***"]
["CIMENTOS ASFÁLTICOS CAP-150-200","2019-12-01","***","***","***","***","***","***"]
["CIMENTOS ASFÁLTICOS CAP-150-200","2020-01-01","***","***","***","***","***","***"]
["CIMENTOS ASFÁLTICOS CAP-150-200","2020-02-01","***","***","***","***","***","***"]
["CIMENTOS ASFÁLTICOS CAP-150-200","2020-03-01","***","***","***","***","***","***"]
["CIMENTOS ASFÁLTICOS CAP-150-200","2020-04-01","***","***","***","***","***","***"]
["CIMENTOS ASFÁLTICOS CAP-150-200","2020-05-01","***","***","***","***","***","***"]
["CIMENTOS ASFÁLTICOS CAP-150-200","2020-06-01","***","***","***","***","***","***"]
["CIMENTOS ASFÁLTICOS CAP-150-200","2020-07-01","***","***","***","***","***","***"]
["CIMENTOS ASFÁLTICOS CAP-150-200","2020-08-01","***","***","***","***","***","***"]
["CIMENTOS ASFÁLTICOS CAP-150-200","2020-09-01","***","***","***","***","***","***"]
["CIMENTOS ASFÁLTICOS CAP-150-200","2020-10-01","***","***","***","***","***","***"]
["CIMENTOS ASFÁLTICOS CAP-150-200","2020-11-01","***","***","***","***","***","***"]
["CIMENTOS ASFÁLTICOS CAP-150-200","2020-12-01","***","***","***","***","***","***"]
["CIMENTOS ASFÁLTICOS CAP-150-200","2021-01-01","***","***","***","***","***","***"]
["CIMENTOS ASFÁLTICOS CAP-150-200","2021-02-01","***","***","***","***","***","***"]
["CIMENTOS ASFÁLTICOS CAP-150-200","2021-03-01","***","***","***","***","***","***"]
["CIMENTOS ASFÁLTICOS CAP-150-200","2021-04-01","***","***","***","***","***","***"]
["CIMENTOS ASFÁLTICOS CAP-150-200","2021-05-01","***","***","***",6.41811,"***",6.41811]
["CIMENTOS ASFÁLTICOS CAP-150-200","2021-06-01","***","***","***","***","***","***"]
["CIMENTOS ASFÁLTICOS CAP-150-200","2021-07-01","***","***","***","***","***","***"]
["CIMENTOS ASFÁLTICOS CAP-150-200","2021-08-01","***","***","***","***","***","***"]
["CIMENTOS ASFÁLTICOS CAP-150-200","2021-09-01","***","***","***","***","***","***"]
["CIMENTOS ASFÁLTICOS CAP-150-200","2021-10-01","***","***","***","***","***","***"]
["CIMENTOS ASFÁLTICOS CAP-150-200","2021-11-01","***","***","***","***","***","***"]
["CIMENTOS ASFÁLTICOS CAP-150-200","2021-12-01","***","***","***","***","***","***"]
["CIMENTOS ASFÁLTICOS CAP-150-200","2022-01-01","***","***","***","***","***","***"]
["CIMENTOS ASFÁLTICOS CAP-150-200","2022-02-01","***","***","***","***","***","***"]
["CIMENTOS ASFÁLTICOS CAP-150-200","2022-03-01","***","***","***","***","***","***"]
["CIMENTOS ASFÁLTICOS CAP-150-200","2022-04-01","***","***","***","***","***","***"]
["CIMENTOS ASFÁLTICOS CAP-150-200","2022-05-01","***","***","***","***","***","***"]
["CIMENTOS ASFÁLTICOS CAP-150-200","2022-06-01","***","***","***","***","***","***"]
["CIMENTOS ASFÁLTICOS CAP-150-200","2022-07-01","***","***","***","***","***","***"]
["CIMENTOS ASFÁLTICOS CAP-150-200","2022-08-01","***","***","***","***","***","***"]
["CIMENTOS ASFÁLTICOS CAP-150-200","2022-09-01","***","***","***","***","***","***"]
["CIMENTOS ASFÁLTICOS CAP-150-200","2022-10-01","***","***","***","***","***","***"]
["CIMENTOS ASFÁLTICOS CAP-150-200","2022-11-01","***","***","***",7.23176,"***",7.23176]
["CIMENTOS ASFÁLTICOS CAP-150-200","2022-12-01","***","***","***","***","***","***"]
["CIMENTOS ASFÁLTICOS CAP-150-200","2023-01-01","***","***","***","***","***","***"]
["CIMENTOS ASFÁLTICOS CAP-150-200","2023-02-01","***","***","***","***","***","***"]
["CIMENTOS ASFÁLTICOS CAP-150-200","2023-03-01","***","***","***","***","***","***"]
["CIMENTOS ASFÁLTICOS CAP-150-200","2023-04-01","***","***","***","***","***","***"]
["CIMENTOS ASFÁLTICOS CAP-150-200","2023-05-01","***","***","***","***","***","***"]
["CIMENTOS ASFÁLTICOS CAP-150-200","2023-06-01","***","***","***","***","***","***"]
["CIMENTOS ASFÁLTICOS CAP-150-200","2023-07-01","***","***","***","***","***","***"]
["CIMENTOS ASFÁLTICOS CAP-150-200","2023-08-01","***","***","***","***","***","***"]
["CIMENTOS ASFÁLTICOS CAP-150-200","2023-09-01","***","***","***","***","***","***"]
["CIMENTOS ASFÁLTICOS CAP-30-45","2008-11-01","***","***",2.202,0.9639,"***",0.96846]
["CIMENTOS ASFÁLTICOS CAP-30-45","2008-12-01","***","***","***",1.00964,"***",1.00964]
["CIMENTOS ASFÁLTICOS CAP-30-45","2009-01-01","***","***","***",0.90313,0.9089,0.90315]
["CIMENTOS ASFÁLTICOS CAP-30-45","2009-02-01","***","***","***",0.95408,"***",0.95408]
["CIMENTOS ASFÁLTICOS CAP-30-45","2009-03-01","***","***",1.20916,0.96949,"***",0.98341]
["CIMENTOS ASFÁLTICOS CAP-30-45","2009-04-01","***","***",1.2592,0.96535,"***",0.98569]
["CIMENTOS ASFÁLTICOS CAP-30-45","2009-05-01","***","***",1.30179,0.93903,"***",0.96651]
["CIMENTOS ASFÁLTICOS CAP-30-45","2009-06-01","***","***",1.29246,0.91557,0.88367,0.97747]
["CIMENTOS ASFÁLTICOS CAP-30-45","2009-07-01",1.19833,"***",1.31622,1.03327,"***",1.08093]
["CIMENTOS ASFÁLTICOS CAP-30-45","2009-08-01",1.14252,"***",1.29142,0.94288,"***",0.99329]
["CIMENTOS ASFÁLTICOS CAP-30-45","2009-09-01",1.21797,"***",1.27331,0.95339,"***",1.01601]
["CIMENTOS ASFÁLTICOS CAP-30-45","2009-10-01",1.14999,"***",1.323,0.92446,0.90934,1.00113]
["CIMENTOS ASFÁLTICOS CAP-30-45","2009-11-01",1.14551,0.92452,1.3,0.9263,0.86554,0.9725]
["CIMENTOS ASFÁLTICOS CAP-30-45","2009-12-01",1.14185,"***",1.47944,0.97486,0.88865,0.98343]
["CIMENTOS ASFÁLTICOS CAP-30-45","2010-01-01",1.13278,"***",1.47774,0.93215,0.88843,0.94382]
["CIMENTOS ASFÁLTICOS CAP-30-45","2010-02-01",1.14411,"***",1.46776,0.91215,0.90126,0.92317]
["CIMENTOS ASFÁLTICOS CAP-30-45","2010-03-01",1.14052,"***",1.42053,0.90919,0.8957,0.92374]
["CIMENTOS ASFÁLTICOS CAP-30-45","2010-04-01",1.14437,"***",1.46274,0.91672,0.89346,0.92639]
["CIMENTOS ASFÁLTICOS CAP-30-45","2010-05-01",1.1418,"***","***",0.89498,0.8829,0.89676]
["CIMENTOS ASFÁLTICOS CAP-30-45","2010-06-01",0.93679,"***","***",0.88637,0.88686,0.88686]
["CIMENTOS ASFÁLTICOS CAP-30-45","2010-07-01",0.91215,"***","***",0.87159,0.96455,0.87197]
["CIMENTOS ASFÁLTICOS CAP-30-45","2010-08-01",0.91643,"***","***",0.8674,0.95063,0.86911]
["CIMENTOS ASFÁLTICOS CAP-30-45","2010-09-01",0.90718,"***","***",0.86279,0.95986,0.8645]
["CIMENTOS ASFÁLTICOS CAP-30-45","2010-10-01",0.98383,"***","***",0.89562,0.97526,0.8976]
["CIMENTOS ASFÁLTICOS CAP-30-45","2010-11-01",1.15629,"***","***",0.9114,"***",0.91263]
["CIMENTOS ASFÁLTICOS CAP-30-45","2010-12-01",1.21086,"***","***",0.91776,1.115,0.92013]
["CIMENTOS ASFÁLTICOS CAP-30-45","2011-01-01",1.15754,"***","***",0.91221,"***",0.91306]
["CIMENTOS ASFÁLTICOS CAP-30-45","2011-02-01",1.18533,"***","***",0.88668,"***",0.88754]
["CIMENTOS ASFÁLTICOS CAP-30-45","2011-03-01","***","***","***",0.86643,"***",0.86643]
["CIMENTOS ASFÁLTICOS CAP-30-45","2011-04-01","***","***","***",0.8519,"***",0.8519]
["CIMENTOS ASFÁLTICOS CAP-30-45","2011-05-01",1.14999,"***","***",0.84493,"***",0.84526]
["CIMENTOS ASFÁLTICOS CAP-30-45","2011-06-01",1.12191,"***","***",0.83362,"***",0.83435]
["CIMENTOS ASFÁLTICOS CAP-30-45","2011-07-01",0.87477,"***","***",0.83639,0.87853,0.83664]
["CIMENTOS ASFÁLTICOS CAP-30-45","2011-08-01",0.97814,"***","***",0.83792,0.87855,0.83924]
["CIMENTOS ASFÁLTICOS CAP-30-45","2011-09-01",1.0349,"***",1.2137,0.83507,0.87862,0.83818]
["CIMENTOS ASFÁLTICOS CAP-30-45","2011-10-01",1.08225,"***","***",0.83397,0.8632,0.83588]
["CIMENTOS ASFÁLTICOS CAP-30-45","2011-11-01",1.08225,"***","***",0.83074,0.8618,0.83218]
["CIMENTOS ASFÁLTICOS CAP-30-45","2011-12-01",0.87485,"***",1.0308,0.83026,0.94278,0.83068]
["CIMENTOS ASFÁLTICOS CAP-30-45","2012-01-01","***","***",1.034,0.83199,"***",0.8323]
["CIMENTOS ASFÁLTICOS CAP-30-45","2012-02-01","***","***",1.03526,0.8394,"***",0.84036]
["CIMENTOS ASFÁLTICOS CAP-30-45","2012-03-01",1.14157,"***",1.03335,0.85391,0.81543,0.85506]
["CIMENTOS ASFÁLTICOS CAP-30-45","2012-04-01","***","***",1.10809,0.86022,0.82633,0.86175]
["CIMENTOS ASFÁLTICOS CAP-30-45","2012-05-01",1.1564,"***",1.09286,0.86322,"***",0.86477]
["CIMENTOS ASFÁLTICOS CAP-30-45","2012-06-01","***","***",1.09429,0.86764,"***",0.86919]
["CIMENTOS ASFÁLTICOS CAP-30-45","2012-07-01","***","***",1.09661,0.86695,0.73311,0.86926]
["CIMENTOS ASFÁLTICOS CAP-30-45","2012-08-01","***","***",1.10907,0.86912,"***",0.87048]
["CIMENTOS ASFÁLTICOS CAP-30-45","2012-09-01","***","***",1.09892,0.87405,0.73311,0.87352]
["CIMENTOS ASFÁLTICOS CAP-30-45","2012-10-01","***","***",1.12073,0.87193,0.92336,0.87331]
["CIMENTOS ASFÁLTICOS CAP-30-45","2012-11-01","***","***",1.09359,0.88025,"***",0.88101]
["CIMENTOS ASFÁLTICOS CAP-30-45","2012-12-01","***","***",1.09421,0.87335,"***",0.87533]
["CIMENTOS ASFÁLTICOS CAP-30-45","2013-01-01","***","***",1.11261,0.86326,"***",0.86544]
["CIMENTOS ASFÁLTICOS CAP-30-45","2013-02-01","***","***","***",0.8681,"***",0.8681]
["CIMENTOS ASFÁLTICOS CAP-30-45","2013-03-01","***","***",1.08398,0.88675,"***",0.88712]
["CIMENTOS ASFÁLTICOS CAP-30-45","2013-04-01","***","***",1.09616,0.88449,"***",0.88523]
["CIMENTOS ASFÁLTICOS CAP-30-45","2013-05-01","***","***",1.15803,0.88689,"***",0.89341]
["CIMENTOS ASFÁLTICOS CAP-30-45","2013-06-01","***","***",1.0316,0.87333,"***",0.87706]
["CIMENTOS ASFÁLTICOS CAP-30-45","2013-07-01","***","***",1.13976,0.88106,"***",0.88759]
["CIMENTOS ASFÁLTICOS CAP-30-45","2013-08-01","***","***",1.1375,0.88988,0.96648,0.89674]
["CIMENTOS ASFÁLTICOS CAP-30-45","2013-09-01","***","***",1.16886,0.90564,"***",0.91711]
["CIMENTOS ASFÁLTICOS CAP-30-45","2013-10-01","***","***",1.12413,0.89339,"***",0.8991]
["CIMENTOS ASFÁLTICOS CAP-30-45","2013-11-01","***","***",1.13457,0.902,"***",0.91291]
["CIMENTOS ASFÁLTICOS CAP-30-45","2013-12-01","***","***",1.04218,0.91215,1.06272,0.9157]
["CIMENTOS ASFÁLTICOS CAP-30-45","2014-01-01","***","***",1.14758,0.91089,1.00395,0.91844]
["CIMENTOS ASFÁLTICOS CAP-30-45","2014-02-01","***","***",1.05276,0.9158,1.06272,0.91776]
["CIMENTOS ASFÁLTICOS CAP-30-45","2014-03-01","***","***",1.11837,0.91377,1.06272,0.9188]
["CIMENTOS ASFÁLTICOS CAP-30-45","2014-04-01","***","***",1.07567,0.90678,1.06272,0.91228]
["CIMENTOS ASFÁLTICOS CAP-30-45","2014-05-01","***","***",1.07553,0.9028,1.06272,0.91265]
["CIMENTOS ASFÁLTICOS CAP-30-45","2014-06-01","***","***",1.12188,0.89763,"***",0.91527]
["CIMENTOS ASFÁLTICOS CAP-30-45","2014-07-01","***","***",1.05948,0.89399,"***",0.90503]
["CIMENTOS ASFÁLTICOS CAP-30-45","2014-08-01","***","***",1.09313,0.89302,0.92156,0.91097]
["CIMENTOS ASFÁLTICOS CAP-30-45","2014-09-01","***","***",1.2094,0.90882,0.92156,0.93304]
["CIMENTOS ASFÁLTICOS CAP-30-45","2014-10-01","***","***",1.12602,0.87978,1.06272,0.89566]
["CIMENTOS ASFÁLTICOS CAP-30-45","2014-11-01","***","***",1.13108,0.9005,1.06272,0.91621]
["CIMENTOS ASFÁLTICOS CAP-30-45","2014-12-01","***","***",1.20947,1.00617,"***",1.01747]
["CIMENTOS ASFÁLTICOS CAP-30-45","2015-01-01",1.5476,"***",1.47898,1.18314,"***",1.20793]
["CIMENTOS ASFÁLTICOS CAP-30-45","2015-02-01",1.5936,"***",1.45247,1.19034,"***",1.20117]
["CIMENTOS ASFÁLTICOS CAP-30-45","2015-03-01","***","***",1.49175,1.18632,0.92156,1.19916]
["CIMENTOS ASFÁLTICOS CAP-30-45","2015-04-01",1.3197,"***",1.37122,1.1669,1.1911,1.17078]
["CIMENTOS ASFÁLTICOS CAP-30-45","2015-05-01",1.28194,"***",1.24966,1.17166,"***",1.17581]
["CIMENTOS ASFÁLTICOS CAP-30-45","2015-06-01",1.31912,"***",1.30003,1.15972,"***",1.16569]
["CIMENTOS ASFÁLTICOS CAP-30-45","2015-07-01","***","***",1.22956,1.1498,1.1803,1.15415]
["CIMENTOS ASFÁLTICOS CAP-30-45","2015-08-01","***","***",1.25328,1.14887,1.18001,1.15415]
["CIMENTOS ASFÁLTICOS CAP-30-45","2015-09-01","***","***",1.399,1.22138,1.26508,1.23142]
["CIMENTOS ASFÁLTICOS CAP-30-45","2015-10-01","***","***",1.44364,1.28972,1.29841,1.29498]
["CIMENTOS ASFÁLTICOS CAP-30-45","2015-11-01","***","***",1.6947,1.45543,1.44378,1.46216]
["CIMENTOS ASFÁLTICOS CAP-30-45","2015-12-01","***","***",1.7589,1.47232,1.44183,1.47661]
["CIMENTOS ASFÁLTICOS CAP-30-45","2016-01-01","***","***",1.7401,1.47094,1.44282,1.47181]
["CIMENTOS ASFÁLTICOS CAP-30-45","2016-02-01","***","***",1.62067,1.46556,1.44663,1.46696]
["CIMENTOS ASFÁLTICOS CAP-30-45","2016-03-01","***","***",1.51916,1.46815,1.44175,1.46886]
["CIMENTOS ASFÁLTICOS CAP-30-45","2016-04-01",1.62184,"***",1.73645,1.61679,1.60478,1.62163]
["CIMENTOS ASFÁLTICOS CAP-30-45","2016-05-01",1.62184,"***",1.75337,1.62934,1.58716,1.63371]
["CIMENTOS ASFÁLTICOS CAP-30-45","2016-06-01","***","***",1.73324,1.6318,1.64658,1.63817]
["CIMENTOS ASFÁLTICOS CAP-30-45","2016-07-01","***","***",1.70559,1.63835,1.67829,1.64407]
["CIMENTOS ASFÁLTICOS CAP-30-45","2016-08-01","***","***",1.6664,1.63872,1.63505,1.64117]
["CIMENTOS ASFÁLTICOS CAP-30-45","2016-09-01","***","***",1.60466,1.52311,1.53261,1.53396]
["CIMENTOS ASFÁLTICOS CAP-30-45","2016-10-01",1.67358,"***",1.5773,1.49821,1.53838,1.51328]
["CIMENTOS ASFÁLTICOS CAP-30-45","2016-11-01","***","***",1.63808,1.49201,1.49578,1.50728]
["CIMENTOS ASFÁLTICOS CAP-30-45","2016-12-01","***","***",1.51443,1.46836,1.54714,1.47913]
["CIMENTOS ASFÁLTICOS CAP-30-45","2017-01-01",1.62096,"***",1.49788,1.44378,1.54085,1.45809]
["CIMENTOS ASFÁLTICOS CAP-30-45","2017-02-01","***","***",1.59321,1.43813,1.49472,1.45838]
["CIMENTOS ASFÁLTICOS CAP-30-45","2017-03-01",1.672,"***",1.50373,1.43552,1.47202,1.4452]
["CIMENTOS ASFÁLTICOS CAP-30-45","2017-04-01","***","***",1.49918,1.38284,1.43078,1.39969]
["CIMENTOS ASFÁLTICOS CAP-30-45","2017-05-01","***",1.38773,1.49117,1.34814,1.40639,1.37234]
["CIMENTOS ASFÁLTICOS CAP-30-45","2017-06-01",1.1929,1.43754,1.54029,1.36177,1.41548,1.40053]
["CIMENTOS ASFÁLTICOS CAP-30-45","2017-07-01",1.38843,1.38588,1.54965,1.36589,1.38782,1.40153]
["CIMENTOS ASFÁLTICOS CAP-30-45","2017-08-01",1.44169,1.37363,1.48137,1.35947,1.38202,1.38318]
["CIMENTOS ASFÁLTICOS CAP-30-45","2017-09-01",1.47746,1.42077,1.54488,1.36256,1.39211,1.39889]
["CIMENTOS ASFÁLTICOS CAP-30-45","2017-10-01",1.53513,1.43199,1.55874,1.39037,1.41455,1.4252]
["CIMENTOS ASFÁLTICOS CAP-30-45","2017-11-01",1.41118,1.57136,1.63134,1.51129,1.54927,1.54247]
["CIMENTOS ASFÁLTICOS CAP-30-45","2017-12-01",1.39326,1.56723,1.62396,1.53594,1.51549,1.54025]
["CIMENTOS ASFÁLTICOS CAP-30-45","2018-01-01",1.64769,1.65655,1.72105,1.63451,1.55605,1.63205]
["CIMENTOS ASFÁLTICOS CAP-30-45","2018-02-01",1.52078,1.68485,1.71098,1.65027,1.60948,1.64875]
["CIMENTOS ASFÁLTICOS CAP-30-45","2018-03-01",1.49158,1.63379,1.64477,1.64234,1.60941,1.63374]
["CIMENTOS ASFÁLTICOS CAP-30-45","2018-04-01",1.53509,1.61566,1.72196,1.58296,1.58876,1.59573]
["CIMENTOS ASFÁLTICOS CAP-30-45","2018-05-01",1.63766,1.68128,1.87064,1.71919,1.7531,1.73279]
["CIMENTOS ASFÁLTICOS CAP-30-45","2018-06-01",1.83363,1.82754,1.99321,1.80849,1.789,1.83251]
["CIMENTOS ASFÁLTICOS CAP-30-45","2018-07-01",1.78354,1.95033,2.05179,1.93504,1.94001,1.95012]
["CIMENTOS ASFÁLTICOS CAP-30-45","2018-08-01",1.85153,2.09706,2.27609,2.12506,2.08442,2.12588]
["CIMENTOS ASFÁLTICOS CAP-30-45","2018-09-01",1.87598,2.12222,2.29802,2.16231,2.13354,2.1599]
["CIMENTOS ASFÁLTICOS CAP-30-45","2018-10-01",2.01026,2.09433,2.18931,2.18124,2.22313,2.16668]
["CIMENTOS ASFÁLTICOS CAP-30-45","2018-11-01",2.24993,2.46713,2.62316,2.45244,2.46375,2.46007]
["CIMENTOS ASFÁLTICOS CAP-30-45","2018-12-01",2.19463,2.41145,2.49445,2.48464,2.5259,2.4792]
["CIMENTOS ASFÁLTICOS CAP-30-45","2019-01-01",2.17195,2.39049,2.60674,2.45805,2.49817,2.463]
["CIMENTOS ASFÁLTICOS CAP-30-45","2019-02-01",2.48765,2.53802,2.71571,2.66953,2.74454,2.6634]
["CIMENTOS ASFÁLTICOS CAP-30-45","2019-03-01",2.33742,2.54975,2.87215,2.66912,2.69131,2.67528]
["CIMENTOS ASFÁLTICOS CAP-30-45","2019-04-01",2.45433,2.5871,2.9035,2.67315,2.78111,2.696]
["CIMENTOS ASFÁLTICOS CAP-30-45","2019-05-01",2.29837,2.59645,2.87237,2.68762,2.78793,2.70419]
["CIMENTOS ASFÁLTICOS CAP-30-45","2019-06-01",2.43794,2.53121,2.9418,2.65778,2.77377,2.70446]
["CIMENTOS ASFÁLTICOS CAP-30-45","2019-07-01",2.39014,2.51519,2.96009,2.67228,2.75569,2.69921]
["CIMENTOS ASFÁLTICOS CAP-30-45","2019-08-01",2.19773,2.30986,2.70871,2.45415,2.53783,2.48184]
["CIMENTOS ASFÁLTICOS CAP-30-45","2019-09-01",2.13078,2.3214,2.6918,2.43805,2.52971,2.46298]
["CIMENTOS ASFÁLTICOS CAP-30-45","2019-10-01",2.24748,2.34917,2.69481,2.47388,2.48137,2.47523]
["CIMENTOS ASFÁLTICOS CAP-30-45","2019-11-01",2.06798,2.40902,2.72815,2.54239,2.53707,2.52809]
["CIMENTOS ASFÁLTICOS CAP-30-45","2019-12-01",2.04723,2.35961,2.79388,2.55063,2.5049,2.52284]
["CIMENTOS ASFÁLTICOS CAP-30-45","2020-01-01",2.11682,2.3939,2.90008,2.54997,2.60458,2.54081]
["CIMENTOS ASFÁLTICOS CAP-30-45","2020-02-01",2.03739,2.22641,2.60919,2.3459,2.37955,2.34083]
["CIMENTOS ASFÁLTICOS CAP-30-45","2020-03-01",1.87896,2.18737,2.50181,2.34106,2.34909,2.32117]
["CIMENTOS ASFÁLTICOS CAP-30-45","2020-04-01",1.83789,2.16122,2.43841,2.30459,2.3042,2.29249]
["CIMENTOS ASFÁLTICOS CAP-30-45","2020-05-01",2.05222,2.12525,2.46989,2.31732,2.37464,2.31057]
["CIMENTOS ASFÁLTICOS CAP-30-45","2020-06-01",2.0615,2.16632,2.44571,2.29619,2.39144,2.30101]
["CIMENTOS ASFÁLTICOS CAP-30-45","2020-07-01",2.05549,2.16404,2.43357,2.29797,2.38732,2.29396]
["CIMENTOS ASFÁLTICOS CAP-30-45","2020-08-01",2.21801,2.26486,2.57938,2.41435,2.49996,2.40704]
["CIMENTOS ASFÁLTICOS CAP-30-45","2020-09-01",2.18567,2.32381,2.61349,2.4114,2.46457,2.41201]
["CIMENTOS ASFÁLTICOS CAP-30-45","2020-10-01",2.09231,2.31994,2.63101,2.43314,2.48223,2.43071]
["CIMENTOS ASFÁLTICOS CAP-30-45","2020-11-01",2.31397,2.49697,2.76377,2.62071,2.70736,2.61846]
["CIMENTOS ASFÁLTICOS CAP-30-45","2020-12-01",2.45208,"***",2.81734,2.53235,2.60667,2.55844]
["CIMENTOS ASFÁLTICOS CAP-30-45","2021-01-01",2.5732,"***",2.70311,2.5777,3.23588,2.60114]
["CIMENTOS ASFÁLTICOS CAP-30-45","2021-02-01","***","***",2.79761,2.83999,3.29933,2.84316]
["CIMENTOS ASFÁLTICOS CAP-30-45","2021-03-01","***","***",2.85162,2.84186,3.40764,2.85946]
["CIMENTOS ASFÁLTICOS CAP-30-45","2021-04-01","***","***",2.9539,2.86151,3.44915,2.88991]
["CIMENTOS ASFÁLTICOS CAP-30-45","2021-05-01","***","***",3.44242,3.49468,3.89905,3.488]
["CIMENTOS ASFÁLTICOS CAP-30-45","2021-06-01",3.30126,"***",3.42609,3.50032,4.2544,3.50316]
["CIMENTOS ASFÁLTICOS CAP-30-45","2021-07-01","***","***",3.58581,3.53661,3.99378,3.54786]
["CIMENTOS ASFÁLTICOS CAP-30-45","2021-08-01",3.13307,3.53905,3.70622,3.68941,4.00075,3.69227]
["CIMENTOS ASFÁLTICOS CAP-30-45","2021-09-01","***","***",3.61488,3.68456,3.77926,3.67386]
["CIMENTOS ASFÁLTICOS CAP-30-45","2021-10-01",3.41161,"***",3.57717,3.6698,3.55216,3.65396]
["CIMENTOS ASFÁLTICOS CAP-30-45","2021-11-01",3.78689,"***",4.01056,4.01749,4.73542,4.0241]
["CIMENTOS ASFÁLTICOS CAP-30-45","2021-12-01",3.5705,"***",4.11791,4.02882,4.12199,4.03602]
["CIMENTOS ASFÁLTICOS CAP-30-45","2022-01-01",3.82303,"***",3.91632,4.06333,4.02349,4.05136]
["CIMENTOS ASFÁLTICOS CAP-30-45","2022-02-01",4.21868,"***",4.33231,4.33406,4.87955,4.33392]
["CIMENTOS ASFÁLTICOS CAP-30-45","2022-03-01",4.31156,"***",4.31205,4.36481,4.64041,4.35979]
["CIMENTOS ASFÁLTICOS CAP-30-45","2022-04-01",4.16701,"***",4.77733,4.51841,4.64585,4.55719]
["CIMENTOS ASFÁLTICOS CAP-30-45","2022-05-01",4.08865,"***",4.62377,4.42146,4.50724,4.44574]
["CIMENTOS ASFÁLTICOS CAP-30-45","2022-06-01",4.02565,"***",4.46877,4.42436,4.60001,4.42551]
["CIMENTOS ASFÁLTICOS CAP-30-45","2022-07-01",4.08837,"***",4.69339,4.45649,4.8369,4.48894]
["CIMENTOS ASFÁLTICOS CAP-30-45","2022-08-01",3.94387,"***",4.57925,4.28244,4.62795,4.33298]
["CIMENTOS ASFÁLTICOS CAP-30-45","2022-09-01",3.9329,"***",4.40033,4.0536,5.06961,4.12159]
["CIMENTOS ASFÁLTICOS CAP-30-45","2022-10-01",3.66099,3.81883,4.04476,3.62825,4.59733,3.70034]
["CIMENTOS ASFÁLTICOS CAP-30-45","2022-11-01",3.69876,3.82428,4.06446,3.6125,4.70076,3.6911]
["CIMENTOS ASFÁLTICOS CAP-30-45","2022-12-01",3.26049,3.85921,3.87591,3.58997,4.71595,3.6395]
["CIMENTOS ASFÁLTICOS CAP-30-45","2023-01-01",3.12833,"***",3.89628,3.47307,4.41788,3.53703]
["CIMENTOS ASFÁLTICOS CAP-30-45","2023-02-01",3.01926,"***",3.83986,3.36492,4.26904,3.42555]
["CIMENTOS ASFÁLTICOS CAP-30-45","2023-03-01",3.01132,"***",3.50591,3.21198,4.20527,3.26544]
["CIMENTOS ASFÁLTICOS CAP-30-45","2023-04-01",3.92019,"***",3.44494,3.20329,4.08962,3.27693]
["CIMENTOS ASFÁLTICOS CAP-30-45","2023-05-01",3.29055,"***",3.56013,3.14219,4.0717,3.23014]
["CIMENTOS ASFÁLTICOS CAP-30-45","2023-06-01",3.19211,"***",3.56979,3.15279,3.69302,3.2339]
["CIMENTOS ASFÁLTICOS CAP-30-45","2023-07-01",3.16871,4.1558,3.5176,3.06716,3.72996,3.13813]
["CIMENTOS ASFÁLTICOS CAP-30-45","2023-08-01",3.5699,2.714,3.4661,3.05969,3.3502,3.15811]
["CIMENTOS ASFÁLTICOS CAP-30-45","2023-09-01",3.80336,"***",3.61922,3.31479,3.28723,3.39251]
["CIMENTOS ASFÁLTICOS CAP-50-70","2008-11-01",1.1642,0.96806,1.44624,0.98865,0.96163,1.01662]
["CIMENTOS ASFÁLTICOS CAP-50-70","2008-12-01",1.15953,0.95494,1.33487,1.00025,0.97363,1.00725]
["CIMENTOS ASFÁLTICOS CAP-50-70","2009-01-01",1.04559,0.96129,1.18303,0.97635,0.97364,0.98096]
["CIMENTOS ASFÁLTICOS CAP-50-70","2009-02-01",1.037,0.93894,1.15559,0.9661,0.96455,0.96989]
["CIMENTOS ASFÁLTICOS CAP-50-70","2009-03-01",0.99575,0.94507,1.19629,0.95563,0.95789,0.9607]
["CIMENTOS ASFÁLTICOS CAP-50-70","2009-04-01",1.04838,0.93277,1.22711,0.94696,0.95204,0.95892]
["CIMENTOS ASFÁLTICOS CAP-50-70","2009-05-01",0.98411,0.92757,1.25138,0.92702,0.94463,0.94843]
["CIMENTOS ASFÁLTICOS CAP-50-70","2009-06-01",1.04642,0.91673,1.23102,0.91941,0.93097,0.93838]
["CIMENTOS ASFÁLTICOS CAP-50-70","2009-07-01",1.03326,0.94909,1.29208,0.95873,0.99275,0.98199]
["CIMENTOS ASFÁLTICOS CAP-50-70","2009-08-01",1.03495,0.90676,1.17024,0.90785,0.91379,0.92533]
["CIMENTOS ASFÁLTICOS CAP-50-70","2009-09-01",1.00981,0.903,1.17499,0.90904,0.91526,0.92867]
["CIMENTOS ASFÁLTICOS CAP-50-70","2009-10-01",1.02117,0.92535,1.171,0.91404,0.92002,0.9359]
["CIMENTOS ASFÁLTICOS CAP-50-70","2009-11-01",1.04434,0.91887,1.17153,0.92126,0.92072,0.9401]
["CIMENTOS ASFÁLTICOS CAP-50-70","2009-12-01",1.12186,0.91026,1.25582,0.91336,0.9192,0.94659]
["CIMENTOS ASFÁLTICOS CAP-50-70","2010-01-01",1.13346,0.90993,1.24048,0.90312,0.90926,0.93654]
["CIMENTOS ASFÁLTICOS CAP-50-70","2010-02-01",1.10135,0.90184,1.20422,0.88538,0.88195,0.91458]
["CIMENTOS ASFÁLTICOS CAP-50-70","2010-03-01",1.00868,0.90728,1.2472,0.89681,0.9054,0.92531]
["CIMENTOS ASFÁLTICOS CAP-50-70","2010-04-01",1.04684,0.90045,1.22709,0.89108,0.91192,0.92766]
["CIMENTOS ASFÁLTICOS CAP-50-70","2010-05-01",1.06609,0.90051,1.25805,0.8828,0.90804,0.92636]
["CIMENTOS ASFÁLTICOS CAP-50-70","2010-06-01",0.97359,0.87461,1.11885,0.86778,0.88487,0.89935]
["CIMENTOS ASFÁLTICOS CAP-50-70","2010-07-01",0.94048,0.88191,1.11618,0.87841,0.89487,0.91003]
["CIMENTOS ASFÁLTICOS CAP-50-70","2010-08-01",0.95537,0.87998,1.11446,0.87175,0.87191,0.89992]
["CIMENTOS ASFÁLTICOS CAP-50-70","2010-09-01",0.94857,0.88392,1.14721,0.88593,0.88619,0.91753]
["CIMENTOS ASFÁLTICOS CAP-50-70","2010-10-01",0.93155,0.87849,1.14491,0.92604,0.90666,0.93292]
["CIMENTOS ASFÁLTICOS CAP-50-70","2010-11-01",0.9466,0.88331,1.165,0.94141,0.93709,0.93982]
["CIMENTOS ASFÁLTICOS CAP-50-70","2010-12-01",0.98309,0.87959,1.14836,0.93364,0.97301,0.94452]
["CIMENTOS ASFÁLTICOS CAP-50-70","2011-01-01",1.14916,0.89179,1.18354,0.92997,0.9743,0.95452]
["CIMENTOS ASFÁLTICOS CAP-50-70","2011-02-01",0.99572,0.88569,1.13213,0.92935,0.90677,0.92939]
["CIMENTOS ASFÁLTICOS CAP-50-70","2011-03-01",0.95401,0.86206,1.15984,0.89649,0.88026,0.89794]
["CIMENTOS ASFÁLTICOS CAP-50-70","2011-04-01",0.92775,0.87539,1.10636,0.86569,0.8787,0.88708]
["CIMENTOS ASFÁLTICOS CAP-50-70","2011-05-01",0.95713,0.8509,1.05419,0.85914,0.87485,0.88657]
["CIMENTOS ASFÁLTICOS CAP-50-70","2011-06-01",0.8997,0.83799,1.07308,0.85586,0.87167,0.8765]
["CIMENTOS ASFÁLTICOS CAP-50-70","2011-07-01",0.85928,0.83472,1.06189,0.84584,0.86934,0.86621]
["CIMENTOS ASFÁLTICOS CAP-50-70","2011-08-01",0.93714,0.83185,1.08947,0.83591,0.86676,0.86656]
["CIMENTOS ASFÁLTICOS CAP-50-70","2011-09-01",0.96018,0.8294,1.13767,0.83734,0.86744,0.87207]
["CIMENTOS ASFÁLTICOS CAP-50-70","2011-10-01",0.94897,0.83194,1.11916,0.84496,0.85428,0.86896]
["CIMENTOS ASFÁLTICOS CAP-50-70","2011-11-01",0.94341,0.83555,1.11874,0.84764,0.86295,0.87341]
["CIMENTOS ASFÁLTICOS CAP-50-70","2011-12-01",0.9638,0.83848,1.02793,0.8647,0.87299,0.87729]
["CIMENTOS ASFÁLTICOS CAP-50-70","2012-01-01",0.91095,0.83848,1.11891,0.87825,0.86083,0.87176]
["CIMENTOS ASFÁLTICOS CAP-50-70","2012-02-01",0.89822,0.84048,1.10482,0.88879,0.87181,0.88306]
["CIMENTOS ASFÁLTICOS CAP-50-70","2012-03-01",0.92336,0.84224,1.05406,0.885,0.88257,0.8852]
["CIMENTOS ASFÁLTICOS CAP-50-70","2012-04-01",0.97715,0.85549,1.06974,0.88116,0.87783,0.8991]
["CIMENTOS ASFÁLTICOS CAP-50-70","2012-05-01",1.05572,0.85996,1.07758,0.88832,0.87634,0.90492]
["CIMENTOS ASFÁLTICOS CAP-50-70","2012-06-01",1.04519,0.86496,1.1054,0.89334,0.87681,0.91623]
["CIMENTOS ASFÁLTICOS CAP-50-70","2012-07-01",1.04466,0.86263,1.1267,0.88602,0.87709,0.91046]
["CIMENTOS ASFÁLTICOS CAP-50-70","2012-08-01",1.08018,0.8802,1.13744,0.88507,0.87262,0.91439]
["CIMENTOS ASFÁLTICOS CAP-50-70","2012-09-01",1.05939,0.88001,1.1394,0.86836,0.84321,0.89827]
["CIMENTOS ASFÁLTICOS CAP-50-70","2012-10-01",1.06573,0.888,1.2146,0.89293,0.87951,0.93045]
["CIMENTOS ASFÁLTICOS CAP-50-70","2012-11-01",1.06245,0.87602,1.18926,0.91064,0.89022,0.92845]
["CIMENTOS ASFÁLTICOS CAP-50-70","2012-12-01",1.09163,0.87465,1.19067,0.90825,0.90065,0.92884]
["CIMENTOS ASFÁLTICOS CAP-50-70","2013-01-01",1.08411,0.86618,1.19453,0.90573,0.90813,0.91738]
["CIMENTOS ASFÁLTICOS CAP-50-70","2013-02-01",1.07702,0.86417,1.185,0.91349,0.92531,0.92551]
["CIMENTOS ASFÁLTICOS CAP-50-70","2013-03-01",1.0731,0.86383,1.21303,0.91629,0.93021,0.93071]
["CIMENTOS ASFÁLTICOS CAP-50-70","2013-04-01",1.05154,0.8597,1.22384,0.90925,0.92544,0.93424]
["CIMENTOS ASFÁLTICOS CAP-50-70","2013-05-01",1.10239,0.87292,1.22872,0.91282,0.91852,0.95456]
["CIMENTOS ASFÁLTICOS CAP-50-70","2013-06-01",1.05121,0.86931,1.21475,0.90587,0.89854,0.95458]
["CIMENTOS ASFÁLTICOS CAP-50-70","2013-07-01",1.12341,0.89127,1.19282,0.9106,0.93119,0.95878]
["CIMENTOS ASFÁLTICOS CAP-50-70","2013-08-01",1.07881,0.89697,1.22722,0.91664,0.93234,0.96363]
["CIMENTOS ASFÁLTICOS CAP-50-70","2013-09-01",1.06936,0.89601,1.27509,0.92039,0.9239,0.96208]
["CIMENTOS ASFÁLTICOS CAP-50-70","2013-10-01",1.02835,0.90602,1.19746,0.91492,0.89095,0.95083]
["CIMENTOS ASFÁLTICOS CAP-50-70","2013-11-01",1.03794,0.91347,1.1919,0.91076,0.91147,0.95424]
["CIMENTOS ASFÁLTICOS CAP-50-70","2013-12-01",1.03411,0.92856,1.2074,0.91362,0.90312,0.95885]
["CIMENTOS ASFÁLTICOS CAP-50-70","2014-01-01",1.03939,0.92865,1.18314,0.9139,0.91392,0.94956]
["CIMENTOS ASFÁLTICOS CAP-50-70","2014-02-01",1.08011,0.92349,1.14266,0.91723,0.9128,0.9466]
["CIMENTOS ASFÁLTICOS CAP-50-70","2014-03-01",1.0579,0.9221,1.16623,0.91834,0.91527,0.9497]
["CIMENTOS ASFÁLTICOS CAP-50-70","2014-04-01",1.06516,0.92425,1.16255,0.91307,0.89846,0.94773]
["CIMENTOS ASFÁLTICOS CAP-50-70","2014-05-01",1.04724,0.92304,1.17764,0.9238,0.90563,0.95586]
["CIMENTOS ASFÁLTICOS CAP-50-70","2014-06-01",1.03248,0.91856,1.21317,0.91367,0.90948,0.95769]
["CIMENTOS ASFÁLTICOS CAP-50-70","2014-07-01",1.08993,0.91251,1.15648,0.90124,0.90896,0.94462]
["CIMENTOS ASFÁLTICOS CAP-50-70","2014-08-01",1.12813,0.91344,1.12564,0.91377,0.90505,0.94947]
["CIMENTOS ASFÁLTICOS CAP-50-70","2014-09-01",1.09942,0.93074,1.20765,0.92077,0.91562,0.96687]
["CIMENTOS ASFÁLTICOS CAP-50-70","2014-10-01",1.13898,0.91438,1.16321,0.88626,0.89497,0.94296]
["CIMENTOS ASFÁLTICOS CAP-50-70","2014-11-01",1.09005,0.93601,1.16365,0.89858,0.91888,0.95477]
["CIMENTOS ASFÁLTICOS CAP-50-70","2014-12-01",1.23631,1.02931,1.30927,1.00369,0.99707,1.04136]
["CIMENTOS ASFÁLTICOS CAP-50-70","2015-01-01",1.3331,1.2658,1.5124,1.12002,1.18548,1.2112]
["CIMENTOS ASFÁLTICOS CAP-50-70","2015-02-01",1.42997,1.25738,1.53562,1.12542,1.19134,1.21167]
["CIMENTOS ASFÁLTICOS CAP-50-70","2015-03-01",1.37527,1.22468,1.47823,1.15815,1.19245,1.21272]
["CIMENTOS ASFÁLTICOS CAP-50-70","2015-04-01",1.31347,1.21121,1.48926,1.14509,1.17676,1.19366]
["CIMENTOS ASFÁLTICOS CAP-50-70","2015-05-01",1.4689,1.2198,1.43412,1.12996,1.1716,1.20473]
["CIMENTOS ASFÁLTICOS CAP-50-70","2015-06-01",1.4981,1.22963,1.44283,1.12938,1.17466,1.21636]
["CIMENTOS ASFÁLTICOS CAP-50-70","2015-07-01",1.32769,1.24655,1.20465,1.12447,1.1673,1.18886]
["CIMENTOS ASFÁLTICOS CAP-50-70","2015-08-01",1.38538,1.25675,1.39516,1.11693,1.17224,1.21891]
["CIMENTOS ASFÁLTICOS CAP-50-70","2015-09-01",1.40202,1.30817,1.4938,1.18192,1.22014,1.27603]
["CIMENTOS ASFÁLTICOS CAP-50-70","2015-10-01",1.49665,1.35271,1.57751,1.25267,1.27835,1.34356]
["CIMENTOS ASFÁLTICOS CAP-50-70","2015-11-01",1.62149,1.51725,1.70643,1.41863,1.41765,1.48892]
["CIMENTOS ASFÁLTICOS CAP-50-70","2015-12-01",1.74006,1.51946,1.70091,1.41819,1.42903,1.49642]
["CIMENTOS ASFÁLTICOS CAP-50-70","2016-01-01",1.78128,1.55003,1.76279,1.45129,1.44407,1.50481]
["CIMENTOS ASFÁLTICOS CAP-50-70","2016-02-01",1.79705,1.5343,1.70211,1.43945,1.43249,1.48565]
["CIMENTOS ASFÁLTICOS CAP-50-70","2016-03-01",1.74212,1.53365,1.72585,1.42473,1.44805,1.49203]
["CIMENTOS ASFÁLTICOS CAP-50-70","2016-04-01",1.92066,1.72462,1.90278,1.59676,1.63495,1.66832]
["CIMENTOS ASFÁLTICOS CAP-50-70","2016-05-01",1.98586,1.7261,1.92653,1.60847,1.69886,1.69987]
["CIMENTOS ASFÁLTICOS CAP-50-70","2016-06-01",1.9411,1.69462,1.92858,1.63487,1.63637,1.69346]
["CIMENTOS ASFÁLTICOS CAP-50-70","2016-07-01",1.79717,1.67911,1.91879,1.64433,1.61609,1.67794]
["CIMENTOS ASFÁLTICOS CAP-50-70","2016-08-01",1.83596,1.68641,1.95066,1.64816,1.62088,1.68951]
["CIMENTOS ASFÁLTICOS CAP-50-70","2016-09-01",1.76564,1.58626,1.81824,1.55745,1.47898,1.58232]
["CIMENTOS ASFÁLTICOS CAP-50-70","2016-10-01",1.66096,1.59022,1.77133,1.55779,1.48039,1.57425]
["CIMENTOS ASFÁLTICOS CAP-50-70","2016-11-01",1.62025,1.55914,1.82557,1.51652,1.47297,1.55048]
["CIMENTOS ASFÁLTICOS CAP-50-70","2016-12-01",1.53827,1.45933,1.78676,1.50487,1.46805,1.50636]
["CIMENTOS ASFÁLTICOS CAP-50-70","2017-01-01",1.53645,1.44929,1.60966,1.44883,1.45365,1.46704]
["CIMENTOS ASFÁLTICOS CAP-50-70","2017-02-01",1.56427,1.44763,1.64008,1.45695,1.44623,1.46868]
["CIMENTOS ASFÁLTICOS CAP-50-70","2017-03-01",1.51757,1.43586,1.68624,1.45629,1.45569,1.47364]
["CIMENTOS ASFÁLTICOS CAP-50-70","2017-04-01",1.65927,1.38826,1.66568,1.38943,1.40916,1.43527]
["CIMENTOS ASFÁLTICOS CAP-50-70","2017-05-01",1.50522,1.40061,1.71013,1.37386,1.39212,1.42945]
["CIMENTOS ASFÁLTICOS CAP-50-70","2017-06-01",1.63947,1.42461,1.6994,1.42908,1.38584,1.46592]
["CIMENTOS ASFÁLTICOS CAP-50-70","2017-07-01",1.64803,1.40283,1.75142,1.41803,1.35632,1.45311]
["CIMENTOS ASFÁLTICOS CAP-50-70","2017-08-01",1.48988,1.38283,1.63057,1.40685,1.37761,1.42563]
["CIMENTOS ASFÁLTICOS CAP-50-70","2017-09-01",1.54887,1.42364,1.69923,1.41661,1.37677,1.44846]
["CIMENTOS ASFÁLTICOS CAP-50-70","2017-10-01",1.57145,1.40512,1.74344,1.40781,1.39803,1.44734]
["CIMENTOS ASFÁLTICOS CAP-50-70","2017-11-01",1.70395,1.56169,1.88669,1.51083,1.51021,1.58755]
["CIMENTOS ASFÁLTICOS CAP-50-70","2017-12-01",1.67113,1.56976,1.89692,1.5463,1.51115,1.58438]
["CIMENTOS ASFÁLTICOS CAP-50-70","2018-01-01",1.78839,1.64223,1.85168,1.59067,1.61302,1.64469]
["CIMENTOS ASFÁLTICOS CAP-50-70","2018-02-01",1.7974,1.61046,1.79137,1.59938,1.60347,1.62125]
["CIMENTOS ASFÁLTICOS CAP-50-70","2018-03-01",1.80136,1.60646,1.8957,1.61174,1.60363,1.63886]
["CIMENTOS ASFÁLTICOS CAP-50-70","2018-04-01",1.79117,1.60509,1.8575,1.60068,1.63963,1.65621]
["CIMENTOS ASFÁLTICOS CAP-50-70","2018-05-01",1.9135,1.7247,1.94544,1.71406,1.71421,1.75733]
["CIMENTOS ASFÁLTICOS CAP-50-70","2018-06-01",2.06556,1.8224,2.09132,1.79948,1.79854,1.85966]
["CIMENTOS ASFÁLTICOS CAP-50-70","2018-07-01",2.06863,1.94514,2.14078,1.9403,1.94465,1.9756]
["CIMENTOS ASFÁLTICOS CAP-50-70","2018-08-01",2.22535,2.09576,2.48041,2.10243,2.09698,2.13972]
["CIMENTOS ASFÁLTICOS CAP-50-70","2018-09-01",2.33032,2.1234,2.49274,2.13403,2.10604,2.17331]
["CIMENTOS ASFÁLTICOS CAP-50-70","2018-10-01",2.25762,2.14762,2.29321,2.17661,2.14004,2.17766]
["CIMENTOS ASFÁLTICOS CAP-50-70","2018-11-01",2.48781,2.40275,2.86506,2.42868,2.42278,2.44546]
["CIMENTOS ASFÁLTICOS CAP-50-70","2018-12-01",2.49081,2.42093,2.70932,2.42828,2.464,2.45805]
["CIMENTOS ASFÁLTICOS CAP-50-70","2019-01-01",2.48597,2.35984,2.77085,2.48533,2.45201,2.45592]
["CIMENTOS ASFÁLTICOS CAP-50-70","2019-02-01",2.64435,2.54917,3.05079,2.75988,2.75818,2.70592]
["CIMENTOS ASFÁLTICOS CAP-50-70","2019-03-01",2.70498,2.52658,3.07396,2.75944,2.69307,2.69297]
["CIMENTOS ASFÁLTICOS CAP-50-70","2019-04-01",2.76078,2.56424,3.07394,2.75956,2.69665,2.71119]
["CIMENTOS ASFÁLTICOS CAP-50-70","2019-05-01",2.76237,2.52606,3.0756,2.7728,2.69374,2.71252]
["CIMENTOS ASFÁLTICOS CAP-50-70","2019-06-01",2.62752,2.5341,3.20931,2.68872,2.70481,2.69599]
["CIMENTOS ASFÁLTICOS CAP-50-70","2019-07-01",2.8486,2.50767,3.12987,2.75849,2.69899,2.71329]
["CIMENTOS ASFÁLTICOS CAP-50-70","2019-08-01",2.67546,2.33512,2.91803,2.58342,2.53192,2.53905]
["CIMENTOS ASFÁLTICOS CAP-50-70","2019-09-01",2.59806,2.29919,3.03433,2.48065,2.51483,2.496]
["CIMENTOS ASFÁLTICOS CAP-50-70","2019-10-01",2.53354,2.27036,2.83756,2.50989,2.50964,2.47335]
["CIMENTOS ASFÁLTICOS CAP-50-70","2019-11-01",2.60864,2.32428,2.86736,2.56824,2.55634,2.52963]
["CIMENTOS ASFÁLTICOS CAP-50-70","2019-12-01",2.52617,2.31899,2.95063,2.62513,2.55736,2.53011]
["CIMENTOS ASFÁLTICOS CAP-50-70","2020-01-01",2.60036,2.2975,3.09727,2.574,2.54842,2.51815]
["CIMENTOS ASFÁLTICOS CAP-50-70","2020-02-01",2.4219,2.17321,2.88286,2.35832,2.36043,2.3511]
["CIMENTOS ASFÁLTICOS CAP-50-70","2020-03-01",2.32825,2.17109,2.75605,2.32152,2.33776,2.32187]
["CIMENTOS ASFÁLTICOS CAP-50-70","2020-04-01",2.37012,2.19003,2.65369,2.34516,2.30211,2.33601]
["CIMENTOS ASFÁLTICOS CAP-50-70","2020-05-01",2.36864,2.12476,2.60644,2.27123,2.31524,2.3242]
["CIMENTOS ASFÁLTICOS CAP-50-70","2020-06-01",2.30423,2.12899,2.62114,2.26286,2.30854,2.29653]
["CIMENTOS ASFÁLTICOS CAP-50-70","2020-07-01",2.30404,2.13389,2.62338,2.23465,2.28322,2.27476]
["CIMENTOS ASFÁLTICOS CAP-50-70","2020-08-01",2.43,2.26691,2.75808,2.37097,2.47255,2.41266]
["CIMENTOS ASFÁLTICOS CAP-50-70","2020-09-01",2.46123,2.28405,2.73258,2.36621,2.44122,2.41004]
["CIMENTOS ASFÁLTICOS CAP-50-70","2020-10-01",2.37803,2.30473,2.73787,2.37056,2.44844,2.40702]
["CIMENTOS ASFÁLTICOS CAP-50-70","2020-11-01",2.611,2.48394,2.83831,2.54266,2.57984,2.5728]
["CIMENTOS ASFÁLTICOS CAP-50-70","2020-12-01",2.46667,2.46408,2.82574,2.58685,2.60261,2.57127]
["CIMENTOS ASFÁLTICOS CAP-50-70","2021-01-01",2.3969,2.46228,2.90778,2.62267,2.62132,2.56538]
["CIMENTOS ASFÁLTICOS CAP-50-70","2021-02-01",2.62223,2.67373,3.03753,2.78148,2.78235,2.753]
["CIMENTOS ASFÁLTICOS CAP-50-70","2021-03-01",2.57881,2.62704,3.01227,2.83486,2.83454,2.77439]
["CIMENTOS ASFÁLTICOS CAP-50-70","2021-04-01",2.68984,2.59905,3.02145,2.81222,2.80499,2.76591]
["CIMENTOS ASFÁLTICOS CAP-50-70","2021-05-01",3.2588,3.19953,3.66991,3.41862,3.41649,3.39185]
["CIMENTOS ASFÁLTICOS CAP-50-70","2021-06-01",3.23916,3.18109,3.5369,3.44296,3.45732,3.38048]
["CIMENTOS ASFÁLTICOS CAP-50-70","2021-07-01",3.13732,3.15494,3.59198,3.44848,3.4147,3.35894]
["CIMENTOS ASFÁLTICOS CAP-50-70","2021-08-01",3.46287,3.29399,3.78141,3.70318,3.67089,3.58674]
["CIMENTOS ASFÁLTICOS CAP-50-70","2021-09-01",3.52789,3.32632,3.78833,3.65409,3.68888,3.60443]
["CIMENTOS ASFÁLTICOS CAP-50-70","2021-10-01",3.52176,3.42103,3.65384,3.68027,3.69591,3.61271]
["CIMENTOS ASFÁLTICOS CAP-50-70","2021-11-01",3.82874,3.69769,4.0572,4.0329,4.00672,3.94064]
["CIMENTOS ASFÁLTICOS CAP-50-70","2021-12-01",3.89161,3.75292,4.0449,4.04932,4.01429,3.96172]
["CIMENTOS ASFÁLTICOS CAP-50-70","2022-01-01",3.97888,3.81206,4.15331,4.03744,4.05211,4.00066]
["CIMENTOS ASFÁLTICOS CAP-50-70","2022-02-01",4.3087,4.03363,4.45224,4.27842,4.28606,4.26001]
["CIMENTOS ASFÁLTICOS CAP-50-70","2022-03-01",4.25745,4.09468,4.48285,4.26889,4.32595,4.27568]
["CIMENTOS ASFÁLTICOS CAP-50-70","2022-04-01",4.36885,4.258,4.76321,4.45661,4.44592,4.44118]
["CIMENTOS ASFÁLTICOS CAP-50-70","2022-05-01",4.35287,4.20186,4.58331,4.30938,4.24894,4.30229]
["CIMENTOS ASFÁLTICOS CAP-50-70","2022-06-01",4.39368,4.19622,4.61364,4.29001,4.18106,4.28994]
["CIMENTOS ASFÁLTICOS CAP-50-70","2022-07-01",4.54391,4.32472,4.73013,4.34873,4.29947,4.40106]
["CIMENTOS ASFÁLTICOS CAP-50-70","2022-08-01",4.65391,4.35043,4.60251,4.21018,4.1273,4.31905]
["CIMENTOS ASFÁLTICOS CAP-50-70","2022-09-01",4.87528,4.34096,4.4076,4.06766,3.86145,4.25957]
["CIMENTOS ASFÁLTICOS CAP-50-70","2022-10-01",4.37332,4.10711,4.0682,3.63106,3.5515,3.88005]
["CIMENTOS ASFÁLTICOS CAP-50-70","2022-11-01",4.20117,3.96201,4.04755,3.58601,3.47433,3.7872]
["CIMENTOS ASFÁLTICOS CAP-50-70","2022-12-01",4.35975,3.74589,4.1321,3.49827,3.45153,3.73007]
["CIMENTOS ASFÁLTICOS CAP-50-70","2023-01-01",4.11983,3.50004,3.91466,3.25789,3.2964,3.46317]
["CIMENTOS ASFÁLTICOS CAP-50-70","2023-02-01",3.93855,3.45063,3.83681,3.1594,3.1788,3.36797]
["CIMENTOS ASFÁLTICOS CAP-50-70","2023-03-01",3.96,3.31729,3.69266,3.11755,2.96545,3.23593]
["CIMENTOS ASFÁLTICOS CAP-50-70","2023-04-01",3.73062,3.26819,3.58629,3.12341,2.94296,3.18999]
["CIMENTOS ASFÁLTICOS CAP-50-70","2023-05-01",3.84972,3.29051,3.55676,3.14639,2.91757,3.22683]
["CIMENTOS ASFÁLTICOS CAP-50-70","2023-06-01",3.7712,3.33232,3.42737,3.12408,2.89933,3.21861]
["CIMENTOS ASFÁLTICOS CAP-50-70","2023-07-01",3.74225,3.38127,3.5797,3.12005,2.97184,3.2653]
["CIMENTOS ASFÁLTICOS CAP-50-70","2023-08-01",3.72358,3.36285,3.68607,3.13508,2.96147,3.26118]
["CIMENTOS ASFÁLTICOS CAP-50-70","2023-09-01",4.09262,3.63104,3.8282,3.36503,3.18176,3.49982]
["CIMENTOS ASFÁLTICOS CAP-85-100","2008-11-01","***","***","***","***","***","***"]
["CIMENTOS ASFÁLTICOS CAP-85-100","2008-12-01","***","***","***","***","***","***"]
["CIMENTOS ASFÁLTICOS CAP-85-100","2009-01-01","***","***","***","***","***","***"]
["CIMENTOS ASFÁLTICOS CAP-85-100","2009-02-01","***","***","***","***","***","***"]
["CIMENTOS ASFÁLTICOS CAP-85-100","2009-03-01","***","***","***","***","***","***"]
["CIMENTOS ASFÁLTICOS CAP-85-100","2009-04-01","***","***","***","***","***","***"]
["CIMENTOS ASFÁLTICOS CAP-85-100","2009-05-01","***","***","***","***","***","***"]
["CIMENTOS ASFÁLTICOS CAP-85-100","2009-06-01","***","***","***","***","***","***"]
["CIMENTOS ASFÁLTICOS CAP-85-100","2009-07-01","***","***","***","***","***","***"]
["CIMENTOS ASFÁLTICOS CAP-85-100","2009-08-01","***","***","***","***","***","***"]
["CIMENTOS ASFÁLTICOS CAP-85-100","2009-09-01","***","***","***","***","***","***"]
["CIMENTOS ASFÁLTICOS CAP-85-100","2009-10-01","***","***","***","***","***","***"]
["CIMENTOS ASFÁLTICOS CAP-85-100","2009-11-01","***","***","***","***",1.13323,1.13323]
["CIMENTOS ASFÁLTICOS CAP-85-100","2009-12-01","***","***","***","***","***","***"]
["CIMENTOS ASFÁLTICOS CAP-85-100","2010-01-01","***","***","***","***","***","***"]
["CIMENTOS ASFÁLTICOS CAP-85-100","2010-02-01","***","***","***","***","***","***"]
["CIMENTOS ASFÁLTICOS CAP-85-100","2010-03-01","***","***","***","***","***","***"]
["CIMENTOS ASFÁLTICOS CAP-85-100","2010-04-01","***","***","***","***","***","***"]
["CIMENTOS ASFÁLTICOS CAP-85-100","2010-05-01","***","***","***","***","***","***"]
["CIMENTOS ASFÁLTICOS CAP-85-100","2010-06-01","***","***","***","***","***","***"]
["CIMENTOS ASFÁLTICOS CAP-85-100","2010-07-01","***","***","***","***","***","***"]
["CIMENTOS ASFÁLTICOS CAP-85-100","2010-08-01","***","***","***","***","***","***"]
["CIMENTOS ASFÁLTICOS CAP-85-100","2010-09-01","***","***","***","***","***","***"]
["CIMENTOS ASFÁLTICOS CAP-85-100","2010-10-01","***","***","***",1.19662,"***",1.19662]
["CIMENTOS ASFÁLTICOS CAP-85-100","2010-11-01","***","***","***",1.19662,"***",1.19662]
["CIMENTOS ASFÁLTICOS CAP-85-100","2010-12-01","***","***","***","***","***","***"]
["CIMENTOS ASFÁLTICOS CAP-85-100","2011-01-01","***","***","***","***","***","***"]
["CIMENTOS ASFÁLTICOS CAP-85-100","2011-02-01","***","***","***","***","***","***"]
["CIMENTOS ASFÁLTICOS CAP-85-100","2011-03-01","***","***","***","***","***","***"]
["CIMENTOS ASFÁLTICOS CAP-85-100","2011-04-01","***","***",1.205,0.5703,"***",0.71767]
["CIMENTOS ASFÁLTICOS CAP-85-100","2011-05-01","***","***","***",0.5693,"***",0.5693]
["CIMENTOS ASFÁLTICOS CAP-85-100","2011-06-01","***","***","***","***",0.88491,0.88491]
["CIMENTOS ASFÁLTICOS CAP-85-100","2011-07-01","***","***",1.3649,"***","***",1.3649]
["CIMENTOS ASFÁLTICOS CAP-85-100","2011-08-01","***","***",1.34245,1.3506,"***",1.34317]
["CIMENTOS ASFÁLTICOS CAP-85-100","2011-09-01","***","***",1.33715,"***","***",1.33715]
["CIMENTOS ASFÁLTICOS CAP-85-100","2011-10-01","***","***","***","***","***","***"]
["CIMENTOS ASFÁLTICOS CAP-85-100","2011-11-01","***","***",1.41854,"***","***",1.41854]
["CIMENTOS ASFÁLTICOS CAP-85-100","2011-12-01","***","***","***",0.93512,"***",0.93512]
["CIMENTOS ASFÁLTICOS CAP-85-100","2012-01-01","***","***",1.41854,"***","***",1.41854]
["CIMENTOS ASFÁLTICOS CAP-85-100","2012-02-01","***","***",1.41855,"***","***",1.41855]
["CIMENTOS ASFÁLTICOS CAP-85-100","2012-03-01","***","***","***","***","***","***"]
["CIMENTOS ASFÁLTICOS CAP-85-100","2012-04-01","***","***",1.41854,"***","***",1.41854]
["CIMENTOS ASFÁLTICOS CAP-85-100","2012-05-01","***","***",1.41854,"***","***",1.41854]
["CIMENTOS ASFÁLTICOS CAP-85-100","2012-06-01","***","***",1.41854,"***","***",1.41854]
["CIMENTOS ASFÁLTICOS CAP-85-100","2012-07-01","***","***",1.41852,"***","***",1.41852]
["CIMENTOS ASFÁLTICOS CAP-85-100","2012-08-01","***","***",1.41854,"***","***",1.41854]
["CIMENTOS ASFÁLTICOS CAP-85-100","2012-09-01","***","***",1.43115,"***","***",1.43115]
["CIMENTOS ASFÁLTICOS CAP-85-100","2012-10-01","***","***",1.40275,"***","***",1.40275]
["CIMENTOS ASFÁLTICOS CAP-85-100","2012-11-01","***","***",1.40894,"***","***",1.40894]
["CIMENTOS ASFÁLTICOS CAP-85-100","2012-12-01","***","***","***","***","***","***"]
["CIMENTOS ASFÁLTICOS CAP-85-100","2013-01-01","***","***","***","***","***","***"]
["CIMENTOS ASFÁLTICOS CAP-85-100","2013-02-01","***","***","***","***","***","***"]
["CIMENTOS ASFÁLTICOS CAP-85-100","2013-03-01","***","***","***","***","***","***"]
["CIMENTOS ASFÁLTICOS CAP-85-100","2013-04-01","***","***","***","***","***","***"]
["CIMENTOS ASFÁLTICOS CAP-85-100","2013-05-01","***","***","***","***","***","***"]
["CIMENTOS ASFÁLTICOS CAP-85-100","2013-06-01","***","***","***","***","***","***"]
["CIMENTOS ASFÁLTICOS CAP-85-100","2013-07-01","***","***","***","***","***","***"]
["CIMENTOS ASFÁLTICOS CAP-85-100","2013-08-01","***","***","***","***","***","***"]
["CIMENTOS ASFÁLTICOS CAP-85-100","2013-09-01","***","***","***","***","***","***"]
["CIMENTOS ASFÁLTICOS CAP-85-100","2013-10-01","***","***","***","***","***","***"]
["CIMENTOS ASFÁLTICOS CAP-85-100","2013-11-01","***","***","***","***","***","***"]
["CIMENTOS ASFÁLTICOS CAP-85-100","2013-12-01","***","***","***","***","***","***"]
["CIMENTOS ASFÁLTICOS CAP-85-100","2014-01-01","***","***","***","***","***","***"]
["CIMENTOS ASFÁLTICOS CAP-85-100","2014-02-01","***","***","***","***","***","***"]
["CIMENTOS ASFÁLTICOS CAP-85-100","2014-03-01","***","***","***","***","***","***"]
["CIMENTOS ASFÁLTICOS CAP-85-100","2014-04-01","***","***","***","***","***","***"]
["CIMENTOS ASFÁLTICOS CAP-85-100","2014-05-01","***","***","***","***",0.94122,0.94122]
["CIMENTOS ASFÁLTICOS CAP-85-100","2014-06-01","***","***","***","***","***","***"]
["CIMENTOS ASFÁLTICOS CAP-85-100","2014-07-01","***","***","***","***","***","***"]
["CIMENTOS ASFÁLTICOS CAP-85-100","2014-08-01","***","***","***","***",1.01099,1.01099]
["CIMENTOS ASFÁLTICOS CAP-85-100","2014-09-01","***","***","***","***","***","***"]
["CIMENTOS ASFÁLTICOS CAP-85-100","2014-10-01","***","***","***","***","***","***"]
["CIMENTOS ASFÁLTICOS CAP-85-100","2014-11-01","***","***","***","***","***","***"]
["CIMENTOS ASFÁLTICOS CAP-85-100","2014-12-01","***","***","***","***","***","***"]
["CIMENTOS ASFÁLTICOS CAP-85-100","2015-01-01","***","***","***","***","***","***"]
["CIMENTOS ASFÁLTICOS CAP-85-100","2015-02-01","***","***","***","***","***","***"]
["CIMENTOS ASFÁLTICOS CAP-85-100","2015-03-01","***","***","***","***","***","***"]
["CIMENTOS ASFÁLTICOS CAP-85-100","2015-04-01","***","***","***","***","***","***"]
["CIMENTOS ASFÁLTICOS CAP-85-100","2015-05-01","***","***","***","***","***","***"]
["CIMENTOS ASFÁLTICOS CAP-85-100","2015-06-01","***","***","***","***",1.3446,1.3446]
["CIMENTOS ASFÁLTICOS CAP-85-100","2015-07-01","***","***","***","***","***","***"]
["CIMENTOS ASFÁLTICOS CAP-85-100","2015-08-01","***","***","***","***","***","***"]
["CIMENTOS ASFÁLTICOS CAP-85-100","2015-09-01","***","***","***","***","***","***"]
["CIMENTOS ASFÁLTICOS CAP-85-100","2015-10-01","***","***","***","***","***","***"]
["CIMENTOS ASFÁLTICOS CAP-85-100","2015-11-01","***","***","***","***","***","***"]
["CIMENTOS ASFÁLTICOS CAP-85-100","2015-12-01","***","***","***","***","***","***"]
["CIMENTOS ASFÁLTICOS CAP-85-100","2016-01-01","***","***","***","***","***","***"]
["CIMENTOS ASFÁLTICOS CAP-85-100","2016-02-01","***","***","***","***","***","***"]
["CIMENTOS ASFÁLTICOS CAP-85-100","2016-03-01","***","***","***","***","***","***"]
["CIMENTOS ASFÁLTICOS CAP-85-100","2016-04-01","***","***","***","***","***","***"]
["CIMENTOS ASFÁLTICOS CAP-85-100","2016-05-01","***","***","***","***","***","***"]
["CIMENTOS ASFÁLTICOS CAP-85-100","2016-06-01","***","***","***","***","***","***"]
["CIMENTOS ASFÁLTICOS CAP-85-100","2016-07-01","***","***","***","***","***","***"]
["CIMENTOS ASFÁLTICOS CAP-85-100","2016-08-01","***","***","***","***","***","***"]
["CIMENTOS ASFÁLTICOS CAP-85-100","2016-09-01","***","***","***","***","***","***"]
["CIMENTOS ASFÁLTICOS CAP-85-100","2016-10-01","***","***","***","***","***","***"]
["CIMENTOS ASFÁLTICOS CAP-85-100","2016-11-01","***","***","***","***","***","***"]
["CIMENTOS ASFÁLTICOS CAP-85-100","2016-12-01","***","***","***","***","***","***"]
["CIMENTOS ASFÁLTICOS CAP-85-100","2017-01-01","***","***","***",1.40442,2.23476,2.16214]
["CIMENTOS ASFÁLTICOS CAP-85-100","2017-02-01","***","***","***",1.90513,"***",1.90513]
["CIMENTOS ASFÁLTICOS CAP-85-100","2017-03-01","***","***","***","***","***","***"]
["CIMENTOS ASFÁLTICOS CAP-85-100","2017-04-01","***","***","***",2.12534,"***",2.12534]
["CIMENTOS ASFÁLTICOS CAP-85-100","2017-05-01","***","***","***","***","***","***"]
["CIMENTOS ASFÁLTICOS CAP-85-100","2017-06-01","***","***","***","***","***","***"]
["CIMENTOS ASFÁLTICOS CAP-85-100","2017-07-01","***","***","***","***","***","***"]
["CIMENTOS ASFÁLTICOS CAP-85-100","2017-08-01","***","***","***","***","***","***"]
["CIMENTOS ASFÁLTICOS CAP-85-100","2017-09-01","***","***","***","***","***","***"]
["CIMENTOS ASFÁLTICOS CAP-85-100","2017-10-01","***","***","***","***","***","***"]
["CIMENTOS ASFÁLTICOS CAP-85-100","2017-11-01","***","***","***","***","***","***"]
["CIMENTOS ASFÁLTICOS CAP-85-100","2017-12-01","***","***","***",2.091,"***",2.091]
["CIMENTOS ASFÁLTICOS CAP-85-100","2018-01-01","***","***","***","***","***","***"]
["CIMENTOS ASFÁLTICOS CAP-85-100","2018-02-01","***","***","***","***","***","***"]
["CIMENTOS ASFÁLTICOS CAP-85-100","2018-03-01","***","***","***",4.444,"***",4.444]
["CIMENTOS ASFÁLTICOS CAP-85-100","2018-04-01","***","***","***","***","***","***"]
["CIMENTOS ASFÁLTICOS CAP-85-100","2018-05-01","***","***","***","***","***","***"]
["CIMENTOS ASFÁLTICOS CAP-85-100","2018-06-01","***","***","***","***","***","***"]
["CIMENTOS ASFÁLTICOS CAP-85-100","2018-07-01","***","***","***","***","***","***"]
["CIMENTOS ASFÁLTICOS CAP-85-100","2018-08-01","***","***","***","***","***","***"]
["CIMENTOS ASFÁLTICOS CAP-85-100","2018-09-01","***","***","***","***","***","***"]
["CIMENTOS ASFÁLTICOS CAP-85-100","2018-10-01","***","***","***","***","***","***"]
["CIMENTOS ASFÁLTICOS CAP-85-100","2018-11-01","***","***","***","***","***","***"]
["CIMENTOS ASFÁLTICOS CAP-85-100","2018-12-01","***","***","***","***","***","***"]
["CIMENTOS ASFÁLTICOS CAP-85-100","2019-01-01","***","***","***","***","***","***"]
["CIMENTOS ASFÁLTICOS CAP-85-100","2019-02-01","***","***","***","***","***","***"]
["CIMENTOS ASFÁLTICOS CAP-85-100","2019-03-01","***","***","***","***","***","***"]
["CIMENTOS ASFÁLTICOS CAP-85-100","2019-04-01","***","***","***","***","***","***"]
["CIMENTOS ASFÁLTICOS CAP-85-100","2019-05-01","***","***","***","***","***","***"]
["CIMENTOS ASFÁLTICOS CAP-85-100","2019-06-01","***","***","***","***","***","***"]
["CIMENTOS ASFÁLTICOS CAP-85-100","2019-07-01","***","***","***","***","***","***"]
["CIMENTOS ASFÁLTICOS CAP-85-100","2019-08-01","***","***","***","***","***","***"]
["CIMENTOS ASFÁLTICOS CAP-85-100","2019-09-01","***","***","***","***","***","***"]
["CIMENTOS ASFÁLTICOS CAP-85-100","2019-10-01","***","***","***","***","***","***"]
["CIMENTOS ASFÁLTICOS CAP-85-100","2019-11-01","***","***","***","***","***","***"]
["CIMENTOS ASFÁLTICOS CAP-85-100","2019-12-01","***","***","***","***","***","***"]
["CIMENTOS ASFÁLTICOS CAP-85-100","2020-01-01","***","***","***","***","***","***"]
["CIMENTOS ASFÁLTICOS CAP-85-100","2020-02-01","***","***","***","***","***","***"]
["CIMENTOS ASFÁLTICOS CAP-85-100","2020-03-01","***","***","***","***","***","***"]
["CIMENTOS ASFÁLTICOS CAP-85-100","2020-04-01","***","***","***","***","***","***"]
["CIMENTOS ASFÁLTICOS CAP-85-100","2020-05-01","***","***","***","***","***","***"]
["CIMENTOS ASFÁLTICOS CAP-85-100","2020-06-01","***","***","***","***","***","***"]
["CIMENTOS ASFÁLTICOS CAP-85-100","2020-07-01","***","***","***","***","***","***"]
["CIMENTOS ASFÁLTICOS CAP-85-100","2020-08-01","***","***","***",1.73184,"***",1.73184]
["CIMENTOS ASFÁLTICOS CAP-85-100","2020-09-01","***","***","***",1.92051,"***",1.92051]
["CIMENTOS ASFÁLTICOS CAP-85-100","2020-10-01","***","***","***","***","***","***"]
["CIMENTOS ASFÁLTICOS CAP-85-100","2020-11-01","***","***","***","***","***","***"]
["CIMENTOS ASFÁLTICOS CAP-85-100","2020-12-01","***","***","***","***","***","***"]
["CIMENTOS ASFÁLTICOS CAP-85-100","2021-01-01","***","***","***","***","***","***"]
["CIMENTOS ASFÁLTICOS CAP-85-100","2021-02-01","***","***","***","***","***","***"]
["CIMENTOS ASFÁLTICOS CAP-85-100","2021-03-01","***","***","***","***","***","***"]
["CIMENTOS ASFÁLTICOS CAP-85-100","2021-04-01","***","***","***","***","***","***"]
["CIMENTOS ASFÁLTICOS CAP-85-100","2021-05-01","***","***","***","***","***","***"]
["CIMENTOS ASFÁLTICOS CAP-85-100","2021-06-01","***","***","***","***","***","***"]
["CIMENTOS ASFÁLTICOS CAP-85-100","2021-07-01","***","***","***","***","***","***"]
["CIMENTOS ASFÁLTICOS CAP-85-100","2021-08-01","***","***","***","***","***","***"]
["CIMENTOS ASFÁLTICOS CAP-85-100","2021-09-01","***","***","***","***","***","***"]
["CIMENTOS ASFÁLTICOS CAP-85-100","2021-10-01","***","***","***","***","***","***"]
["CIMENTOS ASFÁLTICOS CAP-85-100","2021-11-01","***","***","***","***","***","***"]
["CIMENTOS ASFÁLTICOS CAP-85-100","2021-12-01","***","***","***","***","***","***"]
["CIMENTOS ASFÁLTICOS CAP-85-100","2022-01-01","***","***","***","***","***","***"]
["CIMENTOS ASFÁLTICOS CAP-85-100","2022-02-01","***","***","***","***","***","***"]
["CIMENTOS ASFÁLTICOS CAP-85-100","2022-03-01","***","***","***","***","***","***"]
["CIMENTOS ASFÁLTICOS CAP-85-100","2022-04-01","***","***","***","***","***","***"]
["CIMENTOS ASFÁLTICOS CAP-85-100","2022-05-01","***","***","***","***","***","***"]
["CIMENTOS ASFÁLTICOS CAP-85-100","2022-06-01","***","***","***","***","***","***"]
["CIMENTOS ASFÁLTICOS CAP-85-100","2022-07-01","***","***","***","***","***","***"]
["CIMENTOS ASFÁLTICOS CAP-85-100","2022-08-01","***","***","***","***","***","***"]
["CIMENTOS ASFÁLTICOS CAP-85-100","2022-09-01","***","***","***","***","***","***"]
["CIMENTOS ASFÁLTICOS CAP-85-100","2022-10-01","***","***","***","***","***","***"]
["CIMENTOS ASFÁLTICOS CAP-85-100","2022-11-01","***","***","***","***","***","***"]
["CIMENTOS ASFÁLTICOS CAP-85-100","2022-12-01","***","***","***","***","***","***"]
["CIMENTOS ASFÁLTICOS CAP-85-100","2023-01-01","***","***","***","***","***","***"]
["CIMENTOS ASFÁLTICOS CAP-85-100","2023-02-01","***","***","***","***","***","***"]
["CIMENTOS ASFÁLTICOS CAP-85-100","2023-03-01","***","***","***","***","***","***"]
["CIMENTOS ASFÁLTICOS CAP-85-100","2023-04-01","***","***","***","***","***","***"]
["CIMENTOS ASFÁLTICOS CAP-85-100","2023-05-01","***","***","***","***","***","***"]
["CIMENTOS ASFÁLTICOS CAP-85-100","2023-06-01","***","***","***","***","***","***"]
["CIMENTOS ASFÁLTICOS CAP-85-100","2023-07-01","***","***","***","***","***","***"]
["CIMENTOS ASFÁLTICOS CAP-85-100","2023-08-01","***","***","***","***","***","***"]
["CIMENTOS ASFÁLTICOS CAP-85-100","2023-09-01","***","***","***","***","***","***"]
["EMULSÃO ASFÁLTICA CATIÔNICA DE RUPTURA CONTROLADA PARA SERVIÇO DE LAMA ASFÁLTICA","2015-09-01","***",0.61,"***","***","***",0.61]
["EMULSÃO ASFÁLTICA CATIÔNICA DE RUPTURA CONTROLADA PARA SERVIÇO DE LAMA ASFÁLTICA","2015-10-01","***",0.61,"***","***","***",0.61]
["EMULSÃO ASFÁLTICA CATIÔNICA DE RUPTURA CONTROLADA PARA SERVIÇO DE LAMA ASFÁLTICA","2015-11-01","***",1.6898,"***","***","***",1.6898]
["EMULSÃO ASFÁLTICA CATIÔNICA DE RUPTURA CONTROLADA PARA SERVIÇO DE LAMA ASFÁLTICA","2015-12-01","***","***","***","***","***","***"]
["EMULSÃO ASFÁLTICA CATIÔNICA DE RUPTURA CONTROLADA PARA SERVIÇO DE LAMA ASFÁLTICA","2016-01-01","***","***","***","***","***","***"]
["EMULSÃO ASFÁLTICA CATIÔNICA DE RUPTURA CONTROLADA PARA SERVIÇO DE LAMA ASFÁLTICA","2016-02-01","***","***","***","***","***","***"]
["EMULSÃO ASFÁLTICA CATIÔNICA DE RUPTURA CONTROLADA PARA SERVIÇO DE LAMA ASFÁLTICA","2016-03-01","***","***","***","***","***","***"]
["EMULSÃO ASFÁLTICA CATIÔNICA DE RUPTURA CONTROLADA PARA SERVIÇO DE LAMA ASFÁLTICA","2016-04-01","***",2.13,"***","***","***",2.13]
["EMULSÃO ASFÁLTICA CATIÔNICA DE RUPTURA CONTROLADA PARA SERVIÇO DE LAMA ASFÁLTICA","2016-05-01","***",2.13,"***","***","***",2.13]
["EMULSÃO ASFÁLTICA CATIÔNICA DE RUPTURA CONTROLADA PARA SERVIÇO DE LAMA ASFÁLTICA","2016-06-01","***",1.42,"***","***","***",1.42]
["EMULSÃO ASFÁLTICA CATIÔNICA DE RUPTURA CONTROLADA PARA SERVIÇO DE LAMA ASFÁLTICA","2016-07-01","***","***","***",1.691,"***",1.691]
["EMULSÃO ASFÁLTICA CATIÔNICA DE RUPTURA CONTROLADA PARA SERVIÇO DE LAMA ASFÁLTICA","2016-08-01","***",1.42,"***",1.6921,"***",1.64125]
["EMULSÃO ASFÁLTICA CATIÔNICA DE RUPTURA CONTROLADA PARA SERVIÇO DE LAMA ASFÁLTICA","2016-09-01","***",1.42,1.4028,1.5049,"***",1.47192]
["EMULSÃO ASFÁLTICA CATIÔNICA DE RUPTURA CONTROLADA PARA SERVIÇO DE LAMA ASFÁLTICA","2016-10-01","***",1.42,1.4058,1.5065,"***",1.44323]
["EMULSÃO ASFÁLTICA CATIÔNICA DE RUPTURA CONTROLADA PARA SERVIÇO DE LAMA ASFÁLTICA","2016-11-01","***",1.42,"***","***","***",1.42]
["EMULSÃO ASFÁLTICA CATIÔNICA DE RUPTURA CONTROLADA PARA SERVIÇO DE LAMA ASFÁLTICA","2016-12-01","***","***","***","***","***","***"]
["EMULSÃO ASFÁLTICA CATIÔNICA DE RUPTURA CONTROLADA PARA SERVIÇO DE LAMA ASFÁLTICA","2017-01-01","***","***","***","***","***","***"]
["EMULSÃO ASFÁLTICA CATIÔNICA DE RUPTURA CONTROLADA PARA SERVIÇO DE LAMA ASFÁLTICA","2017-02-01","***","***","***","***","***","***"]
["EMULSÃO ASFÁLTICA CATIÔNICA DE RUPTURA CONTROLADA PARA SERVIÇO DE LAMA ASFÁLTICA","2017-03-01","***","***","***","***","***","***"]
["EMULSÃO ASFÁLTICA CATIÔNICA DE RUPTURA CONTROLADA PARA SERVIÇO DE LAMA ASFÁLTICA","2017-04-01","***","***","***","***","***","***"]
["EMULSÃO ASFÁLTICA CATIÔNICA DE RUPTURA CONTROLADA PARA SERVIÇO DE LAMA ASFÁLTICA","2017-05-01","***","***","***","***","***","***"]
["EMULSÃO ASFÁLTICA CATIÔNICA DE RUPTURA CONTROLADA PARA SERVIÇO DE LAMA ASFÁLTICA","2017-06-01","***",1.41,1.3833,"***","***",1.39618]
["EMULSÃO ASFÁLTICA CATIÔNICA DE RUPTURA CONTROLADA PARA SERVIÇO DE LAMA ASFÁLTICA","2017-07-01","***",1.4097,1.41944,"***","***",1.41868]
["EMULSÃO ASFÁLTICA CATIÔNICA DE RUPTURA CONTROLADA PARA SERVIÇO DE LAMA ASFÁLTICA","2017-08-01","***","***",1.3834,"***","***",1.3834]
["EMULSÃO ASFÁLTICA CATIÔNICA DE RUPTURA CONTROLADA PARA SERVIÇO DE LAMA ASFÁLTICA","2017-09-01","***","***",1.3422,"***","***",1.3422]
["EMULSÃO ASFÁLTICA CATIÔNICA DE RUPTURA CONTROLADA PARA SERVIÇO DE LAMA ASFÁLTICA","2017-10-01","***","***",1.326,1.26608,1.1927,1.26184]
["EMULSÃO ASFÁLTICA CATIÔNICA DE RUPTURA CONTROLADA PARA SERVIÇO DE LAMA ASFÁLTICA","2017-11-01","***","***","***",1.35126,"***",1.35126]
["EMULSÃO ASFÁLTICA CATIÔNICA DE RUPTURA CONTROLADA PARA SERVIÇO DE LAMA ASFÁLTICA","2017-12-01","***","***","***",1.31134,1.16782,1.28629]
["EMULSÃO ASFÁLTICA CATIÔNICA DE RUPTURA CONTROLADA PARA SERVIÇO DE LAMA ASFÁLTICA","2018-01-01","***","***","***",1.36563,"***",1.36563]
["EMULSÃO ASFÁLTICA CATIÔNICA DE RUPTURA CONTROLADA PARA SERVIÇO DE LAMA ASFÁLTICA","2018-02-01","***","***","***",1.36563,"***",1.36563]
["EMULSÃO ASFÁLTICA CATIÔNICA DE RUPTURA CONTROLADA PARA SERVIÇO DE LAMA ASFÁLTICA","2018-03-01","***","***","***",1.36433,1.28266,1.35744]
["EMULSÃO ASFÁLTICA CATIÔNICA DE RUPTURA CONTROLADA PARA SERVIÇO DE LAMA ASFÁLTICA","2018-04-01","***","***","***",1.34681,"***",1.34681]
["EMULSÃO ASFÁLTICA CATIÔNICA DE RUPTURA CONTROLADA PARA SERVIÇO DE LAMA ASFÁLTICA","2018-05-01","***","***","***",1.40157,1.27651,1.36827]
["EMULSÃO ASFÁLTICA CATIÔNICA DE RUPTURA CONTROLADA PARA SERVIÇO DE LAMA ASFÁLTICA","2018-06-01","***",1.7266,"***",1.46508,"***",1.53999]
["EMULSÃO ASFÁLTICA CATIÔNICA DE RUPTURA CONTROLADA PARA SERVIÇO DE LAMA ASFÁLTICA","2018-07-01","***","***","***","***","***","***"]
["EMULSÃO ASFÁLTICA CATIÔNICA DE RUPTURA CONTROLADA PARA SERVIÇO DE LAMA ASFÁLTICA","2018-08-01","***","***","***","***","***","***"]
["EMULSÃO ASFÁLTICA CATIÔNICA DE RUPTURA CONTROLADA PARA SERVIÇO DE LAMA ASFÁLTICA","2018-09-01","***","***","***","***","***","***"]
["EMULSÃO ASFÁLTICA CATIÔNICA DE RUPTURA CONTROLADA PARA SERVIÇO DE LAMA ASFÁLTICA","2018-10-01","***","***","***","***",1.99068,1.99068]
["EMULSÃO ASFÁLTICA CATIÔNICA DE RUPTURA CONTROLADA PARA SERVIÇO DE LAMA ASFÁLTICA","2018-11-01","***","***","***","***","***","***"]
["EMULSÃO ASFÁLTICA CATIÔNICA DE RUPTURA CONTROLADA PARA SERVIÇO DE LAMA ASFÁLTICA","2018-12-01","***","***","***","***","***","***"]
["EMULSÃO ASFÁLTICA CATIÔNICA DE RUPTURA CONTROLADA PARA SERVIÇO DE LAMA ASFÁLTICA","2019-01-01","***","***","***","***","***","***"]
["EMULSÃO ASFÁLTICA CATIÔNICA DE RUPTURA CONTROLADA PARA SERVIÇO DE LAMA ASFÁLTICA","2019-02-01","***","***","***","***","***","***"]
["EMULSÃO ASFÁLTICA CATIÔNICA DE RUPTURA CONTROLADA PARA SERVIÇO DE LAMA ASFÁLTICA","2019-03-01","***","***","***","***","***","***"]
["EMULSÃO ASFÁLTICA CATIÔNICA DE RUPTURA CONTROLADA PARA SERVIÇO DE LAMA ASFÁLTICA","2019-04-01","***","***","***","***",2.34862,2.34862]
["EMULSÃO ASFÁLTICA CATIÔNICA DE RUPTURA CONTROLADA PARA SERVIÇO DE LAMA ASFÁLTICA","2019-05-01","***","***","***","***","***","***"]
["EMULSÃO ASFÁLTICA CATIÔNICA DE RUPTURA CONTROLADA PARA SERVIÇO DE LAMA ASFÁLTICA","2019-06-01","***","***","***","***","***","***"]
["EMULSÃO ASFÁLTICA CATIÔNICA DE RUPTURA CONTROLADA PARA SERVIÇO DE LAMA ASFÁLTICA","2019-07-01","***","***","***","***",2.31825,2.31825]
["EMULSÃO ASFÁLTICA CATIÔNICA DE RUPTURA CONTROLADA PARA SERVIÇO DE LAMA ASFÁLTICA","2019-08-01","***","***","***","***",2.34862,2.34862]
["EMULSÃO ASFÁLTICA CATIÔNICA DE RUPTURA CONTROLADA PARA SERVIÇO DE LAMA ASFÁLTICA","2019-09-01","***","***","***","***",2.32401,2.32401]
["EMULSÃO ASFÁLTICA CATIÔNICA DE RUPTURA CONTROLADA PARA SERVIÇO DE LAMA ASFÁLTICA","2019-10-01","***","***","***","***","***","***"]
["EMULSÃO ASFÁLTICA CATIÔNICA DE RUPTURA CONTROLADA PARA SERVIÇO DE LAMA ASFÁLTICA","2019-11-01","***","***","***",2.62809,"***",2.62809]
["EMULSÃO ASFÁLTICA CATIÔNICA DE RUPTURA CONTROLADA PARA SERVIÇO DE LAMA ASFÁLTICA","2019-12-01","***","***","***",2.62809,"***",2.62809]
["EMULSÃO ASFÁLTICA CATIÔNICA DE RUPTURA CONTROLADA PARA SERVIÇO DE LAMA ASFÁLTICA","2020-01-01","***",2.00812,"***","***","***",2.00812]
["EMULSÃO ASFÁLTICA CATIÔNICA DE RUPTURA CONTROLADA PARA SERVIÇO DE LAMA ASFÁLTICA","2020-02-01","***","***","***",2.62809,"***",2.62809]
["EMULSÃO ASFÁLTICA CATIÔNICA DE RUPTURA CONTROLADA PARA SERVIÇO DE LAMA ASFÁLTICA","2020-03-01","***",2.00813,"***","***","***",2.00813]
["EMULSÃO ASFÁLTICA CATIÔNICA DE RUPTURA CONTROLADA PARA SERVIÇO DE LAMA ASFÁLTICA","2020-04-01","***",2.00812,"***","***","***",2.00812]
["EMULSÃO ASFÁLTICA CATIÔNICA DE RUPTURA CONTROLADA PARA SERVIÇO DE LAMA ASFÁLTICA","2020-05-01","***",2.00812,"***",2.62809,"***",2.41634]
["EMULSÃO ASFÁLTICA CATIÔNICA DE RUPTURA CONTROLADA PARA SERVIÇO DE LAMA ASFÁLTICA","2020-06-01","***","***","***","***","***","***"]
["EMULSÃO ASFÁLTICA CATIÔNICA DE RUPTURA CONTROLADA PARA SERVIÇO DE LAMA ASFÁLTICA","2020-07-01","***","***","***",2.62809,"***",2.62809]
["EMULSÃO ASFÁLTICA CATIÔNICA DE RUPTURA CONTROLADA PARA SERVIÇO DE LAMA ASFÁLTICA","2020-08-01","***","***",2.44125,2.62809,"***",2.5034]
["EMULSÃO ASFÁLTICA CATIÔNICA DE RUPTURA CONTROLADA PARA SERVIÇO DE LAMA ASFÁLTICA","2020-09-01","***","***",2.44125,2.62809,"***",2.50379]
["EMULSÃO ASFÁLTICA CATIÔNICA DE RUPTURA CONTROLADA PARA SERVIÇO DE LAMA ASFÁLTICA","2020-10-01","***","***",2.44125,2.62809,"***",2.48766]
["EMULSÃO ASFÁLTICA CATIÔNICA DE RUPTURA CONTROLADA PARA SERVIÇO DE LAMA ASFÁLTICA","2020-11-01","***","***","***",2.62809,"***",2.62809]
["EMULSÃO ASFÁLTICA CATIÔNICA DE RUPTURA CONTROLADA PARA SERVIÇO DE LAMA ASFÁLTICA","2020-12-01","***","***",2.59875,2.46802,"***",2.56513]
["EMULSÃO ASFÁLTICA CATIÔNICA DE RUPTURA CONTROLADA PARA SERVIÇO DE LAMA ASFÁLTICA","2021-01-01","***","***","***","***","***","***"]
["EMULSÃO ASFÁLTICA CATIÔNICA DE RUPTURA CONTROLADA PARA SERVIÇO DE LAMA ASFÁLTICA","2021-02-01","***","***","***",2.46802,"***",2.46802]
["EMULSÃO ASFÁLTICA CATIÔNICA DE RUPTURA CONTROLADA PARA SERVIÇO DE LAMA ASFÁLTICA","2021-03-01","***","***","***",2.46236,"***",2.46236]
["EMULSÃO ASFÁLTICA CATIÔNICA DE RUPTURA CONTROLADA PARA SERVIÇO DE LAMA ASFÁLTICA","2021-04-01","***",2.331,"***","***","***",2.331]
["EMULSÃO ASFÁLTICA CATIÔNICA DE RUPTURA CONTROLADA PARA SERVIÇO DE LAMA ASFÁLTICA","2021-05-01","***","***","***",2.42581,"***",2.42581]
["EMULSÃO ASFÁLTICA CATIÔNICA DE RUPTURA CONTROLADA PARA SERVIÇO DE LAMA ASFÁLTICA","2021-06-01","***","***","***",2.42581,"***",2.42581]
["EMULSÃO ASFÁLTICA CATIÔNICA DE RUPTURA CONTROLADA PARA SERVIÇO DE LAMA ASFÁLTICA","2021-07-01","***","***","***",2.70592,"***",2.70592]
["EMULSÃO ASFÁLTICA CATIÔNICA DE RUPTURA CONTROLADA PARA SERVIÇO DE LAMA ASFÁLTICA","2021-08-01","***","***","***","***","***","***"]
["EMULSÃO ASFÁLTICA CATIÔNICA DE RUPTURA CONTROLADA PARA SERVIÇO DE LAMA ASFÁLTICA","2021-09-01","***","***","***",3.13598,"***",3.13598]
["EMULSÃO ASFÁLTICA CATIÔNICA DE RUPTURA CONTROLADA PARA SERVIÇO DE LAMA ASFÁLTICA","2021-10-01","***","***",3.1944,"***","***",3.1944]
["EMULSÃO ASFÁLTICA CATIÔNICA DE RUPTURA CONTROLADA PARA SERVIÇO DE LAMA ASFÁLTICA","2021-11-01","***","***",3.6162,"***","***",3.6162]
["EMULSÃO ASFÁLTICA CATIÔNICA DE RUPTURA CONTROLADA PARA SERVIÇO DE LAMA ASFÁLTICA","2021-12-01","***","***",3.74798,"***","***",3.74798]
["EMULSÃO ASFÁLTICA CATIÔNICA DE RUPTURA CONTROLADA PARA SERVIÇO DE LAMA ASFÁLTICA","2022-01-01","***","***","***","***","***","***"]
["EMULSÃO ASFÁLTICA CATIÔNICA DE RUPTURA CONTROLADA PARA SERVIÇO DE LAMA ASFÁLTICA","2022-02-01","***","***","***",3.41925,"***",3.41925]
["EMULSÃO ASFÁLTICA CATIÔNICA DE RUPTURA CONTROLADA PARA SERVIÇO DE LAMA ASFÁLTICA","2022-03-01","***","***","***","***","***","***"]
["EMULSÃO ASFÁLTICA CATIÔNICA DE RUPTURA CONTROLADA PARA SERVIÇO DE LAMA ASFÁLTICA","2022-04-01","***","***","***","***","***","***"]
["EMULSÃO ASFÁLTICA CATIÔNICA DE RUPTURA CONTROLADA PARA SERVIÇO DE LAMA ASFÁLTICA","2022-05-01","***","***","***","***","***","***"]
["EMULSÃO ASFÁLTICA CATIÔNICA DE RUPTURA CONTROLADA PARA SERVIÇO DE LAMA ASFÁLTICA","2022-06-01","***","***","***",3.53947,"***",3.53947]
["EMULSÃO ASFÁLTICA CATIÔNICA DE RUPTURA CONTROLADA PARA SERVIÇO DE LAMA ASFÁLTICA","2022-07-01","***","***","***",3.53947,"***",3.53947]
["EMULSÃO ASFÁLTICA CATIÔNICA DE RUPTURA CONTROLADA PARA SERVIÇO DE LAMA ASFÁLTICA","2022-08-01","***","***","***","***","***","***"]
["EMULSÃO ASFÁLTICA CATIÔNICA DE RUPTURA CONTROLADA PARA SERVIÇO DE LAMA ASFÁLTICA","2022-09-01","***","***","***","***","***","***"]
["EMULSÃO ASFÁLTICA CATIÔNICA DE RUPTURA CONTROLADA PARA SERVIÇO DE LAMA ASFÁLTICA","2022-10-01","***","***","***",3.59791,"***",3.59791]
["EMULSÃO ASFÁLTICA CATIÔNICA DE RUPTURA CONTROLADA PARA SERVIÇO DE LAMA ASFÁLTICA","2022-11-01","***","***","***",3.6105,"***",3.6105]
["EMULSÃO ASFÁLTICA CATIÔNICA DE RUPTURA CONTROLADA PARA SERVIÇO DE LAMA ASFÁLTICA","2022-12-01","***","***","***",3.6105,"***",3.6105]
["EMULSÃO ASFÁLTICA CATIÔNICA DE RUPTURA CONTROLADA PARA SERVIÇO DE LAMA ASFÁLTICA","2023-01-01","***","***","***","***","***","***"]
["EMULSÃO ASFÁLTICA CATIÔNICA DE RUPTURA CONTROLADA PARA SERVIÇO DE LAMA ASFÁLTICA","2023-02-01","***","***","***","***","***","***"]
["EMULSÃO ASFÁLTICA CATIÔNICA DE RUPTURA CONTROLADA PARA SERVIÇO DE LAMA ASFÁLTICA","2023-03-01","***","***","***","***","***","***"]
["EMULSÃO ASFÁLTICA CATIÔNICA DE RUPTURA CONTROLADA PARA SERVIÇO DE LAMA ASFÁLTICA","2023-04-01","***","***","***","***","***","***"]
["EMULSÃO ASFÁLTICA CATIÔNICA DE RUPTURA CONTROLADA PARA SERVIÇO DE LAMA ASFÁLTICA","2023-05-01","***","***","***","***","***","***"]
["EMULSÃO ASFÁLTICA CATIÔNICA DE RUPTURA CONTROLADA PARA SERVIÇO DE LAMA ASFÁLTICA","2023-06-01","***","***","***","***","***","***"]
["EMULSÃO ASFÁLTICA CATIÔNICA DE RUPTURA CONTROLADA PARA SERVIÇO DE LAMA ASFÁLTICA","2023-07-01","***","***","***","***","***","***"]
["EMULSÃO ASFÁLTICA CATIÔNICA DE RUPTURA CONTROLADA PARA SERVIÇO DE LAMA ASFÁLTICA","2023-08-01","***","***","***","***","***","***"]
["EMULSÃO ASFÁLTICA CATIÔNICA DE RUPTURA CONTROLADA PARA SERVIÇO DE LAMA ASFÁLTICA","2023-09-01","***","***","***","***","***","***"]
["EMULSÃO ASFÁLTICA DE RUPTURA LENTA CATIÔNICA PARA SERVIÇO DE LAMA ASFÁLTICA","2015-09-01","***","***","***","***","***","***"]
["EMULSÃO ASFÁLTICA DE RUPTURA LENTA CATIÔNICA PARA SERVIÇO DE LAMA ASFÁLTICA","2015-10-01","***","***","***","***","***","***"]
["EMULSÃO ASFÁLTICA DE RUPTURA LENTA CATIÔNICA PARA SERVIÇO DE LAMA ASFÁLTICA","2015-11-01","***","***","***","***","***","***"]
["EMULSÃO ASFÁLTICA DE RUPTURA LENTA CATIÔNICA PARA SERVIÇO DE LAMA ASFÁLTICA","2015-12-01","***","***","***","***","***","***"]
["EMULSÃO ASFÁLTICA DE RUPTURA LENTA CATIÔNICA PARA SERVIÇO DE LAMA ASFÁLTICA","2016-01-01","***","***","***","***","***","***"]
["EMULSÃO ASFÁLTICA DE RUPTURA LENTA CATIÔNICA PARA SERVIÇO DE LAMA ASFÁLTICA","2016-02-01","***","***","***","***","***","***"]
["EMULSÃO ASFÁLTICA DE RUPTURA LENTA CATIÔNICA PARA SERVIÇO DE LAMA ASFÁLTICA","2016-03-01","***","***","***","***","***","***"]
["EMULSÃO ASFÁLTICA DE RUPTURA LENTA CATIÔNICA PARA SERVIÇO DE LAMA ASFÁLTICA","2016-04-01","***","***","***","***","***","***"]
["EMULSÃO ASFÁLTICA DE RUPTURA LENTA CATIÔNICA PARA SERVIÇO DE LAMA ASFÁLTICA","2016-05-01","***","***","***","***","***","***"]
["EMULSÃO ASFÁLTICA DE RUPTURA LENTA CATIÔNICA PARA SERVIÇO DE LAMA ASFÁLTICA","2016-06-01","***","***","***","***","***","***"]
["EMULSÃO ASFÁLTICA DE RUPTURA LENTA CATIÔNICA PARA SERVIÇO DE LAMA ASFÁLTICA","2016-07-01","***","***","***","***","***","***"]
["EMULSÃO ASFÁLTICA DE RUPTURA LENTA CATIÔNICA PARA SERVIÇO DE LAMA ASFÁLTICA","2016-08-01","***","***","***","***","***","***"]
["EMULSÃO ASFÁLTICA DE RUPTURA LENTA CATIÔNICA PARA SERVIÇO DE LAMA ASFÁLTICA","2016-09-01","***","***","***","***","***","***"]
["EMULSÃO ASFÁLTICA DE RUPTURA LENTA CATIÔNICA PARA SERVIÇO DE LAMA ASFÁLTICA","2016-10-01","***","***","***","***","***","***"]
["EMULSÃO ASFÁLTICA DE RUPTURA LENTA CATIÔNICA PARA SERVIÇO DE LAMA ASFÁLTICA","2016-11-01","***","***","***","***","***","***"]
["EMULSÃO ASFÁLTICA DE RUPTURA LENTA CATIÔNICA PARA SERVIÇO DE LAMA ASFÁLTICA","2016-12-01","***","***","***","***","***","***"]
["EMULSÃO ASFÁLTICA DE RUPTURA LENTA CATIÔNICA PARA SERVIÇO DE LAMA ASFÁLTICA","2017-01-01","***","***","***","***","***","***"]
["EMULSÃO ASFÁLTICA DE RUPTURA LENTA CATIÔNICA PARA SERVIÇO DE LAMA ASFÁLTICA","2017-02-01","***","***","***","***","***","***"]
["EMULSÃO ASFÁLTICA DE RUPTURA LENTA CATIÔNICA PARA SERVIÇO DE LAMA ASFÁLTICA","2017-03-01","***","***","***","***","***","***"]
["EMULSÃO ASFÁLTICA DE RUPTURA LENTA CATIÔNICA PARA SERVIÇO DE LAMA ASFÁLTICA","2017-04-01","***","***","***","***","***","***"]
["EMULSÃO ASFÁLTICA DE RUPTURA LENTA CATIÔNICA PARA SERVIÇO DE LAMA ASFÁLTICA","2017-05-01","***","***","***","***","***","***"]
["EMULSÃO ASFÁLTICA DE RUPTURA LENTA CATIÔNICA PARA SERVIÇO DE LAMA ASFÁLTICA","2017-06-01","***","***","***","***","***","***"]
["EMULSÃO ASFÁLTICA DE RUPTURA LENTA CATIÔNICA PARA SERVIÇO DE LAMA ASFÁLTICA","2017-07-01","***","***","***","***","***","***"]
["EMULSÃO ASFÁLTICA DE RUPTURA LENTA CATIÔNICA PARA SERVIÇO DE LAMA ASFÁLTICA","2017-08-01","***","***","***","***","***","***"]
["EMULSÃO ASFÁLTICA DE RUPTURA LENTA CATIÔNICA PARA SERVIÇO DE LAMA ASFÁLTICA","2017-09-01","***","***","***","***","***","***"]
["EMULSÃO ASFÁLTICA DE RUPTURA LENTA CATIÔNICA PARA SERVIÇO DE LAMA ASFÁLTICA","2017-10-01","***","***","***","***","***","***"]
["EMULSÃO ASFÁLTICA DE RUPTURA LENTA CATIÔNICA PARA SERVIÇO DE LAMA ASFÁLTICA","2017-11-01","***","***","***","***","***","***"]
["EMULSÃO ASFÁLTICA DE RUPTURA LENTA CATIÔNICA PARA SERVIÇO DE LAMA ASFÁLTICA","2017-12-01","***","***","***","***","***","***"]
["EMULSÃO ASFÁLTICA DE RUPTURA LENTA CATIÔNICA PARA SERVIÇO DE LAMA ASFÁLTICA","2018-01-01","***","***","***","***","***","***"]
["EMULSÃO ASFÁLTICA DE RUPTURA LENTA CATIÔNICA PARA SERVIÇO DE LAMA ASFÁLTICA","2018-02-01","***","***","***","***","***","***"]
["EMULSÃO ASFÁLTICA DE RUPTURA LENTA CATIÔNICA PARA SERVIÇO DE LAMA ASFÁLTICA","2018-03-01","***","***","***","***","***","***"]
["EMULSÃO ASFÁLTICA DE RUPTURA LENTA CATIÔNICA PARA SERVIÇO DE LAMA ASFÁLTICA","2018-04-01","***","***","***","***","***","***"]
["EMULSÃO ASFÁLTICA DE RUPTURA LENTA CATIÔNICA PARA SERVIÇO DE LAMA ASFÁLTICA","2018-05-01","***","***","***","***","***","***"]
["EMULSÃO ASFÁLTICA DE RUPTURA LENTA CATIÔNICA PARA SERVIÇO DE LAMA ASFÁLTICA","2018-06-01","***","***","***","***","***","***"]
["EMULSÃO ASFÁLTICA DE RUPTURA LENTA CATIÔNICA PARA SERVIÇO DE LAMA ASFÁLTICA","2018-07-01","***","***","***","***","***","***"]
["EMULSÃO ASFÁLTICA DE RUPTURA LENTA CATIÔNICA PARA SERVIÇO DE LAMA ASFÁLTICA","2018-08-01","***","***","***","***","***","***"]
["EMULSÃO ASFÁLTICA DE RUPTURA LENTA CATIÔNICA PARA SERVIÇO DE LAMA ASFÁLTICA","2018-09-01","***","***","***","***","***","***"]
["EMULSÃO ASFÁLTICA DE RUPTURA LENTA CATIÔNICA PARA SERVIÇO DE LAMA ASFÁLTICA","2018-10-01","***","***","***","***","***","***"]
["EMULSÃO ASFÁLTICA DE RUPTURA LENTA CATIÔNICA PARA SERVIÇO DE LAMA ASFÁLTICA","2018-11-01","***","***","***","***","***","***"]
["EMULSÃO ASFÁLTICA DE RUPTURA LENTA CATIÔNICA PARA SERVIÇO DE LAMA ASFÁLTICA","2018-12-01","***","***","***","***","***","***"]
["EMULSÃO ASFÁLTICA DE RUPTURA LENTA CATIÔNICA PARA SERVIÇO DE LAMA ASFÁLTICA","2019-01-01","***","***","***","***","***","***"]
["EMULSÃO ASFÁLTICA DE RUPTURA LENTA CATIÔNICA PARA SERVIÇO DE LAMA ASFÁLTICA","2019-02-01","***","***","***","***","***","***"]
["EMULSÃO ASFÁLTICA DE RUPTURA LENTA CATIÔNICA PARA SERVIÇO DE LAMA ASFÁLTICA","2019-03-01","***","***","***","***","***","***"]
["EMULSÃO ASFÁLTICA DE RUPTURA LENTA CATIÔNICA PARA SERVIÇO DE LAMA ASFÁLTICA","2019-04-01","***","***","***","***","***","***"]
["EMULSÃO ASFÁLTICA DE RUPTURA LENTA CATIÔNICA PARA SERVIÇO DE LAMA ASFÁLTICA","2019-05-01","***","***","***","***","***","***"]
["EMULSÃO ASFÁLTICA DE RUPTURA LENTA CATIÔNICA PARA SERVIÇO DE LAMA ASFÁLTICA","2019-06-01","***","***","***","***","***","***"]
["EMULSÃO ASFÁLTICA DE RUPTURA LENTA CATIÔNICA PARA SERVIÇO DE LAMA ASFÁLTICA","2019-07-01","***","***","***","***","***","***"]
["EMULSÃO ASFÁLTICA DE RUPTURA LENTA CATIÔNICA PARA SERVIÇO DE LAMA ASFÁLTICA","2019-08-01","***","***","***","***","***","***"]
["EMULSÃO ASFÁLTICA DE RUPTURA LENTA CATIÔNICA PARA SERVIÇO DE LAMA ASFÁLTICA","2019-09-01","***","***","***","***","***","***"]
["EMULSÃO ASFÁLTICA DE RUPTURA LENTA CATIÔNICA PARA SERVIÇO DE LAMA ASFÁLTICA","2019-10-01","***","***","***","***","***","***"]
["EMULSÃO ASFÁLTICA DE RUPTURA LENTA CATIÔNICA PARA SERVIÇO DE LAMA ASFÁLTICA","2019-11-01","***","***","***","***","***","***"]
["EMULSÃO ASFÁLTICA DE RUPTURA LENTA CATIÔNICA PARA SERVIÇO DE LAMA ASFÁLTICA","2019-12-01","***","***","***","***","***","***"]
["EMULSÃO ASFÁLTICA DE RUPTURA LENTA CATIÔNICA PARA SERVIÇO DE LAMA ASFÁLTICA","2020-01-01","***","***","***","***","***","***"]
["EMULSÃO ASFÁLTICA DE RUPTURA LENTA CATIÔNICA PARA SERVIÇO DE LAMA ASFÁLTICA","2020-02-01","***","***","***","***","***","***"]
["EMULSÃO ASFÁLTICA DE RUPTURA LENTA CATIÔNICA PARA SERVIÇO DE LAMA ASFÁLTICA","2020-03-01","***","***","***","***","***","***"]
["EMULSÃO ASFÁLTICA DE RUPTURA LENTA CATIÔNICA PARA SERVIÇO DE LAMA ASFÁLTICA","2020-04-01","***","***","***","***","***","***"]
["EMULSÃO ASFÁLTICA DE RUPTURA LENTA CATIÔNICA PARA SERVIÇO DE LAMA ASFÁLTICA","2020-05-01","***","***","***","***","***","***"]
["EMULSÃO ASFÁLTICA DE RUPTURA LENTA CATIÔNICA PARA SERVIÇO DE LAMA ASFÁLTICA","2020-06-01","***","***","***","***","***","***"]
["EMULSÃO ASFÁLTICA DE RUPTURA LENTA CATIÔNICA PARA SERVIÇO DE LAMA ASFÁLTICA","2020-07-01","***","***","***","***","***","***"]
["EMULSÃO ASFÁLTICA DE RUPTURA LENTA CATIÔNICA PARA SERVIÇO DE LAMA ASFÁLTICA","2020-08-01","***","***","***","***","***","***"]
["EMULSÃO ASFÁLTICA DE RUPTURA LENTA CATIÔNICA PARA SERVIÇO DE LAMA ASFÁLTICA","2020-09-01","***","***","***","***","***","***"]
["EMULSÃO ASFÁLTICA DE RUPTURA LENTA CATIÔNICA PARA SERVIÇO DE LAMA ASFÁLTICA","2020-10-01","***","***","***","***","***","***"]
["EMULSÃO ASFÁLTICA DE RUPTURA LENTA CATIÔNICA PARA SERVIÇO DE LAMA ASFÁLTICA","2020-11-01","***","***","***","***","***","***"]
["EMULSÃO ASFÁLTICA DE RUPTURA LENTA CATIÔNICA PARA SERVIÇO DE LAMA ASFÁLTICA","2020-12-01","***","***","***","***","***","***"]
["EMULSÃO ASFÁLTICA DE RUPTURA LENTA CATIÔNICA PARA SERVIÇO DE LAMA ASFÁLTICA","2021-01-01","***","***","***","***","***","***"]
["EMULSÃO ASFÁLTICA DE RUPTURA LENTA CATIÔNICA PARA SERVIÇO DE LAMA ASFÁLTICA","2021-02-01","***","***","***","***","***","***"]
["EMULSÃO ASFÁLTICA DE RUPTURA LENTA CATIÔNICA PARA SERVIÇO DE LAMA ASFÁLTICA","2021-03-01","***","***","***","***","***","***"]
["EMULSÃO ASFÁLTICA DE RUPTURA LENTA CATIÔNICA PARA SERVIÇO DE LAMA ASFÁLTICA","2021-04-01","***","***","***","***","***","***"]
["EMULSÃO ASFÁLTICA DE RUPTURA LENTA CATIÔNICA PARA SERVIÇO DE LAMA ASFÁLTICA","2021-05-01","***","***","***","***","***","***"]
["EMULSÃO ASFÁLTICA DE RUPTURA LENTA CATIÔNICA PARA SERVIÇO DE LAMA ASFÁLTICA","2021-06-01","***","***","***","***","***","***"]
["EMULSÃO ASFÁLTICA DE RUPTURA LENTA CATIÔNICA PARA SERVIÇO DE LAMA ASFÁLTICA","2021-07-01","***","***","***","***","***","***"]
["EMULSÃO ASFÁLTICA DE RUPTURA LENTA CATIÔNICA PARA SERVIÇO DE LAMA ASFÁLTICA","2021-08-01","***","***","***","***","***","***"]
["EMULSÃO ASFÁLTICA DE RUPTURA LENTA CATIÔNICA PARA SERVIÇO DE LAMA ASFÁLTICA","2021-09-01","***","***","***","***","***","***"]
["EMULSÃO ASFÁLTICA DE RUPTURA LENTA CATIÔNICA PARA SERVIÇO DE LAMA ASFÁLTICA","2021-10-01","***","***","***","***","***","***"]
["EMULSÃO ASFÁLTICA DE RUPTURA LENTA CATIÔNICA PARA SERVIÇO DE LAMA ASFÁLTICA","2021-11-01","***","***","***","***","***","***"]
["EMULSÃO ASFÁLTICA DE RUPTURA LENTA CATIÔNICA PARA SERVIÇO DE LAMA ASFÁLTICA","2021-12-01","***","***","***","***","***","***"]
["EMULSÃO ASFÁLTICA DE RUPTURA LENTA CATIÔNICA PARA SERVIÇO DE LAMA ASFÁLTICA","2022-01-01","***","***","***","***","***","***"]
["EMULSÃO ASFÁLTICA DE RUPTURA LENTA CATIÔNICA PARA SERVIÇO DE LAMA ASFÁLTICA","2022-02-01","***","***","***","***","***","***"]
["EMULSÃO ASFÁLTICA DE RUPTURA LENTA CATIÔNICA PARA SERVIÇO DE LAMA ASFÁLTICA","2022-03-01","***","***","***","***","***","***"]
["EMULSÃO ASFÁLTICA DE RUPTURA LENTA CATIÔNICA PARA SERVIÇO DE LAMA ASFÁLTICA","2022-04-01","***","***","***","***","***","***"]
["EMULSÃO ASFÁLTICA DE RUPTURA LENTA CATIÔNICA PARA SERVIÇO DE LAMA ASFÁLTICA","2022-05-01","***","***","***","***","***","***"]
["EMULSÃO ASFÁLTICA DE RUPTURA LENTA CATIÔNICA PARA SERVIÇO DE LAMA ASFÁLTICA","2022-06-01","***","***","***","***","***","***"]
["EMULSÃO ASFÁLTICA DE RUPTURA LENTA CATIÔNICA PARA SERVIÇO DE LAMA ASFÁLTICA","2022-07-01","***","***","***","***","***","***"]
["EMULSÃO ASFÁLTICA DE RUPTURA LENTA CATIÔNICA PARA SERVIÇO DE LAMA ASFÁLTICA","2022-08-01","***","***","***","***","***","***"]
["EMULSÃO ASFÁLTICA DE RUPTURA LENTA CATIÔNICA PARA SERVIÇO DE LAMA ASFÁLTICA","2022-09-01","***","***","***","***","***","***"]
["EMULSÃO ASFÁLTICA DE RUPTURA LENTA CATIÔNICA PARA SERVIÇO DE LAMA ASFÁLTICA","2022-10-01","***","***","***","***","***","***"]
["EMULSÃO ASFÁLTICA DE RUPTURA LENTA CATIÔNICA PARA SERVIÇO DE LAMA ASFÁLTICA","2022-11-01","***","***","***","***","***","***"]
["EMULSÃO ASFÁLTICA DE RUPTURA LENTA CATIÔNICA PARA SERVIÇO DE LAMA ASFÁLTICA","2022-12-01","***","***","***","***","***","***"]
["EMULSÃO ASFÁLTICA DE RUPTURA LENTA CATIÔNICA PARA SERVIÇO DE LAMA ASFÁLTICA","2023-01-01","***","***","***","***","***","***"]
["EMULSÃO ASFÁLTICA DE RUPTURA LENTA CATIÔNICA PARA SERVIÇO DE LAMA ASFÁLTICA","2023-02-01","***","***","***","***","***","***"]
["EMULSÃO ASFÁLTICA DE RUPTURA LENTA CATIÔNICA PARA SERVIÇO DE LAMA ASFÁLTICA","2023-03-01","***","***","***","***","***","***"]
["EMULSÃO ASFÁLTICA DE RUPTURA LENTA CATIÔNICA PARA SERVIÇO DE LAMA ASFÁLTICA","2023-04-01","***","***","***","***","***","***"]
["EMULSÃO ASFÁLTICA DE RUPTURA LENTA CATIÔNICA PARA SERVIÇO DE LAMA ASFÁLTICA","2023-05-01","***","***","***","***","***","***"]
["EMULSÃO ASFÁLTICA DE RUPTURA LENTA CATIÔNICA PARA SERVIÇO DE LAMA ASFÁLTICA","2023-06-01","***","***","***","***","***","***"]
["EMULSÃO ASFÁLTICA DE RUPTURA LENTA CATIÔNICA PARA SERVIÇO DE LAMA ASFÁLTICA","2023-07-01","***","***","***","***","***","***"]
["EMULSÃO ASFÁLTICA DE RUPTURA LENTA CATIÔNICA PARA SERVIÇO DE LAMA ASFÁLTICA","2023-08-01","***","***","***","***","***","***"]
["EMULSÃO ASFÁLTICA DE RUPTURA LENTA CATIÔNICA PARA SERVIÇO DE LAMA ASFÁLTICA","2023-09-01","***","***","***","***","***","***"]
["EMULSÃO ASFÁLTICA DE RUPTURA LENTA DE CARGA NEUTRA PARA SERVIÇO DE LAMA ASFÁLTICA","2015-09-01","***","***","***","***","***","***"]
["EMULSÃO ASFÁLTICA DE RUPTURA LENTA DE CARGA NEUTRA PARA SERVIÇO DE LAMA ASFÁLTICA","2015-10-01","***","***","***","***","***","***"]
["EMULSÃO ASFÁLTICA DE RUPTURA LENTA DE CARGA NEUTRA PARA SERVIÇO DE LAMA ASFÁLTICA","2015-11-01","***","***","***","***","***","***"]
["EMULSÃO ASFÁLTICA DE RUPTURA LENTA DE CARGA NEUTRA PARA SERVIÇO DE LAMA ASFÁLTICA","2015-12-01","***","***","***",1.78091,"***",1.78091]
["EMULSÃO ASFÁLTICA DE RUPTURA LENTA DE CARGA NEUTRA PARA SERVIÇO DE LAMA ASFÁLTICA","2016-01-01","***","***","***","***","***","***"]
["EMULSÃO ASFÁLTICA DE RUPTURA LENTA DE CARGA NEUTRA PARA SERVIÇO DE LAMA ASFÁLTICA","2016-02-01","***","***","***","***","***","***"]
["EMULSÃO ASFÁLTICA DE RUPTURA LENTA DE CARGA NEUTRA PARA SERVIÇO DE LAMA ASFÁLTICA","2016-03-01","***","***","***","***","***","***"]
["EMULSÃO ASFÁLTICA DE RUPTURA LENTA DE CARGA NEUTRA PARA SERVIÇO DE LAMA ASFÁLTICA","2016-04-01","***","***","***","***","***","***"]
["EMULSÃO ASFÁLTICA DE RUPTURA LENTA DE CARGA NEUTRA PARA SERVIÇO DE LAMA ASFÁLTICA","2016-05-01","***","***","***","***","***","***"]
["EMULSÃO ASFÁLTICA DE RUPTURA LENTA DE CARGA NEUTRA PARA SERVIÇO DE LAMA ASFÁLTICA","2016-06-01","***","***","***","***","***","***"]
["EMULSÃO ASFÁLTICA DE RUPTURA LENTA DE CARGA NEUTRA PARA SERVIÇO DE LAMA ASFÁLTICA","2016-07-01","***","***","***","***","***","***"]
["EMULSÃO ASFÁLTICA DE RUPTURA LENTA DE CARGA NEUTRA PARA SERVIÇO DE LAMA ASFÁLTICA","2016-08-01","***","***","***","***","***","***"]
["EMULSÃO ASFÁLTICA DE RUPTURA LENTA DE CARGA NEUTRA PARA SERVIÇO DE LAMA ASFÁLTICA","2016-09-01","***","***","***","***","***","***"]
["EMULSÃO ASFÁLTICA DE RUPTURA LENTA DE CARGA NEUTRA PARA SERVIÇO DE LAMA ASFÁLTICA","2016-10-01","***","***","***","***","***","***"]
["EMULSÃO ASFÁLTICA DE RUPTURA LENTA DE CARGA NEUTRA PARA SERVIÇO DE LAMA ASFÁLTICA","2016-11-01","***","***","***","***","***","***"]
["EMULSÃO ASFÁLTICA DE RUPTURA LENTA DE CARGA NEUTRA PARA SERVIÇO DE LAMA ASFÁLTICA","2016-12-01","***","***","***","***","***","***"]
["EMULSÃO ASFÁLTICA DE RUPTURA LENTA DE CARGA NEUTRA PARA SERVIÇO DE LAMA ASFÁLTICA","2017-01-01","***","***","***","***",1.36299,1.36299]
["EMULSÃO ASFÁLTICA DE RUPTURA LENTA DE CARGA NEUTRA PARA SERVIÇO DE LAMA ASFÁLTICA","2017-02-01","***","***","***","***",1.41074,1.41074]
["EMULSÃO ASFÁLTICA DE RUPTURA LENTA DE CARGA NEUTRA PARA SERVIÇO DE LAMA ASFÁLTICA","2017-03-01","***","***","***","***",1.41074,1.41074]
["EMULSÃO ASFÁLTICA DE RUPTURA LENTA DE CARGA NEUTRA PARA SERVIÇO DE LAMA ASFÁLTICA","2017-04-01","***","***","***",1.28121,"***",1.28121]
["EMULSÃO ASFÁLTICA DE RUPTURA LENTA DE CARGA NEUTRA PARA SERVIÇO DE LAMA ASFÁLTICA","2017-05-01","***","***","***",1.63401,"***",1.63401]
["EMULSÃO ASFÁLTICA DE RUPTURA LENTA DE CARGA NEUTRA PARA SERVIÇO DE LAMA ASFÁLTICA","2017-06-01","***","***","***",1.31921,"***",1.31921]
["EMULSÃO ASFÁLTICA DE RUPTURA LENTA DE CARGA NEUTRA PARA SERVIÇO DE LAMA ASFÁLTICA","2017-07-01","***","***","***","***","***","***"]
["EMULSÃO ASFÁLTICA DE RUPTURA LENTA DE CARGA NEUTRA PARA SERVIÇO DE LAMA ASFÁLTICA","2017-08-01","***","***","***",1.96806,"***",1.96806]
["EMULSÃO ASFÁLTICA DE RUPTURA LENTA DE CARGA NEUTRA PARA SERVIÇO DE LAMA ASFÁLTICA","2017-09-01","***","***","***","***","***","***"]
["EMULSÃO ASFÁLTICA DE RUPTURA LENTA DE CARGA NEUTRA PARA SERVIÇO DE LAMA ASFÁLTICA","2017-10-01","***","***","***","***","***","***"]
["EMULSÃO ASFÁLTICA DE RUPTURA LENTA DE CARGA NEUTRA PARA SERVIÇO DE LAMA ASFÁLTICA","2017-11-01","***","***","***","***","***","***"]
["EMULSÃO ASFÁLTICA DE RUPTURA LENTA DE CARGA NEUTRA PARA SERVIÇO DE LAMA ASFÁLTICA","2017-12-01","***","***","***","***","***","***"]
["EMULSÃO ASFÁLTICA DE RUPTURA LENTA DE CARGA NEUTRA PARA SERVIÇO DE LAMA ASFÁLTICA","2018-01-01","***","***","***","***","***","***"]
["EMULSÃO ASFÁLTICA DE RUPTURA LENTA DE CARGA NEUTRA PARA SERVIÇO DE LAMA ASFÁLTICA","2018-02-01","***","***","***","***","***","***"]
["EMULSÃO ASFÁLTICA DE RUPTURA LENTA DE CARGA NEUTRA PARA SERVIÇO DE LAMA ASFÁLTICA","2018-03-01","***","***","***","***","***","***"]
["EMULSÃO ASFÁLTICA DE RUPTURA LENTA DE CARGA NEUTRA PARA SERVIÇO DE LAMA ASFÁLTICA","2018-04-01","***","***","***","***","***","***"]
["EMULSÃO ASFÁLTICA DE RUPTURA LENTA DE CARGA NEUTRA PARA SERVIÇO DE LAMA ASFÁLTICA","2018-05-01","***","***","***","***","***","***"]
["EMULSÃO ASFÁLTICA DE RUPTURA LENTA DE CARGA NEUTRA PARA SERVIÇO DE LAMA ASFÁLTICA","2018-06-01","***","***","***","***","***","***"]
["EMULSÃO ASFÁLTICA DE RUPTURA LENTA DE CARGA NEUTRA PARA SERVIÇO DE LAMA ASFÁLTICA","2018-07-01","***","***","***","***","***","***"]
["EMULSÃO ASFÁLTICA DE RUPTURA LENTA DE CARGA NEUTRA PARA SERVIÇO DE LAMA ASFÁLTICA","2018-08-01","***","***","***","***","***","***"]
["EMULSÃO ASFÁLTICA DE RUPTURA LENTA DE CARGA NEUTRA PARA SERVIÇO DE LAMA ASFÁLTICA","2018-09-01","***","***","***","***","***","***"]
["EMULSÃO ASFÁLTICA DE RUPTURA LENTA DE CARGA NEUTRA PARA SERVIÇO DE LAMA ASFÁLTICA","2018-10-01","***","***","***","***","***","***"]
["EMULSÃO ASFÁLTICA DE RUPTURA LENTA DE CARGA NEUTRA PARA SERVIÇO DE LAMA ASFÁLTICA","2018-11-01","***","***","***","***","***","***"]
["EMULSÃO ASFÁLTICA DE RUPTURA LENTA DE CARGA NEUTRA PARA SERVIÇO DE LAMA ASFÁLTICA","2018-12-01","***","***","***","***","***","***"]
["EMULSÃO ASFÁLTICA DE RUPTURA LENTA DE CARGA NEUTRA PARA SERVIÇO DE LAMA ASFÁLTICA","2019-01-01","***","***","***","***","***","***"]
["EMULSÃO ASFÁLTICA DE RUPTURA LENTA DE CARGA NEUTRA PARA SERVIÇO DE LAMA ASFÁLTICA","2019-02-01","***","***","***","***","***","***"]
["EMULSÃO ASFÁLTICA DE RUPTURA LENTA DE CARGA NEUTRA PARA SERVIÇO DE LAMA ASFÁLTICA","2019-03-01","***","***","***","***","***","***"]
["EMULSÃO ASFÁLTICA DE RUPTURA LENTA DE CARGA NEUTRA PARA SERVIÇO DE LAMA ASFÁLTICA","2019-04-01","***","***","***","***","***","***"]
["EMULSÃO ASFÁLTICA DE RUPTURA LENTA DE CARGA NEUTRA PARA SERVIÇO DE LAMA ASFÁLTICA","2019-05-01","***","***","***","***","***","***"]
["EMULSÃO ASFÁLTICA DE RUPTURA LENTA DE CARGA NEUTRA PARA SERVIÇO DE LAMA ASFÁLTICA","2019-06-01","***","***","***","***","***","***"]
["EMULSÃO ASFÁLTICA DE RUPTURA LENTA DE CARGA NEUTRA PARA SERVIÇO DE LAMA ASFÁLTICA","2019-07-01","***","***","***","***","***","***"]
["EMULSÃO ASFÁLTICA DE RUPTURA LENTA DE CARGA NEUTRA PARA SERVIÇO DE LAMA ASFÁLTICA","2019-08-01","***","***","***","***","***","***"]
["EMULSÃO ASFÁLTICA DE RUPTURA LENTA DE CARGA NEUTRA PARA SERVIÇO DE LAMA ASFÁLTICA","2019-09-01","***","***","***","***","***","***"]
["EMULSÃO ASFÁLTICA DE RUPTURA LENTA DE CARGA NEUTRA PARA SERVIÇO DE LAMA ASFÁLTICA","2019-10-01","***","***","***","***","***","***"]
["EMULSÃO ASFÁLTICA DE RUPTURA LENTA DE CARGA NEUTRA PARA SERVIÇO DE LAMA ASFÁLTICA","2019-11-01","***","***","***","***","***","***"]
["EMULSÃO ASFÁLTICA DE RUPTURA LENTA DE CARGA NEUTRA PARA SERVIÇO DE LAMA ASFÁLTICA","2019-12-01","***","***","***","***","***","***"]
["EMULSÃO ASFÁLTICA DE RUPTURA LENTA DE CARGA NEUTRA PARA SERVIÇO DE LAMA ASFÁLTICA","2020-01-01","***","***","***","***","***","***"]
["EMULSÃO ASFÁLTICA DE RUPTURA LENTA DE CARGA NEUTRA PARA SERVIÇO DE LAMA ASFÁLTICA","2020-02-01","***","***","***","***","***","***"]
["EMULSÃO ASFÁLTICA DE RUPTURA LENTA DE CARGA NEUTRA PARA SERVIÇO DE LAMA ASFÁLTICA","2020-03-01","***","***","***","***","***","***"]
["EMULSÃO ASFÁLTICA DE RUPTURA LENTA DE CARGA NEUTRA PARA SERVIÇO DE LAMA ASFÁLTICA","2020-04-01","***","***","***","***","***","***"]
["EMULSÃO ASFÁLTICA DE RUPTURA LENTA DE CARGA NEUTRA PARA SERVIÇO DE LAMA ASFÁLTICA","2020-05-01","***","***","***","***","***","***"]
["EMULSÃO ASFÁLTICA DE RUPTURA LENTA DE CARGA NEUTRA PARA SERVIÇO DE LAMA ASFÁLTICA","2020-06-01","***","***","***","***","***","***"]
["EMULSÃO ASFÁLTICA DE RUPTURA LENTA DE CARGA NEUTRA PARA SERVIÇO DE LAMA ASFÁLTICA","2020-07-01","***","***","***","***","***","***"]
["EMULSÃO ASFÁLTICA DE RUPTURA LENTA DE CARGA NEUTRA PARA SERVIÇO DE LAMA ASFÁLTICA","2020-08-01","***","***","***","***","***","***"]
["EMULSÃO ASFÁLTICA DE RUPTURA LENTA DE CARGA NEUTRA PARA SERVIÇO DE LAMA ASFÁLTICA","2020-09-01","***","***","***","***","***","***"]
["EMULSÃO ASFÁLTICA DE RUPTURA LENTA DE CARGA NEUTRA PARA SERVIÇO DE LAMA ASFÁLTICA","2020-10-01","***","***","***","***","***","***"]
["EMULSÃO ASFÁLTICA DE RUPTURA LENTA DE CARGA NEUTRA PARA SERVIÇO DE LAMA ASFÁLTICA","2020-11-01","***","***","***","***","***","***"]
["EMULSÃO ASFÁLTICA DE RUPTURA LENTA DE CARGA NEUTRA PARA SERVIÇO DE LAMA ASFÁLTICA","2020-12-01","***","***","***","***","***","***"]
["EMULSÃO ASFÁLTICA DE RUPTURA LENTA DE CARGA NEUTRA PARA SERVIÇO DE LAMA ASFÁLTICA","2021-01-01","***","***","***","***","***","***"]
["EMULSÃO ASFÁLTICA DE RUPTURA LENTA DE CARGA NEUTRA PARA SERVIÇO DE LAMA ASFÁLTICA","2021-02-01","***","***","***","***","***","***"]
["EMULSÃO ASFÁLTICA DE RUPTURA LENTA DE CARGA NEUTRA PARA SERVIÇO DE LAMA ASFÁLTICA","2021-03-01","***","***","***","***","***","***"]
["EMULSÃO ASFÁLTICA DE RUPTURA LENTA DE CARGA NEUTRA PARA SERVIÇO DE LAMA ASFÁLTICA","2021-04-01","***","***","***","***","***","***"]
["EMULSÃO ASFÁLTICA DE RUPTURA LENTA DE CARGA NEUTRA PARA SERVIÇO DE LAMA ASFÁLTICA","2021-05-01","***","***","***","***","***","***"]
["EMULSÃO ASFÁLTICA DE RUPTURA LENTA DE CARGA NEUTRA PARA SERVIÇO DE LAMA ASFÁLTICA","2021-06-01","***","***","***","***","***","***"]
["EMULSÃO ASFÁLTICA DE RUPTURA LENTA DE CARGA NEUTRA PARA SERVIÇO DE LAMA ASFÁLTICA","2021-07-01","***","***","***","***","***","***"]
["EMULSÃO ASFÁLTICA DE RUPTURA LENTA DE CARGA NEUTRA PARA SERVIÇO DE LAMA ASFÁLTICA","2021-08-01","***","***","***","***","***","***"]
["EMULSÃO ASFÁLTICA DE RUPTURA LENTA DE CARGA NEUTRA PARA SERVIÇO DE LAMA ASFÁLTICA","2021-09-01","***","***","***","***","***","***"]
["EMULSÃO ASFÁLTICA DE RUPTURA LENTA DE CARGA NEUTRA PARA SERVIÇO DE LAMA ASFÁLTICA","2021-10-01","***","***","***","***","***","***"]
["EMULSÃO ASFÁLTICA DE RUPTURA LENTA DE CARGA NEUTRA PARA SERVIÇO DE LAMA ASFÁLTICA","2021-11-01","***","***","***","***","***","***"]
["EMULSÃO ASFÁLTICA DE RUPTURA LENTA DE CARGA NEUTRA PARA SERVIÇO DE LAMA ASFÁLTICA","2021-12-01","***","***","***","***","***","***"]
["EMULSÃO ASFÁLTICA DE RUPTURA LENTA DE CARGA NEUTRA PARA SERVIÇO DE LAMA ASFÁLTICA","2022-01-01","***","***","***","***","***","***"]
["EMULSÃO ASFÁLTICA DE RUPTURA LENTA DE CARGA NEUTRA PARA SERVIÇO DE LAMA ASFÁLTICA","2022-02-01","***","***","***","***","***","***"]
["EMULSÃO ASFÁLTICA DE RUPTURA LENTA DE CARGA NEUTRA PARA SERVIÇO DE LAMA ASFÁLTICA","2022-03-01","***","***","***","***","***","***"]
["EMULSÃO ASFÁLTICA DE RUPTURA LENTA DE CARGA NEUTRA PARA SERVIÇO DE LAMA ASFÁLTICA","2022-04-01","***","***","***","***","***","***"]
["EMULSÃO ASFÁLTICA DE RUPTURA LENTA DE CARGA NEUTRA PARA SERVIÇO DE LAMA ASFÁLTICA","2022-05-01","***","***","***","***","***","***"]
["EMULSÃO ASFÁLTICA DE RUPTURA LENTA DE CARGA NEUTRA PARA SERVIÇO DE LAMA ASFÁLTICA","2022-06-01","***","***","***","***","***","***"]
["EMULSÃO ASFÁLTICA DE RUPTURA LENTA DE CARGA NEUTRA PARA SERVIÇO DE LAMA ASFÁLTICA","2022-07-01","***","***","***","***","***","***"]
["EMULSÃO ASFÁLTICA DE RUPTURA LENTA DE CARGA NEUTRA PARA SERVIÇO DE LAMA ASFÁLTICA","2022-08-01","***","***","***","***","***","***"]
["EMULSÃO ASFÁLTICA DE RUPTURA LENTA DE CARGA NEUTRA PARA SERVIÇO DE LAMA ASFÁLTICA","2022-09-01","***","***","***","***","***","***"]
["EMULSÃO ASFÁLTICA DE RUPTURA LENTA DE CARGA NEUTRA PARA SERVIÇO DE LAMA ASFÁLTICA","2022-10-01","***","***","***","***","***","***"]
["EMULSÃO ASFÁLTICA DE RUPTURA LENTA DE CARGA NEUTRA PARA SERVIÇO DE LAMA ASFÁLTICA","2022-11-01","***","***","***","***","***","***"]
["EMULSÃO ASFÁLTICA DE RUPTURA LENTA DE CARGA NEUTRA PARA SERVIÇO DE LAMA ASFÁLTICA","2022-12-01","***","***","***","***","***","***"]
["EMULSÃO ASFÁLTICA DE RUPTURA LENTA DE CARGA NEUTRA PARA SERVIÇO DE LAMA ASFÁLTICA","2023-01-01","***","***","***","***","***","***"]
["EMULSÃO ASFÁLTICA DE RUPTURA LENTA DE CARGA NEUTRA PARA SERVIÇO DE LAMA ASFÁLTICA","2023-02-01","***","***","***","***","***","***"]
["EMULSÃO ASFÁLTICA DE RUPTURA LENTA DE CARGA NEUTRA PARA SERVIÇO DE LAMA ASFÁLTICA","2023-03-01","***","***","***","***","***","***"]
["EMULSÃO ASFÁLTICA DE RUPTURA LENTA DE CARGA NEUTRA PARA SERVIÇO DE LAMA ASFÁLTICA","2023-04-01","***","***","***","***","***","***"]
["EMULSÃO ASFÁLTICA DE RUPTURA LENTA DE CARGA NEUTRA PARA SERVIÇO DE LAMA ASFÁLTICA","2023-05-01","***","***","***","***","***","***"]
["EMULSÃO ASFÁLTICA DE RUPTURA LENTA DE CARGA NEUTRA PARA SERVIÇO DE LAMA ASFÁLTICA","2023-06-01","***","***","***","***","***","***"]
["EMULSÃO ASFÁLTICA DE RUPTURA LENTA DE CARGA NEUTRA PARA SERVIÇO DE LAMA ASFÁLTICA","2023-07-01","***","***","***","***","***","***"]
["EMULSÃO ASFÁLTICA DE RUPTURA LENTA DE CARGA NEUTRA PARA SERVIÇO DE LAMA ASFÁLTICA","2023-08-01","***","***","***","***","***","***"]
["EMULSÃO ASFÁLTICA DE RUPTURA LENTA DE CARGA NEUTRA PARA SERVIÇO DE LAMA ASFÁLTICA","2023-09-01","***","***","***","***","***","***"]
["EMULSÃO ASFÁLTICA PARA SERVIÇO DE IMPRIMAÇÃO","2015-09-01","***","***",1.47172,1.40961,1.41931,1.44682]
["EMULSÃO ASFÁLTICA PARA SERVIÇO DE IMPRIMAÇÃO","2015-10-01","***",1.9176,1.78109,1.49553,1.63227,1.65587]
["EMULSÃO ASFÁLTICA PARA SERVIÇO DE IMPRIMAÇÃO","2015-11-01","***",1.9491,1.8515,1.54238,1.71657,1.71116]
["EMULSÃO ASFÁLTICA PARA SERVIÇO DE IMPRIMAÇÃO","2015-12-01","***",1.9329,1.92899,1.53492,1.7583,1.74516]
["EMULSÃO ASFÁLTICA PARA SERVIÇO DE IMPRIMAÇÃO","2016-01-01","***",2.07342,1.72986,1.57011,1.82577,1.7351]
["EMULSÃO ASFÁLTICA PARA SERVIÇO DE IMPRIMAÇÃO","2016-02-01","***","***",1.97326,1.56217,1.77772,1.66035]
["EMULSÃO ASFÁLTICA PARA SERVIÇO DE IMPRIMAÇÃO","2016-03-01","***",2.064,1.95412,1.57331,1.74224,1.69393]
["EMULSÃO ASFÁLTICA PARA SERVIÇO DE IMPRIMAÇÃO","2016-04-01","***","***",2.17298,1.75253,1.8008,1.81468]
["EMULSÃO ASFÁLTICA PARA SERVIÇO DE IMPRIMAÇÃO","2016-05-01","***",1.79192,2.11823,1.73552,1.91371,1.88026]
["EMULSÃO ASFÁLTICA PARA SERVIÇO DE IMPRIMAÇÃO","2016-06-01","***",2.3814,2.06854,1.77276,1.86677,1.89196]
["EMULSÃO ASFÁLTICA PARA SERVIÇO DE IMPRIMAÇÃO","2016-07-01","***",2.25493,2.05772,1.74558,1.92283,1.90827]
["EMULSÃO ASFÁLTICA PARA SERVIÇO DE IMPRIMAÇÃO","2016-08-01","***",1.97228,2.02088,1.81719,1.88567,1.91448]
["EMULSÃO ASFÁLTICA PARA SERVIÇO DE IMPRIMAÇÃO","2016-09-01","***",1.56278,1.84406,1.57984,1.69564,1.6977]
["EMULSÃO ASFÁLTICA PARA SERVIÇO DE IMPRIMAÇÃO","2016-10-01","***",1.38463,1.80771,1.55868,1.71037,1.68617]
["EMULSÃO ASFÁLTICA PARA SERVIÇO DE IMPRIMAÇÃO","2016-11-01",1.85555,1.56832,1.88446,1.50281,1.64547,1.63959]
["EMULSÃO ASFÁLTICA PARA SERVIÇO DE IMPRIMAÇÃO","2016-12-01",1.83554,1.78202,1.70952,1.46855,1.72955,1.69199]
["EMULSÃO ASFÁLTICA PARA SERVIÇO DE IMPRIMAÇÃO","2017-01-01",1.85234,1.91038,1.73471,1.3296,1.71527,1.66104]
["EMULSÃO ASFÁLTICA PARA SERVIÇO DE IMPRIMAÇÃO","2017-02-01",1.80267,1.65313,1.69217,1.50388,1.65215,1.6307]
["EMULSÃO ASFÁLTICA PARA SERVIÇO DE IMPRIMAÇÃO","2017-03-01","***",1.8867,1.81127,1.42288,1.67131,1.59075]
["EMULSÃO ASFÁLTICA PARA SERVIÇO DE IMPRIMAÇÃO","2017-04-01",1.80267,1.92211,1.90802,1.45406,1.48106,1.54221]
["EMULSÃO ASFÁLTICA PARA SERVIÇO DE IMPRIMAÇÃO","2017-05-01","***",1.79872,1.91086,1.44735,1.57922,1.60125]
["EMULSÃO ASFÁLTICA PARA SERVIÇO DE IMPRIMAÇÃO","2017-06-01","***",1.92804,1.75472,1.52245,1.61579,1.66262]
["EMULSÃO ASFÁLTICA PARA SERVIÇO DE IMPRIMAÇÃO","2017-07-01","***",1.82005,1.79374,1.51304,1.58419,1.6339]
["EMULSÃO ASFÁLTICA PARA SERVIÇO DE IMPRIMAÇÃO","2017-08-01",2.0585,1.86045,1.8188,1.46624,1.60241,1.68589]
["EMULSÃO ASFÁLTICA PARA SERVIÇO DE IMPRIMAÇÃO","2017-09-01",2.13479,1.91298,1.73091,1.49551,1.70162,1.63788]
["EMULSÃO ASFÁLTICA PARA SERVIÇO DE IMPRIMAÇÃO","2017-10-01",1.97395,2.04528,1.7447,1.50355,1.66494,1.68952]
["EMULSÃO ASFÁLTICA PARA SERVIÇO DE IMPRIMAÇÃO","2017-11-01",2.23361,2.12747,1.76586,1.59602,1.71493,1.73484]
["EMULSÃO ASFÁLTICA PARA SERVIÇO DE IMPRIMAÇÃO","2017-12-01",2.0475,2.14735,1.80568,1.50467,1.7133,1.79372]
["EMULSÃO ASFÁLTICA PARA SERVIÇO DE IMPRIMAÇÃO","2018-01-01","***",2.11364,1.70474,1.66153,1.79338,1.83906]
["EMULSÃO ASFÁLTICA PARA SERVIÇO DE IMPRIMAÇÃO","2018-02-01",2.27851,2.06589,1.80063,1.64191,1.78146,1.76419]
["EMULSÃO ASFÁLTICA PARA SERVIÇO DE IMPRIMAÇÃO","2018-03-01",2.2487,2.08614,1.9422,1.61152,1.83811,1.87777]
["EMULSÃO ASFÁLTICA PARA SERVIÇO DE IMPRIMAÇÃO","2018-04-01",2.24896,2.12469,1.8978,1.60935,1.81358,1.80052]
["EMULSÃO ASFÁLTICA PARA SERVIÇO DE IMPRIMAÇÃO","2018-05-01","***",1.61265,2.0263,1.72774,1.88671,1.79739]
["EMULSÃO ASFÁLTICA PARA SERVIÇO DE IMPRIMAÇÃO","2018-06-01",2.53119,1.8967,2.11227,1.76361,1.95828,1.95539]
["EMULSÃO ASFÁLTICA PARA SERVIÇO DE IMPRIMAÇÃO","2018-07-01",2.037,1.70437,2.17506,1.86982,2.02369,1.95683]
["EMULSÃO ASFÁLTICA PARA SERVIÇO DE IMPRIMAÇÃO","2018-08-01",2.42228,2.14401,2.26403,1.90461,2.12792,2.12522]
["EMULSÃO ASFÁLTICA PARA SERVIÇO DE IMPRIMAÇÃO","2018-09-01",2.33634,2.26165,2.26804,1.8891,2.13296,2.11627]
["EMULSÃO ASFÁLTICA PARA SERVIÇO DE IMPRIMAÇÃO","2018-10-01",2.20615,2.32004,2.25294,1.90939,2.15012,2.12773]
["EMULSÃO ASFÁLTICA PARA SERVIÇO DE IMPRIMAÇÃO","2018-11-01","***",2.47756,2.34724,2.04818,2.26222,2.27701]
["EMULSÃO ASFÁLTICA PARA SERVIÇO DE IMPRIMAÇÃO","2018-12-01",2.69701,2.4878,2.27559,1.92671,2.27041,2.17733]
["EMULSÃO ASFÁLTICA PARA SERVIÇO DE IMPRIMAÇÃO","2019-01-01",2.56953,2.04775,2.27354,1.9027,2.2676,2.13799]
["EMULSÃO ASFÁLTICA PARA SERVIÇO DE IMPRIMAÇÃO","2019-02-01","***",2.02573,2.46249,1.97032,2.30704,2.15517]
["EMULSÃO ASFÁLTICA PARA SERVIÇO DE IMPRIMAÇÃO","2019-03-01",2.66911,1.69594,2.54655,1.95524,2.42818,2.20454]
["EMULSÃO ASFÁLTICA PARA SERVIÇO DE IMPRIMAÇÃO","2019-04-01",3.35955,1.98181,2.31256,2.03543,2.23975,2.17747]
["EMULSÃO ASFÁLTICA PARA SERVIÇO DE IMPRIMAÇÃO","2019-05-01","***",1.8235,2.42543,1.91324,2.28971,2.07068]
["EMULSÃO ASFÁLTICA PARA SERVIÇO DE IMPRIMAÇÃO","2019-06-01",2.25172,2.05643,2.36264,1.98536,2.31174,2.17543]
["EMULSÃO ASFÁLTICA PARA SERVIÇO DE IMPRIMAÇÃO","2019-07-01",2.3897,1.92673,2.3503,1.88612,2.34431,2.13003]
["EMULSÃO ASFÁLTICA PARA SERVIÇO DE IMPRIMAÇÃO","2019-08-01",2.4205,1.93663,2.22896,1.91919,2.07075,2.07464]
["EMULSÃO ASFÁLTICA PARA SERVIÇO DE IMPRIMAÇÃO","2019-09-01","***",1.72596,2.16584,1.98287,2.12339,2.03201]
["EMULSÃO ASFÁLTICA PARA SERVIÇO DE IMPRIMAÇÃO","2019-10-01",4.53733,2.42365,2.26994,1.96036,2.09192,2.23629]
["EMULSÃO ASFÁLTICA PARA SERVIÇO DE IMPRIMAÇÃO","2019-11-01",5.62307,2.67159,2.79344,2.09301,1.99179,2.42558]
["EMULSÃO ASFÁLTICA PARA SERVIÇO DE IMPRIMAÇÃO","2019-12-01",2.3584,3.09045,2.6986,1.99483,2.06747,2.33884]
["EMULSÃO ASFÁLTICA PARA SERVIÇO DE IMPRIMAÇÃO","2020-01-01",3.67919,4.11102,2.20905,2.29347,2.18074,2.36214]
["EMULSÃO ASFÁLTICA PARA SERVIÇO DE IMPRIMAÇÃO","2020-02-01",2.18118,2.16549,2.38303,2.29172,1.95592,2.11933]
["EMULSÃO ASFÁLTICA PARA SERVIÇO DE IMPRIMAÇÃO","2020-03-01",2.14719,1.97458,2.29072,2.10349,1.94312,2.05703]
["EMULSÃO ASFÁLTICA PARA SERVIÇO DE IMPRIMAÇÃO","2020-04-01",2.07788,1.79361,2.2504,1.89891,2.0199,1.99636]
["EMULSÃO ASFÁLTICA PARA SERVIÇO DE IMPRIMAÇÃO","2020-05-01",2.25558,1.83825,2.04921,1.84098,2.13905,2.00047]
["EMULSÃO ASFÁLTICA PARA SERVIÇO DE IMPRIMAÇÃO","2020-06-01",2.13552,1.87175,2.00385,1.84576,2.17763,1.98145]
["EMULSÃO ASFÁLTICA PARA SERVIÇO DE IMPRIMAÇÃO","2020-07-01",2.34726,1.83855,2.07493,1.8188,2.12074,1.98555]
["EMULSÃO ASFÁLTICA PARA SERVIÇO DE IMPRIMAÇÃO","2020-08-01",2.33941,1.87073,2.10511,1.82153,2.33151,2.02881]
["EMULSÃO ASFÁLTICA PARA SERVIÇO DE IMPRIMAÇÃO","2020-09-01",2.36205,1.88183,2.12068,1.80978,2.27642,2.04198]
["EMULSÃO ASFÁLTICA PARA SERVIÇO DE IMPRIMAÇÃO","2020-10-01",2.55214,2.04002,2.05653,1.84381,2.11796,2.04691]
["EMULSÃO ASFÁLTICA PARA SERVIÇO DE IMPRIMAÇÃO","2020-11-01",2.41776,2.01883,2.16798,1.94057,2.28623,2.11478]
["EMULSÃO ASFÁLTICA PARA SERVIÇO DE IMPRIMAÇÃO","2020-12-01",2.33782,2.08413,2.16257,1.83351,2.27662,2.09527]
["EMULSÃO ASFÁLTICA PARA SERVIÇO DE IMPRIMAÇÃO","2021-01-01",2.34724,2.03756,2.13961,2.03935,2.23767,2.09541]
["EMULSÃO ASFÁLTICA PARA SERVIÇO DE IMPRIMAÇÃO","2021-02-01",2.35015,2.05601,2.15881,1.98054,2.20364,2.10883]
["EMULSÃO ASFÁLTICA PARA SERVIÇO DE IMPRIMAÇÃO","2021-03-01",2.34381,1.96939,2.15331,2.05757,2.41696,2.16145]
["EMULSÃO ASFÁLTICA PARA SERVIÇO DE IMPRIMAÇÃO","2021-04-01",2.48933,2.00947,2.2065,2.02258,2.36711,2.16819]
["EMULSÃO ASFÁLTICA PARA SERVIÇO DE IMPRIMAÇÃO","2021-05-01",2.56035,2.34352,2.45797,2.42672,2.76804,2.51185]
["EMULSÃO ASFÁLTICA PARA SERVIÇO DE IMPRIMAÇÃO","2021-06-01",2.59791,2.20699,2.43926,2.36949,2.6563,2.40592]
["EMULSÃO ASFÁLTICA PARA SERVIÇO DE IMPRIMAÇÃO","2021-07-01",2.48778,2.29857,2.41571,2.34695,2.50566,2.39162]
["EMULSÃO ASFÁLTICA PARA SERVIÇO DE IMPRIMAÇÃO","2021-08-01",2.74296,2.29215,2.45818,2.41223,2.66456,2.44532]
["EMULSÃO ASFÁLTICA PARA SERVIÇO DE IMPRIMAÇÃO","2021-09-01",2.73613,2.34721,2.50071,2.43645,2.7185,2.4887]
["EMULSÃO ASFÁLTICA PARA SERVIÇO DE IMPRIMAÇÃO","2021-10-01",2.77118,2.29979,2.61026,2.35685,2.71478,2.50204]
["EMULSÃO ASFÁLTICA PARA SERVIÇO DE IMPRIMAÇÃO","2021-11-01",3.26922,2.49033,2.73741,2.68275,3.11938,2.77184]
["EMULSÃO ASFÁLTICA PARA SERVIÇO DE IMPRIMAÇÃO","2021-12-01",3.02324,2.48111,2.83992,2.78979,3.09076,2.7696]
["EMULSÃO ASFÁLTICA PARA SERVIÇO DE IMPRIMAÇÃO","2022-01-01",3.16666,2.48139,2.75003,2.82337,2.86801,2.71398]
["EMULSÃO ASFÁLTICA PARA SERVIÇO DE IMPRIMAÇÃO","2022-02-01",3.01306,2.51155,2.99029,2.87405,3.28589,2.75489]
["EMULSÃO ASFÁLTICA PARA SERVIÇO DE IMPRIMAÇÃO","2022-03-01",2.65307,2.58345,2.98937,2.99609,3.21091,2.83878]
["EMULSÃO ASFÁLTICA PARA SERVIÇO DE IMPRIMAÇÃO","2022-04-01",3.17522,2.94081,3.3647,3.02541,3.34438,3.13237]
["EMULSÃO ASFÁLTICA PARA SERVIÇO DE IMPRIMAÇÃO","2022-05-01",3.02549,3.07804,3.24286,2.99547,3.22115,3.11423]
["EMULSÃO ASFÁLTICA PARA SERVIÇO DE IMPRIMAÇÃO","2022-06-01",3.60429,2.80928,3.24215,3.05487,3.12025,3.10223]
["EMULSÃO ASFÁLTICA PARA SERVIÇO DE IMPRIMAÇÃO","2022-07-01",3.44994,3.03488,3.35638,3.06166,3.24824,3.22082]
["EMULSÃO ASFÁLTICA PARA SERVIÇO DE IMPRIMAÇÃO","2022-08-01",3.37514,3.12205,3.25079,3.04899,3.07502,3.18398]
["EMULSÃO ASFÁLTICA PARA SERVIÇO DE IMPRIMAÇÃO","2022-09-01",3.22973,2.96002,3.22559,3.02969,2.92853,3.09285]
["EMULSÃO ASFÁLTICA PARA SERVIÇO DE IMPRIMAÇÃO","2022-10-01",2.93502,2.90862,3.16796,2.81268,3.01059,2.98966]
["EMULSÃO ASFÁLTICA PARA SERVIÇO DE IMPRIMAÇÃO","2022-11-01",2.90752,2.86803,3.13026,2.78312,3.01889,2.95184]
["EMULSÃO ASFÁLTICA PARA SERVIÇO DE IMPRIMAÇÃO","2022-12-01",3.14609,2.88362,3.08423,2.62006,2.96835,2.94774]
["EMULSÃO ASFÁLTICA PARA SERVIÇO DE IMPRIMAÇÃO","2023-01-01",3.83049,2.65065,3.73444,2.93693,2.82373,2.91977]
["EMULSÃO ASFÁLTICA PARA SERVIÇO DE IMPRIMAÇÃO","2023-02-01",3.41339,2.47926,3.13332,2.65233,3.16797,2.81256]
["EMULSÃO ASFÁLTICA PARA SERVIÇO DE IMPRIMAÇÃO","2023-03-01",3.5901,2.41452,2.81836,2.4806,2.5786,2.60691]
["EMULSÃO ASFÁLTICA PARA SERVIÇO DE IMPRIMAÇÃO","2023-04-01",2.82503,2.59196,2.65778,2.58031,2.59321,2.61282]
["EMULSÃO ASFÁLTICA PARA SERVIÇO DE IMPRIMAÇÃO","2023-05-01",3.04297,2.57103,2.80814,2.31335,2.44101,2.58473]
["EMULSÃO ASFÁLTICA PARA SERVIÇO DE IMPRIMAÇÃO","2023-06-01",2.9724,2.26685,2.69391,2.28332,2.53039,2.53601]
["EMULSÃO ASFÁLTICA PARA SERVIÇO DE IMPRIMAÇÃO","2023-07-01",2.8822,2.25941,2.75397,2.29016,2.51201,2.55594]
["EMULSÃO ASFÁLTICA PARA SERVIÇO DE IMPRIMAÇÃO","2023-08-01",2.7599,2.25198,2.71915,2.24844,2.54024,2.51426]
["EMULSÃO ASFÁLTICA PARA SERVIÇO DE IMPRIMAÇÃO","2023-09-01",2.99635,2.46943,2.83596,2.35421,2.54406,2.62962]
["EMULSÕES ASF. MOD. POR POLÍMEROS RC1C-E","2009-12-01","***",1.125,1.5012,1.09008,1.15113,1.16832]
["EMULSÕES ASF. MOD. POR POLÍMEROS RC1C-E","2010-01-01","***",1.12234,1.41579,1.07614,1.16519,1.14675]
["EMULSÕES ASF. MOD. POR POLÍMEROS RC1C-E","2010-02-01","***",1.13443,1.41439,1.10241,1.13925,1.15641]
["EMULSÕES ASF. MOD. POR POLÍMEROS RC1C-E","2010-03-01","***",1.13001,1.38184,1.12819,1.13402,1.14808]
["EMULSÕES ASF. MOD. POR POLÍMEROS RC1C-E","2010-04-01","***",1.1171,1.29894,1.10234,1.22564,1.15858]
["EMULSÕES ASF. MOD. POR POLÍMEROS RC1C-E","2010-05-01","***",1.11525,1.29365,1.09188,1.22166,1.14875]
["EMULSÕES ASF. MOD. POR POLÍMEROS RC1C-E","2010-06-01","***",1.10613,1.28597,1.08481,1.2274,1.16769]
["EMULSÕES ASF. MOD. POR POLÍMEROS RC1C-E","2010-07-01","***",1.10204,1.30837,1.06711,1.23026,1.14176]
["EMULSÕES ASF. MOD. POR POLÍMEROS RC1C-E","2010-08-01","***",1.14773,1.21307,1.06719,1.22873,1.12633]
["EMULSÕES ASF. MOD. POR POLÍMEROS RC1C-E","2010-09-01","***",1.12403,1.20482,1.0812,1.22276,1.14073]
["EMULSÕES ASF. MOD. POR POLÍMEROS RC1C-E","2010-10-01","***",1.12383,1.24027,1.06296,1.22749,1.16058]
["EMULSÕES ASF. MOD. POR POLÍMEROS RC1C-E","2010-11-01","***",1.12716,1.25996,1.08344,1.15244,1.15197]
["EMULSÕES ASF. MOD. POR POLÍMEROS RC1C-E","2010-12-01","***",1.11803,1.22366,1.07498,1.09547,1.10823]
["EMULSÕES ASF. MOD. POR POLÍMEROS RC1C-E","2011-01-01","***",1.14617,1.23638,1.04158,1.07167,1.09897]
["EMULSÕES ASF. MOD. POR POLÍMEROS RC1C-E","2011-02-01","***",1.11643,1.25046,1.03589,1.02891,1.05397]
["EMULSÕES ASF. MOD. POR POLÍMEROS RC1C-E","2011-03-01","***",1.11741,1.31982,1.04194,1.06793,1.09917]
["EMULSÕES ASF. MOD. POR POLÍMEROS RC1C-E","2011-04-01","***",1.09291,1.27772,1.01555,1.03129,1.06132]
["EMULSÕES ASF. MOD. POR POLÍMEROS RC1C-E","2011-05-01","***",1.13331,1.33528,1.02802,1.03033,1.08294]
["EMULSÕES ASF. MOD. POR POLÍMEROS RC1C-E","2011-06-01","***",1.05483,1.19472,0.97102,1.04533,1.02957]
["EMULSÕES ASF. MOD. POR POLÍMEROS RC1C-E","2011-07-01","***",1.01033,1.25033,0.97315,1.11847,1.04888]
["EMULSÕES ASF. MOD. POR POLÍMEROS RC1C-E","2011-08-01","***",1.02435,1.29518,0.98327,1.18859,1.07882]
["EMULSÕES ASF. MOD. POR POLÍMEROS RC1C-E","2011-09-01","***",0.99319,1.32856,1.00547,1.56806,1.18575]
["EMULSÕES ASF. MOD. POR POLÍMEROS RC1C-E","2011-10-01","***",0.98001,1.12893,1.05219,1.21461,1.07602]
["EMULSÕES ASF. MOD. POR POLÍMEROS RC1C-E","2011-11-01","***",0.87861,1.18702,1.04523,1.37642,1.10407]
["EMULSÕES ASF. MOD. POR POLÍMEROS RC1C-E","2011-12-01","***",0.94987,1.2274,1.00992,1.50962,1.14943]
["EMULSÕES ASF. MOD. POR POLÍMEROS RC1C-E","2012-01-01","***",1.02736,1.20845,1.05387,1.43596,1.13601]
["EMULSÕES ASF. MOD. POR POLÍMEROS RC1C-E","2012-02-01","***",1.02659,1.19167,1.05647,1.12241,1.08229]
["EMULSÕES ASF. MOD. POR POLÍMEROS RC1C-E","2012-03-01","***",1.05157,1.18662,1.10145,1.12537,1.10486]
["EMULSÕES ASF. MOD. POR POLÍMEROS RC1C-E","2012-04-01","***",1.04638,1.26604,1.12023,1.19115,1.13054]
["EMULSÕES ASF. MOD. POR POLÍMEROS RC1C-E","2012-05-01","***",1.02304,1.28527,1.11856,1.13182,1.12686]
["EMULSÕES ASF. MOD. POR POLÍMEROS RC1C-E","2012-06-01","***",1.07631,1.26737,1.13153,1.17066,1.1559]
["EMULSÕES ASF. MOD. POR POLÍMEROS RC1C-E","2012-07-01","***",1.04982,1.39996,1.11095,1.22197,1.16429]
["EMULSÕES ASF. MOD. POR POLÍMEROS RC1C-E","2012-08-01",1.155,1.05767,1.40051,1.07722,1.21463,1.13439]
["EMULSÕES ASF. MOD. POR POLÍMEROS RC1C-E","2012-09-01",1.3127,1.07835,1.37116,1.13514,1.18546,1.16915]
["EMULSÕES ASF. MOD. POR POLÍMEROS RC1C-E","2012-10-01",1.33946,1.08269,1.37488,1.11327,1.2526,1.1668]
["EMULSÕES ASF. MOD. POR POLÍMEROS RC1C-E","2012-11-01","***",1.14804,1.38331,1.13372,1.2416,1.18034]
["EMULSÕES ASF. MOD. POR POLÍMEROS RC1C-E","2012-12-01",1.40892,1.14731,1.34793,1.11683,1.38863,1.18513]
["EMULSÕES ASF. MOD. POR POLÍMEROS RC1C-E","2013-01-01","***",1.10689,1.31865,1.11227,1.20911,1.13834]
["EMULSÕES ASF. MOD. POR POLÍMEROS RC1C-E","2013-02-01","***",1.12737,1.42346,1.09655,1.20037,1.14129]
["EMULSÕES ASF. MOD. POR POLÍMEROS RC1C-E","2013-03-01","***",1.10368,1.65,1.13069,1.28048,1.16412]
["EMULSÕES ASF. MOD. POR POLÍMEROS RC1C-E","2013-04-01","***",1.12748,1.55762,1.14834,1.30541,1.19762]
["EMULSÕES ASF. MOD. POR POLÍMEROS RC1C-E","2013-05-01","***",1.15754,1.54467,1.18112,1.30212,1.22154]
["EMULSÕES ASF. MOD. POR POLÍMEROS RC1C-E","2013-06-01","***",1.19161,1.50376,1.1814,1.29764,1.23572]
["EMULSÕES ASF. MOD. POR POLÍMEROS RC1C-E","2013-07-01","***",1.20459,1.4271,1.21424,1.3366,1.25228]
["EMULSÕES ASF. MOD. POR POLÍMEROS RC1C-E","2013-08-01","***",1.18651,1.43408,1.23673,1.39943,1.28969]
["EMULSÕES ASF. MOD. POR POLÍMEROS RC1C-E","2013-09-01","***",1.30496,1.51725,1.21774,1.27149,1.28647]
["EMULSÕES ASF. MOD. POR POLÍMEROS RC1C-E","2013-10-01",1.18493,1.29127,1.47173,1.22102,1.29046,1.29191]
["EMULSÕES ASF. MOD. POR POLÍMEROS RC1C-E","2013-11-01","***",1.30218,1.45789,1.23586,1.30453,1.29743]
["EMULSÕES ASF. MOD. POR POLÍMEROS RC1C-E","2013-12-01","***",1.34466,1.53807,1.19836,1.31787,1.31278]
["EMULSÕES ASF. MOD. POR POLÍMEROS RC1C-E","2014-01-01","***",1.3135,1.50907,1.22583,1.30932,1.29855]
["EMULSÕES ASF. MOD. POR POLÍMEROS RC1C-E","2014-02-01","***",1.35817,1.51066,1.26496,1.27999,1.31277]
["EMULSÕES ASF. MOD. POR POLÍMEROS RC1C-E","2014-03-01","***",1.30789,1.42417,1.23655,1.2641,1.29315]
["EMULSÕES ASF. MOD. POR POLÍMEROS RC1C-E","2014-04-01","***",1.35101,1.39137,1.18594,1.3038,1.31797]
["EMULSÕES ASF. MOD. POR POLÍMEROS RC1C-E","2014-05-01","***",1.34512,1.38388,1.24759,1.39254,1.34789]
["EMULSÕES ASF. MOD. POR POLÍMEROS RC1C-E","2014-06-01","***",1.44578,1.44436,1.27035,1.42616,1.3801]
["EMULSÕES ASF. MOD. POR POLÍMEROS RC1C-E","2014-07-01",1.43132,1.40929,1.42846,1.27491,1.39204,1.36314]
["EMULSÕES ASF. MOD. POR POLÍMEROS RC1C-E","2014-08-01",1.44587,1.34665,1.41951,1.28285,1.38204,1.34917]
["EMULSÕES ASF. MOD. POR POLÍMEROS RC1C-E","2014-09-01",1.40507,1.43096,1.5297,1.34519,1.40859,1.42518]
["EMULSÕES ASF. MOD. POR POLÍMEROS RC1C-E","2014-10-01",1.43727,1.3694,1.42756,1.23393,1.35449,1.3429]
["EMULSÕES ASF. MOD. POR POLÍMEROS RC1C-E","2014-11-01",1.42484,1.45179,1.49359,1.24075,1.41533,1.41488]
["EMULSÕES ASF. MOD. POR POLÍMEROS RC1C-E","2014-12-01",1.54141,1.43525,1.52407,1.37488,1.46815,1.45139]
["EMULSÕES ASF. MOD. POR POLÍMEROS RC1C-E","2015-01-01",1.66407,1.74767,1.95346,1.6948,1.72405,1.76018]
["EMULSÕES ASF. MOD. POR POLÍMEROS RC1C-E","2015-02-01",2.61246,1.55259,1.9965,1.47641,1.73955,1.70583]
["EMULSÕES ASF. MOD. POR POLÍMEROS RC1C-E","2015-03-01",2.36525,1.52101,1.98568,1.38586,1.62231,1.71507]
["EMULSÕES ASF. MOD. POR POLÍMEROS RC1C-E","2015-04-01",2.07537,1.36883,1.89406,1.36595,1.59989,1.58571]
["EMULSÕES ASF. MOD. POR POLÍMEROS RC1C-E","2015-05-01","***",1.43574,1.6709,1.3494,1.63624,1.4828]
["EMULSÕES ASF. MOD. POR POLÍMEROS RC1C-E","2015-06-01","***",1.36578,1.69818,1.39893,1.60596,1.50381]
["EMULSÕES ASF. MOD. POR POLÍMEROS RC1C-E","2015-07-01",1.49769,1.39297,1.679,1.34184,1.5588,1.45116]
["EMULSÕES ASF. MOD. POR POLÍMEROS RC1C-E","2015-08-01",1.52043,1.48897,1.68247,1.32876,1.61637,1.52081]
["EMULSÕES ASF. MOD. POR POLÍMEROS RC1C-E","2015-09-01",1.6019,1.63412,1.71666,1.44196,1.30445,1.43922]
["EMULSÕES ASF. MOD. POR POLÍMEROS RC1C-E","2015-10-01","***",1.77731,2.1424,1.42954,1.40171,1.4869]
["EMULSÕES ASF. MOD. POR POLÍMEROS RC1C-E","2015-11-01",1.7647,1.79291,2.20651,1.56097,1.67128,1.7161]
["EMULSÕES ASF. MOD. POR POLÍMEROS RC1C-E","2015-12-01",1.7647,1.65466,2.10559,1.54224,1.61668,1.69715]
["EMULSÕES ASF. MOD. POR POLÍMEROS RC1C-E","2016-01-01",2.99237,1.78088,1.85976,1.52744,1.81461,1.81827]
["EMULSÕES ASF. MOD. POR POLÍMEROS RC1C-E","2016-02-01",3.15199,1.80725,1.85858,1.56839,1.85628,1.85012]
["EMULSÕES ASF. MOD. POR POLÍMEROS RC1C-E","2016-03-01",3.28706,1.66664,1.84508,1.55692,1.79388,1.78739]
["EMULSÕES ASF. MOD. POR POLÍMEROS RC1C-E","2016-04-01",3.43362,1.80978,1.88866,1.66509,1.94266,1.86901]
["EMULSÕES ASF. MOD. POR POLÍMEROS RC1C-E","2016-05-01",2.61722,1.80951,1.79574,1.69982,1.9744,1.81823]
["EMULSÕES ASF. MOD. POR POLÍMEROS RC1C-E","2016-06-01",2.77425,1.5931,1.81624,1.65748,1.97644,1.76347]
["EMULSÕES ASF. MOD. POR POLÍMEROS RC1C-E","2016-07-01",2.77425,1.66038,1.89799,1.71042,1.95167,1.79439]
["EMULSÕES ASF. MOD. POR POLÍMEROS RC1C-E","2016-08-01",2.77425,1.63011,1.85405,1.76578,2.00648,1.8518]
["EMULSÕES ASF. MOD. POR POLÍMEROS RC1C-E","2016-09-01",2.90497,1.7015,1.83907,1.5795,1.73592,1.72444]
["EMULSÕES ASF. MOD. POR POLÍMEROS RC1C-E","2016-10-01",2.90497,1.74386,1.84751,1.64676,1.76502,1.78908]
["EMULSÕES ASF. MOD. POR POLÍMEROS RC1C-E","2016-11-01",2.67776,1.68585,1.84545,1.57917,1.7698,1.73139]
["EMULSÕES ASF. MOD. POR POLÍMEROS RC1C-E","2016-12-01",2.14794,1.62259,1.84042,1.47533,1.72725,1.64824]
["EMULSÕES ASF. MOD. POR POLÍMEROS RC1C-E","2017-01-01",2.4671,1.68588,1.74417,1.47626,1.75149,1.65875]
["EMULSÕES ASF. MOD. POR POLÍMEROS RC1C-E","2017-02-01",2.45651,1.63037,1.7786,1.44507,1.7261,1.61207]
["EMULSÕES ASF. MOD. POR POLÍMEROS RC1C-E","2017-03-01",2.68266,1.57257,1.76098,1.46817,1.73693,1.63246]
["EMULSÕES ASF. MOD. POR POLÍMEROS RC1C-E","2017-04-01",2.47166,1.52844,1.83163,1.47937,1.79497,1.65314]
["EMULSÕES ASF. MOD. POR POLÍMEROS RC1C-E","2017-05-01",2.00956,1.47735,1.82671,1.46854,1.77697,1.61357]
["EMULSÕES ASF. MOD. POR POLÍMEROS RC1C-E","2017-06-01",1.81883,1.46546,1.67287,1.45895,1.76859,1.59269]
["EMULSÕES ASF. MOD. POR POLÍMEROS RC1C-E","2017-07-01",1.92679,1.48899,1.68007,1.46244,1.7147,1.61683]
["EMULSÕES ASF. MOD. POR POLÍMEROS RC1C-E","2017-08-01",1.81006,1.47189,1.70429,1.44686,1.74043,1.60319]
["EMULSÕES ASF. MOD. POR POLÍMEROS RC1C-E","2017-09-01",2.3925,1.66346,1.70041,1.44691,1.70356,1.63214]
["EMULSÕES ASF. MOD. POR POLÍMEROS RC1C-E","2017-10-01",2.38505,1.71029,1.63278,1.43345,1.75172,1.66445]
["EMULSÕES ASF. MOD. POR POLÍMEROS RC1C-E","2017-11-01",2.40272,1.82256,1.73437,1.51892,1.74671,1.68126]
["EMULSÕES ASF. MOD. POR POLÍMEROS RC1C-E","2017-12-01","***",1.77696,1.81918,1.59284,1.76506,1.71026]
["EMULSÕES ASF. MOD. POR POLÍMEROS RC1C-E","2018-01-01","***",1.82657,1.85687,1.59335,1.86892,1.72027]
["EMULSÕES ASF. MOD. POR POLÍMEROS RC1C-E","2018-02-01","***",1.76138,1.70309,1.60702,1.83691,1.69623]
["EMULSÕES ASF. MOD. POR POLÍMEROS RC1C-E","2018-03-01","***",1.65425,1.81909,1.61308,1.81819,1.69502]
["EMULSÕES ASF. MOD. POR POLÍMEROS RC1C-E","2018-04-01","***",1.67754,1.86681,1.63678,1.85254,1.7268]
["EMULSÕES ASF. MOD. POR POLÍMEROS RC1C-E","2018-05-01",2.29476,1.74776,1.94979,1.67319,1.98031,1.78627]
["EMULSÕES ASF. MOD. POR POLÍMEROS RC1C-E","2018-06-01","***",1.79337,2.04085,1.70634,1.98211,1.8625]
["EMULSÕES ASF. MOD. POR POLÍMEROS RC1C-E","2018-07-01",2.0163,1.88269,2.13249,1.89438,2.06414,2.01394]
["EMULSÕES ASF. MOD. POR POLÍMEROS RC1C-E","2018-08-01",2.13302,1.98663,2.25092,2.08225,2.14886,2.1445]
["EMULSÕES ASF. MOD. POR POLÍMEROS RC1C-E","2018-09-01",2.13885,2.0753,2.21861,2.19623,2.17423,2.17406]
["EMULSÕES ASF. MOD. POR POLÍMEROS RC1C-E","2018-10-01",2.40919,2.10577,1.97532,2.18328,2.14844,2.09649]
["EMULSÕES ASF. MOD. POR POLÍMEROS RC1C-E","2018-11-01",2.56528,2.36936,2.59058,2.29622,2.31404,2.4029]
["EMULSÕES ASF. MOD. POR POLÍMEROS RC1C-E","2018-12-01",2.34934,2.30187,2.31761,2.33078,2.39128,2.33438]
["EMULSÕES ASF. MOD. POR POLÍMEROS RC1C-E","2019-01-01",2.33125,2.42288,2.66173,2.26984,2.35697,2.44548]
["EMULSÕES ASF. MOD. POR POLÍMEROS RC1C-E","2019-02-01","***",2.45527,2.64863,2.65218,2.36812,2.52825]
["EMULSÕES ASF. MOD. POR POLÍMEROS RC1C-E","2019-03-01","***",2.41946,2.82881,2.50146,2.39438,2.54061]
["EMULSÕES ASF. MOD. POR POLÍMEROS RC1C-E","2019-04-01","***",2.44523,2.81082,2.46414,2.49767,2.57978]
["EMULSÕES ASF. MOD. POR POLÍMEROS RC1C-E","2019-05-01","***",2.4268,2.6469,2.50455,2.47809,2.53805]
["EMULSÕES ASF. MOD. POR POLÍMEROS RC1C-E","2019-06-01",2.95013,2.49766,2.52526,2.51741,2.53323,2.52704]
["EMULSÕES ASF. MOD. POR POLÍMEROS RC1C-E","2019-07-01",2.33746,2.42514,2.60358,2.35288,2.52001,2.47579]
["EMULSÕES ASF. MOD. POR POLÍMEROS RC1C-E","2019-08-01",2.09942,2.35214,2.58342,2.26683,2.43407,2.35157]
["EMULSÕES ASF. MOD. POR POLÍMEROS RC1C-E","2019-09-01",2.10489,2.29445,2.66706,2.24935,2.39891,2.35591]
["EMULSÕES ASF. MOD. POR POLÍMEROS RC1C-E","2019-10-01",2.38795,2.26914,2.68436,2.31233,2.41416,2.40218]
["EMULSÕES ASF. MOD. POR POLÍMEROS RC1C-E","2019-11-01",3.2943,2.39009,2.57864,2.29237,2.43443,2.41308]
["EMULSÕES ASF. MOD. POR POLÍMEROS RC1C-E","2019-12-01",2.20236,2.33452,2.63297,2.3493,2.46407,2.4139]
["EMULSÕES ASF. MOD. POR POLÍMEROS RC1C-E","2020-01-01",3.674,2.21816,2.60174,2.25898,2.46777,2.3464]
["EMULSÕES ASF. MOD. POR POLÍMEROS RC1C-E","2020-02-01","***",2.28618,2.54205,2.14352,2.39722,2.28022]
["EMULSÕES ASF. MOD. POR POLÍMEROS RC1C-E","2020-03-01","***",2.42402,2.42553,2.1633,2.30343,2.28671]
["EMULSÕES ASF. MOD. POR POLÍMEROS RC1C-E","2020-04-01","***",2.11247,2.36084,2.21247,2.32882,2.26877]
["EMULSÕES ASF. MOD. POR POLÍMEROS RC1C-E","2020-05-01","***",2.23715,2.02406,2.22466,2.34694,2.23075]
["EMULSÕES ASF. MOD. POR POLÍMEROS RC1C-E","2020-06-01",2.19842,2.12331,2.28593,2.23852,2.19424,2.21785]
["EMULSÕES ASF. MOD. POR POLÍMEROS RC1C-E","2020-07-01",2.11413,2.16961,2.34159,2.20599,2.32318,2.24821]
["EMULSÕES ASF. MOD. POR POLÍMEROS RC1C-E","2020-08-01",2.09305,2.31372,2.50843,2.28708,2.42873,2.35562]
["EMULSÕES ASF. MOD. POR POLÍMEROS RC1C-E","2020-09-01",2.15365,2.29676,2.52139,2.27444,2.41821,2.35268]
["EMULSÕES ASF. MOD. POR POLÍMEROS RC1C-E","2020-10-01",2.33807,2.28123,2.6107,2.30241,2.44277,2.41263]
["EMULSÕES ASF. MOD. POR POLÍMEROS RC1C-E","2020-11-01",2.47226,2.47736,2.77456,2.40029,2.52891,2.50543]
["EMULSÕES ASF. MOD. POR POLÍMEROS RC1C-E","2020-12-01",2.41397,2.4582,2.68601,2.3985,2.60642,2.52278]
["EMULSÕES ASF. MOD. POR POLÍMEROS RC1C-E","2021-01-01",2.35118,2.45415,2.89052,2.46748,2.59918,2.54052]
["EMULSÕES ASF. MOD. POR POLÍMEROS RC1C-E","2021-02-01",2.52845,2.5598,2.86842,2.61522,2.70561,2.66229]
["EMULSÕES ASF. MOD. POR POLÍMEROS RC1C-E","2021-03-01",2.52132,2.5618,2.96921,2.60541,2.68528,2.6544]
["EMULSÕES ASF. MOD. POR POLÍMEROS RC1C-E","2021-04-01","***",2.64022,2.76419,2.56559,2.75055,2.67388]
["EMULSÕES ASF. MOD. POR POLÍMEROS RC1C-E","2021-05-01",4.0622,3.02813,3.06197,3.07603,3.24039,3.1276]
["EMULSÕES ASF. MOD. POR POLÍMEROS RC1C-E","2021-06-01",3.20188,3.27174,3.06681,3.05424,3.10878,3.08519]
["EMULSÕES ASF. MOD. POR POLÍMEROS RC1C-E","2021-07-01",3.04595,3.11943,3.21142,3.10013,3.06403,3.12997]
["EMULSÕES ASF. MOD. POR POLÍMEROS RC1C-E","2021-08-01",3.21733,3.10879,3.49714,3.32629,3.1378,3.32018]
["EMULSÕES ASF. MOD. POR POLÍMEROS RC1C-E","2021-09-01",3.03146,3.20608,3.50599,3.39694,3.2153,3.32318]
["EMULSÕES ASF. MOD. POR POLÍMEROS RC1C-E","2021-10-01",3.08567,3.21898,3.45917,3.29428,3.33399,3.29741]
["EMULSÕES ASF. MOD. POR POLÍMEROS RC1C-E","2021-11-01",3.02887,3.39416,3.6929,3.59491,3.55706,3.50538]
["EMULSÕES ASF. MOD. POR POLÍMEROS RC1C-E","2021-12-01",3.36222,3.39619,3.7731,3.61222,3.81329,3.54828]
["EMULSÕES ASF. MOD. POR POLÍMEROS RC1C-E","2022-01-01",3.45067,3.47022,3.81884,3.56822,3.74563,3.59706]
["EMULSÕES ASF. MOD. POR POLÍMEROS RC1C-E","2022-02-01",3.43032,3.68641,4.08326,3.88341,3.7992,3.8113]
["EMULSÕES ASF. MOD. POR POLÍMEROS RC1C-E","2022-03-01",3.95764,3.67595,4.00539,3.83566,3.9055,3.83931]
["EMULSÕES ASF. MOD. POR POLÍMEROS RC1C-E","2022-04-01",3.64815,3.81962,4.25703,4.03588,4.18423,4.03354]
["EMULSÕES ASF. MOD. POR POLÍMEROS RC1C-E","2022-05-01",3.77893,4.05661,4.14922,3.83179,3.9077,3.97544]
["EMULSÕES ASF. MOD. POR POLÍMEROS RC1C-E","2022-06-01",3.74209,3.84828,4.08917,3.81188,4.06546,3.95377]
["EMULSÕES ASF. MOD. POR POLÍMEROS RC1C-E","2022-07-01",3.7914,3.9642,4.16696,3.85914,3.9696,4.00022]
["EMULSÕES ASF. MOD. POR POLÍMEROS RC1C-E","2022-08-01",3.6862,4.10203,4.11557,3.77267,3.92379,3.98148]
["EMULSÕES ASF. MOD. POR POLÍMEROS RC1C-E","2022-09-01",3.55843,4.22606,3.95671,3.68067,3.85512,3.88374]
["EMULSÕES ASF. MOD. POR POLÍMEROS RC1C-E","2022-10-01",3.56225,3.80605,3.60907,3.48346,3.77595,3.60877]
["EMULSÕES ASF. MOD. POR POLÍMEROS RC1C-E","2022-11-01",3.65955,4.04861,3.91601,3.50164,3.64811,3.78921]
["EMULSÕES ASF. MOD. POR POLÍMEROS RC1C-E","2022-12-01",3.50693,4.00455,3.85053,3.47503,3.61804,3.76055]
["EMULSÕES ASF. MOD. POR POLÍMEROS RC1C-E","2023-01-01",3.47362,3.49982,3.58301,3.31579,3.53282,3.45017]
["EMULSÕES ASF. MOD. POR POLÍMEROS RC1C-E","2023-02-01",3.4813,3.4358,3.77791,3.25783,3.32404,3.47289]
["EMULSÕES ASF. MOD. POR POLÍMEROS RC1C-E","2023-03-01",4.23336,3.36129,3.67575,3.2409,3.07818,3.36871]
["EMULSÕES ASF. MOD. POR POLÍMEROS RC1C-E","2023-04-01",3.12569,3.21737,3.55642,3.27398,3.21337,3.33347]
["EMULSÕES ASF. MOD. POR POLÍMEROS RC1C-E","2023-05-01",2.9559,3.29871,3.48516,3.27537,3.13595,3.31627]
["EMULSÕES ASF. MOD. POR POLÍMEROS RC1C-E","2023-06-01",2.90361,3.2454,3.3302,3.11181,3.07314,3.20399]
["EMULSÕES ASF. MOD. POR POLÍMEROS RC1C-E","2023-07-01",3.0961,3.40586,3.42942,3.01434,3.10288,3.29338]
["EMULSÕES ASF. MOD. POR POLÍMEROS RC1C-E","2023-08-01",2.99205,3.31657,3.47544,3.0665,3.09373,3.28701]
["EMULSÕES ASF. MOD. POR POLÍMEROS RC1C-E","2023-09-01",3.49226,3.50275,3.60235,3.20482,3.26427,3.44779]
["EMULSÕES ASF. MOD. POR POLÍMEROS RL1C-E","2009-12-01","***",1.02372,1.53203,1.07259,1.18734,1.1884]
["EMULSÕES ASF. MOD. POR POLÍMEROS RL1C-E","2010-01-01","***",1.05856,1.48336,1.17665,1.20985,1.1402]
["EMULSÕES ASF. MOD. POR POLÍMEROS RL1C-E","2010-02-01","***",1.06011,1.42534,1.2112,1.20879,1.17478]
["EMULSÕES ASF. MOD. POR POLÍMEROS RL1C-E","2010-03-01","***",1.07424,1.36958,"***",1.17886,1.1462]
["EMULSÕES ASF. MOD. POR POLÍMEROS RL1C-E","2010-04-01","***",1.03176,1.27386,"***",1.19919,1.14102]
["EMULSÕES ASF. MOD. POR POLÍMEROS RL1C-E","2010-05-01","***",1.02493,1.31601,"***",1.2081,1.16576]
["EMULSÕES ASF. MOD. POR POLÍMEROS RL1C-E","2010-06-01","***",1.0631,1.26784,0.85332,1.18155,1.16927]
["EMULSÕES ASF. MOD. POR POLÍMEROS RL1C-E","2010-07-01","***",1.03014,1.33962,0.88134,1.13483,1.08753]
["EMULSÕES ASF. MOD. POR POLÍMEROS RL1C-E","2010-08-01","***",1.00084,1.25324,0.89368,1.13603,1.10209]
["EMULSÕES ASF. MOD. POR POLÍMEROS RL1C-E","2010-09-01","***",1.02448,1.21916,0.916,1.15328,1.08683]
["EMULSÕES ASF. MOD. POR POLÍMEROS RL1C-E","2010-10-01","***",0.9991,1.25343,0.91821,1.13739,1.10158]
["EMULSÕES ASF. MOD. POR POLÍMEROS RL1C-E","2010-11-01","***",0.99885,1.3123,0.94103,1.09964,1.08793]
["EMULSÕES ASF. MOD. POR POLÍMEROS RL1C-E","2010-12-01","***",1.02314,1.30052,0.91044,1.12769,1.11981]
["EMULSÕES ASF. MOD. POR POLÍMEROS RL1C-E","2011-01-01","***",1.06846,1.25995,0.91578,1.08763,1.08291]
["EMULSÕES ASF. MOD. POR POLÍMEROS RL1C-E","2011-02-01","***",1.04684,1.27891,1.1174,1.08679,1.1015]
["EMULSÕES ASF. MOD. POR POLÍMEROS RL1C-E","2011-03-01","***",1.04601,1.19347,0.99345,1.08159,1.07787]
["EMULSÕES ASF. MOD. POR POLÍMEROS RL1C-E","2011-04-01","***",0.95189,1.16507,0.8934,1.06026,1.07597]
["EMULSÕES ASF. MOD. POR POLÍMEROS RL1C-E","2011-05-01","***",1.02355,1.16606,1.0631,1.09033,1.10914]
["EMULSÕES ASF. MOD. POR POLÍMEROS RL1C-E","2011-06-01","***",1.00377,1.13943,1.061,1.09934,1.08799]
["EMULSÕES ASF. MOD. POR POLÍMEROS RL1C-E","2011-07-01","***",0.98571,1.09007,1.07126,1.10183,1.05905]
["EMULSÕES ASF. MOD. POR POLÍMEROS RL1C-E","2011-08-01","***",0.94732,1.17469,0.9868,1.07213,1.05983]
["EMULSÕES ASF. MOD. POR POLÍMEROS RL1C-E","2011-09-01","***","***",1.11944,1.04554,1.10816,1.10829]
["EMULSÕES ASF. MOD. POR POLÍMEROS RL1C-E","2011-10-01","***",0.91261,1.08694,0.87043,1.10258,1.06906]
["EMULSÕES ASF. MOD. POR POLÍMEROS RL1C-E","2011-11-01","***",0.96307,1.0957,0.82738,1.1349,1.08832]
["EMULSÕES ASF. MOD. POR POLÍMEROS RL1C-E","2011-12-01","***",0.87379,1.0967,1.04334,1.15886,1.10923]
["EMULSÕES ASF. MOD. POR POLÍMEROS RL1C-E","2012-01-01","***","***",1.08777,1.04619,1.08585,1.07627]
["EMULSÕES ASF. MOD. POR POLÍMEROS RL1C-E","2012-02-01","***","***",1.18364,"***",1.07091,1.08364]
["EMULSÕES ASF. MOD. POR POLÍMEROS RL1C-E","2012-03-01","***","***",1.08429,"***",1.10598,1.0987]
["EMULSÕES ASF. MOD. POR POLÍMEROS RL1C-E","2012-04-01","***","***",1.10954,"***",1.18912,1.13235]
["EMULSÕES ASF. MOD. POR POLÍMEROS RL1C-E","2012-05-01","***",0.94465,1.09851,1.0165,1.16732,1.10637]
["EMULSÕES ASF. MOD. POR POLÍMEROS RL1C-E","2012-06-01","***",0.96163,1.16106,1.04495,1.13518,1.14959]
["EMULSÕES ASF. MOD. POR POLÍMEROS RL1C-E","2012-07-01","***",0.95782,1.20187,1.05078,1.0943,1.17748]
["EMULSÕES ASF. MOD. POR POLÍMEROS RL1C-E","2012-08-01","***","***",1.23273,0.9999,1.13692,1.21084]
["EMULSÕES ASF. MOD. POR POLÍMEROS RL1C-E","2012-09-01","***",1.06264,1.24211,1.06135,1.13719,1.22184]
["EMULSÕES ASF. MOD. POR POLÍMEROS RL1C-E","2012-10-01","***",1.06264,1.23568,1.02084,1.14674,1.18519]
["EMULSÕES ASF. MOD. POR POLÍMEROS RL1C-E","2012-11-01","***","***",1.25162,1.03938,1.17763,1.15573]
["EMULSÕES ASF. MOD. POR POLÍMEROS RL1C-E","2012-12-01","***","***",1.26081,0.92765,1.11257,1.07067]
["EMULSÕES ASF. MOD. POR POLÍMEROS RL1C-E","2013-01-01","***",0.91137,1.1786,0.99686,1.15805,1.09045]
["EMULSÕES ASF. MOD. POR POLÍMEROS RL1C-E","2013-02-01","***","***",1.08152,1.10086,1.1232,1.10503]
["EMULSÕES ASF. MOD. POR POLÍMEROS RL1C-E","2013-03-01","***",0.91446,1.00621,1.08685,1.154,1.06614]
["EMULSÕES ASF. MOD. POR POLÍMEROS RL1C-E","2013-04-01","***",0.91446,1.14759,1.06401,1.23292,1.12373]
["EMULSÕES ASF. MOD. POR POLÍMEROS RL1C-E","2013-05-01","***",1.05153,1.18474,1.06857,1.34288,1.1471]
["EMULSÕES ASF. MOD. POR POLÍMEROS RL1C-E","2013-06-01","***","***",1.18452,1.12835,1.29492,1.16568]
["EMULSÕES ASF. MOD. POR POLÍMEROS RL1C-E","2013-07-01","***",0.996,1.19754,1.1238,1.22414,1.16281]
["EMULSÕES ASF. MOD. POR POLÍMEROS RL1C-E","2013-08-01","***",0.99603,1.24941,1.13812,1.3114,1.20089]
["EMULSÕES ASF. MOD. POR POLÍMEROS RL1C-E","2013-09-01","***",1.13123,1.25206,1.18538,1.35304,1.23455]
["EMULSÕES ASF. MOD. POR POLÍMEROS RL1C-E","2013-10-01","***",1.11706,1.19456,1.12886,1.39299,1.19541]
["EMULSÕES ASF. MOD. POR POLÍMEROS RL1C-E","2013-11-01","***",1.12945,1.25197,1.17197,1.37267,1.25415]
["EMULSÕES ASF. MOD. POR POLÍMEROS RL1C-E","2013-12-01","***",1.12945,1.299,1.15737,1.28797,1.27549]
["EMULSÕES ASF. MOD. POR POLÍMEROS RL1C-E","2014-01-01","***",1.14277,1.37239,1.2065,1.25606,1.27969]
["EMULSÕES ASF. MOD. POR POLÍMEROS RL1C-E","2014-02-01","***",1.1436,1.22998,1.03731,1.21043,1.16267]
["EMULSÕES ASF. MOD. POR POLÍMEROS RL1C-E","2014-03-01","***",1.03188,1.2304,0.88554,1.22022,1.11593]
["EMULSÕES ASF. MOD. POR POLÍMEROS RL1C-E","2014-04-01","***",0.90586,1.21498,0.92704,1.23508,1.13595]
["EMULSÕES ASF. MOD. POR POLÍMEROS RL1C-E","2014-05-01","***",1.25752,1.26973,1.11207,1.23556,1.24507]
["EMULSÕES ASF. MOD. POR POLÍMEROS RL1C-E","2014-06-01","***",1.41828,1.26734,1.09249,1.26617,1.2576]
["EMULSÕES ASF. MOD. POR POLÍMEROS RL1C-E","2014-07-01",1.3552,1.22117,1.10322,0.95884,1.2805,1.10869]
["EMULSÕES ASF. MOD. POR POLÍMEROS RL1C-E","2014-08-01",1.57519,1.02614,1.0015,0.92556,1.30607,1.01597]
["EMULSÕES ASF. MOD. POR POLÍMEROS RL1C-E","2014-09-01","***",1.23402,1.26977,0.9307,1.29576,1.25071]
["EMULSÕES ASF. MOD. POR POLÍMEROS RL1C-E","2014-10-01",0.89762,1.13229,1.13537,0.98688,1.22132,1.11717]
["EMULSÕES ASF. MOD. POR POLÍMEROS RL1C-E","2014-11-01",0.90525,1.01021,1.14368,1.03476,1.2373,1.12275]
["EMULSÕES ASF. MOD. POR POLÍMEROS RL1C-E","2014-12-01",0.99155,1.62386,1.10795,1.31987,1.38468,1.16927]
["EMULSÕES ASF. MOD. POR POLÍMEROS RL1C-E","2015-01-01","***",1.77831,1.5562,1.20302,1.24112,1.5202]
["EMULSÕES ASF. MOD. POR POLÍMEROS RL1C-E","2015-02-01","***",1.49,1.27773,1.56364,1.5059,1.37085]
["EMULSÕES ASF. MOD. POR POLÍMEROS RL1C-E","2015-03-01","***",1.37091,1.38925,1.56853,1.31797,1.36411]
["EMULSÕES ASF. MOD. POR POLÍMEROS RL1C-E","2015-04-01","***",1.22348,1.50864,1.53612,1.42247,1.4028]
["EMULSÕES ASF. MOD. POR POLÍMEROS RL1C-E","2015-05-01","***",1.19593,1.44425,1.48895,1.40427,1.42964]
["EMULSÕES ASF. MOD. POR POLÍMEROS RL1C-E","2015-06-01","***","***",1.44364,1.56526,1.27606,1.38713]
["EMULSÕES ASF. MOD. POR POLÍMEROS RL1C-E","2015-07-01","***",1.86,1.17675,1.10297,1.21868,1.19263]
["EMULSÕES ASF. MOD. POR POLÍMEROS RL1C-E","2015-08-01","***","***",1.5063,1.22019,1.39745,1.47559]
["EMULSÕES ASF. MOD. POR POLÍMEROS RL1C-E","2015-09-01",1.5381,"***",1.49765,1.28326,1.33251,1.47139]
["EMULSÕES ASF. MOD. POR POLÍMEROS RL1C-E","2015-10-01",1.53963,1.20509,1.5299,1.13005,1.59692,1.43584]
["EMULSÕES ASF. MOD. POR POLÍMEROS RL1C-E","2015-11-01",1.70207,1.78586,1.80879,1.61657,1.67411,1.75311]
["EMULSÕES ASF. MOD. POR POLÍMEROS RL1C-E","2015-12-01",1.7816,"***",1.70826,1.74004,1.43546,1.7101]
["EMULSÕES ASF. MOD. POR POLÍMEROS RL1C-E","2016-01-01","***","***",1.7429,1.27075,1.46317,1.46284]
["EMULSÕES ASF. MOD. POR POLÍMEROS RL1C-E","2016-02-01",1.64945,"***",1.58793,1.67858,1.62736,1.6131]
["EMULSÕES ASF. MOD. POR POLÍMEROS RL1C-E","2016-03-01",1.62855,"***",1.71725,1.5489,1.35365,1.68786]
["EMULSÕES ASF. MOD. POR POLÍMEROS RL1C-E","2016-04-01",1.6735,2.37,1.95559,"***",1.54168,1.92025]
["EMULSÕES ASF. MOD. POR POLÍMEROS RL1C-E","2016-05-01",1.69437,"***",1.98666,1.59203,1.70017,1.7926]
["EMULSÕES ASF. MOD. POR POLÍMEROS RL1C-E","2016-06-01",1.64098,"***",2.04896,1.5188,1.59189,1.7569]
["EMULSÕES ASF. MOD. POR POLÍMEROS RL1C-E","2016-07-01",1.64171,"***",2.01336,1.43981,1.4558,1.71239]
["EMULSÕES ASF. MOD. POR POLÍMEROS RL1C-E","2016-08-01",1.68981,"***",1.90064,1.49489,1.45605,1.78658]
["EMULSÕES ASF. MOD. POR POLÍMEROS RL1C-E","2016-09-01",1.46652,"***",1.76348,1.44846,1.371,1.67756]
["EMULSÕES ASF. MOD. POR POLÍMEROS RL1C-E","2016-10-01",1.42184,1.45,1.82141,2.1332,1.371,1.77924]
["EMULSÕES ASF. MOD. POR POLÍMEROS RL1C-E","2016-11-01",1.43159,"***",2.29058,1.91882,1.371,2.18803]
["EMULSÕES ASF. MOD. POR POLÍMEROS RL1C-E","2016-12-01","***","***",2.12126,1.87625,1.37098,2.00585]
["EMULSÕES ASF. MOD. POR POLÍMEROS RL1C-E","2017-01-01","***","***",2.33817,1.94046,1.37097,2.04451]
["EMULSÕES ASF. MOD. POR POLÍMEROS RL1C-E","2017-02-01","***","***",2.08343,2.21058,1.37097,2.09841]
["EMULSÕES ASF. MOD. POR POLÍMEROS RL1C-E","2017-03-01","***","***",2.25347,2.25757,1.37097,2.06081]
["EMULSÕES ASF. MOD. POR POLÍMEROS RL1C-E","2017-04-01","***","***",2.42311,2.04767,1.36658,2.19814]
["EMULSÕES ASF. MOD. POR POLÍMEROS RL1C-E","2017-05-01",1.36532,"***",2.194,2.16914,1.36658,1.96304]
["EMULSÕES ASF. MOD. POR POLÍMEROS RL1C-E","2017-06-01",1.37873,"***",2.18126,1.87351,"***",2.02619]
["EMULSÕES ASF. MOD. POR POLÍMEROS RL1C-E","2017-07-01",1.37233,"***",2.10248,1.77973,"***",2.05591]
["EMULSÕES ASF. MOD. POR POLÍMEROS RL1C-E","2017-08-01","***","***",1.90424,2.13845,"***",1.90851]
["EMULSÕES ASF. MOD. POR POLÍMEROS RL1C-E","2017-09-01",1.38058,"***",2.06714,2.04186,"***",2.03764]
["EMULSÕES ASF. MOD. POR POLÍMEROS RL1C-E","2017-10-01",1.41239,"***",2.0409,2.24841,"***",2.06956]
["EMULSÕES ASF. MOD. POR POLÍMEROS RL1C-E","2017-11-01",1.47127,1.55925,2.13383,2.24707,"***",2.10787]
["EMULSÕES ASF. MOD. POR POLÍMEROS RL1C-E","2017-12-01",1.47127,1.55925,2.18983,2.38046,"***",2.12801]
["EMULSÕES ASF. MOD. POR POLÍMEROS RL1C-E","2018-01-01","***","***",1.61457,"***","***",1.61457]
["EMULSÕES ASF. MOD. POR POLÍMEROS RL1C-E","2018-02-01","***","***",1.58728,"***","***",1.58728]
["EMULSÕES ASF. MOD. POR POLÍMEROS RL1C-E","2018-03-01","***","***",1.64763,"***","***",1.64763]
["EMULSÕES ASF. MOD. POR POLÍMEROS RL1C-E","2018-04-01","***","***",1.62524,1.61806,"***",1.62469]
["EMULSÕES ASF. MOD. POR POLÍMEROS RL1C-E","2018-05-01","***","***",1.58775,"***","***",1.58775]
["EMULSÕES ASF. MOD. POR POLÍMEROS RL1C-E","2018-06-01","***","***",1.83293,"***","***",1.83293]
["EMULSÕES ASF. MOD. POR POLÍMEROS RL1C-E","2018-07-01","***","***",1.90748,2.30344,"***",1.94392]
["EMULSÕES ASF. MOD. POR POLÍMEROS RL1C-E","2018-08-01",1.927,"***",2.03784,"***","***",2.03585]
["EMULSÕES ASF. MOD. POR POLÍMEROS RL1C-E","2018-09-01","***","***",2.18555,"***","***",2.18555]
["EMULSÕES ASF. MOD. POR POLÍMEROS RL1C-E","2018-10-01","***",1.98056,2.09376,1.968,"***",2.08645]
["EMULSÕES ASF. MOD. POR POLÍMEROS RL1C-E","2018-11-01","***",2.23256,2.35832,2.1648,"***",2.33527]
["EMULSÕES ASF. MOD. POR POLÍMEROS RL1C-E","2018-12-01","***",2.03,2.07156,"***","***",2.05185]
["EMULSÕES ASF. MOD. POR POLÍMEROS RL1C-E","2019-01-01","***",2.23256,2.36387,"***","***",2.35052]
["EMULSÕES ASF. MOD. POR POLÍMEROS RL1C-E","2019-02-01","***","***",2.51289,"***",2.18248,2.51223]
["EMULSÕES ASF. MOD. POR POLÍMEROS RL1C-E","2019-03-01","***","***",2.55257,"***","***",2.55257]
["EMULSÕES ASF. MOD. POR POLÍMEROS RL1C-E","2019-04-01","***","***",2.51901,"***","***",2.51901]
["EMULSÕES ASF. MOD. POR POLÍMEROS RL1C-E","2019-05-01","***","***",2.59475,"***","***",2.59475]
["EMULSÕES ASF. MOD. POR POLÍMEROS RL1C-E","2019-06-01","***","***",2.57568,"***","***",2.57568]
["EMULSÕES ASF. MOD. POR POLÍMEROS RL1C-E","2019-07-01","***","***",2.6339,"***",3.60112,2.63646]
["EMULSÕES ASF. MOD. POR POLÍMEROS RL1C-E","2019-08-01","***","***",2.4592,"***","***",2.4592]
["EMULSÕES ASF. MOD. POR POLÍMEROS RL1C-E","2019-09-01","***","***",2.60961,"***","***",2.60961]
["EMULSÕES ASF. MOD. POR POLÍMEROS RL1C-E","2019-10-01","***","***",2.58629,1.92757,"***",2.41615]
["EMULSÕES ASF. MOD. POR POLÍMEROS RL1C-E","2019-11-01",2.05905,1.953,2.34418,1.91057,"***",2.19841]
["EMULSÕES ASF. MOD. POR POLÍMEROS RL1C-E","2019-12-01","***","***",2.33974,1.91726,"***",2.26082]
["EMULSÕES ASF. MOD. POR POLÍMEROS RL1C-E","2020-01-01","***","***",2.65401,2.1825,"***",2.51096]
["EMULSÕES ASF. MOD. POR POLÍMEROS RL1C-E","2020-02-01","***","***","***","***","***","***"]
["EMULSÕES ASF. MOD. POR POLÍMEROS RL1C-E","2020-03-01","***","***",2.22988,"***","***",2.22988]
["EMULSÕES ASF. MOD. POR POLÍMEROS RL1C-E","2020-04-01","***","***",2.22859,"***","***",2.22859]
["EMULSÕES ASF. MOD. POR POLÍMEROS RL1C-E","2020-05-01","***","***",2.26176,"***",3.60112,2.26644]
["EMULSÕES ASF. MOD. POR POLÍMEROS RL1C-E","2020-06-01","***","***",2.17539,"***","***",2.17539]
["EMULSÕES ASF. MOD. POR POLÍMEROS RL1C-E","2020-07-01","***",1.86295,2.13249,"***","***",2.06477]
["EMULSÕES ASF. MOD. POR POLÍMEROS RL1C-E","2020-08-01",2.13284,2.0277,2.20731,2.02171,"***",2.14053]
["EMULSÕES ASF. MOD. POR POLÍMEROS RL1C-E","2020-09-01",2.15843,2.01637,2.19261,2.02171,3.27375,2.11988]
["EMULSÕES ASF. MOD. POR POLÍMEROS RL1C-E","2020-10-01",2.35676,1.96641,2.18526,"***","***",2.10727]
["EMULSÕES ASF. MOD. POR POLÍMEROS RL1C-E","2020-11-01",2.10659,2.03084,2.27237,"***","***",2.18867]
["EMULSÕES ASF. MOD. POR POLÍMEROS RL1C-E","2020-12-01",2.10276,2.0998,2.33403,"***","***",2.17194]
["EMULSÕES ASF. MOD. POR POLÍMEROS RL1C-E","2021-01-01","***",2.14252,2.48504,"***","***",2.2294]
["EMULSÕES ASF. MOD. POR POLÍMEROS RL1C-E","2021-02-01","***",2.21311,2.67525,"***","***",2.29088]
["EMULSÕES ASF. MOD. POR POLÍMEROS RL1C-E","2021-03-01","***",2.22661,2.3237,"***",4.89244,2.25169]
["EMULSÕES ASF. MOD. POR POLÍMEROS RL1C-E","2021-04-01","***",2.22263,2.37749,"***","***",2.28096]
["EMULSÕES ASF. MOD. POR POLÍMEROS RL1C-E","2021-05-01","***",2.64082,2.82012,"***","***",2.77825]
["EMULSÕES ASF. MOD. POR POLÍMEROS RL1C-E","2021-06-01",2.7941,2.72198,2.73033,"***",5.87455,2.73256]
["EMULSÕES ASF. MOD. POR POLÍMEROS RL1C-E","2021-07-01",2.60316,2.74355,2.87858,"***",5.87456,2.86551]
["EMULSÕES ASF. MOD. POR POLÍMEROS RL1C-E","2021-08-01","***",2.83098,3.07693,3.1687,"***",3.04526]
["EMULSÕES ASF. MOD. POR POLÍMEROS RL1C-E","2021-09-01",2.78978,2.83098,3.09505,3.1687,"***",2.99712]
["EMULSÕES ASF. MOD. POR POLÍMEROS RL1C-E","2021-10-01","***",2.83098,2.98904,"***","***",2.96428]
["EMULSÕES ASF. MOD. POR POLÍMEROS RL1C-E","2021-11-01","***",3.02915,2.99344,"***","***",2.99612]
["EMULSÕES ASF. MOD. POR POLÍMEROS RL1C-E","2021-12-01",2.50285,3.02915,3.38856,"***","***",3.29991]
["EMULSÕES ASF. MOD. POR POLÍMEROS RL1C-E","2022-01-01","***","***",3.38381,"***",3.34833,3.3838]
["EMULSÕES ASF. MOD. POR POLÍMEROS RL1C-E","2022-02-01","***","***",4.02852,"***","***",4.02852]
["EMULSÕES ASF. MOD. POR POLÍMEROS RL1C-E","2022-03-01","***","***",3.74345,"***","***",3.74345]
["EMULSÕES ASF. MOD. POR POLÍMEROS RL1C-E","2022-04-01","***",3.38108,3.87674,"***","***",3.84405]
["EMULSÕES ASF. MOD. POR POLÍMEROS RL1C-E","2022-05-01","***","***",3.87692,"***","***",3.87692]
["EMULSÕES ASF. MOD. POR POLÍMEROS RL1C-E","2022-06-01","***","***",3.85265,"***","***",3.85265]
["EMULSÕES ASF. MOD. POR POLÍMEROS RL1C-E","2022-07-01","***",3.51294,3.84241,"***","***",3.69374]
["EMULSÕES ASF. MOD. POR POLÍMEROS RL1C-E","2022-08-01","***",3.60545,3.96194,"***","***",3.82954]
["EMULSÕES ASF. MOD. POR POLÍMEROS RL1C-E","2022-09-01","***",3.62462,3.83628,"***","***",3.72122]
["EMULSÕES ASF. MOD. POR POLÍMEROS RL1C-E","2022-10-01","***",3.61255,3.43707,"***","***",3.5107]
["EMULSÕES ASF. MOD. POR POLÍMEROS RL1C-E","2022-11-01","***",3.54313,3.57525,"***","***",3.56448]
["EMULSÕES ASF. MOD. POR POLÍMEROS RL1C-E","2022-12-01","***",3.49797,3.57283,"***","***",3.52511]
["EMULSÕES ASF. MOD. POR POLÍMEROS RL1C-E","2023-01-01","***",3.43182,"***","***","***",3.43182]
["EMULSÕES ASF. MOD. POR POLÍMEROS RL1C-E","2023-02-01","***",3.41769,3.95122,"***","***",3.88543]
["EMULSÕES ASF. MOD. POR POLÍMEROS RL1C-E","2023-03-01","***","***",3.34655,4.00888,"***",3.53037]
["EMULSÕES ASF. MOD. POR POLÍMEROS RL1C-E","2023-04-01","***","***",3.62666,4.16543,"***",3.65576]
["EMULSÕES ASF. MOD. POR POLÍMEROS RL1C-E","2023-05-01","***","***",3.78132,4.15368,"***",3.7934]
["EMULSÕES ASF. MOD. POR POLÍMEROS RL1C-E","2023-06-01","***","***",3.45355,3.41828,"***",3.4535]
["EMULSÕES ASF. MOD. POR POLÍMEROS RL1C-E","2023-07-01","***","***",3.49995,4.08492,"***",3.55042]
["EMULSÕES ASF. MOD. POR POLÍMEROS RL1C-E","2023-08-01","***",3.2111,3.52564,"***","***",3.45385]
["EMULSÕES ASF. MOD. POR POLÍMEROS RL1C-E","2023-09-01","***",3.45262,3.49896,4.18156,"***",3.56136]
["EMULSÕES ASF. MOD. POR POLÍMEROS RM1C-E","2009-12-01","***","***","***","***","***","***"]
["EMULSÕES ASF. MOD. POR POLÍMEROS RM1C-E","2010-01-01","***","***","***","***","***","***"]
["EMULSÕES ASF. MOD. POR POLÍMEROS RM1C-E","2010-02-01","***","***","***","***","***","***"]
["EMULSÕES ASF. MOD. POR POLÍMEROS RM1C-E","2010-03-01","***","***","***","***","***","***"]
["EMULSÕES ASF. MOD. POR POLÍMEROS RM1C-E","2010-04-01","***","***","***","***",0.98839,0.98839]
["EMULSÕES ASF. MOD. POR POLÍMEROS RM1C-E","2010-05-01","***","***","***","***",1.00019,1.00019]
["EMULSÕES ASF. MOD. POR POLÍMEROS RM1C-E","2010-06-01","***","***","***","***",1.0179,1.0179]
["EMULSÕES ASF. MOD. POR POLÍMEROS RM1C-E","2010-07-01","***","***","***","***",1.00525,1.00525]
["EMULSÕES ASF. MOD. POR POLÍMEROS RM1C-E","2010-08-01","***","***","***","***","***","***"]
["EMULSÕES ASF. MOD. POR POLÍMEROS RM1C-E","2010-09-01","***","***","***","***","***","***"]
["EMULSÕES ASF. MOD. POR POLÍMEROS RM1C-E","2010-10-01","***","***","***","***","***","***"]
["EMULSÕES ASF. MOD. POR POLÍMEROS RM1C-E","2010-11-01","***","***","***","***","***","***"]
["EMULSÕES ASF. MOD. POR POLÍMEROS RM1C-E","2010-12-01","***","***","***","***","***","***"]
["EMULSÕES ASF. MOD. POR POLÍMEROS RM1C-E","2011-01-01","***","***","***","***","***","***"]
["EMULSÕES ASF. MOD. POR POLÍMEROS RM1C-E","2011-02-01","***","***","***","***","***","***"]
["EMULSÕES ASF. MOD. POR POLÍMEROS RM1C-E","2011-03-01","***","***","***","***","***","***"]
["EMULSÕES ASF. MOD. POR POLÍMEROS RM1C-E","2011-04-01","***","***","***","***","***","***"]
["EMULSÕES ASF. MOD. POR POLÍMEROS RM1C-E","2011-05-01","***","***","***","***","***","***"]
["EMULSÕES ASF. MOD. POR POLÍMEROS RM1C-E","2011-06-01","***","***","***","***","***","***"]
["EMULSÕES ASF. MOD. POR POLÍMEROS RM1C-E","2011-07-01","***","***","***","***","***","***"]
["EMULSÕES ASF. MOD. POR POLÍMEROS RM1C-E","2011-08-01","***","***","***","***","***","***"]
["EMULSÕES ASF. MOD. POR POLÍMEROS RM1C-E","2011-09-01","***","***","***","***","***","***"]
["EMULSÕES ASF. MOD. POR POLÍMEROS RM1C-E","2011-10-01","***","***","***","***","***","***"]
["EMULSÕES ASF. MOD. POR POLÍMEROS RM1C-E","2011-11-01","***","***","***","***","***","***"]
["EMULSÕES ASF. MOD. POR POLÍMEROS RM1C-E","2011-12-01","***","***","***","***","***","***"]
["EMULSÕES ASF. MOD. POR POLÍMEROS RM1C-E","2012-01-01","***","***","***","***","***","***"]
["EMULSÕES ASF. MOD. POR POLÍMEROS RM1C-E","2012-02-01","***","***","***","***","***","***"]
["EMULSÕES ASF. MOD. POR POLÍMEROS RM1C-E","2012-03-01","***","***","***","***","***","***"]
["EMULSÕES ASF. MOD. POR POLÍMEROS RM1C-E","2012-04-01","***","***","***","***","***","***"]
["EMULSÕES ASF. MOD. POR POLÍMEROS RM1C-E","2012-05-01","***","***","***","***","***","***"]
["EMULSÕES ASF. MOD. POR POLÍMEROS RM1C-E","2012-06-01","***","***","***","***","***","***"]
["EMULSÕES ASF. MOD. POR POLÍMEROS RM1C-E","2012-07-01","***","***","***","***","***","***"]
["EMULSÕES ASF. MOD. POR POLÍMEROS RM1C-E","2012-08-01","***","***","***","***","***","***"]
["EMULSÕES ASF. MOD. POR POLÍMEROS RM1C-E","2012-09-01","***","***","***","***","***","***"]
["EMULSÕES ASF. MOD. POR POLÍMEROS RM1C-E","2012-10-01","***","***","***","***","***","***"]
["EMULSÕES ASF. MOD. POR POLÍMEROS RM1C-E","2012-11-01","***","***","***","***","***","***"]
["EMULSÕES ASF. MOD. POR POLÍMEROS RM1C-E","2012-12-01","***","***","***","***","***","***"]
["EMULSÕES ASF. MOD. POR POLÍMEROS RM1C-E","2013-01-01","***","***","***","***","***","***"]
["EMULSÕES ASF. MOD. POR POLÍMEROS RM1C-E","2013-02-01","***","***","***","***","***","***"]
["EMULSÕES ASF. MOD. POR POLÍMEROS RM1C-E","2013-03-01","***","***","***","***","***","***"]
["EMULSÕES ASF. MOD. POR POLÍMEROS RM1C-E","2013-04-01","***","***","***","***","***","***"]
["EMULSÕES ASF. MOD. POR POLÍMEROS RM1C-E","2013-05-01","***","***","***","***","***","***"]
["EMULSÕES ASF. MOD. POR POLÍMEROS RM1C-E","2013-06-01","***","***","***","***","***","***"]
["EMULSÕES ASF. MOD. POR POLÍMEROS RM1C-E","2013-07-01","***","***","***","***","***","***"]
["EMULSÕES ASF. MOD. POR POLÍMEROS RM1C-E","2013-08-01","***","***","***","***","***","***"]
["EMULSÕES ASF. MOD. POR POLÍMEROS RM1C-E","2013-09-01","***","***","***","***","***","***"]
["EMULSÕES ASF. MOD. POR POLÍMEROS RM1C-E","2013-10-01","***","***","***","***",1.672,1.672]
["EMULSÕES ASF. MOD. POR POLÍMEROS RM1C-E","2013-11-01","***","***","***","***","***","***"]
["EMULSÕES ASF. MOD. POR POLÍMEROS RM1C-E","2013-12-01","***","***","***","***","***","***"]
["EMULSÕES ASF. MOD. POR POLÍMEROS RM1C-E","2014-01-01","***","***","***","***","***","***"]
["EMULSÕES ASF. MOD. POR POLÍMEROS RM1C-E","2014-02-01","***","***","***","***","***","***"]
["EMULSÕES ASF. MOD. POR POLÍMEROS RM1C-E","2014-03-01","***","***","***","***","***","***"]
["EMULSÕES ASF. MOD. POR POLÍMEROS RM1C-E","2014-04-01","***","***","***","***","***","***"]
["EMULSÕES ASF. MOD. POR POLÍMEROS RM1C-E","2014-05-01","***","***","***","***","***","***"]
["EMULSÕES ASF. MOD. POR POLÍMEROS RM1C-E","2014-06-01","***","***","***","***","***","***"]
["EMULSÕES ASF. MOD. POR POLÍMEROS RM1C-E","2014-07-01","***","***","***","***","***","***"]
["EMULSÕES ASF. MOD. POR POLÍMEROS RM1C-E","2014-08-01","***","***",1.49131,"***","***",1.49131]
["EMULSÕES ASF. MOD. POR POLÍMEROS RM1C-E","2014-09-01","***","***","***","***","***","***"]
["EMULSÕES ASF. MOD. POR POLÍMEROS RM1C-E","2014-10-01","***","***","***","***","***","***"]
["EMULSÕES ASF. MOD. POR POLÍMEROS RM1C-E","2014-11-01","***","***","***","***","***","***"]
["EMULSÕES ASF. MOD. POR POLÍMEROS RM1C-E","2014-12-01","***","***","***","***","***","***"]
["EMULSÕES ASF. MOD. POR POLÍMEROS RM1C-E","2015-01-01","***","***","***","***","***","***"]
["EMULSÕES ASF. MOD. POR POLÍMEROS RM1C-E","2015-02-01","***","***","***","***","***","***"]
["EMULSÕES ASF. MOD. POR POLÍMEROS RM1C-E","2015-03-01","***","***","***","***","***","***"]
["EMULSÕES ASF. MOD. POR POLÍMEROS RM1C-E","2015-04-01","***","***","***","***","***","***"]
["EMULSÕES ASF. MOD. POR POLÍMEROS RM1C-E","2015-05-01","***","***","***","***","***","***"]
["EMULSÕES ASF. MOD. POR POLÍMEROS RM1C-E","2015-06-01","***","***","***","***","***","***"]
["EMULSÕES ASF. MOD. POR POLÍMEROS RM1C-E","2015-07-01","***","***","***",1.65802,"***",1.65802]
["EMULSÕES ASF. MOD. POR POLÍMEROS RM1C-E","2015-08-01","***","***","***","***","***","***"]
["EMULSÕES ASF. MOD. POR POLÍMEROS RM1C-E","2015-09-01","***","***","***","***","***","***"]
["EMULSÕES ASF. MOD. POR POLÍMEROS RM1C-E","2015-10-01","***","***","***","***","***","***"]
["EMULSÕES ASF. MOD. POR POLÍMEROS RM1C-E","2015-11-01","***","***","***","***","***","***"]
["EMULSÕES ASF. MOD. POR POLÍMEROS RM1C-E","2015-12-01","***","***","***",2.16264,"***",2.16264]
["EMULSÕES ASF. MOD. POR POLÍMEROS RM1C-E","2016-01-01","***","***","***",2.16264,"***",2.16264]
["EMULSÕES ASF. MOD. POR POLÍMEROS RM1C-E","2016-02-01","***","***","***","***","***","***"]
["EMULSÕES ASF. MOD. POR POLÍMEROS RM1C-E","2016-03-01","***","***","***","***","***","***"]
["EMULSÕES ASF. MOD. POR POLÍMEROS RM1C-E","2016-04-01","***","***","***","***","***","***"]
["EMULSÕES ASF. MOD. POR POLÍMEROS RM1C-E","2016-05-01","***","***","***","***","***","***"]
["EMULSÕES ASF. MOD. POR POLÍMEROS RM1C-E","2016-06-01","***","***","***","***","***","***"]
["EMULSÕES ASF. MOD. POR POLÍMEROS RM1C-E","2016-07-01","***","***","***","***","***","***"]
["EMULSÕES ASF. MOD. POR POLÍMEROS RM1C-E","2016-08-01","***","***","***","***","***","***"]
["EMULSÕES ASF. MOD. POR POLÍMEROS RM1C-E","2016-09-01","***","***","***","***","***","***"]
["EMULSÕES ASF. MOD. POR POLÍMEROS RM1C-E","2016-10-01","***","***","***","***","***","***"]
["EMULSÕES ASF. MOD. POR POLÍMEROS RM1C-E","2016-11-01","***","***","***","***","***","***"]
["EMULSÕES ASF. MOD. POR POLÍMEROS RM1C-E","2016-12-01","***","***","***",1.7302,"***",1.7302]
["EMULSÕES ASF. MOD. POR POLÍMEROS RM1C-E","2017-01-01","***","***","***","***","***","***"]
["EMULSÕES ASF. MOD. POR POLÍMEROS RM1C-E","2017-02-01","***","***","***",2.27077,"***",2.27077]
["EMULSÕES ASF. MOD. POR POLÍMEROS RM1C-E","2017-03-01","***","***","***","***","***","***"]
["EMULSÕES ASF. MOD. POR POLÍMEROS RM1C-E","2017-04-01","***","***","***","***","***","***"]
["EMULSÕES ASF. MOD. POR POLÍMEROS RM1C-E","2017-05-01","***","***","***","***","***","***"]
["EMULSÕES ASF. MOD. POR POLÍMEROS RM1C-E","2017-06-01","***","***","***","***","***","***"]
["EMULSÕES ASF. MOD. POR POLÍMEROS RM1C-E","2017-07-01","***","***","***","***","***","***"]
["EMULSÕES ASF. MOD. POR POLÍMEROS RM1C-E","2017-08-01","***","***","***","***","***","***"]
["EMULSÕES ASF. MOD. POR POLÍMEROS RM1C-E","2017-09-01","***","***","***","***","***","***"]
["EMULSÕES ASF. MOD. POR POLÍMEROS RM1C-E","2017-10-01","***","***","***","***","***","***"]
["EMULSÕES ASF. MOD. POR POLÍMEROS RM1C-E","2017-11-01","***","***","***","***","***","***"]
["EMULSÕES ASF. MOD. POR POLÍMEROS RM1C-E","2017-12-01","***","***","***","***","***","***"]
["EMULSÕES ASF. MOD. POR POLÍMEROS RM1C-E","2018-01-01","***","***","***","***","***","***"]
["EMULSÕES ASF. MOD. POR POLÍMEROS RM1C-E","2018-02-01","***","***","***","***","***","***"]
["EMULSÕES ASF. MOD. POR POLÍMEROS RM1C-E","2018-03-01","***","***","***","***","***","***"]
["EMULSÕES ASF. MOD. POR POLÍMEROS RM1C-E","2018-04-01","***","***","***","***","***","***"]
["EMULSÕES ASF. MOD. POR POLÍMEROS RM1C-E","2018-05-01","***","***","***","***","***","***"]
["EMULSÕES ASF. MOD. POR POLÍMEROS RM1C-E","2018-06-01","***","***","***","***","***","***"]
["EMULSÕES ASF. MOD. POR POLÍMEROS RM1C-E","2018-07-01","***","***","***","***","***","***"]
["EMULSÕES ASF. MOD. POR POLÍMEROS RM1C-E","2018-08-01","***","***","***","***","***","***"]
["EMULSÕES ASF. MOD. POR POLÍMEROS RM1C-E","2018-09-01","***","***","***","***","***","***"]
["EMULSÕES ASF. MOD. POR POLÍMEROS RM1C-E","2018-10-01","***","***","***","***","***","***"]
["EMULSÕES ASF. MOD. POR POLÍMEROS RM1C-E","2018-11-01","***","***","***","***","***","***"]
["EMULSÕES ASF. MOD. POR POLÍMEROS RM1C-E","2018-12-01","***","***","***","***","***","***"]
["EMULSÕES ASF. MOD. POR POLÍMEROS RM1C-E","2019-01-01","***","***","***","***","***","***"]
["EMULSÕES ASF. MOD. POR POLÍMEROS RM1C-E","2019-02-01","***","***","***","***","***","***"]
["EMULSÕES ASF. MOD. POR POLÍMEROS RM1C-E","2019-03-01","***","***","***","***","***","***"]
["EMULSÕES ASF. MOD. POR POLÍMEROS RM1C-E","2019-04-01","***","***","***","***","***","***"]
["EMULSÕES ASF. MOD. POR POLÍMEROS RM1C-E","2019-05-01","***","***","***","***","***","***"]
["EMULSÕES ASF. MOD. POR POLÍMEROS RM1C-E","2019-06-01","***","***","***","***","***","***"]
["EMULSÕES ASF. MOD. POR POLÍMEROS RM1C-E","2019-07-01","***","***","***","***","***","***"]
["EMULSÕES ASF. MOD. POR POLÍMEROS RM1C-E","2019-08-01","***","***","***","***","***","***"]
["EMULSÕES ASF. MOD. POR POLÍMEROS RM1C-E","2019-09-01","***","***","***","***","***","***"]
["EMULSÕES ASF. MOD. POR POLÍMEROS RM1C-E","2019-10-01","***","***","***","***","***","***"]
["EMULSÕES ASF. MOD. POR POLÍMEROS RM1C-E","2019-11-01","***","***","***","***","***","***"]
["EMULSÕES ASF. MOD. POR POLÍMEROS RM1C-E","2019-12-01","***","***","***","***","***","***"]
["EMULSÕES ASF. MOD. POR POLÍMEROS RM1C-E","2020-01-01","***","***","***","***","***","***"]
["EMULSÕES ASF. MOD. POR POLÍMEROS RM1C-E","2020-02-01","***","***","***","***","***","***"]
["EMULSÕES ASF. MOD. POR POLÍMEROS RM1C-E","2020-03-01","***","***","***","***","***","***"]
["EMULSÕES ASF. MOD. POR POLÍMEROS RM1C-E","2020-04-01","***","***","***","***","***","***"]
["EMULSÕES ASF. MOD. POR POLÍMEROS RM1C-E","2020-05-01","***","***","***","***","***","***"]
["EMULSÕES ASF. MOD. POR POLÍMEROS RM1C-E","2020-06-01","***","***","***","***","***","***"]
["EMULSÕES ASF. MOD. POR POLÍMEROS RM1C-E","2020-07-01","***","***","***","***","***","***"]
["EMULSÕES ASF. MOD. POR POLÍMEROS RM1C-E","2020-08-01","***","***","***","***","***","***"]
["EMULSÕES ASF. MOD. POR POLÍMEROS RM1C-E","2020-09-01","***","***","***","***","***","***"]
["EMULSÕES ASF. MOD. POR POLÍMEROS RM1C-E","2020-10-01","***","***","***","***","***","***"]
["EMULSÕES ASF. MOD. POR POLÍMEROS RM1C-E","2020-11-01","***","***","***","***","***","***"]
["EMULSÕES ASF. MOD. POR POLÍMEROS RM1C-E","2020-12-01","***","***","***","***","***","***"]
["EMULSÕES ASF. MOD. POR POLÍMEROS RM1C-E","2021-01-01","***","***","***","***","***","***"]
["EMULSÕES ASF. MOD. POR POLÍMEROS RM1C-E","2021-02-01","***","***","***","***","***","***"]
["EMULSÕES ASF. MOD. POR POLÍMEROS RM1C-E","2021-03-01","***","***","***","***","***","***"]
["EMULSÕES ASF. MOD. POR POLÍMEROS RM1C-E","2021-04-01","***","***","***","***","***","***"]
["EMULSÕES ASF. MOD. POR POLÍMEROS RM1C-E","2021-05-01","***","***","***","***","***","***"]
["EMULSÕES ASF. MOD. POR POLÍMEROS RM1C-E","2021-06-01","***","***","***","***","***","***"]
["EMULSÕES ASF. MOD. POR POLÍMEROS RM1C-E","2021-07-01","***","***","***","***","***","***"]
["EMULSÕES ASF. MOD. POR POLÍMEROS RM1C-E","2021-08-01","***","***","***","***","***","***"]
["EMULSÕES ASF. MOD. POR POLÍMEROS RM1C-E","2021-09-01","***","***","***","***","***","***"]
["EMULSÕES ASF. MOD. POR POLÍMEROS RM1C-E","2021-10-01","***","***","***","***","***","***"]
["EMULSÕES ASF. MOD. POR POLÍMEROS RM1C-E","2021-11-01","***","***","***","***","***","***"]
["EMULSÕES ASF. MOD. POR POLÍMEROS RM1C-E","2021-12-01","***","***","***","***","***","***"]
["EMULSÕES ASF. MOD. POR POLÍMEROS RM1C-E","2022-01-01","***","***","***","***","***","***"]
["EMULSÕES ASF. MOD. POR POLÍMEROS RM1C-E","2022-02-01","***","***","***","***","***","***"]
["EMULSÕES ASF. MOD. POR POLÍMEROS RM1C-E","2022-03-01","***","***","***","***","***","***"]
["EMULSÕES ASF. MOD. POR POLÍMEROS RM1C-E","2022-04-01","***","***","***","***","***","***"]
["EMULSÕES ASF. MOD. POR POLÍMEROS RM1C-E","2022-05-01","***","***","***","***","***","***"]
["EMULSÕES ASF. MOD. POR POLÍMEROS RM1C-E","2022-06-01","***","***","***","***","***","***"]
["EMULSÕES ASF. MOD. POR POLÍMEROS RM1C-E","2022-07-01","***","***","***","***","***","***"]
["EMULSÕES ASF. MOD. POR POLÍMEROS RM1C-E","2022-08-01","***","***","***","***","***","***"]
["EMULSÕES ASF. MOD. POR POLÍMEROS RM1C-E","2022-09-01","***","***","***","***","***","***"]
["EMULSÕES ASF. MOD. POR POLÍMEROS RM1C-E","2022-10-01","***","***","***","***","***","***"]
["EMULSÕES ASF. MOD. POR POLÍMEROS RM1C-E","2022-11-01","***","***","***","***","***","***"]
["EMULSÕES ASF. MOD. POR POLÍMEROS RM1C-E","2022-12-01","***","***","***","***","***","***"]
["EMULSÕES ASF. MOD. POR POLÍMEROS RM1C-E","2023-01-01","***","***","***","***","***","***"]
["EMULSÕES ASF. MOD. POR POLÍMEROS RM1C-E","2023-02-01","***","***","***","***","***","***"]
["EMULSÕES ASF. MOD. POR POLÍMEROS RM1C-E","2023-03-01","***","***","***","***","***","***"]
["EMULSÕES ASF. MOD. POR POLÍMEROS RM1C-E","2023-04-01","***","***","***","***","***","***"]
["EMULSÕES ASF. MOD. POR POLÍMEROS RM1C-E","2023-05-01","***","***","***","***","***","***"]
["EMULSÕES ASF. MOD. POR POLÍMEROS RM1C-E","2023-06-01","***","***","***","***","***","***"]
["EMULSÕES ASF. MOD. POR POLÍMEROS RM1C-E","2023-07-01","***","***","***","***","***","***"]
["EMULSÕES ASF. MOD. POR POLÍMEROS RM1C-E","2023-08-01","***","***","***","***","***","***"]
["EMULSÕES ASF. MOD. POR POLÍMEROS RM1C-E","2023-09-01","***","***","***","***","***","***"]
["EMULSÕES ASF. MOD. POR POLÍMEROS RR1C-E","2009-12-01","***","***","***",0.89054,1.00263,0.93211]
["EMULSÕES ASF. MOD. POR POLÍMEROS RR1C-E","2010-01-01","***","***","***",0.84518,0.95168,0.8615]
["EMULSÕES ASF. MOD. POR POLÍMEROS RR1C-E","2010-02-01","***","***","***",0.85205,0.95278,0.86042]
["EMULSÕES ASF. MOD. POR POLÍMEROS RR1C-E","2010-03-01","***","***","***",0.87386,0.95218,0.88505]
["EMULSÕES ASF. MOD. POR POLÍMEROS RR1C-E","2010-04-01","***","***","***",0.87245,0.9473,0.8769]
["EMULSÕES ASF. MOD. POR POLÍMEROS RR1C-E","2010-05-01","***",1.09576,"***",0.87535,0.9473,0.91389]
["EMULSÕES ASF. MOD. POR POLÍMEROS RR1C-E","2010-06-01","***",1.09592,"***",0.88266,0.95085,0.93426]
["EMULSÕES ASF. MOD. POR POLÍMEROS RR1C-E","2010-07-01","***","***","***",0.85159,0.95133,0.9066]
["EMULSÕES ASF. MOD. POR POLÍMEROS RR1C-E","2010-08-01","***","***","***",0.84534,0.94989,0.90009]
["EMULSÕES ASF. MOD. POR POLÍMEROS RR1C-E","2010-09-01","***","***","***",0.85007,0.90564,0.87063]
["EMULSÕES ASF. MOD. POR POLÍMEROS RR1C-E","2010-10-01","***","***","***",0.87146,0.90262,0.87879]
["EMULSÕES ASF. MOD. POR POLÍMEROS RR1C-E","2010-11-01","***","***","***",0.85416,0.88002,0.86226]
["EMULSÕES ASF. MOD. POR POLÍMEROS RR1C-E","2010-12-01","***","***","***",0.8343,0.9473,0.85776]
["EMULSÕES ASF. MOD. POR POLÍMEROS RR1C-E","2011-01-01","***","***","***","***",0.8412,0.8412]
["EMULSÕES ASF. MOD. POR POLÍMEROS RR1C-E","2011-02-01","***","***","***",0.8343,0.95066,0.88202]
["EMULSÕES ASF. MOD. POR POLÍMEROS RR1C-E","2011-03-01","***","***","***",1.00205,0.87157,0.92535]
["EMULSÕES ASF. MOD. POR POLÍMEROS RR1C-E","2011-04-01","***","***","***",0.8343,0.88672,0.87122]
["EMULSÕES ASF. MOD. POR POLÍMEROS RR1C-E","2011-05-01","***","***","***",0.8343,0.8941,0.84452]
["EMULSÕES ASF. MOD. POR POLÍMEROS RR1C-E","2011-06-01","***","***","***",0.87007,0.8588,0.86891]
["EMULSÕES ASF. MOD. POR POLÍMEROS RR1C-E","2011-07-01","***","***","***",0.89393,0.8903,0.89355]
["EMULSÕES ASF. MOD. POR POLÍMEROS RR1C-E","2011-08-01","***","***","***",0.93508,"***",0.93508]
["EMULSÕES ASF. MOD. POR POLÍMEROS RR1C-E","2011-09-01","***","***","***",0.93006,0.92778,0.92898]
["EMULSÕES ASF. MOD. POR POLÍMEROS RR1C-E","2011-10-01","***","***","***",0.92382,0.84602,0.86448]
["EMULSÕES ASF. MOD. POR POLÍMEROS RR1C-E","2011-11-01","***","***","***",1.00476,1.24383,1.18633]
["EMULSÕES ASF. MOD. POR POLÍMEROS RR1C-E","2011-12-01","***","***","***",1.1453,1.39103,1.33032]
["EMULSÕES ASF. MOD. POR POLÍMEROS RR1C-E","2012-01-01","***","***","***","***",0.9447,0.9447]
["EMULSÕES ASF. MOD. POR POLÍMEROS RR1C-E","2012-02-01","***","***","***",1.14529,0.89324,0.97335]
["EMULSÕES ASF. MOD. POR POLÍMEROS RR1C-E","2012-03-01","***","***","***",0.95726,0.9837,0.98032]
["EMULSÕES ASF. MOD. POR POLÍMEROS RR1C-E","2012-04-01","***","***","***",1.008,0.89832,0.94357]
["EMULSÕES ASF. MOD. POR POLÍMEROS RR1C-E","2012-05-01","***","***","***",0.96094,0.89629,0.90697]
["EMULSÕES ASF. MOD. POR POLÍMEROS RR1C-E","2012-06-01","***","***","***",0.94839,0.9413,0.94338]
["EMULSÕES ASF. MOD. POR POLÍMEROS RR1C-E","2012-07-01","***","***","***",0.95052,1.00536,0.99194]
["EMULSÕES ASF. MOD. POR POLÍMEROS RR1C-E","2012-08-01","***","***","***",1.0328,0.9756,1.0059]
["EMULSÕES ASF. MOD. POR POLÍMEROS RR1C-E","2012-09-01","***","***","***",1.0316,1.0449,1.04206]
["EMULSÕES ASF. MOD. POR POLÍMEROS RR1C-E","2012-10-01","***","***","***",0.9197,1.0516,0.93591]
["EMULSÕES ASF. MOD. POR POLÍMEROS RR1C-E","2012-11-01","***","***","***","***",1.24842,1.24842]
["EMULSÕES ASF. MOD. POR POLÍMEROS RR1C-E","2012-12-01","***","***","***","***",1.32972,1.32972]
["EMULSÕES ASF. MOD. POR POLÍMEROS RR1C-E","2013-01-01","***","***","***","***",1.32495,1.32495]
["EMULSÕES ASF. MOD. POR POLÍMEROS RR1C-E","2013-02-01","***","***","***",0.9189,1.29619,1.26202]
["EMULSÕES ASF. MOD. POR POLÍMEROS RR1C-E","2013-03-01","***","***","***",0.9675,1.27853,1.232]
["EMULSÕES ASF. MOD. POR POLÍMEROS RR1C-E","2013-04-01","***","***","***",1.0285,1.37729,1.37509]
["EMULSÕES ASF. MOD. POR POLÍMEROS RR1C-E","2013-05-01","***","***","***","***",1.22225,1.22225]
["EMULSÕES ASF. MOD. POR POLÍMEROS RR1C-E","2013-06-01","***","***","***",0.9864,1.34937,1.28164]
["EMULSÕES ASF. MOD. POR POLÍMEROS RR1C-E","2013-07-01","***","***","***",1.08819,1.35666,1.31513]
["EMULSÕES ASF. MOD. POR POLÍMEROS RR1C-E","2013-08-01","***","***","***",1.21477,1.4131,1.39493]
["EMULSÕES ASF. MOD. POR POLÍMEROS RR1C-E","2013-09-01","***","***","***",1.21477,1.33826,1.33342]
["EMULSÕES ASF. MOD. POR POLÍMEROS RR1C-E","2013-10-01","***","***","***",0.9864,1.34987,1.33118]
["EMULSÕES ASF. MOD. POR POLÍMEROS RR1C-E","2013-11-01","***",1.1371,1.12436,"***",1.38902,1.32516]
["EMULSÕES ASF. MOD. POR POLÍMEROS RR1C-E","2013-12-01","***","***","***","***",1.2377,1.2377]
["EMULSÕES ASF. MOD. POR POLÍMEROS RR1C-E","2014-01-01","***","***","***",0.88609,1.49246,1.3394]
["EMULSÕES ASF. MOD. POR POLÍMEROS RR1C-E","2014-02-01","***","***","***",0.91219,1.345,1.24013]
["EMULSÕES ASF. MOD. POR POLÍMEROS RR1C-E","2014-03-01","***","***","***",0.88609,1.28814,1.19526]
["EMULSÕES ASF. MOD. POR POLÍMEROS RR1C-E","2014-04-01","***",0.69881,"***","***",1.33588,1.19368]
["EMULSÕES ASF. MOD. POR POLÍMEROS RR1C-E","2014-05-01","***",0.69883,"***","***",1.42745,1.16082]
["EMULSÕES ASF. MOD. POR POLÍMEROS RR1C-E","2014-06-01","***",1.2101,"***",1.02916,1.41656,1.29815]
["EMULSÕES ASF. MOD. POR POLÍMEROS RR1C-E","2014-07-01","***","***","***",0.9766,1.40133,1.35966]
["EMULSÕES ASF. MOD. POR POLÍMEROS RR1C-E","2014-08-01","***","***",0.9938,1.0403,1.40648,1.33864]
["EMULSÕES ASF. MOD. POR POLÍMEROS RR1C-E","2014-09-01","***","***",1.0986,"***",1.27278,1.16251]
["EMULSÕES ASF. MOD. POR POLÍMEROS RR1C-E","2014-10-01","***",1.0541,1.2508,"***",1.14226,1.1857]
["EMULSÕES ASF. MOD. POR POLÍMEROS RR1C-E","2014-11-01","***","***",1.29,1.0287,1.19974,1.24939]
["EMULSÕES ASF. MOD. POR POLÍMEROS RR1C-E","2014-12-01","***","***","***",1.09157,1.37933,1.22573]
["EMULSÕES ASF. MOD. POR POLÍMEROS RR1C-E","2015-01-01","***","***","***","***",1.35668,1.35668]
["EMULSÕES ASF. MOD. POR POLÍMEROS RR1C-E","2015-02-01","***",0.8419,"***",1.16678,1.35808,1.09273]
["EMULSÕES ASF. MOD. POR POLÍMEROS RR1C-E","2015-03-01","***",0.84174,"***",1.0744,1.34924,1.15504]
["EMULSÕES ASF. MOD. POR POLÍMEROS RR1C-E","2015-04-01","***","***","***",1.13229,1.27657,1.24178]
["EMULSÕES ASF. MOD. POR POLÍMEROS RR1C-E","2015-05-01","***","***","***",1.49102,1.37933,1.47857]
["EMULSÕES ASF. MOD. POR POLÍMEROS RR1C-E","2015-06-01","***","***","***",1.5112,1.25866,1.37596]
["EMULSÕES ASF. MOD. POR POLÍMEROS RR1C-E","2015-07-01","***","***","***","***",1.37933,1.37933]
["EMULSÕES ASF. MOD. POR POLÍMEROS RR1C-E","2015-08-01","***","***","***",1.3467,1.23389,1.30774]
["EMULSÕES ASF. MOD. POR POLÍMEROS RR1C-E","2015-09-01","***",0.87291,"***",1.21484,1.37933,1.14994]
["EMULSÕES ASF. MOD. POR POLÍMEROS RR1C-E","2015-10-01","***","***","***",1.20488,1.37933,1.32868]
["EMULSÕES ASF. MOD. POR POLÍMEROS RR1C-E","2015-11-01","***","***","***",1.29251,1.36981,1.31591]
["EMULSÕES ASF. MOD. POR POLÍMEROS RR1C-E","2015-12-01","***","***","***","***",1.36981,1.36981]
["EMULSÕES ASF. MOD. POR POLÍMEROS RR1C-E","2016-01-01","***","***","***","***",1.36981,1.36981]
["EMULSÕES ASF. MOD. POR POLÍMEROS RR1C-E","2016-02-01","***","***","***",1.18509,"***",1.18509]
["EMULSÕES ASF. MOD. POR POLÍMEROS RR1C-E","2016-03-01","***","***","***","***",1.32139,1.32139]
["EMULSÕES ASF. MOD. POR POLÍMEROS RR1C-E","2016-04-01","***","***","***","***","***","***"]
["EMULSÕES ASF. MOD. POR POLÍMEROS RR1C-E","2016-05-01","***","***","***","***",1.5654,1.5654]
["EMULSÕES ASF. MOD. POR POLÍMEROS RR1C-E","2016-06-01","***",1.54296,"***","***",1.79955,1.78661]
["EMULSÕES ASF. MOD. POR POLÍMEROS RR1C-E","2016-07-01","***",1.55052,"***","***",1.64697,1.63688]
["EMULSÕES ASF. MOD. POR POLÍMEROS RR1C-E","2016-08-01","***",1.54278,1.83039,"***",1.47332,1.61383]
["EMULSÕES ASF. MOD. POR POLÍMEROS RR1C-E","2016-09-01","***","***",1.64716,1.41775,1.54277,1.55839]
["EMULSÕES ASF. MOD. POR POLÍMEROS RR1C-E","2016-10-01","***","***","***",1.40197,1.37747,1.38131]
["EMULSÕES ASF. MOD. POR POLÍMEROS RR1C-E","2016-11-01","***","***","***","***",1.46079,1.46079]
["EMULSÕES ASF. MOD. POR POLÍMEROS RR1C-E","2016-12-01","***","***","***",1.21747,1.35297,1.34236]
["EMULSÕES ASF. MOD. POR POLÍMEROS RR1C-E","2017-01-01","***","***","***","***",1.42283,1.42283]
["EMULSÕES ASF. MOD. POR POLÍMEROS RR1C-E","2017-02-01","***","***","***","***",1.42395,1.42395]
["EMULSÕES ASF. MOD. POR POLÍMEROS RR1C-E","2017-03-01","***","***","***","***",1.46079,1.46079]
["EMULSÕES ASF. MOD. POR POLÍMEROS RR1C-E","2017-04-01","***","***","***",1.0603,1.46279,1.31551]
["EMULSÕES ASF. MOD. POR POLÍMEROS RR1C-E","2017-05-01","***","***","***","***",1.46079,1.46079]
["EMULSÕES ASF. MOD. POR POLÍMEROS RR1C-E","2017-06-01","***","***","***","***",1.39587,1.39587]
["EMULSÕES ASF. MOD. POR POLÍMEROS RR1C-E","2017-07-01","***","***",1.2437,"***",1.43037,1.40428]
["EMULSÕES ASF. MOD. POR POLÍMEROS RR1C-E","2017-08-01","***","***","***",1.3461,1.3416,1.34205]
["EMULSÕES ASF. MOD. POR POLÍMEROS RR1C-E","2017-09-01","***","***",1.1777,1.22024,1.31678,1.27063]
["EMULSÕES ASF. MOD. POR POLÍMEROS RR1C-E","2017-10-01","***","***","***","***",1.31098,1.31098]
["EMULSÕES ASF. MOD. POR POLÍMEROS RR1C-E","2017-11-01","***","***","***","***",1.43248,1.43248]
["EMULSÕES ASF. MOD. POR POLÍMEROS RR1C-E","2017-12-01","***","***","***",1.15527,1.43905,1.37846]
["EMULSÕES ASF. MOD. POR POLÍMEROS RR1C-E","2018-01-01","***","***","***","***",1.46036,1.46036]
["EMULSÕES ASF. MOD. POR POLÍMEROS RR1C-E","2018-02-01","***","***","***","***",1.45858,1.45858]
["EMULSÕES ASF. MOD. POR POLÍMEROS RR1C-E","2018-03-01","***","***","***",1.20671,1.4586,1.3937]
["EMULSÕES ASF. MOD. POR POLÍMEROS RR1C-E","2018-04-01","***","***","***",1.17615,1.46177,1.41911]
["EMULSÕES ASF. MOD. POR POLÍMEROS RR1C-E","2018-05-01","***","***",1.49484,1.29083,1.47156,1.45971]
["EMULSÕES ASF. MOD. POR POLÍMEROS RR1C-E","2018-06-01","***",1.57789,"***",1.63083,1.59136,1.59719]
["EMULSÕES ASF. MOD. POR POLÍMEROS RR1C-E","2018-07-01","***",1.57789,"***",1.60815,1.60204,1.60461]
["EMULSÕES ASF. MOD. POR POLÍMEROS RR1C-E","2018-08-01","***","***","***",1.67423,1.63693,1.6445]
["EMULSÕES ASF. MOD. POR POLÍMEROS RR1C-E","2018-09-01","***","***",2.23417,1.87845,1.46924,1.8123]
["EMULSÕES ASF. MOD. POR POLÍMEROS RR1C-E","2018-10-01","***","***",2.23417,1.84893,1.46924,1.93217]
["EMULSÕES ASF. MOD. POR POLÍMEROS RR1C-E","2018-11-01","***","***","***","***","***","***"]
["EMULSÕES ASF. MOD. POR POLÍMEROS RR1C-E","2018-12-01","***","***","***","***",2.2082,2.2082]
["EMULSÕES ASF. MOD. POR POLÍMEROS RR1C-E","2019-01-01","***","***","***","***",2.39437,2.39437]
["EMULSÕES ASF. MOD. POR POLÍMEROS RR1C-E","2019-02-01","***","***",2.46007,"***",2.53078,2.47932]
["EMULSÕES ASF. MOD. POR POLÍMEROS RR1C-E","2019-03-01","***","***","***",2.22812,"***",2.22812]
["EMULSÕES ASF. MOD. POR POLÍMEROS RR1C-E","2019-04-01","***","***",2.46007,"***","***",2.46007]
["EMULSÕES ASF. MOD. POR POLÍMEROS RR1C-E","2019-05-01","***",2.2618,2.64752,"***",2.19011,2.46395]
["EMULSÕES ASF. MOD. POR POLÍMEROS RR1C-E","2019-06-01","***",2.26182,2.64662,"***",2.23957,2.40877]
["EMULSÕES ASF. MOD. POR POLÍMEROS RR1C-E","2019-07-01","***",2.32245,2.69223,"***",2.19046,2.56937]
["EMULSÕES ASF. MOD. POR POLÍMEROS RR1C-E","2019-08-01","***",2.12897,2.63241,2.16777,2.17354,2.38046]
["EMULSÕES ASF. MOD. POR POLÍMEROS RR1C-E","2019-09-01","***",2.12898,2.57955,2.10329,"***",2.37511]
["EMULSÕES ASF. MOD. POR POLÍMEROS RR1C-E","2019-10-01","***","***","***",2.11163,"***",2.11163]
["EMULSÕES ASF. MOD. POR POLÍMEROS RR1C-E","2019-11-01","***","***","***",2.24216,2.20776,2.21824]
["EMULSÕES ASF. MOD. POR POLÍMEROS RR1C-E","2019-12-01","***","***","***",2.04936,2.23848,2.13766]
["EMULSÕES ASF. MOD. POR POLÍMEROS RR1C-E","2020-01-01","***","***","***",2.24218,"***",2.24218]
["EMULSÕES ASF. MOD. POR POLÍMEROS RR1C-E","2020-02-01","***","***","***",2.1088,"***",2.1088]
["EMULSÕES ASF. MOD. POR POLÍMEROS RR1C-E","2020-03-01","***","***","***",2.10854,"***",2.10854]
["EMULSÕES ASF. MOD. POR POLÍMEROS RR1C-E","2020-04-01","***","***","***","***","***","***"]
["EMULSÕES ASF. MOD. POR POLÍMEROS RR1C-E","2020-05-01","***","***","***","***","***","***"]
["EMULSÕES ASF. MOD. POR POLÍMEROS RR1C-E","2020-06-01","***","***","***",2.382,2.18609,2.28167]
["EMULSÕES ASF. MOD. POR POLÍMEROS RR1C-E","2020-07-01","***",1.85456,"***","***","***",1.85456]
["EMULSÕES ASF. MOD. POR POLÍMEROS RR1C-E","2020-08-01","***",1.98056,"***",2.09336,2.25333,2.17547]
["EMULSÕES ASF. MOD. POR POLÍMEROS RR1C-E","2020-09-01","***",1.98056,"***","***",1.22308,1.35316]
["EMULSÕES ASF. MOD. POR POLÍMEROS RR1C-E","2020-10-01","***",2.11699,"***","***",2.08819,2.10759]
["EMULSÕES ASF. MOD. POR POLÍMEROS RR1C-E","2020-11-01","***",2.016,"***","***",2.27053,2.13813]
["EMULSÕES ASF. MOD. POR POLÍMEROS RR1C-E","2020-12-01","***","***","***","***","***","***"]
["EMULSÕES ASF. MOD. POR POLÍMEROS RR1C-E","2021-01-01","***",2.016,"***","***",2.23975,2.12074]
["EMULSÕES ASF. MOD. POR POLÍMEROS RR1C-E","2021-02-01","***","***","***","***",2.45947,2.45947]
["EMULSÕES ASF. MOD. POR POLÍMEROS RR1C-E","2021-03-01","***","***","***","***",2.44672,2.44672]
["EMULSÕES ASF. MOD. POR POLÍMEROS RR1C-E","2021-04-01","***",2.6312,"***","***",2.48432,2.52374]
["EMULSÕES ASF. MOD. POR POLÍMEROS RR1C-E","2021-05-01","***","***","***","***",3.0255,3.0255]
["EMULSÕES ASF. MOD. POR POLÍMEROS RR1C-E","2021-06-01","***",3.0932,"***","***",2.83137,2.96016]
["EMULSÕES ASF. MOD. POR POLÍMEROS RR1C-E","2021-07-01","***","***","***",2.7347,3.0211,2.90557]
["EMULSÕES ASF. MOD. POR POLÍMEROS RR1C-E","2021-08-01","***",2.98025,"***",2.75546,3.24985,3.10363]
["EMULSÕES ASF. MOD. POR POLÍMEROS RR1C-E","2021-09-01","***","***","***",3.05805,3.25464,3.12377]
["EMULSÕES ASF. MOD. POR POLÍMEROS RR1C-E","2021-10-01","***",3.02794,"***",3.33719,3.32233,3.28224]
["EMULSÕES ASF. MOD. POR POLÍMEROS RR1C-E","2021-11-01","***","***","***",3.13081,3.7198,3.47853]
["EMULSÕES ASF. MOD. POR POLÍMEROS RR1C-E","2021-12-01","***",3.31688,"***",3.3643,3.66352,3.48484]
["EMULSÕES ASF. MOD. POR POLÍMEROS RR1C-E","2022-01-01","***","***","***","***",3.69226,3.69226]
["EMULSÕES ASF. MOD. POR POLÍMEROS RR1C-E","2022-02-01","***","***","***","***",3.94748,3.94748]
["EMULSÕES ASF. MOD. POR POLÍMEROS RR1C-E","2022-03-01","***","***","***","***",3.88111,3.88111]
["EMULSÕES ASF. MOD. POR POLÍMEROS RR1C-E","2022-04-01","***","***","***","***",3.90678,3.90678]
["EMULSÕES ASF. MOD. POR POLÍMEROS RR1C-E","2022-05-01","***",3.56093,"***","***",3.78037,3.71135]
["EMULSÕES ASF. MOD. POR POLÍMEROS RR1C-E","2022-06-01","***","***","***","***",3.77052,3.77052]
["EMULSÕES ASF. MOD. POR POLÍMEROS RR1C-E","2022-07-01","***",3.59509,"***","***",3.53053,3.54237]
["EMULSÕES ASF. MOD. POR POLÍMEROS RR1C-E","2022-08-01","***",3.78295,"***","***",3.29682,3.56159]
["EMULSÕES ASF. MOD. POR POLÍMEROS RR1C-E","2022-09-01","***",3.7488,"***","***",3.20791,3.6753]
["EMULSÕES ASF. MOD. POR POLÍMEROS RR1C-E","2022-10-01","***",3.18937,"***","***",2.92418,3.06176]
["EMULSÕES ASF. MOD. POR POLÍMEROS RR1C-E","2022-11-01","***","***","***","***",3.28382,3.28382]
["EMULSÕES ASF. MOD. POR POLÍMEROS RR1C-E","2022-12-01","***","***","***","***",2.98804,2.98804]
["EMULSÕES ASF. MOD. POR POLÍMEROS RR1C-E","2023-01-01","***",3.03187,"***","***",3.35196,3.17798]
["EMULSÕES ASF. MOD. POR POLÍMEROS RR1C-E","2023-02-01","***","***","***","***",2.77011,2.77011]
["EMULSÕES ASF. MOD. POR POLÍMEROS RR1C-E","2023-03-01","***",2.96744,"***","***","***",2.96744]
["EMULSÕES ASF. MOD. POR POLÍMEROS RR1C-E","2023-04-01","***","***","***","***","***","***"]
["EMULSÕES ASF. MOD. POR POLÍMEROS RR1C-E","2023-05-01","***","***","***","***",3.41155,3.41155]
["EMULSÕES ASF. MOD. POR POLÍMEROS RR1C-E","2023-06-01","***","***","***","***","***","***"]
["EMULSÕES ASF. MOD. POR POLÍMEROS RR1C-E","2023-07-01","***","***","***",5.9895,2.43187,2.53076]
["EMULSÕES ASF. MOD. POR POLÍMEROS RR1C-E","2023-08-01","***","***","***",2.4743,1.83616,2.24692]
["EMULSÕES ASF. MOD. POR POLÍMEROS RR1C-E","2023-09-01","***",2.82801,3.5404,2.57392,2.72667,2.96445]
["EMULSÕES ASF. MOD. POR POLÍMEROS RR2C-E","2009-12-01","***",0.91073,1.3482,0.97463,1.0649,1.12515]
["EMULSÕES ASF. MOD. POR POLÍMEROS RR2C-E","2010-01-01","***",0.96936,1.38446,0.99361,1.14594,1.06055]
["EMULSÕES ASF. MOD. POR POLÍMEROS RR2C-E","2010-02-01","***",0.97388,1.32947,1.0192,1.02891,1.02526]
["EMULSÕES ASF. MOD. POR POLÍMEROS RR2C-E","2010-03-01","***",0.98539,1.35632,0.98313,1.03311,1.02112]
["EMULSÕES ASF. MOD. POR POLÍMEROS RR2C-E","2010-04-01","***",1.02592,1.36311,1.00635,1.03757,1.05553]
["EMULSÕES ASF. MOD. POR POLÍMEROS RR2C-E","2010-05-01","***",1.00577,1.37784,1.01965,1.01098,1.11817]
["EMULSÕES ASF. MOD. POR POLÍMEROS RR2C-E","2010-06-01","***",1.00227,1.2877,0.99832,1.04243,1.03459]
["EMULSÕES ASF. MOD. POR POLÍMEROS RR2C-E","2010-07-01","***",1.0265,1.32132,0.9937,1.16464,1.03894]
["EMULSÕES ASF. MOD. POR POLÍMEROS RR2C-E","2010-08-01","***",1.03692,1.43767,0.95223,1.07482,1.08244]
["EMULSÕES ASF. MOD. POR POLÍMEROS RR2C-E","2010-09-01","***",0.97522,1.28446,0.90286,1.13727,1.06566]
["EMULSÕES ASF. MOD. POR POLÍMEROS RR2C-E","2010-10-01","***",1.04274,1.20493,0.96586,1.00853,1.03291]
["EMULSÕES ASF. MOD. POR POLÍMEROS RR2C-E","2010-11-01","***",0.91289,1.17398,0.97726,0.92573,0.99952]
["EMULSÕES ASF. MOD. POR POLÍMEROS RR2C-E","2010-12-01","***",0.91351,1.186,0.93656,0.96252,0.97346]
["EMULSÕES ASF. MOD. POR POLÍMEROS RR2C-E","2011-01-01","***",0.87699,1.23266,0.91837,0.93762,0.91315]
["EMULSÕES ASF. MOD. POR POLÍMEROS RR2C-E","2011-02-01","***",0.89596,"***",0.90392,0.94078,0.9051]
["EMULSÕES ASF. MOD. POR POLÍMEROS RR2C-E","2011-03-01","***",1.04256,1.14266,0.98264,0.94076,0.98168]
["EMULSÕES ASF. MOD. POR POLÍMEROS RR2C-E","2011-04-01","***",1.01892,"***",0.97933,0.93411,0.95512]
["EMULSÕES ASF. MOD. POR POLÍMEROS RR2C-E","2011-05-01","***","***",1.10368,0.95844,0.92871,0.96062]
["EMULSÕES ASF. MOD. POR POLÍMEROS RR2C-E","2011-06-01","***",0.99434,1.1808,0.92474,0.9427,0.95532]
["EMULSÕES ASF. MOD. POR POLÍMEROS RR2C-E","2011-07-01","***",0.9055,1.15933,0.9369,0.93797,0.94844]
["EMULSÕES ASF. MOD. POR POLÍMEROS RR2C-E","2011-08-01","***",0.92193,1.32785,0.90058,0.92986,0.95617]
["EMULSÕES ASF. MOD. POR POLÍMEROS RR2C-E","2011-09-01","***",1.0189,1.18253,0.92011,0.92208,1.02284]
["EMULSÕES ASF. MOD. POR POLÍMEROS RR2C-E","2011-10-01","***",1.0292,1.02111,0.85278,0.92233,0.95865]
["EMULSÕES ASF. MOD. POR POLÍMEROS RR2C-E","2011-11-01","***",1.01672,1.05721,0.9026,0.9223,1.00279]
["EMULSÕES ASF. MOD. POR POLÍMEROS RR2C-E","2011-12-01","***",0.94254,1.01984,0.94581,1.14067,1.00858]
["EMULSÕES ASF. MOD. POR POLÍMEROS RR2C-E","2012-01-01","***","***","***",0.94995,1.29599,1.14578]
["EMULSÕES ASF. MOD. POR POLÍMEROS RR2C-E","2012-02-01","***","***",0.98617,1.05966,0.94771,1.00621]
["EMULSÕES ASF. MOD. POR POLÍMEROS RR2C-E","2012-03-01","***",0.91442,1.01606,1.02719,0.90275,0.96544]
["EMULSÕES ASF. MOD. POR POLÍMEROS RR2C-E","2012-04-01","***",0.99976,1.05168,0.99401,0.81272,1.03285]
["EMULSÕES ASF. MOD. POR POLÍMEROS RR2C-E","2012-05-01","***",0.98931,1.06957,1.06614,0.93174,1.0611]
["EMULSÕES ASF. MOD. POR POLÍMEROS RR2C-E","2012-06-01","***",0.97567,1.1184,0.9179,0.97189,1.07306]
["EMULSÕES ASF. MOD. POR POLÍMEROS RR2C-E","2012-07-01","***",0.99143,1.14956,1.00061,0.77495,1.11356]
["EMULSÕES ASF. MOD. POR POLÍMEROS RR2C-E","2012-08-01","***",1.00838,1.17767,0.98261,0.85809,1.12999]
["EMULSÕES ASF. MOD. POR POLÍMEROS RR2C-E","2012-09-01","***",1.01586,1.17263,0.87998,0.77495,1.1052]
["EMULSÕES ASF. MOD. POR POLÍMEROS RR2C-E","2012-10-01","***",1.01586,1.20352,0.88132,0.77495,1.1371]
["EMULSÕES ASF. MOD. POR POLÍMEROS RR2C-E","2012-11-01","***","***",1.2075,0.92898,0.77495,1.12412]
["EMULSÕES ASF. MOD. POR POLÍMEROS RR2C-E","2012-12-01","***",1.03106,1.22447,1.08674,0.77495,1.11095]
["EMULSÕES ASF. MOD. POR POLÍMEROS RR2C-E","2013-01-01","***",1.02071,1.16399,1.01919,0.77495,1.01329]
["EMULSÕES ASF. MOD. POR POLÍMEROS RR2C-E","2013-02-01","***",1.04041,1.1656,1.12131,1.0846,1.07971]
["EMULSÕES ASF. MOD. POR POLÍMEROS RR2C-E","2013-03-01","***",1.0459,1.14577,1.04274,1.086,1.05593]
["EMULSÕES ASF. MOD. POR POLÍMEROS RR2C-E","2013-04-01","***",1.04506,1.17225,1.07347,1.0852,1.09219]
["EMULSÕES ASF. MOD. POR POLÍMEROS RR2C-E","2013-05-01","***",1.01586,1.19568,1.01894,1.08748,1.17253]
["EMULSÕES ASF. MOD. POR POLÍMEROS RR2C-E","2013-06-01","***",1.07078,1.16524,1.13246,"***",1.15686]
["EMULSÕES ASF. MOD. POR POLÍMEROS RR2C-E","2013-07-01","***",1.04658,1.14945,1.37257,0.95027,1.12963]
["EMULSÕES ASF. MOD. POR POLÍMEROS RR2C-E","2013-08-01",1.18942,1.06826,1.23153,1.00747,1.08512,1.16546]
["EMULSÕES ASF. MOD. POR POLÍMEROS RR2C-E","2013-09-01",1.18942,1.144,1.25286,1.10196,1.08366,1.20985]
["EMULSÕES ASF. MOD. POR POLÍMEROS RR2C-E","2013-10-01",1.18942,1.09186,1.19114,1.09037,1.10264,1.15134]
["EMULSÕES ASF. MOD. POR POLÍMEROS RR2C-E","2013-11-01",1.18942,1.15429,1.22056,1.06697,1.13456,1.17291]
["EMULSÕES ASF. MOD. POR POLÍMEROS RR2C-E","2013-12-01","***",1.26684,1.19353,0.98873,1.12404,1.17481]
["EMULSÕES ASF. MOD. POR POLÍMEROS RR2C-E","2014-01-01","***",1.24736,1.21596,1.06865,1.1166,1.17839]
["EMULSÕES ASF. MOD. POR POLÍMEROS RR2C-E","2014-02-01","***",1.05485,1.26129,1.05745,0.95132,1.10153]
["EMULSÕES ASF. MOD. POR POLÍMEROS RR2C-E","2014-03-01","***",1.05464,1.21073,1.0325,"***",1.10934]
["EMULSÕES ASF. MOD. POR POLÍMEROS RR2C-E","2014-04-01","***",1.05445,1.25952,1.0732,1.11438,1.17115]
["EMULSÕES ASF. MOD. POR POLÍMEROS RR2C-E","2014-05-01","***",1.05724,1.22241,1.06429,1.0906,1.14271]
["EMULSÕES ASF. MOD. POR POLÍMEROS RR2C-E","2014-06-01","***",1.01271,1.23307,1.05698,0.99096,1.14572]
["EMULSÕES ASF. MOD. POR POLÍMEROS RR2C-E","2014-07-01","***",1.061,1.18772,1.03398,0.9632,1.12963]
["EMULSÕES ASF. MOD. POR POLÍMEROS RR2C-E","2014-08-01","***",1.18506,1.16313,1.10936,1.3945,1.15994]
["EMULSÕES ASF. MOD. POR POLÍMEROS RR2C-E","2014-09-01","***",1.28592,1.22922,1.0394,1.09807,1.20943]
["EMULSÕES ASF. MOD. POR POLÍMEROS RR2C-E","2014-10-01","***",1.2076,1.14076,1.02003,1.0012,1.13194]
["EMULSÕES ASF. MOD. POR POLÍMEROS RR2C-E","2014-11-01","***",1.20974,1.14818,1.08058,1.00674,1.15086]
["EMULSÕES ASF. MOD. POR POLÍMEROS RR2C-E","2014-12-01","***",1.42036,1.26563,1.29651,1.10091,1.30432]
["EMULSÕES ASF. MOD. POR POLÍMEROS RR2C-E","2015-01-01","***",1.89,"***",1.3687,"***",1.66583]
["EMULSÕES ASF. MOD. POR POLÍMEROS RR2C-E","2015-02-01","***","***","***",1.32403,1.47479,1.35328]
["EMULSÕES ASF. MOD. POR POLÍMEROS RR2C-E","2015-03-01","***",1.3441,1.5023,1.30771,1.45985,1.34805]
["EMULSÕES ASF. MOD. POR POLÍMEROS RR2C-E","2015-04-01","***",1.79666,1.48243,1.30201,1.16324,1.46137]
["EMULSÕES ASF. MOD. POR POLÍMEROS RR2C-E","2015-05-01","***","***",1.47367,1.34378,1.08667,1.36852]
["EMULSÕES ASF. MOD. POR POLÍMEROS RR2C-E","2015-06-01","***",2.0246,1.42211,1.28506,1.13624,1.34191]
["EMULSÕES ASF. MOD. POR POLÍMEROS RR2C-E","2015-07-01","***",1.30402,1.20503,1.27237,1.0527,1.21872]
["EMULSÕES ASF. MOD. POR POLÍMEROS RR2C-E","2015-08-01","***","***",1.43042,1.28778,1.18321,1.31092]
["EMULSÕES ASF. MOD. POR POLÍMEROS RR2C-E","2015-09-01","***","***",1.36816,1.32844,1.16543,1.33515]
["EMULSÕES ASF. MOD. POR POLÍMEROS RR2C-E","2015-10-01","***",1.98,1.53135,1.39281,1.42024,1.58473]
["EMULSÕES ASF. MOD. POR POLÍMEROS RR2C-E","2015-11-01","***",2.12953,1.72366,1.4988,"***",1.82523]
["EMULSÕES ASF. MOD. POR POLÍMEROS RR2C-E","2015-12-01","***",1.96593,1.58577,1.48622,"***",1.65223]
["EMULSÕES ASF. MOD. POR POLÍMEROS RR2C-E","2016-01-01","***","***",2.39249,1.43195,"***",1.71555]
["EMULSÕES ASF. MOD. POR POLÍMEROS RR2C-E","2016-02-01","***","***",2.39088,1.35196,"***",1.44727]
["EMULSÕES ASF. MOD. POR POLÍMEROS RR2C-E","2016-03-01","***",1.53504,1.70774,1.46058,"***",1.47442]
["EMULSÕES ASF. MOD. POR POLÍMEROS RR2C-E","2016-04-01","***",1.75672,1.73264,1.56436,1.69589,1.66042]
["EMULSÕES ASF. MOD. POR POLÍMEROS RR2C-E","2016-05-01","***","***",1.56698,1.53055,1.68326,1.55996]
["EMULSÕES ASF. MOD. POR POLÍMEROS RR2C-E","2016-06-01","***","***",1.7023,1.57525,1.70935,1.64207]
["EMULSÕES ASF. MOD. POR POLÍMEROS RR2C-E","2016-07-01","***",1.53496,1.71266,1.5713,1.70582,1.66967]
["EMULSÕES ASF. MOD. POR POLÍMEROS RR2C-E","2016-08-01","***",1.59553,1.75084,1.62206,1.5319,1.69547]
["EMULSÕES ASF. MOD. POR POLÍMEROS RR2C-E","2016-09-01","***",1.53744,1.62961,1.47053,1.43029,1.54854]
["EMULSÕES ASF. MOD. POR POLÍMEROS RR2C-E","2016-10-01","***",1.46576,1.48074,1.33145,1.40364,1.43979]
["EMULSÕES ASF. MOD. POR POLÍMEROS RR2C-E","2016-11-01","***",1.09075,1.54896,1.3345,1.49414,1.31781]
["EMULSÕES ASF. MOD. POR POLÍMEROS RR2C-E","2016-12-01","***",1.15446,1.93118,1.34358,"***",1.33514]
["EMULSÕES ASF. MOD. POR POLÍMEROS RR2C-E","2017-01-01","***",1.15388,"***",1.60086,1.52325,1.39881]
["EMULSÕES ASF. MOD. POR POLÍMEROS RR2C-E","2017-02-01","***",1.44045,1.8829,1.34436,1.52241,1.45823]
["EMULSÕES ASF. MOD. POR POLÍMEROS RR2C-E","2017-03-01","***",1.41589,"***",1.40397,"***",1.41242]
["EMULSÕES ASF. MOD. POR POLÍMEROS RR2C-E","2017-04-01","***",1.42142,1.87246,1.60773,1.49812,1.59392]
["EMULSÕES ASF. MOD. POR POLÍMEROS RR2C-E","2017-05-01","***",1.41589,1.74927,1.35937,1.50348,1.59787]
["EMULSÕES ASF. MOD. POR POLÍMEROS RR2C-E","2017-06-01","***",1.52184,1.73015,1.43254,1.443,1.67993]
["EMULSÕES ASF. MOD. POR POLÍMEROS RR2C-E","2017-07-01","***",1.48312,1.68376,1.33041,1.39041,1.63803]
["EMULSÕES ASF. MOD. POR POLÍMEROS RR2C-E","2017-08-01","***",1.48286,1.47766,1.35922,1.3949,1.46555]
["EMULSÕES ASF. MOD. POR POLÍMEROS RR2C-E","2017-09-01","***",1.49241,1.58196,1.42259,1.38726,1.56379]
["EMULSÕES ASF. MOD. POR POLÍMEROS RR2C-E","2017-10-01","***","***",1.75481,1.53867,1.40283,1.72745]
["EMULSÕES ASF. MOD. POR POLÍMEROS RR2C-E","2017-11-01","***",1.6607,1.80195,2.02485,1.53663,1.77252]
["EMULSÕES ASF. MOD. POR POLÍMEROS RR2C-E","2017-12-01","***",1.71302,1.68721,1.60933,1.51506,1.6491]
["EMULSÕES ASF. MOD. POR POLÍMEROS RR2C-E","2018-01-01","***",1.77052,1.71225,1.65689,1.7231,1.70683]
["EMULSÕES ASF. MOD. POR POLÍMEROS RR2C-E","2018-02-01","***","***",1.62088,1.50174,1.66635,1.59935]
["EMULSÕES ASF. MOD. POR POLÍMEROS RR2C-E","2018-03-01","***",1.73591,1.7302,1.43953,1.59874,1.64898]
["EMULSÕES ASF. MOD. POR POLÍMEROS RR2C-E","2018-04-01","***",1.7085,1.69231,1.57822,1.63567,1.67853]
["EMULSÕES ASF. MOD. POR POLÍMEROS RR2C-E","2018-05-01","***",1.77655,1.7078,1.66873,1.68976,1.72565]
["EMULSÕES ASF. MOD. POR POLÍMEROS RR2C-E","2018-06-01","***",1.66904,1.79889,1.68411,1.78476,1.76465]
["EMULSÕES ASF. MOD. POR POLÍMEROS RR2C-E","2018-07-01","***",1.96925,1.84392,1.74411,2.22796,1.84928]
["EMULSÕES ASF. MOD. POR POLÍMEROS RR2C-E","2018-08-01",3.35878,1.96542,2.18542,1.88196,1.97194,2.16598]
["EMULSÕES ASF. MOD. POR POLÍMEROS RR2C-E","2018-09-01",2.47082,2.05654,2.22724,1.85236,1.95033,2.12412]
["EMULSÕES ASF. MOD. POR POLÍMEROS RR2C-E","2018-10-01","***",2.00338,1.7714,1.80221,1.98038,1.87025]
["EMULSÕES ASF. MOD. POR POLÍMEROS RR2C-E","2018-11-01","***",2.13269,2.42163,2.11228,2.25658,2.23885]
["EMULSÕES ASF. MOD. POR POLÍMEROS RR2C-E","2018-12-01",2.33256,2.06972,2.21776,2.12248,2.23011,2.16311]
["EMULSÕES ASF. MOD. POR POLÍMEROS RR2C-E","2019-01-01","***",2.20001,"***",2.1652,2.0644,2.15898]
["EMULSÕES ASF. MOD. POR POLÍMEROS RR2C-E","2019-02-01","***","***","***",2.31854,2.29519,2.31652]
["EMULSÕES ASF. MOD. POR POLÍMEROS RR2C-E","2019-03-01","***",2.47643,"***",2.2735,2.19782,2.30049]
["EMULSÕES ASF. MOD. POR POLÍMEROS RR2C-E","2019-04-01","***",2.48847,2.25235,2.66652,2.25977,2.32994]
["EMULSÕES ASF. MOD. POR POLÍMEROS RR2C-E","2019-05-01","***",2.38249,2.24937,2.51165,2.26413,2.32823]
["EMULSÕES ASF. MOD. POR POLÍMEROS RR2C-E","2019-06-01","***","***",2.74864,2.51235,2.23215,2.59414]
["EMULSÕES ASF. MOD. POR POLÍMEROS RR2C-E","2019-07-01",2.43831,2.74128,2.56181,2.2512,2.26799,2.54574]
["EMULSÕES ASF. MOD. POR POLÍMEROS RR2C-E","2019-08-01",2.34552,2.32273,2.5525,2.31291,"***",2.51274]
["EMULSÕES ASF. MOD. POR POLÍMEROS RR2C-E","2019-09-01",2.32814,2.04405,2.48172,2.35208,2.27291,2.42049]
["EMULSÕES ASF. MOD. POR POLÍMEROS RR2C-E","2019-10-01",2.36248,3.01122,2.35677,2.31918,2.19247,2.4712]
["EMULSÕES ASF. MOD. POR POLÍMEROS RR2C-E","2019-11-01",2.36849,3.35022,2.46768,2.32253,2.2316,2.84222]
["EMULSÕES ASF. MOD. POR POLÍMEROS RR2C-E","2019-12-01",2.36868,3.11515,2.3543,2.33745,2.35433,2.84145]
["EMULSÕES ASF. MOD. POR POLÍMEROS RR2C-E","2020-01-01","***",3.06194,2.47412,2.37009,2.34038,2.63745]
["EMULSÕES ASF. MOD. POR POLÍMEROS RR2C-E","2020-02-01",2.05381,3.27166,2.86533,2.41859,2.15981,2.74774]
["EMULSÕES ASF. MOD. POR POLÍMEROS RR2C-E","2020-03-01",2.10666,"***",2.16964,2.22244,2.08419,2.1508]
["EMULSÕES ASF. MOD. POR POLÍMEROS RR2C-E","2020-04-01",2.0356,"***",2.2016,2.19341,2.09503,2.10645]
["EMULSÕES ASF. MOD. POR POLÍMEROS RR2C-E","2020-05-01","***",2.27239,2.29724,2.22096,2.15537,2.23826]
["EMULSÕES ASF. MOD. POR POLÍMEROS RR2C-E","2020-06-01",2.02199,2.15702,2.44132,2.41859,2.50188,2.30281]
["EMULSÕES ASF. MOD. POR POLÍMEROS RR2C-E","2020-07-01",1.97315,2.12162,2.3638,2.21033,1.49949,2.14064]
["EMULSÕES ASF. MOD. POR POLÍMEROS RR2C-E","2020-08-01","***",2.20384,2.59325,2.38491,2.86735,2.51067]
["EMULSÕES ASF. MOD. POR POLÍMEROS RR2C-E","2020-09-01","***",2.19239,2.42736,2.23978,0.28673,2.32266]
["EMULSÕES ASF. MOD. POR POLÍMEROS RR2C-E","2020-10-01","***",2.20757,2.44231,2.30656,2.13413,2.39562]
["EMULSÕES ASF. MOD. POR POLÍMEROS RR2C-E","2020-11-01","***",2.28604,2.82618,2.32374,2.57031,2.65018]
["EMULSÕES ASF. MOD. POR POLÍMEROS RR2C-E","2020-12-01","***",2.33963,2.8462,2.32682,2.4197,2.5607]
["EMULSÕES ASF. MOD. POR POLÍMEROS RR2C-E","2021-01-01","***",2.37674,2.93413,2.21853,2.26014,2.55769]
["EMULSÕES ASF. MOD. POR POLÍMEROS RR2C-E","2021-02-01","***",2.35275,3.12541,2.36951,2.15558,2.83387]
["EMULSÕES ASF. MOD. POR POLÍMEROS RR2C-E","2021-03-01","***",2.76357,2.31666,2.36559,"***",2.50664]
["EMULSÕES ASF. MOD. POR POLÍMEROS RR2C-E","2021-04-01","***",2.328,2.45408,2.37832,2.51524,2.44012]
["EMULSÕES ASF. MOD. POR POLÍMEROS RR2C-E","2021-05-01","***",2.8498,2.83106,2.89462,3.06396,2.86799]
["EMULSÕES ASF. MOD. POR POLÍMEROS RR2C-E","2021-06-01","***",2.7936,2.92423,2.80833,3.06374,2.93106]
["EMULSÕES ASF. MOD. POR POLÍMEROS RR2C-E","2021-07-01","***",2.96399,3.12592,2.93581,3.01264,3.08867]
["EMULSÕES ASF. MOD. POR POLÍMEROS RR2C-E","2021-08-01","***",2.89909,3.34234,3.12592,3.08467,3.2962]
["EMULSÕES ASF. MOD. POR POLÍMEROS RR2C-E","2021-09-01","***","***",3.29732,3.08892,3.00644,3.2717]
["EMULSÕES ASF. MOD. POR POLÍMEROS RR2C-E","2021-10-01","***",3.09126,3.28851,2.97914,3.01696,3.22397]
["EMULSÕES ASF. MOD. POR POLÍMEROS RR2C-E","2021-11-01","***",3.3857,3.50257,3.35853,3.29821,3.40179]
["EMULSÕES ASF. MOD. POR POLÍMEROS RR2C-E","2021-12-01","***","***",3.55862,3.53371,3.50155,3.53555]
["EMULSÕES ASF. MOD. POR POLÍMEROS RR2C-E","2022-01-01","***",3.24609,3.76935,3.50019,3.86435,3.66746]
["EMULSÕES ASF. MOD. POR POLÍMEROS RR2C-E","2022-02-01","***",3.58571,3.84062,3.84515,4.04221,3.83759]
["EMULSÕES ASF. MOD. POR POLÍMEROS RR2C-E","2022-03-01","***",3.69742,3.74192,3.95566,3.7222,3.86684]
["EMULSÕES ASF. MOD. POR POLÍMEROS RR2C-E","2022-04-01","***",3.85443,4.68569,4.04582,4.12411,4.11415]
["EMULSÕES ASF. MOD. POR POLÍMEROS RR2C-E","2022-05-01",4.005,4.13137,3.91696,4.15089,3.78098,4.03698]
["EMULSÕES ASF. MOD. POR POLÍMEROS RR2C-E","2022-06-01",3.8655,"***",3.84539,4.02503,3.78307,3.94412]
["EMULSÕES ASF. MOD. POR POLÍMEROS RR2C-E","2022-07-01",3.91668,3.69223,3.98923,3.8733,3.70966,3.88775]
["EMULSÕES ASF. MOD. POR POLÍMEROS RR2C-E","2022-08-01",3.74449,3.77605,4.01898,3.80115,3.47926,3.88908]
["EMULSÕES ASF. MOD. POR POLÍMEROS RR2C-E","2022-09-01","***",4.2418,4.053,3.70888,3.80632,3.86771]
["EMULSÕES ASF. MOD. POR POLÍMEROS RR2C-E","2022-10-01","***",3.10555,3.26953,3.71258,3.30541,3.56987]
["EMULSÕES ASF. MOD. POR POLÍMEROS RR2C-E","2022-11-01","***",3.59291,3.64006,3.46237,"***",3.51947]
["EMULSÕES ASF. MOD. POR POLÍMEROS RR2C-E","2022-12-01","***",3.25898,3.63035,3.41357,3.45724,3.53894]
["EMULSÕES ASF. MOD. POR POLÍMEROS RR2C-E","2023-01-01","***","***","***",3.36382,3.07933,3.34083]
["EMULSÕES ASF. MOD. POR POLÍMEROS RR2C-E","2023-02-01","***",3.19331,3.10396,3.34834,2.73573,3.19543]
["EMULSÕES ASF. MOD. POR POLÍMEROS RR2C-E","2023-03-01","***",3.64103,3.04467,3.11019,2.87131,3.26106]
["EMULSÕES ASF. MOD. POR POLÍMEROS RR2C-E","2023-04-01","***",3.8464,3.04497,3.01108,3.41074,3.14284]
["EMULSÕES ASF. MOD. POR POLÍMEROS RR2C-E","2023-05-01","***",3.20199,3.21972,2.94781,2.941,3.06382]
["EMULSÕES ASF. MOD. POR POLÍMEROS RR2C-E","2023-06-01","***",3.21637,3.32189,2.9017,3.15632,3.1103]
["EMULSÕES ASF. MOD. POR POLÍMEROS RR2C-E","2023-07-01","***",3.05644,3.34766,3.04126,2.964,3.15624]
["EMULSÕES ASF. MOD. POR POLÍMEROS RR2C-E","2023-08-01",3.39527,2.9391,3.39405,2.90368,2.57056,3.0972]
["EMULSÕES ASF. MOD. POR POLÍMEROS RR2C-E","2023-09-01",3.79674,3.12654,3.35296,3.00661,3.01877,3.21148]
["EMULSÕES ASFÁLTICAS LA-E","2008-11-01",2.30332,"***","***",0.98824,0.81795,2.09844]
["EMULSÕES ASFÁLTICAS LA-E","2008-12-01","***","***","***",1.09003,"***",1.09003]
["EMULSÕES ASFÁLTICAS LA-E","2009-01-01","***","***","***",1.11492,"***",1.11492]
["EMULSÕES ASFÁLTICAS LA-E","2009-02-01","***","***","***",1.10029,"***",1.10029]
["EMULSÕES ASFÁLTICAS LA-E","2009-03-01","***","***",0.77303,1.22318,"***",0.93673]
["EMULSÕES ASFÁLTICAS LA-E","2009-04-01","***","***","***",1.0326,"***",1.0326]
["EMULSÕES ASFÁLTICAS LA-E","2009-05-01","***","***","***",1.12548,0.67855,0.80113]
["EMULSÕES ASFÁLTICAS LA-E","2009-06-01","***","***","***",1.07381,"***",1.07381]
["EMULSÕES ASFÁLTICAS LA-E","2009-07-01","***","***","***",1.07598,"***",1.07598]
["EMULSÕES ASFÁLTICAS LA-E","2009-08-01","***","***",0.91225,1.06586,"***",0.92181]
["EMULSÕES ASFÁLTICAS LA-E","2009-09-01","***","***",0.92049,1.05388,"***",0.95201]
["EMULSÕES ASFÁLTICAS LA-E","2009-10-01","***","***",0.77696,1.11813,"***",0.85269]
["EMULSÕES ASFÁLTICAS LA-E","2009-11-01","***","***",0.74589,0.95687,"***",0.77736]
["EMULSÕES ASFÁLTICAS LA-E","2009-12-01","***","***","***",0.97667,"***",0.97667]
["EMULSÕES ASFÁLTICAS LA-E","2010-01-01","***","***","***",0.78245,"***",0.78245]
["EMULSÕES ASFÁLTICAS LA-E","2010-02-01","***","***","***",0.78837,"***",0.78837]
["EMULSÕES ASFÁLTICAS LA-E","2010-03-01","***","***","***",1.05176,"***",1.05176]
["EMULSÕES ASFÁLTICAS LA-E","2010-04-01","***","***",0.7459,0.98982,"***",0.82503]
["EMULSÕES ASFÁLTICAS LA-E","2010-05-01","***","***",0.81927,1.00022,0.66248,0.82116]
["EMULSÕES ASFÁLTICAS LA-E","2010-06-01","***","***",0.8164,1.01563,"***",0.86595]
["EMULSÕES ASFÁLTICAS LA-E","2010-07-01","***","***",0.7843,1.03802,"***",0.90122]
["EMULSÕES ASFÁLTICAS LA-E","2010-08-01","***","***",0.7839,0.99216,"***",0.81056]
["EMULSÕES ASFÁLTICAS LA-E","2010-09-01","***","***",0.83653,0.98462,"***",0.88036]
["EMULSÕES ASFÁLTICAS LA-E","2010-10-01","***","***",0.82889,1.05603,"***",0.85931]
["EMULSÕES ASFÁLTICAS LA-E","2010-11-01","***","***",0.7939,1.02634,"***",0.96837]
["EMULSÕES ASFÁLTICAS LA-E","2010-12-01","***","***",0.83322,1.01251,"***",0.94001]
["EMULSÕES ASFÁLTICAS LA-E","2011-01-01","***","***","***",1.01959,"***",1.01959]
["EMULSÕES ASFÁLTICAS LA-E","2011-02-01","***","***","***",1.03965,"***",1.03965]
["EMULSÕES ASFÁLTICAS LA-E","2011-03-01","***","***",0.7815,1.06199,"***",0.88726]
["EMULSÕES ASFÁLTICAS LA-E","2011-04-01","***","***",0.81405,1.02177,"***",0.85762]
["EMULSÕES ASFÁLTICAS LA-E","2011-05-01","***","***",0.7986,0.99949,"***",0.80735]
["EMULSÕES ASFÁLTICAS LA-E","2011-06-01","***","***",0.79323,1.0618,"***",0.8116]
["EMULSÕES ASFÁLTICAS LA-E","2011-07-01","***","***",0.75249,1.21566,"***",0.78755]
["EMULSÕES ASFÁLTICAS LA-E","2011-08-01","***","***",0.78047,1.0487,"***",0.82411]
["EMULSÕES ASFÁLTICAS LA-E","2011-09-01","***","***",0.81339,0.86076,"***",0.82687]
["EMULSÕES ASFÁLTICAS LA-E","2011-10-01","***","***",0.8352,1.05388,"***",0.9166]
["EMULSÕES ASFÁLTICAS LA-E","2011-11-01","***","***",0.756,0.99929,"***",0.78531]
["EMULSÕES ASFÁLTICAS LA-E","2011-12-01","***","***",0.75697,1.16321,"***",0.78458]
["EMULSÕES ASFÁLTICAS LA-E","2012-01-01","***","***","***",1.06305,"***",1.06305]
["EMULSÕES ASFÁLTICAS LA-E","2012-02-01","***","***","***",1.01245,"***",1.01245]
["EMULSÕES ASFÁLTICAS LA-E","2012-03-01","***","***","***",0.92201,"***",0.92201]
["EMULSÕES ASFÁLTICAS LA-E","2012-04-01","***","***",0.82663,0.77034,"***",0.78746]
["EMULSÕES ASFÁLTICAS LA-E","2012-05-01","***","***",0.75284,0.947,"***",0.7924]
["EMULSÕES ASFÁLTICAS LA-E","2012-06-01","***","***",0.77016,0.92279,0.9184,0.91186]
["EMULSÕES ASFÁLTICAS LA-E","2012-07-01","***","***",0.81429,0.91462,"***",0.89007]
["EMULSÕES ASFÁLTICAS LA-E","2012-08-01","***","***",0.81479,0.95715,0.9184,0.87914]
["EMULSÕES ASFÁLTICAS LA-E","2012-09-01","***","***",0.82346,0.91774,0.9184,0.88099]
["EMULSÕES ASFÁLTICAS LA-E","2012-10-01","***","***",0.80311,0.90958,0.9184,0.85945]
["EMULSÕES ASFÁLTICAS LA-E","2012-11-01","***","***",0.8147,1.10818,0.9184,0.87663]
["EMULSÕES ASFÁLTICAS LA-E","2012-12-01","***","***",0.8147,1.05799,1.0062,0.91354]
["EMULSÕES ASFÁLTICAS LA-E","2013-01-01","***","***","***",1.16656,"***",1.16656]
["EMULSÕES ASFÁLTICAS LA-E","2013-02-01","***","***","***",1.00605,"***",1.00605]
["EMULSÕES ASFÁLTICAS LA-E","2013-03-01","***",0.901,0.80872,1.01506,"***",0.92901]
["EMULSÕES ASFÁLTICAS LA-E","2013-04-01","***",0.901,0.80872,0.91013,"***",0.89673]
["EMULSÕES ASFÁLTICAS LA-E","2013-05-01","***","***",0.86768,0.99041,"***",0.90853]
["EMULSÕES ASFÁLTICAS LA-E","2013-06-01","***","***",0.8397,0.99262,"***",0.93504]
["EMULSÕES ASFÁLTICAS LA-E","2013-07-01","***","***","***",1.46529,0.9184,0.95409]
["EMULSÕES ASFÁLTICAS LA-E","2013-08-01","***","***",0.86448,1.01078,"***",0.92759]
["EMULSÕES ASFÁLTICAS LA-E","2013-09-01","***","***",0.83758,"***","***",0.83758]
["EMULSÕES ASFÁLTICAS LA-E","2013-10-01","***","***",0.82574,1.50783,0.9184,0.88102]
["EMULSÕES ASFÁLTICAS LA-E","2013-11-01","***","***","***",1.4759,"***",1.4759]
["EMULSÕES ASFÁLTICAS LA-E","2013-12-01","***","***","***",1.4713,1.1562,1.16774]
["EMULSÕES ASFÁLTICAS LA-E","2014-01-01","***","***",0.83343,1.4691,1.1562,0.97361]
["EMULSÕES ASFÁLTICAS LA-E","2014-02-01","***","***",0.79853,1.4131,"***",0.91009]
["EMULSÕES ASFÁLTICAS LA-E","2014-03-01","***","***",0.84554,1.46228,"***",0.85807]
["EMULSÕES ASFÁLTICAS LA-E","2014-04-01","***","***","***",0.98883,"***",0.98883]
["EMULSÕES ASFÁLTICAS LA-E","2014-05-01","***","***",1.21,1.06441,"***",1.13644]
["EMULSÕES ASFÁLTICAS LA-E","2014-06-01","***","***",0.85942,1.05613,"***",0.99789]
["EMULSÕES ASFÁLTICAS LA-E","2014-07-01","***","***",0.62122,1.04874,"***",0.89188]
["EMULSÕES ASFÁLTICAS LA-E","2014-08-01","***",1.53,"***",1.00275,"***",1.2251]
["EMULSÕES ASFÁLTICAS LA-E","2014-09-01","***",1.53,0.87406,1.05068,"***",1.12001]
["EMULSÕES ASFÁLTICAS LA-E","2014-10-01","***",1.27,0.69172,1.04992,"***",0.96198]
["EMULSÕES ASFÁLTICAS LA-E","2014-11-01","***",1.27,0.65868,1.5343,"***",1.08427]
["EMULSÕES ASFÁLTICAS LA-E","2014-12-01","***","***","***",1.68449,"***",1.68449]
["EMULSÕES ASFÁLTICAS LA-E","2015-01-01","***","***","***","***","***","***"]
["EMULSÕES ASFÁLTICAS LA-E","2015-02-01","***","***","***",1.2839,"***",1.2839]
["EMULSÕES ASFÁLTICAS LA-E","2015-03-01","***","***","***","***","***","***"]
["EMULSÕES ASFÁLTICAS LA-E","2015-04-01","***","***","***",1.209,"***",1.209]
["EMULSÕES ASFÁLTICAS LA-E","2015-05-01","***","***","***",1.2312,"***",1.2312]
["EMULSÕES ASFÁLTICAS LA-E","2015-06-01","***",1.97,"***","***","***",1.97]
["EMULSÕES ASFÁLTICAS LA-E","2015-07-01","***","***","***","***","***","***"]
["EMULSÕES ASFÁLTICAS LA-E","2015-08-01","***","***","***",1.1745,"***",1.1745]
["EMULSÕES ASFÁLTICAS RL-1C","2008-11-01",1.13374,0.8291,1.01231,0.76819,0.78295,0.83508]
["EMULSÕES ASFÁLTICAS RL-1C","2008-12-01",1.68164,0.90852,1.05186,0.77049,0.84096,0.88006]
["EMULSÕES ASFÁLTICAS RL-1C","2009-01-01",1.77673,0.9567,1.04801,0.77475,0.88206,0.92295]
["EMULSÕES ASFÁLTICAS RL-1C","2009-02-01",1.33591,0.98164,1.04241,0.8673,0.8804,0.92852]
["EMULSÕES ASFÁLTICAS RL-1C","2009-03-01",1.20946,1.08387,1.01577,0.8103,0.90062,0.89426]
["EMULSÕES ASFÁLTICAS RL-1C","2009-04-01",1.2227,1.02903,1.0453,0.79489,0.86328,0.88437]
["EMULSÕES ASFÁLTICAS RL-1C","2009-05-01",1.39935,0.98499,1.05502,0.81191,0.91002,0.91222]
["EMULSÕES ASFÁLTICAS RL-1C","2009-06-01",1.28421,0.89914,1.03974,0.79617,0.89538,0.90268]
["EMULSÕES ASFÁLTICAS RL-1C","2009-07-01",1.418,0.9721,1.02993,0.81624,0.97433,0.93779]
["EMULSÕES ASFÁLTICAS RL-1C","2009-08-01",1.27075,0.91162,1.03567,0.81239,0.9163,0.91481]
["EMULSÕES ASFÁLTICAS RL-1C","2009-09-01",1.33266,0.87112,1.05584,0.79724,0.87357,0.899]
["EMULSÕES ASFÁLTICAS RL-1C","2009-10-01",1.44796,0.89492,1.02232,0.8196,0.88477,0.90677]
["EMULSÕES ASFÁLTICAS RL-1C","2009-11-01",1.34721,0.92638,1.02287,0.81124,0.89988,0.91191]
["EMULSÕES ASFÁLTICAS RL-1C","2009-12-01",1.48705,0.93174,1.01032,0.79912,0.85676,0.90525]
["EMULSÕES ASFÁLTICAS RL-1C","2010-01-01",1.51009,0.84862,1.04855,0.84137,0.8326,0.89461]
["EMULSÕES ASFÁLTICAS RL-1C","2010-02-01",1.6671,0.85434,1.03016,0.87649,0.78188,0.89828]
["EMULSÕES ASFÁLTICAS RL-1C","2010-03-01",1.036,0.7793,1.01999,0.8571,0.79304,0.86189]
["EMULSÕES ASFÁLTICAS RL-1C","2010-04-01",1.12003,0.7241,1.04291,0.82494,0.76741,0.85111]
["EMULSÕES ASFÁLTICAS RL-1C","2010-05-01",1.57727,0.71157,1.02767,0.81083,0.73931,0.83067]
["EMULSÕES ASFÁLTICAS RL-1C","2010-06-01",1.39023,0.70777,0.9786,0.81847,0.7583,0.84119]
["EMULSÕES ASFÁLTICAS RL-1C","2010-07-01",1.4466,0.7116,0.9565,0.80791,0.75402,0.83359]
["EMULSÕES ASFÁLTICAS RL-1C","2010-08-01",1.18413,0.70828,0.94081,0.76587,0.7435,0.79204]
["EMULSÕES ASFÁLTICAS RL-1C","2010-09-01",1.25083,0.71616,0.96665,0.75317,0.75589,0.80083]
["EMULSÕES ASFÁLTICAS RL-1C","2010-10-01",1.20894,0.7179,0.99989,0.77678,0.80341,0.8489]
["EMULSÕES ASFÁLTICAS RL-1C","2010-11-01",1.22308,0.72647,0.98389,0.6945,0.75658,0.80138]
["EMULSÕES ASFÁLTICAS RL-1C","2010-12-01",1.22004,0.7227,0.94026,0.75598,0.76367,0.80326]
["EMULSÕES ASFÁLTICAS RL-1C","2011-01-01",1.01797,0.70476,0.98166,0.7719,0.76383,0.81354]
["EMULSÕES ASFÁLTICAS RL-1C","2011-02-01",1.25207,0.72504,0.93292,0.74384,0.77224,0.79421]
["EMULSÕES ASFÁLTICAS RL-1C","2011-03-01",1.27075,0.72167,0.95248,0.74651,0.73644,0.79074]
["EMULSÕES ASFÁLTICAS RL-1C","2011-04-01",1.35692,0.71944,0.8903,0.7457,0.71083,0.78548]
["EMULSÕES ASFÁLTICAS RL-1C","2011-05-01",1.2878,0.73876,0.90834,0.72125,0.70719,0.7721]
["EMULSÕES ASFÁLTICAS RL-1C","2011-06-01",1.30525,0.76883,0.87987,0.72377,0.71933,0.78146]
["EMULSÕES ASFÁLTICAS RL-1C","2011-07-01",1.2508,0.68572,0.93806,0.73072,0.71812,0.77157]
["EMULSÕES ASFÁLTICAS RL-1C","2011-08-01",1.28804,0.6861,0.91786,0.75721,0.71506,0.80494]
["EMULSÕES ASFÁLTICAS RL-1C","2011-09-01",1.23076,0.70168,0.91897,0.72896,0.71462,0.80382]
["EMULSÕES ASFÁLTICAS RL-1C","2011-10-01",1.19478,0.6871,0.86512,0.72923,0.73022,0.78067]
["EMULSÕES ASFÁLTICAS RL-1C","2011-11-01",1.27995,0.70635,0.83524,0.70949,0.75999,0.77419]
["EMULSÕES ASFÁLTICAS RL-1C","2011-12-01",1.30673,0.68145,0.84061,0.70185,0.72693,0.76395]
["EMULSÕES ASFÁLTICAS RL-1C","2012-01-01",1.19733,0.70414,0.82048,0.73021,0.72891,0.76128]
["EMULSÕES ASFÁLTICAS RL-1C","2012-02-01",1.26167,0.6968,0.8323,0.71548,0.72272,0.74954]
["EMULSÕES ASFÁLTICAS RL-1C","2012-03-01",1.25335,0.69199,0.79374,0.73316,0.72791,0.77028]
["EMULSÕES ASFÁLTICAS RL-1C","2012-04-01",1.31237,0.69202,0.82987,0.74205,0.72347,0.76916]
["EMULSÕES ASFÁLTICAS RL-1C","2012-05-01",1.30248,0.73764,0.84533,0.74845,0.73327,0.78411]
["EMULSÕES ASFÁLTICAS RL-1C","2012-06-01",1.29623,0.72425,0.86681,0.7508,0.77158,0.80018]
["EMULSÕES ASFÁLTICAS RL-1C","2012-07-01",1.47079,0.74362,0.91993,0.75368,0.77176,0.83454]
["EMULSÕES ASFÁLTICAS RL-1C","2012-08-01",1.32727,0.75699,0.88897,0.76618,0.77421,0.82449]
["EMULSÕES ASFÁLTICAS RL-1C","2012-09-01",1.40146,0.7643,0.91901,0.78846,0.76924,0.84484]
["EMULSÕES ASFÁLTICAS RL-1C","2012-10-01",1.29485,0.75655,0.93112,0.83726,0.76463,0.86064]
["EMULSÕES ASFÁLTICAS RL-1C","2012-11-01",1.23519,0.76297,0.95633,0.80918,0.76911,0.85507]
["EMULSÕES ASFÁLTICAS RL-1C","2012-12-01",1.28209,0.77696,0.87372,0.79264,0.80442,0.85158]
["EMULSÕES ASFÁLTICAS RL-1C","2013-01-01",1.23184,0.77973,0.92836,0.85214,0.83568,0.86565]
["EMULSÕES ASFÁLTICAS RL-1C","2013-02-01",1.18725,0.78911,0.81598,0.84619,0.79075,0.83816]
["EMULSÕES ASFÁLTICAS RL-1C","2013-03-01",1.33489,0.75695,0.88557,0.9063,0.79186,0.86884]
["EMULSÕES ASFÁLTICAS RL-1C","2013-04-01",1.33745,0.80169,0.8875,0.86493,0.81279,0.86479]
["EMULSÕES ASFÁLTICAS RL-1C","2013-05-01",1.65322,0.79474,0.83666,0.88476,0.82486,0.86272]
["EMULSÕES ASFÁLTICAS RL-1C","2013-06-01",1.46509,0.78281,0.9304,0.86639,0.81921,0.89824]
["EMULSÕES ASFÁLTICAS RL-1C","2013-07-01",1.48592,0.77641,0.9588,0.89622,0.85351,0.90341]
["EMULSÕES ASFÁLTICAS RL-1C","2013-08-01",1.40037,0.76096,0.88023,0.88185,0.84578,0.88226]
["EMULSÕES ASFÁLTICAS RL-1C","2013-09-01",1.32969,0.75879,0.98358,0.90387,0.83574,0.9146]
["EMULSÕES ASFÁLTICAS RL-1C","2013-10-01",1.42823,0.80882,0.87526,0.89139,0.86156,0.88646]
["EMULSÕES ASFÁLTICAS RL-1C","2013-11-01",1.2838,0.83795,0.9417,0.91134,0.87087,0.91766]
["EMULSÕES ASFÁLTICAS RL-1C","2013-12-01",1.5705,0.84016,1.02624,0.93758,0.90672,0.97042]
["EMULSÕES ASFÁLTICAS RL-1C","2014-01-01",1.34193,0.95242,1.01869,0.95431,0.90528,0.97144]
["EMULSÕES ASFÁLTICAS RL-1C","2014-02-01",1.40075,0.88782,1.01829,0.94895,0.92825,0.96649]
["EMULSÕES ASFÁLTICAS RL-1C","2014-03-01",1.54999,0.8475,1.07605,0.93277,0.97212,0.97148]
["EMULSÕES ASFÁLTICAS RL-1C","2014-04-01",1.46766,0.84994,1.02811,0.92803,1.01939,0.9815]
["EMULSÕES ASFÁLTICAS RL-1C","2014-05-01",1.41191,0.8834,1.04362,0.92623,1.04117,0.99818]
["EMULSÕES ASFÁLTICAS RL-1C","2014-06-01",1.39995,0.82667,1.06218,0.9111,1.00756,0.99891]
["EMULSÕES ASFÁLTICAS RL-1C","2014-07-01",1.43748,0.89998,0.90631,0.91718,0.98645,0.94678]
["EMULSÕES ASFÁLTICAS RL-1C","2014-08-01",1.29861,0.89306,0.81923,0.90811,1.03023,0.90297]
["EMULSÕES ASFÁLTICAS RL-1C","2014-09-01",1.33101,0.92652,1.03779,0.89967,1.0087,0.98202]
["EMULSÕES ASFÁLTICAS RL-1C","2014-10-01",1.45337,0.99313,0.91187,0.91479,1.00625,0.94797]
["EMULSÕES ASFÁLTICAS RL-1C","2014-11-01",1.49988,0.95768,0.89963,0.93569,0.97506,0.94697]
["EMULSÕES ASFÁLTICAS RL-1C","2014-12-01",1.27927,0.99758,1.01355,1.01756,1.0896,1.03904]
["EMULSÕES ASFÁLTICAS RL-1C","2015-01-01",1.3144,1.14088,1.37879,1.04847,1.22323,1.15808]
["EMULSÕES ASFÁLTICAS RL-1C","2015-02-01",1.58041,1.17182,1.33657,1.03802,1.31438,1.16412]
["EMULSÕES ASFÁLTICAS RL-1C","2015-03-01",1.60969,1.16571,1.35001,0.99667,1.2557,1.12588]
["EMULSÕES ASFÁLTICAS RL-1C","2015-04-01",1.5789,1.16511,1.29952,1.00279,1.26313,1.11116]
["EMULSÕES ASFÁLTICAS RL-1C","2015-05-01",1.5988,1.10091,1.31154,0.95599,1.2302,1.09649]
["EMULSÕES ASFÁLTICAS RL-1C","2015-06-01",1.34992,1.23243,1.32155,0.98,1.25284,1.14999]
["EMULSÕES ASFÁLTICAS RL-1C","2015-07-01",1.37889,1.12019,1.12932,0.85318,1.27351,1.03014]
["EMULSÕES ASFÁLTICAS RL-1C","2015-08-01",1.65693,1.0889,1.29063,0.91126,1.22024,1.08875]
["EMULSÕES ASFÁLTICAS RL-1C","2015-09-01",1.82346,1.08815,1.22892,0.92332,1.19324,1.08904]
["EMULSÕES ASFÁLTICAS RL-1C","2015-10-01",1.62646,1.21624,1.31881,1.08124,1.27756,1.20755]
["EMULSÕES ASFÁLTICAS RL-1C","2015-11-01",1.70316,1.2914,1.42947,1.18281,1.38343,1.32784]
["EMULSÕES ASFÁLTICAS RL-1C","2015-12-01",1.72641,1.2917,1.36477,1.18794,1.29821,1.28973]
["EMULSÕES ASFÁLTICAS RL-1C","2016-01-01",1.7344,1.2428,1.45922,1.24687,1.36008,1.32976]
["EMULSÕES ASFÁLTICAS RL-1C","2016-02-01",1.55735,1.17149,1.55304,1.19824,1.42291,1.32121]
["EMULSÕES ASFÁLTICAS RL-1C","2016-03-01",1.88605,1.57786,1.52569,1.16753,1.44458,1.30447]
["EMULSÕES ASFÁLTICAS RL-1C","2016-04-01",1.6487,1.37763,1.59057,1.2798,1.5043,1.4014]
["EMULSÕES ASFÁLTICAS RL-1C","2016-05-01",1.95735,1.33549,1.59426,1.26799,1.53047,1.40281]
["EMULSÕES ASFÁLTICAS RL-1C","2016-06-01",1.8919,1.36276,1.66633,1.30961,1.50319,1.43829]
["EMULSÕES ASFÁLTICAS RL-1C","2016-07-01",2.00764,1.36697,1.61897,1.34556,1.48321,1.45115]
["EMULSÕES ASFÁLTICAS RL-1C","2016-08-01",1.91434,1.44559,1.6572,1.31892,1.5169,1.47149]
["EMULSÕES ASFÁLTICAS RL-1C","2016-09-01",1.62403,1.30521,1.5026,1.22405,1.38573,1.34763]
["EMULSÕES ASFÁLTICAS RL-1C","2016-10-01",1.70692,1.26502,1.48324,1.25465,1.40392,1.36933]
["EMULSÕES ASFÁLTICAS RL-1C","2016-11-01",1.76558,1.3188,1.52519,1.28469,1.38165,1.39989]
["EMULSÕES ASFÁLTICAS RL-1C","2016-12-01",1.85172,1.32427,1.47705,1.27965,1.31394,1.3576]
["EMULSÕES ASFÁLTICAS RL-1C","2017-01-01",1.52762,1.1786,1.4544,1.23544,1.31492,1.30776]
["EMULSÕES ASFÁLTICAS RL-1C","2017-02-01",1.79211,1.18806,1.40846,1.26269,1.3403,1.29814]
["EMULSÕES ASFÁLTICAS RL-1C","2017-03-01",1.85909,1.1654,1.50954,1.28534,1.32899,1.33746]
["EMULSÕES ASFÁLTICAS RL-1C","2017-04-01",1.38579,1.15624,1.5365,1.35803,1.2795,1.35449]
["EMULSÕES ASFÁLTICAS RL-1C","2017-05-01",1.56913,1.12809,1.48147,1.33519,1.32124,1.33978]
["EMULSÕES ASFÁLTICAS RL-1C","2017-06-01",1.60326,1.16518,1.4477,1.29724,1.34029,1.35087]
["EMULSÕES ASFÁLTICAS RL-1C","2017-07-01",1.5405,1.13165,1.45083,1.28955,1.28869,1.33421]
["EMULSÕES ASFÁLTICAS RL-1C","2017-08-01",1.5666,1.12773,1.38861,1.28715,1.25666,1.31202]
["EMULSÕES ASFÁLTICAS RL-1C","2017-09-01",1.63221,1.25774,1.42073,1.30778,1.21047,1.33834]
["EMULSÕES ASFÁLTICAS RL-1C","2017-10-01",1.64664,1.10357,1.44832,1.30867,1.23702,1.34056]
["EMULSÕES ASFÁLTICAS RL-1C","2017-11-01",1.70942,1.19645,1.47478,1.38428,1.27854,1.38559]
["EMULSÕES ASFÁLTICAS RL-1C","2017-12-01",1.56841,1.19806,1.46084,1.36654,1.34777,1.37157]
["EMULSÕES ASFÁLTICAS RL-1C","2018-01-01",1.86009,1.2355,1.47585,1.28656,1.28922,1.35087]
["EMULSÕES ASFÁLTICAS RL-1C","2018-02-01",2.02829,1.23012,1.4837,1.29479,1.24807,1.31457]
["EMULSÕES ASFÁLTICAS RL-1C","2018-03-01",2.10656,1.21049,1.46306,1.29984,1.28419,1.3295]
["EMULSÕES ASFÁLTICAS RL-1C","2018-04-01",1.75928,1.2285,1.46959,1.28047,1.39351,1.35063]
["EMULSÕES ASFÁLTICAS RL-1C","2018-05-01",1.9193,1.26214,1.48634,1.3433,1.35878,1.36914]
["EMULSÕES ASFÁLTICAS RL-1C","2018-06-01",1.82401,1.31655,1.58272,1.40893,1.40046,1.45881]
["EMULSÕES ASFÁLTICAS RL-1C","2018-07-01",1.96094,1.39031,1.60417,1.49395,1.46438,1.53157]
["EMULSÕES ASFÁLTICAS RL-1C","2018-08-01",2.38177,1.4255,1.7692,1.60883,1.52212,1.66851]
["EMULSÕES ASFÁLTICAS RL-1C","2018-09-01",1.98412,1.49305,1.77571,1.6255,1.54374,1.65776]
["EMULSÕES ASFÁLTICAS RL-1C","2018-10-01",2.06312,1.49215,1.62975,1.59337,1.67166,1.61788]
["EMULSÕES ASFÁLTICAS RL-1C","2018-11-01",2.64756,1.5557,2.01121,1.77262,1.66447,1.83645]
["EMULSÕES ASFÁLTICAS RL-1C","2018-12-01",1.82798,1.5893,1.8603,1.74611,1.63071,1.72623]
["EMULSÕES ASFÁLTICAS RL-1C","2019-01-01",2.63582,2.0593,2.06364,1.83203,1.89412,1.94789]
["EMULSÕES ASFÁLTICAS RL-1C","2019-02-01",2.81391,2.12212,2.32069,1.87346,1.90152,2.0315]
["EMULSÕES ASFÁLTICAS RL-1C","2019-03-01",2.28558,2.26719,2.37985,1.96052,1.99873,2.08128]
["EMULSÕES ASFÁLTICAS RL-1C","2019-04-01",2.5572,1.96612,2.37095,1.99583,1.97298,2.08721]
["EMULSÕES ASFÁLTICAS RL-1C","2019-05-01",2.72984,1.9965,2.29126,2.00657,2.03242,2.10544]
["EMULSÕES ASFÁLTICAS RL-1C","2019-06-01",2.74548,1.9447,2.26563,2.02479,1.96347,2.11482]
["EMULSÕES ASFÁLTICAS RL-1C","2019-07-01",2.40955,1.9716,2.17648,2.03615,1.94424,2.06533]
["EMULSÕES ASFÁLTICAS RL-1C","2019-08-01",2.10708,1.90216,2.03715,1.95636,1.99047,1.99313]
["EMULSÕES ASFÁLTICAS RL-1C","2019-09-01",2.39779,1.83777,2.13959,1.92365,1.97306,2.0057]
["EMULSÕES ASFÁLTICAS RL-1C","2019-10-01",2.11398,1.85227,2.12447,1.9001,1.99526,1.99899]
["EMULSÕES ASFÁLTICAS RL-1C","2019-11-01",2.39022,1.90104,2.01191,1.96622,1.99332,1.9873]
["EMULSÕES ASFÁLTICAS RL-1C","2019-12-01",1.99479,1.97375,2.11643,1.96022,2.04344,2.01929]
["EMULSÕES ASFÁLTICAS RL-1C","2020-01-01",1.85096,1.78824,2.08483,1.93298,2.11844,1.99241]
["EMULSÕES ASFÁLTICAS RL-1C","2020-02-01",1.64226,1.76236,2.09393,1.9005,2.02936,1.96357]
["EMULSÕES ASFÁLTICAS RL-1C","2020-03-01",1.78213,1.73641,2.04057,1.78192,2.06513,1.92245]
["EMULSÕES ASFÁLTICAS RL-1C","2020-04-01",1.92129,1.70478,1.9414,1.81147,1.94299,1.86879]
["EMULSÕES ASFÁLTICAS RL-1C","2020-05-01",1.84602,1.62544,1.88693,1.79801,2.01334,1.85698]
["EMULSÕES ASFÁLTICAS RL-1C","2020-06-01",2.28694,1.67145,1.95321,1.79683,1.90743,1.86138]
["EMULSÕES ASFÁLTICAS RL-1C","2020-07-01",2.07236,1.74217,1.89133,1.85836,1.94486,1.89337]
["EMULSÕES ASFÁLTICAS RL-1C","2020-08-01",1.93229,1.85213,1.95034,1.90481,2.01418,1.94245]
["EMULSÕES ASFÁLTICAS RL-1C","2020-09-01",1.96804,1.84826,1.96335,1.86242,2.0098,1.93123]
["EMULSÕES ASFÁLTICAS RL-1C","2020-10-01",1.89676,1.78106,1.92467,1.85074,2.0678,1.93256]
["EMULSÕES ASFÁLTICAS RL-1C","2020-11-01",2.00426,1.88925,2.0645,1.93066,2.08983,2.01411]
["EMULSÕES ASFÁLTICAS RL-1C","2020-12-01",2.1916,1.85194,2.04391,1.90157,2.0521,1.98502]
["EMULSÕES ASFÁLTICAS RL-1C","2021-01-01",2.06465,1.88064,2.12605,1.88387,2.09648,1.99501]
["EMULSÕES ASFÁLTICAS RL-1C","2021-02-01",1.96842,2.02578,2.25105,2.02696,2.20784,2.14809]
["EMULSÕES ASFÁLTICAS RL-1C","2021-03-01",2.18459,2.00215,2.0673,1.98931,2.23337,2.07211]
["EMULSÕES ASFÁLTICAS RL-1C","2021-04-01",2.17159,2.04894,2.14938,1.96044,2.17739,2.0821]
["EMULSÕES ASFÁLTICAS RL-1C","2021-05-01",2.2092,2.4364,2.4949,2.32505,3.05224,2.44185]
["EMULSÕES ASFÁLTICAS RL-1C","2021-06-01",2.17309,2.36894,2.48008,2.42066,2.48962,2.45252]
["EMULSÕES ASFÁLTICAS RL-1C","2021-07-01",2.41912,2.35079,2.52014,2.40653,2.52309,2.47969]
["EMULSÕES ASFÁLTICAS RL-1C","2021-08-01",2.46792,2.47882,2.7081,2.50132,2.61322,2.61006]
["EMULSÕES ASFÁLTICAS RL-1C","2021-09-01",2.50349,2.48304,2.6537,2.56759,2.58121,2.59372]
["EMULSÕES ASFÁLTICAS RL-1C","2021-10-01",2.43359,2.48537,2.61886,2.65937,2.58356,2.58821]
["EMULSÕES ASFÁLTICAS RL-1C","2021-11-01",2.53158,2.71439,2.65115,2.7702,2.69184,2.69308]
["EMULSÕES ASFÁLTICAS RL-1C","2021-12-01",2.74051,2.77757,2.80553,2.80918,2.75593,2.78662]
["EMULSÕES ASFÁLTICAS RL-1C","2022-01-01",2.74481,2.65585,2.78554,2.82822,2.82844,2.78524]
["EMULSÕES ASFÁLTICAS RL-1C","2022-02-01",3.07461,2.74686,3.04302,3.01388,2.72253,2.88776]
["EMULSÕES ASFÁLTICAS RL-1C","2022-03-01",3.06914,2.79404,2.91686,3.03661,2.84477,2.93469]
["EMULSÕES ASFÁLTICAS RL-1C","2022-04-01",3.26728,2.77695,3.14698,3.16429,2.90363,3.03934]
["EMULSÕES ASFÁLTICAS RL-1C","2022-05-01",3.03059,3.18493,3.15055,3.17543,2.82524,3.1026]
["EMULSÕES ASFÁLTICAS RL-1C","2022-06-01",3.18172,3.13206,3.20047,3.18002,2.97443,3.14541]
["EMULSÕES ASFÁLTICAS RL-1C","2022-07-01",1.98217,3.12203,3.22294,3.08455,3.05475,3.10064]
["EMULSÕES ASFÁLTICAS RL-1C","2022-08-01",3.53535,3.34333,3.17065,3.09251,3.18152,3.18432]
["EMULSÕES ASFÁLTICAS RL-1C","2022-09-01",3.91803,3.32311,3.01341,3.05634,3.10609,3.13123]
["EMULSÕES ASFÁLTICAS RL-1C","2022-10-01",3.42687,3.42699,2.78835,2.98194,2.98562,3.01846]
["EMULSÕES ASFÁLTICAS RL-1C","2022-11-01",3.90126,3.46174,2.90667,2.84618,2.97658,3.01041]
["EMULSÕES ASFÁLTICAS RL-1C","2022-12-01",3.66783,3.37239,2.84944,2.75859,2.92961,2.9848]
["EMULSÕES ASFÁLTICAS RL-1C","2023-01-01",3.72586,3.1761,3.00162,2.69357,2.93088,2.97693]
["EMULSÕES ASFÁLTICAS RL-1C","2023-02-01",3.64206,3.20837,2.7016,2.59599,2.9153,2.8201]
["EMULSÕES ASFÁLTICAS RL-1C","2023-03-01",3.5813,3.04737,2.82733,2.56671,2.84252,2.77608]
["EMULSÕES ASFÁLTICAS RL-1C","2023-04-01",3.19444,2.9926,3.01121,2.60686,2.87473,2.83318]
["EMULSÕES ASFÁLTICAS RL-1C","2023-05-01",3.16705,2.9037,2.85835,2.59217,2.67252,2.75803]
["EMULSÕES ASFÁLTICAS RL-1C","2023-06-01",3.28356,2.9481,2.77211,2.57518,2.64412,2.73007]
["EMULSÕES ASFÁLTICAS RL-1C","2023-07-01",3.17085,2.73297,2.82671,2.54161,2.68414,2.69825]
["EMULSÕES ASFÁLTICAS RL-1C","2023-08-01",3.03668,2.78314,2.88302,2.41538,2.58145,2.64105]
["EMULSÕES ASFÁLTICAS RL-1C","2023-09-01",3.34831,2.75468,2.97628,2.64052,2.608,2.76106]
["EMULSÕES ASFÁLTICAS RM-1C","2008-11-01",1.24407,0.83737,1.23021,1.07702,0.9303,0.99195]
["EMULSÕES ASFÁLTICAS RM-1C","2008-12-01",1.27575,0.88757,1.19721,1.00748,0.94582,0.99316]
["EMULSÕES ASFÁLTICAS RM-1C","2009-01-01",1.16925,0.93428,1.2056,0.93927,0.96283,1.01649]
["EMULSÕES ASFÁLTICAS RM-1C","2009-02-01",1.21858,0.91852,1.24563,0.9977,0.94974,1.03739]
["EMULSÕES ASFÁLTICAS RM-1C","2009-03-01",1.1628,0.92771,1.21026,0.9104,0.94035,1.00137]
["EMULSÕES ASFÁLTICAS RM-1C","2009-04-01",1.27113,0.8746,1.19782,0.92589,0.94191,0.98046]
["EMULSÕES ASFÁLTICAS RM-1C","2009-05-01",1.3754,0.86869,1.2314,0.88923,0.91997,0.98378]
["EMULSÕES ASFÁLTICAS RM-1C","2009-06-01",1.44229,0.88336,1.19861,0.87295,0.94399,0.9677]
["EMULSÕES ASFÁLTICAS RM-1C","2009-07-01",1.39917,0.85038,1.23973,0.9834,0.94138,0.94739]
["EMULSÕES ASFÁLTICAS RM-1C","2009-08-01",1.41358,0.84748,1.1266,0.89526,0.87568,0.91818]
["EMULSÕES ASFÁLTICAS RM-1C","2009-09-01",1.4715,0.8373,1.17326,0.87331,0.87515,0.90854]
["EMULSÕES ASFÁLTICAS RM-1C","2009-10-01",1.44037,0.84754,1.18988,0.88634,0.87801,0.9504]
["EMULSÕES ASFÁLTICAS RM-1C","2009-11-01",1.47528,0.84056,1.13942,0.92195,0.86982,0.90203]
["EMULSÕES ASFÁLTICAS RM-1C","2009-12-01",1.17044,0.83864,1.08989,0.88653,0.89811,0.92657]
["EMULSÕES ASFÁLTICAS RM-1C","2010-01-01",1.15119,0.82339,1.152,0.85553,0.8688,0.94813]
["EMULSÕES ASFÁLTICAS RM-1C","2010-02-01",1.34834,0.83631,1.10462,0.86912,0.85551,0.91979]
["EMULSÕES ASFÁLTICAS RM-1C","2010-03-01",1.11047,0.83199,1.12994,0.85051,0.85755,0.91372]
["EMULSÕES ASFÁLTICAS RM-1C","2010-04-01",1.09661,0.84045,1.14562,0.82265,0.8695,0.92736]
["EMULSÕES ASFÁLTICAS RM-1C","2010-05-01",1.07384,0.84955,1.07683,0.8311,0.81875,0.8998]
["EMULSÕES ASFÁLTICAS RM-1C","2010-06-01",1.18802,0.88349,1.00275,0.81661,0.83044,0.89272]
["EMULSÕES ASFÁLTICAS RM-1C","2010-07-01",1.21479,0.85125,0.99521,1.05534,0.82131,0.929]
["EMULSÕES ASFÁLTICAS RM-1C","2010-08-01",1.11765,0.86775,1.04028,0.83973,0.8136,0.87409]
["EMULSÕES ASFÁLTICAS RM-1C","2010-09-01",1.11907,0.84948,1.06525,0.79687,0.81479,0.86994]
["EMULSÕES ASFÁLTICAS RM-1C","2010-10-01",1.01591,0.82468,1.03164,0.95721,0.81431,0.89136]
["EMULSÕES ASFÁLTICAS RM-1C","2010-11-01",1.08786,0.80616,0.9671,0.9647,0.79958,0.8779]
["EMULSÕES ASFÁLTICAS RM-1C","2010-12-01",1.15066,0.81791,1.0254,0.92341,0.83163,0.92207]
["EMULSÕES ASFÁLTICAS RM-1C","2011-01-01",1.1009,0.80536,1.07413,0.86621,0.82743,0.90935]
["EMULSÕES ASFÁLTICAS RM-1C","2011-02-01",1.18938,0.80165,1.08191,0.8372,0.82581,0.90642]
["EMULSÕES ASFÁLTICAS RM-1C","2011-03-01",0.97993,0.80699,1.02281,0.99096,0.85469,0.9077]
["EMULSÕES ASFÁLTICAS RM-1C","2011-04-01",1.02165,0.80148,1.03551,0.91592,0.82447,0.89597]
["EMULSÕES ASFÁLTICAS RM-1C","2011-05-01",0.94108,0.80484,1.01912,0.96464,0.8012,0.86702]
["EMULSÕES ASFÁLTICAS RM-1C","2011-06-01",1.11032,0.79443,1.03318,0.97574,0.81326,0.90126]
["EMULSÕES ASFÁLTICAS RM-1C","2011-07-01",1.12012,0.79484,1.02995,0.82886,0.81181,0.86091]
["EMULSÕES ASFÁLTICAS RM-1C","2011-08-01",1.00379,0.78158,1.02557,0.78388,0.82024,0.83434]
["EMULSÕES ASFÁLTICAS RM-1C","2011-09-01",0.91247,0.77596,1.02679,0.75801,0.80538,0.82219]
["EMULSÕES ASFÁLTICAS RM-1C","2011-10-01",0.93742,0.77909,1.05584,0.74541,0.82193,0.83715]
["EMULSÕES ASFÁLTICAS RM-1C","2011-11-01",1.0057,0.78685,1.05009,0.76899,0.8164,0.83352]
["EMULSÕES ASFÁLTICAS RM-1C","2011-12-01",1.03217,0.78603,1.05577,0.74738,0.83097,0.85593]
["EMULSÕES ASFÁLTICAS RM-1C","2012-01-01",0.97719,0.78816,0.99055,0.83629,0.83567,0.87102]
["EMULSÕES ASFÁLTICAS RM-1C","2012-02-01",1.00562,0.78541,1.04364,0.90134,0.83224,0.88666]
["EMULSÕES ASFÁLTICAS RM-1C","2012-03-01",1.04657,0.79433,1.02945,0.89345,0.85219,0.87822]
["EMULSÕES ASFÁLTICAS RM-1C","2012-04-01",1.13233,0.79384,1.01689,0.93014,0.86083,0.89185]
["EMULSÕES ASFÁLTICAS RM-1C","2012-05-01",1.30724,0.84637,1.05157,0.94646,0.84983,0.90412]
["EMULSÕES ASFÁLTICAS RM-1C","2012-06-01",1.24176,0.8398,1.08326,0.97755,0.86736,0.91915]
["EMULSÕES ASFÁLTICAS RM-1C","2012-07-01",1.21613,0.83494,1.03591,0.98582,0.87017,0.92008]
["EMULSÕES ASFÁLTICAS RM-1C","2012-08-01",1.2314,0.83936,1.09132,0.98794,0.86169,0.90921]
["EMULSÕES ASFÁLTICAS RM-1C","2012-09-01",0.84729,0.86318,1.06048,0.90874,0.85439,0.87881]
["EMULSÕES ASFÁLTICAS RM-1C","2012-10-01",1.18326,0.88024,1.10007,0.96349,0.85032,0.91808]
["EMULSÕES ASFÁLTICAS RM-1C","2012-11-01",1.20919,0.88176,1.09601,0.92659,0.8923,0.93029]
["EMULSÕES ASFÁLTICAS RM-1C","2012-12-01",1.2201,0.85426,1.0558,0.92433,0.86409,0.94181]
["EMULSÕES ASFÁLTICAS RM-1C","2013-01-01",1.22843,0.87033,1.08874,1.05333,0.89237,0.98126]
["EMULSÕES ASFÁLTICAS RM-1C","2013-02-01",1.22538,0.84867,1.14854,0.86964,0.89363,0.99943]
["EMULSÕES ASFÁLTICAS RM-1C","2013-03-01",1.21568,0.84945,1.15209,0.86963,0.90751,0.99011]
["EMULSÕES ASFÁLTICAS RM-1C","2013-04-01",1.19869,0.8487,1.16933,0.87954,0.89016,0.98031]
["EMULSÕES ASFÁLTICAS RM-1C","2013-05-01",0.98939,0.86095,1.14444,0.88244,0.90423,0.95762]
["EMULSÕES ASFÁLTICAS RM-1C","2013-06-01",1.21748,0.86769,1.16414,0.89373,0.90496,0.96616]
["EMULSÕES ASFÁLTICAS RM-1C","2013-07-01",1.11716,0.88426,1.15714,0.91663,0.94249,0.96138]
["EMULSÕES ASFÁLTICAS RM-1C","2013-08-01",1.21187,0.87054,1.15699,0.91867,0.91802,0.96376]
["EMULSÕES ASFÁLTICAS RM-1C","2013-09-01",1.202,0.90663,1.1713,0.93298,0.90659,0.98569]
["EMULSÕES ASFÁLTICAS RM-1C","2013-10-01",1.21815,0.95007,1.13547,0.9184,0.89496,0.97929]
["EMULSÕES ASFÁLTICAS RM-1C","2013-11-01",1.11956,0.94802,1.14403,0.93026,0.91076,0.98575]
["EMULSÕES ASFÁLTICAS RM-1C","2013-12-01",1.21281,0.92422,1.18966,0.91844,0.90599,1.00712]
["EMULSÕES ASFÁLTICAS RM-1C","2014-01-01",1.2067,0.9426,1.14129,0.9289,0.92235,1.0025]
["EMULSÕES ASFÁLTICAS RM-1C","2014-02-01",1.05793,0.92369,1.14292,0.93218,0.87923,0.96796]
["EMULSÕES ASFÁLTICAS RM-1C","2014-03-01",0.99974,0.93792,1.1657,0.92194,0.91895,0.97822]
["EMULSÕES ASFÁLTICAS RM-1C","2014-04-01",1.031,0.94274,1.12848,0.88914,0.91984,0.97323]
["EMULSÕES ASFÁLTICAS RM-1C","2014-05-01",1.11432,0.93449,1.15811,0.92386,0.90983,0.99509]
["EMULSÕES ASFÁLTICAS RM-1C","2014-06-01",1.01697,0.95564,1.19293,0.93609,0.93521,0.99275]
["EMULSÕES ASFÁLTICAS RM-1C","2014-07-01",0.88645,0.94837,1.00227,0.90943,0.91943,0.9398]
["EMULSÕES ASFÁLTICAS RM-1C","2014-08-01",1.21955,0.93946,1.04869,0.90207,0.92205,0.95508]
["EMULSÕES ASFÁLTICAS RM-1C","2014-09-01",1.17047,0.93115,1.15771,0.91022,0.93516,0.9643]
["EMULSÕES ASFÁLTICAS RM-1C","2014-10-01",1.35424,0.93506,1.05632,0.86316,0.97136,0.94893]
["EMULSÕES ASFÁLTICAS RM-1C","2014-11-01",1.22933,0.96017,1.09708,0.92482,0.9514,0.97467]
["EMULSÕES ASFÁLTICAS RM-1C","2014-12-01",1.13197,1.06899,1.10581,0.87838,1.01185,1.02826]
["EMULSÕES ASFÁLTICAS RM-1C","2015-01-01",1.3663,1.3353,1.40898,1.03931,1.19973,1.27038]
["EMULSÕES ASFÁLTICAS RM-1C","2015-02-01",1.64781,1.29552,1.39998,1.01656,1.17616,1.25264]
["EMULSÕES ASFÁLTICAS RM-1C","2015-03-01",1.55894,1.2605,1.46014,1.08756,1.13783,1.25251]
["EMULSÕES ASFÁLTICAS RM-1C","2015-04-01",1.32418,1.2772,1.41323,1.09237,1.21493,1.26241]
["EMULSÕES ASFÁLTICAS RM-1C","2015-05-01",1.55521,1.2786,1.41332,1.02343,1.16714,1.26698]
["EMULSÕES ASFÁLTICAS RM-1C","2015-06-01",1.56237,1.25223,1.49018,1.02208,1.15462,1.28547]
["EMULSÕES ASFÁLTICAS RM-1C","2015-07-01",1.49722,1.26446,1.25608,1.03471,1.181,1.2476]
["EMULSÕES ASFÁLTICAS RM-1C","2015-08-01",1.54772,1.33782,1.48316,1.02085,1.14212,1.29892]
["EMULSÕES ASFÁLTICAS RM-1C","2015-09-01",1.55788,1.28011,1.39445,1.12088,1.08591,1.25533]
["EMULSÕES ASFÁLTICAS RM-1C","2015-10-01",1.66253,1.29096,1.54556,1.09776,1.13321,1.31804]
["EMULSÕES ASFÁLTICAS RM-1C","2015-11-01",1.83386,1.50582,1.58597,1.37581,1.24588,1.4962]
["EMULSÕES ASFÁLTICAS RM-1C","2015-12-01",1.87777,1.44318,1.58353,1.24894,1.18915,1.45161]
["EMULSÕES ASFÁLTICAS RM-1C","2016-01-01",1.74093,1.47912,1.71346,1.24759,1.32031,1.46773]
["EMULSÕES ASFÁLTICAS RM-1C","2016-02-01",1.93851,1.51404,1.72161,1.27988,1.29294,1.53124]
["EMULSÕES ASFÁLTICAS RM-1C","2016-03-01",1.78437,1.51259,1.70155,1.34314,1.33359,1.4926]
["EMULSÕES ASFÁLTICAS RM-1C","2016-04-01",1.80006,1.61673,1.78676,1.38292,1.3426,1.5419]
["EMULSÕES ASFÁLTICAS RM-1C","2016-05-01",1.75513,1.70945,1.79286,1.46373,1.42731,1.60642]
["EMULSÕES ASFÁLTICAS RM-1C","2016-06-01",1.82051,1.51731,1.71711,1.51155,1.35337,1.50941]
["EMULSÕES ASFÁLTICAS RM-1C","2016-07-01",1.81895,1.47033,1.72968,1.49397,1.41224,1.50839]
["EMULSÕES ASFÁLTICAS RM-1C","2016-08-01",1.97585,1.53022,1.71127,1.51076,1.42855,1.56326]
["EMULSÕES ASFÁLTICAS RM-1C","2016-09-01",1.64446,1.50326,1.57419,1.33118,1.27865,1.42046]
["EMULSÕES ASFÁLTICAS RM-1C","2016-10-01",1.65581,1.47031,1.51168,1.35982,1.24956,1.41343]
["EMULSÕES ASFÁLTICAS RM-1C","2016-11-01",1.59862,1.45103,1.74299,1.33736,1.30891,1.44752]
["EMULSÕES ASFÁLTICAS RM-1C","2016-12-01",1.78422,1.43301,1.76167,1.3329,1.22882,1.45824]
["EMULSÕES ASFÁLTICAS RM-1C","2017-01-01",1.65164,1.32256,1.81252,1.30265,1.21904,1.41174]
["EMULSÕES ASFÁLTICAS RM-1C","2017-02-01",1.61968,1.17992,1.69703,1.37143,1.25482,1.32603]
["EMULSÕES ASFÁLTICAS RM-1C","2017-03-01",1.69392,1.2189,1.77631,1.35875,1.21532,1.38621]
["EMULSÕES ASFÁLTICAS RM-1C","2017-04-01",1.71246,1.24944,1.78721,1.23859,1.16217,1.38502]
["EMULSÕES ASFÁLTICAS RM-1C","2017-05-01",1.70948,1.20702,1.66642,1.34279,1.18161,1.37507]
["EMULSÕES ASFÁLTICAS RM-1C","2017-06-01",1.68163,1.25283,1.81467,1.6551,1.11637,1.362]
["EMULSÕES ASFÁLTICAS RM-1C","2017-07-01",1.64107,1.24328,1.61239,1.40794,1.0758,1.25702]
["EMULSÕES ASFÁLTICAS RM-1C","2017-08-01",1.67616,1.24973,1.51363,1.43235,1.13877,1.26313]
["EMULSÕES ASFÁLTICAS RM-1C","2017-09-01",1.68862,1.23707,1.77956,1.40871,1.13577,1.29548]
["EMULSÕES ASFÁLTICAS RM-1C","2017-10-01",1.67895,1.27005,1.61045,1.50566,1.105,1.32604]
["EMULSÕES ASFÁLTICAS RM-1C","2017-11-01",1.69101,1.31851,1.68746,1.45909,1.0222,1.35485]
["EMULSÕES ASFÁLTICAS RM-1C","2017-12-01",1.77747,1.34198,1.60465,1.39317,1.15894,1.43258]
["EMULSÕES ASFÁLTICAS RM-1C","2018-01-01",1.89891,1.37832,1.5353,1.46138,1.13075,1.45719]
["EMULSÕES ASFÁLTICAS RM-1C","2018-02-01",1.71784,1.30675,1.52751,1.48709,1.13911,1.36254]
["EMULSÕES ASFÁLTICAS RM-1C","2018-03-01",1.9344,1.33057,1.54551,1.45337,1.3772,1.4807]
["EMULSÕES ASFÁLTICAS RM-1C","2018-04-01",1.6871,1.32604,1.5354,1.41472,1.48629,1.45234]
["EMULSÕES ASFÁLTICAS RM-1C","2018-05-01",1.69181,1.45039,1.55244,1.45942,1.2693,1.4602]
["EMULSÕES ASFÁLTICAS RM-1C","2018-06-01",1.86083,1.46464,1.71002,1.42963,1.64235,1.59626]
["EMULSÕES ASFÁLTICAS RM-1C","2018-07-01",1.88432,1.57538,1.68811,1.61642,1.60984,1.64095]
["EMULSÕES ASFÁLTICAS RM-1C","2018-08-01",1.73501,1.70748,1.89844,2.33512,1.71266,1.86539]
["EMULSÕES ASFÁLTICAS RM-1C","2018-09-01",2.24218,1.73857,1.94705,2.4023,1.81827,1.99298]
["EMULSÕES ASFÁLTICAS RM-1C","2018-10-01",2.67365,1.79396,1.72283,2.68115,1.87663,2.13604]
["EMULSÕES ASFÁLTICAS RM-1C","2018-11-01",3.1663,2.0049,2.08891,2.9804,1.92861,2.56182]
["EMULSÕES ASFÁLTICAS RM-1C","2018-12-01",2.52359,1.89026,1.87788,2.75957,2.00286,2.13889]
["EMULSÕES ASFÁLTICAS RM-1C","2019-01-01",2.70004,2.02638,2.14014,2.37527,2.10461,2.23772]
["EMULSÕES ASFÁLTICAS RM-1C","2019-02-01",2.57336,2.15424,2.32662,2.22463,2.24029,2.28859]
["EMULSÕES ASFÁLTICAS RM-1C","2019-03-01",2.80391,2.11647,2.29664,2.35523,2.22691,2.33952]
["EMULSÕES ASFÁLTICAS RM-1C","2019-04-01",2.75384,2.06585,2.36677,2.33775,2.35335,2.33335]
["EMULSÕES ASFÁLTICAS RM-1C","2019-05-01",2.79691,2.07069,2.387,2.15141,2.26158,2.29301]
["EMULSÕES ASFÁLTICAS RM-1C","2019-06-01",2.87867,2.01501,2.42719,2.44456,2.22188,2.29909]
["EMULSÕES ASFÁLTICAS RM-1C","2019-07-01",2.6715,2.07654,2.47508,2.40723,2.26169,2.33714]
["EMULSÕES ASFÁLTICAS RM-1C","2019-08-01",2.61052,2.01782,2.43822,2.8628,2.23167,2.34924]
["EMULSÕES ASFÁLTICAS RM-1C","2019-09-01",2.61694,2.03796,2.38891,2.89238,2.26151,2.39721]
["EMULSÕES ASFÁLTICAS RM-1C","2019-10-01",2.57952,1.94762,2.31665,3.0621,2.14389,2.33825]
["EMULSÕES ASFÁLTICAS RM-1C","2019-11-01",2.75592,1.9595,2.18929,3.40069,2.16059,2.47628]
["EMULSÕES ASFÁLTICAS RM-1C","2019-12-01",2.5644,1.98263,2.23823,3.27004,2.13972,2.52835]
["EMULSÕES ASFÁLTICAS RM-1C","2020-01-01",2.41483,2.09413,2.20948,3.17195,2.19704,2.42546]
["EMULSÕES ASFÁLTICAS RM-1C","2020-02-01",2.49238,1.82789,2.25068,2.77265,2.09654,2.192]
["EMULSÕES ASFÁLTICAS RM-1C","2020-03-01",2.62203,1.86001,2.09355,2.96449,2.10749,2.28517]
["EMULSÕES ASFÁLTICAS RM-1C","2020-04-01",2.76854,1.8384,2.05569,3.21103,2.07402,2.55983]
["EMULSÕES ASFÁLTICAS RM-1C","2020-05-01",2.58732,1.8325,2.09877,3.02801,2.26282,2.39531]
["EMULSÕES ASFÁLTICAS RM-1C","2020-06-01",2.66536,1.82715,2.10062,2.57442,1.99488,2.1684]
["EMULSÕES ASFÁLTICAS RM-1C","2020-07-01",2.51875,1.74476,2.15875,2.87372,1.99528,2.20265]
["EMULSÕES ASFÁLTICAS RM-1C","2020-08-01",2.48507,1.80437,2.11209,2.81531,2.07809,2.24162]
["EMULSÕES ASFÁLTICAS RM-1C","2020-09-01",2.43872,1.81931,2.12493,3.15028,2.04622,2.29867]
["EMULSÕES ASFÁLTICAS RM-1C","2020-10-01",2.45373,1.8932,2.03491,2.89662,2.06697,2.22496]
["EMULSÕES ASFÁLTICAS RM-1C","2020-11-01",2.67887,2.02823,2.15914,2.94926,2.19784,2.29718]
["EMULSÕES ASFÁLTICAS RM-1C","2020-12-01",2.57821,2.03162,2.18236,2.81986,2.2337,2.25305]
["EMULSÕES ASFÁLTICAS RM-1C","2021-01-01",2.64606,1.9772,2.20391,2.91691,2.33102,2.26396]
["EMULSÕES ASFÁLTICAS RM-1C","2021-02-01",2.77636,2.23141,2.36177,2.49348,2.07911,2.33306]
["EMULSÕES ASFÁLTICAS RM-1C","2021-03-01",2.74886,2.23562,2.16106,2.84966,2.02487,2.43197]
["EMULSÕES ASFÁLTICAS RM-1C","2021-04-01",2.70222,2.15454,2.3514,2.60408,2.1756,2.35549]
["EMULSÕES ASFÁLTICAS RM-1C","2021-05-01",2.76915,2.55422,2.62113,2.98071,2.65357,2.66521]
["EMULSÕES ASFÁLTICAS RM-1C","2021-06-01",2.83109,2.57665,2.49446,2.81369,2.78572,2.68647]
["EMULSÕES ASFÁLTICAS RM-1C","2021-07-01",2.81926,2.53753,2.92321,3.08009,2.76665,2.78744]
["EMULSÕES ASFÁLTICAS RM-1C","2021-08-01",2.79011,2.76622,2.73453,3.20803,2.59967,2.89862]
["EMULSÕES ASFÁLTICAS RM-1C","2021-09-01",3.01498,2.70978,3.02812,3.38324,2.76402,3.04428]
["EMULSÕES ASFÁLTICAS RM-1C","2021-10-01",3.05777,2.74161,2.71373,3.30957,2.92494,3.00061]
["EMULSÕES ASFÁLTICAS RM-1C","2021-11-01",2.97412,2.91885,2.57557,3.25628,2.82989,3.01458]
["EMULSÕES ASFÁLTICAS RM-1C","2021-12-01",3.10222,3.03531,3.23421,3.25635,2.98296,3.14807]
["EMULSÕES ASFÁLTICAS RM-1C","2022-01-01",3.52433,2.99802,3.11172,3.18207,3.02748,3.10517]
["EMULSÕES ASFÁLTICAS RM-1C","2022-02-01",3.14704,3.18844,3.41779,3.38153,3.26762,3.29701]
["EMULSÕES ASFÁLTICAS RM-1C","2022-03-01",3.29711,3.23497,3.39579,3.40897,3.31678,3.34312]
["EMULSÕES ASFÁLTICAS RM-1C","2022-04-01",3.2325,3.20298,3.63252,3.45348,3.4965,3.35798]
["EMULSÕES ASFÁLTICAS RM-1C","2022-05-01",3.26778,3.31879,3.64099,3.46424,3.44317,3.41121]
["EMULSÕES ASFÁLTICAS RM-1C","2022-06-01",3.48911,3.25056,3.49685,3.47619,3.3329,3.39786]
["EMULSÕES ASFÁLTICAS RM-1C","2022-07-01",3.37166,3.48017,3.6378,3.48604,3.4087,3.47659]
["EMULSÕES ASFÁLTICAS RM-1C","2022-08-01",3.41599,3.34158,3.56427,3.47517,2.97042,3.39134]
["EMULSÕES ASFÁLTICAS RM-1C","2022-09-01",3.18409,3.30267,3.5578,3.49782,2.89671,3.35852]
["EMULSÕES ASFÁLTICAS RM-1C","2022-10-01",3.14364,3.15102,2.82803,3.48746,3.00692,3.15374]
["EMULSÕES ASFÁLTICAS RM-1C","2022-11-01",3.01496,3.09656,3.00932,3.3987,2.79493,3.09501]
["EMULSÕES ASFÁLTICAS RM-1C","2022-12-01",3.29739,3.34015,3.1573,3.31044,2.97102,3.24784]
["EMULSÕES ASFÁLTICAS RM-1C","2023-01-01",3.46188,2.77126,3.31386,3.77942,2.65752,3.08295]
["EMULSÕES ASFÁLTICAS RM-1C","2023-02-01",3.05121,2.8762,3.02338,3.17646,2.4314,2.93414]
["EMULSÕES ASFÁLTICAS RM-1C","2023-03-01",3.43082,2.70301,3.17721,3.18361,2.61883,2.98861]
["EMULSÕES ASFÁLTICAS RM-1C","2023-04-01",3.17467,2.59238,3.17179,3.03823,2.55937,2.79538]
["EMULSÕES ASFÁLTICAS RM-1C","2023-05-01",3.16389,2.73836,3.00775,2.98491,2.59905,2.83121]
["EMULSÕES ASFÁLTICAS RM-1C","2023-06-01",3.09113,2.52166,2.99513,2.73423,2.58049,2.68214]
["EMULSÕES ASFÁLTICAS RM-1C","2023-07-01",2.79028,2.63982,2.66158,2.86325,2.35902,2.68271]
["EMULSÕES ASFÁLTICAS RM-1C","2023-08-01",2.94379,2.64204,3.13453,2.74179,2.62814,2.70136]
["EMULSÕES ASFÁLTICAS RM-1C","2023-09-01",3.07089,2.86687,3.19697,2.9282,2.74814,2.88471]
["EMULSÕES ASFÁLTICAS RM-2C","2008-11-01","***","***","***","***","***","***"]
["EMULSÕES ASFÁLTICAS RM-2C","2008-12-01","***","***","***",0.81623,"***",0.81623]
["EMULSÕES ASFÁLTICAS RM-2C","2009-01-01",2.26069,"***","***",0.9831,"***",2.16289]
["EMULSÕES ASFÁLTICAS RM-2C","2009-02-01","***","***","***",2.77963,0.87447,2.16046]
["EMULSÕES ASFÁLTICAS RM-2C","2009-03-01","***","***","***",0.83383,0.9268,0.89309]
["EMULSÕES ASFÁLTICAS RM-2C","2009-04-01","***","***","***",0.7874,"***",0.7874]
["EMULSÕES ASFÁLTICAS RM-2C","2009-05-01","***","***","***","***","***","***"]
["EMULSÕES ASFÁLTICAS RM-2C","2009-06-01","***","***","***",0.78454,0.87447,0.80126]
["EMULSÕES ASFÁLTICAS RM-2C","2009-07-01","***","***","***",0.88128,"***",0.88128]
["EMULSÕES ASFÁLTICAS RM-2C","2009-08-01","***","***","***",0.902,"***",0.902]
["EMULSÕES ASFÁLTICAS RM-2C","2009-09-01","***","***","***",0.902,"***",0.902]
["EMULSÕES ASFÁLTICAS RM-2C","2009-10-01","***","***","***",0.86579,1.0888,0.96306]
["EMULSÕES ASFÁLTICAS RM-2C","2009-11-01","***","***","***",0.902,"***",0.902]
["EMULSÕES ASFÁLTICAS RM-2C","2009-12-01","***","***","***",0.902,"***",0.902]
["EMULSÕES ASFÁLTICAS RM-2C","2010-01-01","***","***","***",0.86584,"***",0.86584]
["EMULSÕES ASFÁLTICAS RM-2C","2010-02-01","***","***","***",0.86248,"***",0.86248]
["EMULSÕES ASFÁLTICAS RM-2C","2010-03-01","***","***","***",0.86248,0.87176,0.8708]
["EMULSÕES ASFÁLTICAS RM-2C","2010-04-01","***","***","***",0.86088,0.87952,0.87409]
["EMULSÕES ASFÁLTICAS RM-2C","2010-05-01","***","***","***",0.85103,0.89494,0.89221]
["EMULSÕES ASFÁLTICAS RM-2C","2010-06-01","***","***","***",0.84968,0.89133,0.88964]
["EMULSÕES ASFÁLTICAS RM-2C","2010-07-01","***","***","***",0.85034,0.89546,0.88917]
["EMULSÕES ASFÁLTICAS RM-2C","2010-08-01","***","***","***",0.84783,0.89268,0.8905]
["EMULSÕES ASFÁLTICAS RM-2C","2010-09-01","***","***","***",0.79875,0.90086,0.88523]
["EMULSÕES ASFÁLTICAS RM-2C","2010-10-01","***","***","***",0.84733,0.86027,0.85963]
["EMULSÕES ASFÁLTICAS RM-2C","2010-11-01","***","***","***",0.84867,0.89062,0.88519]
["EMULSÕES ASFÁLTICAS RM-2C","2010-12-01","***","***","***",0.80433,0.78766,0.79996]
["EMULSÕES ASFÁLTICAS RM-2C","2011-01-01","***","***","***",0.77277,0.9005,0.85328]
["EMULSÕES ASFÁLTICAS RM-2C","2011-02-01","***","***","***",0.69686,0.89416,0.88219]
["EMULSÕES ASFÁLTICAS RM-2C","2011-03-01","***","***","***",0.68036,0.90167,0.87688]
["EMULSÕES ASFÁLTICAS RM-2C","2011-04-01","***","***","***",0.73064,0.9053,0.89587]
["EMULSÕES ASFÁLTICAS RM-2C","2011-05-01","***","***","***",0.7197,0.89893,0.88888]
["EMULSÕES ASFÁLTICAS RM-2C","2011-06-01","***","***","***",0.68756,0.89428,0.89172]
["EMULSÕES ASFÁLTICAS RM-2C","2011-07-01","***","***","***",0.69352,0.88057,0.84885]
["EMULSÕES ASFÁLTICAS RM-2C","2011-08-01","***","***","***",0.68756,0.80647,0.7991]
["EMULSÕES ASFÁLTICAS RM-2C","2011-09-01","***","***",1.17,0.7207,0.80807,0.83813]
["EMULSÕES ASFÁLTICAS RM-2C","2011-10-01","***","***","***",0.6796,0.7373,0.70576]
["EMULSÕES ASFÁLTICAS RM-2C","2011-11-01","***","***","***",0.68756,0.82349,0.81902]
["EMULSÕES ASFÁLTICAS RM-2C","2011-12-01","***","***","***",0.69324,0.8599,0.82439]
["EMULSÕES ASFÁLTICAS RM-2C","2012-01-01","***","***","***",0.72282,"***",0.72282]
["EMULSÕES ASFÁLTICAS RM-2C","2012-02-01","***","***","***",0.75698,0.87981,0.86053]
["EMULSÕES ASFÁLTICAS RM-2C","2012-03-01","***","***","***",0.73288,0.81947,0.79338]
["EMULSÕES ASFÁLTICAS RM-2C","2012-04-01","***","***","***",0.86426,0.81718,0.82173]
["EMULSÕES ASFÁLTICAS RM-2C","2012-05-01","***","***","***",0.80365,0.88908,0.88407]
["EMULSÕES ASFÁLTICAS RM-2C","2012-06-01","***","***","***",0.80007,0.95421,0.9245]
["EMULSÕES ASFÁLTICAS RM-2C","2012-07-01","***","***","***",0.80957,0.94296,0.93163]
["EMULSÕES ASFÁLTICAS RM-2C","2012-08-01","***","***","***",0.73656,0.95421,0.91373]
["EMULSÕES ASFÁLTICAS RM-2C","2012-09-01","***","***","***",0.95795,0.95421,0.95694]
["EMULSÕES ASFÁLTICAS RM-2C","2012-10-01","***","***","***",0.75698,0.87016,0.84253]
["EMULSÕES ASFÁLTICAS RM-2C","2012-11-01","***","***","***",0.73406,1.22177,0.99724]
["EMULSÕES ASFÁLTICAS RM-2C","2012-12-01","***","***","***",1.14478,0.95421,1.0545]
["EMULSÕES ASFÁLTICAS RM-2C","2013-01-01","***","***","***",0.86676,"***",0.86676]
["EMULSÕES ASFÁLTICAS RM-2C","2013-02-01","***","***","***",0.73373,"***",0.73373]
["EMULSÕES ASFÁLTICAS RM-2C","2013-03-01","***","***","***",0.84783,1.08936,0.94789]
["EMULSÕES ASFÁLTICAS RM-2C","2013-04-01",1.18075,"***","***",0.73657,0.95421,0.99569]
["EMULSÕES ASFÁLTICAS RM-2C","2013-05-01","***","***","***",0.84742,0.95421,0.87164]
["EMULSÕES ASFÁLTICAS RM-2C","2013-06-01","***","***","***",0.83012,1.04348,0.97635]
["EMULSÕES ASFÁLTICAS RM-2C","2013-07-01","***","***","***",0.84782,0.8487,0.8484]
["EMULSÕES ASFÁLTICAS RM-2C","2013-08-01","***","***","***",0.78821,0.8487,0.80274]
["EMULSÕES ASFÁLTICAS RM-2C","2013-09-01","***","***","***",0.81859,0.8487,0.82906]
["EMULSÕES ASFÁLTICAS RM-2C","2013-10-01","***","***","***",0.74508,1.02064,0.88271]
["EMULSÕES ASFÁLTICAS RM-2C","2013-11-01","***","***","***",0.85118,0.8487,0.84984]
["EMULSÕES ASFÁLTICAS RM-2C","2013-12-01","***","***","***",0.78149,"***",0.78149]
["EMULSÕES ASFÁLTICAS RM-2C","2014-01-01","***","***","***","***","***","***"]
["EMULSÕES ASFÁLTICAS RM-2C","2014-02-01","***","***","***",0.78061,1.03461,0.88129]
["EMULSÕES ASFÁLTICAS RM-2C","2014-03-01","***","***","***",0.87641,0.87805,0.87728]
["EMULSÕES ASFÁLTICAS RM-2C","2014-04-01","***","***","***",0.78109,"***",0.78109]
["EMULSÕES ASFÁLTICAS RM-2C","2014-05-01","***","***","***","***","***","***"]
["EMULSÕES ASFÁLTICAS RM-2C","2014-06-01","***","***","***",0.77893,1.73745,1.02065]
["EMULSÕES ASFÁLTICAS RM-2C","2014-07-01","***","***","***",0.84741,"***",0.84741]
["EMULSÕES ASFÁLTICAS RM-2C","2014-08-01","***","***","***",0.7794,"***",0.7794]
["EMULSÕES ASFÁLTICAS RM-2C","2014-09-01","***","***","***",0.77977,"***",0.77977]
["EMULSÕES ASFÁLTICAS RM-2C","2014-10-01","***","***","***",0.78453,"***",0.78453]
["EMULSÕES ASFÁLTICAS RM-2C","2014-11-01","***","***","***",0.77606,1.28284,0.99151]
["EMULSÕES ASFÁLTICAS RM-2C","2014-12-01","***","***","***","***","***","***"]
["EMULSÕES ASFÁLTICAS RM-2C","2015-01-01","***","***","***",1.03118,"***",1.03118]
["EMULSÕES ASFÁLTICAS RM-2C","2015-02-01","***","***","***",1.05279,"***",1.05279]
["EMULSÕES ASFÁLTICAS RM-2C","2015-03-01","***","***","***",1.0361,1.41908,1.27769]
["EMULSÕES ASFÁLTICAS RM-2C","2015-04-01","***","***","***","***","***","***"]
["EMULSÕES ASFÁLTICAS RM-2C","2015-05-01","***","***","***",1.02511,1.05452,1.03311]
["EMULSÕES ASFÁLTICAS RM-2C","2015-06-01","***","***","***",1.02477,1.37272,1.17008]
["EMULSÕES ASFÁLTICAS RM-2C","2015-07-01","***","***","***",1.0739,"***",1.0739]
["EMULSÕES ASFÁLTICAS RM-2C","2015-08-01","***","***","***",0.99764,1.10696,1.06464]
["EMULSÕES ASFÁLTICAS RM-2C","2015-09-01","***","***","***",1.06117,"***",1.06117]
["EMULSÕES ASFÁLTICAS RM-2C","2015-10-01","***","***",1.53362,"***","***",1.53362]
["EMULSÕES ASFÁLTICAS RM-2C","2015-11-01","***","***","***",1.16729,1.05452,1.09602]
["EMULSÕES ASFÁLTICAS RM-2C","2015-12-01","***","***","***",1.13034,1.08505,1.08732]
["EMULSÕES ASFÁLTICAS RM-2C","2016-01-01",1.72019,"***","***",1.13034,1.47949,1.47606]
["EMULSÕES ASFÁLTICAS RM-2C","2016-02-01","***","***","***",1.22006,1.41043,1.36747]
["EMULSÕES ASFÁLTICAS RM-2C","2016-03-01","***","***","***",1.13034,1.41043,1.38517]
["EMULSÕES ASFÁLTICAS RM-2C","2016-04-01","***","***","***",1.27819,1.50214,1.47218]
["EMULSÕES ASFÁLTICAS RM-2C","2016-05-01","***","***","***",1.26154,1.41043,1.4065]
["EMULSÕES ASFÁLTICAS RM-2C","2016-06-01","***","***","***",1.27659,1.41043,1.39002]
["EMULSÕES ASFÁLTICAS RM-2C","2016-07-01","***","***","***",1.26154,1.51536,1.49043]
["EMULSÕES ASFÁLTICAS RM-2C","2016-08-01",2.1663,"***","***",1.2762,1.51536,1.47749]
["EMULSÕES ASFÁLTICAS RM-2C","2016-09-01","***","***","***",1.64823,1.35608,1.45118]
["EMULSÕES ASFÁLTICAS RM-2C","2016-10-01","***","***","***",1.28103,"***",1.28103]
["EMULSÕES ASFÁLTICAS RM-2C","2016-11-01","***","***","***",1.27875,"***",1.27875]
["EMULSÕES ASFÁLTICAS RM-2C","2016-12-01","***","***","***",1.26154,1.35608,1.34897]
["EMULSÕES ASFÁLTICAS RM-2C","2017-01-01","***","***",1.75,1.26154,1.33976,1.39891]
["EMULSÕES ASFÁLTICAS RM-2C","2017-02-01","***","***","***",1.27916,1.33324,1.32478]
["EMULSÕES ASFÁLTICAS RM-2C","2017-03-01","***","***","***",1.26154,1.33324,1.33046]
["EMULSÕES ASFÁLTICAS RM-2C","2017-04-01","***","***","***",1.83,1.33324,1.39779]
["EMULSÕES ASFÁLTICAS RM-2C","2017-05-01","***","***","***","***","***","***"]
["EMULSÕES ASFÁLTICAS RM-2C","2017-06-01","***","***",1.71293,1.26154,1.33324,1.44624]
["EMULSÕES ASFÁLTICAS RM-2C","2017-07-01","***","***",1.74051,1.2788,1.33324,1.34983]
["EMULSÕES ASFÁLTICAS RM-2C","2017-08-01","***","***","***",1.25719,1.33324,1.31489]
["EMULSÕES ASFÁLTICAS RM-2C","2017-09-01","***","***","***",1.27393,"***",1.27393]
["EMULSÕES ASFÁLTICAS RM-2C","2017-10-01","***","***","***",1.85215,"***",1.85215]
["EMULSÕES ASFÁLTICAS RM-2C","2017-11-01","***","***","***",1.27415,"***",1.27415]
["EMULSÕES ASFÁLTICAS RM-2C","2017-12-01",1.89551,"***",1.85331,1.50308,"***",1.8174]
["EMULSÕES ASFÁLTICAS RM-2C","2018-01-01",1.77516,"***","***",1.34555,1.3169,1.47454]
["EMULSÕES ASFÁLTICAS RM-2C","2018-02-01",1.89551,"***","***","***",1.4081,1.75623]
["EMULSÕES ASFÁLTICAS RM-2C","2018-03-01","***","***","***",1.33629,"***",1.33629]
["EMULSÕES ASFÁLTICAS RM-2C","2018-04-01","***","***","***",1.58627,"***",1.58627]
["EMULSÕES ASFÁLTICAS RM-2C","2018-05-01","***","***","***",1.73714,"***",1.73714]
["EMULSÕES ASFÁLTICAS RM-2C","2018-06-01","***","***","***","***",1.53973,1.53973]
["EMULSÕES ASFÁLTICAS RM-2C","2018-07-01","***","***","***",1.66358,"***",1.66358]
["EMULSÕES ASFÁLTICAS RM-2C","2018-08-01","***","***","***",1.8529,"***",1.8529]
["EMULSÕES ASFÁLTICAS RM-2C","2018-09-01","***","***","***","***","***","***"]
["EMULSÕES ASFÁLTICAS RM-2C","2018-10-01","***","***","***",1.75394,"***",1.75394]
["EMULSÕES ASFÁLTICAS RM-2C","2018-11-01",2.48842,"***","***",2.01,"***",2.22045]
["EMULSÕES ASFÁLTICAS RM-2C","2018-12-01","***","***","***",2.33475,"***",2.33475]
["EMULSÕES ASFÁLTICAS RM-2C","2019-01-01","***","***","***",1.90407,"***",1.90407]
["EMULSÕES ASFÁLTICAS RM-2C","2019-02-01","***","***","***",2.04799,2.03442,2.04453]
["EMULSÕES ASFÁLTICAS RM-2C","2019-03-01",2.4885,"***","***",2.09382,2.23713,2.16252]
["EMULSÕES ASFÁLTICAS RM-2C","2019-04-01","***","***","***",2.1405,"***",2.1405]
["EMULSÕES ASFÁLTICAS RM-2C","2019-05-01","***","***","***",2.20835,"***",2.20835]
["EMULSÕES ASFÁLTICAS RM-2C","2019-06-01","***","***",2.21946,2.18462,2.23591,2.2066]
["EMULSÕES ASFÁLTICAS RM-2C","2019-07-01",2.42782,"***",2.26014,2.1467,1.98466,2.11837]
["EMULSÕES ASFÁLTICAS RM-2C","2019-08-01","***","***",2.04508,2.08123,1.9814,2.03643]
["EMULSÕES ASFÁLTICAS RM-2C","2019-09-01",2.27074,"***",2.04417,2.04493,1.88827,2.02376]
["EMULSÕES ASFÁLTICAS RM-2C","2019-10-01","***","***","***",2.04113,1.86255,1.98178]
["EMULSÕES ASFÁLTICAS RM-2C","2019-11-01","***","***","***",2.06208,2.00697,2.05199]
["EMULSÕES ASFÁLTICAS RM-2C","2019-12-01",3.09603,"***","***",2.08913,"***",2.13395]
["EMULSÕES ASFÁLTICAS RM-2C","2020-01-01","***","***","***",2.02505,2.23547,2.05094]
["EMULSÕES ASFÁLTICAS RM-2C","2020-02-01","***","***","***",2.03,2.01735,2.02797]
["EMULSÕES ASFÁLTICAS RM-2C","2020-03-01","***","***","***",1.88316,1.99554,1.90432]
["EMULSÕES ASFÁLTICAS RM-2C","2020-04-01","***","***","***",1.97667,"***",1.97667]
["EMULSÕES ASFÁLTICAS RM-2C","2020-05-01","***","***",2.03923,1.88917,"***",1.90863]
["EMULSÕES ASFÁLTICAS RM-2C","2020-06-01",2.30371,"***",2.17688,1.91618,2.0231,1.97435]
["EMULSÕES ASFÁLTICAS RM-2C","2020-07-01","***","***","***",1.86341,1.90381,1.86748]
["EMULSÕES ASFÁLTICAS RM-2C","2020-08-01",2.33738,"***",2.07938,2.06781,2.07123,2.10909]
["EMULSÕES ASFÁLTICAS RM-2C","2020-09-01","***","***",2.09916,2.06995,2.089,2.07646]
["EMULSÕES ASFÁLTICAS RM-2C","2020-10-01","***","***",2.07348,1.96327,1.87695,1.95691]
["EMULSÕES ASFÁLTICAS RM-2C","2020-11-01","***","***","***",2.08251,2.24433,2.0885]
["EMULSÕES ASFÁLTICAS RM-2C","2020-12-01","***","***","***",2.05327,2.2419,2.12493]
["EMULSÕES ASFÁLTICAS RM-2C","2021-01-01","***","***","***",2.17302,"***",2.17302]
["EMULSÕES ASFÁLTICAS RM-2C","2021-02-01","***","***","***",2.36611,2.31886,2.35838]
["EMULSÕES ASFÁLTICAS RM-2C","2021-03-01","***","***","***",2.18413,2.27206,2.21406]
["EMULSÕES ASFÁLTICAS RM-2C","2021-04-01","***","***",2.31272,2.31514,2.29746,2.31093]
["EMULSÕES ASFÁLTICAS RM-2C","2021-05-01",2.64208,"***","***",2.74631,2.83402,2.7665]
["EMULSÕES ASFÁLTICAS RM-2C","2021-06-01","***","***",3.08643,2.6633,2.79888,2.72638]
["EMULSÕES ASFÁLTICAS RM-2C","2021-07-01","***","***",2.66974,2.8325,2.79888,2.81783]
["EMULSÕES ASFÁLTICAS RM-2C","2021-08-01",2.80181,"***","***",2.80989,3.0115,2.86601]
["EMULSÕES ASFÁLTICAS RM-2C","2021-09-01",2.80181,"***","***",2.76292,3.0115,2.8097]
["EMULSÕES ASFÁLTICAS RM-2C","2021-10-01","***","***","***",2.90134,3.0138,2.93053]
["EMULSÕES ASFÁLTICAS RM-2C","2021-11-01","***","***","***",2.96819,3.29581,3.05989]
["EMULSÕES ASFÁLTICAS RM-2C","2021-12-01","***","***","***",2.9297,"***",2.9297]
["EMULSÕES ASFÁLTICAS RM-2C","2022-01-01","***","***","***",2.94189,"***",2.94189]
["EMULSÕES ASFÁLTICAS RM-2C","2022-02-01","***","***","***",3.26774,"***",3.26774]
["EMULSÕES ASFÁLTICAS RM-2C","2022-03-01","***","***","***",3.25889,3.38541,3.27244]
["EMULSÕES ASFÁLTICAS RM-2C","2022-04-01","***","***","***",3.15813,3.55347,3.20619]
["EMULSÕES ASFÁLTICAS RM-2C","2022-05-01","***","***",2.50243,2.90245,3.38038,2.9276]
["EMULSÕES ASFÁLTICAS RM-2C","2022-06-01","***",4.07739,"***",3.29623,3.06864,3.30239]
["EMULSÕES ASFÁLTICAS RM-2C","2022-07-01","***",3.54889,"***",3.05997,3.34416,3.11761]
["EMULSÕES ASFÁLTICAS RM-2C","2022-08-01","***","***","***",2.97583,3.37272,3.05785]
["EMULSÕES ASFÁLTICAS RM-2C","2022-09-01","***","***","***",3.11348,3.1157,3.11401]
["EMULSÕES ASFÁLTICAS RM-2C","2022-10-01","***","***","***",2.70103,3.12398,2.74627]
["EMULSÕES ASFÁLTICAS RM-2C","2022-11-01","***","***","***",2.52378,3.21235,2.57371]
["EMULSÕES ASFÁLTICAS RM-2C","2022-12-01","***","***","***",2.82526,2.99743,2.85867]
["EMULSÕES ASFÁLTICAS RM-2C","2023-01-01","***","***","***",2.74376,3.14507,2.80359]
["EMULSÕES ASFÁLTICAS RM-2C","2023-02-01","***","***","***",2.61437,3.07759,2.66942]
["EMULSÕES ASFÁLTICAS RM-2C","2023-03-01","***","***","***",2.50224,2.86822,2.55046]
["EMULSÕES ASFÁLTICAS RM-2C","2023-04-01","***","***","***",2.43627,3.05153,2.57875]
["EMULSÕES ASFÁLTICAS RM-2C","2023-05-01","***","***",2.89238,2.49926,2.82146,2.54895]
["EMULSÕES ASFÁLTICAS RM-2C","2023-06-01","***","***","***",2.33119,2.76482,2.37521]
["EMULSÕES ASFÁLTICAS RM-2C","2023-07-01","***","***","***",2.30183,2.81902,2.37351]
["EMULSÕES ASFÁLTICAS RM-2C","2023-08-01","***","***",2.82095,2.36328,2.86259,2.44953]
["EMULSÕES ASFÁLTICAS RM-2C","2023-09-01","***","***",2.97226,2.28919,3.09647,2.53593]
["EMULSÕES ASFÁLTICAS RR-1C","2008-11-01",1.14619,0.76841,1.19025,0.77788,0.96364,0.87854]
["EMULSÕES ASFÁLTICAS RR-1C","2008-12-01",1.08785,0.73657,1.10066,0.77156,0.87145,0.8298]
["EMULSÕES ASFÁLTICAS RR-1C","2009-01-01",1.4035,0.7202,0.95774,0.75842,0.83003,0.80428]
["EMULSÕES ASFÁLTICAS RR-1C","2009-02-01",1.43591,0.68655,1.13164,0.84852,0.87289,0.84732]
["EMULSÕES ASFÁLTICAS RR-1C","2009-03-01",1.46148,0.71251,0.94049,0.74175,0.80403,0.76522]
["EMULSÕES ASFÁLTICAS RR-1C","2009-04-01",1.00268,0.73567,0.941,0.72826,0.77543,0.75614]
["EMULSÕES ASFÁLTICAS RR-1C","2009-05-01",0.92585,0.66687,1.00838,0.72322,0.75009,0.75111]
["EMULSÕES ASFÁLTICAS RR-1C","2009-06-01",1.28866,0.68408,0.96154,0.70467,0.75991,0.74757]
["EMULSÕES ASFÁLTICAS RR-1C","2009-07-01",1.18997,0.70222,1.01385,0.75444,0.79231,0.79214]
["EMULSÕES ASFÁLTICAS RR-1C","2009-08-01",1.43891,0.66411,0.93394,0.71304,0.74218,0.73389]
["EMULSÕES ASFÁLTICAS RR-1C","2009-09-01",1.09162,0.66558,0.92876,0.70348,0.74484,0.73267]
["EMULSÕES ASFÁLTICAS RR-1C","2009-10-01",1.1404,0.7004,1.10915,0.72383,0.73739,0.80285]
["EMULSÕES ASFÁLTICAS RR-1C","2009-11-01",1.24636,0.67965,1.24386,0.71456,0.73792,0.84982]
["EMULSÕES ASFÁLTICAS RR-1C","2009-12-01",1.27605,0.69744,1.27234,0.71251,0.84295,0.90821]
["EMULSÕES ASFÁLTICAS RR-1C","2010-01-01",1.3434,0.70476,1.14754,0.70002,0.77799,0.85108]
["EMULSÕES ASFÁLTICAS RR-1C","2010-02-01",1.3348,0.70811,1.04433,0.72601,0.81888,0.81248]
["EMULSÕES ASFÁLTICAS RR-1C","2010-03-01",1.13194,0.7045,1.01518,0.71906,0.84059,0.81854]
["EMULSÕES ASFÁLTICAS RR-1C","2010-04-01",1.19222,0.69633,0.94064,0.67955,0.77877,0.77502]
["EMULSÕES ASFÁLTICAS RR-1C","2010-05-01",1.1095,0.6779,0.92139,0.69463,0.72455,0.77337]
["EMULSÕES ASFÁLTICAS RR-1C","2010-06-01",0.96054,0.65764,0.85632,0.69574,0.73547,0.73596]
["EMULSÕES ASFÁLTICAS RR-1C","2010-07-01",1.01801,0.66626,0.98103,0.69588,0.71558,0.78585]
["EMULSÕES ASFÁLTICAS RR-1C","2010-08-01",0.96338,0.69096,1.01273,0.67358,0.70497,0.76779]
["EMULSÕES ASFÁLTICAS RR-1C","2010-09-01",1.0611,0.68108,0.95674,0.67694,0.73063,0.7756]
["EMULSÕES ASFÁLTICAS RR-1C","2010-10-01",1.05179,0.69074,0.89698,0.66511,0.72203,0.75945]
["EMULSÕES ASFÁLTICAS RR-1C","2010-11-01",1.06026,0.69236,0.98779,0.6731,0.76062,0.77501]
["EMULSÕES ASFÁLTICAS RR-1C","2010-12-01",1.00487,0.70236,0.94953,0.68956,0.77408,0.77572]
["EMULSÕES ASFÁLTICAS RR-1C","2011-01-01",0.82966,0.72102,0.8533,0.67575,0.71408,0.71208]
["EMULSÕES ASFÁLTICAS RR-1C","2011-02-01",0.76245,0.69764,0.82748,0.66645,0.71495,0.69464]
["EMULSÕES ASFÁLTICAS RR-1C","2011-03-01",0.98667,0.67097,0.80976,0.68022,0.70773,0.73729]
["EMULSÕES ASFÁLTICAS RR-1C","2011-04-01",0.89608,0.67007,0.69636,0.67253,0.69758,0.68799]
["EMULSÕES ASFÁLTICAS RR-1C","2011-05-01",0.83294,0.66604,0.84079,0.66385,0.73064,0.72134]
["EMULSÕES ASFÁLTICAS RR-1C","2011-06-01",0.83373,0.66974,0.91362,0.66939,0.70489,0.73193]
["EMULSÕES ASFÁLTICAS RR-1C","2011-07-01",0.91811,0.66601,0.82807,0.66659,0.68378,0.74192]
["EMULSÕES ASFÁLTICAS RR-1C","2011-08-01",0.98117,0.67378,0.90432,0.68093,0.70676,0.75836]
["EMULSÕES ASFÁLTICAS RR-1C","2011-09-01",0.82557,0.70861,0.91228,0.68216,0.70301,0.7432]
["EMULSÕES ASFÁLTICAS RR-1C","2011-10-01",0.87384,0.69683,0.98256,0.67887,0.69133,0.7849]
["EMULSÕES ASFÁLTICAS RR-1C","2011-11-01",0.77498,0.69715,0.87922,0.67273,0.69353,0.72257]
["EMULSÕES ASFÁLTICAS RR-1C","2011-12-01",0.70152,0.69307,0.86775,0.67463,0.75504,0.71625]
["EMULSÕES ASFÁLTICAS RR-1C","2012-01-01",0.76844,0.69228,0.82294,0.68393,0.71323,0.70939]
["EMULSÕES ASFÁLTICAS RR-1C","2012-02-01",0.7235,0.67664,0.85528,0.68818,0.72978,0.71434]
["EMULSÕES ASFÁLTICAS RR-1C","2012-03-01",0.8817,0.68497,0.75299,0.70036,0.73111,0.72742]
["EMULSÕES ASFÁLTICAS RR-1C","2012-04-01",0.75976,0.66849,0.71588,0.71242,0.76542,0.71864]
["EMULSÕES ASFÁLTICAS RR-1C","2012-05-01",1.06435,0.67857,0.74293,0.69134,0.73632,0.71936]
["EMULSÕES ASFÁLTICAS RR-1C","2012-06-01",0.91444,0.67393,0.76034,0.6969,0.71998,0.71481]
["EMULSÕES ASFÁLTICAS RR-1C","2012-07-01",0.96288,0.68365,0.72176,0.70728,0.76571,0.72557]
["EMULSÕES ASFÁLTICAS RR-1C","2012-08-01",0.85927,0.6993,0.78199,0.70728,0.76666,0.73119]
["EMULSÕES ASFÁLTICAS RR-1C","2012-09-01",1.18165,0.70913,0.78312,0.73277,0.75069,0.75164]
["EMULSÕES ASFÁLTICAS RR-1C","2012-10-01",1.0021,0.72484,0.77088,0.72294,0.74429,0.74022]
["EMULSÕES ASFÁLTICAS RR-1C","2012-11-01",0.88047,0.75226,0.74482,0.72831,0.75896,0.74596]
["EMULSÕES ASFÁLTICAS RR-1C","2012-12-01",0.71949,0.72102,0.64859,0.68064,0.84493,0.70982]
["EMULSÕES ASFÁLTICAS RR-1C","2013-01-01",1.09862,0.69257,0.79603,0.74031,0.86487,0.78032]
["EMULSÕES ASFÁLTICAS RR-1C","2013-02-01",1.10571,0.69773,0.72684,0.72356,0.85496,0.75329]
["EMULSÕES ASFÁLTICAS RR-1C","2013-03-01",0.83818,0.70444,0.66127,0.7142,0.85067,0.73914]
["EMULSÕES ASFÁLTICAS RR-1C","2013-04-01",1.08027,0.70594,0.61454,0.73232,0.83661,0.74221]
["EMULSÕES ASFÁLTICAS RR-1C","2013-05-01",1.21728,0.69856,0.67485,0.71455,0.88163,0.74974]
["EMULSÕES ASFÁLTICAS RR-1C","2013-06-01",1.10561,0.70289,0.7133,0.7093,0.89519,0.75451]
["EMULSÕES ASFÁLTICAS RR-1C","2013-07-01",1.2564,0.71247,0.6079,0.69625,0.84329,0.72649]
["EMULSÕES ASFÁLTICAS RR-1C","2013-08-01",1.14415,0.71437,0.67444,0.736,0.85562,0.75589]
["EMULSÕES ASFÁLTICAS RR-1C","2013-09-01",1.01379,0.78377,0.7706,0.74788,0.85867,0.78634]
["EMULSÕES ASFÁLTICAS RR-1C","2013-10-01",1.11106,0.87955,0.75033,0.7531,0.83847,0.80832]
["EMULSÕES ASFÁLTICAS RR-1C","2013-11-01",0.94925,0.87956,0.76777,0.77301,0.8077,0.81253]
["EMULSÕES ASFÁLTICAS RR-1C","2013-12-01",0.89691,0.90225,0.7518,0.76873,0.86631,0.82853]
["EMULSÕES ASFÁLTICAS RR-1C","2014-01-01",1.08924,0.86674,0.88348,0.78327,0.80284,0.8379]
["EMULSÕES ASFÁLTICAS RR-1C","2014-02-01",1.19722,0.87247,0.79789,0.77388,0.84616,0.81779]
["EMULSÕES ASFÁLTICAS RR-1C","2014-03-01",1.04515,0.8059,0.83338,0.77889,0.86426,0.81456]
["EMULSÕES ASFÁLTICAS RR-1C","2014-04-01",0.80889,0.91934,0.78997,0.77586,0.8407,0.81631]
["EMULSÕES ASFÁLTICAS RR-1C","2014-05-01",0.73615,0.8367,0.8952,0.75029,0.86435,0.8015]
["EMULSÕES ASFÁLTICAS RR-1C","2014-06-01",1.15399,0.81258,0.80187,0.74701,0.84638,0.78827]
["EMULSÕES ASFÁLTICAS RR-1C","2014-07-01",1.19341,0.84986,0.78646,0.74054,0.82324,0.78702]
["EMULSÕES ASFÁLTICAS RR-1C","2014-08-01",1.07331,0.73788,0.78336,0.75495,0.85312,0.79368]
["EMULSÕES ASFÁLTICAS RR-1C","2014-09-01",1.32482,0.76482,0.90904,0.75815,0.87057,0.82214]
["EMULSÕES ASFÁLTICAS RR-1C","2014-10-01",1.37738,0.79455,0.81108,0.72516,0.80902,0.78731]
["EMULSÕES ASFÁLTICAS RR-1C","2014-11-01",1.08556,0.8392,0.82586,0.74178,0.88058,0.82225]
["EMULSÕES ASFÁLTICAS RR-1C","2014-12-01",1.23376,0.91894,0.85154,0.82783,0.94018,0.89477]
["EMULSÕES ASFÁLTICAS RR-1C","2015-01-01",1.2718,1.11926,1.20162,0.90777,0.99709,0.99122]
["EMULSÕES ASFÁLTICAS RR-1C","2015-02-01",1.13308,1.05441,1.1385,0.92559,1.06689,1.0005]
["EMULSÕES ASFÁLTICAS RR-1C","2015-03-01",1.38909,0.9992,1.12285,0.93867,1.07739,1.01675]
["EMULSÕES ASFÁLTICAS RR-1C","2015-04-01",2.09475,1.06746,1.02256,0.9213,1.06333,0.99479]
["EMULSÕES ASFÁLTICAS RR-1C","2015-05-01",1.40672,1.02977,1.02512,0.8933,0.97392,0.96308]
["EMULSÕES ASFÁLTICAS RR-1C","2015-06-01",1.47247,1.00916,1.0931,0.91224,1.04511,1.01811]
["EMULSÕES ASFÁLTICAS RR-1C","2015-07-01",1.28545,1.03925,0.95168,0.84126,1.0026,0.92725]
["EMULSÕES ASFÁLTICAS RR-1C","2015-08-01",1.24418,1.13327,1.07912,0.88927,1.06102,0.9896]
["EMULSÕES ASFÁLTICAS RR-1C","2015-09-01",1.48011,1.0312,1.10865,0.94525,1.12081,1.03383]
["EMULSÕES ASFÁLTICAS RR-1C","2015-10-01",1.11531,1.17431,1.17864,0.98124,1.18177,1.06646]
["EMULSÕES ASFÁLTICAS RR-1C","2015-11-01",1.16317,1.2892,1.26414,1.09254,1.22819,1.17492]
["EMULSÕES ASFÁLTICAS RR-1C","2015-12-01",1.49408,1.3655,1.16623,1.09526,1.26285,1.19923]
["EMULSÕES ASFÁLTICAS RR-1C","2016-01-01",1.40154,1.22897,1.37445,1.08672,1.1797,1.14824]
["EMULSÕES ASFÁLTICAS RR-1C","2016-02-01",1.5452,1.26745,1.54753,1.11063,1.1878,1.18104]
["EMULSÕES ASFÁLTICAS RR-1C","2016-03-01",1.46939,1.27325,1.3389,1.09482,1.20454,1.16761]
["EMULSÕES ASFÁLTICAS RR-1C","2016-04-01",1.63452,1.41635,1.39567,1.20999,1.29914,1.26969]
["EMULSÕES ASFÁLTICAS RR-1C","2016-05-01",1.89842,1.39375,1.35434,1.21165,1.32325,1.27767]
["EMULSÕES ASFÁLTICAS RR-1C","2016-06-01",1.77139,1.29661,1.37029,1.20635,1.31436,1.2741]
["EMULSÕES ASFÁLTICAS RR-1C","2016-07-01",1.5538,1.22569,1.415,1.19855,1.30084,1.24982]
["EMULSÕES ASFÁLTICAS RR-1C","2016-08-01",1.65682,1.10188,1.46882,1.20665,1.29737,1.26415]
["EMULSÕES ASFÁLTICAS RR-1C","2016-09-01",1.77312,1.1322,1.48909,1.14087,1.12349,1.17115]
["EMULSÕES ASFÁLTICAS RR-1C","2016-10-01",1.23207,1.18713,1.38199,1.11977,1.13079,1.16283]
["EMULSÕES ASFÁLTICAS RR-1C","2016-11-01",1.54434,1.08727,1.46764,1.11996,1.13685,1.16282]
["EMULSÕES ASFÁLTICAS RR-1C","2016-12-01",1.54307,0.97824,1.51573,1.09121,1.13663,1.11894]
["EMULSÕES ASFÁLTICAS RR-1C","2017-01-01",1.60553,1.1316,1.32362,1.1104,1.07961,1.1109]
["EMULSÕES ASFÁLTICAS RR-1C","2017-02-01",1.89042,0.94497,1.49607,1.11314,1.13691,1.11991]
["EMULSÕES ASFÁLTICAS RR-1C","2017-03-01",1.93399,1.11778,1.37473,1.0994,1.12191,1.14471]
["EMULSÕES ASFÁLTICAS RR-1C","2017-04-01",1.21158,1.16881,1.33945,1.11025,1.0966,1.132]
["EMULSÕES ASFÁLTICAS RR-1C","2017-05-01",1.29915,1.15799,1.32604,1.08282,1.09873,1.13056]
["EMULSÕES ASFÁLTICAS RR-1C","2017-06-01",1.76702,1.16593,1.39321,1.08095,1.0882,1.17185]
["EMULSÕES ASFÁLTICAS RR-1C","2017-07-01",1.74396,1.15351,1.33201,1.06858,1.0938,1.19008]
["EMULSÕES ASFÁLTICAS RR-1C","2017-08-01",1.75594,1.13998,1.28785,1.09492,1.0754,1.18728]
["EMULSÕES ASFÁLTICAS RR-1C","2017-09-01",1.68603,1.17334,1.43683,1.05623,1.10909,1.18093]
["EMULSÕES ASFÁLTICAS RR-1C","2017-10-01",1.7821,1.12614,1.50796,1.09862,1.07987,1.25301]
["EMULSÕES ASFÁLTICAS RR-1C","2017-11-01",1.8204,1.17395,1.61953,1.18957,1.16919,1.29857]
["EMULSÕES ASFÁLTICAS RR-1C","2017-12-01",1.98925,1.22428,1.56255,1.2056,1.23804,1.39078]
["EMULSÕES ASFÁLTICAS RR-1C","2018-01-01",1.9733,1.24304,1.52138,1.21127,1.2505,1.32862]
["EMULSÕES ASFÁLTICAS RR-1C","2018-02-01",2.09992,1.24794,1.41086,1.1767,1.24729,1.28669]
["EMULSÕES ASFÁLTICAS RR-1C","2018-03-01",1.93262,1.21643,1.42512,1.19926,1.24847,1.27924]
["EMULSÕES ASFÁLTICAS RR-1C","2018-04-01",2.01193,1.2311,1.48384,1.17697,1.26085,1.30955]
["EMULSÕES ASFÁLTICAS RR-1C","2018-05-01",2.04735,1.29536,1.47819,1.25969,1.28569,1.36821]
["EMULSÕES ASFÁLTICAS RR-1C","2018-06-01",1.99012,1.39992,1.53623,1.28746,1.3424,1.38499]
["EMULSÕES ASFÁLTICAS RR-1C","2018-07-01",2.06591,1.43097,1.62426,1.41831,1.45183,1.53181]
["EMULSÕES ASFÁLTICAS RR-1C","2018-08-01",2.16717,1.65051,1.77985,1.51515,1.55269,1.68584]
["EMULSÕES ASFÁLTICAS RR-1C","2018-09-01",2.25355,1.71047,1.77775,1.49383,1.56396,1.6543]
["EMULSÕES ASFÁLTICAS RR-1C","2018-10-01",2.28516,1.68788,1.61712,1.53679,1.58468,1.65859]
["EMULSÕES ASFÁLTICAS RR-1C","2018-11-01",2.58672,1.78028,1.92014,1.68478,1.70221,1.81212]
["EMULSÕES ASFÁLTICAS RR-1C","2018-12-01",2.35125,1.84444,1.73303,1.68175,1.74721,1.77414]
["EMULSÕES ASFÁLTICAS RR-1C","2019-01-01",2.06871,1.89523,2.06698,1.70769,1.77906,1.78084]
["EMULSÕES ASFÁLTICAS RR-1C","2019-02-01",2.02232,1.932,2.14772,1.89654,1.93094,1.93691]
["EMULSÕES ASFÁLTICAS RR-1C","2019-03-01",2.25245,1.93995,2.14442,1.88346,1.89989,1.92514]
["EMULSÕES ASFÁLTICAS RR-1C","2019-04-01",2.1287,1.998,2.17488,1.87205,1.92797,1.93702]
["EMULSÕES ASFÁLTICAS RR-1C","2019-05-01",2.23974,1.93525,2.06462,1.90744,1.95592,1.96246]
["EMULSÕES ASFÁLTICAS RR-1C","2019-06-01",2.49067,1.96384,2.14479,1.85413,1.92041,2.0191]
["EMULSÕES ASFÁLTICAS RR-1C","2019-07-01",2.75196,1.81461,2.12389,1.88341,1.96741,2.09155]
["EMULSÕES ASFÁLTICAS RR-1C","2019-08-01",2.88258,1.76758,1.95481,1.7978,1.86564,1.9977]
["EMULSÕES ASFÁLTICAS RR-1C","2019-09-01",2.58213,1.8059,2.00889,1.91592,1.83713,2.02217]
["EMULSÕES ASFÁLTICAS RR-1C","2019-10-01",2.44947,1.86596,1.97749,1.81254,1.80017,1.92587]
["EMULSÕES ASFÁLTICAS RR-1C","2019-11-01",2.84259,1.7831,2.13172,1.81961,1.85175,2.00665]
["EMULSÕES ASFÁLTICAS RR-1C","2019-12-01",2.47244,1.77715,1.98835,1.88532,1.85183,1.96264]
["EMULSÕES ASFÁLTICAS RR-1C","2020-01-01",2.61743,1.78667,1.93618,1.84316,1.86988,1.94497]
["EMULSÕES ASFÁLTICAS RR-1C","2020-02-01",2.89336,1.74284,2.00628,1.78646,1.74883,1.92865]
["EMULSÕES ASFÁLTICAS RR-1C","2020-03-01",2.27491,1.705,1.86606,1.76312,1.70806,1.78635]
["EMULSÕES ASFÁLTICAS RR-1C","2020-04-01",1.96111,1.63796,2.00783,1.73738,1.67882,1.75136]
["EMULSÕES ASFÁLTICAS RR-1C","2020-05-01",2.03374,1.65478,1.90151,1.68272,1.66148,1.74066]
["EMULSÕES ASFÁLTICAS RR-1C","2020-06-01",2.2046,1.68058,1.82395,1.6544,1.61676,1.75816]
["EMULSÕES ASFÁLTICAS RR-1C","2020-07-01",2.507,1.61627,1.82337,1.65355,1.68305,1.87045]
["EMULSÕES ASFÁLTICAS RR-1C","2020-08-01",2.49179,1.74688,1.92788,1.72174,1.78024,1.92403]
["EMULSÕES ASFÁLTICAS RR-1C","2020-09-01",2.35843,1.7658,1.9576,1.74367,1.753,1.87635]
["EMULSÕES ASFÁLTICAS RR-1C","2020-10-01",2.55689,1.76969,2.00946,1.79377,1.72187,1.95806]
["EMULSÕES ASFÁLTICAS RR-1C","2020-11-01",2.73563,1.93079,2.03523,1.82988,1.85908,2.06796]
["EMULSÕES ASFÁLTICAS RR-1C","2020-12-01",2.76711,1.90332,2.16227,1.82934,1.88434,2.45521]
["EMULSÕES ASFÁLTICAS RR-1C","2021-01-01",2.68589,1.877,2.06157,1.87156,1.8567,2.27425]
["EMULSÕES ASFÁLTICAS RR-1C","2021-02-01",2.86578,2.052,2.25283,1.96044,1.88242,2.30051]
["EMULSÕES ASFÁLTICAS RR-1C","2021-03-01",3.02492,2.08423,2.06681,1.95669,1.96403,2.40713]
["EMULSÕES ASFÁLTICAS RR-1C","2021-04-01",2.7493,2.00618,2.22197,1.95974,1.95073,2.32221]
["EMULSÕES ASFÁLTICAS RR-1C","2021-05-01",3.12008,2.50821,2.44015,2.36102,2.26114,2.6576]
["EMULSÕES ASFÁLTICAS RR-1C","2021-06-01",3.12633,2.4172,2.39396,2.32293,2.37207,2.74063]
["EMULSÕES ASFÁLTICAS RR-1C","2021-07-01",3.34338,2.4164,2.55521,2.35341,2.39524,2.94324]
["EMULSÕES ASFÁLTICAS RR-1C","2021-08-01",3.49285,2.60858,2.66614,2.50295,2.46504,3.09628]
["EMULSÕES ASFÁLTICAS RR-1C","2021-09-01",3.39778,2.58125,2.71435,2.53131,2.46111,3.03005]
["EMULSÕES ASFÁLTICAS RR-1C","2021-10-01",3.36237,2.60692,2.51803,2.53627,2.53649,3.01711]
["EMULSÕES ASFÁLTICAS RR-1C","2021-11-01",3.45212,2.82023,2.6761,2.72862,2.76405,3.22275]
["EMULSÕES ASFÁLTICAS RR-1C","2021-12-01",3.72555,2.81302,2.95708,2.7771,2.86731,3.33034]
["EMULSÕES ASFÁLTICAS RR-1C","2022-01-01",3.64767,2.80378,3.0955,2.81801,2.75162,3.18388]
["EMULSÕES ASFÁLTICAS RR-1C","2022-02-01",3.91003,3.00314,3.59298,2.97588,2.99331,3.33653]
["EMULSÕES ASFÁLTICAS RR-1C","2022-03-01",4.28703,3.28201,2.93578,3.01897,2.934,3.51722]
["EMULSÕES ASFÁLTICAS RR-1C","2022-04-01",4.08351,3.59083,3.41775,3.11498,2.9741,3.46425]
["EMULSÕES ASFÁLTICAS RR-1C","2022-05-01",4.11921,3.94187,3.36364,3.09394,3.00467,3.50748]
["EMULSÕES ASFÁLTICAS RR-1C","2022-06-01",4.10979,3.77063,3.39172,3.06785,3.0347,3.55939]
["EMULSÕES ASFÁLTICAS RR-1C","2022-07-01",4.21992,3.80778,3.41312,3.09256,2.9306,3.5838]
["EMULSÕES ASFÁLTICAS RR-1C","2022-08-01",4.07186,4.07744,3.36087,3.16814,3.01826,3.58315]
["EMULSÕES ASFÁLTICAS RR-1C","2022-09-01",3.75458,3.95542,3.33133,3.01075,2.81849,3.40157]
["EMULSÕES ASFÁLTICAS RR-1C","2022-10-01",4.32185,3.8054,2.76213,2.89938,2.68587,3.54757]
["EMULSÕES ASFÁLTICAS RR-1C","2022-11-01",3.25766,4.13835,3.071,2.69166,2.64252,3.19129]
["EMULSÕES ASFÁLTICAS RR-1C","2022-12-01",3.39489,4.25523,3.20573,2.83336,2.55067,3.41841]
["EMULSÕES ASFÁLTICAS RR-1C","2023-01-01",3.56645,3.56822,2.87188,2.61912,2.46215,3.00102]
["EMULSÕES ASFÁLTICAS RR-1C","2023-02-01",4.59595,3.55691,2.89226,2.59124,2.31043,3.1906]
["EMULSÕES ASFÁLTICAS RR-1C","2023-03-01",3.64665,3.39846,3.13309,2.42822,2.30264,2.87702]
["EMULSÕES ASFÁLTICAS RR-1C","2023-04-01",3.02986,3.45669,3.05814,2.446,2.30756,2.80414]
["EMULSÕES ASFÁLTICAS RR-1C","2023-05-01",4.07404,3.33176,2.75618,2.42017,2.20494,2.75837]
["EMULSÕES ASFÁLTICAS RR-1C","2023-06-01",4.03679,3.23885,2.7518,2.34152,2.2262,3.1032]
["EMULSÕES ASFÁLTICAS RR-1C","2023-07-01",3.85299,3.14832,2.82546,2.2741,2.25488,2.87503]
["EMULSÕES ASFÁLTICAS RR-1C","2023-08-01",3.91787,3.18957,2.74673,2.25043,2.22395,2.80541]
["EMULSÕES ASFÁLTICAS RR-1C","2023-09-01",3.90331,3.36075,2.78409,2.39431,2.36141,3.0374]
["EMULSÕES ASFÁLTICAS RR-2C","2008-11-01",1.186,0.77767,1.03566,0.87875,0.87899,0.93776]
["EMULSÕES ASFÁLTICAS RR-2C","2008-12-01",1.02769,0.78476,1.03338,0.92244,0.82039,0.91253]
["EMULSÕES ASFÁLTICAS RR-2C","2009-01-01",1.05106,0.77785,1.03252,0.88465,0.79965,0.88473]
["EMULSÕES ASFÁLTICAS RR-2C","2009-02-01",0.96217,0.76614,1.04747,0.83775,0.80466,0.84502]
["EMULSÕES ASFÁLTICAS RR-2C","2009-03-01",0.98515,0.77843,1.06369,0.84046,0.80126,0.86401]
["EMULSÕES ASFÁLTICAS RR-2C","2009-04-01",1.04954,0.76861,1.15151,0.85307,0.80613,0.87717]
["EMULSÕES ASFÁLTICAS RR-2C","2009-05-01",1.01933,0.75773,1.12277,0.74562,0.78983,0.85963]
["EMULSÕES ASFÁLTICAS RR-2C","2009-06-01",1.08611,0.74427,1.05544,0.72786,0.76177,0.84754]
["EMULSÕES ASFÁLTICAS RR-2C","2009-07-01",1.28498,0.74038,1.10941,0.78793,0.79164,0.92135]
["EMULSÕES ASFÁLTICAS RR-2C","2009-08-01",1.08923,0.72008,1.02151,0.81831,0.77979,0.88339]
["EMULSÕES ASFÁLTICAS RR-2C","2009-09-01",1.09419,0.71522,1.02638,0.82164,0.77327,0.87073]
["EMULSÕES ASFÁLTICAS RR-2C","2009-10-01",0.94039,0.73884,1.03193,0.82358,0.76035,0.899]
["EMULSÕES ASFÁLTICAS RR-2C","2009-11-01",1.05685,0.73204,1.07713,0.79053,0.77119,0.85607]
["EMULSÕES ASFÁLTICAS RR-2C","2009-12-01",1.12924,0.73689,1.02868,0.7717,0.75506,0.8247]
["EMULSÕES ASFÁLTICAS RR-2C","2010-01-01",1.04995,0.72338,1.04458,0.77246,0.75617,0.79349]
["EMULSÕES ASFÁLTICAS RR-2C","2010-02-01",1.05487,0.72431,0.99573,0.7634,0.75164,0.78797]
["EMULSÕES ASFÁLTICAS RR-2C","2010-03-01",1.02367,0.72143,1.03345,0.75139,0.7536,0.78905]
["EMULSÕES ASFÁLTICAS RR-2C","2010-04-01",1.0247,0.72546,1.01635,0.77293,0.76992,0.80569]
["EMULSÕES ASFÁLTICAS RR-2C","2010-05-01",1.06255,0.7113,1.0108,0.75962,0.77513,0.82306]
["EMULSÕES ASFÁLTICAS RR-2C","2010-06-01",0.89864,0.69789,0.93441,0.76596,0.75494,0.80328]
["EMULSÕES ASFÁLTICAS RR-2C","2010-07-01",0.88637,0.69258,0.93172,0.76886,0.76686,0.80928]
["EMULSÕES ASFÁLTICAS RR-2C","2010-08-01",0.88957,0.69933,0.91445,0.71329,0.77107,0.79191]
["EMULSÕES ASFÁLTICAS RR-2C","2010-09-01",0.92246,0.6993,0.90655,0.73079,0.76261,0.80159]
["EMULSÕES ASFÁLTICAS RR-2C","2010-10-01",0.88743,0.71023,0.91478,0.73571,0.73555,0.79924]
["EMULSÕES ASFÁLTICAS RR-2C","2010-11-01",0.91443,0.70657,0.9112,0.73841,0.74479,0.7909]
["EMULSÕES ASFÁLTICAS RR-2C","2010-12-01",0.89985,0.70372,0.94917,0.76394,0.7444,0.78146]
["EMULSÕES ASFÁLTICAS RR-2C","2011-01-01",0.9507,0.71194,0.99751,0.75202,0.73554,0.76546]
["EMULSÕES ASFÁLTICAS RR-2C","2011-02-01",0.98822,0.71505,0.94461,0.74247,0.73921,0.76926]
["EMULSÕES ASFÁLTICAS RR-2C","2011-03-01",0.9959,0.7176,0.9543,0.73023,0.72199,0.75882]
["EMULSÕES ASFÁLTICAS RR-2C","2011-04-01",0.98388,0.70603,0.8626,0.71371,0.7439,0.76248]
["EMULSÕES ASFÁLTICAS RR-2C","2011-05-01",0.91615,0.68272,0.87623,0.72294,0.74908,0.77401]
["EMULSÕES ASFÁLTICAS RR-2C","2011-06-01",0.94781,0.67119,0.9257,0.72569,0.74474,0.80628]
["EMULSÕES ASFÁLTICAS RR-2C","2011-07-01",0.79338,0.64305,0.933,0.72502,0.74471,0.78729]
["EMULSÕES ASFÁLTICAS RR-2C","2011-08-01",0.79654,0.66466,0.90937,0.72234,0.73925,0.78274]
["EMULSÕES ASFÁLTICAS RR-2C","2011-09-01",0.89863,0.67365,0.90889,0.67402,0.73684,0.77544]
["EMULSÕES ASFÁLTICAS RR-2C","2011-10-01",0.92082,0.67945,0.91163,0.69711,0.74115,0.78669]
["EMULSÕES ASFÁLTICAS RR-2C","2011-11-01",0.91827,0.66593,0.92234,0.71181,0.73899,0.79275]
["EMULSÕES ASFÁLTICAS RR-2C","2011-12-01",0.87178,0.67737,0.96702,0.74915,0.73883,0.78863]
["EMULSÕES ASFÁLTICAS RR-2C","2012-01-01",0.9068,0.68948,0.94618,0.75123,0.76136,0.75864]
["EMULSÕES ASFÁLTICAS RR-2C","2012-02-01",0.87911,0.69589,0.95727,0.73781,0.75666,0.75745]
["EMULSÕES ASFÁLTICAS RR-2C","2012-03-01",0.89278,0.69995,0.92661,0.76317,0.78072,0.78083]
["EMULSÕES ASFÁLTICAS RR-2C","2012-04-01",0.90095,0.70786,0.91844,0.7519,0.77546,0.77892]
["EMULSÕES ASFÁLTICAS RR-2C","2012-05-01",1.28457,0.71313,0.93242,0.75785,0.75603,0.8222]
["EMULSÕES ASFÁLTICAS RR-2C","2012-06-01",0.92046,0.71714,0.94328,0.74513,0.78771,0.83469]
["EMULSÕES ASFÁLTICAS RR-2C","2012-07-01",1.07696,0.71986,0.94531,0.74568,0.82667,0.82342]
["EMULSÕES ASFÁLTICAS RR-2C","2012-08-01",1.04471,0.74405,0.95829,0.75038,0.79474,0.83772]
["EMULSÕES ASFÁLTICAS RR-2C","2012-09-01",1.11057,0.76416,0.96569,0.78219,0.807,0.86554]
["EMULSÕES ASFÁLTICAS RR-2C","2012-10-01",0.89652,0.76482,0.98309,0.77757,0.80183,0.86389]
["EMULSÕES ASFÁLTICAS RR-2C","2012-11-01",0.98354,0.77504,1.01052,0.79272,0.82122,0.86955]
["EMULSÕES ASFÁLTICAS RR-2C","2012-12-01",0.92596,0.76623,1.00141,0.75188,0.82609,0.83669]
["EMULSÕES ASFÁLTICAS RR-2C","2013-01-01",0.95775,0.75588,1.04279,0.79644,0.84617,0.82887]
["EMULSÕES ASFÁLTICAS RR-2C","2013-02-01",1.04064,0.74759,0.99508,0.78626,0.79785,0.80673]
["EMULSÕES ASFÁLTICAS RR-2C","2013-03-01",1.01055,0.73894,1.01311,0.76949,0.80934,0.80616]
["EMULSÕES ASFÁLTICAS RR-2C","2013-04-01",1.02811,0.75067,1.00136,0.76856,0.82338,0.82599]
["EMULSÕES ASFÁLTICAS RR-2C","2013-05-01",1.01206,0.75171,1.01494,0.7869,0.83744,0.85694]
["EMULSÕES ASFÁLTICAS RR-2C","2013-06-01",1.09845,0.7646,1.02301,0.75009,0.83492,0.87848]
["EMULSÕES ASFÁLTICAS RR-2C","2013-07-01",0.77393,0.77878,0.99878,0.79509,0.82814,0.86816]
["EMULSÕES ASFÁLTICAS RR-2C","2013-08-01",1.01174,0.75886,1.02217,0.80992,0.85638,0.91103]
["EMULSÕES ASFÁLTICAS RR-2C","2013-09-01",0.95683,0.78501,1.06703,0.80424,0.81905,0.92757]
["EMULSÕES ASFÁLTICAS RR-2C","2013-10-01",1.02578,0.79052,1.02784,0.76985,0.82561,0.9163]
["EMULSÕES ASFÁLTICAS RR-2C","2013-11-01",0.93692,0.82692,1.02755,0.83078,0.85016,0.92042]
["EMULSÕES ASFÁLTICAS RR-2C","2013-12-01",0.97543,0.80258,1.06274,0.84215,0.8613,0.92173]
["EMULSÕES ASFÁLTICAS RR-2C","2014-01-01",1.08373,0.79859,1.04971,0.82191,0.83898,0.8747]
["EMULSÕES ASFÁLTICAS RR-2C","2014-02-01",1.02569,0.8018,1.05907,0.80881,0.83782,0.86668]
["EMULSÕES ASFÁLTICAS RR-2C","2014-03-01",1.00087,0.8124,1.06164,0.80763,0.8678,0.85841]
["EMULSÕES ASFÁLTICAS RR-2C","2014-04-01",1.15948,0.79691,1.0859,0.82344,0.86368,0.88273]
["EMULSÕES ASFÁLTICAS RR-2C","2014-05-01",1.05826,0.80949,1.04912,0.83998,0.8705,0.90554]
["EMULSÕES ASFÁLTICAS RR-2C","2014-06-01",1.01096,0.83552,1.05878,0.78482,0.8887,0.92709]
["EMULSÕES ASFÁLTICAS RR-2C","2014-07-01",1.15084,0.84892,0.96591,0.81812,0.87038,0.91171]
["EMULSÕES ASFÁLTICAS RR-2C","2014-08-01",1.09168,0.83809,0.91947,0.82739,0.85586,0.88543]
["EMULSÕES ASFÁLTICAS RR-2C","2014-09-01",1.07423,0.85009,1.0659,0.81353,0.8912,0.95866]
["EMULSÕES ASFÁLTICAS RR-2C","2014-10-01",1.09338,0.88061,0.95303,0.78554,0.85444,0.9114]
["EMULSÕES ASFÁLTICAS RR-2C","2014-11-01",1.2085,0.9093,0.96672,0.79281,0.87831,0.93263]
["EMULSÕES ASFÁLTICAS RR-2C","2014-12-01",1.17332,0.9748,1.0811,0.95743,0.94472,1.00885]
["EMULSÕES ASFÁLTICAS RR-2C","2015-01-01",1.19749,1.17357,1.24677,1.02534,1.12256,1.15859]
["EMULSÕES ASFÁLTICAS RR-2C","2015-02-01",1.31386,1.12137,1.2216,0.98311,1.04953,1.13684]
["EMULSÕES ASFÁLTICAS RR-2C","2015-03-01",1.35599,1.05969,1.2894,1.08096,1.06367,1.12893]
["EMULSÕES ASFÁLTICAS RR-2C","2015-04-01",1.19856,1.09583,1.30055,1.04288,1.08262,1.11489]
["EMULSÕES ASFÁLTICAS RR-2C","2015-05-01",1.39607,1.07336,1.24618,1.00219,1.10075,1.1336]
["EMULSÕES ASFÁLTICAS RR-2C","2015-06-01",1.3738,1.0706,1.24003,0.99511,1.11371,1.15814]
["EMULSÕES ASFÁLTICAS RR-2C","2015-07-01",1.29155,1.07824,1.06119,1.00725,1.14041,1.08867]
["EMULSÕES ASFÁLTICAS RR-2C","2015-08-01",1.26444,1.10987,1.27857,1.00932,1.10179,1.20074]
["EMULSÕES ASFÁLTICAS RR-2C","2015-09-01",1.31782,1.07932,1.27299,1.04122,1.10151,1.19932]
["EMULSÕES ASFÁLTICAS RR-2C","2015-10-01",1.34759,1.15159,1.30343,1.14088,1.15384,1.24455]
["EMULSÕES ASFÁLTICAS RR-2C","2015-11-01",1.42195,1.2529,1.46327,1.20233,1.2091,1.35094]
["EMULSÕES ASFÁLTICAS RR-2C","2015-12-01",1.50058,1.24669,1.38579,1.22744,1.23524,1.32474]
["EMULSÕES ASFÁLTICAS RR-2C","2016-01-01",1.64898,1.30763,1.44914,1.23587,1.26442,1.33281]
["EMULSÕES ASFÁLTICAS RR-2C","2016-02-01",1.40404,1.29558,1.45517,1.28034,1.25062,1.32412]
["EMULSÕES ASFÁLTICAS RR-2C","2016-03-01",1.37374,1.27647,1.47008,1.23738,1.27059,1.30599]
["EMULSÕES ASFÁLTICAS RR-2C","2016-04-01",1.80313,1.36488,1.54607,1.33734,1.37147,1.42627]
["EMULSÕES ASFÁLTICAS RR-2C","2016-05-01",1.71021,1.39319,1.53047,1.37861,1.3876,1.44875]
["EMULSÕES ASFÁLTICAS RR-2C","2016-06-01",1.68346,1.30762,1.60109,1.35649,1.42417,1.46046]
["EMULSÕES ASFÁLTICAS RR-2C","2016-07-01",1.61117,1.3056,1.58746,1.4386,1.425,1.46813]
["EMULSÕES ASFÁLTICAS RR-2C","2016-08-01",1.60429,1.3044,1.61285,1.4229,1.42472,1.49037]
["EMULSÕES ASFÁLTICAS RR-2C","2016-09-01",1.55385,1.21503,1.48725,1.3105,1.26117,1.38217]
["EMULSÕES ASFÁLTICAS RR-2C","2017-01-01",1.32959,0.97529,1.50031,1.36133,1.22593,1.16247]
["EMULSÕES ASFÁLTICAS RR-2C","2017-02-01",1.40377,1.01986,1.46053,1.34292,1.20016,1.20723]
["EMULSÕES ASFÁLTICAS RR-2C","2017-03-01",1.39687,1.16658,1.42319,1.31607,1.21022,1.27177]
["EMULSÕES ASFÁLTICAS RR-2C","2017-04-01",1.40616,1.15063,1.4733,1.31939,1.182,1.29107]
["EMULSÕES ASFÁLTICAS RR-2C","2017-05-01",1.40409,1.1726,1.48677,1.3141,1.18765,1.34039]
["EMULSÕES ASFÁLTICAS RR-2C","2017-06-01",1.41802,1.16842,1.531,1.31019,1.19669,1.36485]
["EMULSÕES ASFÁLTICAS RR-2C","2017-07-01",1.4683,1.1821,1.51215,1.27905,1.13325,1.35962]
["EMULSÕES ASFÁLTICAS RR-2C","2017-08-01",1.46597,1.17678,1.40396,1.26634,1.17874,1.32379]
["EMULSÕES ASFÁLTICAS RR-2C","2017-09-01",1.43182,1.18989,1.45377,1.28569,1.18716,1.35571]
["EMULSÕES ASFÁLTICAS RR-2C","2017-10-01",1.44918,1.20725,1.46402,1.3324,1.17394,1.36568]
["EMULSÕES ASFÁLTICAS RR-2C","2017-11-01",1.61828,1.30283,1.61382,1.32217,1.31715,1.47033]
["EMULSÕES ASFÁLTICAS RR-2C","2017-12-01",1.7125,1.28869,1.54295,1.31959,1.29115,1.45882]
["EMULSÕES ASFÁLTICAS RR-2C","2018-01-01",1.75153,1.34229,1.50941,1.43282,1.33551,1.48367]
["EMULSÕES ASFÁLTICAS RR-2C","2018-02-01",1.66104,1.36179,1.48175,1.44739,1.37682,1.46483]
["EMULSÕES ASFÁLTICAS RR-2C","2018-03-01",1.69544,1.35424,1.53759,1.44706,1.37165,1.47623]
["EMULSÕES ASFÁLTICAS RR-2C","2018-04-01",1.56875,1.33286,1.5585,1.44577,1.32899,1.43746]
["EMULSÕES ASFÁLTICAS RR-2C","2018-05-01",1.7163,1.38348,1.51038,1.45766,1.38994,1.47057]
["EMULSÕES ASFÁLTICAS RR-2C","2018-06-01",1.67167,1.46095,1.64779,1.50562,1.47733,1.54931]
["EMULSÕES ASFÁLTICAS RR-2C","2018-07-01",1.82531,1.57329,1.75447,1.60049,1.54008,1.6672]
["EMULSÕES ASFÁLTICAS RR-2C","2018-08-01",1.82373,1.68567,1.91253,1.79222,1.67853,1.80375]
["EMULSÕES ASFÁLTICAS RR-2C","2018-09-01",2.0524,1.68605,1.93614,1.77766,1.67104,1.85923]
["EMULSÕES ASFÁLTICAS RR-2C","2018-10-01",2.09483,1.68833,1.74629,1.80218,1.83604,1.81573]
["EMULSÕES ASFÁLTICAS RR-2C","2018-11-01",2.33021,1.8412,2.21801,2.03131,1.94652,2.087]
["EMULSÕES ASFÁLTICAS RR-2C","2018-12-01",2.43613,1.83935,2.11977,1.96504,1.89615,2.04151]
["EMULSÕES ASFÁLTICAS RR-2C","2019-01-01",2.39913,1.87943,2.18538,1.99302,1.92919,2.0567]
["EMULSÕES ASFÁLTICAS RR-2C","2019-02-01",2.39353,2.0101,2.50457,2.26308,2.01112,2.22164]
["EMULSÕES ASFÁLTICAS RR-2C","2019-03-01",2.67969,1.9902,2.55791,2.2045,2.12219,2.3186]
["EMULSÕES ASFÁLTICAS RR-2C","2019-04-01",2.51514,2.00087,2.6334,2.23286,2.06408,2.27708]
["EMULSÕES ASFÁLTICAS RR-2C","2019-05-01",2.13024,1.96028,2.34247,2.21078,2.16678,2.16307]
["EMULSÕES ASFÁLTICAS RR-2C","2019-06-01",2.164,1.925,2.37953,2.14248,2.18025,2.16642]
["EMULSÕES ASFÁLTICAS RR-2C","2019-07-01",2.16152,1.90513,2.37009,2.11332,2.1666,2.15968]
["EMULSÕES ASFÁLTICAS RR-2C","2019-08-01",2.14818,1.78713,2.27367,2.10173,2.23056,2.09611]
["EMULSÕES ASFÁLTICAS RR-2C","2019-09-01",2.27499,1.76859,2.27495,2.12254,2.19522,2.11486]
["EMULSÕES ASFÁLTICAS RR-2C","2019-10-01",2.2525,1.96752,2.73849,2.14046,2.03076,2.29887]
["EMULSÕES ASFÁLTICAS RR-2C","2019-11-01",2.39172,1.92312,2.51215,2.21314,2.04311,2.25025]
["EMULSÕES ASFÁLTICAS RR-2C","2019-12-01",2.39199,1.9748,2.25052,2.16807,2.05075,2.14519]
["EMULSÕES ASFÁLTICAS RR-2C","2020-01-01",2.6177,1.87804,2.33529,2.18399,2.04722,2.1668]
["EMULSÕES ASFÁLTICAS RR-2C","2020-02-01",2.32312,1.80853,1.97899,2.08674,2.02577,2.02774]
["EMULSÕES ASFÁLTICAS RR-2C","2020-03-01",2.34281,1.79406,1.72113,2.04531,1.97328,1.97712]
["EMULSÕES ASFÁLTICAS RR-2C","2020-04-01",2.22407,1.71114,1.94368,1.98114,2.05878,1.97653]
["EMULSÕES ASFÁLTICAS RR-2C","2020-05-01",2.15316,1.689,1.91497,1.96033,2.01787,1.93986]
["EMULSÕES ASFÁLTICAS RR-2C","2020-06-01",2.07887,1.66524,1.83304,1.8933,2.01368,1.87819]
["EMULSÕES ASFÁLTICAS RR-2C","2020-07-01",2.05442,1.66672,1.91494,1.89958,1.94614,1.88936]
["EMULSÕES ASFÁLTICAS RR-2C","2020-08-01",2.15437,1.77337,2.07775,1.99969,1.99126,2.00968]
["EMULSÕES ASFÁLTICAS RR-2C","2020-09-01",2.11878,1.78565,2.00942,1.98327,1.98528,1.9762]
["EMULSÕES ASFÁLTICAS RR-2C","2020-10-01",2.14643,1.82665,1.97945,1.98485,1.99136,1.978]
["EMULSÕES ASFÁLTICAS RR-2C","2020-11-01",2.13768,1.93808,2.14024,2.16727,2.09183,2.09035]
["EMULSÕES ASFÁLTICAS RR-2C","2020-12-01",2.149,1.94548,1.96067,2.1884,2.09514,2.03518]
["EMULSÕES ASFÁLTICAS RR-2C","2021-01-01",2.13937,1.89816,1.83547,2.21353,2.05801,2.00512]
["EMULSÕES ASFÁLTICAS RR-2C","2021-02-01",2.35086,2.0596,2.25197,2.42473,2.21975,2.24381]
["EMULSÕES ASFÁLTICAS RR-2C","2021-03-01",2.32507,2.05179,2.18283,2.34667,2.27349,2.22704]
["EMULSÕES ASFÁLTICAS RR-2C","2021-04-01",2.68898,2.06453,2.28914,2.26273,2.1779,2.21114]
["EMULSÕES ASFÁLTICAS RR-2C","2021-05-01",2.57455,2.51803,2.55679,2.64003,2.60948,2.5778]
["EMULSÕES ASFÁLTICAS RR-2C","2021-06-01",2.67224,2.48935,2.601,2.7065,2.55529,2.59313]
["EMULSÕES ASFÁLTICAS RR-2C","2021-07-01",2.64318,2.46926,2.65633,2.67932,2.66208,2.61063]
["EMULSÕES ASFÁLTICAS RR-2C","2021-08-01",2.79614,2.57599,2.82581,2.91914,2.74945,2.76642]
["EMULSÕES ASFÁLTICAS RR-2C","2021-09-01",2.83009,2.64446,2.87616,2.92674,2.89184,2.80687]
["EMULSÕES ASFÁLTICAS RR-2C","2021-10-01",2.97029,2.65964,2.82097,2.88786,2.79319,2.80431]
["EMULSÕES ASFÁLTICAS RR-2C","2021-11-01",3.12884,2.86416,3.15507,3.32988,3.07087,3.11018]
["EMULSÕES ASFÁLTICAS RR-2C","2021-12-01",3.14161,2.93947,3.17961,3.38322,3.11742,3.11908]
["EMULSÕES ASFÁLTICAS RR-2C","2022-01-01",3.16802,2.89789,3.17184,3.22455,3.07669,3.05507]
["EMULSÕES ASFÁLTICAS RR-2C","2022-02-01",3.29228,3.02972,3.31773,3.39965,3.2099,3.199]
["EMULSÕES ASFÁLTICAS RR-2C","2022-03-01",3.08251,3.05,3.27906,3.40986,3.23838,3.20885]
["EMULSÕES ASFÁLTICAS RR-2C","2022-04-01",3.4105,3.21622,3.47893,3.52527,3.00055,3.35397]
["EMULSÕES ASFÁLTICAS RR-2C","2022-05-01",3.36364,3.17438,3.512,2.70242,3.20709,3.12925]
["EMULSÕES ASFÁLTICAS RR-2C","2022-06-01",3.6153,3.20539,3.44558,3.45824,3.17744,3.37359]
["EMULSÕES ASFÁLTICAS RR-2C","2022-07-01",3.503,3.29693,3.60246,3.47508,3.32038,3.44795]
["EMULSÕES ASFÁLTICAS RR-2C","2022-08-01",3.53171,3.33952,3.54015,3.38543,3.15146,3.43279]
["EMULSÕES ASFÁLTICAS RR-2C","2022-09-01",3.46112,3.3478,3.37001,3.23611,3.04522,3.34583]
["EMULSÕES ASFÁLTICAS RR-2C","2022-10-01",3.44071,3.2397,3.08164,3.08843,2.97617,3.17852]
["EMULSÕES ASFÁLTICAS RR-2C","2022-11-01",3.23144,3.14293,3.22394,2.9171,2.79539,3.12163]
["EMULSÕES ASFÁLTICAS RR-2C","2022-12-01",3.17953,3.13931,3.06058,2.92474,2.74073,3.04968]
["EMULSÕES ASFÁLTICAS RR-2C","2023-01-01",3.23592,2.88213,3.1744,2.79818,2.6587,2.90414]
["EMULSÕES ASFÁLTICAS RR-2C","2023-02-01",3.12726,2.86284,3.18947,2.73646,2.69851,2.90037]
["EMULSÕES ASFÁLTICAS RR-2C","2023-03-01",3.24172,2.81906,2.90869,2.81721,2.53039,2.85073]
["EMULSÕES ASFÁLTICAS RR-2C","2023-04-01",3.40814,2.91936,2.89655,2.7395,2.50356,2.85475]
["EMULSÕES ASFÁLTICAS RR-2C","2023-05-01",3.15118,2.7778,2.93247,2.61864,2.38974,2.76878]
["EMULSÕES ASFÁLTICAS RR-2C","2023-06-01",3.2336,2.7194,2.92754,2.59101,2.57253,2.81852]
["EMULSÕES ASFÁLTICAS RR-2C","2023-07-01",3.1308,2.72475,2.91639,2.58211,2.52365,2.81182]
["EMULSÕES ASFÁLTICAS RR-2C","2023-08-01",3.0677,2.72165,2.94437,2.61783,2.65771,2.83676]
["EMULSÕES ASFÁLTICAS RR-2C","2023-09-01",3.27445,2.80964,3.11901,2.72455,2.42507,2.96641]
["***: Sem comercialização."]
["Nota 1: Preços à vista, sem frete, com todos os impostos inclusos, à exceção do ICMS, do PIS/Pasep e da Cofins."]
["Nota 2: As informações são baseadas em dados preliminares, portanto sujeitos a reprocessamento por parte dos informantes nos moldes da Resolução ANP nº 729/2018."]

{"sheet":"SINTÉTICO SICRO","index":15,"n_rows":6373,"n_cols":5,"rows_kept":6373,"cut":false,"hidden":false,"merged":[[0,1,0,2]]}
["CGCIT","SISTEMA DE CUSTOS REFERENCIAIS DE OBRAS - SICRO",null,"DNIT"]
[null,"Pernambuco - Julho/2023"]
["Código","Descrição do Serviço","Unidade","Custo Unitário (R$)"]
[307731,"Aparelho de apoio de neoprene fretado para estruturas moldadas no local - fornecimento e instalação","dm³",114.37,{"$f":"A4*1","v":307731}]
[307732,"Aparelho de apoio de neoprene fretado para estruturas pré-moldadas - fornecimento e instalação","dm³",91.31,307732]
[308308,"Aparelho de apoio metálico elastomérico fixo com capacidade de 1.500 kN - fornecimento e instalação","un",14232.94,308308]
[308313,"Aparelho de apoio metálico elastomérico fixo com capacidade de 10.000 kN - fornecimento e instalação","un",93251.58,308313]
[308309,"Aparelho de apoio metálico elastomérico fixo com capacidade de 2.500 kN - fornecimento e instalação","un",23245.13,308309]
[308310,"Aparelho de apoio metálico elastomérico fixo com capacidade de 4.000 kN - fornecimento e instalação","un",37431.68,308310]
[308311,"Aparelho de apoio metálico elastomérico fixo com capacidade de 5.500 kN - fornecimento e instalação","un",50233.48,308311]
[308312,"Aparelho de apoio metálico elastomérico fixo com capacidade de 7.500 kN - fornecimento e instalação","un",68907.37,308312]
[308307,"Aparelho de apoio metálico elastomérico fixo com capacidade de 700 kN - fornecimento e instalação","un",10157.54,308307]
[308322,"Aparelho de apoio metálico elastomérico multidirecional com capacidade de 1.500 kN - fornecimento e instalação","un",9166.9,308322]
[308327,"Aparelho de apoio metálico elastomérico multidirecional com capacidade de 10.000 kN - fornecimento e instalação","un",59662.39,308327]
[308323,"Aparelho de apoio metálico elastomérico multidirecional com capacidade de 2.500 kN - fornecimento e instalação","un",12741.93,308323]
[308324,"Aparelho de apoio metálico elastomérico multidirecional com capacidade de 4.000 kN - fornecimento e instalação","un",21220.45,308324]
[308325,"Aparelho de apoio metálico elastomérico multidirecional com capacidade de 5.500 kN - fornecimento e instalação","un",30477.33,308325]
[308326,"Aparelho de apoio metálico elastomérico multidirecional com capacidade de 7.500 kN - fornecimento e instalação","un",43107.87,308326]
[308321,"Aparelho de apoio metálico elastomérico multidirecional com capacidade de 700 kN - fornecimento e instalação","un",5299.19,308321]
[308315,"Aparelho de apoio metálico elastomérico unidirecional com capacidade de 1.500 kN - fornecimento e instalação","un",10847.95,308315]
[308320,"Aparelho de apoio metálico elastomérico unidirecional com capacidade de 10.000 kN - fornecimento e instalação","un",63435.82,308320]
[308316,"Aparelho de apoio metálico elastomérico unidirecional com capacidade de 2.500 kN - fornecimento e instalação","un",14876.26,308316]
[308317,"Aparelho de apoio metálico elastomérico unidirecional com capacidade de 4.000 kN - fornecimento e instalação","un",26596.22,308317]
[308318,"Aparelho de apoio metálico elastomérico unidirecional com capacidade de 5.500 kN - fornecimento e instalação","un",34556.56,308318]
[308319,"Aparelho de apoio metálico elastomérico unidirecional com capacidade de 7.500 kN - fornecimento e instalação","un",47951.7,308319]
[308314,"Aparelho de apoio metálico elastomérico unidirecional com capacidade de 700 kN - fornecimento e instalação","un",6711.42,308314]
[308250,"Aparelho de apoio metálico esférico fixo com capacidade de 1.000 kN - fornecimento e instalação","un",5816.51,308250]
[308251,"Aparelho de apoio metálico esférico fixo com capacidade de 1.500 kN - fornecimento e instalação","un",8643.05,308251]
[308268,"Aparelho de apoio metálico esférico fixo com capacidade de 10.000 kN - fornecimento e instalação","un",129106.67,308268]
[308252,"Aparelho de apoio metálico esférico fixo com capacidade de 2.000 kN - fornecimento e instalação","un",10932.37,308252]
[308253,"Aparelho de apoio metálico esférico fixo com capacidade de 2.500 kN - fornecimento e instalação","un",13789.89,308253]
[308254,"Aparelho de apoio metálico esférico fixo com capacidade de 3.000 kN - fornecimento e instalação","un",15837.67,308254]
[308255,"Aparelho de apoio metálico esférico fixo com capacidade de 3.500 kN - fornecimento e instalação","un",19125.76,308255]
[308256,"Aparelho de apoio metálico esférico fixo com capacidade de 4.000 kN - fornecimento e instalação","un",22544.02,308256]
[308257,"Aparelho de apoio metálico esférico fixo com capacidade de 4.500 kN - fornecimento e instalação","un",57130.3,308257]
[308258,"Aparelho de apoio metálico esférico fixo com capacidade de 5.000 kN - fornecimento e instalação","un",63516.55,308258]
[308259,"Aparelho de apoio metálico esférico fixo com capacidade de 5.500 kN - fornecimento e instalação","un",68874.8,308259]
[308260,"Aparelho de apoio metálico esférico fixo com capacidade de 6.000 kN - fornecimento e instalação","un",74285.23,308260]
[308261,"Aparelho de apoio metálico esférico fixo com capacidade de 6.500 kN - fornecimento e instalação","un",84408.89,308261]
[308262,"Aparelho de apoio metálico esférico fixo com capacidade de 7.000 kN - fornecimento e instalação","un",87108.39,308262]
[308263,"Aparelho de apoio metálico esférico fixo com capacidade de 7.500 kN - fornecimento e instalação","un",97318.81,308263]
[308264,"Aparelho de apoio metálico esférico fixo com capacidade de 8.000 kN - fornecimento e instalação","un",104059.99,308264]
[308265,"Aparelho de apoio metálico esférico fixo com capacidade de 8.500 kN - fornecimento e instalação","un",106592.9,308265]
[308266,"Aparelho de apoio metálico esférico fixo com capacidade de 9.000 kN - fornecimento e instalação","un",115190.03,308266]
[308267,"Aparelho de apoio metálico esférico fixo com capacidade de 9.500 kN - fornecimento e instalação","un",121462.9,308267]
[308288,"Aparelho de apoio metálico esférico multidirecional com capacidade de 1.000 kN - fornecimento e instalação","un",12952.87,308288]
[308289,"Aparelho de apoio metálico esférico multidirecional com capacidade de 1.500 kN - fornecimento e instalação","un",18318.64,308289]
[308306,"Aparelho de apoio metálico esférico multidirecional com capacidade de 10.000 kN - fornecimento e instalação","un",121768.48,308306]
[308290,"Aparelho de apoio metálico esférico multidirecional com capacidade de 2.000 kN - fornecimento e instalação","un",24368.14,308290]
[308291,"Aparelho de apoio metálico esférico multidirecional com capacidade de 2.500 kN - fornecimento e instalação","un",29042.54,308291]
[308292,"Aparelho de apoio metálico esférico multidirecional com capacidade de 3.000 kN - fornecimento e instalação","un",34028.38,308292]
[308293,"Aparelho de apoio metálico esférico multidirecional com capacidade de 3.500 kN - fornecimento e instalação","un",38675.57,308293]
[308294,"Aparelho de apoio metálico esférico multidirecional com capacidade de 4.000 kN - fornecimento e instalação","un",44121.76,308294]
[308295,"Aparelho de apoio metálico esférico multidirecional com capacidade de 4.500 kN - fornecimento e instalação","un",51127.32,308295]
[308296,"Aparelho de apoio metálico esférico multidirecional com capacidade de 5.000 kN - fornecimento e instalação","un",56926.66,308296]
[308297,"Aparelho de apoio metálico esférico multidirecional com capacidade de 5.500 kN - fornecimento e instalação","un",61690.98,308297]
[308298,"Aparelho de apoio metálico esférico multidirecional com capacidade de 6.000 kN - fornecimento e instalação","un",70358.52,308298]
[308299,"Aparelho de apoio metálico esférico multidirecional com capacidade de 6.500 kN - fornecimento e instalação","un",76022.66,308299]
[308300,"Aparelho de apoio metálico esférico multidirecional com capacidade de 7.000 kN - fornecimento e instalação","un",81848.46,308300]
[308301,"Aparelho de apoio metálico esférico multidirecional com capacidade de 7.500 kN - fornecimento e instalação","un",88337.2,308301]
[308302,"Aparelho de apoio metálico esférico multidirecional com capacidade de 8.000 kN - fornecimento e instalação","un",94124.93,308302]
[308303,"Aparelho de apoio metálico esférico multidirecional com capacidade de 8.500 kN - fornecimento e instalação","un",103573.17,308303]
[308304,"Aparelho de apoio metálico esférico multidirecional com capacidade de 9.000 kN - fornecimento e instalação","un",109143.59,308304]
[308305,"Aparelho de apoio metálico esférico multidirecional com capacidade de 9.500 kN - fornecimento e instalação","un",115946.95,308305]
[308269,"Aparelho de apoio metálico esférico unidirecional com capacidade de 1.000 kN - fornecimento e instalação","un",10154.57,308269]
[308270,"Aparelho de apoio metálico esférico unidirecional com capacidade de 1.500 kN - fornecimento e instalação","un",14764.88,308270]
[308287,"Aparelho de apoio metálico esférico unidirecional com capacidade de 10.000 kN - fornecimento e instalação","un",135669.5,308287]
[308271,"Aparelho de apoio metálico esférico unidirecional com capacidade de 2.000 kN - fornecimento e instalação","un",18025.59,{"$f":"A68*1","v":308271}]
[308272,"Aparelho de apoio metálico esférico unidirecional com capacidade de 2.500 kN - fornecimento e instalação","un",21255.61,308272]
[308273,"Aparelho de apoio metálico esférico unidirecional com capacidade de 3.000 kN - fornecimento e instalação","un",26092.71,308273]
[308274,"Aparelho de apoio metálico esférico unidirecional com capacidade de 3.500 kN - fornecimento e instalação","un",30026.4,308274]
[308275,"Aparelho de apoio metálico esférico unidirecional com capacidade de 4.000 kN - fornecimento e instalação","un",39119.61,308275]
[308276,"Aparelho de apoio metálico esférico unidirecional com capacidade de 4.500 kN - fornecimento e instalação","un",59874.23,308276]
[308277,"Aparelho de apoio metálico esférico unidirecional com capacidade de 5.000 kN - fornecimento e instalação","un",66288.58,308277]
[308278,"Aparelho de apoio metálico esférico unidirecional com capacidade de 5.500 kN - fornecimento e instalação","un",72036.23,308278]
[308279,"Aparelho de apoio metálico esférico unidirecional com capacidade de 6.000 kN - fornecimento e instalação","un",75765.14,308279]
[308280,"Aparelho de apoio metálico esférico unidirecional com capacidade de 6.500 kN - fornecimento e instalação","un",86554.84,308280]
[308281,"Aparelho de apoio metálico esférico unidirecional com capacidade de 7.000 kN - fornecimento e instalação","un",92983.68,308281]
[308282,"Aparelho de apoio metálico esférico unidirecional com capacidade de 7.500 kN - fornecimento e instalação","un",99995.75,308282]
[308283,"Aparelho de apoio metálico esférico unidirecional com capacidade de 8.000 kN - fornecimento e instalação","un",106241.96,308283]
[308284,"Aparelho de apoio metálico esférico unidirecional com capacidade de 8.500 kN - fornecimento e instalação","un",114902.95,308284]
[308285,"Aparelho de apoio metálico esférico unidirecional com capacidade de 9.000 kN - fornecimento e instalação","un",122009.82,308285]
[308286,"Aparelho de apoio metálico esférico unidirecional com capacidade de 9.500 kN - fornecimento e instalação","un",129158.48,308286]
[307733,"Junta de dilatação em elastômero e perfil VV - L = 20 mm e H = 40 mm - fornecimento e instalação","m",459.42,307733]
[307734,"Junta de dilatação em elastômero e perfil VV - L = 25 mm e H = 50 mm - fornecimento e instalação","m",594.31,307734]
[307735,"Junta de dilatação em elastômero e perfil VV - L = 35 mm e H = 60 mm - fornecimento e instalação","m",1001.73,307735]
[307736,"Junta de dilatação em elastômero e perfil VV - L = 40 mm e H = 70 mm - fornecimento e instalação","m",1362.96,307736]
[307737,"Junta de dilatação em elastômero e perfil VV - L = 50 mm e H = 80 mm - fornecimento e instalação","m",1662.89,307737]
[307730,"Junta de dilatação em perfil extrudado de borracha vulcanizada","m",0,307730]
[307084,"Lábios poliméricos em junta de pavimento de concreto - L = 20 mm e H = 30 mm - confecção e assentamento","m",30.25,307084]
[407818,"Armação em aço CA-25 - fornecimento, preparo e colocação","kg",12.07,407818]
[407819,"Armação em aço CA-50 - fornecimento, preparo e colocação","kg",11.94,407819]
[407820,"Armação em aço CA-60 - fornecimento, preparo e colocação","kg",12.99,407820]
[407740,"Chumbador tipo espera em aço CA-25 para fixação de estrutura metálica em concreto - fornecimento e instalação","kg",14.78,407740]
[408037,"Luva de emenda com rosca cônica para aço CA-50 - D = 12,5 mm - fornecimento e instalação","un",22.69,408037]
[408038,"Luva de emenda com rosca cônica para aço CA-50 - D = 16 mm - fornecimento e instalação","un",33.03,408038]
[408039,"Luva de emenda com rosca cônica para aço CA-50 - D = 20 mm - fornecimento e instalação","un",43.51,408039]
[408041,"Luva de emenda com rosca cônica para aço CA-50 - D = 25 mm - fornecimento e instalação","un",61,408041]
[408042,"Luva de emenda com rosca cônica para aço CA-50 - D = 32 mm - fornecimento e instalação","un",91.53,408042]
[408031,"Luva de emenda prensada para aço CA-50 - D = 12,5 mm - fornecimento e instalação","un",21.46,408031]
[408032,"Luva de emenda prensada para aço CA-50 - D = 16 mm - fornecimento e instalação","un",29.14,408032]
[408033,"Luva de emenda prensada para aço CA-50 - D = 20 mm - fornecimento e instalação","un",40.96,408033]
[408035,"Luva de emenda prensada para aço CA-50 - D = 25 mm - fornecimento e instalação","un",75.19,408035]
[408036,"Luva de emenda prensada para aço CA-50 - D = 32 mm - fornecimento e instalação","un",145.53,408036]
[408067,"Tela de aço eletrossoldada - fornecimento, preparo e colocação","kg",12.06,408067]
[407743,"Treliça nervurada três barras longitudinais interligadas por duas diagonais sinusoidal - fornecimento e instalação","kg",13.19,407743]
[607137,"Arco metálico galvanizado tipo MP 152S - arco alto - vão = 10,08 m e altura = 6,12 m - aterro rodoviário mínimo = 0,90 m e máximo = 5,00 m - areia e brita comerciais","m",60265.54,607137]
[606785,"Arco metálico galvanizado tipo MP 152S - arco alto - vão = 10,08 m e altura = 6,12 m - aterro rodoviário mínimo = 0,90 m e máximo = 5,00 m - areia extraída e brita produzida","m",59695.72,606785]
[607139,"Arco metálico galvanizado tipo MP 152S - arco alto - vão = 10,31 m e altura = 6,17 m - aterro rodoviário mínimo = 0,90 m e máximo = 4,90 m - areia e brita comerciais","m",61068.51,607139]
[606787,"Arco metálico galvanizado tipo MP 152S - arco alto - vão = 10,31 m e altura = 6,17 m - aterro rodoviário mínimo = 0,90 m e máximo = 4,90 m - areia extraída e brita produzida","m",60184.33,606787]
[607140,"Arco metálico galvanizado tipo MP 152S - arco alto - vão = 10,36 m e altura = 5,38 m - aterro rodoviário mínimo = 1,20 m e máximo = 3,60 m - areia e brita comerciais","m",55824.3,607140]
[606788,"Arco metálico galvanizado tipo MP 152S - arco alto - vão = 10,36 m e altura = 5,38 m - aterro rodoviário mínimo = 1,20 m e máximo = 3,60 m - areia extraída e brita produzida","m",55627.22,606788]
[607141,"Arco metálico galvanizado tipo MP 152S - arco alto - vão = 10,54 m e altura = 6,05 m - aterro rodoviário mínimo = 1,20 m e máximo = 4,20 m - areia e brita comerciais","m",62117.38,607141]
[606789,"Arco metálico galvanizado tipo MP 152S - arco alto - vão = 10,54 m e altura = 6,05 m - aterro rodoviário mínimo = 1,20 m e máximo = 4,20 m - areia extraída e brita produzida","m",61525.19,606789]
[607144,"Arco metálico galvanizado tipo MP 152S - arco alto - vão = 10,57 m e altura = 5,41 m - aterro rodoviário mínimo = 1,20 m e máximo = 4,10 m - areia e brita comerciais","m",72982.52,607144]
[606792,"Arco metálico galvanizado tipo MP 152S - arco alto - vão = 10,57 m e altura = 5,41 m - aterro rodoviário mínimo = 1,20 m e máximo = 4,10 m - areia extraída e brita produzida","m",72441.62,606792]
[607142,"Arco metálico galvanizado tipo MP 152S - arco alto - vão = 10,74 m e altura = 6,48 m - aterro rodoviário mínimo = 1,20 m e máximo = 4,70 m - areia e brita comerciais","m",65139.89,607142]
[606790,"Arco metálico galvanizado tipo MP 152S - arco alto - vão = 10,74 m e altura = 6,48 m - aterro rodoviário mínimo = 1,20 m e máximo = 4,70 m - areia extraída e brita produzida","m",64502.92,606790]
[607145,"Arco metálico galvanizado tipo MP 152S - arco alto - vão = 10,77 m e altura = 6,10 m - aterro rodoviário mínimo = 1,20 m e máximo = 4,70 m - areia e brita comerciais","m",80493.02,607145]
[606793,"Arco metálico galvanizado tipo MP 152S - arco alto - vão = 10,77 m e altura = 6,10 m - aterro rodoviário mínimo = 1,20 m e máximo = 4,70 m - areia extraída e brita produzida","m",79888.07,606793]
[607146,"Arco metálico galvanizado tipo MP 152S - arco alto - vão = 10,97 m e altura = 6,53 m - aterro rodoviário mínimo = 1,20 m e máximo = 4,70 m - areia e brita comerciais","m",83968.19,607146]
[606794,"Arco metálico galvanizado tipo MP 152S - arco alto - vão = 10,97 m e altura = 6,53 m - aterro rodoviário mínimo = 1,20 m e máximo = 4,70 m - areia extraída e brita produzida","m",83311.6,606794]
[607143,"Arco metálico galvanizado tipo MP 152S - arco alto - vão = 11,35 m e altura = 7,12 m - aterro rodoviário mínimo = 1,20 m e máximo = 4,70 m - areia e brita comerciais","m",70343.67,607143]
[606791,"Arco metálico galvanizado tipo MP 152S - arco alto - vão = 11,35 m e altura = 7,12 m - aterro rodoviário mínimo = 1,20 m e máximo = 4,70 m - areia extraída e brita produzida","m",69610.34,606791]
[607147,"Arco metálico galvanizado tipo MP 152S - arco alto - vão = 11,58 m e altura = 7,16 m - aterro rodoviário mínimo = 1,20 m e máximo = 6,40 m - areia e brita comerciais","m",90567.18,607147]
[606795,"Arco metálico galvanizado tipo MP 152S - arco alto - vão = 11,58 m e altura = 7,16 m - aterro rodoviário mínimo = 1,20 m e máximo = 6,40 m - areia extraída e brita produzida","m",89810.58,606795]
[607112,"Arco metálico galvanizado tipo MP 152S - arco alto - vão = 6,12 m e altura = 2,77 m - aterro rodoviário mínimo = 0,75 m e máximo = 5,40 m - areia e brita comerciais","m",29246.26,607112]
[606760,"Arco metálico galvanizado tipo MP 152S - arco alto - vão = 6,12 m e altura = 2,77 m - aterro rodoviário mínimo = 0,75 m e máximo = 5,40 m - areia extraída e brita produzida","m",29047.93,606760]
[607113,"Arco metálico galvanizado tipo MP 152S - arco alto - vão = 6,30 m e altura = 3,68 m - aterro rodoviário mínimo = 0,75 m e máximo = 7,50 m - areia e brita comerciais","m",34476.98,607113]
[606761,"Arco metálico galvanizado tipo MP 152S - arco alto - vão = 6,30 m e altura = 3,68 m - aterro rodoviário mínimo = 0,75 m e máximo = 7,50 m - areia extraída e brita produzida","m",34249,606761]
[606762,"Arco metálico galvanizado tipo MP 152S - arco alto - vão = 6,55 m e altura = 3,56 m - aterro rodoviário mínimo = 0,75 m e máximo = 4,9 m - areia extraída e brita produzida","m",34625.27,606762]
[607114,"Arco metálico galvanizado tipo MP 152S - arco alto - vão = 6,55 m e altura = 3,56 m - aterro rodoviário mínimo = 0,75 m e máximo = 4,90 m - areia e brita comerciais","m",34857.55,{"$f":"A132*1","v":607114}]
[607116,"Arco metálico galvanizado tipo MP 152S - arco alto - vão = 6,78 m e altura = 3,61 m - aterro rodoviário mínimo = 0,75 m e máximo = 4,80 m - areia e brita comerciais","m",36373.45,607116]
[606764,"Arco metálico galvanizado tipo MP 152S - arco alto - vão = 6,78 m e altura = 3,61 m - aterro rodoviário mínimo = 0,75 m e máximo = 4,80 m - areia extraída e brita produzida","m",36131.39,606764]
[607115,"Arco metálico galvanizado tipo MP 152S - arco alto - vão = 6,96 m e altura = 4,42 m - aterro rodoviário mínimo = 0,75 m e máximo = 8,10 m - areia e brita comerciais","m",41288.83,607115]
[606763,"Arco metálico galvanizado tipo MP 152S - arco alto - vão = 6,96 m e altura = 4,42 m - aterro rodoviário mínimo = 0,75 m e máximo = 8,10 m - areia extraída e brita produzida","m",40997.61,606763]
[607117,"Arco metálico galvanizado tipo MP 152S - arco alto - vão = 6,99 m e altura = 4,27 m - aterro rodoviário mínimo = 0,75 m e máximo = 5,70 m - areia e brita comerciais","m",41270.55,607117]
[606765,"Arco metálico galvanizado tipo MP 152S - arco alto - vão = 6,99 m e altura = 4,27 m - aterro rodoviário mínimo = 0,75 m e máximo = 5,70 m - areia extraída e brita produzida","m",40987.33,606765]
[607118,"Arco metálico galvanizado tipo MP 152S - arco alto - vão = 7,01 m e altura = 3,63 m - aterro rodoviário mínimo = 0,75 m e máximo = 4,60 m - areia e brita comerciais","m",37011.17,607118]
[606766,"Arco metálico galvanizado tipo MP 152S - arco alto - vão = 7,01 m e altura = 3,63 m - aterro rodoviário mínimo = 0,75 m e máximo = 4,60 m - areia extraída e brita produzida","m",36761.28,606766]
[607120,"Arco metálico galvanizado tipo MP 152S - arco alto - vão = 7,24 m e altura = 3,68 m - aterro rodoviário mínimo = 0,90 m e máximo = 4,4 m - areia e brita comerciais","m",37685.64,607120]
[606768,"Arco metálico galvanizado tipo MP 152S - arco alto - vão = 7,24 m e altura = 3,68 m - aterro rodoviário mínimo = 0,90 m e máximo = 4,40 m - areia extraída e brita produzida","m",37422.49,606768]
[607119,"Arco metálico galvanizado tipo MP 152S - arco alto - vão = 7,42 m e altura = 4,52 m - aterro rodoviário mínimo = 0,90 m e máximo = 6,40 m - areia e brita comerciais","m",43289.85,607119]
[606767,"Arco metálico galvanizado tipo MP 152S - arco alto - vão = 7,42 m e altura = 4,52 m - aterro rodoviário mínimo = 0,90 m e máximo = 6,40 m - areia extraída e brita produzida","m",42968.93,606767]
[607121,"Arco metálico galvanizado tipo MP 152S - arco alto - vão = 7,47 m e altura = 4,19 m - aterro rodoviário mínimo = 0,90 m e máximo = 4,30 m - areia e brita comerciais","m",40803.59,607121]
[606769,"Arco metálico galvanizado tipo MP 152S - arco alto - vão = 7,47 m e altura = 4,19 m - aterro rodoviário mínimo = 0,90 m e máximo = 4,30 m - areia extraída e brita produzida","m",40503.57,606769]
[607123,"Arco metálico galvanizado tipo MP 152S - arco alto - vão = 7,67 m e altura = 3,99 m - aterro rodoviário mínimo = 0,90 m e máximo = 4,10 m - areia e brita comerciais","m",40256.71,607123]
[606771,"Arco metálico galvanizado tipo MP 152S - arco alto - vão = 7,67 m e altura = 3,99 m - aterro rodoviário mínimo = 0,90 m e máximo = 4,10 m - areia extraída e brita produzida","m",39957.81,606771]
[607122,"Arco metálico galvanizado tipo MP 152S - arco alto - vão = 7,85 m e altura = 4,60 m - aterro rodoviário mínimo = 0,90 m e máximo = 6,00 m - areia e brita comerciais","m",44631.12,607122]
[606770,"Arco metálico galvanizado tipo MP 152S - arco alto - vão = 7,85 m e altura = 4,60 m - aterro rodoviário mínimo = 0,90 m e máximo = 6,00 m - areia extraída e brita produzida","m",44286.39,606770]
[607125,"Arco metálico galvanizado tipo MP 152S - arco alto - vão = 7,90 m e altura = 4,04 m - aterro rodoviário mínimo = 0,90 m e máximo = 4,00 m - areia e brita comerciais","m",41599.68,607125]
[606773,"Arco metálico galvanizado tipo MP 152S - arco alto - vão = 7,90 m e altura = 4,04 m - aterro rodoviário mínimo = 0,90 m e máximo = 4,00 m - areia extraída e brita produzida","m",41285.18,606773]
[607124,"Arco metálico galvanizado tipo MP 152S - arco alto - vão = 8,08 m e altura = 4,65 m - aterro rodoviário mínimo = 0,90 m e máximo = 5,80 m - areia e brita comerciais","m",45298.39,607124]
[606772,"Arco metálico galvanizado tipo MP 152S - arco alto - vão = 8,08 m e altura = 4,65 m - aterro rodoviário mínimo = 0,90 m e máximo = 5,80 m - areia extraída e brita produzida","m",44942.63,606772]
[607126,"Arco metálico galvanizado tipo MP 152S - arco alto - vão = 8,31 m e altura = 4,70 m - aterro rodoviário mínimo = 0,90 m e máximo = 5,60 m - areia e brita comerciais","m",46548.73,607126]
[606774,"Arco metálico galvanizado tipo MP 152S - arco alto - vão = 8,31 m e altura = 4,70 m - aterro rodoviário mínimo = 0,90 m e máximo = 5,60 m - areia extraída e brita produzida","m",46175.83,606774]
[607127,"Arco metálico galvanizado tipo MP 152S - arco alto - vão = 8,36 m e altura = 4,11 m - aterro rodoviário mínimo = 0,90 m e máximo = 3,70 m - areia e brita comerciais","m",42881.99,607127]
[606775,"Arco metálico galvanizado tipo MP 152S - arco alto - vão = 8,36 m e altura = 4,11 m - aterro rodoviário mínimo = 0,90 m e máximo = 3,70 m - areia extraída e brita produzida","m",42548.6,606775]
[607129,"Arco metálico galvanizado tipo MP 152S - arco alto - vão = 8,59 m e altura = 4,39 m - aterro rodoviário mínimo = 0,90 m e máximo = 3,60 m - areia e brita comerciais","m",44867.46,607129]
[606777,"Arco metálico galvanizado tipo MP 152S - arco alto - vão = 8,59 m e altura = 4,39 m - aterro rodoviário mínimo = 0,90 m e máximo = 3,60 m - areia extraída e brita produzida","m",44502.34,606777]
[607128,"Arco metálico galvanizado tipo MP 152S - arco alto - vão = 8,97 m e altura = 5,00 m - aterro rodoviário mínimo = 0,90 m e máximo = 5,80 m - areia e brita comerciais","m",49311.79,607128]
[606776,"Arco metálico galvanizado tipo MP 152S - arco alto - vão = 8,97 m e altura = 5,00 m - aterro rodoviário mínimo = 0,90 m e máximo = 5,80 m - areia extraída e brita produzida","m",48885.17,606776]
[607130,"Arco metálico galvanizado tipo MP 152S - arco alto - vão = 9,17 m e altura = 5,49 m - aterro rodoviário mínimo = 0,90 m e máximo = 5,60 m - areia e brita comerciais","m",52549.89,607130]
[606778,"Arco metálico galvanizado tipo MP 152S - arco alto - vão = 9,17 m e altura = 5,49 m - aterro rodoviário mínimo = 0,90 m e máximo = 5,60 m - areia extraída e brita produzida","m",52080.97,606778]
[607131,"Arco metálico galvanizado tipo MP 152S - arco alto - vão = 9,22 m e altura = 4,70 m - aterro rodoviário mínimo = 0,90 m e máximo = 4,10 m - areia e brita comerciais","m",49311.39,607131]
[606779,"Arco metálico galvanizado tipo MP 152S - arco alto - vão = 9,22 m e altura = 4,70 m - aterro rodoviário mínimo = 0,90 m e máximo = 4,10 m - areia extraída e brita produzida","m",48896.54,606779]
[607133,"Arco metálico galvanizado tipo MP 152S - arco alto - vão = 9,45 m e altura = 4,75 m - aterro rodoviário mínimo = 0,90 m e máximo = 4,00 m - areia e brita comerciais","m",50048.13,607133]
[606781,"Arco metálico galvanizado tipo MP 152S - arco alto - vão = 9,45 m e altura = 4,75 m - aterro rodoviário mínimo = 0,90 m e máximo = 4,00 m - areia extraída e brita produzida","m",49620.81,606781]
[607132,"Arco metálico galvanizado tipo MP 152S - arco alto - vão = 9,63 m e altura = 5,59 m - aterro rodoviário mínimo = 0,90 m e máximo = 5,30 m - areia e brita comerciais","m",54564.65,607132]
[606780,"Arco metálico galvanizado tipo MP 152S - arco alto - vão = 9,63 m e altura = 5,59 m - aterro rodoviário mínimo = 0,90 m e máximo = 5,30 m - areia extraída e brita produzida","m",54062.85,606780]
[607134,"Arco metálico galvanizado tipo MP 152S - arco alto - vão = 9,65 m e altura = 5,41 m - aterro rodoviário mínimo = 0,90 m e máximo = 4,70 m - areia e brita comerciais","m",54023.41,607134]
[606782,"Arco metálico galvanizado tipo MP 152S - arco alto - vão = 9,65 m e altura = 5,41 m - aterro rodoviário mínimo = 0,90 m e máximo = 4,70 m - areia extraída e brita produzida","m",53533.08,606782]
[607136,"Arco metálico galvanizado tipo MP 152S - arco alto - vão = 9,68 m e altura = 5,23 m - aterro rodoviário mínimo = 0,90 m e máximo = 3,90 m - areia e brita comerciais","m",53303.89,607136]
[606784,"Arco metálico galvanizado tipo MP 152S - arco alto - vão = 9,68 m e altura = 5,23 m - aterro rodoviário mínimo = 0,90 m e máximo = 3,90 m - areia extraída e brita produzida","m",52829.23,606784]
[607135,"Arco metálico galvanizado tipo MP 152S - arco alto - vão = 9,86 m e altura = 6,07 m - aterro rodoviário mínimo = 0,90 m e máximo = 5,20 m - areia e brita comerciais","m",59417.74,607135]
[606783,"Arco metálico galvanizado tipo MP 152S - arco alto - vão = 9,86 m e altura = 6,07 m - aterro rodoviário mínimo = 0,90 m e máximo = 5,20 m - areia extraída e brita produzida","m",58867.49,606783]
[607138,"Arco metálico galvanizado tipo MP 152S - arco alto - vão = 9,91 m e altura = 5,28 m - aterro rodoviário mínimo = 0,90 m e máximo = 3,80 m - areia e brita comerciais","m",54208.62,607138]
[606786,"Arco metálico galvanizado tipo MP 152S - arco alto - vão = 9,91 m e altura = 5,28 m - aterro rodoviário mínimo = 0,90 m e máximo = 3,80 m - areia extraída e brita produzida","m",53702.97,606786]
[606842,"Arco metálico galvanizado tipo MP 152S - ovoide - vão = 7,21 m e altura = 7,82 m - aterro rodoviário mínimo = 0,75 m e máximo = 6,70 m - areia e brita comerciais","m",67560.94,606842]
[606832,"Arco metálico galvanizado tipo MP 152S - ovoide - vão = 7,21 m e altura = 7,82 m - aterro rodoviário mínimo = 0,75 m e máximo = 6,70 m - areia extraída e brita produzida","m",67278.03,606832]
[606843,"Arco metálico galvanizado tipo MP 152S - ovoide - vão = 7,31 m e altura = 7,87 m - aterro rodoviário mínimo = 0,90 m e máximo = 6,80 m - areia e brita comerciais","m",70192.29,606843]
[606833,"Arco metálico galvanizado tipo MP 152S - ovoide - vão = 7,31 m e altura = 7,87 m - aterro rodoviário mínimo = 0,90 m e máximo = 6,80 m - areia extraída e brita produzida","m",69894.89,606833]
[606845,"Arco metálico galvanizado tipo MP 152S - ovoide - vão = 7,57 m e altura = 8,44 m - aterro rodoviário mínimo = 0,90 m e máximo = 5,60 m - areia e brita comerciais","m",72777.49,606845]
[606835,"Arco metálico galvanizado tipo MP 152S - ovoide - vão = 7,57 m e altura = 8,44 m - aterro rodoviário mínimo = 0,90 m e máximo = 5,60 m - areia extraída e brita produzida","m",72481.19,606835]
[606844,"Arco metálico galvanizado tipo MP 152S - ovoide - vão = 7,77 m e altura = 7,90 m - aterro rodoviário mínimo = 0,90 m e máximo = 6,80 m - areia e brita comerciais","m",71004.81,606844]
[606834,"Arco metálico galvanizado tipo MP 152S - ovoide - vão = 7,77 m e altura = 7,90 m - aterro rodoviário mínimo = 0,90 m e máximo = 6,80 m - areia extraída e brita produzida","m",70699.79,606834]
[606847,"Arco metálico galvanizado tipo MP 152S - ovoide - vão = 8,13 m e altura = 8,01 m - aterro rodoviário mínimo = 0,90 m e máximo = 3,50 m - areia e brita comerciais","m",76112.34,606847]
[606837,"Arco metálico galvanizado tipo MP 152S - ovoide - vão = 8,13 m e altura = 8,01 m - aterro rodoviário mínimo = 0,90 m e máximo = 3,50 m - areia extraída e brita produzida","m",75778.74,606837]
[606846,"Arco metálico galvanizado tipo MP 152S - ovoide - vão = 8,36 m e altura = 8,23 m - aterro rodoviário mínimo = 0,90 m e máximo = 4,30 m - areia e brita comerciais","m",76576.05,606846]
[606836,"Arco metálico galvanizado tipo MP 152S - ovoide - vão = 8,36 m e altura = 8,23 m - aterro rodoviário mínimo = 0,90 m e máximo = 4,30 m - areia extraída e brita produzida","m",76238.84,606836]
[606848,"Arco metálico galvanizado tipo MP 152S - ovoide - vão = 8,56 m e altura = 8,48 m - aterro rodoviário mínimo = 0,90 m e máximo = 5,30 m - areia e brita comerciais","m",76414.18,606848]
[606838,"Arco metálico galvanizado tipo MP 152S - ovoide - vão = 8,56 m e altura = 8,48 m - aterro rodoviário mínimo = 0,90 m e máximo = 5,30 m - areia extraída e brita produzida","m",76063.37,606838]
[606849,"Arco metálico galvanizado tipo MP 152S - ovoide - vão = 8,71 m e altura = 9,32 m - aterro rodoviário mínimo = 0,90 m e máximo = 6,00 m - areia e brita comerciais","m",82224.7,606849]
[606839,"Arco metálico galvanizado tipo MP 152S - ovoide - vão = 8,71 m e altura = 9,32 m - aterro rodoviário mínimo = 0,90 m e máximo = 6,00 m - areia extraída e brita produzida","m",81882.67,606839]
[606850,"Arco metálico galvanizado tipo MP 152S - ovoide - vão = 9,15 m e altura = 9,04 m - aterro rodoviário mínimo = 0,90 m e máximo = 4,70 m - areia e brita comerciais","m",83714.95,606850]
[606840,"Arco metálico galvanizado tipo MP 152S - ovoide - vão = 9,15 m e altura = 9,04 m - aterro rodoviário mínimo = 0,90 m e máximo = 4,70 m - areia extraída e brita produzida","m",83340.74,{"$f":"A196*1","v":606840}]
[606851,"Arco metálico galvanizado tipo MP 152S - ovoide - vão = 9,15 m e altura = 9,50 m - aterro rodoviário mínimo = 0,90 m e máximo = 5,70 m - areia e brita comerciais","m",84443.71,606851]
[606841,"Arco metálico galvanizado tipo MP 152S - ovoide - vão = 9,15 m e altura = 9,50 m - aterro rodoviário mínimo = 0,90 m e máximo = 5,70 m - areia extraída e brita produzida","m",84085.64,606841]
[605604,"Argamassa de solo-cimento com 10% de cimento e material de jazida - preparo e injeção em tunnel liner","m³",289.49,605604]
[605695,"Bueiro metálico com chapas múltiplas MP 100 com revestimento em epóxi - D = 0,60 m - brita comercial","m",1608.69,605695]
[605607,"Bueiro metálico com chapas múltiplas MP 100 com revestimento em epóxi - D = 0,60 m - brita produzida","m",1585.92,605607]
[605696,"Bueiro metálico com chapas múltiplas MP 100 com revestimento em epóxi - D = 0,70 m - brita comercial","m",1852.52,605696]
[605608,"Bueiro metálico com chapas múltiplas MP 100 com revestimento em epóxi - D = 0,70 m - brita produzida","m",1828.32,605608]
[605697,"Bueiro metálico com chapas múltiplas MP 100 com revestimento em epóxi - D = 0,80 m - brita comercial","m",2096.38,605697]
[605609,"Bueiro metálico com chapas múltiplas MP 100 com revestimento em epóxi - D = 0,80 m - brita produzida","m",2070.76,605609]
[605698,"Bueiro metálico com chapas múltiplas MP 100 com revestimento em epóxi - D = 0,90 m - brita comercial","m",2292.56,605698]
[605610,"Bueiro metálico com chapas múltiplas MP 100 com revestimento em epóxi - D = 0,90 m - brita produzida","m",2265.52,605610]
[605699,"Bueiro metálico com chapas múltiplas MP 100 com revestimento em epóxi - D = 1,00 m - brita comercial","m",2536.36,605699]
[605611,"Bueiro metálico com chapas múltiplas MP 100 com revestimento em epóxi - D = 1,00 m - brita produzida","m",2507.9,605611]
[605700,"Bueiro metálico com chapas múltiplas MP 100 com revestimento em epóxi - D = 1,10 m - brita comercial","m",2875.66,605700]
[605612,"Bueiro metálico com chapas múltiplas MP 100 com revestimento em epóxi - D = 1,10 m - brita produzida","m",2845.77,605612]
[605701,"Bueiro metálico com chapas múltiplas MP 100 com revestimento em epóxi - D = 1,20 m - brita comercial","m",3071.81,605701]
[605613,"Bueiro metálico com chapas múltiplas MP 100 com revestimento em epóxi - D = 1,20 m - brita produzida","m",3040.5,605613]
[605702,"Bueiro metálico com chapas múltiplas MP 100 com revestimento em epóxi - D = 1,30 m - brita comercial","m",3351.1,605702]
[605614,"Bueiro metálico com chapas múltiplas MP 100 com revestimento em epóxi - D = 1,30 m - brita produzida","m",3302,605614]
[605703,"Bueiro metálico com chapas múltiplas MP 100 com revestimento em epóxi - D = 1,40 m - brita comercial","m",3551.28,605703]
[605615,"Bueiro metálico com chapas múltiplas MP 100 com revestimento em epóxi - D = 1,40 m - brita produzida","m",3500.04,605615]
[605704,"Bueiro metálico com chapas múltiplas MP 100 com revestimento em epóxi - D = 1,50 m - brita comercial","m",3799.72,605704]
[605616,"Bueiro metálico com chapas múltiplas MP 100 com revestimento em epóxi - D = 1,50 m - brita produzida","m",3746.35,605616]
[605705,"Bueiro metálico com chapas múltiplas MP 100 com revestimento em epóxi - D = 1,60 m - brita comercial","m",4051.76,605705]
[605617,"Bueiro metálico com chapas múltiplas MP 100 com revestimento em epóxi - D = 1,60 m - brita produzida","m",3996.25,605617]
[605706,"Bueiro metálico com chapas múltiplas MP 100 com revestimento em epóxi - D = 1,70 m - brita comercial","m",4257.38,605706]
[605618,"Bueiro metálico com chapas múltiplas MP 100 com revestimento em epóxi - D = 1,70 m - brita produzida","m",4199.74,605618]
[605707,"Bueiro metálico com chapas múltiplas MP 100 com revestimento em epóxi - D = 1,80 m - brita comercial","m",4703.6,605707]
[605619,"Bueiro metálico com chapas múltiplas MP 100 com revestimento em epóxi - D = 1,80 m - brita produzida","m",4643.82,605619]
[605708,"Bueiro metálico com chapas múltiplas MP 100 com revestimento em epóxi - D = 1,90 m - brita comercial","m",5517.2,605708]
[605620,"Bueiro metálico com chapas múltiplas MP 100 com revestimento em epóxi - D = 1,90 m - brita produzida","m",5455.29,605620]
[605709,"Bueiro metálico com chapas múltiplas MP 100 com revestimento em epóxi - D = 2,00 m - brita comercial","m",5783.69,605709]
[605621,"Bueiro metálico com chapas múltiplas MP 100 com revestimento em epóxi - D = 2,00 m - brita produzida","m",5719.65,605621]
[605710,"Bueiro metálico com chapas múltiplas MP 100 com revestimento em epóxi - D = 2,10 m - brita comercial","m",6208.94,605710]
[605622,"Bueiro metálico com chapas múltiplas MP 100 com revestimento em epóxi - D = 2,10 m - brita produzida","m",6142.76,605622]
[605711,"Bueiro metálico com chapas múltiplas MP 100 com revestimento em epóxi - D = 2,20 m - brita comercial","m",6412.95,605711]
[605623,"Bueiro metálico com chapas múltiplas MP 100 com revestimento em epóxi - D = 2,20 m - brita produzida","m",6344.63,605623]
[605712,"Bueiro metálico com chapas múltiplas MP 100 com revestimento em epóxi - D = 2,30 m - brita comercial","m",6744.61,605712]
[605624,"Bueiro metálico com chapas múltiplas MP 100 com revestimento em epóxi - D = 2,30 m - brita produzida","m",6674.16,605624]
[605713,"Bueiro metálico com chapas múltiplas MP 100 com revestimento em epóxi - D = 2,40 m - brita comercial","m",9057.97,605713]
[605625,"Bueiro metálico com chapas múltiplas MP 100 com revestimento em epóxi - D = 2,40 m - brita produzida","m",8985.39,605625]
[605714,"Bueiro metálico com chapas múltiplas MP 100 com revestimento em epóxi - D = 2,50 m - brita comercial","m",11412.77,605714]
[605626,"Bueiro metálico com chapas múltiplas MP 100 com revestimento em epóxi - D = 2,50 m - brita produzida","m",11338.05,605626]
[605715,"Bueiro metálico com chapas múltiplas MP 100 com revestimento em epóxi - D = 2,60 m - brita comercial","m",12175.35,605715]
[605627,"Bueiro metálico com chapas múltiplas MP 100 com revestimento em epóxi - D = 2,60 m - brita produzida","m",12098.5,605627]
[605716,"Bueiro metálico com chapas múltiplas MP 100 com revestimento em epóxi - D = 2,70 m - brita comercial","m",12610.86,605716]
[605628,"Bueiro metálico com chapas múltiplas MP 100 com revestimento em epóxi - D = 2,70 m - brita produzida","m",12531.87,605628]
[605717,"Bueiro metálico com chapas múltiplas MP 100 com revestimento em epóxi - D = 2,80 m - brita comercial","m",13419.88,605717]
[605629,"Bueiro metálico com chapas múltiplas MP 100 com revestimento em epóxi - D = 2,80 m - brita produzida","m",13338.76,605629]
[605651,"Bueiro metálico com chapas múltiplas MP 100 galvanizadas - D = 0,60 m - brita comercial","m",1519.57,605651]
[605460,"Bueiro metálico com chapas múltiplas MP 100 galvanizadas - D = 0,60 m - brita produzida","m",1496.8,605460]
[605652,"Bueiro metálico com chapas múltiplas MP 100 galvanizadas - D = 0,70 m - brita comercial","m",1749.48,605652]
[605461,"Bueiro metálico com chapas múltiplas MP 100 galvanizadas - D = 0,70 m - brita produzida","m",1725.29,605461]
[605653,"Bueiro metálico com chapas múltiplas MP 100 galvanizadas - D = 0,80 m - brita comercial","m",1979.42,605653]
[605462,"Bueiro metálico com chapas múltiplas MP 100 galvanizadas - D = 0,80 m - brita produzida","m",1953.8,605462]
[605654,"Bueiro metálico com chapas múltiplas MP 100 galvanizadas - D = 0,90 m - brita comercial","m",2164.47,605654]
[605463,"Bueiro metálico com chapas múltiplas MP 100 galvanizadas - D = 0,90 m - brita produzida","m",2137.43,605463]
[605655,"Bueiro metálico com chapas múltiplas MP 100 galvanizadas - D = 1,00 m - brita comercial","m",2394.34,605655]
[605464,"Bueiro metálico com chapas múltiplas MP 100 galvanizadas - D = 1,00 m - brita produzida","m",2365.87,605464]
[605656,"Bueiro metálico com chapas múltiplas MP 100 galvanizadas - D = 1,10 m - brita comercial","m",2714.14,605656]
[605465,"Bueiro metálico com chapas múltiplas MP 100 galvanizadas - D = 1,10 m - brita produzida","m",2684.25,605465]
[605657,"Bueiro metálico com chapas múltiplas MP 100 galvanizadas - D = 1,20 m - brita comercial","m",2899.16,605657]
[605466,"Bueiro metálico com chapas múltiplas MP 100 galvanizadas - D = 1,20 m - brita produzida","m",2867.85,605466]
[605658,"Bueiro metálico com chapas múltiplas MP 100 galvanizadas - D = 1,30 m - brita comercial","m",3164.53,{"$f":"A260*1","v":605658}]
[605467,"Bueiro metálico com chapas múltiplas MP 100 galvanizadas - D = 1,30 m - brita produzida","m",3115.43,605467]
[605659,"Bueiro metálico com chapas múltiplas MP 100 galvanizadas - D = 1,40 m - brita comercial","m",3353.56,605659]
[605468,"Bueiro metálico com chapas múltiplas MP 100 galvanizadas - D = 1,40 m - brita produzida","m",3302.32,605468]
[605660,"Bueiro metálico com chapas múltiplas MP 100 galvanizadas - D = 1,50 m - brita comercial","m",3588.07,605660]
[605469,"Bueiro metálico com chapas múltiplas MP 100 galvanizadas - D = 1,50 m - brita produzida","m",3534.7,605469]
[605661,"Bueiro metálico com chapas múltiplas MP 100 galvanizadas - D = 1,60 m - brita comercial","m",3826.19,605661]
[605470,"Bueiro metálico com chapas múltiplas MP 100 galvanizadas - D = 1,60 m - brita produzida","m",3770.69,605470]
[605662,"Bueiro metálico com chapas múltiplas MP 100 galvanizadas - D = 1,70 m - brita comercial","m",4020.67,605662]
[605471,"Bueiro metálico com chapas múltiplas MP 100 galvanizadas - D = 1,70 m - brita produzida","m",3963.03,605471]
[605663,"Bueiro metálico com chapas múltiplas MP 100 galvanizadas - D = 1,80 m - brita comercial","m",4452.98,605663]
[605472,"Bueiro metálico com chapas múltiplas MP 100 galvanizadas - D = 1,80 m - brita produzida","m",4393.21,605472]
[605664,"Bueiro metálico com chapas múltiplas MP 100 galvanizadas - D = 1,90 m - brita comercial","m",5216.87,605664]
[605473,"Bueiro metálico com chapas múltiplas MP 100 galvanizadas - D = 1,90 m - brita produzida","m",5154.96,605473]
[605665,"Bueiro metálico com chapas múltiplas MP 100 galvanizadas - D = 2,00 m - brita comercial","m",5467.13,605665]
[605474,"Bueiro metálico com chapas múltiplas MP 100 galvanizadas - D = 2,00 m - brita produzida","m",5403.09,605474]
[605666,"Bueiro metálico com chapas múltiplas MP 100 galvanizadas - D = 2,10 m - brita comercial","m",5870.74,605666]
[605475,"Bueiro metálico com chapas múltiplas MP 100 galvanizadas - D = 2,10 m - brita produzida","m",5804.56,605475]
[605667,"Bueiro metálico com chapas múltiplas MP 100 galvanizadas - D = 2,20 m - brita comercial","m",6066.62,605667]
[605476,"Bueiro metálico com chapas múltiplas MP 100 galvanizadas - D = 2,20 m - brita produzida","m",5998.31,605476]
[605668,"Bueiro metálico com chapas múltiplas MP 100 galvanizadas - D = 2,30 m - brita comercial","m",6384.77,605668]
[605477,"Bueiro metálico com chapas múltiplas MP 100 galvanizadas - D = 2,30 m - brita produzida","m",6314.32,605477]
[605669,"Bueiro metálico com chapas múltiplas MP 100 galvanizadas - D = 2,40 m - brita comercial","m",8390.41,605669]
[605478,"Bueiro metálico com chapas múltiplas MP 100 galvanizadas - D = 2,40 m - brita produzida","m",8317.82,605478]
[605670,"Bueiro metálico com chapas múltiplas MP 100 galvanizadas - D = 2,50 m - brita comercial","m",10571.52,605670]
[605479,"Bueiro metálico com chapas múltiplas MP 100 galvanizadas - D = 2,50 m - brita produzida","m",10496.8,605479]
[605671,"Bueiro metálico com chapas múltiplas MP 100 galvanizadas - D = 2,60 m - brita comercial","m",11286.23,605671]
[605480,"Bueiro metálico com chapas múltiplas MP 100 galvanizadas - D = 2,60 m - brita produzida","m",11209.38,605480]
[605672,"Bueiro metálico com chapas múltiplas MP 100 galvanizadas - D = 2,70 m - brita comercial","m",11704.63,605672]
[605481,"Bueiro metálico com chapas múltiplas MP 100 galvanizadas - D = 2,70 m - brita produzida","m",11625.64,605481]
[605673,"Bueiro metálico com chapas múltiplas MP 100 galvanizadas - D = 2,80 m - brita comercial","m",12469.21,605673]
[605482,"Bueiro metálico com chapas múltiplas MP 100 galvanizadas - D = 2,80 m - brita produzida","m",12388.09,605482]
[605718,"Bueiro metálico com chapas múltiplas MP 152 com revestimento em epóxi - D = 1,50 m - brita comercial","m",7581.83,605718]
[605630,"Bueiro metálico com chapas múltiplas MP 152 com revestimento em epóxi - D = 1,50 m - brita produzida","m",7528.46,605630]
[605719,"Bueiro metálico com chapas múltiplas MP 152 com revestimento em epóxi - D = 1,80 m - brita comercial","m",9369.24,605719]
[605631,"Bueiro metálico com chapas múltiplas MP 152 com revestimento em epóxi - D = 1,80 m - brita produzida","m",9309.47,605631]
[605720,"Bueiro metálico com chapas múltiplas MP 152 com revestimento em epóxi - D = 1,90 m - brita comercial","m",9669.31,605720]
[605632,"Bueiro metálico com chapas múltiplas MP 152 com revestimento em epóxi - D = 1,90 m - brita produzida","m",9607.4,605632]
[605721,"Bueiro metálico com chapas múltiplas MP 152 com revestimento em epóxi - D = 2,15 m - brita comercial","m",10958.39,605721]
[605633,"Bueiro metálico com chapas múltiplas MP 152 com revestimento em epóxi - D = 2,15 m - brita produzida","m",10891.14,605633]
[605722,"Bueiro metálico com chapas múltiplas MP 152 com revestimento em epóxi - D = 2,30 m - brita comercial","m",11606.26,605722]
[605634,"Bueiro metálico com chapas múltiplas MP 152 com revestimento em epóxi - D = 2,30 m - brita produzida","m",11535.81,605634]
[605723,"Bueiro metálico com chapas múltiplas MP 152 com revestimento em epóxi - D = 2,65 m - brita comercial","m",13580.79,605723]
[605635,"Bueiro metálico com chapas múltiplas MP 152 com revestimento em epóxi - D = 2,65 m - brita produzida","m",13502.87,605635]
[605724,"Bueiro metálico com chapas múltiplas MP 152 com revestimento em epóxi - D = 3,05 m - brita comercial","m",15507.4,605724]
[605636,"Bueiro metálico com chapas múltiplas MP 152 com revestimento em epóxi - D = 3,05 m - brita produzida","m",15399.59,605636]
[605725,"Bueiro metálico com chapas múltiplas MP 152 com revestimento em epóxi - D = 3,20 m - brita comercial","m",16463.49,605725]
[605637,"Bueiro metálico com chapas múltiplas MP 152 com revestimento em epóxi - D = 3,20 m - brita produzida","m",16352.48,605637]
[605726,"Bueiro metálico com chapas múltiplas MP 152 com revestimento em epóxi - D = 3,40 m - brita comercial","m",17425.63,605726]
[605638,"Bueiro metálico com chapas múltiplas MP 152 com revestimento em epóxi - D = 3,40 m - brita produzida","m",17310.35,605638]
[605727,"Bueiro metálico com chapas múltiplas MP 152 com revestimento em epóxi - D = 3,65 m - brita comercial","m",18678.3,605727]
[605639,"Bueiro metálico com chapas múltiplas MP 152 com revestimento em epóxi - D = 3,65 m - brita produzida","m",18557.68,605639]
[605728,"Bueiro metálico com chapas múltiplas MP 152 com revestimento em epóxi - D = 3,80 m - brita comercial","m",19372.97,605728]
[605640,"Bueiro metálico com chapas múltiplas MP 152 com revestimento em epóxi - D = 3,80 m - brita produzida","m",19249.16,605640]
[605729,"Bueiro metálico com chapas múltiplas MP 152 com revestimento em epóxi - D = 4,20 m - brita comercial","m",21285.99,605729]
[605641,"Bueiro metálico com chapas múltiplas MP 152 com revestimento em epóxi - D = 4,20 m - brita produzida","m",21153.63,605641]
[605730,"Bueiro metálico com chapas múltiplas MP 152 com revestimento em epóxi - D = 4,60 m - brita comercial","m",23246.11,605730]
[605642,"Bueiro metálico com chapas múltiplas MP 152 com revestimento em epóxi - D = 4,60 m - brita produzida","m",23105.21,605642]
[605731,"Bueiro metálico com chapas múltiplas MP 152 com revestimento em epóxi - D = 4,80 m - brita comercial","m",29482.66,605731]
[605643,"Bueiro metálico com chapas múltiplas MP 152 com revestimento em epóxi - D = 4,80 m - brita produzida","m",29337.49,605643]
[605732,"Bueiro metálico com chapas múltiplas MP 152 com revestimento em epóxi - D = 5,00 m - brita comercial","m",30473.06,605732]
[605644,"Bueiro metálico com chapas múltiplas MP 152 com revestimento em epóxi - D = 5,00 m - brita produzida","m",30298.72,605644]
[605733,"Bueiro metálico com chapas múltiplas MP 152 com revestimento em epóxi - D = 5,35 m - brita comercial","m",37127.12,605733]
[605645,"Bueiro metálico com chapas múltiplas MP 152 com revestimento em epóxi - D = 5,35 m - brita produzida","m",36944.07,605645]
[605734,"Bueiro metálico com chapas múltiplas MP 152 com revestimento em epóxi - D = 5,70 m - brita comercial","m",39879.66,{"$f":"A324*1","v":605734}]
[605646,"Bueiro metálico com chapas múltiplas MP 152 com revestimento em epóxi - D = 5,70 m - brita produzida","m",39687.88,605646]
[605735,"Bueiro metálico com chapas múltiplas MP 152 com revestimento em epóxi - D = 6,10 m - brita comercial","m",49182.01,605735]
[605647,"Bueiro metálico com chapas múltiplas MP 152 com revestimento em epóxi - D = 6,10 m - brita produzida","m",48980.27,605647]
[605736,"Bueiro metálico com chapas múltiplas MP 152 com revestimento em epóxi - D = 6,50 m - brita comercial","m",62876.81,605736]
[605648,"Bueiro metálico com chapas múltiplas MP 152 com revestimento em epóxi - D = 6,50 m - brita produzida","m",62665.11,605648]
[605737,"Bueiro metálico com chapas múltiplas MP 152 com revestimento em epóxi - D = 6,85 m - brita comercial","m",66840.48,605737]
[605649,"Bueiro metálico com chapas múltiplas MP 152 com revestimento em epóxi - D = 6,85 m - brita produzida","m",66620.07,605649]
[605738,"Bueiro metálico com chapas múltiplas MP 152 com revestimento em epóxi - D = 7,25 m - brita comercial","m",70839.55,605738]
[605650,"Bueiro metálico com chapas múltiplas MP 152 com revestimento em epóxi - D = 7,25 m - brita produzida","m",70609.17,605650]
[605674,"Bueiro metálico com chapas múltiplas MP 152 galvanizadas - D = 1,50 m - brita comercial","m",7327.09,605674]
[605483,"Bueiro metálico com chapas múltiplas MP 152 galvanizadas - D = 1,50 m - brita produzida","m",7273.72,605483]
[605675,"Bueiro metálico com chapas múltiplas MP 152 galvanizadas - D = 1,80 m - brita comercial","m",9061.22,605675]
[605484,"Bueiro metálico com chapas múltiplas MP 152 galvanizadas - D = 1,80 m - brita produzida","m",9001.44,605484]
[605676,"Bueiro metálico com chapas múltiplas MP 152 galvanizadas - D = 1,90 m - brita comercial","m",9351.3,605676]
[605485,"Bueiro metálico com chapas múltiplas MP 152 galvanizadas - D = 1,90 m - brita produzida","m",9289.39,605485]
[605677,"Bueiro metálico com chapas múltiplas MP 152 galvanizadas - D = 2,15 m - brita comercial","m",10597.09,605677]
[605486,"Bueiro metálico com chapas múltiplas MP 152 galvanizadas - D = 2,15 m - brita produzida","m",10529.84,605486]
[605678,"Bueiro metálico com chapas múltiplas MP 152 galvanizadas - D = 2,30 m - brita comercial","m",11224.97,605678]
[605487,"Bueiro metálico com chapas múltiplas MP 152 galvanizadas - D = 2,30 m - brita produzida","m",11154.52,605487]
[605679,"Bueiro metálico com chapas múltiplas MP 152 galvanizadas - D = 2,65 m - brita comercial","m",13134.58,605679]
[605488,"Bueiro metálico com chapas múltiplas MP 152 galvanizadas - D = 2,65 m - brita produzida","m",13056.66,605488]
[605680,"Bueiro metálico com chapas múltiplas MP 152 galvanizadas - D = 3,05 m - brita comercial","m",14997.91,605680]
[605489,"Bueiro metálico com chapas múltiplas MP 152 galvanizadas - D = 3,05 m - brita produzida","m",14890.1,605489]
[605681,"Bueiro metálico com chapas múltiplas MP 152 galvanizadas - D = 3,20 m - brita comercial","m",15922.37,605681]
[605490,"Bueiro metálico com chapas múltiplas MP 152 galvanizadas - D = 3,20 m - brita produzida","m",15811.36,605490]
[605682,"Bueiro metálico com chapas múltiplas MP 152 galvanizadas - D = 3,40 m - brita comercial","m",16852.88,605682]
[605491,"Bueiro metálico com chapas múltiplas MP 152 galvanizadas - D = 3,40 m - brita produzida","m",16737.6,605491]
[605683,"Bueiro metálico com chapas múltiplas MP 152 galvanizadas - D = 3,65 m - brita comercial","m",18063.92,605683]
[605492,"Bueiro metálico com chapas múltiplas MP 152 galvanizadas - D = 3,65 m - brita produzida","m",17943.3,605492]
[605684,"Bueiro metálico com chapas múltiplas MP 152 galvanizadas - D = 3,80 m - brita comercial","m",18736.94,605684]
[605493,"Bueiro metálico com chapas múltiplas MP 152 galvanizadas - D = 3,80 m - brita produzida","m",18613.12,605493]
[605685,"Bueiro metálico com chapas múltiplas MP 152 galvanizadas - D = 4,20 m - brita comercial","m",20585.03,605685]
[605494,"Bueiro metálico com chapas múltiplas MP 152 galvanizadas - D = 4,20 m - brita produzida","m",20452.67,605494]
[605686,"Bueiro metálico com chapas múltiplas MP 152 galvanizadas - D = 4,60 m - brita comercial","m",22481.88,605686]
[605495,"Bueiro metálico com chapas múltiplas MP 152 galvanizadas - D = 4,60 m - brita produzida","m",22340.99,605495]
[605687,"Bueiro metálico com chapas múltiplas MP 152 galvanizadas - D = 4,80 m - brita comercial","m",25706.47,605687]
[605496,"Bueiro metálico com chapas múltiplas MP 152 galvanizadas - D = 4,80 m - brita produzida","m",25561.31,605496]
[605688,"Bueiro metálico com chapas múltiplas MP 152 galvanizadas - D = 5,00 m - brita comercial","m",26590.24,605688]
[605497,"Bueiro metálico com chapas múltiplas MP 152 galvanizadas - D = 5,00 m - brita produzida","m",26415.9,605497]
[605689,"Bueiro metálico com chapas múltiplas MP 152 galvanizadas - D = 5,35 m - brita comercial","m",33361.76,605689]
[605498,"Bueiro metálico com chapas múltiplas MP 152 galvanizadas - D = 5,35 m - brita produzida","m",33178.7,605498]
[605690,"Bueiro metálico com chapas múltiplas MP 152 galvanizadas - D = 5,70 m - brita comercial","m",35845,605690]
[605499,"Bueiro metálico com chapas múltiplas MP 152 galvanizadas - D = 5,70 m - brita produzida","m",35653.23,605499]
[605691,"Bueiro metálico com chapas múltiplas MP 152 galvanizadas - D = 6,10 m - brita comercial","m",44047.41,605691]
[605500,"Bueiro metálico com chapas múltiplas MP 152 galvanizadas - D = 6,10 m - brita produzida","m",43845.67,605500]
[605692,"Bueiro metálico com chapas múltiplas MP 152 galvanizadas - D = 6,50 m - brita comercial","m",52802.33,605692]
[605501,"Bueiro metálico com chapas múltiplas MP 152 galvanizadas - D = 6,50 m - brita produzida","m",52590.62,605501]
[605693,"Bueiro metálico com chapas múltiplas MP 152 galvanizadas - D = 6,85 m - brita comercial","m",56175.72,605693]
[605502,"Bueiro metálico com chapas múltiplas MP 152 galvanizadas - D = 6,85 m - brita produzida","m",55955.3,605502]
[605694,"Bueiro metálico com chapas múltiplas MP 152 galvanizadas - D = 7,25 m - brita comercial","m",59584.52,605694]
[605503,"Bueiro metálico com chapas múltiplas MP 152 galvanizadas - D = 7,25 m - brita produzida","m",59354.14,605503]
[606433,"Bueiro metálico com chapas múltiplas MP 152 galvanizadas - lenticular - vão = 1,95 m e altura = 1,40 m - aterro rodoviário mínimo = 0,60 m e máximo = 8,40 m - brita comercial","m",8824.23,606433]
[606343,"Bueiro metálico com chapas múltiplas MP 152 galvanizadas - lenticular - vão = 1,95 m e altura = 1,40 m - aterro rodoviário mínimo = 0,60 m e máximo = 8,40 m - brita produzida","m",8761.25,606343]
[606434,"Bueiro metálico com chapas múltiplas MP 152 galvanizadas - lenticular - vão = 2,15 m e altura = 1,50 m - aterro rodoviário mínimo = 0,60 m e máximo = 7,50 m - brita comercial","m",9756.73,606434]
[606344,"Bueiro metálico com chapas múltiplas MP 152 galvanizadas - lenticular - vão = 2,15 m e altura = 1,50 m - aterro rodoviário mínimo = 0,60 m e máximo = 7,50 m - brita produzida","m",9689.48,606344]
[606435,"Bueiro metálico com chapas múltiplas MP 152 galvanizadas - lenticular - vão = 2,30 m e altura = 1,60 m - aterro rodoviário mínimo = 0,60 m e máximo = 7,20 m - brita comercial","m",10640.28,606435]
[606345,"Bueiro metálico com chapas múltiplas MP 152 galvanizadas - lenticular - vão = 2,30 m e altura = 1,60 m - aterro rodoviário mínimo = 0,60 m e máximo = 7,20 m - brita produzida","m",10569.83,606345]
[606436,"Bueiro metálico com chapas múltiplas MP 152 galvanizadas - lenticular - vão = 2,55 m e altura = 1,65 m - aterro rodoviário mínimo = 0,60 m e máximo = 6,50 m - brita comercial","m",11311.08,606436]
[606346,"Bueiro metálico com chapas múltiplas MP 152 galvanizadas - lenticular - vão = 2,55 m e altura = 1,65 m - aterro rodoviário mínimo = 0,60 m e máximo = 6,50 m - brita produzida","m",11235.29,606346]
[606437,"Bueiro metálico com chapas múltiplas MP 152 galvanizadas - lenticular - vão = 2,70 m e altura = 1,85 m - aterro rodoviário mínimo = 0,60 m e máximo = 6,60 m - brita comercial","m",12243.33,606437]
[606347,"Bueiro metálico com chapas múltiplas MP 152 galvanizadas - lenticular - vão = 2,70 m e altura = 1,85 m - aterro rodoviário mínimo = 0,60 m e máximo = 6,60 m - brita produzida","m",12164.34,606347]
[606438,"Bueiro metálico com chapas múltiplas MP 152 galvanizadas - lenticular - vão = 2,75 m e altura = 1,90 m - aterro rodoviário mínimo = 0,60 m e máximo = 6,50 m - brita comercial","m",12570.61,606438]
[606348,"Bueiro metálico com chapas múltiplas MP 152 galvanizadas - lenticular - vão = 2,75 m e altura = 1,90 m - aterro rodoviário mínimo = 0,60 m e máximo = 6,50 m - brita produzida","m",12490.56,606348]
[606439,"Bueiro metálico com chapas múltiplas MP 152 galvanizadas - lenticular - vão = 3,00 m e altura = 2,00 m - aterro rodoviário mínimo = 0,60 m e máximo = 6,00 m - brita comercial","m",13248.92,{"$f":"A388*1","v":606439}]
[606349,"Bueiro metálico com chapas múltiplas MP 152 galvanizadas - lenticular - vão = 3,00 m e altura = 2,00 m - aterro rodoviário mínimo = 0,60 m e máximo = 6,00 m - brita produzida","m",13142.18,606349]
[606440,"Bueiro metálico com chapas múltiplas MP 152 galvanizadas - lenticular - vão = 3,20 m e altura = 2,10 m - aterro rodoviário mínimo = 0,60 m e máximo = 5,60 m - brita comercial","m",13859.66,606440]
[606350,"Bueiro metálico com chapas múltiplas MP 152 galvanizadas - lenticular - vão = 3,20 m e altura = 2,10 m - aterro rodoviário mínimo = 0,60 m e máximo = 5,60 m - brita produzida","m",13748.65,606350]
[606441,"Bueiro metálico com chapas múltiplas MP 152 galvanizadas - lenticular - vão = 3,35 m e altura = 2,15 m - aterro rodoviário mínimo = 0,60 m e máximo = 5,30 m - brita comercial","m",14518.34,606441]
[606351,"Bueiro metálico com chapas múltiplas MP 152 galvanizadas - lenticular - vão = 3,35 m e altura = 2,15 m - aterro rodoviário mínimo = 0,60 m e máximo = 5,30 m - brita produzida","m",14404.13,606351]
[606442,"Bueiro metálico com chapas múltiplas MP 152 galvanizadas - lenticular - vão = 3,55 m e altura = 2,25 m - aterro rodoviário mínimo = 0,60 m e máximo = 5,00 m - brita comercial","m",15153.06,606442]
[606352,"Bueiro metálico com chapas múltiplas MP 152 galvanizadas - lenticular - vão = 3,55 m e altura = 2,25 m - aterro rodoviário mínimo = 0,60 m e máximo = 5,00 m - brita produzida","m",15034.58,606352]
[606443,"Bueiro metálico com chapas múltiplas MP 152 galvanizadas - lenticular - vão = 3,70 m e altura = 2,35 m - aterro rodoviário mínimo = 0,60 m e máximo = 4,90 m - brita comercial","m",16070.21,606443]
[606353,"Bueiro metálico com chapas múltiplas MP 152 galvanizadas - lenticular - vão = 3,70 m e altura = 2,35 m - aterro rodoviário mínimo = 0,60 m e máximo = 4,90 m - brita produzida","m",15948.53,606353]
[606444,"Bueiro metálico com chapas múltiplas MP 152 galvanizadas - lenticular - vão = 3,90 m e altura = 2,45 m - aterro rodoviário mínimo = 0,60 m e máximo = 4,60 m - brita comercial","m",16765.68,606444]
[606354,"Bueiro metálico com chapas múltiplas MP 152 galvanizadas - lenticular - vão = 3,90 m e altura = 2,45 m - aterro rodoviário mínimo = 0,60 m e máximo = 4,60 m - brita produzida","m",16639.72,606354]
[606445,"Bueiro metálico com chapas múltiplas MP 152 galvanizadas - lenticular - vão = 4,00 m e altura = 2,55 m - aterro rodoviário mínimo = 0,60 m e máximo = 4,50 m - brita comercial","m",17419.54,606445]
[606355,"Bueiro metálico com chapas múltiplas MP 152 galvanizadas - lenticular - vão = 4,00 m e altura = 2,55 m - aterro rodoviário mínimo = 0,60 m e máximo = 4,50 m - brita produzida","m",17291.45,606355]
[606446,"Bueiro metálico com chapas múltiplas MP 152 galvanizadas - lenticular - vão = 4,15 m e altura = 2,80 m - aterro rodoviário mínimo = 0,60 m e máximo = 6,80 m - brita comercial","m",18055.23,606446]
[606356,"Bueiro metálico com chapas múltiplas MP 152 galvanizadas - lenticular - vão = 4,15 m e altura = 2,80 m - aterro rodoviário mínimo = 0,60 m e máximo = 6,80 m - brita produzida","m",17923.94,606356]
[606447,"Bueiro metálico com chapas múltiplas MP 152 galvanizadas - lenticular - vão = 4,40 m e altura = 2,90 m - aterro rodoviário mínimo = 0,60 m e máximo = 6,40 m - brita comercial","m",18751.1,606447]
[606357,"Bueiro metálico com chapas múltiplas MP 152 galvanizadas - lenticular - vão = 4,40 m e altura = 2,90 m - aterro rodoviário mínimo = 0,60 m e máximo = 6,40 m - brita produzida","m",18591.7,606357]
[606448,"Bueiro metálico com chapas múltiplas MP 152 galvanizadas - lenticular - vão = 4,60 m e altura = 3,00 m - aterro rodoviário mínimo = 0,60 m e máximo = 6,10 m - brita comercial","m",19727.94,606448]
[606358,"Bueiro metálico com chapas múltiplas MP 152 galvanizadas - lenticular - vão = 4,60 m e altura = 3,00 m - aterro rodoviário mínimo = 0,60 m e máximo = 6,10 m - brita produzida","m",19563.56,606358]
[606449,"Bueiro metálico com chapas múltiplas MP 152 galvanizadas - lenticular - vão = 4,80 m e altura = 3,05 m - aterro rodoviário mínimo = 0,60 m e máximo = 5,80 m - brita comercial","m",24337.61,606449]
[606359,"Bueiro metálico com chapas múltiplas MP 152 galvanizadas - lenticular - vão = 4,80 m e altura = 3,05 m - aterro rodoviário mínimo = 0,60 m e máximo = 5,80 m - brita produzida","m",24168.25,606359]
[606450,"Bueiro metálico com chapas múltiplas MP 152 galvanizadas - lenticular - vão = 5,05 m e altura = 3,15 m - aterro rodoviário mínimo = 0,90 m e máximo = 5,50 m - brita comercial","m",25316.35,606450]
[606360,"Bueiro metálico com chapas múltiplas MP 152 galvanizadas - lenticular - vão = 5,05 m e altura = 3,15 m - aterro rodoviário mínimo = 0,90 m e máximo = 5,50 m - brita produzida","m",25140.77,606360]
[606451,"Bueiro metálico com chapas múltiplas MP 152 galvanizadas - lenticular - vão = 5,25 m e altura = 3,25 m - aterro rodoviário mínimo = 0,90 m e máximo = 5,30 m - brita comercial","m",26130.1,606451]
[606361,"Bueiro metálico com chapas múltiplas MP 152 galvanizadas - lenticular - vão = 5,25 m e altura = 3,25 m - aterro rodoviário mínimo = 0,90 m e máximo = 5,30 m - brita produzida","m",25949.53,606361]
[606452,"Bueiro metálico com chapas múltiplas MP 152 galvanizadas - lenticular - vão = 5,45 m e altura = 3,35 m - aterro rodoviário mínimo = 0,90 m e máximo = 5,10 m - brita comercial","m",29792.01,606452]
[606362,"Bueiro metálico com chapas múltiplas MP 152 galvanizadas - lenticular - vão = 5,45 m e altura = 3,35 m - aterro rodoviário mínimo = 0,90 m e máximo = 5,10 m - brita produzida","m",29606.47,606362]
[606453,"Bueiro metálico com chapas múltiplas MP 152 galvanizadas - lenticular - vão = 5,60 m e altura = 3,40 m - aterro rodoviário mínimo = 0,90 m e máximo = 4,90 m - brita comercial","m",30251.41,606453]
[606363,"Bueiro metálico com chapas múltiplas MP 152 galvanizadas - lenticular - vão = 5,60 m e altura = 3,40 m - aterro rodoviário mínimo = 0,90 m e máximo = 4,90 m - brita produzida","m",30062.12,606363]
[606454,"Bueiro metálico com chapas múltiplas MP 152 galvanizadas - lenticular - vão = 5,80 m e altura = 3,50 m - aterro rodoviário mínimo = 0,90 m e máximo = 4,70 m - brita comercial","m",36136.03,606454]
[606364,"Bueiro metálico com chapas múltiplas MP 152 galvanizadas - lenticular - vão = 5,80 m e altura = 3,50 m - aterro rodoviário mínimo = 0,90 m e máximo = 4,70 m - brita produzida","m",35941.77,606364]
[606455,"Bueiro metálico com chapas múltiplas MP 152 galvanizadas - lenticular - vão = 5,90 m e altura = 3,55 m - aterro rodoviário mínimo = 0,90 m e máximo = 4,70 m - brita comercial","m",36713.67,606455]
[606365,"Bueiro metálico com chapas múltiplas MP 152 galvanizadas - lenticular - vão = 5,90 m e altura = 3,55 m - aterro rodoviário mínimo = 0,90 m e máximo = 4,70 m - brita produzida","m",36516.91,606365]
[606456,"Bueiro metálico com chapas múltiplas MP 152 galvanizadas - lenticular - vão = 6,10 m e altura = 3,65 m - aterro rodoviário mínimo = 0,90 m e máximo = 4,50 m - brita comercial","m",38121.43,606456]
[606366,"Bueiro metálico com chapas múltiplas MP 152 galvanizadas - lenticular - vão = 6,10 m e altura = 3,65 m - aterro rodoviário mínimo = 0,90 m e máximo = 4,50 m - brita produzida","m",37919.69,606366]
[606457,"Bueiro metálico com chapas múltiplas MP 152 galvanizadas - lenticular - vão = 6,25 m e altura = 3,65 m - aterro rodoviário mínimo = 0,90 m e máximo = 4,30 m - brita comercial","m",38730.36,606457]
[606367,"Bueiro metálico com chapas múltiplas MP 152 galvanizadas - lenticular - vão = 6,25 m e altura = 3,65 m - aterro rodoviário mínimo = 0,90 m e máximo = 4,30 m - brita produzida","m",38524.89,606367]
[606458,"Bueiro metálico com chapas múltiplas MP 152 galvanizadas - lenticular - vão = 6,40 m e altura = 3,75 m - aterro rodoviário mínimo = 0,90 m e máximo = 4,30 m - brita comercial","m",52682.97,606458]
[606368,"Bueiro metálico com chapas múltiplas MP 152 galvanizadas - lenticular - vão = 6,40 m e altura = 3,75 m - aterro rodoviário mínimo = 0,90 m e máximo = 4,30 m - brita produzida","m",52473.76,606368]
[606459,"Bueiro metálico com chapas múltiplas MP 152 galvanizadas - lenticular - vão = 6,60 m e altura = 3,85 m - aterro rodoviário mínimo = 0,90 m e máximo = 4,10 m - brita comercial","m",54804.22,606459]
[606369,"Bueiro metálico com chapas múltiplas MP 152 galvanizadas - lenticular - vão = 6,60 m e altura = 3,85 m - aterro rodoviário mínimo = 0,90 m e máximo = 4,10 m - brita produzida","m",54590.03,606369]
[606479,"Bueiro metálico com chapas múltiplas MP 152 galvanizadas - passagem de gado - vão = 2,20 m e altura = 2,25 m -aterro rodoviário mínimo = 0,30 m e máximo = 8,90 m - brita comercial","m",12356.13,606479]
[606460,"Bueiro metálico com chapas múltiplas MP 152 galvanizadas - passagem de gado - vão = 2,20 m e altura = 2,25 m -aterro rodoviário mínimo = 0,30 m e máximo = 8,90 m - brita produzida","m",12276.43,606460]
[606480,"Bueiro metálico com chapas múltiplas MP 152 galvanizadas - passagem de gado - vão = 2,90 m e altura = 3,10 m - aterro rodoviário mínimo = 0,60 m e máximo = 11,40 m - brita comercial","m",16112.31,606480]
[606461,"Bueiro metálico com chapas múltiplas MP 152 galvanizadas - passagem de gado - vão = 2,90 m e altura = 3,10 m - aterro rodoviário mínimo = 0,60 m e máximo = 11,40 m - brita produzida","m",16015.18,606461]
[606481,"Bueiro metálico com chapas múltiplas MP 152 galvanizadas - passagem inferior - vão = 3,70 m e altura = 3,50 m - aterro rodoviário mínimo = 0,60 m e máximo = 10,30 m - brita comercial","m",18746.16,606481]
[606462,"Bueiro metálico com chapas múltiplas MP 152 galvanizadas - passagem inferior - vão = 3,70 m e altura = 3,50 m - aterro rodoviário mínimo = 0,60 m e máximo = 10,30 m - brita produzida","m",18604.19,606462]
[606482,"Bueiro metálico com chapas múltiplas MP 152 galvanizadas - passagem inferior - vão = 3,90 m e altura = 3,60 m - aterro rodoviário mínimo = 0,60 m e máximo = 9,80 m - brita comercial","m",19721.33,606482]
[606463,"Bueiro metálico com chapas múltiplas MP 152 galvanizadas - passagem inferior - vão = 3,90 m e altura = 3,60 m - aterro rodoviário mínimo = 0,60 m e máximo = 9,80 m - brita produzida","m",19574.38,606463]
[606483,"Bueiro metálico com chapas múltiplas MP 152 galvanizadas - passagem inferior - vão = 4,00 m e altura = 3,75 m - aterro rodoviário mínimo = 0,60 m e máximo = 9,50 m - brita comercial","m",20225.67,606483]
[606464,"Bueiro metálico com chapas múltiplas MP 152 galvanizadas - passagem inferior - vão = 4,00 m e altura = 3,75 m - aterro rodoviário mínimo = 0,60 m e máximo = 9,50 m - brita produzida","m",20076.24,606464]
[606484,"Bueiro metálico com chapas múltiplas MP 152 galvanizadas - passagem inferior - vão = 4,20 m e altura = 3,90 m - aterro rodoviário mínimo = 0,60 m e máximo = 9,10 m - brita comercial","m",20919.12,606484]
[606465,"Bueiro metálico com chapas múltiplas MP 152 galvanizadas - passagem inferior - vão = 4,20 m e altura = 3,90 m - aterro rodoviário mínimo = 0,60 m e máximo = 9,10 m - brita produzida","m",20764.7,606465]
[606485,"Bueiro metálico com chapas múltiplas MP 152 galvanizadas - passagem inferior - vão = 4,25 m e altura = 4,10 m - aterro rodoviário mínimo = 0,60 m e máximo = 8,90 m - brita comercial","m",21586.14,606485]
[606466,"Bueiro metálico com chapas múltiplas MP 152 galvanizadas - passagem inferior - vão = 4,25 m e altura = 4,10 m - aterro rodoviário mínimo = 0,60 m e máximo = 8,90 m - brita produzida","m",21430.48,606466]
[606486,"Bueiro metálico com chapas múltiplas MP 152 galvanizadas - passagem inferior - vão = 4,40 m e altura = 4,25 m - aterro rodoviário mínimo = 0,60 m e máximo = 8,60 m - brita comercial","m",22532.52,606486]
[606467,"Bueiro metálico com chapas múltiplas MP 152 galvanizadas - passagem inferior - vão = 4,40 m e altura = 4,25 m - aterro rodoviário mínimo = 0,60 m e máximo = 8,60 m - brita produzida","m",22373.12,606467]
[606487,"Bueiro metálico com chapas múltiplas MP 152 galvanizadas - passagem inferior - vão = 4,50 m e altura = 4,40 m - aterro rodoviário mínimo = 0,60 m e máximo = 8,40 m - brita comercial","m",23186.15,606487]
[606468,"Bueiro metálico com chapas múltiplas MP 152 galvanizadas - passagem inferior - vão = 4,50 m e altura = 4,40 m - aterro rodoviário mínimo = 0,60 m e máximo = 8,40 m - brita produzida","m",23024.26,606468]
[606488,"Bueiro metálico com chapas múltiplas MP 152 galvanizadas - passagem inferior - vão = 4,70 m e altura = 4,50 m - aterro rodoviário mínimo = 0,60 m e máximo = 8,90 m - brita comercial","m",28662.77,606488]
[606469,"Bueiro metálico com chapas múltiplas MP 152 galvanizadas - passagem inferior - vão = 4,70 m e altura = 4,50 m - aterro rodoviário mínimo = 0,60 m e máximo = 8,90 m - brita produzida","m",28495.9,606469]
[606489,"Bueiro metálico com chapas múltiplas MP 152 galvanizadas - passagem inferior - vão = 4,80 m e altura = 4,75 m - aterro rodoviário mínimo = 0,90 m e máximo = 9,00 m - brita comercial","m",30231.07,606489]
[606470,"Bueiro metálico com chapas múltiplas MP 152 galvanizadas - passagem inferior - vão = 4,80 m e altura = 4,75 m - aterro rodoviário mínimo = 0,90 m e máximo = 9,00 m - brita produzida","m",30061.71,606470]
[606490,"Bueiro metálico com chapas múltiplas MP 152 galvanizadas - passagem inferior - vão = 5,00 m e altura = 4,85 m - aterro rodoviário mínimo = 0,90 m e máximo = 8,60 m - brita comercial","m",31111.74,{"$f":"A452*1","v":606490}]
[606471,"Bueiro metálico com chapas múltiplas MP 152 galvanizadas - passagem inferior - vão = 5,00 m e altura = 4,85 m - aterro rodoviário mínimo = 0,90 m e máximo = 8,60 m - brita produzida","m",30937.4,606471]
[606491,"Bueiro metálico com chapas múltiplas MP 152 galvanizadas - passagem inferior - vão = 5,15 m e altura = 4,90 m - aterro rodoviário mínimo = 0,90 m e máximo = 8,50 m - brita comercial","m",31976.84,606491]
[606472,"Bueiro metálico com chapas múltiplas MP 152 galvanizadas - passagem inferior - vão = 5,15 m e altura = 4,90 m - aterro rodoviário mínimo = 0,90 m e máximo = 8,50 m - brita produzida","m",31798.77,606472]
[606492,"Bueiro metálico com chapas múltiplas MP 152 galvanizadas - passagem inferior - vão = 5,25 m e altura = 5,00 m - aterro rodoviário mínimo = 0,90 m e máximo = 8,40 m - brita comercial","m",32618.95,606492]
[606473,"Bueiro metálico com chapas múltiplas MP 152 galvanizadas - passagem inferior - vão = 5,25 m e altura = 5,00 m - aterro rodoviário mínimo = 0,90 m e máximo = 8,40 m - brita produzida","m",32438.38,606473]
[606493,"Bueiro metálico com chapas múltiplas MP 152 galvanizadas - passagem inferior - vão = 5,30 m e altura = 5,30 m - aterro rodoviário mínimo = 0,90 m e máximo = 9,60 m - brita comercial","m",34360.14,606493]
[606474,"Bueiro metálico com chapas múltiplas MP 152 galvanizadas - passagem inferior - vão = 5,30 m e altura = 5,30 m - aterro rodoviário mínimo = 0,90 m e máximo = 9,60 m - brita produzida","m",34178.33,606474]
[606494,"Bueiro metálico com chapas múltiplas MP 152 galvanizadas - passagem inferior - vão = 5,65 m e altura = 5,25 m - aterro rodoviário mínimo = 0,90 m e máximo = 9,00 m - brita comercial","m",39694.58,606494]
[606475,"Bueiro metálico com chapas múltiplas MP 152 galvanizadas - passagem inferior - vão = 5,65 m e altura = 5,25 m - aterro rodoviário mínimo = 0,90 m e máximo = 9,00 m - brita produzida","m",39504.05,606475]
[606495,"Bueiro metálico com chapas múltiplas MP 152 galvanizadas - passagem inferior - vão = 5,85 m e altura = 5,30 m - aterro rodoviário mínimo = 0,90 m e máximo = 8,40 m - brita comercial","m",46765.5,606495]
[606476,"Bueiro metálico com chapas múltiplas MP 152 galvanizadas - passagem inferior - vão = 5,85 m e altura = 5,30 m - aterro rodoviário mínimo = 0,90 m e máximo = 8,40 m - brita produzida","m",46569.99,606476]
[606496,"Bueiro metálico com chapas múltiplas MP 152 galvanizadas - passagem inferior - vão = 6,00 m e altura = 5,45 m - aterro rodoviário mínimo = 0,90 m e máximo = 8,30 m - brita comercial","m",47873.4,606496]
[606477,"Bueiro metálico com chapas múltiplas MP 152 galvanizadas - passagem inferior - vão = 6,00 m e altura = 5,45 m - aterro rodoviário mínimo = 0,90 m e máximo = 8,30 m - brita produzida","m",47674.15,606477]
[606497,"Bueiro metálico com chapas múltiplas MP 152 galvanizadas - passagem inferior - vão = 6,25 m e altura = 5,50 m - aterro rodoviário mínimo = 0,90 m e máximo = 7,90 m - brita comercial","m",48520.56,606497]
[606478,"Bueiro metálico com chapas múltiplas MP 152 galvanizadas - passagem inferior - vão = 6,25 m e altura = 5,50 m - aterro rodoviário mínimo = 0,90 m e máximo = 7,90 m - brita produzida","m",48315.09,606478]
[605835,"Bueiro metálico sem interrupção de tráfego - D = 1,20 m - chapa com epóxi - escavado em material de 1ª categoria - aterro ferroviário máximo = 12,90 m","m",7115.75,605835]
[605571,"Bueiro metálico sem interrupção de tráfego - D = 1,20 m - chapa com epóxi - escavado em material de 1ª categoria - aterro rodoviário máximo = 9,00 m","m",6295.11,605571]
[605850,"Bueiro metálico sem interrupção de tráfego - D = 1,20 m - chapa com epóxi - escavado em material de 2ª categoria - aterro ferroviário máximo = 12,90 m","m",7574.05,605850]
[605582,"Bueiro metálico sem interrupção de tráfego - D = 1,20 m - chapa com epóxi - escavado em material de 2ª categoria - aterro rodoviário máximo = 9,00 m","m",6753.41,605582]
[605889,"Bueiro metálico sem interrupção de tráfego - D = 1,20 m - chapa com epóxi - escavado em material de 3ª categoria - aterro ferroviário máximo = 12,90 m","m",8480.08,605889]
[605593,"Bueiro metálico sem interrupção de tráfego - D = 1,20 m - chapa com epóxi - escavado em material de 3ª categoria - aterro rodoviário máximo = 9,00 m","m",7659.44,605593]
[605739,"Bueiro metálico sem interrupção de tráfego - D = 1,20 m - chapa galvanizada - escavado em material de 1ª categoria - aterro ferroviário máximo = 12,90 m","m",6862.42,605739]
[605504,"Bueiro metálico sem interrupção de tráfego - D = 1,20 m - chapa galvanizada - escavado em material de 1ª categoria - aterro rodoviário máximo = 9,00 m","m",5992.54,605504]
[605781,"Bueiro metálico sem interrupção de tráfego - D = 1,20 m - chapa galvanizada - escavado em material de 2ª categoria - aterro ferroviário máximo = 12,90 m","m",7320.72,605781]
[605524,"Bueiro metálico sem interrupção de tráfego - D = 1,20 m - chapa galvanizada - escavado em material de 2ª categoria - aterro rodoviário máximo = 9,00 m","m",6450.85,605524]
[605815,"Bueiro metálico sem interrupção de tráfego - D = 1,20 m - chapa galvanizada - escavado em material de 3ª categoria - aterro ferroviário máximo = 12,90 m","m",8226.76,605815]
[605544,"Bueiro metálico sem interrupção de tráfego - D = 1,20 m - chapa galvanizada - escavado em material de 3ª categoria - aterro rodoviário máximo = 9,00 m","m",7356.88,605544]
[605836,"Bueiro metálico sem interrupção de tráfego - D = 1,40 m - chapa com epóxi - escavado em material de 1ª categoria - aterro ferroviário máximo = 11,00 m","m",8065.35,605836]
[605572,"Bueiro metálico sem interrupção de tráfego - D = 1,40 m - chapa com epóxi - escavado em material de 1ª categoria - aterro rodoviário máximo = 7,70 m","m",7178.41,605572]
[605851,"Bueiro metálico sem interrupção de tráfego - D = 1,40 m - chapa com epóxi - escavado em material de 2ª categoria - aterro ferroviário máximo = 11,00 m","m",8663.94,605851]
[605583,"Bueiro metálico sem interrupção de tráfego - D = 1,40 m - chapa com epóxi - escavado em material de 2ª categoria - aterro rodoviário máximo = 7,70 m","m",7777,605583]
[605890,"Bueiro metálico sem interrupção de tráfego - D = 1,40 m - chapa com epóxi - escavado em material de 3ª categoria - aterro ferroviário máximo = 11,00 m","m",9847.34,605890]
[605594,"Bueiro metálico sem interrupção de tráfego - D = 1,40 m - chapa com epóxi - escavado em material de 3ª categoria - aterro rodoviário máximo = 7,70 m","m",8960.4,605594]
[605740,"Bueiro metálico sem interrupção de tráfego - D = 1,40 m - chapa galvanizada - escavado em material de 1ª categoria - aterro ferroviário máximo = 11,00 m","m",7779.82,605740]
[605505,"Bueiro metálico sem interrupção de tráfego - D = 1,40 m - chapa galvanizada - escavado em material de 1ª categoria - aterro rodoviário máximo = 7,70 m","m",6834.88,605505]
[605782,"Bueiro metálico sem interrupção de tráfego - D = 1,40 m - chapa galvanizada - escavado em material de 2ª categoria - aterro ferroviário máximo = 11,00 m","m",8378.42,605782]
[605525,"Bueiro metálico sem interrupção de tráfego - D = 1,40 m - chapa galvanizada - escavado em material de 2ª categoria - aterro rodoviário máximo = 7,70 m","m",7433.48,605525]
[605816,"Bueiro metálico sem interrupção de tráfego - D = 1,40 m - chapa galvanizada - escavado em material de 3ª categoria - aterro ferroviário máximo = 11,00 m","m",9561.81,605816]
[605545,"Bueiro metálico sem interrupção de tráfego - D = 1,40 m - chapa galvanizada - escavado em material de 3ª categoria - aterro rodoviário máximo = 7,70 m","m",8616.87,605545]
[605837,"Bueiro metálico sem interrupção de tráfego - D = 1,60 m - chapa com epóxi - escavado em material de 1ª categoria - aterro ferroviário máximo = 9,60 m","m",9593,605837]
[605573,"Bueiro metálico sem interrupção de tráfego - D = 1,60 m - chapa com epóxi - escavado em material de 1ª categoria - aterro rodoviário máximo = 6,70 m","m",8653.36,605573]
[605852,"Bueiro metálico sem interrupção de tráfego - D = 1,60 m - chapa com epóxi - escavado em material de 2ª categoria - aterro ferroviário máximo = 9,60 m","m",10350.6,605852]
[605584,"Bueiro metálico sem interrupção de tráfego - D = 1,60 m - chapa com epóxi - escavado em material de 2ª categoria - aterro rodoviário máximo = 6,70 m","m",9410.96,605584]
[605891,"Bueiro metálico sem interrupção de tráfego - D = 1,60 m - chapa com epóxi - escavado em material de 3ª categoria - aterro ferroviário máximo = 9,60 m","m",11848.33,605891]
[605595,"Bueiro metálico sem interrupção de tráfego - D = 1,60 m - chapa com epóxi - escavado em material de 3ª categoria - aterro rodoviário máximo = 6,70 m","m",10908.69,605595]
[605741,"Bueiro metálico sem interrupção de tráfego - D = 1,60 m - chapa galvanizada - escavado em material de 1ª categoria - aterro ferroviário máximo = 9,60 m","m",9260.25,605741]
[605506,"Bueiro metálico sem interrupção de tráfego - D = 1,60 m - chapa galvanizada - escavado em material de 1ª categoria - aterro rodoviário máximo = 6,70 m","m",8246.78,605506]
[605783,"Bueiro metálico sem interrupção de tráfego - D = 1,60 m - chapa galvanizada - escavado em material de 2ª categoria - aterro ferroviário máximo = 9,60 m","m",10017.85,605783]
[605526,"Bueiro metálico sem interrupção de tráfego - D = 1,60 m - chapa galvanizada - escavado em material de 2ª categoria - aterro rodoviário máximo = 6,70 m","m",9004.38,605526]
[605817,"Bueiro metálico sem interrupção de tráfego - D = 1,60 m - chapa galvanizada - escavado em material de 3ª categoria - aterro ferroviário máximo = 9,60 m","m",11515.58,605817]
[605546,"Bueiro metálico sem interrupção de tráfego - D = 1,60 m - chapa galvanizada - escavado em material de 3ª categoria - aterro rodoviário máximo = 6,70 m","m",10502.11,605546]
[605838,"Bueiro metálico sem interrupção de tráfego - D = 1,80 m - chapa com epóxi - escavado em material de 1ª categoria - aterro ferroviário máximo = 8,00 m","m",10925.87,605838]
[605574,"Bueiro metálico sem interrupção de tráfego - D = 1,80 m - chapa com epóxi - escavado em material de 1ª categoria - aterro rodoviário máximo = 6,00 m","m",9856.28,605574]
[605853,"Bueiro metálico sem interrupção de tráfego - D = 1,80 m - chapa com epóxi - escavado em material de 2ª categoria - aterro ferroviário máximo = 8,00 m","m",11861.17,605853]
[605585,"Bueiro metálico sem interrupção de tráfego - D = 1,80 m - chapa com epóxi - escavado em material de 2ª categoria - aterro rodoviário máximo = 6,00 m","m",10791.58,605585]
[605892,"Bueiro metálico sem interrupção de tráfego - D = 1,80 m - chapa com epóxi - escavado em material de 3ª categoria - aterro ferroviário máximo = 8,00 m","m",13710.22,605892]
[605596,"Bueiro metálico sem interrupção de tráfego - D = 1,80 m - chapa com epóxi - escavado em material de 3ª categoria - aterro rodoviário máximo = 6,00 m","m",12640.63,605596]
[605742,"Bueiro metálico sem interrupção de tráfego - D = 1,80 m - chapa galvanizada - escavado em material de 1ª categoria - aterro ferroviário máximo = 8,00 m","m",10545.88,605742]
[605507,"Bueiro metálico sem interrupção de tráfego - D = 1,80 m - chapa galvanizada - escavado em material de 1ª categoria - aterro rodoviário máximo = 6,00 m","m",9392.98,605507]
[605784,"Bueiro metálico sem interrupção de tráfego - D = 1,80 m - chapa galvanizada - escavado em material de 2ª categoria - aterro ferroviário máximo = 8,00 m","m",11481.19,605784]
[605527,"Bueiro metálico sem interrupção de tráfego - D = 1,80 m - chapa galvanizada - escavado em material de 2ª categoria - aterro rodoviário máximo = 6,00 m","m",10328.29,605527]
[605818,"Bueiro metálico sem interrupção de tráfego - D = 1,80 m - chapa galvanizada - escavado em material de 3ª categoria - aterro ferroviário máximo = 8,00 m","m",13330.24,605818]
[605547,"Bueiro metálico sem interrupção de tráfego - D = 1,80 m - chapa galvanizada - escavado em material de 3ª categoria - aterro rodoviário máximo = 6,00 m","m",12177.34,605547]
[605839,"Bueiro metálico sem interrupção de tráfego - D = 2,00 m - chapa com epóxi - escavado em material de 1ª categoria - aterro ferroviário máximo = 6,90 m","m",12299.1,{"$f":"A516*1","v":605839}]
[605575,"Bueiro metálico sem interrupção de tráfego - D = 2,00 m - chapa com epóxi - escavado em material de 1ª categoria - aterro rodoviário máximo = 5,40 m","m",11123.13,605575]
[605854,"Bueiro metálico sem interrupção de tráfego - D = 2,00 m - chapa com epóxi - escavado em material de 2ª categoria - aterro ferroviário máximo = 6,90 m","m",13430.83,605854]
[605586,"Bueiro metálico sem interrupção de tráfego - D = 2,00 m - chapa com epóxi - escavado em material de 2ª categoria - aterro rodoviário máximo = 5,40 m","m",12254.85,605586]
[605893,"Bueiro metálico sem interrupção de tráfego - D = 2,00 m - chapa com epóxi - escavado em material de 3ª categoria - aterro ferroviário máximo = 6,90 m","m",15668.18,605893]
[605597,"Bueiro metálico sem interrupção de tráfego - D = 2,00 m - chapa com epóxi - escavado em material de 3ª categoria - aterro rodoviário máximo = 5,40 m","m",14492.21,605597]
[605743,"Bueiro metálico sem interrupção de tráfego - D = 2,00 m - chapa galvanizada - escavado em material de 1ª categoria - aterro ferroviário máximo = 6,90 m","m",11880.48,605743]
[605508,"Bueiro metálico sem interrupção de tráfego - D = 2,00 m - chapa galvanizada - escavado em material de 1ª categoria - aterro rodoviário máximo = 5,40 m","m",10612.56,605508]
[605785,"Bueiro metálico sem interrupção de tráfego - D = 2,00 m - chapa galvanizada - escavado em material de 2ª categoria - aterro ferroviário máximo = 6,90 m","m",13012.2,605785]
[605528,"Bueiro metálico sem interrupção de tráfego - D = 2,00 m - chapa galvanizada - escavado em material de 2ª categoria - aterro rodoviário máximo = 5,40 m","m",11744.29,605528]
[605819,"Bueiro metálico sem interrupção de tráfego - D = 2,00 m - chapa galvanizada - escavado em material de 3ª categoria - aterro ferroviário máximo = 6,90 m","m",15249.56,605819]
[605548,"Bueiro metálico sem interrupção de tráfego - D = 2,00 m - chapa galvanizada - escavado em material de 3ª categoria - aterro rodoviário máximo = 5,40 m","m",13981.64,605548]
[605840,"Bueiro metálico sem interrupção de tráfego - D = 2,20 m - chapa com epóxi - escavado em material de 1ª categoria - aterro ferroviário máximo = 7,90 m","m",15957.87,605840]
[605576,"Bueiro metálico sem interrupção de tráfego - D = 2,20 m - chapa com epóxi - escavado em material de 1ª categoria - aterro rodoviário máximo = 4,90 m","m",12547.89,605576]
[605855,"Bueiro metálico sem interrupção de tráfego - D = 2,20 m - chapa com epóxi - escavado em material de 2ª categoria - aterro ferroviário máximo = 7,90 m","m",17304.71,605855]
[605587,"Bueiro metálico sem interrupção de tráfego - D = 2,20 m - chapa com epóxi - escavado em material de 2ª categoria - aterro rodoviário máximo = 4,90 m","m",13894.73,605587]
[605898,"Bueiro metálico sem interrupção de tráfego - D = 2,20 m - chapa com epóxi - escavado em material de 3ª categoria - aterro ferroviário máximo = 7,90 m","m",19967.34,605898]
[605598,"Bueiro metálico sem interrupção de tráfego - D = 2,20 m - chapa com epóxi - escavado em material de 3ª categoria - aterro rodoviário máximo = 4,90 m","m",16557.36,605598]
[605744,"Bueiro metálico sem interrupção de tráfego - D = 2,20 m - chapa galvanizada - escavado em material de 1ª categoria - aterro ferroviário máximo = 7,90 m","m",15075.74,605744]
[605509,"Bueiro metálico sem interrupção de tráfego - D = 2,20 m - chapa galvanizada - escavado em material de 1ª categoria - aterro rodoviário máximo = 4,90 m","m",11983.73,605509]
[605787,"Bueiro metálico sem interrupção de tráfego - D = 2,20 m - chapa galvanizada - escavado em material de 2ª categoria - aterro ferroviário máximo = 7,90 m","m",16422.58,605787]
[605529,"Bueiro metálico sem interrupção de tráfego - D = 2,20 m - chapa galvanizada - escavado em material de 2ª categoria - aterro rodoviário máximo = 4,90 m","m",13330.57,605529]
[605820,"Bueiro metálico sem interrupção de tráfego - D = 2,20 m - chapa galvanizada - escavado em material de 3ª categoria - aterro ferroviário máximo = 7,90 m","m",19085.22,605820]
[605549,"Bueiro metálico sem interrupção de tráfego - D = 2,20 m - chapa galvanizada - escavado em material de 3ª categoria - aterro rodoviário máximo = 4,90 m","m",15993.2,605549]
[605841,"Bueiro metálico sem interrupção de tráfego - D = 2,40 m - chapa com epóxi - escavado em material de 1ª categoria - aterro ferroviário máximo = 7,00 m","m",17447.93,605841]
[605577,"Bueiro metálico sem interrupção de tráfego - D = 2,40 m - chapa com epóxi - escavado em material de 1ª categoria - aterro rodoviário máximo = 4,50 m","m",13720.88,605577]
[605856,"Bueiro metálico sem interrupção de tráfego - D = 2,40 m - chapa com epóxi - escavado em material de 2ª categoria - aterro ferroviário máximo = 7,00 m","m",19028.59,605856]
[605588,"Bueiro metálico sem interrupção de tráfego - D = 2,40 m - chapa com epóxi - escavado em material de 2ª categoria - aterro rodoviário máximo = 4,50 m","m",15301.55,605588]
[605899,"Bueiro metálico sem interrupção de tráfego - D = 2,40 m - chapa com epóxi - escavado em material de 3ª categoria - aterro ferroviário máximo = 7,00 m","m",22153.49,605899]
[605599,"Bueiro metálico sem interrupção de tráfego - D = 2,40 m - chapa com epóxi - escavado em material de 3ª categoria - aterro rodoviário máximo = 4,50 m","m",18426.44,605599]
[605745,"Bueiro metálico sem interrupção de tráfego - D = 2,40 m - chapa galvanizada - escavado em material de 1ª categoria - aterro ferroviário máximo = 7,00 m","m",16493.11,605745]
[605510,"Bueiro metálico sem interrupção de tráfego - D = 2,40 m - chapa galvanizada - escavado em material de 1ª categoria - aterro rodoviário máximo = 4,50 m","m",13112.61,605510]
[605788,"Bueiro metálico sem interrupção de tráfego - D = 2,40 m - chapa galvanizada - escavado em material de 2ª categoria - aterro ferroviário máximo = 7,00 m","m",18073.78,605788]
[605530,"Bueiro metálico sem interrupção de tráfego - D = 2,40 m - chapa galvanizada - escavado em material de 2ª categoria - aterro rodoviário máximo = 4,50 m","m",14693.28,605530]
[605821,"Bueiro metálico sem interrupção de tráfego - D = 2,40 m - chapa galvanizada - escavado em material de 3ª categoria - aterro ferroviário máximo = 7,00 m","m",21198.67,605821]
[605550,"Bueiro metálico sem interrupção de tráfego - D = 2,40 m - chapa galvanizada - escavado em material de 3ª categoria - aterro rodoviário máximo = 4,50 m","m",17818.18,605550]
[605842,"Bueiro metálico sem interrupção de tráfego - D = 2,60 m - chapa com epóxi - escavado em material de 1ª categoria - aterro ferroviário máximo = 6,40 m","m",19271.38,605842]
[605578,"Bueiro metálico sem interrupção de tráfego - D = 2,60 m - chapa com epóxi - escavado em material de 1ª categoria - aterro rodoviário máximo = 4,10 m","m",15190.89,605578]
[605857,"Bueiro metálico sem interrupção de tráfego - D = 2,60 m - chapa com epóxi - escavado em material de 2ª categoria - aterro ferroviário máximo = 6,40 m","m",21104.59,605857]
[605589,"Bueiro metálico sem interrupção de tráfego - D = 2,60 m - chapa com epóxi - escavado em material de 2ª categoria - aterro rodoviário máximo = 4,10 m","m",17024.1,605589]
[605900,"Bueiro metálico sem interrupção de tráfego - D = 2,60 m - chapa com epóxi - escavado em material de 3ª categoria - aterro ferroviário máximo = 6,40 m","m",24728.73,605900]
[605600,"Bueiro metálico sem interrupção de tráfego - D = 2,60 m - chapa com epóxi - escavado em material de 3ª categoria - aterro rodoviário máximo = 4,10 m","m",20648.24,605600]
[605746,"Bueiro metálico sem interrupção de tráfego - D = 2,60 m - chapa galvanizada - escavado em material de 1ª categoria - aterro ferroviário máximo = 6,40 m","m",18230.67,605746]
[605511,"Bueiro metálico sem interrupção de tráfego - D = 2,60 m - chapa galvanizada - escavado em material de 1ª categoria - aterro rodoviário máximo = 4,10 m","m",14529.04,605511]
[605789,"Bueiro metálico sem interrupção de tráfego - D = 2,60 m - chapa galvanizada - escavado em material de 2ª categoria - aterro ferroviário máximo = 6,40 m","m",20063.87,605789]
[605531,"Bueiro metálico sem interrupção de tráfego - D = 2,60 m - chapa galvanizada - escavado em material de 2ª categoria - aterro rodoviário máximo = 4,10 m","m",16362.25,605531]
[605822,"Bueiro metálico sem interrupção de tráfego - D = 2,60 m - chapa galvanizada - escavado em material de 3ª categoria - aterro ferroviário máximo = 6,40 m","m",23688.01,605822]
[605551,"Bueiro metálico sem interrupção de tráfego - D = 2,60 m - chapa galvanizada - escavado em material de 3ª categoria - aterro rodoviário máximo = 4,10 m","m",19986.39,605551]
[605843,"Bueiro metálico sem interrupção de tráfego - D = 2,80 m - chapa com epóxi - escavado em material de 1ª categoria - aterro ferroviário máximo = 5,50 m","m",20744.7,605843]
[605579,"Bueiro metálico sem interrupção de tráfego - D = 2,80 m - chapa com epóxi - escavado em material de 1ª categoria - aterro rodoviário máximo = 3,80 m","m",16394.78,605579]
[605858,"Bueiro metálico sem interrupção de tráfego - D = 2,80 m - chapa com epóxi - escavado em material de 2ª categoria - aterro ferroviário máximo = 5,50 m","m",22849.14,605858]
[605590,"Bueiro metálico sem interrupção de tráfego - D = 2,80 m - chapa com epóxi - escavado em material de 2ª categoria - aterro rodoviário máximo = 3,80 m","m",18499.23,605590]
[605901,"Bueiro metálico sem interrupção de tráfego - D = 2,80 m - chapa com epóxi - escavado em material de 3ª categoria - aterro ferroviário máximo = 5,50 m","m",27009.5,605901]
[605601,"Bueiro metálico sem interrupção de tráfego - D = 2,80 m - chapa com epóxi - escavado em material de 3ª categoria - aterro rodoviário máximo = 3,80 m","m",22659.59,605601]
[605747,"Bueiro metálico sem interrupção de tráfego - D = 2,80 m - chapa galvanizada - escavado em material de 1ª categoria - aterro ferroviário máximo = 5,50 m","m",19631.3,605747]
[605512,"Bueiro metálico sem interrupção de tráfego - D = 2,80 m - chapa galvanizada - escavado em material de 1ª categoria - aterro rodoviário máximo = 3,80 m","m",15685.65,605512]
[605790,"Bueiro metálico sem interrupção de tráfego - D = 2,80 m - chapa galvanizada - escavado em material de 2ª categoria - aterro ferroviário máximo = 5,50 m","m",21735.74,605790]
[605532,"Bueiro metálico sem interrupção de tráfego - D = 2,80 m - chapa galvanizada - escavado em material de 2ª categoria - aterro rodoviário máximo = 3,80 m","m",17790.09,605532]
[605823,"Bueiro metálico sem interrupção de tráfego - D = 2,80 m - chapa galvanizada - escavado em material de 3ª categoria - aterro ferroviário máximo = 5,50 m","m",25896.1,605823]
[605552,"Bueiro metálico sem interrupção de tráfego - D = 2,80 m - chapa galvanizada - escavado em material de 3ª categoria - aterro rodoviário máximo = 3,80 m","m",21950.46,605552]
[605844,"Bueiro metálico sem interrupção de tráfego - D = 3,00 m - chapa com epóxi - escavado em material de 1ª categoria - aterro ferroviário máximo = 4,70 m","m",22633.44,605844]
[605580,"Bueiro metálico sem interrupção de tráfego - D = 3,00 m - chapa com epóxi - escavado em material de 1ª categoria - aterro rodoviário máximo = 3,60 m","m",17978.54,605580]
[605887,"Bueiro metálico sem interrupção de tráfego - D = 3,00 m - chapa com epóxi - escavado em material de 2ª categoria - aterro ferroviário máximo = 4,70 m","m",25027.83,605887]
[605591,"Bueiro metálico sem interrupção de tráfego - D = 3,00 m - chapa com epóxi - escavado em material de 2ª categoria - aterro rodoviário máximo = 3,60 m","m",20372.93,605591]
[605902,"Bueiro metálico sem interrupção de tráfego - D = 3,00 m - chapa com epóxi - escavado em material de 3ª categoria - aterro ferroviário máximo = 4,70 m","m",29761.4,{"$f":"A580*1","v":605902}]
[605602,"Bueiro metálico sem interrupção de tráfego - D = 3,00 m - chapa com epóxi - escavado em material de 3ª categoria - aterro rodoviário máximo = 3,60 m","m",25106.5,605602]
[605748,"Bueiro metálico sem interrupção de tráfego - D = 3,00 m - chapa galvanizada - escavado em material de 1ª categoria - aterro ferroviário máximo = 4,70 m","m",21434.14,605748]
[605513,"Bueiro metálico sem interrupção de tráfego - D = 3,00 m - chapa galvanizada - escavado em material de 1ª categoria - aterro rodoviário máximo = 3,60 m","m",17212.68,605513]
[605804,"Bueiro metálico sem interrupção de tráfego - D = 3,00 m - chapa galvanizada - escavado em material de 2ª categoria - aterro ferroviário máximo = 4,70 m","m",23828.53,605804]
[605533,"Bueiro metálico sem interrupção de tráfego - D = 3,00 m - chapa galvanizada - escavado em material de 2ª categoria - aterro rodoviário máximo = 3,60 m","m",19607.07,605533]
[605824,"Bueiro metálico sem interrupção de tráfego - D = 3,00 m - chapa galvanizada - escavado em material de 3ª categoria - aterro ferroviário máximo = 4,70 m","m",28562.1,605824]
[605553,"Bueiro metálico sem interrupção de tráfego - D = 3,00 m - chapa galvanizada - escavado em material de 3ª categoria - aterro rodoviário máximo = 3,60 m","m",24340.64,605553]
[605845,"Bueiro metálico sem interrupção de tráfego - D = 3,20 m - chapa com epóxi - escavado em material de 1ª categoria - aterro ferroviário máximo = 4,00 m","m",24526.62,605845]
[605581,"Bueiro metálico sem interrupção de tráfego - D = 3,20 m - chapa com epóxi - escavado em material de 1ª categoria - aterro rodoviário máximo = 4,80 m","m",21495.76,605581]
[605888,"Bueiro metálico sem interrupção de tráfego - D = 3,20 m - chapa com epóxi - escavado em material de 2ª categoria - aterro ferroviário máximo = 4,00 m","m",27229.66,605888]
[605592,"Bueiro metálico sem interrupção de tráfego - D = 3,20 m - chapa com epóxi - escavado em material de 2ª categoria - aterro rodoviário máximo = 4,80 m","m",24198.79,605592]
[605903,"Bueiro metálico sem interrupção de tráfego - D = 3,20 m - chapa com epóxi - escavado em material de 3ª categoria - aterro ferroviário máximo = 4,00 m","m",32573.41,605903]
[605603,"Bueiro metálico sem interrupção de tráfego - D = 3,20 m - chapa com epóxi - escavado em material de 3ª categoria - aterro rodoviário máximo = 4,80 m","m",29542.55,605603]
[605771,"Bueiro metálico sem interrupção de tráfego - D = 3,20 m - chapa galvanizada - escavado em material de 1ª categoria - aterro ferroviário máximo = 4,00 m","m",23254.64,605771]
[605514,"Bueiro metálico sem interrupção de tráfego - D = 3,20 m - chapa galvanizada - escavado em material de 1ª categoria - aterro rodoviário máximo = 4,80 m","m",20828.1,605514]
[605805,"Bueiro metálico sem interrupção de tráfego - D = 3,20 m - chapa galvanizada - escavado em material de 2ª categoria - aterro ferroviário máximo = 4,00 m","m",25957.67,605805]
[605534,"Bueiro metálico sem interrupção de tráfego - D = 3,20 m - chapa galvanizada - escavado em material de 2ª categoria - aterro rodoviário máximo = 4,80 m","m",23531.14,605534]
[605825,"Bueiro metálico sem interrupção de tráfego - D = 3,20 m - chapa galvanizada - escavado em material de 3ª categoria - aterro ferroviário máximo = 4,00 m","m",31301.43,605825]
[605554,"Bueiro metálico sem interrupção de tráfego - D = 3,20 m - chapa galvanizada - escavado em material de 3ª categoria - aterro rodoviário máximo = 4,80 m","m",28874.89,605554]
[605772,"Bueiro metálico sem interrupção de tráfego - D = 3,40 m - chapa galvanizada - escavado em material de 1ª categoria - aterro ferroviário máximo = 7,00 m","m",27189.61,605772]
[605515,"Bueiro metálico sem interrupção de tráfego - D = 3,40 m - chapa galvanizada - escavado em material de 1ª categoria - aterro rodoviário máximo = 4,50 m","m",22640.01,605515]
[605806,"Bueiro metálico sem interrupção de tráfego - D = 3,40 m - chapa galvanizada - escavado em material de 2ª categoria - aterro ferroviário máximo = 7,00 m","m",30220,605806]
[605535,"Bueiro metálico sem interrupção de tráfego - D = 3,40 m - chapa galvanizada - escavado em material de 2ª categoria - aterro rodoviário máximo = 4,50 m","m",25670.4,605535]
[605826,"Bueiro metálico sem interrupção de tráfego - D = 3,40 m - chapa galvanizada - escavado em material de 3ª categoria - aterro ferroviário máximo = 7,00 m","m",36210.93,605826]
[605555,"Bueiro metálico sem interrupção de tráfego - D = 3,40 m - chapa galvanizada - escavado em material de 3ª categoria - aterro rodoviário máximo = 4,50 m","m",31661.33,605555]
[605773,"Bueiro metálico sem interrupção de tráfego - D = 3,60 m - chapa galvanizada - escavado em material de 1ª categoria - aterro ferroviário máximo = 6,60 m","m",28855.75,605773]
[605516,"Bueiro metálico sem interrupção de tráfego - D = 3,60 m - chapa galvanizada - escavado em material de 1ª categoria - aterro rodoviário máximo = 4,30 m","m",24003.9,605516]
[605807,"Bueiro metálico sem interrupção de tráfego - D = 3,60 m - chapa galvanizada - escavado em material de 2ª categoria - aterro ferroviário máximo = 6,60 m","m",32232.21,605807]
[605536,"Bueiro metálico sem interrupção de tráfego - D = 3,60 m - chapa galvanizada - escavado em material de 2ª categoria - aterro rodoviário máximo = 4,30 m","m",27380.36,605536]
[605827,"Bueiro metálico sem interrupção de tráfego - D = 3,60 m - chapa galvanizada - escavado em material de 3ª categoria - aterro ferroviário máximo = 6,60 m","m",38907.28,605827]
[605556,"Bueiro metálico sem interrupção de tráfego - D = 3,60 m - chapa galvanizada - escavado em material de 3ª categoria - aterro rodoviário máximo = 4,30 m","m",34055.44,605556]
[605774,"Bueiro metálico sem interrupção de tráfego - D = 3,80 m - chapa galvanizada - escavado em material de 1ª categoria - aterro ferroviário máximo = 6,20 m","m",31021.92,605774]
[605517,"Bueiro metálico sem interrupção de tráfego - D = 3,80 m - chapa galvanizada - escavado em material de 1ª categoria - aterro rodoviário máximo = 4,00 m","m",25798.47,605517]
[605808,"Bueiro metálico sem interrupção de tráfego - D = 3,80 m - chapa galvanizada - escavado em material de 2ª categoria - aterro ferroviário máximo = 6,20 m","m",34763.15,605808]
[605537,"Bueiro metálico sem interrupção de tráfego - D = 3,80 m - chapa galvanizada - escavado em material de 2ª categoria - aterro rodoviário máximo = 4,00 m","m",29539.7,605537]
[605828,"Bueiro metálico sem interrupção de tráfego - D = 3,80 m - chapa galvanizada - escavado em material de 3ª categoria - aterro ferroviário máximo = 6,20 m","m",42159.35,605828]
[605557,"Bueiro metálico sem interrupção de tráfego - D = 3,80 m - chapa galvanizada - escavado em material de 3ª categoria - aterro rodoviário máximo = 4,00 m","m",36935.9,605557]
[605775,"Bueiro metálico sem interrupção de tráfego - D = 4,00 m - chapa galvanizada - escavado em material de 1ª categoria - aterro ferroviário máximo = 5,10 m","m",32666.45,605775]
[605518,"Bueiro metálico sem interrupção de tráfego - D = 4,00 m - chapa galvanizada - escavado em material de 1ª categoria - aterro rodoviário máximo = 3,10 m","m",27277.09,605518]
[605809,"Bueiro metálico sem interrupção de tráfego - D = 4,00 m - chapa galvanizada - escavado em material de 2ª categoria - aterro ferroviário máximo = 5,10 m","m",36791.15,605809]
[605538,"Bueiro metálico sem interrupção de tráfego - D = 4,00 m - chapa galvanizada - escavado em material de 2ª categoria - aterro rodoviário máximo = 3,10 m","m",31401.79,605538]
[605829,"Bueiro metálico sem interrupção de tráfego - D = 4,00 m - chapa galvanizada - escavado em material de 3ª categoria - aterro ferroviário máximo = 5,10 m","m",44945.46,605829]
[605558,"Bueiro metálico sem interrupção de tráfego - D = 4,00 m - chapa galvanizada - escavado em material de 3ª categoria - aterro rodoviário máximo = 3,10 m","m",39556.1,605558]
[605776,"Bueiro metálico sem interrupção de tráfego - D = 4,20 m - chapa galvanizada - escavado em material de 1ª categoria - aterro ferroviário máximo = 4,80 m","m",34823.99,605776]
[605519,"Bueiro metálico sem interrupção de tráfego - D = 4,20 m - chapa galvanizada - escavado em material de 1ª categoria - aterro rodoviário máximo = 4,40 m","m",32392.72,605519]
[605810,"Bueiro metálico sem interrupção de tráfego - D = 4,20 m - chapa galvanizada - escavado em material de 2ª categoria - aterro ferroviário máximo = 4,80 m","m",39350.88,605810]
[605539,"Bueiro metálico sem interrupção de tráfego - D = 4,20 m - chapa galvanizada - escavado em material de 2ª categoria - aterro rodoviário máximo = 4,40 m","m",36919.61,605539]
[605830,"Bueiro metálico sem interrupção de tráfego - D = 4,20 m - chapa galvanizada - escavado em material de 3ª categoria - aterro ferroviário máximo = 4,80 m","m",48300.29,605830]
[605559,"Bueiro metálico sem interrupção de tráfego - D = 4,20 m - chapa galvanizada - escavado em material de 3ª categoria - aterro rodoviário máximo = 4,40 m","m",45869.01,605559]
[605777,"Bueiro metálico sem interrupção de tráfego - D = 4,40 m - chapa galvanizada - escavado em material de 1ª categoria - aterro ferroviário máximo = 4,20 m","m",36991.73,605777]
[605520,"Bueiro metálico sem interrupção de tráfego - D = 4,40 m - chapa galvanizada - escavado em material de 1ª categoria - aterro rodoviário máximo = 4,20 m","m",34536.37,605520]
[605811,"Bueiro metálico sem interrupção de tráfego - D = 4,40 m - chapa galvanizada - escavado em material de 2ª categoria - aterro ferroviário máximo = 4,20 m","m",41939.51,605811]
[605540,"Bueiro metálico sem interrupção de tráfego - D = 4,40 m - chapa galvanizada - escavado em material de 2ª categoria - aterro rodoviário máximo = 4,20 m","m",39484.15,605540]
[605831,"Bueiro metálico sem interrupção de tráfego - D = 4,40 m - chapa galvanizada - escavado em material de 3ª categoria - aterro ferroviário máximo = 4,20 m","m",51720.99,605831]
[605560,"Bueiro metálico sem interrupção de tráfego - D = 4,40 m - chapa galvanizada - escavado em material de 3ª categoria - aterro rodoviário máximo = 4,20 m","m",49265.63,605560]
[605778,"Bueiro metálico sem interrupção de tráfego - D = 4,60 m - chapa galvanizada - escavado em material de 1ª categoria - aterro ferroviário máximo = 4,00 m","m",39345.65,605778]
[605521,"Bueiro metálico sem interrupção de tráfego - D = 4,60 m - chapa galvanizada - escavado em material de 1ª categoria - aterro rodoviário máximo = 4,00 m","m",36704.17,605521]
[605812,"Bueiro metálico sem interrupção de tráfego - D = 4,60 m - chapa galvanizada - escavado em material de 2ª categoria - aterro ferroviário máximo = 4,00 m","m",44733.01,605812]
[605541,"Bueiro metálico sem interrupção de tráfego - D = 4,60 m - chapa galvanizada - escavado em material de 2ª categoria - aterro rodoviário máximo = 4,00 m","m",42091.54,605541]
[605832,"Bueiro metálico sem interrupção de tráfego - D = 4,60 m - chapa galvanizada - escavado em material de 3ª categoria - aterro ferroviário máximo = 4,00 m","m",55383.55,605832]
[605561,"Bueiro metálico sem interrupção de tráfego - D = 4,60 m - chapa galvanizada - escavado em material de 3ª categoria - aterro rodoviário máximo = 4,00 m","m",52742.08,605561]
[605779,"Bueiro metálico sem interrupção de tráfego - D = 4,80 m - chapa galvanizada - escavado em material de 1ª categoria - aterro ferroviário máximo = 5,10 m","m",44779.12,605779]
[605522,"Bueiro metálico sem interrupção de tráfego - D = 4,80 m - chapa galvanizada - escavado em material de 1ª categoria - aterro rodoviário máximo = 5,50 m","m",41230.07,605522]
[605813,"Bueiro metálico sem interrupção de tráfego - D = 4,80 m - chapa galvanizada - escavado em material de 2ª categoria - aterro ferroviário máximo = 5,10 m","m",50624.79,{"$f":"A644*1","v":605813}]
[605542,"Bueiro metálico sem interrupção de tráfego - D = 4,80 m - chapa galvanizada - escavado em material de 2ª categoria - aterro rodoviário máximo = 5,50 m","m",47075.74,605542]
[605833,"Bueiro metálico sem interrupção de tráfego - D = 4,80 m - chapa galvanizada - escavado em material de 3ª categoria - aterro ferroviário máximo = 5,10 m","m",62181.36,605833]
[605562,"Bueiro metálico sem interrupção de tráfego - D = 4,80 m - chapa galvanizada - escavado em material de 3ª categoria - aterro rodoviário máximo = 5,50 m","m",58632.31,605562]
[605780,"Bueiro metálico sem interrupção de tráfego - D = 5,00 m - chapa galvanizada - escavado em material de 1ª categoria - aterro ferroviário máximo = 4,80 m","m",48222.85,605780]
[605523,"Bueiro metálico sem interrupção de tráfego - D = 5,00 m - chapa galvanizada - escavado em material de 1ª categoria - aterro rodoviário máximo = 5,30 m","m",43625.32,605523]
[605814,"Bueiro metálico sem interrupção de tráfego - D = 5,00 m - chapa galvanizada - escavado em material de 2ª categoria - aterro ferroviário máximo = 4,80 m","m",54545.53,605814]
[605543,"Bueiro metálico sem interrupção de tráfego - D = 5,00 m - chapa galvanizada - escavado em material de 2ª categoria - aterro rodoviário máximo = 5,30 m","m",49948,605543]
[605834,"Bueiro metálico sem interrupção de tráfego - D = 5,00 m - chapa galvanizada - escavado em material de 3ª categoria - aterro ferroviário máximo = 4,80 m","m",67045.12,605834]
[605563,"Bueiro metálico sem interrupção de tráfego - D = 5,00 m - chapa galvanizada - escavado em material de 3ª categoria - aterro rodoviário máximo = 5,30 m","m",62447.58,605563]
[605606,"Sistema de escoramento telescópico regulável para tunnel liner","m³",13.38,605606]
[705314,"Boca de BDCC 1,50 x 1,50 m - esconsidade 0° - areia e brita comerciais","un",13021.64,705314]
[705312,"Boca de BDCC 1,50 x 1,50 m - esconsidade 0° - areia extraída e brita produzida","un",12002.21,705312]
[705316,"Boca de BDCC 1,50 x 1,50 m - esconsidade 15° - areia e brita comerciais","un",14276.28,705316]
[705315,"Boca de BDCC 1,50 x 1,50 m - esconsidade 15° - areia extraída e brita produzida","un",13176.92,705315]
[705318,"Boca de BDCC 1,50 x 1,50 m - esconsidade 30° - areia e brita comerciais","un",15236.14,705318]
[705317,"Boca de BDCC 1,50 x 1,50 m - esconsidade 30° - areia extraída e brita produzida","un",13997.09,705317]
[705320,"Boca de BDCC 1,50 x 1,50 m - esconsidade 45° - areia e brita comerciais","un",19114.2,705320]
[705319,"Boca de BDCC 1,50 x 1,50 m - esconsidade 45° - areia extraída e brita produzida","un",17597.79,705319]
[705322,"Boca de BDCC 2,00 x 2,00 m - esconsidade 0° - areia e brita comerciais","un",20105.13,705322]
[705321,"Boca de BDCC 2,00 x 2,00 m - esconsidade 0° - areia extraída e brita produzida","un",18391.62,705321]
[705324,"Boca de BDCC 2,00 x 2,00 m - esconsidade 15° - areia e brita comerciais","un",22073.67,705324]
[705323,"Boca de BDCC 2,00 x 2,00 m - esconsidade 15° - areia extraída e brita produzida","un",20238.19,705323]
[705326,"Boca de BDCC 2,00 x 2,00 m - esconsidade 30° - areia e brita comerciais","un",23712.58,705326]
[705325,"Boca de BDCC 2,00 x 2,00 m - esconsidade 30° - areia extraída e brita produzida","un",21703.35,705325]
[705328,"Boca de BDCC 2,00 x 2,00 m - esconsidade 45° - areia e brita comerciais","un",30105.52,705328]
[705327,"Boca de BDCC 2,00 x 2,00 m - esconsidade 45° - areia extraída e brita produzida","un",27612.83,705327]
[705330,"Boca de BDCC 2,50 x 2,50 m - esconsidade 0° - areia e brita comerciais","un",28076.79,705330]
[705329,"Boca de BDCC 2,50 x 2,50 m - esconsidade 0° - areia extraída e brita produzida","un",25583.9,705329]
[705332,"Boca de BDCC 2,50 x 2,50 m - esconsidade 15° - areia e brita comerciais","un",30389.3,705332]
[705331,"Boca de BDCC 2,50 x 2,50 m - esconsidade 15° - areia extraída e brita produzida","un",27847.46,705331]
[705334,"Boca de BDCC 2,50 x 2,50 m - esconsidade 30° - areia e brita comerciais","un",32317.95,705334]
[705333,"Boca de BDCC 2,50 x 2,50 m - esconsidade 30° - areia extraída e brita produzida","un",29799.59,705333]
[705336,"Boca de BDCC 2,50 x 2,50 m - esconsidade 45° - areia e brita comerciais","un",43517.7,705336]
[705335,"Boca de BDCC 2,50 x 2,50 m - esconsidade 45° - areia extraída e brita produzida","un",40007.48,705335]
[705338,"Boca de BDCC 3,00 x 3,00 m - esconsidade 0° - areia e brita comerciais","un",40517.49,705338]
[705337,"Boca de BDCC 3,00 x 3,00 m - esconsidade 0° - areia extraída e brita produzida","un",36885.12,705337]
[705340,"Boca de BDCC 3,00 x 3,00 m - esconsidade 15° - areia e brita comerciais","un",43715.19,705340]
[705339,"Boca de BDCC 3,00 x 3,00 m - esconsidade 15° - areia extraída e brita produzida","un",40045.45,705339]
[705342,"Boca de BDCC 3,00 x 3,00 m - esconsidade 30° - areia e brita comerciais","un",49614.81,705342]
[705341,"Boca de BDCC 3,00 x 3,00 m - esconsidade 30° - areia extraída e brita produzida","un",45533.28,705341]
[705344,"Boca de BDCC 3,00 x 3,00 m - esconsidade 45° - areia e brita comerciais","un",62887.91,705344]
[705343,"Boca de BDCC 3,00 x 3,00 m - esconsidade 45° - areia extraída e brita produzida","un",57888.01,705343]
[705225,"Boca de BSCC 1,50 x 1,50 m - esconsidade 0° - areia e brita comerciais","un",11152.05,705225]
[705224,"Boca de BSCC 1,50 x 1,50 m - esconsidade 0° - areia extraída e brita produzida","un",10212.37,705224]
[705227,"Boca de BSCC 1,50 x 1,50 m - esconsidade 15° - areia e brita comerciais","un",11544.99,705227]
[705226,"Boca de BSCC 1,50 x 1,50 m - esconsidade 15° - areia extraída e brita produzida","un",10684.57,705226]
[705229,"Boca de BSCC 1,50 x 1,50 m - esconsidade 30° - areia e brita comerciais","un",12428.66,705229]
[705228,"Boca de BSCC 1,50 x 1,50 m - esconsidade 30° - areia extraída e brita produzida","un",11435.42,705228]
[705231,"Boca de BSCC 1,50 x 1,50 m - esconsidade 45° - areia e brita comerciais","un",15490.61,705231]
[705230,"Boca de BSCC 1,50 x 1,50 m - esconsidade 45° - areia extraída e brita produzida","un",14327.77,705230]
[705233,"Boca de BSCC 2,00 x 2,00 m - esconsidade 0° - areia e brita comerciais","un",17338.87,705233]
[705232,"Boca de BSCC 2,00 x 2,00 m - esconsidade 0° - areia extraída e brita produzida","un",15843.96,705232]
[705235,"Boca de BSCC 2,00 x 2,00 m - esconsidade 15° - areia e brita comerciais","un",17817.9,705235]
[705234,"Boca de BSCC 2,00 x 2,00 m - esconsidade 15° - areia extraída e brita produzida","un",16424.7,705234]
[705237,"Boca de BSCC 2,00 x 2,00 m - esconsidade 30° - areia e brita comerciais","un",19286.66,705237]
[705236,"Boca de BSCC 2,00 x 2,00 m - esconsidade 30° - areia extraída e brita produzida","un",17723.07,705236]
[705239,"Boca de BSCC 2,00 x 2,00 m - esconsidade 45° - areia e brita comerciais","un",24627.77,705239]
[705238,"Boca de BSCC 2,00 x 2,00 m - esconsidade 45° - areia extraída e brita produzida","un",22672.86,705238]
[705241,"Boca de BSCC 2,50 x 2,50 m - esconsidade 0° - areia e brita comerciais","un",23418.42,705241]
[705240,"Boca de BSCC 2,50 x 2,50 m - esconsidade 0° - areia extraída e brita produzida","un",21364.78,705240]
[705243,"Boca de BSCC 2,50 x 2,50 m - esconsidade 15° - areia e brita comerciais","un",24816.42,705243]
[705242,"Boca de BSCC 2,50 x 2,50 m - esconsidade 15° - areia extraída e brita produzida","un",22760.12,705242]
[705245,"Boca de BSCC 2,50 x 2,50 m - esconsidade 30° - areia e brita comerciais","un",27525.71,705245]
[705244,"Boca de BSCC 2,50 x 2,50 m - esconsidade 30° - areia extraída e brita produzida","un",25331.9,{"$f":"A708*1","v":705244}]
[705247,"Boca de BSCC 2,50 x 2,50 m - esconsidade 45° - areia e brita comerciais","un",34856.11,705247]
[705246,"Boca de BSCC 2,50 x 2,50 m - esconsidade 45° - areia extraída e brita produzida","un",32168.28,705246]
[705249,"Boca de BSCC 3,00 x 3,00 m - esconsidade 0° - areia e brita comerciais","un",33219.58,705249]
[705248,"Boca de BSCC 3,00 x 3,00 m - esconsidade 0° - areia extraída e brita produzida","un",30241.07,705248]
[705251,"Boca de BSCC 3,00 x 3,00 m - esconsidade 15° - areia e brita comerciais","un",35156.66,705251]
[705250,"Boca de BSCC 3,00 x 3,00 m - esconsidade 15° - areia extraída e brita produzida","un",32173.62,705250]
[705253,"Boca de BSCC 3,00 x 3,00 m - esconsidade 30° - areia e brita comerciais","un",38469.72,705253]
[705252,"Boca de BSCC 3,00 x 3,00 m - esconsidade 30° - areia extraída e brita produzida","un",35225.29,705252]
[705255,"Boca de BSCC 3,00 x 3,00 m - esconsidade 45° - areia e brita comerciais","un",48661.47,705255]
[705254,"Boca de BSCC 3,00 x 3,00 m - esconsidade 45° - areia extraída e brita produzida","un",44738.3,705254]
[705403,"Boca de BTCC 1,50 x 1,50 m - esconsidade 0° - areia e brita comerciais","un",16263.47,705403]
[705402,"Boca de BTCC 1,50 x 1,50 m - esconsidade 0° - areia extraída e brita produzida","un",14898.06,705402]
[705405,"Boca de BTCC 1,50 x 1,50 m - esconsidade 15° - areia e brita comerciais","un",17599.43,705405]
[705404,"Boca de BTCC 1,50 x 1,50 m - esconsidade 15° - areia extraída e brita produzida","un",16217.9,705404]
[705407,"Boca de BTCC 1,50 x 1,50 m - esconsidade 30° - areia e brita comerciais","un",18437.89,705407]
[705406,"Boca de BTCC 1,50 x 1,50 m - esconsidade 30° - areia extraída e brita produzida","un",16899.1,705406]
[705409,"Boca de BTCC 1,50 x 1,50 m - esconsidade 45° - areia e brita comerciais","un",23222.49,705409]
[705408,"Boca de BTCC 1,50 x 1,50 m - esconsidade 45° - areia extraída e brita produzida","un",21326.87,705408]
[705411,"Boca de BTCC 2,00 x 2,00 m - esconsidade 0° - areia e brita comerciais","un",24625.24,705411]
[705410,"Boca de BTCC 2,00 x 2,00 m - esconsidade 0° - areia extraída e brita produzida","un",22423.98,705410]
[705413,"Boca de BTCC 2,00 x 2,00 m - esconsidade 15° - areia e brita comerciais","un",26529.49,705413]
[705412,"Boca de BTCC 2,00 x 2,00 m - esconsidade 15° - areia extraída e brita produzida","un",24324.96,705412]
[705415,"Boca de BTCC 2,00 x 2,00 m - esconsidade 30° - areia e brita comerciais","un",29214.75,705415]
[705414,"Boca de BTCC 2,00 x 2,00 m - esconsidade 30° - areia extraída e brita produzida","un",26730.73,705414]
[705417,"Boca de BTCC 2,00 x 2,00 m - esconsidade 45° - areia e brita comerciais","un",37008.48,705417]
[705416,"Boca de BTCC 2,00 x 2,00 m - esconsidade 45° - areia extraída e brita produzida","un",33950.97,705416]
[705419,"Boca de BTCC 2,50 x 2,50 m - esconsidade 0° - areia e brita comerciais","un",34841.37,705419]
[705418,"Boca de BTCC 2,50 x 2,50 m - esconsidade 0° - areia extraída e brita produzida","un",31765.02,705418]
[705421,"Boca de BTCC 2,50 x 2,50 m - esconsidade 15° - areia e brita comerciais","un",37533.17,705421]
[705420,"Boca de BTCC 2,50 x 2,50 m - esconsidade 15° - areia extraída e brita produzida","un",34440.91,705420]
[705423,"Boca de BTCC 2,50 x 2,50 m - esconsidade 30° - areia e brita comerciais","un",42718.22,705423]
[705422,"Boca de BTCC 2,50 x 2,50 m - esconsidade 30° - areia extraída e brita produzida","un",39258.32,705422]
[705425,"Boca de BTCC 2,50 x 2,50 m - esconsidade 45° - areia e brita comerciais","un",54092.05,705425]
[705424,"Boca de BTCC 2,50 x 2,50 m - esconsidade 45° - areia extraída e brita produzida","un",49846.49,705424]
[705427,"Boca de BTCC 3,00 x 3,00 m - esconsidade 0° - areia e brita comerciais","un",49179.59,705427]
[705426,"Boca de BTCC 3,00 x 3,00 m - esconsidade 0° - areia extraída e brita produzida","un",44730.14,705426]
[705429,"Boca de BTCC 3,00 x 3,00 m - esconsidade 15° - areia e brita comerciais","un",50952.3,705429]
[705428,"Boca de BTCC 3,00 x 3,00 m - esconsidade 15° - areia extraída e brita produzida","un",46572.97,705428]
[705431,"Boca de BTCC 3,00 x 3,00 m - esconsidade 30° - areia e brita comerciais","un",61340.68,705431]
[705430,"Boca de BTCC 3,00 x 3,00 m - esconsidade 30° - areia extraída e brita produzida","un",56453.46,705430]
[705433,"Boca de BTCC 3,00 x 3,00 m - esconsidade 45° - areia e brita comerciais","un",77788.54,705433]
[705432,"Boca de BTCC 3,00 x 3,00 m - esconsidade 45° - areia extraída e brita produzida","un",71735.27,705432]
[705257,"Corpo de BDCC 1,50 x 1,50 m - moldado no local - altura do aterro 0,00 a 1,00 m - areia e brita comerciais","m",3889.5,705257]
[705256,"Corpo de BDCC 1,50 x 1,50 m - moldado no local - altura do aterro 0,00 a 1,00 m - areia extraída e brita produzida","m",3612.05,705256]
[705259,"Corpo de BDCC 1,50 x 1,50 m - moldado no local - altura do aterro 1,00 a 2,50 m - areia e brita comerciais","m",3397.64,705259]
[705258,"Corpo de BDCC 1,50 x 1,50 m - moldado no local - altura do aterro 1,00 a 2,50 m - areia extraída e brita produzida","m",3120.19,705258]
[705267,"Corpo de BDCC 1,50 x 1,50 m - moldado no local - altura do aterro 10,00 a 12,50 m - areia e brita comerciais","m",4861.62,705267]
[705266,"Corpo de BDCC 1,50 x 1,50 m - moldado no local - altura do aterro 10,00 a 12,50 m - areia extraída e brita produzida","m",4494.62,705266]
[705269,"Corpo de BDCC 1,50 x 1,50 m - moldado no local - altura do aterro 12,50 a 15,00 m - areia e brita comerciais","m",5102.02,705269]
[705268,"Corpo de BDCC 1,50 x 1,50 m - moldado no local - altura do aterro 12,50 a 15,00 m - areia extraída e brita produzida","m",4735.02,705268]
[705261,"Corpo de BDCC 1,50 x 1,50 m - moldado no local - altura do aterro 2,50 a 5,00 m - areia e brita comerciais","m",3626.38,705261]
[705260,"Corpo de BDCC 1,50 x 1,50 m - moldado no local - altura do aterro 2,50 a 5,00 m - areia extraída e brita produzida","m",3348.93,705260]
[705263,"Corpo de BDCC 1,50 x 1,50 m - moldado no local - altura do aterro 5,00 a 7,50 m - areia e brita comerciais","m",4078.49,705263]
[705262,"Corpo de BDCC 1,50 x 1,50 m - moldado no local - altura do aterro 5,00 a 7,50 m - areia extraída e brita produzida","m",3801.04,705262]
[705265,"Corpo de BDCC 1,50 x 1,50 m - moldado no local - altura do aterro 7,50 a 10,00 m - areia e brita comerciais","m",4467.08,705265]
[705264,"Corpo de BDCC 1,50 x 1,50 m - moldado no local - altura do aterro 7,50 a 10,00 m - areia extraída e brita produzida","m",4189.63,705264]
[705271,"Corpo de BDCC 2,00 x 2,00 m - moldado no local - altura do aterro 0,00 a 1,00 m - areia e brita comerciais","m",5589.54,705271]
[705270,"Corpo de BDCC 2,00 x 2,00 m - moldado no local - altura do aterro 0,00 a 1,00 m - areia extraída e brita produzida","m",5230.77,705270]
[705273,"Corpo de BDCC 2,00 x 2,00 m - moldado no local - altura do aterro 1,00 a 2,50 m - areia e brita comerciais","m",4987.39,705273]
[705272,"Corpo de BDCC 2,00 x 2,00 m - moldado no local - altura do aterro 1,00 a 2,50 m - areia extraída e brita produzida","m",4628.62,705272]
[705281,"Corpo de BDCC 2,00 x 2,00 m - moldado no local - altura do aterro 10,00 a 12,50 m - areia e brita comerciais","m",7614.76,705281]
[705280,"Corpo de BDCC 2,00 x 2,00 m - moldado no local - altura do aterro 10,00 a 12,50 m - areia extraída e brita produzida","m",7036.99,705280]
[705283,"Corpo de BDCC 2,00 x 2,00 m - moldado no local - altura do aterro 12,50 a 15,00 m - areia e brita comerciais","m",7803.17,705283]
[705282,"Corpo de BDCC 2,00 x 2,00 m - moldado no local - altura do aterro 12,50 a 15,00 m - areia extraída e brita produzida","m",7225.4,{"$f":"A772*1","v":705282}]
[705275,"Corpo de BDCC 2,00 x 2,00 m - moldado no local - altura do aterro 2,50 a 5,00 m - areia e brita comerciais","m",5579.45,705275]
[705274,"Corpo de BDCC 2,00 x 2,00 m - moldado no local - altura do aterro 2,50 a 5,00 m - areia extraída e brita produzida","m",5220.68,705274]
[705277,"Corpo de BDCC 2,00 x 2,00 m - moldado no local - altura do aterro 5,00 a 7,50 m - areia e brita comerciais","m",6249.68,705277]
[705276,"Corpo de BDCC 2,00 x 2,00 m - moldado no local - altura do aterro 5,00 a 7,50 m - areia extraída e brita produzida","m",5780.78,705276]
[705279,"Corpo de BDCC 2,00 x 2,00 m - moldado no local - altura do aterro 7,50 a 10,00 m - areia e brita comerciais","m",7078.51,705279]
[705278,"Corpo de BDCC 2,00 x 2,00 m - moldado no local - altura do aterro 7,50 a 10,00 m - areia extraída e brita produzida","m",6609.61,705278]
[705285,"Corpo de BDCC 2,50 x 2,50 m - moldado no local - altura do aterro 0,00 a 1,00 m - areia e brita comerciais","m",7190.79,705285]
[705284,"Corpo de BDCC 2,50 x 2,50 m - moldado no local - altura do aterro 0,00 a 1,00 m - areia extraída e brita produzida","m",6739.81,705284]
[705287,"Corpo de BDCC 2,50 x 2,50 m - moldado no local - altura do aterro 1,00 a 2,50 m - areia e brita comerciais","m",6595.51,705287]
[705286,"Corpo de BDCC 2,50 x 2,50 m - moldado no local - altura do aterro 1,00 a 2,50 m - areia extraída e brita produzida","m",6144.53,705286]
[705295,"Corpo de BDCC 2,50 x 2,50 m - moldado no local - altura do aterro 10,00 a 12,50 m - areia e brita comerciais","m",9981.17,705295]
[705294,"Corpo de BDCC 2,50 x 2,50 m - moldado no local - altura do aterro 10,00 a 12,50 m - areia extraída e brita produzida","m",9285.76,705294]
[705297,"Corpo de BDCC 2,50 x 2,50 m - moldado no local - altura do aterro 12,50 a 15,00 m - areia e brita comerciais","m",10760.83,705297]
[705296,"Corpo de BDCC 2,50 x 2,50 m - moldado no local - altura do aterro 12,50 a 15,00 m - areia extraída e brita produzida","m",10065.42,705296]
[705289,"Corpo de BDCC 2,50 x 2,50 m - moldado no local - altura do aterro 2,50 a 5,00 m - areia e brita comerciais","m",7420.25,705289]
[705288,"Corpo de BDCC 2,50 x 2,50 m - moldado no local - altura do aterro 2,50 a 5,00 m - areia extraída e brita produzida","m",6849.45,705288]
[705291,"Corpo de BDCC 2,50 x 2,50 m - moldado no local - altura do aterro 5,00 a 7,50 m - areia e brita comerciais","m",8417.92,705291]
[705290,"Corpo de BDCC 2,50 x 2,50 m - moldado no local - altura do aterro 5,00 a 7,50 m - areia extraída e brita produzida","m",7847.12,705290]
[705293,"Corpo de BDCC 2,50 x 2,50 m - moldado no local - altura do aterro 7,50 a 10,00 m - areia e brita comerciais","m",9064.27,705293]
[705292,"Corpo de BDCC 2,50 x 2,50 m - moldado no local - altura do aterro 7,50 a 10,00 m - areia extraída e brita produzida","m",8368.86,705292]
[705299,"Corpo de BDCC 3,00 x 3,00 m - moldado no local - altura do aterro 0,00 a 1,00 m - areia e brita comerciais","m",9240.99,705299]
[705298,"Corpo de BDCC 3,00 x 3,00 m - moldado no local - altura do aterro 0,00 a 1,00 m - areia extraída e brita produzida","m",8568.28,705298]
[705301,"Corpo de BDCC 3,00 x 3,00 m - moldado no local - altura do aterro 1,00 a 2,50 m - areia e brita comerciais","m",8673.91,705301]
[705300,"Corpo de BDCC 3,00 x 3,00 m - moldado no local - altura do aterro 1,00 a 2,50 m - areia extraída e brita produzida","m",8001.2,705300]
[705309,"Corpo de BDCC 3,00 x 3,00 m - moldado no local - altura do aterro 10,00 a 12,50 m - areia e brita comerciais","m",13823.44,705309]
[705308,"Corpo de BDCC 3,00 x 3,00 m - moldado no local - altura do aterro 10,00 a 12,50 m - areia extraída e brita produzida","m",12817.91,705308]
[705311,"Corpo de BDCC 3,00 x 3,00 m - moldado no local - altura do aterro 12,50 a 15,00 m - areia e brita comerciais","m",13734.34,705311]
[705310,"Corpo de BDCC 3,00 x 3,00 m - moldado no local - altura do aterro 12,50 a 15,00 m - areia extraída e brita produzida","m",12728.82,705310]
[705303,"Corpo de BDCC 3,00 x 3,00 m - moldado no local - altura do aterro 2,50 a 5,00 m - areia e brita comerciais","m",9309.83,705303]
[705302,"Corpo de BDCC 3,00 x 3,00 m - moldado no local - altura do aterro 2,50 a 5,00 m - areia extraída e brita produzida","m",8490.72,705302]
[705305,"Corpo de BDCC 3,00 x 3,00 m - moldado no local - altura do aterro 5,00 a 7,50 m - areia e brita comerciais","m",11276.31,705305]
[705304,"Corpo de BDCC 3,00 x 3,00 m - moldado no local - altura do aterro 5,00 a 7,50 m - areia extraída e brita produzida","m",10457.2,705304]
[705307,"Corpo de BDCC 3,00 x 3,00 m - moldado no local - altura do aterro 7,50 a 10,00 m - areia e brita comerciais","m",12406.95,705307]
[705306,"Corpo de BDCC 3,00 x 3,00 m - moldado no local - altura do aterro 7,50 a 10,00 m - areia extraída e brita produzida","m",11401.42,705306]
[705169,"Corpo de BSCC 1,50 x 1,50 m - moldado no local - altura do aterro 0,00 a 1,00 m - areia e brita comerciais","m",2335.39,705169]
[705168,"Corpo de BSCC 1,50 x 1,50 m - moldado no local - altura do aterro 0,00 a 1,00 m - areia extraída e brita produzida","m",2179.87,705168]
[705171,"Corpo de BSCC 1,50 x 1,50 m - moldado no local - altura do aterro 1,00 a 2,50 m - areia e brita comerciais","m",2074.03,705171]
[705170,"Corpo de BSCC 1,50 x 1,50 m - moldado no local - altura do aterro 1,00 a 2,50 m - areia extraída e brita produzida","m",1918.51,705170]
[705179,"Corpo de BSCC 1,50 x 1,50 m - moldado no local - altura do aterro 10,00 a 12,50 m - areia e brita comerciais","m",2919.67,705179]
[705178,"Corpo de BSCC 1,50 x 1,50 m - moldado no local - altura do aterro 10,00 a 12,50 m - areia extraída e brita produzida","m",2714.55,705178]
[705181,"Corpo de BSCC 1,50 x 1,50 m - moldado no local - altura do aterro 12,50 a 15,00 m - areia e brita comerciais","m",3047.95,705181]
[705180,"Corpo de BSCC 1,50 x 1,50 m - moldado no local - altura do aterro 12,50 a 15,00 m - areia extraída e brita produzida","m",2842.84,705180]
[705173,"Corpo de BSCC 1,50 x 1,50 m - moldado no local - altura do aterro 2,50 a 5,00 m - areia e brita comerciais","m",2256.31,705173]
[705172,"Corpo de BSCC 1,50 x 1,50 m - moldado no local - altura do aterro 2,50 a 5,00 m - areia extraída e brita produzida","m",2100.79,705172]
[705175,"Corpo de BSCC 1,50 x 1,50 m - moldado no local - altura do aterro 5,00 a 7,50 m - areia e brita comerciais","m",2507.4,705175]
[705174,"Corpo de BSCC 1,50 x 1,50 m - moldado no local - altura do aterro 5,00 a 7,50 m - areia extraída e brita produzida","m",2351.87,705174]
[705177,"Corpo de BSCC 1,50 x 1,50 m - moldado no local - altura do aterro 7,50 a 10,00 m - areia e brita comerciais","m",2813.31,705177]
[705176,"Corpo de BSCC 1,50 x 1,50 m - moldado no local - altura do aterro 7,50 a 10,00 m - areia extraída e brita produzida","m",2608.19,705176]
[705183,"Corpo de BSCC 2,00 x 2,00 m - moldado no local - altura do aterro 0,00 a 1,00 m - areia e brita comerciais","m",3261.3,705183]
[705182,"Corpo de BSCC 2,00 x 2,00 m - moldado no local - altura do aterro 0,00 a 1,00 m - areia extraída e brita produzida","m",3061.43,705182]
[705185,"Corpo de BSCC 2,00 x 2,00 m - moldado no local - altura do aterro 1,00 a 2,50 m - areia e brita comerciais","m",2958.37,705185]
[705184,"Corpo de BSCC 2,00 x 2,00 m - moldado no local - altura do aterro 1,00 a 2,50 m - areia extraída e brita produzida","m",2758.5,705184]
[705193,"Corpo de BSCC 2,00 x 2,00 m - moldado no local - altura do aterro 10,00 a 12,50 m - areia e brita comerciais","m",4439.99,705193]
[705192,"Corpo de BSCC 2,00 x 2,00 m - moldado no local - altura do aterro 10,00 a 12,50 m - areia extraída e brita produzida","m",4117.93,705192]
[705195,"Corpo de BSCC 2,00 x 2,00 m - moldado no local - altura do aterro 12,50 a 15,00 m - areia e brita comerciais","m",4747.49,705195]
[705194,"Corpo de BSCC 2,00 x 2,00 m - moldado no local - altura do aterro 12,50 a 15,00 m - areia extraída e brita produzida","m",4425.43,705194]
[705187,"Corpo de BSCC 2,00 x 2,00 m - moldado no local - altura do aterro 2,50 a 5,00 m - areia e brita comerciais","m",3344.2,705187]
[705186,"Corpo de BSCC 2,00 x 2,00 m - moldado no local - altura do aterro 2,50 a 5,00 m - areia extraída e brita produzida","m",3082.64,705186]
[705189,"Corpo de BSCC 2,00 x 2,00 m - moldado no local - altura do aterro 5,00 a 7,50 m - areia e brita comerciais","m",3743.73,705189]
[705188,"Corpo de BSCC 2,00 x 2,00 m - moldado no local - altura do aterro 5,00 a 7,50 m - areia extraída e brita produzida","m",3482.16,705188]
[705191,"Corpo de BSCC 2,00 x 2,00 m - moldado no local - altura do aterro 7,50 a 10,00 m - areia e brita comerciais","m",4091.36,705191]
[705190,"Corpo de BSCC 2,00 x 2,00 m - moldado no local - altura do aterro 7,50 a 10,00 m - areia extraída e brita produzida","m",3769.31,705190]
[705197,"Corpo de BSCC 2,50 x 2,50 m - moldado no local - altura do aterro 0,00 a 1,00 m - areia e brita comerciais","m",4441.2,705197]
[705196,"Corpo de BSCC 2,50 x 2,50 m - moldado no local - altura do aterro 0,00 a 1,00 m - areia extraída e brita produzida","m",4122.08,{"$f":"A836*1","v":705196}]
[705199,"Corpo de BSCC 2,50 x 2,50 m - moldado no local - altura do aterro 1,00 a 2,50 m - areia e brita comerciais","m",4212.04,705199]
[705198,"Corpo de BSCC 2,50 x 2,50 m - moldado no local - altura do aterro 1,00 a 2,50 m - areia extraída e brita produzida","m",3892.91,705198]
[705207,"Corpo de BSCC 2,50 x 2,50 m - moldado no local - altura do aterro 10,00 a 12,50 m - areia e brita comerciais","m",6270.27,705207]
[705206,"Corpo de BSCC 2,50 x 2,50 m - moldado no local - altura do aterro 10,00 a 12,50 m - areia extraída e brita produzida","m",5795.05,705206]
[705209,"Corpo de BSCC 2,50 x 2,50 m - moldado no local - altura do aterro 12,50 a 15,00 m - areia e brita comerciais","m",7095.95,705209]
[705208,"Corpo de BSCC 2,50 x 2,50 m - moldado no local - altura do aterro 12,50 a 15,00 m - areia extraída e brita produzida","m",6542.08,705208]
[705201,"Corpo de BSCC 2,50 x 2,50 m - moldado no local - altura do aterro 2,50 a 5,00 m - areia e brita comerciais","m",4814.35,705201]
[705200,"Corpo de BSCC 2,50 x 2,50 m - moldado no local - altura do aterro 2,50 a 5,00 m - areia extraída e brita produzida","m",4495.23,705200]
[705203,"Corpo de BSCC 2,50 x 2,50 m - moldado no local - altura do aterro 5,00 a 7,50 m - areia e brita comerciais","m",5277.24,705203]
[705202,"Corpo de BSCC 2,50 x 2,50 m - moldado no local - altura do aterro 5,00 a 7,50 m - areia extraída e brita produzida","m",4885.52,705202]
[705205,"Corpo de BSCC 2,50 x 2,50 m - moldado no local - altura do aterro 7,50 a 10,00 m - areia e brita comerciais","m",5759.95,705205]
[705204,"Corpo de BSCC 2,50 x 2,50 m - moldado no local - altura do aterro 7,50 a 10,00 m - areia extraída e brita produzida","m",5368.23,705204]
[705211,"Corpo de BSCC 3,00 x 3,00 m - moldado no local - altura do aterro 0,00 a 1,00 m - areia e brita comerciais","m",5667.68,705211]
[705210,"Corpo de BSCC 3,00 x 3,00 m - moldado no local - altura do aterro 0,00 a 1,00 m - areia extraída e brita produzida","m",5207.4,705210]
[705213,"Corpo de BSCC 3,00 x 3,00 m - moldado no local - altura do aterro 1,00 a 2,50 m - areia e brita comerciais","m",5598.74,705213]
[705212,"Corpo de BSCC 3,00 x 3,00 m - moldado no local - altura do aterro 1,00 a 2,50 m - areia extraída e brita produzida","m",5138.46,705212]
[705221,"Corpo de BSCC 3,00 x 3,00 m - moldado no local - altura do aterro 10,00 a 12,50 m - areia e brita comerciais","m",8601.68,705221]
[705220,"Corpo de BSCC 3,00 x 3,00 m - moldado no local - altura do aterro 10,00 a 12,50 m - areia extraída e brita produzida","m",7955.03,705220]
[705223,"Corpo de BSCC 3,00 x 3,00 m - moldado no local - altura do aterro 12,50 a 15,00 m - areia e brita comerciais","m",9284.37,705223]
[705222,"Corpo de BSCC 3,00 x 3,00 m - moldado no local - altura do aterro 12,50 a 15,00 m - areia extraída e brita produzida","m",8539.7,705222]
[705215,"Corpo de BSCC 3,00 x 3,00 m - moldado no local - altura do aterro 2,50 a 5,00 m - areia e brita comerciais","m",6599.54,705215]
[705214,"Corpo de BSCC 3,00 x 3,00 m - moldado no local - altura do aterro 2,50 a 5,00 m - areia extraída e brita produzida","m",6042.44,705214]
[705217,"Corpo de BSCC 3,00 x 3,00 m - moldado no local - altura do aterro 5,00 a 7,50 m - areia e brita comerciais","m",7312.19,705217]
[705216,"Corpo de BSCC 3,00 x 3,00 m - moldado no local - altura do aterro 5,00 a 7,50 m - areia extraída e brita produzida","m",6755.09,705216]
[705219,"Corpo de BSCC 3,00 x 3,00 m - moldado no local - altura do aterro 7,50 a 10,00 m - areia e brita comerciais","m",7946.43,705219]
[705218,"Corpo de BSCC 3,00 x 3,00 m - moldado no local - altura do aterro 7,50 a 10,00 m - areia extraída e brita produzida","m",7299.79,705218]
[705346,"Corpo de BTCC 1,50 x 1,50 m - moldado no local - altura do aterro 0,00 a 1,00 m - areia e brita comerciais","m",5348.27,705346]
[705345,"Corpo de BTCC 1,50 x 1,50 m - moldado no local - altura do aterro 0,00 a 1,00 m - areia extraída e brita produzida","m",4948.94,705345]
[705348,"Corpo de BTCC 1,50 x 1,50 m - moldado no local - altura do aterro 1,00 a 2,50 m - areia e brita comerciais","m",4818.5,705348]
[705347,"Corpo de BTCC 1,50 x 1,50 m - moldado no local - altura do aterro 1,00 a 2,50 m - areia extraída e brita produzida","m",4419.18,705347]
[705356,"Corpo de BTCC 1,50 x 1,50 m - moldado no local - altura do aterro 10,00 a 12,50 m - areia e brita comerciais","m",7071.23,705356]
[705355,"Corpo de BTCC 1,50 x 1,50 m - moldado no local - altura do aterro 10,00 a 12,50 m - areia extraída e brita produzida","m",6540.03,705355]
[705358,"Corpo de BTCC 1,50 x 1,50 m - moldado no local - altura do aterro 12,50 a 15,00 m - areia e brita comerciais","m",7178.63,705358]
[705357,"Corpo de BTCC 1,50 x 1,50 m - moldado no local - altura do aterro 12,50 a 15,00 m - areia extraída e brita produzida","m",6647.43,705357]
[705350,"Corpo de BTCC 1,50 x 1,50 m - moldado no local - altura do aterro 2,50 a 5,00 m - areia e brita comerciais","m",5251.5,705350]
[705349,"Corpo de BTCC 1,50 x 1,50 m - moldado no local - altura do aterro 2,50 a 5,00 m - areia extraída e brita produzida","m",4852.17,705349]
[705352,"Corpo de BTCC 1,50 x 1,50 m - moldado no local - altura do aterro 5,00 a 7,50 m - areia e brita comerciais","m",5621.31,705352]
[705351,"Corpo de BTCC 1,50 x 1,50 m - moldado no local - altura do aterro 5,00 a 7,50 m - areia extraída e brita produzida","m",5221.99,705351]
[705354,"Corpo de BTCC 1,50 x 1,50 m - moldado no local - altura do aterro 7,50 a 10,00 m - areia e brita comerciais","m",6180.34,705354]
[705353,"Corpo de BTCC 1,50 x 1,50 m - moldado no local - altura do aterro 7,50 a 10,00 m - areia extraída e brita produzida","m",5781.02,705353]
[705360,"Corpo de BTCC 2,00 x 2,00 m - moldado no local - altura do aterro 0,00 a 1,00 m - areia e brita comerciais","m",7689.64,705360]
[705359,"Corpo de BTCC 2,00 x 2,00 m - moldado no local - altura do aterro 0,00 a 1,00 m - areia extraída e brita produzida","m",7174.34,705359]
[705362,"Corpo de BTCC 2,00 x 2,00 m - moldado no local - altura do aterro 1,00 a 2,50 m - areia e brita comerciais","m",7006.02,705362]
[705361,"Corpo de BTCC 2,00 x 2,00 m - moldado no local - altura do aterro 1,00 a 2,50 m - areia extraída e brita produzida","m",6490.72,705361]
[705370,"Corpo de BTCC 2,00 x 2,00 m - moldado no local - altura do aterro 10,00 a 12,50 m - areia e brita comerciais","m",10370.52,705370]
[705369,"Corpo de BTCC 2,00 x 2,00 m - moldado no local - altura do aterro 10,00 a 12,50 m - areia extraída e brita produzida","m",9547.88,705369]
[705372,"Corpo de BTCC 2,00 x 2,00 m - moldado no local - altura do aterro 12,50 a 15,00 m - areia e brita comerciais","m",11039.96,705372]
[705371,"Corpo de BTCC 2,00 x 2,00 m - moldado no local - altura do aterro 12,50 a 15,00 m - areia extraída e brita produzida","m",10217.32,705371]
[705364,"Corpo de BTCC 2,00 x 2,00 m - moldado no local - altura do aterro 2,50 a 5,00 m - areia e brita comerciais","m",7920.39,705364]
[705363,"Corpo de BTCC 2,00 x 2,00 m - moldado no local - altura do aterro 2,50 a 5,00 m - areia extraída e brita produzida","m",7405.09,705363]
[705366,"Corpo de BTCC 2,00 x 2,00 m - moldado no local - altura do aterro 5,00 a 7,50 m - areia e brita comerciais","m",8625.62,705366]
[705365,"Corpo de BTCC 2,00 x 2,00 m - moldado no local - altura do aterro 5,00 a 7,50 m - areia extraída e brita produzida","m",7948.18,705365]
[705368,"Corpo de BTCC 2,00 x 2,00 m - moldado no local - altura do aterro 7,50 a 10,00 m - areia e brita comerciais","m",9659.8,705368]
[705367,"Corpo de BTCC 2,00 x 2,00 m - moldado no local - altura do aterro 7,50 a 10,00 m - areia extraída e brita produzida","m",8982.35,705367]
[705374,"Corpo de BTCC 2,50 x 2,50 m - moldado no local - altura do aterro 0,00 a 1,00 m - areia e brita comerciais","m",10161.99,705374]
[705373,"Corpo de BTCC 2,50 x 2,50 m - moldado no local - altura do aterro 0,00 a 1,00 m - areia extraída e brita produzida","m",9507.82,705373]
[705376,"Corpo de BTCC 2,50 x 2,50 m - moldado no local - altura do aterro 1,00 a 2,50 m - areia e brita comerciais","m",9123.64,705376]
[705375,"Corpo de BTCC 2,50 x 2,50 m - moldado no local - altura do aterro 1,00 a 2,50 m - areia extraída e brita produzida","m",8469.47,705375]
[705384,"Corpo de BTCC 2,50 x 2,50 m - moldado no local - altura do aterro 10,00 a 12,50 m - areia e brita comerciais","m",13737.8,705384]
[705383,"Corpo de BTCC 2,50 x 2,50 m - moldado no local - altura do aterro 10,00 a 12,50 m - areia extraída e brita produzida","m",12737.54,705383]
[705386,"Corpo de BTCC 2,50 x 2,50 m - moldado no local - altura do aterro 12,50 a 15,00 m - areia e brita comerciais","m",14800.7,705386]
[705385,"Corpo de BTCC 2,50 x 2,50 m - moldado no local - altura do aterro 12,50 a 15,00 m - areia extraída e brita produzida","m",13800.44,705385]
[705378,"Corpo de BTCC 2,50 x 2,50 m - moldado no local - altura do aterro 2,50 a 5,00 m - areia e brita comerciais","m",10328.96,705378]
[705377,"Corpo de BTCC 2,50 x 2,50 m - moldado no local - altura do aterro 2,50 a 5,00 m - areia extraída e brita produzida","m",9504.17,{"$f":"A900*1","v":705377}]
[705380,"Corpo de BTCC 2,50 x 2,50 m - moldado no local - altura do aterro 5,00 a 7,50 m - areia e brita comerciais","m",11700,705380]
[705379,"Corpo de BTCC 2,50 x 2,50 m - moldado no local - altura do aterro 5,00 a 7,50 m - areia extraída e brita produzida","m",10875.2,705379]
[705382,"Corpo de BTCC 2,50 x 2,50 m - moldado no local - altura do aterro 7,50 a 10,00 m - areia e brita comerciais","m",12856,705382]
[705381,"Corpo de BTCC 2,50 x 2,50 m - moldado no local - altura do aterro 7,50 a 10,00 m - areia extraída e brita produzida","m",11855.74,705381]
[705388,"Corpo de BTCC 3,00 x 3,00 m - moldado no local - altura do aterro 0,00 a 1,00 m - areia e brita comerciais","m",12762.89,705388]
[705387,"Corpo de BTCC 3,00 x 3,00 m - moldado no local - altura do aterro 0,00 a 1,00 m - areia extraída e brita produzida","m",11791.85,705387]
[705390,"Corpo de BTCC 3,00 x 3,00 m - moldado no local - altura do aterro 1,00 a 2,50 m - areia e brita comerciais","m",12028.34,705390]
[705389,"Corpo de BTCC 3,00 x 3,00 m - moldado no local - altura do aterro 1,00 a 2,50 m - areia extraída e brita produzida","m",11057.3,705389]
[705399,"Corpo de BTCC 3,00 x 3,00 m - moldado no local - altura do aterro 10,00 a 12,50 m - areia e brita comerciais","m",18397.23,705399]
[705398,"Corpo de BTCC 3,00 x 3,00 m - moldado no local - altura do aterro 10,00 a 12,50 m - areia extraída e brita produzida","m",16942.07,705398]
[705401,"Corpo de BTCC 3,00 x 3,00 m - moldado no local - altura do aterro 12,50 a 15,00 m - areia e brita comerciais","m",19836.69,705401]
[705400,"Corpo de BTCC 3,00 x 3,00 m - moldado no local - altura do aterro 12,50 a 15,00 m - areia extraída e brita produzida","m",18381.53,705400]
[705392,"Corpo de BTCC 3,00 x 3,00 m - moldado no local - altura do aterro 2,50 a 5,00 m - areia e brita comerciais","m",13670.5,705392]
[705391,"Corpo de BTCC 3,00 x 3,00 m - moldado no local - altura do aterro 2,50 a 5,00 m - areia extraída e brita produzida","m",12493.72,705391]
[705395,"Corpo de BTCC 3,00 x 3,00 m - moldado no local - altura do aterro 5,00 a 7,50 m - areia e brita comerciais","m",15580.08,705395]
[705394,"Corpo de BTCC 3,00 x 3,00 m - moldado no local - altura do aterro 5,00 a 7,50 m - areia extraída e brita produzida","m",14403.31,705394]
[705397,"Corpo de BTCC 3,00 x 3,00 m - moldado no local - altura do aterro 7,50 a 10,00 m - areia e brita comerciais","m",17023,705397]
[705396,"Corpo de BTCC 3,00 x 3,00 m - moldado no local - altura do aterro 7,50 a 10,00 m - areia extraída e brita produzida","m",15567.84,705396]
[804213,"Boca de BDTC D = 0,80 m - esconsidade 0° - areia e brita comerciais - alas retas","un",1473.92,804213]
[804212,"Boca de BDTC D = 0,80 m - esconsidade 0° - areia extraída e brita produzida - alas retas","un",1236.96,804212]
[804217,"Boca de BDTC D = 0,80 m - esconsidade 10° - areia e brita comerciais - alas retas","un",1482.58,804217]
[804216,"Boca de BDTC D = 0,80 m - esconsidade 10° - areia extraída e brita produzida - alas retas","un",1245.15,804216]
[804219,"Boca de BDTC D = 0,80 m - esconsidade 15° - areia e brita comerciais - alas retas","un",1493.57,804219]
[804218,"Boca de BDTC D = 0,80 m - esconsidade 15° - areia extraída e brita produzida - alas retas","un",1255.65,804218]
[804221,"Boca de BDTC D = 0,80 m - esconsidade 20° - areia e brita comerciais - alas retas","un",1511.25,804221]
[804220,"Boca de BDTC D = 0,80 m - esconsidade 20° - areia extraída e brita produzida - alas retas","un",1272.48,804220]
[804223,"Boca de BDTC D = 0,80 m - esconsidade 25° - areia e brita comerciais - alas retas","un",1534.42,804223]
[804222,"Boca de BDTC D = 0,80 m - esconsidade 25° - areia extraída e brita produzida - alas retas","un",1294.56,804222]
[804225,"Boca de BDTC D = 0,80 m - esconsidade 30° - areia e brita comerciais - alas retas","un",1564.98,804225]
[804224,"Boca de BDTC D = 0,80 m - esconsidade 30° - areia extraída e brita produzida - alas retas","un",1323.91,804224]
[804227,"Boca de BDTC D = 0,80 m - esconsidade 35° - areia e brita comerciais - alas retas","un",1606.44,804227]
[804226,"Boca de BDTC D = 0,80 m - esconsidade 35° - areia extraída e brita produzida - alas retas","un",1363.92,804226]
[804229,"Boca de BDTC D = 0,80 m - esconsidade 40° - areia e brita comerciais - alas retas","un",1660.7,804229]
[804228,"Boca de BDTC D = 0,80 m - esconsidade 40° - areia extraída e brita produzida - alas retas","un",1416.6,804228]
[804231,"Boca de BDTC D = 0,80 m - esconsidade 45° - areia e brita comerciais - alas retas","un",1735.14,804231]
[804230,"Boca de BDTC D = 0,80 m - esconsidade 45° - areia extraída e brita produzida - alas retas","un",1489.23,804230]
[804215,"Boca de BDTC D = 0,80 m - esconsidade 5° - areia e brita comerciais - alas retas","un",1475.89,804215]
[804214,"Boca de BDTC D = 0,80 m - esconsidade 5° - areia extraída e brita produzida - alas retas","un",1238.82,804214]
[804417,"Boca de BDTC D = 1,00 m - esconsidade 0° - areia e brita comerciais - alas esconsas","un",3811.18,804417]
[804233,"Boca de BDTC D = 1,00 m - esconsidade 0° - areia e brita comerciais - alas retas","un",2187.37,804233]
[804416,"Boca de BDTC D = 1,00 m - esconsidade 0° - areia extraída e brita produzida - alas esconsas","un",3192.95,804416]
[804232,"Boca de BDTC D = 1,00 m - esconsidade 0° - areia extraída e brita produzida - alas retas","un",1819.65,804232]
[804237,"Boca de BDTC D = 1,00 m - esconsidade 10° - areia e brita comerciais - alas retas","un",2200.41,804237]
[804236,"Boca de BDTC D = 1,00 m - esconsidade 10° - areia extraída e brita produzida - alas retas","un",1831.84,804236]
[804419,"Boca de BDTC D = 1,00 m - esconsidade 15° - areia e brita comerciais - alas esconsas","un",3986.55,804419]
[804239,"Boca de BDTC D = 1,00 m - esconsidade 15° - areia e brita comerciais - alas retas","un",2217.39,804239]
[804418,"Boca de BDTC D = 1,00 m - esconsidade 15° - areia extraída e brita produzida - alas esconsas","un",3338.78,804418]
[804238,"Boca de BDTC D = 1,00 m - esconsidade 15° - areia extraída e brita produzida - alas retas","un",1847.74,804238]
[804241,"Boca de BDTC D = 1,00 m - esconsidade 20° - areia e brita comerciais - alas retas","un",2241.85,804241]
[804240,"Boca de BDTC D = 1,00 m - esconsidade 20° - areia extraída e brita produzida - alas retas","un",1870.74,804240]
[804243,"Boca de BDTC D = 1,00 m - esconsidade 25° - areia e brita comerciais - alas retas","un",2275.32,804243]
[804242,"Boca de BDTC D = 1,00 m - esconsidade 25° - areia extraída e brita produzida - alas retas","un",1902.39,804242]
[804421,"Boca de BDTC D = 1,00 m - esconsidade 30° - areia e brita comerciais - alas esconsas","un",4448.12,804421]
[804245,"Boca de BDTC D = 1,00 m - esconsidade 30° - areia e brita comerciais - alas retas","un",2320.54,804245]
[804420,"Boca de BDTC D = 1,00 m - esconsidade 30° - areia extraída e brita produzida - alas esconsas","un",3723.21,804420]
[804244,"Boca de BDTC D = 1,00 m - esconsidade 30° - areia extraída e brita produzida - alas retas","un",1945.32,804244]
[804247,"Boca de BDTC D = 1,00 m - esconsidade 35° - areia e brita comerciais - alas retas","un",2379.77,804247]
[804246,"Boca de BDTC D = 1,00 m - esconsidade 35° - areia extraída e brita produzida - alas retas","un",2002,804246]
[804249,"Boca de BDTC D = 1,00 m - esconsidade 40° - areia e brita comerciais - alas retas","un",2459.25,804249]
[804248,"Boca de BDTC D = 1,00 m - esconsidade 40° - areia extraída e brita produzida - alas retas","un",2078.46,804248]
[804423,"Boca de BDTC D = 1,00 m - esconsidade 45° - areia e brita comerciais - alas esconsas","un",5506.14,804423]
[804251,"Boca de BDTC D = 1,00 m - esconsidade 45° - areia e brita comerciais - alas retas","un",2565.45,804251]
[804422,"Boca de BDTC D = 1,00 m - esconsidade 45° - areia extraída e brita produzida - alas esconsas","un",4601.68,804422]
[804250,"Boca de BDTC D = 1,00 m - esconsidade 45° - areia extraída e brita produzida - alas retas","un",2181.51,{"$f":"A964*1","v":804250}]
[804235,"Boca de BDTC D = 1,00 m - esconsidade 5° - areia e brita comerciais - alas retas","un",2190.54,804235]
[804234,"Boca de BDTC D = 1,00 m - esconsidade 5° - areia extraída e brita produzida - alas retas","un",1822.58,804234]
[804425,"Boca de BDTC D = 1,20 m - esconsidade 0° - areia e brita comerciais - alas esconsas","un",5515.85,804425]
[804253,"Boca de BDTC D = 1,20 m - esconsidade 0° - areia e brita comerciais - alas retas","un",3036.74,804253]
[804424,"Boca de BDTC D = 1,20 m - esconsidade 0° - areia extraída e brita produzida - alas esconsas","un",4560.65,804424]
[804252,"Boca de BDTC D = 1,20 m - esconsidade 0° - areia extraída e brita produzida - alas retas","un",2503.02,804252]
[804257,"Boca de BDTC D = 1,20 m - esconsidade 10° - areia e brita comerciais - alas retas","un",3055.86,804257]
[804256,"Boca de BDTC D = 1,20 m - esconsidade 10° - areia extraída e brita produzida - alas retas","un",2520.45,804256]
[804427,"Boca de BDTC D = 1,20 m - esconsidade 15° - areia e brita comerciais - alas esconsas","un",5782.61,804427]
[804259,"Boca de BDTC D = 1,20 m - esconsidade 15° - areia e brita comerciais - alas retas","un",3080.13,804259]
[804426,"Boca de BDTC D = 1,20 m - esconsidade 15° - areia extraída e brita produzida - alas esconsas","un",4778.98,804426]
[804258,"Boca de BDTC D = 1,20 m - esconsidade 15° - areia extraída e brita produzida - alas retas","un",2542.66,804258]
[804261,"Boca de BDTC D = 1,20 m - esconsidade 20° - areia e brita comerciais - alas retas","un",3115.9,804261]
[804260,"Boca de BDTC D = 1,20 m - esconsidade 20° - areia extraída e brita produzida - alas retas","un",2575.52,804260]
[804263,"Boca de BDTC D = 1,20 m - esconsidade 25° - areia e brita comerciais - alas retas","un",3164.71,804263]
[804262,"Boca de BDTC D = 1,20 m - esconsidade 25° - areia extraída e brita produzida - alas retas","un",2620.57,804262]
[804429,"Boca de BDTC D = 1,20 m - esconsidade 30° - areia e brita comerciais - alas esconsas","un",6453.99,804429]
[804265,"Boca de BDTC D = 1,20 m - esconsidade 30° - areia e brita comerciais - alas retas","un",3229.99,804265]
[804428,"Boca de BDTC D = 1,20 m - esconsidade 30° - areia extraída e brita produzida - alas esconsas","un",5329.76,804428]
[804264,"Boca de BDTC D = 1,20 m - esconsidade 30° - areia extraída e brita produzida - alas retas","un",2681.38,804264]
[804267,"Boca de BDTC D = 1,20 m - esconsidade 35° - areia e brita comerciais - alas retas","un",3313.65,804267]
[804266,"Boca de BDTC D = 1,20 m - esconsidade 35° - areia extraída e brita produzida - alas retas","un",2759.95,804266]
[804269,"Boca de BDTC D = 1,20 m - esconsidade 40° - areia e brita comerciais - alas retas","un",3425.04,804269]
[804268,"Boca de BDTC D = 1,20 m - esconsidade 40° - areia extraída e brita produzida - alas retas","un",2865.41,804268]
[804431,"Boca de BDTC D = 1,20 m - esconsidade 45° - areia e brita comerciais - alas esconsas","un",8001.12,804431]
[804271,"Boca de BDTC D = 1,20 m - esconsidade 45° - areia e brita comerciais - alas retas","un",3574.13,804271]
[804430,"Boca de BDTC D = 1,20 m - esconsidade 45° - areia extraída e brita produzida - alas esconsas","un",6595.75,804430]
[804270,"Boca de BDTC D = 1,20 m - esconsidade 45° - areia extraída e brita produzida - alas retas","un",3007.96,804270]
[804255,"Boca de BDTC D = 1,20 m - esconsidade 5° - areia e brita comerciais - alas retas","un",3041.54,804255]
[804254,"Boca de BDTC D = 1,20 m - esconsidade 5° - areia extraída e brita produzida - alas retas","un",2507.34,804254]
[804433,"Boca de BDTC D = 1,50 m - esconsidade 0° - areia e brita comerciais - alas esconsas","un",9725.4,804433]
[804273,"Boca de BDTC D = 1,50 m - esconsidade 0° - areia e brita comerciais - alas retas","un",5205.67,804273]
[804432,"Boca de BDTC D = 1,50 m - esconsidade 0° - areia extraída e brita produzida - alas esconsas","un",7892.49,804432]
[804272,"Boca de BDTC D = 1,50 m - esconsidade 0° - areia extraída e brita produzida - alas retas","un",4250.96,804272]
[804277,"Boca de BDTC D = 1,50 m - esconsidade 10° - areia e brita comerciais - alas retas","un",5234.48,804277]
[804276,"Boca de BDTC D = 1,50 m - esconsidade 10° - areia extraída e brita produzida - alas retas","un",4276.86,804276]
[804435,"Boca de BDTC D = 1,50 m - esconsidade 15° - areia e brita comerciais - alas esconsas","un",10206.84,804435]
[804279,"Boca de BDTC D = 1,50 m - esconsidade 15° - areia e brita comerciais - alas retas","un",5270.49,804279]
[804434,"Boca de BDTC D = 1,50 m - esconsidade 15° - areia extraída e brita produzida - alas esconsas","un",8280.22,804434]
[804278,"Boca de BDTC D = 1,50 m - esconsidade 15° - areia extraída e brita produzida - alas retas","un",4309.24,804278]
[804281,"Boca de BDTC D = 1,50 m - esconsidade 20° - areia e brita comerciais - alas retas","un",5323.57,804281]
[804280,"Boca de BDTC D = 1,50 m - esconsidade 20° - areia extraída e brita produzida - alas retas","un",4357.35,804280]
[804283,"Boca de BDTC D = 1,50 m - esconsidade 25° - areia e brita comerciais - alas retas","un",5396.04,804283]
[804282,"Boca de BDTC D = 1,50 m - esconsidade 25° - areia extraída e brita produzida - alas retas","un",4423.52,804282]
[804437,"Boca de BDTC D = 1,50 m - esconsidade 30° - areia e brita comerciais - alas esconsas","un",11430.17,804437]
[804285,"Boca de BDTC D = 1,50 m - esconsidade 30° - areia e brita comerciais - alas retas","un",5491.41,804285]
[804436,"Boca de BDTC D = 1,50 m - esconsidade 30° - areia extraída e brita produzida - alas esconsas","un",9265.74,804436]
[804284,"Boca de BDTC D = 1,50 m - esconsidade 30° - areia extraída e brita produzida - alas retas","un",4511.15,804284]
[804287,"Boca de BDTC D = 1,50 m - esconsidade 35° - areia e brita comerciais - alas retas","un",5615.38,804287]
[804286,"Boca de BDTC D = 1,50 m - esconsidade 35° - areia extraída e brita produzida - alas retas","un",4626.27,804286]
[804289,"Boca de BDTC D = 1,50 m - esconsidade 40° - areia e brita comerciais - alas retas","un",5778.05,804289]
[804288,"Boca de BDTC D = 1,50 m - esconsidade 40° - areia extraída e brita produzida - alas retas","un",4778.78,804288]
[804439,"Boca de BDTC D = 1,50 m - esconsidade 45° - areia e brita comerciais - alas esconsas","un",14232.09,804439]
[804291,"Boca de BDTC D = 1,50 m - esconsidade 45° - areia e brita comerciais - alas retas","un",5993.62,804291]
[804438,"Boca de BDTC D = 1,50 m - esconsidade 45° - areia extraída e brita produzida - alas esconsas","un",11517.24,804438]
[804290,"Boca de BDTC D = 1,50 m - esconsidade 45° - areia extraída e brita produzida - alas retas","un",4983.21,804290]
[804275,"Boca de BDTC D = 1,50 m - esconsidade 5° - areia e brita comerciais - alas retas","un",5212.88,804275]
[804274,"Boca de BDTC D = 1,50 m - esconsidade 5° - areia extraída e brita produzida - alas retas","un",4257.43,804274]
[804061,"Boca de BSTC D = 0,40 m - esconsidade 0° - areia e brita comerciais - alas retas","un",357.76,804061]
[804060,"Boca de BSTC D = 0,40 m - esconsidade 0° - areia extraída e brita produzida - alas retas","un",306.55,804060]
[804065,"Boca de BSTC D = 0,40 m - esconsidade 10° - areia e brita comerciais - alas retas","un",359.31,804065]
[804064,"Boca de BSTC D = 0,40 m - esconsidade 10° - areia extraída e brita produzida - alas retas","un",308.09,804064]
[804067,"Boca de BSTC D = 0,40 m - esconsidade 15° - areia e brita comerciais - alas retas","un",360.85,804067]
[804066,"Boca de BSTC D = 0,40 m - esconsidade 15° - areia extraída e brita produzida - alas retas","un",309.64,{"$f":"A1028*1","v":804066}]
[804069,"Boca de BSTC D = 0,40 m - esconsidade 20° - areia e brita comerciais - alas retas","un",363.6,804069]
[804068,"Boca de BSTC D = 0,40 m - esconsidade 20° - areia extraída e brita produzida - alas retas","un",312.26,804068]
[804071,"Boca de BSTC D = 0,40 m - esconsidade 25° - areia e brita comerciais - alas retas","un",367.47,804071]
[804070,"Boca de BSTC D = 0,40 m - esconsidade 25° - areia extraída e brita produzida - alas retas","un",316.13,804070]
[804073,"Boca de BSTC D = 0,40 m - esconsidade 30° - areia e brita comerciais - alas retas","un",372.53,804073]
[804072,"Boca de BSTC D = 0,40 m - esconsidade 30° - areia extraída e brita produzida - alas retas","un",321.07,804072]
[804075,"Boca de BSTC D = 0,40 m - esconsidade 35° - areia e brita comerciais - alas retas","un",379.49,804075]
[804074,"Boca de BSTC D = 0,40 m - esconsidade 35° - areia extraída e brita produzida - alas retas","un",328.03,804074]
[804077,"Boca de BSTC D = 0,40 m - esconsidade 40° - areia e brita comerciais - alas retas","un",388.42,804077]
[804076,"Boca de BSTC D = 0,40 m - esconsidade 40° - areia extraída e brita produzida - alas retas","un",336.84,804076]
[804079,"Boca de BSTC D = 0,40 m - esconsidade 45° - areia e brita comerciais - alas retas","un",401.99,804079]
[804078,"Boca de BSTC D = 0,40 m - esconsidade 45° - areia extraída e brita produzida - alas retas","un",350.29,804078]
[804063,"Boca de BSTC D = 0,40 m - esconsidade 5° - areia e brita comerciais - alas retas","un",358.54,804063]
[804062,"Boca de BSTC D = 0,40 m - esconsidade 5° - areia extraída e brita produzida - alas retas","un",307.32,804062]
[804377,"Boca de BSTC D = 0,60 m - esconsidade 0° - areia e brita comerciais - alas esconsas","un",1068.57,804377]
[804081,"Boca de BSTC D = 0,60 m - esconsidade 0° - areia e brita comerciais - alas retas","un",720.57,804081]
[804376,"Boca de BSTC D = 0,60 m - esconsidade 0° - areia extraída e brita produzida - alas esconsas","un",928.96,804376]
[804080,"Boca de BSTC D = 0,60 m - esconsidade 0° - areia extraída e brita produzida - alas retas","un",607.72,804080]
[804085,"Boca de BSTC D = 0,60 m - esconsidade 10° - areia e brita comerciais - alas retas","un",723.32,804085]
[804084,"Boca de BSTC D = 0,60 m - esconsidade 10° - areia extraída e brita produzida - alas retas","un",610.35,804084]
[804379,"Boca de BSTC D = 0,60 m - esconsidade 15° - areia e brita comerciais - alas esconsas","un",893.01,804379]
[804087,"Boca de BSTC D = 0,60 m - esconsidade 15° - areia e brita comerciais - alas retas","un",726.41,804087]
[804378,"Boca de BSTC D = 0,60 m - esconsidade 15° - areia extraída e brita produzida - alas esconsas","un",745.54,804378]
[804086,"Boca de BSTC D = 0,60 m - esconsidade 15° - areia extraída e brita produzida - alas retas","un",613.44,804086]
[804089,"Boca de BSTC D = 0,60 m - esconsidade 20° - areia e brita comerciais - alas retas","un",731.48,804089]
[804088,"Boca de BSTC D = 0,60 m - esconsidade 20° - areia extraída e brita produzida - alas retas","un",618.39,804088]
[804091,"Boca de BSTC D = 0,60 m - esconsidade 25° - areia e brita comerciais - alas retas","un",738.09,804091]
[804090,"Boca de BSTC D = 0,60 m - esconsidade 25° - areia extraída e brita produzida - alas retas","un",624.88,804090]
[804381,"Boca de BSTC D = 0,60 m - esconsidade 30° - areia e brita comerciais - alas esconsas","un",1262.96,804381]
[804093,"Boca de BSTC D = 0,60 m - esconsidade 30° - areia e brita comerciais - alas retas","un",747.45,804093]
[804380,"Boca de BSTC D = 0,60 m - esconsidade 30° - areia extraída e brita produzida - alas esconsas","un",1095.87,804380]
[804092,"Boca de BSTC D = 0,60 m - esconsidade 30° - areia extraída e brita produzida - alas retas","un",633.99,804092]
[804095,"Boca de BSTC D = 0,60 m - esconsidade 35° - areia e brita comerciais - alas retas","un",760.24,804095]
[804094,"Boca de BSTC D = 0,60 m - esconsidade 35° - areia extraída e brita produzida - alas retas","un",646.67,804094]
[804097,"Boca de BSTC D = 0,60 m - esconsidade 40° - areia e brita comerciais - alas retas","un",776.56,804097]
[804096,"Boca de BSTC D = 0,60 m - esconsidade 40° - areia extraída e brita produzida - alas retas","un",662.74,804096]
[804383,"Boca de BSTC D = 0,60 m - esconsidade 45° - areia e brita comerciais - alas esconsas","un",1561.38,804383]
[804099,"Boca de BSTC D = 0,60 m - esconsidade 45° - areia e brita comerciais - alas retas","un",799.83,804099]
[804382,"Boca de BSTC D = 0,60 m - esconsidade 45° - areia extraída e brita produzida - alas esconsas","un",1352.88,804382]
[804098,"Boca de BSTC D = 0,60 m - esconsidade 45° - areia extraída e brita produzida - alas retas","un",685.78,804098]
[804083,"Boca de BSTC D = 0,60 m - esconsidade 5° - areia e brita comerciais - alas retas","un",721.34,804083]
[804082,"Boca de BSTC D = 0,60 m - esconsidade 5° - areia extraída e brita produzida - alas retas","un",608.5,804082]
[804385,"Boca de BSTC D = 0,80 m - esconsidade 0° - areia e brita comerciais - alas esconsas","un",1777.85,804385]
[804101,"Boca de BSTC D = 0,80 m - esconsidade 0° - areia e brita comerciais - alas retas","un",1219.73,804101]
[804384,"Boca de BSTC D = 0,80 m - esconsidade 0° - areia extraída e brita produzida - alas esconsas","un",1518.74,804384]
[804100,"Boca de BSTC D = 0,80 m - esconsidade 0° - areia extraída e brita produzida - alas retas","un",1023.7,804100]
[804105,"Boca de BSTC D = 0,80 m - esconsidade 10° - areia e brita comerciais - alas retas","un",1224.02,804105]
[804104,"Boca de BSTC D = 0,80 m - esconsidade 10° - areia extraída e brita produzida - alas retas","un",1027.87,804104]
[804387,"Boca de BSTC D = 0,80 m - esconsidade 15° - areia e brita comerciais - alas esconsas","un",1873.26,804387]
[804107,"Boca de BSTC D = 0,80 m - esconsidade 15° - areia e brita comerciais - alas retas","un",1229.86,804107]
[804386,"Boca de BSTC D = 0,80 m - esconsidade 15° - areia extraída e brita produzida - alas esconsas","un",1599.38,804386]
[804106,"Boca de BSTC D = 0,80 m - esconsidade 15° - areia extraída e brita produzida - alas retas","un",1033.59,804106]
[804109,"Boca de BSTC D = 0,80 m - esconsidade 20° - areia e brita comerciais - alas retas","un",1238.79,804109]
[804108,"Boca de BSTC D = 0,80 m - esconsidade 20° - areia extraída e brita produzida - alas retas","un",1042.4,804108]
[804111,"Boca de BSTC D = 0,80 m - esconsidade 25° - areia e brita comerciais - alas retas","un",1250.47,804111]
[804110,"Boca de BSTC D = 0,80 m - esconsidade 25° - areia extraída e brita produzida - alas retas","un",1053.84,804110]
[804389,"Boca de BSTC D = 0,80 m - esconsidade 30° - areia e brita comerciais - alas esconsas","un",2092.11,804389]
[804113,"Boca de BSTC D = 0,80 m - esconsidade 30° - areia e brita comerciais - alas retas","un",1266.44,804113]
[804388,"Boca de BSTC D = 0,80 m - esconsidade 30° - areia extraída e brita produzida - alas esconsas","un",1784.69,804388]
[804112,"Boca de BSTC D = 0,80 m - esconsidade 30° - areia extraída e brita produzida - alas retas","un",1069.44,804112]
[804115,"Boca de BSTC D = 0,80 m - esconsidade 35° - areia e brita comerciais - alas retas","un",1288.6,804115]
[804114,"Boca de BSTC D = 0,80 m - esconsidade 35° - areia extraída e brita produzida - alas retas","un",1091.24,804114]
[804117,"Boca de BSTC D = 0,80 m - esconsidade 40° - areia e brita comerciais - alas retas","un",1317.71,804117]
[804116,"Boca de BSTC D = 0,80 m - esconsidade 40° - areia extraída e brita produzida - alas retas","un",1119.99,{"$f":"A1092*1","v":804116}]
[804391,"Boca de BSTC D = 0,80 m - esconsidade 45° - areia e brita comerciais - alas esconsas","un",2596.68,804391]
[804119,"Boca de BSTC D = 0,80 m - esconsidade 45° - areia e brita comerciais - alas retas","un",1357.65,804119]
[804390,"Boca de BSTC D = 0,80 m - esconsidade 45° - areia extraída e brita produzida - alas esconsas","un",2210.68,804390]
[804118,"Boca de BSTC D = 0,80 m - esconsidade 45° - areia extraída e brita produzida - alas retas","un",1159.56,804118]
[804103,"Boca de BSTC D = 0,80 m - esconsidade 5° - areia e brita comerciais - alas retas","un",1221.28,804103]
[804102,"Boca de BSTC D = 0,80 m - esconsidade 5° - areia extraída e brita produzida - alas retas","un",1025.25,804102]
[804393,"Boca de BSTC D = 1,00 m - esconsidade 0° - areia e brita comerciais - alas esconsas","un",2736.19,804393]
[804121,"Boca de BSTC D = 1,00 m - esconsidade 0° - areia e brita comerciais - alas retas","un",1822.44,804121]
[804392,"Boca de BSTC D = 1,00 m - esconsidade 0° - areia extraída e brita produzida - alas esconsas","un",2304.29,804392]
[804120,"Boca de BSTC D = 1,00 m - esconsidade 0° - areia extraída e brita produzida - alas retas","un",1518.05,804120]
[804125,"Boca de BSTC D = 1,00 m - esconsidade 10° - areia e brita comerciais - alas retas","un",1828.28,804125]
[804124,"Boca de BSTC D = 1,00 m - esconsidade 10° - areia extraída e brita produzida - alas retas","un",1523.76,804124]
[804395,"Boca de BSTC D = 1,00 m - esconsidade 15° - areia e brita comerciais - alas esconsas","un",2873.8,804395]
[804127,"Boca de BSTC D = 1,00 m - esconsidade 15° - areia e brita comerciais - alas retas","un",1836.87,804127]
[804394,"Boca de BSTC D = 1,00 m - esconsidade 15° - areia extraída e brita produzida - alas esconsas","un",2418.9,804394]
[804126,"Boca de BSTC D = 1,00 m - esconsidade 15° - areia extraída e brita produzida - alas retas","un",1532.11,804126]
[804129,"Boca de BSTC D = 1,00 m - esconsidade 20° - areia e brita comerciais - alas retas","un",1848.97,804129]
[804128,"Boca de BSTC D = 1,00 m - esconsidade 20° - areia extraída e brita produzida - alas retas","un",1543.85,804128]
[804131,"Boca de BSTC D = 1,00 m - esconsidade 25° - areia e brita comerciais - alas retas","un",1865.72,804131]
[804130,"Boca de BSTC D = 1,00 m - esconsidade 25° - areia extraída e brita produzida - alas retas","un",1560.23,804130]
[804397,"Boca de BSTC D = 1,00 m - esconsidade 30° - areia e brita comerciais - alas esconsas","un",3202.81,804397]
[804133,"Boca de BSTC D = 1,00 m - esconsidade 30° - areia e brita comerciais - alas retas","un",1889.07,804133]
[804396,"Boca de BSTC D = 1,00 m - esconsidade 30° - areia extraída e brita produzida - alas esconsas","un",2693.67,804396]
[804132,"Boca de BSTC D = 1,00 m - esconsidade 30° - areia extraída e brita produzida - alas retas","un",1583.1,804132]
[804135,"Boca de BSTC D = 1,00 m - esconsidade 35° - areia e brita comerciais - alas retas","un",1919.38,804135]
[804134,"Boca de BSTC D = 1,00 m - esconsidade 35° - areia extraída e brita produzida - alas retas","un",1612.93,804134]
[804137,"Boca de BSTC D = 1,00 m - esconsidade 40° - areia e brita comerciais - alas retas","un",1884.41,804137]
[804136,"Boca de BSTC D = 1,00 m - esconsidade 40° - areia extraída e brita produzida - alas retas","un",1577.35,804136]
[804399,"Boca de BSTC D = 1,00 m - esconsidade 45° - areia e brita comerciais - alas esconsas","un",3985.39,804399]
[804139,"Boca de BSTC D = 1,00 m - esconsidade 45° - areia e brita comerciais - alas retas","un",2019.18,804139]
[804398,"Boca de BSTC D = 1,00 m - esconsidade 45° - areia extraída e brita produzida - alas esconsas","un",3344.52,804398]
[804138,"Boca de BSTC D = 1,00 m - esconsidade 45° - areia extraída e brita produzida - alas retas","un",1711.39,804138]
[804123,"Boca de BSTC D = 1,00 m - esconsidade 5° - areia e brita comerciais - alas retas","un",1823.22,804123]
[804122,"Boca de BSTC D = 1,00 m - esconsidade 5° - areia extraída e brita produzida - alas retas","un",1518.82,804122]
[804401,"Boca de BSTC D = 1,20 m - esconsidade 0° - areia e brita comerciais - alas esconsas","un",3948.83,804401]
[804141,"Boca de BSTC D = 1,20 m - esconsidade 0° - areia e brita comerciais - alas retas","un",2529.18,804141]
[804400,"Boca de BSTC D = 1,20 m - esconsidade 0° - areia extraída e brita produzida - alas esconsas","un",3282.17,804400]
[804140,"Boca de BSTC D = 1,20 m - esconsidade 0° - areia extraída e brita produzida - alas retas","un",2088.69,804140]
[804145,"Boca de BSTC D = 1,20 m - esconsidade 10° - areia e brita comerciais - alas retas","un",2538.62,804145]
[804144,"Boca de BSTC D = 1,20 m - esconsidade 10° - areia extraída e brita produzida - alas retas","un",2097.64,804144]
[804403,"Boca de BSTC D = 1,20 m - esconsidade 15° - areia e brita comerciais - alas esconsas","un",4158.32,804403]
[804147,"Boca de BSTC D = 1,20 m - esconsidade 15° - areia e brita comerciais - alas retas","un",2550.38,804147]
[804402,"Boca de BSTC D = 1,20 m - esconsidade 15° - areia extraída e brita produzida - alas esconsas","un",3453.76,804402]
[804146,"Boca de BSTC D = 1,20 m - esconsidade 15° - areia extraída e brita produzida - alas retas","un",2108.92,804146]
[804149,"Boca de BSTC D = 1,20 m - esconsidade 20° - areia e brita comerciais - alas retas","un",2568.06,804149]
[804148,"Boca de BSTC D = 1,20 m - esconsidade 20° - areia extraída e brita produzida - alas retas","un",2125.75,804148]
[804151,"Boca de BSTC D = 1,20 m - esconsidade 25° - areia e brita comerciais - alas retas","un",2592.35,804151]
[804150,"Boca de BSTC D = 1,20 m - esconsidade 25° - areia extraída e brita produzida - alas retas","un",2149.07,804150]
[804405,"Boca de BSTC D = 1,20 m - esconsidade 30° - areia e brita comerciais - alas esconsas","un",4647.88,804405]
[804153,"Boca de BSTC D = 1,20 m - esconsidade 30° - areia e brita comerciais - alas retas","un",2625.23,804153]
[804404,"Boca de BSTC D = 1,20 m - esconsidade 30° - areia extraída e brita produzida - alas esconsas","un",3856.5,804404]
[804152,"Boca de BSTC D = 1,20 m - esconsidade 30° - areia extraída e brita produzida - alas retas","un",2180.74,804152]
[804155,"Boca de BSTC D = 1,20 m - esconsidade 35° - areia e brita comerciais - alas retas","un",2667.81,804155]
[804154,"Boca de BSTC D = 1,20 m - esconsidade 35° - areia extraída e brita produzida - alas retas","un",2221.99,804154]
[804157,"Boca de BSTC D = 1,20 m - esconsidade 40° - areia e brita comerciais - alas retas","un",2726.71,804157]
[804156,"Boca de BSTC D = 1,20 m - esconsidade 40° - areia extraída e brita produzida - alas retas","un",2279.31,804156]
[804407,"Boca de BSTC D = 1,20 m - esconsidade 45° - areia e brita comerciais - alas esconsas","un",5790.01,804407]
[804159,"Boca de BSTC D = 1,20 m - esconsidade 45° - areia e brita comerciais - alas retas","un",2805.36,804159]
[804406,"Boca de BSTC D = 1,20 m - esconsidade 45° - areia extraída e brita produzida - alas esconsas","un",4791.95,804406]
[804158,"Boca de BSTC D = 1,20 m - esconsidade 45° - areia extraída e brita produzida - alas retas","un",2356.27,804158]
[804143,"Boca de BSTC D = 1,20 m - esconsidade 5° - areia e brita comerciais - alas retas","un",2531.92,804143]
[804142,"Boca de BSTC D = 1,20 m - esconsidade 5° - areia extraída e brita produzida - alas retas","un",2091.31,804142]
[804409,"Boca de BSTC D = 1,50 m - esconsidade 0° - areia e brita comerciais - alas esconsas","un",7134.13,804409]
[804161,"Boca de BSTC D = 1,50 m - esconsidade 0° - areia e brita comerciais - alas retas","un",4347.86,{"$f":"A1156*1","v":804161}]
[804408,"Boca de BSTC D = 1,50 m - esconsidade 0° - areia extraída e brita produzida - alas esconsas","un",5825.26,804408]
[804160,"Boca de BSTC D = 1,50 m - esconsidade 0° - areia extraída e brita produzida - alas retas","un",3562.41,804160]
[804165,"Boca de BSTC D = 1,50 m - esconsidade 10° - areia e brita comerciais - alas retas","un",4360.82,804165]
[804164,"Boca de BSTC D = 1,50 m - esconsidade 10° - areia extraída e brita produzida - alas retas","un",3574.77,804164]
[804411,"Boca de BSTC D = 1,50 m - esconsidade 15° - areia e brita comerciais - alas esconsas","un",7523.92,804411]
[804167,"Boca de BSTC D = 1,50 m - esconsidade 15° - areia e brita comerciais - alas retas","un",4377.72,804167]
[804410,"Boca de BSTC D = 1,50 m - esconsidade 15° - areia extraída e brita produzida - alas esconsas","un",6139.85,804410]
[804166,"Boca de BSTC D = 1,50 m - esconsidade 15° - areia extraída e brita produzida - alas retas","un",3590.82,804166]
[804169,"Boca de BSTC D = 1,50 m - esconsidade 20° - areia e brita comerciais - alas retas","un",4402.44,804169]
[804168,"Boca de BSTC D = 1,50 m - esconsidade 20° - areia extraída e brita produzida - alas retas","un",3614.45,804168]
[804171,"Boca de BSTC D = 1,50 m - esconsidade 25° - areia e brita comerciais - alas retas","un",4436.17,804171]
[804170,"Boca de BSTC D = 1,50 m - esconsidade 25° - areia extraída e brita produzida - alas retas","un",3646.73,804170]
[804413,"Boca de BSTC D = 1,50 m - esconsidade 30° - areia e brita comerciais - alas esconsas","un",8431.64,804413]
[804173,"Boca de BSTC D = 1,50 m - esconsidade 30° - areia e brita comerciais - alas retas","un",4481.58,804173]
[804412,"Boca de BSTC D = 1,50 m - esconsidade 30° - areia extraída e brita produzida - alas esconsas","un",6873.58,804412]
[804172,"Boca de BSTC D = 1,50 m - esconsidade 30° - areia extraída e brita produzida - alas retas","un",3690.45,804172]
[804175,"Boca de BSTC D = 1,50 m - esconsidade 35° - areia e brita comerciais - alas retas","un",4542.54,804175]
[804174,"Boca de BSTC D = 1,50 m - esconsidade 35° - areia extraída e brita produzida - alas retas","un",3749.46,804174]
[804177,"Boca de BSTC D = 1,50 m - esconsidade 40° - areia e brita comerciais - alas retas","un",4624.1,804177]
[804176,"Boca de BSTC D = 1,50 m - esconsidade 40° - areia extraída e brita produzida - alas retas","un",3828.72,804176]
[804415,"Boca de BSTC D = 1,50 m - esconsidade 45° - areia e brita comerciais - alas esconsas","un",10567.94,804415]
[804179,"Boca de BSTC D = 1,50 m - esconsidade 45° - areia e brita comerciais - alas retas","un",4735.89,804179]
[804414,"Boca de BSTC D = 1,50 m - esconsidade 45° - areia extraída e brita produzida - alas esconsas","un",8593.97,804414]
[804178,"Boca de BSTC D = 1,50 m - esconsidade 45° - areia extraída e brita produzida - alas retas","un",3937.97,804178]
[804163,"Boca de BSTC D = 1,50 m - esconsidade 5° - areia e brita comerciais - alas retas","un",4351.38,804163]
[804162,"Boca de BSTC D = 1,50 m - esconsidade 5° - areia extraída e brita produzida - alas retas","un",3565.81,804162]
[804441,"Boca de BTTC D = 1,00 m - esconsidade 0° - areia e brita comerciais - alas esconsas","un",4886.18,804441]
[804317,"Boca de BTTC D = 1,00 m - esconsidade 0° - areia e brita comerciais - alas retas","un",2659.53,804317]
[804440,"Boca de BTTC D = 1,00 m - esconsidade 0° - areia extraída e brita produzida - alas esconsas","un",4081.6,804440]
[804316,"Boca de BTTC D = 1,00 m - esconsidade 0° - areia extraída e brita produzida - alas retas","un",2198.09,804316]
[804321,"Boca de BTTC D = 1,00 m - esconsidade 10° - areia e brita comerciais - alas retas","un",2678.57,804321]
[804320,"Boca de BTTC D = 1,00 m - esconsidade 10° - areia extraída e brita produzida - alas retas","un",2215.68,804320]
[804443,"Boca de BTTC D = 1,00 m - esconsidade 15° - areia e brita comerciais - alas esconsas","un",5098.88,804443]
[804323,"Boca de BTTC D = 1,00 m - esconsidade 15° - areia e brita comerciais - alas retas","un",2703.96,804323]
[804442,"Boca de BTTC D = 1,00 m - esconsidade 15° - areia extraída e brita produzida - alas esconsas","un",4258.35,804442]
[804322,"Boca de BTTC D = 1,00 m - esconsidade 15° - areia extraída e brita produzida - alas retas","un",2239.13,804322]
[804325,"Boca de BTTC D = 1,00 m - esconsidade 20° - areia e brita comerciais - alas retas","un",2740.76,804325]
[804324,"Boca de BTTC D = 1,00 m - esconsidade 20° - areia extraída e brita produzida - alas retas","un",2273.39,804324]
[804327,"Boca de BTTC D = 1,00 m - esconsidade 25° - areia e brita comerciais - alas retas","un",2791.38,804327]
[804326,"Boca de BTTC D = 1,00 m - esconsidade 25° - areia extraída e brita produzida - alas retas","un",2320.62,804326]
[804445,"Boca de BTTC D = 1,00 m - esconsidade 30° - areia e brita comerciais - alas esconsas","un",5689.82,804445]
[804329,"Boca de BTTC D = 1,00 m - esconsidade 30° - areia e brita comerciais - alas retas","un",2858.82,804329]
[804444,"Boca de BTTC D = 1,00 m - esconsidade 30° - areia extraída e brita produzida - alas esconsas","un",4749.51,804444]
[804328,"Boca de BTTC D = 1,00 m - esconsidade 30° - areia extraída e brita produzida - alas retas","un",2384.07,804328]
[804331,"Boca de BTTC D = 1,00 m - esconsidade 35° - areia e brita comerciais - alas retas","un",2946.18,804331]
[804330,"Boca de BTTC D = 1,00 m - esconsidade 35° - areia extraída e brita produzida - alas retas","un",2466.83,804330]
[804333,"Boca de BTTC D = 1,00 m - esconsidade 40° - areia e brita comerciais - alas retas","un",3063.17,804333]
[804332,"Boca de BTTC D = 1,00 m - esconsidade 40° - areia extraída e brita produzida - alas retas","un",2578.48,804332]
[804447,"Boca de BTTC D = 1,00 m - esconsidade 45° - areia e brita comerciais - alas esconsas","un",7037.96,804447]
[804335,"Boca de BTTC D = 1,00 m - esconsidade 45° - areia e brita comerciais - alas retas","un",3218.19,804335]
[804446,"Boca de BTTC D = 1,00 m - esconsidade 45° - areia extraída e brita produzida - alas esconsas","un",5869.18,804446]
[804334,"Boca de BTTC D = 1,00 m - esconsidade 45° - areia extraída e brita produzida - alas retas","un",2727.7,804334]
[804319,"Boca de BTTC D = 1,00 m - esconsidade 5° - areia e brita comerciais - alas retas","un",2663.9,804319]
[804318,"Boca de BTTC D = 1,00 m - esconsidade 5° - areia extraída e brita produzida - alas retas","un",2202.1,804318]
[804449,"Boca de BTTC D = 1,20 m - esconsidade 0° - areia e brita comerciais - alas esconsas","un",7082.09,804449]
[804337,"Boca de BTTC D = 1,20 m - esconsidade 0° - areia e brita comerciais - alas retas","un",3636.52,804337]
[804448,"Boca de BTTC D = 1,20 m - esconsidade 0° - areia extraída e brita produzida - alas esconsas","un",5838.36,804448]
[804336,"Boca de BTTC D = 1,20 m - esconsidade 0° - areia extraída e brita produzida - alas retas","un",2970.95,804336]
[804341,"Boca de BTTC D = 1,20 m - esconsidade 10° - areia e brita comerciais - alas retas","un",3665.33,804341]
[804340,"Boca de BTTC D = 1,20 m - esconsidade 10° - areia extraída e brita produzida - alas retas","un",2996.85,804340]
[804451,"Boca de BTTC D = 1,20 m - esconsidade 15° - areia e brita comerciais - alas esconsas","un",7406.89,804451]
[804343,"Boca de BTTC D = 1,20 m - esconsidade 15° - areia e brita comerciais - alas retas","un",3702.11,804343]
[804450,"Boca de BTTC D = 1,20 m - esconsidade 15° - areia extraída e brita produzida - alas esconsas","un",6104.19,804450]
[804342,"Boca de BTTC D = 1,20 m - esconsidade 15° - areia extraída e brita produzida - alas retas","un",3030,{"$f":"A1220*1","v":804342}]
[804345,"Boca de BTTC D = 1,20 m - esconsidade 20° - areia e brita comerciais - alas retas","un",3755.97,804345]
[804344,"Boca de BTTC D = 1,20 m - esconsidade 20° - areia extraída e brita produzida - alas retas","un",3078.89,804344]
[804347,"Boca de BTTC D = 1,20 m - esconsidade 25° - areia e brita comerciais - alas retas","un",3829.64,804347]
[804346,"Boca de BTTC D = 1,20 m - esconsidade 25° - areia extraída e brita produzida - alas retas","un",3146.14,804346]
[804453,"Boca de BTTC D = 1,20 m - esconsidade 30° - areia e brita comerciais - alas esconsas","un",8256.82,804453]
[804349,"Boca de BTTC D = 1,20 m - esconsidade 30° - areia e brita comerciais - alas retas","un",3926.56,804349]
[804452,"Boca de BTTC D = 1,20 m - esconsidade 30° - areia extraída e brita produzida - alas esconsas","un",6799.13,804452]
[804348,"Boca de BTTC D = 1,20 m - esconsidade 30° - areia extraída e brita produzida - alas retas","un",3235.31,804348]
[804351,"Boca de BTTC D = 1,20 m - esconsidade 35° - areia e brita comerciais - alas retas","un",4051.72,804351]
[804350,"Boca de BTTC D = 1,20 m - esconsidade 35° - areia extraída e brita produzida - alas retas","un",3351.51,804350]
[804353,"Boca de BTTC D = 1,20 m - esconsidade 40° - areia e brita comerciais - alas retas","un",4216.71,804353]
[804352,"Boca de BTTC D = 1,20 m - esconsidade 40° - areia extraída e brita produzida - alas retas","un",3506.34,804352]
[804455,"Boca de BTTC D = 1,20 m - esconsidade 45° - areia e brita comerciais - alas esconsas","un",10219.68,804455]
[804355,"Boca de BTTC D = 1,20 m - esconsidade 45° - areia e brita comerciais - alas retas","un",4434.69,804355]
[804454,"Boca de BTTC D = 1,20 m - esconsidade 45° - areia extraída e brita produzida - alas esconsas","un",8405.54,804454]
[804354,"Boca de BTTC D = 1,20 m - esconsidade 45° - areia extraída e brita produzida - alas retas","un",3712.93,804354]
[804339,"Boca de BTTC D = 1,20 m - esconsidade 5° - areia e brita comerciais - alas retas","un",3643.72,804339]
[804338,"Boca de BTTC D = 1,20 m - esconsidade 5° - areia extraída e brita produzida - alas retas","un",2977.42,804338]
[804457,"Boca de BTTC D = 1,50 m - esconsidade 0° - areia e brita comerciais - alas esconsas","un",12363.55,804457]
[804357,"Boca de BTTC D = 1,50 m - esconsidade 0° - areia e brita comerciais - alas retas","un",6125.09,804357]
[804456,"Boca de BTTC D = 1,50 m - esconsidade 0° - areia extraída e brita produzida - alas esconsas","un",10000.55,804456]
[804356,"Boca de BTTC D = 1,50 m - esconsidade 0° - areia extraída e brita produzida - alas retas","un",4946.62,804356]
[804361,"Boca de BTTC D = 1,50 m - esconsidade 10° - areia e brita comerciais - alas retas","un",6169.32,804361]
[804360,"Boca de BTTC D = 1,50 m - esconsidade 10° - areia extraída e brita produzida - alas retas","un",4985.77,804360]
[804459,"Boca de BTTC D = 1,50 m - esconsidade 15° - areia e brita comerciais - alas esconsas","un",12938.69,804459]
[804363,"Boca de BTTC D = 1,50 m - esconsidade 15° - areia e brita comerciais - alas retas","un",6225.98,804363]
[804458,"Boca de BTTC D = 1,50 m - esconsidade 15° - areia extraída e brita produzida - alas esconsas","un",10463.09,804458]
[804362,"Boca de BTTC D = 1,50 m - esconsidade 15° - areia extraída e brita produzida - alas retas","un",5036.01,804362]
[804365,"Boca de BTTC D = 1,50 m - esconsidade 20° - areia e brita comerciais - alas retas","un",6307.85,804365]
[804364,"Boca de BTTC D = 1,50 m - esconsidade 20° - areia extraída e brita produzida - alas retas","un",5108.92,804364]
[804367,"Boca de BTTC D = 1,50 m - esconsidade 25° - areia e brita comerciais - alas retas","un",6419.14,804367]
[804366,"Boca de BTTC D = 1,50 m - esconsidade 25° - areia extraída e brita produzida - alas retas","un",5208.82,804366]
[804461,"Boca de BTTC D = 1,50 m - esconsidade 30° - areia e brita comerciais - alas esconsas","un",14465.91,804461]
[804369,"Boca de BTTC D = 1,50 m - esconsidade 30° - areia e brita comerciais - alas retas","un",6564.48,804369]
[804460,"Boca de BTTC D = 1,50 m - esconsidade 30° - areia extraída e brita produzida - alas esconsas","un",11691.37,804460]
[804371,"Boca de BTTC D = 1,50 m - esconsidade 35° - areia e brita comerciais - alas retas","un",6752.3,804371]
[804370,"Boca de BTTC D = 1,50 m - esconsidade 35° - areia extraída e brita produzida - alas retas","un",5512.2,804370]
[804373,"Boca de BTTC D = 1,50 m - esconsidade 40° - areia e brita comerciais - alas retas","un",6995.32,804373]
[804372,"Boca de BTTC D = 1,50 m - esconsidade 40° - areia extraída e brita produzida - alas retas","un",5737.18,804372]
[804463,"Boca de BTTC D = 1,50 m - esconsidade 45° - areia e brita comerciais - alas esconsas","un",17963.85,804463]
[804375,"Boca de BTTC D = 1,50 m - esconsidade 45° - areia e brita comerciais - alas retas","un",7315.95,804375]
[804462,"Boca de BTTC D = 1,50 m - esconsidade 45° - areia extraída e brita produzida - alas esconsas","un",14499.02,804462]
[804374,"Boca de BTTC D = 1,50 m - esconsidade 45° - areia extraída e brita produzida - alas retas","un",6037.71,804374]
[804359,"Boca de BTTC D = 1,50 m - esconsidade 5° - areia e brita comerciais - alas retas","un",6136.32,804359]
[804358,"Boca de BTTC D = 1,50 m - esconsidade 5° - areia extraída e brita produzida - alas retas","un",4956.64,804358]
[804368,"Boca de BTTC D = 1,50 m esconsidade 30° - areia extraída e brita produzida - alas retas","un",5340.36,804368]
[804465,"Confecção de tubos de concreto armado D = 0,60 m PA1 - areia e brita comerciais","m",122.25,804465]
[804464,"Confecção de tubos de concreto armado D = 0,60 m PA1 - areia extraída e brita produzida","m",105.91,804464]
[804475,"Confecção de tubos de concreto armado D = 0,60 m PA2 - areia e brita comerciais","m",135.19,804475]
[804474,"Confecção de tubos de concreto armado D = 0,60 m PA2 - areia extraída e brita produzida","m",118.87,804474]
[804485,"Confecção de tubos de concreto armado D = 0,60 m PA3 - areia e brita comerciais","m",199.86,804485]
[804484,"Confecção de tubos de concreto armado D = 0,60 m PA3 - areia extraída e brita produzida","m",183.62,804484]
[804495,"Confecção de tubos de concreto armado D = 0,60 m PA4 - areia e brita comerciais","m",249.46,804495]
[804494,"Confecção de tubos de concreto armado D = 0,60 m PA4 - areia extraída e brita produzida","m",230.21,804494]
[804467,"Confecção de tubos de concreto armado D = 0,80 m PA1 - areia e brita comerciais","m",185.22,804467]
[804466,"Confecção de tubos de concreto armado D = 0,80 m PA1 - areia extraída e brita produzida","m",159.2,804466]
[804477,"Confecção de tubos de concreto armado D = 0,80 m PA2 - areia e brita comerciais","m",236.96,804477]
[804476,"Confecção de tubos de concreto armado D = 0,80 m PA2 - areia extraída e brita produzida","m",211.01,804476]
[804487,"Confecção de tubos de concreto armado D = 0,80 m PA3 - areia e brita comerciais","m",338.81,804487]
[804486,"Confecção de tubos de concreto armado D = 0,80 m PA3 - areia extraída e brita produzida","m",309.76,804486]
[804497,"Confecção de tubos de concreto armado D = 0,80 m PA4 - areia e brita comerciais","m",399.38,804497]
[804496,"Confecção de tubos de concreto armado D = 0,80 m PA4 - areia extraída e brita produzida","m",364.21,804496]
[804469,"Confecção de tubos de concreto armado D = 1,00 m PA1 - areia e brita comerciais","m",327.43,804469]
[804468,"Confecção de tubos de concreto armado D = 1,00 m PA1 - areia extraída e brita produzida","m",291.76,{"$f":"A1284*1","v":804468}]
[804479,"Confecção de tubos de concreto armado D = 1,00 m PA2 - areia e brita comerciais","m",379.17,804479]
[804478,"Confecção de tubos de concreto armado D = 1,00 m PA2 - areia extraída e brita produzida","m",343.57,804478]
[804489,"Confecção de tubos de concreto armado D = 1,00 m PA3 - areia e brita comerciais","m",478.84,804489]
[804488,"Confecção de tubos de concreto armado D = 1,00 m PA3 - areia extraída e brita produzida","m",433.39,804488]
[804499,"Confecção de tubos de concreto armado D = 1,00 m PA4 - areia e brita comerciais","m",609.43,804499]
[804498,"Confecção de tubos de concreto armado D = 1,00 m PA4 - areia extraída e brita produzida","m",556.43,804498]
[804471,"Confecção de tubos de concreto armado D = 1,20 m PA1 - areia e brita comerciais","m",443.39,804471]
[804470,"Confecção de tubos de concreto armado D = 1,20 m PA1 - areia extraída e brita produzida","m",391.45,804470]
[804481,"Confecção de tubos de concreto armado D = 1,20 m PA2 - areia e brita comerciais","m",559.8,804481]
[804480,"Confecção de tubos de concreto armado D = 1,20 m PA2 - areia extraída e brita produzida","m",508,804480]
[804491,"Confecção de tubos de concreto armado D = 1,20 m PA3 - areia e brita comerciais","m",738.07,804491]
[804490,"Confecção de tubos de concreto armado D = 1,20 m PA3 - areia extraída e brita produzida","m",668.88,804490]
[804501,"Confecção de tubos de concreto armado D = 1,20 m PA4 - areia e brita comerciais","m",887.6,804501]
[804500,"Confecção de tubos de concreto armado D = 1,20 m PA4 - areia extraída e brita produzida","m",809.17,804500]
[804473,"Confecção de tubos de concreto armado D = 1,50 m PA1 - areia e brita comerciais","m",715.57,804473]
[804472,"Confecção de tubos de concreto armado D = 1,50 m PA1 - areia extraída e brita produzida","m",634.45,804472]
[804483,"Confecção de tubos de concreto armado D = 1,50 m PA2 - areia e brita comerciais","m",896.67,804483]
[804482,"Confecção de tubos de concreto armado D = 1,50 m PA2 - areia extraída e brita produzida","m",815.76,804482]
[804493,"Confecção de tubos de concreto armado D = 1,50 m PA3 - areia e brita comerciais","m",1183.92,804493]
[804492,"Confecção de tubos de concreto armado D = 1,50 m PA3 - areia extraída e brita produzida","m",1076.83,804492]
[804503,"Confecção de tubos de concreto armado D = 1,50 m PA4 - areia e brita comerciais","m",1417.48,804503]
[804502,"Confecção de tubos de concreto armado D = 1,50 m PA4 - areia extraída e brita produzida","m",1306.78,804502]
[804180,"Corpo de BDTC D = 0,80 m PA1 - areia extraída e brita e pedra de mão produzidas","m",990.09,804180]
[804181,"Corpo de BDTC D = 0,80 m PA1 - areia, brita e pedra de mão comerciais","m",1064.79,804181]
[804182,"Corpo de BDTC D = 0,80 m PA2 - areia extraída e brita e pedra de mão produzidas","m",1040.62,804182]
[804183,"Corpo de BDTC D = 0,80 m PA2 - areia, brita e pedra de mão comerciais","m",1115.32,804183]
[804184,"Corpo de BDTC D = 0,80 m PA3 - areia extraída e brita e pedra de mão produzidas","m",1256.09,804184]
[804185,"Corpo de BDTC D = 0,80 m PA3 - areia, brita e pedra de mão comerciais","m",1330.79,804185]
[804186,"Corpo de BDTC D = 0,80 m PA4 - areia extraída e brita e pedra de mão produzidas","m",1508.45,804186]
[804187,"Corpo de BDTC D = 0,80 m PA4 - areia, brita e pedra de mão comerciais","m",1583.15,804187]
[804188,"Corpo de BDTC D = 1,00 m PA1 - areia extraída e brita e pedra de mão produzidas","m",1314.51,804188]
[804189,"Corpo de BDTC D = 1,00 m PA1 - areia, brita e pedra de mão comerciais","m",1414.42,804189]
[804190,"Corpo de BDTC D = 1,00 m PA2 - areia extraída e brita e pedra de mão produzidas","m",1377.87,804190]
[804191,"Corpo de BDTC D = 1,00 m PA2 - areia, brita e pedra de mão comerciais","m",1477.79,804191]
[804192,"Corpo de BDTC D = 1,00 m PA3 - areia extraída e brita e pedra de mão produzidas","m",1526.77,804192]
[804193,"Corpo de BDTC D = 1,00 m PA3 - areia, brita e pedra de mão comerciais","m",1626.69,804193]
[804194,"Corpo de BDTC D = 1,00 m PA4 - areia extraída e brita e pedra de mão produzidas","m",1544.25,804194]
[804195,"Corpo de BDTC D = 1,00 m PA4 - areia, brita e pedra de mão comerciais","m",1644.17,804195]
[804196,"Corpo de BDTC D = 1,20 m PA1 - areia extraída e brita e pedra de mão produzidas","m",1879.64,804196]
[804197,"Corpo de BDTC D = 1,20 m PA1 - areia, brita e pedra de mão comerciais","m",2007.01,804197]
[804198,"Corpo de BDTC D = 1,20 m PA2 - areia extraída e brita e pedra de mão produzidas","m",1884.14,804198]
[804199,"Corpo de BDTC D = 1,20 m PA2 - areia, brita e pedra de mão comerciais","m",2011.51,804199]
[804200,"Corpo de BDTC D = 1,20 m PA3 - areia extraída e brita e pedra de mão produzidas","m",1956.78,804200]
[804201,"Corpo de BDTC D = 1,20 m PA3 - areia, brita e pedra de mão comerciais","m",2084.15,804201]
[804202,"Corpo de BDTC D = 1,20 m PA4 - areia extraída e brita e pedra de mão produzidas","m",2122.9,804202]
[804203,"Corpo de BDTC D = 1,20 m PA4 - areia, brita e pedra de mão comerciais","m",2250.28,804203]
[804204,"Corpo de BDTC D = 1,50 m PA1 - areia extraída e brita e pedra de mão produzidas","m",2550.2,804204]
[804205,"Corpo de BDTC D = 1,50 m PA1 - areia, brita e pedra de mão comerciais","m",2714.69,804205]
[804206,"Corpo de BDTC D = 1,50 m PA2 - areia extraída e brita e pedra de mão produzidas","m",2607.57,804206]
[804207,"Corpo de BDTC D = 1,50 m PA2 - areia, brita e pedra de mão comerciais","m",2772.06,804207]
[804208,"Corpo de BDTC D = 1,50 m PA3 - areia extraída e brita e pedra de mão produzidas","m",2843.39,804208]
[804209,"Corpo de BDTC D = 1,50 m PA3 - areia, brita e pedra de mão comerciais","m",3007.88,804209]
[804210,"Corpo de BDTC D = 1,50 m PA4 - areia extraída e brita e pedra de mão produzidas","m",3008.44,804210]
[804211,"Corpo de BDTC D = 1,50 m PA4 - areia, brita e pedra de mão comerciais","m",3172.93,804211]
[804012,"Corpo de BSTC D = 0,40 m PA1 - areia extraída e brita e pedra de mão produzidas","m",193.85,804012]
[804013,"Corpo de BSTC D = 0,40 m PA1 - areia, brita e pedra de mão comerciais","m",212.03,804013]
[804014,"Corpo de BSTC D = 0,40 m PA2 - areia extraída e brita e pedra de mão produzidas","m",207.33,804014]
[804015,"Corpo de BSTC D = 0,40 m PA2 - areia, brita e pedra de mão comerciais","m",225.51,804015]
[804016,"Corpo de BSTC D = 0,40 m PA3 - areia extraída e brita e pedra de mão produzidas","m",226.54,804016]
[804017,"Corpo de BSTC D = 0,40 m PA3 - areia, brita e pedra de mão comerciais","m",244.72,804017]
[804018,"Corpo de BSTC D = 0,40 m PA4 - areia extraída e brita e pedra de mão produzidas","m",265.23,804018]
[804019,"Corpo de BSTC D = 0,40 m PA4 - areia, brita e pedra de mão comerciais","m",283.42,804019]
[804020,"Corpo de BSTC D = 0,60 m PA1 - areia extraída e brita e pedra de mão produzidas","m",335.63,804020]
[804021,"Corpo de BSTC D = 0,60 m PA1 - areia, brita e pedra de mão comerciais","m",362.94,{"$f":"A1348*1","v":804021}]
[804022,"Corpo de BSTC D = 0,60 m PA2 - areia extraída e brita e pedra de mão produzidas","m",354.76,804022]
[804023,"Corpo de BSTC D = 0,60 m PA2 - areia, brita e pedra de mão comerciais","m",382.07,804023]
[804024,"Corpo de BSTC D = 0,60 m PA3 - areia extraída e brita e pedra de mão produzidas","m",377.42,804024]
[804025,"Corpo de BSTC D = 0,60 m PA3 - areia, brita e pedra de mão comerciais","m",404.74,804025]
[804026,"Corpo de BSTC D = 0,60 m PA4 - areia extraída e brita e pedra de mão produzidas","m",443.69,804026]
[804027,"Corpo de BSTC D = 0,60 m PA4 - areia, brita e pedra de mão comerciais","m",471,804027]
[804028,"Corpo de BSTC D = 0,80 m PA1 - areia extraída e brita e pedra de mão produzidas","m",522.1,804028]
[804029,"Corpo de BSTC D = 0,80 m PA1 - areia, brita e pedra de mão comerciais","m",559.45,804029]
[804030,"Corpo de BSTC D = 0,80 m PA2 - areia extraída e brita e pedra de mão produzidas","m",547.37,804030]
[804031,"Corpo de BSTC D = 0,80 m PA2 - areia, brita e pedra de mão comerciais","m",584.72,804031]
[804032,"Corpo de BSTC D = 0,80 m PA3 - areia extraída e brita e pedra de mão produzidas","m",655.1,804032]
[804033,"Corpo de BSTC D = 0,80 m PA3 - areia, brita e pedra de mão comerciais","m",692.45,804033]
[804034,"Corpo de BSTC D = 0,80 m PA4 - areia extraída e brita e pedra de mão produzidas","m",781.28,804034]
[804035,"Corpo de BSTC D = 0,80 m PA4 - areia, brita e pedra de mão comerciais","m",818.63,804035]
[804036,"Corpo de BSTC D = 1,00 m PA1 - areia extraída e brita e pedra de mão produzidas","m",685.71,804036]
[804037,"Corpo de BSTC D = 1,00 m PA1 - areia, brita e pedra de mão comerciais","m",734.48,804037]
[804038,"Corpo de BSTC D = 1,00 m PA2 - areia extraída e brita e pedra de mão produzidas","m",717.4,804038]
[804039,"Corpo de BSTC D = 1,00 m PA2 - areia, brita e pedra de mão comerciais","m",766.16,804039]
[804040,"Corpo de BSTC D = 1,00 m PA3 - areia extraída e brita e pedra de mão produzidas","m",791.84,804040]
[804041,"Corpo de BSTC D = 1,00 m PA3 - areia, brita e pedra de mão comerciais","m",840.61,804041]
[804042,"Corpo de BSTC D = 1,00 m PA4 - areia extraída e brita e pedra de mão produzidas","m",800.58,804042]
[804043,"Corpo de BSTC D = 1,00 m PA4 - areia, brita e pedra de mão comerciais","m",849.35,804043]
[804044,"Corpo de BSTC D = 1,20 m PA1 - areia extraída e brita e pedra de mão produzidas","m",968.94,804044]
[804045,"Corpo de BSTC D = 1,20 m PA1 - areia, brita e pedra de mão comerciais","m",1029.88,804045]
[804046,"Corpo de BSTC D = 1,20 m PA2 - areia extraída e brita e pedra de mão produzidas","m",971.19,804046]
[804047,"Corpo de BSTC D = 1,20 m PA2 - areia, brita e pedra de mão comerciais","m",1032.14,804047]
[804048,"Corpo de BSTC D = 1,20 m PA3 - areia extraída e brita e pedra de mão produzidas","m",1007.51,804048]
[804049,"Corpo de BSTC D = 1,20 m PA3 - areia, brita e pedra de mão comerciais","m",1068.46,804049]
[804050,"Corpo de BSTC D = 1,20 m PA4 - areia extraída e brita e pedra de mão produzidas","m",1090.57,804050]
[804051,"Corpo de BSTC D = 1,20 m PA4 - areia, brita e pedra de mão comerciais","m",1151.52,804051]
[804052,"Corpo de BSTC D = 1,50 m PA1 - areia extraída e brita e pedra de mão produzidas","m",1307.59,804052]
[804053,"Corpo de BSTC D = 1,50 m PA1 - areia, brita e pedra de mão comerciais","m",1386.86,804053]
[804054,"Corpo de BSTC D = 1,50 m PA2 - areia extraída e brita e pedra de mão produzidas","m",1336.27,804054]
[804055,"Corpo de BSTC D = 1,50 m PA2 - areia, brita e pedra de mão comerciais","m",1415.54,804055]
[804056,"Corpo de BSTC D = 1,50 m PA3 - areia extraída e brita e pedra de mão produzidas","m",1454.18,804056]
[804057,"Corpo de BSTC D = 1,50 m PA3 - areia, brita e pedra de mão comerciais","m",1533.45,804057]
[804058,"Corpo de BSTC D = 1,50 m PA4 - areia extraída e brita e pedra de mão produzidas","m",1536.71,804058]
[804059,"Corpo de BSTC D = 1,50 m PA4 - areia, brita e pedra de mão comerciais","m",1615.98,804059]
[804292,"Corpo de BTTC D = 1,00 m PA1 - areia extraída e brita e pedra de mão produzidas","m",1943.3,804292]
[804293,"Corpo de BTTC D = 1,00 m PA1 - areia, brita e pedra de mão comerciais","m",2094.37,804293]
[804294,"Corpo de BTTC D = 1,00 m PA2 - areia extraída e brita e pedra de mão produzidas","m",2038.35,804294]
[804295,"Corpo de BTTC D = 1,00 m PA2 - areia, brita e pedra de mão comerciais","m",2189.42,804295]
[804296,"Corpo de BTTC D = 1,00 m PA3 - areia extraída e brita e pedra de mão produzidas","m",2261.7,804296]
[804297,"Corpo de BTTC D = 1,00 m PA3 - areia, brita e pedra de mão comerciais","m",2412.77,804297]
[804298,"Corpo de BTTC D = 1,00 m PA4 - areia extraída e brita e pedra de mão produzidas","m",2287.92,804298]
[804299,"Corpo de BTTC D = 1,00 m PA4 - areia, brita e pedra de mão comerciais","m",2438.98,804299]
[804300,"Corpo de BTTC D = 1,20 m PA1 - areia extraída e brita e pedra de mão produzidas","m",2790.09,804300]
[804301,"Corpo de BTTC D = 1,20 m PA1 - areia, brita e pedra de mão comerciais","m",2983.77,804301]
[804302,"Corpo de BTTC D = 1,20 m PA2 - areia extraída e brita e pedra de mão produzidas","m",2796.85,804302]
[804303,"Corpo de BTTC D = 1,20 m PA2 - areia, brita e pedra de mão comerciais","m",2990.53,804303]
[804304,"Corpo de BTTC D = 1,20 m PA3 - areia extraída e brita e pedra de mão produzidas","m",2905.81,804304]
[804305,"Corpo de BTTC D = 1,20 m PA3 - areia, brita e pedra de mão comerciais","m",3099.49,804305]
[804306,"Corpo de BTTC D = 1,20 m PA4 - areia extraída e brita e pedra de mão produzidas","m",3155,804306]
[804307,"Corpo de BTTC D = 1,20 m PA4 - areia, brita e pedra de mão comerciais","m",3348.68,804307]
[804308,"Corpo de BTTC D = 1,50 m PA1 - areia extraída e brita e pedra de mão produzidas","m",3793.06,804308]
[804309,"Corpo de BTTC D = 1,50 m PA1 - areia, brita e pedra de mão comerciais","m",4042.89,804309]
[804310,"Corpo de BTTC D = 1,50 m PA2 - areia extraída e brita e pedra de mão produzidas","m",3879.11,804310]
[804311,"Corpo de BTTC D = 1,50 m PA2 - areia, brita e pedra de mão comerciais","m",4128.95,804311]
[804312,"Corpo de BTTC D = 1,50 m PA3 - areia extraída e brita e pedra de mão produzidas","m",4232.84,804312]
[804313,"Corpo de BTTC D = 1,50 m PA3 - areia, brita e pedra de mão comerciais","m",4482.67,804313]
[804314,"Corpo de BTTC D = 1,50 m PA4 - areia extraída e brita e pedra de mão produzidas","m",4480.42,804314]
[804315,"Corpo de BTTC D = 1,50 m PA4 - areia, brita e pedra de mão comerciais","m",4730.25,804315]
[805446,"Dentes para bueiros duplos D = 0,80 m - areia extraída e brita e pedra de mão produzidas","un",38.6,805446]
[805447,"Dentes para bueiros duplos D = 0,80 m - areia, brita e pedra de mão comerciais","un",50.04,{"$f":"A1412*1","v":805447}]
[805448,"Dentes para bueiros duplos D = 1,00 m - areia extraída e brita e pedra de mão produzidas","un",46.28,805448]
[805449,"Dentes para bueiros duplos D = 1,00 m - areia, brita e pedra de mão comerciais","un",59.97,805449]
[805450,"Dentes para bueiros duplos D = 1,20 m - areia extraída e brita e pedra de mão produzidas","un",53.7,805450]
[805451,"Dentes para bueiros duplos D = 1,20 m - areia, brita e pedra de mão comerciais","un",69.54,805451]
[805452,"Dentes para bueiros duplos D = 1,50 m - areia extraída e brita e pedra de mão produzidas","un",62.85,805452]
[805453,"Dentes para bueiros duplos D = 1,50 m - areia, brita e pedra de mão comerciais","un",81.67,805453]
[805434,"Dentes para bueiros simples D = 0,40 m - areia extraída e brita e pedra de mão produzidas","un",13.12,805434]
[805435,"Dentes para bueiros simples D = 0,40 m - areia, brita e pedra de mão comerciais","un",16.58,805435]
[805436,"Dentes para bueiros simples D = 0,60 m - areia extraída e brita e pedra de mão produzidas","un",15.34,805436]
[805437,"Dentes para bueiros simples D = 0,60 m - areia, brita e pedra de mão comerciais","un",19.87,805437]
[805438,"Dentes para bueiros simples D = 0,80 m - areia extraída e brita e pedra de mão produzidas","un",20.79,805438]
[805439,"Dentes para bueiros simples D = 0,80 m - areia, brita e pedra de mão comerciais","un",26.51,805439]
[805440,"Dentes para bueiros simples D = 1,00 m - areia extraída e brita e pedra de mão produzidas","un",23.26,805440]
[805441,"Dentes para bueiros simples D = 1,00 m - areia, brita e pedra de mão comerciais","un",30.17,805441]
[805442,"Dentes para bueiros simples D = 1,20 m - areia extraída e brita e pedra de mão produzidas","un",28.22,805442]
[805443,"Dentes para bueiros simples D = 1,20 m - areia, brita e pedra de mão comerciais","un",36.08,805443]
[805444,"Dentes para bueiros simples D = 1,50 m - areia extraída e brita e pedra de mão produzidas","un",31.43,805444]
[805445,"Dentes para bueiros simples D = 1,50 m - areia, brita e pedra de mão comerciais","un",40.83,805445]
[805454,"Dentes para bueiros triplos D = 1,00 m - areia extraída e brita e pedra de mão produzidas","un",69.54,805454]
[805455,"Dentes para bueiros triplos D = 1,00 m - areia, brita e pedra de mão comerciais","un",90.14,805455]
[805456,"Dentes para bueiros triplos D = 1,20 m - areia extraída e brita e pedra de mão produzidas","un",78.94,805456]
[805457,"Dentes para bueiros triplos D = 1,20 m - areia, brita e pedra de mão comerciais","un",102.63,805457]
[805458,"Dentes para bueiros triplos D = 1,50 m - areia extraída e brita e pedra de mão produzidas","un",94.53,805458]
[805459,"Dentes para bueiros triplos D = 1,50 m - areia, brita e pedra de mão comerciais","un",122.87,805459]
[909620,"Alvenaria de blocos de concreto 19 x 19 x 39 cm com espessura de 20 cm com argamassa traço 1:0,5:3,5 - areia comercial","m²",113.57,909620]
[909621,"Alvenaria de blocos de concreto 19 x 19 x 39 cm com espessura de 20 cm com argamassa traço 1:0,5:3,5 - areia extraída","m²",112.21,909621]
[903802,"Bacia de contenção para tanque de emulsão de 30.000 l - inclusive demolição","un",14126.51,903802]
[919113,"Canaleta perfil cartola 50 x 50 x 3 mm - aba 25 mm","m",50.81,919113]
[903788,"Chapisco com argamassa de cimento e areia 1:3 - aplicação manual","m²",3.94,903788]
[919247,"Cobertura em chapas zincadas com espessura de 0,43 mm - utilização 2 vezes","m²",41.66,919247]
[919016,"Depósito de óleo para oficina - inclusive demolição","un",7465.65,919016]
[919079,"Dique de contenção para usina de asfalto a quente - inclusive demolição","m²",107.14,919079]
[903789,"Emboço com argamassa de cimento, cal hidratada e areia 1:2:8 com espessura de 2 cm - aplicação manual","m²",30.25,903789]
[919250,"Fornecimento e instalação de extintor de espuma 10 l","un",592.73,919250]
[903807,"Instalação da central de britagem com capacidade de 80 m³/h","un",98283.84,903807]
[903806,"Instalação da central de concreto com capacidade de 150 m³/h","un",165707.15,903806]
[903804,"Instalação da central de concreto com capacidade de 30 m³/h","un",60803.15,903804]
[903805,"Instalação da central de concreto com capacidade de 40 m³/h","un",71329.79,903805]
[903810,"Instalação da usina de asfalto a quente capacidade de 120 t/h","un",177759.98,903810]
[903809,"Instalação da usina de pré-misturado a frio com capacidade de 60 t/h","un",114730.69,903809]
[903808,"Instalação da usina misturadora de solos com capacidade de 300 t/h","un",102341.55,903808]
[903845,"Lastro de brita comercial - espalhamento mecânico","m³",130.68,903845]
[919009,"Montagem e desmontagem da central de britagem com capacidade de 80 m³/h - inclusive construção de aterro, construção e demolição de rampa e bases","un",60882.48,919009]
[919007,"Montagem e desmontagem da central de concreto com capacidade de 150 m³/h - inclusive construção e demolição de bases, rampas e depósitos de agregados","un",112800.53,919007]
[919011,"Montagem e desmontagem da central de concreto com capacidade de 30 m³/h - inclusive construção e demolição de bases, rampas e depósitos de agregados","un",31948.49,919011]
[919246,"Montagem e desmontagem da central de concreto com capacidade de 40 m³/h - inclusive construção e demolição de bases, rampas e depósitos de agregados","un",44090.45,919246]
[919013,"Montagem e desmontagem da usina de asfalto a quente com capacidade de 120 t/h - inclusive construção e demolição de bases, rampas, depósitos de agregados e dique de contenção","un",124238.65,919013]
[919008,"Montagem e desmontagem da usina de pré-misturado a frio com capacidade de 60 t/h - inclusive construção e demolição de bases, rampas, depósitos de agregados e bacia de contenção","un",89143.71,919008]
[919012,"Montagem e desmontagem da usina misturadora de solos com capacidade de 300 t/h - inclusive construção e demolição de bases, rampas e depósitos de agregados","un",57242.42,919012]
[903848,"Muro em alvenaria de blocos de concreto com espessura de 0,20 m h = 1,0 m","m",154.82,903848]
[919002,"Posto de combustível - com reaproveitamento de 2 vezes do tanque/bomba/cobertura - inclusive demolição","un",33925.37,919002]
[919210,"Rampa de lavagem - inclusive demolição","un",19438.25,919210]
[909612,"Rampa para acesso do misturador de agregados para centrais de 30 m³ e 40 m³ - inclusive demolição","un",12560.65,909612]
[909613,"Rampa para acesso do misturador de agregados para central de 150 m³ - inclusive demolição","un",20664.94,909613]
[909614,"Rampa para acesso do misturador de agregados para central de britagem - inclusive demolição","un",44527.35,909614]
[909616,"Rampa para acesso do misturador de agregados para PMF - inclusive demolição","un",35911.84,909616]
[909617,"Rampa para acesso do misturador de agregados para usina de asfalto a quente - inclusive demolição","un",21265.09,909617]
[909615,"Rampa para acesso do misturador de agregados para usina de solos - inclusive demolição","un",16317.14,909615]
[903860,"Selador acrílico - camada de fundo com aplicação manual","m²",2.93,903860]
[919101,"Sistema separador água e óleo, inclusive demolição","un",1819.84,919101]
[903818,"Tinta látex - duas camadas com aplicação manual","m²",14.38,903818]
[1100657,"Adensamento de concreto por vibrador de imersão","m³",3.18,1100657]
[1108055,"Argamassa autoadensável para reparos e grauteamento - confecção em misturador e lançamento manual","m³",3013.33,1108055]
[1109665,"Argamassa de cimento e areia 1:1 - confecção em betoneira e lançamento manual - areia comercial","m³",747.24,{"$f":"A1476*1","v":1109665}]
[1109664,"Argamassa de cimento e areia 1:1 - confecção em betoneira e lançamento manual - areia extraída","m³",693.9,1109664]
[1109667,"Argamassa de cimento e areia 1:2 - confecção em betoneira e lançamento manual - areia comercial","m³",568.15,1109667]
[1109666,"Argamassa de cimento e areia 1:2 - confecção em betoneira e lançamento manual - areia extraída","m³",475.71,1109666]
[1109669,"Argamassa de cimento e areia 1:3 - confecção em betoneira e lançamento manual - areia comercial","m³",479.93,1109669]
[1109668,"Argamassa de cimento e areia 1:3 - confecção em betoneira e lançamento manual - areia extraída","m³",369.04,1109668]
[1108060,"Argamassa de cimento e areia 1:3 com 8% de microssílica - confecção em betoneira e lançamento manual - areia comercial","m³",603.5,1108060]
[1109626,"Argamassa de cimento e areia 1:3 com 8% de microssílica - confecção em betoneira e lançamento manual - areia extraída","m³",463.62,1109626]
[1109671,"Argamassa de cimento e areia 1:4 - confecção em betoneira e lançamento manual - areia comercial","m³",435.77,1109671]
[1109670,"Argamassa de cimento e areia 1:4 - confecção em betoneira e lançamento manual - areia extraída","m³",314.15,1109670]
[1109672,"Argamassa de cimento e areia com aditivo aglutinante 1:8 - confecção em betoneira e lançamento manual - areia comercial","m³",350.39,1109672]
[1109624,"Argamassa de cimento e areia com aditivo aglutinante 1:8 - confecção em betoneira e lançamento manual - areia extraída","m³",210.25,1109624]
[1109622,"Argamassa de cimento, cal hidratada e areia 1:0,5:3,5 - confecção em betoneira e lançamento manual - areia comercial","m³",447.67,1109622]
[1109623,"Argamassa de cimento, cal hidratada e areia 1:0,5:3,5 - confecção em betoneira e lançamento manual - areia extraída","m³",357.06,1109623]
[1109697,"Argamassa de cimento, cal hidratada e areia 1:0,5:8 - confecção em betoneira e lançamento manual - areia comercial","m³",330.98,1109697]
[1109698,"Argamassa de cimento, cal hidratada e areia 1:0,5:8 - confecção em betoneira e lançamento manual - areia extraída","m³",216.23,1109698]
[1109679,"Argamassa de cimento, cal hidratada e areia 1:1:6 - confecção em betoneira e lançamento manual - areia comercial","m³",391.03,1109679]
[1109625,"Argamassa de cimento, cal hidratada e areia 1:1:6 - confecção em betoneira e lançamento manual - areia extraída","m³",286.94,1109625]
[1109678,"Argamassa de cimento, cal hidratada e areia 1:2:10 - confecção em betoneira e lançamento manual - areia comercial","m³",362.29,1109678]
[1109694,"Argamassa de cimento, cal hidratada e areia 1:2:10 - confecção em betoneira e lançamento manual - areia extraída","m³",250.7,1109694]
[1109673,"Argamassa de cimento, cal hidratada e areia 1:2:6 - confecção em betoneira e lançamento manual - areia comercial","m³",440.33,1109673]
[1109690,"Argamassa de cimento, cal hidratada e areia 1:2:6 - confecção em betoneira e lançamento manual - areia extraída","m³",343.14,1109690]
[1109674,"Argamassa de cimento, cal hidratada e areia 1:2:7 - confecção em betoneira e lançamento manual - areia comercial","m³",414.06,1109674]
[1109691,"Argamassa de cimento, cal hidratada e areia 1:2:7 - confecção em betoneira e lançamento manual - areia extraída","m³",312.02,1109691]
[1109675,"Argamassa de cimento, cal hidratada e areia 1:2:8 - confecção em betoneira e lançamento manual - areia comercial","m³",393.13,1109675]
[1109692,"Argamassa de cimento, cal hidratada e areia 1:2:8 - confecção em betoneira e lançamento manual - areia extraída","m³",287.24,1109692]
[1109676,"Argamassa de cimento, cal hidratada e areia 1:2:9 - confecção em betoneira e lançamento manual - areia comercial","m³",376.19,1109676]
[1109693,"Argamassa de cimento, cal hidratada e areia 1:2:9 - confecção em betoneira e lançamento manual - areia extraída","m³",267.18,1109693]
[1109680,"Argamassa para reparos e grauteamento - confecção em misturador e lançamento manual","m³",3633.48,1109680]
[1107748,"Argamassa polimérica de alto desempenho projetada para reparos superficiais e reforços estruturais - confecção em misturador e lançamento projetado","m³",10782.16,1107748]
[1110000,"Concreto","m³",0,1110000]
[1106059,"Concreto autoadensável com silicato de alumínio fck = 20 MPa - confecção em betoneira e lançamento manual - areia e brita comerciais","m³",555.41,1106059]
[1106060,"Concreto autoadensável com silicato de alumínio fck = 20 MPa - confecção em betoneira e lançamento manual - areia extraída e brita produzida","m³",436.63,1106060]
[1100658,"Concreto autoadensável com silicato de alumínio fck = 20 MPa - confecção em central dosadora de 30 m³/h - areia e brita comerciais","m³",476.42,1100658]
[1106159,"Concreto autoadensável com silicato de alumínio fck = 25 MPa - confecção em central dosadora de 30 m³/h - areia e brita comerciais","m³",508.7,1106159]
[1107902,"Concreto autoadensável com silicato de alumínio fck = 30 MPa - confecção em central dosadora de 30 m³/h - areia e brita comerciais","m³",544.74,1107902]
[1107906,"Concreto autoadensável com silicato de alumínio fck = 35 MPa - confecção em central dosadora de 30 m³/h - areia e brita comerciais","m³",585.01,1107906]
[1107910,"Concreto autoadensável com silicato de alumínio fck = 40 MPa - confecção em central dosadora de 30 m³/h - areia e brita comerciais","m³",630.03,1107910]
[1107911,"Concreto autoadensável com silicato de alumínio fck = 45 MPa - confecção em central dosadora de 30 m³/h - areia e brita comerciais","m³",680.34,1107911]
[1107912,"Concreto autoadensável com silicato de alumínio fck = 50 MPa - confecção em central dosadora de 30 m³/h - areia e brita comerciais","m³",750.61,1107912]
[1106164,"Concreto ciclópico fck = 20 MPa - confecção em betoneira e lançamento manual - areia extraída, brita e pedra de mão produzidas","m³",246.66,1106164]
[1106165,"Concreto ciclópico fck = 20 MPa - confecção em betoneira e lançamento manual - areia, brita e pedra de mão comerciais","m³",365.75,1106165]
[1106156,"Concreto com 10% de microssílica fck = 45 MPa - confecção em central dosadora de 30 m³/h - areia e brita comerciais","m³",536.98,1106156]
[1107932,"Concreto com 10% de microssílica fck = 50 MPa - confecção em central dosadora de 30 m³/h - areia e brita comerciais","m³",575.65,1107932]
[1108111,"Concreto com 8% de microssílica fck = 25 MPa - confecção em central dosadora de 30 m³/h - areia e brita comerciais","m³",426.33,1108111]
[1108112,"Concreto com 8% de microssílica fck = 30 MPa - confecção em central dosadora de 30 m³/h - areia e brita comerciais","m³",436.71,1108112]
[1108113,"Concreto com 8% de microssílica fck = 35 MPa - confecção em central dosadora de 30 m³/h - areia e brita comerciais","m³",463.58,1108113]
[1108114,"Concreto com 8% de microssílica fck = 40 MPa - confecção em central dosadora de 30 m³/h - areia e brita comerciais","m³",493.57,1108114]
[1108061,"Concreto com látex SBR fck = 25 MPa - confecção em betoneira e lançamento manual - areia e brita comerciais","m³",819.81,1108061]
[1108064,"Concreto com látex SBR fck = 30 MPa - confecção em betoneira e lançamento manual - areia e brita comerciais","m³",886.28,1108064]
[1107888,"Concreto fck = 15 MPa - confecção em betoneira e lançamento manual - areia e brita comerciais","m³",409.03,1107888]
[1107889,"Concreto fck = 15 MPa - confecção em betoneira e lançamento manual - areia extraída e brita produzida","m³",286.1,1107889]
[1107892,"Concreto fck = 20 MPa - confecção em betoneira e lançamento manual - areia e brita comerciais","m³",427.24,1107892]
[1107891,"Concreto fck = 20 MPa - confecção em betoneira e lançamento manual - areia extraída e brita produzida","m³",306.16,1107891]
[1107928,"Concreto fck = 20 MPa - confecção em central dosadora de 30 m³/h - areia e brita comerciais","m³",367.67,1107928]
[1107929,"Concreto fck = 20 MPa - confecção em central dosadora de 30 m³/h - areia extraída e brita produzida","m³",246.12,1107929]
[1106109,"Concreto fck = 20 MPa - confecção em central dosadora de 40 m³/h - areia e brita comerciais","m³",343.36,1106109]
[1106117,"Concreto fck = 20 MPa - confecção em central dosadora de 40 m³/h - areia extraída e brita produzida","m³",221.81,1106117]
[1107896,"Concreto fck = 25 MPa - confecção em betoneira e lançamento manual - areia e brita comerciais","m³",447.65,1107896]
[1107895,"Concreto fck = 25 MPa - confecção em betoneira e lançamento manual - areia extraída e brita produzida","m³",328.64,1107895]
[1119528,"Concreto fck = 25 MPa - confecção em central dosadora de 30 m³/h - areia e brita comerciais","m³",381.3,1119528]
[1106135,"Concreto fck = 25 MPa - confecção em central dosadora de 30 m³/h - areia extraída e brita produzida","m³",261.18,1106135]
[1106136,"Concreto fck = 25 MPa - confecção em central dosadora de 40 m³/h - areia e brita comerciais","m³",355.27,1106136]
[1106137,"Concreto fck = 25 MPa - confecção em central dosadora de 40 m³/h - areia extraída e brita produzida","m³",235.15,1106137]
[1116127,"Concreto fck = 25 MPa para pré-moldados (mourões) - confecção em betoneira e lançamento manual - areia e brita comerciais","m³",467.03,{"$f":"A1540*1","v":1116127}]
[1116126,"Concreto fck = 25 MPa para pré-moldados (mourões) - confecção em betoneira e lançamento manual - areia extraída e brita produzida","m³",353.74,1116126]
[1107900,"Concreto fck = 30 MPa - confecção em betoneira e lançamento manual - areia e brita comerciais","m³",470.39,1107900]
[1107899,"Concreto fck = 30 MPa - confecção em betoneira e lançamento manual - areia extraída e brita produzida","m³",353.7,1107899]
[1107890,"Concreto fck = 30 MPa - confecção em central dosadora de 30 m³/h - areia e brita comerciais","m³",399.09,1107890]
[1106138,"Concreto fck = 30 MPa - confecção em central dosadora de 30 m³/h - areia extraída e brita produzida","m³",280.84,1106138]
[1106139,"Concreto fck = 30 MPa - confecção em central dosadora de 40 m³/h - areia e brita comerciais","m³",370.87,1106139]
[1106140,"Concreto fck = 30 MPa - confecção em central dosadora de 40 m³/h - areia extraída e brita produzida","m³",252.62,1106140]
[1107904,"Concreto fck = 35 MPa - confecção em betoneira e lançamento manual - areia e brita comerciais","m³",495.85,1107904]
[1107903,"Concreto fck = 35 MPa - confecção em betoneira e lançamento manual - areia extraída e brita produzida","m³",381.74,1107903]
[1107908,"Concreto fck = 40 MPa - confecção em betoneira e lançamento manual - areia e brita comerciais","m³",524.21,1107908]
[1107907,"Concreto fck = 40 MPa - confecção em betoneira e lançamento manual - areia extraída e brita produzida","m³",412.99,1107907]
[1107871,"Concreto fctm,k = 4,5 MPa - confecção em central dosadora de 30 m³/h - areia e brita comerciais","m³",431.69,1107871]
[1107870,"Concreto fctm,k = 4,5 MPa - confecção em central dosadora de 30 m³/h - areia extraída e brita produzida","m³",315.39,1107870]
[1106057,"Concreto magro - confecção em betoneira e lançamento manual - areia e brita comerciais","m³",414.82,1106057]
[1106058,"Concreto magro - confecção em betoneira e lançamento manual - areia extraída e brita produzida","m³",298.81,1106058]
[1106380,"Concreto para bombeamento fck = 25 MPa - confecção em central dosadora de 30 m³/h - areia e brita comerciais","m³",407.32,1106380]
[1106378,"Concreto para bombeamento fck = 25 MPa - confecção em central dosadora de 30 m³/h - areia extraída e brita produzida","m³",292.74,1106378]
[1116263,"Concreto para bombeamento fck = 25 MPa - confecção em central dosadora de 40 m³/h - areia e brita comerciais","m³",377.67,1116263]
[1116267,"Concreto para bombeamento fck = 25 MPa - confecção em central dosadora de 40 m³/h - areia extraída e brita produzida","m³",263.09,1116267]
[1106280,"Concreto para bombeamento fck = 30 MPa - confecção em central dosadora de 30 m³/h - areia e brita comerciais","m³",428.26,1106280]
[1106289,"Concreto para bombeamento fck = 30 MPa - confecção em central dosadora de 30 m³/h - areia extraída e brita produzida","m³",315.85,1106289]
[1116264,"Concreto para bombeamento fck = 30 MPa - confecção em central dosadora de 40 m³/h - areia e brita comerciais","m³",396.06,1116264]
[1116268,"Concreto para bombeamento fck = 30 MPa - confecção em central dosadora de 40 m³/h - areia extraída e brita produzida","m³",283.65,1116268]
[1106281,"Concreto para bombeamento fck = 35 MPa - confecção em central dosadora de 30 m³/h - areia e brita comerciais","m³",455.22,1106281]
[1106382,"Concreto para bombeamento fck = 35 MPa - confecção em central dosadora de 30 m³/h - areia extraída e brita produzida","m³",345.61,1106382]
[1116265,"Concreto para bombeamento fck = 35 MPa - confecção em central dosadora de 40 m³/h - areia e brita comerciais","m³",419.68,1116265]
[1116269,"Concreto para bombeamento fck = 35 MPa - confecção em central dosadora de 40 m³/h - areia extraída e brita produzida","m³",310.07,1116269]
[1106282,"Concreto para bombeamento fck = 40 MPa - confecção em central dosadora de 30 m³/h - areia e brita comerciais","m³",485.32,1106282]
[1106384,"Concreto para bombeamento fck = 40 MPa - confecção em central dosadora de 30 m³/h - areia extraída e brita produzida","m³",378.83,1106384]
[1116266,"Concreto para bombeamento fck = 40 MPa - confecção em central dosadora de 40 m³/h - areia e brita comerciais","m³",446.08,1116266]
[1116270,"Concreto para bombeamento fck = 40 MPa - confecção em central dosadora de 40 m³/h - areia extraída e brita produzida","m³",339.59,1116270]
[1107868,"Concreto para sub-base adensado por vibração fck = 7,5 MPa - confecção em central dosadora de 30 m³/h - areia e brita comerciais","m³",322.42,1107868]
[1107869,"Concreto para sub-base adensado por vibração fck = 7,5 MPa - confecção em central dosadora de 30 m³/h - areia extraída e brita produzida","m³",196.12,1107869]
[1103853,"Concreto poroso para tubos de drenagem fck = 25 MPa - confecção em betoneira e lançamento manual - areia e brita comerciais","m³",409.2,1103853]
[1103852,"Concreto poroso para tubos de drenagem fck = 25 MPa - confecção em betoneira e lançamento manual - areia extraída e brita produzida","m³",339.43,1103852]
[1106284,"Concreto submerso fck = 20 MPa - confecção em central dosadora de 30 m³/h - areia e brita comerciais","m³",430.25,1106284]
[1108116,"Concreto submerso fck = 25 MPa - confecção em central dosadora de 30 m³/h - areia e brita comerciais","m³",434.85,1108116]
[1108118,"Concreto submerso fck = 30 MPa - confecção em central dosadora de 30 m³/h - areia e brita comerciais","m³",456.58,1108118]
[1106158,"Concreto submerso fck = 35 MPa - confecção em central dosadora de 30 m³/h - areia e brita comerciais","m³",486.58,1106158]
[1108120,"Concreto submerso fck = 40 MPa - confecção em central dosadora de 30 m³/h - areia e brita comerciais","m³",520.1,1108120]
[1106050,"Lançamento livre de concreto usinado por meio de caminhão betoneira - confecção em central dosadora de 30 m³/h","m³",43.38,1106050]
[1106051,"Lançamento livre de concreto usinado por meio de caminhão betoneira - confecção em central dosadora de 40 m³/h","m³",36.05,1106051]
[1106061,"Lançamento manual de concreto usinado - confecção em central dosadora de 30 m³/h","m³",50.56,1106061]
[1106087,"Lançamento manual de concreto usinado - confecção em central dosadora de 40 m³/h","m³",43.44,1106087]
[1107860,"Lançamento mecânico de concreto com bomba lança sobre chassi com capacidade de 50 m³/h - confecção em central dosadora de 40 m³/h","m³",51.95,1107860]
[1106088,"Lançamento mecânico de concreto com bomba rebocável com capacidade de 30 m³/h - confecção em central dosadora de 30 m³/h","m³",53.64,1106088]
[1106128,"Lançamento mecânico de concreto com bomba rebocável com capacidade de 41 m³/h - confecção em central dosadora de 40 m³/h","m³",43.95,1106128]
[1108056,"Microconcreto autoadensável para reparos e grauteamento - confecção em misturador e lançamento manual","m³",2619.99,1108056]
[1108059,"Microconcreto para reparos e grauteamento - confecção em misturador e lançamento manual","m³",3280.02,1108059]
[1207700,"Concreto fck = 20 MPa para projeção via seca - confecção em betoneira - areia e brita comerciais","m³",520.15,1207700]
[1207701,"Concreto fck = 25 MPa para projeção via seca - confecção em betoneira - areia e brita comerciais","m³",553.81,1207701]
[1207702,"Concreto fck = 30 MPa para projeção via seca - confecção em betoneira - areia e brita comerciais","m³",591.46,1207702]
[1207708,"Concreto fck = 30 MPa para projeção via úmida - confecção em central dosadora de 30 m³/h - areia e brita comerciais","m³",533.64,1207708]
[1207703,"Concreto fck = 40 MPa para projeção via seca - confecção em betoneira - areia e brita comerciais","m³",680.68,1207703]
[1207709,"Concreto fck = 40 MPa para projeção via úmida - confecção em central dosadora de 30 m³/h - areia e brita comerciais","m³",615.46,1207709]
[1207710,"Concreto projetado via seca fck = 20 MPa aplicado em pisos","m³",804.26,1207710]
[1207711,"Concreto projetado via seca fck = 20 MPa aplicado em superfícies inclinadas e verticais","m³",1003.91,1207711]
[1207713,"Concreto projetado via seca fck = 20 MPa aplicado em teto","m³",1522.95,1207713]
[1207714,"Concreto projetado via seca fck = 25 MPa aplicado em pisos","m³",843.86,1207714]
[1207715,"Concreto projetado via seca fck = 25 MPa aplicado em superfícies inclinadas e verticais","m³",1051.99,1207715]
[1207717,"Concreto projetado via seca fck = 25 MPa aplicado em teto","m³",1590.27,1207717]
[1207718,"Concreto projetado via seca fck = 30 MPa aplicado em pisos","m³",888.16,1207718]
[1207719,"Concreto projetado via seca fck = 30 MPa aplicado em superfícies inclinadas e verticais","m³",1105.78,1207719]
[1207721,"Concreto projetado via seca fck = 30 MPa aplicado em teto","m³",1665.57,{"$f":"A1604*1","v":1207721}]
[1207722,"Concreto projetado via seca fck = 40 MPa aplicado em pisos","m³",993.12,1207722]
[1207723,"Concreto projetado via seca fck = 40 MPa aplicado em superfícies inclinadas e verticais","m³",1233.23,1207723]
[1207725,"Concreto projetado via seca fck = 40 MPa via seca aplicado em teto","m³",1844.01,1207725]
[1207728,"Concreto projetado via úmida fck = 30 MPa aplicado em túneis classe I com seção de 20 a 40 m²","m³",816.5,1207728]
[1207727,"Concreto projetado via úmida fck = 30 MPa aplicado em túneis classe I com seção de 40 a 60 m²","m³",794.16,1207727]
[1207726,"Concreto projetado via úmida fck = 30 MPa aplicado em túneis classe I com seção de 60 a 90 m²","m³",776.3,1207726]
[1208329,"Concreto projetado via úmida fck = 30 MPa aplicado em túneis classe I com seção superior a 90 m²","m³",755.73,1208329]
[1207685,"Concreto projetado via úmida fck = 30 MPa aplicado em túneis classe II com seção de 20 a 40 m²","m³",862.12,1207685]
[1207684,"Concreto projetado via úmida fck = 30 MPa aplicado em túneis classe II com seção de 40 a 60 m²","m³",832.61,1207684]
[1207683,"Concreto projetado via úmida fck = 30 MPa aplicado em túneis classe II com seção de 60 a 90 m²","m³",810.12,1207683]
[1208337,"Concreto projetado via úmida fck = 30 MPa aplicado em túneis classe II com seção superior a 90 m²","m³",786.22,1208337]
[1207691,"Concreto projetado via úmida fck = 30 MPa aplicado em túneis classe III com seção de 20 a 40 m²","m³",917.76,1207691]
[1207690,"Concreto projetado via úmida fck = 30 MPa aplicado em túneis classe III com seção de 40 a 60 m²","m³",877.59,1207690]
[1207689,"Concreto projetado via úmida fck = 30 MPa aplicado em túneis classe III com seção de 60 a 90 m²","m³",843.8,1207689]
[1208345,"Concreto projetado via úmida fck = 30 MPa aplicado em túneis classe III com seção superior a 90 m²","m³",815.96,1208345]
[1207697,"Concreto projetado via úmida fck = 30 MPa aplicado em túneis classe IV com seção de 20 a 40 m²","m³",988.84,1207697]
[1207696,"Concreto projetado via úmida fck = 30 MPa aplicado em túneis classe IV com seção de 40 a 60 m²","m³",931.41,1207696]
[1207695,"Concreto projetado via úmida fck = 30 MPa aplicado em túneis classe IV com seção de 60 a 90 m²","m³",892.35,1207695]
[1208353,"Concreto projetado via úmida fck = 30 MPa aplicado em túneis classe IV com seção superior a 90 m²","m³",853.08,1208353]
[1207663,"Concreto projetado via úmida fck = 30 MPa aplicado em túneis classe V com seção de 20 a 40 m²","m³",1061.25,1207663]
[1207662,"Concreto projetado via úmida fck = 30 MPa aplicado em túneis classe V com seção de 40 a 60 m²","m³",1034.91,1207662]
[1207661,"Concreto projetado via úmida fck = 30 MPa aplicado em túneis classe V com seção de 60 a 90 m²","m³",1013.85,1207661]
[1208361,"Concreto projetado via úmida fck = 30 MPa aplicado em túneis classe V com seção superior a 90 m²","m³",982.25,1208361]
[1207669,"Concreto projetado via úmida fck = 30 MPa aplicado em túneis classe VI com seção de 20 a 40 m²","m³",1179.56,1207669]
[1207668,"Concreto projetado via úmida fck = 30 MPa aplicado em túneis classe VI com seção de 40 a 60 m²","m³",1146.87,1207668]
[1207667,"Concreto projetado via úmida fck = 30 MPa aplicado em túneis classe VI com seção de 60 a 90 m²","m³",1097.84,1207667]
[1208369,"Concreto projetado via úmida fck = 30 MPa aplicado em túneis classe VI com seção superior a 90 m²","m³",1048.81,1208369]
[1207682,"Concreto projetado via úmida fck = 40 MPa aplicado em túneis classe I com seção de 20 a 40 m²","m³",912.76,1207682]
[1207681,"Concreto projetado via úmida fck = 40 MPa aplicado em túneis classe I com seção de 40 a 60 m²","m³",890.42,1207681]
[1207729,"Concreto projetado via úmida fck = 40 MPa aplicado em túneis classe I com seção de 60 a 90 m²","m³",872.56,1207729]
[1208333,"Concreto projetado via úmida fck = 40 MPa aplicado em túneis classe I com seção superior a 90 m²","m³",851.99,1208333]
[1207688,"Concreto projetado via úmida fck = 40 MPa aplicado em túneis classe II com seção de 20 a 40 m²","m³",961.3,1207688]
[1207687,"Concreto projetado via úmida fck = 40 MPa aplicado em túneis classe II com seção de 40 a 60 m²","m³",931.79,1207687]
[1207686,"Concreto projetado via úmida fck = 40 MPa aplicado em túneis classe II com seção de 60 a 90 m²","m³",909.3,1207686]
[1208341,"Concreto projetado via úmida fck = 40 MPa aplicado em túneis classe II com seção superior a 90 m²","m³",885.39,1208341]
[1207694,"Concreto projetado via úmida fck = 40 MPa aplicado em túneis classe III com seção de 20 a 40 m²","m³",1020.04,1207694]
[1207693,"Concreto projetado via úmida fck = 40 MPa aplicado em túneis classe III com seção de 40 a 60 m²","m³",979.86,1207693]
[1207692,"Concreto projetado via úmida fck = 40 MPa aplicado em túneis classe III com seção de 60 a 90 m²","m³",946.08,1207692]
[1208349,"Concreto projetado via úmida fck = 40 MPa aplicado em túneis classe III com seção superior a 90 m²","m³",918.23,1208349]
[1207660,"Concreto projetado via úmida fck = 40 MPa aplicado em túneis classe IV com seção de 20 a 40 m²","m³",1094.41,1207660]
[1207699,"Concreto projetado via úmida fck = 40 MPa aplicado em túneis classe IV com seção de 40 a 60 m²","m³",1036.99,1207699]
[1207698,"Concreto projetado via úmida fck = 40 MPa aplicado em túneis classe IV com seção de 60 a 90 m²","m³",997.92,1207698]
[1208357,"Concreto projetado via úmida fck = 40 MPa aplicado em túneis classe IV com seção superior a 90 m²","m³",958.65,1208357]
[1207666,"Concreto projetado via úmida fck = 40 MPa aplicado em túneis classe V com seção de 20 a 40 m²","m³",1170.34,1207666]
[1207665,"Concreto projetado via úmida fck = 40 MPa aplicado em túneis classe V com seção de 40 a 60 m²","m³",1144.01,1207665]
[1207664,"Concreto projetado via úmida fck = 40 MPa aplicado em túneis classe V com seção de 60 a 90 m²","m³",1122.94,1207664]
[1208365,"Concreto projetado via úmida fck = 40 MPa aplicado em túneis classe V com seção superior a 90 m²","m³",1091.34,1208365]
[1207672,"Concreto projetado via úmida fck = 40 MPa aplicado em túneis classe VI com seção de 20 a 40 m²","m³",1292.42,1207672]
[1207671,"Concreto projetado via úmida fck = 40 MPa aplicado em túneis classe VI com seção de 40 a 60 m²","m³",1259.73,1207671]
[1207670,"Concreto projetado via úmida fck = 40 MPa aplicado em túneis classe VI com seção de 60 a 90 m²","m³",1210.7,1207670]
[1208373,"Concreto projetado via úmida fck = 40 MPa aplicado em túneis classe VI com seção superior a 90 m²","m³",1161.66,1208373]
[1400976,"Corte a plasma CNC em chapa com espessura de 6,3 a 10 mm","m",5.32,1400976]
[1400970,"Corte a plasma manual em chapa de aço-carbono com espessura de 4 a 8 mm","m",2.04,1400970]
[1400971,"Corte a plasma manual em chapa de aço-carbono com espessura de 9 a 25 mm","m",8.9,1400971]
[1400972,"Corte a plasma manual em chapa de alumínio com espessura de 1,5 mm","m",1.96,1400972]
[1416201,"Corte de barras de aço CA-50 com maçarico oxiacetileno","cm²",0.24,1416201]
[1400969,"Corte de cantoneira de alumínio","un",0.13,1400969]
[1400975,"Corte de chapa de aço com guilhotina hidráulica","m",3.82,1400975]
[1416141,"Corte de chapas de aço com espessura de 12,5 mm com maçarico oxiacetileno","m",3.73,1416141]
[1416142,"Corte de chapas de aço com espessura de 16 mm com maçarico oxiacetileno","m",5.79,1416142]
[1400973,"Corte de chapas de aço com espessura de 3 mm com maçarico oxiacetileno","m",1.54,1400973]
[1400974,"Corte de chapas de aço com espessura de 5 mm com maçarico oxiacetileno","m",1.82,1400974]
[1416139,"Corte de chapas de aço com espessura de 6,3 mm com maçarico oxiacetileno","m",2.04,1416139]
[1416202,"Corte de chapas de aço com espessura de 8 mm com maçarico oxiacetileno","m",2.38,{"$f":"A1668*1","v":1416202}]
[1416140,"Corte de chapas de aço com espessura de 9,5 mm com maçarico oxiacetileno","m",2.74,1416140]
[1419543,"Corte de perfil metálico com máquina policorte com espessura de até 1/8\"","un",0.16,1419543]
[1408173,"Corte de perfis metálicos com maçarico oxiacetileno","cm²",0.06,1408173]
[1407063,"Corte de trilho TR45 com utilização de equipamento leve","un",7.5,1407063]
[1407064,"Corte de trilho TR57 com utilização de equipamento leve","un",7.73,1407064]
[1407065,"Corte de trilho TR68 com utilização de equipamento leve","un",7.9,1407065]
[1407066,"Corte de trilho UIC60 com utilização de equipamento leve","un",7.78,1407066]
[1400977,"Dobramento de chapas metálicas com espessuras de 6,3 a 10 mm","m",3.15,1400977]
[1407067,"Furação de trilho TR45 com utilização de equipamento leve","un",2.35,1407067]
[1407068,"Furação de trilho TR57 com utilização de equipamento leve","un",2.65,1407068]
[1407069,"Furação de trilho TR68 com utilização de equipamento leve","un",2.87,1407069]
[1407070,"Furação de trilho UIC60 com utilização de equipamento leve","un",2.73,1407070]
[1416257,"Solda com maçarico oxiacetileno de chapas de aço de 12,5 mm","m",284.19,1416257]
[1416253,"Solda com maçarico oxiacetileno de chapas de aço de 16 mm","m",659.79,1416253]
[1416254,"Solda com maçarico oxiacetileno de chapas de aço de 6,3 mm","m",52.64,1416254]
[1416255,"Solda com maçarico oxiacetileno de chapas de aço de 8 mm","m",93.85,1416255]
[1416256,"Solda com maçarico oxiacetileno de chapas de aço de 9,5 mm","m",146.25,1416256]
[1408028,"Solda elétrica manual de perfis metálicos e chapas de aço com eletrodo E70XX para beneficiamento de aço naval","kg",191.52,1408028]
[1408027,"Solda tipo MIG/MAG automatizada","kg",113.78,1408027]
[1400978,"Solda tipo MIG/MAG manual","kg",179.65,1400978]
[1513941,"Contenção em areia-cimento ensacada com mistura de areia com 8% de cimento - confecção e assentamento","m³",509.97,1513941]
[1513940,"Contenção em solo-cimento ensacado com mistura de solo de jazida com 8% de cimento - confecção e assentamento","m³",352.94,1513940]
[1505879,"Enrocamento de pedra arrumada manualmente - pedra de mão comercial - fornecimento e assentamento","m³",244.37,1505879]
[1505878,"Enrocamento de pedra arrumada manualmente - pedra de mão produzida - confecção e assentamento","m³",166.06,1505878]
[1505877,"Enrocamento de pedra espalhada e compactada mecanicamente - pedra de mão comercial - fornecimento e assentamento","m³",145.98,1505877]
[1505860,"Enrocamento de pedra jogada - pedra de mão comercial - fornecimento e assentamento","m³",154.51,1505860]
[1505859,"Enrocamento de pedra jogada - pedra de mão produzida - confecção e assentamento","m³",89.24,1505859]
[1516204,"Fabricação de blocos segmentais de face pré-moldados - C = 40 cm, L = 40 cm e H = 20 cm - massa de 25 kg","un",5.48,1516204]
[1516312,"Geocélula em PEAD, paredes perfuradas, soldadas - altura de 100 mm e 1.206 cm² de área de célula - fornecimento e instalação","m²",41.59,1516312]
[1516304,"Geocélula em PEAD, paredes perfuradas, soldadas - altura de 100 mm e 289 cm² de área de célula - fornecimento e instalação","m²",53.99,1516304]
[1516308,"Geocélula em PEAD, paredes perfuradas, soldadas - altura de 100 mm e 460 cm² de área de célula - fornecimento e instalação","m²",44.14,1516308]
[1516313,"Geocélula em PEAD, paredes perfuradas, soldadas - altura de 150 mm e 1.206 cm² de área de célula - fornecimento e instalação","m²",49.58,1516313]
[1516305,"Geocélula em PEAD, paredes perfuradas, soldadas - altura de 150 mm e 289 cm² de área de célula - fornecimento e instalação","m²",64.98,1516305]
[1516309,"Geocélula em PEAD, paredes perfuradas, soldadas - altura de 150 mm e 460 cm² de área de célula - fornecimento e instalação","m²",53.09,1516309]
[1516314,"Geocélula em PEAD, paredes perfuradas, soldadas - altura de 200 mm e 1.206 cm² de área de célula - fornecimento e instalação","m²",58.37,1516314]
[1516306,"Geocélula em PEAD, paredes perfuradas, soldadas - altura de 200 mm e 289 cm² de área de célula - fornecimento e instalação","m²",77.06,1516306]
[1516310,"Geocélula em PEAD, paredes perfuradas, soldadas - altura de 200 mm e 460 cm² de área de célula - fornecimento e instalação","m²",62.59,1516310]
[1516311,"Geocélula em PEAD, paredes perfuradas, soldadas - altura de 75 mm e 1.206 cm² de área de célula - fornecimento e instalação","m²",31.92,1516311]
[1516303,"Geocélula em PEAD, paredes perfuradas, soldadas - altura de 75 mm e 289 cm² de área de célula - fornecimento e instalação","m²",43.04,1516303]
[1516307,"Geocélula em PEAD, paredes perfuradas, soldadas - altura de 75 mm e 460 cm² de área de célula - fornecimento e instalação","m²",35.59,1516307]
[1516298,"Geogrelha unidirecional com resistência à tração de 100 kN/m - fornecimento e instalação","m²",29.86,1516298]
[1516299,"Geogrelha unidirecional com resistência à tração de 150 kN/m - fornecimento e instalação","m²",31.95,1516299]
[1516300,"Geogrelha unidirecional com resistência à tração de 200 kN/m - fornecimento e instalação","m²",41.94,1516300]
[1516301,"Geogrelha unidirecional com resistência à tração de 300 kN/m - fornecimento e instalação","m²",62,1516301]
[1516302,"Geogrelha unidirecional com resistência à tração de 400 kN/m - fornecimento e instalação","m²",81.94,1516302]
[1516296,"Geogrelha unidirecional com resistência à tração de 50 kN/m - fornecimento e instalação","m²",22.44,1516296]
[1516297,"Geogrelha unidirecional com resistência à tração de 90 kN/m - fornecimento e instalação","m²",28.86,1516297]
[1505847,"Muro em blocos segmentais de face pré-moldados - C = 40 cm, L = 40 cm, e H = 20 cm com altura de 4 a 6 m - confecção e assentamento","m²",166.68,1505847]
[1505848,"Muro em blocos segmentais de face pré-moldados - C = 40 cm, L = 40 cm, e H = 20 cm com altura de 6 a 8 m - confecção e assentamento","m²",162.5,1505848]
[1505849,"Muro em blocos segmentais de face pré-moldados - C = 40 cm, L = 40 cm, e H = 20 cm com altura de 8 a 10 m - confecção e assentamento","m²",160.18,1505849]
[1505930,"Muro em blocos segmentais de face pré-moldados - C = 40 cm, L = 40 cm, e H = 20 cm com altura de até 4 m - confecção e assentamento","m²",188.61,1505930]
[1506055,"Pedra argamassada com cimento e areia 1:3 - areia e pedra de mão comercial - fornecimento e assentamento","m³",387.8,1506055]
[1506056,"Pedra argamassada com cimento e areia 1:3 - areia extraída e pedra de mão produzida - confecção e assentamento","m³",274.49,1506056]
[1516318,"Tela metálica dobrada em L para muro em solo reforçado - C = 200 cm, L = 40 cm e H = 40 cm - fornecimento e instalação","m²",483.82,1516318]
[1516317,"Tela metálica dobrada em L para muro em solo reforçado - C = 200 cm, L = 50 cm e H = 50 cm - fornecimento e instalação","m²",594.85,1516317]
[1600965,"Abertura em muro de alvenaria de pedra argamassada com martelete","m³",94.98,1600965]
[1600408,"Apicoamento manual de concreto","m²",17.75,1600408]
[1600990,"Demolição de concreto armado com martelete e corte oxiacetileno","m³",728.43,1600990]
[1600989,"Demolição de concreto simples com martelete","m³",387.5,1600989]
[1600438,"Demolição manual de concreto armado","m³",562.72,1600438]
[1600436,"Demolição manual de concreto simples","m³",384.84,1600436]
[1600895,"Demolição manual de construções provisórias de madeira - sem reaproveitamento","m²",13.37,1600895]
[1600897,"Demolição manual de construções provisórias de madeira, sem fechamento lateral e sem pavimentação","m²",3.61,1600897]
[1619004,"Demolição mecânica de alvenaria com carregadeira de pneus","m³",6.97,{"$f":"A1732*1","v":1619004}]
[1600896,"Demolição mecânica de alvenaria com escavadeira hidráulica","m²",15.94,1600896]
[1619003,"Demolição mecânica de concreto armado com escavadeira hidráulica","m³",77.61,1619003]
[1600414,"Fresagem de piso de concreto","m²",1.07,1600414]
[1608148,"Perfuração em concreto com coroa diamantada - D = 100 mm","m",448.84,1608148]
[1608021,"Perfuração em concreto com coroa diamantada - D = 16 mm","m",115.97,1608021]
[1608024,"Perfuração em concreto com coroa diamantada - D = 20 mm","m",119.91,1608024]
[1608026,"Perfuração em concreto com coroa diamantada - D = 25 mm","m",148.25,1608026]
[1608142,"Perfuração em concreto com coroa diamantada - D = 32 mm","m",177.79,1608142]
[1608143,"Perfuração em concreto com coroa diamantada - D = 38 mm","m",181.26,1608143]
[1608144,"Perfuração em concreto com coroa diamantada - D = 44 mm","m",195.81,1608144]
[1608145,"Perfuração em concreto com coroa diamantada - D = 50 mm","m",203.42,1608145]
[1608146,"Perfuração em concreto com coroa diamantada - D = 63 mm","m",219.25,1608146]
[1608147,"Perfuração em concreto com coroa diamantada - D = 75 mm","m",327.69,1608147]
[1608019,"Perfuração em concreto com martelete elétrico - D = 10 mm","m",18.29,1608019]
[1608020,"Perfuração em concreto com martelete elétrico - D = 13,0 mm","m",28.49,1608020]
[1608025,"Perfuração em concreto com martelete elétrico - D = 14 mm","m",34.61,1608025]
[1600966,"Remoção de cerca com mourões de concreto","m",0.73,1600966]
[1600898,"Remoção de painel publicitário, tipo outdoor, com estrutura e suportes em madeira","m²",12.08,1600898]
[1600441,"Remoção de paralelepípedos","m²",3.87,1600441]
[1600404,"Remoção de tubos de concreto com diâmetro de 0,40 m a 1,00 m em valas e bueiros","m",9.7,1600404]
[1600405,"Remoção de tubos de concreto com diâmetro de 1,20 m a 1,50 m em valas e bueiros","m",10.77,1600405]
[1716605,"Derrocagem subaquática de material de 3ª categoria - carga e limpeza - plataforma com clamshell - flutuante e batelão rebocado de 100 t montado na obra - DMT até 200 m","m³",102.57,1716605]
[1716610,"Derrocagem subaquática de material de 3ª categoria - carga e limpeza - plataforma com clamshell - flutuante e batelão rebocado de 100 t montado na obra - DMT de 1.000 a 1200 m","m³",106.2,1716610]
[1716611,"Derrocagem subaquática de material de 3ª categoria - carga e limpeza - plataforma com clamshell - flutuante e batelão rebocado de 100 t montado na obra - DMT de 1.200 a 1.400 m","m³",106.66,1716611]
[1716612,"Derrocagem subaquática de material de 3ª categoria - carga e limpeza - plataforma com clamshell - flutuante e batelão rebocado de 100 t montado na obra - DMT de 1.400 a 1.600 m","m³",107.11,1716612]
[1716613,"Derrocagem subaquática de material de 3ª categoria - carga e limpeza - plataforma com clamshell - flutuante e batelão rebocado de 100 t montado na obra - DMT de 1.600 a 1.800 m","m³",107.56,1716613]
[1716614,"Derrocagem subaquática de material de 3ª categoria - carga e limpeza - plataforma com clamshell - flutuante e batelão rebocado de 100 t montado na obra - DMT de 1.800 a 2.000 m","m³",108.47,1716614]
[1716615,"Derrocagem subaquática de material de 3ª categoria - carga e limpeza - plataforma com clamshell - flutuante e batelão rebocado de 100 t montado na obra - DMT de 2.000 a 2.500 m","m³",109.38,1716615]
[1716616,"Derrocagem subaquática de material de 3ª categoria - carga e limpeza - plataforma com clamshell - flutuante e batelão rebocado de 100 t montado na obra - DMT de 2.500 a 3.000 m","m³",110.74,1716616]
[1716606,"Derrocagem subaquática de material de 3ª categoria - carga e limpeza - plataforma com clamshell - flutuante e batelão rebocado de 100 t montado na obra - DMT de 200 a 400 m","m³",103.93,1716606]
[1716617,"Derrocagem subaquática de material de 3ª categoria - carga e limpeza - plataforma com clamshell - flutuante e batelão rebocado de 100 t montado na obra - DMT de 3.000 m","m³",111.65,1716617]
[1716607,"Derrocagem subaquática de material de 3ª categoria - carga e limpeza - plataforma com clamshell - flutuante e batelão rebocado de 100 t montado na obra - DMT de 400 a 600 m","m³",104.38,1716607]
[1716608,"Derrocagem subaquática de material de 3ª categoria - carga e limpeza - plataforma com clamshell - flutuante e batelão rebocado de 100 t montado na obra - DMT de 600 a 800 m","m³",105.29,1716608]
[1716609,"Derrocagem subaquática de material de 3ª categoria - carga e limpeza - plataforma com clamshell - flutuante e batelão rebocado de 100 t montado na obra - DMT de 800 a 1.000 m","m³",105.75,1716609]
[1716604,"Derrocagem subaquática de material de 3ª categoria - carga e limpeza - plataforma com clamshell - flutuante montado na obra - sem transporte","m³",59.64,1716604]
[1716623,"Derrocagem subaquática de material de 3ª categoria - carga e limpeza - plataforma flutuante com clamshell - sem transporte","m³",58.48,1716623]
[1716624,"Derrocagem subaquática de material de 3ª categoria - carga e limpeza - plataforma flutuante com clamshell e batelão rebocado de 100 t - DMT até 200 m","m³",101.4,1716624]
[1716629,"Derrocagem subaquática de material de 3ª categoria - carga e limpeza - plataforma flutuante com clamshell e batelão rebocado de 100 t - DMT de 1.000 a 1.200 m","m³",105.04,1716629]
[1716630,"Derrocagem subaquática de material de 3ª categoria - carga e limpeza - plataforma flutuante com clamshell e batelão rebocado de 100 t - DMT de 1.200 a 1.400 m","m³",105.49,1716630]
[1716631,"Derrocagem subaquática de material de 3ª categoria - carga e limpeza - plataforma flutuante com clamshell e batelão rebocado de 100 t - DMT de 1.400 a 1.600 m","m³",105.95,1716631]
[1716632,"Derrocagem subaquática de material de 3ª categoria - carga e limpeza - plataforma flutuante com clamshell e batelão rebocado de 100 t - DMT de 1.600 a 1.800 m","m³",106.4,1716632]
[1716633,"Derrocagem subaquática de material de 3ª categoria - carga e limpeza - plataforma flutuante com clamshell e batelão rebocado de 100 t - DMT de 1.800 a 2.000 m","m³",107.31,1716633]
[1716634,"Derrocagem subaquática de material de 3ª categoria - carga e limpeza - plataforma flutuante com clamshell e batelão rebocado de 100 t - DMT de 2.000 a 2.500 m","m³",108.22,1716634]
[1716635,"Derrocagem subaquática de material de 3ª categoria - carga e limpeza - plataforma flutuante com clamshell e batelão rebocado de 100 t - DMT de 2.500 a 3.000 m","m³",109.58,1716635]
[1716625,"Derrocagem subaquática de material de 3ª categoria - carga e limpeza - plataforma flutuante com clamshell e batelão rebocado de 100 t - DMT de 200 a 400 m","m³",102.77,1716625]
[1716636,"Derrocagem subaquática de material de 3ª categoria - carga e limpeza - plataforma flutuante com clamshell e batelão rebocado de 100 t - DMT de 3.000 m","m³",110.49,1716636]
[1716626,"Derrocagem subaquática de material de 3ª categoria - carga e limpeza - plataforma flutuante com clamshell e batelão rebocado de 100 t - DMT de 400 a 600 m","m³",103.22,1716626]
[1716627,"Derrocagem subaquática de material de 3ª categoria - carga e limpeza - plataforma flutuante com clamshell e batelão rebocado de 100 t - DMT de 600 a 800 m","m³",104.13,1716627]
[1716628,"Derrocagem subaquática de material de 3ª categoria - carga e limpeza - plataforma flutuante com clamshell e batelão rebocado de 100 t - DMT de 800 a 1.000 m","m³",104.58,1716628]
[1716640,"Derrocagem subaquática de material de 3ª categoria - carga e limpeza com draga backhoe de 7 m³ - sem transporte","m³",29.83,1716640]
[1716641,"Derrocagem subaquática de material de 3ª categoria - carga e limpeza com draga backhoe de 7 m³ - transporte com batelão autopropelido de 300 m³ - DMT até 200 m","m³",38.64,1716641]
[1716646,"Derrocagem subaquática de material de 3ª categoria - carga e limpeza com draga backhoe de 7 m³ - transporte com batelão autopropelido de 300 m³ - DMT de 1.000 a 1.200 m","m³",39.18,1716646]
[1716647,"Derrocagem subaquática de material de 3ª categoria - carga e limpeza com draga backhoe de 7 m³ - transporte com batelão autopropelido de 300 m³ - DMT de 1.200 a 1.400 m","m³",39.24,1716647]
[1716648,"Derrocagem subaquática de material de 3ª categoria - carga e limpeza com draga backhoe de 7 m³ - transporte com batelão autopropelido de 300 m³ - DMT de 1.400 a 1.600 m","m³",39.35,1716648]
[1716649,"Derrocagem subaquática de material de 3ª categoria - carga e limpeza com draga backhoe de 7 m³ - transporte com batelão autopropelido de 300 m³ - DMT de 1.600 a 1.800 m","m³",39.4,1716649]
[1716650,"Derrocagem subaquática de material de 3ª categoria - carga e limpeza com draga backhoe de 7 m³ - transporte com batelão autopropelido de 300 m³ - DMT de 1.800 a 2.000 m","m³",39.51,1716650]
[1716651,"Derrocagem subaquática de material de 3ª categoria - carga e limpeza com draga backhoe de 7 m³ - transporte com batelão autopropelido de 300 m³ - DMT de 2.000 a 2.500 m","m³",39.62,1716651]
[1716652,"Derrocagem subaquática de material de 3ª categoria - carga e limpeza com draga backhoe de 7 m³ - transporte com batelão autopropelido de 300 m³ - DMT de 2.500 a 3.000 m","m³",39.84,1716652]
[1716642,"Derrocagem subaquática de material de 3ª categoria - carga e limpeza com draga backhoe de 7 m³ - transporte com batelão autopropelido de 300 m³ - DMT de 200 a 400 m","m³",38.8,1716642]
[1716653,"Derrocagem subaquática de material de 3ª categoria - carga e limpeza com draga backhoe de 7 m³ - transporte com batelão autopropelido de 300 m³ - DMT de 3.000 m","m³",40.01,1716653]
[1716643,"Derrocagem subaquática de material de 3ª categoria - carga e limpeza com draga backhoe de 7 m³ - transporte com batelão autopropelido de 300 m³ - DMT de 400 a 600 m","m³",38.91,1716643]
[1716644,"Derrocagem subaquática de material de 3ª categoria - carga e limpeza com draga backhoe de 7 m³ - transporte com batelão autopropelido de 300 m³ - DMT de 600 a 800 m","m³",39.02,1716644]
[1716645,"Derrocagem subaquática de material de 3ª categoria - carga e limpeza com draga backhoe de 7 m³ - transporte com batelão autopropelido de 300 m³ - DMT de 800 a 1.000 m","m³",39.07,1716645]
[1716622,"Derrocagem subaquática de material de 3ª categoria - malha de 1,5 m² - perfuração e detonação - plataforma autoelevatória com três torres de perfuração","m³",83.69,{"$f":"A1796*1","v":1716622}]
[1716603,"Derrocagem subaquática de material de 3ª categoria - malha de 1,5 m² - perfuração e detonação - plataforma autoelevatória montada na obra com três torres de perfuração","m³",83.69,1716603]
[1716620,"Derrocagem subaquática de material de 3ª categoria - malha de 1,5 m² - perfuração e detonação - plataforma flutuante com duas torres de perfuração","m³",114.83,1716620]
[1716621,"Derrocagem subaquática de material de 3ª categoria - malha de 1,5 m² - perfuração e detonação - plataforma flutuante com três torres de perfuração","m³",90.86,1716621]
[1716619,"Derrocagem subaquática de material de 3ª categoria - malha de 1,5 m² - perfuração e detonação - plataforma flutuante com uma torre de perfuração","m³",186.77,1716619]
[1716601,"Derrocagem subaquática de material de 3ª categoria - malha de 1,5 m² - perfuração e detonação - plataforma montada na obra com duas torres de perfuração","m³",116.38,1716601]
[1716602,"Derrocagem subaquática de material de 3ª categoria - malha de 1,5 m² - perfuração e detonação - plataforma montada na obra com três torres de perfuração","m³",91.9,1716602]
[1716600,"Derrocagem subaquática de material de 3ª categoria - malha de 1,5 m² - perfuração e detonação - plataforma montada na obra com uma torre de perfuração","m³",189.89,1716600]
[1716655,"Derrocagem subaquática de material de 3ª categoria - malha de 2,5 m² - perfuração e detonação - plataforma com duas torres de perfuração","m³",67.95,1716655]
[1716639,"Derrocagem subaquática de material de 3ª categoria - malha de 4,0 m² - perfuração e detonação - plataforma com duas torres de perfuração","m³",47.94,1716639]
[1801636,"Levantamento batimétrico monofeixe longitudinal","km",17.59,1801636]
[1801637,"Levantamento batimétrico monofeixe transversal","km",23.46,1801637]
[1817720,"Levantamento batimétrico multifeixe","km",88.94,1817720]
[1817723,"Levantamento hidrométrico com ADCP em rios com velocidade de corrente acima de 1,5 m/s","km",42.44,1817723]
[1817721,"Levantamento hidrométrico com ADCP em rios com velocidade de corrente de 0,5 a 1,0 m/s","km",127.31,1817721]
[1817722,"Levantamento hidrométrico com ADCP em rios com velocidade de corrente de 1,0 a 1,5 m/s","km",63.65,1817722]
[1917483,"Dragagem de areia fina com draga de sucção e recalque - bomba de 1.350 kW e cortador de 170 kW - distância de recalque de 1.100 a 1.300 m","m³",4.17,1917483]
[1917484,"Dragagem de areia fina com draga de sucção e recalque - bomba de 1.350 kW e cortador de 170 kW - distância de recalque de 1.300 a 1.500 m","m³",4.35,1917484]
[1917485,"Dragagem de areia fina com draga de sucção e recalque - bomba de 1.350 kW e cortador de 170 kW - distância de recalque de 1.500 a 1.700 m","m³",4.86,1917485]
[1917486,"Dragagem de areia fina com draga de sucção e recalque - bomba de 1.350 kW e cortador de 170 kW - distância de recalque de 1.700 a 1.900 m","m³",5.07,1917486]
[1917487,"Dragagem de areia fina com draga de sucção e recalque - bomba de 1.350 kW e cortador de 170 kW - distância de recalque de 1.900 a 2.100 m","m³",5.35,1917487]
[1917528,"Dragagem de areia fina com draga de sucção e recalque - bomba de 1.350 kW e cortador de 170 kW - distância de recalque de 10.100 a 10.300 m","m³",28.4,1917528]
[1917529,"Dragagem de areia fina com draga de sucção e recalque - bomba de 1.350 kW e cortador de 170 kW - distância de recalque de 10.300 a 10.500 m","m³",29.33,1917529]
[1917530,"Dragagem de areia fina com draga de sucção e recalque - bomba de 1.350 kW e cortador de 170 kW - distância de recalque de 10.500 a 10.700 m","m³",30.85,1917530]
[1917531,"Dragagem de areia fina com draga de sucção e recalque - bomba de 1.350 kW e cortador de 170 kW - distância de recalque de 10.700 a 10.900 m","m³",32.42,1917531]
[1917532,"Dragagem de areia fina com draga de sucção e recalque - bomba de 1.350 kW e cortador de 170 kW - distância de recalque de 10.900 a 11.100 m","m³",34.19,1917532]
[1917533,"Dragagem de areia fina com draga de sucção e recalque - bomba de 1.350 kW e cortador de 170 kW - distância de recalque de 11.100 a 11.300 m","m³",35.16,1917533]
[1917534,"Dragagem de areia fina com draga de sucção e recalque - bomba de 1.350 kW e cortador de 170 kW - distância de recalque de 11.300 a 11.500 m","m³",36.16,1917534]
[1917535,"Dragagem de areia fina com draga de sucção e recalque - bomba de 1.350 kW e cortador de 170 kW - distância de recalque de 11.500 a 11.700 m","m³",37.52,1917535]
[1917536,"Dragagem de areia fina com draga de sucção e recalque - bomba de 1.350 kW e cortador de 170 kW - distância de recalque de 11.700 a 11.900 m","m³",38.65,1917536]
[1917537,"Dragagem de areia fina com draga de sucção e recalque - bomba de 1.350 kW e cortador de 170 kW - distância de recalque de 11.900 a 12.100 m","m³",39.83,1917537]
[1917488,"Dragagem de areia fina com draga de sucção e recalque - bomba de 1.350 kW e cortador de 170 kW - distância de recalque de 2.100 a 2.300 m","m³",5.57,1917488]
[1917489,"Dragagem de areia fina com draga de sucção e recalque - bomba de 1.350 kW e cortador de 170 kW - distância de recalque de 2.300 a 2.500 m","m³",5.84,1917489]
[1917490,"Dragagem de areia fina com draga de sucção e recalque - bomba de 1.350 kW e cortador de 170 kW - distância de recalque de 2.500 a 2.700 m","m³",6.3,1917490]
[1917491,"Dragagem de areia fina com draga de sucção e recalque - bomba de 1.350 kW e cortador de 170 kW - distância de recalque de 2.700 a 2.900 m","m³",6.6,1917491]
[1917492,"Dragagem de areia fina com draga de sucção e recalque - bomba de 1.350 kW e cortador de 170 kW - distância de recalque de 2.900 a 3.100 m","m³",6.84,1917492]
[1917493,"Dragagem de areia fina com draga de sucção e recalque - bomba de 1.350 kW e cortador de 170 kW - distância de recalque de 3.100 a 3.300 m","m³",7.15,1917493]
[1917494,"Dragagem de areia fina com draga de sucção e recalque - bomba de 1.350 kW e cortador de 170 kW - distância de recalque de 3.300 a 3.500 m","m³",7.47,1917494]
[1917495,"Dragagem de areia fina com draga de sucção e recalque - bomba de 1.350 kW e cortador de 170 kW - distância de recalque de 3.500 a 3.700 m","m³",7.98,1917495]
[1917496,"Dragagem de areia fina com draga de sucção e recalque - bomba de 1.350 kW e cortador de 170 kW - distância de recalque de 3.700 a 3.900 m","m³",8.29,1917496]
[1917497,"Dragagem de areia fina com draga de sucção e recalque - bomba de 1.350 kW e cortador de 170 kW - distância de recalque de 3.900 a 4.100 m","m³",8.6,1917497]
[1917498,"Dragagem de areia fina com draga de sucção e recalque - bomba de 1.350 kW e cortador de 170 kW - distância de recalque de 4.100 a 4.300 m","m³",8.91,1917498]
[1917499,"Dragagem de areia fina com draga de sucção e recalque - bomba de 1.350 kW e cortador de 170 kW - distância de recalque de 4.300 a 4.500 m","m³",9.16,1917499]
[1917500,"Dragagem de areia fina com draga de sucção e recalque - bomba de 1.350 kW e cortador de 170 kW - distância de recalque de 4.500 a 4.700 m","m³",9.73,1917500]
[1917501,"Dragagem de areia fina com draga de sucção e recalque - bomba de 1.350 kW e cortador de 170 kW - distância de recalque de 4.700 a 4.900 m","m³",10.05,1917501]
[1917502,"Dragagem de areia fina com draga de sucção e recalque - bomba de 1.350 kW e cortador de 170 kW - distância de recalque de 4.900 a 5.100 m","m³",10.37,1917502]
[1917503,"Dragagem de areia fina com draga de sucção e recalque - bomba de 1.350 kW e cortador de 170 kW - distância de recalque de 5.100 a 5.300 m","m³",10.7,1917503]
[1917504,"Dragagem de areia fina com draga de sucção e recalque - bomba de 1.350 kW e cortador de 170 kW - distância de recalque de 5.300 a 5.500 m","m³",11.04,1917504]
[1917505,"Dragagem de areia fina com draga de sucção e recalque - bomba de 1.350 kW e cortador de 170 kW - distância de recalque de 5.500 a 5.700 m","m³",11.63,1917505]
[1917506,"Dragagem de areia fina com draga de sucção e recalque - bomba de 1.350 kW e cortador de 170 kW - distância de recalque de 5.700 a 5.900 m","m³",11.96,1917506]
[1917507,"Dragagem de areia fina com draga de sucção e recalque - bomba de 1.350 kW e cortador de 170 kW - distância de recalque de 5.900 a 6.100 m","m³",12.3,1917507]
[1917480,"Dragagem de areia fina com draga de sucção e recalque - bomba de 1.350 kW e cortador de 170 kW - distância de recalque de 500 a 700 m","m³",3.58,1917480]
[1917508,"Dragagem de areia fina com draga de sucção e recalque - bomba de 1.350 kW e cortador de 170 kW - distância de recalque de 6.100 a 6.300 m","m³",12.64,1917508]
[1917509,"Dragagem de areia fina com draga de sucção e recalque - bomba de 1.350 kW e cortador de 170 kW - distância de recalque de 6.300 a 6.500 m","m³",13.07,1917509]
[1917510,"Dragagem de areia fina com draga de sucção e recalque - bomba de 1.350 kW e cortador de 170 kW - distância de recalque de 6.500 a 6.700 m","m³",13.69,1917510]
[1917511,"Dragagem de areia fina com draga de sucção e recalque - bomba de 1.350 kW e cortador de 170 kW - distância de recalque de 6.700 a 6.900 m","m³",14.07,1917511]
[1917512,"Dragagem de areia fina com draga de sucção e recalque - bomba de 1.350 kW e cortador de 170 kW - distância de recalque de 6.900 a 7.100 m","m³",14.53,1917512]
[1917513,"Dragagem de areia fina com draga de sucção e recalque - bomba de 1.350 kW e cortador de 170 kW - distância de recalque de 7.100 a 7.300 m","m³",14.94,1917513]
[1917514,"Dragagem de areia fina com draga de sucção e recalque - bomba de 1.350 kW e cortador de 170 kW - distância de recalque de 7.300 a 7.500 m","m³",15.44,1917514]
[1917515,"Dragagem de areia fina com draga de sucção e recalque - bomba de 1.350 kW e cortador de 170 kW - distância de recalque de 7.500 a 7.700 m","m³",16.21,1917515]
[1917516,"Dragagem de areia fina com draga de sucção e recalque - bomba de 1.350 kW e cortador de 170 kW - distância de recalque de 7.700 a 7.900 m","m³",16.75,1917516]
[1917517,"Dragagem de areia fina com draga de sucção e recalque - bomba de 1.350 kW e cortador de 170 kW - distância de recalque de 7.900 a 8.100 m","m³",17.48,1917517]
[1917481,"Dragagem de areia fina com draga de sucção e recalque - bomba de 1.350 kW e cortador de 170 kW - distância de recalque de 700 a 900 m","m³",3.75,1917481]
[1917518,"Dragagem de areia fina com draga de sucção e recalque - bomba de 1.350 kW e cortador de 170 kW - distância de recalque de 8.100 a 8.300 m","m³",18.19,1917518]
[1917519,"Dragagem de areia fina com draga de sucção e recalque - bomba de 1.350 kW e cortador de 170 kW - distância de recalque de 8.300 a 8.500 m","m³",19.09,{"$f":"A1860*1","v":1917519}]
[1917520,"Dragagem de areia fina com draga de sucção e recalque - bomba de 1.350 kW e cortador de 170 kW - distância de recalque de 8.500 a 8.700 m","m³",20.14,1917520]
[1917521,"Dragagem de areia fina com draga de sucção e recalque - bomba de 1.350 kW e cortador de 170 kW - distância de recalque de 8.700 a 8.900 m","m³",20.99,1917521]
[1917522,"Dragagem de areia fina com draga de sucção e recalque - bomba de 1.350 kW e cortador de 170 kW - distância de recalque de 8.900 a 9.100 m","m³",21.94,1917522]
[1917523,"Dragagem de areia fina com draga de sucção e recalque - bomba de 1.350 kW e cortador de 170 kW - distância de recalque de 9.100 a 9.300 m","m³",22.9,1917523]
[1917524,"Dragagem de areia fina com draga de sucção e recalque - bomba de 1.350 kW e cortador de 170 kW - distância de recalque de 9.300 a 9.500 m","m³",23.93,1917524]
[1917525,"Dragagem de areia fina com draga de sucção e recalque - bomba de 1.350 kW e cortador de 170 kW - distância de recalque de 9.500 a 9.700 m","m³",25.22,1917525]
[1917526,"Dragagem de areia fina com draga de sucção e recalque - bomba de 1.350 kW e cortador de 170 kW - distância de recalque de 9.700 a 9.900 m","m³",26.17,1917526]
[1917527,"Dragagem de areia fina com draga de sucção e recalque - bomba de 1.350 kW e cortador de 170 kW - distância de recalque de 9.900 a 10.100 m","m³",27.13,1917527]
[1917482,"Dragagem de areia fina com draga de sucção e recalque - bomba de 1.350 kW e cortador de 170 kW - distância de recalque de 900 a 1.100 m","m³",3.92,1917482]
[1917737,"Dragagem de areia fina com draga de sucção e recalque - bomba de 1.350 kW e cortador de 170 kW - distância de recalque de até 500 m","m³",3.55,1917737]
[1917220,"Dragagem de areia fina com draga de sucção e recalque - bomba de 294 kW e cortador de 30 kW - distância de recalque de 1.100 a 1.300 m","m³",6.02,1917220]
[1917221,"Dragagem de areia fina com draga de sucção e recalque - bomba de 294 kW e cortador de 30 kW - distância de recalque de 1.300 a 1.500 m","m³",6.45,1917221]
[1917222,"Dragagem de areia fina com draga de sucção e recalque - bomba de 294 kW e cortador de 30 kW - distância de recalque de 1.500 a 1.700 m","m³",7,1917222]
[1917223,"Dragagem de areia fina com draga de sucção e recalque - bomba de 294 kW e cortador de 30 kW - distância de recalque de 1.700 a 1.900 m","m³",7.33,1917223]
[1917224,"Dragagem de areia fina com draga de sucção e recalque - bomba de 294 kW e cortador de 30 kW - distância de recalque de 1.900 a 2.100 m","m³",7.69,1917224]
[1917225,"Dragagem de areia fina com draga de sucção e recalque - bomba de 294 kW e cortador de 30 kW - distância de recalque de 2.100 a 2.300 m","m³",8.1,1917225]
[1917226,"Dragagem de areia fina com draga de sucção e recalque - bomba de 294 kW e cortador de 30 kW - distância de recalque de 2.300 a 2.500 m","m³",8.49,1917226]
[1917227,"Dragagem de areia fina com draga de sucção e recalque - bomba de 294 kW e cortador de 30 kW - distância de recalque de 2.500 a 2.700 m","m³",9.06,1917227]
[1917228,"Dragagem de areia fina com draga de sucção e recalque - bomba de 294 kW e cortador de 30 kW - distância de recalque de 2.700 a 2.900 m","m³",9.54,1917228]
[1917229,"Dragagem de areia fina com draga de sucção e recalque - bomba de 294 kW e cortador de 30 kW - distância de recalque de 2.900 a 3.100 m","m³",9.94,1917229]
[1917230,"Dragagem de areia fina com draga de sucção e recalque - bomba de 294 kW e cortador de 30 kW - distância de recalque de 3.100 a 3.300 m","m³",10.4,1917230]
[1917231,"Dragagem de areia fina com draga de sucção e recalque - bomba de 294 kW e cortador de 30 kW - distância de recalque de 3.300 a 3.500 m","m³",10.88,1917231]
[1917232,"Dragagem de areia fina com draga de sucção e recalque - bomba de 294 kW e cortador de 30 kW - distância de recalque de 3.500 a 3.700 m","m³",11.56,1917232]
[1917233,"Dragagem de areia fina com draga de sucção e recalque - bomba de 294 kW e cortador de 30 kW - distância de recalque de 3.700 a 3.900 m","m³",12.06,1917233]
[1917234,"Dragagem de areia fina com draga de sucção e recalque - bomba de 294 kW e cortador de 30 kW - distância de recalque de 3.900 a 4.100 m","m³",12.66,1917234]
[1917217,"Dragagem de areia fina com draga de sucção e recalque - bomba de 294 kW e cortador de 30 kW - distância de recalque de 500 a 700 m","m³",4.89,1917217]
[1917218,"Dragagem de areia fina com draga de sucção e recalque - bomba de 294 kW e cortador de 30 kW - distância de recalque de 700 a 900 m","m³",5.11,1917218]
[1917219,"Dragagem de areia fina com draga de sucção e recalque - bomba de 294 kW e cortador de 30 kW - distância de recalque de 900 a 1.100 m","m³",5.51,1917219]
[1917724,"Dragagem de areia fina com draga de sucção e recalque - bomba de 294 kW e cortador de 30 kW - distância de recalque de até 500 m","m³",4.78,1917724]
[1917274,"Dragagem de areia fina com draga de sucção e recalque - bomba de 483 kW e cortador de 55 kW - distância de recalque de 1.100 a 1.300 m","m³",4.46,1917274]
[1917275,"Dragagem de areia fina com draga de sucção e recalque - bomba de 483 kW e cortador de 55 kW - distância de recalque de 1.300 a 1.500 m","m³",4.75,1917275]
[1917276,"Dragagem de areia fina com draga de sucção e recalque - bomba de 483 kW e cortador de 55 kW - distância de recalque de 1.500 a 1.700 m","m³",5.25,1917276]
[1917277,"Dragagem de areia fina com draga de sucção e recalque - bomba de 483 kW e cortador de 55 kW - distância de recalque de 1.700 a 1.900 m","m³",5.64,1917277]
[1917278,"Dragagem de areia fina com draga de sucção e recalque - bomba de 483 kW e cortador de 55 kW - distância de recalque de 1.900 a 2.100 m","m³",5.83,1917278]
[1917279,"Dragagem de areia fina com draga de sucção e recalque - bomba de 483 kW e cortador de 55 kW - distância de recalque de 2.100 a 2.300 m","m³",6.22,1917279]
[1917280,"Dragagem de areia fina com draga de sucção e recalque - bomba de 483 kW e cortador de 55 kW - distância de recalque de 2.300 a 2.500 m","m³",6.59,1917280]
[1917281,"Dragagem de areia fina com draga de sucção e recalque - bomba de 483 kW e cortador de 55 kW - distância de recalque de 2.500 a 2.700 m","m³",7.12,1917281]
[1917282,"Dragagem de areia fina com draga de sucção e recalque - bomba de 483 kW e cortador de 55 kW - distância de recalque de 2.700 a 2.900 m","m³",7.48,1917282]
[1917283,"Dragagem de areia fina com draga de sucção e recalque - bomba de 483 kW e cortador de 55 kW - distância de recalque de 2.900 a 3.100 m","m³",7.86,1917283]
[1917284,"Dragagem de areia fina com draga de sucção e recalque - bomba de 483 kW e cortador de 55 kW - distância de recalque de 3.100 a 3.300 m","m³",8.2,1917284]
[1917285,"Dragagem de areia fina com draga de sucção e recalque - bomba de 483 kW e cortador de 55 kW - distância de recalque de 3.300 a 3.500 m","m³",8.59,1917285]
[1917286,"Dragagem de areia fina com draga de sucção e recalque - bomba de 483 kW e cortador de 55 kW - distância de recalque de 3.500 a 3.700 m","m³",9.25,1917286]
[1917287,"Dragagem de areia fina com draga de sucção e recalque - bomba de 483 kW e cortador de 55 kW - distância de recalque de 3.700 a 3.900 m","m³",9.67,1917287]
[1917288,"Dragagem de areia fina com draga de sucção e recalque - bomba de 483 kW e cortador de 55 kW - distância de recalque de 3.900 a 4.100 m","m³",10.1,1917288]
[1917289,"Dragagem de areia fina com draga de sucção e recalque - bomba de 483 kW e cortador de 55 kW - distância de recalque de 4.100 a 4.300 m","m³",10.59,1917289]
[1917290,"Dragagem de areia fina com draga de sucção e recalque - bomba de 483 kW e cortador de 55 kW - distância de recalque de 4.300 a 4.500 m","m³",11.1,1917290]
[1917291,"Dragagem de areia fina com draga de sucção e recalque - bomba de 483 kW e cortador de 55 kW - distância de recalque de 4.500 a 4.700 m","m³",11.83,1917291]
[1917292,"Dragagem de areia fina com draga de sucção e recalque - bomba de 483 kW e cortador de 55 kW - distância de recalque de 4.700 a 4.900 m","m³",12.38,1917292]
[1917293,"Dragagem de areia fina com draga de sucção e recalque - bomba de 483 kW e cortador de 55 kW - distância de recalque de 4.900 a 5.100 m","m³",12.96,1917293]
[1917294,"Dragagem de areia fina com draga de sucção e recalque - bomba de 483 kW e cortador de 55 kW - distância de recalque de 5.100 a 5.300 m","m³",13.72,1917294]
[1917295,"Dragagem de areia fina com draga de sucção e recalque - bomba de 483 kW e cortador de 55 kW - distância de recalque de 5.300 a 5.500 m","m³",14.47,1917295]
[1917296,"Dragagem de areia fina com draga de sucção e recalque - bomba de 483 kW e cortador de 55 kW - distância de recalque de 5.500 a 5.700 m","m³",15.53,1917296]
[1917297,"Dragagem de areia fina com draga de sucção e recalque - bomba de 483 kW e cortador de 55 kW - distância de recalque de 5.700 a 5.900 m","m³",16.51,1917297]
[1917298,"Dragagem de areia fina com draga de sucção e recalque - bomba de 483 kW e cortador de 55 kW - distância de recalque de 5.900 a 6.100 m","m³",17.56,1917298]
[1917271,"Dragagem de areia fina com draga de sucção e recalque - bomba de 483 kW e cortador de 55 kW - distância de recalque de 500 a 700 m","m³",3.7,1917271]
[1917299,"Dragagem de areia fina com draga de sucção e recalque - bomba de 483 kW e cortador de 55 kW - distância de recalque de 6.100 a 6.300 m","m³",18.82,1917299]
[1917300,"Dragagem de areia fina com draga de sucção e recalque - bomba de 483 kW e cortador de 55 kW - distância de recalque de 6.300 a 6.500 m","m³",20.18,1917300]
[1917301,"Dragagem de areia fina com draga de sucção e recalque - bomba de 483 kW e cortador de 55 kW - distância de recalque de 6.500 a 6.700 m","m³",22,1917301]
[1917302,"Dragagem de areia fina com draga de sucção e recalque - bomba de 483 kW e cortador de 55 kW - distância de recalque de 6.700 a 6.900 m","m³",23.73,1917302]
[1917303,"Dragagem de areia fina com draga de sucção e recalque - bomba de 483 kW e cortador de 55 kW - distância de recalque de 6.900 a 7.100 m","m³",25.35,1917303]
[1917304,"Dragagem de areia fina com draga de sucção e recalque - bomba de 483 kW e cortador de 55 kW - distância de recalque de 7.100 a 7.300 m","m³",26.96,1917304]
[1917305,"Dragagem de areia fina com draga de sucção e recalque - bomba de 483 kW e cortador de 55 kW - distância de recalque de 7.300 a 7.500 m","m³",28.73,1917305]
[1917306,"Dragagem de areia fina com draga de sucção e recalque - bomba de 483 kW e cortador de 55 kW - distância de recalque de 7.500 a 7.700 m","m³",30.89,1917306]
[1917307,"Dragagem de areia fina com draga de sucção e recalque - bomba de 483 kW e cortador de 55 kW - distância de recalque de 7.700 a 7.900 m","m³",32.52,{"$f":"A1924*1","v":1917307}]
[1917272,"Dragagem de areia fina com draga de sucção e recalque - bomba de 483 kW e cortador de 55 kW - distância de recalque de 700 a 900 m","m³",3.91,1917272]
[1917273,"Dragagem de areia fina com draga de sucção e recalque - bomba de 483 kW e cortador de 55 kW - distância de recalque de 900 a 1.100 m","m³",4.13,1917273]
[1917729,"Dragagem de areia fina com draga de sucção e recalque - bomba de 483 kW e cortador de 55 kW - distância de recalque de até 500 m","m³",3.65,1917729]
[1917367,"Dragagem de areia fina com draga de sucção e recalque - bomba de 746 kW e cortador de 110 kW - distância de recalque de 1.100 a 1.300 m","m³",4.21,1917367]
[1917368,"Dragagem de areia fina com draga de sucção e recalque - bomba de 746 kW e cortador de 110 kW - distância de recalque de 1.300 a 1.500 m","m³",4.52,1917368]
[1917369,"Dragagem de areia fina com draga de sucção e recalque - bomba de 746 kW e cortador de 110 kW - distância de recalque de 1.500 a 1.700 m","m³",4.98,1917369]
[1917370,"Dragagem de areia fina com draga de sucção e recalque - bomba de 746 kW e cortador de 110 kW - distância de recalque de 1.700 a 1.900 m","m³",5.27,1917370]
[1917371,"Dragagem de areia fina com draga de sucção e recalque - bomba de 746 kW e cortador de 110 kW - distância de recalque de 1.900 a 2.100 m","m³",5.53,1917371]
[1917372,"Dragagem de areia fina com draga de sucção e recalque - bomba de 746 kW e cortador de 110 kW - distância de recalque de 2.100 a 2.300 m","m³",5.81,1917372]
[1917373,"Dragagem de areia fina com draga de sucção e recalque - bomba de 746 kW e cortador de 110 kW - distância de recalque de 2.300 a 2.500 m","m³",6.02,1917373]
[1917374,"Dragagem de areia fina com draga de sucção e recalque - bomba de 746 kW e cortador de 110 kW - distância de recalque de 2.500 a 2.700 m","m³",6.55,1917374]
[1917375,"Dragagem de areia fina com draga de sucção e recalque - bomba de 746 kW e cortador de 110 kW - distância de recalque de 2.700 a 2.900 m","m³",6.8,1917375]
[1917376,"Dragagem de areia fina com draga de sucção e recalque - bomba de 746 kW e cortador de 110 kW - distância de recalque de 2.900 a 3.100 m","m³",7.06,1917376]
[1917377,"Dragagem de areia fina com draga de sucção e recalque - bomba de 746 kW e cortador de 110 kW - distância de recalque de 3.100 a 3.300 m","m³",7.32,1917377]
[1917378,"Dragagem de areia fina com draga de sucção e recalque - bomba de 746 kW e cortador de 110 kW - distância de recalque de 3.300 a 3.500 m","m³",7.58,1917378]
[1917379,"Dragagem de areia fina com draga de sucção e recalque - bomba de 746 kW e cortador de 110 kW - distância de recalque de 3.500 a 3.700 m","m³",8.13,1917379]
[1917380,"Dragagem de areia fina com draga de sucção e recalque - bomba de 746 kW e cortador de 110 kW - distância de recalque de 3.700 a 3.900 m","m³",8.44,1917380]
[1917381,"Dragagem de areia fina com draga de sucção e recalque - bomba de 746 kW e cortador de 110 kW - distância de recalque de 3.900 a 4.100 m","m³",8.77,1917381]
[1917382,"Dragagem de areia fina com draga de sucção e recalque - bomba de 746 kW e cortador de 110 kW - distância de recalque de 4.100 a 4.300 m","m³",9.17,1917382]
[1917383,"Dragagem de areia fina com draga de sucção e recalque - bomba de 746 kW e cortador de 110 kW - distância de recalque de 4.300 a 4.500 m","m³",9.51,1917383]
[1917384,"Dragagem de areia fina com draga de sucção e recalque - bomba de 746 kW e cortador de 110 kW - distância de recalque de 4.500 a 4.700 m","m³",10.11,1917384]
[1917385,"Dragagem de areia fina com draga de sucção e recalque - bomba de 746 kW e cortador de 110 kW - distância de recalque de 4.700 a 4.900 m","m³",10.55,1917385]
[1917386,"Dragagem de areia fina com draga de sucção e recalque - bomba de 746 kW e cortador de 110 kW - distância de recalque de 4.900 a 5.100 m","m³",11,1917386]
[1917387,"Dragagem de areia fina com draga de sucção e recalque - bomba de 746 kW e cortador de 110 kW - distância de recalque de 5.100 a 5.300 m","m³",11.47,1917387]
[1917388,"Dragagem de areia fina com draga de sucção e recalque - bomba de 746 kW e cortador de 110 kW - distância de recalque de 5.300 a 5.500 m","m³",11.96,1917388]
[1917389,"Dragagem de areia fina com draga de sucção e recalque - bomba de 746 kW e cortador de 110 kW - distância de recalque de 5.500 a 5.700 m","m³",12.72,1917389]
[1917390,"Dragagem de areia fina com draga de sucção e recalque - bomba de 746 kW e cortador de 110 kW - distância de recalque de 5.700 a 5.900 m","m³",13.39,1917390]
[1917391,"Dragagem de areia fina com draga de sucção e recalque - bomba de 746 kW e cortador de 110 kW - distância de recalque de 5.900 a 6.100 m","m³",14.11,1917391]
[1917364,"Dragagem de areia fina com draga de sucção e recalque - bomba de 746 kW e cortador de 110 kW - distância de recalque de 500 a 700 m","m³",3.33,1917364]
[1917392,"Dragagem de areia fina com draga de sucção e recalque - bomba de 746 kW e cortador de 110 kW - distância de recalque de 6.100 a 6.300 m","m³",14.99,1917392]
[1917393,"Dragagem de areia fina com draga de sucção e recalque - bomba de 746 kW e cortador de 110 kW - distância de recalque de 6.300 a 6.500 m","m³",15.93,1917393]
[1917394,"Dragagem de areia fina com draga de sucção e recalque - bomba de 746 kW e cortador de 110 kW - distância de recalque de 6.500 a 6.700 m","m³",17.26,1917394]
[1917395,"Dragagem de areia fina com draga de sucção e recalque - bomba de 746 kW e cortador de 110 kW - distância de recalque de 6.700 a 6.900 m","m³",18.18,1917395]
[1917396,"Dragagem de areia fina com draga de sucção e recalque - bomba de 746 kW e cortador de 110 kW - distância de recalque de 6.900 a 7.100 m","m³",19.24,1917396]
[1917397,"Dragagem de areia fina com draga de sucção e recalque - bomba de 746 kW e cortador de 110 kW - distância de recalque de 7.100 a 7.300 m","m³",20.46,1917397]
[1917398,"Dragagem de areia fina com draga de sucção e recalque - bomba de 746 kW e cortador de 110 kW - distância de recalque de 7.300 a 7.500 m","m³",21.53,1917398]
[1917399,"Dragagem de areia fina com draga de sucção e recalque - bomba de 746 kW e cortador de 110 kW - distância de recalque de 7.500 a 7.700 m","m³",23.06,1917399]
[1917400,"Dragagem de areia fina com draga de sucção e recalque - bomba de 746 kW e cortador de 110 kW - distância de recalque de 7.700 a 7.900 m","m³",24.44,1917400]
[1917401,"Dragagem de areia fina com draga de sucção e recalque - bomba de 746 kW e cortador de 110 kW - distância de recalque de 7.900 a 8.100 m","m³",25.69,1917401]
[1917365,"Dragagem de areia fina com draga de sucção e recalque - bomba de 746 kW e cortador de 110 kW - distância de recalque de 700 a 900 m","m³",3.67,1917365]
[1917402,"Dragagem de areia fina com draga de sucção e recalque - bomba de 746 kW e cortador de 110 kW - distância de recalque de 8.100 a 8.300 m","m³",27.16,1917402]
[1917403,"Dragagem de areia fina com draga de sucção e recalque - bomba de 746 kW e cortador de 110 kW - distância de recalque de 8.300 a 8.500 m","m³",28.81,1917403]
[1917404,"Dragagem de areia fina com draga de sucção e recalque - bomba de 746 kW e cortador de 110 kW - distância de recalque de 8.500 a 8.700 m","m³",30.52,1917404]
[1917405,"Dragagem de areia fina com draga de sucção e recalque - bomba de 746 kW e cortador de 110 kW - distância de recalque de 8.700 a 8.900 m","m³",32.14,1917405]
[1917406,"Dragagem de areia fina com draga de sucção e recalque - bomba de 746 kW e cortador de 110 kW - distância de recalque de 8.900 a 9.100 m","m³",33.93,1917406]
[1917407,"Dragagem de areia fina com draga de sucção e recalque - bomba de 746 kW e cortador de 110 kW - distância de recalque de 9.100 a 9.300 m","m³",35.99,1917407]
[1917408,"Dragagem de areia fina com draga de sucção e recalque - bomba de 746 kW e cortador de 110 kW - distância de recalque de 9.300 a 9.500 m","m³",38.27,1917408]
[1917409,"Dragagem de areia fina com draga de sucção e recalque - bomba de 746 kW e cortador de 110 kW - distância de recalque de 9.500 a 9.700 m","m³",40.12,1917409]
[1917410,"Dragagem de areia fina com draga de sucção e recalque - bomba de 746 kW e cortador de 110 kW - distância de recalque de 9.700 a 9.900 m","m³",41.79,1917410]
[1917411,"Dragagem de areia fina com draga de sucção e recalque - bomba de 746 kW e cortador de 110 kW - distância de recalque de 9.900 a 10.100 m","m³",43.68,1917411]
[1917366,"Dragagem de areia fina com draga de sucção e recalque - bomba de 746 kW e cortador de 110 kW - distância de recalque de 900 a 1.100 m","m³",3.9,1917366]
[1917732,"Dragagem de areia fina com draga de sucção e recalque - bomba de 746 kW e cortador de 110 kW - distância de recalque de até 500 m","m³",3.12,1917732]
[1917043,"Dragagem de areia fina com draga hopper - capacidade da cisterna de 1.000 m³ - DMT de 1.500 a 1.800 m","m³",12.01,1917043]
[1917044,"Dragagem de areia fina com draga hopper - capacidade da cisterna de 1.000 m³ - DMT de 1.800 a 2.100 m","m³",12.22,1917044]
[1917045,"Dragagem de areia fina com draga hopper - capacidade da cisterna de 1.000 m³ - DMT de 2.100 a 2.400 m","m³",12.43,1917045]
[1917046,"Dragagem de areia fina com draga hopper - capacidade da cisterna de 1.000 m³ - DMT de 2.400 a 2.700 m","m³",12.66,1917046]
[1917047,"Dragagem de areia fina com draga hopper - capacidade da cisterna de 1.000 m³ - DMT de 2.700 a 3.000 m","m³",12.9,1917047]
[1917048,"Dragagem de areia fina com draga hopper - capacidade da cisterna de 1.000 m³ - DMT de 3.000 m","m³",13.02,1917048]
[1901518,"Dragagem de areia fina com draga hopper - capacidade da cisterna de 10.000 m³ - DMT de 1.500 a 1.800 m","m³",8.03,1901518]
[1901519,"Dragagem de areia fina com draga hopper - capacidade da cisterna de 10.000 m³ - DMT de 1.800 a 2.100 m","m³",8.09,1901519]
[1901520,"Dragagem de areia fina com draga hopper - capacidade da cisterna de 10.000 m³ - DMT de 2.100 a 2.400 m","m³",8.16,1901520]
[1901521,"Dragagem de areia fina com draga hopper - capacidade da cisterna de 10.000 m³ - DMT de 2.400 a 2.700 m","m³",8.22,1901521]
[1901522,"Dragagem de areia fina com draga hopper - capacidade da cisterna de 10.000 m³ - DMT de 2.700 a 3.000 m","m³",8.29,1901522]
[1901517,"Dragagem de areia fina com draga hopper - capacidade da cisterna de 10.000 m³ - DMT de 3.000 m","m³",8.33,{"$f":"A1988*1","v":1901517}]
[1901523,"Dragagem de areia fina com draga hopper - capacidade da cisterna de 15.000 m³ - DMT de 1.500 a 1.800 m","m³",10.67,1901523]
[1901524,"Dragagem de areia fina com draga hopper - capacidade da cisterna de 15.000 m³ - DMT de 1.800 a 2.100 m","m³",10.73,1901524]
[1901525,"Dragagem de areia fina com draga hopper - capacidade da cisterna de 15.000 m³ - DMT de 2.100 a 2.400 m","m³",10.79,1901525]
[1901526,"Dragagem de areia fina com draga hopper - capacidade da cisterna de 15.000 m³ - DMT de 2.400 a 2.700 m","m³",10.85,1901526]
[1901527,"Dragagem de areia fina com draga hopper - capacidade da cisterna de 15.000 m³ - DMT de 2.700 a 3.000 m","m³",10.92,1901527]
[1901528,"Dragagem de areia fina com draga hopper - capacidade da cisterna de 15.000 m³ - DMT de 3.000 m","m³",10.95,1901528]
[1917079,"Dragagem de areia fina com draga hopper - capacidade da cisterna de 2.000 m³ - DMT de 1.500 a 1.800 m","m³",8.44,1917079]
[1917080,"Dragagem de areia fina com draga hopper - capacidade da cisterna de 2.000 m³ - DMT de 1.800 a 2.100 m","m³",8.57,1917080]
[1917081,"Dragagem de areia fina com draga hopper - capacidade da cisterna de 2.000 m³ - DMT de 2.100 a 2.400 m","m³",8.71,1917081]
[1917082,"Dragagem de areia fina com draga hopper - capacidade da cisterna de 2.000 m³ - DMT de 2.400 a 2.700 m","m³",8.84,1917082]
[1917083,"Dragagem de areia fina com draga hopper - capacidade da cisterna de 2.000 m³ - DMT de 2.700 a 3.000 m","m³",8.99,1917083]
[1917084,"Dragagem de areia fina com draga hopper - capacidade da cisterna de 2.000 m³ - DMT de 3.000 m","m³",9.07,1917084]
[1901529,"Dragagem de areia fina com draga hopper - capacidade da cisterna de 20.000 m³ - DMT de 1.500 a 1.800 m","m³",13.37,1901529]
[1901530,"Dragagem de areia fina com draga hopper - capacidade da cisterna de 20.000 m³ - DMT de 1.800 a 2.100 m","m³",13.42,1901530]
[1901531,"Dragagem de areia fina com draga hopper - capacidade da cisterna de 20.000 m³ - DMT de 2.100 a 2.400 m","m³",13.48,1901531]
[1901532,"Dragagem de areia fina com draga hopper - capacidade da cisterna de 20.000 m³ - DMT de 2.400 a 2.700 m","m³",13.54,1901532]
[1901533,"Dragagem de areia fina com draga hopper - capacidade da cisterna de 20.000 m³ - DMT de 2.700 a 3.000 m","m³",13.61,1901533]
[1901534,"Dragagem de areia fina com draga hopper - capacidade da cisterna de 20.000 m³ - DMT de 3.000 m","m³",13.64,1901534]
[1917115,"Dragagem de areia fina com draga hopper - capacidade da cisterna de 3.000 m³ - DMT de 1.500 a 1.800 m","m³",8.09,1917115]
[1917116,"Dragagem de areia fina com draga hopper - capacidade da cisterna de 3.000 m³ - DMT de 1.800 a 2.100 m","m³",8.19,1917116]
[1917117,"Dragagem de areia fina com draga hopper - capacidade da cisterna de 3.000 m³ - DMT de 2.100 a 2.400 m","m³",8.3,1917117]
[1917118,"Dragagem de areia fina com draga hopper - capacidade da cisterna de 3.000 m³ - DMT de 2.400 a 2.700 m","m³",8.41,1917118]
[1917119,"Dragagem de areia fina com draga hopper - capacidade da cisterna de 3.000 m³ - DMT de 2.700 a 3.000 m","m³",8.53,1917119]
[1917120,"Dragagem de areia fina com draga hopper - capacidade da cisterna de 3.000 m³ - DMT de 3.000 m","m³",8.6,1917120]
[1917151,"Dragagem de areia fina com draga hopper - capacidade da cisterna de 4.000 m³ - DMT de 1.500 a 1.800 m","m³",7.7,1917151]
[1917152,"Dragagem de areia fina com draga hopper - capacidade da cisterna de 4.000 m³ - DMT de 1.800 a 2.100 m","m³",7.79,1917152]
[1917153,"Dragagem de areia fina com draga hopper - capacidade da cisterna de 4.000 m³ - DMT de 2.100 a 2.400 m","m³",7.88,1917153]
[1917154,"Dragagem de areia fina com draga hopper - capacidade da cisterna de 4.000 m³ - DMT de 2.400 a 2.700 m","m³",7.98,1917154]
[1917155,"Dragagem de areia fina com draga hopper - capacidade da cisterna de 4.000 m³ - DMT de 2.700 a 3.000 m","m³",8.09,1917155]
[1917156,"Dragagem de areia fina com draga hopper - capacidade da cisterna de 4.000 m³ - DMT de 3.000 m","m³",8.15,1917156]
[1917187,"Dragagem de areia fina com draga hopper - capacidade da cisterna de 5.000 m³ - DMT de 1.500 a 1.800 m","m³",8.56,1917187]
[1917188,"Dragagem de areia fina com draga hopper - capacidade da cisterna de 5.000 m³ - DMT de 1.800 a 2.100 m","m³",8.64,1917188]
[1917189,"Dragagem de areia fina com draga hopper - capacidade da cisterna de 5.000 m³ - DMT de 2.100 a 2.400 m","m³",8.72,1917189]
[1917190,"Dragagem de areia fina com draga hopper - capacidade da cisterna de 5.000 m³ - DMT de 2.400 a 2.700 m","m³",8.81,1917190]
[1917191,"Dragagem de areia fina com draga hopper - capacidade da cisterna de 5.000 m³ - DMT de 2.700 a 3.000 m","m³",8.9,1917191]
[1917192,"Dragagem de areia fina com draga hopper - capacidade da cisterna de 5.000 m³ - DMT de 3.000 m","m³",8.95,1917192]
[1917007,"Dragagem de areia fina com draga hopper - capacidade da cisterna de 750 m³ - DMT de 1.500 a 1.800 m","m³",16.35,1917007]
[1917008,"Dragagem de areia fina com draga hopper - capacidade da cisterna de 750 m³ - DMT de 1.800 a 2.100 m","m³",16.65,1917008]
[1917009,"Dragagem de areia fina com draga hopper - capacidade da cisterna de 750 m³ - DMT de 2.100 a 2.400 m","m³",16.95,1917009]
[1917010,"Dragagem de areia fina com draga hopper - capacidade da cisterna de 750 m³ - DMT de 2.400 a 2.700 m","m³",17.28,1917010]
[1917011,"Dragagem de areia fina com draga hopper - capacidade da cisterna de 750 m³ - DMT de 2.700 a 3.000 m","m³",17.62,1917011]
[1917012,"Dragagem de areia fina com draga hopper - capacidade da cisterna de 750 m³ - DMT de 3.000 m","m³",17.8,1917012]
[1917578,"Dragagem de areia grossa com draga de sucção e recalque - bomba de 1.350 kW e cortador de 170 kW - distância de recalque de 1.100 a 1.300 m","m³",6,1917578]
[1917579,"Dragagem de areia grossa com draga de sucção e recalque - bomba de 1.350 kW e cortador de 170 kW - distância de recalque de 1.300 a 1.500 m","m³",6.45,1917579]
[1917580,"Dragagem de areia grossa com draga de sucção e recalque - bomba de 1.350 kW e cortador de 170 kW - distância de recalque de 1.500 a 1.700 m","m³",6.84,1917580]
[1917581,"Dragagem de areia grossa com draga de sucção e recalque - bomba de 1.350 kW e cortador de 170 kW - distância de recalque de 1.700 a 1.900 m","m³",7.28,1917581]
[1917582,"Dragagem de areia grossa com draga de sucção e recalque - bomba de 1.350 kW e cortador de 170 kW - distância de recalque de 1.900 a 2.100 m","m³",7.91,1917582]
[1917583,"Dragagem de areia grossa com draga de sucção e recalque - bomba de 1.350 kW e cortador de 170 kW - distância de recalque de 2.100 a 2.300 m","m³",8.4,1917583]
[1917584,"Dragagem de areia grossa com draga de sucção e recalque - bomba de 1.350 kW e cortador de 170 kW - distância de recalque de 2.300 a 2.500 m","m³",8.82,1917584]
[1917585,"Dragagem de areia grossa com draga de sucção e recalque - bomba de 1.350 kW e cortador de 170 kW - distância de recalque de 2.500 a 2.700 m","m³",9.43,1917585]
[1917586,"Dragagem de areia grossa com draga de sucção e recalque - bomba de 1.350 kW e cortador de 170 kW - distância de recalque de 2.700 a 2.900 m","m³",10.33,1917586]
[1917587,"Dragagem de areia grossa com draga de sucção e recalque - bomba de 1.350 kW e cortador de 170 kW - distância de recalque de 2.900 a 3.100 m","m³",11,1917587]
[1917588,"Dragagem de areia grossa com draga de sucção e recalque - bomba de 1.350 kW e cortador de 170 kW - distância de recalque de 3.100 a 3.300 m","m³",11.75,1917588]
[1917589,"Dragagem de areia grossa com draga de sucção e recalque - bomba de 1.350 kW e cortador de 170 kW - distância de recalque de 3.300 a 3.500 m","m³",13.2,1917589]
[1917590,"Dragagem de areia grossa com draga de sucção e recalque - bomba de 1.350 kW e cortador de 170 kW - distância de recalque de 3.500 a 3.700 m","m³",15.23,1917590]
[1917591,"Dragagem de areia grossa com draga de sucção e recalque - bomba de 1.350 kW e cortador de 170 kW - distância de recalque de 3.700 a 3.900 m","m³",17.02,1917591]
[1917592,"Dragagem de areia grossa com draga de sucção e recalque - bomba de 1.350 kW e cortador de 170 kW - distância de recalque de 3.900 a 4.100 m","m³",19.29,1917592]
[1917593,"Dragagem de areia grossa com draga de sucção e recalque - bomba de 1.350 kW e cortador de 170 kW - distância de recalque de 4.100 a 4.300 m","m³",21.64,1917593]
[1917594,"Dragagem de areia grossa com draga de sucção e recalque - bomba de 1.350 kW e cortador de 170 kW - distância de recalque de 4.300 a 4.500 m","m³",24.52,1917594]
[1917595,"Dragagem de areia grossa com draga de sucção e recalque - bomba de 1.350 kW e cortador de 170 kW - distância de recalque de 4.500 a 4.700 m","m³",27.58,1917595]
[1917596,"Dragagem de areia grossa com draga de sucção e recalque - bomba de 1.350 kW e cortador de 170 kW - distância de recalque de 4.700 a 4.900 m","m³",30.36,1917596]
[1917597,"Dragagem de areia grossa com draga de sucção e recalque - bomba de 1.350 kW e cortador de 170 kW - distância de recalque de 4.900 a 5.100 m","m³",34.19,1917597]
[1917598,"Dragagem de areia grossa com draga de sucção e recalque - bomba de 1.350 kW e cortador de 170 kW - distância de recalque de 5.100 a 5.300 m","m³",37.74,1917598]
[1917599,"Dragagem de areia grossa com draga de sucção e recalque - bomba de 1.350 kW e cortador de 170 kW - distância de recalque de 5.300 a 5.500 m","m³",41.77,{"$f":"A2052*1","v":1917599}]
[1917600,"Dragagem de areia grossa com draga de sucção e recalque - bomba de 1.350 kW e cortador de 170 kW - distância de recalque de 5.500 a 5.700 m","m³",46.93,1917600]
[1917601,"Dragagem de areia grossa com draga de sucção e recalque - bomba de 1.350 kW e cortador de 170 kW - distância de recalque de 5.700 a 5.900 m","m³",49.32,1917601]
[1917575,"Dragagem de areia grossa com draga de sucção e recalque - bomba de 1.350 kW e cortador de 170 kW - distância de recalque de 500 a 700 m","m³",4.55,1917575]
[1917576,"Dragagem de areia grossa com draga de sucção e recalque - bomba de 1.350 kW e cortador de 170 kW - distância de recalque de 700 a 900 m","m³",4.91,1917576]
[1917577,"Dragagem de areia grossa com draga de sucção e recalque - bomba de 1.350 kW e cortador de 170 kW - distância de recalque de 900 a 1.100 m","m³",5.36,1917577]
[1917739,"Dragagem de areia grossa com draga de sucção e recalque - bomba de 1.350 kW e cortador de 170 kW - distância de recalque de até 500 m","m³",4.48,1917739]
[1917253,"Dragagem de areia grossa com draga de sucção e recalque - bomba de 294 kW e cortador de 30 kW - distância de recalque de 1.100 a 1.300 m","m³",7.23,1917253]
[1917254,"Dragagem de areia grossa com draga de sucção e recalque - bomba de 294 kW e cortador de 30 kW - distância de recalque de 1.300 a 1.500 m","m³",7.75,1917254]
[1917255,"Dragagem de areia grossa com draga de sucção e recalque - bomba de 294 kW e cortador de 30 kW - distância de recalque de 1.500 a 1.700 m","m³",8.42,1917255]
[1917256,"Dragagem de areia grossa com draga de sucção e recalque - bomba de 294 kW e cortador de 30 kW - distância de recalque de 1.700 a 1.900 m","m³",9.11,1917256]
[1917257,"Dragagem de areia grossa com draga de sucção e recalque - bomba de 294 kW e cortador de 30 kW - distância de recalque de 1.900 a 2.100 m","m³",10.08,1917257]
[1917258,"Dragagem de areia grossa com draga de sucção e recalque - bomba de 294 kW e cortador de 30 kW - distância de recalque de 2.100 a 2.300 m","m³",11.05,1917258]
[1917259,"Dragagem de areia grossa com draga de sucção e recalque - bomba de 294 kW e cortador de 30 kW - distância de recalque de 2.300 a 2.500 m","m³",13.77,1917259]
[1917250,"Dragagem de areia grossa com draga de sucção e recalque - bomba de 294 kW e cortador de 30 kW - distância de recalque de 500 a 700 m","m³",5.37,1917250]
[1917251,"Dragagem de areia grossa com draga de sucção e recalque - bomba de 294 kW e cortador de 30 kW - distância de recalque de 700 a 900 m","m³",5.7,1917251]
[1917252,"Dragagem de areia grossa com draga de sucção e recalque - bomba de 294 kW e cortador de 30 kW - distância de recalque de 900 a 1.100 m","m³",6.39,1917252]
[1917726,"Dragagem de areia grossa com draga de sucção e recalque - bomba de 294 kW e cortador de 30 kW - distância de recalque de até 500 m","m³",5.24,1917726]
[1917335,"Dragagem de areia grossa com draga de sucção e recalque - bomba de 483 kW e cortador de 55 kW - distância de recalque de 1.100 a 1.300 m","m³",5.35,1917335]
[1917336,"Dragagem de areia grossa com draga de sucção e recalque - bomba de 483 kW e cortador de 55 kW - distância de recalque de 1.300 a 1.500 m","m³",6.1,1917336]
[1917337,"Dragagem de areia grossa com draga de sucção e recalque - bomba de 483 kW e cortador de 55 kW - distância de recalque de 1.500 a 1.700 m","m³",6.67,1917337]
[1917338,"Dragagem de areia grossa com draga de sucção e recalque - bomba de 483 kW e cortador de 55 kW - distância de recalque de 1.700 a 1.900 m","m³",7.39,1917338]
[1917339,"Dragagem de areia grossa com draga de sucção e recalque - bomba de 483 kW e cortador de 55 kW - distância de recalque de 1.900 a 2.100 m","m³",8.26,1917339]
[1917340,"Dragagem de areia grossa com draga de sucção e recalque - bomba de 483 kW e cortador de 55 kW - distância de recalque de 2.100 a 2.300 m","m³",9.61,1917340]
[1917341,"Dragagem de areia grossa com draga de sucção e recalque - bomba de 483 kW e cortador de 55 kW - distância de recalque de 2.300 a 2.500 m","m³",12.19,1917341]
[1917342,"Dragagem de areia grossa com draga de sucção e recalque - bomba de 483 kW e cortador de 55 kW - distância de recalque de 2.500 a 2.700 m","m³",15.13,1917342]
[1917343,"Dragagem de areia grossa com draga de sucção e recalque - bomba de 483 kW e cortador de 55 kW - distância de recalque de 2.700 a 2.900 m","m³",18.86,1917343]
[1917344,"Dragagem de areia grossa com draga de sucção e recalque - bomba de 483 kW e cortador de 55 kW - distância de recalque de 2.900 a 3.100 m","m³",22.82,1917344]
[1917345,"Dragagem de areia grossa com draga de sucção e recalque - bomba de 483 kW e cortador de 55 kW - distância de recalque de 3.100 a 3.300 m","m³",28.39,1917345]
[1917346,"Dragagem de areia grossa com draga de sucção e recalque - bomba de 483 kW e cortador de 55 kW - distância de recalque de 3.300 a 3.500 m","m³",33.88,1917346]
[1917347,"Dragagem de areia grossa com draga de sucção e recalque - bomba de 483 kW e cortador de 55 kW - distância de recalque de 3.500 a 3.700 m","m³",44.31,1917347]
[1917332,"Dragagem de areia grossa com draga de sucção e recalque - bomba de 483 kW e cortador de 55 kW - distância de recalque de 500 a 700 m","m³",4.3,1917332]
[1917333,"Dragagem de areia grossa com draga de sucção e recalque - bomba de 483 kW e cortador de 55 kW - distância de recalque de 700 a 900 m","m³",4.62,1917333]
[1917334,"Dragagem de areia grossa com draga de sucção e recalque - bomba de 483 kW e cortador de 55 kW - distância de recalque de 900 a 1.100 m","m³",4.93,1917334]
[1917331,"Dragagem de areia grossa com draga de sucção e recalque - bomba de 483 kW e cortador de 55 kW - distância de recalque de até 500 m","m³",3.89,1917331]
[1917443,"Dragagem de areia grossa com draga de sucção e recalque - bomba de 746 kW e cortador de 110 kW - distância de recalque de 1.100 a 1.300 m","m³",6.01,1917443]
[1917444,"Dragagem de areia grossa com draga de sucção e recalque - bomba de 746 kW e cortador de 110 kW - distância de recalque de 1.300 a 1.500 m","m³",6.51,1917444]
[1917445,"Dragagem de areia grossa com draga de sucção e recalque - bomba de 746 kW e cortador de 110 kW - distância de recalque de 1.500 a 1.700 m","m³",7.07,1917445]
[1917446,"Dragagem de areia grossa com draga de sucção e recalque - bomba de 746 kW e cortador de 110 kW - distância de recalque de 1.700 a 1.900 m","m³",7.64,1917446]
[1917447,"Dragagem de areia grossa com draga de sucção e recalque - bomba de 746 kW e cortador de 110 kW - distância de recalque de 1.900 a 2.100 m","m³",8.54,1917447]
[1917448,"Dragagem de areia grossa com draga de sucção e recalque - bomba de 746 kW e cortador de 110 kW - distância de recalque de 2.100 a 2.300 m","m³",9.26,1917448]
[1917449,"Dragagem de areia grossa com draga de sucção e recalque - bomba de 746 kW e cortador de 110 kW - distância de recalque de 2.300 a 2.500 m","m³",10.2,1917449]
[1917450,"Dragagem de areia grossa com draga de sucção e recalque - bomba de 746 kW e cortador de 110 kW - distância de recalque de 2.500 a 2.700 m","m³",11.33,1917450]
[1917451,"Dragagem de areia grossa com draga de sucção e recalque - bomba de 746 kW e cortador de 110 kW - distância de recalque de 2.700 a 2.900 m","m³",13.8,1917451]
[1917452,"Dragagem de areia grossa com draga de sucção e recalque - bomba de 746 kW e cortador de 110 kW - distância de recalque de 2.900 a 3.100 m","m³",16.2,1917452]
[1917453,"Dragagem de areia grossa com draga de sucção e recalque - bomba de 746 kW e cortador de 110 kW - distância de recalque de 3.100 a 3.300 m","m³",19.08,1917453]
[1917454,"Dragagem de areia grossa com draga de sucção e recalque - bomba de 746 kW e cortador de 110 kW - distância de recalque de 3.300 a 3.500 m","m³",22.25,1917454]
[1917455,"Dragagem de areia grossa com draga de sucção e recalque - bomba de 746 kW e cortador de 110 kW - distância de recalque de 3.500 a 3.700 m","m³",26.34,1917455]
[1917456,"Dragagem de areia grossa com draga de sucção e recalque - bomba de 746 kW e cortador de 110 kW - distância de recalque de 3.700 a 3.900 m","m³",30.72,1917456]
[1917457,"Dragagem de areia grossa com draga de sucção e recalque - bomba de 746 kW e cortador de 110 kW - distância de recalque de 3.900 a 4.100 m","m³",34.66,1917457]
[1917458,"Dragagem de areia grossa com draga de sucção e recalque - bomba de 746 kW e cortador de 110 kW - distância de recalque de 4.100 a 4.300 m","m³",39.88,1917458]
[1917459,"Dragagem de areia grossa com draga de sucção e recalque - bomba de 746 kW e cortador de 110 kW - distância de recalque de 4.300 a 4.500 m","m³",42.06,1917459]
[1917440,"Dragagem de areia grossa com draga de sucção e recalque - bomba de 746 kW e cortador de 110 kW - distância de recalque de 500 a 700 m","m³",4.11,1917440]
[1917441,"Dragagem de areia grossa com draga de sucção e recalque - bomba de 746 kW e cortador de 110 kW - distância de recalque de 700 a 900 m","m³",4.67,1917441]
[1917442,"Dragagem de areia grossa com draga de sucção e recalque - bomba de 746 kW e cortador de 110 kW - distância de recalque de 900 a 1.100 m","m³",5.23,1917442]
[1917734,"Dragagem de areia grossa com draga de sucção e recalque - bomba de 746 kW e cortador de 110 kW - distância de recalque de até 500 m","m³",3.82,1917734]
[1917055,"Dragagem de areia grossa com draga hopper - capacidade da cisterna de 1.000 m³ - DMT de 1.500 a 1.800 m","m³",10.94,1917055]
[1917056,"Dragagem de areia grossa com draga hopper - capacidade da cisterna de 1.000 m³ - DMT de 1.800 a 2.100 m","m³",11.15,1917056]
[1917057,"Dragagem de areia grossa com draga hopper - capacidade da cisterna de 1.000 m³ - DMT de 2.100 a 2.400 m","m³",11.35,1917057]
[1917058,"Dragagem de areia grossa com draga hopper - capacidade da cisterna de 1.000 m³ - DMT de 2.400 a 2.700 m","m³",11.57,1917058]
[1917059,"Dragagem de areia grossa com draga hopper - capacidade da cisterna de 1.000 m³ - DMT de 2.700 a 3.000 m","m³",11.81,1917059]
[1917060,"Dragagem de areia grossa com draga hopper - capacidade da cisterna de 1.000 m³ - DMT de 3.000 m","m³",11.93,1917060]
[1901536,"Dragagem de areia grossa com draga hopper - capacidade da cisterna de 10.000 m³ - DMT de 1.500 a 1.800 m","m³",7.22,1901536]
[1901537,"Dragagem de areia grossa com draga hopper - capacidade da cisterna de 10.000 m³ - DMT de 1.800 a 2.100 m","m³",7.28,1901537]
[1901538,"Dragagem de areia grossa com draga hopper - capacidade da cisterna de 10.000 m³ - DMT de 2.100 a 2.400 m","m³",7.34,{"$f":"A2116*1","v":1901538}]
[1901539,"Dragagem de areia grossa com draga hopper - capacidade da cisterna de 10.000 m³ - DMT de 2.400 a 2.700 m","m³",7.4,1901539]
[1901540,"Dragagem de areia grossa com draga hopper - capacidade da cisterna de 10.000 m³ - DMT de 2.700 a 3.000 m","m³",7.47,1901540]
[1901535,"Dragagem de areia grossa com draga hopper - capacidade da cisterna de 10.000 m³ - DMT de 3.000 m","m³",7.5,1901535]
[1901542,"Dragagem de areia grossa com draga hopper - capacidade da cisterna de 15.000 m³ - DMT de 1.500 a 1.800 m","m³",9.53,1901542]
[1901543,"Dragagem de areia grossa com draga hopper - capacidade da cisterna de 15.000 m³ - DMT de 1.800 a 2.100 m","m³",9.59,1901543]
[1901544,"Dragagem de areia grossa com draga hopper - capacidade da cisterna de 15.000 m³ - DMT de 2.100 a 2.400 m","m³",9.64,1901544]
[1901545,"Dragagem de areia grossa com draga hopper - capacidade da cisterna de 15.000 m³ - DMT de 2.400 a 2.700 m","m³",9.71,1901545]
[1901546,"Dragagem de areia grossa com draga hopper - capacidade da cisterna de 15.000 m³ - DMT de 2.700 a 3.000 m","m³",9.77,1901546]
[1901541,"Dragagem de areia grossa com draga hopper - capacidade da cisterna de 15.000 m³ - DMT de 3.000 m","m³",9.8,1901541]
[1917091,"Dragagem de areia grossa com draga hopper - capacidade da cisterna de 2.000 m³ - DMT de 1.500 a 1.800 m","m³",7.68,1917091]
[1917092,"Dragagem de areia grossa com draga hopper - capacidade da cisterna de 2.000 m³ - DMT de 1.800 a 2.100 m","m³",7.81,1917092]
[1917093,"Dragagem de areia grossa com draga hopper - capacidade da cisterna de 2.000 m³ - DMT de 2.100 a 2.400 m","m³",7.94,1917093]
[1917094,"Dragagem de areia grossa com draga hopper - capacidade da cisterna de 2.000 m³ - DMT de 2.400 a 2.700 m","m³",8.07,1917094]
[1917095,"Dragagem de areia grossa com draga hopper - capacidade da cisterna de 2.000 m³ - DMT de 2.700 a 3.000 m","m³",8.22,1917095]
[1917096,"Dragagem de areia grossa com draga hopper - capacidade da cisterna de 2.000 m³ - DMT de 3.000 m","m³",8.29,1917096]
[1901548,"Dragagem de areia grossa com draga hopper - capacidade da cisterna de 20.000 m³ - DMT de 1.500 a 1.800 m","m³",11.9,1901548]
[1901549,"Dragagem de areia grossa com draga hopper - capacidade da cisterna de 20.000 m³ - DMT de 1.800 a 2.100 m","m³",11.95,1901549]
[1901550,"Dragagem de areia grossa com draga hopper - capacidade da cisterna de 20.000 m³ - DMT de 2.100 a 2.400 m","m³",12.01,1901550]
[1901551,"Dragagem de areia grossa com draga hopper - capacidade da cisterna de 20.000 m³ - DMT de 2.400 a 2.700 m","m³",12.07,1901551]
[1901552,"Dragagem de areia grossa com draga hopper - capacidade da cisterna de 20.000 m³ - DMT de 2.700 a 3.000 m","m³",12.13,1901552]
[1901547,"Dragagem de areia grossa com draga hopper - capacidade da cisterna de 20.000 m³ - DMT de 3.000 m","m³",12.17,1901547]
[1917127,"Dragagem de areia grossa com draga hopper - capacidade da cisterna de 3.000 m³ - DMT de 1.500 a 1.800 m","m³",7.33,1917127]
[1917128,"Dragagem de areia grossa com draga hopper - capacidade da cisterna de 3.000 m³ - DMT de 1.800 a 2.100 m","m³",7.43,1917128]
[1917129,"Dragagem de areia grossa com draga hopper - capacidade da cisterna de 3.000 m³ - DMT de 2.100 a 2.400 m","m³",7.54,1917129]
[1917130,"Dragagem de areia grossa com draga hopper - capacidade da cisterna de 3.000 m³ - DMT de 2.400 a 2.700 m","m³",7.65,1917130]
[1917131,"Dragagem de areia grossa com draga hopper - capacidade da cisterna de 3.000 m³ - DMT de 2.700 a 3.000 m","m³",7.77,1917131]
[1917132,"Dragagem de areia grossa com draga hopper - capacidade da cisterna de 3.000 m³ - DMT de 3.000 m","m³",7.83,1917132]
[1917163,"Dragagem de areia grossa com draga hopper - capacidade da cisterna de 4.000 m³ - DMT de 1.500 a 1.800 m","m³",6.97,1917163]
[1917164,"Dragagem de areia grossa com draga hopper - capacidade da cisterna de 4.000 m³ - DMT de 1.800 a 2.100 m","m³",7.06,1917164]
[1917165,"Dragagem de areia grossa com draga hopper - capacidade da cisterna de 4.000 m³ - DMT de 2.100 a 2.400 m","m³",7.15,1917165]
[1917166,"Dragagem de areia grossa com draga hopper - capacidade da cisterna de 4.000 m³ - DMT de 2.400 a 2.700 m","m³",7.25,1917166]
[1917167,"Dragagem de areia grossa com draga hopper - capacidade da cisterna de 4.000 m³ - DMT de 2.700 a 3.000 m","m³",7.35,1917167]
[1917168,"Dragagem de areia grossa com draga hopper - capacidade da cisterna de 4.000 m³ - DMT de 3.000 m","m³",7.4,1917168]
[1917199,"Dragagem de areia grossa com draga hopper - capacidade da cisterna de 5.000 m³ - DMT de 1.500 a 1.800 m","m³",7.71,1917199]
[1917200,"Dragagem de areia grossa com draga hopper - capacidade da cisterna de 5.000 m³ - DMT de 1.800 a 2.100 m","m³",7.79,1917200]
[1917201,"Dragagem de areia grossa com draga hopper - capacidade da cisterna de 5.000 m³ - DMT de 2.100 a 2.400 m","m³",7.87,1917201]
[1917202,"Dragagem de areia grossa com draga hopper - capacidade da cisterna de 5.000 m³ - DMT de 2.400 a 2.700 m","m³",7.96,1917202]
[1917203,"Dragagem de areia grossa com draga hopper - capacidade da cisterna de 5.000 m³ - DMT de 2.700 a 3.000 m","m³",8.05,1917203]
[1917204,"Dragagem de areia grossa com draga hopper - capacidade da cisterna de 5.000 m³ - DMT de 3.000 m","m³",8.1,1917204]
[1917019,"Dragagem de areia grossa com draga hopper - capacidade da cisterna de 750 m³ - DMT de 1.500 a 1.800 m","m³",14.87,1917019]
[1917020,"Dragagem de areia grossa com draga hopper - capacidade da cisterna de 750 m³ - DMT de 1.800 a 2.100 m","m³",15.16,1917020]
[1917021,"Dragagem de areia grossa com draga hopper - capacidade da cisterna de 750 m³ - DMT de 2.100 a 2.400 m","m³",15.46,1917021]
[1917022,"Dragagem de areia grossa com draga hopper - capacidade da cisterna de 750 m³ - DMT de 2.400 a 2.700 m","m³",15.77,1917022]
[1917023,"Dragagem de areia grossa com draga hopper - capacidade da cisterna de 750 m³ - DMT de 2.700 a 3.000 m","m³",16.1,1917023]
[1917024,"Dragagem de areia grossa com draga hopper - capacidade da cisterna de 750 m³ - DMT de 3.000 m","m³",16.28,1917024]
[1917541,"Dragagem de areia média com draga de sucção e recalque - bomba de 1.350 kW e cortador de 170 kW - distância de recalque de 1.100 a 1.300 m","m³",5.07,1917541]
[1917542,"Dragagem de areia média com draga de sucção e recalque - bomba de 1.350 kW e cortador de 170 kW - distância de recalque de 1.300 a 1.500 m","m³",5.7,1917542]
[1917543,"Dragagem de areia média com draga de sucção e recalque - bomba de 1.350 kW e cortador de 170 kW - distância de recalque de 1.500 a 1.700 m","m³",6.01,1917543]
[1917544,"Dragagem de areia média com draga de sucção e recalque - bomba de 1.350 kW e cortador de 170 kW - distância de recalque de 1.700 a 1.900 m","m³",6.32,1917544]
[1917545,"Dragagem de areia média com draga de sucção e recalque - bomba de 1.350 kW e cortador de 170 kW - distância de recalque de 1.900 a 2.100 m","m³",6.72,1917545]
[1917546,"Dragagem de areia média com draga de sucção e recalque - bomba de 1.350 kW e cortador de 170 kW - distância de recalque de 2.100 a 2.300 m","m³",7.05,1917546]
[1917547,"Dragagem de areia média com draga de sucção e recalque - bomba de 1.350 kW e cortador de 170 kW - distância de recalque de 2.300 a 2.500 m","m³",7.71,1917547]
[1917548,"Dragagem de areia média com draga de sucção e recalque - bomba de 1.350 kW e cortador de 170 kW - distância de recalque de 2.500 a 2.700 m","m³",8.13,1917548]
[1917549,"Dragagem de areia média com draga de sucção e recalque - bomba de 1.350 kW e cortador de 170 kW - distância de recalque de 2.700 a 2.900 m","m³",8.55,1917549]
[1917550,"Dragagem de areia média com draga de sucção e recalque - bomba de 1.350 kW e cortador de 170 kW - distância de recalque de 2.900 a 3.100 m","m³",9.01,1917550]
[1917551,"Dragagem de areia média com draga de sucção e recalque - bomba de 1.350 kW e cortador de 170 kW - distância de recalque de 3.100 a 3.300 m","m³",9.75,1917551]
[1917552,"Dragagem de areia média com draga de sucção e recalque - bomba de 1.350 kW e cortador de 170 kW - distância de recalque de 3.300 a 3.500 m","m³",10.25,1917552]
[1917553,"Dragagem de areia média com draga de sucção e recalque - bomba de 1.350 kW e cortador de 170 kW - distância de recalque de 3.500 a 3.700 m","m³",10.08,1917553]
[1917554,"Dragagem de areia média com draga de sucção e recalque - bomba de 1.350 kW e cortador de 170 kW - distância de recalque de 3.700 a 3.900 m","m³",11.18,1917554]
[1917555,"Dragagem de areia média com draga de sucção e recalque - bomba de 1.350 kW e cortador de 170 kW - distância de recalque de 3.900 a 4.100 m","m³",11.71,1917555]
[1917556,"Dragagem de areia média com draga de sucção e recalque - bomba de 1.350 kW e cortador de 170 kW - distância de recalque de 4.100 a 4.300 m","m³",12.58,1917556]
[1917557,"Dragagem de areia média com draga de sucção e recalque - bomba de 1.350 kW e cortador de 170 kW - distância de recalque de 4.300 a 4.500 m","m³",13.16,1917557]
[1917558,"Dragagem de areia média com draga de sucção e recalque - bomba de 1.350 kW e cortador de 170 kW - distância de recalque de 4.500 a 4.700 m","m³",13.98,1917558]
[1917559,"Dragagem de areia média com draga de sucção e recalque - bomba de 1.350 kW e cortador de 170 kW - distância de recalque de 4.700 a 4.900 m","m³",15.32,{"$f":"A2180*1","v":1917559}]
[1917560,"Dragagem de areia média com draga de sucção e recalque - bomba de 1.350 kW e cortador de 170 kW - distância de recalque de 4.900 a 5.100 m","m³",17.03,1917560]
[1917561,"Dragagem de areia média com draga de sucção e recalque - bomba de 1.350 kW e cortador de 170 kW - distância de recalque de 5.100 a 5.300 m","m³",18.7,1917561]
[1917562,"Dragagem de areia média com draga de sucção e recalque - bomba de 1.350 kW e cortador de 170 kW - distância de recalque de 5.300 a 5.500 m","m³",20.61,1917562]
[1917563,"Dragagem de areia média com draga de sucção e recalque - bomba de 1.350 kW e cortador de 170 kW - distância de recalque de 5.500 a 5.700 m","m³",22.36,1917563]
[1917564,"Dragagem de areia média com draga de sucção e recalque - bomba de 1.350 kW e cortador de 170 kW - distância de recalque de 5.700 a 5.900 m","m³",24.25,1917564]
[1917565,"Dragagem de areia média com draga de sucção e recalque - bomba de 1.350 kW e cortador de 170 kW - distância de recalque de 5.900 a 6.100 m","m³",26.78,1917565]
[1917538,"Dragagem de areia média com draga de sucção e recalque - bomba de 1.350 kW e cortador de 170 kW - distância de recalque de 500 a 700 m","m³",4.11,1917538]
[1917566,"Dragagem de areia média com draga de sucção e recalque - bomba de 1.350 kW e cortador de 170 kW - distância de recalque de 6.100 a 6.300 m","m³",29.31,1917566]
[1917567,"Dragagem de areia média com draga de sucção e recalque - bomba de 1.350 kW e cortador de 170 kW - distância de recalque de 6.300 a 6.500 m","m³",31.98,1917567]
[1917568,"Dragagem de areia média com draga de sucção e recalque - bomba de 1.350 kW e cortador de 170 kW - distância de recalque de 6.500 a 6.700 m","m³",34.57,1917568]
[1917569,"Dragagem de areia média com draga de sucção e recalque - bomba de 1.350 kW e cortador de 170 kW - distância de recalque de 6.700 a 6.900 m","m³",37.77,1917569]
[1917570,"Dragagem de areia média com draga de sucção e recalque - bomba de 1.350 kW e cortador de 170 kW - distância de recalque de 6.900 a 7.100 m","m³",40.71,1917570]
[1917571,"Dragagem de areia média com draga de sucção e recalque - bomba de 1.350 kW e cortador de 170 kW - distância de recalque de 7.100 a 7.300 m","m³",44.18,1917571]
[1917572,"Dragagem de areia média com draga de sucção e recalque - bomba de 1.350 kW e cortador de 170 kW - distância de recalque de 7.300 a 7.500 m","m³",48.06,1917572]
[1917573,"Dragagem de areia média com draga de sucção e recalque - bomba de 1.350 kW e cortador de 170 kW - distância de recalque de 7.500 a 7.700 m","m³",52.27,1917573]
[1917574,"Dragagem de areia média com draga de sucção e recalque - bomba de 1.350 kW e cortador de 170 kW - distância de recalque de 7.700 a 7.900 m","m³",56.17,1917574]
[1917539,"Dragagem de areia média com draga de sucção e recalque - bomba de 1.350 kW e cortador de 170 kW - distância de recalque de 700 a 900 m","m³",4.41,1917539]
[1917540,"Dragagem de areia média com draga de sucção e recalque - bomba de 1.350 kW e cortador de 170 kW - distância de recalque de 900 a 1.100 m","m³",4.77,1917540]
[1917738,"Dragagem de areia média com draga de sucção e recalque - bomba de 1.350 kW e cortador de 170 kW - distância de recalque de até 500 m","m³",4.05,1917738]
[1917238,"Dragagem de areia média com draga de sucção e recalque - bomba de 294 kW e cortador de 30 kW - distância de recalque de 1.100 a 1.300 m","m³",6.41,1917238]
[1917239,"Dragagem de areia média com draga de sucção e recalque - bomba de 294 kW e cortador de 30 kW - distância de recalque de 1.300 a 1.500 m","m³",7.06,1917239]
[1917240,"Dragagem de areia média com draga de sucção e recalque - bomba de 294 kW e cortador de 30 kW - distância de recalque de 1.500 a 1.700 m","m³",7.55,1917240]
[1917241,"Dragagem de areia média com draga de sucção e recalque - bomba de 294 kW e cortador de 30 kW - distância de recalque de 1.700 a 1.900 m","m³",8.01,1917241]
[1917242,"Dragagem de areia média com draga de sucção e recalque - bomba de 294 kW e cortador de 30 kW - distância de recalque de 1.900 a 2.100 m","m³",8.46,1917242]
[1917243,"Dragagem de areia média com draga de sucção e recalque - bomba de 294 kW e cortador de 30 kW - distância de recalque de 2.100 a 2.300 m","m³",8.88,1917243]
[1917244,"Dragagem de areia média com draga de sucção e recalque - bomba de 294 kW e cortador de 30 kW - distância de recalque de 2.300 a 2.500 m","m³",9.5,1917244]
[1917245,"Dragagem de areia média com draga de sucção e recalque - bomba de 294 kW e cortador de 30 kW - distância de recalque de 2.500 a 2.700 m","m³",10.01,1917245]
[1917246,"Dragagem de areia média com draga de sucção e recalque - bomba de 294 kW e cortador de 30 kW - distância de recalque de 2.700 a 2.900 m","m³",10.56,1917246]
[1917247,"Dragagem de areia média com draga de sucção e recalque - bomba de 294 kW e cortador de 30 kW - distância de recalque de 2.900 a 3.100 m","m³",11.45,1917247]
[1917248,"Dragagem de areia média com draga de sucção e recalque - bomba de 294 kW e cortador de 30 kW - distância de recalque de 3.100 a 3.300 m","m³",13.13,1917248]
[1917249,"Dragagem de areia média com draga de sucção e recalque - bomba de 294 kW e cortador de 30 kW - distância de recalque de 3.300 a 3.500 m","m³",15.73,1917249]
[1917235,"Dragagem de areia média com draga de sucção e recalque - bomba de 294 kW e cortador de 30 kW - distância de recalque de 500 a 700 m","m³",5.06,1917235]
[1917236,"Dragagem de areia média com draga de sucção e recalque - bomba de 294 kW e cortador de 30 kW - distância de recalque de 700 a 900 m","m³",5.42,1917236]
[1917237,"Dragagem de areia média com draga de sucção e recalque - bomba de 294 kW e cortador de 30 kW - distância de recalque de 900 a 1.100 m","m³",5.86,1917237]
[1917725,"Dragagem de areia média com draga de sucção e recalque - bomba de 294 kW e cortador de 30 kW - distância de recalque de até 500 m","m³",4.93,1917725]
[1917311,"Dragagem de areia média com draga de sucção e recalque - bomba de 483 kW e cortador de 55 kW - distância de recalque de 1.100 a 1.300 m","m³",5.09,1917311]
[1917312,"Dragagem de areia média com draga de sucção e recalque - bomba de 483 kW e cortador de 55 kW - distância de recalque de 1.300 a 1.500 m","m³",5.77,1917312]
[1917313,"Dragagem de areia média com draga de sucção e recalque - bomba de 483 kW e cortador de 55 kW - distância de recalque de 1.500 a 1.700 m","m³",6.23,1917313]
[1917314,"Dragagem de areia média com draga de sucção e recalque - bomba de 483 kW e cortador de 55 kW - distância de recalque de 1.700 a 1.900 m","m³",6.65,1917314]
[1917315,"Dragagem de areia média com draga de sucção e recalque - bomba de 483 kW e cortador de 55 kW - distância de recalque de 1.900 a 2.100 m","m³",7.17,1917315]
[1917316,"Dragagem de areia média com draga de sucção e recalque - bomba de 483 kW e cortador de 55 kW - distância de recalque de 2.100 a 2.300 m","m³",7.67,1917316]
[1917317,"Dragagem de areia média com draga de sucção e recalque - bomba de 483 kW e cortador de 55 kW - distância de recalque de 2.300 a 2.500 m","m³",8.46,1917317]
[1917318,"Dragagem de areia média com draga de sucção e recalque - bomba de 483 kW e cortador de 55 kW - distância de recalque de 2.500 a 2.700 m","m³",9.16,1917318]
[1917319,"Dragagem de areia média com draga de sucção e recalque - bomba de 483 kW e cortador de 55 kW - distância de recalque de 2.700 a 2.900 m","m³",9.8,1917319]
[1917320,"Dragagem de areia média com draga de sucção e recalque - bomba de 483 kW e cortador de 55 kW - distância de recalque de 2.900 a 3.100 m","m³",10.51,1917320]
[1917321,"Dragagem de areia média com draga de sucção e recalque - bomba de 483 kW e cortador de 55 kW - distância de recalque de 3.100 a 3.300 m","m³",12.81,1917321]
[1917322,"Dragagem de areia média com draga de sucção e recalque - bomba de 483 kW e cortador de 55 kW - distância de recalque de 3.300 a 3.500 m","m³",14.81,1917322]
[1917323,"Dragagem de areia média com draga de sucção e recalque - bomba de 483 kW e cortador de 55 kW - distância de recalque de 3.500 a 3.700 m","m³",17.38,1917323]
[1917324,"Dragagem de areia média com draga de sucção e recalque - bomba de 483 kW e cortador de 55 kW - distância de recalque de 3.700 a 3.900 m","m³",20.09,1917324]
[1917325,"Dragagem de areia média com draga de sucção e recalque - bomba de 483 kW e cortador de 55 kW - distância de recalque de 3.900 a 4.100 m","m³",23.3,1917325]
[1917326,"Dragagem de areia média com draga de sucção e recalque - bomba de 483 kW e cortador de 55 kW - distância de recalque de 4.100 a 4.300 m","m³",27.65,1917326]
[1917327,"Dragagem de areia média com draga de sucção e recalque - bomba de 483 kW e cortador de 55 kW - distância de recalque de 4.300 a 4.500 m","m³",32.07,1917327]
[1917328,"Dragagem de areia média com draga de sucção e recalque - bomba de 483 kW e cortador de 55 kW - distância de recalque de 4.500 a 4.700 m","m³",37.16,1917328]
[1917329,"Dragagem de areia média com draga de sucção e recalque - bomba de 483 kW e cortador de 55 kW - distância de recalque de 4.700 a 4.900 m","m³",40.68,1917329]
[1917330,"Dragagem de areia média com draga de sucção e recalque - bomba de 483 kW e cortador de 55 kW - distância de recalque de 4.900 a 5.100 m","m³",45.02,1917330]
[1917308,"Dragagem de areia média com draga de sucção e recalque - bomba de 483 kW e cortador de 55 kW - distância de recalque de 500 a 700 m","m³",4.11,1917308]
[1917309,"Dragagem de areia média com draga de sucção e recalque - bomba de 483 kW e cortador de 55 kW - distância de recalque de 700 a 900 m","m³",4.39,1917309]
[1917310,"Dragagem de areia média com draga de sucção e recalque - bomba de 483 kW e cortador de 55 kW - distância de recalque de 900 a 1.100 m","m³",4.7,1917310]
[1917730,"Dragagem de areia média com draga de sucção e recalque - bomba de 483 kW e cortador de 55 kW - distância de recalque de até 500 m","m³",4.06,1917730]
[1917415,"Dragagem de areia média com draga de sucção e recalque - bomba de 746 kW e cortador de 110 kW - distância de recalque de 1.100 a 1.300 m","m³",5.08,1917415]
[1917416,"Dragagem de areia média com draga de sucção e recalque - bomba de 746 kW e cortador de 110 kW - distância de recalque de 1.300 a 1.500 m","m³",5.74,1917416]
[1917417,"Dragagem de areia média com draga de sucção e recalque - bomba de 746 kW e cortador de 110 kW - distância de recalque de 1.500 a 1.700 m","m³",6.17,1917417]
[1917418,"Dragagem de areia média com draga de sucção e recalque - bomba de 746 kW e cortador de 110 kW - distância de recalque de 1.700 a 1.900 m","m³",6.58,1917418]
[1917419,"Dragagem de areia média com draga de sucção e recalque - bomba de 746 kW e cortador de 110 kW - distância de recalque de 1.900 a 2.100 m","m³",6.93,{"$f":"A2244*1","v":1917419}]
[1917420,"Dragagem de areia média com draga de sucção e recalque - bomba de 746 kW e cortador de 110 kW - distância de recalque de 2.100 a 2.300 m","m³",7.35,1917420]
[1917421,"Dragagem de areia média com draga de sucção e recalque - bomba de 746 kW e cortador de 110 kW - distância de recalque de 2.300 a 2.500 m","m³",8.04,1917421]
[1917422,"Dragagem de areia média com draga de sucção e recalque - bomba de 746 kW e cortador de 110 kW - distância de recalque de 2.500 a 2.700 m","m³",8.45,1917422]
[1917423,"Dragagem de areia média com draga de sucção e recalque - bomba de 746 kW e cortador de 110 kW - distância de recalque de 2.700 a 2.900 m","m³",8.87,1917423]
[1917424,"Dragagem de areia média com draga de sucção e recalque - bomba de 746 kW e cortador de 110 kW - distância de recalque de 2.900 a 3.100 m","m³",9.29,1917424]
[1917425,"Dragagem de areia média com draga de sucção e recalque - bomba de 746 kW e cortador de 110 kW - distância de recalque de 3.100 a 3.300 m","m³",10.13,1917425]
[1917426,"Dragagem de areia média com draga de sucção e recalque - bomba de 746 kW e cortador de 110 kW - distância de recalque de 3.300 a 3.500 m","m³",10.98,1917426]
[1917427,"Dragagem de areia média com draga de sucção e recalque - bomba de 746 kW e cortador de 110 kW - distância de recalque de 3.500 a 3.700 m","m³",12.48,1917427]
[1917428,"Dragagem de areia média com draga de sucção e recalque - bomba de 746 kW e cortador de 110 kW - distância de recalque de 3.700 a 3.900 m","m³",14.24,1917428]
[1917429,"Dragagem de areia média com draga de sucção e recalque - bomba de 746 kW e cortador de 110 kW - distância de recalque de 3.900 a 4.100 m","m³",16.07,1917429]
[1917430,"Dragagem de areia média com draga de sucção e recalque - bomba de 746 kW e cortador de 110 kW - distância de recalque de 4.100 a 4.300 m","m³",18.54,1917430]
[1917431,"Dragagem de areia média com draga de sucção e recalque - bomba de 746 kW e cortador de 110 kW - distância de recalque de 4.300 a 4.500 m","m³",20.7,1917431]
[1917432,"Dragagem de areia média com draga de sucção e recalque - bomba de 746 kW e cortador de 110 kW - distância de recalque de 4.500 a 4.700 m","m³",23.47,1917432]
[1917433,"Dragagem de areia média com draga de sucção e recalque - bomba de 746 kW e cortador de 110 kW - distância de recalque de 4.700 a 4.900 m","m³",26.33,1917433]
[1917434,"Dragagem de areia média com draga de sucção e recalque - bomba de 746 kW e cortador de 110 kW - distância de recalque de 4.900 a 5.100 m","m³",29.75,1917434]
[1917435,"Dragagem de areia média com draga de sucção e recalque - bomba de 746 kW e cortador de 110 kW - distância de recalque de 5.100 a 5.300 m","m³",33.81,1917435]
[1917436,"Dragagem de areia média com draga de sucção e recalque - bomba de 746 kW e cortador de 110 kW - distância de recalque de 5.300 a 5.500 m","m³",37.49,1917436]
[1917437,"Dragagem de areia média com draga de sucção e recalque - bomba de 746 kW e cortador de 110 kW - distância de recalque de 5.500 a 5.700 m","m³",42.21,1917437]
[1917438,"Dragagem de areia média com draga de sucção e recalque - bomba de 746 kW e cortador de 110 kW - distância de recalque de 5.700 a 5.900 m","m³",45.52,1917438]
[1917439,"Dragagem de areia média com draga de sucção e recalque - bomba de 746 kW e cortador de 110 kW - distância de recalque de 5.900 a 6.100 m","m³",48.51,1917439]
[1917412,"Dragagem de areia média com draga de sucção e recalque - bomba de 746 kW e cortador de 110 kW - distância de recalque de 500 a 700 m","m³",3.77,1917412]
[1917413,"Dragagem de areia média com draga de sucção e recalque - bomba de 746 kW e cortador de 110 kW - distância de recalque de 700 a 900 m","m³",4.24,1917413]
[1917414,"Dragagem de areia média com draga de sucção e recalque - bomba de 746 kW e cortador de 110 kW - distância de recalque de 900 a 1.100 m","m³",4.71,1917414]
[1917733,"Dragagem de areia média com draga de sucção e recalque - bomba de 746 kW e cortador de 110 kW - distância de recalque de até 500 m","m³",3.53,1917733]
[1917049,"Dragagem de areia média com draga hopper - capacidade da cisterna de 1.000 m³ - DMT de 1.500 a 1.800 m","m³",11.3,1917049]
[1917050,"Dragagem de areia média com draga hopper - capacidade da cisterna de 1.000 m³ - DMT de 1.800 a 2.100 m","m³",11.51,1917050]
[1917051,"Dragagem de areia média com draga hopper - capacidade da cisterna de 1.000 m³ - DMT de 2.100 a 2.400 m","m³",11.72,1917051]
[1917052,"Dragagem de areia média com draga hopper - capacidade da cisterna de 1.000 m³ - DMT de 2.400 a 2.700 m","m³",11.94,1917052]
[1917053,"Dragagem de areia média com draga hopper - capacidade da cisterna de 1.000 m³ - DMT de 2.700 a 3.000 m","m³",12.18,1917053]
[1917054,"Dragagem de areia média com draga hopper - capacidade da cisterna de 1.000 m³ - DMT de 3.000 m","m³",12.3,1917054]
[1901553,"Dragagem de areia média com draga hopper - capacidade da cisterna de 10.000 m³ - DMT de 1.500 a 1.800 m","m³",7.49,1901553]
[1901554,"Dragagem de areia média com draga hopper - capacidade da cisterna de 10.000 m³ - DMT de 1.800 a 2.100 m","m³",7.55,1901554]
[1901555,"Dragagem de areia média com draga hopper - capacidade da cisterna de 10.000 m³ - DMT de 2.100 a 2.400 m","m³",7.61,1901555]
[1901556,"Dragagem de areia média com draga hopper - capacidade da cisterna de 10.000 m³ - DMT de 2.400 a 2.700 m","m³",7.68,1901556]
[1901557,"Dragagem de areia média com draga hopper - capacidade da cisterna de 10.000 m³ - DMT de 2.700 a 3.000 m","m³",7.75,1901557]
[1901558,"Dragagem de areia média com draga hopper - capacidade da cisterna de 10.000 m³ - DMT de 3.000 m","m³",7.78,1901558]
[1901560,"Dragagem de areia média com draga hopper - capacidade da cisterna de 15.000 m³ - DMT de 1.500 a 1.800 m","m³",9.91,1901560]
[1901561,"Dragagem de areia média com draga hopper - capacidade da cisterna de 15.000 m³ - DMT de 1.800 a 2.100 m","m³",9.97,1901561]
[1901562,"Dragagem de areia média com draga hopper - capacidade da cisterna de 15.000 m³ - DMT de 2.100 a 2.400 m","m³",10.03,1901562]
[1901563,"Dragagem de areia média com draga hopper - capacidade da cisterna de 15.000 m³ - DMT de 2.400 a 2.700 m","m³",10.09,1901563]
[1901564,"Dragagem de areia média com draga hopper - capacidade da cisterna de 15.000 m³ - DMT de 2.700 a 3.000 m","m³",10.16,1901564]
[1901559,"Dragagem de areia média com draga hopper - capacidade da cisterna de 15.000 m³ - DMT de 3.000 m","m³",10.19,1901559]
[1917085,"Dragagem de areia média com draga hopper - capacidade da cisterna de 2.000 m³ - DMT de 1.500 a 1.800 m","m³",7.94,1917085]
[1917086,"Dragagem de areia média com draga hopper - capacidade da cisterna de 2.000 m³ - DMT de 1.800 a 2.100 m","m³",8.07,1917086]
[1917087,"Dragagem de areia média com draga hopper - capacidade da cisterna de 2.000 m³ - DMT de 2.100 a 2.400 m","m³",8.2,1917087]
[1917088,"Dragagem de areia média com draga hopper - capacidade da cisterna de 2.000 m³ - DMT de 2.400 a 2.700 m","m³",8.33,1917088]
[1917089,"Dragagem de areia média com draga hopper - capacidade da cisterna de 2.000 m³ - DMT de 2.700 a 3.000 m","m³",8.48,1917089]
[1917090,"Dragagem de areia média com draga hopper - capacidade da cisterna de 2.000 m³ - DMT de 3.000 m","m³",8.56,1917090]
[1901566,"Dragagem de areia média com draga hopper - capacidade da cisterna de 20.000 m³ - DMT de 1.500 a 1.800 m","m³",12.39,1901566]
[1901567,"Dragagem de areia média com draga hopper - capacidade da cisterna de 20.000 m³ - DMT de 1.800 a 2.100 m","m³",12.45,1901567]
[1901568,"Dragagem de areia média com draga hopper - capacidade da cisterna de 20.000 m³ - DMT de 2.100 a 2.400 m","m³",12.5,1901568]
[1901569,"Dragagem de areia média com draga hopper - capacidade da cisterna de 20.000 m³ - DMT de 2.400 a 2.700 m","m³",12.56,1901569]
[1901570,"Dragagem de areia média com draga hopper - capacidade da cisterna de 20.000 m³ - DMT de 2.700 a 3.000 m","m³",12.63,1901570]
[1901565,"Dragagem de areia média com draga hopper - capacidade da cisterna de 20.000 m³ - DMT de 3.000 m","m³",12.66,1901565]
[1917121,"Dragagem de areia média com draga hopper - capacidade da cisterna de 3.000 m³ - DMT de 1.500 a 1.800 m","m³",7.59,1917121]
[1917122,"Dragagem de areia média com draga hopper - capacidade da cisterna de 3.000 m³ - DMT de 1.800 a 2.100 m","m³",7.69,1917122]
[1917123,"Dragagem de areia média com draga hopper - capacidade da cisterna de 3.000 m³ - DMT de 2.100 a 2.400 m","m³",7.8,1917123]
[1917124,"Dragagem de areia média com draga hopper - capacidade da cisterna de 3.000 m³ - DMT de 2.400 a 2.700 m","m³",7.91,1917124]
[1917125,"Dragagem de areia média com draga hopper - capacidade da cisterna de 3.000 m³ - DMT de 2.700 a 3.000 m","m³",8.03,1917125]
[1917126,"Dragagem de areia média com draga hopper - capacidade da cisterna de 3.000 m³ - DMT de 3.000 m","m³",8.09,1917126]
[1917157,"Dragagem de areia média com draga hopper - capacidade da cisterna de 4.000 m³ - DMT de 1.500 a 1.800 m","m³",7.21,1917157]
[1917158,"Dragagem de areia média com draga hopper - capacidade da cisterna de 4.000 m³ - DMT de 1.800 a 2.100 m","m³",7.3,1917158]
[1917159,"Dragagem de areia média com draga hopper - capacidade da cisterna de 4.000 m³ - DMT de 2.100 a 2.400 m","m³",7.4,1917159]
[1917160,"Dragagem de areia média com draga hopper - capacidade da cisterna de 4.000 m³ - DMT de 2.400 a 2.700 m","m³",7.5,{"$f":"A2308*1","v":1917160}]
[1917161,"Dragagem de areia média com draga hopper - capacidade da cisterna de 4.000 m³ - DMT de 2.700 a 3.000 m","m³",7.6,1917161]
[1917162,"Dragagem de areia média com draga hopper - capacidade da cisterna de 4.000 m³ - DMT de 3.000 m","m³",7.66,1917162]
[1917193,"Dragagem de areia média com draga hopper - capacidade da cisterna de 5.000 m³ - DMT de 1.500 a 1.800 m","m³",8,1917193]
[1917194,"Dragagem de areia média com draga hopper - capacidade da cisterna de 5.000 m³ - DMT de 1.800 a 2.100 m","m³",8.08,1917194]
[1917195,"Dragagem de areia média com draga hopper - capacidade da cisterna de 5.000 m³ - DMT de 2.100 a 2.400 m","m³",8.16,1917195]
[1917196,"Dragagem de areia média com draga hopper - capacidade da cisterna de 5.000 m³ - DMT de 2.400 a 2.700 m","m³",8.25,1917196]
[1917197,"Dragagem de areia média com draga hopper - capacidade da cisterna de 5.000 m³ - DMT de 2.700 a 3.000 m","m³",8.34,1917197]
[1917198,"Dragagem de areia média com draga hopper - capacidade da cisterna de 5.000 m³ - DMT de 3.000 m","m³",8.39,1917198]
[1917013,"Dragagem de areia média com draga hopper - capacidade da cisterna de 750 m³ - DMT de 1.500 a 1.800 m","m³",15.37,1917013]
[1917014,"Dragagem de areia média com draga hopper - capacidade da cisterna de 750 m³ - DMT de 1.800 a 2.100 m","m³",15.67,1917014]
[1917015,"Dragagem de areia média com draga hopper - capacidade da cisterna de 750 m³ - DMT de 2.100 a 2.400 m","m³",15.97,1917015]
[1917016,"Dragagem de areia média com draga hopper - capacidade da cisterna de 750 m³ - DMT de 2.400 a 2.700 m","m³",16.29,1917016]
[1917017,"Dragagem de areia média com draga hopper - capacidade da cisterna de 750 m³ - DMT de 2.700 a 3.000 m","m³",16.62,1917017]
[1917018,"Dragagem de areia média com draga hopper - capacidade da cisterna de 750 m³ - DMT de 3.000 m","m³",16.8,1917018]
[1917623,"Dragagem de cascalho com draga de sucção e recalque - bomba de 1.350 kW e cortador de 170 kW - distância de recalque de 1.100 a 1.300 m","m³",17.25,1917623]
[1917624,"Dragagem de cascalho com draga de sucção e recalque - bomba de 1.350 kW e cortador de 170 kW - distância de recalque de 1.300 a 1.500 m","m³",21.69,1917624]
[1917625,"Dragagem de cascalho com draga de sucção e recalque - bomba de 1.350 kW e cortador de 170 kW - distância de recalque de 1.500 a 1.700 m","m³",27.16,1917625]
[1917626,"Dragagem de cascalho com draga de sucção e recalque - bomba de 1.350 kW e cortador de 170 kW - distância de recalque de 1.700 a 1.900 m","m³",33.15,1917626]
[1917627,"Dragagem de cascalho com draga de sucção e recalque - bomba de 1.350 kW e cortador de 170 kW - distância de recalque de 1.900 a 2.100 m","m³",39.79,1917627]
[1917628,"Dragagem de cascalho com draga de sucção e recalque - bomba de 1.350 kW e cortador de 170 kW - distância de recalque de 2.100 a 2.300 m","m³",46.53,1917628]
[1917620,"Dragagem de cascalho com draga de sucção e recalque - bomba de 1.350 kW e cortador de 170 kW - distância de recalque de 500 a 700 m","m³",8.09,1917620]
[1917621,"Dragagem de cascalho com draga de sucção e recalque - bomba de 1.350 kW e cortador de 170 kW - distância de recalque de 700 a 900 m","m³",9.47,1917621]
[1917622,"Dragagem de cascalho com draga de sucção e recalque - bomba de 1.350 kW e cortador de 170 kW - distância de recalque de 900 a 1.100 m","m³",11.83,1917622]
[1917741,"Dragagem de cascalho com draga de sucção e recalque - bomba de 1.350 kW e cortador de 170 kW - distância de recalque de até 500 m","m³",7.51,1917741]
[1917269,"Dragagem de cascalho com draga de sucção e recalque - bomba de 294 kW e cortador de 30 kW - distância de recalque de 1.100 a 1.300 m","m³",20.98,1917269]
[1917270,"Dragagem de cascalho com draga de sucção e recalque - bomba de 294 kW e cortador de 30 kW - distância de recalque de 1.300 a 1.500 m","m³",28.31,1917270]
[1917266,"Dragagem de cascalho com draga de sucção e recalque - bomba de 294 kW e cortador de 30 kW - distância de recalque de 500 a 700 m","m³",6.87,1917266]
[1917267,"Dragagem de cascalho com draga de sucção e recalque - bomba de 294 kW e cortador de 30 kW - distância de recalque de 700 a 900 m","m³",9.97,1917267]
[1917268,"Dragagem de cascalho com draga de sucção e recalque - bomba de 294 kW e cortador de 30 kW - distância de recalque de 900 a 1.100 m","m³",15.22,1917268]
[1917728,"Dragagem de cascalho com draga de sucção e recalque - bomba de 294 kW e cortador de 30 kW - distância de recalque de até 500 m","m³",6.34,1917728]
[1917358,"Dragagem de cascalho com draga de sucção e recalque - bomba de 483 kW e cortador de 55 kW - distância de recalque até 500 m","m³",6.42,1917358]
[1917362,"Dragagem de cascalho com draga de sucção e recalque - bomba de 483 kW e cortador de 55 kW - distância de recalque de 1.100 a 1.300 m","m³",30.8,1917362]
[1917363,"Dragagem de cascalho com draga de sucção e recalque - bomba de 483 kW e cortador de 55 kW - distância de recalque de 1.300 a 1.500 m","m³",37.58,1917363]
[1917359,"Dragagem de cascalho com draga de sucção e recalque - bomba de 483 kW e cortador de 55 kW - distância de recalque de 500 a 700 m","m³",9.07,1917359]
[1917360,"Dragagem de cascalho com draga de sucção e recalque - bomba de 483 kW e cortador de 55 kW - distância de recalque de 700 a 900 m","m³",14.79,1917360]
[1917361,"Dragagem de cascalho com draga de sucção e recalque - bomba de 483 kW e cortador de 55 kW - distância de recalque de 900 a 1.100 m","m³",22.1,1917361]
[1917476,"Dragagem de cascalho com draga de sucção e recalque - bomba de 746 kW e cortador de 110 kW - distância de recalque de 1.100 a 1.300 m","m³",23,1917476]
[1917477,"Dragagem de cascalho com draga de sucção e recalque - bomba de 746 kW e cortador de 110 kW - distância de recalque de 1.300 a 1.500 m","m³",29.58,1917477]
[1917478,"Dragagem de cascalho com draga de sucção e recalque - bomba de 746 kW e cortador de 110 kW - distância de recalque de 1.500 a 1.700 m","m³",37.98,1917478]
[1917479,"Dragagem de cascalho com draga de sucção e recalque - bomba de 746 kW e cortador de 110 kW - distância de recalque de 1.700 a 1.900 m","m³",41.38,1917479]
[1917473,"Dragagem de cascalho com draga de sucção e recalque - bomba de 746 kW e cortador de 110 kW - distância de recalque de 500 a 700 m","m³",10.51,1917473]
[1917474,"Dragagem de cascalho com draga de sucção e recalque - bomba de 746 kW e cortador de 110 kW - distância de recalque de 700 a 900 m","m³",13.54,1917474]
[1917475,"Dragagem de cascalho com draga de sucção e recalque - bomba de 746 kW e cortador de 110 kW - distância de recalque de 900 a 1.100 m","m³",17.38,1917475]
[1917736,"Dragagem de cascalho com draga de sucção e recalque - bomba de 746 kW e cortador de 110 kW - distância de recalque de até 500 m","m³",7.68,1917736]
[1917067,"Dragagem de cascalho com draga hopper - capacidade da cisterna de 1.000 m³ - DMT de 1.500 a 1.800 m","m³",10.56,1917067]
[1917068,"Dragagem de cascalho com draga hopper - capacidade da cisterna de 1.000 m³ - DMT de 1.800 a 2.100 m","m³",10.77,1917068]
[1917069,"Dragagem de cascalho com draga hopper - capacidade da cisterna de 1.000 m³ - DMT de 2.100 a 2.400 m","m³",10.99,1917069]
[1917070,"Dragagem de cascalho com draga hopper - capacidade da cisterna de 1.000 m³ - DMT de 2.400 a 2.700 m","m³",11.21,1917070]
[1917071,"Dragagem de cascalho com draga hopper - capacidade da cisterna de 1.000 m³ - DMT de 2.700 a 3.000 m","m³",11.45,1917071]
[1917072,"Dragagem de cascalho com draga hopper - capacidade da cisterna de 1.000 m³ - DMT de 3.000 m","m³",11.58,1917072]
[1901572,"Dragagem de cascalho com draga hopper - capacidade da cisterna de 10.000 m³ - DMT de 1.500 a 1.800 m","m³",6.86,1901572]
[1901573,"Dragagem de cascalho com draga hopper - capacidade da cisterna de 10.000 m³ - DMT de 1.800 a 2.100 m","m³",6.92,1901573]
[1901574,"Dragagem de cascalho com draga hopper - capacidade da cisterna de 10.000 m³ - DMT de 2.100 a 2.400 m","m³",6.98,1901574]
[1901575,"Dragagem de cascalho com draga hopper - capacidade da cisterna de 10.000 m³ - DMT de 2.400 a 2.700 m","m³",7.05,1901575]
[1901576,"Dragagem de cascalho com draga hopper - capacidade da cisterna de 10.000 m³ - DMT de 2.700 a 3.000 m","m³",7.12,1901576]
[1901571,"Dragagem de cascalho com draga hopper - capacidade da cisterna de 10.000 m³ - DMT de 3.000 m","m³",7.15,1901571]
[1901578,"Dragagem de cascalho com draga hopper - capacidade da cisterna de 15.000 m³ - DMT de 1.500 a 1.800 m","m³",8.99,1901578]
[1901579,"Dragagem de cascalho com draga hopper - capacidade da cisterna de 15.000 m³ - DMT de 1.800 a 2.100 m","m³",9.05,1901579]
[1901580,"Dragagem de cascalho com draga hopper - capacidade da cisterna de 15.000 m³ - DMT de 2.100 a 2.400 m","m³",9.11,1901580]
[1901581,"Dragagem de cascalho com draga hopper - capacidade da cisterna de 15.000 m³ - DMT de 2.400 a 2.700 m","m³",9.17,1901581]
[1901582,"Dragagem de cascalho com draga hopper - capacidade da cisterna de 15.000 m³ - DMT de 2.700 a 3.000 m","m³",9.24,1901582]
[1901577,"Dragagem de cascalho com draga hopper - capacidade da cisterna de 15.000 m³ - DMT de 3.000 m","m³",9.28,1901577]
[1917103,"Dragagem de cascalho com draga hopper - capacidade da cisterna de 2.000 m³ - DMT de 1.500 a 1.800 m","m³",7.4,1917103]
[1917104,"Dragagem de cascalho com draga hopper - capacidade da cisterna de 2.000 m³ - DMT de 1.800 a 2.100 m","m³",7.53,{"$f":"A2372*1","v":1917104}]
[1917105,"Dragagem de cascalho com draga hopper - capacidade da cisterna de 2.000 m³ - DMT de 2.100 a 2.400 m","m³",7.67,1917105]
[1917106,"Dragagem de cascalho com draga hopper - capacidade da cisterna de 2.000 m³ - DMT de 2.400 a 2.700 m","m³",7.81,1917106]
[1917107,"Dragagem de cascalho com draga hopper - capacidade da cisterna de 2.000 m³ - DMT de 2.700 a 3.000 m","m³",7.95,1917107]
[1917108,"Dragagem de cascalho com draga hopper - capacidade da cisterna de 2.000 m³ - DMT de 3.000 m","m³",8.03,1917108]
[1901583,"Dragagem de cascalho com draga hopper - capacidade da cisterna de 20.000 m³ - DMT de 1.500 a 1.800 m","m³",11.19,1901583]
[1901584,"Dragagem de cascalho com draga hopper - capacidade da cisterna de 20.000 m³ - DMT de 1.800 a 2.100 m","m³",11.24,1901584]
[1901585,"Dragagem de cascalho com draga hopper - capacidade da cisterna de 20.000 m³ - DMT de 2.100 a 2.400 m","m³",11.3,1901585]
[1901586,"Dragagem de cascalho com draga hopper - capacidade da cisterna de 20.000 m³ - DMT de 2.400 a 2.700 m","m³",11.36,1901586]
[1901587,"Dragagem de cascalho com draga hopper - capacidade da cisterna de 20.000 m³ - DMT de 2.700 a 3.000 m","m³",11.43,1901587]
[1901588,"Dragagem de cascalho com draga hopper - capacidade da cisterna de 20.000 m³ - DMT de 3.000 m","m³",11.46,1901588]
[1917139,"Dragagem de cascalho com draga hopper - capacidade da cisterna de 3.000 m³ - DMT de 1.500 a 1.800 m","m³",7.03,1917139]
[1917140,"Dragagem de cascalho com draga hopper - capacidade da cisterna de 3.000 m³ - DMT de 1.800 a 2.100 m","m³",7.14,1917140]
[1917141,"Dragagem de cascalho com draga hopper - capacidade da cisterna de 3.000 m³ - DMT de 2.100 a 2.400 m","m³",7.25,1917141]
[1917142,"Dragagem de cascalho com draga hopper - capacidade da cisterna de 3.000 m³ - DMT de 2.400 a 2.700 m","m³",7.36,1917142]
[1917143,"Dragagem de cascalho com draga hopper - capacidade da cisterna de 3.000 m³ - DMT de 2.700 a 3.000 m","m³",7.49,1917143]
[1917144,"Dragagem de cascalho com draga hopper - capacidade da cisterna de 3.000 m³ - DMT de 3.000 m","m³",7.55,1917144]
[1917175,"Dragagem de cascalho com draga hopper - capacidade da cisterna de 4.000 m³ - DMT de 1.500 a 1.800 m","m³",6.67,1917175]
[1917176,"Dragagem de cascalho com draga hopper - capacidade da cisterna de 4.000 m³ - DMT de 1.800 a 2.100 m","m³",6.77,1917176]
[1917177,"Dragagem de cascalho com draga hopper - capacidade da cisterna de 4.000 m³ - DMT de 2.100 a 2.400 m","m³",6.86,1917177]
[1917178,"Dragagem de cascalho com draga hopper - capacidade da cisterna de 4.000 m³ - DMT de 2.400 a 2.700 m","m³",6.96,1917178]
[1917179,"Dragagem de cascalho com draga hopper - capacidade da cisterna de 4.000 m³ - DMT de 2.700 a 3.000 m","m³",7.07,1917179]
[1917180,"Dragagem de cascalho com draga hopper - capacidade da cisterna de 4.000 m³ - DMT de 3.000 m","m³",7.13,1917180]
[1917211,"Dragagem de cascalho com draga hopper - capacidade da cisterna de 5.000 m³ - DMT de 1.500 a 1.800 m","m³",7.35,1917211]
[1917212,"Dragagem de cascalho com draga hopper - capacidade da cisterna de 5.000 m³ - DMT de 1.800 a 2.100 m","m³",7.43,1917212]
[1917213,"Dragagem de cascalho com draga hopper - capacidade da cisterna de 5.000 m³ - DMT de 2.100 a 2.400 m","m³",7.52,1917213]
[1917214,"Dragagem de cascalho com draga hopper - capacidade da cisterna de 5.000 m³ - DMT de 2.400 a 2.700 m","m³",7.6,1917214]
[1917215,"Dragagem de cascalho com draga hopper - capacidade da cisterna de 5.000 m³ - DMT de 2.700 a 3.000 m","m³",7.7,1917215]
[1917216,"Dragagem de cascalho com draga hopper - capacidade da cisterna de 5.000 m³ - DMT de 3.000 m","m³",7.75,1917216]
[1917031,"Dragagem de cascalho com draga hopper - capacidade da cisterna de 750 m³ - DMT de 1.500 a 1.800 m","m³",14.32,1917031]
[1917032,"Dragagem de cascalho com draga hopper - capacidade da cisterna de 750 m³ - DMT de 1.800 a 2.100 m","m³",14.62,1917032]
[1917033,"Dragagem de cascalho com draga hopper - capacidade da cisterna de 750 m³ - DMT de 2.100 a 2.400 m","m³",14.93,1917033]
[1917034,"Dragagem de cascalho com draga hopper - capacidade da cisterna de 750 m³ - DMT de 2.400 a 2.700 m","m³",15.26,1917034]
[1917035,"Dragagem de cascalho com draga hopper - capacidade da cisterna de 750 m³ - DMT de 2.700 a 3.000 m","m³",15.6,1917035]
[1917036,"Dragagem de cascalho com draga hopper - capacidade da cisterna de 750 m³ - DMT de 3.000 m","m³",15.78,1917036]
[1917605,"Dragagem de cascalho fino com draga de sucção e recalque - bomba de 1.350 kW e cortador de 170 kW - distância de recalque de 1.100 a 1.300 m","m³",7.75,1917605]
[1917606,"Dragagem de cascalho fino com draga de sucção e recalque - bomba de 1.350 kW e cortador de 170 kW - distância de recalque de 1.300 a 1.500 m","m³",8.4,1917606]
[1917607,"Dragagem de cascalho fino com draga de sucção e recalque - bomba de 1.350 kW e cortador de 170 kW - distância de recalque de 1.500 a 1.700 m","m³",9.04,1917607]
[1917608,"Dragagem de cascalho fino com draga de sucção e recalque - bomba de 1.350 kW e cortador de 170 kW - distância de recalque de 1.700 a 1.900 m","m³",10.11,1917608]
[1917609,"Dragagem de cascalho fino com draga de sucção e recalque - bomba de 1.350 kW e cortador de 170 kW - distância de recalque de 1.900 a 2.100 m","m³",11.51,1917609]
[1917610,"Dragagem de cascalho fino com draga de sucção e recalque - bomba de 1.350 kW e cortador de 170 kW - distância de recalque de 2.100 a 2.300 m","m³",13.57,1917610]
[1917611,"Dragagem de cascalho fino com draga de sucção e recalque - bomba de 1.350 kW e cortador de 170 kW - distância de recalque de 2.300 a 2.500 m","m³",15.9,1917611]
[1917612,"Dragagem de cascalho fino com draga de sucção e recalque - bomba de 1.350 kW e cortador de 170 kW - distância de recalque de 2.500 a 2.700 m","m³",18.63,1917612]
[1917613,"Dragagem de cascalho fino com draga de sucção e recalque - bomba de 1.350 kW e cortador de 170 kW - distância de recalque de 2.700 a 2.900 m","m³",21.66,1917613]
[1917614,"Dragagem de cascalho fino com draga de sucção e recalque - bomba de 1.350 kW e cortador de 170 kW - distância de recalque de 2.900 a 3.100 m","m³",24.99,1917614]
[1917615,"Dragagem de cascalho fino com draga de sucção e recalque - bomba de 1.350 kW e cortador de 170 kW - distância de recalque de 3.100 a 3.300 m","m³",28.75,1917615]
[1917616,"Dragagem de cascalho fino com draga de sucção e recalque - bomba de 1.350 kW e cortador de 170 kW - distância de recalque de 3.300 a 3.500 m","m³",33.27,1917616]
[1917617,"Dragagem de cascalho fino com draga de sucção e recalque - bomba de 1.350 kW e cortador de 170 kW - distância de recalque de 3.500 a 3.700 m","m³",37.26,1917617]
[1917618,"Dragagem de cascalho fino com draga de sucção e recalque - bomba de 1.350 kW e cortador de 170 kW - distância de recalque de 3.700 a 3.900 m","m³",42.43,1917618]
[1917619,"Dragagem de cascalho fino com draga de sucção e recalque - bomba de 1.350 kW e cortador de 170 kW - distância de recalque de 3.900 a 4.100 m","m³",46.03,1917619]
[1917602,"Dragagem de cascalho fino com draga de sucção e recalque - bomba de 1.350 kW e cortador de 170 kW - distância de recalque de 500 a 700 m","m³",5.58,1917602]
[1917603,"Dragagem de cascalho fino com draga de sucção e recalque - bomba de 1.350 kW e cortador de 170 kW - distância de recalque de 700 a 900 m","m³",6.25,1917603]
[1917604,"Dragagem de cascalho fino com draga de sucção e recalque - bomba de 1.350 kW e cortador de 170 kW - distância de recalque de 900 a 1.100 m","m³",6.85,1917604]
[1917740,"Dragagem de cascalho fino com draga de sucção e recalque - bomba de 1.350 kW e cortador de 170 kW - distância de recalque de até 500 m","m³",5.38,1917740]
[1917263,"Dragagem de cascalho fino com draga de sucção e recalque - bomba de 294 kW e cortador de 30 kW - distância de recalque de 1.100 a 1.300 m","m³",9.73,1917263]
[1917264,"Dragagem de cascalho fino com draga de sucção e recalque - bomba de 294 kW e cortador de 30 kW - distância de recalque de 1.300 a 1.500 m","m³",12.06,1917264]
[1917265,"Dragagem de cascalho fino com draga de sucção e recalque - bomba de 294 kW e cortador de 30 kW - distância de recalque de 1.500 a 1.700 m","m³",15.64,1917265]
[1917260,"Dragagem de cascalho fino com draga de sucção e recalque - bomba de 294 kW e cortador de 30 kW - distância de recalque de 500 a 700 m","m³",5.88,1917260]
[1917261,"Dragagem de cascalho fino com draga de sucção e recalque - bomba de 294 kW e cortador de 30 kW - distância de recalque de 700 a 900 m","m³",6.56,1917261]
[1917262,"Dragagem de cascalho fino com draga de sucção e recalque - bomba de 294 kW e cortador de 30 kW - distância de recalque de 900 a 1.100 m","m³",7.77,1917262]
[1917727,"Dragagem de cascalho fino com draga de sucção e recalque - bomba de 294 kW e cortador de 30 kW - distância de recalque de até 500 m","m³",5.69,1917727]
[1917351,"Dragagem de cascalho fino com draga de sucção e recalque - bomba de 483 kW e cortador de 55 kW - distância de recalque de 1.100 a 1.300 m","m³",8.58,1917351]
[1917352,"Dragagem de cascalho fino com draga de sucção e recalque - bomba de 483 kW e cortador de 55 kW - distância de recalque de 1.300 a 1.500 m","m³",11.3,1917352]
[1917353,"Dragagem de cascalho fino com draga de sucção e recalque - bomba de 483 kW e cortador de 55 kW - distância de recalque de 1.500 a 1.700 m","m³",14.51,1917353]
[1917354,"Dragagem de cascalho fino com draga de sucção e recalque - bomba de 483 kW e cortador de 55 kW - distância de recalque de 1.700 a 1.900 m","m³",18.83,{"$f":"A2436*1","v":1917354}]
[1917355,"Dragagem de cascalho fino com draga de sucção e recalque - bomba de 483 kW e cortador de 55 kW - distância de recalque de 1.900 a 2.100 m","m³",24.24,1917355]
[1917356,"Dragagem de cascalho fino com draga de sucção e recalque - bomba de 483 kW e cortador de 55 kW - distância de recalque de 2.100 a 2.300 m","m³",29.71,1917356]
[1917357,"Dragagem de cascalho fino com draga de sucção e recalque - bomba de 483 kW e cortador de 55 kW - distância de recalque de 2.300 a 2.500 m","m³",33.97,1917357]
[1917348,"Dragagem de cascalho fino com draga de sucção e recalque - bomba de 483 kW e cortador de 55 kW - distância de recalque de 500 a 700 m","m³",5.15,1917348]
[1917349,"Dragagem de cascalho fino com draga de sucção e recalque - bomba de 483 kW e cortador de 55 kW - distância de recalque de 700 a 900 m","m³",5.61,1917349]
[1917350,"Dragagem de cascalho fino com draga de sucção e recalque - bomba de 483 kW e cortador de 55 kW - distância de recalque de 900 a 1.100 m","m³",6.4,1917350]
[1917731,"Dragagem de cascalho fino com draga de sucção e recalque - bomba de 483 kW e cortador de 55 kW - distância de recalque de até 500 m","m³",5.04,1917731]
[1917463,"Dragagem de cascalho fino com draga de sucção e recalque - bomba de 746 kW e cortador de 110 kW - distância de recalque de 1.100 a 1.300 m","m³",8.76,1917463]
[1917464,"Dragagem de cascalho fino com draga de sucção e recalque - bomba de 746 kW e cortador de 110 kW - distância de recalque de 1.300 a 1.500 m","m³",10.15,1917464]
[1917465,"Dragagem de cascalho fino com draga de sucção e recalque - bomba de 746 kW e cortador de 110 kW - distância de recalque de 1.500 a 1.700 m","m³",11.69,1917465]
[1917466,"Dragagem de cascalho fino com draga de sucção e recalque - bomba de 746 kW e cortador de 110 kW - distância de recalque de 1.700 a 1.900 m","m³",13.91,1917466]
[1917467,"Dragagem de cascalho fino com draga de sucção e recalque - bomba de 746 kW e cortador de 110 kW - distância de recalque de 1.900 a 2.100 m","m³",17.18,1917467]
[1917468,"Dragagem de cascalho fino com draga de sucção e recalque - bomba de 746 kW e cortador de 110 kW - distância de recalque de 2.100 a 2.300 m","m³",20.9,1917468]
[1917469,"Dragagem de cascalho fino com draga de sucção e recalque - bomba de 746 kW e cortador de 110 kW - distância de recalque de 2.300 a 2.500 m","m³",25,1917469]
[1917470,"Dragagem de cascalho fino com draga de sucção e recalque - bomba de 746 kW e cortador de 110 kW - distância de recalque de 2.500 a 2.700 m","m³",29.81,1917470]
[1917471,"Dragagem de cascalho fino com draga de sucção e recalque - bomba de 746 kW e cortador de 110 kW - distância de recalque de 2.700 a 2.900 m","m³",35.48,1917471]
[1917472,"Dragagem de cascalho fino com draga de sucção e recalque - bomba de 746 kW e cortador de 110 kW - distância de recalque de 2.900 a 3.100 m","m³",38.01,1917472]
[1917460,"Dragagem de cascalho fino com draga de sucção e recalque - bomba de 746 kW e cortador de 110 kW - distância de recalque de 500 a 700 m","m³",5.04,1917460]
[1917461,"Dragagem de cascalho fino com draga de sucção e recalque - bomba de 746 kW e cortador de 110 kW - distância de recalque de 700 a 900 m","m³",6,1917461]
[1917462,"Dragagem de cascalho fino com draga de sucção e recalque - bomba de 746 kW e cortador de 110 kW - distância de recalque de 900 a 1.100 m","m³",7.15,1917462]
[1917735,"Dragagem de cascalho fino com draga de sucção e recalque - bomba de 746 kW e cortador de 110 kW - distância de recalque de até 500 m","m³",4.52,1917735]
[1917061,"Dragagem de cascalho fino com draga hopper - capacidade da cisterna de 1.000 m³ - DMT de 1.500 a 1.800 m","m³",10.68,1917061]
[1917062,"Dragagem de cascalho fino com draga hopper - capacidade da cisterna de 1.000 m³ - DMT de 1.800 a 2.100 m","m³",10.89,1917062]
[1917063,"Dragagem de cascalho fino com draga hopper - capacidade da cisterna de 1.000 m³ - DMT de 2.100 a 2.400 m","m³",11.1,1917063]
[1917064,"Dragagem de cascalho fino com draga hopper - capacidade da cisterna de 1.000 m³ - DMT de 2.400 a 2.700 m","m³",11.32,1917064]
[1917065,"Dragagem de cascalho fino com draga hopper - capacidade da cisterna de 1.000 m³ - DMT de 2.700 a 3.000 m","m³",11.56,1917065]
[1917066,"Dragagem de cascalho fino com draga hopper - capacidade da cisterna de 1.000 m³ - DMT de 3.000 m","m³",11.68,1917066]
[1901590,"Dragagem de cascalho fino com draga hopper - capacidade da cisterna de 10.000 m³ - DMT de 1.500 a 1.800 m","m³",6.98,1901590]
[1901591,"Dragagem de cascalho fino com draga hopper - capacidade da cisterna de 10.000 m³ - DMT de 1.800 a 2.100 m","m³",7.04,1901591]
[1901592,"Dragagem de cascalho fino com draga hopper - capacidade da cisterna de 10.000 m³ - DMT de 2.100 a 2.400 m","m³",7.1,1901592]
[1901593,"Dragagem de cascalho fino com draga hopper - capacidade da cisterna de 10.000 m³ - DMT de 2.400 a 2.700 m","m³",7.17,1901593]
[1901594,"Dragagem de cascalho fino com draga hopper - capacidade da cisterna de 10.000 m³ - DMT de 2.700 a 3.000 m","m³",7.24,1901594]
[1901589,"Dragagem de cascalho fino com draga hopper - capacidade da cisterna de 10.000 m³ - DMT de 3.000 m","m³",7.28,1901589]
[1901596,"Dragagem de cascalho fino com draga hopper - capacidade da cisterna de 15.000 m³ - DMT de 1.500 a 1.800 m","m³",9.19,1901596]
[1901597,"Dragagem de cascalho fino com draga hopper - capacidade da cisterna de 15.000 m³ - DMT de 1.800 a 2.100 m","m³",9.24,1901597]
[1901598,"Dragagem de cascalho fino com draga hopper - capacidade da cisterna de 15.000 m³ - DMT de 2.100 a 2.400 m","m³",9.3,1901598]
[1901599,"Dragagem de cascalho fino com draga hopper - capacidade da cisterna de 15.000 m³ - DMT de 2.400 a 2.700 m","m³",9.36,1901599]
[1901600,"Dragagem de cascalho fino com draga hopper - capacidade da cisterna de 15.000 m³ - DMT de 2.700 a 3.000 m","m³",9.43,1901600]
[1901595,"Dragagem de cascalho fino com draga hopper - capacidade da cisterna de 15.000 m³ - DMT de 3.000 m","m³",9.46,1901595]
[1917097,"Dragagem de cascalho fino com draga hopper - capacidade da cisterna de 2.000 m³ - DMT de 1.500 a 1.800 m","m³",7.49,1917097]
[1917098,"Dragagem de cascalho fino com draga hopper - capacidade da cisterna de 2.000 m³ - DMT de 1.800 a 2.100 m","m³",7.62,1917098]
[1917099,"Dragagem de cascalho fino com draga hopper - capacidade da cisterna de 2.000 m³ - DMT de 2.100 a 2.400 m","m³",7.75,1917099]
[1917100,"Dragagem de cascalho fino com draga hopper - capacidade da cisterna de 2.000 m³ - DMT de 2.400 a 2.700 m","m³",7.89,1917100]
[1917101,"Dragagem de cascalho fino com draga hopper - capacidade da cisterna de 2.000 m³ - DMT de 2.700 a 3.000 m","m³",8.03,1917101]
[1917102,"Dragagem de cascalho fino com draga hopper - capacidade da cisterna de 2.000 m³ - DMT de 3.000 m","m³",8.11,1917102]
[1901601,"Dragagem de cascalho fino com draga hopper - capacidade da cisterna de 20.000 m³ - DMT de 1.500 a 1.800 m","m³",11.45,1901601]
[1901602,"Dragagem de cascalho fino com draga hopper - capacidade da cisterna de 20.000 m³ - DMT de 1.800 a 2.100 m","m³",11.5,1901602]
[1901603,"Dragagem de cascalho fino com draga hopper - capacidade da cisterna de 20.000 m³ - DMT de 2.100 a 2.400 m","m³",11.56,1901603]
[1901604,"Dragagem de cascalho fino com draga hopper - capacidade da cisterna de 20.000 m³ - DMT de 2.400 a 2.700 m","m³",11.62,1901604]
[1901605,"Dragagem de cascalho fino com draga hopper - capacidade da cisterna de 20.000 m³ - DMT de 2.700 a 3.000 m","m³",11.68,1901605]
[1901606,"Dragagem de cascalho fino com draga hopper - capacidade da cisterna de 20.000 m³ - DMT de 3.000 m","m³",11.72,1901606]
[1917133,"Dragagem de cascalho fino com draga hopper - capacidade da cisterna de 3.000 m³ - DMT de 1.500 a 1.800 m","m³",7.13,1917133]
[1917134,"Dragagem de cascalho fino com draga hopper - capacidade da cisterna de 3.000 m³ - DMT de 1.800 a 2.100 m","m³",7.24,1917134]
[1917135,"Dragagem de cascalho fino com draga hopper - capacidade da cisterna de 3.000 m³ - DMT de 2.100 a 2.400 m","m³",7.34,1917135]
[1917136,"Dragagem de cascalho fino com draga hopper - capacidade da cisterna de 3.000 m³ - DMT de 2.400 a 2.700 m","m³",7.46,1917136]
[1917137,"Dragagem de cascalho fino com draga hopper - capacidade da cisterna de 3.000 m³ - DMT de 2.700 a 3.000 m","m³",7.57,1917137]
[1917138,"Dragagem de cascalho fino com draga hopper - capacidade da cisterna de 3.000 m³ - DMT de 3.000 m","m³",7.64,1917138]
[1917169,"Dragagem de cascalho fino com draga hopper - capacidade da cisterna de 4.000 m³ - DMT de 1.500 a 1.800 m","m³",6.77,1917169]
[1917170,"Dragagem de cascalho fino com draga hopper - capacidade da cisterna de 4.000 m³ - DMT de 1.800 a 2.100 m","m³",6.86,1917170]
[1917171,"Dragagem de cascalho fino com draga hopper - capacidade da cisterna de 4.000 m³ - DMT de 2.100 a 2.400 m","m³",6.96,1917171]
[1917172,"Dragagem de cascalho fino com draga hopper - capacidade da cisterna de 4.000 m³ - DMT de 2.400 a 2.700 m","m³",7.06,1917172]
[1917173,"Dragagem de cascalho fino com draga hopper - capacidade da cisterna de 4.000 m³ - DMT de 2.700 a 3.000 m","m³",7.16,1917173]
[1917174,"Dragagem de cascalho fino com draga hopper - capacidade da cisterna de 4.000 m³ - DMT de 3.000 m","m³",7.22,1917174]
[1917205,"Dragagem de cascalho fino com draga hopper - capacidade da cisterna de 5.000 m³ - DMT de 1.500 a 1.800 m","m³",7.47,{"$f":"A2500*1","v":1917205}]
[1917206,"Dragagem de cascalho fino com draga hopper - capacidade da cisterna de 5.000 m³ - DMT de 1.800 a 2.100 m","m³",7.55,1917206]
[1917207,"Dragagem de cascalho fino com draga hopper - capacidade da cisterna de 5.000 m³ - DMT de 2.100 a 2.400 m","m³",7.64,1917207]
[1917208,"Dragagem de cascalho fino com draga hopper - capacidade da cisterna de 5.000 m³ - DMT de 2.400 a 2.700 m","m³",7.72,1917208]
[1917209,"Dragagem de cascalho fino com draga hopper - capacidade da cisterna de 5.000 m³ - DMT de 2.700 a 3.000 m","m³",7.82,1917209]
[1917210,"Dragagem de cascalho fino com draga hopper - capacidade da cisterna de 5.000 m³ - DMT de 3.000 m","m³",7.87,1917210]
[1917025,"Dragagem de cascalho fino com draga hopper - capacidade da cisterna de 750 m³ - DMT de 1.500 a 1.800 m","m³",14.49,1917025]
[1917026,"Dragagem de cascalho fino com draga hopper - capacidade da cisterna de 750 m³ - DMT de 1.800 a 2.100 m","m³",14.79,1917026]
[1917027,"Dragagem de cascalho fino com draga hopper - capacidade da cisterna de 750 m³ - DMT de 2.100 a 2.400 m","m³",15.09,1917027]
[1917028,"Dragagem de cascalho fino com draga hopper - capacidade da cisterna de 750 m³ - DMT de 2.400 a 2.700 m","m³",15.41,1917028]
[1917029,"Dragagem de cascalho fino com draga hopper - capacidade da cisterna de 750 m³ - DMT de 2.700 a 3.000 m","m³",15.75,1917029]
[1917030,"Dragagem de cascalho fino com draga hopper - capacidade da cisterna de 750 m³ - DMT de 3.000 m","m³",15.93,1917030]
[1917629,"Dragagem de material de 1ª categoria com clamshell sobre pontão flutuante - capacidade da caçamba de 4,6 m³ - transporte com batelão sem propulsão com capacidade de 100 t - DMT 0 a 300 m","m³",12.47,1917629]
[1917633,"Dragagem de material de 1ª categoria com clamshell sobre pontão flutuante - capacidade da caçamba de 4,6 m³ - transporte com batelão sem propulsão com capacidade de 100 t - DMT 1.200 a 1.500 m","m³",13.88,1917633]
[1917634,"Dragagem de material de 1ª categoria com clamshell sobre pontão flutuante - capacidade da caçamba de 4,6 m³ - transporte com batelão sem propulsão com capacidade de 100 t - DMT 1.500 a 1.800 m","m³",14.14,1917634]
[1917635,"Dragagem de material de 1ª categoria com clamshell sobre pontão flutuante - capacidade da caçamba de 4,6 m³ - transporte com batelão sem propulsão com capacidade de 100 t - DMT 1.800 a 2.100 m","m³",14.39,1917635]
[1917636,"Dragagem de material de 1ª categoria com clamshell sobre pontão flutuante - capacidade da caçamba de 4,6 m³ - transporte com batelão sem propulsão com capacidade de 100 t - DMT 2.100 a 2.400 m","m³",16.19,1917636]
[1917637,"Dragagem de material de 1ª categoria com clamshell sobre pontão flutuante - capacidade da caçamba de 4,6 m³ - transporte com batelão sem propulsão com capacidade de 100 t - DMT 2.400 a 2.700 m","m³",16.53,1917637]
[1917638,"Dragagem de material de 1ª categoria com clamshell sobre pontão flutuante - capacidade da caçamba de 4,6 m³ - transporte com batelão sem propulsão com capacidade de 100 t - DMT 2.700 a 3.000 m","m³",16.87,1917638]
[1917630,"Dragagem de material de 1ª categoria com clamshell sobre pontão flutuante - capacidade da caçamba de 4,6 m³ - transporte com batelão sem propulsão com capacidade de 100 t - DMT 300 a 600 m","m³",12.92,1917630]
[1917631,"Dragagem de material de 1ª categoria com clamshell sobre pontão flutuante - capacidade da caçamba de 4,6 m³ - transporte com batelão sem propulsão com capacidade de 100 t - DMT 600 a 900 m","m³",13.31,1917631]
[1917632,"Dragagem de material de 1ª categoria com clamshell sobre pontão flutuante - capacidade da caçamba de 4,6 m³ - transporte com batelão sem propulsão com capacidade de 100 t - DMT 900 a 1.200 m","m³",13.56,1917632]
[1917639,"Dragagem de material de 1ª categoria com clamshell sobre pontão flutuante - capacidade da caçamba de 4,6 m³ - transporte com batelão sem propulsão com capacidade de 100 t - DMT de 3.000 m","m³",17.04,1917639]
[1917646,"Dragagem de material de 1ª categoria com dragline - caçamba de 2,1 m³ - caminho de serviço em leito natural - DMT 1.000 a 1.200 m - com caminhão de 14 m³ e carregadeira","m³",17.67,1917646]
[1917647,"Dragagem de material de 1ª categoria com dragline - caçamba de 2,1 m³ - caminho de serviço em leito natural - DMT 1.200 a 1.400 m - com caminhão de 14 m³ e carregadeira","m³",17.91,1917647]
[1917648,"Dragagem de material de 1ª categoria com dragline - caçamba de 2,1 m³ - caminho de serviço em leito natural - DMT 1.400 a 1.600 m - com caminhão de 14 m³ e carregadeira","m³",18.09,1917648]
[1917649,"Dragagem de material de 1ª categoria com dragline - caçamba de 2,1 m³ - caminho de serviço em leito natural - DMT 1.600 a 1.800 m - com caminhão de 14 m³ e carregadeira","m³",18.33,1917649]
[1917650,"Dragagem de material de 1ª categoria com dragline - caçamba de 2,1 m³ - caminho de serviço em leito natural - DMT 1.800 a 2.000 m - com caminhão de 14 m³ e carregadeira","m³",18.57,1917650]
[1917651,"Dragagem de material de 1ª categoria com dragline - caçamba de 2,1 m³ - caminho de serviço em leito natural - DMT 2.000 a 2.500 m - com caminhão de 14 m³ e carregadeira","m³",18.94,1917651]
[1917652,"Dragagem de material de 1ª categoria com dragline - caçamba de 2,1 m³ - caminho de serviço em leito natural - DMT 2.500 a 3.000 m - com caminhão de 14 m³ e carregadeira","m³",21.19,1917652]
[1917642,"Dragagem de material de 1ª categoria com dragline - caçamba de 2,1 m³ - caminho de serviço em leito natural - DMT 200 a 400 m - com caminhão de 14 m³ e carregadeira","m³",16.65,1917642]
[1917643,"Dragagem de material de 1ª categoria com dragline - caçamba de 2,1 m³ - caminho de serviço em leito natural - DMT 400 a 600 m - com caminhão de 14 m³ e carregadeira","m³",16.95,1917643]
[1917641,"Dragagem de material de 1ª categoria com dragline - caçamba de 2,1 m³ - caminho de serviço em leito natural - DMT 50 a 200 m - com caminhão de 14 m³ e carregadeira","m³",14.7,1917641]
[1917644,"Dragagem de material de 1ª categoria com dragline - caçamba de 2,1 m³ - caminho de serviço em leito natural - DMT 600 a 800 m - com caminhão de 14 m³ e carregadeira","m³",17.25,1917644]
[1917645,"Dragagem de material de 1ª categoria com dragline - caçamba de 2,1 m³ - caminho de serviço em leito natural - DMT 800 a 1.000 m - com caminhão de 14 m³ e carregadeira","m³",17.43,1917645]
[1917653,"Dragagem de material de 1ª categoria com dragline - caçamba de 2,1 m³ - caminho de serviço em leito natural - DMT de 3.000 m - com caminhão de 14 m³ e carregadeira","m³",21.46,1917653]
[1917659,"Dragagem de material de 1ª categoria com dragline - caçamba de 2,1 m³ - caminho de serviço em revestimento primário - DMT 1.000 a 1.200 m - com caminhão de 14 m³ e carregadeira","m³",17.01,1917659]
[1917660,"Dragagem de material de 1ª categoria com dragline - caçamba de 2,1 m³ - caminho de serviço em revestimento primário - DMT 1.200 a 1.400 m - com caminhão de 14 m³ e carregadeira","m³",17.13,1917660]
[1917661,"Dragagem de material de 1ª categoria com dragline - caçamba de 2,1 m³ - caminho de serviço em revestimento primário - DMT 1.400 a 1.600 m - com caminhão de 14 m³ e carregadeira","m³",17.25,1917661]
[1917662,"Dragagem de material de 1ª categoria com dragline - caçamba de 2,1 m³ - caminho de serviço em revestimento primário - DMT 1.600 a 1.800 m - com caminhão de 14 m³ e carregadeira","m³",17.37,1917662]
[1917663,"Dragagem de material de 1ª categoria com dragline - caçamba de 2,1 m³ - caminho de serviço em revestimento primário - DMT 1.800 a 2.000 m - com caminhão de 14 m³ e carregadeira","m³",17.55,1917663]
[1917664,"Dragagem de material de 1ª categoria com dragline - caçamba de 2,1 m³ - caminho de serviço em revestimento primário - DMT 2.000 a 2.500 m - com caminhão de 14 m³ e carregadeira","m³",17.79,1917664]
[1917665,"Dragagem de material de 1ª categoria com dragline - caçamba de 2,1 m³ - caminho de serviço em revestimento primário - DMT 2.500 a 3.000 m - com caminhão de 14 m³ e carregadeira","m³",18.15,1917665]
[1917655,"Dragagem de material de 1ª categoria com dragline - caçamba de 2,1 m³ - caminho de serviço em revestimento primário - DMT 200 a 400 m - com caminhão de 14 m³ e carregadeira","m³",14.7,1917655]
[1917656,"Dragagem de material de 1ª categoria com dragline - caçamba de 2,1 m³ - caminho de serviço em revestimento primário - DMT 400 a 600 m - com caminhão de 14 m³ e carregadeira","m³",16.53,1917656]
[1917654,"Dragagem de material de 1ª categoria com dragline - caçamba de 2,1 m³ - caminho de serviço em revestimento primário - DMT 50 a 200 m - com caminhão de 14 m³ e carregadeira","m³",14.49,1917654]
[1917657,"Dragagem de material de 1ª categoria com dragline - caçamba de 2,1 m³ - caminho de serviço em revestimento primário - DMT 600 a 800 m - com caminhão de 14 m³ e carregadeira","m³",16.71,1917657]
[1917658,"Dragagem de material de 1ª categoria com dragline - caçamba de 2,1 m³ - caminho de serviço em revestimento primário - DMT 800 a 1.000 m - com caminhão de 14 m³ e carregadeira","m³",16.83,1917658]
[1917666,"Dragagem de material de 1ª categoria com dragline - caçamba de 2,1 m³ - caminho de serviço em revestimento primário - DMT de 3.000 m - com caminhão de 14 m³ e carregadeira","m³",18.39,1917666]
[1917672,"Dragagem de material de 1ª categoria com dragline - caçamba de 2,1 m³ - caminho de serviço pavimentado - DMT 1.000 a 1.200 m - com caminhão de 14 m³ e carregadeira","m³",16.77,1917672]
[1917673,"Dragagem de material de 1ª categoria com dragline - caçamba de 2,1 m³ - caminho de serviço pavimentado - DMT 1.200 a 1.400 m - com caminhão de 14 m³ e carregadeira","m³",16.89,1917673]
[1917674,"Dragagem de material de 1ª categoria com dragline - caçamba de 2,1 m³ - caminho de serviço pavimentado - DMT 1.400 a 1.600 m - com caminhão de 14 m³ e carregadeira","m³",17.01,1917674]
[1917675,"Dragagem de material de 1ª categoria com dragline - caçamba de 2,1 m³ - caminho de serviço pavimentado - DMT 1.600 a 1.800 m - com caminhão de 14 m³ e carregadeira","m³",17.13,1917675]
[1917676,"Dragagem de material de 1ª categoria com dragline - caçamba de 2,1 m³ - caminho de serviço pavimentado - DMT 1.800 a 2.000 m - com caminhão de 14 m³ e carregadeira","m³",17.19,1917676]
[1917677,"Dragagem de material de 1ª categoria com dragline - caçamba de 2,1 m³ - caminho de serviço pavimentado - DMT 2.000 a 2.500 m - com caminhão de 14 m³ e carregadeira","m³",17.43,1917677]
[1917678,"Dragagem de material de 1ª categoria com dragline - caçamba de 2,1 m³ - caminho de serviço pavimentado - DMT 2.500 a 3.000 m - com caminhão de 14 m³ e carregadeira","m³",17.73,1917678]
[1917668,"Dragagem de material de 1ª categoria com dragline - caçamba de 2,1 m³ - caminho de serviço pavimentado - DMT 200 a 400 m - com caminhão de 14 m³ e carregadeira","m³",14.61,1917668]
[1917669,"Dragagem de material de 1ª categoria com dragline - caçamba de 2,1 m³ - caminho de serviço pavimentado - DMT 400 a 600 m - com caminhão de 14 m³ e carregadeira","m³",16.35,1917669]
[1917667,"Dragagem de material de 1ª categoria com dragline - caçamba de 2,1 m³ - caminho de serviço pavimentado - DMT 50 a 200 m - com caminhão de 14 m³ e carregadeira","m³",14.4,1917667]
[1917670,"Dragagem de material de 1ª categoria com dragline - caçamba de 2,1 m³ - caminho de serviço pavimentado - DMT 600 a 800 m - com caminhão de 14 m³ e carregadeira","m³",16.53,1917670]
[1917671,"Dragagem de material de 1ª categoria com dragline - caçamba de 2,1 m³ - caminho de serviço pavimentado - DMT 800 a 1.000 m - com caminhão de 14 m³ e carregadeira","m³",16.65,1917671]
[1917679,"Dragagem de material de 1ª categoria com dragline - caçamba de 2,1 m³ - caminho de serviço pavimentado - DMT de 3.000 m - com caminhão de 14 m³ e carregadeira","m³",17.91,1917679]
[1917640,"Dragagem de material de 1ª categoria com dragline - caçamba de 2,1 m³ - DMT até 50 m","m³",7.77,1917640]
[1917686,"Dragagem de material de 1ª categoria com escavadeira hidráulica - capacidade de caçamba de 1,56 m³ - caminho de serviço em leito natural - DMT 1.000 a 1.200 m","m³",9.72,1917686]
[1917687,"Dragagem de material de 1ª categoria com escavadeira hidráulica - capacidade de caçamba de 1,56 m³ - caminho de serviço em leito natural - DMT 1.200 a 1.400 m","m³",9.95,{"$f":"A2564*1","v":1917687}]
[1917688,"Dragagem de material de 1ª categoria com escavadeira hidráulica - capacidade de caçamba de 1,56 m³ - caminho de serviço em leito natural - DMT 1.400 a 1.600 m","m³",10.99,1917688]
[1917689,"Dragagem de material de 1ª categoria com escavadeira hidráulica - capacidade de caçamba de 1,56 m³ - caminho de serviço em leito natural - DMT 1.600 a 1.800 m","m³",11.24,1917689]
[1917690,"Dragagem de material de 1ª categoria com escavadeira hidráulica - capacidade de caçamba de 1,56 m³ - caminho de serviço em leito natural - DMT 1.800 a 2.000 m","m³",11.43,1917690]
[1917691,"Dragagem de material de 1ª categoria com escavadeira hidráulica - capacidade de caçamba de 1,56 m³ - caminho de serviço em leito natural - DMT 2.000 a 2.500 m","m³",11.81,1917691]
[1917692,"Dragagem de material de 1ª categoria com escavadeira hidráulica - capacidade de caçamba de 1,56 m³ - caminho de serviço em leito natural - DMT 2.500 a 3.000 m","m³",13.3,1917692]
[1917682,"Dragagem de material de 1ª categoria com escavadeira hidráulica - capacidade de caçamba de 1,56 m³ - caminho de serviço em leito natural - DMT 200 a 400 m","m³",8.73,1917682]
[1917693,"Dragagem de material de 1ª categoria com escavadeira hidráulica - capacidade de caçamba de 1,56 m³ - caminho de serviço em leito natural - DMT 3.000 m","m³",13.62,1917693]
[1917683,"Dragagem de material de 1ª categoria com escavadeira hidráulica - capacidade de caçamba de 1,56 m³ - caminho de serviço em leito natural - DMT 400 a 600 m","m³",9.01,1917683]
[1917681,"Dragagem de material de 1ª categoria com escavadeira hidráulica - capacidade de caçamba de 1,56 m³ - caminho de serviço em leito natural - DMT 50 a 200 m","m³",7.5,1917681]
[1917684,"Dragagem de material de 1ª categoria com escavadeira hidráulica - capacidade de caçamba de 1,56 m³ - caminho de serviço em leito natural - DMT 600 a 800 m","m³",9.25,1917684]
[1917685,"Dragagem de material de 1ª categoria com escavadeira hidráulica - capacidade de caçamba de 1,56 m³ - caminho de serviço em leito natural - DMT 800 a 1.000 m","m³",9.48,1917685]
[1917699,"Dragagem de material de 1ª categoria com escavadeira hidráulica - capacidade de caçamba de 1,56 m³ - caminho de serviço em revestimento primário - DMT 1.000 a 1.200 m","m³",9.01,1917699]
[1917700,"Dragagem de material de 1ª categoria com escavadeira hidráulica - capacidade de caçamba de 1,56 m³ - caminho de serviço em revestimento primário - DMT 1.200 a 1.400 m","m³",9.15,1917700]
[1917701,"Dragagem de material de 1ª categoria com escavadeira hidráulica - capacidade de caçamba de 1,56 m³ - caminho de serviço em revestimento primário - DMT 1.400 a 1.600 m","m³",9.29,1917701]
[1917702,"Dragagem de material de 1ª categoria com escavadeira hidráulica - capacidade de caçamba de 1,56 m³ - caminho de serviço em revestimento primário - DMT 1.600 a 1.800 m","m³",9.43,1917702]
[1917703,"Dragagem de material de 1ª categoria com escavadeira hidráulica - capacidade de caçamba de 1,56 m³ - caminho de serviço em revestimento primário - DMT 1.800 a 2.000 m","m³",9.58,1917703]
[1917704,"Dragagem de material de 1ª categoria com escavadeira hidráulica - capacidade de caçamba de 1,56 m³ - caminho de serviço em revestimento primário - DMT 2.000 a 2.500 m","m³",9.81,1917704]
[1917705,"Dragagem de material de 1ª categoria com escavadeira hidráulica - capacidade de caçamba de 1,56 m³ - caminho de serviço em revestimento primário - DMT 2.500 a 3.000 m","m³",11.05,1917705]
[1917695,"Dragagem de material de 1ª categoria com escavadeira hidráulica - capacidade de caçamba de 1,56 m³ - caminho de serviço em revestimento primário - DMT 200 a 400 m","m³",7.5,1917695]
[1917706,"Dragagem de material de 1ª categoria com escavadeira hidráulica - capacidade de caçamba de 1,56 m³ - caminho de serviço em revestimento primário - DMT 3.000 m","m³",11.31,1917706]
[1917696,"Dragagem de material de 1ª categoria com escavadeira hidráulica - capacidade de caçamba de 1,56 m³ - caminho de serviço em revestimento primário - DMT 400 a 600 m","m³",8.54,1917696]
[1917694,"Dragagem de material de 1ª categoria com escavadeira hidráulica - capacidade de caçamba de 1,56 m³ - caminho de serviço em revestimento primário - DMT 50 a 200 m","m³",7.28,1917694]
[1917697,"Dragagem de material de 1ª categoria com escavadeira hidráulica - capacidade de caçamba de 1,56 m³ - caminho de serviço em revestimento primário - DMT 600 a 800 m","m³",8.73,1917697]
[1917698,"Dragagem de material de 1ª categoria com escavadeira hidráulica - capacidade de caçamba de 1,56 m³ - caminho de serviço em revestimento primário - DMT 800 a 1.000 m","m³",8.87,1917698]
[1917712,"Dragagem de material de 1ª categoria com escavadeira hidráulica - capacidade de caçamba de 1,56 m³ - caminho de serviço pavimentado - DMT 1.000 a 1.200 m","m³",8.77,1917712]
[1917713,"Dragagem de material de 1ª categoria com escavadeira hidráulica - capacidade de caçamba de 1,56 m³ - caminho de serviço pavimentado - DMT 1.200 a 1.400 m","m³",8.91,1917713]
[1917714,"Dragagem de material de 1ª categoria com escavadeira hidráulica - capacidade de caçamba de 1,56 m³ - caminho de serviço pavimentado - DMT 1.400 a 1.600 m","m³",9.01,1917714]
[1917715,"Dragagem de material de 1ª categoria com escavadeira hidráulica - capacidade de caçamba de 1,56 m³ - caminho de serviço pavimentado - DMT 1.600 a 1.800 m","m³",9.15,1917715]
[1917716,"Dragagem de material de 1ª categoria com escavadeira hidráulica - capacidade de caçamba de 1,56 m³ - caminho de serviço pavimentado - DMT 1.800 a 2.000 m","m³",9.25,1917716]
[1917717,"Dragagem de material de 1ª categoria com escavadeira hidráulica - capacidade de caçamba de 1,56 m³ - caminho de serviço pavimentado - DMT 2.000 a 2.500 m","m³",9.48,1917717]
[1917718,"Dragagem de material de 1ª categoria com escavadeira hidráulica - capacidade de caçamba de 1,56 m³ - caminho de serviço pavimentado - DMT 2.500 a 3.000 m","m³",9.77,1917718]
[1917708,"Dragagem de material de 1ª categoria com escavadeira hidráulica - capacidade de caçamba de 1,56 m³ - caminho de serviço pavimentado - DMT 200 a 400 m","m³",7.4,1917708]
[1917719,"Dragagem de material de 1ª categoria com escavadeira hidráulica - capacidade de caçamba de 1,56 m³ - caminho de serviço pavimentado - DMT 3.000 m","m³",9.95,1917719]
[1917709,"Dragagem de material de 1ª categoria com escavadeira hidráulica - capacidade de caçamba de 1,56 m³ - caminho de serviço pavimentado - DMT 400 a 600 m","m³",8.39,1917709]
[1917707,"Dragagem de material de 1ª categoria com escavadeira hidráulica - capacidade de caçamba de 1,56 m³ - caminho de serviço pavimentado - DMT 50 a 200 m","m³",7.22,1917707]
[1917710,"Dragagem de material de 1ª categoria com escavadeira hidráulica - capacidade de caçamba de 1,56 m³ - caminho de serviço pavimentado - DMT 600 a 800 m","m³",8.54,1917710]
[1917711,"Dragagem de material de 1ª categoria com escavadeira hidráulica - capacidade de caçamba de 1,56 m³ - caminho de serviço pavimentado - DMT 800 a 1.000 m","m³",8.68,1917711]
[1917680,"Dragagem de material de 1ª categoria com escavadeira hidráulica - capacidade de caçamba de 1,56 m³ - DMT 0 a 50 m","m³",2.68,1917680]
[1901607,"Dragagem de material de 1ª categoria com escavadeira hidráulica sobre pontão flutuante - capacidade da caçamba de 1,56 m³ - transporte com batelão sem propulsão com capacidade de 100 t - DMT 0 a 300 m","m³",13.31,1901607]
[1901611,"Dragagem de material de 1ª categoria com escavadeira hidráulica sobre pontão flutuante - capacidade da caçamba de 1,56 m³ - transporte com batelão sem propulsão com capacidade de 100 t - DMT 1.200 a 1.500 m","m³",16.7,1901611]
[1901612,"Dragagem de material de 1ª categoria com escavadeira hidráulica sobre pontão flutuante - capacidade da caçamba de 1,56 m³ - transporte com batelão sem propulsão com capacidade de 100 t - DMT 1.500 a 1.800 m","m³",17.05,1901612]
[1901613,"Dragagem de material de 1ª categoria com escavadeira hidráulica sobre pontão flutuante - capacidade da caçamba de 1,56 m³ - transporte com batelão sem propulsão com capacidade de 100 t - DMT 1.800 a 2.100 m","m³",17.31,1901613]
[1901614,"Dragagem de material de 1ª categoria com escavadeira hidráulica sobre pontão flutuante - capacidade da caçamba de 1,56 m³ - transporte com batelão sem propulsão com capacidade de 100 t - DMT 2.100 a 2.400 m","m³",17.58,1901614]
[1901615,"Dragagem de material de 1ª categoria com escavadeira hidráulica sobre pontão flutuante - capacidade da caçamba de 1,56 m³ - transporte com batelão sem propulsão com capacidade de 100 t - DMT 2.400 a 2.700 m","m³",17.93,1901615]
[1901616,"Dragagem de material de 1ª categoria com escavadeira hidráulica sobre pontão flutuante - capacidade da caçamba de 1,56 m³ - transporte com batelão sem propulsão com capacidade de 100 t - DMT 2.700 a 3.000 m","m³",18.19,1901616]
[1901608,"Dragagem de material de 1ª categoria com escavadeira hidráulica sobre pontão flutuante - capacidade da caçamba de 1,56 m³ - transporte com batelão sem propulsão com capacidade de 100 t - DMT 300 a 600 m","m³",13.73,1901608]
[1901609,"Dragagem de material de 1ª categoria com escavadeira hidráulica sobre pontão flutuante - capacidade da caçamba de 1,56 m³ - transporte com batelão sem propulsão com capacidade de 100 t - DMT 600 a 900 m","m³",14.08,1901609]
[1901610,"Dragagem de material de 1ª categoria com escavadeira hidráulica sobre pontão flutuante - capacidade da caçamba de 1,56 m³ - transporte com batelão sem propulsão com capacidade de 100 t - DMT 900 a 1.200 m","m³",16.43,1901610]
[1901617,"Dragagem de material de 1ª categoria com escavadeira hidráulica sobre pontão flutuante - capacidade da caçamba de 1,56 m³ - transporte com batelão sem propulsão com capacidade de 100 t - DMT de 3.000 m","m³",18.37,1901617]
[1917037,"Dragagem de silte com draga hopper - capacidade da cisterna de 1.000 m³ - DMT de 1.500 a 1.800 m","m³",17.77,1917037]
[1917038,"Dragagem de silte com draga hopper - capacidade da cisterna de 1.000 m³ - DMT de 1.800 a 2.100 m","m³",18.37,1917038]
[1917039,"Dragagem de silte com draga hopper - capacidade da cisterna de 1.000 m³ - DMT de 2.100 a 2.400 m","m³",18.99,1917039]
[1917040,"Dragagem de silte com draga hopper - capacidade da cisterna de 1.000 m³ - DMT de 2.400 a 2.700 m","m³",19.63,1917040]
[1917041,"Dragagem de silte com draga hopper - capacidade da cisterna de 1.000 m³ - DMT de 2.700 a 3.000 m","m³",20.31,1917041]
[1917042,"Dragagem de silte com draga hopper - capacidade da cisterna de 1.000 m³ - DMT de 3.000 m","m³",20.67,1917042]
[1901619,"Dragagem de silte com draga hopper - capacidade da cisterna de 10.000 m³ - DMT de 1.500 a 1.800 m","m³",9.66,1901619]
[1901620,"Dragagem de silte com draga hopper - capacidade da cisterna de 10.000 m³ - DMT de 1.800 a 2.100 m","m³",9.84,1901620]
[1901621,"Dragagem de silte com draga hopper - capacidade da cisterna de 10.000 m³ - DMT de 2.100 a 2.400 m","m³",10.02,1901621]
[1901622,"Dragagem de silte com draga hopper - capacidade da cisterna de 10.000 m³ - DMT de 2.400 a 2.700 m","m³",10.2,1901622]
[1901623,"Dragagem de silte com draga hopper - capacidade da cisterna de 10.000 m³ - DMT de 2.700 a 3.000 m","m³",10.4,1901623]
[1901618,"Dragagem de silte com draga hopper - capacidade da cisterna de 10.000 m³ - DMT de 3.000 m","m³",10.51,1901618]
[1901625,"Dragagem de silte com draga hopper - capacidade da cisterna de 15.000 m³ - DMT de 1.500 a 1.800 m","m³",11.6,1901625]
[1901626,"Dragagem de silte com draga hopper - capacidade da cisterna de 15.000 m³ - DMT de 1.800 a 2.100 m","m³",11.77,1901626]
[1901627,"Dragagem de silte com draga hopper - capacidade da cisterna de 15.000 m³ - DMT de 2.100 a 2.400 m","m³",11.94,{"$f":"A2628*1","v":1901627}]
[1901628,"Dragagem de silte com draga hopper - capacidade da cisterna de 15.000 m³ - DMT de 2.400 a 2.700 m","m³",12.12,1901628]
[1901629,"Dragagem de silte com draga hopper - capacidade da cisterna de 15.000 m³ - DMT de 2.700 a 3.000 m","m³",12.31,1901629]
[1901624,"Dragagem de silte com draga hopper - capacidade da cisterna de 15.000 m³ - DMT de 3.000 m","m³",12.41,1901624]
[1917073,"Dragagem de silte com draga hopper - capacidade da cisterna de 2.000 m³ - DMT de 1.500 a 1.800 m","m³",12.24,1917073]
[1917074,"Dragagem de silte com draga hopper - capacidade da cisterna de 2.000 m³ - DMT de 1.800 a 2.100 m","m³",12.61,1917074]
[1917075,"Dragagem de silte com draga hopper - capacidade da cisterna de 2.000 m³ - DMT de 2.100 a 2.400 m","m³",12.99,1917075]
[1917076,"Dragagem de silte com draga hopper - capacidade da cisterna de 2.000 m³ - DMT de 2.400 a 2.700 m","m³",13.39,1917076]
[1917077,"Dragagem de silte com draga hopper - capacidade da cisterna de 2.000 m³ - DMT de 2.700 a 3.000 m","m³",13.81,1917077]
[1917078,"Dragagem de silte com draga hopper - capacidade da cisterna de 2.000 m³ - DMT de 3.000 m","m³",14.03,1917078]
[1901631,"Dragagem de silte com draga hopper - capacidade da cisterna de 20.000 m³ - DMT de 1.500 a 1.800 m","m³",13.68,1901631]
[1901632,"Dragagem de silte com draga hopper - capacidade da cisterna de 20.000 m³ - DMT de 1.800 a 2.100 m","m³",13.84,1901632]
[1901633,"Dragagem de silte com draga hopper - capacidade da cisterna de 20.000 m³ - DMT de 2.100 a 2.400 m","m³",14.01,1901633]
[1901634,"Dragagem de silte com draga hopper - capacidade da cisterna de 20.000 m³ - DMT de 2.400 a 2.700 m","m³",14.18,1901634]
[1901635,"Dragagem de silte com draga hopper - capacidade da cisterna de 20.000 m³ - DMT de 2.700 a 3.000 m","m³",14.36,1901635]
[1901630,"Dragagem de silte com draga hopper - capacidade da cisterna de 20.000 m³ - DMT de 3.000 m","m³",14.46,1901630]
[1917109,"Dragagem de silte com draga hopper - capacidade da cisterna de 3.000 m³ - DMT de 1.500 a 1.800 m","m³",11.15,1917109]
[1917110,"Dragagem de silte com draga hopper - capacidade da cisterna de 3.000 m³ - DMT de 1.800 a 2.100 m","m³",11.45,1917110]
[1917111,"Dragagem de silte com draga hopper - capacidade da cisterna de 3.000 m³ - DMT de 2.100 a 2.400 m","m³",11.76,1917111]
[1917112,"Dragagem de silte com draga hopper - capacidade da cisterna de 3.000 m³ - DMT de 2.400 a 2.700 m","m³",12.09,1917112]
[1917113,"Dragagem de silte com draga hopper - capacidade da cisterna de 3.000 m³ - DMT de 2.700 a 3.000 m","m³",12.43,1917113]
[1917114,"Dragagem de silte com draga hopper - capacidade da cisterna de 3.000 m³ - DMT de 3.000 m","m³",12.61,1917114]
[1917145,"Dragagem de silte com draga hopper - capacidade da cisterna de 4.000 m³ - DMT de 1.500 a 1.800 m","m³",10.4,1917145]
[1917146,"Dragagem de silte com draga hopper - capacidade da cisterna de 4.000 m³ - DMT de 1.800 a 2.100 m","m³",10.66,1917146]
[1917147,"Dragagem de silte com draga hopper - capacidade da cisterna de 4.000 m³ - DMT de 2.100 a 2.400 m","m³",10.94,1917147]
[1917148,"Dragagem de silte com draga hopper - capacidade da cisterna de 4.000 m³ - DMT de 2.400 a 2.700 m","m³",11.22,1917148]
[1917149,"Dragagem de silte com draga hopper - capacidade da cisterna de 4.000 m³ - DMT de 2.700 a 3.000 m","m³",11.53,1917149]
[1917150,"Dragagem de silte com draga hopper - capacidade da cisterna de 4.000 m³ - DMT de 3.000 m","m³",11.69,1917150]
[1917181,"Dragagem de silte com draga hopper - capacidade da cisterna de 5.000 m³ - DMT de 1.500 a 1.800 m","m³",10.77,1917181]
[1917182,"Dragagem de silte com draga hopper - capacidade da cisterna de 5.000 m³ - DMT de 1.800 a 2.100 m","m³",11.01,1917182]
[1917183,"Dragagem de silte com draga hopper - capacidade da cisterna de 5.000 m³ - DMT de 2.100 a 2.400 m","m³",11.25,1917183]
[1917184,"Dragagem de silte com draga hopper - capacidade da cisterna de 5.000 m³ - DMT de 2.400 a 2.700 m","m³",11.5,1917184]
[1917185,"Dragagem de silte com draga hopper - capacidade da cisterna de 5.000 m³ - DMT de 2.700 a 3.000 m","m³",11.77,1917185]
[1917186,"Dragagem de silte com draga hopper - capacidade da cisterna de 5.000 m³ - DMT de 3.000 m","m³",11.91,1917186]
[1917001,"Dragagem de silte com draga hopper - capacidade da cisterna de 750 m³ - DMT de 1.500 a 1.800 m","m³",23.56,1917001]
[1917002,"Dragagem de silte com draga hopper - capacidade da cisterna de 750 m³ - DMT de 1.800 a 2.100 m","m³",24.42,1917002]
[1917003,"Dragagem de silte com draga hopper - capacidade da cisterna de 750 m³ - DMT de 2.100 a 2.400 m","m³",25.3,1917003]
[1917004,"Dragagem de silte com draga hopper - capacidade da cisterna de 750 m³ - DMT de 2.400 a 2.700 m","m³",26.22,1917004]
[1917005,"Dragagem de silte com draga hopper - capacidade da cisterna de 750 m³ - DMT de 2.700 a 3.000 m","m³",27.2,1917005]
[1917006,"Dragagem de silte com draga hopper - capacidade da cisterna de 750 m³ - DMT de 3.000 m","m³",27.72,1917006]
[2009619,"Alvenaria de blocos de concreto 19 x 19 x 39 cm com espessura de 20 cm - areia comercial","m²",111.82,2009619]
[2009618,"Alvenaria de blocos de concreto 19 x 19 x 39 cm com espessura de 20 cm - areia extraída","m²",110.1,2009618]
[2003866,"Aplicação de geotêxtil não-tecido agulhado com resistência à tração longitudinal de 14 kN/m","m²",8.24,2003866]
[2003867,"Aplicação de geotêxtil não-tecido agulhado com resistência à tração longitudinal de 31 kN/m","m²",15.99,2003867]
[2003622,"Boca de lobo combinada - chapéu e grelha simples - BLC 01 - areia e brita comerciais","un",2351.17,2003622]
[2003621,"Boca de lobo combinada - chapéu e grelha simples - BLC 01 - areia extraída e brita produzida","un",2259.23,2003621]
[2003624,"Boca de lobo combinada - chapéu e grelha simples - BLC 02 - areia e brita comerciais","un",2717.34,2003624]
[2003623,"Boca de lobo combinada - chapéu e grelha simples - BLC 02 - areia extraída e brita produzida","un",2614.59,2003623]
[2003634,"Boca de lobo dupla - grelha de concreto - BLDG 01 - areia e brita comerciais","un",1705.54,2003634]
[2003633,"Boca de lobo dupla - grelha de concreto - BLDG 01 - areia extraída e brita produzida","un",1613.6,2003633]
[2003636,"Boca de lobo dupla - grelha de concreto - BLDG 02 - areia e brita comerciais","un",2071.71,2003636]
[2003635,"Boca de lobo dupla - grelha de concreto - BLDG 02 - areia extraída e brita produzida","un",1968.96,2003635]
[2003638,"Boca de lobo dupla - grelha de concreto - BLDG 03 - areia e brita comerciais","un",2442.67,2003638]
[2003637,"Boca de lobo dupla - grelha de concreto - BLDG 03 - areia extraída e brita produzida","un",2328.01,2003637]
[2003640,"Boca de lobo dupla - grelha de concreto - BLDG 04 - areia e brita comerciais","un",2808.84,2003640]
[2003639,"Boca de lobo dupla - grelha de concreto - BLDG 04 - areia extraída e brita produzida","un",2683.37,2003639]
[2003618,"Boca de lobo simples - BLS 01 - areia e brita comerciais","un",944.77,2003618]
[2003617,"Boca de lobo simples - BLS 01 - areia extraída e brita produzida","un",894.15,2003617]
[2003620,"Boca de lobo simples - BLS 02 - areia e brita comerciais","un",1168.27,2003620]
[2003619,"Boca de lobo simples - BLS 02 - areia extraída e brita produzida","un",1111.11,2003619]
[2003626,"Boca de lobo simples - grelha de concreto - BLSG 01 - areia e brita comerciais","un",879.19,2003626]
[2003625,"Boca de lobo simples - grelha de concreto - BLSG 01 - areia extraída e brita produzida","un",828.57,2003625]
[2003628,"Boca de lobo simples - grelha de concreto - BLSG 02 - areia e brita comerciais","un",1102.69,2003628]
[2003627,"Boca de lobo simples - grelha de concreto - BLSG 02 - areia extraída e brita produzida","un",1045.53,2003627]
[2003630,"Boca de lobo simples - grelha de concreto - BLSG 03 - areia e brita comerciais","un",1326.19,{"$f":"A2692*1","v":2003630}]
[2003629,"Boca de lobo simples - grelha de concreto - BLSG 03 - areia extraída e brita produzida","un",1262.49,2003629]
[2003632,"Boca de lobo simples - grelha de concreto - BLSG 04 - areia e brita comerciais","un",1549.69,2003632]
[2003631,"Boca de lobo simples - grelha de concreto - BLSG 04 - areia extraída e brita produzida","un",1479.44,2003631]
[2003599,"Boca de saída para dreno longitudinal profundo - BSD 01 - tubo de concreto perfurado - areia e brita comerciais","un",202.72,2003599]
[2003598,"Boca de saída para dreno longitudinal profundo - BSD 01 - tubo de concreto perfurado - areia extraída e brita produzida","un",183.83,2003598]
[2003919,"Boca de saída para dreno longitudinal profundo - BSD 01 - tubo de PEAD - areia e brita comerciais","un",202.72,2003919]
[2003918,"Boca de saída para dreno longitudinal profundo - BSD 01 - tubo de PEAD - areia extraída e brita produzida","un",183.83,2003918]
[2003601,"Boca de saída para dreno longitudinal profundo - BSD 02 - tubo de concreto perfurado - areia e brita comerciais","un",254.15,2003601]
[2003600,"Boca de saída para dreno longitudinal profundo - BSD 02 - tubo de concreto perfurado - areia extraída e brita produzida","un",229.45,2003600]
[2003921,"Boca de saída para dreno longitudinal profundo - BSD 02 - tubo de PEAD - areia e brita comerciais","un",254.15,2003921]
[2003920,"Boca de saída para dreno longitudinal profundo - BSD 02 - tubo de PEAD - areia extraída e brita produzida","un",229.45,2003920]
[2003616,"Boca de saída para dreno sub-horizontal em material de 1ª categoria - BSD 04 - areia e brita comerciais","un",21.56,2003616]
[2003615,"Boca de saída para dreno sub-horizontal em material de 1ª categoria - BSD 04 - areia extraída e brita produzida","un",18.89,2003615]
[2003927,"Boca de saída para dreno sub-horizontal em material de 2ª categoria - BSD 04 - areia e brita comerciais","un",22.4,2003927]
[2003926,"Boca de saída para dreno sub-horizontal em material de 2ª categoria - BSD 04 - areia extraída e brita produzida","un",19.74,2003926]
[2003613,"Boca de saída para dreno subsuperficial - BSD 03 - areia e brita comerciais","un",145.38,2003613]
[2003612,"Boca de saída para dreno subsuperficial - BSD 03 - areia extraída e brita produzida","un",133.76,2003612]
[2003477,"Caixa coletora de sarjeta - CCS 01 - com grelha de concreto - TCC 01 - areia e brita comerciais","un",3746.78,2003477]
[2003476,"Caixa coletora de sarjeta - CCS 01 - com grelha de concreto - TCC 01 - areia extraída e brita produzida","un",3469.45,2003476]
[2003517,"Caixa coletora de sarjeta - CCS 01 - com grelha de ferro - TCC 02 - areia e brita comerciais","un",4076.82,2003517]
[2003516,"Caixa coletora de sarjeta - CCS 01 - com grelha de ferro - TCC 02 - areia extraída e brita produzida","un",3810.45,2003516]
[2003479,"Caixa coletora de sarjeta - CCS 02 - com grelha de concreto - TCC 01 - areia e brita comerciais","un",3704.05,2003479]
[2003478,"Caixa coletora de sarjeta - CCS 02 - com grelha de concreto - TCC 01 - areia extraída e brita produzida","un",3438.84,2003478]
[2003519,"Caixa coletora de sarjeta - CCS 02 - com grelha de ferro - TCC 02 - areia e brita comerciais","un",4034.1,2003519]
[2003518,"Caixa coletora de sarjeta - CCS 02 - com grelha de ferro - TCC 02 - areia extraída e brita produzida","un",3779.83,2003518]
[2003481,"Caixa coletora de sarjeta - CCS 03 - com grelha de concreto - TCC 01 - areia e brita comerciais","un",3661.33,2003481]
[2003480,"Caixa coletora de sarjeta - CCS 03 - com grelha de concreto - TCC 01 - areia extraída e brita produzida","un",3408.22,2003480]
[2003521,"Caixa coletora de sarjeta - CCS 03 - com grelha de ferro - TCC 02 - areia e brita comerciais","un",3991.37,2003521]
[2003520,"Caixa coletora de sarjeta - CCS 03 - com grelha de ferro - TCC 02 - areia extraída e brita produzida","un",3749.21,2003520]
[2003483,"Caixa coletora de sarjeta - CCS 04 - com grelha de concreto - TCC 01 - areia e brita comerciais","un",3618.61,2003483]
[2003482,"Caixa coletora de sarjeta - CCS 04 - com grelha de concreto - TCC 01 - areia extraída e brita produzida","un",3377.6,2003482]
[2003523,"Caixa coletora de sarjeta - CCS 04 - com grelha de ferro - TCC 02 - areia e brita comerciais","un",3948.65,2003523]
[2003522,"Caixa coletora de sarjeta - CCS 04 - com grelha de ferro - TCC 02 - areia extraída e brita produzida","un",3718.6,2003522]
[2003485,"Caixa coletora de sarjeta - CCS 05 - com grelha de concreto - TCC 01 - areia e brita comerciais","un",4833.49,2003485]
[2003484,"Caixa coletora de sarjeta - CCS 05 - com grelha de concreto - TCC 01 - areia extraída e brita produzida","un",4489.57,2003484]
[2003525,"Caixa coletora de sarjeta - CCS 05 - com grelha de ferro - TCC 02 - areia e brita comerciais","un",5163.54,2003525]
[2003524,"Caixa coletora de sarjeta - CCS 05 - com grelha de ferro - TCC 02 - areia extraída e brita produzida","un",4830.57,2003524]
[2003487,"Caixa coletora de sarjeta - CCS 06 - com grelha de concreto - TCC 01 - areia e brita comerciais","un",4790.77,2003487]
[2003486,"Caixa coletora de sarjeta - CCS 06 - com grelha de concreto - TCC 01 - areia extraída e brita produzida","un",4458.96,2003486]
[2003527,"Caixa coletora de sarjeta - CCS 06 - com grelha de ferro - TCC 02 - areia e brita comerciais","un",5120.81,2003527]
[2003526,"Caixa coletora de sarjeta - CCS 06 - com grelha de ferro - TCC 02 - areia extraída e brita produzida","un",4799.95,2003526]
[2003489,"Caixa coletora de sarjeta - CCS 07 - com grelha de concreto - TCC 01 - areia e brita comerciais","un",4748.04,2003489]
[2003488,"Caixa coletora de sarjeta - CCS 07 - com grelha de concreto - TCC 01 - areia extraída e brita produzida","un",4428.34,2003488]
[2003529,"Caixa coletora de sarjeta - CCS 07 - com grelha de ferro - TCC 02 - areia e brita comerciais","un",5078.09,2003529]
[2003528,"Caixa coletora de sarjeta - CCS 07 - com grelha de ferro - TCC 02 - areia extraída e brita produzida","un",4769.33,2003528]
[2003491,"Caixa coletora de sarjeta - CCS 08 - com grelha de concreto - TCC 01 - areia e brita comerciais","un",4705.32,2003491]
[2003490,"Caixa coletora de sarjeta - CCS 08 - com grelha de concreto - TCC 01 - areia extraída e brita produzida","un",4397.73,2003490]
[2003531,"Caixa coletora de sarjeta - CCS 08 - com grelha de ferro - TCC 02 - areia e brita comerciais","un",5035.36,2003531]
[2003530,"Caixa coletora de sarjeta - CCS 08 - com grelha de ferro - TCC 02 - areia extraída e brita produzida","un",4738.72,2003530]
[2003493,"Caixa coletora de sarjeta - CCS 09 - com grelha de concreto - TCC 01 - areia e brita comerciais","un",5762.11,2003493]
[2003492,"Caixa coletora de sarjeta - CCS 09 - com grelha de concreto - TCC 01 - areia extraída e brita produzida","un",5351.59,2003492]
[2003533,"Caixa coletora de sarjeta - CCS 09 - com grelha de ferro - TCC 02 - areia e brita comerciais","un",6092.15,2003533]
[2003532,"Caixa coletora de sarjeta - CCS 09 - com grelha de ferro - TCC 02 - areia extraída e brita produzida","un",5692.59,2003532]
[2003495,"Caixa coletora de sarjeta - CCS 10 - com grelha de concreto - TCC 01 - areia e brita comerciais","un",5719.38,2003495]
[2003494,"Caixa coletora de sarjeta - CCS 10 - com grelha de concreto - TCC 01 - areia extraída e brita produzida","un",5320.98,2003494]
[2003535,"Caixa coletora de sarjeta - CCS 10 - com grelha de ferro - TCC 02 - areia e brita comerciais","un",6049.43,2003535]
[2003534,"Caixa coletora de sarjeta - CCS 10 - com grelha de ferro - TCC 02 - areia extraída e brita produzida","un",5661.97,2003534]
[2003497,"Caixa coletora de sarjeta - CCS 11 - com grelha de concreto - TCC 01 - areia e brita comerciais","un",5676.66,2003497]
[2003496,"Caixa coletora de sarjeta - CCS 11 - com grelha de concreto - TCC 01 - areia extraída e brita produzida","un",5290.36,2003496]
[2003537,"Caixa coletora de sarjeta - CCS 11 - com grelha de ferro - TCC 02 - areia e brita comerciais","un",6006.7,2003537]
[2003536,"Caixa coletora de sarjeta - CCS 11 - com grelha de ferro - TCC 02 - areia extraída e brita produzida","un",5631.36,2003536]
[2003499,"Caixa coletora de sarjeta - CCS 12 - com grelha de concreto - TCC 01 - areia e brita comerciais","un",5633.94,2003499]
[2003498,"Caixa coletora de sarjeta - CCS 12 - com grelha de concreto - TCC 01 - areia extraída e brita produzida","un",5259.75,2003498]
[2003539,"Caixa coletora de sarjeta - CCS 12 - com grelha de ferro - TCC 02 - areia e brita comerciais","un",5921.26,{"$f":"A2756*1","v":2003539}]
[2003538,"Caixa coletora de sarjeta - CCS 12 - com grelha de ferro - TCC 02 - areia extraída e brita produzida","un",5570.12,2003538]
[2003501,"Caixa coletora de sarjeta - CCS 13 - com grelha de concreto - TCC 01 - areia e brita comerciais","un",6901.3,2003501]
[2003500,"Caixa coletora de sarjeta - CCS 13 - com grelha de concreto - TCC 01 - areia extraída e brita produzida","un",6424.2,2003500]
[2003541,"Caixa coletora de sarjeta - CCS 13 - com grelha de ferro - TCC 02 - areia e brita comerciais","un",7231.35,2003541]
[2003540,"Caixa coletora de sarjeta - CCS 13 - com grelha de ferro - TCC 02 - areia extraída e brita produzida","un",6765.19,2003540]
[2003503,"Caixa coletora de sarjeta - CCS 14 - com grelha de concreto - TCC 01 - areia e brita comerciais","un",6858.58,2003503]
[2003502,"Caixa coletora de sarjeta - CCS 14 - com grelha de concreto - TCC 01 - areia extraída e brita produzida","un",6393.58,2003502]
[2003543,"Caixa coletora de sarjeta - CCS 14 - com grelha de ferro - TCC 02 - areia e brita comerciais","un",7188.62,2003543]
[2003542,"Caixa coletora de sarjeta - CCS 14 - com grelha de ferro - TCC 02 - areia extraída e brita produzida","un",6734.57,2003542]
[2003505,"Caixa coletora de sarjeta - CCS 15 - com grelha de concreto - TCC 01 - areia e brita comerciais","un",6815.85,2003505]
[2003504,"Caixa coletora de sarjeta - CCS 15 - com grelha de concreto - TCC 01 - areia extraída e brita produzida","un",6362.96,2003504]
[2003545,"Caixa coletora de sarjeta - CCS 15 - com grelha de ferro - TCC 02 - areia e brita comerciais","un",7145.9,2003545]
[2003544,"Caixa coletora de sarjeta - CCS 15 - com grelha de ferro - TCC 02 - areia extraída e brita produzida","un",6703.96,2003544]
[2003507,"Caixa coletora de sarjeta - CCS 16 - com grelha de concreto - TCC 01 - areia e brita comerciais","un",6773.13,2003507]
[2003506,"Caixa coletora de sarjeta - CCS 16 - com grelha de concreto - TCC 01 - areia extraída e brita produzida","un",6332.35,2003506]
[2003547,"Caixa coletora de sarjeta - CCS 16 - com grelha de ferro - TCC 02 - areia e brita comerciais","un",7103.17,2003547]
[2003546,"Caixa coletora de sarjeta - CCS 16 - com grelha de ferro - TCC 02 - areia extraída e brita produzida","un",6673.34,2003546]
[2003509,"Caixa coletora de sarjeta - CCS 17 - com grelha de concreto - TCC 01 - areia e brita comerciais","un",7872.04,2003509]
[2003508,"Caixa coletora de sarjeta - CCS 17 - com grelha de concreto - TCC 01 - areia extraída e brita produzida","un",7328.34,2003508]
[2003549,"Caixa coletora de sarjeta - CCS 17 - com grelha de ferro - TCC 02 - areia e brita comerciais","un",8202.08,2003549]
[2003548,"Caixa coletora de sarjeta - CCS 17 - com grelha de ferro - TCC 02 - areia extraída e brita produzida","un",7669.33,2003548]
[2003511,"Caixa coletora de sarjeta - CCS 18 - com grelha de concreto - TCC 01 - areia e brita comerciais","un",7829.31,2003511]
[2003510,"Caixa coletora de sarjeta - CCS 18 - com grelha de concreto - TCC 01 - areia extraída e brita produzida","un",7297.72,2003510]
[2003551,"Caixa coletora de sarjeta - CCS 18 - com grelha de ferro - TCC 02 - areia e brita comerciais","un",8159.36,2003551]
[2003550,"Caixa coletora de sarjeta - CCS 18 - com grelha de ferro - TCC 02 - areia extraída e brita produzida","un",7638.71,2003550]
[2003513,"Caixa coletora de sarjeta - CCS 19 - com grelha de concreto - TCC 01 - areia e brita comerciais","un",7786.59,2003513]
[2003512,"Caixa coletora de sarjeta - CCS 19 - com grelha de concreto - TCC 01 - areia extraída e brita produzida","un",7267.1,2003512]
[2003553,"Caixa coletora de sarjeta - CCS 19 - com grelha de ferro - TCC 02 - areia e brita comerciais","un",8116.63,2003553]
[2003552,"Caixa coletora de sarjeta - CCS 19 - com grelha de ferro - TCC 02 - areia extraída e brita produzida","un",7608.1,2003552]
[2003515,"Caixa coletora de sarjeta - CCS 20 - com grelha de concreto - TCC 01 - areia e brita comerciais","un",7743.87,2003515]
[2003514,"Caixa coletora de sarjeta - CCS 20 - com grelha de concreto - TCC 01 - areia extraída e brita produzida","un",7236.49,2003514]
[2003555,"Caixa coletora de sarjeta - CCS 20 - com grelha de ferro - TCC 02 - areia e brita comerciais","un",8073.91,2003555]
[2003554,"Caixa coletora de sarjeta - CCS 20 - com grelha de ferro - TCC 02 - areia extraída e brita produzida","un",7577.48,2003554]
[2003728,"Caixa coletora de talvegue - CCT 01 - areia e brita comerciais","un",3480.31,2003728]
[2003727,"Caixa coletora de talvegue - CCT 01 - areia extraída e brita produzida","un",3206.66,2003727]
[2003730,"Caixa coletora de talvegue - CCT 02 - areia e brita comerciais","un",3437.58,2003730]
[2003729,"Caixa coletora de talvegue - CCT 02 - areia extraída e brita produzida","un",3176.05,2003729]
[2003732,"Caixa coletora de talvegue - CCT 03 - areia e brita comerciais","un",3399.13,2003732]
[2003731,"Caixa coletora de talvegue - CCT 03 - areia extraída e brita produzida","un",3148.49,2003731]
[2003734,"Caixa coletora de talvegue - CCT 04 - areia e brita comerciais","un",3352.13,2003734]
[2003733,"Caixa coletora de talvegue - CCT 04 - areia extraída e brita produzida","un",3114.82,2003733]
[2003736,"Caixa coletora de talvegue - CCT 05 - areia e brita comerciais","un",4567.02,2003736]
[2003735,"Caixa coletora de talvegue - CCT 05 - areia extraída e brita produzida","un",4226.79,2003735]
[2003738,"Caixa coletora de talvegue - CCT 06 - areia e brita comerciais","un",4524.3,2003738]
[2003737,"Caixa coletora de talvegue - CCT 06 - areia extraída e brita produzida","un",4196.17,2003737]
[2003740,"Caixa coletora de talvegue - CCT 07 - areia e brita comerciais","un",4485.84,2003740]
[2003739,"Caixa coletora de talvegue - CCT 07 - areia extraída e brita produzida","un",4168.62,2003739]
[2003742,"Caixa coletora de talvegue - CCT 08 - areia e brita comerciais","un",4609.74,2003742]
[2003741,"Caixa coletora de talvegue - CCT 08 - areia extraída e brita produzida","un",4257.4,2003741]
[2003744,"Caixa coletora de talvegue - CCT 09 - areia e brita comerciais","un",5495.64,2003744]
[2003743,"Caixa coletora de talvegue - CCT 09 - areia extraída e brita produzida","un",5088.81,2003743]
[2003746,"Caixa coletora de talvegue - CCT 10 - areia e brita comerciais","un",5452.91,2003746]
[2003745,"Caixa coletora de talvegue - CCT 10 - areia extraída e brita produzida","un",5058.19,2003745]
[2003748,"Caixa coletora de talvegue - CCT 11 - areia e brita comerciais","un",5414.46,2003748]
[2003747,"Caixa coletora de talvegue - CCT 11 - areia extraída e brita produzida","un",5030.64,2003747]
[2003750,"Caixa coletora de talvegue - CCT 12 - areia e brita comerciais","un",5367.46,2003750]
[2003749,"Caixa coletora de talvegue - CCT 12 - areia extraída e brita produzida","un",4996.96,2003749]
[2003752,"Caixa coletora de talvegue - CCT 13 - areia e brita comerciais","un",6634.83,2003752]
[2003751,"Caixa coletora de talvegue - CCT 13 - areia extraída e brita produzida","un",6161.41,2003751]
[2003754,"Caixa coletora de talvegue - CCT 14 - areia e brita comerciais","un",6592.11,2003754]
[2003753,"Caixa coletora de talvegue - CCT 14 - areia extraída e brita produzida","un",6130.79,2003753]
[2003756,"Caixa coletora de talvegue - CCT 15 - areia e brita comerciais","un",6553.65,2003756]
[2003755,"Caixa coletora de talvegue - CCT 15 - areia extraída e brita produzida","un",6103.24,2003755]
[2003758,"Caixa coletora de talvegue - CCT 16 - areia e brita comerciais","un",6506.66,{"$f":"A2820*1","v":2003758}]
[2003757,"Caixa coletora de talvegue - CCT 16 - areia extraída e brita produzida","un",6069.56,2003757]
[2003760,"Caixa coletora de talvegue - CCT 17 - areia e brita comerciais","un",6665.64,2003760]
[2003759,"Caixa coletora de talvegue - CCT 17 - areia extraída e brita produzida","un",6392,2003759]
[2003762,"Caixa coletora de talvegue - CCT 18 - areia e brita comerciais","un",7562.84,2003762]
[2003761,"Caixa coletora de talvegue - CCT 18 - areia extraída e brita produzida","un",7034.93,2003761]
[2003764,"Caixa coletora de talvegue - CCT 19 - areia e brita comerciais","un",7524.39,2003764]
[2003763,"Caixa coletora de talvegue - CCT 19 - areia extraída e brita produzida","un",7007.38,2003763]
[2003766,"Caixa coletora de talvegue - CCT 20 - areia e brita comerciais","un",7477.39,2003766]
[2003765,"Caixa coletora de talvegue - CCT 20 - areia extraída e brita produzida","un",6973.7,2003765]
[2003642,"Caixa de ligação e passagem - CLP 01 - areia e brita comerciais","un",1577.98,2003642]
[2003641,"Caixa de ligação e passagem - CLP 01 - areia extraída e brita produzida","un",1407.25,2003641]
[2003644,"Caixa de ligação e passagem - CLP 02 - areia e brita comerciais","un",1552.34,2003644]
[2003643,"Caixa de ligação e passagem - CLP 02 - areia extraída e brita produzida","un",1388.88,2003643]
[2003646,"Caixa de ligação e passagem - CLP 03 - areia e brita comerciais","un",2121.33,2003646]
[2003645,"Caixa de ligação e passagem - CLP 03 - areia extraída e brita produzida","un",1886.43,2003645]
[2003648,"Caixa de ligação e passagem - CLP 04 - areia e brita comerciais","un",2736.65,2003648]
[2003647,"Caixa de ligação e passagem - CLP 04 - areia extraída e brita produzida","un",2441.22,2003647]
[2003650,"Caixa de ligação e passagem - CLP 05 - areia e brita comerciais","un",3261.19,2003650]
[2003649,"Caixa de ligação e passagem - CLP 05 - areia extraída e brita produzida","un",2919.75,2003649]
[2003652,"Caixa de ligação e passagem - CLP 06 - areia e brita comerciais","un",4195.36,2003652]
[2003651,"Caixa de ligação e passagem - CLP 06 - areia extraída e brita produzida","un",3782.48,2003651]
[2003654,"Caixa de ligação e passagem - CLP 07 - areia e brita comerciais","un",1886.61,2003654]
[2003653,"Caixa de ligação e passagem - CLP 07 - areia extraída e brita produzida","un",1683.19,2003653]
[2003656,"Caixa de ligação e passagem - CLP 08 - areia e brita comerciais","un",1856.7,2003656]
[2003655,"Caixa de ligação e passagem - CLP 08 - areia extraída e brita produzida","un",1661.76,2003655]
[2003658,"Caixa de ligação e passagem - CLP 09 - areia e brita comerciais","un",2474.92,2003658]
[2003657,"Caixa de ligação e passagem - CLP 09 - areia extraída e brita produzida","un",2200.07,2003657]
[2003660,"Caixa de ligação e passagem - CLP 10 - areia e brita comerciais","un",3114.25,2003660]
[2003659,"Caixa de ligação e passagem - CLP 10 - areia extraída e brita produzida","un",2776.44,2003659]
[2003662,"Caixa de ligação e passagem - CLP 11 - areia e brita comerciais","un",3667.07,2003662]
[2003661,"Caixa de ligação e passagem - CLP 11 - areia extraída e brita produzida","un",3279.61,2003661]
[2003664,"Caixa de ligação e passagem - CLP 12 - areia e brita comerciais","un",4534.43,2003664]
[2003663,"Caixa de ligação e passagem - CLP 12 - areia extraída e brita produzida","un",4071.9,2003663]
[2003666,"Caixa de ligação e passagem - CLP 13 - areia e brita comerciais","un",2199.51,2003666]
[2003665,"Caixa de ligação e passagem - CLP 13 - areia extraída e brita produzida","un",1962.19,2003665]
[2003668,"Caixa de ligação e passagem - CLP 14 - areia e brita comerciais","un",2173.87,2003668]
[2003667,"Caixa de ligação e passagem - CLP 14 - areia extraída e brita produzida","un",1943.82,2003667]
[2003670,"Caixa de ligação e passagem - CLP 15 - areia e brita comerciais","un",2841.33,2003670]
[2003669,"Caixa de ligação e passagem - CLP 15 - areia extraída e brita produzida","un",2522.89,2003669]
[2003672,"Caixa de ligação e passagem - CLP 16 - areia e brita comerciais","un",3513.21,2003672]
[2003671,"Caixa de ligação e passagem - CLP 16 - areia extraída e brita produzida","un",3126.97,2003671]
[2003674,"Caixa de ligação e passagem - CLP 17 - areia e brita comerciais","un",4090.04,2003674]
[2003673,"Caixa de ligação e passagem - CLP 17 - areia extraída e brita produzida","un",3651.73,2003673]
[2003676,"Caixa de ligação e passagem - CLP 18 - areia e brita comerciais","un",5001.95,2003676]
[2003675,"Caixa de ligação e passagem - CLP 18 - areia extraída e brita produzida","un",4482.52,2003675]
[2003854,"Camada drenante para proteção de muros de contenção - areia comercial","m³",140.96,2003854]
[2003855,"Camada drenante para proteção de muros de contenção - areia extraída","m³",16.3,2003855]
[2003856,"Camada drenante para proteção de muros de contenção - brita comercial","m³",143.76,2003856]
[2003857,"Camada drenante para proteção de muros de contenção - brita produzida","m³",65.22,2003857]
[2019782,"Canal em polietileno e polipropileno com efeito autolimpante e abertura de captação em ferro fundido dúctil - carga de controle de 900 kN - 100,0 x 21,0 x 57,9 cm - fornecimento e instalação em pavimento de asfalto","m",858.82,2019782]
[2019783,"Canal em polietileno e polipropileno com efeito autolimpante e abertura de captação em ferro fundido dúctil - carga de controle de 900 kN - 100,0 x 25,2 x 66,5 cm - fornecimento e instalação em pavimento de asfalto","m",1324.11,2019783]
[2019784,"Canal em polietileno e polipropileno com efeito autolimpante e abertura de captação em ferro fundido dúctil - carga de controle de 900 kN - 100,0 x 42,0 x 95,0 cm - fornecimento e instalação em pavimento de asfalto","m",1748.14,2019784]
[2019785,"Canal em polietileno e polipropileno com efeito autolimpante e abertura de captação em ferro fundido dúctil - carga de controle de 900 kN - 114,2 x 78,0 x 106,0 cm - fornecimento e instalação em pavimento de asfalto","m",2420.93,2019785]
[2019776,"Canal em polietileno e polipropileno com efeito autolimpante e grelha de encaixe em ferro fundido dúctil - carga de controle de 400 kN - 100,0 x 14,7 x 18,6 cm - fornecimento e instalação em pavimento de asfalto","m",457.25,2019776]
[2019777,"Canal em polietileno e polipropileno com efeito autolimpante e grelha de encaixe em ferro fundido dúctil - carga de controle de 400 kN - 100,0 x 24,7 x 23,6 cm - fornecimento e instalação em pavimento de asfalto","m",991.88,2019777]
[2019778,"Canal em polietileno e polipropileno com efeito autolimpante e grelha de encaixe em ferro fundido dúctil - carga de controle de 400 kN - 100,0 x 34,9 x 29,4 cm - fornecimento e instalação em pavimento de asfalto","m",1958.67,2019778]
[2019779,"Canal em polietileno e polipropileno com efeito autolimpante e grelha de encaixe em ferro fundido dúctil - carga de controle de 600 kN - 100,0 x 16,0 x 15,0 cm - fornecimento e instalação em pavimento de asfalto","m",592.35,2019779]
[2019780,"Canal em polietileno e polipropileno com efeito autolimpante e grelha de encaixe em ferro fundido dúctil - carga de controle de 600 kN - 100,0 x 21,2 x 21,0 cm - fornecimento e instalação em pavimento de asfalto","m",736.84,2019780]
[2019781,"Canal em polietileno e polipropileno com efeito autolimpante e grelha de encaixe em ferro fundido dúctil - carga de controle de 600 kN - 100,0 x 26,2 x 20,0 cm - fornecimento e instalação em pavimento de asfalto","m",922.16,2019781]
[2019773,"Canal em polietileno e polipropileno com efeito autolimpante e grelha de encaixe em poliamida reforçada - carga de controle de 250 kN - 100,0 x 16,0 x 15,0 cm - fornecimento e instalação em pavimento de asfalto","m",314.29,2019773]
[2019774,"Canal em polietileno e polipropileno com efeito autolimpante e grelha de encaixe em poliamida reforçada - carga de controle de 250 kN - 100,0 x 16,0 x 20,0 cm - fornecimento e instalação em pavimento de asfalto","m",343.65,2019774]
[2019775,"Canal em polietileno e polipropileno com efeito autolimpante e grelha de encaixe em poliamida reforçada - carga de controle de 250 kN - 100,0 x 16,0 x 7,5 cm - fornecimento e instalação em pavimento de asfalto","m",281.71,2019775]
[2019755,"Canal monobloco com corpo e grelha em concreto polímero com efeito autolimpante - carga de controle de 400 kN - 100,0 x 15,0 x 23,0 cm - fornecimento e instalação em pavimento de asfalto","m",463.6,2019755]
[2019764,"Canal monobloco com corpo e grelha em concreto polímero com efeito autolimpante - carga de controle de 400 kN - 100,0 x 15,0 x 23,0 cm - fornecimento e instalação em pavimento de concreto","m",486.92,{"$f":"A2884*1","v":2019764}]
[2019756,"Canal monobloco com corpo e grelha em concreto polímero com efeito autolimpante - carga de controle de 400 kN - 100,0 x 25,0 x 32,0 cm - fornecimento e instalação em pavimento de asfalto","m",839.45,2019756]
[2019765,"Canal monobloco com corpo e grelha em concreto polímero com efeito autolimpante - carga de controle de 400 kN - 100,0 x 25,0 x 32,0 cm - fornecimento e instalação em pavimento de concreto","m",862.77,2019765]
[2019757,"Canal monobloco com corpo e grelha em concreto polímero com efeito autolimpante - carga de controle de 900 kN - 100,0 x 16,0 x 26,5 cm - fornecimento e instalação em pavimento de asfalto","m",806.71,2019757]
[2019766,"Canal monobloco com corpo e grelha em concreto polímero com efeito autolimpante - carga de controle de 900 kN - 100,0 x 16,0 x 26,5 cm - fornecimento e instalação em pavimento de concreto","m",862.89,2019766]
[2019758,"Canal monobloco com corpo e grelha em concreto polímero com efeito autolimpante - carga de controle de 900 kN - 100,0 x 21,0 x 28,0 cm - fornecimento e instalação em pavimento de asfalto","m",836.97,2019758]
[2019767,"Canal monobloco com corpo e grelha em concreto polímero com efeito autolimpante - carga de controle de 900 kN - 100,0 x 21,0 x 28,0 cm - fornecimento e instalação em pavimento de concreto","m",893.6,2019767]
[2019759,"Canal monobloco com corpo e grelha em concreto polímero com efeito autolimpante - carga de controle de 900 kN - 100,0 x 21,0 x 38,0 cm - fornecimento e instalação em pavimento de asfalto","m",923.38,2019759]
[2019768,"Canal monobloco com corpo e grelha em concreto polímero com efeito autolimpante - carga de controle de 900 kN - 100,0 x 21,0 x 38,0 cm - fornecimento e instalação em pavimento de concreto","m",988.96,2019768]
[2019760,"Canal monobloco com corpo e grelha em concreto polímero com efeito autolimpante - carga de controle de 900 kN - 100,0 x 21,0 x 48,0 cm - fornecimento e instalação em pavimento de asfalto","m",1171.48,2019760]
[2019769,"Canal monobloco com corpo e grelha em concreto polímero com efeito autolimpante - carga de controle de 900 kN - 100,0 x 21,0 x 48,0 cm - fornecimento e instalação em pavimento de concreto","m",1246.01,2019769]
[2019761,"Canal monobloco com corpo e grelha em concreto polímero com efeito autolimpante - carga de controle de 900 kN - 100,0 x 26,0 x 33,0 cm - fornecimento e instalação em pavimento de asfalto","m",1101.86,2019761]
[2019770,"Canal monobloco com corpo e grelha em concreto polímero com efeito autolimpante - carga de controle de 900 kN - 100,0 x 26,0 x 33,0 cm - fornecimento e instalação em pavimento de concreto","m",1162.97,2019770]
[2019762,"Canal monobloco com corpo e grelha em concreto polímero com efeito autolimpante - carga de controle de 900 kN - 100,0 x 26,0 x 53,0 cm - fornecimento e instalação em pavimento de asfalto","m",1337.45,2019762]
[2019771,"Canal monobloco com corpo e grelha em concreto polímero com efeito autolimpante - carga de controle de 900 kN - 100,0 x 26,0 x 53,0 cm - fornecimento e instalação em pavimento de concreto","m",1416.46,2019771]
[2019763,"Canal monobloco com corpo e grelha em concreto polímero com efeito autolimpante - carga de controle de 900 kN - 200,0 x 40,0 x 59,5 cm - fornecimento e instalação em pavimento de asfalto","m",4964.81,2019763]
[2019772,"Canal monobloco com corpo e grelha em concreto polímero com efeito autolimpante - carga de controle de 900 kN - 200,0 x 40,0 x 59,5 cm - fornecimento e instalação em pavimento de concreto","m",5042.48,2019772]
[2003811,"Canaleta de concreto - CAU 01 - seção de 20 x 20 cm - espessura de 10 cm - apoiada em toda a extensão","m",137.61,2003811]
[2003812,"Canaleta de concreto - CAU 02 - seção de 25 x 25 cm - espessura de 10 cm - apoiada em toda a extensão","m",163,2003812]
[2003813,"Canaleta de concreto - CAU 03 - seção de 30 x 30 cm - espessura de 10 cm - apoiada em toda a extensão","m",194.4,2003813]
[2003814,"Canaleta de concreto - CAU 04 - seção de 35 x 35 cm - espessura de 10 cm - apoiada em toda a extensão","m",221.79,2003814]
[2003815,"Canaleta de concreto - CAU 05 - seção de 40 x 40 cm - espessura de 10 cm - apoiada em toda a extensão","m",249.18,2003815]
[2003816,"Canaleta de concreto - CAU 06 - seção de 50 x 50 cm - espessura de 10 cm - apoiada em toda a extensão","m",307.97,2003816]
[2003817,"Canaleta de concreto - CAU 07 - seção de 60 x 60 cm - espessura de 10 cm - apoiada em toda a extensão","m",360.76,2003817]
[2003799,"Canaleta meia cana D = 0,30 m assente sobre lastro de areia - areia e brita comerciais - fornecimento e instalação","m",56.24,2003799]
[2003798,"Canaleta meia cana D = 0,30 m assente sobre lastro de areia - areia extraída e brita produzida - fornecimento e instalação","m",48.28,2003798]
[2003801,"Canaleta meia cana D = 0,40 m assente sobre lastro de areia - areia e brita comerciais - fornecimento e instalação","m",71.15,2003801]
[2003800,"Canaleta meia cana D = 0,40 m assente sobre lastro de areia - areia extraída e brita produzida - fornecimento e instalação","m",60,2003800]
[2003714,"Chaminé dos poços de visita - CPV 01 - areia e brita comerciais","un",1493.71,2003714]
[2003713,"Chaminé dos poços de visita - CPV 01 - areia extraída e brita produzida","un",1457.29,2003713]
[2003716,"Chaminé dos poços de visita - CPV 02 - areia e brita comerciais","un",1737.16,2003716]
[2003715,"Chaminé dos poços de visita - CPV 02 - areia extraída e brita produzida","un",1694.6,2003715]
[2003718,"Chaminé dos poços de visita - CPV 03 - areia e brita comerciais","un",1974.7,2003718]
[2003717,"Chaminé dos poços de visita - CPV 03 - areia extraída e brita produzida","un",1927.12,2003717]
[2003720,"Chaminé dos poços de visita - CPV 04 - areia e brita comerciais","un",2218.12,2003720]
[2003719,"Chaminé dos poços de visita - CPV 04 - areia extraída e brita produzida","un",2164.39,2003719]
[2003722,"Chaminé dos poços de visita - CPV 05 - areia e brita comerciais","un",2455.66,2003722]
[2003721,"Chaminé dos poços de visita - CPV 05 - areia extraída e brita produzida","un",2396.9,2003721]
[2003724,"Chaminé dos poços de visita - CPV 06 - areia e brita comerciais","un",2699.11,2003724]
[2003723,"Chaminé dos poços de visita - CPV 06 - areia extraída e brita produzida","un",2634.21,2003723]
[2003726,"Chaminé dos poços de visita - CPV 07 - areia e brita comerciais","un",2936.65,2003726]
[2003725,"Chaminé dos poços de visita - CPV 07 - areia extraída e brita produzida","un",2866.73,2003725]
[2003859,"Colchão drenante com espalhamento e compactação mecânicos - brita produzida","m³",62.12,2003859]
[2003861,"Coluna drenante D = 20 cm - areia comercial","m",24.63,2003861]
[2003862,"Coluna drenante D = 20 cm - areia extraída","m",21.07,2003862]
[2003405,"Descida d'água de aterros em degraus - DAD 01 - areia e brita comerciais","m",206.04,2003405]
[2003404,"Descida d'água de aterros em degraus - DAD 01 - areia extraída e brita produzida","m",174.56,2003404]
[2003407,"Descida d'água de aterros em degraus - DAD 02 - areia e brita comerciais","m",262.16,2003407]
[2003406,"Descida d'água de aterros em degraus - DAD 02 - areia extraída e brita produzida","m",230.68,2003406]
[2003409,"Descida d'água de aterros em degraus - DAD 03 - areia e brita comerciais","m",436.46,2003409]
[2003408,"Descida d'água de aterros em degraus - DAD 03 - areia extraída e brita produzida","m",365.02,2003408]
[2003411,"Descida d'água de aterros em degraus - DAD 04 - areia e brita comerciais","m",591.82,2003411]
[2003410,"Descida d'água de aterros em degraus - DAD 04 - areia extraída e brita produzida","m",520.38,2003410]
[2003413,"Descida d'água de aterros em degraus - DAD 05 - areia e brita comerciais","m",611.24,2003413]
[2003412,"Descida d'água de aterros em degraus - DAD 05 - areia extraída e brita produzida","m",511.96,2003412]
[2003415,"Descida d'água de aterros em degraus - DAD 06 - areia e brita comerciais","m",797.39,2003415]
[2003414,"Descida d'água de aterros em degraus - DAD 06 - areia extraída e brita produzida","m",698.1,2003414]
[2003417,"Descida d'água de aterros em degraus - DAD 07 - areia e brita comerciais","m",795.41,2003417]
[2003416,"Descida d'água de aterros em degraus - DAD 07 - areia extraída e brita produzida","m",665.86,2003416]
[2003419,"Descida d'água de aterros em degraus - DAD 08 - areia e brita comerciais","m",1013.51,2003419]
[2003418,"Descida d'água de aterros em degraus - DAD 08 - areia extraída e brita produzida","m",883.96,2003418]
[2003421,"Descida d'água de aterros em degraus - DAD 09 - areia e brita comerciais","m",1002.76,2003421]
[2003420,"Descida d'água de aterros em degraus - DAD 09 - areia extraída e brita produzida","m",840.51,2003420]
[2003423,"Descida d'água de aterros em degraus - DAD 10 - areia e brita comerciais","m",1246.06,2003423]
[2003422,"Descida d'água de aterros em degraus - DAD 10 - areia extraída e brita produzida","m",1083.82,{"$f":"A2948*1","v":2003422}]
[2003425,"Descida d'água de aterros em degraus - DAD 11 - areia e brita comerciais","m",1304.53,2003425]
[2003424,"Descida d'água de aterros em degraus - DAD 11 - areia extraída e brita produzida","m",1093.86,2003424]
[2003427,"Descida d'água de aterros em degraus - DAD 12 - areia e brita comerciais","m",1626.43,2003427]
[2003426,"Descida d'água de aterros em degraus - DAD 12 - areia extraída e brita produzida","m",1415.75,2003426]
[2003429,"Descida d'água de aterros em degraus - DAD 13 - areia e brita comerciais","m",1641,2003429]
[2003428,"Descida d'água de aterros em degraus - DAD 13 - areia extraída e brita produzida","m",1364.94,2003428]
[2003431,"Descida d'água de aterros em degraus - DAD 14 - areia e brita comerciais","m",1939.25,2003431]
[2003430,"Descida d'água de aterros em degraus - DAD 14 - areia extraída e brita produzida","m",1663.19,2003430]
[2003433,"Descida d'água de aterros em degraus - DAD 15 - areia e brita comerciais","m",2115.49,2003433]
[2003432,"Descida d'água de aterros em degraus - DAD 15 - areia extraída e brita produzida","m",1761.94,2003432]
[2003435,"Descida d'água de aterros em degraus - DAD 16 - areia e brita comerciais","m",2464.28,2003435]
[2003434,"Descida d'água de aterros em degraus - DAD 16 - areia extraída e brita produzida","m",2110.72,2003434]
[2003437,"Descida d'água de aterros em degraus - DAD 17 - areia e brita comerciais","m",2864.72,2003437]
[2003436,"Descida d'água de aterros em degraus - DAD 17 - areia extraída e brita produzida","m",2388.88,2003436]
[2003439,"Descida d'água de aterros em degraus - DAD 18 - areia e brita comerciais","m",3301.44,2003439]
[2003438,"Descida d'água de aterros em degraus - DAD 18 - areia extraída e brita produzida","m",2825.6,2003438]
[2003389,"Descida d'água de aterros tipo rápido - DAR 01 - areia e brita comerciais","m",242.22,2003389]
[2003388,"Descida d'água de aterros tipo rápido - DAR 01 - areia extraída e brita produzida","m",221.03,2003388]
[2003391,"Descida d'água de aterros tipo rápido - DAR 02 - areia e brita comerciais","m",157.16,2003391]
[2003390,"Descida d'água de aterros tipo rápido - DAR 02 - areia extraída e brita produzida","m",140.57,2003390]
[2003393,"Descida d'água de aterros tipo rápido - DAR 03 - areia e brita comerciais","m",224.67,2003393]
[2003392,"Descida d'água de aterros tipo rápido - DAR 03 - areia extraída e brita produzida","m",208.08,2003392]
[2003395,"Descida d'água de aterros tipo rápido - DAR 04 - areia e brita comerciais","m",694.43,2003395]
[2003394,"Descida d'água de aterros tipo rápido - DAR 04 - areia extraída e brita produzida","m",692.01,2003394]
[2003397,"Descida d'água de cortes em degraus - DCD 01 - areia e brita comerciais","m",507.87,2003397]
[2003396,"Descida d'água de cortes em degraus - DCD 01 - areia extraída e brita produzida","m",465.49,2003396]
[2003399,"Descida d'água de cortes em degraus - DCD 02 - areia e brita comerciais","m",645.18,2003399]
[2003398,"Descida d'água de cortes em degraus - DCD 02 - areia extraída e brita produzida","m",602.8,2003398]
[2003401,"Descida d'água de cortes em degraus - DCD 03 - areia e brita comerciais","m",573.64,2003401]
[2003400,"Descida d'água de cortes em degraus - DCD 03 - areia extraída e brita produzida","m",522.79,2003400]
[2003403,"Descida d'água de cortes em degraus - DCD 04 - areia e brita comerciais","m",718.35,2003403]
[2003402,"Descida d'água de cortes em degraus - DCD 04 - areia extraída e brita produzida","m",667.49,2003402]
[2003448,"Dissipador de energia - DEB 01 - areia extraída e brita e pedra de mão produzidas","un",380.83,2003448]
[2003449,"Dissipador de energia - DEB 01 - areia, brita e pedra de mão comerciais","un",445.39,2003449]
[2003450,"Dissipador de energia - DEB 02 - areia extraída e brita e pedra de mão produzidas","un",390.51,2003450]
[2003451,"Dissipador de energia - DEB 02 - areia, brita e pedra de mão comerciais","un",458.14,2003451]
[2003452,"Dissipador de energia - DEB 03 - areia extraída e brita e pedra de mão produzidas","un",1190.27,2003452]
[2003453,"Dissipador de energia - DEB 03 - areia, brita e pedra de mão comerciais","un",1392.34,2003453]
[2003454,"Dissipador de energia - DEB 04 - areia extraída e brita e pedra de mão produzidas","un",1663.98,2003454]
[2003455,"Dissipador de energia - DEB 04 - areia, brita e pedra de mão comerciais","un",1977.58,2003455]
[2003456,"Dissipador de energia - DEB 05 - areia extraída e brita e pedra de mão produzidas","un",2206.23,2003456]
[2003457,"Dissipador de energia - DEB 05 - areia, brita e pedra de mão comerciais","un",2654.92,2003457]
[2003458,"Dissipador de energia - DEB 06 - areia extraída e brita e pedra de mão produzidas","un",2783.83,2003458]
[2003459,"Dissipador de energia - DEB 06 - areia, brita e pedra de mão comerciais","un",3381.96,2003459]
[2003460,"Dissipador de energia - DEB 07 - areia extraída e brita e pedra de mão produzidas","un",3888.68,2003460]
[2003461,"Dissipador de energia - DEB 07 - areia, brita e pedra de mão comerciais","un",4794.45,2003461]
[2003462,"Dissipador de energia - DEB 08 - areia extraída e brita e pedra de mão produzidas","un",2812.88,2003462]
[2003463,"Dissipador de energia - DEB 08 - areia, brita e pedra de mão comerciais","un",3429.08,2003463]
[2003464,"Dissipador de energia - DEB 09 - areia extraída e brita e pedra de mão produzidas","un",3591.75,2003464]
[2003465,"Dissipador de energia - DEB 09 - areia, brita e pedra de mão comerciais","un",4421.31,2003465]
[2003466,"Dissipador de energia - DEB 10 - areia extraída e brita e pedra de mão produzidas","un",4981.14,2003466]
[2003467,"Dissipador de energia - DEB 10 - areia, brita e pedra de mão comerciais","un",6208.99,2003467]
[2003468,"Dissipador de energia - DEB 11 - areia extraída e brita e pedra de mão produzidas","un",3423.35,2003468]
[2003469,"Dissipador de energia - DEB 11 - areia, brita e pedra de mão comerciais","un",4208.94,2003469]
[2003470,"Dissipador de energia - DEB 12 - areia extraída e brita e pedra de mão produzidas","un",4399.66,2003470]
[2003471,"Dissipador de energia - DEB 12 - areia, brita e pedra de mão comerciais","un",5461.3,2003471]
[2003472,"Dissipador de energia - DEB 13 - areia extraída e brita e pedra de mão produzidas","un",6430.8,2003472]
[2003473,"Dissipador de energia - DEB 13 - areia, brita e pedra de mão comerciais","un",8086.21,2003473]
[2003475,"Dissipador de energia - DED 01 - areia e brita comerciais","un",534.75,2003475]
[2003474,"Dissipador de energia - DED 01 - areia extraída e brita produzida","un",489.95,2003474]
[2003441,"Dissipador de energia - DES 01 - areia e pedra de mão comerciais","un",200.05,2003441]
[2003440,"Dissipador de energia - DES 01 - areia extraída e pedra de mão produzida","un",145.66,2003440]
[2003443,"Dissipador de energia - DES 02 - areia e pedra de mão comerciais","un",237.48,2003443]
[2003442,"Dissipador de energia - DES 02 - areia extraída e pedra de mão produzida","un",172.89,{"$f":"A3012*1","v":2003442}]
[2003445,"Dissipador de energia - DES 03 - areia e pedra de mão comerciais","un",283.51,2003445]
[2003444,"Dissipador de energia - DES 03 - areia extraída e pedra de mão produzida","un",206.45,2003444]
[2003447,"Dissipador de energia - DES 04 - areia e pedra de mão comerciais","un",349.77,2003447]
[2003446,"Dissipador de energia - DES 04 - areia extraída e pedra de mão produzida","un",254.59,2003446]
[2004516,"Dreno de pavimento em microvala com geocomposto drenante H = 0,40 m - inclusive corte, enchimento com areia e selo asfáltico","m",29.89,2004516]
[2004517,"Dreno de pavimento em microvala com geocomposto drenante H = 0,60 m - inclusive corte, enchimento com areia e selo asfáltico","m",62.61,2004517]
[2007971,"Dreno de PVC D = 100 mm para OAE - fornecimento e instalação","m",95.3,2007971]
[2008091,"Dreno de PVC D = 150 mm para OAE - fornecimento e instalação","m",106.4,2008091]
[2006408,"Dreno de PVC D = 75 mm para OAE - fornecimento e instalação","m",82.79,2006408]
[2015642,"Dreno em tubo de aço galvanizado D = 100 mm em OAE - fornecimento e instalação","m",173.71,2015642]
[2015641,"Dreno em tubo de aço galvanizado D = 80 mm em OAE - fornecimento e instalação","m",135.26,2015641]
[2004509,"Dreno longitudinal de pavimento H = 0,40 m - com geocomposto drenante","m",32.99,2004509]
[2004510,"Dreno longitudinal de pavimento H = 0,60 m - com geocomposto drenante","m",39.17,2004510]
[2004511,"Dreno longitudinal de pavimento H = 1,00 m - com geocomposto drenante","m",51.51,2004511]
[2004512,"Dreno longitudinal de pavimento H = 1,50 m - com geocomposto drenante","m",66.92,2004512]
[2003843,"Dreno longitudinal profundo em tubo de concreto D = 0,40 m em vala de H = 1,10 m e L = 1,00 m com brita envolta em geotêxtil","m",286.54,2003843]
[2003915,"Dreno longitudinal profundo para corte em rocha - DPR 01 - tubo de concreto perfurado e brita comercial","m",106.02,2003915]
[2003914,"Dreno longitudinal profundo para corte em rocha - DPR 01 - tubo de concreto perfurado e brita produzida","m",93.51,2003914]
[2003589,"Dreno longitudinal profundo para corte em rocha - DPR 01 - tubo PEAD e brita comercial","m",114.57,2003589]
[2003588,"Dreno longitudinal profundo para corte em rocha - DPR 01 - tubo PEAD e brita produzida","m",104.83,2003588]
[2003917,"Dreno longitudinal profundo para corte em rocha - DPR 02 - tubo de concreto perfurado e brita comercial","m",121.06,2003917]
[2003916,"Dreno longitudinal profundo para corte em rocha - DPR 02 - tubo de concreto perfurado e brita produzida","m",108.56,2003916]
[2003591,"Dreno longitudinal profundo para corte em rocha - DPR 02 - tubo PEAD e brita comercial","m",129.62,2003591]
[2003590,"Dreno longitudinal profundo para corte em rocha - DPR 02 - tubo PEAD e brita produzida","m",119.88,2003590]
[2003593,"Dreno longitudinal profundo para corte em rocha - DPR 03 - brita comercial","m",80.43,2003593]
[2003592,"Dreno longitudinal profundo para corte em rocha - DPR 03 - brita produzida","m",66.51,2003592]
[2003595,"Dreno longitudinal profundo para corte em rocha - DPR 04 - brita comercial","m",65.38,2003595]
[2003594,"Dreno longitudinal profundo para corte em rocha - DPR 04 - brita produzida","m",51.46,2003594]
[2003597,"Dreno longitudinal profundo para corte em rocha - DPR 05 - tubo de concreto poroso e areia comercial","m",104.95,2003597]
[2003596,"Dreno longitudinal profundo para corte em rocha - DPR 05 - tubo de concreto poroso e areia extraída","m",87.61,2003596]
[2003572,"Dreno longitudinal profundo para corte em solo - DPS 01 - tubo PEAD e areia comercial","m",121.32,2003572]
[2003580,"Dreno longitudinal profundo para corte em solo - DPS 01 - tubo PEAD e areia extraída","m",63.67,2003580]
[2003573,"Dreno longitudinal profundo para corte em solo - DPS 02 - tubo PEAD e areia comercial","m",128.49,2003573]
[2003581,"Dreno longitudinal profundo para corte em solo - DPS 02 - tubo PEAD e areia extraída","m",61.84,2003581]
[2003561,"Dreno longitudinal profundo para corte em solo - DPS 03 - tubo de concreto perfurado, areia e brita comerciais - madeira com utilização de 5 vezes","m",192.6,2003561]
[2003560,"Dreno longitudinal profundo para corte em solo - DPS 03 - tubo de concreto perfurado, areia extraída e brita produzida - madeira com utilização de 5 vezes","m",114.15,2003560]
[2003574,"Dreno longitudinal profundo para corte em solo - DPS 03 - tubo PEAD, areia e brita comerciais - madeira com utilização de 5 vezes","m",175.43,2003574]
[2003582,"Dreno longitudinal profundo para corte em solo - DPS 03 - tubo PEAD, areia extraída e brita produzida - madeira com utilização de 5 vezes","m",117.32,2003582]
[2003563,"Dreno longitudinal profundo para corte em solo - DPS 04 - tubo de concreto perfurado, areia e brita comerciais - madeira com utilização de 5 vezes","m",203.19,2003563]
[2003562,"Dreno longitudinal profundo para corte em solo - DPS 04 - tubo de concreto perfurado, areia extraída e brita produzida - madeira com utilização de 5 vezes","m",111.24,2003562]
[2003575,"Dreno longitudinal profundo para corte em solo - DPS 04 - tubo PEAD, areia e brita comerciais - madeira com utilização de 5 vezes","m",182.85,2003575]
[2003583,"Dreno longitudinal profundo para corte em solo - DPS 04 - tubo PEAD, areia extraída e brita produzida - madeira com utilização de 5 vezes","m",115.28,2003583]
[2003565,"Dreno longitudinal profundo para corte em solo - DPS 05 - dreno cego - brita comercial","m",125.63,2003565]
[2003564,"Dreno longitudinal profundo para corte em solo - DPS 05 - dreno cego - brita produzida","m",82.48,2003564]
[2003567,"Dreno longitudinal profundo para corte em solo - DPS 06 - dreno cego - brita comercial","m",141.93,2003567]
[2003566,"Dreno longitudinal profundo para corte em solo - DPS 06 - dreno cego - brita produzida","m",89.73,2003566]
[2003569,"Dreno longitudinal profundo para corte em solo - DPS 07 - tubo de concreto perfurado e brita comercial","m",166.06,2003569]
[2003568,"Dreno longitudinal profundo para corte em solo - DPS 07 - tubo de concreto perfurado e brita produzida","m",124.33,2003568]
[2003578,"Dreno longitudinal profundo para corte em solo - DPS 07 - tubo PEAD e brita comercial","m",162.59,2003578]
[2003586,"Dreno longitudinal profundo para corte em solo - DPS 07 - tubo PEAD e brita produzida","m",128.34,2003586]
[2003571,"Dreno longitudinal profundo para corte em solo - DPS 08 - tubo de concreto perfurado e brita comercial","m",182.35,2003571]
[2003570,"Dreno longitudinal profundo para corte em solo - DPS 08 - tubo de concreto perfurado e brita produzida","m",131.58,2003570]
[2003579,"Dreno longitudinal profundo para corte em solo - DPS 08 - tubo PEAD e brita comercial","m",176.19,2003579]
[2003587,"Dreno longitudinal profundo para corte em solo - DPS 08 - tubo PEAD e brita produzida","m",134.99,2003587]
[2004506,"Dreno profundo H = 1,0 m - com geocomposto drenante - inclusive escavação e reaterro","m",57.74,2004506]
[2004507,"Dreno profundo H = 1,5 m - com geocomposto drenante - inclusive escavação e reaterro","m",76.35,2004507]
[2003614,"Dreno sub-horizontal - DSH 01 - material de 1ª categoria","m",127.04,2003614]
[2003865,"Dreno sub-horizontal - DSH 01 - material de 2ª categoria","m",140.88,2003865]
[2003923,"Dreno subsuperficial - DSS 01 - tubo de concreto perfurado e areia comercial","m",55.43,2003923]
[2003922,"Dreno subsuperficial - DSS 01 - tubo de concreto perfurado e areia extraída","m",34.66,2003922]
[2003605,"Dreno subsuperficial - DSS 01 - tubo PEAD e areia comercial","m",43.44,2003605]
[2003604,"Dreno subsuperficial - DSS 01 - tubo PEAD e areia extraída","m",25.43,2003604]
[2003607,"Dreno subsuperficial - DSS 02 - brita comercial","m",39.51,2003607]
[2003606,"Dreno subsuperficial - DSS 02 - brita produzida","m",28.38,{"$f":"A3076*1","v":2003606}]
[2003609,"Dreno subsuperficial - DSS 03 - brita comercial","m",23.34,2003609]
[2003608,"Dreno subsuperficial - DSS 03 - brita produzida","m",12.21,2003608]
[2003925,"Dreno subsuperficial - DSS 04 - tubo de concreto perfurado e brita comercial","m",73.92,2003925]
[2003924,"Dreno subsuperficial - DSS 04 - tubo de concreto perfurado e brita produzida","m",60.02,2003924]
[2003611,"Dreno subsuperficial - DSS 04 - tubo PEAD e brita comercial","m",61.92,2003611]
[2003610,"Dreno subsuperficial - DSS 04 - tubo PEAD e brita produzida","m",50.79,2003610]
[2003820,"Dreno tipo barbacã - DRB 01 - D = 75 mm em estrutura de contenção de encosta - excluso o tubo de drenagem","un",18.07,2003820]
[2003821,"Dreno tipo barbacã - DRB 02 - D = 50 mm em estrutura de contenção de encosta - excluso o tubo de drenagem","un",15.58,2003821]
[2003842,"Enchimento de junta de concreto com argamassa asfáltica de densidade 1.700 kg/m³ - espessura de 1 cm","kg",66.51,2003842]
[2003385,"Entrada para descida d'água - EDA 01 - areia e brita comerciais","un",54.73,2003385]
[2003384,"Entrada para descida d'água - EDA 01 - areia extraída e brita produzida","un",41.41,2003384]
[2003387,"Entrada para descida d'água - EDA 02 - areia e brita comerciais","un",67.54,2003387]
[2003386,"Entrada para descida d'água - EDA 02 - areia extraída e brita produzida","un",50.59,2003386]
[2003335,"Entrada para descida d'água - EDA 03 - areia e brita comerciais","un",1769.03,2003335]
[2003334,"Entrada para descida d'água - EDA 03 - areia extraída e brita produzida","un",1525.54,2003334]
[2003336,"Entrada para descida d'água - EDA 04 - areia e brita comerciais","un",1509.39,2003336]
[2003337,"Entrada para descida d'água - EDA 04 - areia extraída e brita produzida","un",1267.23,2003337]
[2003819,"Envelope de brita para tubos com diâmetro externo de 75 a 110 mm - L = 15 cm e H = 15 cm","m",6.24,2003819]
[2004504,"Escavação mecânica de vala para drenagem com valetadeira em material de 1ª categoria","m³",14.97,2004504]
[2004519,"Escavação mecânica de vala trapezoidal ou triangular em material de 1ª categoria para drenagem superficial com retroescavadeira - 0,10 m² ≤ seção < 0,15 m²","m³",25.87,2004519]
[2004520,"Escavação mecânica de vala trapezoidal ou triangular em material de 1ª categoria para drenagem superficial com retroescavadeira - 0,15 m² ≤ seção < 0,20 m²","m³",21.35,2004520]
[2004521,"Escavação mecânica de vala trapezoidal ou triangular em material de 1ª categoria para drenagem superficial com retroescavadeira - 0,20 m² ≤ seção < 0,30 m²","m³",14.6,2004521]
[2004522,"Escavação mecânica de vala trapezoidal ou triangular em material de 1ª categoria para drenagem superficial com retroescavadeira - 0,30 m² ≤ seção < 0,50 m²","m³",10.67,2004522]
[2004518,"Escavação mecânica de vala trapezoidal ou triangular em material de 1ª categoria para drenagem superficial com retroescavadeira - seção < 0,10 m²","m³",44.94,2004518]
[2003864,"Esgotamento de água com bomba submersa","h",12.25,2003864]
[2003863,"Esgotamento de dreno horizontal profundo a vácuo","h",20.57,2003863]
[2004508,"Geodreno vertical para tratamento de solos moles","m",13.48,2004508]
[2003316,"Grelha de concreto 54 x 100 cm para boca-de-lobo - areia e brita comerciais - sobrecarga do trem tipo TB 45","un",102.51,2003316]
[2003317,"Grelha de concreto 54 x 100 cm para boca-de-lobo - areia extraída e brita produzida - sobrecarga do trem tipo TB 45","un",98.08,2003317]
[2003767,"Lastro de areia comercial - espalhamento manual","m³",127.62,2003767]
[2003844,"Lastro de areia comercial - espalhamento mecânico","m³",124.84,2003844]
[2003576,"Lastro de areia extraída - espalhamento manual","m³",14.29,2003576]
[2003858,"Lastro de areia extraída - espalhamento mecânico","m³",11.51,2003858]
[2003850,"Lastro de brita comercial compactado com soquete vibratório - espalhamento manual","m³",140.53,2003850]
[2003849,"Lastro de brita produzida compactado com soquete vibratório - espalhamento manual","m³",69.37,2003849]
[2003868,"Lastro de pedra de mão ou rachão - espalhamento manual","m³",119.21,2003868]
[2003369,"Meio-fio de concreto - MFC 01 - areia e brita comerciais - fôrma de madeira","m",111.8,2003369]
[2003368,"Meio-fio de concreto - MFC 01 - areia extraída e brita produzida - fôrma de madeira","m",99.39,2003368]
[2003939,"Meio-fio de concreto - MFC 01 moldado no local com extrusora e concreto usinado - areia e brita comerciais","m",69.94,2003939]
[2003940,"Meio-fio de concreto - MFC 01 moldado no local com extrusora e concreto usinado - areia extraída e brita produzida","m",57.48,2003940]
[2003371,"Meio-fio de concreto - MFC 02 - areia e brita comerciais - fôrma de madeira","m",81.93,2003371]
[2003370,"Meio-fio de concreto - MFC 02 - areia extraída e brita produzida - fôrma de madeira","m",71.45,2003370]
[2003941,"Meio-fio de concreto - MFC 02 moldado no local com extrusora e concreto usinado - areia e brita comerciais","m",59.73,2003941]
[2003942,"Meio-fio de concreto - MFC 02 moldado no local com extrusora e concreto usinado - areia extraída e brita produzida","m",49.2,2003942]
[2003373,"Meio-fio de concreto - MFC 03 - areia e brita comerciais - fôrma de madeira","m",65.49,2003373]
[2003372,"Meio-fio de concreto - MFC 03 - areia extraída e brita produzida - fôrma de madeira","m",60.41,2003372]
[2003943,"Meio-fio de concreto - MFC 03 moldado no local com extrusora e concreto usinado - areia e brita comerciais","m",28.24,2003943]
[2003944,"Meio-fio de concreto - MFC 03 moldado no local com extrusora e concreto usinado - areia extraída e brita produzida","m",23.13,2003944]
[2003375,"Meio-fio de concreto - MFC 04 - areia e brita comerciais - fôrma de madeira","m",42.03,2003375]
[2003374,"Meio-fio de concreto - MFC 04 - areia extraída e brita produzida - fôrma de madeira","m",38.29,2003374]
[2003945,"Meio-fio de concreto - MFC 04 moldado no local com extrusora e concreto usinado - areia e brita comerciais","m",21.11,2003945]
[2003946,"Meio-fio de concreto - MFC 04 moldado no local com extrusora e concreto usinado - areia extraída e brita produzida","m",17.35,2003946]
[2003377,"Meio-fio de concreto - MFC 05 - areia e brita comerciais - fôrma de madeira","m",57.05,2003377]
[2003376,"Meio-fio de concreto - MFC 05 - areia extraída e brita produzida - fôrma de madeira","m",53.01,2003376]
[2003947,"Meio-fio de concreto - MFC 05 moldado no local com extrusora e concreto usinado - areia e brita comerciais","m",22.21,2003947]
[2003948,"Meio-fio de concreto - MFC 05 moldado no local com extrusora e concreto usinado - areia extraída e brita produzida","m",18.15,2003948]
[2003379,"Meio-fio de concreto - MFC 06 - areia e brita comerciais - fôrma de madeira","m",32.79,2003379]
[2003378,"Meio-fio de concreto - MFC 06 - areia extraída e brita produzida - fôrma de madeira","m",30.07,2003378]
[2003949,"Meio-fio de concreto - MFC 06 moldado no local com extrusora e concreto usinado - areia e brita comerciais","m",15.21,2003949]
[2003950,"Meio-fio de concreto - MFC 06 moldado no local com extrusora e concreto usinado - areia extraída e brita produzida","m",12.48,2003950]
[2003381,"Meio-fio de concreto - MFC 07 - areia e brita comerciais - fôrma de madeira","m",55.03,2003381]
[2003380,"Meio-fio de concreto - MFC 07 - areia extraída e brita produzida - fôrma de madeira","m",50.36,2003380]
[2003951,"Meio-fio de concreto - MFC 07 moldado no local com extrusora e concreto usinado - areia e brita comerciais","m",25.9,2003951]
[2003952,"Meio-fio de concreto - MFC 07 moldado no local com extrusora e concreto usinado - areia extraída e brita produzida","m",21.21,{"$f":"A3140*1","v":2003952}]
[2003383,"Meio-fio de concreto - MFC 08 - areia e brita comerciais - fôrma de madeira","m",92.67,2003383]
[2003382,"Meio-fio de concreto - MFC 08 - areia extraída e brita produzida - fôrma de madeira","m",83.94,2003382]
[2003953,"Meio-fio de concreto - MFC 08 moldado no local com extrusora e concreto usinado - areia e brita comerciais","m",47.19,2003953]
[2003954,"Meio-fio de concreto - MFC 08 moldado no local com extrusora e concreto usinado - areia extraída e brita produzida","m",38.42,2003954]
[2004514,"Microvala para dreno de pavimento com geocomposto drenante H = 0,4 m","m",14.6,2004514]
[2004515,"Microvala para dreno de pavimento com geocomposto drenante H = 0,6 m","m",39.15,2004515]
[2005759,"Perfuração para dreno sub-horizontal em material de 1ª categoria com D = 75 mm (linha NW)","m",49.06,2005759]
[2005764,"Perfuração para dreno sub-horizontal em material de 2ª categoria com D = 75 mm (linha NW)","m",62.9,2005764]
[2003678,"Poço de visita - PVI 01 - areia e brita comerciais","un",2127.74,2003678]
[2003677,"Poço de visita - PVI 01 - areia extraída e brita produzida","un",1917.06,2003677]
[2003680,"Poço de visita - PVI 02 - areia e brita comerciais","un",2097.84,2003680]
[2003679,"Poço de visita - PVI 02 - areia extraída e brita produzida","un",1895.63,2003679]
[2003682,"Poço de visita - PVI 03 - areia e brita comerciais","un",2401.65,2003682]
[2003681,"Poço de visita - PVI 03 - areia extraída e brita produzida","un",2149.8,2003681]
[2003684,"Poço de visita - PVI 04 - areia e brita comerciais","un",2875.39,2003684]
[2003683,"Poço de visita - PVI 04 - areia extraída e brita produzida","un",2575.12,2003683]
[2003686,"Poço de visita - PVI 05 - areia e brita comerciais","un",3394.63,2003686]
[2003685,"Poço de visita - PVI 05 - areia extraída e brita produzida","un",3044.71,2003685]
[2003688,"Poço de visita - PVI 06 - areia e brita comerciais","un",4239.81,2003688]
[2003687,"Poço de visita - PVI 06 - areia extraída e brita produzida","un",3816.03,2003687]
[2003690,"Poço de visita - PVI 07 - areia e brita comerciais","un",2468.11,2003690]
[2003689,"Poço de visita - PVI 07 - areia extraída e brita produzida","un",2222.32,2003689]
[2003692,"Poço de visita - PVI 08 - areia e brita comerciais","un",2442.48,2003692]
[2003691,"Poço de visita - PVI 08 - areia extraída e brita produzida","un",2203.95,2003691]
[2003694,"Poço de visita - PVI 09 - areia e brita comerciais","un",2767.24,2003694]
[2003693,"Poço de visita - PVI 09 - areia extraída e brita produzida","un",2474.23,2003693]
[2003696,"Poço de visita - PVI 10 - areia e brita comerciais","un",3101.1,2003696]
[2003695,"Poço de visita - PVI 10 - areia extraída e brita produzida","un",2757.23,2003695]
[2003698,"Poço de visita - PVI 11 - areia e brita comerciais","un",3800.51,2003698]
[2003697,"Poço de visita - PVI 11 - areia extraída e brita produzida","un",3404.57,2003697]
[2003700,"Poço de visita - PVI 12 - areia e brita comerciais","un",4685.97,2003700]
[2003699,"Poço de visita - PVI 12 - areia extraída e brita produzida","un",4211.34,2003699]
[2003702,"Poço de visita - PVI 13 - areia e brita comerciais","un",2825.57,2003702]
[2003701,"Poço de visita - PVI 13 - areia extraída e brita produzida","un",2539.82,2003701]
[2003704,"Poço de visita - PVI 14 - areia e brita comerciais","un",2799.93,2003704]
[2003703,"Poço de visita - PVI 14 - areia extraída e brita produzida","un",2521.45,2003703]
[2003706,"Poço de visita - PVI 15 - areia e brita comerciais","un",3149.93,2003706]
[2003705,"Poço de visita - PVI 15 - areia extraída e brita produzida","un",2810.91,2003705]
[2003708,"Poço de visita - PVI 16 - areia e brita comerciais","un",3656.23,2003708]
[2003707,"Poço de visita - PVI 16 - areia extraída e brita produzida","un",3263.93,2003707]
[2003710,"Poço de visita - PVI 17 - areia e brita comerciais","un",4223.47,2003710]
[2003709,"Poço de visita - PVI 17 - areia extraída e brita produzida","un",3776.69,2003709]
[2003712,"Poço de visita - PVI 18 - areia e brita comerciais","un",5149.22,2003712]
[2003711,"Poço de visita - PVI 18 - areia extraída e brita produzida","un",4618.89,2003711]
[2004505,"Reaterro e compactação em vala de dreno com geocomposto","m³",17.91,2004505]
[2003353,"Sarjeta trapezoidal de canteiro central de concreto - SZCC 100-25 - areia e brita comerciais","m",76.73,2003353]
[2003352,"Sarjeta trapezoidal de canteiro central de concreto - SZCC 100-25 - areia extraída e brita produzida","m",59.9,2003352]
[2003979,"Sarjeta trapezoidal de canteiro central de concreto - SZCC 100-25 moldada no local com extrusora e concreto usinado - areia e brita comerciais","m",87.14,2003979]
[2003980,"Sarjeta trapezoidal de canteiro central de concreto - SZCC 100-25 moldada no local com extrusora e concreto usinado - areia extraída e brita produzida","m",70.25,2003980]
[2003355,"Sarjeta trapezoidal de canteiro central de concreto - SZCC 140-35 - areia e brita comerciais","m",103.22,2003355]
[2003354,"Sarjeta trapezoidal de canteiro central de concreto - SZCC 140-35 - areia extraída e brita produzida","m",80.54,2003354]
[2003981,"Sarjeta trapezoidal de canteiro central de concreto - SZCC 140-35 moldada no local com extrusora e concreto usinado - areia e brita comerciais","m",117.42,2003981]
[2003982,"Sarjeta trapezoidal de canteiro central de concreto - SZCC 140-35 moldada no local com extrusora e concreto usinado - areia extraída e brita produzida","m",94.65,2003982]
[2003345,"Sarjeta trapezoidal de concreto - SZC 60-20 - escavação mecânica - areia e brita comerciais","m",61.2,2003345]
[2003344,"Sarjeta trapezoidal de concreto - SZC 60-20 - escavação mecânica - areia extraída e brita produzida","m",49.71,2003344]
[2003973,"Sarjeta trapezoidal de concreto - SZC 60-20 moldada no local com extrusora e concreto usinado - escavação mecânica - areia e brita comerciais","m",68.5,2003973]
[2003974,"Sarjeta trapezoidal de concreto - SZC 60-20 moldada no local com extrusora e concreto usinado - escavação mecânica - areia extraída e brita produzida","m",56.96,2003974]
[2003343,"Sarjeta trapezoidal de concreto - SZC 90-30 - escavação mecânica - areia e brita comerciais","m",83.43,2003343]
[2003342,"Sarjeta trapezoidal de concreto - SZC 90-30 - escavação mecânica - areia extraída e brita produzida","m",67.32,2003342]
[2003971,"Sarjeta trapezoidal de concreto - SZC 90-30 moldada no local com extrusora e concreto usinado - escavação mecânica - areia e brita comerciais","m",93.84,2003971]
[2003972,"Sarjeta trapezoidal de concreto - SZC 90-30 moldada no local com extrusora e concreto usinado - escavação mecânica - areia extraída e brita produzida","m",77.67,2003972]
[2003347,"Sarjeta trapezoidal de grama - SZG 60-20 - escavação mecânica","m",14.55,2003347]
[2003346,"Sarjeta trapezoidal de grama - SZG 90-30 - escavação mecânica","m",20.28,2003346]
[2003933,"Sarjeta trapezoidal sem revestimento - SZT 60-20 - escavação mecânica","m",7.16,{"$f":"A3204*1","v":2003933}]
[2003932,"Sarjeta trapezoidal sem revestimento - SZT 90-30 - escavação mecânica","m",9.2,2003932]
[2003349,"Sarjeta triangular de canteiro central de concreto - STCC 100-25 - areia e brita comerciais","m",59.06,2003349]
[2003348,"Sarjeta triangular de canteiro central de concreto - STCC 100-25 - areia extraída e brita produzida","m",46.3,2003348]
[2003975,"Sarjeta triangular de canteiro central de concreto - STCC 100-25 moldada no local com extrusora e concreto usinado - areia e brita comerciais","m",66.08,2003975]
[2003976,"Sarjeta triangular de canteiro central de concreto - STCC 100-25 moldada no local com extrusora e concreto usinado - areia extraída e brita produzida","m",53.27,2003976]
[2003351,"Sarjeta triangular de canteiro central de concreto - STCC 140-35 - areia e brita comerciais","m",78.93,2003351]
[2003350,"Sarjeta triangular de canteiro central de concreto - STCC 140-35 - areia extraída e brita produzida","m",61.84,2003350]
[2003977,"Sarjeta triangular de canteiro central de concreto - STCC 140-35 moldada no local com extrusora e concreto usinado - areia e brita comerciais","m",88.52,2003977]
[2003978,"Sarjeta triangular de canteiro central de concreto - STCC 140-35 moldada no local com extrusora e concreto usinado - areia extraída e brita produzida","m",71.36,2003978]
[2003291,"Sarjeta triangular de canteiro central de grama - STCG 100-25 - escavação mecânica","m",10.79,2003291]
[2003292,"Sarjeta triangular de canteiro central de grama - STCG 140-35 - escavação mecânica","m",15.1,2003292]
[2003293,"Sarjeta triangular de canteiro central de grama - STCG 200-25 - escavação mecânica","m",19.89,2003293]
[2003294,"Sarjeta triangular de canteiro central de grama - STCG 300-37,5 - escavação mecânica","m",29.84,2003294]
[2003257,"Sarjeta triangular de concreto - STC 100-20 - escavação mecânica - areia e brita comerciais","m",62.74,2003257]
[2003258,"Sarjeta triangular de concreto - STC 100-20 - escavação mecânica - areia extraída e brita produzida","m",51.29,2003258]
[2003259,"Sarjeta triangular de concreto - STC 100-20 moldada no local com extrusora e concreto usinado - escavação mecânica - areia e brita comerciais","m",69.32,2003259]
[2003260,"Sarjeta triangular de concreto - STC 100-20 moldada no local com extrusora e concreto usinado - escavação mecânica - areia extraída e brita produzida","m",57.82,2003260]
[2003281,"Sarjeta triangular de concreto - STC 100-21 - escavação mecânica - areia e brita comerciais","m",62.87,2003281]
[2003282,"Sarjeta triangular de concreto - STC 100-21 - escavação mecânica - areia extraída e brita produzida","m",51.15,2003282]
[2003283,"Sarjeta triangular de concreto - STC 100-21 moldada no local com extrusora e concreto usinado - escavação mecânica - areia e brita comerciais","m",69.61,2003283]
[2003284,"Sarjeta triangular de concreto - STC 100-21 moldada no local com extrusora e concreto usinado - escavação mecânica - areia extraída e brita produzida","m",57.85,2003284]
[2003327,"Sarjeta triangular de concreto - STC 108-25 - escavação mecânica - areia e brita comerciais","m",91.73,2003327]
[2003326,"Sarjeta triangular de concreto - STC 108-25 - escavação mecânica - areia extraída e brita produzida","m",78.45,2003326]
[2003963,"Sarjeta triangular de concreto - STC 108-25 moldada no local com extrusora e concreto usinado - escavação mecânica - areia e brita comerciais","m",79.1,2003963]
[2003964,"Sarjeta triangular de concreto - STC 108-25 moldada no local com extrusora e concreto usinado - escavação mecânica - areia extraída e brita produzida","m",65.76,2003964]
[2003319,"Sarjeta triangular de concreto - STC 125-25 - escavação mecânica - areia e brita comerciais","m",76.19,2003319]
[2003318,"Sarjeta triangular de concreto - STC 125-25 - escavação mecânica - areia extraída e brita produzida","m",62.05,2003318]
[2003955,"Sarjeta triangular de concreto - STC 125-25 moldada no local com extrusora e concreto usinado - escavação mecânica - areia e brita comerciais","m",84.37,2003955]
[2003956,"Sarjeta triangular de concreto - STC 125-25 moldada no local com extrusora e concreto usinado - escavação mecânica - areia extraída e brita produzida","m",70.17,2003956]
[2003277,"Sarjeta triangular de concreto - STC 125-27 - escavação mecânica - areia e brita comerciais","m",78.43,2003277]
[2003278,"Sarjeta triangular de concreto - STC 125-27 - escavação mecânica - areia extraída e brita produzida","m",63.89,2003278]
[2003279,"Sarjeta triangular de concreto - STC 125-27 moldada no local com extrusora e concreto usinado - escavação mecânica - areia e brita comerciais","m",86.84,2003279]
[2003280,"Sarjeta triangular de concreto - STC 125-27 moldada no local com extrusora e concreto usinado - escavação mecânica - areia extraída e brita produzida","m",72.24,2003280]
[2003253,"Sarjeta triangular de concreto - STC 150-30 - escavação mecânica - areia e brita comerciais","m",89.65,2003253]
[2003254,"Sarjeta triangular de concreto - STC 150-30 - escavação mecânica - areia extraída e brita produzida","m",72.83,2003254]
[2003255,"Sarjeta triangular de concreto - STC 150-30 moldada no local com extrusora e concreto usinado - escavação mecânica - areia e brita comerciais","m",99.41,2003255]
[2003256,"Sarjeta triangular de concreto - STC 150-30 moldada no local com extrusora e concreto usinado - escavação mecânica - areia extraída e brita produzida","m",82.52,2003256]
[2003273,"Sarjeta triangular de concreto - STC 150-32 - escavação mecânica - areia e brita comerciais","m",92.04,2003273]
[2003274,"Sarjeta triangular de concreto - STC 150-32 - escavação mecânica - areia extraída e brita produzida","m",74.78,2003274]
[2003275,"Sarjeta triangular de concreto - STC 150-32 moldada no local com extrusora e concreto usinado - escavação mecânica - areia e brita comerciais","m",102.06,2003275]
[2003276,"Sarjeta triangular de concreto - STC 150-32 moldada no local com extrusora e concreto usinado - escavação mecânica - areia extraída e brita produzida","m",84.74,2003276]
[2003269,"Sarjeta triangular de concreto - STC 73-15 - escavação mecânica - areia e brita comerciais","m",61.65,2003269]
[2003270,"Sarjeta triangular de concreto - STC 73-15 - escavação mecânica - areia extraída e brita produzida","m",52.83,2003270]
[2003271,"Sarjeta triangular de concreto - STC 73-15 moldada no local com extrusora e concreto usinado - escavação mecânica - areia e brita comerciais","m",53.52,2003271]
[2003272,"Sarjeta triangular de concreto - STC 73-15 moldada no local com extrusora e concreto usinado - escavação mecânica - areia extraída e brita produzida","m",44.67,2003272]
[2003261,"Sarjeta triangular de concreto - STC 80-15 - escavação mecânica - areia e brita comerciais","m",50.89,2003261]
[2003262,"Sarjeta triangular de concreto - STC 80-15 - escavação mecânica - areia extraída e brita produzida","m",41.65,2003262]
[2003263,"Sarjeta triangular de concreto - STC 80-15 moldada no local com extrusora e concreto usinado - escavação mecânica - areia e brita comerciais","m",56.16,2003263]
[2003264,"Sarjeta triangular de concreto - STC 80-15 moldada no local com extrusora e concreto usinado - escavação mecânica - areia extraída e brita produzida","m",46.89,2003264]
[2003285,"Sarjeta triangular de concreto - STC 80-17 - escavação mecânica - areia e brita comerciais","m",52.55,2003285]
[2003286,"Sarjeta triangular de concreto - STC 80-17 - escavação mecânica - areia extraída e brita produzida","m",43.03,2003286]
[2003287,"Sarjeta triangular de concreto - STC 80-17 moldada no local com extrusora e concreto usinado - escavação mecânica - areia e brita comerciais","m",57.99,2003287]
[2003288,"Sarjeta triangular de concreto - STC 80-17 moldada no local com extrusora e concreto usinado - escavação mecânica - areia extraída e brita produzida","m",48.43,2003288]
[2003265,"Sarjeta triangular de concreto - STC 88-20 - escavação mecânica - areia e brita comerciais","m",75.78,2003265]
[2003266,"Sarjeta triangular de concreto - STC 88-20 - escavação mecânica - areia extraída e brita produzida","m",64.96,2003266]
[2003267,"Sarjeta triangular de concreto - STC 88-20 moldada no local com extrusora e concreto usinado - escavação mecânica - areia e brita comerciais","m",65.32,2003267]
[2003268,"Sarjeta triangular de concreto - STC 88-20 moldada no local com extrusora e concreto usinado - escavação mecânica - areia extraída e brita produzida","m",54.47,2003268]
[2003289,"Sarjeta triangular de grama - STG 100-20 - escavação mecânica","m",18.44,2003289]
[2003338,"Sarjeta triangular de grama - STG 125-25 - escavação mecânica","m",23.15,2003338]
[2003290,"Sarjeta triangular de grama - STG 80-15 - escavação mecânica","m",15.28,2003290]
[2003300,"Sarjeta triangular sem revestimento - STT 100-20 - escavação mecânica","m",7.75,2003300]
[2003299,"Sarjeta triangular sem revestimento - STT 125-25 - escavação mecânica","m",9.79,2003299]
[2003301,"Sarjeta triangular sem revestimento - STT 80-15 - escavação mecânica","m",6.79,2003301]
[2004513,"Selo asfáltico de microvala para dreno de pavimento com geocomposto","m",0.12,{"$f":"A3268*1","v":2004513}]
[2003357,"Transposição de segmentos de sarjeta - TSS 01 - areia e brita comerciais","m",195.28,2003357]
[2003356,"Transposição de segmentos de sarjeta - TSS 01 - areia extraída e brita produzida","m",154.95,2003356]
[2003359,"Transposição de segmentos de sarjeta - TSS 02 - areia e brita comerciais","m",238.79,2003359]
[2003358,"Transposição de segmentos de sarjeta - TSS 02 - areia extraída e brita produzida","m",189.17,2003358]
[2003361,"Transposição de segmentos de sarjeta - TSS 03 - areia e brita comerciais","m",513.76,2003361]
[2003360,"Transposição de segmentos de sarjeta - TSS 03 - areia extraída e brita produzida","m",474.15,2003360]
[2003363,"Transposição de segmentos de sarjeta - TSS 04 - areia e brita comerciais","m",441.21,2003363]
[2003362,"Transposição de segmentos de sarjeta - TSS 04 - areia extraída e brita produzida","m",405.18,2003362]
[2003365,"Transposição de segmentos de sarjeta - TSS 05 - areia e brita comerciais","m",392.81,2003365]
[2003364,"Transposição de segmentos de sarjeta - TSS 05 - areia extraída e brita produzida","m",359.16,2003364]
[2003367,"Transposição de segmentos de sarjeta - TSS 06 - areia e brita comerciais","m",368.55,2003367]
[2003366,"Transposição de segmentos de sarjeta - TSS 06 - areia extraída e brita produzida","m",336.09,2003366]
[2003869,"Tubo de concreto PA1 comercial para drenagem - D = 0,50 m - fornecimento e instalação","m",137.26,2003869]
[2003822,"Tubo de concreto PA1 comercial para drenagem - D = 0,60 m - fornecimento e instalação","m",223.53,2003822]
[2003826,"Tubo de concreto PA1 comercial para drenagem - D = 0,80 m - fornecimento e instalação","m",369.04,2003826]
[2003830,"Tubo de concreto PA1 comercial para drenagem - D = 1,00 m - fornecimento e instalação","m",489.08,2003830]
[2003834,"Tubo de concreto PA1 comercial para drenagem - D = 1,20 m - fornecimento e instalação","m",728.54,2003834]
[2003838,"Tubo de concreto PA1 comercial para drenagem - D = 1,50 m - fornecimento e instalação","m",1005.69,2003838]
[2003768,"Tubo de concreto PA1 produzido na obra para drenagem - D = 0,60 m - areia e brita comerciais - fornecimento e instalação","m",169.31,2003768]
[2003873,"Tubo de concreto PA1 produzido na obra para drenagem - D = 0,60 m - areia extraída e brita produzida - fornecimento e instalação","m",152.5,2003873]
[2003772,"Tubo de concreto PA1 produzido na obra para drenagem - D = 0,80 m - areia e brita comerciais - fornecimento e instalação","m",247.86,2003772]
[2003877,"Tubo de concreto PA1 produzido na obra para drenagem - D = 0,80 m - areia extraída e brita produzida - fornecimento e instalação","m",221.23,2003877]
[2003776,"Tubo de concreto PA1 produzido na obra para drenagem - D = 1,00 m - areia e brita comerciais - fornecimento e instalação","m",405.96,2003776]
[2003881,"Tubo de concreto PA1 produzido na obra para drenagem - D = 1,00 m - areia extraída e brita produzida - fornecimento e instalação","m",369.47,2003881]
[2003780,"Tubo de concreto PA1 produzido na obra para drenagem - D = 1,20 m - areia e brita comerciais - fornecimento e instalação","m",539.4,2003780]
[2003885,"Tubo de concreto PA1 produzido na obra para drenagem - D = 1,20 m - areia extraída e brita produzida - fornecimento e instalação","m",486.07,2003885]
[2003784,"Tubo de concreto PA1 produzido na obra para drenagem - D = 1,50 m - areia e brita comerciais - fornecimento e instalação","m",838.23,2003784]
[2003889,"Tubo de concreto PA1 produzido na obra para drenagem - D = 1,50 m - areia extraída e brita produzida - fornecimento e instalação","m",754.76,2003889]
[2003870,"Tubo de concreto PA2 comercial para drenagem - D = 0,50 m - fornecimento e instalação","m",192.33,2003870]
[2003823,"Tubo de concreto PA2 comercial para drenagem - D = 0,60 m - fornecimento e instalação","m",242.66,2003823]
[2003827,"Tubo de concreto PA2 comercial para drenagem - D = 0,80 m - fornecimento e instalação","m",394.31,2003827]
[2003831,"Tubo de concreto PA2 comercial para drenagem - D = 1,00 m - fornecimento e instalação","m",520.76,2003831]
[2003835,"Tubo de concreto PA2 comercial para drenagem - D = 1,20 m - fornecimento e instalação","m",730.79,2003835]
[2003839,"Tubo de concreto PA2 comercial para drenagem - D = 1,50 m - fornecimento e instalação","m",1034.37,2003839]
[2003769,"Tubo de concreto PA2 produzido na obra para drenagem - D = 0,60 m - areia e brita comerciais - fornecimento e instalação","m",182.25,2003769]
[2003874,"Tubo de concreto PA2 produzido na obra para drenagem - D = 0,60 m - areia extraída e brita produzida - fornecimento e instalação","m",165.46,2003874]
[2003773,"Tubo de concreto PA2 produzido na obra para drenagem - D = 0,80 m - areia e brita comerciais - fornecimento e instalação","m",299.6,2003773]
[2003878,"Tubo de concreto PA2 produzido na obra para drenagem - D = 0,80 m - areia extraída e brita produzida - fornecimento e instalação","m",273.04,2003878]
[2003777,"Tubo de concreto PA2 produzido na obra para drenagem - D = 1,00 m - areia e brita comerciais - fornecimento e instalação","m",457.7,2003777]
[2003882,"Tubo de concreto PA2 produzido na obra para drenagem - D = 1,00 m - areia extraída e brita produzida - fornecimento e instalação","m",421.28,2003882]
[2003781,"Tubo de concreto PA2 produzido na obra para drenagem - D = 1,20 m - areia e brita comerciais - fornecimento e instalação","m",655.81,2003781]
[2003886,"Tubo de concreto PA2 produzido na obra para drenagem - D = 1,20 m - areia extraída e brita produzida - fornecimento e instalação","m",602.62,2003886]
[2003785,"Tubo de concreto PA2 produzido na obra para drenagem - D = 1,50 m - areia e brita comerciais - fornecimento e instalação","m",1019.33,2003785]
[2003890,"Tubo de concreto PA2 produzido na obra para drenagem - D = 1,50 m - areia extraída e brita produzida - fornecimento e instalação","m",936.07,2003890]
[2003871,"Tubo de concreto PA3 comercial para drenagem - D = 0,50 m - fornecimento e instalação","m",199.28,2003871]
[2003824,"Tubo de concreto PA3 comercial para drenagem - D = 0,60 m - fornecimento e instalação","m",265.32,2003824]
[2003828,"Tubo de concreto PA3 comercial para drenagem - D = 0,80 m - fornecimento e instalação","m",502.32,2003828]
[2003832,"Tubo de concreto PA3 comercial para drenagem - D = 1,00 m - fornecimento e instalação","m",596.2,2003832]
[2003836,"Tubo de concreto PA3 comercial para drenagem - D = 1,20 m - fornecimento e instalação","m",769.24,2003836]
[2003840,"Tubo de concreto PA3 comercial para drenagem - D = 1,50 m - fornecimento e instalação","m",1156.22,2003840]
[2003770,"Tubo de concreto PA3 produzido na obra para drenagem - D = 0,60 m - areia e brita comerciais - fornecimento e instalação","m",246.92,2003770]
[2003875,"Tubo de concreto PA3 produzido na obra para drenagem - D = 0,60 m - areia extraída e brita produzida - fornecimento e instalação","m",230.21,2003875]
[2003774,"Tubo de concreto PA3 produzido na obra para drenagem - D = 0,80 m - areia e brita comerciais - fornecimento e instalação","m",401.73,2003774]
[2003879,"Tubo de concreto PA3 produzido na obra para drenagem - D = 0,80 m - areia extraída e brita produzida - fornecimento e instalação","m",372.01,2003879]
[2003778,"Tubo de concreto PA3 produzido na obra para drenagem - D = 1,00 m - areia e brita comerciais - fornecimento e instalação","m",558.36,2003778]
[2003883,"Tubo de concreto PA3 produzido na obra para drenagem - D = 1,00 m - areia extraída e brita produzida - fornecimento e instalação","m",511.87,2003883]
[2003782,"Tubo de concreto PA3 produzido na obra para drenagem - D = 1,20 m - areia e brita comerciais - fornecimento e instalação","m",836.21,2003782]
[2003887,"Tubo de concreto PA3 produzido na obra para drenagem - D = 1,20 m - areia extraída e brita produzida - fornecimento e instalação","m",765.14,2003887]
[2003786,"Tubo de concreto PA3 produzido na obra para drenagem - D = 1,50 m - areia e brita comerciais - fornecimento e instalação","m",1310.52,2003786]
[2003891,"Tubo de concreto PA3 produzido na obra para drenagem - D = 1,50 m - areia extraída e brita produzida - fornecimento e instalação","m",1200.17,2003891]
[2003872,"Tubo de concreto PA4 comercial para drenagem - D = 0,50 m - fornecimento e instalação","m",274.11,2003872]
[2003825,"Tubo de concreto PA4 comercial para drenagem - D = 0,60 m - fornecimento e instalação","m",332.43,2003825]
[2003829,"Tubo de concreto PA4 comercial para drenagem - D = 0,80 m - fornecimento e instalação","m",629.13,2003829]
[2003833,"Tubo de concreto PA4 comercial para drenagem - D = 1,00 m - fornecimento e instalação","m",605.87,{"$f":"A3332*1","v":2003833}]
[2003837,"Tubo de concreto PA4 comercial para drenagem - D = 1,20 m - fornecimento e instalação","m",853.68,2003837]
[2003841,"Tubo de concreto PA4 comercial para drenagem - D = 1,50 m - fornecimento e instalação","m",1239.41,2003841]
[2003771,"Tubo de concreto PA4 produzido na obra para drenagem - D = 0,60 m - areia e brita comerciais - fornecimento e instalação","m",297.36,2003771]
[2003876,"Tubo de concreto PA4 produzido na obra para drenagem - D = 0,60 m - areia extraída e brita produzida - fornecimento e instalação","m",277.44,2003876]
[2003775,"Tubo de concreto PA4 produzido na obra para drenagem - D = 0,80 m - areia e brita comerciais - fornecimento e instalação","m",462.93,2003775]
[2003880,"Tubo de concreto PA4 produzido na obra para drenagem - D = 0,80 m - areia extraída e brita produzida - fornecimento e instalação","m",426.94,2003880]
[2003779,"Tubo de concreto PA4 produzido na obra para drenagem - D = 1,00 m - areia e brita comerciais - fornecimento e instalação","m",689.88,2003779]
[2003884,"Tubo de concreto PA4 produzido na obra para drenagem - D = 1,00 m - areia extraída e brita produzida - fornecimento e instalação","m",635.62,2003884]
[2003783,"Tubo de concreto PA4 produzido na obra para drenagem - D = 1,20 m - areia e brita comerciais - fornecimento e instalação","m",987.11,2003783]
[2003888,"Tubo de concreto PA4 produzido na obra para drenagem - D = 1,20 m - areia extraída e brita produzida - fornecimento e instalação","m",906.49,2003888]
[2003787,"Tubo de concreto PA4 produzido na obra para drenagem - D = 1,50 m - areia e brita comerciais - fornecimento e instalação","m",1544.74,2003787]
[2003892,"Tubo de concreto PA4 produzido na obra para drenagem - D = 1,50 m - areia extraída e brita produzida - fornecimento e instalação","m",1430.63,2003892]
[2003851,"Tubo de concreto perfurado produzido na obra para drenagem - D = 0,40 m - fornecimento e instalação","m",85.31,2003851]
[2003935,"Tubo de PVC para dreno tipo barbacã - D = 50 mm - fornecimento e instalação","m",11.38,2003935]
[2003934,"Tubo de PVC para dreno tipo barbacã - D = 75 mm - fornecimento e instalação","m",15.95,2003934]
[2003990,"Tubo PEAD para drenagem - D = 1.000 mm - fornecimento e instalação","m",1350.24,2003990]
[2003991,"Tubo PEAD para drenagem - D = 1.050 mm - fornecimento e instalação","m",1416.93,2003991]
[2003992,"Tubo PEAD para drenagem - D = 1.200 mm - fornecimento e instalação","m",1791.64,2003992]
[2003993,"Tubo PEAD para drenagem - D = 1.500 mm - fornecimento e instalação","m",2162.47,2003993]
[2003994,"Tubo PEAD para drenagem - D = 1.800 mm - fornecimento e instalação","m",7297.12,2003994]
[2003995,"Tubo PEAD para drenagem - D = 2.000 mm - fornecimento e instalação","m",8819.83,2003995]
[2003996,"Tubo PEAD para drenagem - D = 2.500 mm - fornecimento e instalação","m",14717.58,2003996]
[2003997,"Tubo PEAD para drenagem - D = 3.000 mm - fornecimento e instalação","m",20666.83,2003997]
[2003983,"Tubo PEAD para drenagem - D = 400 mm - fornecimento e instalação","m",216.49,2003983]
[2003984,"Tubo PEAD para drenagem - D = 450 mm - fornecimento e instalação","m",245.09,2003984]
[2003985,"Tubo PEAD para drenagem - D = 500 mm - fornecimento e instalação","m",353.75,2003985]
[2003986,"Tubo PEAD para drenagem - D = 600 mm - fornecimento e instalação","m",515.83,2003986]
[2003987,"Tubo PEAD para drenagem - D = 750 mm - fornecimento e instalação","m",679.05,2003987]
[2003988,"Tubo PEAD para drenagem - D = 800 mm - fornecimento e instalação","m",755.75,2003988]
[2003989,"Tubo PEAD para drenagem - D = 900 mm - fornecimento e instalação","m",995.45,2003989]
[2003298,"Valeta de proteção de aterro sem revestimento - VPAT 120-30 - escavação mecânica","m",12.42,2003298]
[2003297,"Valeta de proteção de aterro sem revestimento - VPAT 160-30 - escavação mecânica","m",15.27,2003297]
[2003315,"Valeta de proteção de aterros com revestimento de concreto - VPAC 120-30 - escavação mecânica - areia e brita comerciais","m",102.94,2003315]
[2003314,"Valeta de proteção de aterros com revestimento de concreto - VPAC 120-30 - escavação mecânica - areia extraída e brita produzida","m",87.49,2003314]
[2003313,"Valeta de proteção de aterros com revestimento de concreto - VPAC 160-30 - escavação mecânica - areia e brita comerciais","m",127.7,2003313]
[2003312,"Valeta de proteção de aterros com revestimento de concreto - VPAC 160-30 - escavação mecânica - areia extraída e brita produzida","m",108.37,2003312]
[2003311,"Valeta de proteção de aterros com revestimento vegetal - VPAG 120-30 - escavação mecânica","m",40.38,2003311]
[2003310,"Valeta de proteção de aterros com revestimento vegetal - VPAG 160-30 - escavação mecânica","m",50.95,2003310]
[2003296,"Valeta de proteção de corte sem revestimento - VPCT 120-30 - escavação mecânica","m",12.42,2003296]
[2003295,"Valeta de proteção de corte sem revestimento - VPCT 160-30 - escavação mecânica","m",15.27,2003295]
[2003309,"Valeta de proteção de cortes com revestimento de concreto - VPCC 120-30 - escavação mecânica - areia e brita comerciais","m",102.94,2003309]
[2003308,"Valeta de proteção de cortes com revestimento de concreto - VPCC 120-30 - escavação mecânica - areia extraída e brita produzida","m",87.49,2003308]
[2003307,"Valeta de proteção de cortes com revestimento de concreto - VPCC 160-30 - escavação mecânica - areia e brita comerciais","m",127.7,2003307]
[2003306,"Valeta de proteção de cortes com revestimento de concreto - VPCC 160-30 - escavação mecânica - areia extraída e brita produzida","m",108.37,2003306]
[2003305,"Valeta de proteção de cortes com revestimento vegetal - VPCG 120-30 - escavação mecânica","m",40.38,2003305]
[2003304,"Valeta de proteção de cortes com revestimento vegetal - VPCG 160-30 - escavação mecânica","m",50.95,2003304]
[2105846,"Escoramento com estacas de perfis metálicos W 250 x 38,5 kg/m, espaçadas em 1,5 m, intercaladas com prancha de madeira com espessura de 5 cm e ficha de 0 a 0,2 H - sem reaproveitamento - fornecimento e instalação","m²",533.59,2105846]
[2105929,"Escoramento com estacas de perfis metálicos W 250 x 38,5 kg/m, espaçadas em 1,5 m, intercaladas com prancha de madeira com espessura de 5 cm e ficha de 0,20 a 0,4 H - sem reaproveitamento - fornecimento e instalação","m²",605.3,2105929]
[2105933,"Escoramento com estacas de perfis metálicos W 250 x 38,5 kg/m, espaçadas em 1,5 m, intercaladas com prancha de madeira com espessura de 5 cm e ficha de 0,40 a 0,6 H - sem reaproveitamento - fornecimento e instalação","m²",677.02,2105933]
[2106293,"Escoramento com perfis metálicos W 150 x 18,0 kg/m a cada metro e chapas de aço - estroncas a cada 2 m não incluídas - profundidade de até 10 m - aço com utilização de 20 vezes - fornecimento, instalação e retirada","m²",204.33,2106293]
[2108165,"Escoramento com pontaletes D = 10 cm - utilização de 1 vez - confecção, instalação e retirada","m³",39.93,2108165]
[2108166,"Escoramento com pontaletes D = 10 cm - utilização de 2 vezes - confecção, instalação e retirada","m³",26.78,2108166]
[2108167,"Escoramento com pontaletes D = 10 cm - utilização de 3 vezes - confecção, instalação e retirada","m³",23.2,2108167]
[2108168,"Escoramento com pontaletes D = 10 cm - utilização de 5 vezes - confecção, instalação e retirada","m³",21.77,2108168]
[2108169,"Escoramento com pontaletes D = 15 cm - utilização de 1 vez - confecção e instalação","m³",59.33,2108169]
[2108170,"Escoramento com pontaletes D = 15 cm - utilização de 2 vezes - confecção, instalação e retirada","m³",40.66,2108170]
[2108171,"Escoramento com pontaletes D = 15 cm - utilização de 3 vezes - confecção, instalação e retirada","m³",36.08,2108171]
[2108172,"Escoramento com pontaletes D = 15 cm - utilização de 5 vezes - confecção, instalação e retirada","m³",35.23,2108172]
[2106292,"Escoramento contínuo de valas com tábuas de 2,5 x 30 cm e longarinas de 6 x 16 cm - estroncas a cada metro não incluídas - profundidade de até 4 m - madeira com utilização de 3 vezes - confecção, instalação e retirada","m²",150.1,2106292]
[2106291,"Escoramento contínuo de valas com tábuas de 2,5 x 30 cm e longarinas de 6 x 16 cm - estroncas a cada metro não incluídas - profundidade de até 4 m - madeira sem reaproveitamento - confecção e instalação","m²",230.1,2106291]
[2106235,"Escoramento metálico com quadro tubular contraventado - capacidade de carga até 3,8 t/m² - quadro de 1,0 x 1,0 x 1,25 m - utilização de 50 vezes - fornecimento, instalação e retirada","m³",2.91,2106235]
[2106232,"Escoramento metálico tubular galvanizado para formas com capacidade de 2.100 a 750 kg por unidade - regulável de 3,0 a 4,5 m - utilização de 20 vezes - fornecimento, instalação e retirada","un",14.64,2106232]
[2106233,"Escoramento metálico tubular galvanizado para formas com capacidade de 3.200 a 1.600 kg por unidade - regulável de 1,8 a 3,0 m - utilização de 20 vezes - fornecimento, instalação e retirada","un",11.77,2106233]
[2105605,"Escoramento para corpo de bueiros celulares - utilização de 3 vezes - confecção, instalação e retirada","m³",61.89,{"$f":"A3396*1","v":2105605}]
[2106298,"Estroncas em perfil metálico W 150 x 18,0 kg/m - utilização de 20 vezes","m",34.92,2106298]
[2106295,"Estroncas para valas com D = 15 cm - madeira com utilização de 3 vezes","m",19.01,2106295]
[2106294,"Estroncas para valas com D = 15 cm - madeira sem reaproveitamento","m",26.86,2106294]
[2106297,"Estroncas para valas com D = 20 cm - madeira com utilização de 3 vezes","m",31.02,2106297]
[2106296,"Estroncas para valas com D = 20 cm - madeira sem reaproveitamento","m",53.33,2106296]
[2306731,"Apoio náutico para a colocação da armação em camisa metálica","kg",0.61,2306731]
[2306728,"Apoio náutico para a escavação com perfuratriz tipo Wirth em rocha com média dureza e média abrasão - resistência à compressão menor que 80 MPa - D = 600 a 1.800 mm","m",1508.96,2306728]
[2306729,"Apoio náutico para a escavação com perfuratriz tipo Wirth em rocha de alta dureza e alta abrasão - resistência à compressão acima de 80 MPa - D = 600 a 1.800 mm","m",1838.39,2306729]
[2306727,"Apoio náutico para a escavação com perfuratriz tipo Wirth em solo D = 600 a 1.800 mm","m",353.1,2306727]
[2306730,"Apoio náutico para a execução da concretagem de camisas metálicas","m³",119.36,2306730]
[2306726,"Apoio náutico para a execução da cravação de camisa metálica D = 600 a 1.800 mm","m",230.77,2306726]
[2306076,"Armação de estaca escavada ou estaca barrete em aço CA-50 com apoio de guindaste - fornecimento, preparo e colocação","kg",11.63,2306076]
[2306247,"Arrasamento de estacas de concreto com seção de até 900 cm²","m³",224.24,2306247]
[2306248,"Arrasamento de estacas de concreto com seção superior à 900 cm²","m³",521.77,2306248]
[2306279,"Berço para pré-moldagem de estacas protendidas com capacidade de 19 m³, inclusive formas metálicas - utilização de 100 vezes","m³",82,2306279]
[2306651,"Camisa metálica com espessura de 12,5 mm D = 1.400 mm - cravada com martelo vibratório - sem escavação - cravação","m",7648.14,2306651]
[2306678,"Camisa metálica com espessura de 12,5 mm D = 1.400 mm - para passagem de lâmina d'água - posicionamento","m",7452.75,2306678]
[2306652,"Camisa metálica com espessura de 12,5 mm D = 1.500 mm - cravada com martelo vibratório - sem escavação - cravação","m",7709.44,2306652]
[2306679,"Camisa metálica com espessura de 12,5 mm D = 1.500 mm - para passagem de lâmina d'água - posicionamento","m",7506.81,2306679]
[2306653,"Camisa metálica com espessura de 12,5 mm D = 1.600 mm - cravada com martelo vibratório - sem escavação - cravação","m",7773.08,2306653]
[2306680,"Camisa metálica com espessura de 12,5 mm D = 1.600 mm - para passagem de lâmina d'água - posicionamento","m",7562.67,2306680]
[2306654,"Camisa metálica com espessura de 12,5 mm D = 1.700 mm - cravada com martelo vibratório - sem escavação - cravação","m",7835.69,2306654]
[2306681,"Camisa metálica com espessura de 12,5 mm D = 1.700 mm - para passagem de lâmina d'água - posicionamento","m",7616.86,2306681]
[2306655,"Camisa metálica com espessura de 12,5 mm D = 1.800 mm - cravada com martelo vibratório - sem escavação - cravação","m",7899.14,2306655]
[2306682,"Camisa metálica com espessura de 12,5 mm D = 1.800 mm - para passagem de lâmina d'água - posicionamento","m",7671.18,2306682]
[2306656,"Camisa metálica com espessura de 16 mm D = 1.500 mm - cravada com martelo vibratório - sem escavação - cravação","m",10877.21,2306656]
[2306683,"Camisa metálica com espessura de 16 mm D = 1.500 mm - para passagem de lâmina d'água - posicionamento","m",10674.59,2306683]
[2306657,"Camisa metálica com espessura de 16 mm D = 1.600 mm - cravada com martelo vibratório - sem escavação - cravação","m",11008.11,2306657]
[2306684,"Camisa metálica com espessura de 16 mm D = 1.600 mm - para passagem de lâmina d'água - posicionamento","m",10797.69,2306684]
[2306658,"Camisa metálica com espessura de 16 mm D = 1.700 mm - cravada com martelo vibratório - sem escavação - cravação","m",11135.86,2306658]
[2306685,"Camisa metálica com espessura de 16 mm D = 1.700 mm - para passagem de lâmina d'água - posicionamento","m",10917.02,2306685]
[2306659,"Camisa metálica com espessura de 16 mm D = 1.800 mm - cravada com martelo vibratório - sem escavação - cravação","m",11268.23,2306659]
[2306686,"Camisa metálica com espessura de 16 mm D = 1.800 mm - para passagem de lâmina d'água - posicionamento","m",11040.28,2306686]
[2306637,"Camisa metálica com espessura de 6,3 mm D = 1.000 mm - cravada com martelo vibratório - sem escavação - cravação","m",2536.5,2306637]
[2306664,"Camisa metálica com espessura de 6,3 mm D = 1.000 mm - para passagem de lâmina d'água - posicionamento","m",2365.54,2306664]
[2306732,"Camisa metálica com espessura de 6,3 mm D = 400 mm - cravada com martelo vibratório - sem escavação - cravação","m",1008.11,2306732]
[2306733,"Camisa metálica com espessura de 6,3 mm D = 400 mm - para passagem de lâmina d'água - posicionamento","m",864.14,2306733]
[2306734,"Camisa metálica com espessura de 6,3 mm D = 500 mm - cravada com martelo vibratório - sem escavação - cravação","m",1228.22,2306734]
[2306735,"Camisa metálica com espessura de 6,3 mm D = 500 mm - para passagem de lâmina d'água - posicionamento","m",1080.35,2306735]
[2306633,"Camisa metálica com espessura de 6,3 mm D = 600 mm - cravada com martelo vibratório - sem escavação - cravação","m",1397.76,2306633]
[2306660,"Camisa metálica com espessura de 6,3 mm D = 600 mm - para passagem de lâmina d'água - posicionamento","m",1245.79,2306660]
[2306634,"Camisa metálica com espessura de 6,3 mm D = 700 mm - cravada com martelo vibratório - sem escavação - cravação","m",1628.91,2306634]
[2306661,"Camisa metálica com espessura de 6,3 mm D = 700 mm - para passagem de lâmina d'água - posicionamento","m",1472.6,2306661]
[2306635,"Camisa metálica com espessura de 6,3 mm D = 800 mm - cravada com martelo vibratório - sem escavação - cravação","m",1966.51,2306635]
[2306662,"Camisa metálica com espessura de 6,3 mm D = 800 mm - para passagem de lâmina d'água - posicionamento","m",1805.6,2306662]
[2306636,"Camisa metálica com espessura de 6,3 mm D = 900 mm - cravada com martelo vibratório - sem escavação - cravação","m",1985.08,2306636]
[2306663,"Camisa metálica com espessura de 6,3 mm D = 900 mm - para passagem de lâmina d'água - posicionamento","m",1819.3,2306663]
[2306641,"Camisa metálica com espessura de 8 mm D = 1.000 mm - cravada com martelo vibratório - sem escavação - cravação","m",3228.08,2306641]
[2306668,"Camisa metálica com espessura de 8 mm D = 1.000 mm - para passagem de lâmina d'água - posicionamento","m",3057.12,2306668]
[2306642,"Camisa metálica com espessura de 8 mm D = 1.100 mm - cravada com martelo vibratório - sem escavação - cravação","m",3254.73,2306642]
[2306669,"Camisa metálica com espessura de 8 mm D = 1.100 mm - para passagem de lâmina d'água - posicionamento","m",3078.25,2306669]
[2306643,"Camisa metálica com espessura de 8 mm D = 1.200 mm - cravada com martelo vibratório - sem escavação - cravação","m",3281.37,2306643]
[2306670,"Camisa metálica com espessura de 8 mm D = 1.200 mm - para passagem de lâmina d'água - posicionamento","m",3099,2306670]
[2306638,"Camisa metálica com espessura de 8 mm D = 700 mm - cravada com martelo vibratório - sem escavação - cravação","m",2068.4,2306638]
[2306665,"Camisa metálica com espessura de 8 mm D = 700 mm - para passagem de lâmina d'água - posicionamento","m",1912.09,2306665]
[2306639,"Camisa metálica com espessura de 8 mm D = 800 mm - cravada com martelo vibratório - sem escavação - cravação","m",2499.61,2306639]
[2306666,"Camisa metálica com espessura de 8 mm D = 800 mm - para passagem de lâmina d'água - posicionamento","m",2338.7,2306666]
[2306640,"Camisa metálica com espessura de 8 mm D = 900 mm - cravada com martelo vibratório - sem escavação - cravação","m",2525.55,2306640]
[2306667,"Camisa metálica com espessura de 8 mm D = 900 mm - para passagem de lâmina d'água - posicionamento","m",2359.77,2306667]
[2306645,"Camisa metálica com espessura de 9,5 mm D = 1.000 mm - cravada com martelo vibratório - sem escavação - cravação","m",3883.83,2306645]
[2306672,"Camisa metálica com espessura de 9,5 mm D = 1.000 mm - para passagem de lâmina d'água - posicionamento","m",3712.86,2306672]
[2306646,"Camisa metálica com espessura de 9,5 mm D = 1.100 mm - cravada com martelo vibratório - sem escavação - cravação","m",3920,2306646]
[2306673,"Camisa metálica com espessura de 9,5 mm D = 1.100 mm - para passagem de lâmina d'água - posicionamento","m",3743.52,2306673]
[2306647,"Camisa metálica com espessura de 9,5 mm D = 1.200 mm - cravada com martelo vibratório - sem escavação - cravação","m",3955.76,{"$f":"A3460*1","v":2306647}]
[2306674,"Camisa metálica com espessura de 9,5 mm D = 1.200 mm - para passagem de lâmina d'água - posicionamento","m",3773.4,2306674]
[2306648,"Camisa metálica com espessura de 9,5 mm D = 1.300 mm - cravada com martelo vibratório - sem escavação - cravação","m",5599.12,2306648]
[2306675,"Camisa metálica com espessura de 9,5 mm D = 1.300 mm - para passagem de lâmina d'água - posicionamento","m",5410.47,2306675]
[2306649,"Camisa metálica com espessura de 9,5 mm D = 1.400 mm - cravada com martelo vibratório - sem escavação - cravação","m",5636.71,2306649]
[2306676,"Camisa metálica com espessura de 9,5 mm D = 1.400 mm - para passagem de lâmina d'água - posicionamento","m",5441.33,2306676]
[2306650,"Camisa metálica com espessura de 9,5 mm D = 1.500 mm - cravada com martelo vibratório - sem escavação - cravação","m",5673.92,2306650]
[2306677,"Camisa metálica com espessura de 9,5 mm D = 1.500 mm - para passagem de lâmina d'água - posicionamento","m",5471.29,2306677]
[2306644,"Camisa metálica com espessura de 9,5 mm D = 900 mm - cravada com martelo vibratório - sem escavação - cravação","m",3045.24,2306644]
[2306671,"Camisa metálica com espessura de 9,5 mm D = 900 mm - para passagem de lâmina d'água - posicionamento","m",2879.46,2306671]
[2306141,"Coluna de brita D = 50 cm executada com perfuratriz tipo bottom feed - brita comercial - confecção e cravação","m",63.87,2306141]
[2306145,"Coluna de brita D = 50 cm executada com perfuratriz tipo bottom feed - brita produzida - confecção e cravação","m",49.23,2306145]
[2306142,"Coluna de brita D = 60 cm executada com perfuratriz tipo bottom feed - brita comercial - confecção e cravação","m",78.83,2306142]
[2306146,"Coluna de brita D = 60 cm executada com perfuratriz tipo bottom feed - brita produzida - confecção e cravação","m",57.75,2306146]
[2306143,"Coluna de brita D = 70 cm executada com perfuratriz tipo bottom feed - brita comercial - confecção e cravação","m",96.23,2306143]
[2306147,"Coluna de brita D = 70 cm executada com perfuratriz tipo bottom feed - brita produzida - confecção e cravação","m",67.53,2306147]
[2306144,"Coluna de brita D = 80 cm executada com perfuratriz tipo bottom feed - brita comercial - confecção e cravação","m",116.87,2306144]
[2306148,"Coluna de brita D = 80 cm executada com perfuratriz tipo bottom feed - brita produzida - confecção e cravação","m",79.4,2306148]
[2306624,"Confecção de camisa metálica em aço ASTM A36 com espessura de 12,5 mm - D = 1.400 mm","m",7415.75,2306624]
[2306625,"Confecção de camisa metálica em aço ASTM A36 com espessura de 12,5 mm - D = 1.500 mm","m",7467.95,2306625]
[2306626,"Confecção de camisa metálica em aço ASTM A36 com espessura de 12,5 mm - D = 1.600 mm","m",7521.85,2306626]
[2306627,"Confecção de camisa metálica em aço ASTM A36 com espessura de 12,5 mm - D = 1.700 mm","m",7574.05,2306627]
[2306628,"Confecção de camisa metálica em aço ASTM A36 com espessura de 12,5 mm - D = 1.800 mm","m",7626.31,2306628]
[2306629,"Confecção de camisa metálica em aço ASTM A36 com espessura de 16 mm - D = 1.500 mm","m",10628.53,2306629]
[2306630,"Confecção de camisa metálica em aço ASTM A36 com espessura de 16 mm - D = 1.600 mm","m",10749.21,2306630]
[2306631,"Confecção de camisa metálica em aço ASTM A36 com espessura de 16 mm - D = 1.700 mm","m",10866.09,2306631]
[2306632,"Confecção de camisa metálica em aço ASTM A36 com espessura de 16 mm - D = 1.800 mm","m",10986.77,2306632]
[2306610,"Confecção de camisa metálica em aço ASTM A36 com espessura de 6,3 mm - D = 1.000 mm","m",2342.32,2306610]
[2306604,"Confecção de camisa metálica em aço ASTM A36 com espessura de 6,3 mm - D = 400 mm","m",846.37,2306604]
[2306605,"Confecção de camisa metálica em aço ASTM A36 com espessura de 6,3 mm - D = 500 mm","m",1061.75,2306605]
[2306606,"Confecção de camisa metálica em aço ASTM A36 com espessura de 6,3 mm - D = 600 mm","m",1226.33,2306606]
[2306607,"Confecção de camisa metálica em aço ASTM A36 com espessura de 6,3 mm - D = 700 mm","m",1452.24,2306607]
[2306608,"Confecção de camisa metálica em aço ASTM A36 com espessura de 6,3 mm - D = 800 mm","m",1784.32,2306608]
[2306609,"Confecção de camisa metálica em aço ASTM A36 com espessura de 6,3 mm - D = 900 mm","m",1797.06,2306609]
[2306614,"Confecção de camisa metálica em aço ASTM A36 com espessura de 8 mm - D = 1.000 mm","m",3032.27,2306614]
[2306615,"Confecção de camisa metálica em aço ASTM A36 com espessura de 8 mm - D = 1.100 mm","m",3052.21,2306615]
[2306616,"Confecção de camisa metálica em aço ASTM A36 com espessura de 8 mm - D = 1.200 mm","m",3071.75,2306616]
[2306611,"Confecção de camisa metálica em aço ASTM A36 com espessura de 8 mm - D = 700 mm","m",1890.57,2306611]
[2306612,"Confecção de camisa metálica em aço ASTM A36 com espessura de 8 mm - D = 800 mm","m",2316.11,2306612]
[2306613,"Confecção de camisa metálica em aço ASTM A36 com espessura de 8 mm - D = 900 mm","m",2336.06,2306613]
[2306618,"Confecção de camisa metálica em aço ASTM A36 com espessura de 9,5 mm - D = 1.000 mm","m",3686.44,2306618]
[2306619,"Confecção de camisa metálica em aço ASTM A36 com espessura de 9,5 mm - D = 1.100 mm","m",3715.75,2306619]
[2306620,"Confecção de camisa metálica em aço ASTM A36 com espessura de 9,5 mm - D = 1.200 mm","m",3744.26,2306620]
[2306621,"Confecção de camisa metálica em aço ASTM A36 com espessura de 9,5 mm - D = 1.300 mm","m",5379.92,2306621]
[2306622,"Confecção de camisa metálica em aço ASTM A36 com espessura de 9,5 mm - D = 1.400 mm","m",5409.29,2306622]
[2306623,"Confecção de camisa metálica em aço ASTM A36 com espessura de 9,5 mm - D = 1.500 mm","m",5437.74,2306623]
[2306617,"Confecção de camisa metálica em aço ASTM A36 com espessura de 9,5 mm - D = 900 mm","m",2854.32,2306617]
[2306014,"Contraventamento de grupo de estacas submersas em aço ASTM A36 - confecção e instalação","kg",11.2,2306014]
[2306700,"Escavação com perfuratriz tipo Wirth em rocha com média dureza e média abrasão - resistência à compressão menor que 80 MPa - D = 1.000 mm","m",2049.37,2306700]
[2306703,"Escavação com perfuratriz tipo Wirth em rocha com média dureza e média abrasão - resistência à compressão menor que 80 MPa - D = 1.100 mm","m",2121.11,2306703]
[2306706,"Escavação com perfuratriz tipo Wirth em rocha com média dureza e média abrasão - resistência à compressão menor que 80 MPa - D = 1.200 mm","m",2234.36,2306706]
[2306709,"Escavação com perfuratriz tipo Wirth em rocha com média dureza e média abrasão - resistência à compressão menor que 80 MPa - D = 1.300 mm","m",2401.8,2306709]
[2306712,"Escavação com perfuratriz tipo Wirth em rocha com média dureza e média abrasão - resistência à compressão menor que 80 MPa - D = 1.400 mm","m",2485.56,2306712]
[2306715,"Escavação com perfuratriz tipo Wirth em rocha com média dureza e média abrasão - resistência à compressão menor que 80 MPa - D = 1.500 mm","m",2593.57,2306715]
[2306718,"Escavação com perfuratriz tipo Wirth em rocha com média dureza e média abrasão - resistência à compressão menor que 80 MPa - D = 1.600 mm","m",2759.31,2306718]
[2306721,"Escavação com perfuratriz tipo Wirth em rocha com média dureza e média abrasão - resistência à compressão menor que 80 MPa - D = 1.700 mm","m",2838.51,2306721]
[2306724,"Escavação com perfuratriz tipo Wirth em rocha com média dureza e média abrasão - resistência à compressão menor que 80 MPa - D = 1.800 mm","m",2988.25,2306724]
[2306688,"Escavação com perfuratriz tipo Wirth em rocha com média dureza e média abrasão - resistência à compressão menor que 80 MPa - D = 600 mm","m",1630.8,2306688]
[2306691,"Escavação com perfuratriz tipo Wirth em rocha com média dureza e média abrasão - resistência à compressão menor que 80 MPa - D = 700 mm","m",1719.23,2306691]
[2306694,"Escavação com perfuratriz tipo Wirth em rocha com média dureza e média abrasão - resistência à compressão menor que 80 MPa - D = 800 mm","m",1841.79,2306694]
[2306697,"Escavação com perfuratriz tipo Wirth em rocha com média dureza e média abrasão - resistência à compressão menor que 80 MPa - D = 900 mm","m",1926.36,2306697]
[2306701,"Escavação com perfuratriz tipo Wirth em rocha de alta dureza e alta abrasão - resistência à compressão acima de 80 MPa - D = 1.000 mm","m",3830.14,2306701]
[2306704,"Escavação com perfuratriz tipo Wirth em rocha de alta dureza e alta abrasão - resistência à compressão acima de 80 MPa - D = 1.100 mm","m",4060.64,2306704]
[2306707,"Escavação com perfuratriz tipo Wirth em rocha de alta dureza e alta abrasão - resistência à compressão acima de 80 MPa - D = 1.200 mm","m",4225.21,2306707]
[2306710,"Escavação com perfuratriz tipo Wirth em rocha de alta dureza e alta abrasão - resistência à compressão acima de 80 MPa - D = 1.300 mm","m",4433.75,{"$f":"A3524*1","v":2306710}]
[2306713,"Escavação com perfuratriz tipo Wirth em rocha de alta dureza e alta abrasão - resistência à compressão acima de 80 MPa - D = 1.400 mm","m",4552.36,2306713]
[2306716,"Escavação com perfuratriz tipo Wirth em rocha de alta dureza e alta abrasão - resistência à compressão acima de 80 MPa - D = 1.500 mm","m",4815.9,2306716]
[2306719,"Escavação com perfuratriz tipo Wirth em rocha de alta dureza e alta abrasão - resistência à compressão acima de 80 MPa - D = 1.600 mm","m",5226.97,2306719]
[2306722,"Escavação com perfuratriz tipo Wirth em rocha de alta dureza e alta abrasão - resistência à compressão acima de 80 MPa - D = 1.700 mm","m",5463.15,2306722]
[2306725,"Escavação com perfuratriz tipo Wirth em rocha de alta dureza e alta abrasão - resistência à compressão acima de 80 MPa - D = 1.800 mm","m",5719.49,2306725]
[2306689,"Escavação com perfuratriz tipo Wirth em rocha de alta dureza e alta abrasão - resistência à compressão acima de 80 MPa - D = 600 mm","m",3037.31,2306689]
[2306692,"Escavação com perfuratriz tipo Wirth em rocha de alta dureza e alta abrasão - resistência à compressão acima de 80 MPa - D = 700 mm","m",3195.98,2306692]
[2306695,"Escavação com perfuratriz tipo Wirth em rocha de alta dureza e alta abrasão - resistência à compressão acima de 80 MPa - D = 800 mm","m",3359.4,2306695]
[2306698,"Escavação com perfuratriz tipo Wirth em rocha de alta dureza e alta abrasão - resistência à compressão acima de 80 MPa - D = 900 mm","m",3554.58,2306698]
[2306699,"Escavação com perfuratriz tipo Wirth em solo - D = 1.000 mm","m",320.12,2306699]
[2306702,"Escavação com perfuratriz tipo Wirth em solo - D = 1.100 mm","m",330.88,2306702]
[2306705,"Escavação com perfuratriz tipo Wirth em solo - D = 1.200 mm","m",348.45,2306705]
[2306708,"Escavação com perfuratriz tipo Wirth em solo - D = 1.300 mm","m",361.24,2306708]
[2306711,"Escavação com perfuratriz tipo Wirth em solo - D = 1.400 mm","m",375,2306711]
[2306714,"Escavação com perfuratriz tipo Wirth em solo - D = 1.500 mm","m",389.85,2306714]
[2306717,"Escavação com perfuratriz tipo Wirth em solo - D = 1.600 mm","m",406.98,2306717]
[2306720,"Escavação com perfuratriz tipo Wirth em solo - D = 1.700 mm","m",424.53,2306720]
[2306723,"Escavação com perfuratriz tipo Wirth em solo - D = 1.800 mm","m",433.89,2306723]
[2306687,"Escavação com perfuratriz tipo Wirth em solo - D = 600 mm","m",266.5,2306687]
[2306690,"Escavação com perfuratriz tipo Wirth em solo - D = 700 mm","m",278.76,2306690]
[2306693,"Escavação com perfuratriz tipo Wirth em solo - D = 800 mm","m",291.13,2306693]
[2306696,"Escavação com perfuratriz tipo Wirth em solo - D = 900 mm","m",304.64,2306696]
[2306239,"Estaca barrete escavada com uso de fluido estabilizante - confecção","m³",231.02,2306239]
[2306090,"Estaca broca manual D = 25 cm - confecção","m",40.33,2306090]
[2306091,"Estaca broca manual D = 30 cm - confecção","m",53.77,2306091]
[2306072,"Estaca circular tipo estacão escavada com uso de fluido estabilizante - confecção","m³",721.47,2306072]
[2306133,"Estaca duplo perfil metálico W 250 x 17,9 - com emenda - fornecimento e cravação","m",529.78,2306133]
[2306114,"Estaca duplo trilho TR 25 - com emenda - fornecimento e cravação","m",299.76,2306114]
[2306115,"Estaca duplo trilho TR 37 - com emenda - fornecimento e cravação","m",437.96,2306115]
[2306116,"Estaca duplo trilho TR 45 - com emenda - fornecimento e cravação","m",522.16,2306116]
[2306118,"Estaca duplo trilho TR 57 - com emenda - fornecimento e cravação","m",656.78,2306118]
[2306122,"Estaca duplo trilho TR 68 - com emenda - fornecimento e cravação","m",778.52,2306122]
[2306078,"Estaca Franki com fuste apiloado D = 35 cm - confecção","m",113.57,2306078]
[2306080,"Estaca Franki com fuste apiloado D = 40 cm - confecção","m",123.89,2306080]
[2306082,"Estaca Franki com fuste apiloado D = 45 cm - confecção","m",136.28,2306082]
[2306084,"Estaca Franki com fuste apiloado D = 52 cm - confecção","m",158.47,2306084]
[2306086,"Estaca Franki com fuste apiloado D = 60 cm - confecção","m",194.69,2306086]
[2309088,"Estaca Franki com fuste apiloado D = 70 cm - confecção","m",272.56,2309088]
[2306074,"Estaca hélice contínua - confecção","m³",188.13,2306074]
[2306095,"Estaca hélice de deslocamento - confecção","m³",225.58,2306095]
[2306132,"Estaca perfil metálico W 150 x 22,5 (H) - fornecimento e cravação","m",339.83,2306132]
[2306015,"Estaca prancha metálica - fornecimento e cravação até 12 metros","kg",15.8,2306015]
[2306019,"Estaca prancha metálica com apoio de flutuante - fornecimento e cravação de 12 metros","kg",16.37,2306019]
[2306018,"Estaca prancha metálica com apoio de flutuante e utilização de 10 vezes - fornecimento, cravação até 12 metros","kg",2.73,2306018]
[2306016,"Estaca prancha metálica com utilização de 10 vezes - fornecimento, cravação até 12 metros","kg",1.89,2306016]
[2305999,"Estaca pré-moldada de concreto armado centrifugado com compressão admissível de 100 t - sem emenda - fornecimento e cravação","m",316.29,2305999]
[2306000,"Estaca pré-moldada de concreto armado centrifugado com compressão admissível de 125 t - sem emenda - fornecimento e cravação","m",395.57,2306000]
[2306001,"Estaca pré-moldada de concreto armado centrifugado com compressão admissível de 170 t - sem emenda - fornecimento e cravação","m",608.35,2306001]
[2306002,"Estaca pré-moldada de concreto armado centrifugado com compressão admissível de 230 t - sem emenda - fornecimento e cravação","m",662.13,2306002]
[2306003,"Estaca pré-moldada de concreto armado centrifugado com compressão admissível de 300 t - sem emenda - fornecimento e cravação","m",937.82,2306003]
[2305997,"Estaca pré-moldada de concreto armado centrifugado com compressão admissível de 55 t - sem emenda - fornecimento e cravação","m",213.81,2305997]
[2305998,"Estaca pré-moldada de concreto armado centrifugado com compressão admissível de 80 t - sem emenda - fornecimento e cravação","m",297.87,2305998]
[2306101,"Estaca pré-moldada de concreto protendido 15 x 15 cm - produzida - sem emenda - cravação","m",69.69,2306101]
[2306102,"Estaca pré-moldada de concreto protendido 17 x 17 cm - produzida - sem emenda - cravação","m",73.93,2306102]
[2306103,"Estaca pré-moldada de concreto protendido 20 x 20 cm - produzida - sem emenda - cravação","m",83.84,2306103]
[2306104,"Estaca pré-moldada de concreto protendido 21 x 21 cm - produzida - sem emenda - cravação","m",89.28,2306104]
[2306105,"Estaca pré-moldada de concreto protendido 23 x 23 cm - produzida - sem emenda - cravação","m",94.75,2306105]
[2306106,"Estaca pré-moldada de concreto protendido 25 x 25 cm - produzida - sem emenda - cravação","m",103.06,2306106]
[2306107,"Estaca pré-moldada de concreto protendido 26 x 26 cm - produzida - sem emenda - cravação","m",106,2306107]
[2306269,"Estaca pré-moldada de concreto protendido 30 x 30 cm - produzida - sem emenda - cravação","m",119.71,2306269]
[2306270,"Estaca pré-moldada de concreto protendido 33 x 33 cm - produzida - sem emenda - cravação","m",134.17,2306270]
[2306271,"Estaca pré-moldada de concreto protendido 35 x 35 cm - produzida - sem emenda - cravação","m",147.63,2306271]
[2306272,"Estaca pré-moldada de concreto protendido 38 x 38 cm - produzida - sem emenda - cravação","m",156.09,2306272]
[2306273,"Estaca pré-moldada de concreto protendido 40 x 40 cm - produzida - sem emenda - cravação","m",174.88,{"$f":"A3588*1","v":2306273}]
[2306274,"Estaca pré-moldada de concreto protendido 42 x 42 cm - produzida - sem emenda - cravação","m",187.82,2306274]
[2306275,"Estaca pré-moldada de concreto protendido 45 x 45 cm - produzida - sem emenda - cravação","m",217.62,2306275]
[2306100,"Estaca pré-moldada de concreto protendido com compressão admissível de 100 t - comercial - sem emenda - fornecimento e cravação","m",303.31,2306100]
[2306004,"Estaca pré-moldada de concreto protendido com compressão admissível de 25 t - comercial - sem emenda - fornecimento e cravação","m",125.31,2306004]
[2306097,"Estaca pré-moldada de concreto protendido com compressão admissível de 35 t - comercial - sem emenda - fornecimento e cravação","m",147.52,2306097]
[2306098,"Estaca pré-moldada de concreto protendido com compressão admissível de 60 t - comercial - sem emenda - fornecimento e cravação","m",178.01,2306098]
[2306007,"Estaca pré-moldada de concreto protendido com compressão admissível de 75 t - comercial - sem emenda - fornecimento e cravação","m",239.01,2306007]
[2306067,"Estaca raiz perfurada na rocha com D = 16 cm - confecção","m",441.94,2306067]
[2306068,"Estaca raiz perfurada na rocha com D = 20 cm - confecção","m",555.93,2306068]
[2306069,"Estaca raiz perfurada na rocha com D = 25 cm - confecção","m",753.56,2306069]
[2306070,"Estaca raiz perfurada na rocha com D = 31 cm - confecção","m",1180.7,2306070]
[2306071,"Estaca raiz perfurada na rocha com D = 40 cm - confecção","m",1776.65,2306071]
[2306181,"Estaca raiz perfurada na rocha com D = 45 cm - confecção","m",1785.88,2306181]
[2306062,"Estaca raiz perfurada no solo com D = 16 cm - confecção","m",81.82,2306062]
[2306063,"Estaca raiz perfurada no solo com D = 20 cm - confecção","m",99.01,2306063]
[2306064,"Estaca raiz perfurada no solo com D = 25 cm - confecção","m",122.56,2306064]
[2306065,"Estaca raiz perfurada no solo com D = 31 cm - confecção","m",158.75,2306065]
[2306066,"Estaca raiz perfurada no solo com D = 40 cm - confecção","m",223.84,2306066]
[2306180,"Estaca raiz perfurada no solo com D = 45 cm - confecção","m",251.99,2306180]
[2306009,"Estaca Strauss D = 25 cm - confecção","m",15.72,2306009]
[2306010,"Estaca Strauss D = 32 cm - confecção","m",19.59,2306010]
[2306011,"Estaca Strauss D = 38 cm - confecção","m",22.31,2306011]
[2306012,"Estaca Strauss D = 45 cm - confecção","m",26.12,2306012]
[2306108,"Estaca trilho TR 25 - fornecimento e cravação","m",159.24,2306108]
[2306110,"Estaca trilho TR 37 - fornecimento e cravação","m",228.54,2306110]
[2306111,"Estaca trilho TR 45 - fornecimento e cravação","m",270.29,2306111]
[2306112,"Estaca trilho TR 57 - fornecimento e cravação","m",337.39,2306112]
[2306113,"Estaca trilho TR 68 - fornecimento e cravação","m",398.12,2306113]
[2306123,"Estaca triplo trilho TR 25 - com emenda - fornecimento e cravação","m",439.01,2306123]
[2306124,"Estaca triplo trilho TR 37 - com emenda - fornecimento e cravação","m",645.75,2306124]
[2306125,"Estaca triplo trilho TR 45 - com emenda - fornecimento e cravação","m",771.65,2306125]
[2306126,"Estaca triplo trilho TR 57 - com emenda - fornecimento e cravação","m",973.02,2306126]
[2306127,"Estaca triplo trilho TR 68 - com emenda - fornecimento e cravação","m",1155.03,2306127]
[2306300,"Fabricação de estaca pré-moldada de concreto protendida seção 15 x 15 cm","m",34.27,2306300]
[2306301,"Fabricação de estaca pré-moldada de concreto protendida seção 17 x 17 cm","m",36.72,2306301]
[2306302,"Fabricação de estaca pré-moldada de concreto protendida seção 20 x 20 cm","m",44.4,2306302]
[2306303,"Fabricação de estaca pré-moldada de concreto protendida seção 21 x 21 cm","m",48.33,2306303]
[2306304,"Fabricação de estaca pré-moldada de concreto protendida seção 23 x 23 cm","m",51.55,2306304]
[2306305,"Fabricação de estaca pré-moldada de concreto protendida seção 25 x 25 cm","m",57.69,2306305]
[2306306,"Fabricação de estaca pré-moldada de concreto protendida seção 26 x 26 cm","m",59.11,2306306]
[2306307,"Fabricação de estaca pré-moldada de concreto protendida seção 30 x 30 cm","m",68.85,2306307]
[2306308,"Fabricação de estaca pré-moldada de concreto protendida seção 33 x 33 cm","m",78,2306308]
[2306309,"Fabricação de estaca pré-moldada de concreto protendida seção 35 x 35 cm","m",88.18,2306309]
[2306310,"Fabricação de estaca pré-moldada de concreto protendida seção 38 x 38 cm","m",93.31,2306310]
[2306311,"Fabricação de estaca pré-moldada de concreto protendida seção 40 x 40 cm","m",107.18,2306311]
[2306312,"Fabricação de estaca pré-moldada de concreto protendida seção 42 x 42 cm","m",116.34,2306312]
[2306313,"Fabricação de estaca pré-moldada de concreto protendida seção 45 x 45 cm","m",140.2,2306313]
[2306013,"Gabarito de cravação de estacas submersas em aço ASTM A36 - confecção e instalação","kg",11.11,2306013]
[2306243,"Muro guia para estaca barrete com duas cortinas de 10 x 110 cm","m",594.17,2306243]
[2408149,"Estrutura em chapa de aço ASTM A36 corte, solda e montagem - fornecimento e instalação","kg",14.4,2408149]
[2407972,"Fornecimento e aplicação de adesivo estrutural à base de resina epóxi","kg",73.01,2407972]
[2408075,"Jateamento abrasivo em chapa de aço por esteira contínua","m²",5.22,2408075]
[2408069,"Jateamento de chapa de aço com o uso de granalhas de aço grau SA2","m²",5.2,2408069]
[2419790,"Jateamento de chapa de aço com o uso de granalhas de aço grau SA2 1/2","m²",9.38,2419790]
[2408068,"Jateamento de chapa de aço com o uso de granalhas de aço Grau SA3","m²",14.62,2408068]
[2419705,"Pintura com epóxi de dois componentes com pistola a ar comprimido, uma demão, espessura de até 120 µm","m²",10.22,2419705]
[2419704,"Pintura com primer epóxi de dois componentes com pistola a ar comprimido, uma demão, espessura de até 70 µm","m²",12.93,2419704]
[2419703,"Pintura com tinta anticorrosiva à base de epóxi poliamida de dois componentes com pistola a ar comprimido, uma demão, espessura de até 150 µm","m²",14.78,2419703]
[2408080,"Pintura de acabamento com esmalte epóxi com pistola a ar comprimido, uma demão, espessura de até 40 µm","m²",7.39,2408080]
[2408078,"Pintura de acabamento com esmalte sintético com pistola a ar comprimido, uma demão, espessura de até 30 µm","m²",2.99,2408078]
[2408077,"Pintura de fundo com tinta alquídica com pistola a ar comprimido, uma demão, espessura de até 30 µm","m²",7.66,2408077]
[2408079,"Pintura de fundo com tinta epóxi com pistola a ar comprimido, uma demão, espessura de até 120 µm","m²",38.32,2408079]
[2408076,"Pintura shop primer em chapa de aço por esteira contínua","m²",10.46,2408076]
[2408057,"Solda elétrica de perfis metálicos e chapas de aço com eletrodo E60XX","kg",93.06,{"$f":"A3652*1","v":2408057}]
[2408058,"Solda elétrica de perfis metálicos e chapas de aço com eletrodo E70XX","kg",59.66,2408058]
[2419789,"Tratamento em chapa de aço por esteira contínua","m²",8.97,2419789]
[2607183,"Alinhamento manual da grade do AMV para qualquer abertura e qualquer bitola","un",300.92,2607183]
[2607226,"Assentamento dos materiais metálicos do AMV 1:10, TR 45, bitola larga","un",333610.48,2607226]
[2607209,"Assentamento dos materiais metálicos do AMV 1:10, TR 45, bitola métrica","un",291345.96,2607209]
[2607161,"Assentamento dos materiais metálicos do AMV 1:10, TR 45, bitola mista","un",398699.9,2607161]
[2607148,"Assentamento dos materiais metálicos do AMV 1:10, TR 57, bitola larga","un",419918.61,2607148]
[2607213,"Assentamento dos materiais metálicos do AMV 1:10, TR 57, bitola métrica","un",366323.12,2607213]
[2607165,"Assentamento dos materiais metálicos do AMV 1:10, TR 57, bitola mista","un",507513.6,2607165]
[2607152,"Assentamento dos materiais metálicos do AMV 1:10, TR 68, bitola larga","un",503433.73,2607152]
[2607217,"Assentamento dos materiais metálicos do AMV 1:10, TR 68, bitola métrica","un",435023.22,2607217]
[2607169,"Assentamento dos materiais metálicos do AMV 1:10, TR 68, bitola mista","un",602379.37,2607169]
[2607156,"Assentamento dos materiais metálicos do AMV 1:10, UIC 60, bitola larga","un",441603.3,2607156]
[2607221,"Assentamento dos materiais metálicos do AMV 1:10, UIC 60, bitola métrica","un",385111.03,2607221]
[2607173,"Assentamento dos materiais metálicos do AMV 1:10, UIC 60, bitola mista","un",533459.2,2607173]
[2607227,"Assentamento dos materiais metálicos do AMV 1:12, TR 45, bitola larga","un",366110.63,2607227]
[2607210,"Assentamento dos materiais metálicos do AMV 1:12, TR 45, bitola métrica","un",319586.93,2607210]
[2607162,"Assentamento dos materiais metálicos do AMV 1:12, TR 45, bitola mista","un",437789.41,2607162]
[2607149,"Assentamento dos materiais metálicos do AMV 1:12, TR 57, bitola larga","un",461083.98,2607149]
[2607214,"Assentamento dos materiais metálicos do AMV 1:12, TR 57, bitola métrica","un",402087.52,2607214]
[2607166,"Assentamento dos materiais metálicos do AMV 1:12, TR 57, bitola mista","un",557045.16,2607166]
[2607153,"Assentamento dos materiais metálicos do AMV 1:12, TR 68, bitola larga","un",552427.91,2607153]
[2607218,"Assentamento dos materiais metálicos do AMV 1:12, TR 68, bitola métrica","un",482626.45,2607218]
[2607170,"Assentamento dos materiais metálicos do AMV 1:12, TR 68, bitola mista","un",661427.11,2607170]
[2607157,"Assentamento dos materiais metálicos do AMV 1:12, UIC 60, bitola larga","un",489909.46,2607157]
[2607222,"Assentamento dos materiais metálicos do AMV 1:12, UIC 60, bitola métrica","un",422760.93,2607222]
[2607174,"Assentamento dos materiais metálicos do AMV 1:12, UIC 60, bitola mista","un",585599.06,2607174]
[2607228,"Assentamento dos materiais metálicos do AMV 1:14, TR 45, bitola larga","un",401834.57,2607228]
[2607211,"Assentamento dos materiais metálicos do AMV 1:14, TR 45, bitola métrica","un",350632.22,2607211]
[2607163,"Assentamento dos materiais metálicos do AMV 1:14, TR 45, bitola mista","un",485699.97,2607163]
[2607150,"Assentamento dos materiais metálicos do AMV 1:14, TR 57, bitola larga","un",511350.74,2607150]
[2607215,"Assentamento dos materiais metálicos do AMV 1:14, TR 57, bitola métrica","un",441403.69,2607215]
[2607167,"Assentamento dos materiais metálicos do AMV 1:14, TR 57, bitola mista","un",611476.38,2607167]
[2607154,"Assentamento dos materiais metálicos do AMV 1:14, TR 68, bitola larga","un",606294.07,2607154]
[2607219,"Assentamento dos materiais metálicos do AMV 1:14, TR 68, bitola métrica","un",529512.42,2607219]
[2607171,"Assentamento dos materiais metálicos do AMV 1:14, TR 68, bitola mista","un",741183.72,2607171]
[2607158,"Assentamento dos materiais metálicos do AMV 1:14, UIC 60, bitola larga","un",537560.04,2607158]
[2607223,"Assentamento dos materiais metálicos do AMV 1:14, UIC 60, bitola métrica","un",464149.92,2607223]
[2607175,"Assentamento dos materiais metálicos do AMV 1:14, UIC 60, bitola mista","un",642897.15,2607175]
[2607151,"Assentamento dos materiais metálicos do AMV 1:20, TR 57, bitola larga","un",611098.43,2607151]
[2607216,"Assentamento dos materiais metálicos do AMV 1:20, TR 57, bitola métrica","un",533050.4,2607216]
[2607168,"Assentamento dos materiais metálicos do AMV 1:20, TR 57, bitola mista","un",746514.86,2607168]
[2607155,"Assentamento dos materiais metálicos do AMV 1:20, TR 68, bitola larga","un",739882.26,2607155]
[2607220,"Assentamento dos materiais metálicos do AMV 1:20, TR 68, bitola métrica","un",632881.21,2607220]
[2607172,"Assentamento dos materiais metálicos do AMV 1:20, TR 68, bitola mista","un",884423.08,2607172]
[2607159,"Assentamento dos materiais metálicos do AMV 1:20, UIC 60, bitola larga","un",642682.66,2607159]
[2607224,"Assentamento dos materiais metálicos do AMV 1:20, UIC 60, bitola métrica","un",560367.89,2607224]
[2607176,"Assentamento dos materiais metálicos do AMV 1:20, UIC 60, bitola mista","un",784264.33,2607176]
[2607225,"Assentamento dos materiais metálicos do AMV 1:8, TR 45, bitola larga","un",304041.52,2607225]
[2607208,"Assentamento dos materiais metálicos do AMV 1:8, TR 45, bitola métrica","un",265655.07,2607208]
[2607160,"Assentamento dos materiais metálicos do AMV 1:8, TR 45, bitola mista","un",363125.82,2607160]
[2607229,"Assentamento dos materiais metálicos do AMV 1:8, TR 57, bitola larga","un",382439.16,2607229]
[2607212,"Assentamento dos materiais metálicos do AMV 1:8, TR 57, bitola métrica","un",333787.89,2607212]
[2607164,"Assentamento dos materiais metálicos do AMV 1:8, TR 57, bitola mista","un",457482.32,2607164]
[2607207,"Lançamento manual de lastro em AMV com descarga da brita por caminhão","m³",145.94,2607207]
[2607206,"Lançamento mecânico de lastro em AMV com descarga da brita por caminhão e espalhamento com carregadeira de pneus","m³",141.61,2607206]
[2607344,"Nivelamento de AMV com socaria com grupo vibrador e levante de até 10 cm, abertura 1:10, bitola larga, dormente de madeira ou concreto","un",217.84,2607344]
[2607339,"Nivelamento de AMV com socaria com grupo vibrador e levante de até 10 cm, abertura 1:10, bitola métrica, dormente de madeira ou concreto","un",149.66,2607339]
[2607349,"Nivelamento de AMV com socaria com grupo vibrador e levante de até 10 cm, abertura 1:10, bitola mista, dormente de madeira ou concreto","un",332.62,2607349]
[2607345,"Nivelamento de AMV com socaria com grupo vibrador e levante de até 10 cm, abertura 1:12, bitola larga, dormente de madeira ou concreto","un",248.57,2607345]
[2607340,"Nivelamento de AMV com socaria com grupo vibrador e levante de até 10 cm, abertura 1:12, bitola métrica, dormente de madeira ou concreto","un",170.88,2607340]
[2607350,"Nivelamento de AMV com socaria com grupo vibrador e levante de até 10 cm, abertura 1:12, bitola mista, dormente de madeira ou concreto","un",379.94,2607350]
[2607346,"Nivelamento de AMV com socaria com grupo vibrador e levante de até 10 cm, abertura 1:14, bitola larga, dormente de madeira ou concreto","un",288.71,2607346]
[2607341,"Nivelamento de AMV com socaria com grupo vibrador e levante de até 10 cm, abertura 1:14, bitola métrica, dormente de madeira ou concreto","un",201.58,{"$f":"A3716*1","v":2607341}]
[2607351,"Nivelamento de AMV com socaria com grupo vibrador e levante de até 10 cm, abertura 1:14, bitola mista, dormente de madeira ou concreto","un",441.34,2607351]
[2607347,"Nivelamento de AMV com socaria com grupo vibrador e levante de até 10 cm, abertura 1:20, bitola larga, dormente de madeira ou concreto","un",380.93,2607347]
[2607342,"Nivelamento de AMV com socaria com grupo vibrador e levante de até 10 cm, abertura 1:20, bitola métrica, dormente de madeira ou concreto","un",248.57,2607342]
[2607352,"Nivelamento de AMV com socaria com grupo vibrador e levante de até 10 cm, abertura 1:20, bitola mista, dormente de madeira ou concreto","un",580.68,2607352]
[2607343,"Nivelamento de AMV com socaria com grupo vibrador e levante de até 10 cm, abertura 1:8, bitola larga, dormente de madeira","un",174.9,2607343]
[2607338,"Nivelamento de AMV com socaria com grupo vibrador e levante de até 10 cm, abertura 1:8, bitola métrica, dormente de madeira","un",127.98,2607338]
[2607348,"Nivelamento de AMV com socaria com grupo vibrador e levante de até 10 cm, abertura 1:8, bitola mista, dormente de madeira","un",267.22,2607348]
[2607329,"Nivelamento de AMV com socaria manual e levante de até 10 cm, abertura 1:10, bitola larga, dormente de madeira ou concreto","un",500.32,2607329]
[2607324,"Nivelamento de AMV com socaria manual e levante de até 10 cm, abertura 1:10, bitola métrica, dormente de madeira ou concreto","un",341.58,2607324]
[2607334,"Nivelamento de AMV com socaria manual e levante de até 10 cm, abertura 1:10, bitola mista, dormente de madeira ou concreto","un",725.39,2607334]
[2607330,"Nivelamento de AMV com socaria manual e levante de até 10 cm, abertura 1:12, bitola larga, dormente de madeira ou concreto","un",572.1,2607330]
[2607325,"Nivelamento de AMV com socaria manual e levante de até 10 cm, abertura 1:12, bitola métrica, dormente de madeira ou concreto","un",392.28,2607325]
[2607335,"Nivelamento de AMV com socaria manual e levante de até 10 cm, abertura 1:12, bitola mista, dormente de madeira ou concreto","un",828.9,2607335]
[2607331,"Nivelamento de AMV com socaria manual e levante de até 10 cm, abertura 1:14, bitola larga, dormente de madeira ou concreto","un",665.09,2607331]
[2607326,"Nivelamento de AMV com socaria manual e levante de até 10 cm, abertura 1:14, bitola métrica, dormente de madeira ou concreto","un",464.06,2607326]
[2607336,"Nivelamento de AMV com socaria manual e levante de até 10 cm, abertura 1:14, bitola mista, dormente de madeira ou concreto","un",964.19,2607336]
[2607332,"Nivelamento de AMV com socaria manual e levante de até 10 cm, abertura 1:20, bitola larga, dormente de madeira ou concreto","un",880.51,2607332]
[2607327,"Nivelamento de AMV com socaria manual e levante de até 10 cm, abertura 1:20, bitola métrica, dormente de madeira ou concreto","un",572.1,2607327]
[2607337,"Nivelamento de AMV com socaria manual e levante de até 10 cm, abertura 1:20, bitola mista, dormente de madeira ou concreto","un",1274.79,2607337]
[2607328,"Nivelamento de AMV com socaria manual e levante de até 10 cm, abertura 1:8, bitola larga, dormente de madeira","un",401.34,2607328]
[2607323,"Nivelamento de AMV com socaria manual e levante de até 10 cm, abertura 1:8, bitola métrica, dormente de madeira","un",293.24,2607323]
[2607333,"Nivelamento de AMV com socaria manual e levante de até 10 cm, abertura 1:8, bitola mista, dormente de madeira","un",581.11,2607333]
[2607106,"Posicionamento de jogo de dormentes de concreto para AMV 1:10, bitola larga","jg",94897.88,2607106]
[2607102,"Posicionamento de jogo de dormentes de concreto para AMV 1:10, bitola métrica","jg",46694.22,2607102]
[2607261,"Posicionamento de jogo de dormentes de concreto para AMV 1:10, bitola mista","jg",94897.88,2607261]
[2607107,"Posicionamento de jogo de dormentes de concreto para AMV 1:12, bitola larga","jg",108309.14,2607107]
[2607103,"Posicionamento de jogo de dormentes de concreto para AMV 1:12, bitola métrica","jg",53142.81,2607103]
[2607262,"Posicionamento de jogo de dormentes de concreto para AMV 1:12, bitola mista","jg",108309.14,2607262]
[2607108,"Posicionamento de jogo de dormentes de concreto para AMV 1:14, bitola larga","jg",126167.63,2607108]
[2607104,"Posicionamento de jogo de dormentes de concreto para AMV 1:14, bitola métrica","jg",62792.42,2607104]
[2607263,"Posicionamento de jogo de dormentes de concreto para AMV 1:14, bitola mista","jg",126167.63,2607263]
[2607109,"Posicionamento de jogo de dormentes de concreto para AMV 1:20, bitola larga","jg",166355,2607109]
[2607105,"Posicionamento de jogo de dormentes de concreto para AMV 1:20, bitola métrica","jg",78090.37,2607105]
[2607264,"Posicionamento de jogo de dormentes de concreto para AMV 1:20, bitola mista","jg",166355,2607264]
[2607093,"Posicionamento de jogo de dormentes de madeira para AMV 1:10, bitola larga","jg",56525.34,2607093]
[2607088,"Posicionamento de jogo de dormentes de madeira para AMV 1:10, bitola métrica","jg",23241.76,2607088]
[2607098,"Posicionamento de jogo de dormentes de madeira para AMV 1:10, bitola mista","jg",56843.08,2607098]
[2607094,"Posicionamento de jogo de dormentes de madeira para AMV 1:12, bitola larga","jg",63710.43,2607094]
[2607089,"Posicionamento de jogo de dormentes de madeira para AMV 1:12, bitola métrica","jg",26609.91,2607089]
[2607099,"Posicionamento de jogo de dormentes de madeira para AMV 1:12, bitola mista","jg",64072.41,2607099]
[2607095,"Posicionamento de jogo de dormentes de madeira para AMV 1:14, bitola larga","jg",74843.12,2607095]
[2607090,"Posicionamento de jogo de dormentes de madeira para AMV 1:14, bitola métrica","jg",32407.88,2607090]
[2607260,"Posicionamento de jogo de dormentes de madeira para AMV 1:14, bitola mista","jg",75263.54,2607260]
[2607096,"Posicionamento de jogo de dormentes de madeira para AMV 1:20, bitola larga","jg",98663.03,2607096]
[2607091,"Posicionamento de jogo de dormentes de madeira para AMV 1:20, bitola métrica","jg",40717.75,2607091]
[2607101,"Posicionamento de jogo de dormentes de madeira para AMV 1:20, bitola mista","jg",99217.13,2607101]
[2607092,"Posicionamento de jogo de dormentes de madeira para AMV 1:8, bitola larga","jg",44977.86,2607092]
[2607087,"Posicionamento de jogo de dormentes de madeira para AMV 1:8, bitola métrica","jg",19398.12,2607087]
[2607097,"Posicionamento de jogo de dormentes de madeira para AMV 1:8, bitola mista","jg",45232.25,2607097]
[2607198,"Regularização manual do lastro do AMV para qualquer abertura e qualquer bitola","un",302.55,2607198]
[2809170,"Demolição de AMV 1:10 TR 37, em bitola métrica, dormente de madeira, com separação e empilhamento","un",1817.03,2809170]
[2809183,"Demolição de AMV 1:10 TR 45, em bitola larga, dormente de madeira, com separação e empilhamento","un",2632.43,2809183]
[2809174,"Demolição de AMV 1:10 TR 45, em bitola métrica, dormente de madeira, com separação e empilhamento","un",1903.02,2809174]
[2809196,"Demolição de AMV 1:10 TR 45, em bitola mista, dormente de madeira, com separação e empilhamento","un",2767.32,2809196]
[2809187,"Demolição de AMV 1:10 TR 57, em bitola larga, dormente de madeira, com separação e empilhamento","un",2761.67,2809187]
[2809178,"Demolição de AMV 1:10 TR 57, em bitola métrica, dormente de madeira, com separação e empilhamento","un",2031.87,2809178]
[2809200,"Demolição de AMV 1:10 TR 57, em bitola mista, dormente de madeira, com separação e empilhamento","un",2901.9,2809200]
[2809191,"Demolição de AMV 1:10 TR 68, em bitola larga, dormente de madeira, com separação e empilhamento","un",2880.19,2809191]
[2809204,"Demolição de AMV 1:10 TR 68, em bitola mista, dormente de madeira, com separação e empilhamento","un",3025.11,2809204]
[2809171,"Demolição de AMV 1:12 TR 37, em bitola métrica, dormente de madeira, com separação e empilhamento","un",2051.47,2809171]
[2809184,"Demolição de AMV 1:12 TR 45, em bitola larga, dormente de madeira, com separação e empilhamento","un",2970.66,2809184]
[2809175,"Demolição de AMV 1:12 TR 45, em bitola métrica, dormente de madeira, com separação e empilhamento","un",2146.05,2809175]
[2809197,"Demolição de AMV 1:12 TR 45, em bitola mista, dormente de madeira, com separação e empilhamento","un",3119.49,2809197]
[2809188,"Demolição de AMV 1:12 TR 57, em bitola larga, dormente de madeira, com separação e empilhamento","un",3112.82,{"$f":"A3780*1","v":2809188}]
[2809179,"Demolição de AMV 1:12 TR 57, em bitola métrica, dormente de madeira, com separação e empilhamento","un",2287.79,2809179]
[2809201,"Demolição de AMV 1:12 TR 57, em bitola mista, dormente de madeira, com separação e empilhamento","un",3267.53,2809201]
[2809192,"Demolição de AMV 1:12 TR 68, em bitola larga, dormente de madeira, com separação e empilhamento","un",3243.19,2809192]
[2809205,"Demolição de AMV 1:12 TR 68, em bitola mista, dormente de madeira, com separação e empilhamento","un",3403.05,2809205]
[2809172,"Demolição de AMV 1:14 TR 37, em bitola métrica, dormente de madeira, com separação e empilhamento","un",2399.04,2809172]
[2809185,"Demolição de AMV 1:14 TR 45, em bitola larga, dormente de madeira, com separação e empilhamento","un",3421.04,2809185]
[2809176,"Demolição de AMV 1:14 TR 45, em bitola métrica, dormente de madeira, com separação e empilhamento","un",2503.09,2809176]
[2809198,"Demolição de AMV 1:14 TR 45, em bitola mista, dormente de madeira, com separação e empilhamento","un",3587.63,2809198]
[2809189,"Demolição de AMV 1:14 TR 57, em bitola larga, dormente de madeira, com separação e empilhamento","un",3577.41,2809189]
[2809180,"Demolição de AMV 1:14 TR 57, em bitola métrica, dormente de madeira, com separação e empilhamento","un",2659,2809180]
[2809202,"Demolição de AMV 1:14 TR 57, em bitola mista, dormente de madeira, com separação e empilhamento","un",3750.47,2809202]
[2809193,"Demolição de AMV 1:14 TR 68, em bitola larga, dormente de madeira, com separação e empilhamento","un",3720.82,2809193]
[2809206,"Demolição de AMV 1:14 TR 68, em bitola mista, dormente de madeira, com separação e empilhamento","un",3899.55,2809206]
[2809190,"Demolição de AMV 1:20 TR 57, em bitola larga, dormente de madeira, com separação e empilhamento","un",4636.66,2809190]
[2809181,"Demolição de AMV 1:20 TR 57, em bitola métrica, dormente de madeira, com separação e empilhamento","un",3269.22,2809181]
[2809203,"Demolição de AMV 1:20 TR 57, em bitola mista, dormente de madeira, com separação e empilhamento","un",4846.14,2809203]
[2809194,"Demolição de AMV 1:20 TR 68, em bitola larga, dormente de madeira, com separação e empilhamento","un",4808.75,2809194]
[2809207,"Demolição de AMV 1:20 TR 68, em bitola mista, dormente de madeira, com separação e empilhamento","un",5025.04,2809207]
[2809169,"Demolição de AMV 1:8 TR 37, em bitola métrica, dormente de madeira, com separação e empilhamento","un",1561.7,2809169]
[2809182,"Demolição de AMV 1:8 TR 45, em bitola larga, dormente de madeira, com separação e empilhamento","un",2166.15,2809182]
[2809173,"Demolição de AMV 1:8 TR 45, em bitola métrica, dormente de madeira, com separação e empilhamento","un",1639.87,2809173]
[2809195,"Demolição de AMV 1:8 TR 45, em bitola mista, dormente de madeira, com separação e empilhamento","un",2267,2809195]
[2809186,"Demolição de AMV 1:8 TR 57, em bitola larga, dormente de madeira, com separação e empilhamento","un",2283.64,2809186]
[2809177,"Demolição de AMV 1:8 TR 57, em bitola métrica, dormente de madeira, com separação e empilhamento","un",1757.01,2809177]
[2809199,"Demolição de AMV 1:8 TR 57, em bitola mista, dormente de madeira, com separação e empilhamento","un",2389.35,2809199]
[2809219,"Demolição de via, bitola larga, 1.667 dormentes de madeira/km, trilho TR 45, barra com 12 m de comprimento, com separação e empilhamento","km",22258.04,2809219]
[2809220,"Demolição de via, bitola larga, 1.667 dormentes de madeira/km, trilho TR 57, barra com 12 m de comprimento, com separação e empilhamento","km",23653.77,2809220]
[2809221,"Demolição de via, bitola larga, 1.667 dormentes de madeira/km, trilho TR 68, barra com 12 m de comprimento, com separação e empilhamento","km",24318.99,2809221]
[2809163,"Demolição de via, bitola larga, 1.750 dormentes de madeira/km, trilho TR 45, barra com 12 m de comprimento, com separação e empilhamento","km",23244.41,2809163]
[2809164,"Demolição de via, bitola larga, 1.750 dormentes de madeira/km, trilho TR 57, barra com 12 m de comprimento, com separação e empilhamento","km",24691.7,2809164]
[2809165,"Demolição de via, bitola larga, 1.750 dormentes de madeira/km, trilho TR 68, barra com 12 m de comprimento, com separação e empilhamento","km",25375.49,2809165]
[2809216,"Demolição de via, bitola métrica, 1.667 dormentes de madeira/km, trilho TR 37, barra com 12 m de comprimento, com separação e empilhamento","km",20768.8,2809216]
[2809217,"Demolição de via, bitola métrica, 1.667 dormentes de madeira/km, trilho TR 45, barra com 12 m de comprimento, com separação e empilhamento","km",21121.02,2809217]
[2809218,"Demolição de via, bitola métrica, 1.667 dormentes de madeira/km, trilho TR 57, barra com 12 m de comprimento, com separação e empilhamento","km",22508.75,2809218]
[2809160,"Demolição de via, bitola métrica, 1.750 dormentes de madeira/km, trilho TR 37, barra com 12 m de comprimento, com separação e empilhamento","km",21697,2809160]
[2809161,"Demolição de via, bitola métrica, 1.750 dormentes de madeira/km, trilho TR 45, barra com 12 m de comprimento, com separação e empilhamento","km",22051.74,2809161]
[2809162,"Demolição de via, bitola métrica, 1.750 dormentes de madeira/km, trilho TR 57, barra com 12 m de comprimento, com separação e empilhamento","km",23490.87,2809162]
[2809222,"Demolição de via, bitola mista, 1.667 dormentes de madeira/km, trilho TR 45, barra com 12 m de comprimento, com separação e empilhamento","km",20176.33,2809222]
[2809223,"Demolição de via, bitola mista, 1.667 dormentes de madeira/km, trilho TR 57, barra com 12 m de comprimento, com separação e empilhamento","km",25890.94,2809223]
[2809224,"Demolição de via, bitola mista, 1.667 dormentes de madeira/km, trilho TR 68, barra com 12 m de comprimento, com separação e empilhamento","km",26888.77,2809224]
[2809166,"Demolição de via, bitola mista, 1.750 dormentes de madeira/km, trilho TR 45, barra com 12 m de comprimento, com separação e empilhamento","km",21000.56,2809166]
[2809167,"Demolição de via, bitola mista, 1.750 dormentes de madeira/km, trilho TR 57, barra com 12 m de comprimento, com separação e empilhamento","km",26995.97,2809167]
[2809168,"Demolição de via, bitola mista, 1.750 dormentes de madeira/km, trilho TR 68, barra com 12 m de comprimento, com separação e empilhamento","km",28021.66,2809168]
[2909152,"Aferição da geometria da via com carro controle","km",111.46,2909152]
[2909153,"Capina química da plataforma ferroviária","km",174.57,2909153]
[2909151,"Estabilização dinâmica da via","km",61.55,2909151]
[2909145,"Nivelamento de junta com socaria manual da via","un",10.03,2909145]
[2909379,"Nivelamento de via com grupo gerador/vibrador e levante de até 10 cm - bitola métrica ou larga com dormente de madeira ou concreto e taxa de dormentação de 1.667 un/km","km",5586.9,2909379]
[2909381,"Nivelamento de via com grupo gerador/vibrador e levante de até 10 cm - bitola métrica ou larga com dormente de madeira ou concreto e taxa de dormentação de 1.750 un/km","km",5846.18,2909381]
[2909380,"Nivelamento de via com grupo gerador/vibrador e levante de até 10 cm - bitola mista com dormente de madeira ou concreto e taxa de dormentação de 1.667 un/km","km",8188.67,2909380]
[2909382,"Nivelamento de via com grupo gerador/vibrador e levante de até 10 cm - bitola mista com dormente de madeira ou concreto e taxa de dormentação de 1.750 un/km","km",8576.72,2909382]
[2909375,"Nivelamento de via com socaria manual e levante de até 10 cm - bitola métrica ou larga com dormente de madeira ou concreto e taxa de dormentação de 1.667 un/km","km",8950.48,2909375]
[2909377,"Nivelamento de via com socaria manual e levante de até 10 cm - bitola métrica ou larga com dormente de madeira ou concreto e taxa de dormentação de 1.750 un/km","km",9368.46,2909377]
[2909376,"Nivelamento de via com socaria manual e levante de até 10 cm - bitola mista com dormente de madeira ou concreto e taxa de dormentação de 1.667 un/km","km",13146.13,2909376]
[2909378,"Nivelamento de via com socaria manual e levante de até 10 cm - bitola mista com dormente de madeira ou concreto e taxa de dormentação de 1.750 un/km","km",13778.16,2909378]
[2909383,"Nivelamento e alinhamento de via com socadora automática e levante de até 10 cm - qualquer bitola ou dormente e taxa de dormentação de 1.667 un/km","km",5417.09,2909383]
[2909384,"Nivelamento e alinhamento de via com socadora automática e levante de até 10 cm - qualquer bitola ou dormente e taxa de dormentação de 1.750 un/km","km",5686.83,2909384]
[2909148,"Regularização do lastro com reguladora de lastro","km",426.06,2909148]
[3009336,"Alívio de tensão, com martelo de bronze, em TLS com 120 de comprimento de TR45, taxa de dormentação de 1.667 un/km, para qualquer bitola e fixação elástica","un",91.02,3009336]
[3009337,"Alívio de tensão, com martelo de bronze, em TLS com 120 de comprimento de TR45, taxa de dormentação de 1.750 un/km, para qualquer bitola e fixação elástica","un",93.42,3009337]
[3009340,"Alívio de tensão, com martelo de bronze, em TLS com 120 de comprimento de TR57, taxa de dormentação de 1.667 un/km, para qualquer bitola e fixação elástica","un",173.84,3009340]
[3009341,"Alívio de tensão, com martelo de bronze, em TLS com 120 de comprimento de TR57, taxa de dormentação de 1.750 un/km, para qualquer bitola e fixação elástica","un",178.65,3009341]
[3009344,"Alívio de tensão, com martelo de bronze, em TLS com 120 de comprimento de TR68, taxa de dormentação de 1.667 un/km, para qualquer bitola e fixação elástica","un",91.42,3009344]
[3009345,"Alívio de tensão, com martelo de bronze, em TLS com 120 de comprimento de TR68, taxa de dormentação de 1.750 un/km, para qualquer bitola e fixação elástica","un",93.82,{"$f":"A3844*1","v":3009345}]
[3009348,"Alívio de tensão, com martelo de bronze, em TLS com 120 de comprimento de UIC60, taxa de dormentação de 1.667 un/km, para qualquer bitola e fixação elástica","un",173.89,3009348]
[3009349,"Alívio de tensão, com martelo de bronze, em TLS com 120 de comprimento de UIC60, taxa de dormentação de 1.750 un/km, para qualquer bitola e fixação elástica","un",178.7,3009349]
[3009338,"Alívio de tensão, com martelo de bronze, em TLS com 240 de comprimento de TR45, taxa de dormentação de 1.667 un/km, para qualquer bitola e fixação elástica","un",91.02,3009338]
[3009339,"Alívio de tensão, com martelo de bronze, em TLS com 240 de comprimento de TR45, taxa de dormentação de 1.750 un/km, para qualquer bitola e fixação elástica","un",93.42,3009339]
[3009342,"Alívio de tensão, com martelo de bronze, em TLS com 240 de comprimento de TR57, taxa de dormentação de 1.667 un/km, para qualquer bitola e fixação elástica","un",173.84,3009342]
[3009343,"Alívio de tensão, com martelo de bronze, em TLS com 240 de comprimento de TR57, taxa de dormentação de 1.750 un/km, para qualquer bitola e fixação elástica","un",178.65,3009343]
[3009346,"Alívio de tensão, com martelo de bronze, em TLS com 240 de comprimento de TR68, taxa de dormentação de 1.667 un/km, para qualquer bitola e fixação elástica","un",91.42,3009346]
[3009347,"Alívio de tensão, com martelo de bronze, em TLS com 240 de comprimento de TR68, taxa de dormentação de 1.750 un/km, para qualquer bitola e fixação elástica","un",93.82,3009347]
[3009350,"Alívio de tensão, com martelo de bronze, em TLS com 240 de comprimento de UIC60, taxa de dormentação de 1.667 un/km, para qualquer bitola e fixação elástica","un",173.89,3009350]
[3009351,"Alívio de tensão, com martelo de bronze, em TLS com 240 de comprimento de UIC60, taxa de dormentação de 1.750 un/km, para qualquer bitola e fixação elástica","un",178.7,3009351]
[3009080,"Colocação manual de grampo elástico Pandrol","un",0.13,3009080]
[3009075,"Colocação manual de retensor para trilho TR45","un",43.66,3009075]
[3009076,"Colocação manual de retensor para trilho TR57","un",45.36,3009076]
[3009077,"Colocação manual de retensor para trilho TR68","un",46.82,3009077]
[3009078,"Colocação manual de retensor para trilho UIC60","un",48.26,3009078]
[3009087,"Colocação mecanizada de grampo elástico Pandrol","un",0.09,3009087]
[3009085,"Contratrilho TR45, comprimento de 12 m, sobre dormente de madeira, taxa de dormentação de 1.750 un/km, tala de junção de 6 furos e fixação rígida - posicionamento e assentamento manual","m",1704.15,3009085]
[3009086,"Contratrilho TR57, comprimento de 12 m, sobre dormente de madeira, taxa de dormentação de 1.750 un/km, tala de junção de 6 furos e fixação rígida - posicionamento e assentamento manual","m",2132.91,3009086]
[3009089,"Contratrilho TR68, comprimento de 12 m, sobre dormente de madeira, taxa de dormentação de 1.750 un/km, tala de junção de 6 furos e fixação rígida - posicionamento e assentamento manual","m",2510.17,3009089]
[3009090,"Contratrilho UIC60, comprimento de 12 m, sobre dormente de madeira, taxa de dormentação de 1.750 un/km, tala de junção de 6 furos e fixação rígida - posicionamento e assentamento manual","m",2380.79,3009090]
[3009004,"Dormente de concreto monobloco protendido bitola larga - confecção","un",418.4,3009004]
[3009002,"Dormente de concreto monobloco protendido bitola métrica - confecção","un",317.68,3009002]
[3009006,"Dormente de concreto monobloco protendido bitola mista - confecção","un",581.32,3009006]
[3009335,"Dormente de concreto monobloco protendido para AMV bitola larga ou mista - confecção","un",1094.12,3009335]
[3009334,"Dormente de concreto monobloco protendido para AMV bitola métrica - confecção","un",781.16,3009334]
[3009280,"Dormente de concreto monobloco, bitola larga, taxa de dormentação de 1.667 un/km, fixação elástica Pandrol - posicionamento mecanizado com carregadeira","km",718522.01,3009280]
[3009281,"Dormente de concreto monobloco, bitola larga, taxa de dormentação de 1.667 un/km, fixação elástica Pandrol - posicionamento mecanizado com pórtico","km",711601.36,3009281]
[3009061,"Dormente de concreto monobloco, bitola larga, taxa de dormentação de 1.750 un/km, fixação elástica Pandrol - posicionamento mecanizado com carregadeira","km",754298.19,3009061]
[3009062,"Dormente de concreto monobloco, bitola larga, taxa de dormentação de 1.750 un/km, fixação elástica Pandrol - posicionamento mecanizado com pórtico","km",747031.97,3009062]
[3009278,"Dormente de concreto monobloco, bitola métrica, taxa de dormentação de 1.667 un/km, fixação elástica Pandrol - posicionamento mecanizado com carregadeira","km",546230.73,3009278]
[3009279,"Dormente de concreto monobloco, bitola métrica, taxa de dormentação de 1.667 un/km, fixação elástica Pandrol - posicionamento mecanizado com pórtico","km",541267.49,3009279]
[3009059,"Dormente de concreto monobloco, bitola métrica, taxa de dormentação de 1.750 un/km, fixação elástica Pandrol - posicionamento mecanizado com carregadeira","km",573428.51,3009059]
[3009060,"Dormente de concreto monobloco, bitola métrica, taxa de dormentação de 1.750 un/km, fixação elástica Pandrol - posicionamento mecanizado com pórtico","km",568217.17,3009060]
[3009282,"Dormente de concreto monobloco, bitola mista, taxa de dormentação de 1.667 un/km, fixação elástica Pandrol - posicionamento mecanizado com carregadeira","km",990116.65,3009282]
[3009283,"Dormente de concreto monobloco, bitola mista, taxa de dormentação de 1.667 un/km, fixação elástica Pandrol - posicionamento mecanizado com pórtico","km",983185.67,3009283]
[3009063,"Dormente de concreto monobloco, bitola mista, taxa de dormentação de 1.750 un/km, fixação elástica Pandrol - posicionamento mecanizado com carregadeira","km",1039415.54,3009063]
[3009064,"Dormente de concreto monobloco, bitola mista, taxa de dormentação de 1.750 un/km, fixação elástica Pandrol - posicionamento mecanizado com pórtico","km",1032138.47,3009064]
[3009081,"Dormente de madeira para ponte, bitola métrica ou larga, para TR45, fixação rígida - posicionamento e assentamento mecanizado","un",856.07,3009081]
[3009082,"Dormente de madeira para ponte, bitola métrica ou larga, para TR57, fixação rígida - posicionamento e assentamento mecanizado","un",1024.34,3009082]
[3009083,"Dormente de madeira para ponte, bitola métrica ou larga, para TR68, fixação rígida - posicionamento e assentamento mecanizado","un",1048.33,3009083]
[3009084,"Dormente de madeira para ponte, bitola métrica ou larga, para UIC60, fixação rígida - posicionamento e assentamento mecanizado","un",1052.53,3009084]
[3009070,"Dormente de madeira, bitola larga ou mista - posicionamento manual","un",486.97,3009070]
[3009285,"Dormente de madeira, bitola larga ou mista, taxa de dormentação de 1.667 un/km - posicionamento mecanizado com carregadeira","km",793290.35,3009285]
[3009072,"Dormente de madeira, bitola larga ou mista, taxa de dormentação de 1.750 un/km - posicionamento mecanizado com carregadeira","km",832789.25,3009072]
[3009069,"Dormente de madeira, bitola métrica - posicionamento manual","un",295.88,3009069]
[3009284,"Dormente de madeira, bitola métrica, taxa de dormentação de 1.667 un/km - posicionamento mecanizado com carregadeira","km",479192.21,3009284]
[3009071,"Dormente de madeira, bitola métrica, taxa de dormentação de 1.750 un/km - posicionamento mecanizado com carregadeira","km",503052.15,3009071]
[3009091,"Lançamento de lastro, 10 cm de altura, primeiro levante, descarga de pedra britada de caminhões","m³",154.83,3009091]
[3009058,"Lubrificador de trilhos e de flanges de rodas","un",92698.39,3009058]
[3009229,"Posicionamento mecanizado de trilhos","km",171,3009229]
[3009132,"Pré-alinhamento manual da grade com dormente de madeira","km",1203.66,3009132]
[3009133,"Pré-alinhamento mecanizado da grade","km",1513.58,3009133]
[3009321,"Solda aluminotérmica para TR45 com cadinho descartável, executada no campo, para formação de trilho longo soldado (TLS)","un",1312.84,3009321]
[3009322,"Solda aluminotérmica para TR57 com cadinho descartável, executada no campo, para formação de trilho longo soldado (TLS)","un",1322.6,3009322]
[3009323,"Solda aluminotérmica para TR68 com cadinho descartável, executada no campo, para formação de trilho longo soldado (TLS)","un",1396.67,3009323]
[3009324,"Solda aluminotérmica para UIC60 com cadinho descartável, executada no campo, para formação de trilho longo soldado (TLS)","un",1338.07,3009324]
[3009096,"Solda elétrica por caldeamento para qualquer perfil de trilho, comprimento de 12 m, em estaleiro para formação de trilho longo soldado","un",236.64,3009096]
[3009330,"Solda elétrica por caldeamento para trilho TR45, comprimento de até 24 m, em via com dormente de concreto para formação de barra ou trilho longo soldado","un",191.08,3009330]
[3009326,"Solda elétrica por caldeamento para trilho TR45, comprimento de até 24 m, em via com dormente de madeira para formação de barra ou trilho longo soldado","un",196.68,3009326]
[3009234,"Trilho TR45, comprimento de 12 m, sobre dormente de concreto, bitola métrica ou larga, taxa de dormentação de 1.667 un/km, tala de junção de 6 furos e fixação elástica Pandrol - posicionamento e assentamento manual","km",1775089.18,3009234]
[3009022,"Trilho TR45, comprimento de 12 m, sobre dormente de concreto, bitola métrica ou larga, taxa de dormentação de 1.750 un/km, tala de junção de 6 furos e fixação elástica Pandrol - posicionamento e assentamento manual","km",1782306.57,3009022]
[3009230,"Trilho TR45, comprimento de 12 m, sobre dormente de concreto, bitola mista, taxa de dormentação de 1.667 un/km, tala de junção de 6 furos e fixação elástica Pandrol - posicionamento e assentamento manual","km",2662784.35,3009230]
[3009018,"Trilho TR45, comprimento de 12 m, sobre dormente de concreto, bitola mista, taxa de dormentação de 1.750 un/km, tala de junção de 6 furos e fixação elástica Pandrol - posicionamento e assentamento manual","km",2673610.44,3009018]
[3009288,"Trilho TR45, comprimento de 12 m, sobre dormente de madeira, bitola métrica ou larga, taxa de dormentação de 1.667 un/km, tala de junção de 6 furos e fixação rígida - posicionamento e assentamento manual","km",2098362.01,{"$f":"A3908*1","v":3009288}]
[3009013,"Trilho TR45, comprimento de 12 m, sobre dormente de madeira, bitola métrica ou larga, taxa de dormentação de 1.750 un/km, tala de junção de 6 furos e fixação rígida - posicionamento e assentamento manual","km",2121476.31,3009013]
[3009292,"Trilho TR45, comprimento de 12 m, sobre dormente de madeira, bitola mista, taxa de dormentação de 1.667 un/km, tala de junção de 6 furos e fixação rígida - posicionamento e assentamento manual","km",3147545.5,3009292]
[3009225,"Trilho TR45, comprimento de 12 m, sobre dormente de madeira, bitola mista, taxa de dormentação de 1.750 un/km, tala de junção de 6 furos e fixação rígida - posicionamento e assentamento manual","km",3182217.11,3009225]
[3009100,"Trilho TR45, comprimento de 120 m (TLS), formado por trilhos curtos de 12 m soldados por caldeamento - confecção em estaleiro","un",90305.47,3009100]
[3009238,"Trilho TR45, comprimento de 120 m (TLS), sobre dormente de concreto, bitola métrica ou larga, taxa de dormentação de 1.667 un/km, tala de junção de 6 furos e fixação elástica Pandrol - posicionamento e assentamento mecanizado","km",1668793.64,3009238]
[3009304,"Trilho TR45, comprimento de 120 m (TLS), sobre dormente de concreto, bitola mista, taxa de dormentação de 1.667 un/km, tala de junção de 6 furos e fixação elástica Pandrol - posicionamento e assentamento mecanizado","km",2503104.59,3009304]
[3009030,"Trilho TR45, comprimento de 120 m (TLS), sobre dormente de concreto, bitola mista, taxa de dormentação de 1.750 un/km, tala de junção de 6 furos e fixação elástica Pandrol - posicionamento e assentamento mecanizado","km",2513923.31,3009030]
[3009254,"Trilho TR45, comprimento de 120 m (TLS), sobre dormente de madeira, bitola métrica ou larga, taxa de dormentação de 1.667 un/km, tala de junção de 6 furos e fixação elástica Pandrol - posicionamento e assentamento mecanizado","km",2136662.02,3009254]
[3009262,"Trilho TR45, comprimento de 120 m (TLS), sobre dormente de madeira, bitola métrica ou larga, taxa de dormentação de 1.667 un/km, tala de junção de 6 furos e fixação rígida - posicionamento e assentamento mecanizado","km",1990695.89,3009262]
[3009034,"Trilho TR45, comprimento de 120 m (TLS), sobre dormente de madeira, bitola métrica ou larga, taxa de dormentação de 1.750 un/km, tala de junção de 6 furos e fixação elástica Pandrol - posicionamento e assentamento mecanizado","km",2167430.66,3009034]
[3009042,"Trilho TR45, comprimento de 120 m (TLS), sobre dormente de madeira, bitola métrica ou larga, taxa de dormentação de 1.750 un/km, tala de junção de 6 furos e fixação rígida - posicionamento e assentamento mecanizado","km",2014196.72,3009042]
[3009270,"Trilho TR45, comprimento de 120 m (TLS), sobre dormente de madeira, bitola mista, taxa de dormentação de 1.667 un/km, tala de junção de 6 furos e fixação elástica Pandrol - posicionamento e assentamento mecanizado","km",3205634.13,3009270]
[3009050,"Trilho TR45, comprimento de 120 m (TLS), sobre dormente de madeira, bitola mista, taxa de dormentação de 1.750 un/km, tala de junção de 6 furos e fixação elástica Pandrol - posicionamento e assentamento mecanizado","km",3251823.71,3009050]
[3009101,"Trilho TR45, comprimento de 240 m (TLS), formado por trilhos curtos de 12 m soldados por caldeamento - confecção em estaleiro","un",180847.58,3009101]
[3009246,"Trilho TR45, comprimento de 240 m (TLS), sobre dormente de concreto, bitola métrica ou larga, taxa de dormentação de 1.667 un/km, tala de junção de 6 furos e fixação elástica Pandrol - posicionamento e assentamento mecanizado","km",1663306.93,3009246]
[3009208,"Trilho TR45, comprimento de 240 m (TLS), sobre dormente de concreto, bitola métrica ou larga, taxa de dormentação de 1.750 un/km, tala de junção de 6 furos e fixação elástica Pandrol - posicionamento e assentamento mecanizado","km",1670519.6,3009208]
[3009308,"Trilho TR45, comprimento de 240 m (TLS), sobre dormente de concreto, bitola mista, taxa de dormentação de 1.667 un/km, tala de junção de 6 furos e fixação elástica Pandrol - posicionamento e assentamento mecanizado","km",2494875.8,3009308]
[3009212,"Trilho TR45, comprimento de 240 m (TLS), sobre dormente de concreto, bitola mista, taxa de dormentação de 1.750 un/km, tala de junção de 6 furos e fixação elástica Pandrol - posicionamento e assentamento mecanizado","km",2505694.81,3009212]
[3009258,"Trilho TR45, comprimento de 240 m (TLS), sobre dormente de madeira, bitola métrica ou larga, taxa de dormentação de 1.667 un/km, tala de junção de 6 furos e fixação elástica Pandrol - posicionamento e assentamento mecanizado","km",2131230.5,3009258]
[3009266,"Trilho TR45, comprimento de 240 m (TLS), sobre dormente de madeira, bitola métrica ou larga, taxa de dormentação de 1.667 un/km, tala de junção de 6 furos e fixação rígida - posicionamento e assentamento mecanizado","km",1985264.37,3009266]
[3009038,"Trilho TR45, comprimento de 240 m (TLS), sobre dormente de madeira, bitola métrica ou larga, taxa de dormentação de 1.750 un/km, tala de junção de 6 furos e fixação elástica Pandrol - posicionamento e assentamento mecanizado","km",2161999.14,3009038]
[3009046,"Trilho TR45, comprimento de 240 m (TLS), sobre dormente de madeira, bitola métrica ou larga, taxa de dormentação de 1.750 un/km, tala de junção de 6 furos e fixação rígida - posicionamento e assentamento mecanizado","km",2008765.2,3009046]
[3009274,"Trilho TR45, comprimento de 240 m (TLS), sobre dormente de madeira, bitola mista, taxa de dormentação de 1.667 un/km, tala de junção de 6 furos e fixação elástica Pandrol - posicionamento e assentamento mecanizado","km",3197488.22,3009274]
[3009054,"Trilho TR45, comprimento de 240 m (TLS), sobre dormente de madeira, bitola mista, taxa de dormentação de 1.750 un/km, tala de junção de 6 furos e fixação elástica Pandrol - posicionamento e assentamento mecanizado","km",3243677.8,3009054]
[3009235,"Trilho TR57, comprimento de 12 m, sobre dormente de concreto, bitola métrica ou larga, taxa de dormentação de 1.667 un/km, tala de junção de 6 furos e fixação elástica Pandrol - posicionamento e assentamento manual","km",2204251.37,3009235]
[3009023,"Trilho TR57, comprimento de 12 m, sobre dormente de concreto, bitola métrica ou larga, taxa de dormentação de 1.750 un/km, tala de junção de 6 furos e fixação elástica Pandrol - posicionamento e assentamento manual","km",2211268.15,3009023]
[3009231,"Trilho TR57, comprimento de 12 m, sobre dormente de concreto, bitola mista, taxa de dormentação de 1.667 un/km, tala de junção de 6 furos e fixação elástica Pandrol - posicionamento e assentamento manual","km",3304688.93,3009231]
[3009019,"Trilho TR57, comprimento de 12 m, sobre dormente de concreto, bitola mista, taxa de dormentação de 1.750 un/km, tala de junção de 6 furos e fixação elástica Pandrol - posicionamento e assentamento manual","km",3317504.2,3009019]
[3009289,"Trilho TR57, comprimento de 12 m, sobre dormente de madeira, bitola métrica ou larga, taxa de dormentação de 1.667 un/km, tala de junção de 6 furos e fixação rígida - posicionamento e assentamento manual","km",2807773.53,3009289]
[3009014,"Trilho TR57, comprimento de 12 m, sobre dormente de madeira, bitola métrica ou larga, taxa de dormentação de 1.750 un/km, tala de junção de 6 furos e fixação rígida - posicionamento e assentamento manual","km",2845120.31,3009014]
[3009293,"Trilho TR57, comprimento de 12 m, sobre dormente de madeira, bitola mista, taxa de dormentação de 1.667 un/km, tala de junção de 6 furos e fixação rígida - posicionamento e assentamento manual","km",4211662.87,3009293]
[3009226,"Trilho TR57, comprimento de 12 m, sobre dormente de madeira, bitola mista, taxa de dormentação de 1.750 un/km, tala de junção de 6 furos e fixação rígida - posicionamento e assentamento manual","km",4267683.31,3009226]
[3009102,"Trilho TR57, comprimento de 120 m (TLS), formado por trilhos curtos de 12 m soldados por caldeamento - confecção em estaleiro","un",114522.18,3009102]
[3009297,"Trilho TR57, comprimento de 120 m (TLS), sobre dormente de concreto, bitola métrica ou larga, taxa de dormentação de 1.667 un/km, tala de junção de 6 furos e fixação elástica Pandrol - posicionamento e assentamento mecanizado","km",2074820.63,3009297]
[3009027,"Trilho TR57, comprimento de 120 m (TLS), sobre dormente de concreto, bitola métrica ou larga, taxa de dormentação de 1.750 un/km, tala de junção de 6 furos e fixação elástica Pandrol - posicionamento e assentamento mecanizado","km",2082033.22,3009027]
[3009305,"Trilho TR57, comprimento de 120 m (TLS), sobre dormente de concreto, bitola mista, taxa de dormentação de 1.667 un/km, tala de junção de 6 furos e fixação elástica Pandrol - posicionamento e assentamento mecanizado","km",3112144.94,3009305]
[3009031,"Trilho TR57, comprimento de 120 m (TLS), sobre dormente de concreto, bitola mista, taxa de dormentação de 1.750 un/km, tala de junção de 6 furos e fixação elástica Pandrol - posicionamento e assentamento mecanizado","km",3122963.67,3009031]
[3009255,"Trilho TR57, comprimento de 120 m (TLS), sobre dormente de madeira, bitola métrica ou larga, taxa de dormentação de 1.667 un/km, tala de junção de 6 furos e fixação elástica Pandrol - posicionamento e assentamento mecanizado","km",2660590.78,3009255]
[3009263,"Trilho TR57, comprimento de 120 m (TLS), sobre dormente de madeira, bitola métrica ou larga, taxa de dormentação de 1.667 un/km, tala de junção de 6 furos e fixação rígida - posicionamento e assentamento mecanizado","km",2677232.03,3009263]
[3009035,"Trilho TR57, comprimento de 120 m (TLS), sobre dormente de madeira, bitola métrica ou larga, taxa de dormentação de 1.750 un/km, tala de junção de 6 furos e fixação elástica Pandrol - posicionamento e assentamento mecanizado","km",2697229.75,3009035]
[3009043,"Trilho TR57, comprimento de 120 m (TLS), sobre dormente de madeira, bitola métrica ou larga, taxa de dormentação de 1.750 un/km, tala de junção de 6 furos e fixação rígida - posicionamento e assentamento mecanizado","km",2714699.42,3009043]
[3009271,"Trilho TR57, comprimento de 120 m (TLS), sobre dormente de madeira, bitola mista, taxa de dormentação de 1.667 un/km, tala de junção de 6 furos e fixação elástica Pandrol - posicionamento e assentamento mecanizado","km",3991527.15,3009271]
[3009051,"Trilho TR57, comprimento de 120 m (TLS), sobre dormente de madeira, bitola mista, taxa de dormentação de 1.750 un/km, tala de junção de 6 furos e fixação elástica Pandrol - posicionamento e assentamento mecanizado","km",4046522.23,3009051]
[3009103,"Trilho TR57, comprimento de 240 m (TLS), formado por trilhos curtos de 12 m soldados por caldeamento - confecção em estaleiro","un",229281.01,3009103]
[3009247,"Trilho TR57, comprimento de 240 m (TLS), sobre dormente de concreto, bitola métrica ou larga, taxa de dormentação de 1.667 un/km, tala de junção de 6 furos e fixação elástica Pandrol - posicionamento e assentamento mecanizado","km",2068125.79,3009247]
[3009209,"Trilho TR57, comprimento de 240 m (TLS), sobre dormente de concreto, bitola métrica ou larga, taxa de dormentação de 1.750 un/km, tala de junção de 6 furos e fixação elástica Pandrol - posicionamento e assentamento mecanizado","km",2075338.46,3009209]
[3009309,"Trilho TR57, comprimento de 240 m (TLS), sobre dormente de concreto, bitola mista, taxa de dormentação de 1.667 un/km, tala de junção de 6 furos e fixação elástica Pandrol - posicionamento e assentamento mecanizado","km",3102104.34,3009309]
[3009213,"Trilho TR57, comprimento de 240 m (TLS), sobre dormente de concreto, bitola mista, taxa de dormentação de 1.750 un/km, tala de junção de 6 furos e fixação elástica Pandrol - posicionamento e assentamento mecanizado","km",3112923.34,3009213]
[3009259,"Trilho TR57, comprimento de 240 m (TLS), sobre dormente de madeira, bitola métrica ou larga, taxa de dormentação de 1.667 un/km, tala de junção de 6 furos e fixação elástica Pandrol - posicionamento e assentamento mecanizado","km",2653951.14,3009259]
[3009267,"Trilho TR57, comprimento de 240 m (TLS), sobre dormente de madeira, bitola métrica ou larga, taxa de dormentação de 1.667 un/km, tala de junção de 6 furos e fixação rígida - posicionamento e assentamento mecanizado","km",2670592.39,3009267]
[3009039,"Trilho TR57, comprimento de 240 m (TLS), sobre dormente de madeira, bitola métrica ou larga, taxa de dormentação de 1.750 un/km, tala de junção de 6 furos e fixação elástica Pandrol - posicionamento e assentamento mecanizado","km",2690590.11,3009039]
[3009047,"Trilho TR57, comprimento de 240 m (TLS), sobre dormente de madeira, bitola métrica ou larga, taxa de dormentação de 1.750 un/km, tala de junção de 6 furos e fixação rígida - posicionamento e assentamento mecanizado","km",2708059.78,3009047]
[3009275,"Trilho TR57, comprimento de 240 m (TLS), sobre dormente de madeira, bitola mista, taxa de dormentação de 1.667 un/km, tala de junção de 6 furos e fixação elástica Pandrol - posicionamento e assentamento mecanizado","km",3981569.42,3009275]
[3009055,"Trilho TR57, comprimento de 240 m (TLS), sobre dormente de madeira, bitola mista, taxa de dormentação de 1.750 un/km, tala de junção de 6 furos e fixação elástica Pandrol - posicionamento e assentamento mecanizado","km",4036564.5,3009055]
[3009236,"Trilho TR68, comprimento de 12 m, sobre dormente de concreto, bitola métrica ou larga, taxa de dormentação de 1.667 un/km, tala de junção de 6 furos e fixação elástica Pandrol - posicionamento e assentamento manual","km",2582893.97,3009236]
[3009024,"Trilho TR68, comprimento de 12 m, sobre dormente de concreto, bitola métrica ou larga, taxa de dormentação de 1.750 un/km, tala de junção de 6 furos e fixação elástica Pandrol - posicionamento e assentamento manual","km",2588423.11,3009024]
[3009232,"Trilho TR68, comprimento de 12 m, sobre dormente de concreto, bitola mista, taxa de dormentação de 1.667 un/km, tala de junção de 6 furos e fixação elástica Pandrol - posicionamento e assentamento manual","km",3870621.98,3009232]
[3009020,"Trilho TR68, comprimento de 12 m, sobre dormente de concreto, bitola mista, taxa de dormentação de 1.750 un/km, tala de junção de 6 furos e fixação elástica Pandrol - posicionamento e assentamento manual","km",3881097,3009020]
[3009290,"Trilho TR68, comprimento de 12 m, sobre dormente de madeira, bitola métrica ou larga, taxa de dormentação de 1.667 un/km, tala de junção de 6 furos e fixação rígida - posicionamento e assentamento manual","km",3224915.82,3009290]
[3009015,"Trilho TR68, comprimento de 12 m, sobre dormente de madeira, bitola métrica ou larga, taxa de dormentação de 1.750 un/km, tala de junção de 6 furos e fixação rígida - posicionamento e assentamento manual","km",3264253.57,3009015]
[3009294,"Trilho TR68, comprimento de 12 m, sobre dormente de madeira, bitola mista, taxa de dormentação de 1.667 un/km, tala de junção de 6 furos e fixação rígida - posicionamento e assentamento manual","km",4837376.3,3009294]
[3009227,"Trilho TR68, comprimento de 12 m, sobre dormente de madeira, bitola mista, taxa de dormentação de 1.750 un/km, tala de junção de 6 furos e fixação rígida - posicionamento e assentamento manual","km",4896383.2,3009227]
[3009104,"Trilho TR68, comprimento de 120 m (TLS), formado por trilhos curtos de 12 m soldados por caldeamento - confecção em estaleiro","un",135578.48,3009104]
[3009240,"Trilho TR68, comprimento de 120 m (TLS), sobre dormente de concreto, bitola métrica ou larga, taxa de dormentação de 1.667 un/km, tala de junção de 6 furos e fixação elástica Pandrol - posicionamento e assentamento mecanizado","km",2428293.07,{"$f":"A3972*1","v":3009240}]
[3009028,"Trilho TR68, comprimento de 120 m (TLS), sobre dormente de concreto, bitola métrica ou larga, taxa de dormentação de 1.750 un/km, tala de junção de 6 furos e fixação elástica Pandrol - posicionamento e assentamento mecanizado","km",2435505.65,3009028]
[3009306,"Trilho TR68, comprimento de 120 m (TLS), sobre dormente de concreto, bitola mista, taxa de dormentação de 1.667 un/km, tala de junção de 6 furos e fixação elástica Pandrol - posicionamento e assentamento mecanizado","km",3642353.5,3009306]
[3009032,"Trilho TR68, comprimento de 120 m (TLS), sobre dormente de concreto, bitola mista, taxa de dormentação de 1.750 un/km, tala de junção de 6 furos e fixação elástica Pandrol - posicionamento e assentamento mecanizado","km",3653172.22,3009032]
[3009256,"Trilho TR68, comprimento de 120 m (TLS), sobre dormente de madeira, bitola métrica ou larga, taxa de dormentação de 1.667 un/km, tala de junção de 6 furos e fixação elástica Pandrol - posicionamento e assentamento mecanizado","km",3079532.71,3009256]
[3009264,"Trilho TR68, comprimento de 120 m (TLS), sobre dormente de madeira, bitola métrica ou larga, taxa de dormentação de 1.667 un/km, tala de junção de 6 furos e fixação rígida - posicionamento e assentamento mecanizado","km",3070691.8,3009264]
[3009036,"Trilho TR68, comprimento de 120 m (TLS), sobre dormente de madeira, bitola métrica ou larga, taxa de dormentação de 1.750 un/km, tala de junção de 6 furos e fixação elástica Pandrol - posicionamento e assentamento mecanizado","km",3119431.41,3009036]
[3009044,"Trilho TR68, comprimento de 120 m (TLS), sobre dormente de madeira, bitola métrica ou larga, taxa de dormentação de 1.750 un/km, tala de junção de 6 furos e fixação rígida - posicionamento e assentamento mecanizado","km",3110150.16,3009044]
[3009272,"Trilho TR68, comprimento de 120 m (TLS), sobre dormente de madeira, bitola mista, taxa de dormentação de 1.667 un/km, tala de junção de 6 furos e fixação elástica Pandrol - posicionamento e assentamento mecanizado","km",4619939.94,3009272]
[3009052,"Trilho TR68, comprimento de 120 m (TLS), sobre dormente de madeira, bitola mista, taxa de dormentação de 1.750 un/km, tala de junção de 6 furos e fixação elástica Pandrol - posicionamento e assentamento mecanizado","km",4679824.62,3009052]
[3009105,"Trilho TR68, comprimento de 240 m (TLS), formado por trilhos curtos de 12 m soldados por caldeamento - confecção em estaleiro","un",271393.6,3009105]
[3009248,"Trilho TR68, comprimento de 240 m (TLS), sobre dormente de concreto, bitola métrica ou larga, taxa de dormentação de 1.667 un/km, tala de junção de 6 furos e fixação elástica Pandrol - posicionamento e assentamento mecanizado","km",2420336.01,3009248]
[3009210,"Trilho TR68, comprimento de 240 m (TLS), sobre dormente de concreto, bitola métrica ou larga, taxa de dormentação de 1.750 un/km, tala de junção de 6 furos e fixação elástica Pandrol - posicionamento e assentamento mecanizado","km",2427548.68,3009210]
[3009310,"Trilho TR68, comprimento de 240 m (TLS), sobre dormente de concreto, bitola mista, taxa de dormentação de 1.667 un/km, tala de junção de 6 furos e fixação elástica Pandrol - posicionamento e assentamento mecanizado","km",3630419.88,3009310]
[3009214,"Trilho TR68, comprimento de 240 m (TLS), sobre dormente de concreto, bitola mista, taxa de dormentação de 1.750 un/km, tala de junção de 6 furos e fixação elástica Pandrol - posicionamento e assentamento mecanizado","km",3641238.88,3009214]
[3009260,"Trilho TR68, comprimento de 240 m (TLS), sobre dormente de madeira, bitola métrica ou larga, taxa de dormentação de 1.667 un/km, tala de junção de 6 furos e fixação elástica Pandrol - posicionamento e assentamento mecanizado","km",3071630.85,3009260]
[3009268,"Trilho TR68, comprimento de 240 m (TLS), sobre dormente de madeira, bitola métrica ou larga, taxa de dormentação de 1.667 un/km, tala de junção de 6 furos e fixação rígida - posicionamento e assentamento mecanizado","km",3062789.94,3009268]
[3009040,"Trilho TR68, comprimento de 240 m (TLS), sobre dormente de madeira, bitola métrica ou larga, taxa de dormentação de 1.750 un/km, tala de junção de 6 furos e fixação elástica Pandrol - posicionamento e assentamento mecanizado","km",3111529.55,3009040]
[3009048,"Trilho TR68, comprimento de 240 m (TLS), sobre dormente de madeira, bitola métrica ou larga, taxa de dormentação de 1.750 un/km, tala de junção de 6 furos e fixação rígida - posicionamento e assentamento mecanizado","km",3102248.3,3009048]
[3009276,"Trilho TR68, comprimento de 240 m (TLS), sobre dormente de madeira, bitola mista, taxa de dormentação de 1.667 un/km, tala de junção de 6 furos e fixação elástica Pandrol - posicionamento e assentamento mecanizado","km",4608089.19,3009276]
[3009056,"Trilho TR68, comprimento de 240 m (TLS), sobre dormente de madeira, bitola mista, taxa de dormentação de 1.750 un/km, tala de junção de 6 furos e fixação elástica Pandrol - posicionamento e assentamento mecanizado","km",4667973.86,3009056]
[3009237,"Trilho UIC60, comprimento de 12 m, sobre dormente de concreto, bitola métrica ou larga, taxa de dormentação de 1.667 un/km, tala de junção de 6 furos e fixação elástica Pandrol - posicionamento e assentamento manual","km",2453558.65,3009237]
[3009025,"Trilho UIC60, comprimento de 12 m, sobre dormente de concreto, bitola métrica ou larga, taxa de dormentação de 1.750 un/km, tala de junção de 6 furos e fixação elástica Pandrol - posicionamento e assentamento manual","km",2459188.1,3009025]
[3009319,"Trilho UIC60, comprimento de 12 m, sobre dormente de concreto, bitola mista, taxa de dormentação de 1.667 un/km, tala de junção de 6 furos e fixação elástica Pandrol - posicionamento e assentamento manual","km",3678558.04,3009319]
[3009021,"Trilho UIC60, comprimento de 12 m, sobre dormente de concreto, bitola mista, taxa de dormentação de 1.750 un/km, tala de junção de 6 furos e fixação elástica Pandrol - posicionamento e assentamento manual","km",3687294.63,3009021]
[3009291,"Trilho UIC60, comprimento de 12 m, sobre dormente de madeira, bitola métrica ou larga, taxa de dormentação de 1.667 un/km, tala de junção de 6 furos e fixação rígida - posicionamento e assentamento manual","km",3102588.64,3009291]
[3009016,"Trilho UIC60, comprimento de 12 m, sobre dormente de madeira, bitola métrica ou larga, taxa de dormentação de 1.750 un/km, tala de junção de 6 furos e fixação rígida - posicionamento e assentamento manual","km",3142275.33,3009016]
[3009295,"Trilho UIC60, comprimento de 12 m, sobre dormente de madeira, bitola mista, taxa de dormentação de 1.667 un/km, tala de junção de 6 furos e fixação rígida - posicionamento e assentamento manual","km",4653885.53,3009295]
[3009228,"Trilho UIC60, comprimento de 12 m, sobre dormente de madeira, bitola mista, taxa de dormentação de 1.750 un/km, tala de junção de 6 furos e fixação rígida - posicionamento e assentamento manual","km",4713415.83,3009228]
[3009106,"Trilho UIC60, comprimento de 120 m (TLS), formado por trilhos curtos de 12 m soldados por caldeamento - confecção em estaleiro","un",128574.85,3009106]
[3009299,"Trilho UIC60, comprimento de 120 m (TLS), sobre dormente de concreto, bitola métrica ou larga, taxa de dormentação de 1.667 un/km, tala de junção de 6 furos e fixação elástica Pandrol - posicionamento e assentamento mecanizado","km",2310349.29,3009299]
[3009029,"Trilho UIC60, comprimento de 120 m (TLS), sobre dormente de concreto, bitola métrica ou larga, taxa de dormentação de 1.750 un/km, tala de junção de 6 furos e fixação elástica Pandrol - posicionamento e assentamento mecanizado","km",2317561.88,3009029]
[3009245,"Trilho UIC60, comprimento de 120 m (TLS), sobre dormente de concreto, bitola mista, taxa de dormentação de 1.667 un/km, tala de junção de 6 furos e fixação elástica Pandrol - posicionamento e assentamento mecanizado","km",3465437.87,3009245]
[3009033,"Trilho UIC60, comprimento de 120 m (TLS), sobre dormente de concreto, bitola mista, taxa de dormentação de 1.750 un/km, tala de junção de 6 furos e fixação elástica Pandrol - posicionamento e assentamento mecanizado","km",3476256.59,3009033]
[3009257,"Trilho UIC60, comprimento de 120 m (TLS), sobre dormente de madeira, bitola métrica ou larga, taxa de dormentação de 1.667 un/km, tala de junção de 6 furos e fixação elástica Pandrol - posicionamento e assentamento mecanizado","km",2964137.78,3009257]
[3009265,"Trilho UIC60, comprimento de 120 m (TLS), sobre dormente de madeira, bitola métrica ou larga, taxa de dormentação de 1.667 un/km, tala de junção de 6 furos e fixação rígida - posicionamento e assentamento mecanizado","km",2959756.16,3009265]
[3009037,"Trilho UIC60, comprimento de 120 m (TLS), sobre dormente de madeira, bitola métrica ou larga, taxa de dormentação de 1.750 un/km, tala de junção de 6 furos e fixação elástica Pandrol - posicionamento e assentamento mecanizado","km",3004163.38,3009037]
[3009045,"Trilho UIC60, comprimento de 120 m (TLS), sobre dormente de madeira, bitola métrica ou larga, taxa de dormentação de 1.750 un/km, tala de junção de 6 furos e fixação rígida - posicionamento e assentamento mecanizado","km",2999563.45,3009045]
[3009273,"Trilho UIC60, comprimento de 120 m (TLS), sobre dormente de madeira, bitola mista, taxa de dormentação de 1.667 un/km, tala de junção de 6 furos e fixação elástica Pandrol - posicionamento e assentamento mecanizado","km",4446847.58,3009273]
[3009053,"Trilho UIC60, comprimento de 120 m (TLS), sobre dormente de madeira, bitola mista, taxa de dormentação de 1.750 un/km, tala de junção de 6 furos e fixação elástica Pandrol - posicionamento e assentamento mecanizado","km",4506922.61,3009053]
[3009107,"Trilho UIC60, comprimento de 240 m (TLS), formado por trilhos curtos de 12 m soldados por caldeamento - confecção em estaleiro","un",257386.35,3009107]
[3009249,"Trilho UIC60, comprimento de 240 m (TLS), sobre dormente de concreto, bitola métrica ou larga, taxa de dormentação de 1.667 un/km, tala de junção de 6 furos e fixação elástica Pandrol - posicionamento e assentamento mecanizado","km",2303001.07,3009249]
[3009211,"Trilho UIC60, comprimento de 240 m (TLS), sobre dormente de concreto, bitola métrica ou larga, taxa de dormentação de 1.750 un/km, tala de junção de 6 furos e fixação elástica Pandrol - posicionamento e assentamento mecanizado","km",2310213.74,3009211]
[3009253,"Trilho UIC60, comprimento de 240 m (TLS), sobre dormente de concreto, bitola mista, taxa de dormentação de 1.667 un/km, tala de junção de 6 furos e fixação elástica Pandrol - posicionamento e assentamento mecanizado","km",3454417.39,3009253]
[3009215,"Trilho UIC60, comprimento de 240 m (TLS), sobre dormente de concreto, bitola mista, taxa de dormentação de 1.750 un/km, tala de junção de 6 furos e fixação elástica Pandrol - posicionamento e assentamento mecanizado","km",3465236.4,3009215]
[3009261,"Trilho UIC60, comprimento de 240 m (TLS), sobre dormente de madeira, bitola métrica ou larga, taxa de dormentação de 1.667 un/km, tala de junção de 6 furos e fixação elástica Pandrol - posicionamento e assentamento mecanizado","km",2956844.75,3009261]
[3009269,"Trilho UIC60, comprimento de 240 m (TLS), sobre dormente de madeira, bitola métrica ou larga, taxa de dormentação de 1.667 un/km, tala de junção de 6 furos e fixação rígida - posicionamento e assentamento mecanizado","km",2952463.13,3009269]
[3009041,"Trilho UIC60, comprimento de 240 m (TLS), sobre dormente de madeira, bitola métrica ou larga, taxa de dormentação de 1.750 un/km, tala de junção de 6 furos e fixação elástica Pandrol - posicionamento e assentamento mecanizado","km",2996870.36,3009041]
[3009049,"Trilho UIC60, comprimento de 240 m (TLS), sobre dormente de madeira, bitola métrica ou larga, taxa de dormentação de 1.750 un/km, tala de junção de 6 furos e fixação rígida - posicionamento e assentamento mecanizado","km",2992270.43,3009049]
[3009277,"Trilho UIC60, comprimento de 240 m (TLS), sobre dormente de madeira, bitola mista, taxa de dormentação de 1.667 un/km, tala de junção de 6 furos e fixação elástica Pandrol - posicionamento e assentamento mecanizado","km",4435909.97,3009277]
[3009057,"Trilho UIC60, comprimento de 240 m (TLS), sobre dormente de madeira, bitola mista, taxa de dormentação de 1.750 un/km, tala de junção de 6 furos e fixação elástica Pandrol - posicionamento e assentamento mecanizado","km",4495985.01,3009057]
[3108073,"Confecção de fôrma metálica em chapa 1/8\" para poita trapezoidal","m²",359.53,3108073]
[3107965,"Confecção de forma metálica em chapa 3/16\" para poita trapezoidal","m²",581.58,3107965]
[3105941,"Fôrma em chapa metálica 1/8\" para cabeça de tirantes - utilização de 50 vezes - confecção, instalação e retirada","m²",27.39,3105941]
[3108150,"Fôrma metálica curva em chapa 3/16\" reforçada com nervuras de 40 mm x 3/16\" dispostas em grelhas de 40 x 60 cm - utilização de 100 vezes - confecção, instalação e retirada","m²",18.12,3108150]
[3108071,"Fôrma metálica em chapa 1/8\" para poita trapezoidal - utilização de 50 vezes - montagem, instalação e retirada","m²",13.9,3108071]
[3107967,"Fôrma metálica em chapa 1/8\" reforçada com nervuras de 40 mm x 1/8\" dispostas em grelhas de 40 x 60 cm - utilização de 100 vezes - confecção, instalação e retirada","m²",10.05,3107967]
[3107966,"Fôrma metálica em chapa 3/16\" para poita trapezoidal - utilização de 50 vezes - montagem, instalação e retirada","m²",26.7,3107966]
[3108072,"Fôrma metálica em chapa 3/16\" reforçada com nervuras de 40 mm x 3/16\" dispostas em grelhas de 40 x 60 cm - utilização de 100 vezes - confecção, instalação e retirada","m²",14.9,3108072]
[3117750,"Fôrma metálica para aduelas de bueiros celulares de concreto pré-moldados - utilização de 100 vezes - confecção, instalação e retirada","m²",18.24,3117750]
[3117749,"Fôrma metálica para guarda-corpo de concreto - utilização de 50 vezes - confecção","m²",14.35,3117749]
[3106551,"Fôrma metálica para tetrápode - utilização de 100 vezes - confecção, instalação e retirada","m²",11.15,3106551]
[3106427,"Fôrma metálica para viga de concreto pré-moldada protendida para OAE - utilização de 20 vezes - confecção, instalação e retirada","m²",40.34,3106427]
[3106552,"Fôrma metálica para Xbloc - utilização de 100 vezes - confecção, instalação e retirada","m²",10.36,3106552]
[3107969,"Fôrmas curvas de compensado plastificado 10 mm - uso geral - utilização de 2 vezes - confecção, instalação e retirada","m²",125.96,{"$f":"A4036*1","v":3107969}]
[3107970,"Fôrmas curvas de compensado resinado 10 mm - uso geral - utilização de 2 vezes - confecção, instalação e retirada","m²",119.4,3107970]
[3108007,"Fôrmas de compensado plastificado 10 mm - uso geral - utilização de 1 vez - confecção, instalação e retirada","m²",153.34,3108007]
[3108008,"Fôrmas de compensado plastificado 10 mm - uso geral - utilização de 2 vezes - confecção, instalação e retirada","m²",97.97,3108008]
[3108009,"Fôrmas de compensado plastificado 10 mm - uso geral - utilização de 3 vezes - confecção, instalação e retirada","m²",80.9,3108009]
[3108011,"Fôrmas de compensado plastificado 12 mm - uso geral - utilização de 1 vez - confecção, instalação e retirada","m²",170.49,3108011]
[3108012,"Fôrmas de compensado plastificado 12 mm - uso geral - utilização de 2 vezes - confecção, instalação e retirada","m²",106.98,3108012]
[3108013,"Fôrmas de compensado plastificado 12 mm - uso geral - utilização de 3 vezes - confecção, instalação e retirada","m²",87.2,3108013]
[3108015,"Fôrmas de compensado plastificado 14 mm - uso geral - utilização de 1 vez - confecção, instalação e retirada","m²",177.54,3108015]
[3108016,"Fôrmas de compensado plastificado 14 mm - uso geral - utilização de 2 vezes - confecção, instalação e retirada","m²",110.68,3108016]
[3108017,"Fôrmas de compensado plastificado 14 mm - uso geral - utilização de 3 vezes - confecção, instalação e retirada","m²",89.8,3108017]
[3107995,"Fôrmas de compensado resinado 10 mm - uso geral - utilização de 1 vez - confecção, instalação e retirada","m²",141.81,3107995]
[3107996,"Fôrmas de compensado resinado 10 mm - uso geral - utilização de 2 vezes - confecção, instalação e retirada","m²",91.96,3107996]
[3107997,"Fôrmas de compensado resinado 10 mm - uso geral - utilização de 3 vezes - confecção, instalação e retirada","m²",76.73,3107997]
[3107999,"Fôrmas de compensado resinado 12 mm - uso geral - utilização de 1 vez - confecção, instalação e retirada","m²",144.71,3107999]
[3108000,"Fôrmas de compensado resinado 12 mm - uso geral - utilização de 2 vezes - confecção, instalação e retirada","m²",93.49,3108000]
[3108001,"Fôrmas de compensado resinado 12 mm - uso geral - utilização de 3 vezes - confecção, instalação e retirada","m²",77.79,3108001]
[3108003,"Fôrmas de compensado resinado 14 mm - uso geral - utilização de 1 vez - confecção, instalação e retirada","m²",155.49,3108003]
[3108004,"Fôrmas de compensado resinado 14 mm - uso geral - utilização de 2 vezes - confecção, instalação e retirada","m²",99.15,3108004]
[3108005,"Fôrmas de compensado resinado 14 mm - uso geral - utilização de 3 vezes - confecção, instalação e retirada","m²",81.75,3108005]
[3106119,"Fôrmas de tábuas de pinho - utilização de 1 vez - confecção, instalação e retirada","m²",177.2,3106119]
[3106120,"Fôrmas de tábuas de pinho - utilização de 2 vezes - confecção, instalação e retirada","m²",117.5,3106120]
[3106121,"Fôrmas de tábuas de pinho - utilização de 3 vezes - confecção, instalação e retirada","m²",99.27,3106121]
[3103302,"Fôrmas de tábuas de pinho para dispositivos de drenagem - utilização de 3 vezes - confecção, instalação e retirada","m²",77.31,3103302]
[3103303,"Fôrmas de tábuas de pinho para drenos - utilização de 5 vezes - confecção, instalação e retirada","m²",40.38,3103303]
[3106759,"Fôrmas de tábuas de pinho para elementos estruturais dos arcos metálicos - utilização de 3 vezes - confecção, instalação e retirada","m²",121.66,3106759]
[3108023,"Guia de madeira de 2,5 x 10,0 cm - confecção e instalação","m",6.64,3108023]
[3108018,"Guia de madeira de 2,5 x 7,0 cm - confecção e instalação","m",4.79,3108018]
[3108022,"Guia de madeira de 2,5 x 8,0 cm - confecção e instalação","m",5.4,3108022]
[3205864,"Gabião caixa 2 x 1 x 0,50 m - Zn/Al + PVC - D = 2,4 mm - pedra de mão comercial - fornecimento e assentamento","m³",1002.72,3205864]
[3205863,"Gabião caixa 2 x 1 x 0,50 m - Zn/Al + PVC - D = 2,4 mm - pedra de mão produzida - confecção e assentamento","m³",927.67,3205863]
[3205868,"Gabião caixa 2 x 1 x 0,50 m Zn/Al - D = 2,7 mm - pedra de mão comercial - fornecimento e assentamento","m³",849.37,3205868]
[3205867,"Gabião caixa 2 x 1 x 0,50 m Zn/Al - D = 2,7 mm - pedra de mão produzida - confecção e assentamento","m³",774.32,3205867]
[3205866,"Gabião caixa 2 x 1 x 1,00 m - Zn/Al + PVC - D = 2,4 mm - pedra de mão comercial - fornecimento e assentamento","m³",761.57,3205866]
[3205865,"Gabião caixa 2 x 1 x 1,00 m - Zn/Al + PVC - D = 2,4 mm - pedra de mão produzida - confecção e assentamento","m³",686.52,3205865]
[3205870,"Gabião caixa 2 x 1 x 1,00 m Zn/Al - D = 2,7 mm - pedra de mão comercial - fornecimento e assentamento","m³",712.51,3205870]
[3205869,"Gabião caixa 2 x 1 x 1,00 m Zn/Al - D = 2,7 mm - pedra de mão produzida - confecção e assentamento","m³",637.46,3205869]
[3205872,"Gabião colchão espessura 0,17 m - Zn/Al + PVC - D = 2,0 mm - pedra de mão comercial - fornecimento e assentamento","m²",260.01,3205872]
[3205871,"Gabião colchão espessura 0,17 m - Zn/Al + PVC - D = 2,0 mm - pedra de mão produzida - confecção e assentamento","m²",247.25,3205871]
[3205874,"Gabião colchão espessura 0,23 m - Zn/Al + PVC - D = 2,0 mm - pedra de mão comercial - fornecimento e assentamento","m²",284.51,3205874]
[3205873,"Gabião colchão espessura 0,23 m - Zn/Al + PVC - D = 2,0 mm - pedra de mão produzida - confecção e assentamento","m²",267.25,3205873]
[3205876,"Gabião colchão espessura 0,30 m - Zn/Al + PVC - D = 2,0 mm - pedra de mão comercial - fornecimento e assentamento","m²",320.23,3205876]
[3205875,"Gabião colchão espessura 0,30 m - Zn/Al + PVC - D = 2,0 mm - pedra de mão produzida - confecção e assentamento","m²",297.72,3205875]
[3205862,"Gabião saco - diâmetro = 0,65 m - Zn/Al + PVC - D = 2,4 mm - pedra de mão comercial - fornecimento e assentamento","m³",796.53,3205862]
[3205861,"Gabião saco - diâmetro = 0,65 m - Zn/Al + PVC - D = 2,4 mm - pedra de mão produzida - confecção e assentamento","m³",721.48,3205861]
[3606579,"Carga, transporte e descarga de material pétreo para molhes com o uso de batelões e escavadeira hidráulica - DMT de 0 a 300 m","m³",21,3606579]
[3606583,"Carga, transporte e descarga de material pétreo para molhes com o uso de batelões e escavadeira hidráulica - DMT de 1.200 a 1.500 m","m³",21.76,3606583]
[3606584,"Carga, transporte e descarga de material pétreo para molhes com o uso de batelões e escavadeira hidráulica - DMT de 1.500 a 1.800 m","m³",21.87,3606584]
[3606585,"Carga, transporte e descarga de material pétreo para molhes com o uso de batelões e escavadeira hidráulica - DMT de 1.800 a 2.100 m","m³",21.98,3606585]
[3606586,"Carga, transporte e descarga de material pétreo para molhes com o uso de batelões e escavadeira hidráulica - DMT de 2.100 a 2.400 m","m³",22.2,3606586]
[3606587,"Carga, transporte e descarga de material pétreo para molhes com o uso de batelões e escavadeira hidráulica - DMT de 2.400 a 2.700 m","m³",22.42,3606587]
[3606588,"Carga, transporte e descarga de material pétreo para molhes com o uso de batelões e escavadeira hidráulica - DMT de 2.700 a 3.000 m","m³",22.53,3606588]
[3606589,"Carga, transporte e descarga de material pétreo para molhes com o uso de batelões e escavadeira hidráulica - DMT de 3.000 m","m³",22.64,3606589]
[3606580,"Carga, transporte e descarga de material pétreo para molhes com o uso de batelões e escavadeira hidráulica - DMT de 300 a 600 m","m³",21.22,3606580]
[3606581,"Carga, transporte e descarga de material pétreo para molhes com o uso de batelões e escavadeira hidráulica - DMT de 600 a 900 m","m³",21.43,3606581]
[3606582,"Carga, transporte e descarga de material pétreo para molhes com o uso de batelões e escavadeira hidráulica - DMT de 900 a 1.200 m","m³",21.54,3606582]
[3606527,"Escavação, carga e transporte de material pétreo para a subcarapaça - caminho de serviço em leito natural - DMT de 1.000 a 1.200 m - com caminhão basculante de 8 m³","m³",48.76,3606527]
[3606528,"Escavação, carga e transporte de material pétreo para a subcarapaça - caminho de serviço em leito natural - DMT de 1.200 a 1.400 m - com caminhão basculante de 8 m³","m³",49.44,3606528]
[3606529,"Escavação, carga e transporte de material pétreo para a subcarapaça - caminho de serviço em leito natural - DMT de 1.400 a 1.600 m - com caminhão basculante de 8 m³","m³",50,3606529]
[3606530,"Escavação, carga e transporte de material pétreo para a subcarapaça - caminho de serviço em leito natural - DMT de 1.600 a 1.800 m - com caminhão basculante de 8 m³","m³",50.68,3606530]
[3606531,"Escavação, carga e transporte de material pétreo para a subcarapaça - caminho de serviço em leito natural - DMT de 1.800 a 2.000 m - com caminhão basculante de 8 m³","m³",51.37,3606531]
[3606532,"Escavação, carga e transporte de material pétreo para a subcarapaça - caminho de serviço em leito natural - DMT de 2.000 a 2.500 m - com caminhão basculante de 8 m³","m³",52.48,3606532]
[3606533,"Escavação, carga e transporte de material pétreo para a subcarapaça - caminho de serviço em leito natural - DMT de 2.500 a 3.000 m - com caminhão basculante de 8 m³","m³",56.54,3606533]
[3606534,"Escavação, carga e transporte de material pétreo para a subcarapaça - caminho de serviço em leito natural - DMT de 3.000 m - com caminhão basculante de 8 m³","m³",57.46,3606534]
[3606535,"Escavação, carga e transporte de material pétreo para a subcarapaça - caminho de serviço em revestimento primário - DMT de 1.000 a 1.200 m - com caminhão basculante de 8 m³","m³",44.46,{"$f":"A4100*1","v":3606535}]
[3606536,"Escavação, carga e transporte de material pétreo para a subcarapaça - caminho de serviço em revestimento primário - DMT de 1.200 a 1.400 m - com caminhão basculante de 8 m³","m³",44.83,3606536]
[3606537,"Escavação, carga e transporte de material pétreo para a subcarapaça - caminho de serviço em revestimento primário - DMT de 1.400 a 1.600 m - com caminhão basculante de 8 m³","m³",45.29,3606537]
[3606538,"Escavação, carga e transporte de material pétreo para a subcarapaça - caminho de serviço em revestimento primário - DMT de 1.600 a 1.800 m - com caminhão basculante de 8 m³","m³",45.66,3606538]
[3606539,"Escavação, carga e transporte de material pétreo para a subcarapaça - caminho de serviço em revestimento primário - DMT de 1.800 a 2.000 m - com caminhão basculante de 8 m³","m³",46.12,3606539]
[3606540,"Escavação, carga e transporte de material pétreo para a subcarapaça - caminho de serviço em revestimento primário - DMT de 2.000 a 2.500 m - com caminhão basculante de 8 m³","m³",49.03,3606540]
[3606541,"Escavação, carga e transporte de material pétreo para a subcarapaça - caminho de serviço em revestimento primário - DMT de 2.500 a 3.000 m - com caminhão basculante de 8 m³","m³",50.27,3606541]
[3606542,"Escavação, carga e transporte de material pétreo para a subcarapaça - caminho de serviço em revestimento primário - DMT de 3.000 m - com caminhão basculante de 8 m³","m³",50.82,3606542]
[3606543,"Escavação, carga e transporte de material pétreo para a subcarapaça - caminho de serviço pavimentado - DMT de 1.000 a 1.200 m - com caminhão basculante de 8 m³","m³",43.82,3606543]
[3606544,"Escavação, carga e transporte de material pétreo para a subcarapaça - caminho de serviço pavimentado - DMT de 1.200 a 1.400 m - com caminhão basculante de 8 m³","m³",44.1,3606544]
[3606545,"Escavação, carga e transporte de material pétreo para a subcarapaça - caminho de serviço pavimentado - DMT de 1.400 a 1.600 m - com caminhão basculante de 8 m³","m³",44.46,3606545]
[3606546,"Escavação, carga e transporte de material pétreo para a subcarapaça - caminho de serviço pavimentado - DMT de 1.600 a 1.800 m - com caminhão basculante de 8 m³","m³",44.83,3606546]
[3606547,"Escavação, carga e transporte de material pétreo para a subcarapaça - caminho de serviço pavimentado - DMT de 1.800 a 2.000 m - com caminhão basculante de 8 m³","m³",45.11,3606547]
[3606548,"Escavação, carga e transporte de material pétreo para a subcarapaça - caminho de serviço pavimentado - DMT de 2.000 a 2.500 m - com caminhão basculante de 8 m³","m³",45.75,3606548]
[3606549,"Escavação, carga e transporte de material pétreo para a subcarapaça - caminho de serviço pavimentado - DMT de 2.500 a 3.000 m - com caminhão basculante de 8 m³","m³",48.89,3606549]
[3606550,"Escavação, carga e transporte de material pétreo para a subcarapaça - caminho de serviço pavimentado - DMT de 3.000 m - com caminhão basculante de 8 m³","m³",49.44,3606550]
[3606500,"Escavação, carga e transporte de material pétreo para o núcleo - caminho de serviço em leito natural - DMT de 1.000 a 1.200 m - com caminhão basculante de 8 m³","m³",45.9,3606500]
[3606501,"Escavação, carga e transporte de material pétreo para o núcleo - caminho de serviço em leito natural - DMT de 1.200 a 1.400 m - com caminhão basculante de 8 m³","m³",46.59,3606501]
[3606502,"Escavação, carga e transporte de material pétreo para o núcleo - caminho de serviço em leito natural - DMT de 1.400 a 1.600 m - com caminhão basculante de 8 m³","m³",47.14,3606502]
[3606503,"Escavação, carga e transporte de material pétreo para o núcleo - caminho de serviço em leito natural - DMT de 1.600 a 1.800 m - com caminhão basculante de 8 m³","m³",47.83,3606503]
[3606504,"Escavação, carga e transporte de material pétreo para o núcleo - caminho de serviço em leito natural - DMT de 1.800 a 2.000 m - com caminhão basculante de 8 m³","m³",48.52,3606504]
[3606505,"Escavação, carga e transporte de material pétreo para o núcleo - caminho de serviço em leito natural - DMT de 2.000 a 2.500 m - com caminhão basculante de 8 m³","m³",49.62,3606505]
[3606506,"Escavação, carga e transporte de material pétreo para o núcleo - caminho de serviço em leito natural - DMT de 2.500 a 3.000 m - com caminhão basculante de 8 m³","m³",53.59,3606506]
[3606507,"Escavação, carga e transporte de material pétreo para o núcleo - caminho de serviço em leito natural - DMT de 3.000 m - com caminhão basculante de 8 m³","m³",54.69,3606507]
[3606509,"Escavação, carga e transporte de material pétreo para o núcleo - caminho de serviço em revestimento primário - DMT de 1.000 a 1.200 m - com caminhão basculante de 8 m³","m³",41.61,3606509]
[3606510,"Escavação, carga e transporte de material pétreo para o núcleo - caminho de serviço em revestimento primário - DMT de 1.200 a 1.400 m - com caminhão basculante de 8 m³","m³",42.06,3606510]
[3606511,"Escavação, carga e transporte de material pétreo para o núcleo - caminho de serviço em revestimento primário - DMT de 1.400 a 1.600 m - com caminhão basculante de 8 m³","m³",42.43,3606511]
[3606512,"Escavação, carga e transporte de material pétreo para o núcleo - caminho de serviço em revestimento primário - DMT de 1.600 a 1.800 m - com caminhão basculante de 8 m³","m³",42.8,3606512]
[3606513,"Escavação, carga e transporte de material pétreo para o núcleo - caminho de serviço em revestimento primário - DMT de 1.800 a 2.000 m - com caminhão basculante de 8 m³","m³",45.48,3606513]
[3606514,"Escavação, carga e transporte de material pétreo para o núcleo - caminho de serviço em revestimento primário - DMT de 2.000 a 2.500 m - com caminhão basculante de 8 m³","m³",46.31,3606514]
[3606515,"Escavação, carga e transporte de material pétreo para o núcleo - caminho de serviço em revestimento primário - DMT de 2.500 a 3.000 m - com caminhão basculante de 8 m³","m³",47.41,3606515]
[3606516,"Escavação, carga e transporte de material pétreo para o núcleo - caminho de serviço em revestimento primário - DMT de 3.000 m - com caminhão basculante de 8 m³","m³",47.96,3606516]
[3606518,"Escavação, carga e transporte de material pétreo para o núcleo - caminho de serviço pavimentado - DMT de 1.000 a 1.200 m - com caminhão basculante de 8 m³","m³",40.96,3606518]
[3606519,"Escavação, carga e transporte de material pétreo para o núcleo - caminho de serviço pavimentado - DMT de 1.200 a 1.400 m - com caminhão basculante de 8 m³","m³",41.33,3606519]
[3606520,"Escavação, carga e transporte de material pétreo para o núcleo - caminho de serviço pavimentado - DMT de 1.400 a 1.600 m - com caminhão basculante de 8 m³","m³",41.61,3606520]
[3606521,"Escavação, carga e transporte de material pétreo para o núcleo - caminho de serviço pavimentado - DMT de 1.600 a 1.800 m - com caminhão basculante de 8 m³","m³",41.97,3606521]
[3606522,"Escavação, carga e transporte de material pétreo para o núcleo - caminho de serviço pavimentado - DMT de 1.800 a 2.000 m - com caminhão basculante de 8 m³","m³",42.25,3606522]
[3606523,"Escavação, carga e transporte de material pétreo para o núcleo - caminho de serviço pavimentado - DMT de 2.000 a 2.500 m - com caminhão basculante de 8 m³","m³",42.89,3606523]
[3606524,"Escavação, carga e transporte de material pétreo para o núcleo - caminho de serviço pavimentado - DMT de 2.500 a 3.000 m - com caminhão basculante de 8 m³","m³",46.17,3606524]
[3606525,"Escavação, carga e transporte de material pétreo para o núcleo - caminho de serviço pavimentado - DMT de 3.000 m - com caminhão basculante de 8 m³","m³",46.59,3606525]
[3606577,"Espalhamento e conformação de material pétreo para núcleo","m³",10.78,3606577]
[3606576,"Espalhamento e conformação de material pétreo para subcarapaça","m³",4.41,3606576]
[3606561,"Fabricação de tetrápode de 10 t - concreto fck = 20 MPa - areia e brita comerciais","un",2017.78,3606561]
[3606556,"Fabricação de tetrápode de 10 t - concreto fck = 20 MPa - areia extraída e brita produzida","un",1511.32,3606556]
[3606562,"Fabricação de tetrápode de 11 t - concreto fck = 20 MPa - areia e brita comerciais","un",2206.31,3606562]
[3606557,"Fabricação de tetrápode de 11 t - concreto fck = 20 MPa - areia extraída e brita produzida","un",1649.21,3606557]
[3606563,"Fabricação de tetrápode de 12 t - concreto fck = 20 MPa - areia e brita comerciais","un",2403.05,3606563]
[3606558,"Fabricação de tetrápode de 12 t - concreto fck = 20 MPa - areia extraída e brita produzida","un",1795.3,3606558]
[3606559,"Fabricação de tetrápode de 8 t - concreto fck = 20 MPa - areia e brita comerciais","un",1615.51,3606559]
[3606554,"Fabricação de tetrápode de 8 t - concreto fck = 20 MPa - areia extraída e brita produzida","un",1210.34,3606554]
[3606560,"Fabricação de tetrápode de 9 t - concreto fck = 20 MPa - areia e brita comerciais","un",1804.9,3606560]
[3606555,"Fabricação de tetrápode de 9 t - concreto fck = 20 MPa - areia extraída e brita produzida","un",1349.08,3606555]
[3606571,"Fabricação de Xbloc de 10 t - concreto fck = 20 MPa - areia e brita comerciais","un",1988.35,3606571]
[3606566,"Fabricação de Xbloc de 10 t - concreto fck = 20 MPa - areia extraída e brita produzida","un",1481.89,3606566]
[3606572,"Fabricação de Xbloc de 11 t - concreto fck = 20 MPa - areia e brita comerciais","un",2179.63,3606572]
[3606567,"Fabricação de Xbloc de 11 t - concreto fck = 20 MPa - areia extraída e brita produzida","un",1622.53,3606567]
[3606573,"Fabricação de Xbloc de 12 t - concreto fck = 20 MPa - areia e brita comerciais","un",2370.48,3606573]
[3606568,"Fabricação de Xbloc de 12 t - concreto fck = 20 MPa - areia extraída e brita produzida","un",1762.73,3606568]
[3606569,"Fabricação de Xbloc de 8 t - concreto fck = 20 MPa - areia e brita comerciais","un",1604.25,3606569]
[3606564,"Fabricação de Xbloc de 8 t - concreto fck = 20 MPa - areia extraída e brita produzida","un",1199.08,3606564]
[3606570,"Fabricação de Xbloc de 9 t - concreto fck = 20 MPa - areia e brita comerciais","un",1796.58,3606570]
[3606565,"Fabricação de Xbloc de 9 t - concreto fck = 20 MPa - areia extraída e brita produzida","un",1340.77,3606565]
[3606578,"Lançamento de blocos artificias de concreto","un",108.99,3606578]
[3606575,"Seleção de material pétreo para a carapaça e subcarapaça","m³",1.69,3606575]
[3606574,"Seleção de material pétreo para o núcleo","m³",0.85,{"$f":"A4164*1","v":3606574}]
[3713603,"Ancoragem de defensa maleável dupla - fornecimento e implantação","m",1014.46,3713603]
[3713601,"Ancoragem de defensa maleável simples - fornecimento e implantação","m",819.32,3713601]
[3713607,"Ancoragem de defensa semimaleável dupla - fornecimento e implantação","m",765.2,3713607]
[3713605,"Ancoragem de defensa semimaleável simples - fornecimento e implantação","m",547.75,3713605]
[3719530,"Barreira dupla de concreto, armada, pré-moldada (perfil New Jersey) - L > 3,00 m e H = 1.070 mm","m",301.73,3719530]
[3713828,"Barreira dupla de concreto, armada, pré-moldada (perfil New Jersey) - L > 3,00 m e H = 810 mm","m",225.29,3713828]
[3713875,"Barreira dupla de concreto, não armada, moldada no local (perfil F) - H = 810 + 100 mm","m",65.05,3713875]
[3713619,"Barreira dupla de concreto, não armada, moldada no local (perfil New Jersey) - H = 810 + 100 mm","m",65.47,3713619]
[3713876,"Barreira dupla de concreto, não armada, moldada no local, com extrusora (perfil F) - H = 810 + 100 mm","m",84.02,3713876]
[3713827,"Barreira dupla de concreto, não armada, moldada no local, com extrusora (perfil New Jersey) - H = 810 + 100 mm","m",82.64,3713827]
[3713904,"Barreira simples de concreto, armada, pré-moldada (perfil New Jersey) - L > 3,00 m e H = 1.070 mm","m",261,3713904]
[3719529,"Barreira simples de concreto, armada, pré-moldada (perfil New Jersey) - L > 3,00 m e H = 810 mm","m",190.52,3719529]
[3713878,"Barreira simples de concreto, não armada, moldada no local (perfil F) - H = 810 + 100 mm","m",64.67,3713878]
[3713617,"Barreira simples de concreto, não armada, moldada no local (perfil New Jersey) - H = 810 + 100 mm","m",64.88,3713617]
[3713879,"Barreira simples de concreto, não armada, moldada no local, com extrusora (perfil F) - H = 810 + 100 mm","m",75.68,3713879]
[3713826,"Barreira simples de concreto, não armada, moldada no local, com extrusora (perfil New Jersey) - H = 810 + 100 mm","m",72.33,3713826]
[3713610,"Cerca com 4 fios de arame farpado e mourão de concreto de seção quadrada de 11 cm a cada 2,5 m e esticador de 15 cm a cada 50 m - areia e brita comerciais","m",32.42,3713610]
[3713609,"Cerca com 4 fios de arame farpado e mourão de concreto de seção quadrada de 11 cm a cada 2,5 m e esticador de 15 cm a cada 50 m - areia extraída e brita produzida","m",31.1,3713609]
[3713612,"Cerca com 4 fios de arame farpado e mourão de concreto de seção triangular de 11 cm a cada 2,5 m e esticador de 15 cm a cada 50 m - areia e brita comerciais","m",26.7,3713612]
[3713611,"Cerca com 4 fios de arame farpado e mourão de concreto de seção triangular de 11 cm a cada 2,5 m e esticador de 15 cm a cada 50 m - areia extraída e brita produzida","m",26.13,3713611]
[3713608,"Cerca com 4 fios de arame farpado e mourão de madeira a cada 2,5 m e esticador a cada 50 m","m",22.1,3713608]
[3713613,"Cerca com 4 fios de arame liso galvanizado e mourão de madeira a cada 2,5 m e esticador a cada 50 m","m",20.19,3713613]
[3713822,"Confecção de barreira dupla de concreto, armada, pré-moldada (perfil New Jersey) - L > 3,00 m e H = 1.070 mm","m",295.29,3713822]
[3713824,"Confecção de barreira dupla de concreto, armada, pré-moldada (perfil New Jersey) - L > 3,00 m e H = 810 mm","m",218.85,3713824]
[3713825,"Confecção de barreira simples de concreto, armada, pré-moldada (perfil New Jersey) - L > 3,00 m e H = 1.070 mm","m",254.56,3713825]
[3713823,"Confecção de barreira simples de concreto, armada, pré-moldada (perfil New Jersey) - L > 3,00 m e H = 810 mm","m",184.08,3713823]
[3713602,"Defensa maleável dupla - fornecimento e implantação","m",939.65,3713602]
[3713600,"Defensa maleável simples - fornecimento e implantação","m",757.39,3713600]
[3713606,"Defensa semimaleável dupla - fornecimento e implantação","m",690.38,3713606]
[3713604,"Defensa semimaleável simples - fornecimento e implantação","m",496.5,3713604]
[3716129,"Fabricação de mourão de concreto esticador - seção quadrada de 15 cm - areia e brita comerciais","un",47.72,3716129]
[3716128,"Fabricação de mourão de concreto esticador - seção quadrada de 15 cm - areia extraída e brita produzida","un",42.11,3716128]
[3716133,"Fabricação de mourão de concreto esticador - seção triangular de 15 cm - areia e brita comercias","un",28.35,3716133]
[3716132,"Fabricação de mourão de concreto esticador - seção triangular de 15 cm - areia extraída e brita produzida","un",25.92,3716132]
[3716131,"Fabricação de mourão de concreto suporte - seção quadrada de 11 cm - areia e brita comerciais","un",31.19,3716131]
[3716130,"Fabricação de mourão de concreto suporte - seção quadrada de 11 cm - areia extraída e brita produzida","un",28.31,3716130]
[3716135,"Fabricação de mourão de concreto suporte - seção triangular de 11 cm - areia e brita comerciais","un",19.69,3716135]
[3716134,"Fabricação de mourão de concreto suporte - seção triangular de 11 cm - areia extraída e brita produzida","un",18.44,3716134]
[3713698,"Fornecimento e implantação de amortecedor retrátil (v <= 100 km/h) tipo TAU II afunilado - fixado em barreira de concreto, com largura de âncora traseira de 1.830 mm","un",369131.7,3713698]
[3713699,"Fornecimento e implantação de amortecedor retrátil (v <= 100 km/h) tipo TAU II afunilado - fixado em barreira de concreto, com largura de âncora traseira de 1.980 mm","un",374318.9,3713699]
[3713700,"Fornecimento e implantação de amortecedor retrátil (v <= 100 km/h) tipo TAU II afunilado - fixado em barreira de concreto, com largura de âncora traseira de 2.130 mm","un",382428.63,3713700]
[3713701,"Fornecimento e implantação de amortecedor retrátil (v <= 100 km/h) tipo TAU II afunilado - fixado em barreira de concreto, com largura de âncora traseira de 2.290 mm","un",395025.17,3713701]
[3713702,"Fornecimento e implantação de amortecedor retrátil (v <= 100 km/h) tipo TAU II afunilado - fixado em barreira de concreto, com largura de âncora traseira de 2.440 mm","un",403395.96,3713702]
[3713693,"Fornecimento e implantação de amortecedor retrátil (v <= 100 km/h) tipo TAU II combinado - fixado em barreira de concreto, com largura de âncora traseira de 1.060 mm","un",319875.01,3713693]
[3713694,"Fornecimento e implantação de amortecedor retrátil (v <= 100 km/h) tipo TAU II combinado - fixado em barreira de concreto, com largura de âncora traseira de 1.220 mm","un",333828.42,3713694]
[3713695,"Fornecimento e implantação de amortecedor retrátil (v <= 100 km/h) tipo TAU II combinado - fixado em barreira de concreto, com largura de âncora traseira de 1.370 mm","un",351418.35,3713695]
[3713696,"Fornecimento e implantação de amortecedor retrátil (v <= 100 km/h) tipo TAU II combinado - fixado em barreira de concreto, com largura de âncora traseira de 1.520 mm","un",364988.63,3713696]
[3713697,"Fornecimento e implantação de amortecedor retrátil (v <= 100 km/h) tipo TAU II combinado - fixado em barreira de concreto, com largura de âncora traseira de 1.680 mm","un",342106.91,3713697]
[3713692,"Fornecimento e implantação de amortecedor retrátil (v <= 100 km/h) tipo TAU II combinado - fixado em barreira de concreto, com largura de âncora traseira de 900 mm","un",280615.85,3713692]
[3713691,"Fornecimento e implantação de amortecedor retrátil (v <= 100 km/h) tipo TAU II paralelo - fixado em barreira de concreto, com largura de âncora traseira de até 700 mm","un",236640.7,3713691]
[3713873,"Módulo de transição de defensa metálica para barreira rígida - fornecimento e implantação","un",6809.67,3713873]
[3713705,"Remoção de defensa metálica","m",22.46,3713705]
[3713902,"Terminal absorvedor de energia de abertura com nível de contenção TL3 para defensa metálica - fornecimento e implantação","un",46187.95,3713902]
[3713903,"Terminal absorvedor de energia de não abertura com nível de contenção TL3 para defensa metálica - fornecimento e implantação","un",62543.87,3713903]
[3713689,"Terminal aéreo de defensa metálica - tipo A - fornecimento e implantação","un",426.17,3713689]
[3713690,"Terminal de ancoragem de defensa metálica em barreira New Jersey - fornecimento e implantação","un",566.37,3713690]
[3713897,"Terminal de ancoragem para barreira dupla de concreto, moldada no local (perfil F) - H = 810 + 250 mm","m",278.78,3713897]
[3713893,"Terminal de ancoragem para barreira dupla de concreto, moldada no local (perfil New Jersey) - H = 810 + 250 mm","m",282.51,3713893]
[3713898,"Terminal de ancoragem para barreira dupla de concreto, moldada no local, com extrusora (perfil F) - H = 810 + 250 mm","m",293.08,3713898]
[3713894,"Terminal de ancoragem para barreira dupla de concreto, moldada no local, com extrusora (perfil New Jersey) - H = 810 + 250 mm","m",294.54,3713894]
[3713895,"Terminal de ancoragem para barreira simples de concreto, moldada no local (perfil F) - H = 810 + 250 mm","m",259.55,3713895]
[3713891,"Terminal de ancoragem para barreira simples de concreto, moldada no local (perfil New Jersey) - H = 810 + 250 mm","m",258.4,3713891]
[3713896,"Terminal de ancoragem para barreira simples de concreto, moldada no local, com extrusora (perfil F) - H = 810 + 250 mm","m",268.06,3713896]
[3713892,"Terminal de ancoragem para barreira simples de concreto, moldada no local, com extrusora (perfil New Jersey) - H = 810 + 250 mm","m",263.4,{"$f":"A4228*1","v":3713892}]
[3806412,"Abertura de janela em estrutura de concreto existente para inspeção com espessura até 0,20 m e seção 0,49 m²","un",60.33,3806412]
[3806413,"Apicoamento mecanizado de concreto","m²",21.27,3806413]
[3807863,"Chumbador de expansão controlada por torque para concreto D = 12,5 mm - fornecimento e instalação","un",12.19,3807863]
[3807864,"Chumbador de expansão controlada por torque para concreto D = 16 mm - fornecimento e instalação","un",18.51,3807864]
[3807865,"Chumbador de expansão controlada por torque para concreto D = 20 mm - fornecimento e instalação","un",28.04,3807865]
[3807861,"Chumbador de expansão controlada por torque para concreto D = 6,3 mm - fornecimento e instalação","un",3.39,3807861]
[3807862,"Chumbador de expansão controlada por torque para concreto D = 8 mm - fornecimento e instalação","un",4.45,3807862]
[3807752,"Corte linear em superfície de concreto para fixação de barras de aço de 10 mm - L = 12 mm e H = 12 mm","m",8.35,3807752]
[3807753,"Corte linear em superfície de concreto para fixação de barras de aço de 12,5 mm - L = 15 mm e H = 15 mm","m",12.01,3807753]
[3807750,"Corte linear em superfície de concreto para fixação de barras de aço de 6,3 mm - L = 8 mm e H = 8 mm","m",4.9,3807750]
[3807751,"Corte linear em superfície de concreto para fixação de barras de aço de 8 mm - L = 10 mm e H = 10 mm","m",6.41,3807751]
[3806415,"Demolição controlada de concreto com martelete","m³",618.29,3806415]
[3806416,"Elevação de estruturas até 496 kN para substituição de aparelho de apoio com a utilização de macaco hidráulico","un",71.21,3806416]
[3806419,"Elevação de estruturas de 1.390 a 1.859 kN para substituição de aparelho de apoio com a utilização de macaco hidráulico","un",96.63,3806419]
[3806417,"Elevação de estruturas de 496 a 929 kN para substituição de aparelho de apoio com a utilização de macaco hidráulico","un",79.97,3806417]
[3806418,"Elevação de estruturas de 929 a 1.390 kN para substituição de aparelho de apoio com a utilização de macaco hidráulico","un",95.33,3806418]
[3808207,"Escada tubular multidirecional em aço galvanizado - utilização de 100 vezes - fornecimento, instalação e retirada","m",178.31,3808207]
[3806400,"Fabricação de superestrutura metálica para passarela PL-15 - exceto piso de concreto","un",168112.26,3806400]
[3806399,"Fabricação de superestrutura metálica para passarela PL-20 - exceto piso de concreto","un",239038.87,3806399]
[3806387,"Fabricação de superestrutura metálica para passarela PL-25 - exceto piso de concreto","un",299057.4,3806387]
[3806397,"Fabricação de superestrutura metálica para passarela PL-30 - exceto piso de concreto","un",400921.75,3806397]
[3806396,"Fabricação de superestrutura metálica para passarela PL-35 - exceto piso de concreto","un",461783.68,3806396]
[3816118,"Guarda-corpo de concreto - fabricação - areia e brita comerciais","m",94.27,3816118]
[3816117,"Guarda-corpo de concreto - fabricação - areia extraída e brita produzida","m",87.68,3816117]
[3806386,"Guarda-corpo e corrimão metálico para passarelas para pedestres - fornecimento e instalação","m",715.72,3806386]
[3816196,"Injeção de nata de cimento","m³",1000.77,3816196]
[3806426,"Lançamento de pré-laje com utilização de guindauto","t",58.55,3806426]
[3806401,"Lançamento de superestrutura de passarela metálica de 12 a 24 t com utilização de guindaste","un",14149.91,3806401]
[3806423,"Lançamento de viga pré-moldada de 1.000 a 1.250 kN com utilização de guindaste","un",10067.8,3806423]
[3806421,"Lançamento de viga pré-moldada de 500 a 750 kN com utilização de guindaste","un",4722.11,3806421]
[3806422,"Lançamento de viga pré-moldada de 750 a 1.000 kN com utilização de guindaste","un",9061.04,3806422]
[3806425,"Lançamento de viga pré-moldada de 980 a 1.225 kN com utilização de treliça lançadeira","un",3426.03,3806425]
[3806424,"Lançamento de viga pré-moldada de 980 a 1.225 kN com utilização de treliça lançadeira e carrelone","un",5495.16,3806424]
[3806420,"Lançamento de viga pré-moldada de até 500 kN com utilização de guindaste","un",4131.86,3806420]
[3806405,"Limpeza de aparelhos de apoio em obras de arte especiais - exclusa a plataforma","un",139.01,3806405]
[3806404,"Limpeza de material retido em fundações submersas de obras de arte especiais","m³",118.61,3806404]
[3806406,"Limpeza em junta de dilatação","m",6.03,3806406]
[3806403,"Limpeza em superfície de concreto com jateamento abrasivo com uso de granalhas de aço","m²",8.33,3806403]
[3806402,"Limpeza em superfície de concreto com jateamento d'água sob pressão","m²",2.41,3806402]
[3806407,"Pingadeira de elastômero perfil 40 x 40 mm com aba inclinada e fixada com adesivo estrutural e pinos - fornecimento e instalação - exclusa a plataforma","m",182.91,3806407]
[3808043,"Pintura manual com nata de cimento - 3 demãos","m²",4.16,3808043]
[3806431,"Placa de aço de apoio para protensão externa em reforço de viga de OAE - confecção e instalação","un",6037.38,3806431]
[3806432,"Placa de aço de desvio para protensão externa em reforço de viga de OAE - confecção e instalação","un",3197.09,3806432]
[3806429,"Plataforma de trabalho em aço tubular apoiada no solo - altura de 4 a 6 m - utilização de 100 vezes - fornecimento, instalação e retirada","m³",17,3806429]
[3806430,"Plataforma de trabalho em aço tubular apoiada no solo - altura de 6 a 8 m - utilização de 100 vezes - fornecimento, instalação e retirada","m³",10.6,3806430]
[3806428,"Plataforma de trabalho em aço tubular apoiada no solo - altura de até 4 m - utilização de 100 vezes - fornecimento, instalação e retirada","m³",38.18,3806428]
[3816198,"Plataforma de trabalho em madeira apoiada no solo - altura de 6 a 12 m - utilização de 5 vezes - confecção, instalação e retirada","m³",69.92,3816198]
[3816197,"Plataforma de trabalho em madeira apoiada no solo - altura de até 6 m - utilização de 5 vezes - confecção, instalação e retirada","m³",65.64,3816197]
[3806410,"Plataforma de trabalho suspensa sob tabuleiro de pontes com treliças metálicas e tábuas - utilização de 100 vezes - confecção, instalação e retirada","m²",62.4,3806410]
[3806411,"Plataforma mecanizada de inspeção sob pontes com capacidade de 500 kg e alcance de 15 m","h",626.68,3806411]
[3815644,"Recomposição de dreno em tubo de aço galvanizado D = 100 mm em OAE - fornecimento e instalação","un",111.33,3815644]
[3815643,"Recomposição de dreno em tubo de aço galvanizado D = 80 mm em OAE - fornecimento e instalação","un",91.81,3815643]
[3815706,"Recomposição de guarda-corpo com agregados comerciais - instalação","m",126.44,3815706]
[3815597,"Recomposição de guarda-corpo com agregados produzidos - instalação","m",119.85,3815597]
[3815600,"Recuperação de guarda-corpo metálico em ambiente agressivo","m²",62.48,3815600]
[3815601,"Recuperação de guarda-corpo metálico em ambiente muito agressivo","m²",57.92,3815601]
[3815599,"Recuperação de guarda-corpo metálico em ambiente pouco agressivo","m²",28.56,3815599]
[3806414,"Remoção de concreto com jateamento d'água sob alta pressão","m³",531.67,3806414]
[3806409,"Restauração de berços de apoio para junta de dilatação - fornecimento e instalação","m",59.31,3806409]
[3815602,"Substituição de junta de dilatação e lábios poliméricos - fornecimento e instalação","m",30.25,3815602]
[4011444,"Areia asfalto a quente - faixa A - areia comercial","t",179.69,4011444]
[4011443,"Areia asfalto a quente - faixa A - areia extraída","t",113.36,4011443]
[4011446,"Areia asfalto a quente - faixa B - areia comercial","t",169.76,4011446]
[4011445,"Areia asfalto a quente - faixa B - areia extraída","t",101.98,{"$f":"A4292*1","v":4011445}]
[4011448,"Areia asfalto a quente com asfalto polímero - faixa A - areia comercial","t",172.39,4011448]
[4011447,"Areia asfalto a quente com asfalto polímero - faixa A - areia extraída","t",102.69,4011447]
[4011450,"Areia asfalto a quente com asfalto polímero - faixa B - areia comercial","t",177.98,4011450]
[4011449,"Areia asfalto a quente com asfalto polímero - faixa B - areia extraída","t",109.53,4011449]
[4011452,"Areia asfalto a quente com asfalto polímero - faixa C - areia comercial","t",181.61,4011452]
[4011451,"Areia asfalto a quente com asfalto polímero - faixa C - areia extraída","t",114.05,4011451]
[4011219,"Base de solo estabilizado granulometricamente sem mistura com material de jazida","m³",11.39,4011219]
[4011291,"Base de solo melhorado com 3% de cimento e mistura em usina com material de jazida","m³",59.68,4011291]
[4011287,"Base de solo melhorado com 3% de cimento e mistura na pista com material de jazida","m³",52.72,4011287]
[4011305,"Base de solo-cal com 7% de cal e mistura na pista com material de jazida","m³",85.5,4011305]
[4011313,"Base de solo-cimento com 7% de cimento e mistura em usina com material de jazida","m³",106.68,4011313]
[4011297,"Base de solo-cimento com 7% de cimento e mistura na pista com material de jazida","m³",105.91,4011297]
[4011221,"Base estabilizada granulometricamente com mistura de solos na pista com material de jazida","m³",12.14,4011221]
[4011226,"Base estabilizada granulometricamente com mistura solo areia (70% - 30%) em usina com material de jazida e areia extraída","m³",29.07,4011226]
[4011240,"Base estabilizada granulometricamente com mistura solo brita (70% - 30%) com 3% de cimento em usina com material de jazida e brita comercial","m³",113.67,4011240]
[4011239,"Base estabilizada granulometricamente com mistura solo brita (70% - 30%) com 3% de cimento em usina com material de jazida e brita produzida","m³",85.09,4011239]
[4011268,"Base estabilizada granulometricamente com mistura solo brita (70% - 30%) em usina com material de jazida e brita comercial","m³",75.36,4011268]
[4011267,"Base estabilizada granulometricamente com mistura solo brita (70% - 30%) em usina com material de jazida e brita produzida","m³",45.89,4011267]
[4011256,"Base estabilizada granulometricamente com mistura solo brita (70% - 30%) na pista com material de jazida e brita comercial","m³",62.96,4011256]
[4011255,"Base estabilizada granulometricamente com mistura solo brita (70% - 30%) na pista com material de jazida e brita produzida","m³",33.5,4011255]
[4011276,"Base ou sub-base de brita graduada com brita comercial","m³",189.28,4011276]
[4011275,"Base ou sub-base de brita graduada com brita produzida","m³",104.05,4011275]
[4011549,"Base ou sub-base de brita graduada executada com vibroacabadora - brita comercial","m³",190.87,4011549]
[4011548,"Base ou sub-base de brita graduada executada com vibroacabadora - brita produzida","m³",105.64,4011548]
[4011278,"Base ou sub-base de brita graduada tratada com cimento com brita comercial","m³",234.45,4011278]
[4011277,"Base ou sub-base de brita graduada tratada com cimento com brita produzida","m³",151.13,4011277]
[4011561,"Base ou sub-base de brita graduada tratada com cimento executada com vibroacabadora - brita comercial","m³",236.04,4011561]
[4011560,"Base ou sub-base de brita graduada tratada com cimento executada com vibroacabadora - brita produzida","m³",152.72,4011560]
[4011282,"Base ou sub-base de macadame hidráulico com brita comercial","m³",171.59,4011282]
[4011281,"Base ou sub-base de macadame hidráulico com brita produzida","m³",90.1,4011281]
[4011279,"Base ou sub-base de macadame seco com brita comercial","m³",166.27,4011279]
[4011280,"Base ou sub-base de macadame seco com brita produzida","m³",84.78,4011280]
[4011327,"Base ou sub-base estabilizada granulometricamente com mistura solo escória de aciaria (50%-50%) em usina com material de jazida","m³",35.02,4011327]
[4011325,"Base ou sub-base estabilizada granulometricamente com mistura solo escória de aciaria (50%-50%) na pista com material de jazida","m³",20.85,4011325]
[4011454,"Concreto asfáltico - faixa A - areia e brita comerciais","t",176.31,4011454]
[4011453,"Concreto asfáltico - faixa A - areia extraída e brita produzida","t",123.6,4011453]
[4011455,"Concreto asfáltico - faixa A - massa comercial","t",17.39,4011455]
[4011459,"Concreto asfáltico - faixa B - areia e brita comerciais","t",180.15,4011459]
[4011458,"Concreto asfáltico - faixa B - areia extraída e brita produzida","t",126.3,4011458]
[4011463,"Concreto asfáltico - faixa C - areia e brita comerciais","t",181.47,4011463]
[4011462,"Concreto asfáltico - faixa C - areia extraída e brita produzida","t",124.61,4011462]
[4011464,"Concreto asfáltico - faixa C - massa comercial","t",17.39,4011464]
[4011457,"Concreto asfáltico com asfalto polímero - faixa A - areia e brita comerciais","t",176.94,4011457]
[4011456,"Concreto asfáltico com asfalto polímero - faixa A - areia extraída e brita produzida","t",123.81,4011456]
[4011461,"Concreto asfáltico com asfalto polímero - faixa B - areia e brita comerciais","t",180.64,4011461]
[4011460,"Concreto asfáltico com asfalto polímero - faixa B - areia extraída e brita produzida","t",126.54,4011460]
[4011466,"Concreto asfáltico com asfalto polímero - faixa C - areia e brita comerciais","t",187.81,4011466]
[4011465,"Concreto asfáltico com asfalto polímero - faixa C - areia extraída e brita produzida","t",129.29,4011465]
[4011469,"Concreto asfáltico com borracha - faixa A - brita comercial","t",203.73,4011469]
[4011473,"Concreto asfáltico com borracha - faixa A - brita produzida","t",167.64,4011473]
[4011470,"Concreto asfáltico com borracha - faixa B - brita comercial","t",206.27,4011470]
[4011474,"Concreto asfáltico com borracha - faixa B - brita produzida","t",171.75,4011474]
[4011471,"Concreto asfáltico com borracha - faixa C - brita comercial","t",204.88,4011471]
[4011475,"Concreto asfáltico com borracha - faixa C - brita produzida","t",173.78,4011475]
[4011472,"Concreto asfáltico com borracha - faixa GAP GRADED - brita comercial","t",204.25,4011472]
[4011476,"Concreto asfáltico com borracha - faixa GAP GRADED - brita produzida","t",167.27,4011476]
[4011478,"Concreto asfáltico reciclado em usina com adição de asfalto - brita comercial","t",157.93,4011478]
[4011477,"Concreto asfáltico reciclado em usina com adição de asfalto - brita produzida","t",129.41,4011477]
[4011538,"Cura com pintura asfáltica para pavimento de concreto compactado com rolo","m²",0.15,4011538]
[4016096,"Escavação e carga de material de jazida com escavadeira hidráulica de 1,56 m³","m³",1.42,4016096]
[4016008,"Escavação e carga de material de jazida com trator de 127 kW e carregadeira de 3,4 m³","m³",3.74,4016008]
[4016007,"Escavação e carga de material de jazida com trator de 97 kW e carregadeira de 1,72 m³","m³",4.44,4016007]
[4015612,"Execução de revestimento primário com material de jazida","m³",11.22,4015612]
[4011562,"Geogrelha bidirecional com resistência à tração de 30 kN/m - deformação < 5% - malha de 36 x 34 mm - para reforço de base granular","m²",31.21,{"$f":"A4356*1","v":4011562}]
[4011351,"Imprimação com asfalto diluído","m²",0.35,4011351]
[4011352,"Imprimação com emulsão asfáltica","m²",0.38,4011352]
[4011402,"Lama asfáltica - faixa I - areia e brita comerciais","m²",0.78,4011402]
[4011401,"Lama asfáltica - faixa I - areia extraída e brita produzida","m²",0.55,4011401]
[4011404,"Lama asfáltica - faixa II - areia e brita comerciais","m²",0.55,4011404]
[4011403,"Lama asfáltica - faixa II - areia extraída e brita produzida","m²",0.38,4011403]
[4011406,"Lama asfáltica - faixa III - areia e brita comerciais","m²",1.01,4011406]
[4011405,"Lama asfáltica - faixa III - areia extraída e brita produzida","m²",0.72,4011405]
[4011392,"Macadame betuminoso por penetração - faixa A - brita comercial","m³",202.46,4011392]
[4011391,"Macadame betuminoso por penetração - faixa A - brita produzida","m³",119.12,4011391]
[4011394,"Macadame betuminoso por penetração - faixa B - brita comercial","m³",203.06,4011394]
[4011393,"Macadame betuminoso por penetração - faixa B - brita produzida","m³",119.7,4011393]
[4011396,"Macadame betuminoso por penetração - faixa C - brita comercial","m³",205.43,4011396]
[4011395,"Macadame betuminoso por penetração - faixa C - brita produzida","m³",120.36,4011395]
[4011398,"Macadame betuminoso por penetração - faixa D - brita comercial","m³",205.8,4011398]
[4011397,"Macadame betuminoso por penetração - faixa D - brita produzida","m³",120.63,4011397]
[4011400,"Macadame betuminoso por penetração com asfalto com polímero - faixa A - brita comercial","m³",216.85,4011400]
[4011399,"Macadame betuminoso por penetração com asfalto com polímero - faixa A - brita produzida","m³",137.42,4011399]
[4011490,"Manta sintética para recapeamento asfáltico com geotêxtil RT - 09 - fornecimento e aplicação","m²",5.67,4011490]
[4011536,"Membrana plástica isolante e impermeabilizante com espessura de 0,2 mm - fornecimento e instalação","m²",1.88,4011536]
[4011415,"Micro pré-misturado a quente com asfalto polímero - brita comercial","t",154.55,4011415]
[4011416,"Micro pré-misturado a quente com asfalto polímero - brita produzida","t",126.24,4011416]
[4011408,"Microrrevestimento a frio com emulsão modificada com polímero de 0,8 cm - faixa II - brita comercial","m²",1.97,4011408]
[4011407,"Microrrevestimento a frio com emulsão modificada com polímero de 0,8 cm - faixa II - brita produzida","m²",1.63,4011407]
[4011410,"Microrrevestimento a frio com emulsão modificada com polímero de 1,5 cm - faixa III - brita comercial","m²",3.86,4011410]
[4011409,"Microrrevestimento a frio com emulsão modificada com polímero de 1,5 cm - faixa III - brita produzida","m²",3.19,4011409]
[4011412,"Microrrevestimento a frio com emulsão modificada com polímero de 2,0 cm - faixa III - brita comercial","m²",5.14,4011412]
[4011411,"Microrrevestimento a frio com emulsão modificada com polímero de 2,0 cm - faixa III - brita produzida","m²",4.25,4011411]
[4011520,"Pavimento de concreto com equipamento de pequeno porte - areia e brita comerciais","m³",517.66,4011520]
[4011507,"Pavimento de concreto com equipamento de pequeno porte - areia extraída e brita produzida","m³",401.36,4011507]
[4011535,"Pavimento de concreto com equipamento fôrma-trilho - areia e brita comerciais","m³",400.24,4011535]
[4011534,"Pavimento de concreto com equipamento fôrma-trilho - areia extraída e brita produzida","m³",291.45,4011534]
[4011533,"Pavimento de concreto com fôrmas deslizantes - areia e brita comerciais","m³",405.65,4011533]
[4011532,"Pavimento de concreto com fôrmas deslizantes - areia extraída e brita produzida","m³",296.86,4011532]
[4011492,"Pavimento de concreto compactado com rolo - brita comercial","m³",302.69,4011492]
[4011491,"Pavimento de concreto compactado com rolo - brita produzida","m³",221.08,4011491]
[4011353,"Pintura de ligação","m²",0.27,4011353]
[4011354,"Pintura de ligação - emulsão com polímero","m²",0.27,4011354]
[4011418,"Pré-misturado a frio - faixa A - areia e brita comerciais","m³",299.37,4011418]
[4011417,"Pré-misturado a frio - faixa A - areia extraída e brita produzida","m³",182.46,4011417]
[4011420,"Pré-misturado a frio - faixa B - areia e brita comerciais","m³",299.93,4011420]
[4011419,"Pré-misturado a frio - faixa B - areia extraída e brita produzida","m³",179.42,4011419]
[4011422,"Pré-misturado a frio - faixa C - areia e brita comerciais","m³",313.11,4011422]
[4011421,"Pré-misturado a frio - faixa C - areia extraída e brita produzida","m³",194.03,4011421]
[4011424,"Pré-misturado a frio - faixa D - areia e brita comerciais","m³",313.73,4011424]
[4011423,"Pré-misturado a frio - faixa D - areia extraída e brita produzida","m³",191,4011423]
[4011426,"Pré-misturado a frio com emulsão asfáltica com polímero - faixa A - areia e brita comerciais","m³",299.37,4011426]
[4011425,"Pré-misturado a frio com emulsão asfáltica com polímero - faixa A - areia extraída e brita produzida","m³",182.46,4011425]
[4011428,"Pré-misturado a frio com emulsão asfáltica com polímero - faixa B - areia e brita comerciais","m³",299.93,4011428]
[4011427,"Pré-misturado a frio com emulsão asfáltica com polímero - faixa B - areia extraída e brita produzida","m³",179.42,4011427]
[4011430,"Pré-misturado a frio com emulsão asfáltica com polímero - faixa C - areia e brita comerciais","m³",312.03,4011430]
[4011429,"Pré-misturado a frio com emulsão asfáltica com polímero - faixa C - areia extraída e brita produzida","m³",193.51,4011429]
[4011432,"Pré-misturado a frio com emulsão asfáltica com polímero - faixa D - areia e brita comerciais","m³",312.65,4011432]
[4011431,"Pré-misturado a frio com emulsão asfáltica com polímero - faixa D - areia extraída e brita produzida","m³",190.49,4011431]
[4011434,"Pré-misturado a quente com asfalto polímero - faixa I - camada porosa de atrito - areia e brita comerciais","t",175,4011434]
[4011433,"Pré-misturado a quente com asfalto polímero - faixa I - camada porosa de atrito - areia extraída e brita produzida","t",122.94,4011433]
[4011436,"Pré-misturado a quente com asfalto polímero - faixa II - camada porosa de atrito - areia e brita comerciais","t",167.1,4011436]
[4011435,"Pré-misturado a quente com asfalto polímero - faixa II - camada porosa de atrito - areia extraída e brita produzida","t",113.58,4011435]
[4011438,"Pré-misturado a quente com asfalto polímero - faixa III - camada porosa de atrito - areia e brita comerciais","t",176.92,4011438]
[4011437,"Pré-misturado a quente com asfalto polímero - faixa III - camada porosa de atrito - areia extraída e brita produzida","t",121.32,4011437]
[4011440,"Pré-misturado a quente com asfalto polímero - faixa IV - camada porosa de atrito - areia e brita comerciais","t",176.99,4011440]
[4011439,"Pré-misturado a quente com asfalto polímero - faixa IV - camada porosa de atrito - areia extraída e brita produzida","t",127.25,4011439]
[4011442,"Pré-misturado a quente com asfalto polímero - faixa V - camada porosa de atrito - areia e brita comerciais","t",176.85,4011442]
[4011441,"Pré-misturado a quente com asfalto polímero - faixa V - camada porosa de atrito - areia extraída e brita produzida","t",126.86,{"$f":"A4420*1","v":4011441}]
[4011482,"Reciclagem com adição de 3% de cimento e incorporação do revestimento asfáltico à base","m³",69.43,4011482]
[4011484,"Reciclagem com adição de brita comercial e incorporação do revestimento asfáltico à base","m³",64.14,4011484]
[4011483,"Reciclagem com adição de brita produzida e incorporação do revestimento asfáltico à base","m³",46.29,4011483]
[4011488,"Reciclagem com espuma asfáltica e incorporação do revestimento asfáltico à base com adição de cimento","m³",50.34,4011488]
[4011487,"Reciclagem com espuma asfáltica e incorporação do revestimento asfáltico à base com adição de pó de pedra comercial e cimento","m³",71.43,4011487]
[4011486,"Reciclagem com incorporação do revestimento asfáltico à base com adição de 3% de cimento e de brita comercial","m³",104.22,4011486]
[4011485,"Reciclagem com incorporação do revestimento asfáltico à base com adição de 3% de cimento e de brita produzida","m³",86.37,4011485]
[4011489,"Reciclagem de revestimento asfáltico em usina com adição de espuma asfáltica, pó de pedra comercial e cimento","m³",122.74,4011489]
[4011481,"Reciclagem simples com incorporação do revestimento asfáltico à base","m³",29.36,4011481]
[4011347,"Reestabilização de camada de base com adição de 3% de cimento","m³",58.14,4011347]
[4011342,"Reestabilização de camada de base com adição de 30% de brita comercial","m³",75.72,4011342]
[4011344,"Reestabilização de camada de base com adição de 30% de brita produzida","m³",46.27,4011344]
[4011341,"Reestabilização de camada de base com adição de 30% de material fresado retirado da pista","m³",11.44,4011341]
[4011346,"Reestabilização de camada de base sem adição de material","m³",7.92,4011346]
[4011211,"Reforço do subleito com material de jazida","m³",10.72,4011211]
[4011304,"Reforço do subleito de solo melhorado com 4% de cal e mistura na pista com material de jazida","m³",54.12,4011304]
[4011209,"Regularização do subleito","m²",1.06,4011209]
[4011210,"Regularização do subleito com fresagem corte e controle automático de greide","m²",1.11,4011210]
[4011537,"Serragem de juntas em pavimento de concreto, limpeza e enchimento com selante a frio","m",18.68,4011537]
[4011218,"Sub-base de concreto adensado por vibração - areia e brita comerciais","m³",395.4,4011218]
[4011217,"Sub-base de concreto adensado por vibração - areia extraída e brita produzida","m³",269.1,4011217]
[4011214,"Sub-base de concreto compactado com rolo - brita comercial","m³",252.89,4011214]
[4011213,"Sub-base de concreto compactado com rolo - brita produzida","m³",167.58,4011213]
[4011227,"Sub-base de solo estabilizado granulometricamente sem mistura com material de jazida","m³",10.72,4011227]
[4011302,"Sub-base de solo melhorado com 3% de cimento e mistura em usina com material de jazida","m³",59.35,4011302]
[4011300,"Sub-base de solo melhorado com 3% de cimento e mistura na pista com material de jazida","m³",52.4,4011300]
[4011306,"Sub-base de solo-cal com 7% de cal e mistura na pista com material de jazida","m³",85.17,4011306]
[4011303,"Sub-base de solo-cimento com 7% de cimento e mistura em usina com material de jazida","m³",106.35,4011303]
[4011301,"Sub-base de solo-cimento com 7% de cimento e mistura na pista com material de jazida","m³",105.58,4011301]
[4011228,"Sub-base estabilizada granulometricamente com mistura de solos na pista com material de jazida","m³",11.81,4011228]
[4011229,"Sub-base estabilizada granulometricamente com mistura solo areia (70% - 30%) em usina com material de jazida e areia extraída","m³",28.74,4011229]
[4011231,"Sub-base estabilizada granulometricamente com mistura solo brita (70% - 30%) com 3% de cimento em usina com material de jazida e brita comercial","m³",113.34,4011231]
[4011230,"Sub-base estabilizada granulometricamente com mistura solo brita (70% - 30%) com 3% de cimento em usina com material de jazida e brita produzida","m³",84.76,4011230]
[4011235,"Sub-base estabilizada granulometricamente com mistura solo brita (70% - 30%) em usina com material de jazida e brita comercial","m³",75.03,4011235]
[4011234,"Sub-base estabilizada granulometricamente com mistura solo brita (70% - 30%) em usina com material de jazida e brita produzida","m³",45.56,4011234]
[4011233,"Sub-base estabilizada granulometricamente com mistura solo brita (70% - 30%) na pista com material de jazida e brita comercial","m³",62.63,4011233]
[4011232,"Sub-base estabilizada granulometricamente com mistura solo brita (70% - 30%) na pista com material de jazida e brita produzida","m³",33.17,4011232]
[4011372,"Tratamento superficial duplo com banho diluído - brita comercial","m²",5.42,4011372]
[4011371,"Tratamento superficial duplo com banho diluído - brita produzida","m²",3.82,4011371]
[4011378,"Tratamento superficial duplo com banho diluído com emulsão com polímero - brita comercial","m²",5.42,4011378]
[4011377,"Tratamento superficial duplo com banho diluído com emulsão com polímero - brita produzida","m²",3.82,4011377]
[4011368,"Tratamento superficial duplo com CAP - brita comercial","m²",4.33,4011368]
[4011367,"Tratamento superficial duplo com CAP - brita produzida","m²",2.72,4011367]
[4011374,"Tratamento superficial duplo com CAP com polímero - brita comercial","m²",4.33,4011374]
[4011373,"Tratamento superficial duplo com CAP com polímero - brita produzida","m²",2.72,4011373]
[4011370,"Tratamento superficial duplo com emulsão - brita comercial","m²",4.92,4011370]
[4011369,"Tratamento superficial duplo com emulsão - brita produzida","m²",3.32,4011369]
[4011376,"Tratamento superficial duplo com emulsão com polímero - brita comercial","m²",4.92,4011376]
[4011375,"Tratamento superficial duplo com emulsão com polímero - brita produzida","m²",3.32,4011375]
[4011360,"Tratamento superficial simples com banho diluído - brita comercial","m²",1.88,4011360]
[4011359,"Tratamento superficial simples com banho diluído - brita produzida","m²",1.39,4011359]
[4011366,"Tratamento superficial simples com banho diluído com emulsão com polímero - brita comercial","m²",1.88,4011366]
[4011365,"Tratamento superficial simples com banho diluído com emulsão com polímero - brita produzida","m²",1.39,4011365]
[4011356,"Tratamento superficial simples com CAP - brita comercial","m²",1.43,4011356]
[4011355,"Tratamento superficial simples com CAP - brita produzida","m²",0.94,4011355]
[4011362,"Tratamento superficial simples com CAP com polímero - brita comercial","m²",1.43,4011362]
[4011361,"Tratamento superficial simples com CAP com polímero - brita produzida","m²",0.94,4011361]
[4011358,"Tratamento superficial simples com emulsão - brita comercial","m²",1.66,4011358]
[4011357,"Tratamento superficial simples com emulsão - brita produzida","m²",1.18,4011357]
[4011364,"Tratamento superficial simples com emulsão com polímero - brita comercial","m²",1.66,4011364]
[4011363,"Tratamento superficial simples com emulsão com polímero - brita produzida","m²",1.18,4011363]
[4011384,"Tratamento superficial triplo com banho diluído - brita comercial","m²",5.86,4011384]
[4011383,"Tratamento superficial triplo com banho diluído - brita produzida","m²",4.17,4011383]
[4011390,"Tratamento superficial triplo com banho diluído - emulsão com polímero - brita comercial","m²",5.86,{"$f":"A4484*1","v":4011390}]
[4011389,"Tratamento superficial triplo com banho diluído - emulsão com polímero - brita produzida","m²",4.17,4011389]
[4011380,"Tratamento superficial triplo com CAP - brita comercial","m²",4.77,4011380]
[4011379,"Tratamento superficial triplo com CAP - brita produzida","m²",3.08,4011379]
[4011386,"Tratamento superficial triplo com CAP com polímero - brita comercial","m²",4.77,4011386]
[4011385,"Tratamento superficial triplo com CAP com polímero - brita produzida","m²",3.08,4011385]
[4011382,"Tratamento superficial triplo com emulsão - brita comercial","m²",5.36,4011382]
[4011381,"Tratamento superficial triplo com emulsão - brita produzida","m²",3.67,4011381]
[4011388,"Tratamento superficial triplo com emulsão com polímero - brita comercial","m²",5.36,4011388]
[4011387,"Tratamento superficial triplo com emulsão com polímero - brita produzida","m²",3.67,4011387]
[4011212,"Varredura da superfície para execução de revestimento asfáltico","m²",0.06,4011212]
[4208197,"Ancoragem fixa para estais de 12 cordoalhas D = 15,7 mm - inclusive injeção de cera","un",13882.58,4208197]
[4208158,"Ancoragem fixa para estais de 19 cordoalhas D = 15,7 mm - inclusive injeção de cera","un",19009.87,4208158]
[4208198,"Ancoragem fixa para estais de 22 cordoalhas D = 15,7 mm - inclusive injeção de cera","un",20240.42,4208198]
[4208159,"Ancoragem fixa para estais de 31 cordoalhas D = 15,7 mm - inclusive injeção de cera","un",30668.47,4208159]
[4208160,"Ancoragem fixa para estais de 37 cordoalhas D = 15,7 mm - inclusive injeção de cera","un",36486.65,4208160]
[4208199,"Ancoragem fixa para estais de 43 cordoalhas D = 15,7 mm - inclusive injeção de cera","un",42333.33,4208199]
[4208161,"Ancoragem fixa para estais de 55 cordoalhas D = 15,7 mm - inclusive injeção de cera","un",53859.65,4208161]
[4208162,"Ancoragem fixa para estais de 61 cordoalhas D = 15,7 mm - inclusive injeção de cera","un",60017.03,4208162]
[4208163,"Ancoragem fixa para estais de 73 cordoalhas D = 15,7 mm - inclusive injeção de cera","un",76158.32,4208163]
[4208200,"Ancoragem fixa para estais de 85 cordoalhas D = 15,7 mm - inclusive injeção de cera","un",82922.52,4208200]
[4208164,"Ancoragem fixa para estais de 91 cordoalhas D = 15,7 mm - inclusive injeção de cera","un",100394.06,4208164]
[4208201,"Ancoragem regulável para estais de 12 cordoalhas D = 15,7 mm - inclusive protensão, injeção de cera e regulagem final","un",19103.08,4208201]
[4208151,"Ancoragem regulável para estais de 19 cordoalhas D = 15,7 mm - inclusive protensão, injeção de cera e regulagem final","un",26853.78,4208151]
[4208202,"Ancoragem regulável para estais de 22 cordoalhas D = 15,7 mm - inclusive protensão, injeção de cera e regulagem final","un",30548.05,4208202]
[4208152,"Ancoragem regulável para estais de 31 cordoalhas D = 15,7 mm - inclusive protensão, injeção de cera e regulagem final","un",43063.94,4208152]
[4208153,"Ancoragem regulável para estais de 37 cordoalhas D = 15,7 mm - inclusive protensão, injeção de cera e regulagem final","un",51176.84,4208153]
[4208203,"Ancoragem regulável para estais de 43 cordoalhas D = 15,7 mm - inclusive protensão, injeção de cera e regulagem final","un",59418.28,4208203]
[4208154,"Ancoragem regulável para estais de 55 cordoalhas D = 15,7 mm - inclusive protensão, injeção de cera e regulagem final","un",75338.19,4208154]
[4208155,"Ancoragem regulável para estais de 61 cordoalhas D = 15,7 mm - inclusive protensão, injeção de cera e regulagem final","un",85023.81,4208155]
[4208156,"Ancoragem regulável para estais de 73 cordoalhas D = 15,7 mm - inclusive protensão, injeção de cera e regulagem final","un",103242.64,4208156]
[4208204,"Ancoragem regulável para estais de 85 cordoalhas D = 15,7 mm - inclusive protensão, injeção de cera e regulagem final","un",116700.52,4208204]
[4208157,"Ancoragem regulável para estais de 91 cordoalhas D = 15,7 mm - inclusive protensão, injeção de cera e regulagem final","un",136817.77,4208157]
[4208127,"Cordoalha para estais CP 177 RB D = 15,7 mm - fornecimento, preparo e colocação","kg",28.13,4208127]
[4208196,"Elevador de cremalheira - ascensão e ancoragem da torre a partir de 16 m com cada elevação de até 9 m - utilização de 50 vezes - inclusive desmontagem","un",2416.87,4208196]
[4208209,"Elevador de cremalheira - montagem e desmontagem até a altura de 16 m - exceto fundações","un",10322.38,4208209]
[4208206,"Elevador de cremalheira com cabine simples, com capacidade de 1.500 kg e altura de até 100 m - operação","h",113.9,4208206]
[4208210,"Grua fixa - montagem e desmontagem até a altura de 60 m - exceto fundações","un",23314.42,4208210]
[4208195,"Grua fixa - telescopagem e ancoragem da torre a partir de 60 m com cada elevação de até 18 m - inclusive desmontagem","un",12288.96,4208195]
[4208208,"Grua fixa com altura de 60 a 102 m, com alcance de 60 m e capacidade de 1.500 kg na ponta da lança - operação","h",531.91,4208208]
[4208135,"Tubo antivandalismo em aço galvanizado para estais de 12 cordoalhas D = 15,7 mm - fornecimento e instalação","m",11293.62,4208135]
[4208136,"Tubo antivandalismo em aço galvanizado para estais de 19 cordoalhas D = 15,7 mm - fornecimento e instalação","m",13380.11,4208136]
[4208137,"Tubo antivandalismo em aço galvanizado para estais de 22 cordoalhas D = 15,7 mm - fornecimento e instalação","m",15627.68,4208137]
[4208138,"Tubo antivandalismo em aço galvanizado para estais de 31 cordoalhas D = 15,7 mm - fornecimento e instalação","m",19566.49,4208138]
[4208139,"Tubo antivandalismo em aço galvanizado para estais de 37 cordoalhas D = 15,7 mm - fornecimento e instalação","m",22569.12,4208139]
[4208140,"Tubo antivandalismo em aço galvanizado para estais de 43 cordoalhas D = 15,7 mm - fornecimento e instalação","m",29501.94,4208140]
[4208141,"Tubo antivandalismo em aço galvanizado para estais de 55 cordoalhas D = 15,7 mm - fornecimento e instalação","m",33261.64,4208141]
[4208212,"Tubo antivandalismo em aço galvanizado para estais de 61 cordoalhas D = 15,7 mm - fornecimento e instalação","m",38129.44,4208212]
[4208213,"Tubo antivandalismo em aço galvanizado para estais de 73 cordoalhas D = 15,7 mm - fornecimento e instalação","m",48362,4208213]
[4208214,"Tubo antivandalismo em aço galvanizado para estais de 85 cordoalhas D = 15,7 mm - fornecimento e instalação","m",56302.25,4208214]
[4208215,"Tubo antivandalismo em aço galvanizado para estais de 91 cordoalhas D = 15,7 mm - fornecimento e instalação","m",74620.1,4208215]
[4208216,"Tubo fôrma lado fixo em aço galvanizado para estais de 12 cordoalhas D = 15,7 mm - fornecimento e instalação","m",10550.51,4208216]
[4208217,"Tubo fôrma lado fixo em aço galvanizado para estais de 19 cordoalhas D = 15,7 mm - fornecimento e instalação","m",12438.49,4208217]
[4208218,"Tubo fôrma lado fixo em aço galvanizado para estais de 22 cordoalhas D = 15,7 mm - fornecimento e instalação","m",15255.71,4208218]
[4208219,"Tubo fôrma lado fixo em aço galvanizado para estais de 31 cordoalhas D = 15,7 mm - fornecimento e instalação","m",18826.24,4208219]
[4208220,"Tubo fôrma lado fixo em aço galvanizado para estais de 37 cordoalhas D = 15,7 mm - fornecimento e instalação","m",22026.41,4208220]
[4208221,"Tubo fôrma lado fixo em aço galvanizado para estais de 43 cordoalhas D = 15,7 mm - fornecimento e instalação","m",28978.28,4208221]
[4208222,"Tubo fôrma lado fixo em aço galvanizado para estais de 55 cordoalhas D = 15,7 mm - fornecimento e instalação","m",32365.86,4208222]
[4208223,"Tubo fôrma lado fixo em aço galvanizado para estais de 61 cordoalhas D = 15,7 mm - fornecimento e instalação","m",37421.64,4208223]
[4208224,"Tubo fôrma lado fixo em aço galvanizado para estais de 73 cordoalhas D = 15,7 mm - fornecimento e instalação","m",47579.38,4208224]
[4208225,"Tubo fôrma lado fixo em aço galvanizado para estais de 85 cordoalhas D = 15,7 mm - fornecimento e instalação","m",55630.59,4208225]
[4208226,"Tubo fôrma lado fixo em aço galvanizado para estais de 91 cordoalhas D = 15,7 mm - fornecimento e instalação","m",73684,4208226]
[4208227,"Tubo fôrma lado regulável em aço galvanizado para estais de 12 cordoalhas D = 15,7 mm - fornecimento e instalação","m",10531.75,4208227]
[4208228,"Tubo fôrma lado regulável em aço galvanizado para estais de 19 cordoalhas D = 15,7 mm - fornecimento e instalação","m",12438.57,4208228]
[4208229,"Tubo fôrma lado regulável em aço galvanizado para estais de 22 cordoalhas D = 15,7 mm - fornecimento e instalação","m",15255.74,{"$f":"A4548*1","v":4208229}]
[4208230,"Tubo fôrma lado regulável em aço galvanizado para estais de 31 cordoalhas D = 15,7 mm - fornecimento e instalação","m",18826.41,4208230]
[4208231,"Tubo fôrma lado regulável em aço galvanizado para estais de 37 cordoalhas D = 15,7 mm - fornecimento e instalação","m",22026.47,4208231]
[4208232,"Tubo fôrma lado regulável em aço galvanizado para estais de 43 cordoalhas D = 15,7 mm - fornecimento e instalação","m",28978.36,4208232]
[4208233,"Tubo fôrma lado regulável em aço galvanizado para estais de 55 cordoalhas D = 15,7 mm - fornecimento e instalação","m",32366.08,4208233]
[4208234,"Tubo fôrma lado regulável em aço galvanizado para estais de 61 cordoalhas D = 15,7 mm - fornecimento e instalação","m",37421.67,4208234]
[4208235,"Tubo fôrma lado regulável em aço galvanizado para estais de 73 cordoalhas D = 15,7 mm - fornecimento e instalação","m",47579.5,4208235]
[4208236,"Tubo fôrma lado regulável em aço galvanizado para estais de 85 cordoalhas D = 15,7 mm - fornecimento e instalação","m",55529.41,4208236]
[4208237,"Tubo fôrma lado regulável em aço galvanizado para estais de 91 cordoalhas D = 15,7 mm - fornecimento e instalação","m",73711.26,4208237]
[4208128,"Tubo PEAD para estais - D = 110 mm - fornecimento e instalação","m",393,4208128]
[4208129,"Tubo PEAD para estais - D = 140 mm - fornecimento e instalação","m",625.68,4208129]
[4208130,"Tubo PEAD para estais - D = 160 mm - fornecimento e instalação","m",819.23,4208130]
[4208131,"Tubo PEAD para estais - D = 180 mm - fornecimento e instalação","m",1051.37,4208131]
[4208132,"Tubo PEAD para estais - D = 200 mm - fornecimento e instalação","m",1207.29,4208132]
[4208133,"Tubo PEAD para estais - D = 225 mm - fornecimento e instalação","m",1516.31,4208133]
[4208134,"Tubo PEAD para estais - D = 250 mm - fornecimento e instalação","m",1692.48,4208134]
[4208238,"Tubo PEAD para estais - D = 280 mm - fornecimento e instalação","m",1964.07,4208238]
[4208239,"Tubo PEAD para estais - D = 315 mm - fornecimento e instalação","m",2277,4208239]
[4413920,"Adubação de cobertura por equipamento de hidrossemeadura em áreas de semeadura via seca ou de hidrossemeadura","m²",0.61,4413920]
[4413024,"Adubação manual de cobertura em áreas de enleivamento ou de plantio de mudas de gramíneas","m²",0.44,4413024]
[4413022,"Adubação manual de cobertura em áreas de semeadura via seca ou de hidrossemeadura","m²",0.69,4413022]
[4413020,"Barreira arbórea para tratamento acústico das áreas lindeiras da faixa de domínio – densidade de plantio de 1,0 m entre mudas","m",37.6,4413020]
[4413013,"Cerca de passagem de fauna com tela de alambrado sobre mureta de blocos de concreto - H = 20 cm - mourões de madeira a cada 2,5 m e esticador a cada 50 m","m",89.05,4413013]
[4413019,"Cerca viva para tratamento acústico das áreas lindeiras da faixa de domínio – densidade de plantio de 1,0 m entre mudas","m",35.99,4413019]
[4413026,"Dique de bambu para controle de erosão de taludes","m²",236.17,4413026]
[4413996,"Enleivamento","m²",9.65,4413996]
[4413942,"Espalhamento de material em bota-fora","m³",1.57,4413942]
[4413018,"Fixação de tela eletrossoldada em talude para lançamento de argamassa ou concreto projetado","kg",13.58,4413018]
[4413905,"Hidrossemeadura","m²",6.39,4413905]
[4413987,"Irrigação de área plantada para proteção vegetal do corpo estradal","m²",0.32,4413987]
[4413995,"Obtenção de grama para replantio","m²",2.68,4413995]
[4413994,"Passagem aérea de animais com rede de cabos de aço e sisal apoiadas em 6 postes de concreto de 15 m - extensão total de 100 m","m",621.6,4413994]
[4413200,"Plantio de grama comercial em placas","m²",14.84,4413200]
[4413990,"Plantio de muda de arbusto com altura até 0,50 m em cova de 0,40 x 0,40 x 0,40 m","un",35.99,4413990]
[4413989,"Plantio de muda de árvore com altura de 0,30 a 0,80 m em cova de 0,60 x 0,60 x 0,60 m","un",37.6,4413989]
[4413951,"Plantio de muda de árvore frutífera com altura até 1,00 m em cova de 0,60 x 0,60 x 0,60 m","un",67.87,4413951]
[4413950,"Plantio de muda de árvore frutífera com altura de 1,00 a 2,00 m em cova de 0,60 x 0,60 x 0,60 m","un",120.84,4413950]
[4413949,"Plantio de muda de árvore frutífera com altura de 2,00 a 3,00 m em cova de 0,60 x 0,60 x 0,60 m","un",212.66,4413949]
[4413948,"Plantio de muda de árvore ornamental com altura até 1,00 m em cova de 0,60 x 0,60 x 0,60 m","un",56.59,4413948]
[4413947,"Plantio de muda de árvore ornamental com altura de 1,00 a 2,00 m em cova de 0,60 x 0,60 x 0,60 m","un",98.37,4413947]
[4413946,"Plantio de muda de árvore ornamental com altura de 2,00 a 3,00 m em cova de 0,60 x 0,60 x 0,60 m","un",124.43,4413946]
[4413952,"Plantio de tapete de floríferas com altura até 0,50 m","m²",77.72,4413952]
[4413012,"Preenchimento de erosão em talude com terra vegetal e sementes de gramíneas ensacadas","m³",396.72,4413012]
[4413014,"Recuperação ambiental de pedreiras ou áreas degradadas com biomanta vegetal de fibras de coco","m²",16.53,4413014]
[4413016,"Recuperação ambiental de pedreiras ou áreas degradadas com biomanta vegetal de fibras de palha em áreas com inclinação máxima de 1:1,5","m²",10.3,4413016]
[4413984,"Regularização de bota-fora com espalhamento e compactação","m³",3.49,4413984]
[4413986,"Regularização de superfície com motoniveladora","m²",0.06,4413986]
[4413985,"Regularização manual de taludes de cortes e aterros","m²",21.07,4413985]
[4413017,"Retentores de sedimentos em fibras vegetais - D = 20 cm","m",55.06,4413017]
[4415673,"Revestimento vegetal com grama em mudas em superfícies inclinadas","m²",7.68,4415673]
[4415684,"Revestimento vegetal com grama em mudas em superfícies planas","m²",4.36,4415684]
[4413993,"Revestimento vegetal por semeadura a lanço manual de gramíneas e leguminosas","m²",0.64,4413993]
[4507754,"Ancoragem ativa com 10 cordoalhas aderentes D = 12,7 mm - fornecimento e instalação","un",929.92,4507754]
[4507738,"Ancoragem ativa com 10 cordoalhas aderentes D = 15,2 mm - fornecimento e instalação","un",1259.32,4507738]
[4507755,"Ancoragem ativa com 12 cordoalhas aderentes D = 12,7 mm - fornecimento e instalação","un",1165.03,4507755]
[4507756,"Ancoragem ativa com 12 cordoalhas aderentes D = 15,2 mm - fornecimento e instalação","un",1529.61,4507756]
[4507757,"Ancoragem ativa com 15 cordoalhas aderentes D = 12,7 mm - fornecimento e instalação","un",1615.68,4507757]
[4507758,"Ancoragem ativa com 15 cordoalhas aderentes D = 15,2 mm - fornecimento e instalação","un",2004.66,4507758]
[4507759,"Ancoragem ativa com 19 cordoalhas aderentes D = 12,7 mm - fornecimento e instalação","un",2039.62,4507759]
[4507760,"Ancoragem ativa com 19 cordoalhas aderentes D = 15,2 mm - fornecimento e instalação","un",2592.23,4507760]
[4507761,"Ancoragem ativa com 22 cordoalhas aderentes D = 12,7 mm - fornecimento e instalação","un",2630.8,4507761]
[4507762,"Ancoragem ativa com 22 cordoalhas aderentes D = 15,2 mm - fornecimento e instalação","un",3347.01,4507762]
[4507763,"Ancoragem ativa com 27 cordoalhas aderentes D = 12,7 mm - fornecimento e instalação","un",3191.08,4507763]
[4507764,"Ancoragem ativa com 27 cordoalhas aderentes D = 15,2 mm - fornecimento e instalação","un",4359.53,4507764]
[4507765,"Ancoragem ativa com 31 cordoalhas aderentes D = 12,7 mm - fornecimento e instalação","un",3590.47,{"$f":"A4612*1","v":4507765}]
[4508192,"Ancoragem ativa com 31 cordoalhas aderentes D = 15,2 mm - fornecimento e instalação","un",6067.49,4508192]
[4507766,"Ancoragem ativa com 4 cordoalhas aderentes D = 12,7 mm - fornecimento e instalação","un",417.55,4507766]
[4507767,"Ancoragem ativa com 4 cordoalhas aderentes D = 15,2 mm - fornecimento e instalação","un",510.2,4507767]
[4507768,"Ancoragem ativa com 6 cordoalhas aderentes D = 12,7 mm - fornecimento e instalação","un",561.35,4507768]
[4507769,"Ancoragem ativa com 6 cordoalhas aderentes D = 15,2 mm - fornecimento e instalação","un",706.7,4507769]
[4507770,"Ancoragem ativa com 7 cordoalhas aderentes D = 12,7 mm - fornecimento e instalação","un",643.37,4507770]
[4507771,"Ancoragem ativa com 7 cordoalhas aderentes D = 15,2 mm - fornecimento e instalação","un",825.33,4507771]
[4507772,"Ancoragem ativa com 8 cordoalhas aderentes D = 12,7 mm - fornecimento e instalação","un",751.63,4507772]
[4508193,"Ancoragem ativa com 8 cordoalhas aderentes D = 15,2 mm - fornecimento e instalação","un",951.03,4508193]
[4507773,"Ancoragem ativa com 9 cordoalhas aderentes D = 12,7 mm - fornecimento e instalação","un",843.87,4507773]
[4507774,"Ancoragem ativa com 9 cordoalhas aderentes D = 15,2 mm - fornecimento e instalação","un",1126.65,4507774]
[4507775,"Ancoragem ativa para lajes com 1 cordoalha aderente D = 12,7 mm - fornecimento e instalação","un",103.63,4507775]
[4507776,"Ancoragem ativa para lajes com 1 cordoalha aderente D = 15,2 mm - fornecimento e instalação","un",114.13,4507776]
[4507783,"Ancoragem ativa para lajes com 1 cordoalha engraxada D = 12,7 mm - fornecimento e instalação","un",81.29,4507783]
[4507784,"Ancoragem ativa para lajes com 1 cordoalha engraxada D = 15,2 mm - fornecimento e instalação","un",114.38,4507784]
[4507777,"Ancoragem ativa para lajes com 2 cordoalhas aderentes D = 12,7 mm - fornecimento e instalação","un",195.98,4507777]
[4507778,"Ancoragem ativa para lajes com 2 cordoalhas aderentes D = 15,2 mm - fornecimento e instalação","un",243.35,4507778]
[4507779,"Ancoragem ativa para lajes com 3 cordoalhas aderentes D = 12,7 mm - fornecimento e instalação","un",264.68,4507779]
[4507780,"Ancoragem ativa para lajes com 3 cordoalhas aderentes D = 15,2 mm - fornecimento e instalação","un",320.13,4507780]
[4507781,"Ancoragem ativa para lajes com 4 cordoalhas aderentes D = 12,7 mm - fornecimento e instalação","un",335.82,4507781]
[4507782,"Ancoragem ativa para lajes com 4 cordoalhas aderentes D = 15,2 mm - fornecimento e instalação","un",398.56,4507782]
[4507785,"Ancoragem passiva com 10 cordoalhas aderentes D = 12,7 mm - fornecimento e instalação","un",148.3,4507785]
[4508194,"Ancoragem passiva com 10 cordoalhas aderentes D = 15,2 mm - fornecimento e instalação","un",157.99,4508194]
[4507786,"Ancoragem passiva com 12 cordoalhas aderentes D = 12,7 mm - fornecimento e instalação","un",171.88,4507786]
[4507787,"Ancoragem passiva com 12 cordoalhas aderentes D = 15,2 mm - fornecimento e instalação","un",181.64,4507787]
[4507788,"Ancoragem passiva com 15 cordoalhas aderentes D = 12,7 mm - fornecimento e instalação","un",232.88,4507788]
[4507789,"Ancoragem passiva com 15 cordoalhas aderentes D = 15,2 mm - fornecimento e instalação","un",252.83,4507789]
[4507790,"Ancoragem passiva com 19 cordoalhas aderentes D = 12,7 mm - fornecimento e instalação","un",285.35,4507790]
[4507791,"Ancoragem passiva com 19 cordoalhas aderentes D = 15,2 mm - fornecimento e instalação","un",310.67,4507791]
[4507792,"Ancoragem passiva com 22 cordoalhas aderentes D = 12,7 mm - fornecimento e instalação","un",376.67,4507792]
[4507793,"Ancoragem passiva com 22 cordoalhas aderentes D = 15,2 mm - fornecimento e instalação","un",379.45,4507793]
[4507794,"Ancoragem passiva com 27 cordoalhas aderentes D = 12,7 mm - fornecimento e instalação","un",513.47,4507794]
[4507795,"Ancoragem passiva com 27 cordoalhas aderentes D = 15,2 mm - fornecimento e instalação","un",536.19,4507795]
[4507796,"Ancoragem passiva com 31 cordoalhas aderentes D = 12,7 mm - fornecimento e instalação","un",592.57,4507796]
[4508190,"Ancoragem passiva com 31 cordoalhas aderentes D = 15,2 mm - fornecimento e instalação","un",655.85,4508190]
[4507797,"Ancoragem passiva com 4 cordoalhas aderentes D = 12,7 mm - fornecimento e instalação","un",65.96,4507797]
[4507798,"Ancoragem passiva com 4 cordoalhas aderentes D = 15,2 mm - fornecimento e instalação","un",71.22,4507798]
[4507799,"Ancoragem passiva com 6 cordoalhas aderentes D = 12,7 mm - fornecimento e instalação","un",96.08,4507799]
[4507800,"Ancoragem passiva com 6 cordoalhas aderentes D = 15,2 mm - fornecimento e instalação","un",99.83,4507800]
[4507801,"Ancoragem passiva com 7 cordoalhas aderentes D = 12,7 mm - fornecimento e instalação","un",115.24,4507801]
[4507802,"Ancoragem passiva com 7 cordoalhas aderentes D = 15,2 mm - fornecimento e instalação","un",118.99,4507802]
[4507803,"Ancoragem passiva com 8 cordoalhas aderentes D = 12,7 mm - fornecimento e instalação","un",115.65,4507803]
[4508191,"Ancoragem passiva com 8 cordoalhas aderentes D = 15,2 mm - fornecimento e instalação","un",119.4,4508191]
[4507804,"Ancoragem passiva com 9 cordoalhas aderentes D = 12,7 mm - fornecimento e instalação","un",143.33,4507804]
[4507805,"Ancoragem passiva com 9 cordoalhas aderentes D = 15,2 mm - fornecimento e instalação","un",149.31,4507805]
[4507806,"Ancoragem passiva para lajes com 1 cordoalha aderente D = 12,7 mm - fornecimento e instalação","un",27.57,4507806]
[4507807,"Ancoragem passiva para lajes com 1 cordoalha aderente D = 15,2 mm - fornecimento e instalação","un",33.09,4507807]
[4507866,"Ancoragem passiva para lajes com 1 cordoalha engraxada D = 12,7 mm - fornecimento e instalação","un",76.76,4507866]
[4507867,"Ancoragem passiva para lajes com 1 cordoalha engraxada D = 15,2 mm - fornecimento e instalação","un",109.85,4507867]
[4507808,"Ancoragem passiva para lajes com 2 cordoalhas aderentes D = 12,7 mm - fornecimento e instalação","un",31.26,4507808]
[4507809,"Ancoragem passiva para lajes com 2 cordoalhas aderentes D = 15,2 mm - fornecimento e instalação","un",38.69,4507809]
[4507810,"Ancoragem passiva para lajes com 3 cordoalhas aderentes D = 12,7 mm - fornecimento e instalação","un",50.96,4507810]
[4507811,"Ancoragem passiva para lajes com 3 cordoalhas aderentes D = 15,2 mm - fornecimento e instalação","un",51.1,4507811]
[4507812,"Ancoragem passiva para lajes com 4 cordoalhas aderentes D = 12,7 mm - fornecimento e instalação","un",58.67,4507812]
[4507813,"Ancoragem passiva para lajes com 4 cordoalhas aderentes D = 15,2 mm - fornecimento e instalação","un",76.4,4507813]
[4507851,"Bainha metálica ovalizada seção 19 x 36 mm para 1 cordoalha D = 12,7 mm - fornecimento, instalação e injeção de nata de cimento","m",35.1,4507851]
[4507852,"Bainha metálica ovalizada seção 19 x 36 mm para 2 cordoalhas D = 12,7 mm - fornecimento, instalação e injeção de nata de cimento","m",34.97,4507852]
[4507853,"Bainha metálica ovalizada seção 19 x 48 mm para 3 cordoalhas D = 12,7 mm - fornecimento, instalação e injeção de nata de cimento","m",38.1,4507853]
[4507854,"Bainha metálica ovalizada seção 19 x 62 mm para 4 cordoalhas D = 12,7 mm - fornecimento, instalação e injeção de nata de cimento","m",42.14,4507854]
[4507855,"Bainha metálica ovalizada seção 22 x 32 mm para 1 cordoalha D = 15,2 mm - fornecimento, instalação e injeção de nata de cimento","m",33.43,4507855]
[4507856,"Bainha metálica ovalizada seção 22 x 32 mm para 2 cordoalhas D = 15,2 mm - fornecimento, instalação e injeção de nata de cimento","m",33.24,4507856]
[4507857,"Bainha metálica ovalizada seção 22 x 55 mm para 3 cordoalhas D = 15,2 mm - fornecimento, instalação e injeção de nata de cimento","m",40.17,4507857]
[4507858,"Bainha metálica ovalizada seção 22 x 73 mm para 4 cordoalhas D = 15,2 mm - fornecimento, instalação e injeção de nata de cimento","m",45.66,4507858]
[4508177,"Bainha metálica redonda D = 100 mm para 21 cordoalhas D = 15,2 mm - fornecimento, instalação e injeção de nata de cimento","m",86.87,{"$f":"A4676*1","v":4508177}]
[4508178,"Bainha metálica redonda D = 100 mm para 22 cordoalhas D = 15,2 mm - fornecimento, instalação e injeção de nata de cimento","m",86.68,4508178]
[4507821,"Bainha metálica redonda D = 100 mm para 24 cordoalhas D = 15,2 mm - fornecimento, instalação e injeção de nata de cimento","m",86.29,4507821]
[4507822,"Bainha metálica redonda D = 100 mm para 25 cordoalhas D = 15,2 mm - fornecimento, instalação e injeção de nata de cimento","m",86.09,4507822]
[4507823,"Bainha metálica redonda D = 100 mm para 30 cordoalhas D = 12,7 mm - fornecimento, instalação e injeção de nata de cimento","m",86.88,4507823]
[4508188,"Bainha metálica redonda D = 100 mm para 31 cordoalhas D = 12,7 mm - fornecimento, instalação e injeção de nata de cimento","m",86.75,4508188]
[4507824,"Bainha metálica redonda D = 110 mm para 27 cordoalhas D = 15,2 mm - fornecimento, instalação e injeção de nata de cimento","m",96.37,4507824]
[4507825,"Bainha metálica redonda D = 110 mm para 37 cordoalhas D = 12,7 mm - fornecimento, instalação e injeção de nata de cimento","m",96.6,4507825]
[4507826,"Bainha metálica redonda D = 120 mm para 30 cordoalhas D = 15,2 mm - fornecimento, instalação e injeção de nata de cimento","m",103.47,4507826]
[4508179,"Bainha metálica redonda D = 120 mm para 31 cordoalhas D = 15,2 mm - fornecimento, instalação e injeção de nata de cimento","m",103.27,4508179]
[4507827,"Bainha metálica redonda D = 130 mm para 37 cordoalhas D = 15,2 mm - fornecimento, instalação e injeção de nata de cimento","m",109.26,4507827]
[4508180,"Bainha metálica redonda D = 30 mm para 2 cordoalhas D = 12,7 mm - fornecimento, instalação e injeção de nata de cimento","m",32.38,4508180]
[4507739,"Bainha metálica redonda D = 35 mm para 2 cordoalhas D = 15,2 mm - fornecimento, instalação e injeção de nata de cimento","m",34.21,4507739]
[4508181,"Bainha metálica redonda D = 35 mm para 3 cordoalhas D = 12,7 mm - fornecimento, instalação e injeção de nata de cimento","m",34.19,4508181]
[4508125,"Bainha metálica redonda D = 40 mm para 3 cordoalhas D = 15,2 mm - fornecimento, instalação e injeção de nata de cimento","m",37.23,4508125]
[4507828,"Bainha metálica redonda D = 40 mm para 4 cordoalhas D = 12,7 mm - fornecimento, instalação e injeção de nata de cimento","m",37.27,4507828]
[4507829,"Bainha metálica redonda D = 45 mm para 4 cordoalhas D = 15,2 mm - fornecimento, instalação e injeção de nata de cimento","m",40.55,4507829]
[4508182,"Bainha metálica redonda D = 45 mm para 5 cordoalhas D = 12,7 mm - fornecimento, instalação e injeção de nata de cimento","m",40.65,4508182]
[4508092,"Bainha metálica redonda D = 50 mm para 5 cordoalhas D = 15,2 mm - fornecimento, instalação e injeção de nata de cimento","m",43.52,4508092]
[4507830,"Bainha metálica redonda D = 50 mm para 6 cordoalhas D = 12,7 mm - fornecimento, instalação e injeção de nata de cimento","m",43.68,4507830]
[4508183,"Bainha metálica redonda D = 55 mm para 7 cordoalhas D = 12,7 mm - fornecimento, instalação e injeção de nata de cimento","m",52.24,4508183]
[4507831,"Bainha metálica redonda D = 55 mm para 8 cordoalhas D = 12,7 mm - fornecimento, instalação e injeção de nata de cimento","m",47.13,4507831]
[4507832,"Bainha metálica redonda D = 60 mm para 6 cordoalhas D = 15,2 mm - fornecimento, instalação e injeção de nata de cimento","m",52.87,4507832]
[4507833,"Bainha metálica redonda D = 60 mm para 9 cordoalhas D = 12,7 mm - fornecimento, instalação e injeção de nata de cimento","m",52.82,4507833]
[4507834,"Bainha metálica redonda D = 65 mm para 10 cordoalhas D = 12,7 mm - fornecimento, instalação e injeção de nata de cimento","m",55.19,4507834]
[4508184,"Bainha metálica redonda D = 65 mm para 11 cordoalhas D = 12,7 mm - fornecimento, instalação e injeção de nata de cimento","m",55.06,4508184]
[4507835,"Bainha metálica redonda D = 65 mm para 12 cordoalhas D = 12,7 mm - fornecimento, instalação e injeção de nata de cimento","m",54.92,4507835]
[4508174,"Bainha metálica redonda D = 65 mm para 7 cordoalhas D = 15,2 mm - fornecimento, instalação e injeção de nata de cimento","m",55.19,4508174]
[4507836,"Bainha metálica redonda D = 65 mm para 8 cordoalhas D = 15,2 mm - fornecimento, instalação e injeção de nata de cimento","m",54.99,4507836]
[4507837,"Bainha metálica redonda D = 70 mm para 15 cordoalhas D = 12,7 mm - fornecimento, instalação e injeção de nata de cimento","m",59.15,4507837]
[4507838,"Bainha metálica redonda D = 70 mm para 9 cordoalhas D = 15,2 mm - fornecimento, instalação e injeção de nata de cimento","m",59.43,4507838]
[4507839,"Bainha metálica redonda D = 75 mm para 10 cordoalhas D = 15,2 mm - fornecimento, instalação e injeção de nata de cimento","m",61.83,4507839]
[4508175,"Bainha metálica redonda D = 75 mm para 11 cordoalhas D = 15,2 mm - fornecimento, instalação e injeção de nata de cimento","m",61.63,4508175]
[4507840,"Bainha metálica redonda D = 75 mm para 16 cordoalhas D = 12,7 mm - fornecimento, instalação e injeção de nata de cimento","m",61.6,4507840]
[4507841,"Bainha metálica redonda D = 75 mm para 18 cordoalhas D = 12,7 mm - fornecimento, instalação e injeção de nata de cimento","m",61.33,4507841]
[4507842,"Bainha metálica redonda D = 80 mm para 12 cordoalhas D = 15,2 mm - fornecimento, instalação e injeção de nata de cimento","m",66.65,4507842]
[4508185,"Bainha metálica redonda D = 80 mm para 19 cordoalhas D = 12,7 mm - fornecimento, instalação e injeção de nata de cimento","m",66.4,4508185]
[4507843,"Bainha metálica redonda D = 80 mm para 20 cordoalhas D = 12,7 mm - fornecimento, instalação e injeção de nata de cimento","m",66.27,4507843]
[4507844,"Bainha metálica redonda D = 85 mm para 15 cordoalhas D = 15,2 mm - fornecimento, instalação e injeção de nata de cimento","m",70.27,4507844]
[4508186,"Bainha metálica redonda D = 85 mm para 21 cordoalhas D = 12,7 mm - fornecimento, instalação e injeção de nata de cimento","m",70.34,4508186]
[4508187,"Bainha metálica redonda D = 85 mm para 22 cordoalhas D = 12,7 mm - fornecimento, instalação e injeção de nata de cimento","m",70.2,4508187]
[4507845,"Bainha metálica redonda D = 85 mm para 24 cordoalhas D = 12,7 mm - fornecimento, instalação e injeção de nata de cimento","m",69.93,4507845]
[4507846,"Bainha metálica redonda D = 85 mm para 25 cordoalhas D = 12,7 mm - fornecimento, instalação e injeção de nata de cimento","m",69.79,4507846]
[4507847,"Bainha metálica redonda D = 90 mm para 16 cordoalhas D = 15,2 mm - fornecimento, instalação e injeção de nata de cimento","m",79.67,4507847]
[4507848,"Bainha metálica redonda D = 90 mm para 18 cordoalhas D = 15,2 mm - fornecimento, instalação e injeção de nata de cimento","m",79.28,4507848]
[4507849,"Bainha metálica redonda D = 90 mm para 27 cordoalhas D = 12,7 mm - fornecimento, instalação e injeção de nata de cimento","m",79.11,4507849]
[4508176,"Bainha metálica redonda D = 95 mm para 19 cordoalhas D = 15,2 mm - fornecimento, instalação e injeção de nata de cimento","m",84.47,4508176]
[4507850,"Bainha metálica redonda D = 95 mm para 20 cordoalhas D = 15,2 mm - fornecimento, instalação e injeção de nata de cimento","m",84.28,4507850]
[4507956,"Cordoalha CP 190 RB D = 12,7 mm - fornecimento e instalação","kg",13.57,4507956]
[4507957,"Cordoalha CP 190 RB D = 15,2 mm - fornecimento e instalação","kg",13.55,4507957]
[4507958,"Cordoalha engraxada CP 190 RB D = 12,7 mm - fornecimento e instalação","kg",15.79,4507958]
[4507959,"Cordoalha engraxada CP 190 RB D = 15,2 mm - fornecimento e instalação","kg",15.79,4507959]
[4516138,"Gaiola metálica em cantoneira para armazenamento e manipulação de cordoalha - confecção","kg",10.88,4516138]
[4516137,"Nicho de madeira para dispositivo de ancoragem de protensão - confecção e instalação","m²",130.54,4516137]
[4805755,"Apiloamento manual","m³",31.09,4805755]
[4805756,"Apiloamento manual de superfície com espessura de 15 cm","m²",4.66,4805756]
[4816020,"Areia extraída com draga de sucção tipo bomba","m³",10.88,4816020]
[4816019,"Areia extraída com escavadeira hidráulica de longo alcance","m³",7.19,4816019]
[4816018,"Areia extraída com trator e carregadeira","m³",4.45,4816018]
[4816012,"Brita produzida em central de britagem de 80 m³/h","m³",51.66,4816012]
[4815805,"Calandragem de chapa metálica com espessura de 3 mm","m²",12.72,4815805]
[4815802,"Calandragem de chapa metálica com espessura de 5 mm","m²",18.78,4815802]
[4805754,"Compactação manual com soquete vibratório","m³",6.4,4805754]
[4816145,"Confecção de canaleta meia cana D = 0,30 m - areia e brita comerciais","m",25.46,4816145]
[4816144,"Confecção de canaleta meia cana D = 0,30 m - areia extraída e brita produzida","m",23.49,{"$f":"A4740*1","v":4816144}]
[4816147,"Confecção de canaleta meia cana D = 0,40 m - areia e brita comerciais","m",35.33,4816147]
[4816146,"Confecção de canaleta meia cana D = 0,40 m - areia extraída e brita produzida","m",31.79,4816146]
[4816121,"Confecção de tubos de concreto D = 0,20 m - areia e brita comerciais","m",29.56,4816121]
[4816120,"Confecção de tubos de concreto D = 0,20 m - areia extraída e brita produzida","m",26.81,4816120]
[4816123,"Confecção de tubos de concreto D = 0,30 m - areia e brita comerciais","m",39.13,4816123]
[4816122,"Confecção de tubos de concreto D = 0,30 m - areia extraída e brita produzida","m",35.19,4816122]
[4816125,"Confecção de tubos de concreto D = 0,40 m - areia e brita comerciais","m",55.44,4816125]
[4816124,"Confecção de tubos de concreto D = 0,40 m - areia extraída e brita produzida","m",48.34,4816124]
[4816022,"Confecção de tubos de concreto D = 0,50 m - areia e brita comerciais","m",74.12,4816022]
[4816021,"Confecção de tubos de concreto D = 0,50 m - areia extraída e brita produzida","m",63.24,4816021]
[4816106,"Confecção de tubos de concreto perfurado D = 0,20 m - areia e brita comerciais","m",30.6,4816106]
[4816105,"Confecção de tubos de concreto perfurado D = 0,20 m - areia extraída e brita produzida","m",27.84,4816105]
[4816108,"Confecção de tubos de concreto perfurado D = 0,30 m - areia e brita comerciais","m",40.16,4816108]
[4816107,"Confecção de tubos de concreto perfurado D = 0,30 m - areia extraída e brita produzida","m",36.22,4816107]
[4816110,"Confecção de tubos de concreto perfurado D = 0,40 m - areia e brita comerciais","m",56.47,4816110]
[4816109,"Confecção de tubos de concreto perfurado D = 0,40 m - areia extraída e brita produzida","m",49.38,4816109]
[4816100,"Confecção de tubos de concreto poroso D = 0,20 m - areia e brita comerciais","m",30.19,4816100]
[4816099,"Confecção de tubos de concreto poroso D = 0,20 m - areia extraída e brita produzida","m",28.6,4816099]
[4816102,"Confecção de tubos de concreto poroso D = 0,30 m - areia e brita comerciais","m",38.66,4816102]
[4816101,"Confecção de tubos de concreto poroso D = 0,30 m - areia extraída e brita produzida","m",37.31,4816101]
[4816104,"Confecção de tubos de concreto poroso D = 0,40 m - areia e brita comerciais","m",54.7,4816104]
[4816103,"Confecção de tubos de concreto poroso D = 0,40 m - areia extraída e brita produzida","m",50.61,4816103]
[4815804,"Dobramento de chapas de alumínio com espessura de 1,5 mm e comprimento de dobra de até 500 mm","un",0.5,4815804]
[4816002,"Escavação de tunnel liner em material de 3ª categoria","m³",1369.53,4816002]
[4805765,"Escavação de vala em material de 3ª categoria","m³",184.21,4805765]
[4816000,"Escavação manual de tunnel liner em material de 1ª categoria","m³",445.4,4816000]
[4816001,"Escavação manual de tunnel liner em material de 2ª categoria","m³",737.33,4816001]
[4805749,"Escavação manual de vala em material de 1ª categoria","m³",70.22,4805749]
[4805751,"Escavação manual em material de 1ª categoria na profundidade de 1 a 2 m","m³",52.66,4805751]
[4805752,"Escavação manual em material de 1ª categoria na profundidade de 2 a 3 m","m³",63.2,4805752]
[4805753,"Escavação manual em material de 1ª categoria na profundidade de 3 a 4 m","m³",73.73,4805753]
[4805750,"Escavação manual em material de 1ª categoria na profundidade de até 1 m","m³",42.13,4805750]
[4805767,"Escavação manual em material de 2ª categoria na profundidade de 1 a 2 m","m³",72.94,4805767]
[4805769,"Escavação manual em material de 2ª categoria na profundidade de 2 a 3 m","m³",86.83,4805769]
[4805770,"Escavação manual em material de 2ª categoria na profundidade de 3 a 4 m","m³",100.73,4805770]
[4805760,"Escavação manual em material de 2ª categoria na profundidade de até 1 m","m³",59.05,4805760]
[4805757,"Escavação mecânica de vala em material de 1ª categoria","m³",6.54,4805757]
[4805762,"Escavação mecânica de vala em material de 2ª categoria","m³",8.09,4805762]
[4806395,"Fixação de parafuso em estrutura metálica","un",5.17,4806395]
[4816003,"Iluminação provisória para tunnel liner","m",41.52,4816003]
[4816017,"Material pétreo produzido em britador de mandíbulas móvel - camada final de aterro em rocha","m³",20.2,4816017]
[4816023,"Operação de mergulho autônomo em profundidade de até 20 m","h",225.26,4816023]
[4816025,"Operação de mergulho dependente em profundidade de 30 a 50 m - inclusive descompressão","h",413.21,4816025]
[4816024,"Operação de mergulho dependente em profundidade de até 30 m - inclusive descompressão","h",287.18,4816024]
[4816005,"Pedra de mão produzida manualmente","m³",81.37,4816005]
[4800400,"Preparo e regularização de terreno em desnível","m²",4.9,4800400]
[4816016,"Rachão ou pedra de mão produzida","m³",37.68,4816016]
[4800412,"Raspagem e limpeza de terreno plano","m²",4.21,4800412]
[4815671,"Reaterro e compactação com soquete vibratório","m³",16.1,4815671]
[4815803,"Rebordeamento de chapa metálica com espessura de 5 mm","m",7.31,4815803]
[4816011,"Recarga de cilindro com ar respirável para atividades de mergulho","m³",1451.7,4816011]
[4816014,"Rocha para britagem com perfuratriz manual","m³",47.13,4816014]
[4816010,"Rocha para britagem com perfuratriz sobre esteira","m³",33.37,4816010]
[4816015,"Rocha para britagem com perfuratriz sobre esteira - camada final de aterro em rocha","m³",19.74,4816015]
[4816119,"Selo de argila apiloado (solo local)","m³",35.24,4816119]
[4816004,"Ventilação provisória para tunnel liner","m",50.11,4816004]
[4915652,"Bico de adesão para injeção de adesivo estrutural à base de resina epóxi - fornecimento, instalação e retirada","un",7.67,4915652]
[4915651,"Bico de perfuração para injeção de adesivo estrutural à base de resina epóxi - fornecimento, instalação e retirada","un",8.94,4915651]
[4915723,"Caiação manual com fixador de cal","m²",3.13,4915723]
[4915724,"Caiação mecanizada com fixador de cal","m²",1.72,4915724]
[4915637,"Capa selante - areia comercial","m²",0.94,4915637]
[4915779,"Capa selante - areia extraída","m²",0.61,4915779]
[4915638,"Capa selante - brita produzida","m²",0.73,4915638]
[4915636,"Capa selante - pedrisco comercial","m²",0.94,{"$f":"A4804*1","v":4915636}]
[4915744,"Capina manual","m²",0.7,4915744]
[4915700,"Combate à exsudação - areia comercial","m²",1.12,4915700]
[4915590,"Combate à exsudação - areia extraída","m²",0.74,4915590]
[4915591,"Combate à exsudação - brita produzida","m²",0.86,4915591]
[4915701,"Combate à exsudação - pedrisco comercial","m²",1.08,4915701]
[4915703,"Correção de defeitos com mistura betuminosa","m³",99.88,4915703]
[4915705,"Correção de defeitos por fresagem descontínua do revestimento asfáltico - espessura de 5 cm","m³",120.08,4915705]
[4915743,"Corte e limpeza de áreas gramadas","m²",0.08,4915743]
[4915768,"Corte e remoção de árvores","m³",14.43,4915768]
[4915713,"Desobstrução de bueiro","m³",62.18,4915713]
[4915655,"Fresagem contínua de revestimento asfáltico - espessura de 3 cm","m³",85.39,4915655]
[4915656,"Fresagem contínua de revestimento asfáltico - espessura de 4 cm","m³",66.98,4915656]
[4915657,"Fresagem contínua de revestimento asfáltico - espessura de 5 cm","m³",55.85,4915657]
[4915658,"Fresagem contínua de revestimento asfáltico - espessura de 6 cm","m³",48.61,4915658]
[4915659,"Fresagem contínua de revestimento asfáltico - espessura de 7 cm","m³",43.53,4915659]
[4915660,"Fresagem contínua de revestimento asfáltico - espessura de 8 cm","m³",39.9,4915660]
[4915661,"Fresagem descontínua de revestimento asfáltico - espessura de 3 cm","m³",109.75,4915661]
[4915662,"Fresagem descontínua de revestimento asfáltico - espessura de 4 cm","m³",86.53,4915662]
[4915663,"Fresagem descontínua de revestimento asfáltico - espessura de 5 cm","m³",71.47,4915663]
[4915664,"Fresagem descontínua de revestimento asfáltico - espessura de 6 cm","m³",62.71,4915664]
[4915665,"Fresagem descontínua de revestimento asfáltico - espessura de 7 cm","m³",56.69,4915665]
[4915666,"Fresagem descontínua de revestimento asfáltico - espessura de 8 cm","m³",52.38,4915666]
[4915650,"Injeção de adesivo estrutural à base de resina epóxi de baixa viscosidade para tratamento de fissuras em estruturas de concreto - fornecimento e aplicação manual","kg",355.49,4915650]
[4915645,"Injeção de adesivo estrutural à base de resina epóxi de baixa viscosidade para tratamento de fissuras em estruturas de concreto - fornecimento e aplicação mecanizada","kg",281.83,4915645]
[4915712,"Limpeza de bueiro","m³",20.73,4915712]
[4915711,"Limpeza de descida d'água","m",1.38,4915711]
[4915790,"Limpeza de emulsão asfáltica ou asfalto diluído derramados na pista - remoção com minicarregadeira com vassoura e descarga livre","t",219.55,4915790]
[4915793,"Limpeza de líquidos combustíveis derramados na pista - remoção com minicarregadeira com vassoura e descarga livre","t",171.9,4915793]
[4915792,"Limpeza de material asfáltico derramado fora da pista - remoção com escavadeira hidráulica e caminhão basculante","t",74.74,4915792]
[4915718,"Limpeza de placa de sinalização","m²",8.91,4915718]
[4915672,"Limpeza de ponte","m",4.15,4915672]
[4915708,"Limpeza de sarjeta e meio-fio","m",0.69,4915708]
[4915710,"Limpeza de vala de drenagem","m",4.15,4915710]
[4915709,"Limpeza de valeta de corte","m",1.04,4915709]
[4915686,"Limpeza e desobstrução de dispositivos de drenagem em OAE","un",4.15,4915686]
[4915687,"Limpeza e desobstrução de drenos de obras de contenção","un",2.59,4915687]
[4915634,"Limpeza e desobstrução mecanizada de bueiros com diâmetro acima de 1,00 até 1,50 m","m",56.58,4915634]
[4915633,"Limpeza e desobstrução mecanizada de bueiros com diâmetro de até 1,00 m","m",18.66,4915633]
[4915714,"Limpeza e enchimento com resina epóxi de fissuras niveladas com abertura máxima de 0,4 mm e profundidade de 20 mm em pavimento de concreto que não atravessam toda a espessura da placa","m",3.68,4915714]
[4915759,"Limpeza e remoção de vegetação junto aos aparelhos de apoio de OAE com o uso de herbicida","un",7,4915759]
[4915758,"Limpeza e remoção de vegetação nas juntas de dilatação com o uso de herbicida","m",4.17,4915758]
[4915640,"Limpeza e remoção manual de material retido em terra firme em OAE","m³",20.73,4915640]
[4915639,"Limpeza em superfície de concreto com escova de aço","m²",4.15,4915639]
[4915695,"Limpeza, serragem e enchimento de fissuras niveladas com abertura entre 0,4 mm e 1,0 mm e profundidade de 25 mm em pavimento de concreto com CAP","m",6.3,4915695]
[4915696,"Limpeza, serragem e enchimento de fissuras niveladas com abertura entre 0,4 mm e 1,0 mm e profundidade de 25 mm em pavimento de concreto com CAP com polímero","m",6.3,4915696]
[4915694,"Limpeza, serragem e enchimento de fissuras niveladas com abertura entre 0,4 mm e 1,0 mm e profundidade de 25 mm em pavimento de concreto com selante elástico a frio","m",29.08,4915694]
[4915654,"Lixamento mecanizado em superfície de concreto","m²",11.29,4915654]
[4900001,"Material de base","m³",0,4900001]
[4915801,"Mistura betuminosa","m³",0,4915801]
[4916290,"Mistura betuminosa a frio executada em betoneira - faixa C - areia e brita comerciais","m³",341.38,4916290]
[4915765,"Poda de árvores com 5,0 m a 7,5 m de altura","m³",192.6,4915765]
[4915766,"Poda de árvores com 7,5 m a 10 m de altura","m³",113.05,4915766]
[4915764,"Poda de árvores com até 5 m de altura","m³",346.68,4915764]
[4915767,"Poda de árvores com mais de 10 m de altura","m³",74.29,4915767]
[4915777,"Reassentamento manual de meio-fio com material arrancado da pista","m",13.37,4915777]
[4915618,"Recomposição de camada granular do pavimento com material de jazida","m²",2.99,4915618]
[4915774,"Recomposição de erosão em corte ou aterro com material de jazida","m³",22.69,4915774]
[4915719,"Recomposição de placa de sinalização","m²",33.13,4915719]
[4915611,"Recomposição de revestimento primário com material de jazida","m³",10.41,4915611]
[4915733,"Recomposição manual de aterro com material de jazida","m³",37.67,4915733]
[4915734,"Recomposição mecanizada de aterro com material de jazida","m³",11.06,4915734]
[4915727,"Recomposição parcial de cerca com mourão de concreto - arame","m",10.69,4915727]
[4915726,"Recomposição parcial de cerca com mourão de concreto seção quadrada - mourão - areia e brita comerciais","m",23.68,4915726]
[4915594,"Recomposição parcial de cerca com mourão de concreto seção quadrada - mourão - areia extraída e brita produzida","m",22.35,{"$f":"A4868*1","v":4915594}]
[4915729,"Recomposição parcial de cerca com mourão de concreto seção triangular - mourão - areia e brita comerciais","m",18.46,4915729]
[4915596,"Recomposição parcial de cerca com mourão de concreto seção triangular - mourão - areia extraída e brita comercial","m",17.88,4915596]
[4915732,"Recomposição parcial de cerca com mourão de madeira - arame","m",8.22,4915732]
[4915731,"Recomposição parcial de cerca com mourão de madeira - mourão","m",18.38,4915731]
[4915725,"Recomposição total de cerca com mourão de concreto seção quadrada - areia e brita comerciais","m",28.87,4915725]
[4915593,"Recomposição total de cerca com mourão de concreto seção quadrada - areia extraída e brita produzida","m",27.55,4915593]
[4915728,"Recomposição total de cerca com mourão de concreto seção triangular - areia e brita comerciais","m",28.72,4915728]
[4915595,"Recomposição total de cerca com mourão de concreto seção triangular - areia extraída e brita produzida","m",28.15,4915595]
[4915730,"Recomposição total de cerca com mourão de madeira","m",25.82,4915730]
[4915598,"Reconformação da plataforma","m²",0.1,4915598]
[4915748,"Recuperação de desgaste superficial em pavimentos de concreto","m²",237.84,4915748]
[4915608,"Regularização de taludes e valas com soquete vibratório","m²",2.46,4915608]
[4915613,"Regularização mecânica da faixa de domínio","m²",0.15,4915613]
[4915692,"Remendo profundo com imprimação com asfalto diluído - demolição manual","m³",349.69,4915692]
[4915746,"Remendo profundo com imprimação com asfalto diluído - demolição mecânica e corte com serra","m³",270.47,4915746]
[4915630,"Remendo profundo com imprimação com emulsão asfáltica - demolição manual","m³",349.69,4915630]
[4915631,"Remendo profundo com imprimação com emulsão asfáltica - demolição mecânica e corte com serra","m³",270.47,4915631]
[4915785,"Remoção de animais de grande porte mortos em rodovia - carga e descarga com guindauto","t",365.46,4915785]
[4915786,"Remoção de animais de pequeno porte mortos em rodovia - carga manual","t",159.52,4915786]
[4915795,"Remoção de emborrachados de pneus em rodovia","t",327.68,4915795]
[4915800,"Remoção de espécimes arbóreos de 20 a 40 m tombados na pista","t",51.84,4915800]
[4915799,"Remoção de espécimes arbóreos de até 20 m tombados na pista","t",40.22,4915799]
[4915698,"Remoção de grãos, agregados e solos derramados na pista em rodovias","t",17.77,4915698]
[4915794,"Remoção de sucatas derramadas em rodovia - cinta com utilização de 100 vezes","t",559.56,4915794]
[4915789,"Remoção de veículos de grande porte incendiados em rodovia - carga e descarga com guindaste - cinta com utilização de 100 vezes","un",1633.43,4915789]
[4915798,"Remoção de veículos de grande porte tombados em rodovia - cinta com utilização de 100 vezes","un",1461.17,4915798]
[4915788,"Remoção de veículos de médio porte incendiados em rodovia - carga e descarga com guindaste - cinta com utilização de 100 vezes","un",1481.49,4915788]
[4915797,"Remoção de veículos de médio porte tombados em rodovia - cinta com utilização de 100 vezes","un",713.99,4915797]
[4915787,"Remoção de veículos de pequeno porte incendiados em rodovia - carga e descarga com guindauto - cinta com utilização de 100 vezes","un",832.16,4915787]
[4915796,"Remoção de veículos de pequeno porte tombados em rodovia - cinta com utilização de 100 vezes","un",291.38,4915796]
[4915760,"Remoção de vestígios de óleo ou graxa na superfície do revestimento do pavimento","m²",50.56,4915760]
[4915699,"Remoção de vidros, caixas e engradados derramados na pista em rodovia","t",27.36,4915699]
[4915736,"Remoção manual de barreira em rocha","m³",15.59,4915736]
[4915735,"Remoção manual de barreira em solo","m³",12.64,4915735]
[4915670,"Remoção manual de camada granular do pavimento","m³",183.25,4915670]
[4915668,"Remoção manual de revestimento asfáltico","m³",287.27,4915668]
[4915761,"Remoção manual de vegetação daninha","m²",4.15,4915761]
[4915762,"Remoção manual de vegetação daninha em frestas","m",2.07,4915762]
[4915738,"Remoção mecanizada de barreira em rocha","m³",5.42,4915738]
[4915737,"Remoção mecanizada de barreira em solo","m³",4.56,4915737]
[4915669,"Remoção mecanizada de camada granular do pavimento","m³",7.24,4915669]
[4915667,"Remoção mecanizada de revestimento asfáltico","m³",11.53,4915667]
[4915632,"Reparo localizado com pintura de ligação - demolição mecânica e corte com serra","m³",387.95,4915632]
[4915753,"Reparo no interior de placa de pavimento de concreto","m³",1356.42,4915753]
[4915776,"Roçada com roçadeira costal","ha",730.16,4915776]
[4915740,"Roçada manual","ha",1755.49,4915740]
[4915741,"Roçada manual de capim colonião","ha",4213.18,4915741]
[4915775,"Roçada mecanizada com roçadeira articulada","ha",629.93,4915775]
[4915742,"Roçada mecanizada com roçadeira de arraste","ha",384.71,4915742]
[4915626,"Selagem de trincas mecanizada em pavimento flexível com emulsão - areia comercial","m",1.99,4915626]
[4915653,"Selagem superficial de fissuras com adesivo estrutural à base de resina epóxi de alta viscosidade, inclusive limpeza superficial - fornecimento e aplicação","kg",74.09,4915653]
[4915623,"Solo brita para base de remendo profundo - brita comercial","m³",55.74,4915623]
[4915625,"Solo melhorado com cimento para base de remendo profundo","m³",44.33,4915625]
[4915621,"Solo para base de remendo profundo","m³",4.57,4915621]
[4915720,"Substituição de balizador - areia e brita comerciais","un",29.85,4915720]
[4915592,"Substituição de balizador - areia extraída e brita produzida","un",29.27,4915592]
[4913703,"Substituição de cartucho de absorção de energia tipo A - fornecimento e instalação, e reposicionamento do amortecedor retrátil","un",5627.9,4913703]
[4913704,"Substituição de cartucho de absorção de energia tipo B - fornecimento, instalação e reposicionamento do amortecedor retrátil","un",5507.94,4913704]
[4915757,"Tapa buraco com pintura de ligação - demolição com serra corta piso","m³",403.83,4915757]
[4915678,"Tapa buraco com pintura de ligação - demolição manual","m³",355.55,4915678]
[4919547,"Tela de proteção para roçada em tubo galvanizado 4,0 X 1,5 m - confecção","un",544.6,4919547]
[4915716,"Tratamento de fissuras do tipo rendilhado em pavimentos de concreto","m²",11.73,4915716]
[4915750,"Tratamento de fissuras transversais com abertura maior que 1,0 mm em pavimentos de concreto","m",198.33,4915750]
[4915769,"Trituração de galhos e troncos com diâmetro de até 350 mm","m³",30.62,{"$f":"A4932*1","v":4915769}]
[5213836,"Balizador cônico refletivo em polietileno semiflexível de 114 x 11 x 40 cm - utilização de 150 ciclos - fornecimento, 01 implantação e 01 retirada diária","un.dia",1.1,5213836]
[5213368,"Balizador de concreto - areia e brita comerciais - fornecimento e implantação","un",18.88,5213368]
[5213367,"Balizador de concreto - areia extraída e brita produzida - fornecimento e implantação","un",17.79,5213367]
[5213385,"Barreira de sinalização tipo I de direcionamento ou bloqueio - confecção","un",358.2,5213385]
[5213343,"Barreira de sinalização tipo I de direcionamento ou bloqueio - utilização de 150 ciclos - fornecimento, 01 implantação e 01 retirada diária","un.dia",3.82,5213343]
[5213390,"Barreira de sinalização tipo I de direcionamento ou bloqueio contínua - confecção","m",308.79,5213390]
[5213344,"Barreira de sinalização tipo I de direcionamento ou bloqueio contínua - utilização de 150 ciclos - fornecimento, 01 implantação e 01 retirada diária","m.dia",3.34,5213344]
[5213386,"Barreira de sinalização tipo II de direcionamento ou bloqueio - confecção","un",573.61,5213386]
[5213345,"Barreira de sinalização tipo II de direcionamento ou bloqueio - utilização de 150 ciclos - fornecimento, 01 implantação e 01 retirada diária","un.dia",5.58,5213345]
[5213387,"Barreira de sinalização tipo III de direcionamento ou bloqueio - confecção","un",818.64,5213387]
[5213346,"Barreira de sinalização tipo III de direcionamento ou bloqueio - utilização de 150 ciclos - fornecimento, 01 implantação e 01 retirada diária","un.dia",7.8,5213346]
[5213843,"Barreira plástica articulável modular 240 x 100 cm na cor amarela - utilização de 600 ciclos - fornecimento, 01 implantação e 01 retirada diária","m.dia",1.02,5213843]
[5213833,"Barreira plástica monobloco para canalização de trânsito - 101 x 50 x 55 cm - utilização de 600 ciclos - fornecimento, 01 implantação e 01 retirada diária","un.dia",9.72,5213833]
[5213834,"Barreira plástica para canalização de trânsito - 60 x 45 x 60 cm - utilização de 600 ciclos - fornecimento, 01 implantação e 01 retirada diária","un.dia",6.31,5213834]
[5219544,"Cavalete em perfil metálico para placa de sinalização - 1,00 m x 1,00 m - confecção","un",226.53,5219544]
[5213383,"Cavalete em polietileno zebrado com faixa refletiva - H = 1,00 m - utilização de 600 ciclos - fornecimento, 01 implantação e 01 retirada diária","un.dia",0.82,5213383]
[5213380,"Cavalete em polietileno zebrado com faixa refletiva e com sinalizador a LED com bateria - H = 1,00 m - utilização de 600 ciclos - fornecimento, 01 implantação e 01 retirada diária","un.dia",1.86,5213380]
[5213838,"Cilindro canalizador de tráfego com base quadrada de 111 x 56 x 56 cm - utilização de 600 ciclos - fornecimento, 01 implantação e 01 retirada diária","un.dia",4.3,5213838]
[5213837,"Cilindro flexível delimitador de tráfego com duas faixas refletivas e chumbador - D = 20 cm e H = 80 cm","un",177.68,5213837]
[5213835,"Cone plástico para canalização de trânsito - utilização de 150 ciclos - fornecimento, 01 implantação e 01 retirada diária","un.dia",0.82,5213835]
[5213839,"Dispositivo de direcionamento ou bloqueio tipo tapume - confecção","m²",315.13,5213839]
[5213347,"Dispositivo de direcionamento ou bloqueio tipo tapume - utilização de 150 ciclos - fornecimento, 01 implantação e 01 retirada diária","m².dia",7.07,5213347]
[5213840,"Dispositivo de direcionamento ou bloqueio tipo tela plástica com suporte fixo - confecção","m²",46.57,5213840]
[5213349,"Dispositivo de direcionamento ou bloqueio tipo tela plástica com suporte fixo - utilização de 150 ciclos - fornecimento, 01 implantação e 01 retirada diária","m².dia",0.73,5213349]
[5213841,"Dispositivo de direcionamento ou bloqueio tipo tela plástica com suporte móvel afixado em bloco de concreto - confecção","m²",74.58,5213841]
[5213348,"Dispositivo de direcionamento ou bloqueio tipo tela plástica com suporte móvel afixado em bloco de concreto - utilização de 150 ciclos - fornecimento, 01 implantação e 01 retirada diária","m².dia",0.83,5213348]
[5216116,"Fabricação de balizador de concreto - seção circular de 10 cm - areia e brita comerciais","un",16.11,5216116]
[5216115,"Fabricação de balizador de concreto - seção circular de 10 cm - areia extraída e brita produzida","un",15.53,5216115]
[5213842,"Fita zebrada para dispositivos de canalização de trânsito - fornecimento, implantação e retirada","m",0.13,5213842]
[5213358,"Laminado elastoplástico para sinalização horizontal - espessura de 1,5 mm - fornecimento e implantação","m²",253.77,5213358]
[5213848,"Luz de advertência e bateria para dispositivos de sinalização - utilização de 200 ciclos - fornecimento, 01 implantação e 01 retirada diária","un.dia",1.04,5213848]
[5214012,"Manutenção/recomposição de sinalização - pintura de faixa com tinta acrílica - espessura de 0,4 mm","m²",30.53,5214012]
[5213356,"Manutenção/recomposição de sinalização - pintura de faixa com tinta acrílica - espessura de 0,6 mm","m²",43.02,5213356]
[5214011,"Manutenção/recomposição de sinalização - pintura de faixa com tinta acrílica emulsionada em água - espessura de 0,3 mm","m²",14.23,5214011]
[5213354,"Manutenção/recomposição de sinalização - pintura de faixa com tinta acrílica emulsionada em água - espessura de 0,4 mm","m²",17.07,5213354]
[5213355,"Manutenção/recomposição de sinalização - pintura de faixa com tinta acrílica emulsionada em água - espessura de 0,5 mm","m²",19.93,5213355]
[5213850,"Operação de sinalização por bandeirola de tecido ou com placa metálica","h",20.73,5213850]
[5213846,"Painel com seta luminosa montado em chassi de caminhão com prancha","h",5.51,5213846]
[5213847,"Painel com seta luminosa montado em chassi de caminhão com prancha e amortecedor retrátil","h",85.59,5213847]
[5213845,"Painel de mensagens variáveis, portátil móvel, LED, com banco fotovoltaico de energia e montado em chassi com engate","h",26.42,5213845]
[5213412,"Pintura de faixa com plástico a frio bicomponente à base de resinas metacrílicas por dispersão (estrutura)","m²",115.78,5213412]
[5213411,"Pintura de faixa com plástico a frio bicomponente à base de resinas metacrílicas por extrusão (alto relevo)","m²",205.55,5213411]
[5214009,"Pintura de faixa com plástico a frio bicomponente à base de resinas metacrílicas por extrusão (plano) - espessura de 1,5 mm","m²",115.78,5214009]
[5214010,"Pintura de faixa com plástico a frio bicomponente à base de resinas metacrílicas por extrusão (plano) - espessura de 3,0 mm","m²",213.35,5214010]
[5213413,"Pintura de faixa com plástico a frio tricomponente à base de resinas metacrílicas por aspersão - espessura de 0,6 mm","m²",70.92,5213413]
[5213410,"Pintura de faixa com termoplástico em alto relevo tipo I por extrusão - relevo duplo com base","m²",133.49,5213410]
[5214004,"Pintura de faixa com termoplástico em alto relevo tipo II por extrusão - relevo simples ranhurado com base","m²",161.4,5214004]
[5214005,"Pintura de faixa com termoplástico em alto relevo tipo III por extrusão - relevo simples com base","m²",144.21,5214005]
[5214006,"Pintura de faixa com termoplástico em alto relevo tipo IV por extrusão - relevo simples sem base","m²",90.88,5214006]
[5214007,"Pintura de faixa com termoplástico em alto relevo tipo V por extrusão - relevo multipontos sem base (gotas)","m²",76.93,5214007]
[5214008,"Pintura de faixa com termoplástico em alto relevo tipo VI por extrusão - relevo multipontos sem base (calotas)","m²",75.43,5214008]
[5213408,"Pintura de faixa com termoplástico por aspersão - espessura de 1,5 mm","m²",49.31,5213408]
[5213400,"Pintura de faixa com tinta acrílica - espessura de 0,4 mm","m²",30.79,5213400]
[5213401,"Pintura de faixa com tinta acrílica - espessura de 0,6 mm","m²",43.33,5213401]
[5214001,"Pintura de faixa com tinta acrílica emulsionada em água - espessura de 0,3 mm","m²",14.47,5214001]
[5213402,"Pintura de faixa com tinta acrílica emulsionada em água - espessura de 0,4 mm","m²",17.33,5213402]
[5213403,"Pintura de faixa com tinta acrílica emulsionada em água - espessura de 0,5 mm","m²",20.21,5213403]
[5214003,"Pintura de setas e zebrados com termoplástico por aspersão - espessura de 1,5 mm","m²",58.69,5214003]
[5213409,"Pintura de setas e zebrados com termoplástico por extrusão - espessura de 3,0 mm","m²",95.45,5213409]
[5213404,"Pintura de setas e zebrados com tinta acrílica - espessura de 0,4 mm","m²",43.28,5213404]
[5213405,"Pintura de setas e zebrados com tinta acrílica - espessura de 0,6 mm","m²",55.34,5213405]
[5214002,"Pintura de setas e zebrados com tinta acrílica emulsionada em água - espessura de 0,3 mm","m²",27.15,5214002]
[5213406,"Pintura de setas e zebrados com tinta acrílica emulsionada em água - espessura de 0,4 mm","m²",29.81,5213406]
[5213407,"Pintura de setas e zebrados com tinta acrílica emulsionada em água - espessura de 0,5 mm","m²",32.48,{"$f":"A4996*1","v":5213407}]
[5212552,"Pintura eletrostática a pó com tinta poliéster em chapa de aço","m²",16.94,5212552]
[5213464,"Placa de advertência em aço, lado de 0,60 m - película retrorrefletiva tipo I + SI - fornecimento e implantação","un",255.11,5213464]
[5213465,"Placa de advertência em aço, lado de 0,80 m - película retrorrefletiva tipo I + SI - fornecimento e implantação","un",438.21,5213465]
[5213466,"Placa de advertência em aço, lado de 1,00 m - película retrorrefletiva tipo I + SI - fornecimento e implantação","un",614.86,5213466]
[5213467,"Placa de advertência em aço, lado de 1,20 m - película retrorrefletiva tipo III + SI - fornecimento e implantação","un",972.33,5213467]
[5213468,"Placa de advertência em fibra, lado de 0,60 m - película retrorrefletiva tipo I + SI - fornecimento e implantação","un",243.59,5213468]
[5213469,"Placa de advertência em fibra, lado de 0,80 m - película retrorrefletiva tipo I + SI - fornecimento e implantação","un",416.27,5213469]
[5213470,"Placa de advertência em fibra, lado de 1,00 m - película retrorrefletiva tipo I + SI - fornecimento e implantação","un",582.86,5213470]
[5213471,"Placa de advertência em fibra, lado de 1,20 m - película retrorrefletiva tipo III + SI - fornecimento e implantação","un",926.26,5213471]
[5212560,"Placa de advertência para sinalização de obras montada em suporte metálico móvel, lado 1,00 m - utilização de 600 ciclos - fornecimento, 01 implantação e 01 retirada diária","un.dia",3.82,5212560]
[5213472,"Placa de marco quilométrico em aço - 0,60 x 0,865 m - película retrorrefletiva tipo I + I - fornecimento e implantação","un",302.28,5213472]
[5213473,"Placa de marco quilométrico em aço - 0,70 x 1,00 m - película retrorrefletiva tipo I + III - fornecimento e implantação","un",392.56,5213473]
[5213474,"Placa de marco quilométrico em fibra - 0,60 x 0,865 m - película retrorrefletiva tipo I + I - fornecimento e implantação","un",283.08,5213474]
[5213475,"Placa de marco quilométrico em fibra - 0,70 x 1,00 m - película retrorrefletiva tipo I + III - fornecimento e implantação","un",368.56,5213475]
[5213440,"Placa de regulamentação em aço D = 0,60 m - película retrorrefletiva tipo I + SI - fornecimento e implantação","un",255.08,5213440]
[5213441,"Placa de regulamentação em aço D = 0,80 m - película retrorrefletiva tipo I + SI - fornecimento e implantação","un",438.25,5213441]
[5213442,"Placa de regulamentação em aço D = 1,00 m - película retrorrefletiva tipo I + SI - fornecimento e implantação","un",614.86,5213442]
[5213443,"Placa de regulamentação em aço D = 1,20 m - película retrorrefletiva tipo III + SI - fornecimento e implantação","un",972.35,5213443]
[5213444,"Placa de regulamentação em aço, R1 lado 0,248 m - película retrorrefletiva tipo I + SI - fornecimento e implantação","un",255.14,5213444]
[5213445,"Placa de regulamentação em aço, R1 lado 0,331 m - película retrorrefletiva tipo I + SI - fornecimento e implantação","un",438.18,5213445]
[5213446,"Placa de regulamentação em aço, R1 lado 0,414 m - película retrorrefletiva tipo I + SI - fornecimento e implantação","un",614.86,5213446]
[5213447,"Placa de regulamentação em aço, R1 lado 0,497 m - película retrorrefletiva tipo III + SI - fornecimento e implantação","un",972.4,5213447]
[5213448,"Placa de regulamentação em aço, R2 lado 0,60 m - película retrorrefletiva tipo I + SI - fornecimento e implantação","un",175.4,5213448]
[5213449,"Placa de regulamentação em aço, R2 lado 0,80 m - película retrorrefletiva tipo I + SI - fornecimento e implantação","un",277.58,5213449]
[5213450,"Placa de regulamentação em aço, R2 lado 1,00 m - película retrorrefletiva tipo I + SI - fornecimento e implantação","un",390,5213450]
[5213451,"Placa de regulamentação em aço, R2 lado 1,20 m - película retrorrefletiva tipo III + SI - fornecimento e implantação","un",563.61,5213451]
[5213452,"Placa de regulamentação em fibra, D = 0,60 m - película retrorrefletiva tipo I + SI - fornecimento e implantação","un",243.56,5213452]
[5213453,"Placa de regulamentação em fibra, D = 0,80 m - película retrorrefletiva tipo I + SI - fornecimento e implantação","un",416.3,5213453]
[5213454,"Placa de regulamentação em fibra, D = 1,00 m - película retrorrefletiva tipo I + SI - fornecimento e implantação","un",582.86,5213454]
[5213455,"Placa de regulamentação em fibra, D = 1,20 m - película retrorrefletiva tipo III + SI - fornecimento e implantação","un",926.28,5213455]
[5213456,"Placa de regulamentação em fibra, R1 lado 0,248 m - película retrorrefletiva tipo I + SI - fornecimento e implantação","un",243.61,5213456]
[5213457,"Placa de regulamentação em fibra, R1 lado 0,331 m - película retrorrefletiva tipo I + SI - fornecimento e implantação","un",416.24,5213457]
[5213458,"Placa de regulamentação em fibra, R1 lado 0,414 m - película retrorrefletiva tipo I + SI - fornecimento e implantação","un",582.86,5213458]
[5213459,"Placa de regulamentação em fibra, R1 lado 0,497 m - película retrorrefletiva tipo III + SI - fornecimento e implantação","un",926.33,5213459]
[5213460,"Placa de regulamentação em fibra, R2 lado 0,60 m - película retrorrefletiva tipo I + SI - fornecimento e implantação","un",168.42,5213460]
[5213461,"Placa de regulamentação em fibra, R2 lado 0,80 m - película retrorrefletiva tipo I + SI - fornecimento e implantação","un",264.78,5213461]
[5213462,"Placa de regulamentação em fibra, R2 lado 1,00 m - película retrorrefletiva tipo I + SI - fornecimento e implantação","un",370.8,5213462]
[5213463,"Placa de regulamentação em fibra, R2 lado 1,20 m - película retrorrefletiva tipo I + SI - fornecimento e implantação","un",476.82,5213463]
[5212557,"Placa de regulamentação para sinalização de obras montada em suporte metálico móvel - D = 1,00 m - utilização de 600 ciclos - fornecimento, 01 implantação e 01 retirada diária","un.dia",3.59,5212557]
[5212558,"Placa de regulamentação para sinalização de obras montada em suporte metálico móvel, R1 lado 0,414 m - utilização de 600 ciclos - fornecimento, 01 implantação e 01 retirada diária","un.dia",3.63,5212558]
[5212559,"Placa de regulamentação para sinalização de obras montada em suporte metálico móvel, R2 lado 1,00 m - utilização de 600 ciclos - fornecimento, 01 implantação e 01 retirada diária","un.dia",3.21,5212559]
[5213477,"Placa delineador em aço - 0,30 x 0,90 m - película retrorrefletiva tipo I + IV - fornecimento e implantação","un",171.27,5213477]
[5213476,"Placa delineador em aço - 0,50 x 0,60 m - película retrorrefletiva tipo I + IV - fornecimento e implantação","un",184.43,5213476]
[5213479,"Placa delineador em fibra - 0,30 x 0,90 m - película retrorrefletiva tipo I + IV - fornecimento e implantação","un",162.63,5213479]
[5213478,"Placa delineador em fibra - 0,50 x 0,60 m - película retrorrefletiva tipo I + IV - fornecimento e implantação","un",174.84,5213478]
[5213489,"Placa em aço - 2,00 x 1,00 m - película retrorrefletiva tipo I + I - fornecimento e implantação","un",910.9,5213489]
[5213498,"Placa em aço - 2,00 x 1,00 m - película retrorrefletiva tipo I + III - fornecimento e implantação","un",985.24,5213498]
[5213365,"Placa em aço - 2,00 x 1,00 m - película retrorrefletiva tipo I + X - fornecimento e implantação","un",1110.24,5213365]
[5213507,"Placa em aço - 2,00 x 1,00 m - película retrorrefletiva tipo III + III - fornecimento e implantação","un",1171.14,5213507]
[5213372,"Placa em aço - 2,00 x 1,00 m - película retrorrefletiva tipo III + X - fornecimento e implantação","un",1296.12,5213372]
[5213490,"Placa em aço - 3,00 x 1,50 m - película retrorrefletiva tipo I + I - fornecimento e implantação","un",1950.6,5213490]
[5213499,"Placa em aço - 3,00 x 1,50 m - película retrorrefletiva tipo I + III - fornecimento e implantação","un",2117.86,5213499]
[5213366,"Placa em aço - 3,00 x 1,50 m - película retrorrefletiva tipo I + X - fornecimento e implantação","un",2399.11,5213366]
[5213508,"Placa em aço - 3,00 x 1,50 m - película retrorrefletiva tipo III + III - fornecimento e implantação","un",2536.14,5213508]
[5213373,"Placa em aço - 3,00 x 1,50 m - película retrorrefletiva tipo III + X - fornecimento e implantação","un",2817.34,5213373]
[5213491,"Placa em aço - 3,00 x 2,00 m - película retrorrefletiva tipo I + I - fornecimento e implantação","un",2574.42,5213491]
[5213500,"Placa em aço - 3,00 x 2,00 m - película retrorrefletiva tipo I + III - fornecimento e implantação","un",2797.44,5213500]
[5213369,"Placa em aço - 3,00 x 2,00 m - película retrorrefletiva tipo I + X - fornecimento e implantação","un",3172.44,5213369]
[5213509,"Placa em aço - 3,00 x 2,00 m - película retrorrefletiva tipo III + III - fornecimento e implantação","un",3355.14,5213509]
[5213374,"Placa em aço - 3,00 x 2,00 m - película retrorrefletiva tipo III + X - fornecimento e implantação","un",3730.08,5213374]
[5213492,"Placa em aço - 4,00 x 2,00 m - película retrorrefletiva tipo I + I - fornecimento e implantação","un",3485.31,5213492]
[5213501,"Placa em aço - 4,00 x 2,00 m - película retrorrefletiva tipo I + III - fornecimento e implantação","un",3782.67,5213501]
[5213370,"Placa em aço - 4,00 x 2,00 m - película retrorrefletiva tipo I + X - fornecimento e implantação","un",4282.67,5213370]
[5213510,"Placa em aço - 4,00 x 2,00 m - película retrorrefletiva tipo III + III - fornecimento e implantação","un",4526.27,{"$f":"A5060*1","v":5213510}]
[5213375,"Placa em aço - 4,00 x 2,00 m - película retrorrefletiva tipo III + X - fornecimento e implantação","un",5026.19,5213375]
[5213494,"Placa em aço - 4,00 x 3,00 m - película retrorrefletiva tipo I + I - fornecimento e implantação","un",5148.83,5213494]
[5213503,"Placa em aço - 4,00 x 3,00 m - película retrorrefletiva tipo I + III - fornecimento e implantação","un",5594.87,5213503]
[5213371,"Placa em aço - 4,00 x 3,00 m - película retrorrefletiva tipo I + X - fornecimento e implantação","un",6344.87,5213371]
[5213512,"Placa em aço - 4,00 x 3,00 m - película retrorrefletiva tipo III + III - fornecimento e implantação","un",6710.27,5213512]
[5213376,"Placa em aço - 4,00 x 3,00 m - película retrorrefletiva tipo III + X - fornecimento e implantação","un",7460.15,5213376]
[5213377,"Placa em aço - película I + I - chapa recuperada - fornecimento e implantação","m²",325.6,5213377]
[5213570,"Placa em aço - película I + I - fornecimento e implantação","m²",468.64,5213570]
[5213378,"Placa em aço - película I + III - chapa recuperada - fornecimento e implantação","m²",362.78,5213378]
[5213571,"Placa em aço - película I + III - fornecimento e implantação","m²",505.81,5213571]
[5213379,"Placa em aço - película III + III - chapa recuperada - fornecimento e implantação","m²",455.72,5213379]
[5213572,"Placa em aço - película III + III - fornecimento e implantação","m²",598.76,5213572]
[5212553,"Placa em aço nº 16 galvanizado com película retrorrefletiva tipo I + I - chapa recuperada - confecção","m²",272.84,5212553]
[5213416,"Placa em aço nº 16 galvanizado com película retrorrefletiva tipo I + I - confecção","m²",415.88,5213416]
[5212554,"Placa em aço nº 16 galvanizado com película retrorrefletiva tipo I + III - chapa recuperada - confecção","m²",310.02,5212554]
[5213417,"Placa em aço nº 16 galvanizado com película retrorrefletiva tipo I + III - confecção","m²",453.05,5213417]
[5213421,"Placa em aço nº 16 galvanizado com película retrorrefletiva tipo I + IV - confecção","m²",438.92,5213421]
[5213414,"Placa em aço nº 16 galvanizado com película retrorrefletiva tipo I + SI - confecção","m²",562.1,5213414]
[5213419,"Placa em aço nº 16 galvanizado com película retrorrefletiva tipo I + X - confecção","m²",515.55,5213419]
[5212555,"Placa em aço nº 16 galvanizado com película retrorrefletiva tipo III + III - chapa recuperada - confecção","m²",402.96,5212555]
[5213418,"Placa em aço nº 16 galvanizado com película retrorrefletiva tipo III + III - confecção","m²",546,5213418]
[5213415,"Placa em aço nº 16 galvanizado com película retrorrefletiva tipo III + SI - confecção","m²",638.59,5213415]
[5213420,"Placa em aço nº 16 galvanizado com película retrorrefletiva tipo III + X - confecção","m²",608.49,5213420]
[5213543,"Placa em aço, modulada - 2,00 x 1,00 m - película retrorrefletiva tipo I + I - fornecimento e implantação","un",1149.8,5213543]
[5213552,"Placa em aço, modulada - 2,00 x 1,00 m - película retrorrefletiva tipo I + III - fornecimento e implantação","un",1224.16,5213552]
[5213561,"Placa em aço, modulada - 2,00 x 1,00 m - película retrorrefletiva tipo III + III - fornecimento e implantação","un",1410.04,5213561]
[5213544,"Placa em aço, modulada - 3,00 x 1,50 m - película retrorrefletiva tipo I + I - fornecimento e implantação","un",2488.12,5213544]
[5213553,"Placa em aço, modulada - 3,00 x 1,50 m - película retrorrefletiva tipo I + III - fornecimento e implantação","un",2655.43,5213553]
[5213562,"Placa em aço, modulada - 3,00 x 1,50 m - película retrorrefletiva tipo III + III - fornecimento e implantação","un",3073.66,5213562]
[5213545,"Placa em aço, modulada - 3,00 x 2,00 m - película retrorrefletiva tipo I + I - fornecimento e implantação","un",3291.12,5213545]
[5213554,"Placa em aço, modulada - 3,00 x 2,00 m - película retrorrefletiva tipo I + III - fornecimento e implantação","un",3514.2,5213554]
[5213563,"Placa em aço, modulada - 3,00 x 2,00 m - película retrorrefletiva tipo III + III - fornecimento e implantação","un",4071.84,5213563]
[5213546,"Placa em aço, modulada - 4,00 x 2,00 m - película retrorrefletiva tipo I + I - fornecimento e implantação","un",4440.91,5213546]
[5213555,"Placa em aço, modulada - 4,00 x 2,00 m - película retrorrefletiva tipo I + III - fornecimento e implantação","un",4738.35,5213555]
[5213564,"Placa em aço, modulada - 4,00 x 2,00 m - película retrorrefletiva tipo III + III - fornecimento e implantação","un",5481.87,5213564]
[5213548,"Placa em aço, modulada - 4,00 x 3,00 m - película retrorrefletiva tipo I + I - fornecimento e implantação","un",6582.23,5213548]
[5213557,"Placa em aço, modulada - 4,00 x 3,00 m - película retrorrefletiva tipo I + III - fornecimento e implantação","un",7028.39,5213557]
[5213566,"Placa em aço, modulada - 4,00 x 3,00 m - película retrorrefletiva tipo III + III - fornecimento e implantação","un",8143.67,5213566]
[5213576,"Placa em aço, modulada - acima de 2 m² - película I + I - fornecimento e implantação","m²",588.09,5213576]
[5213577,"Placa em aço, modulada - acima de 2 m² - película I + III - fornecimento e implantação","m²",625.27,5213577]
[5213578,"Placa em aço, modulada - acima de 2 m² - película III + III - fornecimento e implantação","m²",718.21,5213578]
[5213425,"Placa em alumínio composto de 3 mm, modulada, aérea, com película retrorrefletiva tipo I + III - confecção","m²",607.82,5213425]
[5213426,"Placa em alumínio composto de 3 mm, modulada, aérea, com película retrorrefletiva tipo III + III - confecção","m²",700.77,5213426]
[5213427,"Placa em alumínio composto de 3 mm, modulada, aérea, com película retrorrefletiva tipo III + X - confecção","m²",763.26,5213427]
[5213567,"Placa em alumínio composto de 3 mm, modulada, aérea, com película retrorrefletiva tipo X + SI - confecção","m²",891.48,5213567]
[5213486,"Placa em alumínio composto, espessura de 3,0 mm, modulada, aérea - película retrorrefletiva tipo I + III - fornecimento e implantação","m²",941.91,5213486]
[5213487,"Placa em alumínio composto, espessura de 3,0 mm, modulada, aérea - película retrorrefletiva tipo III + III - fornecimento e implantação","m²",1034.86,5213487]
[5213488,"Placa em alumínio composto, espessura de 3,0 mm, modulada, aérea - película retrorrefletiva tipo III + X - fornecimento e implantação","m²",1097.35,5213488]
[5213568,"Placa em alumínio composto, espessura de 3,0 mm, modulada, aérea - película retrorrefletiva tipo X + SI - fornecimento e implantação","m²",1225.57,5213568]
[5213483,"Placa em alumínio, espessura de 1,5 mm, modulada, aérea - película retrorrefletiva tipo I + III - fornecimento e implantação","m²",977.89,5213483]
[5213484,"Placa em alumínio, espessura de 1,5 mm, modulada, aérea - película retrorrefletiva tipo III + III - fornecimento e implantação","m²",1070.83,5213484]
[5213485,"Placa em alumínio, espessura de 1,5 mm, modulada, aérea - película retrorrefletiva tipo III + X - fornecimento e implantação","m²",1133.33,5213485]
[5213434,"Placa em alumínio, espessura de 1,5 mm, modulada, aérea, com película retrorrefletiva tipo I + III - confecção","m²",643.8,5213434]
[5213435,"Placa em alumínio, espessura de 1,5 mm, modulada, aérea, com película retrorrefletiva tipo III + III - confecção","m²",736.74,5213435]
[5213436,"Placa em alumínio, espessura de 1,5 mm, modulada, aérea, com película retrorrefletiva tipo III + X - confecção","m²",799.24,5213436]
[5213430,"Placa em chapa de poliéster reforçada com fibra de vidro com película retrorrefletiva tipo I + I - confecção","m²",383.88,5213430]
[5213431,"Placa em chapa de poliéster reforçada com fibra de vidro com película retrorrefletiva tipo I + III - confecção","m²",421.06,5213431]
[5213433,"Placa em chapa de poliéster reforçada com fibra de vidro com película retrorrefletiva tipo I + IV - confecção","m²",406.93,5213433]
[5213428,"Placa em chapa de poliéster reforçada com fibra de vidro com película retrorrefletiva tipo I + SI - confecção","m²",530.1,5213428]
[5213432,"Placa em chapa de poliéster reforçada com fibra de vidro com película retrorrefletiva tipo III + III - confecção","m²",514,5213432]
[5213429,"Placa em chapa de poliéster reforçada com fibra de vidro com película retrorrefletiva tipo III + SI - confecção","m²",606.6,5213429]
[5213516,"Placa em fibra - 2,00 x 1,00 m - película retrorrefletiva tipo I + I - fornecimento e implantação","un",846.9,5213516]
[5213525,"Placa em fibra - 2,00 x 1,00 m - película retrorrefletiva tipo I + III - fornecimento e implantação","un",921.26,5213525]
[5213534,"Placa em fibra - 2,00 x 1,00 m - película retrorrefletiva tipo III + III - fornecimento e implantação","un",1107.14,{"$f":"A5124*1","v":5213534}]
[5213517,"Placa em fibra - 3,00 x 1,50 m - película retrorrefletiva tipo I + I - fornecimento e implantação","un",1806.6,5213517]
[5213526,"Placa em fibra - 3,00 x 1,50 m - película retrorrefletiva tipo I + III - fornecimento e implantação","un",1973.91,5213526]
[5213535,"Placa em fibra - 3,00 x 1,50 m - película retrorrefletiva tipo III + III - fornecimento e implantação","un",2392.14,5213535]
[5213518,"Placa em fibra - 3,00 x 2,00 m - película retrorrefletiva tipo I + I - fornecimento e implantação","un",2382.42,5213518]
[5213527,"Placa em fibra - 3,00 x 2,00 m - película retrorrefletiva tipo I + III - fornecimento e implantação","un",2605.5,5213527]
[5213536,"Placa em fibra - 3,00 x 2,00 m - película retrorrefletiva tipo III + III - fornecimento e implantação","un",3163.14,5213536]
[5213519,"Placa em fibra - 4,00 x 2,00 m - película retrorrefletiva tipo I + I - fornecimento e implantação","un",3229.31,5213519]
[5213528,"Placa em fibra - 4,00 x 2,00 m - película retrorrefletiva tipo I + III - fornecimento e implantação","un",3526.75,5213528]
[5213537,"Placa em fibra - 4,00 x 2,00 m - película retrorrefletiva tipo III + III - fornecimento e implantação","un",4270.27,5213537]
[5213521,"Placa em fibra - 4,00 x 3,00 m - película retrorrefletiva tipo I + I - fornecimento e implantação","un",4764.83,5213521]
[5213530,"Placa em fibra - 4,00 x 3,00 m - película retrorrefletiva tipo I + III - fornecimento e implantação","un",5210.99,5213530]
[5213539,"Placa em fibra - 4,00 x 3,00 m - película retrorrefletiva tipo III + III - fornecimento e implantação","un",6326.27,5213539]
[5213573,"Placa em fibra - película I + I - fornecimento e implantação","m²",436.64,5213573]
[5213574,"Placa em fibra - película I + III - fornecimento e implantação","m²",473.82,5213574]
[5213575,"Placa em fibra - película III + III - fornecimento e implantação","m²",566.76,5213575]
[5213480,"Placa em fibra, modulada, aérea - película retrorrefletiva tipo I + III - fornecimento e implantação","m²",871.31,5213480]
[5213481,"Placa em fibra, modulada, aérea - película retrorrefletiva tipo III + III - fornecimento e implantação","m²",964.25,5213481]
[5213482,"Placa em fibra, modulada, aérea - película retrorrefletiva tipo III + X - fornecimento e implantação","m²",1026.74,5213482]
[5213422,"Placa modulada em aço nº 18 galvanizado com película retrorrefletiva tipo I + I - confecção","m²",535.33,5213422]
[5213423,"Placa modulada em aço nº 18 galvanizado com película retrorrefletiva tipo I + III - confecção","m²",572.51,5213423]
[5213424,"Placa modulada em aço nº 18 galvanizado com película retrorrefletiva tipo III + III - confecção","m²",665.45,5213424]
[5213437,"Placa modulada em chapa de poliéster reforçada com fibra de vidro, aérea, com película retrorrefletiva tipo I + III - confecção","m²",537.22,5213437]
[5213438,"Placa modulada em chapa de poliéster reforçada com fibra de vidro, aérea, com película retrorrefletiva tipo III + III - confecção","m²",630.16,5213438]
[5213439,"Placa modulada em chapa de poliéster reforçada com fibra de vidro, aérea, com película retrorrefletiva tipo III + X - confecção","m²",692.65,5213439]
[5212556,"Placa para sinalização de obras montada em cavalete metálico - 1,00 x 1,00 m - utilização de 600 ciclos - fornecimento, 01 implantação e 01 retirada diária","un.dia",1.92,5212556]
[5213649,"Pórtico metálico com vão de 15,9 m, vento de 35 m/s e área de exposição de até 23,85 m² - fornecimento e implantação - areia e brita comerciais","un",102701.07,5213649]
[5213591,"Pórtico metálico com vão de 15,9 m, vento de 35 m/s e área de exposição de até 23,85 m² - fornecimento e implantação - areia extraída e brita produzida","un",102701.07,5213591]
[5213718,"Pórtico metálico com vão de 15,9 m, vento de 40 m/s e área de exposição de até 23,85 m² - fornecimento e implantação - areia e brita comerciais","un",113505.99,5213718]
[5213741,"Pórtico metálico com vão de 15,9 m, vento de 40 m/s e área de exposição de até 23,85 m² - fornecimento e implantação - areia extraída e brita produzida","un",113505.99,5213741]
[5213776,"Pórtico metálico com vão de 15,9 m, vento de 45 m/s e área de exposição de até 23,85 m² - fornecimento e implantação - areia e brita comerciais","un",124310.9,5213776]
[5213799,"Pórtico metálico com vão de 15,9 m, vento de 45 m/s e área de exposição de até 23,85 m² - fornecimento e implantação - areia extraída e brita produzida","un",124310.9,5213799]
[5213363,"Recuperação de chapa em aço para placa de sinalização","m²",34.29,5213363]
[5213616,"Remoção da estrutura de fundação de pórtico e semipórtico metálico","m³",848.24,5213616]
[5213667,"Remoção da estrutura de pórtico metálico","un",319.3,5213667]
[5213683,"Remoção da estrutura de semipórtico duplo metálico","un",227.04,5213683]
[5213660,"Remoção da estrutura de semipórtico metálico","un",189.2,5213660]
[5213364,"Remoção de placa de sinalização","m²",19.42,5213364]
[5213832,"Remoção de sinalização horizontal com maçarico","m²",3.22,5213832]
[5213830,"Remoção de sinalização horizontal por fresagem","m²",4.09,5213830]
[5213831,"Remoção de sinalização horizontal tipo pintura acrílica por jateamento abrasivo úmido com vidro - utilização de 3 vezes","m²",54.32,5213831]
[5213849,"Semáforo móvel com 3 lentes D = 200 mm","h",3.29,5213849]
[5213636,"Semipórtico duplo metálico com vão de 2 x 8,3 m, vento de 35 m/s e área de exposição de até 2 x 12,45 m² - fornecimento e implantação - areia e brita comerciais","un",100234.79,5213636]
[5213642,"Semipórtico duplo metálico com vão de 2 x 8,3 m, vento de 35 m/s e área de exposição de até 2 x 12,45 m² - fornecimento e implantação - areia extraída e brita produzida","un",100234.79,5213642]
[5213757,"Semipórtico duplo metálico com vão de 2 x 8,3 m, vento de 40 m/s e área de exposição de até 2 x 12,45 m² - fornecimento e implantação - areia e brita comerciais","un",111071.2,5213757]
[5213763,"Semipórtico duplo metálico com vão de 2 x 8,3 m, vento de 40 m/s e área de exposição de até 2 x 12,45 m² - fornecimento e implantação - areia extraída e brita produzida","un",111071.2,5213763]
[5213815,"Semipórtico duplo metálico com vão de 2 x 8,3 m, vento de 45 m/s e área de exposição de até 2 x 12,45 m² - fornecimento e implantação - areia e brita comerciais","un",121907.62,5213815]
[5213821,"Semipórtico duplo metálico com vão de 2 x 8,3 m, vento de 45 m/s e área de exposição de até 2 x 12,45 m² - fornecimento e implantação - areia extraída e brita produzida","un",121907.62,5213821]
[5213630,"Semipórtico metálico com vão de 8,3 m, vento de 35 m/s e área de exposição de até 12,45 m² - fornecimento e implantação - areia e brita comerciais","un",60415.78,5213630]
[5213584,"Semipórtico metálico com vão de 8,3 m, vento de 35 m/s e área de exposição de até 12,45 m² - fornecimento e implantação - areia extraída e brita produzida","un",60415.78,5213584]
[5213711,"Semipórtico metálico com vão de 8,3 m, vento de 40 m/s e área de exposição de até 12,45 m² - fornecimento e implantação - areia e brita comerciais","un",66827.86,5213711]
[5213734,"Semipórtico metálico com vão de 8,3 m, vento de 40 m/s e área de exposição de até 12,45 m² - fornecimento e implantação - areia extraída e brita produzida","un",66827.86,5213734]
[5213769,"Semipórtico metálico com vão de 8,3 m, vento de 45 m/s e área de exposição de até 12,45 m² - fornecimento e implantação - areia e brita comerciais","un",73239.94,5213769]
[5213792,"Semipórtico metálico com vão de 8,3 m, vento de 45 m/s e área de exposição de até 12,45 m² - fornecimento e implantação - areia extraída e brita produzida","un",73239.94,5213792]
[5213844,"Sinalizador direcional móvel, LED, com banco fotovoltaico de energia e montado em chassi com engate","h",3.57,5213844]
[5213869,"Suporte duplo metálico galvanizado para placas - 3,00 x 1,50 m - fornecimento e implantação","un",2395.45,5213869]
[5213870,"Suporte duplo metálico galvanizado para placas - 3,00 x 2,00 m - fornecimento e implantação","un",3296.34,5213870]
[5213871,"Suporte duplo metálico galvanizado para placas - 4,00 x 2,00 m - fornecimento e implantação","un",3372.6,5213871]
[5213872,"Suporte duplo metálico galvanizado para placas - 4,00 x 3,00 m - fornecimento e implantação","un",5345.55,5213872]
[5213867,"Suporte metálico galvanizado para marco quilométrico - fornecimento e implantação","un",563.05,5213867]
[5213863,"Suporte metálico galvanizado para placa de advertência ou regulamentação - lado ou diâmetro de 0,60 m - fornecimento e implantação","un",451.59,5213863]
[5213864,"Suporte metálico galvanizado para placa de advertência ou regulamentação - lado ou diâmetro de 0,80 m - fornecimento e implantação","un",481.01,5213864]
[5213865,"Suporte metálico galvanizado para placa de advertência ou regulamentação - lado ou diâmetro de 1,00 m - fornecimento e implantação","un",510.61,5213865]
[5213866,"Suporte metálico galvanizado para placa de advertência ou regulamentação - lado ou diâmetro de 1,20 m - fornecimento e implantação","un",575.67,5213866]
[5213855,"Suporte metálico galvanizado para placa de regulamentação - R1 - lado de 0,248 m - fornecimento e implantação","un",405.76,{"$f":"A5188*1","v":5213855}]
[5213856,"Suporte metálico galvanizado para placa de regulamentação - R1 - lado de 0,331 m - fornecimento e implantação","un",420.91,5213856]
[5213857,"Suporte metálico galvanizado para placa de regulamentação - R1 - lado de 0,414 m - fornecimento e implantação","un",435.45,5213857]
[5213858,"Suporte metálico galvanizado para placa de regulamentação - R1 - lado de 0,497 m - fornecimento e implantação","un",450.79,5213858]
[5213859,"Suporte metálico galvanizado para placa de regulamentação - R2 - lado de 0,60 m - fornecimento e implantação","un",446.7,5213859]
[5213860,"Suporte metálico galvanizado para placa de regulamentação - R2 - lado de 0,80 m - fornecimento e implantação","un",461.79,5213860]
[5213861,"Suporte metálico galvanizado para placa de regulamentação - R2 - lado de 1,00 m - fornecimento e implantação","un",490.15,5213861]
[5213862,"Suporte metálico galvanizado para placa de regulamentação - R2 - lado de 1,20 m - fornecimento e implantação","un",554.87,5213862]
[5213868,"Suporte metálico galvanizado para placas - 2,00 x 1,00 m - fornecimento e implantação","un",1108.74,5213868]
[5219546,"Suporte metálico móvel para placa de sinalização - confecção","un",337.85,5219546]
[5216111,"Suporte para placa de sinalização em madeira de lei tratada 8 x 8 cm - fornecimento e implantação","un",135.11,5216111]
[5213351,"Suporte polimérico ecológico maciço colapsível D = 6,5 cm para placa de sinalização - fornecimento e implantação","un",733.84,5213351]
[5213350,"Suporte polimérico ecológico maciço colapsível quadrado de 10 cm para placa de sinalização - fornecimento e implantação","un",1974.19,5213350]
[5213352,"Suporte polimérico ecológico maciço colapsível quadrado de 8 cm para placa de sinalização - fornecimento e implantação","un",1032.07,5213352]
[5213353,"Suporte polimérico ecológico maciço colapsível retangular de 7 x 15 cm para placa de sinalização - fornecimento e implantação","un",2610.51,5213353]
[5213360,"Tacha refletiva em plástico injetado - bidirecional tipo I - com um pino - fornecimento e colocação","un",33.53,5213360]
[5219605,"Tacha refletiva em plástico injetado - bidirecional tipo I - fornecimento e colocação","un",31.33,5219605]
[5219606,"Tacha refletiva em plástico injetado - bidirecional tipo II - com um pino - fornecimento e colocação","un",40.95,5219606]
[5219607,"Tacha refletiva em plástico injetado - bidirecional tipo II - fornecimento e colocação","un",34.14,5219607]
[5219608,"Tacha refletiva em plástico injetado - bidirecional tipo III - com um pino - fornecimento e colocação","un",40.95,5219608]
[5219609,"Tacha refletiva em plástico injetado - bidirecional tipo III - fornecimento e colocação","un",34.14,5219609]
[5219610,"Tacha refletiva em plástico injetado - bidirecional tipo IV - com um pino - fornecimento e colocação","un",36.34,5219610]
[5219611,"Tacha refletiva em plástico injetado - bidirecional tipo IV - fornecimento e colocação","un",39.8,5219611]
[5213359,"Tacha refletiva em plástico injetado - monodirecional tipo I - com um pino - fornecimento e colocação","un",29.42,5213359]
[5219612,"Tacha refletiva em plástico injetado - monodirecional tipo I - fornecimento e colocação","un",26.35,5219612]
[5219613,"Tacha refletiva em plástico injetado - monodirecional tipo II - com um pino - fornecimento e colocação","un",33.78,5219613]
[5219614,"Tacha refletiva em plástico injetado - monodirecional tipo II - fornecimento e colocação","un",31.4,5219614]
[5219615,"Tacha refletiva em plástico injetado - monodirecional tipo III - com um pino - fornecimento e colocação","un",34.65,5219615]
[5219616,"Tacha refletiva em plástico injetado - monodirecional tipo III - fornecimento e colocação","un",31.98,5219616]
[5219617,"Tacha refletiva em plástico injetado - monodirecional tipo IV - com um pino - fornecimento e colocação","un",41.05,5219617]
[5219618,"Tacha refletiva em plástico injetado - monodirecional tipo IV - fornecimento e colocação","un",38.67,5219618]
[5219619,"Tacha refletiva em resina sintética - bidirecional tipo I - com um pino - fornecimento e colocação","un",43.98,5219619]
[5219620,"Tacha refletiva em resina sintética - bidirecional tipo I - fornecimento e colocação","un",41.6,5219620]
[5219621,"Tacha refletiva em resina sintética - bidirecional tipo II - com um pino - fornecimento e colocação","un",51.24,5219621]
[5219622,"Tacha refletiva em resina sintética - bidirecional tipo II - fornecimento e colocação","un",48.82,5219622]
[5219623,"Tacha refletiva em resina sintética - bidirecional tipo III - com um pino - fornecimento e colocação","un",55.56,5219623]
[5219624,"Tacha refletiva em resina sintética - bidirecional tipo III - fornecimento e colocação","un",53.06,5219624]
[5219625,"Tacha refletiva em resina sintética - bidirecional tipo IV - com um pino - fornecimento e colocação","un",57.42,5219625]
[5219626,"Tacha refletiva em resina sintética - bidirecional tipo IV - fornecimento e colocação","un",69.87,5219626]
[5219627,"Tacha refletiva em resina sintética - monodirecional tipo I - com um pino - fornecimento e colocação","un",42.54,5219627]
[5219628,"Tacha refletiva em resina sintética - monodirecional tipo I - fornecimento e colocação","un",40.04,5219628]
[5219629,"Tacha refletiva em resina sintética - monodirecional tipo II - com um pino - fornecimento e colocação","un",49.65,5219629]
[5219630,"Tacha refletiva em resina sintética - monodirecional tipo II - fornecimento e colocação","un",47.14,5219630]
[5219631,"Tacha refletiva em resina sintética - monodirecional tipo III - com um pino - fornecimento e colocação","un",53.91,5219631]
[5219632,"Tacha refletiva em resina sintética - monodirecional tipo III - fornecimento e colocação","un",51.31,5219632]
[5219633,"Tacha refletiva em resina sintética - monodirecional tipo IV - com um pino - fornecimento e colocação","un",55.97,5219633]
[5219634,"Tacha refletiva em resina sintética - monodirecional tipo IV - fornecimento e colocação","un",69.87,5219634]
[5213395,"Tacha refletiva metálica - bidirecional tipo II - com dois pinos - fornecimento e colocação","un",39.8,5213395]
[5213394,"Tacha refletiva metálica - bidirecional tipo II - com um pino - fornecimento e colocação","un",35.29,5213394]
[5219635,"Tacha refletiva metálica - bidirecional tipo III - com dois pinos - fornecimento e colocação","un",34.81,5219635]
[5219636,"Tacha refletiva metálica - bidirecional tipo III - com um pino - fornecimento e colocação","un",29.46,5219636]
[5219637,"Tacha refletiva metálica - bidirecional tipo IV - com dois pinos - fornecimento e colocação","un",75.23,5219637]
[5219638,"Tacha refletiva metálica - bidirecional tipo IV - com um pino - fornecimento e colocação","un",71.97,5219638]
[5213393,"Tacha refletiva metálica - monodirecional tipo II - com dois pinos - fornecimento e colocação","un",34.63,5213393]
[5213392,"Tacha refletiva metálica - monodirecional tipo II - com um pino - fornecimento e colocação","un",29.18,5213392]
[5219639,"Tacha refletiva metálica - monodirecional tipo III - com dois pinos - fornecimento e colocação","un",31.41,5219639]
[5219640,"Tacha refletiva metálica - monodirecional tipo III - com um pino - fornecimento e colocação","un",26.55,5219640]
[5219641,"Tacha refletiva metálica - monodirecional tipo IV - com dois pinos - fornecimento e colocação","un",66.5,5219641]
[5219642,"Tacha refletiva metálica - monodirecional tipo IV - com um pino - fornecimento e colocação","un",63.24,5219642]
[5213362,"Tachão refletivo em plástico injetado - bidirecional - fornecimento e colocação","un",97.52,5213362]
[5213361,"Tachão refletivo em plástico injetado - monodirecional - fornecimento e colocação","un",96.07,5213361]
[5219643,"Tachão refletivo em resina sintética - bidirecional - fornecimento e colocação","un",80.36,5219643]
[5219644,"Tachão refletivo em resina sintética - monodirecional - fornecimento e colocação","un",78.65,5219644]
[5214000,"Termoplástico pré-formado para sinalização horizontal - espessura de 2 mm - fornecimento e implantação","m²",353.12,5214000]
[5301014,"Comboio balizador em deslocamento","km",129.16,{"$f":"A5252*1","v":5301014}]
[5300995,"Confecção de corpo de boia flutuante cilíndrico D = 1,10m","un",2856.1,5300995]
[5300996,"Confecção de corpo de boia flutuante cilíndrico D = 1,10m - com lastro","un",3713.32,5300996]
[5300998,"Confecção de corpo de boia flutuante cilíndrico D = 1,42m - boia de amarração","un",7339.3,5300998]
[5300997,"Confecção de corpo de boia flutuante cilíndrico D = 1,43m - com lastro","un",6080.85,5300997]
[5300999,"Confecção de mangrulho H = 0,90m","un",910.95,5300999]
[5301000,"Confecção de mangrulho H = 1,50m","un",1383.85,5301000]
[5301001,"Confecção de marca de tope de bombordo","un",635.37,5301001]
[5301002,"Confecção de marca de tope de boreste","un",396.35,5301002]
[5301003,"Confecção de marca de tope especial","un",387.92,5301003]
[5301064,"Fornecimento e implantação de suporte duplo em madeira com travessa para placa de sinalização náutica em margem - altura total de 4,0 m","un",641.83,5301064]
[5301046,"Fornecimento e implantação de suporte duplo em madeira com travessa para placa de sinalização náutica em margem - altura total de 4,0 m - com embarcação","un",1239.09,5301046]
[5301065,"Fornecimento e implantação de suporte duplo em madeira com travessa para placa de sinalização náutica em margem - altura total de 5,0 m","un",1101.5,5301065]
[5301047,"Fornecimento e implantação de suporte duplo em madeira com travessa para placa de sinalização náutica em margem - altura total de 5,0 m - com embarcação","un",2091.56,5301047]
[5301066,"Fornecimento e implantação de suporte duplo em madeira com travessa para placa de sinalização náutica em margem - altura total de 5,5 m","un",1230.77,5301066]
[5301048,"Fornecimento e implantação de suporte duplo em madeira com travessa para placa de sinalização náutica em margem - altura total de 5,5 m - com embarcação","un",2277.27,5301048]
[5301040,"Fornecimento e implantação de suporte duplo metálico galvanizado para placa de sinalização náutica em margem - altura total de 4 m - com embarcação","un",2197.82,5301040]
[5301058,"Fornecimento e implantação de suporte duplo metálico galvanizado para placa de sinalização náutica em margem - altura total de 4,0 m","un",1592.88,5301058]
[5301041,"Fornecimento e implantação de suporte duplo metálico galvanizado para placa de sinalização náutica em margem - altura total de 5 m - com embarcação","un",4941.25,5301041]
[5301059,"Fornecimento e implantação de suporte duplo metálico galvanizado para placa de sinalização náutica em margem - altura total de 5,0 m","un",3929,5301059]
[5301060,"Fornecimento e implantação de suporte duplo metálico galvanizado para placa de sinalização náutica em margem - altura total de 5,5 m","un",4347.22,5301060]
[5301042,"Fornecimento e implantação de suporte duplo metálico galvanizado para placa de sinalização náutica em margem - altura total de 5,5 m - com embarcação","un",5417.72,5301042]
[5301072,"Fornecimento e implantação de suporte duplo polimérico ecológico maciço quadrado de 10 cm para placa de sinalização náutica em margem - altura total de 5,5 m","un",5469.84,5301072]
[5301054,"Fornecimento e implantação de suporte duplo polimérico ecológico maciço quadrado de 10 cm para placa de sinalização náutica em margem - altura total de 5,5 m - com embarcação","un",5969.26,5301054]
[5301070,"Fornecimento e implantação de suporte duplo polimérico ecológico maciço quadrado de 8 cm para placa de sinalização náutica em margem - altura total de 4,0 m","un",2371.32,5301070]
[5301052,"Fornecimento e implantação de suporte duplo polimérico ecológico maciço quadrado de 8 cm para placa de sinalização náutica em margem - altura total de 4,0 m - com embarcação","un",2848.44,5301052]
[5301071,"Fornecimento e implantação de suporte duplo polimérico ecológico maciço quadrado de 8 cm para placa de sinalização náutica em margem - altura total de 5,0 m","un",3138.58,5301071]
[5301053,"Fornecimento e implantação de suporte duplo polimérico ecológico maciço quadrado de 8 cm para placa de sinalização náutica em margem - altura total de 5,0 m - com embarcação","un",3616.06,5301053]
[5301061,"Fornecimento e implantação de suporte simples em madeira com travessa para placa de sinalização náutica em margem - altura total de 4 m","un",211.4,5301061]
[5301043,"Fornecimento e implantação de suporte simples em madeira com travessa para placa de sinalização náutica em margem - altura total de 4 m - com embarcação","un",683.19,5301043]
[5301062,"Fornecimento e implantação de suporte simples em madeira com travessa para placa de sinalização náutica em margem - altura total de 5 m","un",343.93,5301062]
[5301044,"Fornecimento e implantação de suporte simples em madeira com travessa para placa de sinalização náutica em margem - altura total de 5 m - com embarcação","un",1021.74,5301044]
[5301063,"Fornecimento e implantação de suporte simples em madeira com travessa para placa de sinalização náutica em margem - altura total de 5,5 m","un",395.62,5301063]
[5301045,"Fornecimento e implantação de suporte simples em madeira com travessa para placa de sinalização náutica em margem - altura total de 5,5 m - com embarcação","un",1121.96,5301045]
[5301037,"Fornecimento e implantação de suporte simples metálico galvanizado para placa de sinalização náutica em margem - altura total de 4 m - com embarcação","un",1148.15,5301037]
[5301055,"Fornecimento e implantação de suporte simples metálico galvanizado para placa de sinalização náutica em margem - altura total de 4,0 m","un",672.42,5301055]
[5301038,"Fornecimento e implantação de suporte simples metálico galvanizado para placa de sinalização náutica em margem - altura total de 5 m - com embarcação","un",2417.04,5301038]
[5301056,"Fornecimento e implantação de suporte simples metálico galvanizado para placa de sinalização náutica em margem - altura total de 5,0 m","un",1727.74,5301056]
[5301057,"Fornecimento e implantação de suporte simples metálico galvanizado para placa de sinalização náutica em margem - altura total de 5,5 m","un",1920.33,5301057]
[5301039,"Fornecimento e implantação de suporte simples metálico galvanizado para placa de sinalização náutica em margem - altura total de 5,5 m - com embarcação","un",2659.72,5301039]
[5301069,"Fornecimento e implantação de suporte simples polimérico ecológico maciço quadrado de 10 cm para placa de sinalização náutica em margem - altura total de 5,5 m","un",2503.99,5301069]
[5301051,"Fornecimento e implantação de suporte simples polimérico ecológico maciço quadrado de 10 cm para placa de sinalização náutica em margem - altura total de 5,5 m - com embarcação","un",2912.01,5301051]
[5301067,"Fornecimento e implantação de suporte simples polimérico ecológico maciço quadrado de 8 cm para placa de sinalização náutica em margem - altura total de 4 m","un",1074.75,5301067]
[5301049,"Fornecimento e implantação de suporte simples polimérico ecológico maciço quadrado de 8 cm para placa de sinalização náutica em margem - altura total de 4 m - com embarcação","un",1481.94,5301049]
[5301068,"Fornecimento e implantação de suporte simples polimérico ecológico maciço quadrado de 8 cm para placa de sinalização náutica em margem - altura total de 5 m","un",1357.94,5301068]
[5301050,"Fornecimento e implantação de suporte simples polimérico ecológico maciço quadrado de 8 cm para placa de sinalização náutica em margem - altura total de 5 m - com embarcação","un",1765.31,5301050]
[5301022,"Fornecimento e instalação de conjunto de acessórios para sistema de fundeio de boia de amarração náutica com 4 manilhas","un",975.92,5301022]
[5301021,"Fornecimento e instalação de conjunto de acessórios para sistema de fundeio de boia de sinalização náutica com 7 manilhas","un",619.76,5301021]
[5301020,"Fornecimento e instalação de corrente 1\" para sistema de fundeio de boia de sinalização náutica","m",374.92,5301020]
[5301018,"Fornecimento e instalação de corrente 1/2\" para sistema de fundeio de boia de sinalização náutica","m",97.4,5301018]
[5301019,"Fornecimento e instalação de corrente 3/4\" para sistema de fundeio de boia de sinalização náutica","m",253.3,5301019]
[5301077,"Fornecimento e instalação de lanterna de sinalização náutica com alcance luminoso de 2 MN em obra de arte especial - com embarcação","un",4747.52,5301077]
[5301078,"Fornecimento e instalação de lanterna de sinalização náutica com alcance luminoso de 3 MN em obra de arte especial - com embarcação","un",5283.67,5301078]
[5301079,"Fornecimento e instalação de lanterna de sinalização náutica com alcance luminoso de 4 MN em obra de arte especial - com embarcação","un",7609.44,5301079]
[5301080,"Fornecimento e instalação de lanterna de sinalização náutica com alcance luminoso de 5 MN em obra de arte especial - com embarcação","un",9136.81,5301080]
[5301081,"Fornecimento e instalação de lanterna de sinalização náutica com alcance luminoso de 8 MN em obra de arte especial - com embarcação","un",10106.73,5301081]
[5301023,"Fornecimento e instalação de suporte e lanterna de sinalização náutica com alcance luminoso de 2 MN em boia","un",3669.93,5301023]
[5301024,"Fornecimento e instalação de suporte e lanterna de sinalização náutica com alcance luminoso de 3 MN em boia","un",4206.08,5301024]
[5301025,"Fornecimento e instalação de suporte e lanterna de sinalização náutica com alcance luminoso de 4 MN em boia","un",6531.85,5301025]
[5301026,"Fornecimento e instalação de suporte e lanterna de sinalização náutica com alcance luminoso de 5 MN em boia","un",8059.22,5301026]
[5301027,"Fornecimento e instalação de suporte e lanterna de sinalização náutica com alcance luminoso de 8 MN em boia","un",9029.14,5301027]
[5301028,"Fornecimento e substituição de lanterna de sinalização náutica com alcance luminoso de 2 MN em boia","un",3610.88,5301028]
[5301082,"Fornecimento e substituição de lanterna de sinalização náutica com alcance luminoso de 2 MN em obra de arte especial - com embarcação","un",4603.49,5301082]
[5301029,"Fornecimento e substituição de lanterna de sinalização náutica com alcance luminoso de 3 MN em boia","un",4147.03,5301029]
[5301083,"Fornecimento e substituição de lanterna de sinalização náutica com alcance luminoso de 3 MN em obra de arte especial - com embarcação","un",5139.64,{"$f":"A5316*1","v":5301083}]
[5301030,"Fornecimento e substituição de lanterna de sinalização náutica com alcance luminoso de 4 MN em boia","un",6472.8,5301030]
[5301084,"Fornecimento e substituição de lanterna de sinalização náutica com alcance luminoso de 4 MN em obra de arte especial - com embarcação","un",7465.41,5301084]
[5301031,"Fornecimento e substituição de lanterna de sinalização náutica com alcance luminoso de 5 MN em boia","un",8000.17,5301031]
[5301085,"Fornecimento e substituição de lanterna de sinalização náutica com alcance luminoso de 5 MN em obra de arte especial - com embarcação","un",8992.79,5301085]
[5301032,"Fornecimento e substituição de lanterna de sinalização náutica com alcance luminoso de 8 MN em boia","un",8970.09,5301032]
[5301086,"Fornecimento e substituição de lanterna de sinalização náutica com alcance luminoso de 8 MN em obra de arte especial - com embarcação","un",9962.7,5301086]
[5301033,"Implantação de placa de sinalização náutica em margem - equipamentos e mão de obra","un",71.53,5301033]
[5301034,"Implantação de placa de sinalização náutica em margem - equipamentos e mão de obra - com embarcação","un",528.34,5301034]
[5301073,"Implantação de placa de sinalização náutica em obra de arte especial - equipamentos e mão de obra","un",426.74,5301073]
[5301074,"Implantação de placa de sinalização náutica em obra de arte especial - equipamentos e mão de obra - com embarcação","un",1531.02,5301074]
[5301015,"Lançamento de boia de sinalização náutica com sistema de fundeio - equipamentos e mão de obra","un",946.25,5301015]
[5300992,"Pintura com epóxi óxido de ferro em chapa metálica com pistola a ar comprimido, uma demão, espessura até 35 µm","m²",15.86,5300992]
[5300994,"Pintura com esmalte poliuretano de dois componentes em chapa metálica com pistola a ar comprimido, uma demão, espessura até 35 µm","m²",14.69,5300994]
[5300993,"Pintura com fundo fosfatizante, uma demão, em chapa de alumínio com pistola a ar comprimido","m²",10.1,5300993]
[5301088,"Poita de concreto com 1.000 kg para boia de sinalização náutica","un",331.02,5301088]
[5301004,"Poita de concreto com 1.500 kg para boia de sinalização náutica","un",470.3,5301004]
[5301087,"Poita de concreto com 500 kg para boia de sinalização náutica","un",195.28,5301087]
[5301005,"Reforma de corpo de boia flutuante cilíndrico D = 1,10m","un",412.1,5301005]
[5301006,"Reforma de corpo de boia flutuante cilíndrico D = 1,10m - com lastro","un",509.27,5301006]
[5301008,"Reforma de corpo de boia flutuante cilíndrico D = 1,42m - boia de amarração","un",924.21,5301008]
[5301007,"Reforma de corpo de boia flutuante cilíndrico D = 1,43m - com lastro","un",843.63,5301007]
[5301009,"Reforma de mangrulho H = 0,90m","un",256.08,5301009]
[5301010,"Reforma de mangrulho H = 1,50m","un",392.91,5301010]
[5301011,"Reforma de marca de tope de bombordo","un",311.21,5301011]
[5301012,"Reforma de marca de tope de boreste","un",218.91,5301012]
[5301013,"Reforma de marca de tope especial","un",186,5301013]
[5301016,"Substituição de boia de sinalização náutica com sistema de fundeio - equipamentos e mão de obra","un",1568.14,5301016]
[5301017,"Substituição de boia de sinalização náutica sem sistema de fundeio - equipamentos e mão de obra","un",1145.57,5301017]
[5301035,"Substituição de placa de sinalização náutica em margem - equipamentos e mão de obra","un",105.51,5301035]
[5301036,"Substituição de placa de sinalização náutica em margem - equipamentos e mão de obra - com embarcação","un",1056.68,5301036]
[5301075,"Substituição de placa de sinalização náutica em obra de arte especial - equipamentos e mão de obra","un",488.24,5301075]
[5301076,"Substituição de placa de sinalização náutica em obra de arte especial - equipamentos e mão de obra - com embarcação","un",1694.69,5301076]
[5405977,"Aterro compactado em solo reforçado com fita metálica galvanizada - taxa 1,65 kg/m³ - material de jazida","m³",43.14,5405977]
[5406044,"Aterro compactado em solo reforçado com fita metálica galvanizada - taxa 12,40 kg/m³ - material de jazida","m³",259.26,5406044]
[5406045,"Aterro compactado em solo reforçado com fita metálica galvanizada - taxa 13,23 kg/m³ - material de jazida","m³",275.95,5406045]
[5406046,"Aterro compactado em solo reforçado com fita metálica galvanizada - taxa 14,88 kg/m³ - material de jazida","m³",309.12,5406046]
[5406047,"Aterro compactado em solo reforçado com fita metálica galvanizada - taxa 19,84 kg/m³ - material de jazida","m³",408.83,5406047]
[5405978,"Aterro compactado em solo reforçado com fita metálica galvanizada - taxa 3,31 kg/m³ - material de jazida","m³",76.52,5405978]
[5405982,"Aterro compactado em solo reforçado com fita metálica galvanizada - taxa 4,13 kg/m³ - material de jazida","m³",93,5405982]
[5405983,"Aterro compactado em solo reforçado com fita metálica galvanizada - taxa 4,96 kg/m³ - material de jazida","m³",109.69,5405983]
[5405984,"Aterro compactado em solo reforçado com fita metálica galvanizada - taxa 6,61 kg/m³ - material de jazida","m³",142.86,5405984]
[5405985,"Aterro compactado em solo reforçado com fita metálica galvanizada - taxa 8,27 kg/m³ - material de jazida","m³",176.23,5405985]
[5406043,"Aterro compactado em solo reforçado com fita metálica galvanizada - taxa 9,92 kg/m³ - material de jazida","m³",209.4,5406043]
[5405975,"Escoramento da primeira linha de escamas de concreto armado em solo reforçado com fita metálica – utilização de 3 vezes - confecção, instalação e retirada","m²",38.33,5405975]
[5405970,"Fabricação de escama de concreto armado para solo reforçado com fita metálica - 2 a 5 ligações - areia e brita comerciais","m³",1389.73,5405970]
[5405972,"Fabricação de escama de concreto armado para solo reforçado com fita metálica - 2 a 5 ligações - areia extraída e brita produzida","m³",1270.72,5405972]
[5405971,"Fabricação de escama de concreto armado para solo reforçado com fita metálica - 6 a 8 ligações - areia e brita comerciais","m³",1562,5405971]
[5405973,"Fabricação de escama de concreto armado para solo reforçado com fita metálica - 6 a 8 ligações - areia extraída e brita produzida","m³",1442.99,5405973]
[5405986,"Moldes metálicos para escama de concreto armado para solo reforçado com fita metálica - formato cruciforme de 1,50 x 1,50 m - utilização de 100 vezes","m²",9.82,5405986]
[5405976,"Montagem das escamas de concreto armado em solo reforçado com fita metálica","m²",122.51,5405976]
[5406023,"Muro de escama de concreto armado em solo reforçado com fita metálica com altura até 4 m - tipo 1 - areia e brita comerciais","m²",338.63,5406023]
[5406033,"Muro de escama de concreto armado em solo reforçado com fita metálica com altura até 4 m - tipo 1 - areia extraída e brita produzida","m²",321.97,5406033]
[5406024,"Muro de escama de concreto armado em solo reforçado com fita metálica com altura até 4 m - tipo 2 - areia e brita comerciais","m²",362.75,5406024]
[5406034,"Muro de escama de concreto armado em solo reforçado com fita metálica com altura até 4 m - tipo 2 - areia extraída e brita produzida","m²",346.09,5406034]
[5406031,"Muro de escama de concreto armado em solo reforçado com fita metálica com altura de 10,0 a 12 m - tipo 1 - areia e brita comerciais","m²",320.99,5406031]
[5406041,"Muro de escama de concreto armado em solo reforçado com fita metálica com altura de 10,0 a 12 m - tipo 1 - areia extraída e brita produzida","m²",304.33,5406041]
[5406032,"Muro de escama de concreto armado em solo reforçado com fita metálica com altura de 10,0 a 12 m - tipo 2 - areia e brita comerciais","m²",345.11,5406032]
[5406042,"Muro de escama de concreto armado em solo reforçado com fita metálica com altura de 10,0 a 12 m - tipo 2 - areia extraída e brita produzida","m²",328.45,5406042]
[5406025,"Muro de escama de concreto armado em solo reforçado com fita metálica com altura de 4,0 a 6 m - tipo 1 - areia e brita comerciais","m²",325.7,5406025]
[5406035,"Muro de escama de concreto armado em solo reforçado com fita metálica com altura de 4,0 a 6 m - tipo 1 - areia extraída e brita produzida","m²",309.04,5406035]
[5406026,"Muro de escama de concreto armado em solo reforçado com fita metálica com altura de 4,0 a 6 m - tipo 2 - areia e brita comerciais","m²",349.81,5406026]
[5406036,"Muro de escama de concreto armado em solo reforçado com fita metálica com altura de 4,0 a 6 m - tipo 2 - areia extraída e brita produzida","m²",333.15,5406036]
[5406027,"Muro de escama de concreto armado em solo reforçado com fita metálica com altura de 6,0 a 8 m - tipo 1 - areia e brita comerciais","m²",323.23,5406027]
[5406037,"Muro de escama de concreto armado em solo reforçado com fita metálica com altura de 6,0 a 8 m - tipo 1 - areia extraída e brita produzida","m²",306.57,{"$f":"A5380*1","v":5406037}]
[5406028,"Muro de escama de concreto armado em solo reforçado com fita metálica com altura de 6,0 a 8 m - tipo 2 - areia e brita comerciais","m²",347.35,5406028]
[5406038,"Muro de escama de concreto armado em solo reforçado com fita metálica com altura de 6,0 a 8 m - tipo 2 - areia extraída e brita produzida","m²",330.69,5406038]
[5406029,"Muro de escama de concreto armado em solo reforçado com fita metálica com altura de 8,0 a 10 m - tipo 1 - areia e brita comerciais","m²",321.86,5406029]
[5406039,"Muro de escama de concreto armado em solo reforçado com fita metálica com altura de 8,0 a 10 m - tipo 1 - areia extraída e brita produzida","m²",305.2,5406039]
[5406030,"Muro de escama de concreto armado em solo reforçado com fita metálica com altura de 8,0 a 10 m - tipo 2 - areia e brita comerciais","m²",345.98,5406030]
[5406040,"Muro de escama de concreto armado em solo reforçado com fita metálica com altura de 8,0 a 10 m - tipo 2 - areia extraída e brita produzida","m²",329.32,5406040]
[5405987,"Travador de madeira para escama de concreto armado - utilização de 10 vezes","un",9.11,5405987]
[5405979,"Travamento e nivelamento de escama de concreto armado em solo reforçado com fita metálica","m²",15.68,5405979]
[5502806,"Camada drenante com conformação de trator de esteira - areia comercial","m³",138.67,5502806]
[5502807,"Camada drenante com conformação de trator de esteira - areia extraída","m³",14.01,5502807]
[5503041,"Compactação de aterros a 100% do Proctor intermediário","m³",7.92,5503041]
[5502978,"Compactação de aterros a 100% do Proctor normal","m³",4.52,5502978]
[5502822,"Compactação de camada final de aterro de rocha","m³",36.99,5502822]
[5502979,"Construção de corpo de aterro com material de 3ª categoria oriundo de corte","m³",15.95,5502979]
[5501700,"Desmatamento, destocamento e limpeza de área com árvores de diâmetro até 0,15 m","m²",0.51,5501700]
[5500991,"Desmonte de blocos de rocha com martelete pneumático","m³",150.96,5500991]
[5515739,"Desmonte de matacões ou bloco de rocha por meio de explosivos","m³",43.18,5515739]
[5505766,"Desmonte de material de 3ª categoria a frio com argamassa expansiva a céu aberto","m³",324.23,5505766]
[5501701,"Destocamento de árvores com diâmetro de 0,15 a 0,30 m","un",37.51,5501701]
[5501702,"Destocamento de árvores com diâmetro maior que 0,30 m","un",93.78,5501702]
[5502972,"Escavação de vala em material de 3ª categoria - resistência à compressão acima de 110 MPa - com escavadeira e rompedor hidráulico 1.700 kg","m³",225.4,5502972]
[5502968,"Escavação de vala em material de 3ª categoria - resistência à compressão até 50 MPa - com escavadeira e rompedor hidráulico 1.700 kg","m³",25.52,5502968]
[5502969,"Escavação de vala em material de 3ª categoria - resistência à compressão de 50 a 70 MPa - com escavadeira e rompedor hidráulico 1.700 kg","m³",32.18,5502969]
[5502970,"Escavação de vala em material de 3ª categoria - resistência à compressão de 70 a 90 MPa - com escavadeira e rompedor hidráulico 1.700 kg","m³",58.91,5502970]
[5502971,"Escavação de vala em material de 3ª categoria - resistência à compressão de 90 a 110 MPa - com escavadeira e rompedor hidráulico 1.700 kg","m³",109.54,5502971]
[5502663,"Escavação e transporte de material de 3ª categoria - DMT de 0 a 50 m","m³",31.69,5502663]
[5502993,"Escavação em material de 3ª categoria","m³",23.46,5502993]
[5502967,"Escavação em material de 3ª categoria - resistência à compressão acima de 110 MPa - com escavadeira e rompedor hidráulico 1.700 kg","m³",124.72,5502967]
[5502963,"Escavação em material de 3ª categoria - resistência à compressão até 50 MPa - com escavadeira e rompedor hidráulico 1.700 kg","m³",15.28,5502963]
[5502964,"Escavação em material de 3ª categoria - resistência à compressão de 50 a 70 MPa - com escavadeira e rompedor hidráulico 1.700 kg","m³",19.12,5502964]
[5502965,"Escavação em material de 3ª categoria - resistência à compressão de 70 a 90 MPa - com escavadeira e rompedor hidráulico 1.700 kg","m³",34.4,5502965]
[5502966,"Escavação em material de 3ª categoria - resistência à compressão de 90 a 110 MPa - com escavadeira e rompedor hidráulico 1.700 kg","m³",63.02,5502966]
[5501706,"Escavação mecânica com retroescavadeira em material de 1ª categoria","m³",6.54,5501706]
[5501880,"Escavação, carga e transporte de material de 1ª categoria - DMT de 1.000 a 1.200 m - caminho de serviço em leito natural - com carregadeira e caminhão basculante de 14 m³","m³",10.95,5501880]
[5502114,"Escavação, carga e transporte de material de 1ª categoria - DMT de 1.000 a 1.200 m - caminho de serviço em leito natural - com escavadeira e caminhão basculante de 14 m³","m³",7.24,5502114]
[5501906,"Escavação, carga e transporte de material de 1ª categoria - DMT de 1.000 a 1.200 m - caminho de serviço em revestimento primário - com carregadeira e caminhão basculante de 14 m³","m³",9.82,5501906]
[5502140,"Escavação, carga e transporte de material de 1ª categoria - DMT de 1.000 a 1.200 m - caminho de serviço em revestimento primário - com escavadeira e caminhão basculante de 14 m³","m³",6.11,5502140]
[5501932,"Escavação, carga e transporte de material de 1ª categoria - DMT de 1.000 a 1.200 m - caminho de serviço pavimentado - com carregadeira e caminhão basculante de 14 m³","m³",9.21,5501932]
[5502166,"Escavação, carga e transporte de material de 1ª categoria - DMT de 1.000 a 1.200 m - caminho de serviço pavimentado - com escavadeira e caminhão basculante de 14 m³","m³",5.89,5502166]
[5501881,"Escavação, carga e transporte de material de 1ª categoria - DMT de 1.200 a 1.400 m - caminho de serviço em leito natural - com carregadeira e caminhão basculante de 14 m³","m³",11.17,5501881]
[5502115,"Escavação, carga e transporte de material de 1ª categoria - DMT de 1.200 a 1.400 m - caminho de serviço em leito natural - com escavadeira e caminhão basculante de 14 m³","m³",7.9,5502115]
[5501907,"Escavação, carga e transporte de material de 1ª categoria - DMT de 1.200 a 1.400 m - caminho de serviço em revestimento primário - com carregadeira e caminhão basculante de 14 m³","m³",9.97,5501907]
[5502141,"Escavação, carga e transporte de material de 1ª categoria - DMT de 1.200 a 1.400 m - caminho de serviço em revestimento primário - com escavadeira e caminhão basculante de 14 m³","m³",6.66,5502141]
[5501933,"Escavação, carga e transporte de material de 1ª categoria - DMT de 1.200 a 1.400 m - caminho de serviço pavimentado - com carregadeira e caminhão basculante de 14 m³","m³",9.33,5501933]
[5502167,"Escavação, carga e transporte de material de 1ª categoria - DMT de 1.200 a 1.400 m - caminho de serviço pavimentado - com escavadeira e caminhão basculante de 14 m³","m³",6.02,5502167]
[5501882,"Escavação, carga e transporte de material de 1ª categoria - DMT de 1.400 a 1.600 m - caminho de serviço em leito natural - com carregadeira e caminhão basculante de 14 m³","m³",11.39,5501882]
[5502116,"Escavação, carga e transporte de material de 1ª categoria - DMT de 1.400 a 1.600 m - caminho de serviço em leito natural - com escavadeira e caminhão basculante de 14 m³","m³",8.08,5502116]
[5501908,"Escavação, carga e transporte de material de 1ª categoria - DMT de 1.400 a 1.600 m - caminho de serviço em revestimento primário - com carregadeira e caminhão basculante de 14 m³","m³",10.12,5501908]
[5502142,"Escavação, carga e transporte de material de 1ª categoria - DMT de 1.400 a 1.600 m - caminho de serviço em revestimento primário - com escavadeira e caminhão basculante de 14 m³","m³",6.82,5502142]
[5501934,"Escavação, carga e transporte de material de 1ª categoria - DMT de 1.400 a 1.600 m - caminho de serviço pavimentado - com carregadeira e caminhão basculante de 14 m³","m³",9.82,5501934]
[5502168,"Escavação, carga e transporte de material de 1ª categoria - DMT de 1.400 a 1.600 m - caminho de serviço pavimentado - com escavadeira e caminhão basculante de 14 m³","m³",6.11,5502168]
[5501883,"Escavação, carga e transporte de material de 1ª categoria - DMT de 1.600 a 1.800 m - caminho de serviço em leito natural - com carregadeira e caminhão basculante de 14 m³","m³",11.61,5501883]
[5502117,"Escavação, carga e transporte de material de 1ª categoria - DMT de 1.600 a 1.800 m - caminho de serviço em leito natural - com escavadeira e caminhão basculante de 14 m³","m³",8.32,5502117]
[5501909,"Escavação, carga e transporte de material de 1ª categoria - DMT de 1.600 a 1.800 m - caminho de serviço em revestimento primário - com carregadeira e caminhão basculante de 14 m³","m³",10.26,5501909]
[5502143,"Escavação, carga e transporte de material de 1ª categoria - DMT de 1.600 a 1.800 m - caminho de serviço em revestimento primário - com escavadeira e caminhão basculante de 14 m³","m³",6.97,5502143]
[5501935,"Escavação, carga e transporte de material de 1ª categoria - DMT de 1.600 a 1.800 m - caminho de serviço pavimentado - com carregadeira e caminhão basculante de 14 m³","m³",9.97,5501935]
[5502169,"Escavação, carga e transporte de material de 1ª categoria - DMT de 1.600 a 1.800 m - caminho de serviço pavimentado - com escavadeira e caminhão basculante de 14 m³","m³",6.66,5502169]
[5501884,"Escavação, carga e transporte de material de 1ª categoria - DMT de 1.800 a 2.000 m - caminho de serviço em leito natural - com carregadeira e caminhão basculante de 14 m³","m³",12.21,5501884]
[5502118,"Escavação, carga e transporte de material de 1ª categoria - DMT de 1.800 a 2.000 m - caminho de serviço em leito natural - com escavadeira e caminhão basculante de 14 m³","m³",8.55,5502118]
[5501910,"Escavação, carga e transporte de material de 1ª categoria - DMT de 1.800 a 2.000 m - caminho de serviço em revestimento primário - com carregadeira e caminhão basculante de 14 m³","m³",10.41,5501910]
[5502144,"Escavação, carga e transporte de material de 1ª categoria - DMT de 1.800 a 2.000 m - caminho de serviço em revestimento primário - com escavadeira e caminhão basculante de 14 m³","m³",7.09,5502144]
[5501936,"Escavação, carga e transporte de material de 1ª categoria - DMT de 1.800 a 2.000 m - caminho de serviço pavimentado - com carregadeira e caminhão basculante de 14 m³","m³",10.08,5501936]
[5502170,"Escavação, carga e transporte de material de 1ª categoria - DMT de 1.800 a 2.000 m - caminho de serviço pavimentado - com escavadeira e caminhão basculante de 14 m³","m³",6.78,5502170]
[5501885,"Escavação, carga e transporte de material de 1ª categoria - DMT de 2.000 a 2.500 m - caminho de serviço em leito natural - com carregadeira e caminhão basculante de 14 m³","m³",12.63,{"$f":"A5444*1","v":5501885}]
[5502119,"Escavação, carga e transporte de material de 1ª categoria - DMT de 2.000 a 2.500 m - caminho de serviço em leito natural - com escavadeira e caminhão basculante de 14 m³","m³",9.36,5502119]
[5501911,"Escavação, carga e transporte de material de 1ª categoria - DMT de 2.000 a 2.500 m - caminho de serviço em revestimento primário - com carregadeira e caminhão basculante de 14 m³","m³",11.03,5501911]
[5502145,"Escavação, carga e transporte de material de 1ª categoria - DMT de 2.000 a 2.500 m - caminho de serviço em revestimento primário - com escavadeira e caminhão basculante de 14 m³","m³",7.36,5502145]
[5501937,"Escavação, carga e transporte de material de 1ª categoria - DMT de 2.000 a 2.500 m - caminho de serviço pavimentado - com carregadeira e caminhão basculante de 14 m³","m³",10.26,5501937]
[5502171,"Escavação, carga e transporte de material de 1ª categoria - DMT de 2.000 a 2.500 m - caminho de serviço pavimentado - com escavadeira e caminhão basculante de 14 m³","m³",6.97,5502171]
[5501886,"Escavação, carga e transporte de material de 1ª categoria - DMT de 2.500 a 3.000 m - caminho de serviço em leito natural - com carregadeira e caminhão basculante de 14 m³","m³",13.62,5501886]
[5502120,"Escavação, carga e transporte de material de 1ª categoria - DMT de 2.500 a 3.000 m - caminho de serviço em leito natural - com escavadeira e caminhão basculante de 14 m³","m³",10.37,5502120]
[5501912,"Escavação, carga e transporte de material de 1ª categoria - DMT de 2.500 a 3.000 m - caminho de serviço em revestimento primário - com carregadeira e caminhão basculante de 14 m³","m³",11.43,5501912]
[5502146,"Escavação, carga e transporte de material de 1ª categoria - DMT de 2.500 a 3.000 m - caminho de serviço em revestimento primário - com escavadeira e caminhão basculante de 14 m³","m³",8.18,5502146]
[5501938,"Escavação, carga e transporte de material de 1ª categoria - DMT de 2.500 a 3.000 m - caminho de serviço pavimentado - com carregadeira e caminhão basculante de 14 m³","m³",10.99,5501938]
[5502172,"Escavação, carga e transporte de material de 1ª categoria - DMT de 2.500 a 3.000 m - caminho de serviço pavimentado - com escavadeira e caminhão basculante de 14 m³","m³",7.32,5502172]
[5501876,"Escavação, carga e transporte de material de 1ª categoria - DMT de 200 a 400 m - caminho de serviço em leito natural - com carregadeira e caminhão basculante de 14 m³","m³",9.13,5501876]
[5502110,"Escavação, carga e transporte de material de 1ª categoria - DMT de 200 a 400 m - caminho de serviço em leito natural - com escavadeira e caminhão basculante de 14 m³","m³",5.8,5502110]
[5501902,"Escavação, carga e transporte de material de 1ª categoria - DMT de 200 a 400 m - caminho de serviço em revestimento primário - com carregadeira e caminhão basculante de 14 m³","m³",8.77,5501902]
[5502136,"Escavação, carga e transporte de material de 1ª categoria - DMT de 200 a 400 m - caminho de serviço em revestimento primário - com escavadeira e caminhão basculante de 14 m³","m³",5.46,5502136]
[5501928,"Escavação, carga e transporte de material de 1ª categoria - DMT de 200 a 400 m - caminho de serviço pavimentado - com carregadeira e caminhão basculante de 14 m³","m³",8.26,5501928]
[5502162,"Escavação, carga e transporte de material de 1ª categoria - DMT de 200 a 400 m - caminho de serviço pavimentado - com escavadeira e caminhão basculante de 14 m³","m³",4.91,5502162]
[5501877,"Escavação, carga e transporte de material de 1ª categoria - DMT de 400 a 600 m - caminho de serviço em leito natural - com carregadeira e caminhão basculante de 14 m³","m³",9.82,5501877]
[5502111,"Escavação, carga e transporte de material de 1ª categoria - DMT de 400 a 600 m - caminho de serviço em leito natural - com escavadeira e caminhão basculante de 14 m³","m³",6.11,5502111]
[5501903,"Escavação, carga e transporte de material de 1ª categoria - DMT de 400 a 600 m - caminho de serviço em revestimento primário - com carregadeira e caminhão basculante de 14 m³","m³",8.98,5501903]
[5502137,"Escavação, carga e transporte de material de 1ª categoria - DMT de 400 a 600 m - caminho de serviço em revestimento primário - com escavadeira e caminhão basculante de 14 m³","m³",5.64,5502137]
[5501929,"Escavação, carga e transporte de material de 1ª categoria - DMT de 400 a 600 m - caminho de serviço pavimentado - com carregadeira e caminhão basculante de 14 m³","m³",8.83,5501929]
[5502163,"Escavação, carga e transporte de material de 1ª categoria - DMT de 400 a 600 m - caminho de serviço pavimentado - com escavadeira e caminhão basculante de 14 m³","m³",5.49,5502163]
[5501875,"Escavação, carga e transporte de material de 1ª categoria - DMT de 50 a 200 m - caminho de serviço em leito natural - com carregadeira e caminhão basculante de 14 m³","m³",8.77,5501875]
[5502109,"Escavação, carga e transporte de material de 1ª categoria - DMT de 50 a 200 m - caminho de serviço em leito natural - com escavadeira e caminhão basculante de 14 m³","m³",5.46,5502109]
[5501901,"Escavação, carga e transporte de material de 1ª categoria - DMT de 50 a 200 m - caminho de serviço em revestimento primário - com carregadeira e caminhão basculante de 14 m³","m³",8.15,5501901]
[5502135,"Escavação, carga e transporte de material de 1ª categoria - DMT de 50 a 200 m - caminho de serviço em revestimento primário - com escavadeira e caminhão basculante de 14 m³","m³",4.8,5502135]
[5501927,"Escavação, carga e transporte de material de 1ª categoria - DMT de 50 a 200 m - caminho de serviço pavimentado - com carregadeira e caminhão basculante de 14 m³","m³",8.09,5501927]
[5502161,"Escavação, carga e transporte de material de 1ª categoria - DMT de 50 a 200 m - caminho de serviço pavimentado - com escavadeira e caminhão basculante de 14 m³","m³",4.73,5502161]
[5501878,"Escavação, carga e transporte de material de 1ª categoria - DMT de 600 a 800 m - caminho de serviço em leito natural - com carregadeira e caminhão basculante de 14 m³","m³",10.08,5501878]
[5502112,"Escavação, carga e transporte de material de 1ª categoria - DMT de 600 a 800 m - caminho de serviço em leito natural - com escavadeira e caminhão basculante de 14 m³","m³",6.78,5502112]
[5501904,"Escavação, carga e transporte de material de 1ª categoria - DMT de 600 a 800 m - caminho de serviço em revestimento primário - com carregadeira e caminhão basculante de 14 m³","m³",9.13,5501904]
[5502138,"Escavação, carga e transporte de material de 1ª categoria - DMT de 600 a 800 m - caminho de serviço em revestimento primário - com escavadeira e caminhão basculante de 14 m³","m³",5.83,5502138]
[5501930,"Escavação, carga e transporte de material de 1ª categoria - DMT de 600 a 800 m - caminho de serviço pavimentado - com carregadeira e caminhão basculante de 14 m³","m³",8.95,5501930]
[5502164,"Escavação, carga e transporte de material de 1ª categoria - DMT de 600 a 800 m - caminho de serviço pavimentado - com escavadeira e caminhão basculante de 14 m³","m³",5.64,5502164]
[5501879,"Escavação, carga e transporte de material de 1ª categoria - DMT de 800 a 1.000 m - caminho de serviço em leito natural - com carregadeira e caminhão basculante de 14 m³","m³",10.34,5501879]
[5502113,"Escavação, carga e transporte de material de 1ª categoria - DMT de 800 a 1.000 m - caminho de serviço em leito natural - com escavadeira e caminhão basculante de 14 m³","m³",7.01,5502113]
[5501905,"Escavação, carga e transporte de material de 1ª categoria - DMT de 800 a 1.000 m - caminho de serviço em revestimento primário - com carregadeira e caminhão basculante de 14 m³","m³",9.3,5501905]
[5502139,"Escavação, carga e transporte de material de 1ª categoria - DMT de 800 a 1.000 m - caminho de serviço em revestimento primário - com escavadeira e caminhão basculante de 14 m³","m³",5.99,5502139]
[5501931,"Escavação, carga e transporte de material de 1ª categoria - DMT de 800 a 1.000 m - caminho de serviço pavimentado - com carregadeira e caminhão basculante de 14 m³","m³",9.1,5501931]
[5502165,"Escavação, carga e transporte de material de 1ª categoria - DMT de 800 a 1.000 m - caminho de serviço pavimentado - com escavadeira e caminhão basculante de 14 m³","m³",5.77,5502165]
[5502825,"Escavação, carga e transporte de material de 1ª categoria na distância de 3.000 m - caminho de serviço em leito natural - com carregadeira e caminhão basculante de 14 m³","m³",14.38,5502825]
[5502834,"Escavação, carga e transporte de material de 1ª categoria na distância de 3.000 m - caminho de serviço em leito natural - com escavadeira e caminhão basculante de 14 m³","m³",10.74,5502834]
[5502826,"Escavação, carga e transporte de material de 1ª categoria na distância de 3.000 m - caminho de serviço em revestimento primário - com carregadeira e caminhão basculante de 14 m³","m³",11.65,5502826]
[5502835,"Escavação, carga e transporte de material de 1ª categoria na distância de 3.000 m - caminho de serviço em revestimento primário - com escavadeira e caminhão basculante de 14 m³","m³",8.41,5502835]
[5502827,"Escavação, carga e transporte de material de 1ª categoria na distância de 3.000 m - caminho de serviço pavimentado - com carregadeira e caminhão basculante de 14 m³","m³",11.17,5502827]
[5502836,"Escavação, carga e transporte de material de 1ª categoria na distância de 3.000 m - caminho de serviço pavimentado - com escavadeira e caminhão basculante de 14 m³","m³",7.9,5502836]
[5502356,"Escavação, carga e transporte de material de 2ª categoria - DMT de 1.000 a 1.200 m - caminho de serviço em leito natural - com carregadeira e caminhão basculante de 14 m³","m³",17.03,5502356]
[5502590,"Escavação, carga e transporte de material de 2ª categoria - DMT de 1.000 a 1.200 m - caminho de serviço em leito natural - com escavadeira e caminhão basculante de 14 m³","m³",9.93,5502590]
[5502382,"Escavação, carga e transporte de material de 2ª categoria - DMT de 1.000 a 1.200 m - caminho de serviço em revestimento primário - com carregadeira e caminhão basculante de 14 m³","m³",15.73,5502382]
[5502616,"Escavação, carga e transporte de material de 2ª categoria - DMT de 1.000 a 1.200 m - caminho de serviço em revestimento primário - com escavadeira e caminhão basculante de 14 m³","m³",8.46,5502616]
[5502408,"Escavação, carga e transporte de material de 2ª categoria - DMT de 1.000 a 1.200 m - caminho de serviço pavimentado - com carregadeira e caminhão basculante de 14 m³","m³",15.49,5502408]
[5502642,"Escavação, carga e transporte de material de 2ª categoria - DMT de 1.000 a 1.200 m - caminho de serviço pavimentado - com escavadeira e caminhão basculante de 14 m³","m³",8.18,5502642]
[5502357,"Escavação, carga e transporte de material de 2ª categoria - DMT de 1.200 a 1.400 m - caminho de serviço em leito natural - com carregadeira e caminhão basculante de 14 m³","m³",17.28,5502357]
[5502591,"Escavação, carga e transporte de material de 2ª categoria - DMT de 1.200 a 1.400 m - caminho de serviço em leito natural - com escavadeira e caminhão basculante de 14 m³","m³",10.2,5502591]
[5502383,"Escavação, carga e transporte de material de 2ª categoria - DMT de 1.200 a 1.400 m - caminho de serviço em revestimento primário - com carregadeira e caminhão basculante de 14 m³","m³",15.89,5502383]
[5502617,"Escavação, carga e transporte de material de 2ª categoria - DMT de 1.200 a 1.400 m - caminho de serviço em revestimento primário - com escavadeira e caminhão basculante de 14 m³","m³",8.58,5502617]
[5502409,"Escavação, carga e transporte de material de 2ª categoria - DMT de 1.200 a 1.400 m - caminho de serviço pavimentado - com carregadeira e caminhão basculante de 14 m³","m³",15.61,5502409]
[5502643,"Escavação, carga e transporte de material de 2ª categoria - DMT de 1.200 a 1.400 m - caminho de serviço pavimentado - com escavadeira e caminhão basculante de 14 m³","m³",8.34,5502643]
[5502358,"Escavação, carga e transporte de material de 2ª categoria - DMT de 1.400 a 1.600 m - caminho de serviço em leito natural - com carregadeira e caminhão basculante de 14 m³","m³",17.53,5502358]
[5502592,"Escavação, carga e transporte de material de 2ª categoria - DMT de 1.400 a 1.600 m - caminho de serviço em leito natural - com escavadeira e caminhão basculante de 14 m³","m³",10.41,5502592]
[5502384,"Escavação, carga e transporte de material de 2ª categoria - DMT de 1.400 a 1.600 m - caminho de serviço em revestimento primário - com carregadeira e caminhão basculante de 14 m³","m³",16.05,5502384]
[5502618,"Escavação, carga e transporte de material de 2ª categoria - DMT de 1.400 a 1.600 m - caminho de serviço em revestimento primário - com escavadeira e caminhão basculante de 14 m³","m³",9.5,5502618]
[5502410,"Escavação, carga e transporte de material de 2ª categoria - DMT de 1.400 a 1.600 m - caminho de serviço pavimentado - com carregadeira e caminhão basculante de 14 m³","m³",15.73,{"$f":"A5508*1","v":5502410}]
[5502644,"Escavação, carga e transporte de material de 2ª categoria - DMT de 1.400 a 1.600 m - caminho de serviço pavimentado - com escavadeira e caminhão basculante de 14 m³","m³",8.46,5502644]
[5502359,"Escavação, carga e transporte de material de 2ª categoria - DMT de 1.600 a 1.800 m - caminho de serviço em leito natural - com carregadeira e caminhão basculante de 14 m³","m³",17.78,5502359]
[5502593,"Escavação, carga e transporte de material de 2ª categoria - DMT de 1.600 a 1.800 m - caminho de serviço em leito natural - com escavadeira e caminhão basculante de 14 m³","m³",10.68,5502593]
[5502385,"Escavação, carga e transporte de material de 2ª categoria - DMT de 1.600 a 1.800 m - caminho de serviço em revestimento primário - com carregadeira e caminhão basculante de 14 m³","m³",16.21,5502385]
[5502619,"Escavação, carga e transporte de material de 2ª categoria - DMT de 1.600 a 1.800 m - caminho de serviço em revestimento primário - com escavadeira e caminhão basculante de 14 m³","m³",9.66,5502619]
[5502411,"Escavação, carga e transporte de material de 2ª categoria - DMT de 1.600 a 1.800 m - caminho de serviço pavimentado - com carregadeira e caminhão basculante de 14 m³","m³",15.85,5502411]
[5502645,"Escavação, carga e transporte de material de 2ª categoria - DMT de 1.600 a 1.800 m - caminho de serviço pavimentado - com escavadeira e caminhão basculante de 14 m³","m³",8.58,5502645]
[5502360,"Escavação, carga e transporte de material de 2ª categoria - DMT de 1.800 a 2.000 m - caminho de serviço em leito natural - com carregadeira e caminhão basculante de 14 m³","m³",18.54,5502360]
[5502594,"Escavação, carga e transporte de material de 2ª categoria - DMT de 1.800 a 2.000 m - caminho de serviço em leito natural - com escavadeira e caminhão basculante de 14 m³","m³",11.66,5502594]
[5502386,"Escavação, carga e transporte de material de 2ª categoria - DMT de 1.800 a 2.000 m - caminho de serviço em revestimento primário - com carregadeira e caminhão basculante de 14 m³","m³",16.88,5502386]
[5502620,"Escavação, carga e transporte de material de 2ª categoria - DMT de 1.800 a 2.000 m - caminho de serviço em revestimento primário - com escavadeira e caminhão basculante de 14 m³","m³",9.76,5502620]
[5502412,"Escavação, carga e transporte de material de 2ª categoria - DMT de 1.800 a 2.000 m - caminho de serviço pavimentado - com carregadeira e caminhão basculante de 14 m³","m³",15.97,5502412]
[5502646,"Escavação, carga e transporte de material de 2ª categoria - DMT de 1.800 a 2.000 m - caminho de serviço pavimentado - com escavadeira e caminhão basculante de 14 m³","m³",9.44,5502646]
[5502361,"Escavação, carga e transporte de material de 2ª categoria - DMT de 2.000 a 2.500 m - caminho de serviço em leito natural - com carregadeira e caminhão basculante de 14 m³","m³",18.96,5502361]
[5502595,"Escavação, carga e transporte de material de 2ª categoria - DMT de 2.000 a 2.500 m - caminho de serviço em leito natural - com escavadeira e caminhão basculante de 14 m³","m³",12.06,5502595]
[5502387,"Escavação, carga e transporte de material de 2ª categoria - DMT de 2.000 a 2.500 m - caminho de serviço em revestimento primário - com carregadeira e caminhão basculante de 14 m³","m³",17.18,5502387]
[5502621,"Escavação, carga e transporte de material de 2ª categoria - DMT de 2.000 a 2.500 m - caminho de serviço em revestimento primário - com escavadeira e caminhão basculante de 14 m³","m³",10.09,5502621]
[5502413,"Escavação, carga e transporte de material de 2ª categoria - DMT de 2.000 a 2.500 m - caminho de serviço pavimentado - com carregadeira e caminhão basculante de 14 m³","m³",16.21,5502413]
[5502647,"Escavação, carga e transporte de material de 2ª categoria - DMT de 2.000 a 2.500 m - caminho de serviço pavimentado - com escavadeira e caminhão basculante de 14 m³","m³",9.66,5502647]
[5502362,"Escavação, carga e transporte de material de 2ª categoria - DMT de 2.500 a 3.000 m - caminho de serviço em leito natural - com carregadeira e caminhão basculante de 14 m³","m³",20.23,5502362]
[5502596,"Escavação, carga e transporte de material de 2ª categoria - DMT de 2.500 a 3.000 m - caminho de serviço em leito natural - com escavadeira e caminhão basculante de 14 m³","m³",12.74,5502596]
[5502388,"Escavação, carga e transporte de material de 2ª categoria - DMT de 2.500 a 3.000 m - caminho de serviço em revestimento primário - com carregadeira e caminhão basculante de 14 m³","m³",17.58,5502388]
[5502622,"Escavação, carga e transporte de material de 2ª categoria - DMT de 2.500 a 3.000 m - caminho de serviço em revestimento primário - com escavadeira e caminhão basculante de 14 m³","m³",10.52,5502622]
[5502414,"Escavação, carga e transporte de material de 2ª categoria - DMT de 2.500 a 3.000 m - caminho de serviço pavimentado - com carregadeira e caminhão basculante de 14 m³","m³",17.13,5502414]
[5502648,"Escavação, carga e transporte de material de 2ª categoria - DMT de 2.500 a 3.000 m - caminho de serviço pavimentado - com escavadeira e caminhão basculante de 14 m³","m³",10.03,5502648]
[5502352,"Escavação, carga e transporte de material de 2ª categoria - DMT de 200 a 400 m - caminho de serviço em leito natural - com carregadeira e caminhão basculante de 14 m³","m³",15.37,5502352]
[5502586,"Escavação, carga e transporte de material de 2ª categoria - DMT de 200 a 400 m - caminho de serviço em leito natural - com escavadeira e caminhão basculante de 14 m³","m³",8.1,5502586]
[5502378,"Escavação, carga e transporte de material de 2ª categoria - DMT de 200 a 400 m - caminho de serviço em revestimento primário - com carregadeira e caminhão basculante de 14 m³","m³",14.44,5502378]
[5502612,"Escavação, carga e transporte de material de 2ª categoria - DMT de 200 a 400 m - caminho de serviço em revestimento primário - com escavadeira e caminhão basculante de 14 m³","m³",7.69,5502612]
[5502404,"Escavação, carga e transporte de material de 2ª categoria - DMT de 200 a 400 m - caminho de serviço pavimentado - com carregadeira e caminhão basculante de 14 m³","m³",14.32,5502404]
[5502638,"Escavação, carga e transporte de material de 2ª categoria - DMT de 200 a 400 m - caminho de serviço pavimentado - com escavadeira e caminhão basculante de 14 m³","m³",7.57,5502638]
[5502353,"Escavação, carga e transporte de material de 2ª categoria - DMT de 400 a 600 m - caminho de serviço em leito natural - com carregadeira e caminhão basculante de 14 m³","m³",15.69,5502353]
[5502587,"Escavação, carga e transporte de material de 2ª categoria - DMT de 400 a 600 m - caminho de serviço em leito natural - com escavadeira e caminhão basculante de 14 m³","m³",8.42,5502587]
[5502379,"Escavação, carga e transporte de material de 2ª categoria - DMT de 400 a 600 m - caminho de serviço em revestimento primário - com carregadeira e caminhão basculante de 14 m³","m³",14.68,5502379]
[5502613,"Escavação, carga e transporte de material de 2ª categoria - DMT de 400 a 600 m - caminho de serviço em revestimento primário - com escavadeira e caminhão basculante de 14 m³","m³",7.94,5502613]
[5502405,"Escavação, carga e transporte de material de 2ª categoria - DMT de 400 a 600 m - caminho de serviço pavimentado - com carregadeira e caminhão basculante de 14 m³","m³",14.5,5502405]
[5502639,"Escavação, carga e transporte de material de 2ª categoria - DMT de 400 a 600 m - caminho de serviço pavimentado - com escavadeira e caminhão basculante de 14 m³","m³",7.78,5502639]
[5502351,"Escavação, carga e transporte de material de 2ª categoria - DMT de 50 a 200 m - caminho de serviço em leito natural - com carregadeira e caminhão basculante de 14 m³","m³",14.44,5502351]
[5502585,"Escavação, carga e transporte de material de 2ª categoria - DMT de 50 a 200 m - caminho de serviço em leito natural - com escavadeira e caminhão basculante de 14 m³","m³",7.69,5502585]
[5502377,"Escavação, carga e transporte de material de 2ª categoria - DMT de 50 a 200 m - caminho de serviço em revestimento primário - com carregadeira e caminhão basculante de 14 m³","m³",14.2,5502377]
[5502611,"Escavação, carga e transporte de material de 2ª categoria - DMT de 50 a 200 m - caminho de serviço em revestimento primário - com escavadeira e caminhão basculante de 14 m³","m³",7.45,5502611]
[5502403,"Escavação, carga e transporte de material de 2ª categoria - DMT de 50 a 200 m - caminho de serviço pavimentado - com carregadeira e caminhão basculante de 14 m³","m³",14.11,5502403]
[5502637,"Escavação, carga e transporte de material de 2ª categoria - DMT de 50 a 200 m - caminho de serviço pavimentado - com escavadeira e caminhão basculante de 14 m³","m³",7.37,5502637]
[5502187,"Escavação, carga e transporte de material de 2ª categoria - DMT de 50 m","m³",6.98,5502187]
[5502354,"Escavação, carga e transporte de material de 2ª categoria - DMT de 600 a 800 m - caminho de serviço em leito natural - com carregadeira e caminhão basculante de 14 m³","m³",16.01,5502354]
[5502588,"Escavação, carga e transporte de material de 2ª categoria - DMT de 600 a 800 m - caminho de serviço em leito natural - com escavadeira e caminhão basculante de 14 m³","m³",9.44,5502588]
[5502380,"Escavação, carga e transporte de material de 2ª categoria - DMT de 600 a 800 m - caminho de serviço em revestimento primário - com carregadeira e caminhão basculante de 14 m³","m³",15.41,5502380]
[5502614,"Escavação, carga e transporte de material de 2ª categoria - DMT de 600 a 800 m - caminho de serviço em revestimento primário - com escavadeira e caminhão basculante de 14 m³","m³",8.1,5502614]
[5502406,"Escavação, carga e transporte de material de 2ª categoria - DMT de 600 a 800 m - caminho de serviço pavimentado - com carregadeira e caminhão basculante de 14 m³","m³",14.65,5502406]
[5502640,"Escavação, carga e transporte de material de 2ª categoria - DMT de 600 a 800 m - caminho de serviço pavimentado - com escavadeira e caminhão basculante de 14 m³","m³",7.94,5502640]
[5502355,"Escavação, carga e transporte de material de 2ª categoria - DMT de 800 a 1.000 m - caminho de serviço em leito natural - com carregadeira e caminhão basculante de 14 m³","m³",16.25,5502355]
[5502589,"Escavação, carga e transporte de material de 2ª categoria - DMT de 800 a 1.000 m - caminho de serviço em leito natural - com escavadeira e caminhão basculante de 14 m³","m³",9.71,5502589]
[5502381,"Escavação, carga e transporte de material de 2ª categoria - DMT de 800 a 1.000 m - caminho de serviço em revestimento primário - com carregadeira e caminhão basculante de 14 m³","m³",15.57,5502381]
[5502615,"Escavação, carga e transporte de material de 2ª categoria - DMT de 800 a 1.000 m - caminho de serviço em revestimento primário - com escavadeira e caminhão basculante de 14 m³","m³",8.3,5502615]
[5502407,"Escavação, carga e transporte de material de 2ª categoria - DMT de 800 a 1.000 m - caminho de serviço pavimentado - com carregadeira e caminhão basculante de 14 m³","m³",15.33,5502407]
[5502641,"Escavação, carga e transporte de material de 2ª categoria - DMT de 800 a 1.000 m - caminho de serviço pavimentado - com escavadeira e caminhão basculante de 14 m³","m³",8.06,5502641]
[5502880,"Escavação, carga e transporte de material de 2ª categoria na distância de 3.000 m - caminho de serviço em leito natural - com escavadeira e caminhão basculante de 14 m³","m³",13.82,5502880]
[5502857,"Escavação, carga e transporte de material de 2ª categoria na distância de 3.000 m - caminho de serviço em leito natural com carregadeira e caminhão basculante de 14 m³","m³",20.58,5502857]
[5502881,"Escavação, carga e transporte de material de 2ª categoria na distância de 3.000 m - caminho de serviço em revestimento primário - com escavadeira e caminhão basculante de 14 m³","m³",10.73,5502881]
[5502859,"Escavação, carga e transporte de material de 2ª categoria na distância de 3.000 m - caminho de serviço pavimentado - com carregadeira e caminhão basculante de 14 m³","m³",17.28,5502859]
[5502882,"Escavação, carga e transporte de material de 2ª categoria na distância de 3.000 m - caminho de serviço pavimentado - com escavadeira e caminhão basculante de 14 m³","m³",10.2,5502882]
[5502858,"Escavação, carga e transporte de material de 2ª categoria na distância de 3.000 m -caminho de serviço com revestimento primário com carregadeira e caminhão basculante de 14 m³","m³",18.36,5502858]
[5502747,"Escavação, carga e transporte de material de 3ª categoria - DMT de 1.000 a 1.200 m - caminho de serviço em leito natural com caminhão basculante de 12 m³","m³",42.48,5502747]
[5502773,"Escavação, carga e transporte de material de 3ª categoria - DMT de 1.000 a 1.200 m - caminho de serviço em revestimento primário - com caminhão basculante de 12 m³","m³",41.12,{"$f":"A5572*1","v":5502773}]
[5502799,"Escavação, carga e transporte de material de 3ª categoria - DMT de 1.000 a 1.200 m - caminho de serviço pavimentado - com caminhão basculante de 12 m³","m³",40.69,5502799]
[5502748,"Escavação, carga e transporte de material de 3ª categoria - DMT de 1.200 a 1.400 m - caminho de serviço em leito natural com caminhão basculante de 12 m³","m³",42.91,5502748]
[5502774,"Escavação, carga e transporte de material de 3ª categoria - DMT de 1.200 a 1.400 m - caminho de serviço em revestimento primário - com caminhão basculante de 12 m³","m³",41.38,5502774]
[5502800,"Escavação, carga e transporte de material de 3ª categoria - DMT de 1.200 a 1.400 m - caminho de serviço pavimentado - com caminhão basculante de 12 m³","m³",40.95,5502800]
[5502749,"Escavação, carga e transporte de material de 3ª categoria - DMT de 1.400 a 1.600 m - caminho de serviço em leito natural com caminhão basculante de 12 m³","m³",43.25,5502749]
[5502775,"Escavação, carga e transporte de material de 3ª categoria - DMT de 1.400 a 1.600 m - caminho de serviço em revestimento primário - com caminhão basculante de 12 m³","m³",41.63,5502775]
[5502801,"Escavação, carga e transporte de material de 3ª categoria - DMT de 1.400 a 1.600 m - caminho de serviço pavimentado - com caminhão basculante de 12 m³","m³",41.12,5502801]
[5502750,"Escavação, carga e transporte de material de 3ª categoria - DMT de 1.600 a 1.800 m - caminho de serviço em leito natural com caminhão basculante de 12 m³","m³",45.27,5502750]
[5502776,"Escavação, carga e transporte de material de 3ª categoria - DMT de 1.600 a 1.800 m - caminho de serviço em revestimento primário - com caminhão basculante de 12 m³","m³",41.89,5502776]
[5502802,"Escavação, carga e transporte de material de 3ª categoria - DMT de 1.600 a 1.800 m - caminho de serviço pavimentado - com caminhão basculante de 12 m³","m³",41.38,5502802]
[5502751,"Escavação, carga e transporte de material de 3ª categoria - DMT de 1.800 a 2.000 m - caminho de serviço em leito natural com caminhão basculante de 12 m³","m³",45.73,5502751]
[5502777,"Escavação, carga e transporte de material de 3ª categoria - DMT de 1.800 a 2.000 m - caminho de serviço em revestimento primário - com caminhão basculante de 12 m³","m³",42.14,5502777]
[5502803,"Escavação, carga e transporte de material de 3ª categoria - DMT de 1.800 a 2.000 m - caminho de serviço pavimentado - com caminhão basculante de 12 m³","m³",41.55,5502803]
[5502752,"Escavação, carga e transporte de material de 3ª categoria - DMT de 2.000 a 2.500 m - caminho de serviço em leito natural com caminhão basculante de 12 m³","m³",46.41,5502752]
[5502778,"Escavação, carga e transporte de material de 3ª categoria - DMT de 2.000 a 2.500 m - caminho de serviço em revestimento primário - com caminhão basculante de 12 m³","m³",42.66,5502778]
[5502804,"Escavação, carga e transporte de material de 3ª categoria - DMT de 2.000 a 2.500 m - caminho de serviço pavimentado - com caminhão basculante de 12 m³","m³",41.97,5502804]
[5502753,"Escavação, carga e transporte de material de 3ª categoria - DMT de 2.500 a 3.000 m - caminho de serviço em leito natural com caminhão basculante de 12 m³","m³",47.55,5502753]
[5502779,"Escavação, carga e transporte de material de 3ª categoria - DMT de 2.500 a 3.000 m - caminho de serviço em revestimento primário - com caminhão basculante de 12 m³","m³",45.04,5502779]
[5502805,"Escavação, carga e transporte de material de 3ª categoria - DMT de 2.500 a 3.000 m - caminho de serviço pavimentado - com caminhão basculante de 12 m³","m³",42.57,5502805]
[5502743,"Escavação, carga e transporte de material de 3ª categoria - DMT de 200 a 400 m - caminho de serviço em leito natural com caminhão basculante de 12 m³","m³",40.52,5502743]
[5502769,"Escavação, carga e transporte de material de 3ª categoria - DMT de 200 a 400 m - caminho de serviço em revestimento primário - com caminhão basculante de 12 m³","m³",38.28,5502769]
[5502795,"Escavação, carga e transporte de material de 3ª categoria - DMT de 200 a 400 m - caminho de serviço pavimentado - com caminhão basculante de 12 m³","m³",38.11,5502795]
[5502744,"Escavação, carga e transporte de material de 3ª categoria - DMT de 400 a 600 m - caminho de serviço em leito natural com caminhão basculante de 12 m³","m³",41.12,5502744]
[5502770,"Escavação, carga e transporte de material de 3ª categoria - DMT de 400 a 600 m - caminho de serviço em revestimento primário - com caminhão basculante de 12 m³","m³",38.67,5502770]
[5502796,"Escavação, carga e transporte de material de 3ª categoria - DMT de 400 a 600 m - caminho de serviço pavimentado - com caminhão basculante de 12 m³","m³",38.39,5502796]
[5502742,"Escavação, carga e transporte de material de 3ª categoria - DMT de 50 a 200 m - caminho de serviço em leito natural com caminhão basculante de 12 m³","m³",38.28,5502742]
[5502768,"Escavação, carga e transporte de material de 3ª categoria - DMT de 50 a 200 m - caminho de serviço em revestimento primário - com caminhão basculante de 12 m³","m³",37.88,5502768]
[5502794,"Escavação, carga e transporte de material de 3ª categoria - DMT de 50 a 200 m - caminho de serviço pavimentado - com caminhão basculante de 12 m³","m³",37.71,5502794]
[5502745,"Escavação, carga e transporte de material de 3ª categoria - DMT de 600 a 800 m - caminho de serviço em leito natural com caminhão basculante de 12 m³","m³",41.63,5502745]
[5502771,"Escavação, carga e transporte de material de 3ª categoria - DMT de 600 a 800 m - caminho de serviço em revestimento primário - com caminhão basculante de 12 m³","m³",40.61,5502771]
[5502797,"Escavação, carga e transporte de material de 3ª categoria - DMT de 600 a 800 m - caminho de serviço pavimentado - com caminhão basculante de 12 m³","m³",38.62,5502797]
[5502746,"Escavação, carga e transporte de material de 3ª categoria - DMT de 800 a 1.000 m - caminho de serviço em leito natural com caminhão basculante de 12 m³","m³",42.06,5502746]
[5502772,"Escavação, carga e transporte de material de 3ª categoria - DMT de 800 a 1.000 m - caminho de serviço em revestimento primário - com caminhão basculante de 12 m³","m³",40.86,5502772]
[5502798,"Escavação, carga e transporte de material de 3ª categoria - DMT de 800 a 1.000 m - caminho de serviço pavimentado - com caminhão basculante de 12 m³","m³",38.9,5502798]
[5502886,"Escavação, carga e transporte de material de 3ª categoria na distância de 3.000 m - caminho de serviço em leito natural com caminhão basculante de 12 m³","m³",49.79,5502886]
[5502887,"Escavação, carga e transporte de material de 3ª categoria na distância de 3.000 m - caminho de serviço em revestimento primário - com caminhão basculante de 12 m³","m³",45.39,5502887]
[5502888,"Escavação, carga e transporte de material de 3ª categoria na distância de 3.000 m - caminho de serviço pavimentado - com caminhão basculante de 12 m³","m³",42.91,5502888]
[5502820,"Escavação, carga e transporte de solos moles - DMT de 0 a 50 m","m³",6.82,5502820]
[5502904,"Escavação, carga e transporte de solos moles - DMT de 1.000 a 1.200 m - caminho de serviço em leito natural - com caminhão basculante de 14 m³","m³",18.69,5502904]
[5502930,"Escavação, carga e transporte de solos moles - DMT de 1.000 a 1.200 m - caminho de serviço em revestimento primário - com caminhão basculante de 14 m³","m³",17.82,5502930]
[5502956,"Escavação, carga e transporte de solos moles - DMT de 1.000 a 1.200 m - caminho de serviço pavimentado - com caminhão basculante de 14 m³","m³",17.51,5502956]
[5502905,"Escavação, carga e transporte de solos moles - DMT de 1.200 a 1.400 m - caminho de serviço em leito natural - com caminhão basculante de 14 m³","m³",21.08,5502905]
[5502931,"Escavação, carga e transporte de solos moles - DMT de 1.200 a 1.400 m - caminho de serviço em revestimento primário - com caminhão basculante de 14 m³","m³",17.98,5502931]
[5502957,"Escavação, carga e transporte de solos moles - DMT de 1.200 a 1.400 m - caminho de serviço pavimentado - com caminhão basculante de 14 m³","m³",17.67,5502957]
[5502906,"Escavação, carga e transporte de solos moles - DMT de 1.400 a 1.600 m - caminho de serviço em leito natural - com caminhão basculante de 14 m³","m³",21.32,5502906]
[5502932,"Escavação, carga e transporte de solos moles - DMT de 1.400 a 1.600 m - caminho de serviço em revestimento primário - com caminhão basculante de 14 m³","m³",18.14,5502932]
[5502958,"Escavação, carga e transporte de solos moles - DMT de 1.400 a 1.600 m - caminho de serviço pavimentado - com caminhão basculante de 14 m³","m³",17.82,5502958]
[5502907,"Escavação, carga e transporte de solos moles - DMT de 1.600 a 1.800 m - caminho de serviço em leito natural - com caminhão basculante de 14 m³","m³",21.67,5502907]
[5502933,"Escavação, carga e transporte de solos moles - DMT de 1.600 a 1.800 m - caminho de serviço em revestimento primário - com caminhão basculante de 14 m³","m³",18.37,5502933]
[5502959,"Escavação, carga e transporte de solos moles - DMT de 1.600 a 1.800 m - caminho de serviço pavimentado - com caminhão basculante de 14 m³","m³",17.98,5502959]
[5502908,"Escavação, carga e transporte de solos moles - DMT de 1.800 a 2.000 m - caminho de serviço em leito natural - com caminhão basculante de 14 m³","m³",21.91,5502908]
[5502934,"Escavação, carga e transporte de solos moles - DMT de 1.800 a 2.000 m - caminho de serviço em revestimento primário - com caminhão basculante de 14 m³","m³",18.53,5502934]
[5502960,"Escavação, carga e transporte de solos moles - DMT de 1.800 a 2.000 m - caminho de serviço pavimentado - com caminhão basculante de 14 m³","m³",18.06,5502960]
[5502909,"Escavação, carga e transporte de solos moles - DMT de 2.000 a 2.500 m - caminho de serviço em leito natural - com caminhão basculante de 14 m³","m³",22.38,5502909]
[5502935,"Escavação, carga e transporte de solos moles - DMT de 2.000 a 2.500 m - caminho de serviço em revestimento primário - com caminhão basculante de 14 m³","m³",18.85,5502935]
[5502961,"Escavação, carga e transporte de solos moles - DMT de 2.000 a 2.500 m - caminho de serviço pavimentado - com caminhão basculante de 14 m³","m³",18.37,5502961]
[5502910,"Escavação, carga e transporte de solos moles - DMT de 2.500 a 3.000 m - caminho de serviço em leito natural - com caminhão basculante de 14 m³","m³",23.21,5502910]
[5502936,"Escavação, carga e transporte de solos moles - DMT de 2.500 a 3.000 m - caminho de serviço em revestimento primário - com caminhão basculante de 14 m³","m³",21.44,5502936]
[5502962,"Escavação, carga e transporte de solos moles - DMT de 2.500 a 3.000 m - caminho de serviço pavimentado - com caminhão basculante de 14 m³","m³",18.77,5502962]
[5502900,"Escavação, carga e transporte de solos moles - DMT de 200 a 400 m - caminho de serviço em leito natural - com caminhão basculante de 14 m³","m³",17.43,5502900]
[5502926,"Escavação, carga e transporte de solos moles - DMT de 200 a 400 m - caminho de serviço em revestimento primário - com caminhão basculante de 14 m³","m³",16.96,5502926]
[5502952,"Escavação, carga e transporte de solos moles - DMT de 200 a 400 m - caminho de serviço pavimentado - com caminhão basculante de 14 m³","m³",16.8,5502952]
[5502901,"Escavação, carga e transporte de solos moles - DMT de 400 a 600 m - caminho de serviço em leito natural - com caminhão basculante de 14 m³","m³",17.74,5502901]
[5502927,"Escavação, carga e transporte de solos moles - DMT de 400 a 600 m - caminho de serviço em revestimento primário - com caminhão basculante de 14 m³","m³",17.19,{"$f":"A5636*1","v":5502927}]
[5502953,"Escavação, carga e transporte de solos moles - DMT de 400 a 600 m - caminho de serviço pavimentado - com caminhão basculante de 14 m³","m³",17.04,5502953]
[5502899,"Escavação, carga e transporte de solos moles - DMT de 50 a 200 m - caminho de serviço em leito natural - com caminhão basculante de 14 m³","m³",16.96,5502899]
[5502925,"Escavação, carga e transporte de solos moles - DMT de 50 a 200 m - caminho de serviço em revestimento primário - com caminhão basculante de 14 m³","m³",16.72,5502925]
[5502951,"Escavação, carga e transporte de solos moles - DMT de 50 a 200 m - caminho de serviço pavimentado - com caminhão basculante de 14 m³","m³",16.56,5502951]
[5502902,"Escavação, carga e transporte de solos moles - DMT de 600 a 800 m - caminho de serviço em leito natural - com caminhão basculante de 14 m³","m³",18.14,5502902]
[5502928,"Escavação, carga e transporte de solos moles - DMT de 600 a 800 m - caminho de serviço em revestimento primário - com caminhão basculante de 14 m³","m³",17.43,5502928]
[5502954,"Escavação, carga e transporte de solos moles - DMT de 600 a 800 m - caminho de serviço pavimentado - com caminhão basculante de 14 m³","m³",17.19,5502954]
[5502903,"Escavação, carga e transporte de solos moles - DMT de 800 a 1.000 m - caminho de serviço em leito natural - com caminhão basculante de 14 m³","m³",18.37,5502903]
[5502929,"Escavação, carga e transporte de solos moles - DMT de 800 a 1.000 m - caminho de serviço em revestimento primário - com caminhão basculante de 14 m³","m³",17.59,5502929]
[5502955,"Escavação, carga e transporte de solos moles - DMT de 800 a 1.000 m - caminho de serviço pavimentado - com caminhão basculante de 14 m³","m³",17.35,5502955]
[5502889,"Escavação, carga e transporte de solos moles na distância de 3.000 m - caminho de serviço em leito natural - com caminhão basculante de 14 m³","m³",23.56,5502889]
[5502996,"Escavação, carga e transporte de solos moles na distância de 3.000 m - caminho de serviço em revestimento primário - com caminhão basculante de 14 m³","m³",21.67,5502996]
[5502997,"Escavação, carga e transporte de solos moles na distância de 3.000 m - caminho de serviço pavimentado - com caminhão basculante de 14 m³","m³",21.08,5502997]
[5501716,"Escavação, carga e transporte em material de 1ª categoria - DMT de 1.000 a 1.200 m com motoscraper","m³",18.78,5501716]
[5501717,"Escavação, carga e transporte em material de 1ª categoria - DMT de 1.200 a 1.400 m com motoscraper","m³",21.16,5501717]
[5501712,"Escavação, carga e transporte em material de 1ª categoria - DMT de 200 a 400 m com motoscraper","m³",10.96,5501712]
[5501713,"Escavação, carga e transporte em material de 1ª categoria - DMT de 400 a 600 m com motoscraper","m³",12.11,5501713]
[5501711,"Escavação, carga e transporte em material de 1ª categoria - DMT de 50 a 200 m com motoscraper","m³",8.79,5501711]
[5501710,"Escavação, carga e transporte em material de 1ª categoria - DMT de 50 m","m³",2.68,5501710]
[5501714,"Escavação, carga e transporte em material de 1ª categoria - DMT de 600 a 800 m com motoscraper","m³",14.24,5501714]
[5501715,"Escavação, carga e transporte em material de 1ª categoria - DMT de 800 a 1.000 m com motoscraper","m³",16.4,5501715]
[5502986,"Expurgo de jazida","m³",2.52,5502986]
[5502977,"Fragmentação de blocos de rocha com escavadeira e rompedor hidráulico 1.700 kg","m³",9.82,5502977]
[5502985,"Limpeza mecanizada da camada vegetal","m²",0.45,5502985]
[5503018,"Manutenção de caminho de serviço","km",62.65,5503018]
[5505768,"Pré-fissuramento de material de 3ª categoria","m²",81.31,5505768]
[5503020,"Umedecimento de caminho de serviço","km",268.66,5503020]
[5605798,"Chumbador de aço CA-50 - D = 20 mm - ancorado na rocha com cartucho de cimento - fornecimento, perfuração e instalação","m",86.34,5605798]
[5605925,"Chumbador de aço CA-50 - D = 20 mm - ancorado na rocha com injeção de nata de cimento - fornecimento, perfuração e instalação","m",81.3,5605925]
[5605799,"Chumbador de aço CA-50 - D = 22 mm - ancorado na rocha com cartucho de cimento - fornecimento, perfuração e instalação","m",91.71,5605799]
[5605800,"Chumbador de aço CA-50 - D = 25 mm - ancorado na rocha com cartucho de cimento - fornecimento, perfuração e instalação","m",101.59,5605800]
[5605894,"Grampo de aço CA-50 D = 12,5 mm para solo grampeado com capacidade de 30 kN - fornecimento, perfuração e instalação","m",47.51,5605894]
[5605895,"Grampo de aço CA-50 D = 16 mm para solo grampeado com capacidade de 50 kN - fornecimento, perfuração e instalação","m",51.42,5605895]
[5605896,"Grampo de aço CA-50 D = 20 mm para solo grampeado com capacidade de 80 kN - fornecimento, perfuração e instalação","m",57.3,5605896]
[5605911,"Perfuração para tirante permanente protendido autoinjetável em material de 1ª categoria com diâmetro de até 120 mm","m",32.34,5605911]
[5605912,"Perfuração para tirante permanente protendido autoinjetável em material de 2ª categoria com diâmetro de até 87 mm","m",49.1,5605912]
[5605938,"Perfuração para tirantes em material de 1ª categoria com diâmetro de até 120 mm","m",19.57,5605938]
[5605939,"Perfuração para tirantes em material de 2ª categoria com diâmetro de até 120 mm","m",23.53,5605939]
[5605940,"Perfuração para tirantes em material de 3ª categoria com diâmetro de até 120 mm","m",55.76,5605940]
[5605942,"Pintura eletrostática com tinta em pó à base de resina epóxi - E = 200 µm","m²",51.58,5605942]
[5605955,"Protensão de tirante com 10 cordoalhas D = 12,7 mm aço CP 190 RB, com capacidade de 860 kN - inclusive ancoragem e grauteamento da cabeça","un",672.68,5605955]
[5605956,"Protensão de tirante com 12 cordoalhas D = 12,7 mm aço CP 190 RB, com capacidade de 1.040 kN - inclusive ancoragem e grauteamento da cabeça","un",803.53,5605956]
[5605953,"Protensão de tirante com 6 cordoalhas D = 12,7 mm aço CP 190 RB, com capacidade de 520 kN - inclusive ancoragem e grauteamento da cabeça","un",473.97,5605953]
[5605954,"Protensão de tirante com 8 cordoalhas D = 12,7 mm aço CP 190 RB, com capacidade de 690 kN - inclusive ancoragem e grauteamento da cabeça","un",577.62,5605954]
[5605909,"Protensão de tirante permanente autoinjetável de aço D = 40 mm, seção de 684 mm², tensão de escoamento = 440 MPa e tensão de ruptura = 580 MPa - inclusive ancoragem e grauteamento da cabeça","un",467.14,5605909]
[5605908,"Protensão de tirante permanente autoinjetável de aço D = 40 mm, seção de 822 mm², tensão de escoamento = 470 MPa e tensão de ruptura = 600 MPa - inclusive ancoragem e grauteamento da cabeça","un",467.14,5605908]
[5605907,"Protensão de tirante permanente autoinjetável de aço D = 40 mm, seção de 936 mm², tensão de escoamento = 700 MPa e tensão de ruptura = 830 MPa - inclusive ancoragem e grauteamento da cabeça","un",500.99,5605907]
[5605906,"Protensão de tirante permanente autoinjetável de aço D = 50 mm, seção de 1.330 mm², tensão de escoamento = 630 MPa e tensão de ruptura = 740 MPa - inclusive ancoragem e grauteamento da cabeça","un",603.49,5605906]
[5605905,"Protensão de tirante permanente autoinjetável de aço D = 50 mm, seção de 1.569 mm², tensão de escoamento = 630 MPa e tensão de ruptura = 740 MP - inclusive ancoragem e grauteamento da cabeça","un",678.76,5605905]
[5605944,"Protensão de tirante permanente protendido de aço D = 30 mm, tensão de escoamento = 600 MPa e tensão de ruptura = 720 MPa - inclusive ancoragem e grauteamento da cabeça","un",422.42,5605944]
[5605910,"Protensão de tirante permanente protendido de aço D = 32 mm, tensão de escoamento = 500 MPa e tensão de ruptura = 550 MPa - inclusive ancoragem e grauteamento da cabeça","un",493.31,5605910]
[5605945,"Protensão de tirante permanente protendido de aço D = 32 mm, tensão de escoamento = 950 MPa e tensão de ruptura = 1.050 MPa - inclusive ancoragem e grauteamento da cabeça","un",521.79,5605945]
[5605946,"Protensão de tirante permanente protendido de aço D = 40 mm, tensão de escoamento = 600 MPa e tensão de ruptura = 720 MPa - inclusive ancoragem e grauteamento da cabeça","un",500.99,5605946]
[5605947,"Protensão de tirante permanente protendido de aço D = 44 mm, tensão de escoamento = 680 MPa e tensão de ruptura = 870 MPa - inclusive ancoragem e grauteamento da cabeça","un",562.05,5605947]
[5605948,"Protensão de tirante permanente protendido de aço D = 50 mm, tensão de escoamento = 600 MPa e tensão de ruptura = 720 MPa - inclusive ancoragem e grauteamento da cabeça","un",678.76,5605948]
[5605949,"Protensão de tirante permanente protendido de aço D = 53 mm, tensão de escoamento = 600 MPa e tensão de ruptura = 720 MPa - inclusive ancoragem e grauteamento da cabeça","un",960.46,5605949]
[5605950,"Protensão de tirante permanente protendido de aço D = 57 mm, tensão de escoamento = 600 MPa e tensão de ruptura = 720 MPa - inclusive ancoragem e grauteamento da cabeça","un",1039.63,5605950]
[5605951,"Protensão de tirante permanente protendido de aço D = 63 mm, tensão de escoamento = 600 MPa e tensão de ruptura = 720 MPa - inclusive ancoragem e grauteamento da cabeça","un",1655.74,5605951]
[5605952,"Protensão de tirante permanente protendido de aço D = 69 mm, tensão de escoamento = 600 MPa e tensão de ruptura = 720 MPa - inclusive ancoragem e grauteamento da cabeça","un",2526.49,5605952]
[5605932,"Tirante de barra de aço ancorado na rocha com resina de poliéster, D = 19 mm, tensão de escoamento = 686 MPa e tensão de ruptura = 789 MPa - fornecimento, perfuração e instalação","m",130.75,5605932]
[5605934,"Tirante de barra de aço ancorado na rocha com resina de poliéster, D = 22 mm, tensão de escoamento = 686 MPa e tensão de ruptura = 789 MPa - fornecimento, perfuração e instalação","m",143.11,5605934]
[5605928,"Tirante de barra de aço ancorado na rocha com resina de poliéster, D = 25 mm, tensão de escoamento = 500 MPa e tensão de ruptura = 750 MPa - fornecimento, perfuração e instalação","m",159.19,5605928]
[5605935,"Tirante de barra de aço ancorado na rocha com resina de poliéster, D = 25 mm, tensão de escoamento = 686 MPa, tensão de ruptura = 789 MPa - fornecimento, perfuração e instalação","m",158.24,5605935]
[5605936,"Tirante de barra de aço ancorado na rocha com resina de poliéster, D = 32 mm, tensão de escoamento = 686 MPa, tensão de ruptura = 789 MPa - fornecimento, perfuração e instalação","m",245.22,{"$f":"A5700*1","v":5605936}]
[5605937,"Tirante de barra de aço ancorado na rocha com resina de poliéster, D = 36 mm, tensão de escoamento = 686 MPa e tensão de ruptura = 789 MPa - fornecimento, perfuração e instalação","m",301.64,5605937]
[5605957,"Tirante permanente protendido autoinjetável de aço D = 40 mm, seção de 684 mm², tensão de escoamento = 440 MPa e tensão de ruptura = 580 MPa - exceto perfuração","m",205.22,5605957]
[5605958,"Tirante permanente protendido autoinjetável de aço D = 40 mm, seção de 822 mm², tensão de escoamento = 470 MPa e tensão de ruptura = 600 MPa - exceto perfuração","m",234.35,5605958]
[5605959,"Tirante permanente protendido autoinjetável de aço D = 40 mm, seção de 936 mm², tensão de escoamento = 700 MPa e tensão de ruptura = 830 MPa - exceto perfuração","m",281.4,5605959]
[5605960,"Tirante permanente protendido autoinjetável de aço D = 50 mm, seção de 1.330 mm², tensão de escoamento = 630 MPa e tensão de ruptura = 740 MPa - exceto perfuração","m",350.05,5605960]
[5605961,"Tirante permanente protendido autoinjetável de aço D = 50 mm, seção de 1.569 mm², tensão de escoamento = 630 MPa e tensão de ruptura = 740 MPa - exceto perfuração","m",448.22,5605961]
[5605885,"Tirante permanente protendido com 10 cordoalhas D = 12,7 mm, aço CP 190 RB, com capacidade de 860 kN - exceto perfuração","m",251.66,5605885]
[5605886,"Tirante permanente protendido com 12 cordoalhas D = 12,7 mm, aço CP 190 RB, com capacidade de 1.030 kN - exceto perfuração","m",274.02,5605886]
[5605883,"Tirante permanente protendido com 6 cordoalhas D = 12,7 mm, aço CP 190 RB, com capacidade de 510 kN - exceto perfuração","m",202.14,5605883]
[5605884,"Tirante permanente protendido com 8 cordoalhas D = 12,7 mm, aço CP 190 RB, com capacidade de 690 kN - exceto perfuração","m",224.5,5605884]
[5605962,"Tirante permanente protendido de aço D = 30 mm, tensão de escoamento = 600 MPa e tensão de ruptura = 720 MPa - exceto perfuração","m",159.84,5605962]
[5605881,"Tirante permanente protendido de aço D = 32 mm, tensão de escoamento = 500 MPa e tensão de ruptura = 550 MPa - exceto perfuração","m",239.25,5605881]
[5605882,"Tirante permanente protendido de aço D = 32 mm, tensão de escoamento = 950 MPa e tensão de ruptura = 1.050 MPa - exceto perfuração","m",404.12,5605882]
[5605963,"Tirante permanente protendido de aço D = 40 mm, tensão de escoamento = 600 MPa e tensão de ruptura = 720 MPa - exceto perfuração","m",251.7,5605963]
[5605964,"Tirante permanente protendido de aço D = 44 mm, tensão de escoamento = 680 MPa e tensão de ruptura = 870 MPa - exceto perfuração","m",297.61,5605964]
[5605965,"Tirante permanente protendido de aço D = 50 mm, tensão de escoamento = 600 MPa e tensão de ruptura = 720 MPa - exceto perfuração","m",380.34,5605965]
[5605966,"Tirante permanente protendido de aço D = 53mm, tensão de escoamento = 600 MPa e tensão de ruptura = 720 MPa - exceto perfuração","m",423.97,5605966]
[5605967,"Tirante permanente protendido de aço D = 57 mm, tensão de escoamento = 600 MPa e tensão de ruptura = 720 MPa - exceto perfuração","m",478.47,5605967]
[5605968,"Tirante permanente protendido de aço D = 63 mm, tensão de escoamento = 600 MPa e tensão de ruptura = 720 MPa - exceto perfuração","m",586.65,5605968]
[5605969,"Tirante permanente protendido de aço D = 69 mm, tensão de escoamento = 600 MPa e tensão de ruptura = 720 MPa - exceto perfuração","m",708.88,5605969]
[5909130,"Carga e manobra de aduelas de concreto pré-moldadas em cavalo mecânico com semirreboque 22 t - carga com caminhão guindauto de 45 t.m","t",24.11,5909130]
[5914703,"Carga e manobra de brita para lastro com locomotiva diesel-elétrica em vagão hopper aberto com capacidade de 45 m³ - carga com carregadeira e descarga automática - bitola métrica","t",4.94,5914703]
[5914704,"Carga e manobra de brita para lastro com locomotiva diesel-elétrica em vagão hopper aberto com capacidade de 63 m³ - carga com carregadeira e descarga automática - bitola larga","t",4.96,5914704]
[5914710,"Carga e manobra de dormentes de concreto de bitola larga com locomotiva diesel-elétrica e vagão plataforma com capacidade de 98 t - carga com carregadeira - bitola larga","t",9.84,5914710]
[5914711,"Carga e manobra de dormentes de concreto de bitola métrica com locomotiva diesel-elétrica e vagão plataforma com capacidade de 82 t - carga com carregadeira - bitola métrica","t",9,5914711]
[5914712,"Carga e manobra de dormentes de concreto de bitola mista com locomotiva diesel-elétrica e vagão plataforma com capacidade de 98 t - carga com carregadeira - bitola larga","t",8.92,5914712]
[5915369,"Carga, descarga e manobra de vigas pré-moldadas de 1.000 a 1.250 kN em cavalo mecânico com reboques de 5 e 4 eixos com capacidade de 130 t","un",7073.8,5915369]
[5915401,"Carga, descarga e manobra de vigas pré-moldadas de 500 a 750 kN em cavalo mecânico com dollys de 3 e 4 eixos com capacidade de 77 t","un",6494.98,5915401]
[5915402,"Carga, descarga e manobra de vigas pré-moldadas de 750 a 1.000 kN em cavalo mecânico com dollys de 5 e 4 eixos com capacidade de 111 t","un",3712.94,5915402]
[5915400,"Carga, descarga e manobra de vigas pré-moldadas de até 500 kN em cavalo mecânico com dolly de 4 eixos com capacidade de 57 t","un",3271.21,5915400]
[5914651,"Carga, manobra e descarga de agregados ou solos em caminhão basculante de 10 m³ - carga com carregadeira de 3,40 m³ (exclusa) e descarga em distribuidor autopropelido","t",2.29,5914651]
[5914648,"Carga, manobra e descarga de agregados ou solos em caminhão basculante de 10 m³ - carga com carregadeira de 3,40 m³ (exclusa) e descarga em distribuidor rebocável","t",6.93,5914648]
[5914647,"Carga, manobra e descarga de agregados ou solos em caminhão basculante de 10 m³ - carga com carregadeira de 3,40 m³ (exclusa) e descarga livre","t",1.61,5914647]
[5915411,"Carga, manobra e descarga de agregados ou solos em caminhão basculante de 10 m³ - carga com carregadeira de 3,40 m³ e descarga em distribuidor autopropelido","t",3.2,5915411]
[5915409,"Carga, manobra e descarga de agregados ou solos em caminhão basculante de 10 m³ - carga com carregadeira de 3,40 m³ e descarga em distribuidor rebocável","t",7.83,5915409]
[5915407,"Carga, manobra e descarga de agregados ou solos em caminhão basculante de 10 m³ - carga com carregadeira de 3,40 m³ e descarga livre","t",2.51,5915407]
[5914354,"Carga, manobra e descarga de agregados ou solos em caminhão basculante de 10 m³ - carga com escavadeira de 1,56 m³ (exclusa) e descarga livre","t",1.68,5914354]
[5915406,"Carga, manobra e descarga de agregados ou solos em caminhão basculante de 10 m³ - carga em usina de 60 t/h (PMF) e descarga livre","t",8.62,5915406]
[5914652,"Carga, manobra e descarga de agregados ou solos em caminhão basculante de 10 m³ - carga em usina de solos de 300 t/h e descarga em distribuidor autopropelido","t",3.07,5914652]
[5915417,"Carga, manobra e descarga de agregados ou solos em caminhão basculante de 10 m³ - carga em usina de solos de 300 t/h e descarga em vibroacabadora","t",4.88,5915417]
[5915414,"Carga, manobra e descarga de agregados ou solos em caminhão basculante de 10 m³ - carga em usina de solos de 300 t/h e descarga livre","t",2.59,5915414]
[5914351,"Carga, manobra e descarga de agregados ou solos em caminhão basculante de 14 m³ - carga com carregadeira de 3,40 m³ e descarga livre","t",2.42,5914351]
[5914645,"Carga, manobra e descarga de agregados ou solos em caminhão basculante de 6 m³ - carga com carregadeira de 1,72 m³ (exclusa) e descarga em distribuidor autopropelido","t",2.79,5914645]
[5914642,"Carga, manobra e descarga de agregados ou solos em caminhão basculante de 6 m³ - carga com carregadeira de 1,72 m³ (exclusa) e descarga em distribuidor rebocável","t",5.37,5914642]
[5914641,"Carga, manobra e descarga de agregados ou solos em caminhão basculante de 6 m³ - carga com carregadeira de 1,72 m³ (exclusa) e descarga livre","t",1.94,5914641]
[5915456,"Carga, manobra e descarga de agregados ou solos em caminhão basculante de 6 m³ - carga com carregadeira de 1,72 m³ e descarga em distribuidor autopropelido","t",3.58,5915456]
[5915454,"Carga, manobra e descarga de agregados ou solos em caminhão basculante de 6 m³ - carga com carregadeira de 1,72 m³ e descarga em distribuidor rebocável","t",6.17,5915454]
[5915399,"Carga, manobra e descarga de agregados ou solos em caminhão basculante de 6 m³ - carga com carregadeira de 1,72 m³ e descarga livre","t",2.74,5915399]
[5914353,"Carga, manobra e descarga de agregados ou solos em caminhão basculante de 6 m³ - carga com escavadeira de 1,56 m³ (exclusa) e descarga livre","t",1.46,5914353]
[5915470,"Carga, manobra e descarga de agregados ou solos em caminhão basculante de 6 m³ - carga com escavadeira de 1,56 m³ e descarga livre","t",2.15,5915470]
[5915459,"Carga, manobra e descarga de agregados ou solos em caminhão basculante de 6 m³ - carga com minicarregadeira de 0,45 m³ e descarga livre","t",7.12,5915459]
[5915476,"Carga, manobra e descarga de agregados ou solos em caminhão basculante de 6 m³ - carga manual e descarga livre","t",27.56,5915476]
[5914702,"Carga, manobra e descarga de barras de trilho de 12 m com locomotiva diesel-elétrica em vagão plataforma com capacidade de 82 t - carga e descarga com carregadeira - bitola métrica","t",13.38,5914702]
[5914701,"Carga, manobra e descarga de barras de trilho de 12 m com locomotiva diesel-elétrica em vagão plataforma com capacidade de 98 t - carga e descarga com carregadeira - bitola larga","t",13.58,5914701]
[5906592,"Carga, manobra e descarga de blocos artificiais de concreto com 10 a 12 t para molhe em cavalo mecânico com semirreboque com capacidade de 30 t - carga e descarga com guindaste com pinça","un",30.26,5906592]
[5906591,"Carga, manobra e descarga de blocos artificiais de concreto com 8 a 9 t para molhe em cavalo mecânico com semirreboque com capacidade de 30 t - carga e descarga com guindaste com pinça","un",28.84,5906591]
[5914653,"Carga, manobra e descarga de blocos de rocha em caminhão basculante de 8 m³ - carga com carregadeira de 1,72 m³ (exclusa) e descarga livre","t",3.37,5914653]
[5915405,"Carga, manobra e descarga de blocos de rocha em caminhão basculante de 8 m³ - carga com carregadeira de 1,72 m³ e descarga livre","t",5.26,5915405]
[5914657,"Carga, manobra e descarga de blocos de rocha em caminhão basculante de 8 m³ - carga com retroescavadeira de 0,29 m³ e descarga livre","t",17.04,5914657]
[5914363,"Carga, manobra e descarga de cimento ou cal hidratada a granel em caminhão silo de 30 m³","t",15.85,5914363]
[5914646,"Carga, manobra e descarga de concreto asfáltico com borracha em caminhão basculante de 10 m³ - carga em usina de asfalto 100/140 t/h e descarga em vibroacabadora","t",7.98,5914646]
[5919535,"Carga, manobra e descarga de concreto com caminhão betoneira - carga em central de concreto de 30 m³/h e descarga em extrusora de barreira de concreto","t",17.86,5919535]
[5919533,"Carga, manobra e descarga de concreto com caminhão betoneira - carga em central de concreto de 30 m³/h e descarga em extrusora de meio-fio","t",60.47,5919533]
[5919534,"Carga, manobra e descarga de concreto com caminhão betoneira - carga em central de concreto de 30 m³/h e descarga em extrusora de sarjeta","t",55.19,{"$f":"A5764*1","v":5919534}]
[5909007,"Carga, manobra e descarga de concreto com caminhão betoneira - carga em central de concreto de 30 m³/h e descarga livre","t",16.61,5909007]
[5919538,"Carga, manobra e descarga de concreto com caminhão betoneira - carga em central de concreto de 40 m³/h e descarga livre","t",13.92,5919538]
[5919540,"Carga, manobra e descarga de concreto de cimento em caminhão basculante de 7 m³ - carga em central de concreto de 150 m³/h e descarga em vibroacabadora","t",2.97,5919540]
[5914705,"Carga, manobra e descarga de dormentes de concreto de bitola larga com locomotiva diesel-elétrica e vagão plataforma com capacidade de 98 t - carga e descarga com carregadeira - bitola larga","t",19.67,5914705]
[5914706,"Carga, manobra e descarga de dormentes de concreto de bitola métrica com locomotiva diesel-elétrica e vagão plataforma com capacidade de 82 t - carga e descarga com carregadeira - bitola métrica","t",17.99,5914706]
[5914707,"Carga, manobra e descarga de dormentes de concreto de bitola mista com locomotiva diesel-elétrica e vagão plataforma com capacidade de 98 t - carga e descarga com carregadeira - bitola larga","t",17.85,5914707]
[5914677,"Carga, manobra e descarga de dormentes de madeira com locomotiva diesel-elétrica em vagão plataforma com capacidade de 82 t - carga e descarga com carregadeira - bitola métrica","t",26.83,5914677]
[5914676,"Carga, manobra e descarga de dormentes de madeira com locomotiva diesel-elétrica em vagão plataforma com capacidade de 98 t - carga e descarga com carregadeira - bitola larga","t",22.39,5914676]
[5914678,"Carga, manobra e descarga de jogo de dormentes de concreto para AMV de bitola larga ou mista, qualquer abertura, com locomotiva diesel-elétrica em vagão plataforma com capacidade de 98 t - carga e descarga com carregadeira - bitola larga","t",31.16,5914678]
[5914679,"Carga, manobra e descarga de jogo de dormentes de concreto para AMV de bitola métrica, qualquer abertura, com locomotiva diesel-elétrica em vagão plataforma com capacidade de 82 t - carga e descarga com carregadeira - bitola métrica","t",49.62,5914679]
[5914681,"Carga, manobra e descarga de jogo de dormentes de madeira para AMV bitola métrica, qualquer abertura, com locomotiva diesel-elétrica em vagão plataforma com capacidade de 82 t - carga e descarga com carregadeira - bitola métrica","t",59.2,5914681]
[5914680,"Carga, manobra e descarga de jogo de dormentes de madeira para AMV de bitola larga ou mista, qualquer abertura, com locomotiva diesel-elétrica em vagão plataforma com capacidade de 98 t - carga e descarga com carregadeira - bitola larga","t",41.22,5914680]
[5915015,"Carga, manobra e descarga de materiais diversos em caminhão carroceria com capacidade de 11 t e com guindauto de 45 t.m","t",19.81,5915015]
[5915373,"Carga, manobra e descarga de materiais diversos em caminhão carroceria com capacidade de 7 t e com guindauto de 20 t.m","t",16.72,5915373]
[5914333,"Carga, manobra e descarga de materiais diversos em caminhão carroceria de 15 t - carga e descarga com caminhão guindauto de 20 t.m","t",31.24,5914333]
[5914655,"Carga, manobra e descarga de materiais diversos em caminhão carroceria de 15 t - carga e descarga manuais","t",31.42,5914655]
[5915474,"Carga, manobra e descarga de materiais diversos em caminhão carroceria de 5 t - carga e descarga manuais","t",29.09,5915474]
[5914654,"Carga, manobra e descarga de materiais diversos em caminhão carroceria de 9 t - carga e descarga manuais","t",26.44,5914654]
[5914686,"Carga, manobra e descarga de materiais metálicos e acessórios diversos com locomotiva diesel-elétrica em vagão fechado com capacidade de 64 t - carga e descarga com carregadeira - bitola métrica","t",22.06,5914686]
[5914685,"Carga, manobra e descarga de materiais metálicos e acessórios diversos com locomotiva diesel-elétrica em vagão fechado com capacidade de 99 t - carga e descarga com carregadeira - bitola larga","t",22.2,5914685]
[5914682,"Carga, manobra e descarga de materiais metálicos para AMV de bitola larga, qualquer abertura, com locomotiva diesel-elétrica em vagão plataforma com capacidade de 98 t - carga e descarga com carregadeira - bitola larga","t",28.37,5914682]
[5914683,"Carga, manobra e descarga de materiais metálicos para AMV de bitola métrica, qualquer abertura, com locomotiva diesel-elétrica em vagão plataforma com capacidade de 82 t - carga e descarga com carregadeira - bitola métrica","t",32.55,5914683]
[5914684,"Carga, manobra e descarga de materiais metálicos para AMV de bitola mista, qualquer abertura, com locomotiva diesel-elétrica e vagão plataforma com capacidade de 98 t - carga e descarga com carregadeira","t",24.58,5914684]
[5914675,"Carga, manobra e descarga de material demolido em caminhão basculante de 6 m³ - carga com carregadeira de 1,72 m³ e descarga livre","t",2.86,5914675]
[5915433,"Carga, manobra e descarga de material demolido em caminhão basculante de 6 m³ - carga manual e descarga livre","t",33.33,5915433]
[5914304,"Carga, manobra e descarga de material fresado em caminhão basculante de 10 m³ - fresagem contínua em espessura de 3 cm - carga com fresadora e descarga livre","t",3.24,5914304]
[5914305,"Carga, manobra e descarga de material fresado em caminhão basculante de 10 m³ - fresagem contínua em espessura de 4 cm - carga com fresadora e descarga livre","t",3.25,5914305]
[5915440,"Carga, manobra e descarga de material fresado em caminhão basculante de 10 m³ - fresagem contínua em espessura de 5 cm - carga com fresadora e descarga livre","t",2.89,5915440]
[5914306,"Carga, manobra e descarga de material fresado em caminhão basculante de 10 m³ - fresagem contínua em espessura de 6 cm - carga com fresadora e descarga livre","t",2.69,5914306]
[5914307,"Carga, manobra e descarga de material fresado em caminhão basculante de 10 m³ - fresagem contínua em espessura de 7 cm - carga com fresadora e descarga livre","t",2.54,5914307]
[5914308,"Carga, manobra e descarga de material fresado em caminhão basculante de 10 m³ - fresagem contínua em espessura de 8 cm - carga com fresadora e descarga livre","t",2.45,5914308]
[5914309,"Carga, manobra e descarga de material fresado em caminhão basculante de 10 m³ - fresagem descontínua em espessura de 3 cm - carga com fresadora e descarga livre","t",5.41,5914309]
[5914310,"Carga, manobra e descarga de material fresado em caminhão basculante de 10 m³ - fresagem descontínua em espessura de 4 cm - carga com fresadora e descarga livre","t",4.51,5914310]
[5914352,"Carga, manobra e descarga de material fresado em caminhão basculante de 10 m³ - fresagem descontínua em espessura de 5 cm - carga com fresadora e descarga livre","t",4.01,5914352]
[5914311,"Carga, manobra e descarga de material fresado em caminhão basculante de 10 m³ - fresagem descontínua em espessura de 6 cm - carga com fresadora e descarga livre","t",3.68,5914311]
[5914312,"Carga, manobra e descarga de material fresado em caminhão basculante de 10 m³ - fresagem descontínua em espessura de 7 cm - carga com fresadora e descarga livre","t",3.47,5914312]
[5914313,"Carga, manobra e descarga de material fresado em caminhão basculante de 10 m³ - fresagem descontínua em espessura de 8 cm - carga com fresadora e descarga livre","t",3.33,5914313]
[5914339,"Carga, manobra e descarga de material fresado em caminhão basculante de 6 m³ - fresagem descontínua em espessura de 5 cm - carga com fresadora e descarga livre","t",9.24,5914339]
[5914650,"Carga, manobra e descarga de mistura betuminosa a frio em caminhão basculante de 10 m³ - carga em usina de 60 t/h (PMF) e descarga em vibroacabadora","t",10.17,5914650]
[5914358,"Carga, manobra e descarga de mistura betuminosa a frio em caminhão basculante de 6 m³ - carga em usina de 60 t/h (PMF) e descarga em vibroacabadora","t",8.72,5914358]
[5915421,"Carga, manobra e descarga de mistura betuminosa a frio em caminhão basculante de 6 m³ - carga em usina de 60 t/h (PMF) e descarga manual","t",24.64,5915421]
[5914649,"Carga, manobra e descarga de mistura betuminosa a quente em caminhão basculante de 10 m³ - carga em usina de asfalto 100/140 t/h e descarga em vibroacabadora","t",7.1,5914649]
[5914643,"Carga, manobra e descarga de mistura betuminosa a quente em caminhão basculante de 6 m³ - carga em usina de asfalto 100/140 t/h e descarga em vibroacabadora","t",5.19,5914643]
[5914328,"Carga, manobra e descarga de mistura betuminosa a quente em caminhão basculante de 6 m³ - carga em usina de asfalto 100/140 t/h e descarga manual","t",25.58,5914328]
[5914610,"Carga, manobra e descarga de mistura betuminosa a quente em caminhão com caçamba térmica de 6 m³ - carga em usina de asfalto de 100/140 t/h e descarga manual","t",34.48,5914610]
[5915408,"Carga, manobra e descarga de mistura reciclada com espuma de asfalto em caminhão basculante de 10 m³ - carga em usina de reciclagem a frio e descarga em vibroacabadora","t",5.36,5915408]
[5915306,"Carga, manobra e descarga de tetrápodes em cavalo mecânico com semirreboque com capacidade de 30 t - carga e descarga com guindaste","un",33.25,5915306]
[5914708,"Carga, manobra e descarga de TLS de TR45 de 120 m com locomotiva diesel-elétrica em vagão plataforma com capacidade de 82 t - carga e descarga com manipulador de TLS - bitola métrica","t",36.21,5914708]
[5914687,"Carga, manobra e descarga de TLS de TR45 de 120 m com locomotiva diesel-elétrica em vagão plataforma com capacidade de 98 t - carga e descarga com manipulador de TLS - bitola larga","t",35.72,5914687]
[5914709,"Carga, manobra e descarga de TLS de TR45 de 240 m com locomotiva diesel-elétrica em vagão plataforma com capacidade de 82 t - carga e descarga com manipulador de TLS - bitola métrica","t",40.36,5914709]
[5914688,"Carga, manobra e descarga de TLS de TR45 de 240 m com locomotiva diesel-elétrica em vagão plataforma com capacidade de 98 t - carga e descarga com manipulador de TLS - bitola larga","t",38.89,5914688]
[5914695,"Carga, manobra e descarga de TLS de TR57 de 120 m com locomotiva diesel-elétrica em vagão plataforma com capacidade de 82 t - carga e descarga com manipulador de TLS - bitola métrica","t",28.41,5914695]
[5914689,"Carga, manobra e descarga de TLS de TR57 de 120 m com locomotiva diesel-elétrica em vagão plataforma com capacidade de 98 t - carga e descarga com manipulador de TLS - bitola larga","t",28.03,5914689]
[5914696,"Carga, manobra e descarga de TLS de TR57 de 240 m com locomotiva diesel-elétrica em vagão plataforma com capacidade de 82 t - carga e descarga com manipulador de TLS - bitola métrica","t",31.67,5914696]
[5914690,"Carga, manobra e descarga de TLS de TR57 de 240 m com locomotiva diesel-elétrica em vagão plataforma com capacidade de 98 t - carga e descarga com manipulador de TLS - bitola larga","t",30.51,5914690]
[5914697,"Carga, manobra e descarga de TLS de TR68 de 120 m com locomotiva diesel-elétrica em vagão plataforma com capacidade de 82 t - carga e descarga com manipulador de TLS - bitola métrica","t",23.98,5914697]
[5914691,"Carga, manobra e descarga de TLS de TR68 de 120 m com locomotiva diesel-elétrica em vagão plataforma com capacidade de 98 t - carga e descarga com manipulador de TLS - bitola larga","t",23.66,5914691]
[5914698,"Carga, manobra e descarga de TLS de TR68 de 240 m com locomotiva diesel-elétrica em vagão plataforma com capacidade de 82 t - carga e descarga com manipulador de TLS - bitola métrica","t",26.73,5914698]
[5914692,"Carga, manobra e descarga de TLS de TR68 de 240 m com locomotiva diesel-elétrica em vagão plataforma com capacidade de 98 t - carga e descarga com manipulador de TLS - bitola larga","t",25.76,5914692]
[5914699,"Carga, manobra e descarga de TLS de UIC60 de 120 m com locomotiva diesel-elétrica em vagão plataforma com capacidade de 82 t - carga e descarga com manipulador de TLS - bitola métrica","t",26.85,5914699]
[5914693,"Carga, manobra e descarga de TLS de UIC60 de 120 m com locomotiva diesel-elétrica em vagão plataforma com capacidade de 98 t - carga e descarga com manipulador de TLS - bitola larga","t",26.48,5914693]
[5914700,"Carga, manobra e descarga de TLS de UIC60 de 240 m com locomotiva diesel-elétrica em vagão plataforma com capacidade de 82 t - carga e descarga com manipulador de TLS - bitola métrica","t",29.93,5914700]
[5914694,"Carga, manobra e descarga de TLS de UIC60 de 240 m com locomotiva diesel-elétrica em vagão plataforma com capacidade de 98 t - carga e descarga com manipulador de TLS - bitola larga","t",28.84,5914694]
[5915441,"Carga, manobra e descarga de trituração de galhos e troncos em caminhão basculante de 6 m³ - carga com trituradora e descarga livre","t",97.99,{"$f":"A5828*1","v":5915441}]
[5901639,"Transporte com caminhão basculante com caçamba estanque com capacidade de 14 m³ - rodovia em leito natural","tkm",0.79,5901639]
[5901638,"Transporte com caminhão basculante com caçamba estanque com capacidade de 14 m³ - rodovia em revestimento primário","tkm",0.63,5901638]
[5901640,"Transporte com caminhão basculante com caçamba estanque com capacidade de 14 m³ - rodovia pavimentada","tkm",0.52,5901640]
[5914359,"Transporte com caminhão basculante de 10 m³ - rodovia em leito natural","tkm",1.1,5914359]
[5914374,"Transporte com caminhão basculante de 10 m³ - rodovia em revestimento primário","tkm",0.88,5914374]
[5914389,"Transporte com caminhão basculante de 10 m³ - rodovia pavimentada","tkm",0.72,5914389]
[5915319,"Transporte com caminhão basculante de 14 m³ - rodovia em leito natural","tkm",0.79,5915319]
[5915320,"Transporte com caminhão basculante de 14 m³ - rodovia em revestimento primário","tkm",0.63,5915320]
[5915321,"Transporte com caminhão basculante de 14 m³ - rodovia pavimentada","tkm",0.52,5915321]
[5914314,"Transporte com caminhão basculante de 6 m³ - rodovia em leito natural","tkm",1.22,5914314]
[5914329,"Transporte com caminhão basculante de 6 m³ - rodovia em revestimento primário","tkm",0.97,5914329]
[5914344,"Transporte com caminhão basculante de 6 m³ - rodovia pavimentada","tkm",0.8,5914344]
[5914539,"Transporte com caminhão betoneira - rodovia em leito natural","tkm",0.91,5914539]
[5914554,"Transporte com caminhão betoneira - rodovia em revestimento primário","tkm",0.73,5914554]
[5914569,"Transporte com caminhão betoneira - rodovia pavimentada","tkm",0.6,5914569]
[5915012,"Transporte com caminhão carroceria com capacidade de 11 t e com guindauto de 45 t.m - rodovia em leito natural","tkm",1.98,5915012]
[5915013,"Transporte com caminhão carroceria com capacidade de 11 t e com guindauto de 45 t.m - rodovia em revestimento primário","tkm",1.59,5915013]
[5915014,"Transporte com caminhão carroceria com capacidade de 11 t e com guindauto de 45 t.m - rodovia pavimentada","tkm",1.3,5915014]
[5914584,"Transporte com caminhão carroceria com capacidade de 7 t e com guindauto de 20 t.m - rodovia em leito natural","tkm",2.47,5914584]
[5914599,"Transporte com caminhão carroceria com capacidade de 7 t e com guindauto de 20 t.m - rodovia em revestimento primário","tkm",1.98,5914599]
[5914614,"Transporte com caminhão carroceria com capacidade de 7 t e com guindauto de 20 t.m - rodovia pavimentada","tkm",1.62,5914614]
[5914581,"Transporte com caminhão carroceria com capacidade de 9 t e com guindauto de 10 t.m - rodovia em leito natural","tkm",2.25,5914581]
[5914582,"Transporte com caminhão carroceria com capacidade de 9 t e com guindauto de 10 t.m - rodovia em revestimento primário","tkm",1.8,5914582]
[5914583,"Transporte com caminhão carroceria com capacidade de 9 t e com guindauto de 10 t.m - rodovia pavimentada","tkm",1.48,5914583]
[5914449,"Transporte com caminhão carroceria de 15 t - rodovia em leito natural","tkm",1.01,5914449]
[5914464,"Transporte com caminhão carroceria de 15 t - rodovia em revestimento primário","tkm",0.81,5914464]
[5914479,"Transporte com caminhão carroceria de 15 t - rodovia pavimentada","tkm",0.66,5914479]
[5915322,"Transporte com caminhão carroceria de 5 t - rodovia em leito natural","tkm",1.74,5915322]
[5915323,"Transporte com caminhão carroceria de 5 t - rodovia em revestimento primário","tkm",1.39,5915323]
[5915324,"Transporte com caminhão carroceria de 5 t - rodovia pavimentada","tkm",1.14,5915324]
[5914404,"Transporte com caminhão carroceria de 9 t - rodovia em leito natural","tkm",1.11,5914404]
[5914419,"Transporte com caminhão carroceria de 9 t - rodovia em revestimento primário","tkm",0.89,5914419]
[5914434,"Transporte com caminhão carroceria de 9 t - rodovia pavimentada","tkm",0.73,5914434]
[5914635,"Transporte com cavalo mecânico com semirreboque com capacidade de 22 t - rodovia em leito natural","tkm",0.99,5914635]
[5914636,"Transporte com cavalo mecânico com semirreboque com capacidade de 22 t - rodovia em revestimento primário","tkm",0.79,5914636]
[5914637,"Transporte com cavalo mecânico com semirreboque com capacidade de 22 t - rodovia pavimentada","tkm",0.65,5914637]
[5914638,"Transporte com cavalo mecânico com semirreboque com capacidade de 30 t - rodovia em leito natural","tkm",0.8,5914638]
[5914639,"Transporte com cavalo mecânico com semirreboque com capacidade de 30 t - rodovia em revestimento primário","tkm",0.64,5914639]
[5914640,"Transporte com cavalo mecânico com semirreboque com capacidade de 30 t - rodovia pavimentada","tkm",0.53,5914640]
[5915466,"Transporte de água com caminhão tanque de 10.000 l - rodovia em leito natural","tkm",1.83,5915466]
[5915467,"Transporte de água com caminhão tanque de 10.000 l - rodovia em revestimento primário","tkm",1.46,5915467]
[5915468,"Transporte de água com caminhão tanque de 10.000 l - rodovia pavimentada","tkm",1.2,5915468]
[5914617,"Transporte de água com caminhão tanque de 13.000 l - rodovia em leito natural","tkm",1.42,5914617]
[5914618,"Transporte de água com caminhão tanque de 13.000 l - rodovia em revestimento primário","tkm",1.13,5914618]
[5914619,"Transporte de água com caminhão tanque de 13.000 l - rodovia pavimentada","tkm",0.93,5914619]
[5915451,"Transporte de água com caminhão tanque de 6.000 l - rodovia em leito natural","tkm",2.36,5915451]
[5915452,"Transporte de água com caminhão tanque de 6.000 l - rodovia em revestimento primário","tkm",1.89,5915452]
[5915453,"Transporte de água com caminhão tanque de 6.000 l - rodovia pavimentada","tkm",1.55,5915453]
[5915448,"Transporte de água com caminhão tanque de 8.000 l - rodovia em leito natural","tkm",1.82,5915448]
[5915449,"Transporte de água com caminhão tanque de 8.000 l - rodovia em revestimento primário","tkm",1.46,5915449]
[5915450,"Transporte de água com caminhão tanque de 8.000 l - rodovia pavimentada","tkm",1.2,5915450]
[5901641,"Transporte de areia fina com draga hopper - capacidade da cisterna de 1.000 m³","m³km",0.86,5901641]
[5901642,"Transporte de areia fina com draga hopper - capacidade da cisterna de 10.000 m³","m³km",0.25,5901642]
[5901643,"Transporte de areia fina com draga hopper - capacidade da cisterna de 15.000 m³","m³km",0.24,5901643]
[5901644,"Transporte de areia fina com draga hopper - capacidade da cisterna de 2.000 m³","m³km",0.53,5901644]
[5901645,"Transporte de areia fina com draga hopper - capacidade da cisterna de 20.000 m³","m³km",0.23,5901645]
[5901646,"Transporte de areia fina com draga hopper - capacidade da cisterna de 3.000 m³","m³km",0.44,5901646]
[5901647,"Transporte de areia fina com draga hopper - capacidade da cisterna de 4.000 m³","m³km",0.38,5901647]
[5901648,"Transporte de areia fina com draga hopper - capacidade da cisterna de 5.000 m³","m³km",0.34,5901648]
[5901649,"Transporte de areia fina com draga hopper - capacidade da cisterna de 750 m³","m³km",1.23,5901649]
[5901650,"Transporte de areia grossa com draga hopper - capacidade da cisterna de 1.000 m³","m³km",0.84,5901650]
[5901651,"Transporte de areia grossa com draga hopper - capacidade da cisterna de 10.000 m³","m³km",0.25,5901651]
[5901652,"Transporte de areia grossa com draga hopper - capacidade da cisterna de 15.000 m³","m³km",0.23,5901652]
[5901653,"Transporte de areia grossa com draga hopper - capacidade da cisterna de 2.000 m³","m³km",0.52,{"$f":"A5892*1","v":5901653}]
[5901654,"Transporte de areia grossa com draga hopper - capacidade da cisterna de 20.000 m³","m³km",0.23,5901654]
[5901655,"Transporte de areia grossa com draga hopper - capacidade da cisterna de 3.000 m³","m³km",0.42,5901655]
[5901656,"Transporte de areia grossa com draga hopper - capacidade da cisterna de 4.000 m³","m³km",0.37,5901656]
[5901657,"Transporte de areia grossa com draga hopper - capacidade da cisterna de 5.000 m³","m³km",0.33,5901657]
[5901658,"Transporte de areia grossa com draga hopper - capacidade da cisterna de 750 m³","m³km",1.19,5901658]
[5901659,"Transporte de areia média com draga hopper - capacidade da cisterna de 1.000 m³","m³km",0.85,5901659]
[5901660,"Transporte de areia média com draga hopper - capacidade da cisterna de 10.000 m³","m³km",0.25,5901660]
[5901661,"Transporte de areia média com draga hopper - capacidade da cisterna de 15.000 m³","m³km",0.24,5901661]
[5901662,"Transporte de areia média com draga hopper - capacidade da cisterna de 2.000 m³","m³km",0.53,5901662]
[5901663,"Transporte de areia média com draga hopper - capacidade da cisterna de 20.000 m³","m³km",0.23,5901663]
[5901664,"Transporte de areia média com draga hopper - capacidade da cisterna de 3.000 m³","m³km",0.43,5901664]
[5901665,"Transporte de areia média com draga hopper - capacidade da cisterna de 4.000 m³","m³km",0.38,5901665]
[5901666,"Transporte de areia média com draga hopper - capacidade da cisterna de 5.000 m³","m³km",0.34,5901666]
[5901667,"Transporte de areia média com draga hopper - capacidade da cisterna de 750 m³","m³km",1.21,5901667]
[5914511,"Transporte de barras de trilho de 12 m com locomotiva diesel-elétrica em vagão plataforma com capacidade de 82 t - bitola métrica","tkm",0.24,5914511]
[5914510,"Transporte de barras de trilho de 12 m com locomotiva diesel-elétrica em vagão plataforma com capacidade de 98 t - bitola larga","tkm",0.21,5914510]
[5906597,"Transporte de blocos artificiais de concreto com 10 a 12 t para a execução de molhe com cavalo mecânico com semirreboque com capacidade de 30 t - rodovia em leito natural","unkm",11.78,5906597]
[5906598,"Transporte de blocos artificiais de concreto com 10 a 12 t para a execução de molhe com cavalo mecânico com semirreboque com capacidade de 30 t - rodovia em revestimento primário","unkm",9.42,5906598]
[5906599,"Transporte de blocos artificiais de concreto com 10 a 12 t para a execução de molhe com cavalo mecânico com semirreboque com capacidade de 30 t - rodovia pavimentada","unkm",7.73,5906599]
[5906594,"Transporte de blocos artificiais de concreto com 8 a 9 t para a execução de molhe com cavalo mecânico com semirreboque com capacidade de 30 t - rodovia em leito natural","unkm",7.85,5906594]
[5906595,"Transporte de blocos artificiais de concreto com 8 a 9 t para a execução de molhe com cavalo mecânico com semirreboque com capacidade de 30 t - rodovia em revestimento primário","unkm",6.28,5906595]
[5906596,"Transporte de blocos artificiais de concreto com 8 a 9 t para a execução de molhe com cavalo mecânico com semirreboque com capacidade de 30 t - rodovia pavimentada","unkm",5.15,5906596]
[5901668,"Transporte de cascalho com draga hopper - capacidade da cisterna de 1.000 m³","m³km",0.87,5901668]
[5901669,"Transporte de cascalho com draga hopper - capacidade da cisterna de 10.000 m³","m³km",0.26,5901669]
[5901670,"Transporte de cascalho com draga hopper - capacidade da cisterna de 15.000 m³","m³km",0.24,5901670]
[5901671,"Transporte de cascalho com draga hopper - capacidade da cisterna de 2.000 m³","m³km",0.54,5901671]
[5901672,"Transporte de cascalho com draga hopper - capacidade da cisterna de 20.000 m³","m³km",0.24,5901672]
[5901673,"Transporte de cascalho com draga hopper - capacidade da cisterna de 3.000 m³","m³km",0.44,5901673]
[5901674,"Transporte de cascalho com draga hopper - capacidade da cisterna de 4.000 m³","m³km",0.39,5901674]
[5901675,"Transporte de cascalho com draga hopper - capacidade da cisterna de 5.000 m³","m³km",0.34,5901675]
[5901676,"Transporte de cascalho com draga hopper - capacidade da cisterna de 750 m³","m³km",1.24,5901676]
[5901677,"Transporte de cascalho fino com draga hopper - capacidade da cisterna de 1.000 m³","m³km",0.85,5901677]
[5901678,"Transporte de cascalho fino com draga hopper - capacidade da cisterna de 10.000 m³","m³km",0.25,5901678]
[5901679,"Transporte de cascalho fino com draga hopper - capacidade da cisterna de 15.000 m³","m³km",0.24,5901679]
[5901680,"Transporte de cascalho fino com draga hopper - capacidade da cisterna de 2.000 m³","m³km",0.53,5901680]
[5901681,"Transporte de cascalho fino com draga hopper - capacidade da cisterna de 20.000 m³","m³km",0.23,5901681]
[5901682,"Transporte de cascalho fino com draga hopper - capacidade da cisterna de 3.000 m³","m³km",0.43,5901682]
[5901683,"Transporte de cascalho fino com draga hopper - capacidade da cisterna de 4.000 m³","m³km",0.38,5901683]
[5901684,"Transporte de cascalho fino com draga hopper - capacidade da cisterna de 5.000 m³","m³km",0.34,5901684]
[5901685,"Transporte de cascalho fino com draga hopper - capacidade da cisterna de 750 m³","m³km",1.21,5901685]
[5914360,"Transporte de cimento com caminhão distribuidor de 17 m³ - rodovia em leito natural","tkm",1.04,5914360]
[5914361,"Transporte de cimento com caminhão distribuidor de 17 m³ - rodovia em revestimento primário","tkm",0.83,5914361]
[5914362,"Transporte de cimento com caminhão distribuidor de 17 m³ - rodovia pavimentada","tkm",0.68,5914362]
[5914364,"Transporte de cimento ou cal hidratada a granel com caminhão silo de 30 m³ - rodovia em leito natural","tkm",0.81,5914364]
[5914365,"Transporte de cimento ou cal hidratada a granel com caminhão silo de 30 m³ - rodovia em revestimento primário","tkm",0.64,5914365]
[5914366,"Transporte de cimento ou cal hidratada a granel com caminhão silo de 30 m³ - rodovia pavimentada","tkm",0.53,5914366]
[5914315,"Transporte de concreto com caminhão basculante de 7 m³ - rodovia em leito natural","tkm",0.96,5914315]
[5914330,"Transporte de concreto com caminhão basculante de 7 m³ - rodovia em revestimento primário","tkm",0.77,5914330]
[5914345,"Transporte de concreto com caminhão basculante de 7 m³ - rodovia pavimentada","tkm",0.63,5914345]
[5914367,"Transporte de detritos com caminhão de hidrojateamento de alta pressão e vácuo de 9 m³ - rodovia em leito natural","tkm",1.57,5914367]
[5914368,"Transporte de detritos com caminhão de hidrojateamento de alta pressão e vácuo de 9 m³ - rodovia em revestimento primário","tkm",1.26,5914368]
[5914369,"Transporte de detritos com caminhão de hidrojateamento de alta pressão e vácuo de 9 m³ - rodovia pavimentada","tkm",1.03,5914369]
[5914489,"Transporte de dormentes de concreto monobloco protendido de bitola larga com locomotiva diesel-elétrica em vagão plataforma com capacidade de 98 t - bitola larga","tkm",0.21,5914489]
[5914491,"Transporte de dormentes de concreto monobloco protendido de bitola métrica com locomotiva diesel-elétrica em vagão plataforma com capacidade de 82 t - bitola métrica","tkm",0.24,5914491]
[5914490,"Transporte de dormentes de concreto monobloco protendido de bitola mista com locomotiva diesel-elétrica em vagão plataforma com capacidade de 98 t - bitola larga","tkm",0.21,5914490]
[5914495,"Transporte de dormentes de concreto monobloco protendido para AMV de bitola larga ou mista com locomotiva diesel-elétrica em vagão plataforma com capacidade de 98 t - bitola larga","tkm",1.36,5914495]
[5914494,"Transporte de dormentes de concreto monobloco protendido para AMV de bitola métrica com locomotiva diesel-elétrica em vagão plataforma com capacidade de 82 t - bitola métrica","tkm",3.03,5914494]
[5914487,"Transporte de dormentes de madeira de bitola larga com locomotiva diesel-elétrica em vagão plataforma com capacidade de 98 t - bitola larga","tkm",0.21,5914487]
[5914488,"Transporte de dormentes de madeira de bitola métrica com locomotiva diesel-elétrica em vagão plataforma com capacidade de 82 t - bitola métrica","tkm",0.24,5914488]
[5914493,"Transporte de dormentes de madeira para AMV de bitola larga ou mista com locomotiva diesel-elétrica em vagão plataforma com capacidade de 98 t - bitola larga","tkm",5.03,5914493]
[5914492,"Transporte de dormentes de madeira para AMV de bitola métrica com locomotiva diesel-elétrica em vagão plataforma com capacidade de 82 t - bitola métrica","tkm",12.04,5914492]
[5914482,"Transporte de lastro de brita com locomotiva diesel-elétrica em vagão hopper aberto com capacidade de 45 m³ - bitola métrica","tkm",0.54,5914482]
[5914483,"Transporte de lastro de brita com locomotiva diesel-elétrica em vagão hopper aberto com capacidade de 63 m³ - bitola larga","tkm",0.39,5914483]
[5914480,"Transporte de materiais metálicos e acessórios diversos com locomotiva diesel-elétrica em vagão fechado com capacidade de 64 t - bitola métrica","tkm",0.56,{"$f":"A5956*1","v":5914480}]
[5914481,"Transporte de materiais metálicos e acessórios diversos com locomotiva diesel-elétrica em vagão fechado com capacidade de 99 t - bitola larga","tkm",0.37,5914481]
[5914485,"Transporte de materiais metálicos para AMV de bitola larga com locomotiva diesel-elétrica em vagão plataforma com capacidade de 98 t - bitola larga","tkm",3.46,5914485]
[5914486,"Transporte de materiais metálicos para AMV de bitola métrica com locomotiva diesel-elétrica em vagão plataforma com capacidade de 82 t - bitola métrica","tkm",4.33,5914486]
[5914484,"Transporte de materiais metálicos para AMV de bitola mista com locomotiva diesel-elétrica em vagão plataforma com capacidade de 98 t - bitola larga","tkm",3,5914484]
[5914620,"Transporte de material betuminoso com caminhão tanque distribuidor - rodovia em leito natural","tkm",2.46,5914620]
[5914621,"Transporte de material betuminoso com caminhão tanque distribuidor - rodovia em revestimento primário","tkm",1.97,5914621]
[5914622,"Transporte de material betuminoso com caminhão tanque distribuidor - rodovia pavimentada","tkm",1.62,5914622]
[5901695,"Transporte de material de 1ª categoria com batelão autopropelido com capacidade de 300 m³","m³km",0.71,5901695]
[5901696,"Transporte de material de 1ª categoria com batelão autopropelido com capacidade de 500 m³","m³km",0.53,5901696]
[5901697,"Transporte de material de 1ª categoria com batelão rebocado com capacidade de 66 m³","m³km",2.05,5901697]
[5901698,"Transporte de material de 1ª categoria com batelão rebocado montado na obra com capacidade de 66 m³","m³km",2.05,5901698]
[5916654,"Transporte de material de 3ª categoria com batelão autopropelido com capacidade de 300 m³","m³km",1.29,5916654]
[5916637,"Transporte de material de 3ª categoria com batelão rebocado com capacidade de 66 m³","m³km",5.9,5916637]
[5916618,"Transporte de material de 3ª categoria com batelão rebocado montado na obra com capacidade de 66 m³","m³km",5.9,5916618]
[5914334,"Transporte de material de 3ª categoria com caminhão basculante de 12 m³ para rocha - rodovia em leito natural","tkm",1.08,5914334]
[5914335,"Transporte de material de 3ª categoria com caminhão basculante de 12 m³ para rocha - rodovia em revestimento primário","tkm",0.87,5914335]
[5914336,"Transporte de material de 3ª categoria com caminhão basculante de 12 m³ para rocha - rodovia pavimentada","tkm",0.71,5914336]
[5914346,"Transporte de material de 3ª categoria com caminhão basculante de 8 m³ para rocha - rodovia em leito natural","tkm",1.6,5914346]
[5914347,"Transporte de material de 3ª categoria com caminhão basculante de 8 m³ para rocha - rodovia em revestimento primário","tkm",1.28,5914347]
[5914348,"Transporte de material de 3ª categoria com caminhão basculante de 8 m³ para rocha - rodovia pavimentada","tkm",1.05,5914348]
[5914611,"Transporte de mistura betuminosa a quente com caminhão com caçamba térmica de 6 m³ - rodovia em leito natural","tkm",1.74,5914611]
[5914613,"Transporte de mistura betuminosa a quente com caminhão com caçamba térmica de 6 m³ - rodovia em revestimento primário","tkm",1.39,5914613]
[5914612,"Transporte de mistura betuminosa a quente com caminhão com caçamba térmica de 6 m³ - rodovia pavimentada","tkm",1.14,5914612]
[5901686,"Transporte de silte com draga hopper - capacidade da cisterna de 1.000 m³","m³km",2.46,5901686]
[5901687,"Transporte de silte com draga hopper - capacidade da cisterna de 10.000 m³","m³km",0.73,5901687]
[5901688,"Transporte de silte com draga hopper - capacidade da cisterna de 15.000 m³","m³km",0.69,5901688]
[5901689,"Transporte de silte com draga hopper - capacidade da cisterna de 2.000 m³","m³km",1.53,5901689]
[5901690,"Transporte de silte com draga hopper - capacidade da cisterna de 20.000 m³","m³km",0.67,5901690]
[5901691,"Transporte de silte com draga hopper - capacidade da cisterna de 3.000 m³","m³km",1.25,5901691]
[5901692,"Transporte de silte com draga hopper - capacidade da cisterna de 4.000 m³","m³km",1.1,5901692]
[5901693,"Transporte de silte com draga hopper - capacidade da cisterna de 5.000 m³","m³km",0.98,5901693]
[5901694,"Transporte de silte com draga hopper - capacidade da cisterna de 750 m³","m³km",3.51,5901694]
[5914512,"Transporte de TLS TR45 de 120 m com locomotiva diesel-elétrica em vagão plataforma com capacidade de 82 t - bitola métrica","tkm",1.3,5914512]
[5914496,"Transporte de TLS TR45 de 120 m com locomotiva diesel-elétrica em vagão plataforma com capacidade de 98 t - bitola larga","tkm",1,5914496]
[5914513,"Transporte de TLS TR45 de 240 m com locomotiva diesel-elétrica em vagão plataforma com capacidade de 82 t - bitola métrica","tkm",0.74,5914513]
[5914497,"Transporte de TLS TR45 de 240 m com locomotiva diesel-elétrica em vagão plataforma com capacidade de 98 t - bitola larga","tkm",0.55,5914497]
[5914500,"Transporte de TLS TR57 de 120 m com locomotiva diesel-elétrica em vagão plataforma com capacidade de 82 t - bitola métrica","tkm",1.02,5914500]
[5914498,"Transporte de TLS TR57 de 120 m com locomotiva diesel-elétrica em vagão plataforma com capacidade de 98 t - bitola larga","tkm",0.78,5914498]
[5914501,"Transporte de TLS TR57 de 240 m com locomotiva diesel-elétrica em vagão plataforma com capacidade de 82 t - bitola métrica","tkm",0.58,5914501]
[5914499,"Transporte de TLS TR57 de 240 m com locomotiva diesel-elétrica em vagão plataforma com capacidade de 98 t - bitola larga","tkm",0.43,5914499]
[5914504,"Transporte de TLS TR68 de 120 m com locomotiva diesel-elétrica em vagão plataforma com capacidade de 82 t - bitola métrica","tkm",0.86,5914504]
[5914502,"Transporte de TLS TR68 de 120 m com locomotiva diesel-elétrica em vagão plataforma com capacidade de 98 t - bitola larga","tkm",0.66,5914502]
[5914505,"Transporte de TLS TR68 de 240 m com locomotiva diesel-elétrica em vagão plataforma com capacidade de 82 t - bitola métrica","tkm",0.49,5914505]
[5914503,"Transporte de TLS TR68 de 240 m com locomotiva diesel-elétrica em vagão plataforma com capacidade de 98 t - bitola larga","tkm",0.37,5914503]
[5914508,"Transporte de TLS UIC60 de 120 m com locomotiva diesel-elétrica em vagão plataforma com capacidade de 82 t - bitola métrica","tkm",0.97,5914508]
[5914506,"Transporte de TLS UIC60 de 120 m com locomotiva diesel-elétrica em vagão plataforma com capacidade de 98 t - bitola larga","tkm",0.74,5914506]
[5914509,"Transporte de TLS UIC60 de 240 m com locomotiva diesel-elétrica em vagão plataforma com capacidade de 82 t - bitola métrica","tkm",0.55,5914509]
[5914507,"Transporte de TLS UIC60 de 240 m com locomotiva diesel-elétrica em vagão plataforma com capacidade de 98 t - bitola larga","tkm",0.41,5914507]
[5915491,"Transporte de veículos de médio porte com guincho de resgate de 20 t - rodovia em leito natural","km",16.4,5915491]
[5915492,"Transporte de veículos de médio porte com guincho de resgate de 20 t - rodovia em revestimento primário","km",13.12,5915492]
[5915493,"Transporte de veículos de médio porte com guincho de resgate de 20 t - rodovia pavimentada","km",10.76,5915493]
[5915488,"Transporte de veículos leves com guincho de resgate de 4 t - rodovia em leito natural","km",12,5915488]
[5915489,"Transporte de veículos leves com guincho de resgate de 4 t - rodovia em revestimento primário","km",9.6,5915489]
[5915490,"Transporte de veículos leves com guincho de resgate de 4 t - rodovia pavimentada","km",7.87,5915490]
[5915494,"Transporte de veículos pesados com guincho de resgate de 35 t - rodovia em leito natural","km",28.18,5915494]
[5915495,"Transporte de veículos pesados com guincho de resgate de 35 t - rodovia em revestimento primário","km",22.55,5915495]
[5915496,"Transporte de veículos pesados com guincho de resgate de 35 t - rodovia pavimentada","km",18.49,5915496]
[5915325,"Transporte em cavalo mecânico com dolly de 4 eixos com capacidade de 57 t - rodovia em leito natural","km",65.02,5915325]
[5915326,"Transporte em cavalo mecânico com dolly de 4 eixos com capacidade de 57 t - rodovia em revestimento primário","km",51.99,5915326]
[5915327,"Transporte em cavalo mecânico com dolly de 4 eixos com capacidade de 57 t - rodovia pavimentada","km",42.65,5915327]
[5915328,"Transporte em cavalo mecânico com dollys de 3 e 4 eixos com capacidade de 77 t - rodovia em leito natural","km",76.96,5915328]
[5915329,"Transporte em cavalo mecânico com dollys de 3 e 4 eixos com capacidade de 77 t - rodovia em revestimento primário","km",61.54,5915329]
[5915330,"Transporte em cavalo mecânico com dollys de 3 e 4 eixos com capacidade de 77 t - rodovia pavimentada","km",50.48,5915330]
[5915331,"Transporte em cavalo mecânico com dollys de 5 e 4 eixos com capacidade de 111 t - rodovia em leito natural","km",154.81,{"$f":"A6020*1","v":5915331}]
[5915332,"Transporte em cavalo mecânico com dollys de 5 e 4 eixos com capacidade de 111 t - rodovia em revestimento primário","km",123.79,5915332]
[5915333,"Transporte em cavalo mecânico com dollys de 5 e 4 eixos com capacidade de 111 t - rodovia pavimentada","km",101.55,5915333]
[5915364,"Transporte em cavalo mecânico com reboques de 5 e 4 eixos com capacidade de 130 t - rodovia em leito natural","km",175,5915364]
[5915365,"Transporte em cavalo mecânico com reboques de 5 e 4 eixos com capacidade de 130 t - rodovia em revestimento primário","km",139.94,5915365]
[5915361,"Transporte em cavalo mecânico com reboques de 5 e 4 eixos com capacidade de 130 t - rodovia pavimentada","km",114.8,5915361]
[5919716,"Transporte fluvial de materiais diversos com pontão flutuante - capacidade de 500 t","km",177.53,5919716]
[5919717,"Transporte fluvial do flutuante","km",149.59,5919717]
[6106220,"Armação de fuste de tubulão em aço CA-50 com apoio de guindaste - fornecimento, preparo e colocação","kg",11.49,6106220]
[6106183,"Escavação manual de base alargada de tubulão a céu aberto em material de 1ª categoria na profundidade de 10 a 15 m","m³",294.27,6106183]
[6106182,"Escavação manual de base alargada de tubulão a céu aberto em material de 1ª categoria na profundidade de até 10 m","m³",252.24,6106182]
[6106194,"Escavação manual de base alargada de tubulão a céu aberto em material de 2ª categoria na profundidade até 10 m","m³",688.34,6106194]
[6106195,"Escavação manual de base alargada de tubulão a céu aberto em material de 2ª categoria na profundidade de 10 a 15 m","m³",762.95,6106195]
[6106331,"Escavação manual de base alargada de tubulão a céu aberto em material de 3ª categoria a frio na profundidade até 10 m","m³",1758.05,6106331]
[6106332,"Escavação manual de base alargada de tubulão a céu aberto em material de 3ª categoria a frio na profundidade de 10 a 15 m","m³",1871.23,6106332]
[6106206,"Escavação manual de base alargada de tubulão a céu aberto em material de 3ª categoria na profundidade até 10 m","m³",1981.25,6106206]
[6106207,"Escavação manual de base alargada de tubulão a céu aberto em material de 3ª categoria na profundidade de 10 a 15 m","m³",2112.56,6106207]
[6106222,"Escavação manual de fuste de tubulão a céu aberto em material de 1ª categoria na profundidade de 10 a 15 m","m³",294.27,6106222]
[6106221,"Escavação manual de fuste de tubulão a céu aberto em material de 1ª categoria na profundidade de até 10 m","m³",252.24,6106221]
[6106224,"Escavação manual de fuste de tubulão a céu aberto em material de 2ª categoria na profundidade até 10 m","m³",688.34,6106224]
[6106225,"Escavação manual de fuste de tubulão a céu aberto em material de 2ª categoria na profundidade de 10 a 15 m","m³",762.95,6106225]
[6106228,"Escavação manual de fuste de tubulão a céu aberto em material de 3ª categoria na profundidade até 10 m","m³",1730.8,6106228]
[6106229,"Escavação manual de fuste de tubulão a céu aberto em material de 3ª categoria na profundidade de 10 a 15 m","m³",1844.22,6106229]
[6106328,"Escavação mecânica de fuste de tubulão com caçamba para rocha em material de 2ª categoria","m³",129.52,6106328]
[6106330,"Escavação mecânica de fuste de tubulão com caçamba para rocha em material de 3ª categoria","m³",643.86,6106330]
[6106326,"Escavação mecânica de fuste de tubulão com caçamba para solos em material de 1ª categoria","m³",53.45,6106326]
[6106324,"Escavação mecânica de fuste de tubulão com Hammer Grab em material de 1ª categoria","m³",33.26,6106324]
[6106327,"Escavação mecânica de fuste de tubulão com trado para rocha em material de 2ª categoria","m³",129.51,6106327]
[6106329,"Escavação mecânica de fuste de tubulão com trado para rocha em material de 3ª categoria","m³",644.88,6106329]
[6106325,"Escavação mecânica de fuste de tubulão com trado para solos em material de 1ª categoria","m³",53.59,6106325]
[6208126,"Armação de tela de aço eletrossoldada em túneis com auxílio de plataforma pantográfica - confecção e instalação","kg",21.23,6208126]
[6205797,"Cambotas metálicas treliçadas - confecção e instalação","kg",12.79,6205797]
[6205791,"Coluna de jet grouting horizontal CCPH em solo - D = 40 cm - perfuração e injeção","m",317.41,6205791]
[6205792,"Coluna de jet grouting horizontal CCPH em solo - D = 50 cm - perfuração e injeção","m",382.65,6205792]
[6205793,"Coluna de jet grouting horizontal CCPH em solo - D = 60 cm - perfuração e injeção","m",451.96,6205793]
[6205796,"Coluna de jet grouting vertical em solo - D = 100 cm - perfuração e injeção","m",808.17,6205796]
[6219451,"Coluna de jet grouting vertical em solo - D = 110 cm - perfuração e injeção","m",874,6219451]
[6219452,"Coluna de jet grouting vertical em solo - D = 120 cm - perfuração e injeção","m",943.88,6219452]
[6205794,"Coluna de jet grouting vertical em solo - D = 80 cm - perfuração e injeção","m",688.72,6205794]
[6205795,"Coluna de jet grouting vertical em solo - D = 90 cm - perfuração e injeção","m",746.41,6205795]
[6219521,"Desmonte a frio e carga de rocha em túnel com cunha hidráulica - DMT de 0 a 200 m","m³",159.24,6219521]
[6219527,"Drenagem de túnel com manta drenante de malha de polietileno e geotêxtil em face revestida com argamassa polimérica com espessura de 25 mm","m²",414.8,6219527]
[6219526,"Dreno filtrante em tubos de PVC D = 40 mm aplicado em paredes e tetos de túnel - fornecimento e instalação","m",57.43,6219526]
[6219525,"Dreno não filtrante em tubos de PVC D = 40 mm aplicado em paredes e tetos de túnel - fornecimento e instalação","m",53.15,6219525]
[6219508,"Enfilagem tubular sistema autoperfurante - D = 76 mm","m",359.5,6219508]
[6219511,"Enfilagem tubular sistema convencional schedule 40 - D = 65 mm","m",281.99,6219511]
[6219500,"Escavação subterrânea e carregamento do material da calota em túnel classe I - DMT de 0 a 200 m - seção acima de 90 m²","m³",137.63,6219500]
[6219418,"Escavação subterrânea e carregamento do material da calota em túnel classe I - DMT de 0 a 200 m - seção de 20 a 40 m²","m³",301.64,6219418]
[6219412,"Escavação subterrânea e carregamento do material da calota em túnel classe I - DMT de 0 a 200 m - seção de 40 a 60 m²","m³",210.68,6219412]
[6219406,"Escavação subterrânea e carregamento do material da calota em túnel classe I - DMT de 0 a 200 m - seção de 60 a 90 m²","m³",148.05,6219406]
[6219501,"Escavação subterrânea e carregamento do material da calota em túnel classe II - DMT de 0 a 200 m - seção acima de 90 m²","m³",149.35,6219501]
[6219419,"Escavação subterrânea e carregamento do material da calota em túnel classe II - DMT de 0 a 200 m - seção de 20 a 40 m²","m³",332.76,6219419]
[6219413,"Escavação subterrânea e carregamento do material da calota em túnel classe II - DMT de 0 a 200 m - seção de 40 a 60 m²","m³",230.56,6219413]
[6219407,"Escavação subterrânea e carregamento do material da calota em túnel classe II - DMT de 0 a 200 m - seção de 60 a 90 m²","m³",160.86,6219407]
[6219502,"Escavação subterrânea e carregamento do material da calota em túnel classe III - DMT de 0 a 200 m - seção acima de 90 m²","m³",161.9,6219502]
[6219420,"Escavação subterrânea e carregamento do material da calota em túnel classe III - DMT de 0 a 200 m - seção de 20 a 40 m²","m³",373.34,6219420]
[6219414,"Escavação subterrânea e carregamento do material da calota em túnel classe III - DMT de 0 a 200 m - seção de 40 a 60 m²","m³",254.3,6219414]
[6219408,"Escavação subterrânea e carregamento do material da calota em túnel classe III - DMT de 0 a 200 m - seção de 60 a 90 m²","m³",174.38,6219408]
[6219503,"Escavação subterrânea e carregamento do material da calota em túnel classe IV - DMT de 0 a 200 m - seção acima de 90 m²","m³",188.12,6219503]
[6219421,"Escavação subterrânea e carregamento do material da calota em túnel classe IV - DMT de 0 a 200 m - seção de 20 a 40 m²","m³",445.19,6219421]
[6219415,"Escavação subterrânea e carregamento do material da calota em túnel classe IV - DMT de 0 a 200 m - seção de 40 a 60 m²","m³",298.17,6219415]
[6219409,"Escavação subterrânea e carregamento do material da calota em túnel classe IV - DMT de 0 a 200 m - seção de 60 a 90 m²","m³",204.07,6219409]
[6219518,"Escavação subterrânea e carregamento do material do rebaixo em túnel classe I a IV - DMT de 0 a 200 m","m³",50.76,6219518]
[6219504,"Escavação subterrânea e carregamento em túnel classe V - DMT de 0 a 200 m - seção acima de 90 m²","m³",119.73,6219504]
[6219422,"Escavação subterrânea e carregamento em túnel classe V - DMT de 0 a 200 m - seção de 20 a 40 m²","m³",269.4,{"$f":"A6084*1","v":6219422}]
[6219416,"Escavação subterrânea e carregamento em túnel classe V - DMT de 0 a 200 m - seção de 40 a 60 m²","m³",206.35,6219416]
[6219410,"Escavação subterrânea e carregamento em túnel classe V - DMT de 0 a 200 m - seção de 60 a 90 m²","m³",143.23,6219410]
[6219505,"Escavação subterrânea e carregamento em túnel classe VI - DMT de 0 a 200 m - seção acima de 90 m²","m³",103.74,6219505]
[6219423,"Escavação subterrânea e carregamento em túnel classe VI - DMT de 0 a 200 m - seção de 20 a 40 m²","m³",245.28,6219423]
[6219417,"Escavação subterrânea e carregamento em túnel classe VI - DMT de 0 a 200 m - seção de 40 a 60 m²","m³",185.5,6219417]
[6219411,"Escavação subterrânea e carregamento em túnel classe VI - DMT de 0 a 200 m - seção de 60 a 90 m²","m³",125.79,6219411]
[6219520,"Pré-fissuramento em túnel","m²",58.33,6219520]
[6219433,"Pregagem da frente com vergalhão de fibra de vidro D = 25 mm com perfuração em D = 75 mm e injeção de calda de cimento","m",113.43,6219433]
[6205801,"Pregagem da frente em tubo de PVC D = 50 mm com perfuração em D = 100 mm e injeção de argamassa de cimento e areia 1:1","m",73.57,6205801]
[6219524,"Prego guia para controle de espessura de concreto projetado D = 16 mm em túnel - fornecimento e instalação","un",11.23,6219524]
[6416036,"Usinagem de agregados para microrrevestimento a frio - faixa II - brita comercial","m³",107.35,6416036]
[6416038,"Usinagem de agregados para microrrevestimento a frio - faixa II - brita produzida","m³",64.88,6416038]
[6416037,"Usinagem de agregados para microrrevestimento a frio - faixa III - brita comercial","m³",117.97,6416037]
[6416035,"Usinagem de agregados para microrrevestimento a frio - faixa III - brita produzida","m³",73.14,6416035]
[6416076,"Usinagem de areia-asfalto a quente - faixa A - areia comercial","t",158.56,6416076]
[6416075,"Usinagem de areia-asfalto a quente - faixa A - areia extraída","t",93.53,6416075]
[6416226,"Usinagem de areia-asfalto a quente - faixa B - areia comercial","t",148.82,6416226]
[6416225,"Usinagem de areia-asfalto a quente - faixa B - areia extraída","t",82.37,6416225]
[6416084,"Usinagem de areia-asfalto a quente com asfalto polímero - faixa A - areia comercial","t",151.4,6416084]
[6416083,"Usinagem de areia-asfalto a quente com asfalto polímero - faixa A - areia extraída","t",83.07,6416083]
[6416234,"Usinagem de areia-asfalto a quente com asfalto polímero - faixa B - areia comercial","t",156.88,6416234]
[6416233,"Usinagem de areia-asfalto a quente com asfalto polímero - faixa B - areia extraída","t",89.77,6416233]
[6416236,"Usinagem de areia-asfalto a quente com asfalto polímero - faixa C - areia comercial","t",160.44,6416236]
[6416235,"Usinagem de areia-asfalto a quente com asfalto polímero - faixa C - areia extraída","t",94.2,6416235]
[6416040,"Usinagem de brita graduada com brita comercial em usina de 300 t/h","m³",175.49,6416040]
[6416039,"Usinagem de brita graduada com brita produzida em usina de 300 t/h","m³",90.26,6416039]
[6416042,"Usinagem de brita graduada tratada com cimento e brita comercial em usina de 300 t/h","m³",220.66,6416042]
[6416041,"Usinagem de brita graduada tratada com cimento e brita produzida em usina de 300 t/h","m³",137.34,6416041]
[6416080,"Usinagem de concreto asfáltico - faixa A - areia e brita comerciais","t",155.67,6416080]
[6416079,"Usinagem de concreto asfáltico - faixa A - areia extraída e brita produzida","t",103.99,6416079]
[6416143,"Usinagem de concreto asfáltico - faixa B - areia e brita comerciais","t",159.43,6416143]
[6416262,"Usinagem de concreto asfáltico - faixa B - areia extraída e brita produzida","t",106.64,6416262]
[6416078,"Usinagem de concreto asfáltico - faixa C - areia e brita comerciais","t",160.73,6416078]
[6416077,"Usinagem de concreto asfáltico - faixa C - areia extraída e brita produzida","t",104.98,6416077]
[6416088,"Usinagem de concreto asfáltico com asfalto polímero - faixa A - areia e brita comerciais","t",156.29,6416088]
[6416087,"Usinagem de concreto asfáltico com asfalto polímero - faixa A - areia extraída e brita produzida","t",104.2,6416087]
[6416246,"Usinagem de concreto asfáltico com asfalto polímero - faixa B - areia e brita comerciais","t",159.91,6416246]
[6416245,"Usinagem de concreto asfáltico com asfalto polímero - faixa B - areia extraída e brita produzida","t",106.87,6416245]
[6416248,"Usinagem de concreto asfáltico com asfalto polímero - faixa C - areia e brita comerciais","t",166.94,6416248]
[6416247,"Usinagem de concreto asfáltico com asfalto polímero - faixa C - areia extraída e brita produzida","t",109.57,6416247]
[6416214,"Usinagem de concreto asfáltico com borracha (Gap Graded) - brita comercial","t",180.62,6416214]
[6416218,"Usinagem de concreto asfáltico com borracha (Gap Graded) - brita produzida","t",144.37,6416218]
[6416211,"Usinagem de concreto asfáltico com borracha - faixa A - brita comercial","t",180.27,6416211]
[6416215,"Usinagem de concreto asfáltico com borracha - faixa A - brita produzida","t",144.89,6416215]
[6416212,"Usinagem de concreto asfáltico com borracha - faixa B - brita comercial","t",182.76,6416212]
[6416216,"Usinagem de concreto asfáltico com borracha - faixa B - brita produzida","t",148.92,6416216]
[6416213,"Usinagem de concreto asfáltico com borracha - faixa C - brita comercial","t",181.4,6416213]
[6416217,"Usinagem de concreto asfáltico com borracha - faixa C - brita produzida","t",150.91,6416217]
[6416289,"Usinagem de concreto asfáltico reciclado a frio com espuma de asfalto, agregado comercial e cimento","m³",97.1,6416289]
[6416098,"Usinagem de concreto asfáltico reciclado em usina fixa com adição de material fresado e brita comercial","t",137.65,6416098]
[6416097,"Usinagem de concreto asfáltico reciclado em usina fixa com adição de material fresado e brita produzida","t",109.69,6416097]
[6416258,"Usinagem de micro pré-misturado a quente com asfalto polímero - brita comercial","t",134.34,6416258]
[6416259,"Usinagem de micro pré-misturado a quente com asfalto polímero - brita produzida","t",106.58,6416259]
[6416074,"Usinagem de pré-misturado a frio - faixa A - areia e brita comerciais","m³",228.19,6416074]
[6416073,"Usinagem de pré-misturado a frio - faixa A - areia extraída e brita produzida","m³",113.58,6416073]
[6416220,"Usinagem de pré-misturado a frio - faixa B - areia e brita comerciais","m³",228.74,6416220]
[6416219,"Usinagem de pré-misturado a frio - faixa B - areia extraída e brita produzida","m³",110.6,6416219]
[6416222,"Usinagem de pré-misturado a frio - faixa C - areia e brita comerciais","m³",241.67,6416222]
[6416221,"Usinagem de pré-misturado a frio - faixa C - areia extraída e brita produzida","m³",124.92,6416221]
[6416224,"Usinagem de pré-misturado a frio - faixa D - areia e brita comerciais","m³",242.27,6416224]
[6416223,"Usinagem de pré-misturado a frio - faixa D - areia extraída e brita produzida","m³",121.95,6416223]
[6416082,"Usinagem de pré-misturado a frio com asfalto polímero - faixa A - areia e brita comerciais","m³",228.19,6416082]
[6416081,"Usinagem de pré-misturado a frio com asfalto polímero - faixa A - areia extraída e brita produzida","m³",113.58,6416081]
[6416228,"Usinagem de pré-misturado a frio com asfalto polímero - faixa B - areia e brita comerciais","m³",228.74,{"$f":"A6148*1","v":6416228}]
[6416227,"Usinagem de pré-misturado a frio com asfalto polímero - faixa B - areia extraída e brita produzida","m³",110.6,6416227]
[6416230,"Usinagem de pré-misturado a frio com asfalto polímero - faixa C - areia e brita comerciais","m³",240.61,6416230]
[6416229,"Usinagem de pré-misturado a frio com asfalto polímero - faixa C - areia extraída e brita produzida","m³",124.41,6416229]
[6416232,"Usinagem de pré-misturado a frio com asfalto polímero - faixa D - areia e brita comerciais","m³",241.21,6416232]
[6416231,"Usinagem de pré-misturado a frio com asfalto polímero - faixa D - areia extraída e brita produzida","m³",121.45,6416231]
[6416086,"Usinagem de pré-misturado a quente com asfalto polímero - faixa I - camada porosa de atrito - areia e brita comerciais","t",154.9,6416086]
[6416085,"Usinagem de pré-misturado a quente com asfalto polímero - faixa I - camada porosa de atrito - areia extraída e brita produzida","t",103.86,6416085]
[6416238,"Usinagem de pré-misturado a quente com asfalto polímero - faixa II - camada porosa de atrito - areia e brita comerciais","t",147.16,6416238]
[6416237,"Usinagem de pré-misturado a quente com asfalto polímero - faixa II - camada porosa de atrito - areia extraída e brita produzida","t",94.68,6416237]
[6416240,"Usinagem de pré-misturado a quente com asfalto polímero - faixa III - camada porosa de atrito - areia e brita comerciais","t",156.78,6416240]
[6416239,"Usinagem de pré-misturado a quente com asfalto polímero - faixa III - camada porosa de atrito - areia extraída e brita produzida","t",102.27,6416239]
[6416242,"Usinagem de pré-misturado a quente com asfalto polímero - faixa IV - camada porosa de atrito - areia e brita comerciais","t",156.85,6416242]
[6416241,"Usinagem de pré-misturado a quente com asfalto polímero - faixa IV - camada porosa de atrito - areia extraída e brita produzida","t",108.09,6416241]
[6416244,"Usinagem de pré-misturado a quente com asfalto polímero - faixa V - camada porosa de atrito - areia e brita comerciais","t",156.71,6416244]
[6416243,"Usinagem de pré-misturado a quente com asfalto polímero - faixa V - camada porosa de atrito - areia extraída e brita produzida","t",107.7,6416243]
[6416250,"Usinagem de solo areia (70% - 30%) - material de jazida e areia comercial","m³",62.66,6416250]
[6416153,"Usinagem de solo areia (70% - 30%) - material de jazida e areia extraída","m³",15.99,6416153]
[6416185,"Usinagem de solo brita (70% - 30%) com 3% cimento - material de jazida e brita comercial","m³",100.59,6416185]
[6416184,"Usinagem de solo brita (70% - 30%) com 3% cimento - material de jazida e brita produzida","m³",72.01,6416184]
[6416030,"Usinagem de solo brita (70% - 30%) com material de jazida e brita comercial em usina de 300 t/h","m³",62.28,6416030]
[6416029,"Usinagem de solo brita (70% - 30%) com material de jazida e brita produzida em usina de 300 t/h","m³",32.81,6416029]
[6416056,"Usinagem de solo cimento com 7% de cimento com material de jazida em usina de 300 t/h","m³",93.6,6416056]
[6416278,"Usinagem de solo escória de aciaria (50% - 50%) com material de jazida em usina de 300 t/h","m³",21.94,6416278]
[6416047,"Usinagem de solo melhorado com 3% de cimento com material de jazida em usina de 300 t/h","m³",46.6,6416047]
[6416090,"Usinagem para pavimento de concreto com fôrmas deslizantes - areia e brita comerciais","m³",377.84,6416090]
[6416089,"Usinagem para pavimento de concreto com fôrmas deslizantes - areia extraída e brita produzida","m³",269.05,6416089]
[6416094,"Usinagem para pavimento de concreto compactado com rolo - brita comercial","m³",289.53,6416094]
[6416093,"Usinagem para pavimento de concreto compactado com rolo - brita produzida","m³",207.92,6416093]
[6416092,"Usinagem para sub-base de concreto compactado com rolo - brita comercial","m³",239.74,6416092]
[6416091,"Usinagem para sub-base de concreto compactado com rolo - brita produzida","m³",154.43,6416091]
[6817809,"Confecção de BSCC - seção canal de 1,5 x 1,5 m - areia e brita comerciais","m",1039.72,6817809]
[6817810,"Confecção de BSCC - seção canal de 1,5 x 1,5 m - areia extraída e brita produzida","m",948.43,6817810]
[6817811,"Confecção de BSCC - seção canal de 2,0 x 1,5 m - areia e brita comerciais","m",1112.11,6817811]
[6817812,"Confecção de BSCC - seção canal de 2,0 x 1,5 m - areia extraída e brita produzida","m",1011.21,6817812]
[6817813,"Confecção de BSCC - seção canal de 2,0 x 2,0 m - tipo I - areia e brita comerciais","m",1725.81,6817813]
[6817814,"Confecção de BSCC - seção canal de 2,0 x 2,0 m - tipo I - areia extraída e brita produzida","m",1567.25,6817814]
[6817815,"Confecção de BSCC - seção canal de 2,0 x 2,0 m - tipo II - areia e brita comerciais","m",1461.31,6817815]
[6817816,"Confecção de BSCC - seção canal de 2,0 x 2,0 m - tipo II - areia extraída e brita produzida","m",1302.75,6817816]
[6817817,"Confecção de BSCC - seção canal de 2,5 x 1,5 m - areia e brita comerciais","m",1195.34,6817817]
[6817818,"Confecção de BSCC - seção canal de 2,5 x 1,5 m - areia extraída e brita produzida","m",1086.03,6817818]
[6817819,"Confecção de BSCC - seção canal de 2,5 x 2,0 m - tipo I - areia e brita comerciais","m",1813.72,6817819]
[6817820,"Confecção de BSCC - seção canal de 2,5 x 2,0 m - tipo I - areia extraída e brita produzida","m",1643.14,6817820]
[6817821,"Confecção de BSCC - seção canal de 2,5 x 2,0 m - tipo II - areia e brita comerciais","m",1557.95,6817821]
[6817822,"Confecção de BSCC - seção canal de 2,5 x 2,0 m - tipo II - areia extraída e brita produzida","m",1387.38,6817822]
[6817823,"Confecção de BSCC - seção canal de 3,0 x 1,5 m - areia e brita comerciais","m",1282.83,6817823]
[6817824,"Confecção de BSCC - seção canal de 3,0 x 1,5 m - areia extraída e brita produzida","m",1163.91,6817824]
[6817825,"Confecção de BSCC - seção canal de 3,0 x 2,0 m - tipo I - areia e brita comerciais","m",1843.68,6817825]
[6817826,"Confecção de BSCC - seção canal de 3,0 x 2,0 m - tipo I - areia extraída e brita produzida","m",1661.1,6817826]
[6817827,"Confecção de BSCC - seção canal de 3,0 x 2,0 m - tipo II - areia e brita comerciais","m",1654.59,6817827]
[6817828,"Confecção de BSCC - seção canal de 3,0 x 2,0 m - tipo II - areia extraída e brita produzida","m",1472.01,6817828]
[6817753,"Confecção de BSCC - seção fechada de 1,5 x 1,5 m - altura do aterro de 0,25 a 1,00 m - areia e brita comerciais","m",1412.16,6817753]
[6817754,"Confecção de BSCC - seção fechada de 1,5 x 1,5 m - altura do aterro de 0,25 a 1,00 m - areia extraída e brita produzida","m",1283.63,6817754]
[6817755,"Confecção de BSCC - seção fechada de 1,5 x 1,5 m - altura do aterro de 1,00 a 2,50 m - areia e brita comerciais","m",1353.72,6817755]
[6817756,"Confecção de BSCC - seção fechada de 1,5 x 1,5 m - altura do aterro de 1,00 a 2,50 m - areia extraída e brita produzida","m",1225.2,6817756]
[6817763,"Confecção de BSCC - seção fechada de 1,5 x 1,5 m - altura do aterro de 10,00 a 12,50 m - areia e brita comerciais","m",1693.31,6817763]
[6817764,"Confecção de BSCC - seção fechada de 1,5 x 1,5 m - altura do aterro de 10,00 a 12,50 m - areia extraída e brita produzida","m",1523.03,6817764]
[6817765,"Confecção de BSCC - seção fechada de 1,5 x 1,5 m - altura do aterro de 12,50 a 15,00 m - areia e brita comerciais","m",1961.6,6817765]
[6817766,"Confecção de BSCC - seção fechada de 1,5 x 1,5 m - altura do aterro de 12,50 a 15,00 m - areia extraída e brita produzida","m",1803.76,6817766]
[6817757,"Confecção de BSCC - seção fechada de 1,5 x 1,5 m - altura do aterro de 2,50 a 5,00 m - areia e brita comerciais","m",1353.72,6817757]
[6817758,"Confecção de BSCC - seção fechada de 1,5 x 1,5 m - altura do aterro de 2,50 a 5,00 m - areia extraída e brita produzida","m",1225.2,6817758]
[6817759,"Confecção de BSCC - seção fechada de 1,5 x 1,5 m - altura do aterro de 5,00 a 7,50 m - areia e brita comerciais","m",1469.86,6817759]
[6817760,"Confecção de BSCC - seção fechada de 1,5 x 1,5 m - altura do aterro de 5,00 a 7,50 m - areia extraída e brita produzida","m",1343.33,6817760]
[6817761,"Confecção de BSCC - seção fechada de 1,5 x 1,5 m - altura do aterro de 7,50 a 10,00 m - areia e brita comerciais","m",1790.29,6817761]
[6817762,"Confecção de BSCC - seção fechada de 1,5 x 1,5 m - altura do aterro de 7,50 a 10,00 m - areia extraída e brita produzida","m",1620.01,{"$f":"A6212*1","v":6817762}]
[6817767,"Confecção de BSCC - seção fechada de 2,0 x 2,0 m - altura do aterro de 0,25 a 1,00 m - areia e brita comerciais","m",2051.22,6817767]
[6817768,"Confecção de BSCC - seção fechada de 2,0 x 2,0 m - altura do aterro de 0,25 a 1,00 m - areia extraída e brita produzida","m",1886.65,6817768]
[6817769,"Confecção de BSCC - seção fechada de 2,0 x 2,0 m - altura do aterro de 1,00 a 2,50 m - areia e brita comerciais","m",1737.27,6817769]
[6817770,"Confecção de BSCC - seção fechada de 2,0 x 2,0 m - altura do aterro de 1,00 a 2,50 m - areia extraída e brita produzida","m",1572.71,6817770]
[6817777,"Confecção de BSCC - seção fechada de 2,0 x 2,0 m - altura do aterro de 10,00 a 12,50 m - areia e brita comerciais","m",2819.92,6817777]
[6817778,"Confecção de BSCC - seção fechada de 2,0 x 2,0 m - altura do aterro de 10,00 a 12,50 m - areia extraída e brita produzida","m",2623.98,6817778]
[6817779,"Confecção de BSCC - seção fechada de 2,0 x 2,0 m - altura do aterro de 12,50 a 15,00 m - areia e brita comerciais","m",3318.11,6817779]
[6817780,"Confecção de BSCC - seção fechada de 2,0 x 2,0 m - altura do aterro de 12,50 a 15,00 m - areia extraída e brita produzida","m",3069.99,6817780]
[6817771,"Confecção de BSCC - seção fechada de 2,0 x 2,0 m - altura do aterro de 2,50 a 5,00 m - areia e brita comerciais","m",1983.68,6817771]
[6817772,"Confecção de BSCC - seção fechada de 2,0 x 2,0 m - altura do aterro de 2,50 a 5,00 m - areia extraída e brita produzida","m",1821.68,6817772]
[6817773,"Confecção de BSCC - seção fechada de 2,0 x 2,0 m - altura do aterro de 5,00 a 7,50 m - areia e brita comerciais","m",2369.51,6817773]
[6817774,"Confecção de BSCC - seção fechada de 2,0 x 2,0 m - altura do aterro de 5,00 a 7,50 m - areia extraída e brita produzida","m",2151.93,6817774]
[6817775,"Confecção de BSCC - seção fechada de 2,0 x 2,0 m - altura do aterro de 7,50 a 10,00 m - areia e brita comerciais","m",2596.52,6817775]
[6817776,"Confecção de BSCC - seção fechada de 2,0 x 2,0 m - altura do aterro de 7,50 a 10,00 m - areia extraída e brita produzida","m",2394.83,6817776]
[6817781,"Confecção de BSCC - seção fechada de 2,5 x 2,5 m - altura do aterro de 0,25 a 1,00 m - areia e brita comerciais","m",2794.1,6817781]
[6817782,"Confecção de BSCC - seção fechada de 2,5 x 2,5 m - altura do aterro de 0,25 a 1,00 m - areia extraída e brita produzida","m",2593.5,6817782]
[6817783,"Confecção de BSCC - seção fechada de 2,5 x 2,5 m - altura do aterro de 1,00 a 2,50 m - areia e brita comerciais","m",2292.57,6817783]
[6817784,"Confecção de BSCC - seção fechada de 2,5 x 2,5 m - altura do aterro de 1,00 a 2,50 m - areia extraída e brita produzida","m",2091.97,6817784]
[6817791,"Confecção de BSCC - seção fechada de 2,5 x 2,5 m - altura do aterro de 10,00 a 12,50 m - areia e brita comerciais","m",4110.49,6817791]
[6817792,"Confecção de BSCC - seção fechada de 2,5 x 2,5 m - altura do aterro de 10,00 a 12,50 m - areia extraída e brita produzida","m",3809.13,6817792]
[6817793,"Confecção de BSCC - seção fechada de 2,5 x 2,5 m - altura do aterro de 12,50 a 15,00 m - areia e brita comerciais","m",4660.29,6817793]
[6817794,"Confecção de BSCC - seção fechada de 2,5 x 2,5 m - altura do aterro de 12,50 a 15,00 m - areia extraída e brita produzida","m",4358.92,6817794]
[6817785,"Confecção de BSCC - seção fechada de 2,5 x 2,5 m - altura do aterro de 2,50 a 5,00 m - areia e brita comerciais","m",2901.94,6817785]
[6817786,"Confecção de BSCC - seção fechada de 2,5 x 2,5 m - altura do aterro de 2,50 a 5,00 m - areia extraída e brita produzida","m",2637.06,6817786]
[6817787,"Confecção de BSCC - seção fechada de 2,5 x 2,5 m - altura do aterro de 5,00 a 7,50 m - areia e brita comerciais","m",3353.43,6817787]
[6817788,"Confecção de BSCC - seção fechada de 2,5 x 2,5 m - altura do aterro de 5,00 a 7,50 m - areia extraída e brita produzida","m",3107.9,6817788]
[6817789,"Confecção de BSCC - seção fechada de 2,5 x 2,5 m - altura do aterro de 7,50 a 10,00 m - areia e brita comerciais","m",3741.57,6817789]
[6817790,"Confecção de BSCC - seção fechada de 2,5 x 2,5 m - altura do aterro de 7,50 a 10,00 m - areia extraída e brita produzida","m",3503.03,6817790]
[6817795,"Confecção de BSCC - seção fechada de 3,0 x 3,0 m - altura do aterro de 0,25 a 1,00 m - areia e brita comerciais","m",3590.27,6817795]
[6817796,"Confecção de BSCC - seção fechada de 3,0 x 3,0 m - altura do aterro de 0,25 a 1,00 m - areia extraída e brita produzida","m",3357.32,6817796]
[6817797,"Confecção de BSCC - seção fechada de 3,0 x 3,0 m - altura do aterro de 1,00 a 2,50 m - areia e brita comerciais","m",3070.8,6817797]
[6817798,"Confecção de BSCC - seção fechada de 3,0 x 3,0 m - altura do aterro de 1,00 a 2,50 m - areia extraída e brita produzida","m",2837.85,6817798]
[6817805,"Confecção de BSCC - seção fechada de 3,0 x 3,0 m - altura do aterro de 10,00 a 12,50 m - areia e brita comerciais","m",5767.61,6817805]
[6817806,"Confecção de BSCC - seção fechada de 3,0 x 3,0 m - altura do aterro de 10,00 a 12,50 m - areia extraída e brita produzida","m",5413,6817806]
[6817807,"Confecção de BSCC - seção fechada de 3,0 x 3,0 m - altura do aterro de 12,50 a 15,00 m - areia e brita comerciais","m",6377.41,6817807]
[6817808,"Confecção de BSCC - seção fechada de 3,0 x 3,0 m - altura do aterro de 12,50 a 15,00 m - areia extraída e brita produzida","m",6022.8,6817808]
[6817799,"Confecção de BSCC - seção fechada de 3,0 x 3,0 m - altura do aterro de 2,50 a 5,00 m - areia e brita comerciais","m",3817.1,6817799]
[6817800,"Confecção de BSCC - seção fechada de 3,0 x 3,0 m - altura do aterro de 2,50 a 5,00 m - areia extraída e brita produzida","m",3504.92,6817800]
[6817801,"Confecção de BSCC - seção fechada de 3,0 x 3,0 m - altura do aterro de 5,00 a 7,50 m - areia e brita comerciais","m",4631.12,6817801]
[6817802,"Confecção de BSCC - seção fechada de 3,0 x 3,0 m - altura do aterro de 5,00 a 7,50 m - areia extraída e brita produzida","m",4349.99,6817802]
[6817803,"Confecção de BSCC - seção fechada de 3,0 x 3,0 m - altura do aterro de 7,50 a 10,00 m - areia e brita comerciais","m",5223.83,6817803]
[6817804,"Confecção de BSCC - seção fechada de 3,0 x 3,0 m - altura do aterro de 7,50 a 10,00 m - areia extraída e brita produzida","m",4869.22,6817804]
[6817885,"Corpo de BSCC - seção canal de 1,5 x 1,5 m - pré-moldado - areia e brita comerciais","m",1283.48,6817885]
[6817886,"Corpo de BSCC - seção canal de 1,5 x 1,5 m - pré-moldado - areia extraída e brita produzida","m",1158.1,6817886]
[6817887,"Corpo de BSCC - seção canal de 2,0 x 1,5 m - pré-moldado - areia e brita comerciais","m",1396.21,6817887]
[6817888,"Corpo de BSCC - seção canal de 2,0 x 1,5 m - pré-moldado - areia extraída e brita produzida","m",1253.16,6817888]
[6817889,"Corpo de BSCC - seção canal de 2,0 x 2,0 m - pré-moldado - tipo I - areia e brita comerciais","m",2049.69,6817889]
[6817890,"Corpo de BSCC - seção canal de 2,0 x 2,0 m - pré-moldado - tipo I - areia extraída e brita produzida","m",1847.57,6817890]
[6817891,"Corpo de BSCC - seção canal de 2,0 x 2,0 m - pré-moldado - tipo II - areia e brita comerciais","m",1785.19,6817891]
[6817892,"Corpo de BSCC - seção canal de 2,0 x 2,0 m - pré-moldado - tipo II - areia extraída e brita produzida","m",1583.07,6817892]
[6817893,"Corpo de BSCC - seção canal de 2,5 x 1,5 m - pré-moldado - areia e brita comerciais","m",1558.06,6817893]
[6817894,"Corpo de BSCC - seção canal de 2,5 x 1,5 m - pré-moldado - areia extraída e brita produzida","m",1396.25,6817894]
[6817895,"Corpo de BSCC - seção canal de 2,5 x 2,0 m - pré-moldado - tipo I - areia e brita comerciais","m",2202.29,6817895]
[6817896,"Corpo de BSCC - seção canal de 2,5 x 2,0 m - pré-moldado - tipo I - areia extraída e brita produzida","m",1978.98,6817896]
[6817897,"Corpo de BSCC - seção canal de 2,5 x 2,0 m - pré-moldado - tipo II - areia e brita comerciais","m",1946.52,6817897]
[6817898,"Corpo de BSCC - seção canal de 2,5 x 2,0 m - pré-moldado - tipo II - areia extraída e brita produzida","m",1723.22,6817898]
[6817899,"Corpo de BSCC - seção canal de 3,0 x 1,5 m - pré-moldado - areia e brita comerciais","m",1709.59,6817899]
[6817900,"Corpo de BSCC - seção canal de 3,0 x 1,5 m - pré-moldado - areia extraída e brita produzida","m",1528.94,6817900]
[6817901,"Corpo de BSCC - seção canal de 3,0 x 2,0 m - pré-moldado - tipo I - areia e brita comerciais","m",2300.44,6817901]
[6817902,"Corpo de BSCC - seção canal de 3,0 x 2,0 m - pré-moldado - tipo I - areia extraída e brita produzida","m",2054.73,6817902]
[6817903,"Corpo de BSCC - seção canal de 3,0 x 2,0 m - pré-moldado - tipo II - areia e brita comerciais","m",2111.35,6817903]
[6817904,"Corpo de BSCC - seção canal de 3,0 x 2,0 m - pré-moldado - tipo II - areia extraída e brita produzida","m",1865.64,6817904]
[6817829,"Corpo de BSCC - seção fechada de 1,5 x 1,5 m - pré-moldado - altura do aterro de 0,25 a 1,00 m - areia e brita comerciais","m",1716.29,6817829]
[6817830,"Corpo de BSCC - seção fechada de 1,5 x 1,5 m - pré-moldado - altura do aterro de 0,25 a 1,00 m - areia extraída e brita produzida","m",1553.35,{"$f":"A6276*1","v":6817830}]
[6817831,"Corpo de BSCC - seção fechada de 1,5 x 1,5 m - pré-moldado - altura do aterro de 1,00 a 2,50 m - areia e brita comerciais","m",1657.85,6817831]
[6817832,"Corpo de BSCC - seção fechada de 1,5 x 1,5 m - pré-moldado - altura do aterro de 1,00 a 2,50 m - areia extraída e brita produzida","m",1494.92,6817832]
[6817839,"Corpo de BSCC - seção fechada de 1,5 x 1,5 m - pré-moldado - altura do aterro de 10,00 a 12,50 m - areia e brita comerciais","m",2003.17,6817839]
[6817840,"Corpo de BSCC - seção fechada de 1,5 x 1,5 m - pré-moldado - altura do aterro de 10,00 a 12,50 m - areia extraída e brita produzida","m",1797.28,6817840]
[6817841,"Corpo de BSCC - seção fechada de 1,5 x 1,5 m - pré-moldado - altura do aterro de 12,50 a 15,00 m - areia e brita comerciais","m",2271.46,6817841]
[6817842,"Corpo de BSCC - seção fechada de 1,5 x 1,5 m - pré-moldado - altura do aterro de 12,50 a 15,00 m - areia extraída e brita produzida","m",2078.01,6817842]
[6817833,"Corpo de BSCC - seção fechada de 1,5 x 1,5 m - pré-moldado - altura do aterro de 2,50 a 5,00 m - areia e brita comerciais","m",1657.85,6817833]
[6817834,"Corpo de BSCC - seção fechada de 1,5 x 1,5 m - pré-moldado - altura do aterro de 2,50 a 5,00 m - areia extraída e brita produzida","m",1494.92,6817834]
[6817835,"Corpo de BSCC - seção fechada de 1,5 x 1,5 m - pré-moldado - altura do aterro de 5,00 a 7,50 m - areia e brita comerciais","m",1773.99,6817835]
[6817836,"Corpo de BSCC - seção fechada de 1,5 x 1,5 m - pré-moldado - altura do aterro de 5,00 a 7,50 m - areia extraída e brita produzida","m",1613.05,6817836]
[6817837,"Corpo de BSCC - seção fechada de 1,5 x 1,5 m - pré-moldado - altura do aterro de 7,50 a 10,00 m - areia e brita comerciais","m",2100.15,6817837]
[6817838,"Corpo de BSCC - seção fechada de 1,5 x 1,5 m - pré-moldado - altura do aterro de 7,50 a 10,00 m - areia extraída e brita produzida","m",1894.26,6817838]
[6817843,"Corpo de BSCC - seção fechada de 2,0 x 2,0 m - pré-moldado - altura do aterro de 0,25 a 1,00 m - areia e brita comerciais","m",2418.96,6817843]
[6817844,"Corpo de BSCC - seção fechada de 2,0 x 2,0 m - pré-moldado - altura do aterro de 0,25 a 1,00 m - areia extraída e brita produzida","m",2211.58,6817844]
[6817845,"Corpo de BSCC - seção fechada de 2,0 x 2,0 m - pré-moldado - altura do aterro de 1,00 a 2,50 m - areia e brita comerciais","m",2105.01,6817845]
[6817846,"Corpo de BSCC - seção fechada de 2,0 x 2,0 m - pré-moldado - altura do aterro de 1,00 a 2,50 m - areia extraída e brita produzida","m",1897.64,6817846]
[6817853,"Corpo de BSCC - seção fechada de 2,0 x 2,0 m - pré-moldado - altura do aterro de 10,00 a 12,50 m - areia e brita comerciais","m",3197.53,6817853]
[6817854,"Corpo de BSCC - seção fechada de 2,0 x 2,0 m - pré-moldado - altura do aterro de 10,00 a 12,50 m - areia extraída e brita produzida","m",2956.43,6817854]
[6817855,"Corpo de BSCC - seção fechada de 2,0 x 2,0 m - pré-moldado - altura do aterro de 12,50 a 15,00 m - areia e brita comerciais","m",3697.31,6817855]
[6817856,"Corpo de BSCC - seção fechada de 2,0 x 2,0 m - pré-moldado - altura do aterro de 12,50 a 15,00 m - areia extraída e brita produzida","m",3403.99,6817856]
[6817847,"Corpo de BSCC - seção fechada de 2,0 x 2,0 m - pré-moldado - altura do aterro de 2,50 a 5,00 m - areia e brita comerciais","m",2355.57,6817847]
[6817848,"Corpo de BSCC - seção fechada de 2,0 x 2,0 m - pré-moldado - altura do aterro de 2,50 a 5,00 m - areia extraída e brita produzida","m",2149.59,6817848]
[6817849,"Corpo de BSCC - seção fechada de 2,0 x 2,0 m - pré-moldado - altura do aterro de 5,00 a 7,50 m - areia e brita comerciais","m",2742.97,6817849]
[6817850,"Corpo de BSCC - seção fechada de 2,0 x 2,0 m - pré-moldado - altura do aterro de 5,00 a 7,50 m - areia extraída e brita produzida","m",2481.39,6817850]
[6817851,"Corpo de BSCC - seção fechada de 2,0 x 2,0 m - pré-moldado - altura do aterro de 7,50 a 10,00 m - areia e brita comerciais","m",2974.13,6817851]
[6817852,"Corpo de BSCC - seção fechada de 2,0 x 2,0 m - pré-moldado - altura do aterro de 7,50 a 10,00 m - areia extraída e brita produzida","m",2727.28,6817852]
[6817857,"Corpo de BSCC - seção fechada de 2,5 x 2,5 m - pré-moldado - altura do aterro de 0,25 a 1,00 m - areia e brita comerciais","m",3234.39,6817857]
[6817858,"Corpo de BSCC - seção fechada de 2,5 x 2,5 m - pré-moldado - altura do aterro de 0,25 a 1,00 m - areia extraída e brita produzida","m",2980.31,6817858]
[6817859,"Corpo de BSCC - seção fechada de 2,5 x 2,5 m - pré-moldado - altura do aterro de 1,00 a 2,50 m - areia e brita comerciais","m",2732.86,6817859]
[6817860,"Corpo de BSCC - seção fechada de 2,5 x 2,5 m - pré-moldado - altura do aterro de 1,00 a 2,50 m - areia extraída e brita produzida","m",2478.78,6817860]
[6817867,"Corpo de BSCC - seção fechada de 2,5 x 2,5 m - pré-moldado - altura do aterro de 10,00 a 12,50 m - areia e brita comerciais","m",4562.24,6817867]
[6817868,"Corpo de BSCC - seção fechada de 2,5 x 2,5 m - pré-moldado - altura do aterro de 10,00 a 12,50 m - areia extraída e brita produzida","m",4205.01,6817868]
[6817869,"Corpo de BSCC - seção fechada de 2,5 x 2,5 m - pré-moldado - altura do aterro de 12,50 a 15,00 m - areia e brita comerciais","m",5116.19,6817869]
[6817870,"Corpo de BSCC - seção fechada de 2,5 x 2,5 m - pré-moldado - altura do aterro de 12,50 a 15,00 m - areia extraída e brita produzida","m",4757.79,6817870]
[6817861,"Corpo de BSCC - seção fechada de 2,5 x 2,5 m - pré-moldado - altura do aterro de 2,50 a 5,00 m - areia e brita comerciais","m",3343.81,6817861]
[6817862,"Corpo de BSCC - seção fechada de 2,5 x 2,5 m - pré-moldado - altura do aterro de 2,50 a 5,00 m - areia extraída e brita produzida","m",3025.42,6817862]
[6817863,"Corpo de BSCC - seção fechada de 2,5 x 2,5 m - pré-moldado - altura do aterro de 5,00 a 7,50 m - areia e brita comerciais","m",3799.45,6817863]
[6817864,"Corpo de BSCC - seção fechada de 2,5 x 2,5 m - pré-moldado - altura do aterro de 5,00 a 7,50 m - areia extraída e brita produzida","m",3499.25,6817864]
[6817865,"Corpo de BSCC - seção fechada de 2,5 x 2,5 m - pré-moldado - altura do aterro de 7,50 a 10,00 m - areia e brita comerciais","m",4187.59,6817865]
[6817866,"Corpo de BSCC - seção fechada de 2,5 x 2,5 m - pré-moldado - altura do aterro de 7,50 a 10,00 m - areia extraída e brita produzida","m",3894.38,6817866]
[6817871,"Corpo de BSCC - seção fechada de 3,0 x 3,0 m - pré-moldado - altura do aterro de 0,25 a 1,00 m - areia e brita comerciais","m",4122.75,6817871]
[6817872,"Corpo de BSCC - seção fechada de 3,0 x 3,0 m - pré-moldado - altura do aterro de 0,25 a 1,00 m - areia extraída e brita produzida","m",3826.77,6817872]
[6817873,"Corpo de BSCC - seção fechada de 3,0 x 3,0 m - pré-moldado - altura do aterro de 1,00 a 2,50 m - areia e brita comerciais","m",3603.28,6817873]
[6817874,"Corpo de BSCC - seção fechada de 3,0 x 3,0 m - pré-moldado - altura do aterro de 1,00 a 2,50 m - areia extraída e brita produzida","m",3307.3,6817874]
[6817881,"Corpo de BSCC - seção fechada de 3,0 x 3,0 m - pré-moldado - altura do aterro de 10,00 a 12,50 m - areia e brita comerciais","m",6311.43,6817881]
[6817882,"Corpo de BSCC - seção fechada de 3,0 x 3,0 m - pré-moldado - altura do aterro de 10,00 a 12,50 m - areia extraída e brita produzida","m",5891.43,6817882]
[6817883,"Corpo de BSCC - seção fechada de 3,0 x 3,0 m - pré-moldado - altura do aterro de 12,50 a 15,00 m - areia e brita comerciais","m",6925.38,6817883]
[6817884,"Corpo de BSCC - seção fechada de 3,0 x 3,0 m - pré-moldado - altura do aterro de 12,50 a 15,00 m - areia extraída e brita produzida","m",6504.22,6817884]
[6817875,"Corpo de BSCC - seção fechada de 3,0 x 3,0 m - pré-moldado - altura do aterro de 2,50 a 5,00 m - areia e brita comerciais","m",4355.31,6817875]
[6817876,"Corpo de BSCC - seção fechada de 3,0 x 3,0 m - pré-moldado - altura do aterro de 2,50 a 5,00 m - areia extraída e brita produzida","m",3978.9,6817876]
[6817877,"Corpo de BSCC - seção fechada de 3,0 x 3,0 m - pré-moldado - altura do aterro de 5,00 a 7,50 m - areia e brita comerciais","m",5169.33,6817877]
[6817878,"Corpo de BSCC - seção fechada de 3,0 x 3,0 m - pré-moldado - altura do aterro de 5,00 a 7,50 m - areia extraída e brita produzida","m",4823.97,6817878]
[6817879,"Corpo de BSCC - seção fechada de 3,0 x 3,0 m - pré-moldado - altura do aterro de 7,50 a 10,00 m - areia e brita comerciais","m",5767.76,6817879]
[6817880,"Corpo de BSCC - seção fechada de 3,0 x 3,0 m - pré-moldado - altura do aterro de 7,50 a 10,00 m - areia extraída e brita produzida","m",5347.74,6817880]
[7119788,"Administração local do Estaleiro Padrão","mês",263331.26,7119788]
[7119714,"Amarração do sistema de fundeio - profundidade de até 50 m","un",2020.09,7119714]
[7119715,"Ânodo de sacrifício para proteção do casco - fornecimento e instalação","un",1660.07,7119715]
[7119678,"Beneficiamento de aço naval para construção de instalações portuárias de pequeno porte - excluso o aço naval","t",8227.19,7119678]
[7119712,"Cabo de segurança para conexão da ponte - fornecimento e instalação","un",13481.59,7119712]
[7119694,"Confecção de morto de concreto de 13 t","un",7862.06,7119694]
[7119695,"Confecção de morto de concreto de 14 t","un",8521.93,7119695]
[7119696,"Confecção de morto de concreto de 22 t","un",13494.37,7119696]
[7119697,"Confecção de morto de concreto de 36 t","un",21417.47,7119697]
[7119698,"Confecção de morto de concreto de 48 t","un",27333.39,{"$f":"A6340*1","v":7119698}]
[7119688,"Confecção de poita de concreto com garras metálicas de 13,3 t (peso submerso = 8 t)","un",7904.06,7119688]
[7119689,"Confecção de poita de concreto com garras metálicas de 25 t (peso submerso = 15 t)","un",15270.75,7119689]
[7119690,"Confecção de poita de concreto com garras metálicas de 30 t (peso submerso = 18 t)","un",18214.34,7119690]
[7119691,"Confecção de poita de concreto com garras metálicas de 41,7 t (peso submerso = 25 t)","un",25238.15,7119691]
[7119692,"Confecção de poita de concreto com garras metálicas de 45,8 t (peso submerso = 27,5 t)","un",27744.44,7119692]
[7119693,"Confecção de poita de concreto com garras metálicas de 58,3 t (peso submerso = 35 t)","un",35255.06,7119693]
[7119687,"Confecção de poita de concreto com garras metálicas de 6,7 t (peso submerso = 4 t)","un",4185.64,7119687]
[7119681,"Confecção de poita de concreto de 13,3 t (peso submerso = 8 t)","un",8807.86,7119681]
[7119682,"Confecção de poita de concreto de 25 t (peso submerso = 15 t)","un",16920.96,7119682]
[7119683,"Confecção de poita de concreto de 30 t (peso submerso = 18 t)","un",20184.16,7119683]
[7119684,"Confecção de poita de concreto de 41,7 t (peso submerso = 25 t)","un",27944.77,7119684]
[7119685,"Confecção de poita de concreto de 45,8 t (peso submerso = 27,5 t)","un",30713.53,7119685]
[7119686,"Confecção de poita de concreto de 58,3 t (peso submerso = 35 t)","un",39014.71,7119686]
[7119680,"Confecção de poita de concreto de 6,7 t (peso submerso = 4 t)","un",4651.29,7119680]
[7119710,"Defensa de pneus para proteção do flutuante - confecção e instalação","un",707.95,7119710]
[7107375,"Fornecimento e instalação de reservatório metálico tipo taça de 10.000 litros pintura interna e externa com escada de acesso e base de concreto armado - areia e brita comerciais","un",23863.39,7107375]
[7107376,"Fornecimento e instalação de reservatório metálico tipo taça de 20.000 litros pintura interna e externa com escada de acesso e base de concreto armado - areia e brita comerciais","un",34933.05,7107376]
[7107377,"Fornecimento e instalação de reservatório metálico tipo taça de 30.000 litros pintura interna e externa com escada de acesso e base de concreto armado - areia e brita comerciais","un",49835.27,7107377]
[7107374,"Fornecimento e instalação de reservatório metálico tipo taça de 5.000 litros pintura interna e externa com escada de acesso e base de concreto armado - areia e brita comerciais","un",16126.58,7107374]
[7119708,"Guincho manual para sistema de fundeio com capacidade de tração de 100 kN - fornecimento e instalação","un",152916.02,7119708]
[7119709,"Guincho manual para sistema de fundeio com capacidade de tração de 200 kN - fornecimento e instalação","un",213752.92,7119709]
[7119706,"Implantação do sistema naval tipo I - ponte móvel e flutuante principal","un",46822.88,7119706]
[7119707,"Implantação do sistema naval tipo II - pontes móveis, flutuante intermediário e flutuante principal","un",112091.32,7119707]
[7119787,"Instalações do Estaleiro Padrão para o beneficiamento de estruturas navais, inclusive mobiliário, equipamentos de informática e de segurança","m²",334.63,7119787]
[7119647,"Lançamento da embarcação sobre carreira em água","un",2509.66,7119647]
[7119679,"Lançamento de poita de concreto - peso submerso","t",42.42,7119679]
[7119711,"Mancal de conexão - confecção e instalação","un",991.44,7119711]
[7119713,"Molinete manual para sistema de fundeio com capacidade de tração de 70 kN - fornecimento e instalação","un",236408.63,7119713]
[7119646,"Transporte interno em estaleiro para movimentação de peças","t",1083.21,7119646]
[7119699,"Tratamento superficial e pintura da área interna do flutuante (tanques de reserva de flutuabilidade)","m²",19.6,7119699]
[7119702,"Tratamento superficial e pintura da ponte e demais estruturas metálicas navais - exceto flutuantes","m²",61.91,7119702]
[7119701,"Tratamento superficial e pintura das obras mortas do flutuante (convés principal, convés superior, casaria e estruturas apoiadas sobre o convés) - exceto piso","m²",61.91,7119701]
[7119700,"Tratamento superficial e pintura das obras vivas e mortas externas do flutuante (fundo, costados e espelhos de proa e popa)","m²",53.72,7119700]

{"sheet":"MO Sicro","index":16,"n_rows":118,"n_cols":7,"rows_kept":118,"cut":false,"hidden":false,"merged":[[2,0,2,6],[3,0,3,6],[0,0,1,0],[0,6,1,6],[0,1,1,5]]}
["CGCIT","SISTEMA DE CUSTOS REFERENCIAIS DE OBRAS - SICRO",{"$nulls":4},"DNIT"]
[]
["Pernambuco - Julho/2023"]
["Sem desoneração"]
["Código","Descrição","Unidade","Salário (R$)","Encargos Totais","Custo (R$)","Periculosidade/\nInsalubridade"]
["P9801","Ajudante","h",7.0256,2.049525,21.4247,0]
["P9802","Ajudante especializado","h",8.3916,1.993685,25.1218,0]
["P9803","Almoxarife","mês",2637.8,1.211854,5834.4284,0]
["P9804","Apontador","mês",1953.6,1.3733,4636.4788,0]
["P9805","Armador","h",10.8106,1.719987,29.4046,0]
["P9806","Auxiliar administrativo","mês",1953.6,1.369024,4628.1252,0]
["P9807","Bombeiro hidráulico","h",10.8106,1.799569,30.265,0]
["P9808","Carpinteiro","h",8.9034,1.853355,25.4045,0]
["P9809","Encarregado administrativo","mês",3868.0365,0.971681,7626.534,0]
["P9810","Eletricista","h",10.4335,1.796212,29.1742,0]
["P9811","Encarregado especializado","mês",3589.4784,1.014098,7229.5612,0]
["P9812","Engenheiro","mês",12819.9474,0.82593,23408.3265,0]
["P9814","Operacional","mês",1460.9463,1.504089,3658.3395,0]
["P9815","Jardineiro","h",9.63,1.796404,26.9293,0]
["P9819","Engenheiro supervisor","mês",12819.9474,0.82593,23408.3265,0]
["P9821","Pedreiro","h",8.912,1.847871,25.3802,0]
["P9822","Pintor","h",10.8106,1.728949,29.5015,0]
["P9823","Serralheiro","h",9.3101,1.822228,26.2752,0]
["P9824","Servente","h",6.7,2.093643,20.7274,0]
["P9825","Soldador","h",12.4336,1.6457,32.8955,0]
["P9826","Chefe setor de finanças","mês",9651.0845,0.852906,17882.5523,0]
["P9827","Vigia","mês",1414.3496,1.829766,4426.5832,0.3]
["P9830","Montador","h",10.8106,1.800378,30.2737,0]
["P9833","Auxiliar de laboratório","mês",2378.3386,1.260437,5376.0845,0]
["P9836","Geólogo","h",49.7447,1.196306,109.2545,0]
["P9837","Oceanógrafo","mês",4376.363,1.005441,8776.5377,0]
["P9840","Encarregado geral","mês",5294.449,0.930693,10221.9556,0]
["P9842","Faxineiro","mês",1454.2,1.588055,3763.5495,0]
["P9843","Operador de equipamento leve","h",8.88,1.831977,25.1479,0]
["P9844","Capitão fluvial","mês",5212.4597,0.959662,10214.6592,0]
["P9845","Operador de equipamento pesado","h",11.74,1.651178,31.1248,0]
["P9846","Operador de equipamento especial","h",14.44,1.532913,36.5752,0]
["P9847","Perfurador de tubulão","h",6.9936,2.047452,21.3126,0]
["P9848","Desenhista","mês",3000.8408,1.128553,6387.4486,0]
["P9849","Condutor maquinista fluvial","mês",2162.4018,1.25253,4870.8749,0]
["P9850","Copeiro","mês",1504.8,1.529658,3806.6293,0]
["P9851","Médico do trabalho","mês",9709.5193,0.847276,17936.1619,0]
["P9852","Blaster","h",10.1587,2.108382,34.6247,0.3]
["P9853","Pré-marcador","h",6.993,2.022174,21.134,0]
["P9854","Recepcionista","mês",1686.3401,1.416485,4075.0155,0]
["P9855","Marinheiro de máquinas","mês",2052.3159,1.277787,4674.7384,0]
["P9856","Marinheiro de convés","h",9.1112,1.736501,24.9328,0]
["P9857","Marinheiro de convés - mensalista","mês",2004.4739,1.288588,4587.4149,0]
["P9858","Laboratorista","mês",3262.6,1.126851,6939.064,0]
["P9859","Trabalhador de via","h",6.3405,2.163947,20.061,0]
["P9861","Selecionador de material pétreo","h",6.993,2.033898,21.216,0]
["P9864","Engenheiro de segurança do trabalho","mês",11464.4099,0.838737,21080.0346,0]
["P9865","Técnico em enfermagem","mês",2993.1905,1.172613,6503.0445,0]
["P9866","Motorista de caminhão","h",11.74,1.63468,30.9311,0]
["P9867","Técnico especializado - mensalista","mês",3203.9229,1.135288,6841.2981,0]
["P9869","Encarregado de obras de artes especiais","mês",3589.4784,1.014098,7229.5612,0]
["P9870","Motorista de veículo leve","h",10.8106,1.68283,29.003,0]
["P9871","Motorista de veículo especial","h",11.9736,1.624083,31.4197,0]
["P9875","Encarregado de turma","mês",2295.6486,1.277683,5228.7597,0]
["P9876","Técnico de segurança do trabalho","mês",3262.6,1.125343,6934.144,0]
["P9878","Secretária","mês",2811.595,1.155662,6060.8485,0]
["P9880","Piloto fluvial","mês",3276.33,1.080547,6816.5585,0]
["P9882","Técnico especializado","h",14.5633,1.545124,37.0654,0]
["P9883","Chefe do setor administrativo","mês",3868.0319,0.971681,7626.525,0]
["P9884","Encarregado de terraplenagem","mês",3589.4784,1.014098,7229.5612,0]
["P9885","Frentista de túnel","h",8.88,1.891225,25.674,0]
["P9889","Técnico da qualidade","mês",3523.8065,1.024666,7134.5312,0]
["P9891","Engenheiro mecânico","mês",12659.3302,0.828328,23145.4078,0]
["P9892","Auxiliar de blaster","h",9.63,2.145877,33.1837,0.3]
["P9893","Encarregado de pavimentação","mês",3589.4784,1.014098,7229.5612,0]
["P9896","Porteiro","mês",1454.2,1.58758,3762.8588,0]
["P9897","Técnico de meio ambiente","mês",3466.6378,1.030252,7038.1483,0]
["P9900","Comprador","mês",3233.849,1.128609,6883.6,0]
["P9901","Encarregado de superestrutura ferroviária","mês",3589.4784,1.014098,7229.5612,0]
["P9903","Auxiliar técnico","mês",1741.8271,1.43558,4242.3592,0]
["P9907","Comandante de longo curso","mês",12841.1521,0.838136,23603.7839,0]
["P9908","Imediato","mês",9352.1689,0.869113,17480.2604,0]
["P9909","Oficial de náutica","mês",2597.5548,1.16847,5632.7196,0]
["P9910","Oficial de máquinas","mês",2931.3574,1.120374,6215.574,0]
["P9911","Condutor de máquinas","mês",2162.4018,1.25253,4870.8749,0]
["P9912","Capitão fluvial com periculosidade","h",23.693,1.668679,70.3369,0.3]
["P9913","Draguista","mês",3595.3388,1.051671,7376.4523,0]
["P9915","Maquinista","h",12.3889,1.626903,32.5444,0]
["P9916","Encarregado de conservação rodoviária","mês",3589.4784,1.014098,7229.5612,0]
["P9920","Mestre fluvial","mês",5212.4597,0.959662,10214.6592,0]
["P9921","Mergulhador raso autônomo de emergência","h",9.2239,2.507861,34.7562,0.2602]
["P9922","Mergulhador raso dependente de emergência","h",9.2756,2.580886,35.9975,0.3]
["P9924","Mergulhador raso dependente","h",9.2756,3.983554,49.0081,0.3]
["P9925","Mergulhador raso autônomo","h",9.2239,3.608643,44.9097,0.2602]
["P9926","Mergulhador raso auxiliar de superfície","h",9.2239,2.26502,32.5162,0.2602]
["P9927","Frentista de túnel com periculosidade","h",8.88,2.218825,31.2471,0.3]
["P9928","Servente com periculosidade","h",6.7,2.421243,24.9323,0.3]
["P9929","Bombeiro hidráulico com periculosidade","h",10.8106,2.127621,37.0546,0.3]
["P9930","Eletricista com periculosidade","h",10.4335,2.123607,35.7202,0.3]
["P9931","Operador de equipamento de mergulho","h",17.4782,1.793834,51.2309,0.1373]
["P9932","Operador de equipamento pesado com periculosidade","h",11.74,1.978538,38.49,0.3]
["P9933","Supervisor de mergulho raso","mês",3845.1956,1.318493,9443.0044,0.1373]
["P9934","Motorista de veículo especial com periculosidade","h",11.9736,1.951535,38.9325,0.3]
["P9938","Operador de equipamento leve com periculosidade","h",8.88,2.159337,30.7189,0.3]
["P9939","Operador de equipamento leve com insalubridade","h",8.88,2.341699,32.0745,0.2703]
["P9940","Piloto fluvial com periculosidade","h",14.8924,1.814411,46.381,0.3]
["P9941","Mestre fluvial com periculosidade","h",23.693,1.668679,70.3369,0.3]
["P9942","Marinheiro de convés com periculosidade","h",9.1112,2.064946,30.6586,0.3]
["P9943","Técnico de batimetria com periculosidade","h",11.8674,1.915685,38.1618,0.3]
["P9944","Operador de equipamento especial com periculosidade","h",14.44,1.860273,45.6343,0.3]
["P9945","Draguista com periculosidade","h",16.3424,1.7796,50.328,0.3]
["P9946","Engenheiro auxiliar","mês",11220,0.835617,20595.6227,0]
["P9947","Técnico florestal","mês",3466.6378,1.030252,7038.1483,0]
["P9948","Motorista de veículo leve - mensalista","mês",2378.3386,1.24979,5350.7623,0]
["P9949","Topógrafo","mês",4037,0.996775,8060.9806,0]
["P9950","Auxiliar de topografia","mês",2378.3386,1.271731,5402.9455,0]
["P9951","Médico de câmara hiperbárica","mês",9709.5193,1.037892,20315.1495,0.0544]
["P9952","Pedreiro - mensalista","mês",1960.6314,1.388259,4682.4955,0]
["P9953","Eletricista - mensalista","mês",2295.3553,1.344024,5380.3679,0]
["P9954","Servente - mensalista","mês",1474,1.594056,3823.6385,0]
["P9955","Engenheiro chefe","mês",16940.0825,0.809408,30651.5207,0]
["P9956","Motorista de caminhão com periculosidade","h",11.74,1.96213,38.2974,0.3]
["P9972","Técnico de batimetria","mês",2610.8367,1.167737,5659.6073,0]

{"sheet":"Consult SICRO","index":17,"n_rows":24,"n_cols":8,"rows_kept":24,"cut":false,"hidden":false,"merged":[[3,5,3,6],[12,3,12,4],[13,3,13,4],[14,3,14,4],[15,3,15,4],[16,3,16,4],[17,3,17,4],[18,3,18,4],[19,3,19,4],[20,3,20,4],[21,3,21,4],[22,3,22,4],[3,1,4,1],[5,1,7,1],[13,1,14,1],[15,1,16,1],[17,1,20,1],[21,1,22,1],[3,2,4,2],[3,3,4,3],[3,4,4,4]]}
[null,"2023-04-01"]
[null,"Tabela 1 - Custos de veículos "]
[null,"Tabela de Preços de Consultoria - mês de referência: Jul/2023"]
[null,"Item","Código","Tipo","Unidade","Custo unitário (R$ / un)",null,"S"]
[{"$nulls":5},"Produtivo","Improdutivo"]
[null,"Veículos","E8889","Veículo leve - 53 kW (sem motorista)","hora",32.84,6.47]
[null,null,"E8891","Veículo leve picape 4x4 - 147 kW (sem motorista)","hora",80.19,28.61]
[null,null,"E8887","Van furgão - 93 kW (com motorista)","hora",74.09,43.18]
[null,"Fonte: FGV IBRE"]
[]
[null,"Tabela 2 - Custos de imóveis, mobiliário, cestas de instalações e custos diversos"]
[null,"Tabela de Preços de Consultoria - mês de referência: Jul/2023"]
[null,"Item","Código","Tipo",null,"Unidade","Custo unitário \n(R$ / un)"]
[null,"Imóveis","B8951","Comercial (2,60% do CMCC - SINAPI)",null,"m² x mês",46.78]
[null,null,"B8952","Residencial (1,70% do CMCC - SINAPI)",null,"m² x mês",30.59]
[null,"Mobiliário","B8953","Escritório",null,"ocupante x mês",510.96]
[null,null,"B8954","Residência",null,"ocupante x mês",44.3]
[null,"Cesta das Instalações","B8955","Laboratório de asfalto",null,"mês",5400.53]
[null,null,"B8956","Laboratório de concreto",null,"mês",4270.25]
[null,null,"B8957","Laboratório de solos",null,"mês",4311.34]
[null,null,"B8958","Topografia",null,"mês",3134.16]
[null,"Custos Diversos","B8959","Escritório",null,"ocupante x mês",131.32]
[null,null,"B8960","Residência",null,"ocupante x mês",208.36]
[null,"Fonte: FGV IBRE"]

{"sheet":"INSUMOS SINAPI","index":18,"n_rows":4943,"n_cols":5,"rows_kept":4943,"cut":false,"hidden":false,"merged":[]}
["        PRECOS DE INSUMOS"]
[""]
["MES DE COLETA: 09/2023"]
["LOCALIDADE: 1250 - RECIFE"]
["ENCARGOS SOCIAIS (%) HORISTA 114,55  MENSALISTA  70,11"]
[""]
["CODIGO  ","DESCRICAO DO INSUMO","UNIDADE","ORIGEM DO PRECO","  PRECO MEDIANO R$"]
[38605,"ABERTURA PARA ENCAIXE DE CUBA OU LAVATORIO EM BANCADA DE MARMORE/ GRANITO OU OUTRO TIPO DE PEDRA NATURAL","UN    ","CR","159,92"]
[11270,"ABRACADEIRA DE LATAO PARA FIXACAO DE CABO PARA-RAIO, DIMENSOES 32 X 24 X 24 MM","UN    ","CR","3,40"]
[412,"ABRACADEIRA DE NYLON PARA AMARRACAO DE CABOS, COMPRIMENTO DE *230* X *7,6* MM","UN    ","CR","1,13"]
[414,"ABRACADEIRA DE NYLON PARA AMARRACAO DE CABOS, COMPRIMENTO DE 100 X 2,5 MM","UN    ","CR","0,07"]
[410,"ABRACADEIRA DE NYLON PARA AMARRACAO DE CABOS, COMPRIMENTO DE 150 X *3,6* MM","UN    ","CR","0,17"]
[411,"ABRACADEIRA DE NYLON PARA AMARRACAO DE CABOS, COMPRIMENTO DE 200 X *4,6* MM","UN    ","C ","0,22"]
[408,"ABRACADEIRA DE NYLON PARA AMARRACAO DE CABOS, COMPRIMENTO DE 390 X *4,6* MM","UN    ","CR","1,09"]
[39131,"ABRACADEIRA EM ACO PARA AMARRACAO DE ELETRODUTOS, TIPO D, COM 1 1/2\" E CUNHA DE FIXACAO","UN    ","CR","5,10"]
[394,"ABRACADEIRA EM ACO PARA AMARRACAO DE ELETRODUTOS, TIPO D, COM 1 1/2\" E PARAFUSO DE FIXACAO","UN    ","CR","5,17"]
[39130,"ABRACADEIRA EM ACO PARA AMARRACAO DE ELETRODUTOS, TIPO D, COM 1 1/4\" E CUNHA DE FIXACAO","UN    ","CR","4,65"]
[395,"ABRACADEIRA EM ACO PARA AMARRACAO DE ELETRODUTOS, TIPO D, COM 1 1/4\" E PARAFUSO DE FIXACAO","UN    ","CR","4,97"]
[39127,"ABRACADEIRA EM ACO PARA AMARRACAO DE ELETRODUTOS, TIPO D, COM 1/2\" E CUNHA DE FIXACAO","UN    ","CR","2,45"]
[392,"ABRACADEIRA EM ACO PARA AMARRACAO DE ELETRODUTOS, TIPO D, COM 1/2\" E PARAFUSO DE FIXACAO","UN    ","CR","2,52"]
[39129,"ABRACADEIRA EM ACO PARA AMARRACAO DE ELETRODUTOS, TIPO D, COM 1\" E CUNHA DE FIXACAO","UN    ","CR","2,87"]
[393,"ABRACADEIRA EM ACO PARA AMARRACAO DE ELETRODUTOS, TIPO D, COM 1\" E PARAFUSO DE FIXACAO","UN    ","C ","3,00"]
[39133,"ABRACADEIRA EM ACO PARA AMARRACAO DE ELETRODUTOS, TIPO D, COM 2 1/2\" E CUNHA DE FIXACAO","UN    ","CR","6,70"]
[397,"ABRACADEIRA EM ACO PARA AMARRACAO DE ELETRODUTOS, TIPO D, COM 2 1/2\" E PARAFUSO DE FIXACAO","UN    ","CR","7,40"]
[39132,"ABRACADEIRA EM ACO PARA AMARRACAO DE ELETRODUTOS, TIPO D, COM 2\" E CUNHA DE FIXACAO","UN    ","CR","5,36"]
[396,"ABRACADEIRA EM ACO PARA AMARRACAO DE ELETRODUTOS, TIPO D, COM 2\" E PARAFUSO DE FIXACAO","UN    ","CR","5,74"]
[39135,"ABRACADEIRA EM ACO PARA AMARRACAO DE ELETRODUTOS, TIPO D, COM 3 1/2\" E CUNHA DE FIXACAO","UN    ","CR","10,72"]
[39128,"ABRACADEIRA EM ACO PARA AMARRACAO DE ELETRODUTOS, TIPO D, COM 3/4\" E CUNHA DE FIXACAO","UN    ","CR","2,68"]
[400,"ABRACADEIRA EM ACO PARA AMARRACAO DE ELETRODUTOS, TIPO D, COM 3/4\" E PARAFUSO DE FIXACAO","UN    ","CR","2,61"]
[39125,"ABRACADEIRA EM ACO PARA AMARRACAO DE ELETRODUTOS, TIPO D, COM 3/8\" E PARAFUSO DE FIXACAO","UN    ","CR","2,68"]
[39134,"ABRACADEIRA EM ACO PARA AMARRACAO DE ELETRODUTOS, TIPO D, COM 3\" E CUNHA DE FIXACAO","UN    ","CR","8,93"]
[398,"ABRACADEIRA EM ACO PARA AMARRACAO DE ELETRODUTOS, TIPO D, COM 3\" E PARAFUSO DE FIXACAO","UN    ","CR","8,23"]
[39126,"ABRACADEIRA EM ACO PARA AMARRACAO DE ELETRODUTOS, TIPO D, COM 4\" E CUNHA DE FIXACAO","UN    ","CR","12,06"]
[399,"ABRACADEIRA EM ACO PARA AMARRACAO DE ELETRODUTOS, TIPO D, COM 4\" E PARAFUSO DE FIXACAO","UN    ","CR","10,62"]
[39158,"ABRACADEIRA EM ACO PARA AMARRACAO DE ELETRODUTOS, TIPO ECONOMICA (GOTA), COM 8\"","UN    ","CR","28,53"]
[39141,"ABRACADEIRA EM ACO PARA AMARRACAO DE ELETRODUTOS, TIPO U SIMPLES, COM 1 1/2\"","UN    ","CR","2,07"]
[39140,"ABRACADEIRA EM ACO PARA AMARRACAO DE ELETRODUTOS, TIPO U SIMPLES, COM 1 1/4\"","UN    ","CR","1,88"]
[39137,"ABRACADEIRA EM ACO PARA AMARRACAO DE ELETRODUTOS, TIPO U SIMPLES, COM 1/2\"","UN    ","CR","1,08"]
[39139,"ABRACADEIRA EM ACO PARA AMARRACAO DE ELETRODUTOS, TIPO U SIMPLES, COM 1\"","UN    ","CR","1,56"]
[39143,"ABRACADEIRA EM ACO PARA AMARRACAO DE ELETRODUTOS, TIPO U SIMPLES, COM 2 1/2\"","UN    ","CR","4,27"]
[39142,"ABRACADEIRA EM ACO PARA AMARRACAO DE ELETRODUTOS, TIPO U SIMPLES, COM 2\"","UN    ","CR","3,06"]
[39138,"ABRACADEIRA EM ACO PARA AMARRACAO DE ELETRODUTOS, TIPO U SIMPLES, COM 3/4\"","UN    ","CR","1,14"]
[39136,"ABRACADEIRA EM ACO PARA AMARRACAO DE ELETRODUTOS, TIPO U SIMPLES, COM 3/8\"","UN    ","CR","0,76"]
[39144,"ABRACADEIRA EM ACO PARA AMARRACAO DE ELETRODUTOS, TIPO U SIMPLES, COM 3\"","UN    ","CR","4,97"]
[39145,"ABRACADEIRA EM ACO PARA AMARRACAO DE ELETRODUTOS, TIPO U SIMPLES, COM 4\"","UN    ","CR","8,20"]
[12615,"ABRACADEIRA PVC, PARA CALHA PLUVIAL, DIAMETRO ENTRE *80 E 100* MM, PARA DRENAGEM PLUVIAL PREDIAL","UN    ","CR","13,85"]
[11927,"ABRACADEIRA, GALVANIZADA/ZINCADA, ROSCA SEM FIM, PARAFUSO INOX, LARGURA  FITA *12,6 A *14 MM, D = 2\" A 2 1/2\"","UN    ","CR","10,17"]
[11928,"ABRACADEIRA, GALVANIZADA/ZINCADA, ROSCA SEM FIM, PARAFUSO INOX, LARGURA  FITA *12,6 A *14 MM, D = 3\" A 3 3/4\"","UN    ","CR","11,65"]
[11929,"ABRACADEIRA, GALVANIZADA/ZINCADA, ROSCA SEM FIM, PARAFUSO INOX, LARGURA  FITA *12,6 A *14 MM, D = 4\" A 4 3/4\"","UN    ","CR","18,02"]
[36801,"ACABAMENTO DE METAL CROMADO PARA REGISTRO PEQUENO, DE PAREDE, 1/2 \" OU 3/4 \"","UN    ","CR","31,63"]
[36246,"ACABAMENTO SIMPLES/CONVENCIONAL PARA FORRO PVC, TIPO \"U\" OU \"C\", COR BRANCA, COMPRIMENTO 6 M","M     ","CR","4,26"]
[37600,"ACESSORIO DE LIGACAO NAO ELETRICO PARA CARGAS EXPLOSIVAS, TUBO DE 6 M","UN    ","AS","104,86"]
[37599,"ACESSORIO INICIADOR NAO ELETRICO, TUBO DE 6 M, TEMPO DE RETARDO DE *160* MS","UN    ","AS","97,60"]
[1,"ACETILENO (RECARGA DE GAS ACETILENO PARA CILINDRO DE CONJUNTO OXICORTE GRANDE) NAO INCLUI TROCA/MANUTENCAO DO CILINDRO","KG    ","AS","72,65"]
[3,"ACIDO CLORIDRICO / ACIDO MURIATICO, DILUICAO 10% A 12% PARA USO EM LIMPEZA","L     ","CR","23,45"]
[43054,"ACO CA-25, 10,0 MM, OU 12,5 MM, OU 16,0 MM, OU 20,0 MM, OU 25,0 MM, VERGALHAO","KG    ","CR","10,57"]
[42402,"ACO CA-25, 16,0 MM, BARRA DE TRANSFERENCIA","KG    ","CR","10,10"]
[42403,"ACO CA-25, 20,0 MM, BARRA DE TRANSFERENCIA","KG    ","CR","12,96"]
[42404,"ACO CA-25, 25,0 MM, BARRA DE TRANSFERENCIA","KG    ","CR","12,88"]
[42405,"ACO CA-25, 32,0 MM, BARRA DE TRANSFERENCIA","KG    ","CR","13,72"]
[34341,"ACO CA-25, 32,0 MM, VERGALHAO","KG    ","CR","11,91"]
[43053,"ACO CA-25, 6,3 MM OU 8,0 MM, VERGALHAO","KG    ","CR","9,44"]
[43058,"ACO CA-50, 10,0 MM, OU 12,5 MM, OU 16,0 MM, OU 20,0 MM, DOBRADO E CORTADO","KG    ","CR","9,79"]
[34,"ACO CA-50, 10,0 MM, VERGALHAO","KG    ","CR","9,84"]
[43055,"ACO CA-50, 12,5 MM OU 16,0 MM, VERGALHAO","KG    ","C ","8,52"]
[43056,"ACO CA-50, 20,0 MM OU 25,0 MM, VERGALHAO","KG    ","CR","9,82"]
[43057,"ACO CA-50, 32,0 MM, VERGALHAO","KG    ","CR","10,79"]
[34449,"ACO CA-50, 6,3 MM, DOBRADO E CORTADO","KG    ","CR","11,54"]
[32,"ACO CA-50, 6,3 MM, VERGALHAO","KG    ","CR","10,38"]
[33,"ACO CA-50, 8,0 MM, VERGALHAO","KG    ","CR","10,43"]
[43061,"ACO CA-60, 4,2 MM OU 5,0 MM, DOBRADO E CORTADO","KG    ","CR","9,75"]
[43059,"ACO CA-60, 4,2 MM, OU 5,0 MM, OU 6,0 MM, OU 7,0 MM, VERGALHAO","KG    ","CR","9,31"]
[43062,"ACO CA-60, 6,0 MM OU 7,0 MM, DOBRADO E CORTADO","KG    ","CR","10,31"]
[43060,"ACO CA-60, 8,0 MM OU 9,5 MM, VERGALHAO","KG    ","CR","8,11"]
[40410,"ACOPLAMENTO RIGIDO EM FERRO FUNDIDO PARA SISTEMA DE TUBULACAO RANHURADA, DN 50 MM (2\")","UN    ","AS","23,71"]
[40411,"ACOPLAMENTO RIGIDO EM FERRO FUNDIDO PARA SISTEMA DE TUBULACAO RANHURADA, DN 65 MM (2 1/2\")","UN    ","AS","25,73"]
[40412,"ACOPLAMENTO RIGIDO EM FERRO FUNDIDO PARA SISTEMA DE TUBULACAO RANHURADA, DN 80 MM (3\")","UN    ","AS","28,88"]
[44254,"ADAPTADOR CPVC, ROSCAVEL, COM FLANGES E ANEL DE VEDACAO, 15 MM, CAIXA D'AGUA PARA AGUA QUENTE","UN    ","CR","26,51"]
[44255,"ADAPTADOR CPVC, ROSCAVEL, COM FLANGES E ANEL DE VEDACAO, 22 MM, CAIXA D'AGUA PARA AGUA QUENTE","UN    ","CR","29,38"]
[44256,"ADAPTADOR CPVC, ROSCAVEL, COM FLANGES E ANEL DE VEDACAO, 28 MM, CAIXA D'AGUA PARA AGUA QUENTE","UN    ","CR","33,19"]
[44257,"ADAPTADOR CPVC, ROSCAVEL, COM FLANGES E ANEL DE VEDACAO, 35 MM, CAIXA D'AGUA PARA AGUA QUENTE","UN    ","CR","52,50"]
[44258,"ADAPTADOR CPVC, ROSCAVEL, COM FLANGES E ANEL DE VEDACAO, 42 MM, CAIXA D'AGUA PARA AGUA QUENTE","UN    ","CR","60,00"]
[44259,"ADAPTADOR CPVC, ROSCAVEL, COM FLANGES E ANEL DE VEDACAO, 54 MM, CAIXA D'AGUA PARA AGUA QUENTE","UN    ","CR","82,36"]
[37997,"ADAPTADOR CPVC, SOLDAVEL, 15 MM, PARA AGUA QUENTE","UN    ","CR","15,80"]
[37998,"ADAPTADOR CPVC, SOLDAVEL, 22 MM, PARA AGUA QUENTE","UN    ","CR","21,14"]
[55,"ADAPTADOR DE COMPRESSAO EM POLIPROPILENO (PP), PARA TUBO EM PEAD, 20 MM X 1/2\", PARA LIGACAO PREDIAL DE AGUA (NTS 179)","UN    ","AS","3,87"]
[61,"ADAPTADOR DE COMPRESSAO EM POLIPROPILENO (PP), PARA TUBO EM PEAD, 20 MM X 3/4\", PARA LIGACAO PREDIAL DE AGUA (NTS 179)","UN    ","AS","3,66"]
[62,"ADAPTADOR DE COMPRESSAO EM POLIPROPILENO (PP), PARA TUBO EM PEAD, 32 MM X 1\", PARA LIGACAO PREDIAL DE AGUA (NTS 179)","UN    ","AS","7,58"]
[10899,"ADAPTADOR EM LATAO, ENGATE RAPIDO 2 1/2\" X ROSCA INTERNA 5 FIOS 2 1/2\", PARA INSTALACAO PREDIAL DE COMBATE A INCENDIO","UN    ","CR","109,52"]
[10900,"ADAPTADOR EM LATAO, ENGATE RAPIDO1 1/2\" X ROSCA INTERNA 5 FIOS 2 1/2\", PARA INSTALACAO PREDIAL DE COMBATE A INCENDIO","UN    ","CR","85,71"]
[103,"ADAPTADOR PVC SOLDAVEL CURTO COM BOLSA E ROSCA, 110 MM X 4\", PARA AGUA FRIA","UN    ","CR","47,70"]
[107,"ADAPTADOR PVC SOLDAVEL CURTO COM BOLSA E ROSCA, 20 MM X 1/2\", PARA AGUA FRIA","UN    ","CR","0,90"]
[65,"ADAPTADOR PVC SOLDAVEL CURTO COM BOLSA E ROSCA, 25 MM X 3/4\", PARA AGUA FRIA","UN    ","CR","0,98"]
[108,"ADAPTADOR PVC SOLDAVEL CURTO COM BOLSA E ROSCA, 32 MM X 1\", PARA AGUA FRIA","UN    ","CR","1,98"]
[110,"ADAPTADOR PVC SOLDAVEL CURTO COM BOLSA E ROSCA, 40 MM X 1 1/2\", PARA AGUA FRIA","UN    ","CR","6,86"]
[109,"ADAPTADOR PVC SOLDAVEL CURTO COM BOLSA E ROSCA, 40 MM X 1 1/4\", PARA AGUA FRIA","UN    ","CR","4,09"]
[111,"ADAPTADOR PVC SOLDAVEL CURTO COM BOLSA E ROSCA, 50 MM X 1 1/4\", PARA AGUA FRIA","UN    ","CR","9,28"]
[112,"ADAPTADOR PVC SOLDAVEL CURTO COM BOLSA E ROSCA, 50 MM X1 1/2\", PARA AGUA FRIA","UN    ","CR","4,92"]
[113,"ADAPTADOR PVC SOLDAVEL CURTO COM BOLSA E ROSCA, 60 MM X 2\", PARA AGUA FRIA","UN    ","CR","12,32"]
[104,"ADAPTADOR PVC SOLDAVEL CURTO COM BOLSA E ROSCA, 75 MM X 2 1/2\", PARA AGUA FRIA","UN    ","CR","21,44"]
[102,"ADAPTADOR PVC SOLDAVEL CURTO COM BOLSA E ROSCA, 85 MM X 3\", PARA AGUA FRIA","UN    ","CR","29,56"]
[95,"ADAPTADOR PVC SOLDAVEL, COM FLANGE E ANEL DE VEDACAO, 20 MM X 1/2\", PARA CAIXA D'AGUA","UN    ","CR","12,49"]
[96,"ADAPTADOR PVC SOLDAVEL, COM FLANGE E ANEL DE VEDACAO, 25 MM X 3/4\", PARA CAIXA D'AGUA","UN    ","CR","13,59"]
[97,"ADAPTADOR PVC SOLDAVEL, COM FLANGE E ANEL DE VEDACAO, 32 MM X 1\", PARA CAIXA D'AGUA","UN    ","CR","20,44"]
[98,"ADAPTADOR PVC SOLDAVEL, COM FLANGE E ANEL DE VEDACAO, 40 MM X 1 1/4\", PARA CAIXA D'AGUA","UN    ","CR","30,60"]
[99,"ADAPTADOR PVC SOLDAVEL, COM FLANGE E ANEL DE VEDACAO, 50 MM X 1 1/2\", PARA CAIXA D'AGUA","UN    ","CR","28,92"]
[100,"ADAPTADOR PVC SOLDAVEL, COM FLANGES E ANEL DE VEDACAO, 60 MM X 2\", PARA CAIXA D' AGUA","UN    ","CR","50,53"]
[75,"ADAPTADOR PVC SOLDAVEL, COM FLANGES LIVRES, 110 MM X 4\", PARA CAIXA D' AGUA","UN    ","CR","294,59"]
[83,"ADAPTADOR PVC SOLDAVEL, COM FLANGES LIVRES, 75 MM X 2  1/2\", PARA CAIXA D' AGUA","UN    ","CR","235,51"]
[74,"ADAPTADOR PVC SOLDAVEL, COM FLANGES LIVRES, 85 MM X 3\", PARA CAIXA D' AGUA","UN    ","CR","336,72"]
[106,"ADAPTADOR PVC SOLDAVEL, LONGO, COM FLANGE LIVRE,  110 MM X 4\", PARA CAIXA D' AGUA","UN    ","CR","425,79"]
[88,"ADAPTADOR PVC SOLDAVEL, LONGO, COM FLANGE LIVRE,  32 MM X 1\", PARA CAIXA D' AGUA","UN    ","CR","11,97"]
[82,"ADAPTADOR PVC SOLDAVEL, LONGO, COM FLANGE LIVRE,  75 MM X 2 1/2\", PARA CAIXA D' AGUA","UN    ","CR","224,07"]
[105,"ADAPTADOR PVC SOLDAVEL, LONGO, COM FLANGE LIVRE,  85 MM X 3\", PARA CAIXA D' AGUA","UN    ","CR","317,51"]
[60,"ADAPTADOR PVC, COM REGISTRO, PARA PEAD, 20 MM X 3/4\", PARA LIGACAO PREDIAL DE AGUA","UN    ","AS","5,02"]
[72,"ADAPTADOR PVC, ROSCAVEL, COM FLANGES E ANEL DE VEDACAO, 1 1/2\", PARA CAIXA D'AGUA","UN    ","CR","55,46"]
[67,"ADAPTADOR PVC, ROSCAVEL, COM FLANGES E ANEL DE VEDACAO, 1/2\", PARA CAIXA D' AGUA","UN    ","CR","17,93"]
[71,"ADAPTADOR PVC, ROSCAVEL, COM FLANGES E ANEL DE VEDACAO, 1\", PARA CAIXA D' AGUA","UN    ","CR","34,25"]
[73,"ADAPTADOR PVC, ROSCAVEL, COM FLANGES E ANEL DE VEDACAO, 3/4\", PARA CAIXA D' AGUA","UN    ","CR","17,16"]
[46,"ADAPTADOR, PVC PBA,  BOLSA/ROSCA, JE, DN 75 / DE  85 MM","UN    ","AS","38,06"]
[47,"ADAPTADOR, PVC PBA, BOLSA/ROSCA, JE, DN 100 / DE 110 MM","UN    ","AS","65,07"]
[48,"ADAPTADOR, PVC PBA, BOLSA/ROSCA, JE, DN 50 / DE 60 MM","UN    ","AS","16,97"]
[52,"ADAPTADOR, PVC PBA, PONTA/ROSCA, JE, DN 50 / DE  60 MM","UN    ","AS","12,89"]
[43,"ADAPTADOR, PVC PBA, PONTA/ROSCA, JE, DN 75 / DE  85 MM","UN    ","AS","43,52"]
[39719,"ADESIVO / COLA DE CONTATO LIQUIDO, A BASE DE RESINAS, PARA COLAGEM DE ESPUMA PARA ISOLAMENTO TERMICO FLEXIVEL","L     ","CR","150,11"]
[3410,"ADESIVO / COLA PARA EPS (ISOPOR) E OUTROS MATERIAIS","KG    ","CR","33,76"]
[4791,"ADESIVO ACRILICO DE BASE AQUOSA / COLA DE CONTATO","KG    ","CR","42,99"]
[157,"ADESIVO ESTRUTURAL A BASE DE RESINA EPOXI PARA INJECAO EM TRINCAS, BICOMPONENTE, BAIXA VISCOSIDADE","KG    ","CR","157,36"]
[156,"ADESIVO ESTRUTURAL A BASE DE RESINA EPOXI, BICOMPONENTE, FLUIDO","KG    ","CR","56,03"]
[131,"ADESIVO ESTRUTURAL A BASE DE RESINA EPOXI, BICOMPONENTE, PASTOSO (TIXOTROPICO)","KG    ","CR","47,92"]
[21114,"ADESIVO PARA TUBOS CPVC, *75* G","UN    ","CR","29,59"]
[119,"ADESIVO PLASTICO PARA PVC, BISNAGA COM 75 GR","UN    ","C ","7,50"]
[122,"ADESIVO PLASTICO PARA PVC, FRASCO COM *850* GR","UN    ","CR","57,70"]
[20080,"ADESIVO PLASTICO PARA PVC, FRASCO COM 175 GR","UN    ","CR","18,83"]
[124,"ADITIVO ACELERADOR DE PEGA E ENDURECIMENTO PARA ARGAMASSAS E CONCRETOS, LIQUIDO E ISENTO DE CLORETOS","L     ","CR","18,48"]
[7334,"ADITIVO ADESIVO LIQUIDO PARA ARGAMASSAS DE REVESTIMENTOS CIMENTICIOS","L     ","CR","16,08"]
[123,"ADITIVO IMPERMEABILIZANTE DE PEGA NORMAL PARA ARGAMASSAS E CONCRETOS SEM ARMACAO, LIQUIDO E ISENTO DE CLORETOS","L     ","C ","7,56"]
[127,"ADITIVO IMPERMEABILIZANTE DE PEGA ULTRARRAPIDA, LIQUIDO E ISENTO DE CLORETOS","L     ","CR","18,05"]
[41373,"ADITIVO LIQUIDO IMPERMEABILIZANTE CRISTALIZANTE","L     ","CR","25,15"]
[133,"ADITIVO LIQUIDO INCORPORADOR DE AR PARA CONCRETO E ARGAMASSA, LIQUIDO E ISENTO DE CLORETOS","L     ","CR","7,49"]
[43617,"ADITIVO PLASTIFICANTE E ESTABILIZADOR PARA ARGAMASSAS DE ASSENTAMENTO E REBOCO, LIQUIDO E ISENTO DE CLORETOS","L     ","CR","8,37"]
[132,"ADITIVO PLASTIFICANTE RETARDADOR DE PEGA E REDUTOR DE AGUA PARA CONCRETO, LIQUIDO E ISENTO DE CLORETOS","L     ","CR","7,77"]
[43618,"ADITIVO SUPERPLASTIFICANTE DE PEGA NORMAL PARA CONCRETO, LIQUIDO E ISENTO DE CLORETOS","KG    ","CR","19,56"]
[37476,"ADUELA/ GALERIA PRE-MOLDADA DE CONCRETO ARMADO, SECAO QUADRADA INTERNA DE 1,50 X 1,50 M (L X A), MISULA DE 20 X 20 CM, C = 1,00 M, ESPESSURA MIN = 15 CM, TB-45 E FCK DO CONCRETO = 30 MPA","UN    ","CR","2.911,76"]
[37478,"ADUELA/ GALERIA PRE-MOLDADA DE CONCRETO ARMADO, SECAO RETANGULAR INTERNA DE 2,00 X 2,00 M (L X A), MISULA DE 20 X 20 CM, C = 1,00 M, ESPESSURA MIN = 15 CM, TB-45 E FCK DO CONCRETO = 30 MPA","UN    ","CR","3.647,05"]
[37477,"ADUELA/ GALERIA PRE-MOLDADA DE CONCRETO ARMADO, SECAO RETANGULAR INTERNA DE 2,50 X 2,50 M (L X A), MISULA DE 20 X 20 CM, C = 1,00 M, ESPESSURA MIN = 15 CM, TB-45 E FCK DO CONCRETO = 30 MPA","UN    ","CR","4.941,17"]
[37479,"ADUELA/ GALERIA PRE-MOLDADA DE CONCRETO ARMADO, SECAO RETANGULAR INTERNA DE 3,00 X 3,00 M (L X A), MISULA DE 20 X 20 CM, C = 1.00 M, ESPESSURA MIN = 20 CM, TB-45 E FCK DO CONCRETO = 30 MPA","UN    ","CR","5.860,29"]
[4319,"AFASTADOR PARA TELHA DE FIBROCIMENTO CANALETE 90 OU KALHETAO","UN    ","CR","1,44"]
[42409,"AGENTE DE CURA, PROTETOR DA EVAPORACAO DA AGUA DE HIDRATACAO DO CONCRETO","KG    ","CR","12,32"]
[40553,"AGREGADO RECICLADO, TIPO RACHAO RECICLADO CINZA, CLASSE A","M3    ","AS","52,50"]
[6114,"AJUDANTE DE ARMADOR (HORISTA)","H     ","CR","15,06"]
[40912,"AJUDANTE DE ARMADOR (MENSALISTA)","MES   ","CR","2.627,68"]
[247,"AJUDANTE DE ELETRICISTA (HORISTA)","H     ","CR","14,24"]
[40919,"AJUDANTE DE ELETRICISTA (MENSALISTA)","MES   ","CR","2.487,85"]
[40984,"AJUDANTE DE ESTRUTURAS METALICAS (MENSALISTA)","MES   ","CR","3.125,55"]
[44499,"AJUDANTE DE ESTRUTURAS METALICAS HORISTA","H     ","CR","17,91"]
[248,"AJUDANTE DE OPERACAO EM GERAL (HORISTA)","H     ","CR","17,59"]
[41086,"AJUDANTE DE OPERACAO EM GERAL (MENSALISTA)","MES   ","CR","3.072,39"]
[34466,"AJUDANTE DE PINTOR (HORISTA)","H     ","CR","15,03"]
[41083,"AJUDANTE DE PINTOR (MENSALISTA)","MES   ","CR","2.627,12"]
[252,"AJUDANTE DE SERRALHEIRO (HORISTA)","H     ","CR","17,59"]
[40909,"AJUDANTE DE SERRALHEIRO (MENSALISTA)","MES   ","CR","3.072,39"]
[242,"AJUDANTE ESPECIALIZADO (HORISTA)","H     ","CR","17,57"]
[41085,"AJUDANTE ESPECIALIZADO (MENSALISTA)","MES   ","CR","3.065,68"]
[427,"ALCA PREFORMADA DE CONTRA POSTE, EM ACO GALVANIZADO, PARA CABO 3/16\", COMPRIMENTO *860* MM","UN    ","AS","6,31"]
[417,"ALCA PREFORMADA DE DISTRIBUICAO, EM ACO GALVANIZADO, PARA CABO DE ALUMINIO DIAMETRO 16 A 25 MM","UN    ","AS","2,97"]
[11273,"ALCA PREFORMADA DE DISTRIBUICAO, EM ACO GALVANIZADO, PARA CONDUTORES DE ALUMINIO AWG 1/0 (CAA 6/1 OU CA 7 FIOS)","UN    ","AS","9,22"]
[11272,"ALCA PREFORMADA DE DISTRIBUICAO, EM ACO GALVANIZADO, PARA CONDUTORES DE ALUMINIO AWG 2 (CAA 6/1 OU CA 7 FIOS)","UN    ","AS","5,57"]
[11275,"ALCA PREFORMADA DE SERVICO, EM ACO GALVANIZADO, PARA CONDUTORES DE ALUMINIO AWG 4 (CAA 6/1)","UN    ","AS","2,23"]
[11274,"ALCA PREFORMADA DE SERVICO, EM ACO GALVANIZADO, PARA CONDUTORES DE ALUMINIO AWG 6 (CAA 6/1)","UN    ","AS","1,70"]
[38470,"ALICATE DE CORTE DIAGONAL 6 \" COM ISOLAMENTO","UN    ","C ","42,00"]
[38547,"ALICATE DE CRIMPAR RJ11, RJ12 E RJ45","UN    ","CR","114,61"]
[38469,"ALICATE DE PRESSAO PARA SOLDA DE CHAPA 18 \"","UN    ","CR","123,24"]
[38467,"ALICATE DE PRESSAO 11 \" PARA SOLDA, TIPO C","UN    ","CR","69,34"]
[38468,"ALICATE DE PRESSAO 11 \" PARA SOLDA, TIPO U","UN    ","CR","76,30"]
[38471,"ALICATE PARA ANEIS DE PISTAO, CAPACIDADE 50 A 100 MM","UN    ","CR","99,09"]
[37370,"ALIMENTACAO - HORISTA (COLETADO CAIXA - ENCARGOS COMPLEMENTARES)","H     ","C ","2,28"]
[40862,"ALIMENTACAO - MENSALISTA (COLETADO CAIXA - ENCARGOS COMPLEMENTARES)","MES   ","C ","429,36"]
[10658,"ALISADORA DE CONCRETO COM MOTOR A GASOLINA DE 5,5 HP, PESO COM MOTOR DE 78 KG, 4 PAS","UN    ","AS","7.359,00"]
[253,"ALMOXARIFE (HORISTA)","H     ","C ","20,03"]
[40809,"ALMOXARIFE (MENSALISTA)","MES   ","CR","3.495,42"]
[42428,"ALONGADOR COM TRES ALTURAS, EM TUBO DE ACO CARBONO, PINTURA NO PROCESSO ELETROSTATICO - EQUIPAMENTO DE GINASTICA PARA ACADEMIA AO AR LIVRE / ACADEMIA DA TERCEIRA IDADE - ATI","UN    ","AS","2.271,00"]
[301,"ANEL BORRACHA PARA TUBO ESGOTO PREDIAL, DN 100 MM (NBR 5688)","UN    ","C ","4,00"]
[296,"ANEL BORRACHA PARA TUBO ESGOTO PREDIAL, DN 50 MM (NBR 5688)","UN    ","CR","2,26"]
[297,"ANEL BORRACHA PARA TUBO ESGOTO PREDIAL, DN 75 MM (NBR 5688)","UN    ","CR","3,32"]
[299,"ANEL BORRACHA, DN 100 MM, PARA TUBO SERIE REFORCADA ESGOTO PREDIAL","UN    ","CR","4,69"]
[300,"ANEL BORRACHA, DN 150 MM, PARA TUBO SERIE REFORCADA ESGOTO PREDIAL","UN    ","CR","16,24"]
[20085,"ANEL BORRACHA, DN 50 MM, PARA TUBO SERIE REFORCADA ESGOTO PREDIAL","UN    ","CR","2,97"]
[298,"ANEL BORRACHA, DN 75 MM, PARA TUBO SERIE REFORCADA ESGOTO PREDIAL","UN    ","CR","3,61"]
[311,"ANEL BORRACHA, PARA TUBO PVC DEFOFO, DN 100 MM (NBR 7665)","UN    ","CR","13,39"]
[318,"ANEL BORRACHA, PARA TUBO PVC DEFOFO, DN 150 MM (NBR 7665)","UN    ","CR","26,97"]
[319,"ANEL BORRACHA, PARA TUBO PVC DEFOFO, DN 200 MM (NBR 7665)","UN    ","CR","42,28"]
[303,"ANEL BORRACHA, PARA TUBO PVC, REDE COLETOR ESGOTO, DN 100 MM (NBR 7362)","UN    ","CR","4,43"]
[305,"ANEL BORRACHA, PARA TUBO PVC, REDE COLETOR ESGOTO, DN 150 MM (NBR 7362)","UN    ","CR","13,94"]
[306,"ANEL BORRACHA, PARA TUBO PVC, REDE COLETOR ESGOTO, DN 200 MM (NBR 7362)","UN    ","CR","21,14"]
[307,"ANEL BORRACHA, PARA TUBO PVC, REDE COLETOR ESGOTO, DN 250 MM (NBR 7362)","UN    ","CR","53,41"]
[309,"ANEL BORRACHA, PARA TUBO PVC, REDE COLETOR ESGOTO, DN 350 MM (NBR 7362)","UN    ","CR","87,49"]
[310,"ANEL BORRACHA, PARA TUBO PVC, REDE COLETOR ESGOTO, DN 400 MM (NBR 7362)","UN    ","CR","121,26"]
[328,"ANEL BORRACHA, PARA TUBO/CONEXAO PVC PBA, DN 100 MM, PARA REDE AGUA","UN    ","CR","10,60"]
[325,"ANEL BORRACHA, PARA TUBO/CONEXAO PVC PBA, DN 50 MM, PARA REDE AGUA","UN    ","CR","3,13"]
[20326,"ANEL BORRACHA, PARA TUBO/CONEXAO PVC PBA, DN 60 MM, PARA REDE AGUA","UN    ","CR","5,72"]
[329,"ANEL BORRACHA, PARA TUBO/CONEXAO PVC PBA, DN 75 MM, PARA REDE AGUA","UN    ","CR","8,86"]
[308,"ANEL BORRACHA, PARA TUBO, PVC REDE COLETOR ESGOTO, DN 300 MM (NBR 7362)","UN    ","CR","119,21"]
[39642,"ANEL DE BORRACHA PARA VEDACAO DE DUTO PEAD CORRUGADO PARA ELETRICA, DN 1 1/2\" (NBR 15715)","UN    ","CR","3,93"]
[39641,"ANEL DE BORRACHA PARA VEDACAO DE DUTO PEAD CORRUGADO PARA ELETRICA, DN 1 1/4\" (NBR 15715)","UN    ","CR","3,45"]
[39643,"ANEL DE BORRACHA PARA VEDACAO DE DUTO PEAD CORRUGADO PARA ELETRICA, DN 2\" (NBR 15715)","UN    ","CR","4,61"]
[39644,"ANEL DE BORRACHA PARA VEDACAO DE DUTO PEAD CORRUGADO PARA ELETRICA, DN 3\" (NBR 15715)","UN    ","CR","7,15"]
[39645,"ANEL DE BORRACHA PARA VEDACAO DE DUTO PEAD CORRUGADO PARA ELETRICA, DN 4\" (NBR 15715)","UN    ","CR","7,84"]
[41610,"ANEL DE CONCRETO ARMADO COM FUNDO, PARA FOSSA E POCO 1,50 X *0,50* M","UN    ","CR","540,20"]
[41611,"ANEL DE CONCRETO ARMADO COM FUNDO, PARA FOSSA E POCO 2,00 X *0,50* M","UN    ","CR","851,47"]
[41612,"ANEL DE CONCRETO ARMADO COM FUNDO, PARA FOSSA E POCO 2,50 X *0,50* M","UN    ","CR","1.195,58"]
[41637,"ANEL DE CONCRETO ARMADO, COM FUROS/DRENO PARA SUMIDOURO, D = 0,80 M, H = 0,50 M","UN    ","CR","111,76"]
[41638,"ANEL DE CONCRETO ARMADO, COM FUROS/DRENO PARA SUMIDOURO, D = 1,00 M, H = 0,50M","UN    ","CR","145,58"]
[41639,"ANEL DE CONCRETO ARMADO, COM FUROS/DRENO PARA SUMIDOURO, D = 1,50 M, H = 0,50 M","UN    ","CR","352,20"]
[11789,"ANEL DE DISTRIBUICAO EM ACO GALVANIZADO PARA FIO FE-160","UN    ","AS","0,84"]
[20975,"ANEL DE EXPANSAO EM COBRE, ENGATE RAPIDO 1 1/2\", PARA EMPATACAO MANGUEIRA DE COMBATE A INCENDIO PREDIAL","UN    ","CR","17,17"]
[20976,"ANEL DE EXPANSAO EM COBRE, ENGATE RAPIDO 2 1/2\", PARA EMPATACAO MANGUEIRA DE COMBATE A INCENDIO PREDIAL","UN    ","CR","25,95"]
[40340,"ANEL DE VEDACAO/JUNTA ELASTICA, H = *16* MM, PARA TUBO DE CONCRETO, DN 300 MM","UN    ","CR","29,42"]
[40341,"ANEL DE VEDACAO/JUNTA ELASTICA, H = *16* MM, PARA TUBO DE CONCRETO, DN 400 MM","UN    ","CR","35,12"]
[40342,"ANEL DE VEDACAO/JUNTA ELASTICA, H = *16* MM, PARA TUBO DE CONCRETO, DN 500 MM","UN    ","CR","41,88"]
[40343,"ANEL DE VEDACAO/JUNTA ELASTICA, H = *16* MM, PARA TUBO DE CONCRETO, DN 600 MM","UN    ","CR","49,68"]
[40344,"ANEL DE VEDACAO/JUNTA ELASTICA, H = *18* MM, PARA TUBO DE CONCRETO, DN 700 MM","UN    ","CR","67,72"]
[40345,"ANEL DE VEDACAO/JUNTA ELASTICA, H = *19* MM, PARA TUBO DE CONCRETO, DN 800 MM","UN    ","CR","83,45"]
[40346,"ANEL DE VEDACAO/JUNTA ELASTICA, H = *19* MM, PARA TUBO DE CONCRETO, DN 900 MM","UN    ","CR","96,80"]
[40347,"ANEL DE VEDACAO/JUNTA ELASTICA, H = *21* MM, PARA TUBO DE CONCRETO, DN 1000 MM","UN    ","CR","121,62"]
[6138,"ANEL DE VEDACAO, PVC FLEXIVEL, 100 MM, PARA SAIDA DE BACIA / VASO SANITARIO","UN    ","CR","11,83"]
[43424,"ANEL EM CONCRETO ARMADO, LISO,  PARA FOSSAS SEPTICAS E SUMIDOUROS, COM FUNDO, DIAMETRO INTERNO DE 1,20 M E ALTURA DE 0,50 M","UN    ","CR","452,60"]
[43426,"ANEL EM CONCRETO ARMADO, LISO, PARA FOSSAS SEPTICAS E SUMIDOUROS, COM FUNDO, DIAMETRO INTERNO DE 3,00 M E ALTURA DE 0,50 M","UN    ","CR","1.561,02"]
[12565,"ANEL EM CONCRETO ARMADO, LISO, PARA FOSSAS SEPTICAS E SUMIDOUROS, SEM FUNDO, DIAMETRO INTERNO DE 2,00 M E ALTURA DE 0,50 M","UN    ","CR","547,43"]
[12567,"ANEL EM CONCRETO ARMADO, LISO, PARA FOSSAS SEPTICAS E SUMIDOUROS, SEM FUNDO, DIAMETRO INTERNO DE 2,50 M E ALTURA DE 0,50 M","UN    ","CR","735,29"]
[12568,"ANEL EM CONCRETO ARMADO, LISO, PARA FOSSAS SEPTICAS E SUMIDOUROS, SEM FUNDO, DIAMETRO INTERNO DE 3,00 M E ALTURA DE 0,50 M","UN    ","CR","1.029,41"]
[43441,"ANEL EM CONCRETO ARMADO, LISO, PARA POCOS DE INSPECAO, COM FUNDO, DIAMETRO INTERNO DE 0,60 M E ALTURA DE 0,50 M","UN    ","CR","132,35"]
[43423,"ANEL EM CONCRETO ARMADO, LISO, PARA POCOS DE INSPECAO, SEM FUNDO, DIAMETRO INTERNO DE 0,60 M E ALTURA DE 0,20 M","UN    ","CR","61,76"]
[12532,"ANEL EM CONCRETO ARMADO, LISO, PARA POCOS DE INSPECAO, SEM FUNDO, DIAMETRO INTERNO DE 0,60 M E ALTURA DE 0,50 M","UN    ","CR","95,25"]
[43444,"ANEL EM CONCRETO ARMADO, LISO, PARA POCOS DE VISITA, POCOS DE INSPECAO, FOSSAS SEPTICAS E SUMIDOUROS, COM FUNDO, DIAMETRO INTERNO DE 1,20 M E ALTURA DE 0,75 M","UN    ","CR","319,85"]
[12551,"ANEL EM CONCRETO ARMADO, LISO, PARA POCOS DE VISITA, POCOS DE INSPECAO, FOSSAS SEPTICAS E SUMIDOUROS, SEM FUNDO, DIAMETRO INTERNO DE 1,20 M E ALTURA DE 0,50 M","UN    ","CR","228,20"]
[43442,"ANEL EM CONCRETO ARMADO, LISO, PARA POCOS DE VISITAS, POCOS DE INSPECAO, FOSSAS SEPTICAS E SUMIDOUROS, COM FUNDO, DIAMETRO INTERNO DE 0,80 M E ALTURA DE 0,50 M","UN    ","CR","176,47"]
[43443,"ANEL EM CONCRETO ARMADO, LISO, PARA POCOS DE VISITAS, POCOS DE INSPECAO, FOSSAS SEPTICAS E SUMIDOUROS, COM FUNDO, DIAMETRO INTERNO DE 1,00 M E ALTURA DE 0,50 M","UN    ","CR","231,61"]
[12544,"ANEL EM CONCRETO ARMADO, LISO, PARA POCOS DE VISITAS, POCOS DE INSPECAO, FOSSAS SEPTICAS E SUMIDOUROS, SEM FUNDO, DIAMETRO INTERNO DE 0,80 M E ALTURA DE 0,50 M","UN    ","CR","124,99"]
[12547,"ANEL EM CONCRETO ARMADO, LISO, PARA POCOS DE VISITAS, POCOS DE INSPECAO, FOSSAS SEPTICAS E SUMIDOUROS, SEM FUNDO, DIAMETRO INTERNO DE 1,00 M E ALTURA DE 0,50 M","UN    ","CR","168,11"]
[43445,"ANEL EM CONCRETO ARMADO, LISO, PARA, POCOS DE VISITA, POCOS DE INSPECAO, FOSSAS SEPTICAS E SUMIDOUROS, COM FUNDO, DIAMETRO INTERNO DE 1,50 M E ALTURA DE 1,00 M","UN    ","CR","441,17"]
[12563,"ANEL EM CONCRETO ARMADO, LISO, PARA, POCOS DE VISITA, POCOS DE INSPECAO, FOSSAS SEPTICAS E SUMIDOUROS, SEM FUNDO, DIAMETRO INTERNO DE 1,50 M E ALTURA DE 0,50 M","UN    ","CR","315,64"]
[43425,"ANEL EM CONCRETO ARMADO, PERFURADO,  PARA FOSSAS SEPTICAS E SUMIDOUROS, SEM FUNDO, DIAMETRO INTERNO DE 1,20 M E ALTURA DE 0,50 M","UN    ","CR","198,52"]
[43446,"ANEL EM CONCRETO ARMADO, PERFURADO, PARA FOSSAS SEPTICAS E SUMIDOUROS, SEM FUNDO, DIAMETRO INTERNO DE 2,00 M E ALTURA DE 0,50 M","UN    ","CR","419,11"]
[43447,"ANEL EM CONCRETO ARMADO, PERFURADO, PARA FOSSAS SEPTICAS E SUMIDOUROS, SEM FUNDO, DIAMETRO INTERNO DE 2,50 M E ALTURA DE 0,50 M","UN    ","CR","514,70"]
[43448,"ANEL EM CONCRETO ARMADO, PERFURADO, PARA FOSSAS SEPTICAS E SUMIDOUROS, SEM FUNDO, DIAMETRO INTERNO DE 3,00 M E ALTURA DE 0,50 M","UN    ","CR","720,58"]
[13761,"APARELHO CORTE OXI-ACETILENO PARA SOLDA E CORTE CONTENDO MACARICO SOLDA, BICO DE CORTE, CILINDROS, REGULADORES, MANGUEIRAS E CARRINHO","UN    ","CR","2.278,83"]
[4814,"APARELHO SINALIZADOR LUMINOSO COM LED, PARA SAIDA GARAGEM, COM 2 LENTES EM POLICARBONATO, BIVOLT (INCLUI SUPORTE DE FIXACAO)","UN    ","CR","99,49"]
[44473,"APOIO DO PORTA DENTE PARA FRESADORA DE  ASFALTO","UN    ","AS","2.643,01"]
[6122,"APONTADOR OU APROPRIADOR DE MAO DE OBRA (HORISTA)","H     ","CR","20,03"]
[40810,"APONTADOR OU APROPRIADOR DE MAO DE OBRA (MENSALISTA)","MES   ","CR","3.495,42"]
[21100,"AQUECEDOR DE AGUA A GAS GLP/GN COM CAPACIDADE DE ARMAZENAMENTO DE 50 A 80 L","UN    ","AS","3.845,10"]
[11816,"AQUECEDOR DE AGUA ELETRICO  RESERVATORIO DE 100 L CILINDRICO EM COBRE, REFORCADO COM ACO CARBONO, MONOFASICO, TENSAO NOMINAL 220 V","UN    ","AS","4.100,00"]
[11814,"AQUECEDOR DE AGUA ELETRICO  RESERVATORIO DE 500 L CILINDRICO EM COBRE, REFORCADO COM ACO CARBONO, MONOFASICO, TENSAO NOMINAL 220 V","UN    ","AS","8.924,67"]
[14186,"AQUECEDOR DE AGUA ELETRICO  RESERVATORIO DE 500 L CILINDRICO EM COBRE, REFORCADO COM ACO CARBONO, TRIFASICO, TENSAO NOMINAL 220/380/400 V, POTENCIA 24 KW","UN    ","AS","11.206,13"]
[14185,"AQUECEDOR DE AGUA ELETRICO  RESERVATORIO DE 700 L CILINDRICO EM COBRE, REFORCADO COM ACO CARBONO, MONOFASICO, TENSAO NOMINAL 220 V","UN    ","AS","14.516,30"]
[11811,"AQUECEDOR DE AGUA ELETRICO HORIZONTAL, RESERVATORIO DE 200 L CILINDRICO EM COBRE, REFORCADO COM ACO CARBONO, MONOFASICO, TENSAO NOMINAL 220 V","UN    ","AS","5.550,48"]
[44498,"AQUECEDOR DE OLEO BPF (FLUIDO) TERMICO, CAPACIDADE DE 300.000  KCAL/H","UN    ","AS","318.204,48"]
[34469,"AQUECEDOR SOLAR COM RESERVATORIO TERMICO DE 1000 L E *5* PLACAS COLETORAS DE *2,0* M2 (NAO INCLUI ACESSORIOS) (SEM INSTALACAO)","UN    ","AS","10.372,16"]
[34476,"AQUECEDOR SOLAR COM RESERVATORIO TERMICO DE 400 L E *2* PLACAS COLETORAS DE *2,0* M2 (NAO INCLUI ACESSORIOS) (SEM INSTALACAO)","UN    ","AS","5.409,52"]
[34477,"AQUECEDOR SOLAR COM RESERVATORIO TERMICO DE 600 L E *3* PLACAS COLETORAS DE *2,0* M2 (NAO INCLUI ACESSORIOS) (SEM INSTALACAO)","UN    ","AS","7.179,48"]
[34482,"AQUECEDOR SOLAR COM RESERVATORIO TERMICO DE 800 L E *4* PLACAS COLETORAS DE *2,0* M2 (NAO INCLUI ACESSORIOS) (SEM INSTALACAO)","UN    ","AS","6.705,24"]
[34472,"AQUECEDOR SOLAR DE INSTALACAO EXTERNA, KIT COMPACTO, CONJUNTO COM RESERVATORIO TERMICO DE 200 L, PLACA COLETORA DE *2,0* M2 E INCLUSO ACESSORIOS (RESIDENCIAS ATE 120,00 M2 E DE 4 A 5 BANHOS POR DIA) (SEM INSTALACAO)","UN    ","AS","3.191,19"]
[42425,"AR CONDICIONADO SPLIT INVERTER, HI-WALL (PAREDE), 12000 BTU/H, CICLO FRIO, 60HZ, CLASSIFICACAO A (SELO PROCEL), GAS HFC, CONTROLE S/FIO","UN    ","CR","2.222,25"]
[42422,"AR CONDICIONADO SPLIT INVERTER, HI-WALL (PAREDE), 18000 BTU/H, CICLO FRIO, 60HZ, CLASSIFICACAO A (SELO PROCEL), GAS HFC, CONTROLE S/FIO","UN    ","C ","3.299,00"]
[43184,"AR CONDICIONADO SPLIT INVERTER, HI-WALL (PAREDE), 24000 BTU/H, CICLO FRIO, 60HZ, CLASSIFICACAO A (SELO PROCEL), GAS HFC, CONTROLE S/FIO","UN    ","CR","4.559,53"]
[42424,"AR CONDICIONADO SPLIT INVERTER, HI-WALL (PAREDE), 9000 BTU/H, CICLO FRIO, 60HZ, CLASSIFICACAO A (SELO PROCEL), GAS HFC, CONTROLE S/FIO","UN    ","CR","1.984,66"]
[42421,"AR CONDICIONADO SPLIT INVERTER, PISO TETO, APRESENTANDO ENTRE 54000 E 58000 BTU/H, CICLO FRIO, 60HZ, CLASSIFICACAO ENERGETICA A OU B (SELO PROCEL), GAS HFC, CONTROLE S/FIO","UN    ","CR","18.070,11"]
[42416,"AR CONDICIONADO SPLIT INVERTER, PISO TETO, 18000 BTU/H, CICLO FRIO, 60HZ, CLASSIFICACAO ENERGETICA A OU B (SELO PROCEL), GAS HFC, CONTROLE S/FIO","UN    ","CR","8.555,64"]
[42417,"AR CONDICIONADO SPLIT INVERTER, PISO TETO, 24000 BTU/H, CICLO FRIO, 60HZ, CLASSIFICACAO ENERGETICA A OU B (SELO PROCEL), GAS HFC, CONTROLE S/FIO","UN    ","CR","9.591,57"]
[42419,"AR CONDICIONADO SPLIT INVERTER, PISO TETO, 36000 BTU/H, CICLO FRIO, 60HZ, CLASSIFICACAO ENERGETICA A OU B (SELO PROCEL), GAS HFC, CONTROLE S/FIO","UN    ","CR","10.836,44"]
[42420,"AR CONDICIONADO SPLIT INVERTER, PISO TETO, 48000 BTU/H, CICLO FRIO, 60HZ, CLASSIFICACAO ENERGETICA A OU B (SELO PROCEL), GAS HFC, CONTROLE S/FIO","UN    ","CR","14.893,89"]
[43195,"AR CONDICIONADO SPLIT ON/OFF, CASSETE (TETO), FRIO 4 VIAS 18000 BTUS/H, CLASSIFICACAO ENERGETICA C - SELO PROCEL, GAS HFC, CONTROLE S/ FIO","UN    ","CR","5.244,35"]
[43196,"AR CONDICIONADO SPLIT ON/OFF, CASSETE (TETO), FRIO 4 VIAS 24000 BTUS/H, CLASSIFICACAO ENERGETICA C - SELO PROCEL, GAS HFC, CONTROLE S/ FIO","UN    ","CR","6.499,62"]
[43198,"AR CONDICIONADO SPLIT ON/OFF, CASSETE (TETO), FRIO 4 VIAS 36000 BTUS/H, CLASSIFICACAO ENERGETICA C - SELO PROCEL, GAS HFC, CONTROLE S/ FIO","UN    ","CR","9.658,28"]
[43199,"AR CONDICIONADO SPLIT ON/OFF, CASSETE (TETO), FRIO 4 VIAS 48000 BTUS/H, CLASSIFICACAO ENERGETICA C - SELO PROCEL, GAS HFC, CONTROLE S/ FIO","UN    ","CR","10.012,19"]
[43200,"AR CONDICIONADO SPLIT ON/OFF, CASSETE (TETO), FRIO 4 VIAS 60000 BTUS/H, CLASSIFICACAO ENERGETICA C - SELO PROCEL, GAS HFC, CONTROLE S/ FIO","UN    ","CR","11.489,72"]
[39556,"AR CONDICIONADO SPLIT ON/OFF, CASSETE (TETO), 18000 BTUS/H, CICLO QUENTE/FRIO, 60 HZ, CLASSIFICACAO ENERGETICA C - SELO PROCEL, GAS HFC, CONTROLE S/ FIO","UN    ","CR","6.275,34"]
[39557,"AR CONDICIONADO SPLIT ON/OFF, CASSETE (TETO), 24000 BTUS/H, CICLO QUENTE/FRIO, 60 HZ, CLASSIFICACAO ENERGETICA C - SELO PROCEL, GAS HFC, CONTROLE S/ FIO","UN    ","CR","6.757,18"]
[39559,"AR CONDICIONADO SPLIT ON/OFF, CASSETE (TETO), 36000 BTUS/H, CICLO QUENTE/FRIO, 60 HZ, CLASSIFICACAO ENERGETICA A - SELO PROCEL, GAS HFC, CONTROLE S/ FIO","UN    ","CR","9.985,81"]
[39560,"AR CONDICIONADO SPLIT ON/OFF, CASSETE (TETO), 48000 BTUS/H, CICLO QUENTE/FRIO, 60 HZ, CLASSIFICACAO ENERGETICA A - SELO PROCEL, GAS HFC, CONTROLE S/ FIO","UN    ","CR","11.552,60"]
[39561,"AR CONDICIONADO SPLIT ON/OFF, CASSETE (TETO), 60000 BTUS/H, CICLO QUENTE/FRIO, 60 HZ, CLASSIFICACAO ENERGETICA A - SELO PROCEL, GAS HFC, CONTROLE S/ FIO","UN    ","CR","12.085,50"]
[43190,"AR CONDICIONADO SPLIT ON/OFF, HI-WALL (PAREDE), 12000 BTUS/H, CICLO FRIO, 60 HZ, CLASSIFICACAO ENERGETICA A - SELO PROCEL, GAS HFC, CONTROLE S/ FIO","UN    ","CR","1.783,50"]
[39555,"AR CONDICIONADO SPLIT ON/OFF, HI-WALL (PAREDE), 12000 BTUS/H, CICLO QUENTE/FRIO, 60 HZ, CLASSIFICACAO ENERGETICA A - SELO PROCEL, GAS HFC, CONTROLE S/ FIO","UN    ","CR","1.929,29"]
[43191,"AR CONDICIONADO SPLIT ON/OFF, HI-WALL (PAREDE), 18000 BTUS/H, CICLO FRIO, 60 HZ, CLASSIFICACAO ENERGETICA A - SELO PROCEL, GAS HFC, CONTROLE S/ FIO","UN    ","CR","2.566,22"]
[39548,"AR CONDICIONADO SPLIT ON/OFF, HI-WALL (PAREDE), 18000 BTUS/H, CICLO QUENTE/FRIO, 60 HZ, CLASSIFICACAO ENERGETICA A - SELO PROCEL, GAS HFC, CONTROLE S/ FIO","UN    ","CR","2.861,73"]
[43192,"AR CONDICIONADO SPLIT ON/OFF, HI-WALL (PAREDE), 24000 BTUS/H, CICLO FRIO, 60 HZ, CLASSIFICACAO ENERGETICA A - SELO PROCEL, GAS HFC, CONTROLE S/ FIO","UN    ","CR","3.361,51"]
[39554,"AR CONDICIONADO SPLIT ON/OFF, HI-WALL (PAREDE), 24000 BTUS/H, CICLO QUENTE/FRIO, 60 HZ, CLASSIFICACAO ENERGETICA A - SELO PROCEL, GAS HFC, CONTROLE S/ FIO","UN    ","CR","3.784,21"]
[43194,"AR CONDICIONADO SPLIT ON/OFF, HI-WALL (PAREDE), 9000 BTUS/H, CICLO FRIO, 60 HZ, CLASSIFICACAO ENERGETICA A - SELO PROCEL, GAS HFC, CONTROLE S/ FIO","UN    ","CR","1.527,87"]
[39551,"AR CONDICIONADO SPLIT ON/OFF, HI-WALL (PAREDE), 9000 BTUS/H, CICLO QUENTE/FRIO, 60 HZ, CLASSIFICACAO ENERGETICA A - SELO PROCEL, GAS HFC, CONTROLE S/ FIO","UN    ","CR","1.682,35"]
[43185,"AR CONDICIONADO SPLIT ON/OFF, PISO TETO, 18.000 BTU/H, CICLO FRIO, 60HZ, CLASSIFICACAO ENERGETICA C - SELO PROCEL, GAS HFC, CONTROLE S/FIO","UN    ","CR","4.780,93"]
[43186,"AR CONDICIONADO SPLIT ON/OFF, PISO TETO, 24.000 BTU/H, CICLO FRIO, 60HZ, CLASSIFICACAO ENERGETICA C - SELO PROCEL, GAS HFC, CONTROLE S/FIO","UN    ","CR","5.042,92"]
[43187,"AR CONDICIONADO SPLIT ON/OFF, PISO TETO, 36.000 BTU/H, CICLO FRIO, 60HZ, CLASSIFICACAO ENERGETICA C - SELO PROCEL, GAS HFC, CONTROLE S/FIO","UN    ","CR","6.692,00"]
[43188,"AR CONDICIONADO SPLIT ON/OFF, PISO TETO, 48.000 BTU/H, CICLO FRIO, 60HZ, CLASSIFICACAO ENERGETICA C - SELO PROCEL, GAS HFC, CONTROLE S/FIO","UN    ","CR","8.108,25"]
[43189,"AR CONDICIONADO SPLIT ON/OFF, PISO TETO, 60.000 BTU/H, CICLO FRIO, 60HZ, CLASSIFICACAO ENERGETICA C - SELO PROCEL, GAS HFC, CONTROLE S/FIO","UN    ","CR","9.120,43"]
[39580,"AR-CONDICIONADO FRIO SPLITAO INVERTER 30 TR","UN    ","CR","71.872,74"]
[39577,"AR-CONDICIONADO FRIO SPLITAO MODULAR 10 TR","UN    ","CR","22.496,01"]
[39578,"AR-CONDICIONADO FRIO SPLITAO MODULAR 15 TR","UN    ","CR","29.031,55"]
[39579,"AR-CONDICIONADO FRIO SPLITAO MODULAR 20 TR","UN    ","CR","42.238,63"]
[39826,"AR-CONDICIONADO SPLIT INVERTER, PISO TETO, 24000 BTU/H, QUENTE/FRIO, 60HZ, CLASSIFICACAO ENERGETICA A - SELO PROCEL, GAS HFC, CONTROLE S/FIO","UN    ","CR","5.187,67"]
[10700,"ARADO REVERSIVEL COM 3 DISCOS DE 26\" X 6MM REBOCAVEL","UN    ","AS","25.092,38"]
[346,"ARAME DE ACO OVALADO 15 X 17 ( 45,7 KG, 700 KGF), ROLO 1000 M","KG    ","CR","29,72"]
[3312,"ARAME DE AMARRACAO PARA GABIAO GALVANIZADO, DIAMETRO 2,2 MM","KG    ","CR","26,32"]
[339,"ARAME FARPADO GALVANIZADO, 14 BWG (2,11 MM), CLASSE 250","M     ","CR","1,53"]
[340,"ARAME FARPADO GALVANIZADO, 16 BWG (1,65 MM), CLASSE 250","M     ","CR","1,38"]
[43130,"ARAME GALVANIZADO 12 BWG, D = 2,76 MM (0,048 KG/M) OU 14 BWG, D = 2,11 MM (0,026 KG/M)","KG    ","C ","25,09"]
[344,"ARAME GALVANIZADO 16 BWG, D = 1,65MM (0,0166 KG/M)","KG    ","CR","32,98"]
[345,"ARAME GALVANIZADO 18 BWG, D = 1,24MM (0,009 KG/M)","KG    ","CR","35,79"]
[43131,"ARAME GALVANIZADO 6 BWG, D = 5,16 MM (0,157 KG/M), OU 8 BWG, D = 4,19 MM (0,101 KG/M), OU 10 BWG, D = 3,40 MM (0,0713 KG/M)","KG    ","CR","29,14"]
[3313,"ARAME PROTEGIDO COM POLIMERO PARA GABIAO, DIAMETRO 2,2 MM","KG    ","CR","33,87"]
[43132,"ARAME RECOZIDO 16 BWG, D = 1,65 MM (0,016 KG/M) OU 18 BWG, D = 1,25 MM (0,01 KG/M)","KG    ","CR","25,09"]
[366,"AREIA FINA - POSTO JAZIDA/FORNECEDOR (RETIRADO NA JAZIDA, SEM TRANSPORTE)","M3    ","C ","130,00"]
[367,"AREIA GROSSA - POSTO JAZIDA/FORNECEDOR (RETIRADO NA JAZIDA, SEM TRANSPORTE)","M3    ","CR","131,69"]
[370,"AREIA MEDIA - POSTO JAZIDA/FORNECEDOR (RETIRADO NA JAZIDA, SEM TRANSPORTE)","M3    ","CR","130,00"]
[368,"AREIA PARA ATERRO - POSTO JAZIDA/FORNECEDOR (RETIRADO NA JAZIDA, SEM TRANSPORTE)","M3    ","CR","65,00"]
[11075,"AREIA PARA LEITO FILTRANTE (0,42 A 1,68 MM) - POSTO JAZIDA/FORNECEDOR (RETIRADO NA JAZIDA, SEM TRANSPORTE)","M3    ","CR","1.491,99"]
[1381,"ARGAMASSA COLANTE AC I PARA CERAMICAS","KG    ","C ","0,95"]
[34353,"ARGAMASSA COLANTE AC II","KG    ","CR","1,76"]
[37595,"ARGAMASSA COLANTE TIPO AC III","KG    ","CR","2,92"]
[37596,"ARGAMASSA COLANTE TIPO AC III E","KG    ","CR","3,35"]
[371,"ARGAMASSA INDUSTRIALIZADA MULTIUSO, PARA REVESTIMENTO INTERNO E EXTERNO E ASSENTAMENTO DE BLOCOS DIVERSOS","KG    ","CR","1,03"]
[37553,"ARGAMASSA INDUSTRIALIZADA PARA CHAPISCO COLANTE","KG    ","CR","1,94"]
[37552,"ARGAMASSA INDUSTRIALIZADA PARA CHAPISCO ROLADO","KG    ","CR","3,12"]
[36880,"ARGAMASSA PARA REVESTIMENTO DECORATIVO MONOCAMADA","KG    ","CR","3,17"]
[34355,"ARGAMASSA PISO SOBRE PISO","KG    ","CR","2,73"]
[130,"ARGAMASSA POLIMERICA DE REPARO ESTRUTURAL, BICOMPONENTE","KG    ","CR","4,31"]
[135,"ARGAMASSA POLIMERICA IMPERMEABILIZANTE SEMIFLEXIVEL, BICOMPONENTE, A BASE DE CIMENTO E ADITIVOS","KG    ","CR","3,46"]
[36886,"ARGAMASSA PRONTA PARA CONTRAPISO","KG    ","CR","0,98"]
[38546,"ARGAMASSA USINADA AUTOADENSAVEL E AUTONIVELANTE PARA CONTRAPISO, COM BOMBEAMENTO (DISPONIBILIZACAO DE BOMBA), SEM O LANCAMENTO","M3    ","CR","491,01"]
[34549,"ARGILA EXPANDIDA, GRANULOMETRIA 2215","M3    ","AS","730,33"]
[6081,"ARGILA OU BARRO PARA ATERRO/REATERRO (COM TRANSPORTE ATE 10 KM)","M3    ","AS","51,12"]
[6077,"ARGILA OU BARRO PARA ATERRO/REATERRO (RETIRADO NA JAZIDA, SEM TRANSPORTE)","M3    ","AS","36,51"]
[6079,"ARGILA, ARGILA VERMELHA OU ARGILA ARENOSA (RETIRADA NA JAZIDA, SEM TRANSPORTE)","M3    ","AS","36,51"]
[1091,"ARMACAO VERTICAL COM HASTE E CONTRA-PINO, EM CHAPA DE ACO GALVANIZADO 3/16\", COM 1 ESTRIBO E 1 ISOLADOR","UN    ","AS","25,12"]
[1094,"ARMACAO VERTICAL COM HASTE E CONTRA-PINO, EM CHAPA DE ACO GALVANIZADO 3/16\", COM 1 ESTRIBO, SEM ISOLADOR","UN    ","AS","17,57"]
[1095,"ARMACAO VERTICAL COM HASTE E CONTRA-PINO, EM CHAPA DE ACO GALVANIZADO 3/16\", COM 2 ESTRIBOS, E 2 ISOLADORES","UN    ","AS","37,35"]
[1092,"ARMACAO VERTICAL COM HASTE E CONTRA-PINO, EM CHAPA DE ACO GALVANIZADO 3/16\", COM 2 ESTRIBOS, SEM ISOLADOR","UN    ","AS","28,90"]
[1093,"ARMACAO VERTICAL COM HASTE E CONTRA-PINO, EM CHAPA DE ACO GALVANIZADO 3/16\", COM 3 ESTRIBOS E 3 ISOLADORES","UN    ","AS","67,49"]
[1090,"ARMACAO VERTICAL COM HASTE E CONTRA-PINO, EM CHAPA DE ACO GALVANIZADO 3/16\", COM 3 ESTRIBOS, SEM ISOLADOR","UN    ","AS","48,32"]
[1096,"ARMACAO VERTICAL COM HASTE E CONTRA-PINO, EM CHAPA DE ACO GALVANIZADO 3/16\", COM 4 ESTRIBOS E 4 ISOLADORES","UN    ","AS","86,96"]
[1097,"ARMACAO VERTICAL COM HASTE E CONTRA-PINO, EM CHAPA DE ACO GALVANIZADO 3/16\", COM 4 ESTRIBOS, SEM ISOLADOR","UN    ","AS","73,82"]
[378,"ARMADOR (HORISTA)","H     ","CR","20,03"]
[40911,"ARMADOR (MENSALISTA)","MES   ","CR","3.495,42"]
[33939,"ARQUITETO JUNIOR (HORISTA)","H     ","CR","107,94"]
[40815,"ARQUITETO JUNIOR (MENSALISTA)","MES   ","CR","18.829,08"]
[34760,"ARQUITETO PAISAGISTA","H     ","CR","87,55"]
[40935,"ARQUITETO PAISAGISTA (MENSALISTA)","MES   ","CR","15.275,52"]
[33952,"ARQUITETO PLENO (HORISTA)","H     ","CR","114,35"]
[40816,"ARQUITETO PLENO (MENSALISTA)","MES   ","CR","19.947,60"]
[33953,"ARQUITETO SENIOR (HORISTA)","H     ","CR","119,84"]
[40817,"ARQUITETO SENIOR (MENSALISTA)","MES   ","CR","20.905,73"]
[13348,"ARRUELA  EM ACO GALVANIZADO, DIAMETRO EXTERNO = 35MM, ESPESSURA = 3MM, DIAMETRO DO FURO= 18MM","UN    ","AS","1,79"]
[39211,"ARRUELA EM ALUMINIO, COM ROSCA, DE  1 1/4\", PARA ELETRODUTO","UN    ","CR","2,07"]
[39212,"ARRUELA EM ALUMINIO, COM ROSCA, DE 1 1/2\", PARA ELETRODUTO","UN    ","CR","2,30"]
[39208,"ARRUELA EM ALUMINIO, COM ROSCA, DE 1/2\", PARA ELETRODUTO","UN    ","CR","0,63"]
[39210,"ARRUELA EM ALUMINIO, COM ROSCA, DE 1\", PARA ELETRODUTO","UN    ","CR","1,16"]
[39214,"ARRUELA EM ALUMINIO, COM ROSCA, DE 2 1/2\", PARA ELETRODUTO","UN    ","CR","4,27"]
[39213,"ARRUELA EM ALUMINIO, COM ROSCA, DE 2\", PARA ELETRODUTO","UN    ","CR","3,02"]
[39209,"ARRUELA EM ALUMINIO, COM ROSCA, DE 3/4\", PARA ELETRODUTO","UN    ","CR","0,75"]
[39207,"ARRUELA EM ALUMINIO, COM ROSCA, DE 3/8\", PARA ELETRODUTO","UN    ","CR","1,16"]
[39215,"ARRUELA EM ALUMINIO, COM ROSCA, DE 3\", PARA ELETRODUTO","UN    ","CR","7,78"]
[39216,"ARRUELA EM ALUMINIO, COM ROSCA, DE 4\", PARA ELETRODUTO","UN    ","CR","10,85"]
[11267,"ARRUELA LISA, REDONDA, DE LATAO POLIDO, DIAMETRO NOMINAL 5/8\", DIAMETRO EXTERNO = 34 MM, DIAMETRO DO FURO = 17 MM, ESPESSURA = *2,5* MM","UN    ","AS","1,56"]
[379,"ARRUELA QUADRADA EM ACO GALVANIZADO, DIMENSAO = 38 MM, ESPESSURA = 3MM, DIAMETRO DO FURO= 18 MM","UN    ","AS","1,57"]
[510,"ASFALTO MODIFICADO TIPO I - NBR 9910 (ASFALTO OXIDADO PARA IMPERMEABILIZACAO, COEFICIENTE DE PENETRACAO 25-40)","KG    ","CR","14,90"]
[516,"ASFALTO MODIFICADO TIPO II - NBR 9910 (ASFALTO OXIDADO PARA IMPERMEABILIZACAO, COEFICIENTE DE PENETRACAO 20-35)","KG    ","CR","17,65"]
[509,"ASFALTO MODIFICADO TIPO III - NBR 9910 (ASFALTO OXIDADO PARA IMPERMEABILIZACAO, COEFICIENTE DE PENETRACAO 15-25)","KG    ","CR","19,81"]
[40331,"ASSENTADOR DE MANILHAS","H     ","CR","24,45"]
[40930,"ASSENTADOR DE MANILHAS (MENSALISTA)","MES   ","CR","4.267,87"]
[11761,"ASSENTO  VASO SANITARIO INFANTIL EM PLASTICO BRANCO","UN    ","CR","63,63"]
[377,"ASSENTO SANITARIO DE PLASTICO, TIPO CONVENCIONAL","UN    ","C ","29,90"]
[7588,"AUTOMATICO DE BOIA SUPERIOR / INFERIOR, *15* A / 250 V","UN    ","C ","54,95"]
[34392,"AUXILIAR DE ALMOXARIFE (HORISTA)","H     ","CR","15,03"]
[40908,"AUXILIAR DE ALMOXARIFE (MENSALISTA)","MES   ","CR","2.627,12"]
[34551,"AUXILIAR DE AZULEJISTA (HORISTA)","H     ","CR","15,06"]
[41078,"AUXILIAR DE AZULEJISTA (MENSALISTA)","MES   ","CR","2.627,68"]
[246,"AUXILIAR DE ENCANADOR OU BOMBEIRO HIDRAULICO (HORISTA)","H     ","CR","15,03"]
[40927,"AUXILIAR DE ENCANADOR OU BOMBEIRO HIDRAULICO (MENSALISTA)","MES   ","CR","2.627,12"]
[2350,"AUXILIAR DE ESCRITORIO (HORISTA)","H     ","CR","15,91"]
[40812,"AUXILIAR DE ESCRITORIO (MENSALISTA)","MES   ","CR","2.780,55"]
[245,"AUXILIAR DE LABORATORISTA DE SOLOS E DE CONCRETO (HORISTA)","H     ","CR","18,08"]
[41090,"AUXILIAR DE LABORATORISTA DE SOLOS E DE CONCRETO (MENSALISTA)","MES   ","CR","3.155,37"]
[251,"AUXILIAR DE MECANICO","H     ","CR","20,91"]
[40975,"AUXILIAR DE MECANICO (MENSALISTA)","MES   ","CR","3.649,23"]
[6127,"AUXILIAR DE PEDREIRO (HORISTA)","H     ","CR","15,06"]
[41072,"AUXILIAR DE PEDREIRO (MENSALISTA)","MES   ","CR","2.627,68"]
[6121,"AUXILIAR DE SERVICOS GERAIS","H     ","CR","15,08"]
[41071,"AUXILIAR DE SERVICOS GERAIS (MENSALISTA)","MES   ","CR","2.630,92"]
[244,"AUXILIAR DE TOPOGRAFO (HORISTA)","H     ","CR","12,48"]
[41093,"AUXILIAR DE TOPOGRAFO (MENSALISTA)","MES   ","CR","2.179,34"]
[532,"AUXILIAR TECNICO / ASSISTENTE DE ENGENHARIA (HORISTA)","H     ","CR","25,31"]
[40931,"AUXILIAR TECNICO / ASSISTENTE DE ENGENHARIA (MENSALISTA)","MES   ","CR","4.416,12"]
[36150,"AVENTAL DE SEGURANCA DE RASPA DE COURO 1,00 X 0,60 M","UN    ","CR","48,55"]
[4760,"AZULEJISTA OU LADRILHEIRO (HORISTA)","H     ","CR","20,03"]
[41069,"AZULEJISTA OU LADRILHEIRO (MENSALISTA)","MES   ","CR","3.495,42"]
[10422,"BACIA SANITARIA (VASO) COM CAIXA ACOPLADA, SIFAO APARENTE, DE LOUCA BRANCA (SEM ASSENTO)","UN    ","CR","364,31"]
[44019,"BACIA SANITARIA (VASO) COM CAIXA ACOPLADA, SIFAO OCULTO / CARENADO, DE LOUCA BRANCA (SEM ASSENTO ) - PADRAO ALTO","UN    ","CR","504,29"]
[36520,"BACIA SANITARIA (VASO) CONVENCIONAL PARA PCD, SEM FURO FRONTAL, DE LOUCA BRANCA (SEM ASSENTO)","UN    ","CR","613,16"]
[42319,"BACIA SANITARIA (VASO) CONVENCIONAL PARA USO ESPECIFICO (HOSPITAIS, CLINICAS), COM FURO FRONTAL, DE LOUCA BRANCA, SEM ASSENTO","UN    ","CR","549,42"]
[10420,"BACIA SANITARIA (VASO) CONVENCIONAL, DE LOUCA BRANCA, SIFAO APARENTE, SAIDA VERTICAL (SEM ASSENTO)","UN    ","C ","194,90"]
[10421,"BACIA SANITARIA (VASO) CONVENCIONAL, DE LOUCA COLORIDA, SIFAO APARENTE, SAIDA VERTICAL (SEM ASSENTO)","UN    ","CR","214,17"]
[11786,"BACIA SANITARIA (VASO) INFANTIL, SIFONADO, DE LOUCA BRANCA, (SEM ASSENTO)","UN    ","CR","431,85"]
[10,"BALDE PLASTICO CAPACIDADE *10* L","UN    ","CR","15,33"]
[4815,"BALDE VERMELHO PARA SINALIZACAO DE VIAS","UN    ","CR","6,86"]
[541,"BANCADA DE MARMORE SINTETICO COM UMA CUBA, 120 X *60* CM","UN    ","C ","191,45"]
[542,"BANCADA DE MARMORE SINTETICO COM UMA CUBA, 150 X *60* CM","UN    ","CR","239,98"]
[540,"BANCADA DE MARMORE SINTETICO COM UMA CUBA, 200 X *60* CM","UN    ","CR","540,80"]
[38364,"BANCADA/ BANCA EM GRANITO, POLIDO, TIPO ANDORINHA/ QUARTZ/ CASTELO/ CORUMBA OU OUTROS EQUIVALENTES DA REGIAO, COM CUBA INOX, FORMATO *120 X 60* CM, E=  *2* CM","UN    ","CR","1.048,21"]
[11692,"BANCADA/ BANCA/ BALCAO/ TAMPO EM MARMORE BRANCO COMUM, POLIDO, LISO, ACABAMENTO RETO, E= *3* CM (SEM FUROS)","M2    ","CR","541,27"]
[1746,"BANCADA/BANCA/PIA DE ACO INOXIDAVEL (AISI 430) COM 1 CUBA CENTRAL, COM VALVULA, ESCORREDOR DUPLO, DE *0,55 X 1,20* M","UN    ","C ","239,90"]
[1748,"BANCADA/BANCA/PIA DE ACO INOXIDAVEL (AISI 430) COM 1 CUBA CENTRAL, COM VALVULA, ESCORREDOR DUPLO, DE *0,55 X 1,40* M","UN    ","CR","319,01"]
[1749,"BANCADA/BANCA/PIA DE ACO INOXIDAVEL (AISI 430) COM 1 CUBA CENTRAL, COM VALVULA, ESCORREDOR DUPLO, DE *0,55 X 1,80* M","UN    ","CR","462,19"]
[37412,"BANCADA/BANCA/PIA DE ACO INOXIDAVEL (AISI 430) COM 1 CUBA CENTRAL, COM VALVULA, LISA (SEM ESCORREDOR), DE *0,55 X 1,20* M","UN    ","CR","234,50"]
[1745,"BANCADA/BANCA/PIA DE ACO INOXIDAVEL (AISI 430) COM 1 CUBA CENTRAL, SEM VALVULA, ESCORREDOR DUPLO, DE *0,55 X 1,60* M","UN    ","CR","278,85"]
[1750,"BANCADA/BANCA/PIA DE ACO INOXIDAVEL (AISI 430) COM 2 CUBAS, COM VALVULAS, ESCORREDOR DUPLO, DE *0,55 X 2,00* M","UN    ","CR","651,64"]
[11687,"BANCADA/TAMPO ACO INOX (AISI 304), LARGURA 60 CM, COM RODABANCA (NAO INCLUI PES DE APOIO)","M     ","CR","1.038,26"]
[11689,"BANCADA/TAMPO ACO INOX (AISI 304), LARGURA 70 CM, COM RODABANCA (NAO INCLUI PES DE APOIO)","M     ","CR","1.300,88"]
[11693,"BANCADA/TAMPO LISO (SEM CUBA) EM MARMORE SINTETICO","M2    ","CR","212,28"]
[36215,"BANCO ARTICULADO PARA BANHO, EM ACO INOX POLIDO, 70* CM X 45* CM","UN    ","CR","844,00"]
[42439,"BANCO COM ENCOSTO, 1,60M* DE COMPRIMENTO, EM TUBO DE ACO CARBONO E PINTURA NO PROCESSO ELETROSTATICO - PARA ACADEMIA AO AR LIVRE / ACADEMIA DA TERCEIRA IDADE - ATI","UN    ","AS","1.207,84"]
[38381,"BANDEJA DE PINTURA PARA ROLO 23 CM","UN    ","CR","11,24"]
[39621,"BARRA ANTIPANICO DUPLA, CEGA EM LADO OPOSTO, COR CINZA","PAR   ","CR","1.290,70"]
[39624,"BARRA ANTIPANICO DUPLA, PARA PORTA DE VIDRO, COR CINZA","PAR   ","CR","1.423,79"]
[39615,"BARRA ANTIPANICO SIMPLES, CEGA EM LADO OPOSTO, COR CINZA","UN    ","CR","575,34"]
[39620,"BARRA ANTIPANICO SIMPLES, COM FECHADURA LADO OPOSTO, COR CINZA","UN    ","CR","878,70"]
[39623,"BARRA ANTIPANICO SIMPLES, PARA PORTA DE VIDRO, COR CINZA","UN    ","CR","941,17"]
[546,"BARRA DE ACO CHATA, RETANGULAR (QUALQUER BITOLA)","KG    ","C ","9,92"]
[566,"BARRA DE ACO CHATO, RETANGULAR, 19,05 MM X 3,17 MM (L X E), 0,47 KG/M","M     ","CR","4,70"]
[565,"BARRA DE ACO CHATO, RETANGULAR, 25,4 MM X 4,76 MM (L X E), 1,73 KG/M","M     ","CR","17,16"]
[555,"BARRA DE ACO CHATO, RETANGULAR, 25,4 MM X 6,35 MM (L X E), 1,2265 KG/M","M     ","CR","12,16"]
[557,"BARRA DE ACO CHATO, RETANGULAR, 38,1 MM X 12,7 MM (L X E), 3,79 KG/M","M     ","CR","38,17"]
[552,"BARRA DE ACO CHATO, RETANGULAR, 38,1 MM X 6,35 MM (L X E), 1,89 KG/M","M     ","CR","18,94"]
[563,"BARRA DE ACO CHATO, RETANGULAR, 38,1 MM X 9,53 MM (L X E), 2,84 KG/M","M     ","CR","28,46"]
[549,"BARRA DE ACO CHATO, RETANGULAR, 50,8 MM X 12,7 MM (L X E), 5,06 KG/M","M     ","CR","51,21"]
[551,"BARRA DE ACO CHATO, RETANGULAR, 50,8 MM X 25,4 MM (L X E), 10,12 KG/M","M     ","CR","101,41"]
[559,"BARRA DE ACO CHATO, RETANGULAR, 50,8 MM X 6,35 MM (L X E), 2,53 KG/M","M     ","CR","25,35"]
[560,"BARRA DE ACO CHATO, RETANGULAR, 50,8 MM X 7,94 MM (L X E), 3,162 KG/M","M     ","CR","31,71"]
[547,"BARRA DE ACO CHATO, RETANGULAR, 50,8 MM X 9,53 MM (L X E), 3,79KG/M","M     ","CR","37,98"]
[36207,"BARRA DE APOIO EM \"L\", EM ACO INOX POLIDO 70 X 70 CM, DIAMETRO MINIMO 3 CM","UN    ","CR","373,83"]
[36209,"BARRA DE APOIO EM \"L\", EM ACO INOX POLIDO 80 X 80 CM, DIAMETRO MINIMO 3 CM","UN    ","CR","429,03"]
[36210,"BARRA DE APOIO LATERAL ARTICULADA, COM TRAVA, EM ACO INOX POLIDO, 70 CM, DIAMETRO MINIMO 3 CM","UN    ","CR","464,20"]
[36204,"BARRA DE APOIO RETA, EM ACO INOX POLIDO, COMPRIMENTO 60CM, DIAMETRO MINIMO 3 CM","UN    ","CR","164,59"]
[36205,"BARRA DE APOIO RETA, EM ACO INOX POLIDO, COMPRIMENTO 70CM, DIAMETRO MINIMO 3 CM","UN    ","CR","182,79"]
[36081,"BARRA DE APOIO RETA, EM ACO INOX POLIDO, COMPRIMENTO 80CM, DIAMETRO MINIMO 3 CM","UN    ","C ","194,90"]
[36206,"BARRA DE APOIO RETA, EM ACO INOX POLIDO, COMPRIMENTO 90 CM, DIAMETRO MINIMO 3 CM","UN    ","CR","204,19"]
[36218,"BARRA DE APOIO RETA, EM ALUMINIO, COMPRIMENTO 60CM, DIAMETRO MINIMO 3 CM","UN    ","AS","169,23"]
[36220,"BARRA DE APOIO RETA, EM ALUMINIO, COMPRIMENTO 70CM, DIAMETRO MINIMO 3 CM","UN    ","AS","194,05"]
[36080,"BARRA DE APOIO RETA, EM ALUMINIO, COMPRIMENTO 80 CM, DIAMETRO MINIMO 3 CM","UN    ","AS","209,90"]
[36223,"BARRA DE APOIO RETA, EM ALUMINIO, COMPRIMENTO 90 CM, DIAMETRO MINIMO 3 CM","UN    ","AS","219,80"]
[38127,"BASE DE MISTURADOR MONOCOMANDO PARA CHUVEIRO, DE PAREDE (NAO INCLUI ACABAMENTOS)","UN    ","CR","402,66"]
[38060,"BASE PARA MASTRO DE PARA-RAIOS DIAMETRO NOMINAL 1 1/2\"","UN    ","AS","51,60"]
[10956,"BASE PARA MASTRO DE PARA-RAIOS DIAMETRO NOMINAL 2\"","UN    ","AS","56,58"]
[39380,"BASE PARA RELE COM SUPORTE METALICO","UN    ","AS","21,36"]
[44172,"BASTIDOR PARA BLOCO M10","UN    ","CR","10,79"]
[37597,"BATE-ESTACAS POR GRAVIDADE, POTENCIA160 HP, PESO DO MARTELO ATE 3 TONELADAS","UN    ","AS","616.250,00"]
[183,"BATENTE / PORTAL / ADUELA / MARCO EM MADEIRA MACICA COM REBAIXO, E = *3* CM, L = *14* CM, PARA PORTAS DE  GIRO DE *60 CM A 120* CM  X *210* CM, CEDRINHO / ANGELIM COMERCIAL / TAURI / CURUPIXA / PEROBA / CUMARU OU EQUIVALENTE DA REGIAO (NAO INCLUI ALIZARES)","JG    ","C ","205,00"]
[184,"BATENTE / PORTAL / ADUELA / MARCO EM MADEIRA MACICA COM REBAIXO, E = *3* CM, L = *14* CM, PARA PORTAS DE  GIRO DE *60 CM A 120* CM  X *210* CM, PINUS / EUCALIPTO / VIROLA OU EQUIVALENTE DA REGIAO (NAO INCLUI ALIZARES)","JG    ","CR","126,96"]
[181,"BATENTE / PORTAL / ADUELA / MARCO EM MADEIRA MACICA COM REBAIXO, E = *3* CM, L = *16* CM, PARA PORTAS DE  GIRO DE *60 CM A 120* CM  X *210* CM, CEDRINHO / ANGELIM COMERCIAL / TAURI / CURUPIXA / PEROBA / CUMARU OU EQUIVALENTE DA REGIAO (NAO INCLUI ALIZARES)","JG    ","CR","273,77"]
[20001,"BATENTE / PORTAL / ADUELA / MARCO EM MADEIRA MACICA COM REBAIXO, E = *3* CM, L = *16* CM, PARA PORTAS DE  GIRO DE *60 CM A 120* CM  X *210* CM, PINUS / EUCALIPTO / VIROLA OU EQUIVALENTE DA REGIAO (NAO INCLUI ALIZARES)","JG    ","CR","158,70"]
[39837,"BATENTE/PORTAL/ADUELA/MARCO, EM MDF/PVC WOOD/POLIESTIRENO OU MADEIRA LAMINADA, L = *9,0* CM COM GUARNICAO REGULAVEL 2 FACES = *35* MM, PRIMER","JG    ","AS","389,74"]
[43366,"BENTONITA, ARGILA CONSTITUIDA POR  MONTMORILONITA","KG    ","AS","1,54"]
[10535,"BETONEIRA CAPACIDADE NOMINAL 400 L, CAPACIDADE DE MISTURA  280 L, MOTOR ELETRICO TRIFASICO 220/380 V POTENCIA 2 CV, SEM CARREGADOR","UN    ","C ","5.700,00"]
[10537,"BETONEIRA CAPACIDADE NOMINAL 400 L, CAPACIDADE DE MISTURA 310 L, MOTOR A DIESEL POTENCIA 5 CV, SEM CARREGADOR","UN    ","CR","7.773,25"]
[13891,"BETONEIRA CAPACIDADE NOMINAL 400 L, CAPACIDADE DE MISTURA 310 L, MOTOR A GASOLINA POTENCIA 5,5 CV, SEM CARREGADOR","UN    ","CR","7.129,83"]
[44492,"BETONEIRA CAPACIDADE NOMINAL 600 L, CAPACIDADE DE MISTURA 440 L, MOTOR A GASOLINA POTENCIA 10 HP, COM  CARREGADOR","UN    ","CR","31.011,86"]
[36396,"BETONEIRA, CAPACIDADE NOMINAL 400 L, CAPACIDADE DE MISTURA 310L, MOTOR ELETRICO TRIFASICO 220/380V POTENCIA 2 CV, SEM CARREGADOR","UN    ","CR","6.521,18"]
[36397,"BETONEIRA, CAPACIDADE NOMINAL 600 L, CAPACIDADE DE MISTURA  360L, MOTOR ELETRICO TRIFASICO 220/380V, POTENCIA 4CV, EXCLUSO CARREGADOR","UN    ","CR","23.186,44"]
[36398,"BETONEIRA, CAPACIDADE NOMINAL 600 L, CAPACIDADE DE MISTURA 440 L, MOTOR A DIESEL POTENCIA 10 CV, COM CARREGADOR","UN    ","CR","28.181,18"]
[647,"BLASTER, DINAMITADOR OU CABO DE FOGO","H     ","CR","23,55"]
[40920,"BLASTER, DINAMITADOR OU CABO DE FOGO (MENSALISTA)","MES   ","CR","4.111,32"]
[715,"BLOCO / TIJOLO DE VIDRO INCOLOR, CANELADO / ONDULADO, *19 X 19 X 8* CM (A X L X E)","UN    ","C ","21,90"]
[716,"BLOCO / TIJOLO DE VIDRO INCOLOR, XADREZ, *20 X 20 X 10* CM (A X L X E)","UN    ","CR","24,76"]
[38783,"BLOCO CERAMICO / TIJOLO VAZADO PARA ALVENARIA DE VEDACAO, FUROS NA HORIZONTAL, 11,5 X 19 X 19 CM (NBR 15270)","UN    ","CR","0,65"]
[37593,"BLOCO CERAMICO / TIJOLO VAZADO PARA ALVENARIA DE VEDACAO, FUROS NA VERTICAL, 14 X 19 X 39 CM (NBR 15270)","UN    ","CR","1,61"]
[37594,"BLOCO CERAMICO / TIJOLO VAZADO PARA ALVENARIA DE VEDACAO, FUROS NA VERTICAL, 19 X 19 X 39 CM (NBR 15270)","UN    ","CR","2,00"]
[37592,"BLOCO CERAMICO / TIJOLO VAZADO PARA ALVENARIA DE VEDACAO, FUROS NA VERTICAL,, 9 X 19 X 39 CM (NBR 15270)","UN    ","CR","1,26"]
[7270,"BLOCO CERAMICO / TIJOLO VAZADO PARA ALVENARIA DE VEDACAO, 4 FUROS NA HORIZONTAL, DE 9 X 9 X 19 CM (L X A X C)","UN    ","CR","0,56"]
[7267,"BLOCO CERAMICO / TIJOLO VAZADO PARA ALVENARIA DE VEDACAO, 6 FUROS NA HORIZONTAL, 9 X 14 X 19 CM (L X A X C)","UN    ","CR","0,44"]
[7271,"BLOCO CERAMICO / TIJOLO VAZADO PARA ALVENARIA DE VEDACAO, 8 FUROS NA HORIZONTAL, DE 9 X 19 X 19 CM (L XA X C)","UN    ","C ","0,49"]
[7268,"BLOCO CERAMICO / TIJOLO VAZADO PARA ALVENARIA DE VEDACAO, 8 FUROS NA HORIZONTAL, 9 X 19 X 29 CM (L X A X C)","UN    ","CR","0,68"]
[41372,"BLOCO CONCRETO CELULAR AUTOCLAVADO 12,5 X 30 X 60 CM (E X A X C)","M2    ","AS","119,29"]
[41371,"BLOCO CONCRETO CELULAR AUTOCLAVADO 7,5 X 30 X 60 CM (E X A X C)","M2    ","AS","70,51"]
[34556,"BLOCO DE CONCRETO ESTRUTURAL 14 X 19 X 29 CM, FBK 10 MPA (NBR 6136)","UN    ","CR","4,03"]
[37873,"BLOCO DE CONCRETO ESTRUTURAL 14 X 19 X 29 CM, FBK 12 MPA (NBR 6136)","UN    ","CR","4,10"]
[34564,"BLOCO DE CONCRETO ESTRUTURAL 14 X 19 X 29 CM, FBK 14 MPA (NBR 6136)","UN    ","CR","4,29"]
[34565,"BLOCO DE CONCRETO ESTRUTURAL 14 X 19 X 29 CM, FBK 16 MPA (NBR 6136)","UN    ","CR","4,54"]
[38590,"BLOCO DE CONCRETO ESTRUTURAL 14 X 19 X 29 CM, FBK 4,5 MPA (NBR 6136)","UN    ","CR","3,36"]
[34566,"BLOCO DE CONCRETO ESTRUTURAL 14 X 19 X 29 CM, FBK 6 MPA (NBR 6136)","UN    ","CR","3,52"]
[34567,"BLOCO DE CONCRETO ESTRUTURAL 14 X 19 X 29 CM, FBK 8 MPA (NBR 6136)","UN    ","CR","3,74"]
[38591,"BLOCO DE CONCRETO ESTRUTURAL 14 X 19 X 34 CM, FBK 4,5 MPA (NBR 6136)","UN    ","CR","3,39"]
[34568,"BLOCO DE CONCRETO ESTRUTURAL 14 X 19 X 39 CM, FBK 10 MPA (NBR 6136)","UN    ","CR","4,42"]
[34569,"BLOCO DE CONCRETO ESTRUTURAL 14 X 19 X 39 CM, FBK 12 MPA (NBR 6136)","UN    ","CR","4,54"]
[34570,"BLOCO DE CONCRETO ESTRUTURAL 14 X 19 X 39 CM, FBK 14 MPA (NBR 6136)","UN    ","CR","4,93"]
[25070,"BLOCO DE CONCRETO ESTRUTURAL 14 X 19 X 39 CM, FBK 4,5 MPA (NBR 6136)","UN    ","CR","3,71"]
[34571,"BLOCO DE CONCRETO ESTRUTURAL 14 X 19 X 39 CM, FBK 6 MPA (NBR 6136)","UN    ","CR","3,74"]
[34573,"BLOCO DE CONCRETO ESTRUTURAL 14 X 19 X 39 CM, FBK 8 MPA (NBR 6136)","UN    ","CR","3,94"]
[37107,"BLOCO DE CONCRETO ESTRUTURAL 14 X 19 X 39, FCK 16 MPA (NBR 6136)","UN    ","CR","5,20"]
[34576,"BLOCO DE CONCRETO ESTRUTURAL 19 X 19 X 39 CM, FBK 10 MPA (NBR 6136)","UN    ","CR","5,74"]
[34577,"BLOCO DE CONCRETO ESTRUTURAL 19 X 19 X 39 CM, FBK 12 MPA (NBR 6136)","UN    ","CR","5,99"]
[34578,"BLOCO DE CONCRETO ESTRUTURAL 19 X 19 X 39 CM, FBK 14 MPA (NBR 6136)","UN    ","CR","6,50"]
[34579,"BLOCO DE CONCRETO ESTRUTURAL 19 X 19 X 39 CM, FBK 16 MPA (NBR 6136)","UN    ","CR","6,93"]
[25067,"BLOCO DE CONCRETO ESTRUTURAL 19 X 19 X 39 CM, FBK 4,5 MPA (NBR 6136)","UN    ","CR","4,64"]
[34580,"BLOCO DE CONCRETO ESTRUTURAL 19 X 19 X 39 CM, FBK 8 MPA (NBR 6136)","UN    ","CR","5,18"]
[25071,"BLOCO DE CONCRETO ESTRUTURAL 9 X 19 X 39 CM, FBK 4,5 MPA (NBR 6136)","UN    ","CR","2,58"]
[44171,"BLOCO DE ENGATE RAPIDO PARA BASTIDOR TIPO M10","UN    ","CR","30,80"]
[38395,"BLOCO DE ESPUMA MULTIUSO *23 X 13 X 8* CM","UN    ","CR","9,39"]
[34583,"BLOCO DE GESSO COMPACTO / MACICO, BRANCO, E = 10 CM, DIMENSOES *67 X 50* CM","M2    ","CR","52,70"]
[34584,"BLOCO DE GESSO VAZADO, BRANCO, E = *7* CM, DIMENSOES *67 X 50* CM","M2    ","CR","38,65"]
[709,"BLOCO DE POLIETILENO ALTA DENSIDADE, *27* X *30* X *100* CM, ACOMPANHADOS PLACAS  TERMINAIS  E LONGARINAS, PARA FUNDO DE FILTRO","M2    ","AS","722,22"]
[34599,"BLOCO DE VEDACAO CONCRETO APARENTE 9 X 19 X 39 CM (CLASSE C - NBR 6136)","UN    ","CR","2,65"]
[34592,"BLOCO DE VEDACAO CONCRETO 14 X 19 X 29 CM (CLASSE C - NBR 6136)","UN    ","CR","2,95"]
[37103,"BLOCO DE VEDACAO DE CONCRETO APARENTE 14 X 19 X 39 CM (CLASSE C - NBR 6136)","UN    ","CR","3,37"]
[34555,"BLOCO DE VEDACAO DE CONCRETO APARENTE 19 X 19 X 39 CM  (CLASSE C - NBR 6136)","UN    ","CR","4,28"]
[674,"BLOCO DE VEDACAO DE CONCRETO CELULAR AUTOCLAVADO 10 X 30 X 60 CM (E X A X C)","M2    ","AS","85,00"]
[34600,"BLOCO DE VEDACAO DE CONCRETO CELULAR AUTOCLAVADO 15 X 30 X 60 CM (E X A X C)","M2    ","AS","124,85"]
[652,"BLOCO DE VEDACAO DE CONCRETO CELULAR AUTOCLAVADO 20 X 30 X 60 CM (E X A X C)","M2    ","AS","191,25"]
[651,"BLOCO DE VEDACAO DE CONCRETO 14 X 19 X 39 CM (CLASSE C - NBR 6136)","UN    ","CR","3,25"]
[654,"BLOCO DE VEDACAO DE CONCRETO 19 X 19 X 39 CM (CLASSE C - NBR 6136)","UN    ","CR","4,03"]
[650,"BLOCO DE VEDACAO DE CONCRETO, 9 X 19 X 39 CM (CLASSE C - NBR 6136)","UN    ","C ","2,60"]
[718,"BLOCO DE VIDRO / ELEMENTO VAZADO, INCOLOR, VENEZIANA, *20 X 20 X 6* CM (A X L X E)","UN    ","CR","21,64"]
[11981,"BLOCO DE VIDRO / ELEMENTO VAZADO, INCOLOR, VENEZIANA, DE *20 X 10 X 8* CM (A X L X E)","UN    ","CR","21,02"]
[34586,"BLOCO ESTRUTURAL CERAMICO 14 X 19 X 29 CM, 6,0 MPA (NBR 15270)","UN    ","CR","1,37"]
[38603,"BLOCO ESTRUTURAL CERAMICO 14 X 19 X 34 CM, 6,0 MPA (NBR 15270)","UN    ","CR","1,66"]
[34588,"BLOCO ESTRUTURAL CERAMICO 14 X 19 X 39 CM, 6,0 MPA (NBR 15270)","UN    ","CR","1,79"]
[34590,"BLOCO ESTRUTURAL CERAMICO 19 X 19 X 29 CM, 6,0 MPA (NBR 15270)","UN    ","CR","1,64"]
[34591,"BLOCO ESTRUTURAL CERAMICO 19 X 19 X 39 CM, 6,0 MPA (NBR 15270)","UN    ","CR","2,22"]
[40517,"BLOQUETE/PISO DE CONCRETO - MODELO BLOCO PISOGRAMA/CONCREGRAMA 2 FUROS, DIMENSOES APROX. DE 35 CM X 15 CM E ESPESSURA DE 7 CM (+/- 1 CM), COR NATURAL","M2    ","CR","45,90"]
[40515,"BLOQUETE/PISO DE CONCRETO - MODELO PISOGRAMA/CONCREGRAMA/PAVI-GRADE/GRAMEIRO, DIMENSOES APROXIMADAS DE 60 CM X 45 CM E ESPESSURA DE 8 CM (+/- 1 CM), COR NATURAL","M2    ","CR","103,28"]
[40529,"BLOQUETE/PISO INTERTRAVADO DE CONCRETO - MODELO ONDA/16 FACES/RETANGULAR/TIJOLINHO/PAVER/HOLANDES/PARALELEPIPEDO, *22 CM X *11 CM, E = 10 CM, RESISTENCIA DE 50 MPA (NBR 9781), COR NATURAL","M2    ","CR","65,98"]
[36170,"BLOQUETE/PISO INTERTRAVADO DE CONCRETO - MODELO ONDA/16 FACES/RETANGULAR/TIJOLINHO/PAVER/HOLANDES/PARALELEPIPEDO, *22 CM X 11* CM, E = 8 CM, RESISTENCIA DE 35 MPA (NBR 9781), COR NATURAL","M2    ","C ","54,75"]
[40524,"BLOQUETE/PISO INTERTRAVADO DE CONCRETO - MODELO ONDA/16 FACES/RETANGULAR/TIJOLINHO/PAVER/HOLANDES/PARALELEPIPEDO, 20 CM X 10 CM, E = 10 CM, RESISTENCIA DE 35 MPA (NBR 9781), COR NATURAL","M2    ","CR","64,55"]
[36156,"BLOQUETE/PISO INTERTRAVADO DE CONCRETO - MODELO ONDA/16 FACES/RETANGULAR/TIJOLINHO/PAVER/HOLANDES/PARALELEPIPEDO, 20 CM X 10 CM, E = 6 CM, RESISTENCIA DE 35 MPA (NBR 9781), COLORIDO","M2    ","CR","50,20"]
[36155,"BLOQUETE/PISO INTERTRAVADO DE CONCRETO - MODELO ONDA/16 FACES/RETANGULAR/TIJOLINHO/PAVER/HOLANDES/PARALELEPIPEDO, 20 CM X 10 CM, E = 6 CM, RESISTENCIA DE 35 MPA (NBR 9781), COR NATURAL","M2    ","CR","43,34"]
[36154,"BLOQUETE/PISO INTERTRAVADO DE CONCRETO - MODELO ONDA/16 FACES/RETANGULAR/TIJOLINHO/PAVER/HOLANDES/PARALELEPIPEDO, 20 CM X 10 CM, E = 8 CM, RESISTENCIA DE 35 MPA (NBR 9781), COLORIDO","M2    ","CR","60,25"]
[695,"BLOQUETE/PISO INTERTRAVADO DE CONCRETO - MODELO RAQUETE, *22 CM X 13,5* CM, E = 6 CM, RESISTENCIA DE 35 MPA (NBR 9781), COR NATURAL","M2    ","CR","44,25"]
[679,"BLOQUETE/PISO INTERTRAVADO DE CONCRETO - MODELO SEXTAVADO / HEXAGONAL, 25 CM X 25 CM, E = 10 CM, RESISTENCIA DE 35 MPA (NBR 9781), COR NATURAL","M2    ","CR","65,98"]
[711,"BLOQUETE/PISO INTERTRAVADO DE CONCRETO - MODELO SEXTAVADO / HEXAGONAL, 25 CM X 25 CM, E = 6 CM, RESISTENCIA DE 35 MPA (NBR 9781), COR NATURAL","M2    ","CR","43,65"]
[712,"BLOQUETE/PISO INTERTRAVADO DE CONCRETO - MODELO SEXTAVADO / HEXAGONAL, 25 CM X 25 CM, E = 8 CM, RESISTENCIA DE 35 MPA (NBR 9781), COR NATURAL","M2    ","CR","54,98"]
[12614,"BOCAL PVC, PARA CALHA PLUVIAL, DIAMETRO DA SAIDA ENTRE *75 E 120* MM, PARA DRENAGEM PLUVIAL PREDIAL","UN    ","CR","59,74"]
[6140,"BOLSA DE LIGACAO EM PVC FLEXIVEL PARA VASO SANITARIO 40 MM (1 1/2\")","UN    ","CR","3,87"]
[38399,"BOLSA DE LONA PARA FERRAMENTAS *50 X 35 X 25* CM","UN    ","CR","233,55"]
[735,"BOMBA CENTRIFUGA  MOTOR ELETRICO TRIFASICO 1,48HP  DIAMETRO DE SUCCAO X ELEVACAO 1\" X 1\", 4 ESTAGIOS, DIAMETRO DOS ROTORES 3 X 107 MM + 1 X 100 MM, HM/Q: 10 M / 5,3 M3/H A 70 M / 1,8 M3/H","UN    ","CR","2.260,22"]
[736,"BOMBA CENTRIFUGA  MOTOR ELETRICO TRIFASICO 2,96HP, DIAMETRO DE SUCCAO X ELEVACAO 1 1/2\" X 1 1/4\", DIAMETRO DO ROTOR 148 MM, HM/Q: 34 M / 14,80 M3/H A 40 M / 8,60 M3/H","UN    ","CR","1.900,44"]
[729,"BOMBA CENTRIFUGA COM MOTOR ELETRICO MONOFASICO, POTENCIA 0,33 HP,  BOCAIS 1\" X 3/4\", DIAMETRO DO ROTOR 99 MM, HM/Q = 4 MCA / 8,5 M3/H A 18 MCA / 0,90 M3/H","UN    ","C ","774,45"]
[39925,"BOMBA CENTRIFUGA MONOESTAGIO COM MOTOR ELETRICO MONOFASICO, POTENCIA 15 HP,  DIAMETRO DO ROTOR *173* MM, HM/Q = *30* MCA / *90* M3/H A *45* MCA / *55* M3/H","UN    ","CR","11.190,73"]
[731,"BOMBA CENTRIFUGA MOTOR ELETRICO MONOFASICO 0,49 HP  BOCAIS 1\" X 3/4\", DIAMETRO DO ROTOR 110 MM, HM/Q: 6 M / 8,3 M3/H A 20 M / 1,2 M3/H","UN    ","CR","753,73"]
[10575,"BOMBA CENTRIFUGA MOTOR ELETRICO MONOFASICO 0,50 CV DIAMETRO DE SUCCAO X ELEVACAO 3/4\" X 3/4\", MONOESTAGIO, DIAMETRO DOS ROTORES 114 MM, HM/Q: 2 M / 2,99 M3/H A 24 M / 0,71 M3/H","UN    ","CR","1.176,25"]
[733,"BOMBA CENTRIFUGA MOTOR ELETRICO MONOFASICO 0,74HP  DIAMETRO DE SUCCAO X ELEVACAO 1 1/4\" X 1\", DIAMETRO DO ROTOR 120 MM, HM/Q: 8 M / 7,70 M3/H A 24 M / 2,80 M3/H","UN    ","CR","1.287,85"]
[732,"BOMBA CENTRIFUGA MOTOR ELETRICO TRIFASICO 0,99HP  DIAMETRO DE SUCCAO X ELEVACAO 1\" X 1\", DIAMETRO DO ROTOR 145 MM, HM/Q: 14 M / 8,4 M3/H A 40 M / 0,60 M3/H","UN    ","CR","1.270,54"]
[737,"BOMBA CENTRIFUGA MOTOR ELETRICO TRIFASICO 14,8 HP, DIAMETRO DE SUCCAO X ELEVACAO 2 1/2\" X 2\", DIAMETRO DO ROTOR 195 MM, HM/Q: 62 M / 55,5 M3/H A 80 M / 31,50 M3/H","UN    ","CR","7.124,81"]
[738,"BOMBA CENTRIFUGA MOTOR ELETRICO TRIFASICO 5HP, DIAMETRO DE SUCCAO X ELEVACAO 2\" X 1 1/2\", DIAMETRO DO ROTOR 155 MM, HM/Q: 40 M / 20,40 M3/H A 46 M / 9,20 M3/H","UN    ","CR","3.303,72"]
[740,"BOMBA CENTRIFUGA MOTOR ELETRICO TRIFASICO 9,86 DIAMETRO DE SUCCAO X ELEVACAO 1\" X 1\", 4 ESTAGIOS, DIAMETRO DOS ROTORES 4 X 146 MM, HM/Q: 85 M / 14,9 M3/H A 140 M / 4,2 M3/H","UN    ","CR","6.702,57"]
[734,"BOMBA CENTRIFUGA,  MOTOR ELETRICO TRIFASICO 1,48HP  DIAMETRO DE SUCCAO X ELEVACAO 1 1/2\" X 1\", DIAMETRO DO ROTOR 117 MM, HM/Q: 10 M / 21,9 M3/H A 24 M / 6,1 M3/H","UN    ","CR","1.362,01"]
[39008,"BOMBA DE PROJECAO DE CONCRETO SECO, POTENCIA 10 CV, VAZAO 3 M3/H","UN    ","CR","69.484,74"]
[39009,"BOMBA DE PROJECAO DE CONCRETO SECO, POTENCIA 10 CV, VAZAO 6 M3/H","UN    ","CR","74.444,29"]
[10587,"BOMBA SUBMERSA PARA POCOS TUBULARES PROFUNDOS DIAMETRO DE 4 POLEGADAS, ELETRICA, MONOFASICA, POTENCIA 0,49 HP, 13 ESTAGIOS, BOCAL DE DESCARGA DIAMETRO DE UMA POLEGADA E MEIA, HM/Q = 18 M / 1,90 M3/H A 85 M / 0,60 M3/H","UN    ","CR","3.109,45"]
[759,"BOMBA SUBMERSA PARA POCOS TUBULARES PROFUNDOS DIAMETRO DE 4 POLEGADAS, ELETRICA, TRIFASICA, POTENCIA 1,97 HP, 20 ESTAGIOS, BOCAL DE DESCARGA DIAMETRO DE UMA POLEGADA E MEIA, HM/Q = 18 M / 5,40 M3/H A 164 M / 0,80 M3/H","UN    ","CR","4.470,77"]
[761,"BOMBA SUBMERSA PARA POCOS TUBULARES PROFUNDOS DIAMETRO DE 4 POLEGADAS, ELETRICA, TRIFASICA, POTENCIA 5,42 HP, 15 ESTAGIOS, BOCAL DE DESCARGA DIAMETRO DE 2 POLEGADAS, HM/Q = 18 M / 18,10 M3/H A 121 M / 2,90 M3/H","UN    ","CR","7.578,34"]
[750,"BOMBA SUBMERSA PARA POCOS TUBULARES PROFUNDOS DIAMETRO DE 4 POLEGADAS, ELETRICA, TRIFASICA, POTENCIA 5,42 HP, 29 ESTAGIOS, BOCAL DE DESCARGA DE UMA POLEGADA E MEIA, HM/Q = 18 M / 8,10 M3/H A 201 M / 3,2 M3/H","UN    ","CR","7.195,03"]
[755,"BOMBA SUBMERSA PARA POCOS TUBULARES PROFUNDOS DIAMETRO DE 6 POLEGADAS, ELETRICA, TRIFASICA, POTENCIA 27,12 HP, 7 ESTAGIOS, BOCAL DE DESCARGA DIAMETRO DE 4 POLEGADAS, HM/Q = 13,9 M / 90 M3/H A 44,0 M / 25,0 M3/H","UN    ","CR","29.524,90"]
[749,"BOMBA SUBMERSA PARA POCOS TUBULARES PROFUNDOS DIAMETRO DE 6 POLEGADAS, ELETRICA, TRIFASICA, POTENCIA 3,45 HP, 5 ESTAGIOS, BOCAL DE DESCARGA DIAMETRO DE 2 POLEGADAS, HM/Q = 68,5 M / 6,12 M3/H A 39,5 M / 14,04 M3/H","UN    ","CR","10.858,71"]
[756,"BOMBA SUBMERSA PARA POCOS TUBULARES PROFUNDOS DIAMETRO DE 6 POLEGADAS, ELETRICA, TRIFASICA, POTENCIA 32 HP, 9 ESTAGIOS, BOCAL DE DESCARGA DIAMETRO DE 4 POLEGADAS, HM/Q = 114,0 M / 13,9 M3/H A 57,0 M / 25,0 M3/H","UN    ","CR","32.200,86"]
[757,"BOMBA SUBMERSIVEL,  ELETRICA, TRIFASICA, POTENCIA 6 HP, DIAMETRO DO ROTOR 127 MM, BOCAL DE SAIDA DIAMETRO DE 3 POLEGADAS, HM/Q = 7 M / 66,90 M3/H A 26 M / 2,88 M3/H","UN    ","CR","14.621,25"]
[10588,"BOMBA SUBMERSIVEL, ELETRICA, TRIFASICA, POTENCIA 0,98 HP, DIAMETRO DO ROTOR 142 MM SEMIABERTO, BOCAL DE SAIDA DIAMETRO DE 2 POLEGADAS, HM/Q = 2 M / 32 M3/H A 8 M / 16 M3/H","UN    ","CR","3.228,00"]
[10592,"BOMBA SUBMERSIVEL, ELETRICA, TRIFASICA, POTENCIA 0,99 HP, DIAMETRO ROTOR 98 MM SEMIABERTO, BOCAL DE SAIDA DIAMETRO 2 POLEGADAS, HM/Q = 2 M / 28,90 M3/H A 14 M / 7 M3/H","UN    ","C ","3.899,00"]
[10589,"BOMBA SUBMERSIVEL, ELETRICA, TRIFASICA, POTENCIA 1,97 HP, DIAMETRO DO ROTOR 144 MM SEMIABERTO, BOCAL DE SAIDA DIAMETRO DE 2 POLEGADAS, HM/Q = 2 M / 26,8 M3/H A 28 M / 4,6 M3/H","UN    ","CR","5.238,06"]
[760,"BOMBA SUBMERSIVEL, ELETRICA, TRIFASICA, POTENCIA 13 HP, DIAMETRO DO ROTOR 170 MM, BOCAL DE SAIDA DIAMETRO DE 3 POLEGADAS, HM/Q = 11 M / 68,40 M3/H A 72 M / 3,6 M3/H","UN    ","CR","29.242,50"]
[751,"BOMBA SUBMERSIVEL, ELETRICA, TRIFASICA, POTENCIA 2,96 HP, DIAMETRO DO ROTOR 144 MM SEMIABERTO, BOCAL DE SAIDA DIAMETRO DE DUAS POLEGADAS, HM/Q = 2 M / 38,8 M3/H A 28 M / 5 M3/H","UN    ","CR","4.605,69"]
[754,"BOMBA SUBMERSIVEL, ELETRICA, TRIFASICA, POTENCIA 3,75 HP, DIAMETRO DO ROTOR 90 MM SEMIABERTO, BOCAL DE SAIDA DIAMETRO DE 2 POLEGADAS, HM/Q = 5 M / 61,2 M3/H A 25,5 M / 3,6 M3/H","UN    ","CR","7.310,62"]
[44489,"BOMBA TRIPLEX COM MOTOR A DIESEL, NACIONAL, DIAMETRO DE SUCCAO DE 2  1/2''","UN    ","CR","192.527,92"]
[39917,"BOMBA TRIPLEX, PARA INJECAO DE CALDA DE CIMENTO, VAZAO MAXIMA DE *100* LITROS/MINUTO, PRESSAO MAXIMA DE *70* BAR, POTENCIA DE 15 CV","UN    ","CR","106.733,57"]
[38167,"BORBOLETA PARA JANELA TIPO GUILHOTINA, EM ZAMAC CROMADO","PAR   ","CR","29,56"]
[36145,"BOTA DE PVC PRETA, CANO MEDIO, SEM FORRO","PAR   ","CR","47,08"]
[12893,"BOTA DE SEGURANCA COM BIQUEIRA DE ACO E COLARINHO ACOLCHOADO","PAR   ","CR","78,48"]
[11685,"BRACO / CANO PARA CHUVEIRO ELETRICO, EM ALUMINIO, 30 CM X 1/2 \"","UN    ","CR","46,88"]
[11680,"BRACO OU HASTE COM CANOPLA PLASTICA, 1/2 \", PARA CHUVEIRO SIMPLES","UN    ","CR","18,10"]
[11679,"BRACO OU HASTE RETA COM CANOPLA PLASTICA, 1/2 \", PARA CHUVEIRO ELETRICO","UN    ","CR","24,55"]
[2512,"BRACO P/ LUMINARIA PUBLICA 1 X 1,50M ROMAGNOLE OU EQUIV","UN    ","AS","41,05"]
[4374,"BUCHA DE NYLON SEM ABA S10","UN    ","CR","0,59"]
[7568,"BUCHA DE NYLON SEM ABA S10, COM PARAFUSO DE 6,10 X 65 MM EM ACO ZINCADO COM ROSCA SOBERBA, CABECA CHATA E FENDA PHILLIPS","UN    ","CR","0,98"]
[7584,"BUCHA DE NYLON SEM ABA S12, COM PARAFUSO DE 5/16\" X 80 MM EM ACO ZINCADO COM ROSCA SOBERBA E CABECA SEXTAVADA","UN    ","CR","1,49"]
[11945,"BUCHA DE NYLON SEM ABA S4","UN    ","CR","0,09"]
[11946,"BUCHA DE NYLON SEM ABA S5","UN    ","CR","0,11"]
[4375,"BUCHA DE NYLON SEM ABA S6","UN    ","C ","0,16"]
[11950,"BUCHA DE NYLON SEM ABA S6, COM PARAFUSO DE 4,20 X 40 MM EM ACO ZINCADO COM ROSCA SOBERBA, CABECA CHATA E FENDA PHILLIPS","UN    ","CR","0,33"]
[4376,"BUCHA DE NYLON SEM ABA S8","UN    ","CR","0,31"]
[7583,"BUCHA DE NYLON SEM ABA S8, COM PARAFUSO DE 4,80 X 50 MM EM ACO ZINCADO COM ROSCA SOBERBA, CABECA CHATA E FENDA PHILLIPS","UN    ","CR","0,67"]
[4350,"BUCHA DE NYLON, DIAMETRO DO FURO 8 MM, COMPRIMENTO 40 MM, COM PARAFUSO DE ROSCA SOBERBA, CABECA CHATA, FENDA SIMPLES, 4,8 X 50 MM","UN    ","CR","0,83"]
[44400,"BUCHA DE REDUCAO CPVC, SOLDAVEL, 54 X 28 MM, PARA AGUA QUENTE","UN    ","CR","29,27"]
[39886,"BUCHA DE REDUCAO DE COBRE (REF 600-2) SEM ANEL DE SOLDA, PONTA X BOLSA, 22 X 15 MM","UN    ","CR","11,59"]
[39887,"BUCHA DE REDUCAO DE COBRE (REF 600-2) SEM ANEL DE SOLDA, PONTA X BOLSA, 28 X 22 MM","UN    ","CR","17,39"]
[39888,"BUCHA DE REDUCAO DE COBRE (REF 600-2) SEM ANEL DE SOLDA, PONTA X BOLSA, 35 X 28 MM","UN    ","CR","39,77"]
[39890,"BUCHA DE REDUCAO DE COBRE (REF 600-2) SEM ANEL DE SOLDA, PONTA X BOLSA, 42 X 35 MM","UN    ","CR","67,88"]
[39891,"BUCHA DE REDUCAO DE COBRE (REF 600-2) SEM ANEL DE SOLDA, PONTA X BOLSA, 54 X 42 MM","UN    ","CR","95,71"]
[39892,"BUCHA DE REDUCAO DE COBRE (REF 600-2) SEM ANEL DE SOLDA, PONTA X BOLSA, 66 X 54 MM","UN    ","CR","298,32"]
[790,"BUCHA DE REDUCAO DE FERRO GALVANIZADO, COM ROSCA BSP, DE 1 1/2\" X 1 1/4\"","UN    ","AS","22,74"]
[766,"BUCHA DE REDUCAO DE FERRO GALVANIZADO, COM ROSCA BSP, DE 1 1/2\" X 1/2\"","UN    ","AS","22,74"]
[791,"BUCHA DE REDUCAO DE FERRO GALVANIZADO, COM ROSCA BSP, DE 1 1/2\" X 1\"","UN    ","AS","22,74"]
[767,"BUCHA DE REDUCAO DE FERRO GALVANIZADO, COM ROSCA BSP, DE 1 1/2\" X 3/4\"","UN    ","AS","22,74"]
[768,"BUCHA DE REDUCAO DE FERRO GALVANIZADO, COM ROSCA BSP, DE 1 1/4\" X 1/2\"","UN    ","AS","17,86"]
[789,"BUCHA DE REDUCAO DE FERRO GALVANIZADO, COM ROSCA BSP, DE 1 1/4\" X 1\"","UN    ","AS","17,47"]
[769,"BUCHA DE REDUCAO DE FERRO GALVANIZADO, COM ROSCA BSP, DE 1 1/4\" X 3/4\"","UN    ","AS","17,86"]
[770,"BUCHA DE REDUCAO DE FERRO GALVANIZADO, COM ROSCA BSP, DE 1/2\" X 1/4\"","UN    ","AS","6,30"]
[12394,"BUCHA DE REDUCAO DE FERRO GALVANIZADO, COM ROSCA BSP, DE 1/2\" X 3/8\"","UN    ","AS","6,30"]
[764,"BUCHA DE REDUCAO DE FERRO GALVANIZADO, COM ROSCA BSP, DE 1\" X 1/2\"","UN    ","AS","10,99"]
[765,"BUCHA DE REDUCAO DE FERRO GALVANIZADO, COM ROSCA BSP, DE 1\" X 3/4\"","UN    ","AS","10,99"]
[787,"BUCHA DE REDUCAO DE FERRO GALVANIZADO, COM ROSCA BSP, DE 2 1/2\" X 1 1/2\"","UN    ","AS","49,09"]
[774,"BUCHA DE REDUCAO DE FERRO GALVANIZADO, COM ROSCA BSP, DE 2 1/2\" X 1 1/4\"","UN    ","AS","49,09"]
[773,"BUCHA DE REDUCAO DE FERRO GALVANIZADO, COM ROSCA BSP, DE 2 1/2\" X 1\"","UN    ","AS","49,09"]
[775,"BUCHA DE REDUCAO DE FERRO GALVANIZADO, COM ROSCA BSP, DE 2 1/2\" X 2\"","UN    ","AS","49,09"]
[788,"BUCHA DE REDUCAO DE FERRO GALVANIZADO, COM ROSCA BSP, DE 2\" X 1 1/2\"","UN    ","AS","30,51"]
[772,"BUCHA DE REDUCAO DE FERRO GALVANIZADO, COM ROSCA BSP, DE 2\" X 1 1/4\"","UN    ","AS","30,51"]
[771,"BUCHA DE REDUCAO DE FERRO GALVANIZADO, COM ROSCA BSP, DE 2\" X 1\"","UN    ","AS","30,51"]
[779,"BUCHA DE REDUCAO DE FERRO GALVANIZADO, COM ROSCA BSP, DE 3/4\" X 1/2\"","UN    ","AS","7,59"]
[776,"BUCHA DE REDUCAO DE FERRO GALVANIZADO, COM ROSCA BSP, DE 3\" X 1 1/2\"","UN    ","AS","72,37"]
[777,"BUCHA DE REDUCAO DE FERRO GALVANIZADO, COM ROSCA BSP, DE 3\" X 1 1/4\"","UN    ","AS","70,35"]
[780,"BUCHA DE REDUCAO DE FERRO GALVANIZADO, COM ROSCA BSP, DE 3\" X 2 1/2\"","UN    ","AS","70,70"]
[778,"BUCHA DE REDUCAO DE FERRO GALVANIZADO, COM ROSCA BSP, DE 3\" X 2\"","UN    ","AS","72,37"]
[781,"BUCHA DE REDUCAO DE FERRO GALVANIZADO, COM ROSCA BSP, DE 4\" X 2 1/2\"","UN    ","AS","133,71"]
[786,"BUCHA DE REDUCAO DE FERRO GALVANIZADO, COM ROSCA BSP, DE 4\" X 2\"","UN    ","AS","133,71"]
[782,"BUCHA DE REDUCAO DE FERRO GALVANIZADO, COM ROSCA BSP, DE 4\" X 3\"","UN    ","AS","133,71"]
[783,"BUCHA DE REDUCAO DE FERRO GALVANIZADO, COM ROSCA BSP, DE 5\" X 4\"","UN    ","AS","365,95"]
[785,"BUCHA DE REDUCAO DE FERRO GALVANIZADO, COM ROSCA BSP, DE 6\" X 4\"","UN    ","AS","386,66"]
[784,"BUCHA DE REDUCAO DE FERRO GALVANIZADO, COM ROSCA BSP, DE 6\" X 5\"","UN    ","AS","414,79"]
[828,"BUCHA DE REDUCAO DE PVC, SOLDAVEL, CURTA, COM 25 X 20 MM, PARA AGUA FRIA PREDIAL","UN    ","CR","0,65"]
[829,"BUCHA DE REDUCAO DE PVC, SOLDAVEL, CURTA, COM 32 X 25 MM, PARA AGUA FRIA PREDIAL","UN    ","CR","1,05"]
[812,"BUCHA DE REDUCAO DE PVC, SOLDAVEL, CURTA, COM 40 X 32 MM, PARA AGUA FRIA PREDIAL","UN    ","CR","2,32"]
[819,"BUCHA DE REDUCAO DE PVC, SOLDAVEL, CURTA, COM 50 X 40 MM, PARA AGUA FRIA PREDIAL","UN    ","CR","4,03"]
[818,"BUCHA DE REDUCAO DE PVC, SOLDAVEL, CURTA, COM 60 X 50 MM, PARA AGUA FRIA PREDIAL","UN    ","CR","7,52"]
[832,"BUCHA DE REDUCAO DE PVC, SOLDAVEL, LONGA, COM 32 X 20 MM, PARA AGUA FRIA PREDIAL","UN    ","CR","3,10"]
[834,"BUCHA DE REDUCAO DE PVC, SOLDAVEL, LONGA, COM 40 X 25 MM, PARA AGUA FRIA PREDIAL","UN    ","CR","4,02"]
[813,"BUCHA DE REDUCAO DE PVC, SOLDAVEL, LONGA, COM 50 X 25 MM, PARA AGUA FRIA PREDIAL","UN    ","CR","4,68"]
[820,"BUCHA DE REDUCAO DE PVC, SOLDAVEL, LONGA, COM 50 X 32 MM, PARA AGUA FRIA PREDIAL","UN    ","CR","6,30"]
[816,"BUCHA DE REDUCAO DE PVC, SOLDAVEL, LONGA, COM 60 X 25 MM, PARA AGUA FRIA PREDIAL","UN    ","CR","11,22"]
[814,"BUCHA DE REDUCAO DE PVC, SOLDAVEL, LONGA, COM 60 X 32 MM, PARA AGUA FRIA PREDIAL","UN    ","CR","13,94"]
[822,"BUCHA DE REDUCAO DE PVC, SOLDAVEL, LONGA, COM 60 X 50 MM, PARA AGUA FRIA PREDIAL","UN    ","CR","18,20"]
[821,"BUCHA DE REDUCAO DE PVC, SOLDAVEL, LONGA, COM 75 X 50 MM, PARA AGUA FRIA PREDIAL","UN    ","CR","20,81"]
[20086,"BUCHA DE REDUCAO DE PVC, SOLDAVEL, LONGA, 50 X 40 MM, PARA ESGOTO PREDIAL","UN    ","CR","3,42"]
[39191,"BUCHA DE REDUCAO EM ALUMINIO, COM ROSCA, DE 1 1/2\" X 1 1/4\", PARA ELETRODUTO","UN    ","CR","24,24"]
[39190,"BUCHA DE REDUCAO EM ALUMINIO, COM ROSCA, DE 1 1/2\" X 1\", PARA ELETRODUTO","UN    ","CR","25,32"]
[39189,"BUCHA DE REDUCAO EM ALUMINIO, COM ROSCA, DE 1 1/2\" X 3/4\", PARA ELETRODUTO","UN    ","CR","26,80"]
[39186,"BUCHA DE REDUCAO EM ALUMINIO, COM ROSCA, DE 1 1/4\" X 1/2\", PARA ELETRODUTO","UN    ","CR","23,98"]
[39188,"BUCHA DE REDUCAO EM ALUMINIO, COM ROSCA, DE 1 1/4\" X 1\", PARA ELETRODUTO","UN    ","CR","19,73"]
[39187,"BUCHA DE REDUCAO EM ALUMINIO, COM ROSCA, DE 1 1/4\" X 3/4\", PARA ELETRODUTO","UN    ","CR","20,68"]
[39184,"BUCHA DE REDUCAO EM ALUMINIO, COM ROSCA, DE 1\" X 1/2\", PARA ELETRODUTO","UN    ","CR","7,78"]
[39185,"BUCHA DE REDUCAO EM ALUMINIO, COM ROSCA, DE 1\" X 3/4\", PARA ELETRODUTO","UN    ","CR","7,09"]
[39198,"BUCHA DE REDUCAO EM ALUMINIO, COM ROSCA, DE 2 1/2\" X 1 1/2\", PARA ELETRODUTO","UN    ","CR","79,52"]
[39197,"BUCHA DE REDUCAO EM ALUMINIO, COM ROSCA, DE 2 1/2\" X 1 1/4\", PARA ELETRODUTO","UN    ","CR","83,07"]
[39196,"BUCHA DE REDUCAO EM ALUMINIO, COM ROSCA, DE 2 1/2\" X 1\", PARA ELETRODUTO","UN    ","CR","85,67"]
[39199,"BUCHA DE REDUCAO EM ALUMINIO, COM ROSCA, DE 2 1/2\" X 2\", PARA ELETRODUTO","UN    ","CR","76,53"]
[39195,"BUCHA DE REDUCAO EM ALUMINIO, COM ROSCA, DE 2\" X 1 1/2\", PARA ELETRODUTO","UN    ","CR","44,17"]
[39194,"BUCHA DE REDUCAO EM ALUMINIO, COM ROSCA, DE 2\" X 1 1/4\", PARA ELETRODUTO","UN    ","CR","47,27"]
[39193,"BUCHA DE REDUCAO EM ALUMINIO, COM ROSCA, DE 2\" X 1\", PARA ELETRODUTO","UN    ","CR","51,81"]
[39192,"BUCHA DE REDUCAO EM ALUMINIO, COM ROSCA, DE 2\" X 3/4\", PARA ELETRODUTO","UN    ","CR","53,89"]
[39920,"BUCHA DE REDUCAO EM ALUMINIO, COM ROSCA, DE 3/4\" X 1/2\",  PARA ELETRODUTO","UN    ","CR","6,52"]
[39201,"BUCHA DE REDUCAO EM ALUMINIO, COM ROSCA, DE 3\" X 1 1/2\", PARA ELETRODUTO","UN    ","CR","95,08"]
[39200,"BUCHA DE REDUCAO EM ALUMINIO, COM ROSCA, DE 3\" X 1 1/4\", PARA ELETRODUTO","UN    ","CR","95,84"]
[39203,"BUCHA DE REDUCAO EM ALUMINIO, COM ROSCA, DE 3\" X 2 1/2\", PARA ELETRODUTO","UN    ","CR","77,39"]
[39202,"BUCHA DE REDUCAO EM ALUMINIO, COM ROSCA, DE 3\" X 2\", PARA ELETRODUTO","UN    ","CR","90,91"]
[39205,"BUCHA DE REDUCAO EM ALUMINIO, COM ROSCA, DE 4\" X 2 1/2\", PARA ELETRODUTO","UN    ","CR","151,67"]
[39204,"BUCHA DE REDUCAO EM ALUMINIO, COM ROSCA, DE 4\" X 2\", PARA ELETRODUTO","UN    ","CR","155,33"]
[39206,"BUCHA DE REDUCAO EM ALUMINIO, COM ROSCA, DE 4\" X 3\", PARA ELETRODUTO","UN    ","CR","147,37"]
[798,"BUCHA DE REDUCAO PVC ROSCAVEL 3/4\" X 1/2\"","UN    ","CR","1,29"]
[797,"BUCHA DE REDUCAO PVC, ROSCAVEL 1 1/2\" X 1\"","UN    ","CR","9,42"]
[796,"BUCHA DE REDUCAO PVC, ROSCAVEL, 1 1/2\" X 3/4\"","UN    ","CR","8,00"]
[799,"BUCHA DE REDUCAO PVC, ROSCAVEL, 1\" X 1/2\"","UN    ","CR","3,87"]
[792,"BUCHA DE REDUCAO PVC, ROSCAVEL, 1\" X 3/4\"","UN    ","CR","3,75"]
[38001,"BUCHA DE REDUCAO, CPVC, SOLDAVEL, 22 X 15 MM, PARA AGUA QUENTE","UN    ","CR","1,08"]
[38002,"BUCHA DE REDUCAO, CPVC, SOLDAVEL, 28 X 22 MM, PARA AGUA QUENTE","UN    ","CR","3,78"]
[38003,"BUCHA DE REDUCAO, CPVC, SOLDAVEL, 35 X 28 MM, PARA AGUA QUENTE","UN    ","CR","25,81"]
[38004,"BUCHA DE REDUCAO, CPVC, SOLDAVEL, 42 X 22 MM, PARA AGUA QUENTE","UN    ","CR","29,69"]
[44263,"BUCHA DE REDUCAO, CPVC, SOLDAVEL, 54 X 35 MM, PARA AGUA QUENTE","UN    ","CR","53,29"]
[36327,"BUCHA DE REDUCAO, PPR, DN 25 X 20 MM, PARA AGUA QUENTE PREDIAL","UN    ","AS","3,75"]
[38992,"BUCHA DE REDUCAO, PPR, DN 32 X 25 MM, PARA AGUA QUENTE E FRIA PREDIAL","UN    ","AS","4,56"]
[38993,"BUCHA DE REDUCAO, PPR, DN 40 X 25 MM, PARA AGUA QUENTE E FRIA PREDIAL","UN    ","AS","11,85"]
[44175,"BUCHA DE REDUCAO, PPR, DN 50 X 25 MM, PARA AGUA QUENTE E FRIA PREDIAL","UN    ","AS","20,68"]
[44177,"BUCHA DE REDUCAO, PPR, DN 50 X 32 MM, PARA AGUA QUENTE E FRIA PREDIAL","UN    ","AS","15,45"]
[38418,"BUCHA DE REDUCAO, PVC, LONGA, SERIE R, DN 50 X 40 MM, PARA ESGOTO PREDIAL","UN    ","CR","5,87"]
[39178,"BUCHA EM ALUMINIO, COM ROSCA, DE  1 1/2\", PARA ELETRODUTO","UN    ","CR","2,62"]
[39177,"BUCHA EM ALUMINIO, COM ROSCA, DE 1 1/4\", PARA ELETRODUTO","UN    ","CR","2,37"]
[39174,"BUCHA EM ALUMINIO, COM ROSCA, DE 1/2\", PARA ELETRODUTO","UN    ","CR","1,18"]
[39176,"BUCHA EM ALUMINIO, COM ROSCA, DE 1\", PARA ELETRODUTO","UN    ","CR","1,55"]
[39180,"BUCHA EM ALUMINIO, COM ROSCA, DE 2 1/2\", PARA ELETRODUTO","UN    ","CR","7,12"]
[39179,"BUCHA EM ALUMINIO, COM ROSCA, DE 2\", PARA ELETRODUTO","UN    ","CR","6,30"]
[39175,"BUCHA EM ALUMINIO, COM ROSCA, DE 3/4\", PARA ELETRODUTO","UN    ","CR","1,45"]
[39217,"BUCHA EM ALUMINIO, COM ROSCA, DE 3/8\", PARA ELETRODUTO","UN    ","CR","1,12"]
[39181,"BUCHA EM ALUMINIO, COM ROSCA, DE 3\", PARA ELETRODUTO","UN    ","CR","9,55"]
[39182,"BUCHA EM ALUMINIO, COM ROSCA, DE 4\", PARA ELETRODUTO","UN    ","CR","13,42"]
[12616,"CABECEIRA DIREITA OU ESQUERDA, PVC, PARA CALHA PLUVIAL, DIAMETRO ENTRE *119 E 170* MM, PARA DRENAGEM PLUVIAL PREDIAL","UN    ","CR","18,12"]
[1049,"CABECOTE PARA ENTRADA DE LINHA DE ALIMENTACAO PARA ELETRODUTO, EM LIGA DE ALUMINIO COM ACABAMENTO ANTI CORROSIVO, COM FIXACAO POR ENCAIXE LISO DE 360 GRAUS, DE 1 1/2\"","UN    ","CR","11,23"]
[1099,"CABECOTE PARA ENTRADA DE LINHA DE ALIMENTACAO PARA ELETRODUTO, EM LIGA DE ALUMINIO COM ACABAMENTO ANTI CORROSIVO, COM FIXACAO POR ENCAIXE LISO DE 360 GRAUS, DE 1 1/4\"","UN    ","CR","8,60"]
[39678,"CABECOTE PARA ENTRADA DE LINHA DE ALIMENTACAO PARA ELETRODUTO, EM LIGA DE ALUMINIO COM ACABAMENTO ANTI CORROSIVO, COM FIXACAO POR ENCAIXE LISO DE 360 GRAUS, DE 1/2\"","UN    ","CR","3,46"]
[1050,"CABECOTE PARA ENTRADA DE LINHA DE ALIMENTACAO PARA ELETRODUTO, EM LIGA DE ALUMINIO COM ACABAMENTO ANTI CORROSIVO, COM FIXACAO POR ENCAIXE LISO DE 360 GRAUS, DE 1\"","UN    ","CR","5,88"]
[1101,"CABECOTE PARA ENTRADA DE LINHA DE ALIMENTACAO PARA ELETRODUTO, EM LIGA DE ALUMINIO COM ACABAMENTO ANTI CORROSIVO, COM FIXACAO POR ENCAIXE LISO DE 360 GRAUS, DE 2 1/2\"","UN    ","CR","37,06"]
[1100,"CABECOTE PARA ENTRADA DE LINHA DE ALIMENTACAO PARA ELETRODUTO, EM LIGA DE ALUMINIO COM ACABAMENTO ANTI CORROSIVO, COM FIXACAO POR ENCAIXE LISO DE 360 GRAUS, DE 2\"","UN    ","CR","19,12"]
[39679,"CABECOTE PARA ENTRADA DE LINHA DE ALIMENTACAO PARA ELETRODUTO, EM LIGA DE ALUMINIO COM ACABAMENTO ANTI CORROSIVO, COM FIXACAO POR ENCAIXE LISO DE 360 GRAUS, DE 3 1/2\"","UN    ","CR","73,87"]
[1098,"CABECOTE PARA ENTRADA DE LINHA DE ALIMENTACAO PARA ELETRODUTO, EM LIGA DE ALUMINIO COM ACABAMENTO ANTI CORROSIVO, COM FIXACAO POR ENCAIXE LISO DE 360 GRAUS, DE 3/4\"","UN    ","CR","4,59"]
[1102,"CABECOTE PARA ENTRADA DE LINHA DE ALIMENTACAO PARA ELETRODUTO, EM LIGA DE ALUMINIO COM ACABAMENTO ANTI CORROSIVO, COM FIXACAO POR ENCAIXE LISO DE 360 GRAUS, DE 3\"","UN    ","CR","55,27"]
[1051,"CABECOTE PARA ENTRADA DE LINHA DE ALIMENTACAO PARA ELETRODUTO, EM LIGA DE ALUMINIO COM ACABAMENTO ANTI CORROSIVO, COM FIXACAO POR ENCAIXE LISO DE 360 GRAUS, DE 4\"","UN    ","CR","80,33"]
[37399,"CABIDE/GANCHO DE BANHEIRO SIMPLES EM METAL CROMADO","UN    ","CR","47,48"]
[43834,"CABO COAXIAL RG11 95% DE MALHA","M     ","CR","15,98"]
[43835,"CABO COAXIAL RG59 95% DE MALHA","M     ","CR","1,43"]
[43833,"CABO COAXIAL RG6 95% DE MALHA","M     ","CR","1,49"]
[41955,"CABO DE ACO GALVANIZADO, DIAMETRO 12,7 MM (1/2\"), COM ALMA DE ACO CABO INDEPENDENTE 6 X 25 F","KG    ","CR","83,97"]
[41953,"CABO DE ACO GALVANIZADO, DIAMETRO 12,7 MM (1/2\"), COM ALMA DE FIBRA 6 X 25 F","KG    ","CR","80,14"]
[41954,"CABO DE ACO GALVANIZADO, DIAMETRO 9,53 MM (3/8\"), COM ALMA DE FIBRA 6 X 25 F","KG    ","CR","79,37"]
[25004,"CABO DE ALUMINIO NU COM ALMA DE ACO, BITOLA 1/0 AWG","KG    ","CR","44,38"]
[25002,"CABO DE ALUMINIO NU COM ALMA DE ACO, BITOLA 2 AWG","KG    ","CR","44,38"]
[37409,"CABO DE ALUMINIO NU COM ALMA DE ACO, BITOLA 2/0 AWG","KG    ","CR","44,38"]
[841,"CABO DE ALUMINIO NU COM ALMA DE ACO, BITOLA 4 AWG","KG    ","CR","44,92"]
[25005,"CABO DE ALUMINIO NU SEM ALMA DE ACO, BITOLA 1/0 AWG","KG    ","CR","48,70"]
[25003,"CABO DE ALUMINIO NU SEM ALMA DE ACO, BITOLA 2 AWG","KG    ","CR","49,43"]
[37410,"CABO DE ALUMINIO NU SEM ALMA DE ACO, BITOLA 2/0 AWG","KG    ","CR","48,70"]
[842,"CABO DE ALUMINIO NU SEM ALMA DE ACO, BITOLA 4 AWG","KG    ","CR","49,39"]
[44391,"CABO DE COBRE FLEXIVEL NAO HALOGENADO, SEM EMISSAO DE FUMACA, 750V, SECAO NOMINAL 120 MM","M     ","CR","105,24"]
[44388,"CABO DE COBRE FLEXIVEL NAO HALOGENADO, SEM EMISSAO DE FUMACA, 750V, SECAO NOMINAL 2,5 MM","M     ","CR","2,28"]
[44392,"CABO DE COBRE FLEXIVEL NAO HALOGENADO, SEM EMISSAO DE FUMACA, 750V, SECAO NOMINAL 240 MM","M     ","CR","209,55"]
[44390,"CABO DE COBRE FLEXIVEL NAO HALOGENADO, SEM EMISSAO DE FUMACA, 750V, SECAO NOMINAL 50 MM","M     ","CR","44,40"]
[44389,"CABO DE COBRE FLEXIVEL NAO HALOGENADO, SEM EMISSAO DE FUMACA, 750V, SECAO NOMINAL 6,0 MM","M     ","CR","5,24"]
[862,"CABO DE COBRE NU 10 MM2 MEIO-DURO","M     ","CR","9,60"]
[866,"CABO DE COBRE NU 120 MM2 MEIO-DURO","M     ","CR","122,02"]
[892,"CABO DE COBRE NU 150 MM2 MEIO-DURO","M     ","CR","147,71"]
[857,"CABO DE COBRE NU 16 MM2 MEIO-DURO","M     ","CR","16,06"]
[37404,"CABO DE COBRE NU 185 MM2 MEIO-DURO","M     ","CR","170,89"]
[868,"CABO DE COBRE NU 25 MM2 MEIO-DURO","M     ","CR","22,89"]
[863,"CABO DE COBRE NU 35 MM2 MEIO-DURO","M     ","CR","33,72"]
[867,"CABO DE COBRE NU 50 MM2 MEIO-DURO","M     ","CR","48,03"]
[864,"CABO DE COBRE NU 70 MM2 MEIO-DURO","M     ","CR","63,45"]
[865,"CABO DE COBRE NU 95 MM2 MEIO-DURO","M     ","CR","91,26"]
[993,"CABO DE COBRE, FLEXIVEL, CLASSE 4 OU 5, ISOLACAO EM PVC/A, ANTICHAMA BWF-B, COBERTURA PVC-ST1, ANTICHAMA BWF-B, 1 CONDUTOR, 0,6/1 KV, SECAO NOMINAL 1,5 MM2","M     ","CR","1,73"]
[1020,"CABO DE COBRE, FLEXIVEL, CLASSE 4 OU 5, ISOLACAO EM PVC/A, ANTICHAMA BWF-B, COBERTURA PVC-ST1, ANTICHAMA BWF-B, 1 CONDUTOR, 0,6/1 KV, SECAO NOMINAL 10 MM2","M     ","CR","8,85"]
[1017,"CABO DE COBRE, FLEXIVEL, CLASSE 4 OU 5, ISOLACAO EM PVC/A, ANTICHAMA BWF-B, COBERTURA PVC-ST1, ANTICHAMA BWF-B, 1 CONDUTOR, 0,6/1 KV, SECAO NOMINAL 120 MM2","M     ","CR","108,51"]
[999,"CABO DE COBRE, FLEXIVEL, CLASSE 4 OU 5, ISOLACAO EM PVC/A, ANTICHAMA BWF-B, COBERTURA PVC-ST1, ANTICHAMA BWF-B, 1 CONDUTOR, 0,6/1 KV, SECAO NOMINAL 150 MM2","M     ","CR","131,46"]
[995,"CABO DE COBRE, FLEXIVEL, CLASSE 4 OU 5, ISOLACAO EM PVC/A, ANTICHAMA BWF-B, COBERTURA PVC-ST1, ANTICHAMA BWF-B, 1 CONDUTOR, 0,6/1 KV, SECAO NOMINAL 16 MM2","M     ","CR","14,10"]
[1000,"CABO DE COBRE, FLEXIVEL, CLASSE 4 OU 5, ISOLACAO EM PVC/A, ANTICHAMA BWF-B, COBERTURA PVC-ST1, ANTICHAMA BWF-B, 1 CONDUTOR, 0,6/1 KV, SECAO NOMINAL 185 MM2","M     ","CR","161,47"]
[1022,"CABO DE COBRE, FLEXIVEL, CLASSE 4 OU 5, ISOLACAO EM PVC/A, ANTICHAMA BWF-B, COBERTURA PVC-ST1, ANTICHAMA BWF-B, 1 CONDUTOR, 0,6/1 KV, SECAO NOMINAL 2,5 MM2","M     ","CR","2,42"]
[1015,"CABO DE COBRE, FLEXIVEL, CLASSE 4 OU 5, ISOLACAO EM PVC/A, ANTICHAMA BWF-B, COBERTURA PVC-ST1, ANTICHAMA BWF-B, 1 CONDUTOR, 0,6/1 KV, SECAO NOMINAL 240 MM2","M     ","CR","214,58"]
[996,"CABO DE COBRE, FLEXIVEL, CLASSE 4 OU 5, ISOLACAO EM PVC/A, ANTICHAMA BWF-B, COBERTURA PVC-ST1, ANTICHAMA BWF-B, 1 CONDUTOR, 0,6/1 KV, SECAO NOMINAL 25 MM2","M     ","CR","21,86"]
[1001,"CABO DE COBRE, FLEXIVEL, CLASSE 4 OU 5, ISOLACAO EM PVC/A, ANTICHAMA BWF-B, COBERTURA PVC-ST1, ANTICHAMA BWF-B, 1 CONDUTOR, 0,6/1 KV, SECAO NOMINAL 300 MM2","M     ","CR","278,41"]
[1019,"CABO DE COBRE, FLEXIVEL, CLASSE 4 OU 5, ISOLACAO EM PVC/A, ANTICHAMA BWF-B, COBERTURA PVC-ST1, ANTICHAMA BWF-B, 1 CONDUTOR, 0,6/1 KV, SECAO NOMINAL 35 MM2","M     ","CR","30,89"]
[1021,"CABO DE COBRE, FLEXIVEL, CLASSE 4 OU 5, ISOLACAO EM PVC/A, ANTICHAMA BWF-B, COBERTURA PVC-ST1, ANTICHAMA BWF-B, 1 CONDUTOR, 0,6/1 KV, SECAO NOMINAL 4 MM2","M     ","CR","3,71"]
[39249,"CABO DE COBRE, FLEXIVEL, CLASSE 4 OU 5, ISOLACAO EM PVC/A, ANTICHAMA BWF-B, COBERTURA PVC-ST1, ANTICHAMA BWF-B, 1 CONDUTOR, 0,6/1 KV, SECAO NOMINAL 400 MM2","M     ","CR","374,34"]
[1018,"CABO DE COBRE, FLEXIVEL, CLASSE 4 OU 5, ISOLACAO EM PVC/A, ANTICHAMA BWF-B, COBERTURA PVC-ST1, ANTICHAMA BWF-B, 1 CONDUTOR, 0,6/1 KV, SECAO NOMINAL 50 MM2","M     ","CR","45,68"]
[39250,"CABO DE COBRE, FLEXIVEL, CLASSE 4 OU 5, ISOLACAO EM PVC/A, ANTICHAMA BWF-B, COBERTURA PVC-ST1, ANTICHAMA BWF-B, 1 CONDUTOR, 0,6/1 KV, SECAO NOMINAL 500 MM2","M     ","CR","447,79"]
[994,"CABO DE COBRE, FLEXIVEL, CLASSE 4 OU 5, ISOLACAO EM PVC/A, ANTICHAMA BWF-B, COBERTURA PVC-ST1, ANTICHAMA BWF-B, 1 CONDUTOR, 0,6/1 KV, SECAO NOMINAL 6 MM2","M     ","CR","5,40"]
[977,"CABO DE COBRE, FLEXIVEL, CLASSE 4 OU 5, ISOLACAO EM PVC/A, ANTICHAMA BWF-B, COBERTURA PVC-ST1, ANTICHAMA BWF-B, 1 CONDUTOR, 0,6/1 KV, SECAO NOMINAL 70 MM2","M     ","CR","63,91"]
[998,"CABO DE COBRE, FLEXIVEL, CLASSE 4 OU 5, ISOLACAO EM PVC/A, ANTICHAMA BWF-B, COBERTURA PVC-ST1, ANTICHAMA BWF-B, 1 CONDUTOR, 0,6/1 KV, SECAO NOMINAL 95 MM2","M     ","CR","82,98"]
[39251,"CABO DE COBRE, FLEXIVEL, CLASSE 4 OU 5, ISOLACAO EM PVC/A, ANTICHAMA BWF-B, 1 CONDUTOR, 450/750 V, SECAO NOMINAL 0,5 MM2","M     ","CR","0,60"]
[1011,"CABO DE COBRE, FLEXIVEL, CLASSE 4 OU 5, ISOLACAO EM PVC/A, ANTICHAMA BWF-B, 1 CONDUTOR, 450/750 V, SECAO NOMINAL 0,75 MM2","M     ","CR","0,81"]
[39252,"CABO DE COBRE, FLEXIVEL, CLASSE 4 OU 5, ISOLACAO EM PVC/A, ANTICHAMA BWF-B, 1 CONDUTOR, 450/750 V, SECAO NOMINAL 1,0 MM2","M     ","CR","1,07"]
[1013,"CABO DE COBRE, FLEXIVEL, CLASSE 4 OU 5, ISOLACAO EM PVC/A, ANTICHAMA BWF-B, 1 CONDUTOR, 450/750 V, SECAO NOMINAL 1,5 MM2","M     ","CR","1,29"]
[980,"CABO DE COBRE, FLEXIVEL, CLASSE 4 OU 5, ISOLACAO EM PVC/A, ANTICHAMA BWF-B, 1 CONDUTOR, 450/750 V, SECAO NOMINAL 10 MM2","M     ","CR","9,28"]
[39237,"CABO DE COBRE, FLEXIVEL, CLASSE 4 OU 5, ISOLACAO EM PVC/A, ANTICHAMA BWF-B, 1 CONDUTOR, 450/750 V, SECAO NOMINAL 120 MM2","M     ","CR","98,78"]
[39238,"CABO DE COBRE, FLEXIVEL, CLASSE 4 OU 5, ISOLACAO EM PVC/A, ANTICHAMA BWF-B, 1 CONDUTOR, 450/750 V, SECAO NOMINAL 150 MM2","M     ","CR","124,59"]
[979,"CABO DE COBRE, FLEXIVEL, CLASSE 4 OU 5, ISOLACAO EM PVC/A, ANTICHAMA BWF-B, 1 CONDUTOR, 450/750 V, SECAO NOMINAL 16 MM2","M     ","CR","13,27"]
[39239,"CABO DE COBRE, FLEXIVEL, CLASSE 4 OU 5, ISOLACAO EM PVC/A, ANTICHAMA BWF-B, 1 CONDUTOR, 450/750 V, SECAO NOMINAL 185 MM2","M     ","CR","150,51"]
[1014,"CABO DE COBRE, FLEXIVEL, CLASSE 4 OU 5, ISOLACAO EM PVC/A, ANTICHAMA BWF-B, 1 CONDUTOR, 450/750 V, SECAO NOMINAL 2,5 MM2","M     ","CR","2,04"]
[39240,"CABO DE COBRE, FLEXIVEL, CLASSE 4 OU 5, ISOLACAO EM PVC/A, ANTICHAMA BWF-B, 1 CONDUTOR, 450/750 V, SECAO NOMINAL 240 MM2","M     ","CR","197,97"]
[39232,"CABO DE COBRE, FLEXIVEL, CLASSE 4 OU 5, ISOLACAO EM PVC/A, ANTICHAMA BWF-B, 1 CONDUTOR, 450/750 V, SECAO NOMINAL 25 MM2","M     ","CR","20,77"]
[39233,"CABO DE COBRE, FLEXIVEL, CLASSE 4 OU 5, ISOLACAO EM PVC/A, ANTICHAMA BWF-B, 1 CONDUTOR, 450/750 V, SECAO NOMINAL 35 MM2","M     ","CR","30,28"]
[981,"CABO DE COBRE, FLEXIVEL, CLASSE 4 OU 5, ISOLACAO EM PVC/A, ANTICHAMA BWF-B, 1 CONDUTOR, 450/750 V, SECAO NOMINAL 4 MM2","M     ","C ","3,38"]
[39234,"CABO DE COBRE, FLEXIVEL, CLASSE 4 OU 5, ISOLACAO EM PVC/A, ANTICHAMA BWF-B, 1 CONDUTOR, 450/750 V, SECAO NOMINAL 50 MM2","M     ","CR","42,15"]
[982,"CABO DE COBRE, FLEXIVEL, CLASSE 4 OU 5, ISOLACAO EM PVC/A, ANTICHAMA BWF-B, 1 CONDUTOR, 450/750 V, SECAO NOMINAL 6 MM2","M     ","CR","4,86"]
[39235,"CABO DE COBRE, FLEXIVEL, CLASSE 4 OU 5, ISOLACAO EM PVC/A, ANTICHAMA BWF-B, 1 CONDUTOR, 450/750 V, SECAO NOMINAL 70 MM2","M     ","CR","62,17"]
[39236,"CABO DE COBRE, FLEXIVEL, CLASSE 4 OU 5, ISOLACAO EM PVC/A, ANTICHAMA BWF-B, 1 CONDUTOR, 450/750 V, SECAO NOMINAL 95 MM2","M     ","CR","82,39"]
[990,"CABO DE COBRE, RIGIDO, CLASSE 2, ISOLACAO EM PVC/A, ANTICHAMA BWF-B, 1 CONDUTOR, 450/750 V, SECAO NOMINAL 150 MM2","M     ","CR","146,20"]
[39241,"CABO DE COBRE, RIGIDO, CLASSE 2, ISOLACAO EM PVC/A, ANTICHAMA BWF-B, 1 CONDUTOR, 450/750 V, SECAO NOMINAL 16 MM2","M     ","CR","14,39"]
[1005,"CABO DE COBRE, RIGIDO, CLASSE 2, ISOLACAO EM PVC/A, ANTICHAMA BWF-B, 1 CONDUTOR, 450/750 V, SECAO NOMINAL 185 MM2","M     ","CR","182,02"]
[991,"CABO DE COBRE, RIGIDO, CLASSE 2, ISOLACAO EM PVC/A, ANTICHAMA BWF-B, 1 CONDUTOR, 450/750 V, SECAO NOMINAL 240 MM2","M     ","CR","238,41"]
[986,"CABO DE COBRE, RIGIDO, CLASSE 2, ISOLACAO EM PVC/A, ANTICHAMA BWF-B, 1 CONDUTOR, 450/750 V, SECAO NOMINAL 25 MM2","M     ","CR","22,74"]
[987,"CABO DE COBRE, RIGIDO, CLASSE 2, ISOLACAO EM PVC/A, ANTICHAMA BWF-B, 1 CONDUTOR, 450/750 V, SECAO NOMINAL 35 MM2","M     ","CR","31,13"]
[1007,"CABO DE COBRE, RIGIDO, CLASSE 2, ISOLACAO EM PVC/A, ANTICHAMA BWF-B, 1 CONDUTOR, 450/750 V, SECAO NOMINAL 50 MM2","M     ","CR","43,09"]
[1008,"CABO DE COBRE, RIGIDO, CLASSE 2, ISOLACAO EM PVC/A, ANTICHAMA BWF-B, 1 CONDUTOR, 450/750 V, SECAO NOMINAL 6 MM2","M     ","CR","5,47"]
[988,"CABO DE COBRE, RIGIDO, CLASSE 2, ISOLACAO EM PVC/A, ANTICHAMA BWF-B, 1 CONDUTOR, 450/750 V, SECAO NOMINAL 70 MM2","M     ","CR","59,41"]
[989,"CABO DE COBRE, RIGIDO, CLASSE 2, ISOLACAO EM PVC/A, ANTICHAMA BWF-B, 1 CONDUTOR, 450/750 V, SECAO NOMINAL 95 MM2","M     ","CR","82,01"]
[1006,"CABO DE COBRE, RIGIDO, CLASSE 2, ISOLACAO EM PVC, ANTI-CHAMA BWF-B, 1 CONDUTOR, 450/750 V, DIAMETRO 120 MM2","M     ","CR","109,95"]
[43972,"CABO DE REDE, PAR TRANCADO U/UTP, 4 PARES, CATEGORIA 5E (CAT 5E), ISOLAMENTO PVC (CM)","M     ","CR","3,05"]
[43971,"CABO DE REDE, PAR TRANCADO U/UTP, 4 PARES, CATEGORIA 5E (CAT 5E), ISOLAMENTO PVC (CMX)","M     ","C ","2,33"]
[39598,"CABO DE REDE, PAR TRANCADO U/UTP, 4 PARES, CATEGORIA 5E (CAT 5E), ISOLAMENTO PVC (LSZH)","M     ","CR","4,32"]
[43973,"CABO DE REDE, PAR TRANCADO U/UTP, 4 PARES, CATEGORIA 6 (CAT 6), ISOLAMENTO PVC (CM)","M     ","CR","3,19"]
[39599,"CABO DE REDE, PAR TRANCADO UTP, 4 PARES, CATEGORIA 6 (CAT 6), ISOLAMENTO PVC (LSZH)","M     ","CR","6,21"]
[43832,"CABO ELETRONICO CATEGORIA 6A U/UTP 23AWG X 4P","M     ","CR","16,37"]
[34602,"CABO FLEXIVEL PVC 750 V, 2 CONDUTORES DE 1,5 MM2","M     ","CR","3,76"]
[34607,"CABO FLEXIVEL PVC 750 V, 2 CONDUTORES DE 4,0 MM2","M     ","CR","9,22"]
[34609,"CABO FLEXIVEL PVC 750 V, 2 CONDUTORES DE 6,0 MM2","M     ","CR","13,41"]
[34618,"CABO FLEXIVEL PVC 750 V, 3 CONDUTORES DE 1,5 MM2","M     ","CR","5,13"]
[34621,"CABO FLEXIVEL PVC 750 V, 3 CONDUTORES DE 4,0 MM2","M     ","CR","12,71"]
[34622,"CABO FLEXIVEL PVC 750 V, 3 CONDUTORES DE 6,0 MM2","M     ","CR","18,88"]
[34624,"CABO FLEXIVEL PVC 750 V, 4 CONDUTORES DE 1,5 MM2","M     ","CR","6,85"]
[34627,"CABO FLEXIVEL PVC 750 V, 4 CONDUTORES DE 4,0 MM2","M     ","CR","16,51"]
[34629,"CABO FLEXIVEL PVC 750 V, 4 CONDUTORES DE 6,0 MM2","M     ","CR","25,23"]
[39257,"CABO MULTIPOLAR DE COBRE, FLEXIVEL, CLASSE 4 OU 5, ISOLACAO EM HEPR, COBERTURA EM PVC-ST2, ANTICHAMA BWF-B, 0,6/1 KV, 3 CONDUTORES DE 1,5 MM2","M     ","CR","5,13"]
[39261,"CABO MULTIPOLAR DE COBRE, FLEXIVEL, CLASSE 4 OU 5, ISOLACAO EM HEPR, COBERTURA EM PVC-ST2, ANTICHAMA BWF-B, 0,6/1 KV, 3 CONDUTORES DE 10 MM2","M     ","CR","29,39"]
[39268,"CABO MULTIPOLAR DE COBRE, FLEXIVEL, CLASSE 4 OU 5, ISOLACAO EM HEPR, COBERTURA EM PVC-ST2, ANTICHAMA BWF-B, 0,6/1 KV, 3 CONDUTORES DE 120 MM2","M     ","CR","459,41"]
[39262,"CABO MULTIPOLAR DE COBRE, FLEXIVEL, CLASSE 4 OU 5, ISOLACAO EM HEPR, COBERTURA EM PVC-ST2, ANTICHAMA BWF-B, 0,6/1 KV, 3 CONDUTORES DE 16 MM2","M     ","CR","46,80"]
[39258,"CABO MULTIPOLAR DE COBRE, FLEXIVEL, CLASSE 4 OU 5, ISOLACAO EM HEPR, COBERTURA EM PVC-ST2, ANTICHAMA BWF-B, 0,6/1 KV, 3 CONDUTORES DE 2,5 MM2","M     ","CR","7,74"]
[39263,"CABO MULTIPOLAR DE COBRE, FLEXIVEL, CLASSE 4 OU 5, ISOLACAO EM HEPR, COBERTURA EM PVC-ST2, ANTICHAMA BWF-B, 0,6/1 KV, 3 CONDUTORES DE 25 MM2","M     ","CR","80,93"]
[39264,"CABO MULTIPOLAR DE COBRE, FLEXIVEL, CLASSE 4 OU 5, ISOLACAO EM HEPR, COBERTURA EM PVC-ST2, ANTICHAMA BWF-B, 0,6/1 KV, 3 CONDUTORES DE 35 MM2","M     ","CR","112,11"]
[39259,"CABO MULTIPOLAR DE COBRE, FLEXIVEL, CLASSE 4 OU 5, ISOLACAO EM HEPR, COBERTURA EM PVC-ST2, ANTICHAMA BWF-B, 0,6/1 KV, 3 CONDUTORES DE 4 MM2","M     ","CR","11,91"]
[39265,"CABO MULTIPOLAR DE COBRE, FLEXIVEL, CLASSE 4 OU 5, ISOLACAO EM HEPR, COBERTURA EM PVC-ST2, ANTICHAMA BWF-B, 0,6/1 KV, 3 CONDUTORES DE 50 MM2","M     ","CR","152,21"]
[39260,"CABO MULTIPOLAR DE COBRE, FLEXIVEL, CLASSE 4 OU 5, ISOLACAO EM HEPR, COBERTURA EM PVC-ST2, ANTICHAMA BWF-B, 0,6/1 KV, 3 CONDUTORES DE 6 MM2","M     ","CR","18,24"]
[39266,"CABO MULTIPOLAR DE COBRE, FLEXIVEL, CLASSE 4 OU 5, ISOLACAO EM HEPR, COBERTURA EM PVC-ST2, ANTICHAMA BWF-B, 0,6/1 KV, 3 CONDUTORES DE 70 MM2","M     ","CR","229,69"]
[39267,"CABO MULTIPOLAR DE COBRE, FLEXIVEL, CLASSE 4 OU 5, ISOLACAO EM HEPR, COBERTURA EM PVC-ST2, ANTICHAMA BWF-B, 0,6/1 KV, 3 CONDUTORES DE 95 MM2","M     ","CR","287,17"]
[11901,"CABO TELEFONICO CCI 50, 1 PAR, USO INTERNO, SEM BLINDAGEM","M     ","CR","0,56"]
[11902,"CABO TELEFONICO CCI 50, 2 PARES, USO INTERNO, SEM BLINDAGEM","M     ","CR","1,07"]
[11903,"CABO TELEFONICO CCI 50, 3 PARES, USO INTERNO, SEM BLINDAGEM","M     ","CR","1,13"]
[11904,"CABO TELEFONICO CCI 50, 4 PARES, USO INTERNO, SEM BLINDAGEM","M     ","CR","1,72"]
[11905,"CABO TELEFONICO CCI 50, 5 PARES, USO INTERNO, SEM BLINDAGEM","M     ","CR","2,10"]
[11906,"CABO TELEFONICO CCI 50, 6 PARES, USO INTERNO, SEM BLINDAGEM","M     ","CR","2,67"]
[11919,"CABO TELEFONICO CI 50, 10 PARES, USO INTERNO","M     ","CR","4,89"]
[11920,"CABO TELEFONICO CI 50, 20 PARES, USO INTERNO","M     ","CR","9,28"]
[11924,"CABO TELEFONICO CI 50, 200 PARES, USO INTERNO","M     ","CR","77,95"]
[11921,"CABO TELEFONICO CI 50, 30 PARES, USO INTERNO","M     ","CR","13,58"]
[11922,"CABO TELEFONICO CI 50, 50 PARES, USO INTERNO","M     ","CR","21,97"]
[11923,"CABO TELEFONICO CI 50, 75 PARES, USO INTERNO","M     ","CR","32,16"]
[11916,"CABO TELEFONICO CTP - APL - 50, 10 PARES, USO EXTERNO","M     ","CR","6,69"]
[11914,"CABO TELEFONICO CTP - APL - 50, 100 PARES, USO EXTERNO","M     ","CR","48,18"]
[11917,"CABO TELEFONICO CTP - APL - 50, 20 PARES, USO EXTERNO","M     ","CR","11,78"]
[11918,"CABO TELEFONICO CTP - APL - 50, 30 PARES, USO EXTERNO","M     ","CR","13,97"]
[37734,"CACAMBA METALICA BASCULANTE COM CAPACIDADE DE 10 M3 (INCLUI MONTAGEM, NAO INCLUI CAMINHAO)","UN    ","AS","73.298,23"]
[42251,"CACAMBA METALICA BASCULANTE COM CAPACIDADE DE 12 M3 (INCLUI MONTAGEM, NAO INCLUI CAMINHAO)","UN    ","AS","83.234,61"]
[37733,"CACAMBA METALICA BASCULANTE COM CAPACIDADE DE 6 M3 (INCLUI MONTAGEM, NAO INCLUI CAMINHAO)","UN    ","AS","54.958,74"]
[37735,"CACAMBA METALICA BASCULANTE COM CAPACIDADE DE 8 M3 (INCLUI MONTAGEM, NAO INCLUI CAMINHAO)","UN    ","AS","66.225,28"]
[5090,"CADEADO SIMPLES, CORPO EM LATAO MACICO, COM LARGURA DE 25 MM E ALTURA DE APROX 25 MM, HASTE CEMENTADA (NAO LONGA), EM ACO TEMPERADO COM DIAMETRO DE APROX 5,0 MM, INCLUINDO 2 CHAVES","UN    ","C ","21,70"]
[5085,"CADEADO SIMPLES, CORPO EM LATAO MACICO, COM LARGURA DE 35 MM E ALTURA DE APROX 30 MM, HASTE CEMENTADA (NAO LONGA), EM ACO TEMPERADO COM DIAMETRO DE APROX 6,0 MM, INCLUINDO 2 CHAVES","UN    ","CR","32,30"]
[43603,"CADEADO SIMPLES, CORPO EM LATAO MACICO, COM LARGURA DE 50 MM E ALTURA DE APROX 40 MM, HASTE CEMENTADA EM ACO TEMPERADO COM DIAMETRO DE APROX 8,0 MM, INCLUINDO 2 CHAVES","UN    ","CR","46,15"]
[38374,"CADEIRA SUSPENSA MANUAL / BALANCIM INDIVIDUAL (NBR 14751)","UN    ","CR","1.180,39"]
[20212,"CAIBRO APARELHADO *6 X 8* CM, EM MACARANDUBA/MASSARANDUBA, ANGELIM OU EQUIVALENTE DA REGIAO","M     ","CR","26,48"]
[20209,"CAIBRO APARELHADO *7,5 X 7,5* CM, EM MACARANDUBA/MASSARANDUBA, ANGELIM OU EQUIVALENTE DA REGIAO","M     ","CR","31,63"]
[4430,"CAIBRO NAO APARELHADO *5 X 6* CM, EM MACARANDUBA/MASSARANDUBA, ANGELIM OU EQUIVALENTE DA REGIAO - BRUTA","M     ","C ","15,50"]
[4433,"CAIBRO NAO APARELHADO *6 X 6* CM, EM MACARANDUBA/MASSARANDUBA, ANGELIM OU EQUIVALENTE DA REGIAO - BRUTA","M     ","CR","30,31"]
[4400,"CAIBRO NAO APARELHADO, *6 X 8* CM, EM MACARANDUBA/MASSARANDUBA, ANGELIM OU EQUIVALENTE DA REGIAO - BRUTA","M     ","CR","24,67"]
[2729,"CAIBRO ROLICO DE MADEIRA TRATADA, D = 4 A 7 CM, H = 3,00 M, EM EUCALIPTO OU EQUIVALENTE DA REGIAO","UN    ","CR","30,57"]
[4513,"CAIBRO 5 X 5 CM EM PINUS, MISTA OU EQUIVALENTE DA REGIAO - BRUTA","M     ","CR","7,44"]
[37106,"CAIXA D'AGUA / RESERVATORIO EM POLIESTER REFORCADO COM FIBRA DE VIDRO, 10000 LITROS, COM TAMPA","UN    ","CR","4.773,02"]
[11869,"CAIXA D'AGUA / RESERVATORIO EM POLIESTER REFORCADO COM FIBRA DE VIDRO, 1500 LITROS, COM TAMPA","UN    ","CR","954,60"]
[43981,"CAIXA D'AGUA / RESERVATORIO EM POLIESTER REFORCADO COM FIBRA DE VIDRO, 15000 LITROS, COM TAMPA","UN    ","CR","7.192,89"]
[37104,"CAIXA D'AGUA / RESERVATORIO EM POLIESTER REFORCADO COM FIBRA DE VIDRO, 2000 LITROS, COM TAMPA","UN    ","CR","1.198,04"]
[43982,"CAIXA D'AGUA / RESERVATORIO EM POLIESTER REFORCADO COM FIBRA DE VIDRO, 20000 LITROS, COM TAMPA","UN    ","CR","11.362,96"]
[43978,"CAIXA D'AGUA / RESERVATORIO EM POLIESTER REFORCADO COM FIBRA DE VIDRO, 3000 LITROS, COM TAMPA","UN    ","CR","1.775,48"]
[11871,"CAIXA D'AGUA / RESERVATORIO EM POLIESTER REFORCADO COM FIBRA DE VIDRO, 500 LITROS, COM TAMPA","UN    ","CR","444,99"]
[37105,"CAIXA D'AGUA / RESERVATORIO EM POLIESTER REFORCADO COM FIBRA DE VIDRO, 5000 LITROS, COM TAMPA","UN    ","CR","2.737,99"]
[43980,"CAIXA D'AGUA / RESERVATORIO EM POLIESTER REFORCADO COM FIBRA DE VIDRO, 7000 LITROS, COM TAMPA","UN    ","CR","3.409,88"]
[43979,"CAIXA D'AGUA / RESERVATORIO EM POLIESTER REFORCADO COM FIBRA DE VIDRO, 750 LITROS, COM TAMPA","UN    ","CR","640,68"]
[11868,"CAIXA D'AGUA / RESERVATORIO EM POLIESTER REFORCADO COM FIBRA DE VIDRO,1000 LITROS, COM TAMPA","UN    ","CR","619,60"]
[34636,"CAIXA D'AGUA / RESERVATORIO EM POLIETILENO, 1000 LITROS, COM TAMPA","UN    ","C ","440,00"]
[34639,"CAIXA D'AGUA / RESERVATORIO EM POLIETILENO, 1500 LITROS, COM TAMPA","UN    ","CR","1.015,60"]
[34640,"CAIXA D'AGUA / RESERVATORIO EM POLIETILENO, 2000 LITROS, COM TAMPA","UN    ","CR","1.152,04"]
[43977,"CAIXA D'AGUA / RESERVATORIO EM POLIETILENO, 3000 LITROS, COM TAMPA","UN    ","CR","1.986,04"]
[34637,"CAIXA D'AGUA / RESERVATORIO EM POLIETILENO, 500 LITROS, COM TAMPA","UN    ","CR","266,09"]
[34638,"CAIXA D'AGUA / RESERVATORIO EM POLIETILENO, 750 LITROS, COM TAMPA","UN    ","CR","411,59"]
[34641,"CAIXA DE ATERRAMENTO EM CONCRETO PRE-MOLDADO, DIAMETRO DE 0,30 M E ALTURA DE 0,35 M, SEM FUNDO E COM TAMPA","UN    ","CR","81,61"]
[43434,"CAIXA DE CONCRETO ARMADO PRE-MOLDADO, COM FUNDO E SEM TAMPA, DIMENSOES DE 0,30 X 0,30 X 0,30 M","UN    ","CR","88,23"]
[43435,"CAIXA DE CONCRETO ARMADO PRE-MOLDADO, COM FUNDO E SEM TAMPA, DIMENSOES DE 0,40 X 0,40 X 0,40 M","UN    ","CR","161,76"]
[43436,"CAIXA DE CONCRETO ARMADO PRE-MOLDADO, COM FUNDO E SEM TAMPA, DIMENSOES DE 0,60 X 0,60 X 0,50 M","UN    ","CR","283,08"]
[43437,"CAIXA DE CONCRETO ARMADO PRE-MOLDADO, COM FUNDO E SEM TAMPA, DIMENSOES DE 0,80 X 0,80 X 0,50 M","UN    ","CR","513,23"]
[43438,"CAIXA DE CONCRETO ARMADO PRE-MOLDADO, COM FUNDO E SEM TAMPA, DIMENSOES DE 1,00 X 1,00 X 0,50 M","UN    ","CR","919,11"]
[41627,"CAIXA DE CONCRETO ARMADO PRE-MOLDADO, COM FUNDO E TAMPA, DIMENSOES DE 0,30 X 0,30 X 0,30 M","UN    ","CR","136,02"]
[41628,"CAIXA DE CONCRETO ARMADO PRE-MOLDADO, COM FUNDO E TAMPA, DIMENSOES DE 0,40 X 0,40 X 0,40 M","UN    ","CR","249,99"]
[41629,"CAIXA DE CONCRETO ARMADO PRE-MOLDADO, COM FUNDO E TAMPA, DIMENSOES DE 0,60 X 0,60 X 0,50 M","UN    ","CR","317,64"]
[43429,"CAIXA DE CONCRETO ARMADO PRE-MOLDADO, SEM FUNDO, QUADRADA, DIMENSOES DE 0,30 X 0,30 X 0,30 M","UN    ","CR","70,38"]
[43430,"CAIXA DE CONCRETO ARMADO PRE-MOLDADO, SEM FUNDO, QUADRADA, DIMENSOES DE 0,40 X 0,40 X 0,40 M","UN    ","CR","116,91"]
[43431,"CAIXA DE CONCRETO ARMADO PRE-MOLDADO, SEM FUNDO, QUADRADA, DIMENSOES DE 0,60 X 0,60 X 0,50 M","UN    ","CR","226,47"]
[43432,"CAIXA DE CONCRETO ARMADO PRE-MOLDADO, SEM FUNDO, QUADRADA, DIMENSOES DE 0,80 X 0,80 X 0,50 M","UN    ","CR","470,58"]
[43433,"CAIXA DE CONCRETO ARMADO PRE-MOLDADO, SEM FUNDO, QUADRADA, DIMENSOES DE 1,00 X 1,00 X 0,50 M","UN    ","CR","741,91"]
[43094,"CAIXA DE DERIVACAO PARA MEDIDOR DE ENERGIA, COM BARRAMENTO MONOFASICO, EM POLICARBONATO / TERMOPLASTICO - MODULO (PADRAO CONCESSIONARIA LOCAL)","UN    ","CR","353,18"]
[43093,"CAIXA DE DERIVACAO PARA MEDIDOR DE ENERGIA, COM BARRAMENTO POLIFASICO, EM POLICARBONATO / TERMOPLASTICO - MODULO (PADRAO CONCESSIONARIA LOCAL)","UN    ","CR","375,33"]
[11694,"CAIXA DE DESCARGA PLASTICA PARA BACIA / VASO SANITARIO DE EMBUTIR, COM ESPELHO ACIONADOR EM PLASTICO, CAPACIDADE 6 A 10 LITROS, (COMPLETA - ACESSORIOS INCLUSOS)","UN    ","CR","982,57"]
[1030,"CAIXA DE DESCARGA PLASTICA PARA BACIA / VASO SANITARIO, EXTERNA, CAPACIDADE 9 LITROS, PUXADOR FIO DE NYLON, NAO INCLUSO CANO, BOLSA, ENGATE","UN    ","C ","44,45"]
[11881,"CAIXA DE GORDURA CILINDRICA EM CONCRETO SIMPLES,  PRE-MOLDADA, COM DIAMETRO DE 40 CM E ALTURA DE 45 CM, COM TAMPA","UN    ","CR","124,99"]
[35277,"CAIXA DE GORDURA EM PVC, DIAMETRO MINIMO 300 MM, DIAMETRO DE SAIDA 100 MM, CAPACIDADE  APROXIMADA 18 LITROS, COM TAMPA E CESTO","UN    ","CR","388,26"]
[10521,"CAIXA DE INCENDIO/ABRIGO PARA MANGUEIRA, DE EMBUTIR/INTERNA, COM 75 X 45 X 17 CM, EM CHAPA DE ACO, PORTA COM VENTILACAO, VISOR COM A INSCRICAO \"INCENDIO\", SUPORTE/CESTA INTERNA PARA A MANGUEIRA, PINTURA ELETROSTATICA VERMELHA","UN    ","CR","396,13"]
[10885,"CAIXA DE INCENDIO/ABRIGO PARA MANGUEIRA, DE EMBUTIR/INTERNA, COM 90 X 60 X 17 CM, EM CHAPA DE ACO, PORTA COM VENTILACAO, VISOR COM A INSCRICAO \"INCENDIO\", SUPORTE/CESTA INTERNA PARA A MANGUEIRA, PINTURA ELETROSTATICA VERMELHA","UN    ","CR","501,06"]
[20962,"CAIXA DE INCENDIO/ABRIGO PARA MANGUEIRA, DE SOBREPOR/EXTERNA, COM 75 X 45 X 17 CM, EM CHAPA DE ACO, PORTA COM VENTILACAO, VISOR COM A INSCRICAO \"INCENDIO\", SUPORTE/CESTA INTERNA PARA A MANGUEIRA, PINTURA ELETROSTATICA VERMELHA","UN    ","C ","415,00"]
[20963,"CAIXA DE INCENDIO/ABRIGO PARA MANGUEIRA, DE SOBREPOR/EXTERNA, COM 90 X 60 X 17 CM, EM CHAPA DE ACO, PORTA COM VENTILACAO, VISOR COM A INSCRICAO \"INCENDIO\", SUPORTE/CESTA INTERNA PARA A MANGUEIRA, PINTURA ELETROSTATICA VERMELHA","UN    ","CR","506,96"]
[34643,"CAIXA DE INSPECAO PARA ATERRAMENTO E PARA RAIOS, EM POLIPROPILENO,  DIAMETRO = 300 MM X ALTURA = 400 MM","UN    ","CR","44,71"]
[41480,"CAIXA DE INSPECAO PARA ATERRAMENTO OU OUTRO USO, EM PVC, DN = 250 X 250 MM","UN    ","CR","51,84"]
[41474,"CAIXA DE INSPECAO PARA ATERRAMENTO OU OUTRO USO, EM PVC, DN = 300 X *300* MM","UN    ","CR","82,82"]
[41475,"CAIXA DE INSPECAO PARA ATERRAMENTO OU OUTRO USO, EM PVC, DN = 300 X 250 MM","UN    ","CR","70,66"]
[41476,"CAIXA DE INSPECAO PARA ATERRAMENTO OU OUTRO USO, EM PVC, DN = 300 X 600 MM","UN    ","CR","154,72"]
[2555,"CAIXA DE LUZ \"3 X 3\" EM ACO ESMALTADA","UN    ","CR","1,54"]
[2556,"CAIXA DE LUZ \"4 X 2\" EM ACO ESMALTADA","UN    ","CR","1,59"]
[2557,"CAIXA DE LUZ \"4 X 4\" EM ACO ESMALTADA","UN    ","CR","3,37"]
[10569,"CAIXA DE PASSAGEM / DERIVACAO / LUZ, OCTOGONAL 4 X4, EM ACO ESMALTADA, COM FUNDO MOVEL SIMPLES (FMS)","UN    ","CR","3,37"]
[39810,"CAIXA DE PASSAGEM ELETRICA DE PAREDE, DE EMBUTIR, EM PVC, COM TAMPA APARAFUSADA, DIMENSOES 120 X 120 X *75* MM","UN    ","CR","47,66"]
[39811,"CAIXA DE PASSAGEM ELETRICA DE PAREDE, DE EMBUTIR, EM PVC, COM TAMPA APARAFUSADA, DIMENSOES 150 X 150 X *75* MM","UN    ","CR","58,30"]
[39812,"CAIXA DE PASSAGEM ELETRICA DE PAREDE, DE EMBUTIR, EM PVC, COM TAMPA APARAFUSADA, DIMENSOES 200 X 200 X *90* MM","UN    ","CR","95,86"]
[43096,"CAIXA DE PASSAGEM ELETRICA DE PAREDE, DE EMBUTIR, EM TERMOPLASTICO / PVC, COM TAMPA APARAFUSADA, DIMENSOES 400 X 400 X *120* MM","UN    ","CR","317,75"]
[43102,"CAIXA DE PASSAGEM ELETRICA DE PAREDE, DE SOBREPOR, EM PVC, COM TAMPA APARAFUSADA, DIMENSOES 300 X 300 X *100* MM","UN    ","CR","193,21"]
[43103,"CAIXA DE PASSAGEM ELETRICA DE PAREDE, DE SOBREPOR, EM PVC, COM TAMPA APARAFUSADA, DIMENSOES, 400 X 400 X *120* MM","UN    ","CR","284,51"]
[43098,"CAIXA DE PASSAGEM ELETRICA DE PAREDE, DE SOBREPOR, EM TERMOPLASTICO / PVC, COM TAMPA APARAFUSA, DIMENSOES 200 X 200 X *100* MM","UN    ","CR","107,63"]
[43097,"CAIXA DE PASSAGEM ELETRICA DE PAREDE, DE SOBREPOR, EM TERMOPLASTICO / PVC, COM TAMPA APARAFUSADA, DIMENSOES, 150 X 150 X *100* MM","UN    ","CR","63,76"]
[43104,"CAIXA DE PASSAGEM ELETRICA, PARA PISO, EM PVC, DIMENSOES DE 3/4\" A 4\"","UN    ","CR","754,30"]
[39771,"CAIXA DE PASSAGEM METALICA DE SOBREPOR COM TAMPA PARAFUSADA, DIMENSOES 20 X 20 X 10 CM","UN    ","CR","32,36"]
[39772,"CAIXA DE PASSAGEM METALICA DE SOBREPOR COM TAMPA PARAFUSADA, DIMENSOES 30 X 30 X 10 CM","UN    ","CR","63,60"]
[39773,"CAIXA DE PASSAGEM METALICA DE SOBREPOR COM TAMPA PARAFUSADA, DIMENSOES 40 X 40 X 15 CM","UN    ","CR","102,23"]
[39774,"CAIXA DE PASSAGEM METALICA DE SOBREPOR COM TAMPA PARAFUSADA, DIMENSOES 50 X 50 X 15 CM","UN    ","CR","152,91"]
[39775,"CAIXA DE PASSAGEM METALICA DE SOBREPOR COM TAMPA PARAFUSADA, DIMENSOES 60 X 60 X 20 CM","UN    ","CR","204,08"]
[39776,"CAIXA DE PASSAGEM METALICA DE SOBREPOR COM TAMPA PARAFUSADA, DIMENSOES 70 X 70 X 20 CM","UN    ","CR","246,64"]
[39777,"CAIXA DE PASSAGEM METALICA DE SOBREPOR COM TAMPA PARAFUSADA, DIMENSOES 80 X 80 X 20 CM","UN    ","CR","312,61"]
[20254,"CAIXA DE PASSAGEM METALICA, DE SOBREPOR, COM TAMPA APARAFUSADA, DIMENSOES 15 X 15 X *10* CM","UN    ","CR","22,69"]
[20253,"CAIXA DE PASSAGEM METALICA, DE SOBREPOR, COM TAMPA APARAFUSADA, DIMENSOES 35 X 35 X *12* CM","UN    ","CR","74,51"]
[11247,"CAIXA DE PASSAGEM/ LUZ / TELEFONIA, DE EMBUTIR,  EM CHAPA DE ACO GALVANIZADO, DIMENSOES 150 X 150 X 15 CM (PADRAO CONCESSIONARIA LOCAL)","UN    ","CR","1.432,68"]
[11250,"CAIXA DE PASSAGEM/ LUZ / TELEFONIA, DE EMBUTIR,  EM CHAPA DE ACO GALVANIZADO, DIMENSOES 20 X 20 X *12* CM (PADRAO CONCESSIONARIA LOCAL)","UN    ","CR","61,68"]
[11249,"CAIXA DE PASSAGEM/ LUZ / TELEFONIA, DE EMBUTIR,  EM CHAPA DE ACO GALVANIZADO, DIMENSOES 200 X 200 X 20 CM (PADRAO CONCESSIONARIA LOCAL)","UN    ","CR","2.798,52"]
[11251,"CAIXA DE PASSAGEM/ LUZ / TELEFONIA, DE EMBUTIR,  EM CHAPA DE ACO GALVANIZADO, DIMENSOES 40 X 40 X *12* CM (PADRAO CONCESSIONARIA LOCAL)","UN    ","CR","136,62"]
[11253,"CAIXA DE PASSAGEM/ LUZ / TELEFONIA, DE EMBUTIR,  EM CHAPA DE ACO GALVANIZADO, DIMENSOES 60 X 60 X *12* CM (PADRAO CONCESSIONARIA LOCAL)","UN    ","CR","226,39"]
[11255,"CAIXA DE PASSAGEM/ LUZ / TELEFONIA, DE EMBUTIR,  EM CHAPA DE ACO GALVANIZADO, DIMENSOES 80 X 80 X *12* CM (PADRAO CONCESSIONARIA LOCAL)","UN    ","CR","338,46"]
[14055,"CAIXA DE PASSAGEM/ LUZ / TELEFONIA, DE EMBUTIR, EM CHAPA DE ACO GALVANIZADO, DIMENSOES 120 X 120 X *12* CM (PADRAO CONCESSIONARIA LOCAL)","UN    ","CR","680,86"]
[11256,"CAIXA DE PASSAGEM/ LUZ / TELEFONIA, DE SOBREPOR,  EM CHAPA DE ACO GALVANIZADO, DIMENSOES 80 X 80 X *12* CM (PADRAO CONCESSIONARIA LOCAL)","UN    ","CR","423,95"]
[1872,"CAIXA DE PASSAGEM, EM PVC, DE 4\" X 2\", PARA ELETRODUTO FLEXIVEL CORRUGADO","UN    ","CR","3,23"]
[1873,"CAIXA DE PASSAGEM, EM PVC, DE 4\" X 4\", PARA ELETRODUTO FLEXIVEL CORRUGADO","UN    ","CR","6,43"]
[39693,"CAIXA DE PROTECAO EXTERNA PARA MEDIDOR HOROSAZONAL, DE BAIXA TENSAO, COM MODULO, EM CHAPA DE ACO (PADRAO DA CONCESSIONARIA LOCAL)","UN    ","CR","2.662,63"]
[39692,"CAIXA DE PROTECAO PARA TRANSFORMADOR CORRENTE, EM CHAPA DE ACO 18 USG (PADRAO DA CONCESSIONARIA LOCAL)","UN    ","CR","851,98"]
[1062,"CAIXA INTERNA/EXTERNA DE MEDICAO PARA 1 MEDIDOR TRIFASICO, COM VISOR, EM CHAPA DE ACO 18 USG (PADRAO DA CONCESSIONARIA LOCAL)","UN    ","CR","270,01"]
[39686,"CAIXA INTERNA/EXTERNA DE MEDICAO PARA 4 MEDIDORES MONOFASICOS, COM VISOR, EM CHAPA DE ACO 18 USG (PADRAO DA CONCESSIONARIA LOCAL)","UN    ","CR","437,20"]
[43095,"CAIXA MODULAR PARA MEDIDOR DE ENERGIA AGRUPADA, EM POLICARBONATO /  TERMOPLASTICO, COM SUPORTE PARA DISJUNTOR (PADRAO DA CONCESSIONARIA LOCAL)","UN    ","CR","209,38"]
[1871,"CAIXA OCTOGONAL DE FUNDO MOVEL, EM PVC, DE 3\" X 3\", PARA ELETRODUTO FLEXIVEL CORRUGADO","UN    ","CR","5,79"]
[12001,"CAIXA OCTOGONAL DE FUNDO MOVEL, EM PVC, DE 4\" X 4\", PARA ELETRODUTO FLEXIVEL CORRUGADO","UN    ","CR","8,36"]
[11882,"CAIXA PARA HIDROMETRO CONCRETO PRE MOLDADO, *0,24 M X 0,45 M X 0,30* M (L X C X A)","UN    ","CR","89,70"]
[1068,"CAIXA PARA MEDICAO COLETIVA TIPO L, PADRAO BIFASICO OU TRIFASICO, PARA ATE 4 MEDIDORES, SEM BARRAMENTO E COM PORTAS INFERIOR E SUPERIOR","UN    ","CR","1.780,98"]
[39690,"CAIXA PARA MEDICAO COLETIVA TIPO M, PADRAO BIFASICO OU TRIFASICO, PARA ATE 8 MEDIDORES, SEM BARRAMENTO E COM PORTAS INFERIOR E SUPERIOR","UN    ","CR","2.987,89"]
[39691,"CAIXA PARA MEDICAO COLETIVA TIPO N, PADRAO BIFASICO OU TRIFASICO, PARA ATE 12 MEDIDORES, SEM BARRAMENTO E COM PORTAS INFERIOR E SUPERIOR","UN    ","CR","3.757,93"]
[39808,"CAIXA PARA MEDIDOR MONOFASICO, EM POLICARBONATO / TERMOPLASTICO, PARA ALOJAR 1 DISJUNTOR (PADRAO DA CONCESSIONARIA LOCAL)","UN    ","CR","109,31"]
[39809,"CAIXA PARA MEDIDOR POLIFASICO, EM POLICARBONATO / TERMOPLASTICO, PARA ALOJAR 1 DISJUNTOR (PADRAO DA CONCESSIONARIA LOCAL)","UN    ","CR","259,28"]
[43439,"CAIXA PRE-MOLDADA PARA BOCA DE LOBO, EM CONCRETO ARMADO, COM FCK DE 25 MPA, COM DIMENSOES 1,10 X 0,65 X 1,00 M (COMPRIMENTO X LARGURA X ALTURA)","UN    ","CR","411,76"]
[5103,"CAIXA SIFONADA PVC, 100 X 100 X 50 MM, COM GRELHA REDONDA, BRANCA","UN    ","CR","24,58"]
[11880,"CAIXA SIFONADA PVC, 250 X 230 X 75 MM, COM TAMPA CEGA QUADRADA, BRANCA","UN    ","CR","103,38"]
[11714,"CAIXA SIFONADA, PVC, 150 X *185* X 75 MM, COM GRELHA QUADRADA, BRANCA","UN    ","CR","70,43"]
[11712,"CAIXA SIFONADA, PVC, 150 X 150 X 50 MM, COM GRELHA QUADRADA, BRANCA (NBR 5688)","UN    ","C ","45,99"]
[11717,"CAIXA SIFONADA, PVC, 150 X 150 X 50 MM, COM GRELHA REDONDA, BRANCA","UN    ","CR","55,44"]
[1106,"CAL HIDRATADA CH-I PARA ARGAMASSAS","KG    ","C ","1,45"]
[11161,"CAL HIDRATADA PARA PINTURA","KG    ","CR","2,42"]
[1107,"CAL VIRGEM COMUM PARA ARGAMASSAS (NBR 6453)","KG    ","CR","1,23"]
[44479,"CALCARIO DOLOMITICO A (POSTO PEDREIRA/FORNECEDOR,  SEM FRETE)","KG    ","CR","0,16"]
[41068,"CALCETEIRO  (MENSALISTA)","MES   ","CR","3.497,68"]
[4759,"CALCETEIRO (HORISTA)","H     ","CR","20,03"]
[12618,"CALHA / PERFIL PLUVIAL DE PVC, DIAMETRO ENTRE *119 E 170* MM, COMPRIMENTO DE 3 M, PARA DRENAGEM PLUVIAL PREDIAL","UN    ","CR","184,86"]
[1108,"CALHA MOLDURA AMERICANA DE CHAPA DE ACO GALVANIZADA NUM 26, CORTE 33 CM","M     ","CR","29,04"]
[1117,"CALHA PARA AGUA FURTADA DE CHAPA DE ACO GALVANIZADA NUM 26, CORTE 40 CM","M     ","CR","29,27"]
[1118,"CALHA PARA AGUA FURTADA DE CHAPA DE ACO GALVANIZADA NUM 26, CORTE 50 CM","M     ","CR","34,59"]
[1110,"CALHA PLATIBANDA DE CHAPA DE ACO GALVANIZADA NUM 26, CORTE 45 CM","M     ","CR","34,59"]
[40784,"CALHA QUADRADA DE CHAPA DE ACO GALVANIZADA NUM 24, CORTE 100 CM","M     ","CR","95,42"]
[40782,"CALHA QUADRADA DE CHAPA DE ACO GALVANIZADA NUM 24, CORTE 33 CM","M     ","CR","37,45"]
[40783,"CALHA QUADRADA DE CHAPA DE ACO GALVANIZADA NUM 24, CORTE 50 CM","M     ","CR","48,78"]
[1109,"CALHA QUADRADA DE CHAPA DE ACO GALVANIZADA NUM 26, CORTE 33 CM","M     ","CR","29,04"]
[1119,"CALHA QUADRADA DE CHAPA DE ACO GALVANIZADA NUM 28, CORTE 25 CM","M     ","CR","18,72"]
[13115,"CALHA/CANALETA DE CONCRETO SIMPLES, TIPO MEIA CANA, DIAMETRO DE 20 CM, PARA AGUA PLUVIAL","M     ","AS","25,13"]
[10541,"CALHA/CANALETA DE CONCRETO SIMPLES, TIPO MEIA CANA, DIAMETRO DE 30 CM, PARA AGUA PLUVIAL","M     ","AS","30,71"]
[10542,"CALHA/CANALETA DE CONCRETO SIMPLES, TIPO MEIA CANA, DIAMETRO DE 40 CM, PARA AGUA PLUVIAL","M     ","AS","40,16"]
[10543,"CALHA/CANALETA DE CONCRETO SIMPLES, TIPO MEIA CANA, DIAMETRO DE 50 CM, PARA AGUA PLUVIAL","M     ","AS","65,16"]
[10544,"CALHA/CANALETA DE CONCRETO SIMPLES, TIPO MEIA CANA, DIAMETRO DE 60 CM, PARA AGUA PLUVIAL","M     ","AS","84,28"]
[10545,"CALHA/CANALETA DE CONCRETO SIMPLES, TIPO MEIA CANA, DIAMETRO DE 80 CM, PARA AGUA PLUVIAL","M     ","AS","157,51"]
[38365,"CAMADA SEPARADORA DE FILME DE POLIETILENO 20 A 25 MICRA","M2    ","CR","2,37"]
[44056,"CAMINHAO TOCO, PESO BRUTO TOTAL 10700 KG, CARGA UTIL MAXIMA 7400 KG, DISTANCIA ENTRE EIXOS 4,00 M, POTENCIA 175 CV (INCLUI CABINE E CHASSI, NAO INCLUI CARROCERIA)","UN    ","CR","497.513,49"]
[44057,"CAMINHAO TOCO, PESO BRUTO TOTAL 13200 KG, CARGA UTIL MAXIMA 9200 KG, DISTANCIA ENTRE EIXOS 3,31 M, POTENCIA 175 CV (INCLUI CABINE E CHASSI, NAO INCLUI CARROCERIA)","UN    ","C ","531.000,00"]
[37754,"CAMINHAO TOCO, PESO BRUTO TOTAL 14300 KG, CARGA UTIL MAXIMA 9480 KG, DISTANCIA ENTRE EIXOS 4,80 M, POTENCIA 185 CV (INCLUI CABINE E CHASSI, NAO INCLUI CARROCERIA)","UN    ","CR","548.987,04"]
[37757,"CAMINHAO TOCO, PESO BRUTO TOTAL 16000 KG, CARGA UTIL MAXIMA 10600 KG, DISTANCIA ENTRE EIXOS 4,80 M, POTENCIA 277 CV (INCLUI CABINE E CHASSI, NAO INCLUI CARROCERIA)","UN    ","CR","612.324,34"]
[44058,"CAMINHAO TOCO, PESO BRUTO TOTAL 16000 KG, CARGA UTIL MAXIMA 10830 KG, DISTANCIA ENTRE EIXOS 3,56 M, POTENCIA 226 CV (INCLUI CABINE E CHASSI, NAO INCLUI CARROCERIA)","UN    ","CR","578.837,84"]
[37752,"CAMINHAO TOCO, PESO BRUTO TOTAL 16000 KG, CARGA UTIL MAXIMA 11030 KG, DISTANCIA ENTRE EIXOS 5,41 M, POTENCIA 185 CV (INCLUI CABINE E CHASSI, NAO INCLUI CARROCERIA)","UN    ","CR","602.756,73"]
[44059,"CAMINHAO TOCO, PESO BRUTO TOTAL 8500 KG, CARGA UTIL MAXIMA 5600 KG, DISTANCIA ENTRE EIXOS 3,40 M, POTENCIA 167 CV (INCLUI CABINE E CHASSI, NAO INCLUI CARROCERIA)","UN    ","CR","476.464,86"]
[37750,"CAMINHAO TOCO, PESO BRUTO TOTAL 9600 KG, CARGA UTIL MAXIMA 6190 KG, DISTANCIA ENTRE EIXOS 3,70 M, POTENCIA 156 CV (INCLUI CABINE E CHASSI, NAO INCLUI CARROCERIA)","UN    ","CR","477.421,62"]
[37758,"CAMINHAO TRUCADO, PESO BRUTO TOTAL 23000 KG, CARGA UTIL MAXIMA 15285 KG, DISTANCIA ENTRE EIXOS 4,80 M, POTENCIA 326 CV (INCLUI CABINE E CHASSI, NAO INCLUI CARROCERIA)","UN    ","CR","759.664,84"]
[44060,"CAMINHAO TRUCADO, PESO BRUTO TOTAL 23000 KG, CARGA UTIL MAXIMA 15460 KG, DISTANCIA ENTRE EIXOS 4,80 M, POTENCIA 286 CV (INCLUI CABINE E CHASSI, NAO INCLUI CARROCERIA)","UN    ","CR","734.789,19"]
[37749,"CAMINHAO TRUCADO, PESO BRUTO TOTAL 23000 KG, CARGA UTIL MAXIMA 16360 KG, CABINE ESTENDIDA, DISTANCIA ENTRE EIXOS 3,56 M, POTENCIA 277 CV (INCLUI CABINE E CHASSI, NAO INCLUI CARROCERIA)","UN    ","CR","784.540,55"]
[44061,"CAMINHAO TRUCADO, PESO BRUTO TOTAL 23000 KG, CARGA UTIL MAXIMA 16540 KG, DISTANCIA ENTRE EIXOS 4,80 M, POTENCIA 256 CV (INCLUI CABINE E CHASSI, NAO INCLUI CARROCERIA)","UN    ","CR","720.437,86"]
[1159,"CAMINHONETE COM MOTOR A DIESEL, POTENCIA *160* CV, CABINE DUPLA, 4X4","UN    ","C ","275.703,00"]
[12114,"CAMPAINHA ALTA POTENCIA 110V / 220V, DIAMETRO 150 MM","UN    ","CR","145,99"]
[38106,"CAMPAINHA CIGARRA 127 V / 220 V (APENAS MODULO)","UN    ","CR","19,84"]
[38085,"CAMPAINHA CIGARRA 127 V / 220 V, CONJUNTO MONTADO PARA EMBUTIR 4\" X 2\" (PLACA + SUPORTE + MODULO)","UN    ","CR","23,43"]
[38599,"CANALETA DE CONCRETO ESTRUTURAL 14 X 19 X 29 CM, FBK 14 MPA (NBR 6136)","UN    ","CR","5,00"]
[38596,"CANALETA DE CONCRETO ESTRUTURAL 14 X 19 X 29 CM, FBK 4,5 MPA (NBR 6136)","UN    ","CR","4,15"]
[38600,"CANALETA DE CONCRETO ESTRUTURAL 14 X 19 X 39 CM, FBK 14 MPA (NBR 6136)","UN    ","CR","5,30"]
[38597,"CANALETA DE CONCRETO ESTRUTURAL 14 X 19 X 39 CM, FBK 4,5 MPA (NBR 6136)","UN    ","CR","4,18"]
[659,"CANALETA DE CONCRETO 14 X 19 X 19 CM (CLASSE C - NBR 6136)","UN    ","CR","2,40"]
[660,"CANALETA DE CONCRETO 19 X 19 X 19 CM (CLASSE C - NBR 6136)","UN    ","CR","2,88"]
[658,"CANALETA DE CONCRETO 9 X 19 X 19 CM (CLASSE C - NBR 6136)","UN    ","CR","1,62"]
[38548,"CANALETA ESTRUTURAL CERAMICA, 14 X 19 X 19 CM, 6,0 MPA (NBR 15270)","UN    ","CR","1,19"]
[34649,"CANALETA ESTRUTURAL CERAMICA, 14 X 19 X 29 CM, 6,0 MPA (NBR 15270)","UN    ","CR","1,61"]
[34655,"CANALETA ESTRUTURAL CERAMICA, 14 X 19 X 39 CM, 6,0 MPA (NBR 15270)","UN    ","CR","2,14"]
[40607,"CANOPLA ACABAMENTO CROMADO PARA INSTALACAO DE SPRINKLER, SOB FORRO, 15 MM","UN    ","AS","3,79"]
[567,"CANTONEIRA (ABAS IGUAIS) EM ACO CARBONO, 25,4 MM X 3,17 MM (L X E), 1,27KG/M","M     ","CR","12,58"]
[574,"CANTONEIRA (ABAS IGUAIS) EM ACO CARBONO, 38,1 MM X 3,17 MM (L X E), 3,48 KG/M","M     ","CR","33,07"]
[568,"CANTONEIRA (ABAS IGUAIS) EM ACO CARBONO, 50,8 MM X 9,53 MM (L X E), 6,99 KG/M","M     ","CR","69,69"]
[4777,"CANTONEIRA ACO ABAS IGUAIS (QUALQUER BITOLA), ESPESSURA ENTRE 1/8\" E 1/4\"","KG    ","CR","10,29"]
[592,"CANTONEIRA EM ALUMINIO, ABAS IGUAIS, LARGURA DE 25,40 MM (1\"), ESPESSURA DE 3,17 MM (1/8\") E PESO LINEAR DE APROXIMADAMENTE 0,408 KG/M","KG    ","AS","33,40"]
[586,"CANTONEIRA EM ALUMINIO, ABAS IGUAIS, LARGURA DE 25,40 MM (1\"), ESPESSURA DE 4,76 MM (3/16\") E PESO LINEAR DE APROXIMADAMENTEO 0,593 KG/M","M     ","AS","19,63"]
[588,"CANTONEIRA EM ALUMINIO, ABAS IGUAIS, LARGURA DE 31,75 MM (1 1/4\"), ESPESSURA DE 4,76 MM (3/16\") E PESO LINEAR DE APROXIMADAMENTE 0,755 KG/M","M     ","AS","31,06"]
[591,"CANTONEIRA EM ALUMINIO, ABAS IGUAIS, LARGURA DE 38,10 MM (1 1/2\"), ESPESSURA DE 4,76 MM (3/16\") E PESO LINEAR DE APROXIMADAMENTE 0,915 KG/M","KG    ","AS","31,17"]
[584,"CANTONEIRA EM ALUMINIO, ABAS IGUAIS, LARGURA DE 50,80 MM (2\") , ESPESSURA DE 3,17 MM (1/8\") E PESO LINEAR DE APROXIMADAMENTE 0,842 KG/M","M     ","AS","33,17"]
[589,"CANTONEIRA EM ALUMINIO, ABAS IGUAIS, LARGURA DE 50,80 MM (2\"), ESPESSURA DE 6,35 MM (1/4\") E PESO LINEAR DE APROXIMADAMENTE 1,630 KG/M","M     ","AS","52,50"]
[1165,"CAP OU TAMPAO DE FERRO GALVANIZADO, COM ROSCA BSP, DE 1 1/2\"","UN    ","AS","21,07"]
[1164,"CAP OU TAMPAO DE FERRO GALVANIZADO, COM ROSCA BSP, DE 1 1/4\"","UN    ","AS","17,07"]
[1162,"CAP OU TAMPAO DE FERRO GALVANIZADO, COM ROSCA BSP, DE 1/2\"","UN    ","AS","5,93"]
[12395,"CAP OU TAMPAO DE FERRO GALVANIZADO, COM ROSCA BSP, DE 1/4\"","UN    ","AS","5,77"]
[1170,"CAP OU TAMPAO DE FERRO GALVANIZADO, COM ROSCA BSP, DE 1\"","UN    ","AS","11,18"]
[1169,"CAP OU TAMPAO DE FERRO GALVANIZADO, COM ROSCA BSP, DE 2 1/2\"","UN    ","AS","54,90"]
[1166,"CAP OU TAMPAO DE FERRO GALVANIZADO, COM ROSCA BSP, DE 2\"","UN    ","AS","30,44"]
[1163,"CAP OU TAMPAO DE FERRO GALVANIZADO, COM ROSCA BSP, DE 3/4\"","UN    ","AS","7,67"]
[12396,"CAP OU TAMPAO DE FERRO GALVANIZADO, COM ROSCA BSP, DE 3/8\"","UN    ","AS","5,77"]
[1168,"CAP OU TAMPAO DE FERRO GALVANIZADO, COM ROSCA BSP, DE 3\"","UN    ","AS","78,27"]
[1167,"CAP OU TAMPAO DE FERRO GALVANIZADO, COM ROSCA BSP, DE 4\"","UN    ","AS","130,92"]
[36331,"CAP PPR DN 20 MM, PARA AGUA QUENTE PREDIAL","UN    ","AS","2,21"]
[36346,"CAP PPR DN 25 MM, PARA AGUA QUENTE PREDIAL","UN    ","AS","3,32"]
[1197,"CAP PVC, ROSCAVEL, 1/2\", PARA AGUA FRIA PREDIAL","UN    ","CR","1,93"]
[1202,"CAP PVC, ROSCAVEL, 1\",  PARA AGUA FRIA PREDIAL","UN    ","CR","5,48"]
[1198,"CAP PVC, ROSCAVEL, 3/4\",  PARA AGUA FRIA PREDIAL","UN    ","CR","2,53"]
[20088,"CAP PVC, SERIE R, DN 100 MM, PARA ESGOTO PREDIAL","UN    ","CR","14,22"]
[20089,"CAP PVC, SERIE R, DN 150 MM, PARA ESGOTO PREDIAL","UN    ","CR","69,73"]
[20087,"CAP PVC, SERIE R, DN 75 MM, PARA ESGOTO PREDIAL","UN    ","CR","11,77"]
[1200,"CAP PVC, SOLDAVEL, DN 100 MM, SERIE NORMAL, PARA ESGOTO PREDIAL","UN    ","CR","10,69"]
[12909,"CAP PVC, SOLDAVEL, DN 50 MM, SERIE NORMAL, PARA ESGOTO PREDIAL","UN    ","CR","4,96"]
[12910,"CAP PVC, SOLDAVEL, DN 75 MM, SERIE NORMAL, PARA ESGOTO PREDIAL","UN    ","CR","8,91"]
[1191,"CAP PVC, SOLDAVEL, 20 MM, PARA AGUA FRIA PREDIAL","UN    ","CR","1,38"]
[1185,"CAP PVC, SOLDAVEL, 25 MM, PARA AGUA FRIA PREDIAL","UN    ","CR","1,38"]
[1189,"CAP PVC, SOLDAVEL, 32 MM, PARA AGUA FRIA PREDIAL","UN    ","CR","2,25"]
[1193,"CAP PVC, SOLDAVEL, 40 MM, PARA AGUA FRIA PREDIAL","UN    ","CR","4,33"]
[1194,"CAP PVC, SOLDAVEL, 50 MM, PARA AGUA FRIA PREDIAL","UN    ","CR","7,82"]
[1195,"CAP PVC, SOLDAVEL, 60 MM, PARA AGUA FRIA PREDIAL","UN    ","CR","13,17"]
[1204,"CAP PVC, SOLDAVEL, 75 MM, PARA AGUA FRIA PREDIAL","UN    ","CR","23,04"]
[1207,"CAP, PVC PBA, JE, DN 100 / DE 110 MM,  PARA REDE DE AGUA (NBR 10351)","UN    ","AS","26,66"]
[1206,"CAP, PVC PBA, JE, DN 50 / DE 60 MM,  PARA REDE DE AGUA (NBR 10351)","UN    ","AS","6,68"]
[1183,"CAP, PVC PBA, JE, DN 75 / DE 85 MM,  PARA REDE DE AGUA (NBR 10351)","UN    ","AS","17,41"]
[42685,"CAP, PVC, JE, OCRE, DN 150 MM (CONEXAO PARA TUBO COLETOR DE ESGOTO)","UN    ","CR","72,26"]
[42686,"CAP, PVC, JE, OCRE, DN 200 MM (CONEXAO PARA TUBO COLETOR DE ESGOTO)","UN    ","CR","79,58"]
[12894,"CAPA PARA CHUVA EM PVC COM FORRO DE POLIESTER, COM CAPUZ (AMARELA OU AZUL)","UN    ","CR","21,25"]
[12895,"CAPACETE DE SEGURANCA ABA FRONTAL COM SUSPENSAO DE POLIETILENO, SEM JUGULAR (CLASSE B)","UN    ","C ","16,35"]
[1631,"CAPACITOR TRIFASICO, POTENCIA 2,5 KVAR, TENSAO 220 V, FORNECIDO COM CAPA PROTETORA, RESISTOR INTERNO A UNIDADE CAPACITIVA","UN    ","AS","185,68"]
[1633,"CAPACITOR TRIFASICO, POTENCIA 5 KVAR, TENSAO 220 V, FORNECIDO COM CAPA PROTETORA, RESISTOR INTERNO A UNIDADE CAPACITIVA","UN    ","AS","315,49"]
[10818,"CAPIM BRAQUIARIA DECUMBENS/ BRAQUIARINHA, VC *70*% MINIMO","KG    ","AS","50,92"]
[41410,"CAPTOR FRANKLIN (4 PONTAS), EM LATAO CROMADO, H = 300 MM, DUAS DESCIDAS","UN    ","AS","72,92"]
[41411,"CAPTOR FRANKLIN (4 PONTAS), EM LATAO CROMADO, H = 300 MM, UMA DESCIDA","UN    ","AS","66,11"]
[41412,"CAPTOR FRANKLIN (4 PONTAS), EM LATAO CROMADO, H = 350 MM, DUAS DESCIDAS","UN    ","AS","127,87"]
[41413,"CAPTOR FRANKLIN (4 PONTAS), EM LATAO CROMADO, H=350 MM, UMA DESCIDA","UN    ","AS","115,06"]
[39359,"CARENAGEM /TAMPA, EM PLASTICO, COR BRANCA, UTILIZADO EM KIT CHASSI METALICO PARA INSTAL. HIDRAULICA DE CUBA SIMPLES SEM MAQUINA DE LAVAR ROUPA, *355* X *670* MM (L X H) (COM FUROS E DEMAIS ENCAIXES)","UN    ","AS","33,65"]
[39360,"CARENAGEM /TAMPA, EM PLASTICO, COR BRANCA, UTILIZADO EM KIT CHASSI METALICO PARA INSTAL. HIDRAULICA DE TANQUE COM MAQUINA DE LAVAR ROUPA, *360* X *470* MM (L X H) (COM FUROS E DEMAIS ENCAIXES)","UN    ","AS","33,65"]
[10710,"CARPETE DE NYLON EM MANTA PARA TRAFEGO COMERCIAL PESADO, E = 6 A 7 MM (INSTALADO)","M2    ","AS","165,02"]
[10709,"CARPETE DE NYLON EM MANTA PARA TRAFEGO COMERCIAL PESADO, E = 9 A 10 MM (INSTALADO)","M2    ","AS","202,73"]
[39636,"CARPETE DE NYLON EM PLACAS 50 X 50 CM PARA TRAFEGO COMERCIAL PESADO, E = 6,5 MM (INSTALADO)","M2    ","AS","207,02"]
[10708,"CARPETE DE POLIESTER EM MANTA PARA TRAFEGO COMERCIAL PESADO, E = 4 A 5 MM (INSTALADO)","M2    ","AS","63,88"]
[39635,"CARPETE DE POLIPROPILENO EM MANTA PARA TRAFEGO COMERCIAL MEDIO, E = 5 A 6 MM (INSTALADO)","M2    ","AS","108,76"]
[6117,"CARPINTEIRO AUXILIAR (HORISTA)","H     ","CR","15,03"]
[40913,"CARPINTEIRO AUXILIAR (MENSALISTA)","MES   ","CR","2.627,12"]
[1214,"CARPINTEIRO DE ESQUADRIAS (HORISTA)","H     ","CR","19,07"]
[40915,"CARPINTEIRO DE ESQUADRIAS (MENSALISTA)","MES   ","CR","3.330,22"]
[1213,"CARPINTEIRO DE FORMAS (HORISTA)","H     ","C ","20,03"]
[40914,"CARPINTEIRO DE FORMAS (MENSALISTA)","MES   ","CR","3.495,42"]
[5091,"CARRANCA PARA JANELA VENEZIANA DE ABRIR, EM LATAO CROMADO, SIMPLES, PARA APARAFUSAR NA PAREDE","UN    ","CR","21,19"]
[14615,"CARRINHO COM 2 PNEUS PARA TRANSPORTAR TUBO CONCRETO, ALTURA ATE 1,0 M E DIAMETRO ATE 1000MM, COM ESTRUTURA EM PERFIL OU TUBO METALICO","UN    ","CR","5.098,36"]
[2711,"CARRINHO DE MAO DE ACO CAPACIDADE 50 A 60 L, PNEU COM CAMARA","UN    ","C ","189,00"]
[37727,"CARROCERIA FIXA ABERTA DE MADEIRA PARA TRANSPORTE GERAL DE CARGA SECA DIMENSOES APROXIMADAS 2,25 X 4,10 X 0,50 M (INCLUI MONTAGEM, NAO INCLUI CAMINHAO)","UN    ","AS","17.085,00"]
[37728,"CARROCERIA FIXA ABERTA DE MADEIRA PARA TRANSPORTE GERAL DE CARGA SECA DIMENSOES APROXIMADAS 2,5 X 5,5 X 0,50 M (INCLUI MONTAGEM, NAO INCLUI CAMINHAO)","UN    ","AS","23.178,25"]
[37729,"CARROCERIA FIXA ABERTA DE MADEIRA PARA TRANSPORTE GERAL DE CARGA SECA DIMENSOES APROXIMADAS 2,5 X 6,00 X 0,50 M (INCLUI MONTAGEM, NAO INCLUI CAMINHAO)","UN    ","AS","25.089,86"]
[37730,"CARROCERIA FIXA ABERTA DE MADEIRA PARA TRANSPORTE GERAL DE CARGA SECA DIMENSOES APROXIMADAS 2,5 X 6,5 X 0,50 M (INCLUI MONTAGEM, NAO INCLUI CAMINHAO)","UN    ","AS","27.001,46"]
[37731,"CARROCERIA FIXA ABERTA DE MADEIRA PARA TRANSPORTE GERAL DE CARGA SECA DIMENSOES APROXIMADAS 2,5 X 7,00 X 0,50 M (INCLUI MONTAGEM, NAO INCLUI CAMINHAO)","UN    ","AS","28.913,07"]
[37732,"CARROCERIA FIXA ABERTA DE MADEIRA PARA TRANSPORTE GERAL DE CARGA SECA DIMENSOES APROXIMADAS 2,5 X 7,5 X 0,50 M (INCLUI MONTAGEM, NAO INCLUI CAMINHAO)","UN    ","AS","32.975,24"]
[42256,"CARVAO ANTRACITO PARA FILTRO, GRAO VARIANDO DE 0,8 ATE 1,1 MM, COEFICIENTE DE UNIFORMIDADE MENOR QUE 1,7 MM (DISTRIBUIDOR)","KG    ","CR","7,90"]
[42250,"CARVAO ANTRACITO PARA FILTRO, GRAO VARIANDO DE 0,8 ATE 1,1 MM, COEFICIENTE DE UNIFORMIDADE MENOR QUE 1,7 MM (POSTO JAZIDA/PRODUTOR)","T     ","CR","3.557,17"]
[4743,"CASCALHO DE CAVA","M3    ","CR","60,92"]
[4744,"CASCALHO DE RIO","M3    ","CR","97,47"]
[4745,"CASCALHO LAVADO","M3    ","CR","116,90"]
[36496,"CAVALETE PARA TALHA COM ESTRUTURA EM TUBO METALICO ALTURA MINIMA 3,2 M EQUIPADO COM RODAS DE BORRACHA PARA MOVIMENTACAO DE TUBOS DE CONCRETO NA CENTRAL DE PREMOLDADOS COM CAPACIDADE DE CARGA DE 3 TONELADAS","UN    ","CR","12.944,65"]
[10630,"CAVALO MECANICO TRACAO 4X2, PESO BRUTO TOTAL COMBINADO 49000 KG, CAPACIDADE MAXIMA DE TRACAO *66000* KG, POTENCIA *360* CV (INCLUI CABINE E CHASSI, NAO INCLUI SEMIRREBOQUE)","UN    ","CR","861.365,09"]
[37762,"CAVALO MECANICO TRACAO 4X2, PESO BRUTO TOTAL 16000 KG, CAPACIDADE MAXIMA DE TRACAO *36000* KG, DISTANCIA ENTRE EIXOS *3,56* M, POTENCIA *286* CV (INCLUI CABINE E CHASSI, NAO INCLUI SEMIRREBOQUE)","UN    ","CR","738.740,35"]
[37763,"CAVALO MECANICO TRACAO 4X2, PESO BRUTO TOTAL 16000 KG, CAPACIDADE MAXIMA DE TRACAO *45000* KG, DISTANCIA ENTRE EIXOS *3,56* M, POTENCIA *330* CV (INCLUI CABINE E CHASSI, NAO INCLUI SEMIRREBOQUE)","UN    ","CR","747.712,78"]
[41992,"CAVALO MECANICO TRACAO 4X2, PESO BRUTO TOTAL 16000 KG, CAPACIDADE MAXIMA DE TRACAO *80000* KG, POTENCIA *380* CV (INCLUI CABINE E CHASSI, NAO INCLUI SEMIRREBOQUE)","UN    ","C ","850.000,00"]
[13215,"CAVALO MECANICO TRACAO 6X2, PESO BRUTO TOTAL COMBINADO 56000 KG, CAPACIDADE MAXIMA DE TRACAO *66000* KG, POTENCIA *360* CV (INCLUI CABINE E CHASSI, NAO INCLUI SEMIRREBOQUE)","UN    ","CR","1.042.311,65"]
[4235,"CAVOUQUEIRO OU OPERADOR DE PERFURATRIZ / ROMPEDOR","H     ","CR","21,41"]
[40976,"CAVOUQUEIRO OU OPERADOR DE PERFURATRIZ / ROMPEDOR (MENSALISTA)","MES   ","CR","3.738,38"]
[43091,"CENTRO DE MEDICAO AGRUPADA, EM POLICARBONATO / PVC, COM 12 MEDIDORES E PROTECAO GERAL (INCLUI BARRAMENTO, DISJUNTORES E ACESSORIOS DE FIXACAO) (PADRAO CONCESSIONARIA LOCAL)","UN    ","CR","8.745,57"]
[43092,"CENTRO DE MEDICAO AGRUPADA, EM POLICARBONATO / PVC, COM 16 MEDIDORES E PROTECAO GERAL (INCLUI BARRAMENTO, DISJUNTORES E ACESSORIOS DE FIXACAO) (PADRAO CONCESSIONARIA LOCAL)","UN    ","CR","11.660,76"]
[43089,"CENTRO DE MEDICAO AGRUPADA, EM POLICARBONATO / PVC, COM 4 MEDIDORES E PROTECAO GERAL (INCLUI BARRAMENTO, DISJUNTORES E ACESSORIOS DE FIXACAO) (PADRAO CONCESSIONARIA LOCAL)","UN    ","CR","2.032,22"]
[43090,"CENTRO DE MEDICAO AGRUPADA, EM POLICARBONATO / PVC, COM 8 MEDIDORES E PROTECAO GERAL (INCLUI BARRAMENTO, DISJUNTORES E ACESSORIOS DE FIXACAO) (PADRAO CONCESSIONARIA LOCAL)","UN    ","CR","4.484,91"]
[41967,"CERA LIQUIDA INCOLOR MULTIPISO","L     ","CR","32,23"]
[12760,"CHAPA ACO INOX AISI 304 NUMERO 4 (E = 6 MM), ACABAMENTO NUMERO 1 (LAMINADO A QUENTE, FOSCO)","M2    ","CR","1.395,01"]
[12759,"CHAPA ACO INOX AISI 304 NUMERO 9 (E = 4 MM), ACABAMENTO NUMERO 1 (LAMINADO A QUENTE, FOSCO)","M2    ","CR","929,99"]
[43105,"CHAPA DE ACO CARBONO GALVANIZADA, PERFURADA (GRADE FUROS) E = 1,5 MM, DIAMETRO DO FURO = 9,52 MM (FUROS ALTERNADOS HORIZ.)","KG    ","CR","37,77"]
[40424,"CHAPA DE ACO CARBONO LAMINADO A QUENTE, QUALIDADE ESTRUTURAL, BITOLA 3/16\", E =4,75 MM (37,29 KG/M2)","KG    ","CR","9,59"]
[1325,"CHAPA DE ACO FINA A FRIO BITOLA MSG 20, E = 0,90 MM (7,20 KG/M2)","KG    ","CR","10,51"]
[1327,"CHAPA DE ACO FINA A FRIO BITOLA MSG 24, E = 0,60 MM (4,80 KG/M2)","KG    ","CR","11,19"]
[1328,"CHAPA DE ACO FINA A FRIO BITOLA MSG 26, E = 0,45 MM (3,60 KG/M2)","KG    ","CR","10,53"]
[1321,"CHAPA DE ACO FINA A QUENTE BITOLA MSG 13, E = 2,25 MM (18,00 KG/M2)","KG    ","CR","9,75"]
[1318,"CHAPA DE ACO FINA A QUENTE BITOLA MSG 14, E = 2,00 MM (16,0 KG/M2)","KG    ","CR","9,76"]
[1322,"CHAPA DE ACO FINA A QUENTE BITOLA MSG 16, E = 1,50 MM (12,00 KG/M2)","KG    ","CR","10,31"]
[1323,"CHAPA DE ACO FINA A QUENTE BITOLA MSG 18, E = 1,20 MM (9,60 KG/M2)","KG    ","CR","10,31"]
[1319,"CHAPA DE ACO FINA A QUENTE BITOLA MSG 3/16 \", E = 4,75 MM (38,00 KG/M2)","KG    ","CR","8,69"]
[11026,"CHAPA DE ACO GALVANIZADA BITOLA GSG 14, E = 1,95 MM (15,60 KG/M2)","KG    ","CR","11,95"]
[11027,"CHAPA DE ACO GALVANIZADA BITOLA GSG 16, E = 1,55 MM (12,40 KG/M2)","KG    ","CR","12,44"]
[11046,"CHAPA DE ACO GALVANIZADA BITOLA GSG 18, E = 1,25 MM (10,00 KG/M2)","KG    ","CR","11,92"]
[11047,"CHAPA DE ACO GALVANIZADA BITOLA GSG 19, E = 1,11 MM (8,88 KG/M2)","KG    ","CR","12,99"]
[43668,"CHAPA DE ACO GALVANIZADA BITOLA GSG 20, E = 0,95 MM (7,60 KG/M2)","KG    ","CR","11,47"]
[11049,"CHAPA DE ACO GALVANIZADA BITOLA GSG 22, E = 0,80 MM (6,40 KG/M2)","KG    ","C ","12,42"]
[43106,"CHAPA DE ACO GALVANIZADA BITOLA GSG 24, E = 0,64 (5,12 KG/M2)","KG    ","CR","12,49"]
[11051,"CHAPA DE ACO GALVANIZADA BITOLA GSG 26, E = 0,50 MM (4,00 KG/M2)","KG    ","CR","13,04"]
[11061,"CHAPA DE ACO GALVANIZADA BITOLA GSG 30, E = 0,35 MM (2,80 KG/M2)","KG    ","CR","15,64"]
[43667,"CHAPA DE ACO GROSSA, ASTM A36, E = 1 \" (25,40 MM) 199,18 KG/M2","KG    ","CR","11,37"]
[1333,"CHAPA DE ACO GROSSA, ASTM A36, E = 1/2 \" (12,70 MM) 99,59 KG/M2","KG    ","CR","9,47"]
[1330,"CHAPA DE ACO GROSSA, ASTM A36, E = 1/4 \" (6,35 MM) 49,79 KG/M2","KG    ","CR","9,38"]
[10957,"CHAPA DE ACO GROSSA, ASTM A36, E = 3/4 \" (19,05 MM) 149,39 KG/M2","KG    ","CR","10,82"]
[1332,"CHAPA DE ACO GROSSA, ASTM A36, E = 3/8 \" (9,53 MM) 74,69 KG/M2","KG    ","CR","9,62"]
[1334,"CHAPA DE ACO GROSSA, ASTM A36, E = 5/8 \" (15,88 MM) 124,49 KG/M2","KG    ","CR","10,67"]
[1335,"CHAPA DE ACO GROSSA, ASTM A36, E = 7/8 \" (22,23 MM) 174,28 KG/M2","KG    ","CR","11,02"]
[40425,"CHAPA DE ACO GROSSA, SAE 1020, BITOLA 1/4\", E = 6,35 MM (49,85 KG/M2)","KG    ","CR","9,43"]
[1337,"CHAPA DE ACO XADREZ PARA PISOS, E = 1/4 \" (6,30 MM) 54,53 KG/M2","KG    ","CR","10,82"]
[1338,"CHAPA DE LAMINADO MELAMINICO, LISO BRILHANTE, DE 1,25 X 3,08 METROS, ESPESSURA = 0,8 MILIMETROS","M2    ","AS","62,14"]
[1340,"CHAPA DE LAMINADO MELAMINICO, LISO FOSCO, DE 1,25 X 3,08 METROS, ESPESSURA = 0,8 MILIMETROS","M2    ","AS","71,84"]
[1341,"CHAPA DE LAMINADO MELAMINICO, TEXTURIZADO, DE 1,25 X 3,08 METROS, ESPESSURA = 0,8 MILIMETROS","M2    ","AS","69,19"]
[34659,"CHAPA DE MDF BRANCO LISO 1 FACE, E = 12 MM, DE *2,75 X 1,85* M","M2    ","CR","38,58"]
[34514,"CHAPA DE MDF BRANCO LISO 1 FACE, E = 15 MM, DE *2,75 X 1,85* M","M2    ","C ","42,74"]
[34660,"CHAPA DE MDF BRANCO LISO 1 FACE, E = 18 MM, DE *2,75 X 1,85* M","M2    ","CR","54,24"]
[34661,"CHAPA DE MDF BRANCO LISO 1 FACE, E = 25 MM, DE *2,75 X 1,85* M","M2    ","CR","77,90"]
[34667,"CHAPA DE MDF BRANCO LISO 1 FACE, E = 6 MM, DE *2,75 X 1,85* M","M2    ","CR","28,21"]
[34668,"CHAPA DE MDF BRANCO LISO 1 FACE, E = 9 MM, DE *2,75 X 1,85* M","M2    ","CR","36,86"]
[34741,"CHAPA DE MDF BRANCO LISO 2 FACES, E = 12 MM, DE *2,75 X 1,85* M","M2    ","CR","40,56"]
[34664,"CHAPA DE MDF BRANCO LISO 2 FACES, E = 15 MM, DE *2,75 X 1,85* M","M2    ","CR","44,26"]
[34665,"CHAPA DE MDF BRANCO LISO 2 FACES, E = 18 MM, DE *2,75 X 1,85* M","M2    ","CR","54,95"]
[34666,"CHAPA DE MDF BRANCO LISO 2 FACES, E = 25 MM, DE *2,75 X 1,85* M","M2    ","CR","83,00"]
[34669,"CHAPA DE MDF BRANCO LISO 2 FACES, E = 6 MM, DE *2,75 X 1,85* M","M2    ","CR","30,43"]
[34670,"CHAPA DE MDF BRANCO LISO 2 FACES, E = 9 MM, DE *2,75 X 1,85* M","M2    ","CR","37,22"]
[34671,"CHAPA DE MDF CRU, E = 12 MM, DE *2,75 X 1,85* M","M2    ","CR","31,07"]
[34672,"CHAPA DE MDF CRU, E = 15 MM, DE *2,75 X 1,85* M","M2    ","CR","32,76"]
[34673,"CHAPA DE MDF CRU, E = 18 MM, DE *2,75 X 1,85* M","M2    ","CR","39,98"]
[34674,"CHAPA DE MDF CRU, E = 20 MM, DE *2,75 X 1,85* M","M2    ","CR","53,15"]
[34675,"CHAPA DE MDF CRU, E = 25 MM, DE *2,75 X 1,85* M","M2    ","CR","64,80"]
[34676,"CHAPA DE MDF CRU, E = 6 MM, DE *2,75 X 1,85* M","M2    ","CR","18,65"]
[34677,"CHAPA DE MDF CRU, E = 9 MM, DE *2,75 X 1,85* M","M2    ","CR","25,08"]
[43126,"CHAPA EM ACO GALVANIZADO PARA STEEL DECK, COM NERVURAS TRAPEZOIDAIS, LARGURA UTIL DE 915 MM E ESPESSURA DE 0,80 MM","M2    ","AS","109,67"]
[43124,"CHAPA EM ACO GALVANIZADO PARA STEEL DECK, COM NERVURAS TRAPEZOIDAIS, LARGURA UTIL DE 915 MM E ESPESSURA DE 0,95 MM","M2    ","AS","128,06"]
[43125,"CHAPA EM ACO GALVANIZADO PARA STEEL DECK, COM NERVURAS TRAPEZOIDAIS, LARGURA UTIL DE 915 MM E ESPESSURA DE 1,25 MM","M2    ","AS","166,08"]
[40623,"CHAPA PARA EMENDA DE VIGA, EM ACO GROSSO, QUALIDADE ESTRUTURAL, BITOLA 3/16 \", E= 4,75 MM, 4 FUROS, LARGURA 45 MM, COMPRIMENTO 500 MM","PAR   ","CR","105,34"]
[43701,"CHAPA/BOBINA LISA EM ALUMINIO, LIGA 1.200 - H14, QUALQUER ESPESSURA, QUALQUER LARGURA","KG    ","C ","57,32"]
[1345,"CHAPA/PAINEL DE MADEIRA COMPENSADA PLASTIFICADA (MADEIRITE PLASTIFICADO) PARA FORMA DE CONCRETO, DE 2200 x 1100 MM, E = *17* MM","M2    ","CR","83,30"]
[1346,"CHAPA/PAINEL DE MADEIRA COMPENSADA PLASTIFICADA (MADEIRITE PLASTIFICADO) PARA FORMA DE CONCRETO, DE 2200 x 1100 MM, E = 10 MM","M2    ","CR","48,45"]
[1347,"CHAPA/PAINEL DE MADEIRA COMPENSADA PLASTIFICADA (MADEIRITE PLASTIFICADO) PARA FORMA DE CONCRETO, DE 2200 x 1100 MM, E = 12 MM","M2    ","CR","60,03"]
[43678,"CHAPA/PAINEL DE MADEIRA COMPENSADA PLASTIFICADA (MADEIRITE PLASTIFICADO) PARA FORMA DE CONCRETO, DE 2200 X 1100 MM, E = 14 MM","M2    ","CR","69,64"]
[43680,"CHAPA/PAINEL DE MADEIRA COMPENSADA PLASTIFICADA (MADEIRITE PLASTIFICADO) PARA FORMA DE CONCRETO, DE 2200 X 1100 MM, E = 20 MM","M2    ","CR","100,32"]
[43679,"CHAPA/PAINEL DE MADEIRA COMPENSADA PLASTIFICADA (MADEIRITE PLASTIFICADO) PARA FORMA DE CONCRETO, DE 2200 X 1100 MM, E = 6 MM","M2    ","CR","35,21"]
[1355,"CHAPA/PAINEL DE MADEIRA COMPENSADA RESINADA (MADEIRITE RESINADO ROSA) PARA FORMA DE CONCRETO, DE 2200 x 1100 MM, E = 14 MM","M2    ","CR","40,06"]
[1358,"CHAPA/PAINEL DE MADEIRA COMPENSADA RESINADA (MADEIRITE RESINADO ROSA) PARA FORMA DE CONCRETO, DE 2200 x 1100 MM, E = 17 MM","M2    ","CR","49,19"]
[43681,"CHAPA/PAINEL DE MADEIRA COMPENSADA RESINADA (MADEIRITE RESINADO ROSA) PARA FORMA DE CONCRETO, DE 2200 x 1100 MM, E = 8 A 12 MM","M2    ","C ","30,99"]
[43677,"CHAPA/PAINEL DE MADEIRA COMPENSADA RESINADA (MADEIRITE RESINADO ROSA) PARA FORMA DE CONCRETO, DE 2200 X 1100 MM, E = 20 MM","M2    ","CR","61,02"]
[43682,"CHAPA/PAINEL DE MADEIRA COMPENSADA RESINADA (MADEIRITE RESINADO ROSA) PARA FORMA DE CONCRETO, DE 2200 X 1100 MM, E = 6 MM","M2    ","CR","18,71"]
[20971,"CHAVE DUPLA PARA CONEXOES TIPO STORZ, ENGATE RAPIDO 1 1/2\" X 2 1/2\", EM LATAO, PARA INSTALACAO PREDIAL COMBATE A INCENDIO","UN    ","CR","23,80"]
[39746,"CHUMBADOR DE ACO GALVANIZADO, 1\" X 600 MM, PARA POSTES DE ACO COM BASE, INCLUSO PORCA E ARRUELA","UN    ","CR","107,28"]
[13279,"CHUMBADOR DE ACO TIPO PARABOLT, * 5/8\" X 200* MM,  COM PORCA E ARRUELA","KG    ","CR","27,16"]
[11977,"CHUMBADOR DE ACO, DIAMETRO 1/2\", COMPRIMENTO 75 MM","UN    ","CR","14,07"]
[11975,"CHUMBADOR DE ACO, DIAMETRO 5/8\", COMPRIMENTO 6\", COM PORCA","UN    ","CR","30,84"]
[11976,"CHUMBADOR, DIAMETRO 1/4\" COM PARAFUSO 1/4\" X 40 MM","UN    ","CR","1,58"]
[1368,"CHUVEIRO COMUM EM PLASTICO BRANCO, COM CANO, 3 TEMPERATURAS, 5500 W (110/220 V)","UN    ","C ","93,45"]
[1367,"CHUVEIRO COMUM EM PLASTICO CROMADO, COM CANO, 4 TEMPERATURAS (110/220 V)","UN    ","CR","302,28"]
[1380,"CIMENTO BRANCO NAO ESTRUTURAL (CPB - NAO ESTRUTURAL)","KG    ","CR","4,68"]
[1375,"CIMENTO IMPERMEABILIZANTE DE PEGA ULTRARRAPIDA PARA TAMPONAMENTOS","KG    ","CR","17,81"]
[1379,"CIMENTO PORTLAND COMPOSTO CP II-32","KG    ","C ","0,70"]
[13284,"CIMENTO PORTLAND DE ALTO FORNO (AF) CP III-40","KG    ","CR","0,63"]
[44528,"CIMENTO PORTLAND ESTRUTURAL BRANCO CPB - 32 ou CPB - 40","KG    ","CR","3,73"]
[34753,"CIMENTO PORTLAND POZOLANICO CP IV-32","KG    ","CR","0,68"]
[420,"CINTA CIRCULAR EM ACO GALVANIZADO DE 150 MM DE DIAMETRO PARA FIXACAO DE CAIXA MEDICAO, INCLUI PARAFUSOS E PORCAS","UN    ","AS","26,20"]
[12327,"CINTA CIRCULAR EM ACO GALVANIZADO DE 210 MM DE DIAMETRO PARA INSTALACAO DE TRANSFORMADOR EM POSTE DE CONCRETO","UN    ","AS","31,22"]
[36148,"CINTURAO DE SEGURANCA TIPO PARAQUEDISTA, FIVELA EM ACO, AJUSTE NO SUSPENSARIO, CINTURA E PERNAS","UN    ","CR","78,48"]
[12329,"COBRE ELETROLITICO EM BARRA OU CHAPA","KG    ","CR","116,11"]
[1339,"COLA A BASE DE RESINA SINTETICA PARA CHAPA DE LAMINADO MELAMINICO","KG    ","AS","62,30"]
[44396,"COLA BRANCA BASE PVA","KG    ","CR","38,86"]
[44327,"COLA PARA TUBOS E MANTAS ELASTOMERICAS, A BASE DE SOLVENTE","L     ","CR","132,17"]
[37418,"COLAR DE TOMADA EM POLIPROPILENO, PP, COM PARAFUSOS, PARA PEAD, 63 X 1/2\" - LIGACAO PREDIAL DE AGUA","UN    ","AS","15,40"]
[37419,"COLAR DE TOMADA EM POLIPROPILENO, PP, COM PARAFUSOS, PARA PEAD, 63 X 3/4\" - LIGACAO PREDIAL DE AGUA","UN    ","AS","15,81"]
[1427,"COLAR TOMADA PVC, COM TRAVAS, SAIDA COM ROSCA, DE 110 MM X 1/2\" OU 110 MM X 3/4\", PARA LIGACAO PREDIAL DE AGUA","UN    ","AS","15,68"]
[1402,"COLAR TOMADA PVC, COM TRAVAS, SAIDA COM ROSCA, DE 32 MM X 1/2\" OU 32 MM X 3/4\", PARA LIGACAO PREDIAL DE AGUA","UN    ","AS","5,42"]
[1420,"COLAR TOMADA PVC, COM TRAVAS, SAIDA COM ROSCA, DE 40 MM X 1/2\" OU 40 MM X 3/4\", PARA LIGACAO PREDIAL DE AGUA","UN    ","AS","6,97"]
[1419,"COLAR TOMADA PVC, COM TRAVAS, SAIDA COM ROSCA, DE 50 MM X 1/2\" OU 50 MM X 3/4\", PARA LIGACAO PREDIAL DE AGUA","UN    ","AS","8,42"]
[1414,"COLAR TOMADA PVC, COM TRAVAS, SAIDA COM ROSCA, DE 60 MM X 1/2\" OU 60 MM X 3/4\", PARA LIGACAO PREDIAL DE AGUA","UN    ","AS","8,24"]
[1413,"COLAR TOMADA PVC, COM TRAVAS, SAIDA COM ROSCA, DE 75 MM X 1/2\" OU 75 MM X 3/4\", PARA LIGACAO PREDIAL DE AGUA","UN    ","AS","12,18"]
[1412,"COLAR TOMADA PVC, COM TRAVAS, SAIDA COM ROSCA, DE 85 MM X 1/2\" OU 85 MM X 3/4\", PARA LIGACAO PREDIAL DE AGUA","UN    ","AS","10,32"]
[1406,"COLAR TOMADA PVC, COM TRAVAS, SAIDA ROSCAVEL COM BUCHA DE LATAO, DE 60 MM X 1/2\" OU 60 MM X 3/4\", PARA LIGACAO PREDIAL DE AGUA","UN    ","AS","12,45"]
[11281,"COMPACTADOR DE SOLO A PERCUSSAO (SOQUETE), A GASOLINA 4 TEMPOS, PESO 55 A 65 KG, FORCA DE IMPACTO 1.000 A 1.500 KGF, FREQ. 600 A 700 GOLPES P/ MINUTO, VELOCIDADE TRABALHO DE 10 A 15 M/MIN, POT. DE 2,00 A 3,00 HP","UN    ","C ","12.368,00"]
[1442,"COMPACTADOR DE SOLO TIPO PLACA VIBRATORIA REVERSIVEL, A GASOLINA 4 TEMPOS, PESO 125 A 150 KG, FORCA CENTRIF. 2500 A 2800 KGF, LARG. TRABALHO 400 A 450 MM, FREQ. VIBRACAO 4300 A 4500 RPM, VELOC. TRABALHO 15 A 20 M/MIN, POT. 5,5 A 6,0 HP","UN    ","CR","10.382,84"]
[13457,"COMPACTADOR DE SOLO TIPO PLACA VIBRATORIA REVERSIVEL, A GASOLINA 4 TEMPOS, PESO 150 A 175 KG, FORCA CENTRIF. 2800 A 3100 KGF, LARG. TRABALHO DE 450 A 520 MM, FREQ. VIBRACAO 4000 A 4300 RPM, VELOC. TRABALHO DE 15 A 20 M/MIN, POT. DE 6,0 A 7,0 HP","UN    ","CR","8.962,31"]
[40699,"COMPACTADOR DE SOLO, TIPO PLACA VIBRATORIA NAO REVERSIVEL, A GASOLINA 4 TEMPOS, PESO 80 A 120 KG, FORCA CENTRIF. DE 1300 A 2000 KGF, LARG. TRABALHO DE 400 A 500 MM, FREQ. VIBRACAO DE 4800 A 6000 RPM, VELOCIDADE TRABALHO DE 20 A 30 M/MIN, POT. DE 5,0 A 6,0 HP","UN    ","CR","6.928,21"]
[40701,"COMPACTADOR DE SOLO, TIPO PLACA VIBRATORIA REVERSIVEL, A DIESEL, PESO 700 A 820 KG, FORCA CENTRIF. DE 6.200 A 10.000 KGF, LARG. TRABALHO DE 650 A 720 MM, FREQ. VIBRACAO DE 3.000 A 3.500 RPM, VELOCIDADE TRABALHO DE 25 A 30 M/MIN, POT. DE 13,0 A 15,0 HP","UN    ","CR","122.500,28"]
[40700,"COMPACTADOR DE SOLO, TIPO PLACA VIBRATORIA REVERSIVEL, A GASOLINA 4 TEMPOS, PESO 160 A 265 KG, FORCA CENTRIF. DE 2750 A 4000 KGF, LARG. TRABALHO DE 430 A 550 MM, FREQ. VIBRACAO DE 4000 A 5500 RPM, VELOCIDADE TRABALHO DE 20 A 25 M/MIN, POT. DE 7,5 A 9,0 HP","UN    ","CR","16.127,97"]
[13458,"COMPACTADOR DE SOLOS DE PERCURSAO (SOQUETE) COM MOTOR A GASOLINA 4 TEMPOS DE 4 HP (4 CV)","UN    ","CR","15.325,56"]
[11134,"COMPENSADO NAVAL - CHAPA/PAINEL EM MADEIRA COMPENSADA PRENSADA, DE 2200 X 1600 MM, E = 10 MM","M2    ","CR","69,02"]
[11135,"COMPENSADO NAVAL - CHAPA/PAINEL EM MADEIRA COMPENSADA PRENSADA, DE 2200 X 1600 MM, E = 12 MM","M2    ","CR","74,52"]
[11136,"COMPENSADO NAVAL - CHAPA/PAINEL EM MADEIRA COMPENSADA PRENSADA, DE 2200 X 1600 MM, E = 15 MM","M2    ","CR","85,33"]
[34743,"COMPENSADO NAVAL - CHAPA/PAINEL EM MADEIRA COMPENSADA PRENSADA, DE 2200 X 1600 MM, E = 18 MM","M2    ","CR","102,96"]
[11137,"COMPENSADO NAVAL - CHAPA/PAINEL EM MADEIRA COMPENSADA PRENSADA, DE 2200 X 1600 MM, E = 20 MM","M2    ","CR","116,94"]
[34745,"COMPENSADO NAVAL - CHAPA/PAINEL EM MADEIRA COMPENSADA PRENSADA, DE 2200 X 1600 MM, E = 25 MM","M2    ","CR","139,06"]
[34746,"COMPENSADO NAVAL - CHAPA/PAINEL EM MADEIRA COMPENSADA PRENSADA, DE 2200 X 1600 MM, E = 4 MM","M2    ","CR","37,92"]
[1360,"COMPENSADO NAVAL - CHAPA/PAINEL EM MADEIRA COMPENSADA PRENSADA, DE 2200 X 1600 MM, E = 6 MM","M2    ","CR","44,24"]
[36524,"COMPRESSOR DE AR ESTACIONARIO, VAZAO 620 PCM, PRESSAO EFETIVA DE TRABALHO 109 PSI, MOTOR ELETRICO, POTENCIA 127 CV","UN    ","AS","183.803,46"]
[36526,"COMPRESSOR DE AR REBOCAVEL VAZAO 400 PCM, PRESSAO EFETIVA DE TRABALHO 102 PSI, MOTOR DIESEL, POTENCIA 110 CV","UN    ","AS","148.116,31"]
[36523,"COMPRESSOR DE AR REBOCAVEL VAZAO 748 PCM, PRESSAO EFETIVA DE TRABALHO 102 PSI, MOTOR DIESEL, POTENCIA 210 CV","UN    ","AS","317.097,03"]
[36527,"COMPRESSOR DE AR REBOCAVEL VAZAO 860 PCM, PRESSAO EFETIVA DE TRABALHO 102 PSI, MOTOR DIESEL, POTENCIA 250 CV","UN    ","AS","344.432,69"]
[38642,"COMPRESSOR DE AR REBOCAVEL, VAZAO 152 PCM, PRESSAO EFETIVA DE TRABALHO 102 PSI, MOTOR DIESEL, POTENCIA 31,5 KW","UN    ","AS","80.192,77"]
[36522,"COMPRESSOR DE AR REBOCAVEL, VAZAO 189 PCM, PRESSAO EFETIVA DE TRABALHO 102 PSI, MOTOR DIESEL, POTENCIA 63 CV","UN    ","AS","93.263,23"]
[36525,"COMPRESSOR DE AR REBOCAVEL, VAZAO 250 PCM, PRESSAO EFETIVA DE TRABALHO 102 PSI, MOTOR DIESEL, POTENCIA 81 CV","UN    ","AS","124.901,25"]
[13803,"COMPRESSOR DE AR REBOCAVEL, VAZAO 89 PCM, PRESSAO EFETIVA DE TRABALHO *102* PSI, MOTOR DIESEL, POTENCIA *20* CV","UN    ","AS","124.543,86"]
[34348,"CONCERTINA CLIPADA (DUPLA) EM ACO GALVANIZADO DE ALTA RESISTENCIA, COM ESPIRAL DE 300 MM, D = 2,76 MM","M     ","CR","26,28"]
[34347,"CONCERTINA SIMPLES EM ACO GALVANIZADO DE ALTA RESISTENCIA, COM ESPIRAL DE 300 MM, D = 2,76 MM","M     ","CR","18,79"]
[11146,"CONCRETO AUTOADENSAVEL (CAA) CLASSE DE RESISTENCIA C15, ESPALHAMENTO SF2, COM BOMBEAMENTO (DISPONIBILIZACAO DE BOMBA), SEM O LANCAMENTO (NBR 15823)","M3    ","CR","506,36"]
[11147,"CONCRETO AUTOADENSAVEL (CAA) CLASSE DE RESISTENCIA C20, ESPALHAMENTO SF2, COM BOMBEAMENTO (DISPONIBILIZACAO DE BOMBA), SEM O LANCAMENTO (NBR 15823)","M3    ","CR","526,18"]
[34872,"CONCRETO AUTOADENSAVEL (CAA) CLASSE DE RESISTENCIA C25, ESPALHAMENTO SF2, COM BOMBEAMENTO (DISPONIBILIZACAO DE BOMBA), SEM O LANCAMENTO (NBR 15823)","M3    ","CR","532,08"]
[34491,"CONCRETO AUTOADENSAVEL (CAA) CLASSE DE RESISTENCIA C30, ESPALHAMENTO SF2, COM BOMBEAMENTO (DISPONIBILIZACAO DE BOMBA), SEM O LANCAMENTO (NBR 15823)","M3    ","CR","547,50"]
[34770,"CONCRETO BETUMINOSO USINADO A QUENTE (CBUQ) PARA PAVIMENTACAO ASFALTICA, PADRAO DNIT, FAIXA C, COM CAP 30/45 - AQUISICAO POSTO USINA","T     ","CR","765,09"]
[1518,"CONCRETO BETUMINOSO USINADO A QUENTE (CBUQ) PARA PAVIMENTACAO ASFALTICA, PADRAO DNIT, FAIXA C, COM CAP 50/70 - AQUISICAO POSTO USINA","T     ","C ","780,00"]
[41965,"CONCRETO BETUMINOSO USINADO A QUENTE (CBUQ) PARA PAVIMENTACAO ASFALTICA, PADRAO DNIT, PARA BINDER, COM CAP 50/70 - AQUISICAO POSTO USINA","T     ","CR","683,93"]
[1524,"CONCRETO USINADO BOMBEAVEL, CLASSE DE RESISTENCIA C20, BRITA 0 E 1, SLUMP = 100 +/- 20 MM, COM BOMBEAMENTO (DISPONIBILIZACAO DE BOMBA), SEM O LANCAMENTO (NBR 8953)","M3    ","CR","485,81"]
[34492,"CONCRETO USINADO BOMBEAVEL, CLASSE DE RESISTENCIA C20, COM BRITA 0 E 1, SLUMP = 100 +/- 20 MM, EXCLUI SERVICO DE BOMBEAMENTO (NBR 8953)","M3    ","C ","450,00"]
[38404,"CONCRETO USINADO BOMBEAVEL, CLASSE DE RESISTENCIA C20, COM BRITA 0 E 1, SLUMP = 130 +/- 20 MM, EXCLUI SERVICO DE BOMBEAMENTO (NBR 8953)","M3    ","CR","466,11"]
[39849,"CONCRETO USINADO BOMBEAVEL, CLASSE DE RESISTENCIA C20, COM BRITA 0 E 1, SLUMP = 190 +/- 20 MM, COM BOMBEAMENTO (DISPONIBILIZACAO DE BOMBA), SEM O LANCAMENTO (NBR 8953)","M3    ","CR","534,16"]
[38464,"CONCRETO USINADO BOMBEAVEL, CLASSE DE RESISTENCIA C20, COM BRITA 0, SLUMP = 220 +/- 20 MM, COM BOMBEAMENTO (DISPONIBILIZACAO DE BOMBA), SEM O LANCAMENTO (NBR 8953)","M3    ","CR","541,92"]
[1527,"CONCRETO USINADO BOMBEAVEL, CLASSE DE RESISTENCIA C25, BRITA 0 E 1, SLUMP = 100 +/- 20 MM, COM BOMBEAMENTO (DISPONIBILIZACAO DE BOMBA), SEM O LANCAMENTO (NBR 8953)","M3    ","CR","501,24"]
[34493,"CONCRETO USINADO BOMBEAVEL, CLASSE DE RESISTENCIA C25, COM BRITA 0 E 1, SLUMP = 100 +/- 20 MM, EXCLUI SERVICO DE BOMBEAMENTO (NBR 8953)","M3    ","CR","462,68"]
[38405,"CONCRETO USINADO BOMBEAVEL, CLASSE DE RESISTENCIA C25, COM BRITA 0 E 1, SLUMP = 130 +/- 20 MM, EXCLUI SERVICO DE BOMBEAMENTO (NBR 8953)","M3    ","CR","480,49"]
[38408,"CONCRETO USINADO BOMBEAVEL, CLASSE DE RESISTENCIA C25, COM BRITA 0 E 1, SLUMP = 190 +/- 20 MM, EXCLUI SERVICO DE BOMBEAMENTO (NBR 8953)","M3    ","CR","531,85"]
[1525,"CONCRETO USINADO BOMBEAVEL, CLASSE DE RESISTENCIA C30, BRITA 0 E 1, SLUMP = 100 +/- 20 MM, COM BOMBEAMENTO (DISPONIBILIZACAO DE BOMBA), SEM O LANCAMENTO (NBR 8953)","M3    ","CR","516,66"]
[34494,"CONCRETO USINADO BOMBEAVEL, CLASSE DE RESISTENCIA C30, COM BRITA 0 E 1, SLUMP = 100 +/- 20 MM, EXCLUI SERVICO DE BOMBEAMENTO (NBR 8953)","M3    ","CR","478,10"]
[38406,"CONCRETO USINADO BOMBEAVEL, CLASSE DE RESISTENCIA C30, COM BRITA 0 E 1, SLUMP = 130 +/- 20 MM, EXCLUI SERVICO DE BOMBEAMENTO (NBR 8953)","M3    ","CR","507,36"]
[38409,"CONCRETO USINADO BOMBEAVEL, CLASSE DE RESISTENCIA C30, COM BRITA 0 E 1, SLUMP = 190 +/- 20 MM, EXCLUI SERVICO DE BOMBEAMENTO (NBR 8953)","M3    ","CR","535,47"]
[43360,"CONCRETO USINADO BOMBEAVEL, CLASSE DE RESISTENCIA C30, COM BRITA 0 E 1, SLUMP = 220 +/- 30 MM, EXCLUI SERVICO DE BOMBEAMENTO (NBR 8953)","M3    ","CR","558,35"]
[11145,"CONCRETO USINADO BOMBEAVEL, CLASSE DE RESISTENCIA C35, BRITA 0 E 1, SLUMP = 100 +/- 20 MM, COM BOMBEAMENTO (DISPONIBILIZACAO DE BOMBA), SEM O LANCAMENTO (NBR 8953)","M3    ","CR","532,08"]
[34495,"CONCRETO USINADO BOMBEAVEL, CLASSE DE RESISTENCIA C35, COM BRITA 0 E 1, SLUMP = 100 +/- 20 MM, EXCLUI SERVICO DE BOMBEAMENTO (NBR 8953)","M3    ","CR","493,52"]
[34479,"CONCRETO USINADO BOMBEAVEL, CLASSE DE RESISTENCIA C40, BRITA 0 E 1, SLUMP = 100 +/- 20 MM, COM BOMBEAMENTO (DISPONIBILIZACAO DE BOMBA), SEM O LANCAMENTO (NBR 8953)","M3    ","CR","547,50"]
[34496,"CONCRETO USINADO BOMBEAVEL, CLASSE DE RESISTENCIA C40, COM BRITA 0 E 1, SLUMP = 100 +/- 20 MM, EXCLUI SERVICO DE BOMBEAMENTO (NBR 8953)","M3    ","CR","514,83"]
[34481,"CONCRETO USINADO BOMBEAVEL, CLASSE DE RESISTENCIA C45, BRITA 0 E 1, SLUMP = 100 +/- 20 MM, COM BOMBEAMENTO (DISPONIBILIZACAO DE BOMBA), SEM O LANCAMENTO (NBR 8953)","M3    ","CR","572,08"]
[34483,"CONCRETO USINADO BOMBEAVEL, CLASSE DE RESISTENCIA C50, BRITA 0 E 1, SLUMP = 100 +/- 20 MM, COM BOMBEAMENTO (DISPONIBILIZACAO DE BOMBA), SEM O LANCAMENTO (NBR 8953)","M3    ","CR","611,22"]
[34485,"CONCRETO USINADO BOMBEAVEL, CLASSE DE RESISTENCIA C60, COM BRITA 0 E 1, SLUMP = 100 +/- 20 MM, COM BOMBEAMENTO (DISPONIBILIZACAO DE BOMBA), SEM O LANCAMENTO (NBR 8953)","M3    ","CR","653,64"]
[14041,"CONCRETO USINADO CONVENCIONAL (NAO BOMBEAVEL) CLASSE DE RESISTENCIA C10, COM BRITA 1 E 2, SLUMP = 80 MM +/- 10 MM (NBR 8953)","M3    ","CR","424,89"]
[1523,"CONCRETO USINADO CONVENCIONAL (NAO BOMBEAVEL) CLASSE DE RESISTENCIA C15, COM BRITA 1 E 2, SLUMP = 80 MM +/- 10 MM (NBR 8953)","M3    ","CR","431,84"]
[14052,"CONDULETE DE ALUMINIO TIPO B, PARA ELETRODUTO ROSCAVEL DE 1/2\", COM TAMPA CEGA","UN    ","CR","15,52"]
[14054,"CONDULETE DE ALUMINIO TIPO B, PARA ELETRODUTO ROSCAVEL DE 1\", COM TAMPA CEGA","UN    ","CR","20,18"]
[14053,"CONDULETE DE ALUMINIO TIPO B, PARA ELETRODUTO ROSCAVEL DE 3/4\", COM TAMPA CEGA","UN    ","CR","15,76"]
[2558,"CONDULETE DE ALUMINIO TIPO C, PARA ELETRODUTO ROSCAVEL DE 1/2\", COM TAMPA CEGA","UN    ","CR","11,86"]
[2560,"CONDULETE DE ALUMINIO TIPO C, PARA ELETRODUTO ROSCAVEL DE 1\", COM TAMPA CEGA","UN    ","CR","20,88"]
[2559,"CONDULETE DE ALUMINIO TIPO C, PARA ELETRODUTO ROSCAVEL DE 3/4\", COM TAMPA CEGA","UN    ","C ","16,70"]
[2592,"CONDULETE DE ALUMINIO TIPO C, PARA ELETRODUTO ROSCAVEL DE 4\", COM TAMPA CEGA","UN    ","CR","276,85"]
[2566,"CONDULETE DE ALUMINIO TIPO E, PARA ELETRODUTO ROSCAVEL DE 1  1/4\", COM TAMPA CEGA","UN    ","CR","27,86"]
[2589,"CONDULETE DE ALUMINIO TIPO E, PARA ELETRODUTO ROSCAVEL DE 1 1/2\", COM TAMPA CEGA","UN    ","CR","37,03"]
[2591,"CONDULETE DE ALUMINIO TIPO E, PARA ELETRODUTO ROSCAVEL DE 1/2\", COM TAMPA CEGA","UN    ","CR","13,51"]
[2590,"CONDULETE DE ALUMINIO TIPO E, PARA ELETRODUTO ROSCAVEL DE 1\", COM TAMPA CEGA","UN    ","CR","22,72"]
[2567,"CONDULETE DE ALUMINIO TIPO E, PARA ELETRODUTO ROSCAVEL DE 2\", COM TAMPA CEGA","UN    ","CR","54,32"]
[2565,"CONDULETE DE ALUMINIO TIPO E, PARA ELETRODUTO ROSCAVEL DE 3/4\", COM TAMPA CEGA","UN    ","CR","13,53"]
[2568,"CONDULETE DE ALUMINIO TIPO E, PARA ELETRODUTO ROSCAVEL DE 3\", COM TAMPA CEGA","UN    ","CR","150,83"]
[2594,"CONDULETE DE ALUMINIO TIPO E, PARA ELETRODUTO ROSCAVEL DE 4\", COM TAMPA CEGA","UN    ","CR","251,28"]
[2587,"CONDULETE DE ALUMINIO TIPO LR, PARA ELETRODUTO ROSCAVEL DE 1 1/2\", COM TAMPA CEGA","UN    ","CR","42,82"]
[2588,"CONDULETE DE ALUMINIO TIPO LR, PARA ELETRODUTO ROSCAVEL DE 1 1/4\", COM TAMPA CEGA","UN    ","CR","34,02"]
[2569,"CONDULETE DE ALUMINIO TIPO LR, PARA ELETRODUTO ROSCAVEL DE 1/2\", COM TAMPA CEGA","UN    ","CR","13,11"]
[2570,"CONDULETE DE ALUMINIO TIPO LR, PARA ELETRODUTO ROSCAVEL DE 1\", COM TAMPA CEGA","UN    ","CR","21,97"]
[2571,"CONDULETE DE ALUMINIO TIPO LR, PARA ELETRODUTO ROSCAVEL DE 2\", COM TAMPA CEGA","UN    ","CR","65,22"]
[2593,"CONDULETE DE ALUMINIO TIPO LR, PARA ELETRODUTO ROSCAVEL DE 3/4\", COM TAMPA CEGA","UN    ","CR","13,97"]
[2572,"CONDULETE DE ALUMINIO TIPO LR, PARA ELETRODUTO ROSCAVEL DE 3\", COM TAMPA CEGA","UN    ","CR","192,89"]
[2595,"CONDULETE DE ALUMINIO TIPO LR, PARA ELETRODUTO ROSCAVEL DE 4\", COM TAMPA CEGA","UN    ","CR","300,95"]
[2576,"CONDULETE DE ALUMINIO TIPO T, PARA ELETRODUTO ROSCAVEL DE 1 1/2\", COM TAMPA CEGA","UN    ","CR","51,30"]
[2575,"CONDULETE DE ALUMINIO TIPO T, PARA ELETRODUTO ROSCAVEL DE 1 1/4\", COM TAMPA CEGA","UN    ","CR","38,57"]
[2573,"CONDULETE DE ALUMINIO TIPO T, PARA ELETRODUTO ROSCAVEL DE 1/2\", COM TAMPA CEGA","UN    ","CR","16,01"]
[2586,"CONDULETE DE ALUMINIO TIPO T, PARA ELETRODUTO ROSCAVEL DE 1\", COM TAMPA CEGA","UN    ","CR","25,96"]
[2577,"CONDULETE DE ALUMINIO TIPO T, PARA ELETRODUTO ROSCAVEL DE 2\", COM TAMPA CEGA","UN    ","CR","69,52"]
[2574,"CONDULETE DE ALUMINIO TIPO T, PARA ELETRODUTO ROSCAVEL DE 3/4\", COM TAMPA CEGA","UN    ","CR","16,12"]
[2578,"CONDULETE DE ALUMINIO TIPO T, PARA ELETRODUTO ROSCAVEL DE 3\", COM TAMPA CEGA","UN    ","CR","217,04"]
[2585,"CONDULETE DE ALUMINIO TIPO T, PARA ELETRODUTO ROSCAVEL DE 4\", COM TAMPA CEGA","UN    ","CR","297,83"]
[12008,"CONDULETE DE ALUMINIO TIPO TB, PARA ELETRODUTO ROSCAVEL DE 3\", COM TAMPA CEGA","UN    ","CR","159,79"]
[2582,"CONDULETE DE ALUMINIO TIPO X, PARA ELETRODUTO ROSCAVEL DE 1 1/2\", COM TAMPA CEGA","UN    ","CR","47,59"]
[2597,"CONDULETE DE ALUMINIO TIPO X, PARA ELETRODUTO ROSCAVEL DE 1 1/4\", COM TAMPA CEGA","UN    ","CR","40,78"]
[2579,"CONDULETE DE ALUMINIO TIPO X, PARA ELETRODUTO ROSCAVEL DE 1/2\", COM TAMPA CEGA","UN    ","CR","19,42"]
[2581,"CONDULETE DE ALUMINIO TIPO X, PARA ELETRODUTO ROSCAVEL DE 1\", COM TAMPA CEGA","UN    ","CR","24,85"]
[2596,"CONDULETE DE ALUMINIO TIPO X, PARA ELETRODUTO ROSCAVEL DE 2\", COM TAMPA CEGA","UN    ","CR","73,48"]
[2580,"CONDULETE DE ALUMINIO TIPO X, PARA ELETRODUTO ROSCAVEL DE 3/4\", COM TAMPA CEGA","UN    ","CR","21,28"]
[2583,"CONDULETE DE ALUMINIO TIPO X, PARA ELETRODUTO ROSCAVEL DE 3\", COM TAMPA CEGA","UN    ","CR","178,72"]
[2584,"CONDULETE DE ALUMINIO TIPO X, PARA ELETRODUTO ROSCAVEL DE 4\", COM TAMPA CEGA","UN    ","CR","297,52"]
[12010,"CONDULETE EM PVC, TIPO \"B\", SEM TAMPA, DE 1/2\" OU 3/4\"","UN    ","CR","13,59"]
[39329,"CONDULETE EM PVC, TIPO \"B\", SEM TAMPA, DE 1\"","UN    ","CR","14,22"]
[39330,"CONDULETE EM PVC, TIPO \"C\", SEM TAMPA, DE 1/2\"","UN    ","CR","14,96"]
[39332,"CONDULETE EM PVC, TIPO \"C\", SEM TAMPA, DE 1\"","UN    ","CR","16,71"]
[39331,"CONDULETE EM PVC, TIPO \"C\", SEM TAMPA, DE 3/4\"","UN    ","CR","13,30"]
[39333,"CONDULETE EM PVC, TIPO \"E\", SEM TAMPA, DE 1/2\"","UN    ","CR","12,97"]
[39335,"CONDULETE EM PVC, TIPO \"E\", SEM TAMPA, DE 1\"","UN    ","CR","15,01"]
[39334,"CONDULETE EM PVC, TIPO \"E\", SEM TAMPA, DE 3/4\"","UN    ","CR","11,93"]
[12016,"CONDULETE EM PVC, TIPO \"LB\", SEM TAMPA, DE 1/2\" OU 3/4\"","UN    ","CR","14,98"]
[12015,"CONDULETE EM PVC, TIPO \"LB\", SEM TAMPA, DE 1\"","UN    ","CR","17,43"]
[12020,"CONDULETE EM PVC, TIPO \"LL\", SEM TAMPA, DE 1/2\" OU 3/4\"","UN    ","CR","14,98"]
[12019,"CONDULETE EM PVC, TIPO \"LL\", SEM TAMPA, DE 1\"","UN    ","CR","17,43"]
[39336,"CONDULETE EM PVC, TIPO \"LR\", SEM TAMPA, DE 1/2\"","UN    ","CR","14,96"]
[39338,"CONDULETE EM PVC, TIPO \"LR\", SEM TAMPA, DE 1\"","UN    ","CR","16,71"]
[39337,"CONDULETE EM PVC, TIPO \"LR\", SEM TAMPA, DE 3/4\"","UN    ","CR","13,30"]
[39341,"CONDULETE EM PVC, TIPO \"T\", SEM TAMPA, DE 1\"","UN    ","CR","21,79"]
[39340,"CONDULETE EM PVC, TIPO \"T\", SEM TAMPA, DE 3/4\"","UN    ","CR","16,00"]
[12025,"CONDULETE EM PVC, TIPO \"TB\", SEM TAMPA, DE 1/2\" OU 3/4\"","UN    ","CR","16,52"]
[39342,"CONDULETE EM PVC, TIPO \"TB\", SEM TAMPA, DE 1\"","UN    ","CR","21,79"]
[39343,"CONDULETE EM PVC, TIPO \"X\", SEM TAMPA, DE 1/2\"","UN    ","CR","18,40"]
[39345,"CONDULETE EM PVC, TIPO \"X\", SEM TAMPA, DE 1\"","UN    ","CR","24,90"]
[39344,"CONDULETE EM PVC, TIPO \"X\", SEM TAMPA, DE 3/4\"","UN    ","CR","17,79"]
[12623,"CONDUTOR PLUVIAL, PVC, CIRCULAR, DIAMETRO ENTRE 80 E 100 MM, PARA DRENAGEM PLUVIAL PREDIAL","M     ","CR","48,74"]
[34498,"CONE DE SINALIZACAO EM PVC FLEXIVEL, H = 70 / 76 CM (NBR 15071)","UN    ","CR","131,85"]
[13244,"CONE DE SINALIZACAO EM PVC RIGIDO COM FAIXA REFLETIVA, H = 70 / 76 CM","UN    ","C ","55,50"]
[38998,"CONECTOR / ADAPTADOR F/F, COM INSERTO METALICO, PPR, DN 25 MM X 1/2\", PARA AGUA QUENTE E FRIA PREDIAL","UN    ","AS","9,97"]
[38999,"CONECTOR / ADAPTADOR F/F, COM INSERTO METALICO, PPR, DN 32 MM X 3/4\", PARA AGUA QUENTE E FRIA PREDIAL","UN    ","AS","25,20"]
[38996,"CONECTOR / ADAPTADOR F/M, COM INSERTO METALICO, PPR, DN 25 MM X 1/2\", PARA AGUA QUENTE E FRIA PREDIAL","UN    ","AS","17,81"]
[44173,"CONECTOR / ADAPTADOR F/M, COM INSERTO METALICO, PPR, DN 25 MM X 3/4\", PARA AGUA QUENTE E FRIA PREDIAL","UN    ","AS","17,32"]
[44174,"CONECTOR / ADAPTADOR F/M, COM INSERTO METALICO, PPR, DN 32 MM X 1\", PARA AGUA QUENTE E FRIA PREDIAL","UN    ","AS","28,36"]
[38997,"CONECTOR / ADAPTADOR F/M, COM INSERTO METALICO, PPR, DN 32 MM X 3/4\", PARA AGUA QUENTE E FRIA PREDIAL","UN    ","AS","25,48"]
[39600,"CONECTOR / TOMADA FEMEA RJ 45, CATEGORIA 5 E (CAT 5E) PARA CABOS","UN    ","CR","12,21"]
[39601,"CONECTOR / TOMADA FEMEA RJ 45, CATEGORIA 6 (CAT 6) PARA CABOS","UN    ","CR","25,91"]
[39862,"CONECTOR BRONZE/LATAO (REF 603) SEM ANEL DE SOLDA, BOLSA X ROSCA F, 15 MM X 1/2\"","UN    ","CR","27,10"]
[39863,"CONECTOR BRONZE/LATAO (REF 603) SEM ANEL DE SOLDA, BOLSA X ROSCA F, 22 MM X 1/2\"","UN    ","CR","27,48"]
[39864,"CONECTOR BRONZE/LATAO (REF 603) SEM ANEL DE SOLDA, BOLSA X ROSCA F, 22 MM X 3/4\"","UN    ","CR","34,10"]
[39865,"CONECTOR BRONZE/LATAO (REF 603) SEM ANEL DE SOLDA, BOLSA X ROSCA F, 28 MM X 1/2\"","UN    ","CR","48,06"]
[2517,"CONECTOR CURVO 90 GRAUS DE ALUMINIO, BITOLA 1 1/2\", PARA ADAPTAR ENTRADA DE ELETRODUTO METALICO FLEXIVEL EM QUADROS","UN    ","CR","29,64"]
[2522,"CONECTOR CURVO 90 GRAUS DE ALUMINIO, BITOLA 1 1/4\", PARA ADAPTAR ENTRADA DE ELETRODUTO METALICO FLEXIVEL EM QUADROS","UN    ","CR","19,16"]
[2548,"CONECTOR CURVO 90 GRAUS DE ALUMINIO, BITOLA 1/2\", PARA ADAPTAR ENTRADA DE ELETRODUTO METALICO FLEXIVEL EM QUADROS","UN    ","CR","11,78"]
[2516,"CONECTOR CURVO 90 GRAUS DE ALUMINIO, BITOLA 1\", PARA ADAPTAR ENTRADA DE ELETRODUTO METALICO FLEXIVEL EM QUADROS","UN    ","CR","15,38"]
[2518,"CONECTOR CURVO 90 GRAUS DE ALUMINIO, BITOLA 2 1/2\", PARA ADAPTAR ENTRADA DE ELETRODUTO METALICO FLEXIVEL EM QUADROS","UN    ","CR","141,10"]
[2521,"CONECTOR CURVO 90 GRAUS DE ALUMINIO, BITOLA 2\", PARA ADAPTAR ENTRADA DE ELETRODUTO METALICO FLEXIVEL EM QUADROS","UN    ","CR","60,06"]
[2515,"CONECTOR CURVO 90 GRAUS DE ALUMINIO, BITOLA 3/4\", PARA ADAPTAR ENTRADA DE ELETRODUTO METALICO FLEXIVEL EM QUADROS","UN    ","CR","12,80"]
[2519,"CONECTOR CURVO 90 GRAUS DE ALUMINIO, BITOLA 3\", PARA ADAPTAR ENTRADA DE ELETRODUTO METALICO FLEXIVEL EM QUADROS","UN    ","CR","170,14"]
[2520,"CONECTOR CURVO 90 GRAUS DE ALUMINIO, BITOLA 4\", PARA ADAPTAR ENTRADA DE ELETRODUTO METALICO FLEXIVEL EM QUADROS","UN    ","CR","313,14"]
[1602,"CONECTOR DE ALUMINIO TIPO PRENSA CABO, BITOLA 1 1/2\", PARA CABOS DE DIAMETRO DE 37 A 40 MM","UN    ","CR","66,69"]
[1601,"CONECTOR DE ALUMINIO TIPO PRENSA CABO, BITOLA 1 1/4\", PARA CABOS DE DIAMETRO DE 31 A 34 MM","UN    ","CR","59,44"]
[1598,"CONECTOR DE ALUMINIO TIPO PRENSA CABO, BITOLA 1/2\", PARA CABOS DE DIAMETRO DE 12,5 A 15 MM","UN    ","CR","17,59"]
[1600,"CONECTOR DE ALUMINIO TIPO PRENSA CABO, BITOLA 1\", PARA CABOS DE DIAMETRO DE 22,5 A 25 MM","UN    ","CR","25,96"]
[1603,"CONECTOR DE ALUMINIO TIPO PRENSA CABO, BITOLA 2\", PARA CABOS DE DIAMETRO DE 47,5 A 50 MM","UN    ","CR","100,70"]
[1599,"CONECTOR DE ALUMINIO TIPO PRENSA CABO, BITOLA 3/4\", PARA CABOS DE DIAMETRO DE 17,5 A 20 MM","UN    ","CR","20,41"]
[1597,"CONECTOR DE ALUMINIO TIPO PRENSA CABO, BITOLA 3/8\", PARA CABOS DE DIAMETRO DE 9 A 10 MM","UN    ","CR","16,54"]
[39602,"CONECTOR MACHO RJ 45, CATEGORIA 5 E (CAT 5E) PARA CABOS","UN    ","CR","1,29"]
[39603,"CONECTOR MACHO RJ 45, CATEGORIA 6 (CAT 6) PARA CABOS","UN    ","CR","2,76"]
[11821,"CONECTOR METALICO TIPO PARAFUSO FENDIDO (SPLIT BOLT), COM SEPARADOR DE CABOS BIMETALICOS, PARA CABOS ATE 25 MM2","UN    ","CR","13,58"]
[1562,"CONECTOR METALICO TIPO PARAFUSO FENDIDO (SPLIT BOLT), COM SEPARADOR DE CABOS BIMETALICOS, PARA CABOS ATE 50 MM2","UN    ","CR","22,25"]
[1563,"CONECTOR METALICO TIPO PARAFUSO FENDIDO (SPLIT BOLT), COM SEPARADOR DE CABOS BIMETALICOS, PARA CABOS ATE 70 MM2","UN    ","CR","29,85"]
[11856,"CONECTOR METALICO TIPO PARAFUSO FENDIDO (SPLIT BOLT), PARA CABOS ATE 10 MM2","UN    ","C ","8,90"]
[11857,"CONECTOR METALICO TIPO PARAFUSO FENDIDO (SPLIT BOLT), PARA CABOS ATE 120 MM2","UN    ","CR","46,84"]
[11858,"CONECTOR METALICO TIPO PARAFUSO FENDIDO (SPLIT BOLT), PARA CABOS ATE 150 MM2","UN    ","CR","58,13"]
[1539,"CONECTOR METALICO TIPO PARAFUSO FENDIDO (SPLIT BOLT), PARA CABOS ATE 16 MM2","UN    ","CR","10,46"]
[11859,"CONECTOR METALICO TIPO PARAFUSO FENDIDO (SPLIT BOLT), PARA CABOS ATE 185 MM2","UN    ","CR","79,09"]
[1550,"CONECTOR METALICO TIPO PARAFUSO FENDIDO (SPLIT BOLT), PARA CABOS ATE 25 MM2","UN    ","CR","11,04"]
[11854,"CONECTOR METALICO TIPO PARAFUSO FENDIDO (SPLIT BOLT), PARA CABOS ATE 35 MM2","UN    ","CR","13,79"]
[11862,"CONECTOR METALICO TIPO PARAFUSO FENDIDO (SPLIT BOLT), PARA CABOS ATE 50 MM2","UN    ","CR","19,34"]
[11863,"CONECTOR METALICO TIPO PARAFUSO FENDIDO (SPLIT BOLT), PARA CABOS ATE 6 MM2","UN    ","CR","7,81"]
[11855,"CONECTOR METALICO TIPO PARAFUSO FENDIDO (SPLIT BOLT), PARA CABOS ATE 70 MM2","UN    ","CR","28,87"]
[11864,"CONECTOR METALICO TIPO PARAFUSO FENDIDO (SPLIT BOLT), PARA CABOS ATE 95 MM2","UN    ","CR","43,65"]
[2527,"CONECTOR RETO DE ALUMINIO PARA ELETRODUTO DE 1 1/2\", PARA ADAPTAR ENTRADA DE ELETRODUTO METALICO FLEXIVEL EM QUADROS","UN    ","CR","10,61"]
[2526,"CONECTOR RETO DE ALUMINIO PARA ELETRODUTO DE 1 1/4\", PARA ADAPTAR ENTRADA DE ELETRODUTO METALICO FLEXIVEL EM QUADROS","UN    ","CR","6,80"]
[2487,"CONECTOR RETO DE ALUMINIO PARA ELETRODUTO DE 1/2\", PARA ADAPTAR ENTRADA DE ELETRODUTO METALICO FLEXIVEL EM QUADROS","UN    ","CR","2,32"]
[2483,"CONECTOR RETO DE ALUMINIO PARA ELETRODUTO DE 1\", PARA ADAPTAR ENTRADA DE ELETRODUTO METALICO FLEXIVEL EM QUADROS","UN    ","CR","4,84"]
[2528,"CONECTOR RETO DE ALUMINIO PARA ELETRODUTO DE 2 1/2\", PARA ADAPTAR ENTRADA DE ELETRODUTO METALICO FLEXIVEL EM QUADROS","UN    ","CR","26,70"]
[2489,"CONECTOR RETO DE ALUMINIO PARA ELETRODUTO DE 2\", PARA ADAPTAR ENTRADA DE ELETRODUTO METALICO FLEXIVEL EM QUADROS","UN    ","CR","11,76"]
[2488,"CONECTOR RETO DE ALUMINIO PARA ELETRODUTO DE 3/4\", PARA ADAPTAR ENTRADA DE ELETRODUTO METALICO FLEXIVEL EM QUADROS","UN    ","CR","2,72"]
[2484,"CONECTOR RETO DE ALUMINIO PARA ELETRODUTO DE 3\", PARA ADAPTAR ENTRADA DE ELETRODUTO METALICO FLEXIVEL EM QUADROS","UN    ","CR","38,78"]
[2485,"CONECTOR RETO DE ALUMINIO PARA ELETRODUTO DE 4\", PARA ADAPTAR ENTRADA DE ELETRODUTO METALICO FLEXIVEL EM QUADROS","UN    ","CR","60,78"]
[39279,"CONECTOR/ADAPTADOR FIXO, ROSCA FEMEA, EM PLASTICO, DN 16 MM X 1/2\", PARA CONEXAO COM CRIMPAGEM, EM TUBO PEX PARA INST. AGUA QUENTE/FRIA","UN    ","AS","8,35"]
[39280,"CONECTOR/ADAPTADOR FIXO, ROSCA FEMEA, EM PLASTICO, DN 20 MM X 1/2\", PARA CONEXAO COM CRIMPAGEM, EM TUBO PEX PARA INST. AGUA QUENTE/FRIA","UN    ","AS","9,36"]
[39281,"CONECTOR/ADAPTADOR FIXO, ROSCA FEMEA, EM PLASTICO, DN 20 MM X 3/4\", PARA CONEXAO COM CRIMPAGEM, EM TUBO PEX PARA INST. AGUA QUENTE/FRIA","UN    ","AS","12,37"]
[39282,"CONECTOR/ADAPTADOR FIXO, ROSCA FEMEA, EM PLASTICO, DN 25 MM X 3/4\", PARA CONEXAO COM CRIMPAGEM, EM TUBO PEX PARA INST. AGUA QUENTE/FRIA","UN    ","AS","17,26"]
[38844,"CONECTOR/ADAPTADOR FIXO, ROSCA FEMEA, METALICA, COM ANEL DESLIZANTE, DN 16 MM X 1/2\", PARA TUBO PEX PARA INST. AGUA QUENTE/FRIA","UN    ","AS","8,47"]
[38846,"CONECTOR/ADAPTADOR FIXO, ROSCA FEMEA, METALICA, COM ANEL DESLIZANTE, DN 20 MM X 1/2\", PARA TUBO PEX PARA INST. AGUA QUENTE/FRIA","UN    ","AS","8,62"]
[38847,"CONECTOR/ADAPTADOR FIXO, ROSCA FEMEA, METALICA, COM ANEL DESLIZANTE, DN 20 MM X 3/4\", PARA TUBO PEX PARA INST. AGUA QUENTE/FRIA","UN    ","AS","10,09"]
[38850,"CONECTOR/ADAPTADOR FIXO, ROSCA FEMEA, METALICA, COM ANEL DESLIZANTE, DN 25 MM X 1\", PARA TUBO PEX PARA INST. AGUA QUENTE/FRIA","UN    ","AS","18,23"]
[38848,"CONECTOR/ADAPTADOR FIXO, ROSCA FEMEA, METALICA, COM ANEL DESLIZANTE, DN 25 MM X 3/4\", PARA TUBO PEX PARA INST. AGUA QUENTE/FRIA","UN    ","AS","11,95"]
[38851,"CONECTOR/ADAPTADOR FIXO, ROSCA FEMEA, METALICA, COM ANEL DESLIZANTE, DN 32 MM X 1\", PARA TUBO PEX PARA INST. AGUA QUENTE/FRIA","UN    ","AS","20,61"]
[38854,"CONECTOR/ADAPTADOR MOVEL, ROSCA FEMEA, METALICA, COM ANEL DESLIZANTE, DN 16 MM X 3/4\", PARA TUBO PEX PARA INST. AGUA QUENTE/FRIA","UN    ","AS","8,95"]
[44247,"CONECTOR, CPVC, SOLDAVEL, 114 MM X 4\", PARA AGUA QUENTE","UN    ","CR","1.456,00"]
[38005,"CONECTOR, CPVC, SOLDAVEL, 15 MM X 1/2\", PARA AGUA QUENTE","UN    ","CR","17,31"]
[38006,"CONECTOR, CPVC, SOLDAVEL, 22 MM X 1/2\", PARA AGUA QUENTE","UN    ","CR","23,00"]
[38428,"CONECTOR, CPVC, SOLDAVEL, 22 MM X 3/4\", PARA AGUA QUENTE","UN    ","CR","20,60"]
[38007,"CONECTOR, CPVC, SOLDAVEL, 28 MM X 1\", PARA AGUA QUENTE","UN    ","CR","26,54"]
[38008,"CONECTOR, CPVC, SOLDAVEL, 35 MM X 1 1/4\", PARA AGUA QUENTE","UN    ","CR","42,47"]
[38009,"CONECTOR, CPVC, SOLDAVEL, 42 MM X 1 1/2\", PARA AGUA QUENTE","UN    ","CR","52,00"]
[44248,"CONECTOR, CPVC, SOLDAVEL, 54 MM X 2\", PARA AGUA QUENTE","UN    ","CR","84,75"]
[44249,"CONECTOR, CPVC, SOLDAVEL, 73 MM X 2 1/2\", PARA AGUA QUENTE","UN    ","CR","327,00"]
[44250,"CONECTOR, CPVC, SOLDAVEL, 89 MM X 3\", PARA AGUA QUENTE","UN    ","CR","474,87"]
[3104,"CONJ. DE FERRAGENS PARA PORTA DE VIDRO TEMPERADO, EM ZAMAC CROMADO, CONTEMPLANDO DOBRADICA INF., DOBRADICA SUP., PIVO PARA DOBRADICA INF., PIVO PARA DOBRADICA SUP., FECHADURA CENTRAL EM ZAMC. CROMADO, CONTRA FECHADURA DE PRESSAO","CJ    ","CR","171,25"]
[1607,"CONJUNTO ARRUELAS DE VEDACAO 5/16\" PARA TELHA FIBROCIMENTO (UMA ARRUELA METALICA E UMA ARRUELA PVC - CONICAS)","CJ    ","CR","0,21"]
[38169,"CONJUNTO DE FERRAGENS PIVO, PARA PORTA PIVOTANTE DE ATE 100 KG, REGULAVEL COM ESFERA , CROMADO - SUPERIOR E INFERIOR - COMPLETO","CJ    ","CR","85,76"]
[6142,"CONJUNTO DE LIGACAO AJUSTAVEL, PARA VASO / BACIA SANITARIA , EM PLASTICO BRANCO, COM TUBO, CANOPLA E ESPUDE","UN    ","CR","8,41"]
[11686,"CONJUNTO DE LIGACAO PARA VASO / BACIA SANITARIA, EM PLASTICO BRANCO, COM TUBO, CANOPLA E ANEL DE EXPANSAO (TUBO 1.1/2\" X 20 CM)","UN    ","CR","11,67"]
[37598,"CONJUNTO MONTADO ESTOPIM COM ESPOLETA COMUM NUMERO 8, COM CABECA ACENDEDORA, 1,5 M","UN    ","AS","38,11"]
[25398,"CONJUNTO PARA FUTSAL COM PAR DE TRAVES OFICIAIS DE 3,00 X 2,00 M EM TUBO DE ACO GALVANIZADO 3\" COM REQUADROS EM TUBO DE 1\", PINTURA EM PRIMER COM TINTA ESMALTE SINTETICO E REDES DE POLIETILENO FIO 4 MM","UN    ","AS","4.298,87"]
[25399,"CONJUNTO PARA QUADRA DE  VOLEI COM POSTES EM TUBO DE ACO GALVANIZADO 3\", H = *255* CM, PINTURA EM TINTA ESMALTE SINTETICO, REDE DE NYLON COM 2 MM, MALHA 10 X 10 CM E ANTENAS OFICIAIS EM FIBRA DE VIDRO","UN    ","AS","2.609,79"]
[43440,"CONJUNTO PRE-MOLDADO COMPOSTO POR GRELHA (0,99 X 0,45 M), QUADRO (1,10 X 0,52 M) E CANTONEIRA (1,10 X 0,35 M), EM CONCRETO ARMADO, COM FCK DE 21 MPA","UN    ","CR","355,14"]
[10667,"CONTAINER ALMOXARIFADO, DE *2,40* X *6,00* M, PADRAO SIMPLES, SEM REVESTIMENTO E SEM DIVISORIAS INTERNOS E SEM SANITARIO, PARA USO EM CANTEIRO DE OBRAS","UN    ","AS","22.500,00"]
[1613,"CONTATOR TRIPOLAR, CORRENTE DE *110* A, TENSAO NOMINAL DE *500* V, CATEGORIA AC-2 E AC-3","UN    ","AS","1.863,65"]
[1626,"CONTATOR TRIPOLAR, CORRENTE DE *185* A, TENSAO NOMINAL DE *500* V, CATEGORIA AC-2 E AC-3","UN    ","AS","2.787,32"]
[1625,"CONTATOR TRIPOLAR, CORRENTE DE *22* A, TENSAO NOMINAL DE *500* V, CATEGORIA AC-2 E AC-3","UN    ","AS","194,68"]
[1622,"CONTATOR TRIPOLAR, CORRENTE DE *265* A, TENSAO NOMINAL DE *500* V, CATEGORIA AC-2 E AC-3","UN    ","AS","6.289,85"]
[1620,"CONTATOR TRIPOLAR, CORRENTE DE *38* A, TENSAO NOMINAL DE *500* V, CATEGORIA AC-2 E AC-3","UN    ","AS","410,11"]
[1629,"CONTATOR TRIPOLAR, CORRENTE DE *500* A, TENSAO NOMINAL DE *500* V, CATEGORIA AC-2 E AC-3","UN    ","AS","15.307,99"]
[1627,"CONTATOR TRIPOLAR, CORRENTE DE *65* A, TENSAO NOMINAL DE *500* V, CATEGORIA AC-2 E AC-3","UN    ","AS","783,91"]
[1623,"CONTATOR TRIPOLAR, CORRENTE DE 12 A, TENSAO NOMINAL DE *500* V, CATEGORIA AC-2 E AC-3","UN    ","AS","158,77"]
[1619,"CONTATOR TRIPOLAR, CORRENTE DE 25 A, TENSAO NOMINAL DE *500* V, CATEGORIA AC-2 E AC-3","UN    ","AS","218,40"]
[1630,"CONTATOR TRIPOLAR, CORRENTE DE 250 A, TENSAO NOMINAL DE *500* V, PARA ACIONAMENTO DE CAPACITORES","UN    ","AS","4.808,72"]
[1616,"CONTATOR TRIPOLAR, CORRENTE DE 300 A, TENSAO NOMINAL DE *500* V, CATEGORIA AC-2 E AC-3","UN    ","AS","7.395,89"]
[1614,"CONTATOR TRIPOLAR, CORRENTE DE 32 A, TENSAO NOMINAL DE *500* V, CATEGORIA AC-2 E AC-3","UN    ","AS","338,02"]
[1617,"CONTATOR TRIPOLAR, CORRENTE DE 400 A, TENSAO NOMINAL DE *500* V, CATEGORIA AC-2 E AC-3","UN    ","AS","8.829,10"]
[1621,"CONTATOR TRIPOLAR, CORRENTE DE 45 A, TENSAO NOMINAL DE *500* V, CATEGORIA AC-2 E AC-3","UN    ","AS","604,54"]
[1624,"CONTATOR TRIPOLAR, CORRENTE DE 630 A, TENSAO NOMINAL DE *500* V, CATEGORIA AC-2 E AC-3","UN    ","AS","21.702,35"]
[1615,"CONTATOR TRIPOLAR, CORRENTE DE 75 A, TENSAO NOMINAL DE *500* V, CATEGORIA AC-2 E AC-3","UN    ","AS","1.135,23"]
[1612,"CONTATOR TRIPOLAR, CORRENTE DE 9 A, TENSAO NOMINAL DE *500* V, CATEGORIA AC-2 E AC-3","UN    ","AS","149,52"]
[1618,"CONTATOR TRIPOLAR, CORRENTE DE 95 A, TENSAO NOMINAL DE *500* V, CATEGORIA AC-2 E AC-3","UN    ","AS","1.559,97"]
[14211,"CONTRA-PORCA SEXTAVADA, DIAMETRO NOMINAL 1 3/8\", ALTURA 35 MM","UN    ","CR","58,77"]
[43657,"CONTRAMARCO DE ALUMINIO (PERFIL 25) PARA ESQUADRIAS, TIPO CONVENCIONAL / CADEIRINHA, 60 MM (CM-060), INCLUSO CONEXOES, GRAPAS E TRAVAMENTOS","M     ","CR","4,91"]
[34500,"COORDENADOR / GERENTE DE OBRA (HORISTA)","H     ","CR","57,75"]
[40934,"COORDENADOR / GERENTE DE OBRA (MENSALISTA)","MES   ","CR","10.077,58"]
[38200,"CORDA DE POLIAMIDA 12 MM TIPO BOMBEIRO, PARA TRABALHO EM ALTURA","100M  ","CR","697,86"]
[39269,"CORDAO DE COBRE, FLEXIVEL, TORCIDO, CLASSE 4 OU 5, ISOLACAO EM PVC/D, 300 V, 2 CONDUTORES DE 0,5 MM2","M     ","CR","1,22"]
[11889,"CORDAO DE COBRE, FLEXIVEL, TORCIDO, CLASSE 4 OU 5, ISOLACAO EM PVC/D, 300 V, 2 CONDUTORES DE 0,75 MM2","M     ","CR","1,68"]
[39270,"CORDAO DE COBRE, FLEXIVEL, TORCIDO, CLASSE 4 OU 5, ISOLACAO EM PVC/D, 300 V, 2 CONDUTORES DE 1,0 MM2","M     ","CR","2,18"]
[11890,"CORDAO DE COBRE, FLEXIVEL, TORCIDO, CLASSE 4 OU 5, ISOLACAO EM PVC/D, 300 V, 2 CONDUTORES DE 1,5 MM2","M     ","CR","2,97"]
[11891,"CORDAO DE COBRE, FLEXIVEL, TORCIDO, CLASSE 4 OU 5, ISOLACAO EM PVC/D, 300 V, 2 CONDUTORES DE 2,5 MM2","M     ","CR","4,82"]
[11892,"CORDAO DE COBRE, FLEXIVEL, TORCIDO, CLASSE 4 OU 5, ISOLACAO EM PVC/D, 300 V, 2 CONDUTORES DE 4 MM2","M     ","CR","7,87"]
[37601,"CORDEL DETONANTE, NP 05 G/M","M     ","AS","8,47"]
[1634,"CORDEL DETONANTE, NP 10 G/M","M     ","AS","8,75"]
[5086,"CORRENTE DE ELO CURTO COMUM, SOLDADA, GALVANIZADA, ESPESSURA DO ELO = 1/2\" (12,5 MM)","KG    ","CR","35,50"]
[11280,"CORTADEIRA DE PISO DE CONCRETO E ASFALTO, PARA DISCO PADRAO DE DIAMETRO 350 MM (14\") OU 450 MM (18\") , MOTOR A GASOLINA, POTENCIA 13 HP, SEM DISCO","UN    ","CR","11.452,41"]
[40519,"CORTADEIRA HIDRAULICA DE VERGALHAO, PARA ACO DE DIAMETRO ATE 50 MM, MOTOR ELETRICO TRIFASICO, POTENCIA DE 5,5 HP A 7,5 HP","UN    ","CR","94.409,74"]
[39869,"COTOVELO BRONZE/LATAO (REF 707-3) SEM ANEL DE SOLDA, BOLSA X ROSCA F, 15MM X 1/2\"","UN    ","CR","26,91"]
[39870,"COTOVELO BRONZE/LATAO (REF 707-3) SEM ANEL DE SOLDA, BOLSA X ROSCA F, 22MM X 1/2\"","UN    ","CR","41,15"]
[39871,"COTOVELO BRONZE/LATAO (REF 707-3) SEM ANEL DE SOLDA, BOLSA X ROSCA F, 22MM X 3/4\"","UN    ","CR","46,13"]
[12722,"COTOVELO DE COBRE 90 GRAUS (REF 607) SEM ANEL DE SOLDA, BOLSA X BOLSA, 104 MM","UN    ","CR","1.543,71"]
[12714,"COTOVELO DE COBRE 90 GRAUS (REF 607) SEM ANEL DE SOLDA, BOLSA X BOLSA, 15 MM","UN    ","CR","10,08"]
[12715,"COTOVELO DE COBRE 90 GRAUS (REF 607) SEM ANEL DE SOLDA, BOLSA X BOLSA, 22 MM","UN    ","CR","22,75"]
[12716,"COTOVELO DE COBRE 90 GRAUS (REF 607) SEM ANEL DE SOLDA, BOLSA X BOLSA, 28 MM","UN    ","CR","39,07"]
[12717,"COTOVELO DE COBRE 90 GRAUS (REF 607) SEM ANEL DE SOLDA, BOLSA X BOLSA, 35 MM","UN    ","CR","76,80"]
[12718,"COTOVELO DE COBRE 90 GRAUS (REF 607) SEM ANEL DE SOLDA, BOLSA X BOLSA, 42 MM","UN    ","CR","117,86"]
[12719,"COTOVELO DE COBRE 90 GRAUS (REF 607) SEM ANEL DE SOLDA, BOLSA X BOLSA, 54 MM","UN    ","CR","187,10"]
[12720,"COTOVELO DE COBRE 90 GRAUS (REF 607) SEM ANEL DE SOLDA, BOLSA X BOLSA, 66 MM","UN    ","CR","651,49"]
[12721,"COTOVELO DE COBRE 90 GRAUS (REF 607) SEM ANEL DE SOLDA, BOLSA X BOLSA, 79 MM","UN    ","CR","624,73"]
[3468,"COTOVELO DE REDUCAO 90 GRAUS DE FERRO GALVANIZADO, COM ROSCA BSP, DE 1 1/2\" X 1\"","UN    ","AS","46,62"]
[3465,"COTOVELO DE REDUCAO 90 GRAUS DE FERRO GALVANIZADO, COM ROSCA BSP, DE 1 1/2\" X 3/4\"","UN    ","AS","46,61"]
[12403,"COTOVELO DE REDUCAO 90 GRAUS DE FERRO GALVANIZADO, COM ROSCA BSP, DE 1 1/4\" X 1\"","UN    ","AS","33,22"]
[3463,"COTOVELO DE REDUCAO 90 GRAUS DE FERRO GALVANIZADO, COM ROSCA BSP, DE 1\" X 1/2\"","UN    ","AS","19,41"]
[3464,"COTOVELO DE REDUCAO 90 GRAUS DE FERRO GALVANIZADO, COM ROSCA BSP, DE 1\" X 3/4\"","UN    ","AS","19,41"]
[3466,"COTOVELO DE REDUCAO 90 GRAUS DE FERRO GALVANIZADO, COM ROSCA BSP, DE 2 1/2\" X 2\"","UN    ","AS","118,37"]
[3467,"COTOVELO DE REDUCAO 90 GRAUS DE FERRO GALVANIZADO, COM ROSCA BSP, DE 2\" X 1 1/2\"","UN    ","AS","66,85"]
[3462,"COTOVELO DE REDUCAO 90 GRAUS DE FERRO GALVANIZADO, COM ROSCA BSP, DE 3/4\" X 1/2\"","UN    ","AS","12,80"]
[3446,"COTOVELO 45 GRAUS DE FERRO GALVANIZADO, COM ROSCA BSP, DE 1 1/2\"","UN    ","AS","39,41"]
[3445,"COTOVELO 45 GRAUS DE FERRO GALVANIZADO, COM ROSCA BSP, DE 1 1/4\"","UN    ","AS","32,17"]
[3441,"COTOVELO 45 GRAUS DE FERRO GALVANIZADO, COM ROSCA BSP, DE 1/2\"","UN    ","AS","9,08"]
[3444,"COTOVELO 45 GRAUS DE FERRO GALVANIZADO, COM ROSCA BSP, DE 1\"","UN    ","AS","19,80"]
[12402,"COTOVELO 45 GRAUS DE FERRO GALVANIZADO, COM ROSCA BSP, DE 2 1/2\"","UN    ","AS","110,78"]
[3447,"COTOVELO 45 GRAUS DE FERRO GALVANIZADO, COM ROSCA BSP, DE 2\"","UN    ","AS","57,32"]
[3442,"COTOVELO 45 GRAUS DE FERRO GALVANIZADO, COM ROSCA BSP, DE 3/4\"","UN    ","AS","13,58"]
[3448,"COTOVELO 45 GRAUS DE FERRO GALVANIZADO, COM ROSCA BSP, DE 3\"","UN    ","AS","161,97"]
[3449,"COTOVELO 45 GRAUS DE FERRO GALVANIZADO, COM ROSCA BSP, DE 4\"","UN    ","AS","283,80"]
[37438,"COTOVELO 45 GRAUS, PEAD PE 100, DE 125 MM, PARA ELETROFUSAO","UN    ","AS","226,42"]
[37439,"COTOVELO 45 GRAUS, PEAD PE 100, DE 200 MM, PARA ELETROFUSAO","UN    ","AS","1.480,37"]
[37435,"COTOVELO 45 GRAUS, PEAD PE 100, DE 32 MM, PARA ELETROFUSAO","UN    ","AS","26,61"]
[37436,"COTOVELO 45 GRAUS, PEAD PE 100, DE 40 MM, PARA ELETROFUSAO","UN    ","AS","31,40"]
[37437,"COTOVELO 45 GRAUS, PEAD PE 100, DE 63 MM, PARA ELETROFUSAO","UN    ","AS","45,42"]
[3473,"COTOVELO 90 GRAUS DE FERRO GALVANIZADO, COM ROSCA BSP MACHO/FEMEA, DE 1 1/2\"","UN    ","AS","44,56"]
[3474,"COTOVELO 90 GRAUS DE FERRO GALVANIZADO, COM ROSCA BSP MACHO/FEMEA, DE 1 1/4\"","UN    ","AS","36,73"]
[3450,"COTOVELO 90 GRAUS DE FERRO GALVANIZADO, COM ROSCA BSP MACHO/FEMEA, DE 1/2\"","UN    ","AS","10,65"]
[3443,"COTOVELO 90 GRAUS DE FERRO GALVANIZADO, COM ROSCA BSP MACHO/FEMEA, DE 1\"","UN    ","AS","22,85"]
[3453,"COTOVELO 90 GRAUS DE FERRO GALVANIZADO, COM ROSCA BSP MACHO/FEMEA, DE 2 1/2\"","UN    ","AS","130,07"]
[3452,"COTOVELO 90 GRAUS DE FERRO GALVANIZADO, COM ROSCA BSP MACHO/FEMEA, DE 2\"","UN    ","AS","64,20"]
[3451,"COTOVELO 90 GRAUS DE FERRO GALVANIZADO, COM ROSCA BSP MACHO/FEMEA, DE 3/4\"","UN    ","AS","12,73"]
[3454,"COTOVELO 90 GRAUS DE FERRO GALVANIZADO, COM ROSCA BSP MACHO/FEMEA, DE 3\"","UN    ","AS","197,83"]
[3458,"COTOVELO 90 GRAUS DE FERRO GALVANIZADO, COM ROSCA BSP, DE 1 1/2\"","UN    ","AS","35,72"]
[3457,"COTOVELO 90 GRAUS DE FERRO GALVANIZADO, COM ROSCA BSP, DE 1 1/4\"","UN    ","AS","26,81"]
[3455,"COTOVELO 90 GRAUS DE FERRO GALVANIZADO, COM ROSCA BSP, DE 1/2\"","UN    ","AS","7,61"]
[3472,"COTOVELO 90 GRAUS DE FERRO GALVANIZADO, COM ROSCA BSP, DE 1\"","UN    ","AS","17,11"]
[3470,"COTOVELO 90 GRAUS DE FERRO GALVANIZADO, COM ROSCA BSP, DE 2 1/2\"","UN    ","AS","99,74"]
[3471,"COTOVELO 90 GRAUS DE FERRO GALVANIZADO, COM ROSCA BSP, DE 2\"","UN    ","AS","54,80"]
[3456,"COTOVELO 90 GRAUS DE FERRO GALVANIZADO, COM ROSCA BSP, DE 3/4\"","UN    ","AS","11,39"]
[3459,"COTOVELO 90 GRAUS DE FERRO GALVANIZADO, COM ROSCA BSP, DE 3\"","UN    ","AS","140,68"]
[3469,"COTOVELO 90 GRAUS DE FERRO GALVANIZADO, COM ROSCA BSP, DE 4\"","UN    ","AS","267,54"]
[3460,"COTOVELO 90 GRAUS DE FERRO GALVANIZADO, COM ROSCA BSP, DE 5\"","UN    ","AS","390,37"]
[3461,"COTOVELO 90 GRAUS DE FERRO GALVANIZADO, COM ROSCA BSP, DE 6\"","UN    ","AS","997,77"]
[37433,"COTOVELO 90 GRAUS, PEAD PE 100, DE 125 MM, PARA ELETROFUSAO","UN    ","AS","226,42"]
[37430,"COTOVELO 90 GRAUS, PEAD PE 100, DE 20 MM, PARA ELETROFUSAO","UN    ","AS","28,37"]
[37434,"COTOVELO 90 GRAUS, PEAD PE 100, DE 200 MM, PARA ELETROFUSAO","UN    ","AS","2.111,20"]
[37431,"COTOVELO 90 GRAUS, PEAD PE 100, DE 32 MM, PARA ELETROFUSAO","UN    ","AS","38,49"]
[37432,"COTOVELO 90 GRAUS, PEAD PE 100, DE 63 MM, PARA ELETROFUSAO","UN    ","AS","71,00"]
[37413,"COTOVELO/JOELHO COM ADAPTADOR, 90 GRAUS, EM POLIPROPILENO, PN 16, PARA TUBOS PEAD, 20 MM X 1/2\" - LIGACAO PREDIAL DE AGUA","UN    ","AS","3,53"]
[37414,"COTOVELO/JOELHO COM ADAPTADOR, 90 GRAUS, EM POLIPROPILENO, PN 16, PARA TUBOS PEAD, 20 MM X 3/4\" - LIGACAO PREDIAL DE AGUA","UN    ","AS","4,00"]
[37415,"COTOVELO/JOELHO COM ADAPTADOR, 90 GRAUS, EM POLIPROPILENO, PN 16, PARA TUBOS PEAD, 32 MM X 1\" - LIGACAO PREDIAL DE AGUA","UN    ","AS","7,28"]
[37416,"COTOVELO/JOELHO 90 GRAUS, EM POLIPROPILENO, PN 16, PARA TUBOS PEAD, 20 X 20 MM - LIGACAO PREDIAL DE AGUA","UN    ","AS","3,30"]
[37417,"COTOVELO/JOELHO 90 GRAUS, EM POLIPROPILENO, PN 16, PARA TUBOS PEAD, 32 X 32 MM - LIGACAO PREDIAL DE AGUA","UN    ","AS","4,74"]
[43590,"CREMONA RETANGULAR INJETADA LISA COM CHAVE, COM CASTANHA / ALCA, EM LATAO, COM ACABAMENTO CROMADO, DE SOBREPOR / EMBUTIR","UN    ","CR","165,06"]
[43589,"CREMONA RETANGULAR INJETADA LISA, COM CASTANHA / ALCA, EM LATAO, COM ACABAMENTO CROMADO, DE SOBREPOR / EMBUTIR","UN    ","CR","29,86"]
[34519,"CRUZETA DE CONCRETO LEVE, COMP. 2000 MM SECAO, 90 X 90 MM","UN    ","AS","80,41"]
[1649,"CRUZETA DE FERRO GALVANIZADO, COM ROSCA BSP, DE 1 1/2\"","UN    ","AS","84,23"]
[1653,"CRUZETA DE FERRO GALVANIZADO, COM ROSCA BSP, DE 1 1/4\"","UN    ","AS","65,98"]
[1647,"CRUZETA DE FERRO GALVANIZADO, COM ROSCA BSP, DE 1/2\"","UN    ","AS","23,63"]
[1648,"CRUZETA DE FERRO GALVANIZADO, COM ROSCA BSP, DE 1\"","UN    ","AS","45,37"]
[1651,"CRUZETA DE FERRO GALVANIZADO, COM ROSCA BSP, DE 2 1/2\"","UN    ","AS","210,46"]
[1650,"CRUZETA DE FERRO GALVANIZADO, COM ROSCA BSP, DE 2\"","UN    ","AS","116,33"]
[1654,"CRUZETA DE FERRO GALVANIZADO, COM ROSCA BSP, DE 3/4\"","UN    ","AS","32,43"]
[1652,"CRUZETA DE FERRO GALVANIZADO, COM ROSCA BSP, DE 3\"","UN    ","AS","302,06"]
[10510,"CRUZETA DE MADEIRA TRATADA, *90 X 115 X 2400* MM, EM EUCALIPTO OU EQUIVALENTE DA REGIAO","UN    ","CR","158,32"]
[1747,"CUBA ACO INOX (AISI 304) DE EMBUTIR COM VALVULA DE 3 1/2 \", DE *56 X 33 X 12* CM","UN    ","CR","191,36"]
[1744,"CUBA ACO INOX (AISI 304) DE EMBUTIR COM VALVULA 3 1/2 \", DE *40 X 34 X 12* CM","UN    ","CR","132,55"]
[1743,"CUBA ACO INOX (AISI 304) DE EMBUTIR COM VALVULA 3 1/2 \", DE *46 X 30 X 12* CM","UN    ","CR","174,06"]
[39640,"CUMEEIRA ARTICULADA (ABA INFERIOR) PARA TELHA ONDULADA DE FIBROCIMENTO E = 4 MM, ABA *330* MM, COMPRIMENTO 500 MM (SEM AMIANTO)","UN    ","CR","18,86"]
[7216,"CUMEEIRA NORMAL PARA TELHA ESTRUTURAL DE FIBROCIMENTO 2 ABAS, E = 6 MM, DE 1050 X 935 MM (SEM AMIANTO)","UN    ","CR","101,33"]
[20235,"CUMEEIRA NORMAL PARA TELHA ONDULADA DE FIBROCIMENTO, E = 6 MM, ABA 300 MM, COMPRIMENTO 1100 MM (SEM AMIANTO)","UN    ","CR","81,47"]
[7181,"CUMEEIRA PARA TELHA CERAMICA, COMPRIMENTO DE *41* CM, RENDIMENTO DE *3* TELHAS/M","UN    ","CR","3,51"]
[40742,"CUMEEIRA PARA TELHA DE CONCRETO, PARA 2 AGUAS DE TELHADO, COR CINZA, RENDIMENTO DE *3* TELHAS/M","UN    ","CR","9,72"]
[7214,"CUMEEIRA SHED PARA TELHA ONDULADA DE FIBROCIMENTO, E = 6 MM, ABA 280 MM, COMPRIMENTO 1100 MM (SEM AMIANTO)","UN    ","CR","98,95"]
[7219,"CUMEEIRA UNIVERSAL PARA TELHA ONDULADA DE FIBROCIMENTO, E = 6 MM, ABA 210 MM, COMPRIMENTO 1100 MM (SEM AMIANTO)","UN    ","CR","87,77"]
[37971,"CURVA CPVC, 90 GRAUS, SOLDAVEL, 15 MM, PARA AGUA QUENTE","UN    ","CR","4,70"]
[37972,"CURVA CPVC, 90 GRAUS, SOLDAVEL, 22 MM, PARA AGUA QUENTE","UN    ","CR","6,67"]
[37973,"CURVA CPVC, 90 GRAUS, SOLDAVEL, 28 MM, PARA AGUA QUENTE","UN    ","CR","12,54"]
[1926,"CURVA DE PVC 45 GRAUS, SOLDAVEL, 20 MM, COR MARROM, PARA AGUA FRIA PREDIAL","UN    ","CR","2,41"]
[1927,"CURVA DE PVC 45 GRAUS, SOLDAVEL, 25 MM, COR MARROM, PARA AGUA FRIA PREDIAL","UN    ","CR","2,70"]
[1923,"CURVA DE PVC 45 GRAUS, SOLDAVEL, 32 MM, COR MARROM, PARA AGUA FRIA PREDIAL","UN    ","CR","4,93"]
[1929,"CURVA DE PVC 45 GRAUS, SOLDAVEL, 40 MM, COR MARROM, PARA AGUA FRIA PREDIAL","UN    ","CR","5,98"]
[1930,"CURVA DE PVC 45 GRAUS, SOLDAVEL, 50 MM, COR MARROM, PARA AGUA FRIA PREDIAL","UN    ","CR","10,23"]
[1924,"CURVA DE PVC 45 GRAUS, SOLDAVEL, 60 MM, COR MARROM, PARA AGUA FRIA PREDIAL","UN    ","CR","16,51"]
[1922,"CURVA DE PVC 45 GRAUS, SOLDAVEL, 75 MM, COR MARROM, PARA AGUA FRIA PREDIAL","UN    ","CR","34,14"]
[1953,"CURVA DE PVC 45 GRAUS, SOLDAVEL, 85 MM, COR MARROM, PARA AGUA FRIA PREDIAL","UN    ","CR","41,67"]
[1962,"CURVA DE PVC 90 GRAUS, SOLDAVEL, 110 MM, COR MARROM, PARA AGUA FRIA PREDIAL","UN    ","CR","202,46"]
[1955,"CURVA DE PVC 90 GRAUS, SOLDAVEL, 20 MM, COR MARROM, PARA AGUA FRIA PREDIAL","UN    ","CR","2,33"]
[1956,"CURVA DE PVC 90 GRAUS, SOLDAVEL, 25 MM, COR MARROM, PARA AGUA FRIA PREDIAL","UN    ","CR","3,29"]
[1957,"CURVA DE PVC 90 GRAUS, SOLDAVEL, 32 MM, COR MARROM, PARA AGUA FRIA PREDIAL","UN    ","CR","7,12"]
[1958,"CURVA DE PVC 90 GRAUS, SOLDAVEL, 40 MM, COR MARROM, PARA AGUA FRIA PREDIAL","UN    ","CR","13,26"]
[1959,"CURVA DE PVC 90 GRAUS, SOLDAVEL, 50 MM, COR MARROM, PARA AGUA FRIA PREDIAL","UN    ","CR","14,38"]
[1925,"CURVA DE PVC 90 GRAUS, SOLDAVEL, 60 MM, COR MARROM, PARA AGUA FRIA PREDIAL","UN    ","CR","37,60"]
[1960,"CURVA DE PVC 90 GRAUS, SOLDAVEL, 75 MM, COR MARROM, PARA AGUA FRIA PREDIAL","UN    ","CR","57,73"]
[1961,"CURVA DE PVC 90 GRAUS, SOLDAVEL, 85 MM, COR MARROM, PARA AGUA FRIA PREDIAL","UN    ","CR","73,96"]
[38423,"CURVA DE PVC, 90 GRAUS, SERIE R, DN 100 MM, PARA ESGOTO PREDIAL","UN    ","CR","39,26"]
[39866,"CURVA DE TRANSPOSICAO BRONZE/LATAO (REF 736) SEM ANEL DE SOLDA, BOLSA X BOLSA, 15 MM","UN    ","CR","35,64"]
[39867,"CURVA DE TRANSPOSICAO BRONZE/LATAO (REF 736) SEM ANEL DE SOLDA, BOLSA X BOLSA, 22 MM","UN    ","CR","79,23"]
[39868,"CURVA DE TRANSPOSICAO BRONZE/LATAO (REF 736) SEM ANEL DE SOLDA, BOLSA X BOLSA, 28 MM","UN    ","CR","142,73"]
[37999,"CURVA DE TRANSPOSICAO, CPVC, SOLDAVEL, 15 MM","UN    ","CR","7,93"]
[38000,"CURVA DE TRANSPOSICAO, CPVC, SOLDAVEL, 22 MM","UN    ","CR","9,26"]
[38129,"CURVA DE TRANSPOSICAO, PVC SOLDAVEL, 20 MM, COR MARROM, PARA AGUA FRIA PREDIAL","UN    ","CR","5,43"]
[38025,"CURVA DE TRANSPOSICAO, PVC, SOLDAVEL, 25 MM, COR MARROM, PARA AGUA FRIA PREDIAL","UN    ","CR","7,37"]
[38026,"CURVA DE TRANSPOSICAO, PVC, SOLDAVEL, 32 MM, COR MARROM, PARA AGUA FRIA PREDIAL","UN    ","CR","18,19"]
[1858,"CURVA LONGA PVC, PB, JE, 45 GRAUS, DN 100 MM, PARA REDE COLETORA ESGOTO","UN    ","CR","60,84"]
[1844,"CURVA LONGA PVC, PB, JE, 45 GRAUS, DN 150 MM, PARA REDE COLETORA ESGOTO","UN    ","CR","139,32"]
[1863,"CURVA LONGA PVC, PB, JE, 90 GRAUS, DN 100 MM, PARA REDE COLETORA ESGOTO","UN    ","CR","64,74"]
[1865,"CURVA LONGA PVC, PB, JE, 90 GRAUS, DN 150 MM, PARA REDE COLETORA ESGOTO","UN    ","CR","168,68"]
[36355,"CURVA PPR 90 GRAUS, F/F, DN 20 MM, PARA AGUA QUENTE PREDIAL","UN    ","AS","9,46"]
[36356,"CURVA PPR 90 GRAUS, F/F, DN 25 MM, PARA AGUA QUENTE PREDIAL","UN    ","AS","15,22"]
[1966,"CURVA PVC CURTA 90 GRAUS, DN 100 MM, PARA ESGOTO PREDIAL","UN    ","CR","25,82"]
[1933,"CURVA PVC CURTA 90 GRAUS, DN 40 MM, PARA ESGOTO PREDIAL","UN    ","CR","5,56"]
[1932,"CURVA PVC CURTA 90 GRAUS, DN 50 MM, PARA ESGOTO PREDIAL","UN    ","CR","12,73"]
[1951,"CURVA PVC CURTA 90 GRAUS, DN 75 MM, PARA ESGOTO PREDIAL","UN    ","CR","26,56"]
[1970,"CURVA PVC LONGA 90 GRAUS, DN 100 MM, PARA ESGOTO PREDIAL","UN    ","CR","64,53"]
[1967,"CURVA PVC LONGA 90 GRAUS, DN 40 MM, PARA ESGOTO PREDIAL","UN    ","CR","7,66"]
[1968,"CURVA PVC LONGA 90 GRAUS, DN 50 MM, PARA ESGOTO PREDIAL","UN    ","CR","15,15"]
[1969,"CURVA PVC LONGA 90 GRAUS, DN 75 MM, PARA ESGOTO PREDIAL","UN    ","CR","49,30"]
[1827,"CURVA PVC PBA, JE, PB, 45 GRAUS, DN 100 / DE 110 MM, PARA REDE AGUA (NBR 10351)","UN    ","AS","111,25"]
[1831,"CURVA PVC PBA, JE, PB, 45 GRAUS, DN 50 / DE 60 MM, PARA REDE AGUA (NBR 10351)","UN    ","AS","24,28"]
[1825,"CURVA PVC PBA, JE, PB, 45 GRAUS, DN 75 / DE 85 MM, PARA REDE AGUA (NBR 10351)","UN    ","AS","59,94"]
[1828,"CURVA PVC PBA, JE, PB, 90 GRAUS, DN 100 / DE 110 MM, PARA REDE AGUA (NBR 10351)","UN    ","AS","135,76"]
[1845,"CURVA PVC PBA, JE, PB, 90 GRAUS, DN 50 / DE 60 MM, PARA REDE AGUA (NBR 10351)","UN    ","AS","30,43"]
[1824,"CURVA PVC PBA, JE, PB, 90 GRAUS, DN 75 / DE 85 MM, PARA REDE AGUA (NBR 10351)","UN    ","AS","71,85"]
[1940,"CURVA PVC 90 GRAUS, ROSCAVEL, 1 1/4\", COR BRANCA, AGUA FRIA PREDIAL","UN    ","CR","36,74"]
[1937,"CURVA PVC 90 GRAUS, ROSCAVEL, 1/2\", COR BRANCA, AGUA FRIA PREDIAL","UN    ","CR","6,20"]
[1939,"CURVA PVC 90 GRAUS, ROSCAVEL, 1\", COR BRANCA, AGUA FRIA PREDIAL","UN    ","CR","10,07"]
[1938,"CURVA PVC 90 GRAUS, ROSCAVEL, 3/4\", COR BRANCA, AGUA FRIA PREDIAL","UN    ","CR","7,05"]
[42693,"CURVA PVC, BB, JE, 45 GRAUS, DN 250 MM, PARA TUBO CORRUGADO E/OU LISO, REDE COLETORA ESGOTO","UN    ","CR","473,85"]
[42695,"CURVA PVC, BB, JE, 90 GRAUS, DN 200 MM, PARA TUBO CORRUGADO E/OU LISO, REDE COLETORA ESGOTO","UN    ","CR","331,05"]
[42694,"CURVA PVC, BB, JE, 90 GRAUS, DN 250 MM, PARA TUBO CORRUGADO E/OU LISO, REDE COLETORA ESGOTO","UN    ","CR","634,11"]
[20097,"CURVA PVC, SERIE R, 87.30 GRAUS, CURTA, PARA PE-DE-COLUNA, DN 100 MM, PARA ESGOTO PREDIAL","UN    ","CR","27,49"]
[20098,"CURVA PVC, SERIE R, 87.30 GRAUS, CURTA, PARA PE-DE-COLUNA, DN 150 MM, PARA ESGOTO PREDIAL","UN    ","CR","112,37"]
[20096,"CURVA PVC, SERIE R, 87.30 GRAUS, CURTA, PARA PE-DE-COLUNA, DN 75 MM, PARA ESGOTO PREDIAL","UN    ","CR","28,46"]
[1880,"CURVA 135 GRAUS, DE PVC RIGIDO ROSCAVEL, DE 1\", PARA ELETRODUTO","UN    ","CR","4,45"]
[39274,"CURVA 135 GRAUS, DE PVC RIGIDO ROSCAVEL, DE 3/4\", PARA ELETRODUTO","UN    ","CR","3,45"]
[2628,"CURVA 135 GRAUS, PARA ELETRODUTO, EM ACO GALVANIZADO ELETROLITICO, DIAMETRO DE 100 MM (4\")","UN    ","AS","197,68"]
[2622,"CURVA 135 GRAUS, PARA ELETRODUTO, EM ACO GALVANIZADO ELETROLITICO, DIAMETRO DE 15 MM (1/2\")","UN    ","AS","4,69"]
[2623,"CURVA 135 GRAUS, PARA ELETRODUTO, EM ACO GALVANIZADO ELETROLITICO, DIAMETRO DE 20 MM (3/4\")","UN    ","AS","5,65"]
[2624,"CURVA 135 GRAUS, PARA ELETRODUTO, EM ACO GALVANIZADO ELETROLITICO, DIAMETRO DE 25 MM (1\")","UN    ","AS","8,98"]
[2625,"CURVA 135 GRAUS, PARA ELETRODUTO, EM ACO GALVANIZADO ELETROLITICO, DIAMETRO DE 32 MM (1 1/4\")","UN    ","AS","18,97"]
[2626,"CURVA 135 GRAUS, PARA ELETRODUTO, EM ACO GALVANIZADO ELETROLITICO, DIAMETRO DE 40 MM (1 1/2\")","UN    ","AS","27,79"]
[2630,"CURVA 135 GRAUS, PARA ELETRODUTO, EM ACO GALVANIZADO ELETROLITICO, DIAMETRO DE 50 MM (2\")","UN    ","AS","42,27"]
[2627,"CURVA 135 GRAUS, PARA ELETRODUTO, EM ACO GALVANIZADO ELETROLITICO, DIAMETRO DE 65 MM (2 1/2\")","UN    ","AS","74,46"]
[2629,"CURVA 135 GRAUS, PARA ELETRODUTO, EM ACO GALVANIZADO ELETROLITICO, DIAMETRO DE 80 MM (3\")","UN    ","AS","100,71"]
[12033,"CURVA 180 GRAUS, DE PVC RIGIDO ROSCAVEL, DE 1 1/2\", PARA ELETRODUTO","UN    ","CR","14,19"]
[40408,"CURVA 180 GRAUS, DE PVC RIGIDO ROSCAVEL, DE 1 1/4\", PARA ELETRODUTO","UN    ","CR","9,33"]
[40409,"CURVA 180 GRAUS, DE PVC RIGIDO ROSCAVEL, DE 1/2\", PARA ELETRODUTO","UN    ","CR","3,30"]
[39276,"CURVA 180 GRAUS, DE PVC RIGIDO ROSCAVEL, DE 1\", PARA ELETRODUTO","UN    ","CR","8,40"]
[39277,"CURVA 180 GRAUS, DE PVC RIGIDO ROSCAVEL, DE 2\", PARA ELETRODUTO","UN    ","CR","22,69"]
[12034,"CURVA 180 GRAUS, DE PVC RIGIDO ROSCAVEL, DE 3/4\", PARA ELETRODUTO","UN    ","CR","6,43"]
[39879,"CURVA 45 GRAUS DE COBRE (REF 606) SEM ANEL DE SOLDA, BOLSA X BOLSA, 15 MM","UN    ","CR","10,02"]
[39880,"CURVA 45 GRAUS DE COBRE (REF 606) SEM ANEL DE SOLDA, BOLSA X BOLSA, 22 MM","UN    ","CR","22,18"]
[39881,"CURVA 45 GRAUS DE COBRE (REF 606) SEM ANEL DE SOLDA, BOLSA X BOLSA, 28 MM","UN    ","CR","35,61"]
[39882,"CURVA 45 GRAUS DE COBRE (REF 606) SEM ANEL DE SOLDA, BOLSA X BOLSA, 35 MM","UN    ","CR","93,79"]
[39883,"CURVA 45 GRAUS DE COBRE (REF 606) SEM ANEL DE SOLDA, BOLSA X BOLSA, 42 MM","UN    ","CR","149,76"]
[39884,"CURVA 45 GRAUS DE COBRE (REF 606) SEM ANEL DE SOLDA, BOLSA X BOLSA, 54 MM","UN    ","CR","222,43"]
[39885,"CURVA 45 GRAUS DE COBRE (REF 606) SEM ANEL DE SOLDA, BOLSA X BOLSA, 66 MM","UN    ","CR","528,64"]
[1777,"CURVA 45 GRAUS DE FERRO GALVANIZADO, COM ROSCA BSP FEMEA, DE 1 1/2\"","UN    ","AS","90,82"]
[1819,"CURVA 45 GRAUS DE FERRO GALVANIZADO, COM ROSCA BSP FEMEA, DE 1 1/4\"","UN    ","AS","66,08"]
[1775,"CURVA 45 GRAUS DE FERRO GALVANIZADO, COM ROSCA BSP FEMEA, DE 1/2\"","UN    ","AS","19,76"]
[1776,"CURVA 45 GRAUS DE FERRO GALVANIZADO, COM ROSCA BSP FEMEA, DE 1\"","UN    ","AS","53,76"]
[1778,"CURVA 45 GRAUS DE FERRO GALVANIZADO, COM ROSCA BSP FEMEA, DE 2 1/2\"","UN    ","AS","219,84"]
[1818,"CURVA 45 GRAUS DE FERRO GALVANIZADO, COM ROSCA BSP FEMEA, DE 2\"","UN    ","AS","145,93"]
[1820,"CURVA 45 GRAUS DE FERRO GALVANIZADO, COM ROSCA BSP FEMEA, DE 3/4\"","UN    ","AS","28,54"]
[1779,"CURVA 45 GRAUS DE FERRO GALVANIZADO, COM ROSCA BSP FEMEA, DE 3\"","UN    ","AS","319,72"]
[1780,"CURVA 45 GRAUS DE FERRO GALVANIZADO, COM ROSCA BSP FEMEA, DE 4\"","UN    ","AS","659,11"]
[1783,"CURVA 45 GRAUS DE FERRO GALVANIZADO, COM ROSCA BSP MACHO/FEMEA, DE 1 1/2\"","UN    ","AS","69,69"]
[1782,"CURVA 45 GRAUS DE FERRO GALVANIZADO, COM ROSCA BSP MACHO/FEMEA, DE 1 1/4\"","UN    ","AS","55,10"]
[1817,"CURVA 45 GRAUS DE FERRO GALVANIZADO, COM ROSCA BSP MACHO/FEMEA, DE 1/2\"","UN    ","AS","16,42"]
[1781,"CURVA 45 GRAUS DE FERRO GALVANIZADO, COM ROSCA BSP MACHO/FEMEA, DE 1\"","UN    ","AS","35,90"]
[1784,"CURVA 45 GRAUS DE FERRO GALVANIZADO, COM ROSCA BSP MACHO/FEMEA, DE 2 1/2\"","UN    ","AS","196,79"]
[1810,"CURVA 45 GRAUS DE FERRO GALVANIZADO, COM ROSCA BSP MACHO/FEMEA, DE 2\"","UN    ","AS","109,15"]
[1811,"CURVA 45 GRAUS DE FERRO GALVANIZADO, COM ROSCA BSP MACHO/FEMEA, DE 3/4\"","UN    ","AS","23,61"]
[1812,"CURVA 45 GRAUS DE FERRO GALVANIZADO, COM ROSCA BSP MACHO/FEMEA, DE 3\"","UN    ","AS","275,54"]
[40386,"CURVA 45 GRAUS EM ACO CARBONO, SOLDAVEL, PRESSAO 3.000 LBS, DN 1 1/2\"","UN    ","CR","193,02"]
[40384,"CURVA 45 GRAUS EM ACO CARBONO, SOLDAVEL, PRESSAO 3.000 LBS, DN 1 1/4\"","UN    ","CR","132,15"]
[40379,"CURVA 45 GRAUS EM ACO CARBONO, SOLDAVEL, PRESSAO 3.000 LBS, DN 1/2\"","UN    ","CR","45,68"]
[40423,"CURVA 45 GRAUS EM ACO CARBONO, SOLDAVEL, PRESSAO 3.000 LBS, DN 1\"","UN    ","CR","86,46"]
[40389,"CURVA 45 GRAUS EM ACO CARBONO, SOLDAVEL, PRESSAO 3.000 LBS, DN 2 1/2\"","UN    ","CR","548,24"]
[40388,"CURVA 45 GRAUS EM ACO CARBONO, SOLDAVEL, PRESSAO 3.000 LBS, DN 2\"","UN    ","CR","274,42"]
[40381,"CURVA 45 GRAUS EM ACO CARBONO, SOLDAVEL, PRESSAO 3.000 LBS, DN 3/4\"","UN    ","CR","60,91"]
[40391,"CURVA 45 GRAUS EM ACO CARBONO, SOLDAVEL, PRESSAO 3.000 LBS, DN 3\"","UN    ","CR","1.422,96"]
[40414,"CURVA 45 GRAUS RANHURADA EM FERRO FUNDIDO, DN 50 MM (2\")","UN    ","AS","20,76"]
[40416,"CURVA 45 GRAUS RANHURADA EM FERRO FUNDIDO, DN 65 MM (2 1/2\")","UN    ","AS","28,69"]
[40418,"CURVA 45 GRAUS RANHURADA EM FERRO FUNDIDO, DN 80 MM (3\")","UN    ","AS","34,22"]
[2609,"CURVA 45 GRAUS, PARA ELETRODUTO, EM ACO GALVANIZADO ELETROLITICO, DIAMETRO DE 20 MM (3/4\")","UN    ","AS","4,41"]
[2634,"CURVA 45 GRAUS, PARA ELETRODUTO, EM ACO GALVANIZADO ELETROLITICO, DIAMETRO DE 25 MM (1\")","UN    ","AS","5,79"]
[2611,"CURVA 45 GRAUS, PARA ELETRODUTO, EM ACO GALVANIZADO ELETROLITICO, DIAMETRO DE 40 MM (1 1/2\")","UN    ","AS","16,32"]
[34359,"CURVA 90 GRAUS DE BARRA CHATA EM ALUMINIO 3/4\" X 1/4\" X 300 MM","UN    ","AS","9,90"]
[1789,"CURVA 90 GRAUS DE FERRO GALVANIZADO, COM ROSCA BSP FEMEA, DE 1 1/2\"","UN    ","AS","87,17"]
[1788,"CURVA 90 GRAUS DE FERRO GALVANIZADO, COM ROSCA BSP FEMEA, DE 1 1/4\"","UN    ","AS","69,87"]
[1786,"CURVA 90 GRAUS DE FERRO GALVANIZADO, COM ROSCA BSP FEMEA, DE 1/2\"","UN    ","AS","17,35"]
[1787,"CURVA 90 GRAUS DE FERRO GALVANIZADO, COM ROSCA BSP FEMEA, DE 1\"","UN    ","AS","41,54"]
[1791,"CURVA 90 GRAUS DE FERRO GALVANIZADO, COM ROSCA BSP FEMEA, DE 2 1/2\"","UN    ","AS","251,92"]
[1790,"CURVA 90 GRAUS DE FERRO GALVANIZADO, COM ROSCA BSP FEMEA, DE 2\"","UN    ","AS","145,16"]
[1813,"CURVA 90 GRAUS DE FERRO GALVANIZADO, COM ROSCA BSP FEMEA, DE 3/4\"","UN    ","AS","27,53"]
[1792,"CURVA 90 GRAUS DE FERRO GALVANIZADO, COM ROSCA BSP FEMEA, DE 3\"","UN    ","AS","340,05"]
[1793,"CURVA 90 GRAUS DE FERRO GALVANIZADO, COM ROSCA BSP FEMEA, DE 4\"","UN    ","AS","687,13"]
[1809,"CURVA 90 GRAUS DE FERRO GALVANIZADO, COM ROSCA BSP MACHO/FEMEA, DE 1 1/2\"","UN    ","AS","81,72"]
[1814,"CURVA 90 GRAUS DE FERRO GALVANIZADO, COM ROSCA BSP MACHO/FEMEA, DE 1 1/4\"","UN    ","AS","67,13"]
[1803,"CURVA 90 GRAUS DE FERRO GALVANIZADO, COM ROSCA BSP MACHO/FEMEA, DE 1/2\"","UN    ","AS","16,97"]
[1805,"CURVA 90 GRAUS DE FERRO GALVANIZADO, COM ROSCA BSP MACHO/FEMEA, DE 1\"","UN    ","AS","38,96"]
[1821,"CURVA 90 GRAUS DE FERRO GALVANIZADO, COM ROSCA BSP MACHO/FEMEA, DE 2 1/2\"","UN    ","AS","230,16"]
[1806,"CURVA 90 GRAUS DE FERRO GALVANIZADO, COM ROSCA BSP MACHO/FEMEA, DE 2\"","UN    ","AS","137,00"]
[1804,"CURVA 90 GRAUS DE FERRO GALVANIZADO, COM ROSCA BSP MACHO/FEMEA, DE 3/4\"","UN    ","AS","24,15"]
[1807,"CURVA 90 GRAUS DE FERRO GALVANIZADO, COM ROSCA BSP MACHO/FEMEA, DE 3\"","UN    ","AS","329,17"]
[1808,"CURVA 90 GRAUS DE FERRO GALVANIZADO, COM ROSCA BSP MACHO/FEMEA, DE 4\"","UN    ","AS","659,93"]
[1797,"CURVA 90 GRAUS DE FERRO GALVANIZADO, COM ROSCA BSP MACHO, DE 1 1/2\"","UN    ","AS","98,98"]
[1796,"CURVA 90 GRAUS DE FERRO GALVANIZADO, COM ROSCA BSP MACHO, DE 1 1/4\"","UN    ","AS","75,92"]
[1794,"CURVA 90 GRAUS DE FERRO GALVANIZADO, COM ROSCA BSP MACHO, DE 1/2\"","UN    ","AS","18,12"]
[1816,"CURVA 90 GRAUS DE FERRO GALVANIZADO, COM ROSCA BSP MACHO, DE 1\"","UN    ","AS","40,87"]
[1815,"CURVA 90 GRAUS DE FERRO GALVANIZADO, COM ROSCA BSP MACHO, DE 2 1/2\"","UN    ","AS","313,82"]
[1798,"CURVA 90 GRAUS DE FERRO GALVANIZADO, COM ROSCA BSP MACHO, DE 2\"","UN    ","AS","140,42"]
[1795,"CURVA 90 GRAUS DE FERRO GALVANIZADO, COM ROSCA BSP MACHO, DE 3/4\"","UN    ","AS","25,11"]
[1799,"CURVA 90 GRAUS DE FERRO GALVANIZADO, COM ROSCA BSP MACHO, DE 3\"","UN    ","AS","408,73"]
[1800,"CURVA 90 GRAUS DE FERRO GALVANIZADO, COM ROSCA BSP MACHO, DE 4\"","UN    ","AS","780,33"]
[1802,"CURVA 90 GRAUS DE FERRO GALVANIZADO, COM ROSCA BSP MACHO, DE 6\"","UN    ","AS","1.951,91"]
[40385,"CURVA 90 GRAUS EM ACO CARBONO, RAIO CURTO, SOLDAVEL, PRESSAO 3.000 LBS, DN 1 1/2\"","UN    ","CR","193,02"]
[40383,"CURVA 90 GRAUS EM ACO CARBONO, RAIO CURTO, SOLDAVEL, PRESSAO 3.000 LBS, DN 1 1/4\"","UN    ","CR","132,15"]
[40378,"CURVA 90 GRAUS EM ACO CARBONO, RAIO CURTO, SOLDAVEL, PRESSAO 3.000 LBS, DN 1/2\"","UN    ","CR","45,68"]
[40382,"CURVA 90 GRAUS EM ACO CARBONO, RAIO CURTO, SOLDAVEL, PRESSAO 3.000 LBS, DN 1\"","UN    ","CR","86,46"]
[40422,"CURVA 90 GRAUS EM ACO CARBONO, RAIO CURTO, SOLDAVEL, PRESSAO 3.000 LBS, DN 2 1/2\"","UN    ","CR","588,94"]
[40387,"CURVA 90 GRAUS EM ACO CARBONO, RAIO CURTO, SOLDAVEL, PRESSAO 3.000 LBS, DN 2\"","UN    ","CR","299,87"]
[40380,"CURVA 90 GRAUS EM ACO CARBONO, RAIO CURTO, SOLDAVEL, PRESSAO 3.000 LBS, DN 3/4\"","UN    ","CR","60,91"]
[40390,"CURVA 90 GRAUS EM ACO CARBONO, RAIO CURTO, SOLDAVEL, PRESSAO 3.000 LBS, DN 3\"","UN    ","CR","1.240,37"]
[40413,"CURVA 90 GRAUS RANHURADA EM FERRO FUNDIDO, DN 50 MM (2\")","UN    ","AS","22,55"]
[40415,"CURVA 90 GRAUS RANHURADA EM FERRO FUNDIDO, DN 65 MM (2 1/2\")","UN    ","AS","32,13"]
[40417,"CURVA 90 GRAUS RANHURADA EM FERRO FUNDIDO, DN 80 MM (3\")","UN    ","AS","37,90"]
[39271,"CURVA 90 GRAUS, CURTA, DE PVC RIGIDO ROSCAVEL, DE 1/2\", PARA ELETRODUTO","UN    ","CR","2,86"]
[39273,"CURVA 90 GRAUS, CURTA, DE PVC RIGIDO ROSCAVEL, DE 1\", PARA ELETRODUTO","UN    ","CR","4,85"]
[39272,"CURVA 90 GRAUS, CURTA, DE PVC RIGIDO ROSCAVEL, DE 3/4\", PARA ELETRODUTO","UN    ","CR","3,51"]
[1875,"CURVA 90 GRAUS, LONGA, DE PVC RIGIDO ROSCAVEL, DE 1 1/2\", PARA ELETRODUTO","UN    ","CR","7,76"]
[1874,"CURVA 90 GRAUS, LONGA, DE PVC RIGIDO ROSCAVEL, DE 1 1/4\", PARA ELETRODUTO","UN    ","CR","6,41"]
[1870,"CURVA 90 GRAUS, LONGA, DE PVC RIGIDO ROSCAVEL, DE 1/2\", PARA ELETRODUTO","UN    ","C ","3,70"]
[1884,"CURVA 90 GRAUS, LONGA, DE PVC RIGIDO ROSCAVEL, DE 1\", PARA ELETRODUTO","UN    ","CR","5,68"]
[1887,"CURVA 90 GRAUS, LONGA, DE PVC RIGIDO ROSCAVEL, DE 2 1/2\", PARA ELETRODUTO","UN    ","CR","32,17"]
[1876,"CURVA 90 GRAUS, LONGA, DE PVC RIGIDO ROSCAVEL, DE 2\", PARA ELETRODUTO","UN    ","CR","12,61"]
[1879,"CURVA 90 GRAUS, LONGA, DE PVC RIGIDO ROSCAVEL, DE 3/4\", PARA ELETRODUTO","UN    ","CR","3,75"]
[1877,"CURVA 90 GRAUS, LONGA, DE PVC RIGIDO ROSCAVEL, DE 3\", PARA ELETRODUTO","UN    ","CR","32,21"]
[1878,"CURVA 90 GRAUS, LONGA, DE PVC RIGIDO ROSCAVEL, DE 4\", PARA ELETRODUTO","UN    ","CR","64,72"]
[2621,"CURVA 90 GRAUS, PARA ELETRODUTO, EM ACO GALVANIZADO ELETROLITICO, DIAMETRO DE 100 MM (4\")","UN    ","AS","139,67"]
[2616,"CURVA 90 GRAUS, PARA ELETRODUTO, EM ACO GALVANIZADO ELETROLITICO, DIAMETRO DE 15 MM (1/2\")","UN    ","AS","3,95"]
[2633,"CURVA 90 GRAUS, PARA ELETRODUTO, EM ACO GALVANIZADO ELETROLITICO, DIAMETRO DE 20 MM (3/4\")","UN    ","AS","4,47"]
[2617,"CURVA 90 GRAUS, PARA ELETRODUTO, EM ACO GALVANIZADO ELETROLITICO, DIAMETRO DE 25 MM (1\")","UN    ","AS","6,07"]
[2618,"CURVA 90 GRAUS, PARA ELETRODUTO, EM ACO GALVANIZADO ELETROLITICO, DIAMETRO DE 32 MM (1 1/4\")","UN    ","AS","13,83"]
[2632,"CURVA 90 GRAUS, PARA ELETRODUTO, EM ACO GALVANIZADO ELETROLITICO, DIAMETRO DE 40 MM (1 1/2\")","UN    ","AS","16,87"]
[2631,"CURVA 90 GRAUS, PARA ELETRODUTO, EM ACO GALVANIZADO ELETROLITICO, DIAMETRO DE 50 MM (2\")","UN    ","AS","24,77"]
[2619,"CURVA 90 GRAUS, PARA ELETRODUTO, EM ACO GALVANIZADO ELETROLITICO, DIAMETRO DE 65 MM (2 1/2\")","UN    ","AS","62,72"]
[2620,"CURVA 90 GRAUS, PARA ELETRODUTO, EM ACO GALVANIZADO ELETROLITICO, DIAMETRO DE 80 MM (3\")","UN    ","AS","82,35"]
[44472,"DENTE PARA  FRESADORA","UN    ","AS","59,75"]
[38369,"DESEMPENADEIRA DE ACO DENTADA 12 X *25* CM, DENTES 8 X 8 MM, CABO FECHADO DE MADEIRA","UN    ","CR","18,91"]
[38370,"DESEMPENADEIRA DE ACO LISA 12 X *25* CM COM CABO FECHADO DE MADEIRA","UN    ","CR","18,91"]
[38372,"DESEMPENADEIRA PLASTICA LISA *14 X 27* CM","UN    ","CR","22,77"]
[2357,"DESENHISTA COPISTA (HORISTA)","H     ","CR","16,60"]
[40806,"DESENHISTA COPISTA (MENSALISTA)","MES   ","CR","2.899,91"]
[2355,"DESENHISTA DETALHISTA (HORISTA)","H     ","CR","29,35"]
[40805,"DESENHISTA DETALHISTA (MENSALISTA)","MES   ","CR","5.120,65"]
[2358,"DESENHISTA PROJETISTA (HORISTA)","H     ","CR","20,76"]
[40807,"DESENHISTA PROJETISTA (MENSALISTA)","MES   ","CR","3.625,69"]
[2359,"DESENHISTA TECNICO AUXILIAR (HORISTA)","H     ","CR","23,81"]
[40808,"DESENHISTA TECNICO AUXILIAR (MENSALISTA)","MES   ","CR","4.154,63"]
[44330,"DESINFETANTE PRONTO USO","L     ","CR","14,57"]
[43144,"DESMOLDANTE PARA CONCRETO ESTAMPADO","KG    ","CR","39,51"]
[39397,"DESMOLDANTE PARA FORMAS METALICAS A BASE DE OLEO VEGETAL","L     ","CR","18,00"]
[2692,"DESMOLDANTE PROTETOR PARA FORMAS DE MADEIRA, DE BASE OLEOSA EMULSIONADA EM AGUA","L     ","CR","7,26"]
[44329,"DETERGENTE NEUTRO USO GERAL, CONCENTRADO","L     ","CR","19,10"]
[5318,"DILUENTE AGUARRAS","L     ","C ","30,88"]
[5330,"DILUENTE EPOXI","L     ","CR","70,39"]
[44532,"DISCO DE BORRACHA PARA LIXADEIRA RIGIDO 7 \" COM ARRUELA  CENTRAL","UN    ","CR","28,48"]
[44531,"DISCO DE CORTE DIAMANTADO SEGMENTADO DIAMETRO DE 180 MM PARA ESMERILHADEIRA  7 \"","UN    ","CR","90,51"]
[38140,"DISCO DE CORTE DIAMANTADO SEGMENTADO PARA CONCRETO, DIAMETRO DE 110 MM, FURO DE 20 MM","UN    ","C ","21,95"]
[13887,"DISCO DE CORTE DIAMANTADO SEGMENTADO PARA CONCRETO, DIAMETRO DE 350 MM, FURO DE 1 \" (14 X 1 \")","UN    ","CR","519,68"]
[44495,"DISCO DE CORTE PARA METAL COM DUAS TELAS 12 X 1/8 X 3/4 \"  (300 X 3,2 X 19,05 MM)","UN    ","CR","23,13"]
[44533,"DISCO DE DESBASTE PARA METAL FERROSO EM GERAL, COM TRES TELAS,  9 X 1/4 X 7/8 \" ( 228,6 X 6,4 X 22,2 MM)","UN    ","CR","21,84"]
[44534,"DISCO DE LIXA PARA METAL, DIAMETRO = 180 MM, GRAO  120","UN    ","CR","5,69"]
[34544,"DISJUNTOR  TERMOMAGNETICO TRIPOLAR 3 X 400 A / ICC - 25 KA","UN    ","CR","1.718,87"]
[34729,"DISJUNTOR TERMICO E MAGNETICO AJUSTAVEIS, TRIPOLAR DE 100 ATE 250A, CAPACIDADE DE INTERRUPCAO DE 35KA","UN    ","CR","1.352,16"]
[34734,"DISJUNTOR TERMICO E MAGNETICO AJUSTAVEIS, TRIPOLAR DE 300 ATE 400A, CAPACIDADE DE INTERRUPCAO DE 35KA","UN    ","CR","2.093,57"]
[34738,"DISJUNTOR TERMICO E MAGNETICO AJUSTAVEIS, TRIPOLAR DE 450 ATE 600A, CAPACIDADE DE INTERRUPCAO DE 35KA","UN    ","CR","4.891,25"]
[2391,"DISJUNTOR TERMOMAGNETICO TRIPOLAR 125A","UN    ","CR","397,82"]
[2374,"DISJUNTOR TERMOMAGNETICO TRIPOLAR 150 A / 600 V, TIPO FXD / ICC - 35 KA","UN    ","CR","451,31"]
[2377,"DISJUNTOR TERMOMAGNETICO TRIPOLAR 200 A / 600 V, TIPO FXD / ICC - 35 KA","UN    ","CR","633,37"]
[2393,"DISJUNTOR TERMOMAGNETICO TRIPOLAR 250 A / 600 V, TIPO FXD","UN    ","CR","1.060,66"]
[34705,"DISJUNTOR TERMOMAGNETICO TRIPOLAR 3  X 250 A/ICC - 25 KA","UN    ","CR","927,70"]
[34707,"DISJUNTOR TERMOMAGNETICO TRIPOLAR 3 X 350 A/ICC - 25 KA","UN    ","CR","1.719,05"]
[2378,"DISJUNTOR TERMOMAGNETICO TRIPOLAR 300 A / 600 V, TIPO JXD / ICC - 40 KA","UN    ","CR","1.456,96"]
[2379,"DISJUNTOR TERMOMAGNETICO TRIPOLAR 400 A / 600 V, TIPO JXD / ICC - 40 KA","UN    ","CR","1.456,96"]
[2376,"DISJUNTOR TERMOMAGNETICO TRIPOLAR 600 A / 600 V, TIPO LXD / ICC - 40 KA","UN    ","CR","2.399,61"]
[2394,"DISJUNTOR TERMOMAGNETICO TRIPOLAR 800 A / 600 V, TIPO LMXD","UN    ","CR","5.129,93"]
[34686,"DISJUNTOR TIPO DIN / IEC, MONOPOLAR DE 40  ATE 50A","UN    ","CR","15,40"]
[34616,"DISJUNTOR TIPO DIN/IEC, BIPOLAR DE 6 ATE 32A","UN    ","CR","59,53"]
[34623,"DISJUNTOR TIPO DIN/IEC, BIPOLAR 40 ATE 50A","UN    ","CR","58,61"]
[34628,"DISJUNTOR TIPO DIN/IEC, BIPOLAR 63 A","UN    ","CR","83,95"]
[34653,"DISJUNTOR TIPO DIN/IEC, MONOPOLAR DE 6  ATE  32A","UN    ","CR","10,38"]
[34688,"DISJUNTOR TIPO DIN/IEC, MONOPOLAR DE 63 A","UN    ","CR","18,82"]
[34709,"DISJUNTOR TIPO DIN/IEC, TRIPOLAR DE 10 ATE 50A","UN    ","CR","72,93"]
[34714,"DISJUNTOR TIPO DIN/IEC, TRIPOLAR 63 A","UN    ","CR","87,11"]
[2388,"DISJUNTOR TIPO NEMA, BIPOLAR 10  ATE  50 A, TENSAO MAXIMA 415 V","UN    ","CR","72,39"]
[34606,"DISJUNTOR TIPO NEMA, BIPOLAR 60 ATE 100A, TENSAO MAXIMA 415 V","UN    ","CR","111,03"]
[34689,"DISJUNTOR TIPO NEMA, MONOPOLAR DE 60 ATE 70A, TENSAO MAXIMA DE 240 V","UN    ","CR","35,35"]
[2370,"DISJUNTOR TIPO NEMA, MONOPOLAR 10 ATE 30A, TENSAO MAXIMA DE 240 V","UN    ","C ","13,45"]
[2386,"DISJUNTOR TIPO NEMA, MONOPOLAR 35  ATE  50 A, TENSAO MAXIMA DE 240 V","UN    ","CR","22,56"]
[2392,"DISJUNTOR TIPO NEMA, TRIPOLAR 10  ATE  50A, TENSAO MAXIMA DE 415 V","UN    ","CR","90,29"]
[2373,"DISJUNTOR TIPO NEMA, TRIPOLAR 60 ATE 100 A, TENSAO MAXIMA DE 415 V","UN    ","CR","127,21"]
[39465,"DISPOSITIVO DPS CLASSE II, 1 POLO, TENSAO MAXIMA DE 175 V, CORRENTE MAXIMA DE *20* KA (TIPO AC)","UN    ","CR","77,71"]
[39466,"DISPOSITIVO DPS CLASSE II, 1 POLO, TENSAO MAXIMA DE 175 V, CORRENTE MAXIMA DE *30* KA (TIPO AC)","UN    ","CR","87,42"]
[39467,"DISPOSITIVO DPS CLASSE II, 1 POLO, TENSAO MAXIMA DE 175 V, CORRENTE MAXIMA DE *45* KA (TIPO AC)","UN    ","CR","111,82"]
[39468,"DISPOSITIVO DPS CLASSE II, 1 POLO, TENSAO MAXIMA DE 175 V, CORRENTE MAXIMA DE *90* KA (TIPO AC)","UN    ","CR","198,76"]
[39469,"DISPOSITIVO DPS CLASSE II, 1 POLO, TENSAO MAXIMA DE 275 V, CORRENTE MAXIMA DE *20* KA (TIPO AC)","UN    ","CR","80,96"]
[39470,"DISPOSITIVO DPS CLASSE II, 1 POLO, TENSAO MAXIMA DE 275 V, CORRENTE MAXIMA DE *30* KA (TIPO AC)","UN    ","CR","99,48"]
[39471,"DISPOSITIVO DPS CLASSE II, 1 POLO, TENSAO MAXIMA DE 275 V, CORRENTE MAXIMA DE *45* KA (TIPO AC)","UN    ","CR","119,55"]
[39472,"DISPOSITIVO DPS CLASSE II, 1 POLO, TENSAO MAXIMA DE 275 V, CORRENTE MAXIMA DE *90* KA (TIPO AC)","UN    ","CR","207,72"]
[39473,"DISPOSITIVO DPS CLASSE II, 1 POLO, TENSAO MAXIMA DE 385 V, CORRENTE MAXIMA DE *20* KA (TIPO AC)","UN    ","CR","134,19"]
[39474,"DISPOSITIVO DPS CLASSE II, 1 POLO, TENSAO MAXIMA DE 385 V, CORRENTE MAXIMA DE *30* KA (TIPO AC)","UN    ","CR","143,05"]
[39475,"DISPOSITIVO DPS CLASSE II, 1 POLO, TENSAO MAXIMA DE 385 V, CORRENTE MAXIMA DE *45* KA (TIPO AC)","UN    ","CR","162,31"]
[39476,"DISPOSITIVO DPS CLASSE II, 1 POLO, TENSAO MAXIMA DE 385 V, CORRENTE MAXIMA DE *90* KA (TIPO AC)","UN    ","CR","305,53"]
[39477,"DISPOSITIVO DPS CLASSE II, 1 POLO, TENSAO MAXIMA DE 460 V, CORRENTE MAXIMA DE *20* KA (TIPO AC)","UN    ","CR","149,70"]
[39478,"DISPOSITIVO DPS CLASSE II, 1 POLO, TENSAO MAXIMA DE 460 V, CORRENTE MAXIMA DE *30* KA (TIPO AC)","UN    ","CR","154,33"]
[39479,"DISPOSITIVO DPS CLASSE II, 1 POLO, TENSAO MAXIMA DE 460 V, CORRENTE MAXIMA DE *45* KA (TIPO AC)","UN    ","CR","181,84"]
[39480,"DISPOSITIVO DPS CLASSE II, 1 POLO, TENSAO MAXIMA DE 460 V, CORRENTE MAXIMA DE *90* KA (TIPO AC)","UN    ","CR","375,22"]
[39459,"DISPOSITIVO DR, 2 POLOS, SENSIBILIDADE DE 30 MA, CORRENTE DE 100 A, TIPO AC","UN    ","CR","318,47"]
[39445,"DISPOSITIVO DR, 2 POLOS, SENSIBILIDADE DE 30 MA, CORRENTE DE 25 A, TIPO AC","UN    ","CR","159,90"]
[39446,"DISPOSITIVO DR, 2 POLOS, SENSIBILIDADE DE 30 MA, CORRENTE DE 40 A, TIPO AC","UN    ","CR","162,75"]
[39447,"DISPOSITIVO DR, 2 POLOS, SENSIBILIDADE DE 30 MA, CORRENTE DE 63 A, TIPO AC","UN    ","CR","174,04"]
[39448,"DISPOSITIVO DR, 2 POLOS, SENSIBILIDADE DE 30 MA, CORRENTE DE 80 A, TIPO AC","UN    ","CR","296,77"]
[39450,"DISPOSITIVO DR, 2 POLOS, SENSIBILIDADE DE 300 MA, CORRENTE DE 25 A, TIPO AC","UN    ","CR","181,06"]
[39451,"DISPOSITIVO DR, 2 POLOS, SENSIBILIDADE DE 300 MA, CORRENTE DE 40 A, TIPO AC","UN    ","CR","197,49"]
[39452,"DISPOSITIVO DR, 2 POLOS, SENSIBILIDADE DE 300 MA, CORRENTE DE 63 A, TIPO AC","UN    ","CR","198,67"]
[39523,"DISPOSITIVO DR, 2 POLOS, SENSIBILIDADE DE 300 MA, CORRENTE DE 80 A, TIPO  AC","UN    ","CR","332,46"]
[39449,"DISPOSITIVO DR, 4 POLOS, SENSIBILIDADE DE 30 MA, CORRENTE DE 100 A, TIPO AC","UN    ","CR","368,18"]
[39455,"DISPOSITIVO DR, 4 POLOS, SENSIBILIDADE DE 30 MA, CORRENTE DE 25 A, TIPO AC","UN    ","CR","182,18"]
[39456,"DISPOSITIVO DR, 4 POLOS, SENSIBILIDADE DE 30 MA, CORRENTE DE 40 A, TIPO AC","UN    ","CR","182,32"]
[39457,"DISPOSITIVO DR, 4 POLOS, SENSIBILIDADE DE 30 MA, CORRENTE DE 63 A, TIPO AC","UN    ","CR","198,76"]
[39458,"DISPOSITIVO DR, 4 POLOS, SENSIBILIDADE DE 30 MA, CORRENTE DE 80 A, TIPO AC","UN    ","CR","370,89"]
[39464,"DISPOSITIVO DR, 4 POLOS, SENSIBILIDADE DE 300 MA, CORRENTE DE 100 A, TIPO AC","UN    ","CR","596,43"]
[39460,"DISPOSITIVO DR, 4 POLOS, SENSIBILIDADE DE 300 MA, CORRENTE DE 25 A, TIPO AC","UN    ","CR","226,21"]
[39461,"DISPOSITIVO DR, 4 POLOS, SENSIBILIDADE DE 300 MA, CORRENTE DE 40 A, TIPO AC","UN    ","CR","265,06"]
[39462,"DISPOSITIVO DR, 4 POLOS, SENSIBILIDADE DE 300 MA, CORRENTE DE 63 A, TIPO AC","UN    ","CR","255,46"]
[39463,"DISPOSITIVO DR, 4 POLOS, SENSIBILIDADE DE 300 MA, CORRENTE DE 80 A, TIPO AC","UN    ","CR","591,80"]
[26039,"DISTRIBUIDOR DE AGREGADOS AUTOPROPELIDO, CAP 3 M3, A DIESEL, 6 CC, 176 CV","UN    ","AS","391.246,87"]
[2401,"DISTRIBUIDOR DE AGREGADOS REBOCAVEL, CAPACIDADE 1,9 M3, LARGURA DE TRABALHO 3,66 M","UN    ","AS","89.991,11"]
[38870,"DISTRIBUIDOR METALICO, COM ROSCA, 2 SAIDAS, DN 1\" X 1/2\", PARA CONEXAO COM ANEL DESLIZANTE EM TUBO PEX PARA INST. AGUA QUENTE/FRIA","UN    ","AS","29,51"]
[38869,"DISTRIBUIDOR METALICO, COM ROSCA, 2 SAIDAS, DN 3/4\" X 1/2\", PARA CONEXAO COM ANEL DESLIZANTE EM TUBO PEX PARA INST. AGUA QUENTE/FRIA","UN    ","AS","19,91"]
[38872,"DISTRIBUIDOR METALICO, COM ROSCA, 3 SAIDAS, DN 1\" X 1/2\", PARA CONEXAO COM ANEL DESLIZANTE EM TUBO PEX PARA INST. AGUA QUENTE/FRIA","UN    ","AS","37,59"]
[38871,"DISTRIBUIDOR METALICO, COM ROSCA, 3 SAIDAS, DN 3/4\" X 1/2\", PARA CONEXAO COM ANEL DESLIZANTE EM TUBO PEX PARA INST. AGUA QUENTE/FRIA","UN    ","AS","25,99"]
[39283,"DISTRIBUIDOR, PLASTICO, 2 SAIDAS, DN 32 X 16 MM, PARA CONEXAO COM CRIMPAGEM, EM TUBO PEX PARA INST. AGUA QUENTE/FRIA","UN    ","AS","121,76"]
[39285,"DISTRIBUIDOR, PLASTICO, 2 SAIDAS, DN 32 X 25 MM, PARA CONEXAO COM CRIMPAGEM, EM TUBO PEX PARA INST. AGUA QUENTE/FRIA","UN    ","AS","139,16"]
[39286,"DISTRIBUIDOR, PLASTICO, 3 SAIDAS, DN 32 X 16 MM, PARA CONEXAO COM CRIMPAGEM, EM TUBO PEX PARA INST. AGUA QUENTE/FRIA","UN    ","AS","133,37"]
[39288,"DISTRIBUIDOR, PLASTICO, 3 SAIDAS, DN 32 X 25 MM, PARA CONEXAO COM CRIMPAGEM, EM TUBO PEX PARA INST. AGUA QUENTE/FRIA","UN    ","AS","162,34"]
[44476,"DIVISORIA EM GRANITO, COM DUAS FACES POLIDAS, TIPO ANDORINHA/ QUARTZ/ CASTELO/ CORUMBA OU OUTROS EQUIVALENTES DA REGIAO, E=  *3,0*  CM","M2    ","CR","836,47"]
[10629,"DIVISORIA EM MARMORE, COM DUAS FACES POLIDAS, BRANCO COMUM, E=  *3,0* CM","M2    ","CR","685,93"]
[10698,"DIVISORIA, PLACA  PRE-MOLDADA EM GRANILITE, MARMORITE OU GRANITINA,  E = *3 CM","M2    ","AS","207,56"]
[40521,"DOBRADEIRA ELETROMECANICA DE VERGALHAO, PARA ACO DE DIAMETRO ATE 1 1/2\", MOTOR ELETRICO TRIFASICO, POTENCIA DE 3 HP ATE 5 HP","UN    ","CR","100.059,14"]
[2432,"DOBRADICA EM ACO/FERRO, 3 1/2\" X  3\", E= 1,9  A 2 MM, COM ANEL,  CROMADO OU ZINCADO, TAMPA BOLA, COM PARAFUSOS","UN    ","CR","40,89"]
[2433,"DOBRADICA EM ACO/FERRO, 3\" X 2 1/2\", E= 1,2 A 1,8 MM, SEM ANEL,  CROMADO OU ZINCADO, TAMPA CHATA, COM PARAFUSOS","UN    ","CR","13,85"]
[2418,"DOBRADICA EM ACO/FERRO, 3\" X 2 1/2\", E= 1,2 A 1,8 MM, SEM ANEL, CROMADO OU ZINCADO, TAMPA BOLA, COM PARAFUSOS","UN    ","C ","18,97"]
[2420,"DOBRADICA EM ACO/FERRO, 3\" X 2 1/2\", E= 1,9 A 2 MM, SEM ANEL,  CROMADO OU ZINCADO, TAMPA BOLA, COM PARAFUSOS","UN    ","CR","23,79"]
[11447,"DOBRADICA EM LATAO, 3 \" X 2 1/2 \", E= 1,9 A 2 MM, COM ANEL, CROMADO, TAMPA BOLA, COM PARAFUSOS","UN    ","CR","47,02"]
[11451,"DOBRADICA TIPO VAI-E-VEM EM ACO/FERRO, TAMANHO 3'', GALVANIZADO, COM PARAFUSOS","UN    ","CR","126,05"]
[11116,"DOMOS INDIVIDUAL EM ACRILICO BRANCO *95 X 95* CM, SEM INSTALACAO","UN    ","AS","840,53"]
[38411,"DOSADOR DE AREIA, CAPACIDADE DE *26* LITROS","UN    ","CR","1.888,46"]
[38189,"DUCHA / CHUVEIRO METALICO, DE PAREDE, ARTICULAVEL, COM BRACO/CANO, SEM DESVIADOR","UN    ","CR","156,96"]
[38190,"DUCHA / CHUVEIRO METALICO, DE PAREDE, ARTICULAVEL, COM DESVIADOR E DUCHA MANUAL","UN    ","CR","330,68"]
[7608,"DUCHA / CHUVEIRO PLASTICO SIMPLES, 5 '', BRANCO, PARA ACOPLAR EM HASTE 1/2 \", AGUA FRIA","UN    ","CR","12,58"]
[1370,"DUCHA HIGIENICA PLASTICA COM REGISTRO METALICO 1/2 \"","UN    ","CR","127,25"]
[36516,"DUMPER COM CAPACIDADE DE CARGA DE 1700 KG, PARTIDA ELETRICA, MOTOR DIESEL COM POTENCIA DE 16 CV","UN    ","AS","137.999,90"]
[34777,"ELEMENTO VAZADO CERAMICO DIAGONAL (TIPO FLOR/QUADRADO/XIS) 25 X 18 X 7 CM","UN    ","CR","1,82"]
[7272,"ELEMENTO VAZADO CERAMICO QUADRADO (TIPO RETO OU REDONDO), *7 A 9 X 20 X 20* CM (L X A X C)","UN    ","CR","1,54"]
[10605,"ELEMENTO VAZADO DE CONCRETO, QUADRICULADO, 1 FURO *10 X 10 X 10* CM","UN    ","CR","4,55"]
[10604,"ELEMENTO VAZADO DE CONCRETO, QUADRICULADO, 1 FURO *20 X 10 X 7* CM","UN    ","CR","10,61"]
[672,"ELEMENTO VAZADO DE CONCRETO, QUADRICULADO, 1 FURO *20 X 20 X 6,5* CM","UN    ","CR","14,59"]
[668,"ELEMENTO VAZADO DE CONCRETO, QUADRICULADO, 16 FUROS *29 X 29 X 6* CM","UN    ","CR","17,61"]
[10578,"ELEMENTO VAZADO DE CONCRETO, QUADRICULADO, 16 FUROS *33 X 33 X 10* CM","UN    ","CR","20,51"]
[666,"ELEMENTO VAZADO DE CONCRETO, QUADRICULADO, 16 FUROS *40 X 40 X 7* CM","UN    ","CR","22,81"]
[665,"ELEMENTO VAZADO DE CONCRETO, QUADRICULADO, 16 FUROS *50 X 50 X 7* CM","UN    ","CR","30,51"]
[10577,"ELEMENTO VAZADO DE CONCRETO, QUADRICULADO, 25 FUROS *50 X 50 X 5* CM","UN    ","CR","27,06"]
[10583,"ELEMENTO VAZADO DE CONCRETO, VENEZIANA *39 X 22 X 15* CM","UN    ","CR","14,06"]
[10579,"ELEMENTO VAZADO DE CONCRETO, VENEZIANA *39 X 29 X 10* CM","UN    ","CR","24,50"]
[10582,"ELEMENTO VAZADO DE CONCRETO, VENEZIANA *40 X 10 X 10* CM","UN    ","CR","12,38"]
[2436,"ELETRICISTA (HORISTA)","H     ","C ","20,03"]
[40918,"ELETRICISTA (MENSALISTA)","MES   ","CR","3.495,42"]
[2439,"ELETRICISTA DE MANUTENCAO INDUSTRIAL (HORISTA)","H     ","CR","20,03"]
[40923,"ELETRICISTA DE MANUTENCAO INDUSTRIAL (MENSALISTA)","MES   ","CR","3.495,42"]
[10998,"ELETRODO REVESTIDO AWS - E-6010, DIAMETRO IGUAL A 4,00 MM","KG    ","CR","27,20"]
[11002,"ELETRODO REVESTIDO AWS - E6013, DIAMETRO IGUAL A 2,50 MM","KG    ","CR","24,92"]
[10999,"ELETRODO REVESTIDO AWS - E6013, DIAMETRO IGUAL A 4,00 MM","KG    ","CR","23,94"]
[10997,"ELETRODO REVESTIDO AWS - E7018, DIAMETRO IGUAL A 4,00 MM","KG    ","C ","25,95"]
[2685,"ELETRODUTO DE PVC RIGIDO ROSCAVEL DE 1 \", SEM LUVA","M     ","CR","8,37"]
[2680,"ELETRODUTO DE PVC RIGIDO ROSCAVEL DE 1 1/2 \", SEM LUVA","M     ","CR","12,24"]
[2684,"ELETRODUTO DE PVC RIGIDO ROSCAVEL DE 1 1/4 \", SEM LUVA","M     ","CR","11,14"]
[2673,"ELETRODUTO DE PVC RIGIDO ROSCAVEL DE 1/2 \", SEM LUVA","M     ","C ","4,30"]
[2681,"ELETRODUTO DE PVC RIGIDO ROSCAVEL DE 2 \", SEM LUVA","M     ","CR","20,01"]
[2682,"ELETRODUTO DE PVC RIGIDO ROSCAVEL DE 2 1/2 \", SEM LUVA","M     ","CR","29,19"]
[2686,"ELETRODUTO DE PVC RIGIDO ROSCAVEL DE 3 \", SEM LUVA","M     ","CR","36,61"]
[2674,"ELETRODUTO DE PVC RIGIDO ROSCAVEL DE 3/4 \", SEM LUVA","M     ","CR","5,35"]
[2683,"ELETRODUTO DE PVC RIGIDO ROSCAVEL DE 4 \", SEM LUVA","M     ","CR","57,68"]
[2676,"ELETRODUTO DE PVC RIGIDO SOLDAVEL, CLASSE B, DE 20 MM","M     ","CR","2,50"]
[2678,"ELETRODUTO DE PVC RIGIDO SOLDAVEL, CLASSE B, DE 25 MM","M     ","CR","3,13"]
[2679,"ELETRODUTO DE PVC RIGIDO SOLDAVEL, CLASSE B, DE 32 MM","M     ","CR","4,83"]
[12070,"ELETRODUTO DE PVC RIGIDO SOLDAVEL, CLASSE B, DE 40 MM","M     ","CR","6,72"]
[2675,"ELETRODUTO DE PVC RIGIDO SOLDAVEL, CLASSE B, DE 50 MM","M     ","CR","8,73"]
[12067,"ELETRODUTO DE PVC RIGIDO SOLDAVEL, CLASSE B, DE 60 MM","M     ","CR","11,85"]
[21136,"ELETRODUTO EM ACO GALVANIZADO ELETROLITICO, LEVE, DIAMETRO 1\", PAREDE DE 0,90 MM","M     ","AS","11,82"]
[21128,"ELETRODUTO EM ACO GALVANIZADO ELETROLITICO, LEVE, DIAMETRO 3/4\", PAREDE DE 0,90 MM","M     ","AS","9,15"]
[21130,"ELETRODUTO EM ACO GALVANIZADO ELETROLITICO, SEMI-PESADO, DIAMETRO 1 1/2\", PAREDE DE 1,20 MM","M     ","AS","23,11"]
[21135,"ELETRODUTO EM ACO GALVANIZADO ELETROLITICO, SEMI-PESADO, DIAMETRO 1 1/4\", PAREDE DE 1,20 MM","M     ","AS","22,75"]
[40401,"ELETRODUTO FLEXIVEL PLANO EM PEAD, COR PRETA E LARANJA,  DIAMETRO 32 MM","M     ","CR","6,02"]
[40402,"ELETRODUTO FLEXIVEL PLANO EM PEAD, COR PRETA E LARANJA,  DIAMETRO 40 MM","M     ","CR","7,72"]
[40400,"ELETRODUTO FLEXIVEL PLANO EM PEAD, COR PRETA E LARANJA, DIAMETRO 25 MM","M     ","CR","4,08"]
[2504,"ELETRODUTO FLEXIVEL, EM ACO GALVANIZADO, REVESTIDO EXTERNAMENTE COM PVC PRETO, DIAMETRO EXTERNO DE 25 MM (3/4\"), TIPO SEALTUBO","M     ","AS","10,15"]
[2501,"ELETRODUTO FLEXIVEL, EM ACO GALVANIZADO, REVESTIDO EXTERNAMENTE COM PVC PRETO, DIAMETRO EXTERNO DE 32 MM (1\"), TIPO SEALTUBO","M     ","AS","13,31"]
[2502,"ELETRODUTO FLEXIVEL, EM ACO GALVANIZADO, REVESTIDO EXTERNAMENTE COM PVC PRETO, DIAMETRO EXTERNO DE 40 MM (1 1/4\"), TIPO SEALTUBO","M     ","AS","20,09"]
[2503,"ELETRODUTO FLEXIVEL, EM ACO GALVANIZADO, REVESTIDO EXTERNAMENTE COM PVC PRETO, DIAMETRO EXTERNO DE 50 MM( 1 1/2\"), TIPO SEALTUBO","M     ","AS","25,85"]
[2500,"ELETRODUTO FLEXIVEL, EM ACO GALVANIZADO, REVESTIDO EXTERNAMENTE COM PVC PRETO, DIAMETRO EXTERNO DE 60 MM (2\"), TIPO SEALTUBO","M     ","AS","34,44"]
[2505,"ELETRODUTO FLEXIVEL, EM ACO GALVANIZADO, REVESTIDO EXTERNAMENTE COM PVC PRETO, DIAMETRO EXTERNO DE 75 MM (2 1/2\"), TIPO SEALTUBO","M     ","AS","53,67"]
[12056,"ELETRODUTO FLEXIVEL, EM ACO, TIPO CONDUITE, DIAMETRO DE 1 1/2\"","M     ","AS","21,68"]
[12057,"ELETRODUTO FLEXIVEL, EM ACO, TIPO CONDUITE, DIAMETRO DE 1 1/4\"","M     ","AS","18,42"]
[12059,"ELETRODUTO FLEXIVEL, EM ACO, TIPO CONDUITE, DIAMETRO DE 1/2\"","M     ","AS","6,46"]
[12058,"ELETRODUTO FLEXIVEL, EM ACO, TIPO CONDUITE, DIAMETRO DE 1\"","M     ","AS","11,48"]
[12060,"ELETRODUTO FLEXIVEL, EM ACO, TIPO CONDUITE, DIAMETRO DE 2 1/2\"","M     ","AS","47,86"]
[12061,"ELETRODUTO FLEXIVEL, EM ACO, TIPO CONDUITE, DIAMETRO DE 2\"","M     ","AS","29,22"]
[12062,"ELETRODUTO FLEXIVEL, EM ACO, TIPO CONDUITE, DIAMETRO DE 3\"","M     ","AS","53,89"]
[21137,"ELETRODUTO METALICO FLEXIVEL REVESTIDO COM PVC PRETO, DIAMETRO EXTERNO DE 15 MM (3/8\"), TIPO COPEX","M     ","AS","9,36"]
[2687,"ELETRODUTO PVC FLEXIVEL CORRUGADO, COR AMARELA, DE 16 MM","M     ","CR","2,18"]
[2689,"ELETRODUTO PVC FLEXIVEL CORRUGADO, COR AMARELA, DE 20 MM","M     ","CR","2,60"]
[2688,"ELETRODUTO PVC FLEXIVEL CORRUGADO, COR AMARELA, DE 25 MM","M     ","CR","2,81"]
[2690,"ELETRODUTO PVC FLEXIVEL CORRUGADO, COR AMARELA, DE 32 MM","M     ","CR","4,82"]
[39243,"ELETRODUTO PVC FLEXIVEL CORRUGADO, REFORCADO, COR LARANJA, DE 20 MM, PARA LAJES E PISOS","M     ","CR","3,17"]
[39244,"ELETRODUTO PVC FLEXIVEL CORRUGADO, REFORCADO, COR LARANJA, DE 25 MM, PARA LAJES E PISOS","M     ","CR","4,29"]
[39245,"ELETRODUTO PVC FLEXIVEL CORRUGADO, REFORCADO, COR LARANJA, DE 32 MM, PARA LAJES E PISOS","M     ","CR","8,26"]
[39254,"ELETRODUTO/CONDULETE DE PVC RIGIDO, LISO, COR CINZA, DE 1/2\", PARA INSTALACOES APARENTES (NBR 5410)","M     ","CR","12,35"]
[39255,"ELETRODUTO/CONDULETE DE PVC RIGIDO, LISO, COR CINZA, DE 1\", PARA INSTALACOES APARENTES (NBR 5410)","M     ","CR","22,85"]
[39253,"ELETRODUTO/CONDULETE DE PVC RIGIDO, LISO, COR CINZA, DE 3/4\", PARA INSTALACOES APARENTES (NBR 5410)","M     ","CR","15,74"]
[39246,"ELETRODUTO/DUTO PEAD FLEXIVEL PAREDE SIMPLES, CORRUGACAO HELICOIDAL, COR PRETA, SEM ROSCA, DE 1 1/2\", PARA CABEAMENTO SUBTERRANEO (NBR 15715)","M     ","CR","10,45"]
[39247,"ELETRODUTO/DUTO PEAD FLEXIVEL PAREDE SIMPLES, CORRUGACAO HELICOIDAL, COR PRETA, SEM ROSCA, DE 1 1/4\", PARA CABEAMENTO SUBTERRANEO (NBR 15715)","M     ","CR","9,11"]
[2446,"ELETRODUTO/DUTO PEAD FLEXIVEL PAREDE SIMPLES, CORRUGACAO HELICOIDAL, COR PRETA, SEM ROSCA, DE 2\",  PARA CABEAMENTO SUBTERRANEO (NBR 15715)","M     ","C ","15,00"]
[2442,"ELETRODUTO/DUTO PEAD FLEXIVEL PAREDE SIMPLES, CORRUGACAO HELICOIDAL, COR PRETA, SEM ROSCA, DE 3\",  PARA CABEAMENTO SUBTERRANEO (NBR 15715)","M     ","CR","21,02"]
[39248,"ELETRODUTO/DUTO PEAD FLEXIVEL PAREDE SIMPLES, CORRUGACAO HELICOIDAL, COR PRETA, SEM ROSCA, DE 4\", PARA CABEAMENTO SUBTERRANEO (NBR 15715)","M     ","CR","29,29"]
[2438,"ELETROTECNICO (HORISTA)","H     ","CR","21,26"]
[40922,"ELETROTECNICO (MENSALISTA)","MES   ","CR","3.710,21"]
[36486,"ELEVADOR DE CARGA A CABO, CABINE SEMI FECHADA 2,0 X 1,5 X 2,0 M, CAPACIDADE DE CARGA 1000 KG, TORRE  2,38 X 2,21 X 15 M, GUINCHO DE EMBREAGEM, FREIO DE SEGURANCA, LIMITADOR DE VELOCIDADE E CANCELA","UN    ","AS","68.306,53"]
[37777,"ELEVADOR DE CREMALHEIRA CABINE FECHADA 1,5 X 2,5 X 2,35 M (UMA POR TORRE), CAPACIDADE DE CARGA 1200 KG (15 PESSOAS), TORRE  24 M (16 MODULOS), FREIO DE SEGURANCA, LIMITADOR DE CARGA","UN    ","AS","321.585,81"]
[12624,"EMENDA PARA CALHA PLUVIAL, PVC, DIAMETRO ENTRE 119 E 170 MM, PARA DRENAGEM PLUVIAL PREDIAL","UN    ","CR","35,50"]
[517,"EMULSAO ASFALTICA ANIONICA","L     ","CR","10,29"]
[37534,"EMULSAO EXPLOSIVA EM CARTUCHOS DE 1\" X 12\", DENSIDADE 1.15 G/CM3, INICIACAO ESPOLETA N. 8 / CORDEL","KG    ","AS","19,66"]
[37535,"EMULSAO EXPLOSIVA EM CARTUCHOS DE 1\" X 24\", DENSIDADE 1.15 G/CM3, INICIACAO ESPOLETA N. 8 / CORDEL","KG    ","AS","19,66"]
[37533,"EMULSAO EXPLOSIVA EM CARTUCHOS DE 1\" X 8\", DENSIDADE 1.15 G/CM3, INICIACAO ESPOLETA N. 8 / CORDEL","KG    ","AS","19,66"]
[37537,"EMULSAO EXPLOSIVA EM CARTUCHOS DE 2 1/2\" X 24\", DENSIDADE 1.15 G/CM3, INICIACAO ESPOLETA N. 8 / CORDEL","KG    ","AS","14,88"]
[37536,"EMULSAO EXPLOSIVA EM CARTUCHOS DE 2 1/4\" X 24\", DENSIDADE 1.15 G/CM3, INICIACAO ESPOLETA N. 8 / CORDEL","KG    ","AS","14,88"]
[37532,"EMULSAO EXPLOSIVA EM CARTUCHOS DE 2\" X 24\", DENSIDADE 1.15 G/CM3, INICIACAO ESPOLETA N. 8 / CORDEL","KG    ","AS","14,88"]
[2696,"ENCANADOR OU BOMBEIRO HIDRAULICO (HORISTA)","H     ","C ","20,03"]
[40928,"ENCANADOR OU BOMBEIRO HIDRAULICO (MENSALISTA)","MES   ","CR","3.495,42"]
[4083,"ENCARREGADO GERAL DE OBRAS (HORISTA)","H     ","C ","35,67"]
[40818,"ENCARREGADO GERAL DE OBRAS (MENSALISTA)","MES   ","CR","6.223,64"]
[43146,"ENDURECEDOR MINERAL DE BASE CIMENTICIA PARA PISO DE CONCRETO","KG    ","CR","9,30"]
[2705,"ENERGIA ELETRICA ATE 2000 KWH INDUSTRIAL, SEM DEMANDA","KWH   ","CR","0,95"]
[14250,"ENERGIA ELETRICA COMERCIAL, BAIXA TENSAO, RELATIVA AO CONSUMO DE ATE 100 KWH, INCLUINDO ICMS, PIS/PASEP E COFINS","KWH   ","C ","0,97"]
[11683,"ENGATE / RABICHO FLEXIVEL INOX 1/2 \" X 30 CM","UN    ","CR","66,48"]
[11684,"ENGATE / RABICHO FLEXIVEL INOX 1/2 \" X 40 CM","UN    ","CR","72,77"]
[6141,"ENGATE/RABICHO FLEXIVEL PLASTICO (PVC OU ABS) BRANCO 1/2 \" X 30 CM","UN    ","CR","6,47"]
[11681,"ENGATE/RABICHO FLEXIVEL PLASTICO (PVC OU ABS) BRANCO 1/2 \" X 40 CM","UN    ","CR","8,16"]
[2706,"ENGENHEIRO CIVIL DE OBRA JUNIOR (HORISTA)","H     ","C ","109,97"]
[40811,"ENGENHEIRO CIVIL DE OBRA JUNIOR (MENSALISTA)","MES   ","CR","19.183,64"]
[2707,"ENGENHEIRO CIVIL DE OBRA PLENO (HORISTA)","H     ","CR","115,42"]
[40813,"ENGENHEIRO CIVIL DE OBRA PLENO (MENSALISTA)","MES   ","CR","20.137,53"]
[2708,"ENGENHEIRO CIVIL DE OBRA SENIOR (HORISTA)","H     ","CR","137,82"]
[40814,"ENGENHEIRO CIVIL DE OBRA SENIOR (MENSALISTA)","MES   ","CR","24.041,79"]
[34779,"ENGENHEIRO CIVIL JUNIOR","H     ","CR","111,56"]
[40936,"ENGENHEIRO CIVIL JUNIOR (MENSALISTA)","MES   ","CR","19.463,49"]
[34780,"ENGENHEIRO CIVIL PLENO","H     ","CR","125,87"]
[40937,"ENGENHEIRO CIVIL PLENO (MENSALISTA)","MES   ","CR","21.958,66"]
[34782,"ENGENHEIRO CIVIL SENIOR","H     ","CR","172,49"]
[40938,"ENGENHEIRO CIVIL SENIOR (MENSALISTA)","MES   ","CR","30.092,27"]
[34783,"ENGENHEIRO ELETRICISTA","H     ","CR","121,64"]
[40939,"ENGENHEIRO ELETRICISTA (MENSALISTA)","MES   ","CR","21.221,47"]
[34785,"ENGENHEIRO SANITARISTA","H     ","CR","118,81"]
[40940,"ENGENHEIRO SANITARISTA (MENSALISTA)","MES   ","CR","20.728,20"]
[38403,"ENXADA ESTREITA *25 X 23* CM COM CABO","UN    ","CR","46,82"]
[43482,"EPI - FAMILIA ALMOXARIFE - HORISTA (ENCARGOS COMPLEMENTARES - COLETADO CAIXA)","H     ","C ","0,75"]
[43494,"EPI - FAMILIA ALMOXARIFE - MENSALISTA (ENCARGOS COMPLEMENTARES - COLETADO CAIXA)","MES   ","C ","140,69"]
[43483,"EPI - FAMILIA CARPINTEIRO DE FORMAS - HORISTA (ENCARGOS COMPLEMENTARES - COLETADO CAIXA)","H     ","C ","1,34"]
[43495,"EPI - FAMILIA CARPINTEIRO DE FORMAS - MENSALISTA (ENCARGOS COMPLEMENTARES - COLETADO CAIXA)","MES   ","C ","253,46"]
[43484,"EPI - FAMILIA ELETRICISTA - HORISTA (ENCARGOS COMPLEMENTARES - COLETADO CAIXA)","H     ","C ","1,14"]
[43496,"EPI - FAMILIA ELETRICISTA - MENSALISTA (ENCARGOS COMPLEMENTARES - COLETADO CAIXA)","MES   ","C ","214,40"]
[43485,"EPI - FAMILIA ENCANADOR - HORISTA (ENCARGOS COMPLEMENTARES - COLETADO CAIXA)","H     ","C ","1,01"]
[43497,"EPI - FAMILIA ENCANADOR - MENSALISTA (ENCARGOS COMPLEMENTARES - COLETADO CAIXA)","MES   ","C ","189,52"]
[43487,"EPI - FAMILIA ENCARREGADO GERAL - HORISTA (ENCARGOS COMPLEMENTARES - COLETADO CAIXA)","H     ","C ","1,17"]
[43499,"EPI - FAMILIA ENCARREGADO GERAL - MENSALISTA (ENCARGOS COMPLEMENTARES - COLETADO CAIXA)","MES   ","C ","221,51"]
[43486,"EPI - FAMILIA ENGENHEIRO CIVIL - HORISTA (ENCARGOS COMPLEMENTARES - COLETADO CAIXA)","H     ","C ","0,71"]
[43498,"EPI - FAMILIA ENGENHEIRO CIVIL - MENSALISTA (ENCARGOS COMPLEMENTARES - COLETADO CAIXA)","MES   ","C ","133,45"]
[43488,"EPI - FAMILIA OPERADOR ESCAVADEIRA - HORISTA (ENCARGOS COMPLEMENTARES - COLETADO CAIXA)","H     ","C ","0,82"]
[43500,"EPI - FAMILIA OPERADOR ESCAVADEIRA - MENSALISTA (ENCARGOS COMPLEMENTARES - COLETADO CAIXA)","MES   ","C ","154,53"]
[43489,"EPI - FAMILIA PEDREIRO - HORISTA (ENCARGOS COMPLEMENTARES - COLETADO CAIXA)","H     ","C ","1,17"]
[43501,"EPI - FAMILIA PEDREIRO - MENSALISTA (ENCARGOS COMPLEMENTARES - COLETADO CAIXA)","MES   ","C ","220,75"]
[43490,"EPI - FAMILIA PINTOR - HORISTA (ENCARGOS COMPLEMENTARES - COLETADO CAIXA)","H     ","C ","1,68"]
[43502,"EPI - FAMILIA PINTOR - MENSALISTA (ENCARGOS COMPLEMENTARES - COLETADO CAIXA)","MES   ","C ","316,25"]
[43491,"EPI - FAMILIA SERVENTE - HORISTA (ENCARGOS COMPLEMENTARES - COLETADO CAIXA)","H     ","C ","1,25"]
[43503,"EPI - FAMILIA SERVENTE - MENSALISTA (ENCARGOS COMPLEMENTARES - COLETADO CAIXA)","MES   ","C ","235,50"]
[43492,"EPI - FAMILIA SOLDADOR - HORISTA (ENCARGOS COMPLEMENTARES - COLETADO CAIXA)","H     ","C ","1,68"]
[43504,"EPI - FAMILIA SOLDADOR - MENSALISTA (ENCARGOS COMPLEMENTARES - COLETADO CAIXA)","MES   ","C ","317,67"]
[43493,"EPI - FAMILIA TOPOGRAFO - HORISTA (ENCARGOS COMPLEMENTARES - COLETADO CAIXA)","H     ","C ","0,67"]
[43505,"EPI - FAMILIA TOPOGRAFO - MENSALISTA (ENCARGOS COMPLEMENTARES - COLETADO CAIXA)","MES   ","C ","126,70"]
[37774,"EQUIPAMENTO DE LIMPEZA COMBINADO (VACUO/ALTA PRESSAO) 95% VACUO, TANQUE 7000 L, BOMBA 140 KGF/CM2 66 L/MIN COM MOTOR INDEPENDENTE A DIESEL DE 60 CV (INCLUI MONTAGEM, NAO INCLUI CAMINHAO)","UN    ","AS","450.184,09"]
[38629,"EQUIPAMENTO P/ DEMARCACAO DE FAIXAS DE TRAFEGO A QUENTE, A SER MONTADO SOBRE CAMINHAO DE PBT MIN. DE 17 T, DIST. MIN. ENTRE EIXOS 5,2 M, CAPACIDADE PARA 1.000 KG DE MATERIAL TERMOPLASTICO (INCLUI MONTAGEM, NAO INCLUI CAMINHAO, NEM COMPRESSOR DE AR)","UN    ","AS","2.602.792,96"]
[38630,"EQUIPAMENTO PARA DEMARCACAO DE FAIXAS DE TRAFEGO A FRIO, A SER MONTADO SOBRE CAMINHAO DE PBT MINIMO DE 9 T E DISTANCIA MINIMA ENTRE EIXOS DE 4,3 M, CAPACIDADE PARA 800 L DE TINTA (INCLUI MONTAGEM, NAO INCLUI CAMINHAO)","UN    ","AS","1.748.542,96"]
[38476,"ESCADA DUPLA DE ABRIR EM ALUMINIO, MODELO PINTOR, 8 DEGRAUS","UN    ","CR","351,89"]
[38477,"ESCADA EXTENSIVEL EM ALUMINIO COM 6,00 M ESTENDIDA","UN    ","CR","996,55"]
[40635,"ESCAVADEIRA HIDRAULICA SOBRE ESTEIRA, COM GARRA GIRATORIA DE MANDIBULAS, PESO OPERACIONAL ENTRE 22,00 E 25,50 TON, POTENCIA LIQUIDA ENTRE 150 E 160 HP","UN    ","CR","981.993,87"]
[36483,"ESCAVADEIRA HIDRAULICA SOBRE ESTEIRAS CACAMBA 0,40 A 1,20 M3, PESO OPERACIONAL 21,19 T, POTENCIA LIQUIDA 173 HP","UN    ","CR","889.843,75"]
[14525,"ESCAVADEIRA HIDRAULICA SOBRE ESTEIRAS COM CACAMBA DE 1,20 M3, PESO OPERACIONAL 21 T, POTENCIA BRUTA 155 HP","UN    ","CR","931.718,75"]
[36482,"ESCAVADEIRA HIDRAULICA SO